{"text_format":"1","workbook":"xlsx","n_sheets":16,"sheets":["Assumptions","Inputs","Cost estimates","Results","Sim1I","Sim1C","Sim2I","Sim2C","Sim3I ","Sim3C","Analysis","elmira","nyc","params","Sheet1","Sheet2"],"not_rendered":{"charts":8,"images":0,"macros":1,"external_links":1,"defined_names":6,"comments":1,"pivot_tables":0},"unopened":[],"bounds":{"document_bytes":16777216,"sheet_cells":100000,"rows_first":2000,"rows_last":500,"rows_between":2000,"halvings":0,"cell_chars":16384,"cell_head_chars":4096},"cells_cut":0,"cells_raw":0,"read":"whole","date_system":"1900"}

{"sheet":"Assumptions","index":0,"n_rows":54,"n_cols":3,"rows_kept":54,"cut":false,"hidden":false,"merged":[[5,0,6,0],[5,1,6,11],[13,0,17,0],[13,1,17,11],[0,0,0,11],[1,0,1,11],[3,0,3,11],[4,1,4,11],[12,1,12,11],[7,0,11,0],[7,1,11,11],[2,0,2,11],[40,2,40,11],[25,2,25,11],[21,2,21,11],[29,2,29,11],[30,2,30,11],[28,2,28,11],[24,2,24,11],[33,2,33,11],[51,1,51,12],[50,1,50,6],[19,0,19,11],[31,2,31,11],[34,2,34,11],[35,2,35,11],[39,2,39,11],[38,2,38,11],[36,2,36,11],[37,2,37,11],[32,2,32,11],[20,2,20,11],[22,2,22,11],[23,2,23,11],[26,2,26,11],[27,2,27,11]]}
["Lettuce Interactive Spreadsheet Tool"]
["This Lettuce Interactive Spreadsheet Tool estimates the capital investment and operating expenses for building and operating a year-round Controlled Environment vegetable facility in NYS. This tool allows the user to modify the key inputs and then to have an estimate of the revenue, expenses, and profitability of a model Greenhouse operation. The tables and figures in this spreadsheet change as the variables are modified. The user's own management system, available resources, and location can affect the performance of the operation. Thus, the user should experiment with their own yields, inputs, and prices to develop a budget that will accurately represent their own operation."]
["Guidelines for using this tool:\n  1. Input your data for the variables in the Inputs tab;\n  2. Make different input choices for the parameters and input costs of the items in the Cost estimates tab;\n  3. Open the Results tab to view the total costs, revenue, and profits of a Greenhouse operation based on the previous inputs;\n  4. Open the Analysis tab to compare profits under different scenarios. The function of each tab is described below."]
[]
["Spreadsheet","Explanation"]
["Inputs","This spreadsheet requires information on production area, spacing, lighting, heating, and labor. The numbers in the blue box are prepopulated but user can make changes to the blue box to reflect their own operation. They can observe the resulting production and energy specifications in the yellow box. "]
[]
["Cost estimates","This spreadsheet includes items needed to calculate the variable costs and the fixed costs of a Greenhouse operation. User can make different choices for fuel use, lighting, and growing system. They can change parameters and costs of the items in the blue box to calculate the variable costs and the fixed costs for their operation."]
[]
[]
[]
[]
["Results","This spreadsheet presents the total revenue, expenses and annual operating profit. Total annual costs and profitability are calculated on a per head, per square foot, per house, and per acre basis. These results are based on the inputs user provide in the blue box mentioned above and those results can change as the parameters change.\n"]
["Analysis","The analysis tab reflects profits under an alternative price and yield. User can conduct sensitivity analysis under different assumptions to compare different scenarios. \n                                                                                                                                                                                                                                                                                                                                                       1. Analysis with 20% Increase and 20% Decrease in Labor cost                                                                                                                                                                                 2. Analysis with 20% Increase and 20% Decrease in Ulility cost                                                                                        3. Analysis with 20% Increase and 20% Decrease in Packaging cost                                                                                                                                                                                                              "]
[]
[]
[]
[]
[]
["Notes:"]
[null,1,"Four options are available for user to choose the type of Greenhouse. User can choose the type they wish to build."]
[null,2,"Square feet week calculator is used for space efficiency and continuous production. Supplemental lighting to achieve 17 mol/m2/d is assumed here. User should consult their cooperative extension educator or crop consultant to determine realistic crop schedules and spacing given their production system, geographic location, and environmental conditions (temperature, light, carbon dioxide, etc.) "]
[null,3,"A daily goal of 17 mol of Integrated Photosynthetic Photon Flux (PPF) per square meter is assumed here. The user should make adjustments for the season and their location while filling information for lighting. "]
[null,4,"NYS Climate zones are used in this spreadsheet. The user from other states should select \"Other State\" in the \"Input tab\". User should consult with experts to determine realistic fuel use and need to input their own estimates for fuel in the \"Cost estmates\" tab.                                                                                                             "]
[null,5,"NYS user can make different choices for glazing material and ASHRAE Climate Zone based on their Greenhouse and location. For Air changes per hour 0.5 to 1.0 are common values. For evapotranspiration latent load, 10 W/ft2 is a decent number for lettuce. Other assumptions regarding Custom transmittance, Boiler efficiency are standard and can be used for most of the Greenhouse. "]
[null,6,"Assumptions based on hour needed for per thousand plant per job in a year. "]
[null,7,"Require information on quantities for packaged items."]
[null,8,"Variable costs require information on cost for production supplies, labor, packaging, etc. Variable costs are not auto adjusted for Greenhouse size or costs that changes with production."]
[null,9,"The assumption is made for lacewing larvae. User can modify the no. of beneficial insects per package, area covered per insects in the 'Inputs tab' based on the insects they use."]
[null,10,"Fungicide/pesticide use will vary by amount needed and frequency of application depending on specific diseases and pests."]
[null,11,"Sticky trap is used for monitoring populations of insects."]
[null,12,"Fringe benefit consists of workers compensation, social security, medical insurance, and other benefits which is included as a separate cost. We are assuming 30% of the wage as fringe benefits. "]
[null,13,"Three different fuel systems are available in this tool for heating. NYS user can select the heating system they wish to use. Calculations will automatically be updated when selecting different fuel heating systems.  Fuel prices based on New York as of December, 2016. Check your local availability and price and make change accordingly."]
[null,14,"The user from other states should input their own estimates for fuel use and their local cost for fuel here. Ignore the previous fuel choice designed for NYS user.  "]
[null,15,"Depending on how user use electricity, they are charged for different electric services. Along with a basic customer charge (measured in kilowatt-hours, abbreviated kWh), larger user of electricity are also charged for demand (measured in kilowatts, abbreviated kW)."]
[null,16,"Fixed costs tend to be those costs that are incurred regardless of the level of production.  Typical fixed costs include structure/building, machinery, and equipment. "]
[null,17,"Two options are available in this tool for lighting.  Select the 'Yes' button if you wish to use light, or select 'none' to not include lights in the budget.  Calculations will automatically be updated when selecting different options."]
[null,18,"Two growing systems are available in this tool. Select the button for the system you wish to use."]
[null,19,"Land rent is the cost associated with either owning or renting 1 acre of land for the greenhouse.  Rates based on New York, 2016.  Check your local rates."]
[null,20,"The annual fixed cost rate is an estimation of the cost of owning fixed assets per year.  Costs include depreciation, interest, insurance, maintenance, and any taxes."]
[null,21,"Typical price for New York. Lettuce prices can vary significantly depending on market conditions. Be sure to check current lettuce prices in your market."]
[]
[]
[]
[]
[]
[]
[]
["Acknowledgement:"]
[1,"Cornell CEA team, Cornell Univeristy"]
[2,"Kale Harbick, CEO, Greenhouse Logic. "]
[3,"Miguel I. Gomez, Associate Professor, Charles H. Dyson School of Applied Economics & Management, Cornell University."]
[4,"Neil S. Mattson, Associate Professor, Horticulture (HORT), Cornell University."]
[5,"Paul Askew, Owner, Paul's Nursery."]

{"sheet":"Inputs","index":1,"n_rows":71,"n_cols":26,"rows_kept":71,"cut":false,"hidden":false,"merged":[[4,9,5,11],[25,9,25,13],[66,2,66,3],[64,1,70,1],[25,4,26,4],[25,5,26,5],[36,1,38,1],[25,2,26,2],[24,2,24,6],[57,1,60,1],[41,1,41,6],[43,1,53,1],[43,2,43,6],[24,1,32,1],[4,1,20,1],[12,2,15,2],[2,2,2,6],[16,3,16,4],[5,2,5,4],[6,3,6,4],[7,3,7,4],[8,3,8,4],[9,3,9,4]]}
[]
[null,null,null,null,null,null,null,null,null,null,null,null,null,null,null,null,null,null,null,null,null,null,"Surface area:","Side of the roof (if Gable)",{"$f":"SQRT(($F$13/2)^2+$F$15^2)","v":15.811388300841896},"Feet"]
[null,null,"*** Please enter information in the Blue box",null,null,null,null,null,null,null,null,null,null,null,null,null,null,null,null,null,null,null,"Freestanding Gable","Sides",{"$f":"IF(params!$A$31=1, 2*Inputs!$F$14*Inputs!$F$16,0)","v":2000},"Square feet"]
[null,null,null,null,null,null,null,null,null,null,null,null,null,null,null,null,null,null,null,null,null,null,null,"Ends",{"$f":"IF(params!$A$31=1, 2*Inputs!$F$16*Inputs!$F$13,0)","v":600},"Square feet"]
[null,"Production ",null,null,null,null,null,null,null,"Production and Energy specification based on the information provided in the Blue box:",null,null,null,null,null,null,null,null,null,null,null,null,null,"Roof side",{"$f":"IF(params!$A$31=1, 2*Inputs!$Y$2*Inputs!$F$14,0)","v":3162.277660168379},"Square feet"]
[null,null,"Choose type of Greenhouse1 :",null,1,"No. of bay",null,null,null,null,null,null,null,null,null,null,null,null,null,null,null,null,null,"Roof peak",{"$f":"IF(params!$A$31=1, 2*1/2*Inputs!$F$13*Inputs!$F$15,0)","v":150},"Square feet"]
[null,null,null,null,null,1,null,null,null,"Greenhouse area",{"$f":"IF(params!A31=1,Inputs!F13*Inputs!F14,IF(params!A31=2,Inputs!F13*Inputs!F14, IF(params!A31=3, Inputs!F13*Inputs!F14*Inputs!F9, IF(params!A31=4,  Inputs!F13*Inputs!F14*Inputs!F10,0))))","v":3000},"sq. feet",null,null,null,null,null,null,null,null,null,null,null,"Total SA area",{"$f":"SUM(Y3:Y6)","v":5912.277660168379},"Square feet"]
[null,null,null,null,null,1,null,null,null,"Surface Area",{"$f":"CHOOSE(params!$A$31,Y7,Y12,Y18,Y23)","v":5912.277660168379},"sq. feet"]
[null,null,null,null,null,3,null,null,null,"Net production area",{"$f":"FLOOR(Inputs!K7*Inputs!F17,1)","v":2700},"sq. feet",null,null,null,null,null,null,null,null,null,null,"Freestanding Quonset","Sides",{"$f":"IF(params!$A$31=2, 2*Inputs!$F$14*Inputs!$F$16,0)","v":0},"Square feet"]
[null,null,null,null,null,2,null,null,null,"Plant harvested (week)",{"$f":"FLOOR(K9/Inputs!G33,1)","v":2783},"heads",null,null,null,null,null,null,null,null,null,null,null,"Ends",{"$f":"IF(params!$A$31=2, 2*Inputs!$F$16*Inputs!$F$13,0)","v":0},"Square feet"]
[null,null,null,null,null,null,null,null,null,"Plant harvested (year)",{"$f":"K10*52","v":144716},"heads",null,null,null,null,null,null,null,null,null,null,null,"Roof",{"$f":"IF(params!$A$31=2,PI()*$F$15^2+PI()*$F$15*$F$14,0)","v":0},"Square feet"]
[null,null,null,null,null,null,null,null,null,"Seed",{"$f":"CEILING(K11+(K11*Inputs!F19),1)","v":151952},null,null,null,null,null,null,null,null,null,null,null,null,"Total SA area",{"$f":"SUM(Y9:Y11)","v":0},"Square feet"]
[null,null,"Greenhouse dimension","Width",null,30,"feet",null,null,"Net annual production",{"$f":"FLOOR(K11-(K11*Inputs!F20),1)","v":130244},"heads"]
[null,null,null,"Length",null,100,"feet",null,null,"Annual heating load",{"$f":"IF($X$27=\"5A\",-SUMIF(elmira!R2:R8761,\"<0\")*3600/1000000000,-SUMIF(nyc!R2:R8761,\"<0\")*3600/1000000000)","v":1909.9842881707896},"GJ",null,null,null,null,null,null,null,null,null,null,"Gutter Connected (Gable)","Sides",{"$f":"IF(params!$A$31=3, 2*Inputs!F14*Inputs!F16,0)","v":0},"Square feet"]
[null,null,null,"Peak Height (Gutter to peak)",null,5,"feet",null,null,"Annual heating load",{"$f":"K14/1.0551","v":1810.2400608196283},"MMBtu",null,null,null,null,null,null,null,null,null,null,null,"Ends",{"$f":"IF(params!$A$31=3, F9*2*Inputs!$F$16*Inputs!$F$13,0)","v":0},"Square feet"]
[null,null,null,"Height (Ground to Gutter)",null,10,"feet",null,null,"Fuel use:",null,null,null,null,null,null,null,null,null,null,null,null,null,"Roof side",{"$f":"IF(params!$A$31=3, F9*2*Inputs!$Y$2*Inputs!$F$14,0)","v":0},"Square feet"]
[null,null,null,"Space use efficiency",null,0.9,null,null,null,"Propane",{"$f":"$K$15*1000000/91330/$X$50","v":23318.670636149815},"gal",null,null,null,null,null,null,null,null,null,null,null,"Roof peak",{"$f":"IF(params!$A$31=3, F9*2*1/2*Inputs!$F$13*Inputs!$F$15,0)","v":0},"Square feet"]
[null,null,null,"Concrete-% of floor",null,0.1,null,null,null,"Natural gas",{"$f":"$K$15*1000000/100000/$X$50","v":21296.94189199563},"therms",null,null,null,null,null,null,null,null,null,null,null,"Total SA area",{"$f":"SUM(Y14:Y17)","v":0},"Square feet"]
[null,null,null,"Overseeding",null,0.05,null,null,null,"Fuel oil",{"$f":"$K$15*1000000/139600/$X$50","v":15255.689034380821},"gal"]
[null,null,null,"Shrink",null,0.1,null,null,null,"Pond pump energy",{"$f":"K7*10.7","v":32099.999999999996},"kWh",null,null,null,null,null,null,null,null,null,null,"Gutter Connected (Quonset)","Sides",{"$f":"IF(params!$A$31=4, 2*Inputs!$F$14*Inputs!$F$16,0)","v":0},"Square feet"]
[null,null,null,"Price21 ",null,1.35,"per head",null,null,"Pond pump energy",{"$f":"(10*(F14*F13))/8000","v":3.75},"kW",null,null,null,null,null,null,null,null,null,null,null,"Ends",{"$f":"IF(params!$A$31=4, F10*2*Inputs!$F$16*Inputs!$F$13,0)","v":0},"Square feet"]
[null,null,null,null,null,null,null,null,null,null,null,null,null,null,null,null,null,null,null,null,null,null,null,"Roof",{"$f":"IF(params!$A$31=4,F10*(PI()*$F$15^2+PI()*$F$15*$F$14),0)","v":0},"Square feet"]
[null,null,null,null,null,null,null,null,null,null,null,null,null,null,null,null,null,null,null,null,null,null,null,"Total SA area",{"$f":"SUM(Y20:Y22)","v":0},"Square feet"]
[]
[null,"Spacing- Square foot weeks2","Please enter value in the Blue box on the spacing and time in each crop production stage. Remember that your greenhouse environment and lighting will impact length of time in each production stage, the numbers below should be average values from across the year",null,null,null,null,null,null,"Reference:",null,null,null,null,null,null,null,null,null,null,null,null,"Greenhouse air temp",{"$f":"F51","v":70},"F"]
[null,null,"Spacing no. ",null,"plants/ft2","days@spacing","per harvested plant",null,null,"Square-foot: weeks calculator- Louis A. Albright, CEA Program Director, Professor, Dept. of Biological and Environmental Engineering, Cornell University",null,null,null,null,null,null,null,null,null,null,null,null,"Greenhouse air temp",{"$f":"(X25-32)*5/9","v":21.111111111111111},"C"]
[null,null,null,null,null,null,"ft2-weeks",null,null,null,null,null,null,null,null,null,null,null,null,null,null,null,"ASHRAE climate zone",{"$f":"IF(params!A11=1,\"4A\", IF(params!A11=2,\"5A\",0))","v":"4A"}]
[null,null,1,null,144,11,{"$f":"IF(E28=0,0,(F28/E28)/7)","v":1.0912698412698414E-2},null,null,null,null,null,null,null,null,null,null,null,null,null,null,null,"Air changes per hour",{"$f":"F49","v":1},"ACH"]
[null,null,2,null,7.53,10,{"$f":"IF(E29=0,0,(F29/E29)/7)","v":0.18971732119142476},null,null,null,null,null,null,null,null,null,null,null,null,null,null,null,"Infiltration rate",{"$f":"X28*X31/3600","v":0.2949668740401778},"m3/s"]
[null,null,3,null,2.6,14,{"$f":"IF(E30=0,0,(F30/E30)/7)","v":0.76923076923076916},null,null,null,null,null,null,null,null,null,null,null,null,null,null,null,"Greenhouse volume",{"$f":"IF(params!A31=1,((F15/2*F13*F14)+(F13*F14*F16)),IF(params!A31=2,(PI()*F15^2*100)/2+(F13*F14*F16),IF(params!A31=3,(PI()*F15^2*100)/2+(F13*F14*F16)*F9,IF(params!A31=4,((F15/2*F13*F14)+(F13*F14*F16))*F10))))","v":37500},"ft3"]
[null,null,4,null,0,0,{"$f":"IF(E31=0,0,(F31/E31)/7)","v":0},null,null,null,null,null,null,null,null,null,null,null,null,null,null,null,"Greenhouse volume",{"$f":"X30/35.3147","v":1061.88074654464},"m3"]
[null,null,5,null,0,0,{"$f":"IF(E32=0,0,(F32/E32)/7)","v":0},null,null,null,null,null,null,null,null,null,null,null,null,null,null,null,"Greenhouse surface area",{"$f":"K8/10.7639","v":549.2690995056048},"m2"]
[null,null,"Totals",null,null,{"$f":"SUM(F28:F32)","v":35},{"$f":"SUM(G28:G32)","v":0.96986078883489235},null,null,null,null,null,null,null,null,null,null,null,null,null,null,null,"Greenhouse area",{"$f":"K7/10.7639","v":278.70938971933964},"m2"]
[]
[null,null,null,null,null,null,null,null,null,null,null,null,null,null,null,null,null,null,null,null,null,null,"Glazing material",{"$f":"IF(params!A2=1,\"Glass\",IF(params!A2=2,\"Poly\",IF(params!A2=3,\"Double poly\",IF(params!A2=4,\"Custom\",0))))","v":"Glass"}]
[null,null,null,null,null,null,null,null,null,null,null,null,null,null,null,null,null,null,null,null,null,null,"u-value",{"$f":"IF(params!A2=4,F47,VLOOKUP(Inputs!X35,glazing_prop,2,0))","v":1.0989010989010988},"Btu/(sqft*degF*h)"]
[null,"Lighting3","Number of lamps in Greenhouse",null,null,20,"lamps",null,null,null,null,null,null,null,null,null,null,null,null,null,null,null,"u-value",{"$f":"X36*10.7639/3.412/(5/9)","v":6.2401028045811158},"W/(m2*degC)"]
[null,null,"Watt consumption per lamp",null,null,1000,"watt",null,null,null,null,null,null,null,null,null,null,null,null,null,null,null,"Transmittance",{"$f":"IF(params!A2=4,F48,VLOOKUP(X35,glazing_prop,3,0))","v":0.7}]
[null,null,"Hours operated per year",null,null,{"$f":"(8*180)+(5*180)","v":2340},"hour"]
[null,null,null,null,null,null,null,null,null,null,null,null,null,null,null,null,null,null,null,null,null,null,"Lighting power",{"$f":"F37*F38","v":20000},"W"]
[null,null,null,null,null,null,null,null,null,null,null,null,null,null,null,null,null,null,null,null,null,null,"Lighting hours",{"$f":"F39","v":2340},"h"]
[null,"The energy model below can only be used by NYS user. User from other states please select location as \"Other state\"  in the box below:",null,null,null,null,null,null,null,"Energy Model-Kale Harbick, CEO, Greenhouse Logic "]
[null,null,"Location4",null,null,null,null,null,null,null,null,null,null,null,null,null,null,null,null,null,null,null,"ET latent load",{"$f":"F52","v":10},"W/ft2"]
[null,"Heating5",{"$f":"IF(params!A36=1, \"Ideally use energy model from Cornell CEA or other model or use the folowing formula to get a reasonably accurate estimate to help in making decisions relative to the size of the greenhouse or type of heating\", \"No need to fill this information below. Please input your own estimation for fuel use in the Cost estimates tab\")","v":"Ideally use energy model from Cornell CEA or other model or use the folowing formula to get a reasonably accurate estimate to help in making decisions relative to the size of the greenhouse or type of heating"}]
[null,null,null,null,null,null,null,null,null,null,null,null,null,null,null,null,null,null,null,null,null,null,"ET latent load",{"$f":"X43*10.7639","v":107.639},"W/m2"]
[null,null,"Glazing material",null,null,null,null,null,null,null,null,null,null,null,null,null,null,null,null,null,null,null,"Greenhouse RH",{"$f":"F53","v":0.7}]
[null,null,"Custom u-value",null,null,1,"Btu/(sqft*degF*h)",null,null,"0.5 to 1.0 are common values",null,null,null,null,null,null,null,null,null,null,null,null,"Saturation pressure",{"$f":"EXP(77.345+0.0057*(X26+273.15)-7235/(X26+273.15))/(X26+273.15)^8.2","v":2496.5068606055393},"Pa"]
[null,null,"Custom transmittance",null,null,0.9,null,null,null,null,null,null,null,null,null,null,null,null,null,null,null,null,"Humidity ratio @ sat.",{"$f":"0.62198*X47/(101325-X47)","v":1.5711838639179593E-2},"kg/kg"]
[null,null,"Air changes per hour",null,null,1,"ACH",null,null,null,null,null,null,null,null,null,null,null,null,null,null,null,"Humidity ratio",{"$f":"X46*X48","v":1.0998287047425715E-2},"kg/kg"]
[null,null,"ASHRAE Climate Zone",null,null,null,null,null,null,"4A: NYC, Buffalo, Albany. 5A: Elmira, Ithaca",null,null,null,null,null,null,null,null,null,null,null,null,"Boiler efficiency",{"$f":"F54","v":0.85}]
[null,null,"Greenhouse air temperature",null,null,70,"F"]
[null,null,"Evapotranspiration latent load",null,null,10,"W/ft2"]
[null,null,"Greenhouse RH%",null,null,0.7]
[null,null,"Boiler efficiency",null,null,0.85]
[]
[]
[]
[null,"Labor6","Seed/ Transplant/Harvest/ Package",null,null,26,"hrs/per thousand"]
[null,null,"Delivering to market",null,null,3,"hrs/per thousand"]
[null,null,"Production management",null,null,2,"hrs/per thousand"]
[null,null,"Other (Marketing, Maintainence, etc.)",null,null,1,"hrs/per thousand"]
[]
[]
[]
[null,"Others7","No. of Pelleted seed",null,null,5000,"/per package"]
[null,null,"No. of Horticubes",null,null,5520,"/per case"]
[null,null,"No. of beneficial insects",null,null,650,"/per package"]
[null,null,"Sq. feet covered per insects",null,null,0.9,"/Sq. feet"]
[null,null,"Clamshell per case ",null,null,344,"/case"]
[null,null,"Clamshell per box",null,null,12,"/box"]
[null,null,"Labels per roll",null,null,2500,"/roll"]

{"sheet":"Cost estimates","index":2,"n_rows":160,"n_cols":14,"rows_kept":160,"cut":false,"hidden":false,"merged":[[124,2,124,3],[147,2,147,3],[2,2,2,5],[20,1,20,2],[29,1,29,2],[6,1,6,2],[87,5,87,6],[4,5,4,6],[100,2,100,4]]}
[]
[]
[null,null,"*** Please enter information in the Blue box"]
[]
[null,null,null,"Quantity/Year","Unit ","Price ($) / Unit",null,"Total Cost per year"]
["VARIABLE COSTS8"]
[null,"Production Supplies"]
[null,null,"Seed (package)",{"$f":"CEILING((Inputs!K11+(Inputs!K11*Inputs!F19))/Inputs!F65,1)","v":31},"packages",110,"/packages",{"$f":"D8*F8","v":3410},null,"References:"]
[null,null,"Horticubes",{"$f":"CEILING(Inputs!K11/Inputs!F66,1)","v":27},"cases",65,"/cases",1755]
[null,null,"Beneficial Insects9",{"$f":"CEILING((Inputs!K7/Inputs!F68)/Inputs!F67,1)","v":6},"packages",40,"/packages",240,null,"Hydroponic Lettuce Budget Analysis- The Ohio State University Extension. http://u.osu.edu/greenhouse/hydroponic-crop-program-economic-budgets/"]
[null,null,"Fertilizer"]
[null,null,"Blended Mix",{"$f":"CEILING(Inputs!K7*0.162760416666666,1)","v":489},"pounds",1,"/pounds",489]
[null,null,"CaNO3",{"$f":"CEILING(Inputs!K7*0.162760416666666,1)","v":489},"pounds",0.46,"/pounds",224.94]
[null,null,"Additions",{"$f":"CEILING(Inputs!K7*0.00217013888888888,1)","v":7},"pounds",1,"/pounds",7]
[null,null,"Fungicide/Pesticide10",{"$f":"CEILING(Inputs!K7*0.00217013888888888,1)","v":7},"gallons",60,"/gallons",420]
[null,null,"Sanitizer",{"$f":"CEILING(Inputs!K13/29545,1)","v":5},"gallons",35,"/gallons",175]
[null,null,"Sticky Traps11",{"$f":"CEILING(Inputs!K7*0.0001,1)","v":1},"packages",30,"/packages",30]
[]
[null,null,"Total Production Supplies cost",null,null,null,null,{"$f":"SUM(H8:H17)","v":6750.94}]
[]
[null,"Production Labor"]
[null,null,"Seed/ Transplant/Harvest/ Package",{"$f":"(Inputs!F58*Inputs!K13)/1000","v":3386.3440000000001},"hours/year",13,"/hour",{"$f":"D22*F22","v":44022.472000000002},null,"www.labor.ny.gov"]
[null,null,"Delivering to market",{"$f":"(Inputs!F59*Inputs!K13)/1000","v":390.73200000000003},"hours/year",12,"/hour",{"$f":"D23*F23","v":4688.7840000000006}]
[null,null,"Production management",{"$f":"(Inputs!F60*Inputs!K13)/1000","v":260.488},"hours/year",13,"/hour",{"$f":"D24*F24","v":3386.3440000000001}]
[null,null,"Other (Marketing, Maintainence, etc.)",{"$f":"(Inputs!F61*Inputs!K13)/1000","v":130.244},"hours/year",12,"/hour",{"$f":"D25*F25","v":1562.9279999999999}]
[null,null,"Fringe benefit12",null,null,0.3,"/hour",{"$f":"(F22*F26*D22)+(F23*F26*D23)+(F24*F26*D24)+(F25*F26*D25)","v":16098.1584}]
[]
[null,null,"Total Production Labor",null,null,null,null,{"$f":"SUM(H22:H26)","v":69758.686400000006},null,null,null,null,{"$f":"H28*20%","v":13951.737280000001},"20% change in labor"]
[]
[null,"Packaging Costs"]
[null,null,"Clamshell",{"$f":"CEILING((Inputs!K13/2)/Inputs!F69,1)","v":190},"cases",80,"/case",{"$f":"D31*F31","v":15200},null,"http://avisbag.com/about-us.html"]
[null,null,"Box",{"$f":"CEILING(((Inputs!K13/2)/Inputs!F70),1)","v":5427},"box",1,"box",{"$f":"D32*F32","v":5427}]
[null,null,"Labels",{"$f":"CEILING((Inputs!K13/2)/Inputs!F71,1)","v":27},"roll",50,"/roll",{"$f":"D33*F33","v":1350}]
[]
[null,null,"Total Packaging Costs",null,null,null,null,{"$f":"SUM(H31:H33)","v":21977},null,null,null,null,{"$f":"H35*20%","v":4395.4000000000005},"20% change in packaging"]
[]
[null,"Utilities"]
[null,13,{"$f":"IF(params!A36=1, \"Fuel choice only for NYS user (choose one):\", \"Ignore this Fuel choice if Other State user:\")","v":"Fuel choice only for NYS user (choose one):"},3]
[null,null,null,{"$f":"IF(params!A17=1,Inputs!K17, 0)","v":0},"gal",2.48,"$/gallon",{"$f":"IF(params!$A$36=1,D39*F39,0)","v":0},null,"www.eia.gov, NYSERDA"]
[null,null,null,{"$f":"IF(params!A17=2,Inputs!K18,0)","v":21296.94189199563},"therms",0.55000000000000004,"$/therm",{"$f":"IF(params!$A$36=1,D40*F40,0)","v":11713.318040597598},null,"www.eia.gov, NYSERDA",null,null,{"$f":"H40*20%","v":2342.6636081195197},"20% change in energy"]
[null,null,null,{"$f":"IF(params!A17=3,Inputs!K19,0)","v":0},"gal",2.38,"$/gallon",{"$f":"IF(params!$A$36=1,D41*F41,0)","v":0},null,"www.eia.gov, NYSERDA"]
[null,14,{"$f":"IF(params!A36=2, \"Fuel Choice (for Other State user):\", \"Ignore Fuel choice below if NYS user:\")","v":"Ignore Fuel choice below if NYS user:"}]
[null,null,"Liquid Propane",null,"gal",null,"$/gallon",{"$f":"IF(params!$A$36=2,D43*F43,0)","v":0}]
[null,null,"Natural Gas",20000,"therms",2.5,"$/therm",{"$f":"IF(params!$A$36=2,D44*F44,0)","v":0}]
[null,null,"Fuel Oil",null,"gal",null,"$/gallon",{"$f":"IF(params!$A$36=2,D45*F45,0)","v":0}]
[null,null,"Electricity (general - non fans)",500,"kWh",0.06,"/kWh",{"$f":"D46*F46","v":30}]
[null,null,"Electricity (fans and pads)",10000,"kWh",0.06,"/kWh",600]
[null,null,"Electricity (fanjets/Horizontal Air Fans)",2000,"kWh",0.06,"/kWh",120]
[null,null,"Electricity (lights)",{"$f":"Inputs!F37*Inputs!F38*Inputs!F39/1000","v":46800},"kWh",0.06,"/kWh",{"$f":"IF(params!A22=2, D49*F49,0)","v":2808}]
[null,null,"Pond Pump Energy (DWS)",{"$f":"Inputs!K20","v":32099.999999999996},"kWh",0.06,"/kWh",{"$f":"IF(params!A26=2, D50*F50,0)","v":1925.9999999999998}]
[null,null,"Pump Energy (NFT)",{"$f":"Inputs!K20","v":32099.999999999996},"kWh",0.06,"/kWh",{"$f":"IF(params!A26=1, D51*F51,0)","v":0}]
[null,null,"Demand charge15 (fans)",{"$f":"7*(Inputs!F13*Inputs!F14)/8000","v":2.625},"kW",{"$f":"10*12","v":120},"/kW",{"$f":"D52*F52","v":315}]
[null,null,"Demand charge (lights)",{"$f":"Inputs!F37*Inputs!F38/1000","v":20},"kW",{"$f":"10*12","v":120},"/kW",{"$f":"IF(params!A22=2, D53*F53,0)","v":2400},null,null,null,null,{"$f":"SUM(H46:H58)","v":11048.51}]
[null,null,"Demand charge (pond pump)",{"$f":"10*(Inputs!F13*Inputs!F14)/8000","v":3.75},"kW",{"$f":"10*12","v":120},"/kW",{"$f":"IF(params!A26=2,D54*F54,0)","v":450},null,null,null,null,{"$f":"M53*20%","v":2209.7020000000002},"20% change in electricity"]
[null,null,"Demand charge (NFT)",{"$f":"10*(Inputs!F13*Inputs!F14)/8000","v":3.75},null,{"$f":"10*12","v":120},"/kW",{"$f":"IF(params!A26=1,D55*F55,0)","v":0}]
[null,null,"Water and Sewer",100000,"gallons",1.31951E-2,"/gallon",1319.51]
[null,null,"Telephone",12,"months",50,"/month",600]
[null,null,"Cell Phone",12,"months",40,"/month",480]
[]
[null,null,"Total Utilities Costs",null,null,null,null,{"$f":"SUM(H39:H58)","v":22761.828040597597},null,null,null,null,{"$f":"H60*20%","v":4552.3656081195195},"20% change in utility"]
[]
[]
[null,"Miscellaneous Costs"]
[null,null,"Advertising, Mailings, Flyers",1,"campaigns",200,"/campaigns",{"$f":"F64*D64","v":200}]
[null,null,"Continuing Education",1,"meetings",75,"/meetings",{"$f":"D65*F65","v":75}]
[null,null,"Internet Service",12,"months",20,"/months",240,null,"Hydroponic Lettuce Budget Analysis- The Ohio State University Extension. http://u.osu.edu/greenhouse/hydroponic-crop-program-economic-budgets/"]
[null,null,"Laboratory Fees",36,"tests",20,"/tests",720]
[null,null,"Office Supplies",12,"months",25,"/months",300]
[null,null,"Postage",12,"months",15,"/months",180]
[null,null,"Marketing Materials & Promotions",1,"promos",300,"/promos",300]
[null,null,"Record Keeping",12,"months",50,"/months",600]
[null,null,"Software",3,"programs",50,"/programs",150]
[null,null,"Subscriptions",3,"subscriptions",35,"/subscriptions",105]
[null,null,"Marketing & Trade Shows",0,"trade show",500,"/trade show",0]
[]
[null,null,"Total Miscellaneous Costs",null,null,null,null,{"$f":"SUM(H64:H74)","v":2870}]
[]
[null,"Professional Services"]
[null,null,"Accountant",5,"hours",50,"/hour",{"$f":"D79*F79","v":250}]
[null,null,"Lawyer",4,"hours",125,"/hour",{"$f":"D80*F80","v":500}]
[]
[null,null,"Total Professional Services",null,null,null,null,{"$f":"SUM(H79:H80)","v":750}]
[]
[null,null,"TOTAL VARIABLE COSTS",null,null,null,null,{"$f":"SUM(H82,H76,H60,H35,H28,H19)","v":124868.4544405976}]
[]
[]
["Fixed Costs16"]
[null,null,null,"Quantity/Year","Unit ","Price/Unit",null,"Total Cost per year"]
[null,"Greenhouse Structure"]
[null,null,"Concrete",{"$f":"Inputs!K7*Inputs!F18","v":300},"sq. ft.",2,"/sq. ft.",{"$f":"D90*F90","v":600},null,"http://griffins.com/publications#pdf"]
[null,null,"Frame, Ends, Door",{"$f":"IF(params!A31=1,Inputs!F7,IF(params!A31=2,Inputs!F8,IF(params!A31=3,Inputs!F9,IF(params!A31=4,Inputs!F10))))","v":1},"houses",15000,"/houses",15000]
[null,null,"Glazing material (Glass/poly/ double poly)",{"$f":"IF(params!A31=1,Inputs!F7,IF(params!A31=2,Inputs!F8,IF(params!A31=3,Inputs!F9,IF(params!A31=4,Inputs!F10))))","v":1},"houses",5000,"/houses",{"$f":"D92*F92","v":5000}]
[null,null,"Energy/Shade Curtains",{"$f":"Inputs!K7-D90","v":2700},"sq. ft.",4,"/sq. ft.",10800]
[null,null,"Ground Cover",{"$f":"Inputs!K7-D90","v":2700},"sq. ft.",7.4999999999999997E-2,"/sq. ft.",202.5]
[null,null,"Permits",4,"permits",80,"/permits",320]
[null,null,"Site Preparation",{"$f":"IF(params!A31=1,Inputs!F7,IF(params!A31=2,Inputs!F8,IF(params!A31=3,Inputs!F9,IF(params!A31=4,Inputs!F10))))","v":1},"houses",1000,"/houses",1000]
[null,null,"House Construction",{"$f":"150*D96","v":150},"hours",10,"/hours",1500]
[]
[null,null,"Total Greenhouse Structure Costs",null,null,null,null,{"$f":"SUM(H90:H97)","v":34422.5}]
[]
[null,null,"Total Annual Greenhouse Stucture Costs20 (Annual costs of owning the greenhouse includes depreciation and/or principal payments, interest, repairs, taxes, and insurance)",null,null,0.2,null,{"$f":"H99*F101","v":6884.5}]
[]
[null,"Greenhouse Environmental Control Equipment",null,null,null,null,null,null,null," https://www.greenhousemegastore.com/category/gas-greenhouse-heaters"]
[]
[null,null,"Back-up Generator",1,"generators",6000,"/generators",{"$f":"D105*F105","v":6000}]
[null,null,"Cooling System (fan, vent, & pad)",1,"systems",2000,"/systems",2000]
[null,null,"Fanjets, 30\" 1hp / Horizontal Air Fans",1,"fanjets / HAF",1500,"/fanjets / HAF",1500]
[null,null,"Electrical Panel",1,"panels",1500,"/panels",1500]
[null,null,"Computer for Environmental Control",1,"computers",2500,"/computers",2500]
[null,null,"Extra Building Supplies",1,"houses",1500,"/houses",1500]
[null,null,"Heating System (reflects utility choice from above)"]
[null,null,"Liquid Propane",1,"heaters",2500,"/heaters",{"$f":"IF(params!A17=1, D112*F112,0)","v":0}]
[null,null,"Natural Gas",1,"heaters",2000,"/heaters",{"$f":"IF(params!A17=2, D113*F113,0)","v":2000}]
[null,null,"Fuel Oil",1,"heaters",2000,"/heaters",{"$f":"IF(params!A17=3, D114*F114,0)","v":0}]
[null,null,"Poly Inflation Kit",1,"kits",150,"/kits",{"$f":"D115*F115","v":150}]
[null,null,"Low Voltage Wiring Package",1,"packages",400,"/packages",{"$f":"D116*F116","v":400}]
[null,null,"Protective Equipment (PPE)",1,"sets",50,"/sets",{"$f":"D117*F117","v":50}]
[null,null,"Grow Lights17",2]
[null,null,null,null,null,null,null,{"$f":"IF(params!A22=1,0,0)","v":0}]
[null,null,null,{"$f":"Inputs!F37","v":20},"Lights",460,"/Lights",{"$f":"IF(params!A22=2,D120*F120,0)","v":9200}]
[]
[]
[null,null,"Total Greenhouse Environmental Control Equipment Costs",null,null,null,null,{"$f":"SUM(H105:H121)","v":26800}]
[]
[null,null,"Total Annual Equipment Costs (Annual costs of owning the equipment includes depreciation and/or principal payments, interest, repairs, taxes, and insurance)",null,null,0.2,null,{"$f":"H123*F125","v":5360}]
[]
[null,"Growing & Delivery"]
[]
[null,null,"Back Pack Sprayer",1,"sprayers",100,"/sprayers",{"$f":"D129*F129","v":100}]
[null,null,"Carbon Dioxide Generator",1,"generators",480,"/generators",480]
[null,null,"Cooler",1,"coolers",2500,"/coolers",2500]
[null,null,"Delivery Van with A/C",1,"vans",6000,"/vans",6000]
[null,null,"Fertilizer Mixing Pump",1,"pumps",30,"/pumps",30]
[null,null,"Meters and Sensors-                                        EC",1,"meters",160,"/meters",160]
[null,null,"pH",1,"sensors",50,"/sensors",50]
[null,null,"Thermometer",1,"thermometers",25,"/thermometers",25]
[null,null,"Monitor-                                                  Humidity",1,"sensors",120,"/sensors",120]
[null,null,"CO2",1,"sensors",500,"/sensors",500]
[null,1,"Growing system (Choose one)18:"]
[null,null,null,1,"system",20000,"/system",{"$f":"IF(params!A26=1,D140*F140,0)","v":0},null,"https://shop.amhydro.com/collections/complete-nft-systems"]
[null,null,null,1,"system",16500,"/system",{"$f":"IF(params!A26=2,D141*F141,0)","v":16500},null,"Controlled Environment Agriculture Scoping Study (1996), CEA Program, Cornell University"]
[]
[null,null,"Scale",1,"scales",100,"/scales",{"$f":"D143*F143","v":100}]
[]
[]
[null,null,"Total Other Equipment",null,null,null,null,{"$f":"SUM(H129:H143)","v":26565}]
[]
[null,null,"Total Annual Growing & Delivery Costs (Annual costs of owning the greenhouse includes depreciation and/or principal payments, interest, repairs, taxes, and insurance)",null,null,0.2,null,{"$f":"H146*F148","v":5313}]
[]
[null,"Miscellaneous"]
[]
[null,null,"Land Rent19",1,"Acre",100,"/acre",{"$f":"D152*F152","v":100},null,"https://www.ers.usda.gov/topics/farm-economy/land-use-land-value-tenure/farmland-value/ "]
[]
[null,null,"Total Miscellaneous Costs",null,null,null,null,{"$f":"H152","v":100}]
[]
[]
[]
[null,null,"TOTAL ANNUAL FIXED COSTS",null,null,null,null,{"$f":"H154+H148+H125+H101","v":17657.5}]
[]
[null,null,"TOTAL ANNUAL COSTS",null,"(Variable Costs + Annual Fixed Costs)",null,null,{"$f":"SUM(H158,H84)","v":142525.95444059762}]

{"sheet":"Results","index":3,"n_rows":27,"n_cols":6,"rows_kept":27,"cut":false,"hidden":false,"merged":[]}
[]
[]
[]
[]
[null,"Total Annual Revenue and Expenses"]
[]
[null,"REVENUE"]
[null,null,"Price per Head",null,{"$f":"Inputs!F21","v":1.35}]
[null,null,"Total Heads Sold",null,{"$f":"FLOOR(Inputs!K11-(Inputs!K11*Inputs!F20),1)","v":130244}]
[]
[null,null,"Annual Revenue",null,null,{"$f":"E8*E9","v":175829.40000000002}]
[]
[null,"EXPENSES"]
[null,null,"Variable cost",null,{"$f":"'Cost estimates'!H84","v":124868.4544405976}]
[null,null,"Annual Fixed costs",null,{"$f":"'Cost estimates'!H158","v":17657.5}]
[]
[null,null,"Total Annual Expenses",null,null,{"$f":"SUM(E14:E15)","v":142525.95444059762}]
[]
[null,"Annual Operating Profit",null,null,null,{"$f":"F11-F17","v":33303.445559402404}]
[]
[]
[null,null,"Variable Costs ($)","Fixed Costs ($)","Total Annual Costs ($)","Annual Profit ($)"]
[]
[null,"Per Head",{"$f":"'Cost estimates'!H84/Inputs!K13","v":0.95872711557229207},{"$f":"'Cost estimates'!H158/Inputs!K13","v":0.13557246399066367},{"$f":"'Cost estimates'!H160/Inputs!K13","v":1.0942995795629558},{"$f":"F19/Inputs!K13","v":0.25570042043704433}]
[null,"Per Square Foot",{"$f":"'Cost estimates'!H84/Inputs!K7","v":41.622818146865868},{"$f":"'Cost estimates'!H158/Inputs!K7","v":5.8858333333333333},{"$f":"'Cost estimates'!H160/Inputs!K7","v":47.508651480199205},{"$f":"F19/Inputs!K7","v":11.101148519800802}]
[null,"Per House",{"$f":"'Cost estimates'!H84/'Cost estimates'!D91","v":124868.4544405976},{"$f":"'Cost estimates'!H158/'Cost estimates'!D91","v":17657.5},{"$f":"'Cost estimates'!H160/'Cost estimates'!D91","v":142525.95444059762},{"$f":"F19/'Cost estimates'!D91","v":33303.445559402404}]
[null,"Acre (43,560 sq. ft./acre)",{"$f":"'Cost estimates'!H84/(Inputs!K7/43560)","v":1813089.9584774771},{"$f":"'Cost estimates'!H158/(Inputs!K7/43560)","v":256386.9},{"$f":"'Cost estimates'!H160/(Inputs!K7/43560)","v":2069476.8584774774},{"$f":"F19/(Inputs!K7/43560)","v":483566.02952252288}]

{"sheet":"Sim1I","index":4,"n_rows":70,"n_cols":22,"rows_kept":70,"cut":false,"hidden":true,"merged":[[36,1,38,1],[63,1,69,1],[65,2,65,3],[57,1,60,1],[42,1,53,1],[43,2,43,6],[22,1,32,1],[22,2,22,6],[23,2,24,6],[25,2,26,2],[25,4,26,4],[25,5,26,5],[2,2,2,5],[4,1,18,1],[5,2,5,4],[6,3,6,4],[7,3,7,4],[10,2,13,2],[14,3,14,4]]}
[]
[]
[null,null,"*** Please enter information in the Blue box"]
[]
[null,"Production "]
[null,null,"Choose type of Greenhouse :",null,1]
[null,null,1,null,null,null,null,null,null,"Outputs based on the information provided in the Blue box"]
[]
[]
[null,null,null,null,null,null,null,null,null,"Greenhouse area",{"$f":"Inputs!K7","v":3000},"Sq. feet",null,null,null,null,null,null,"Note:"]
[null,null,"Greenhouse dimension","Width",null,{"$f":"Inputs!F13","v":30},"Feet",null,null,"Side of the roof (if Gable)",{"$f":"Inputs!Y2","v":15.811388300841896},"Feet",null,null,null,null,"Surface area:"]
[null,null,null,"Length",null,{"$f":"Inputs!F14","v":100},"Feet",null,null,"Surface Area",{"$f":"Inputs!K8","v":5912.277660168379},"Sq. feet",null,null,null,null,null,null,"Freestanding Gable","Sides",{"$f":"IF(Sim1I!C7=1, 2*Sim1I!F12*Sim1I!F14,0)","v":2000},"Square feet"]
[null,null,null,"Radius of the roof",null,{"$f":"Inputs!F15","v":5},"Feet",null,null,"Net production area",{"$f":"Inputs!K9","v":2700},"Sq. feet",null,null,null,null,null,null,null,"Ends",{"$f":"IF(Sim1I!C7=1, 2*Sim1I!F14*Sim1I!F11,0)","v":600},"Square feet"]
[null,null,null,"Height",null,{"$f":"Inputs!F16","v":10},"Feet",null,null,"Plant harvested (week)",{"$f":"FLOOR(K13/Sim1I!G33,1)","v":3210},"Heads",null,null,null,null,null,null,null,"Roof",{"$f":"IF(Sim1I!C7=1, 2*Sim1I!K11*Sim1I!F12,0)","v":3162.277660168379},"Square feet"]
[null,null,null,"Space use efficiency",null,{"$f":"Inputs!F17","v":0.9},null,null,null,"Plant harvested (year)",{"$f":"K14*52","v":166920},"Heads",null,null,null,null,null,null,null,"Roof peak",{"$f":"IF(Sim1I!C7=1, 2*1/2*Sim1I!F11*Sim1I!F13)","v":150},"Square feet"]
[null,null,null,"Concrete-% of floor",null,{"$f":"Inputs!F18","v":0.1},null,null,null,"Seed",{"$f":"CEILING(K15+(K15*Sim1I!F17),1)","v":175266},null,null,null,null,null,null,null,null,"Total SA area",{"$f":"SUM(U12:U15)","v":5912.277660168379},"Square feet"]
[null,null,null,"Overseeding",null,{"$f":"Inputs!F19","v":0.05},null,null,null,"Net annual production",{"$f":"FLOOR(K15-(K15*Sim1I!F18),1)","v":150228},"Heads"]
[null,null,null,"% shrink",null,{"$f":"Inputs!F20","v":0.1},null,null,null,null,null,null,null,null,null,null,null,null,"Freestanding Quonset","Sides",2000,"Square feet"]
[null,null,null,"Price ",null,{"$f":"Inputs!F21","v":1.35},"per head",null,null,null,null,null,null,null,null,null,null,null,null,"Ends",600,"Square feet"]
[null,null,null,null,null,null,null,null,null,null,null,null,null,null,null,null,null,null,null,"Roof",2648.5,"Square feet"]
[null,null,null,null,null,null,null,null,null,null,null,null,null,null,null,null,null,null,null,"Total SA area",5248.5,"Square feet"]
[null,null,null,null,null,null,null,null,null,"Annual heating load",{"$f":"Inputs!K14","v":1909.9842881707896},"GJ"]
[null,"Spacing- Square foot week1","Please enter value in the Blue box on the spacing and time in each crop production stage ",null,null,null,null,null,null,"Annual heating load",{"$f":"Inputs!K15","v":1810.2400608196283},"MMBtu"]
[null,null,"Remember that your greenhouse environment and lighting will impact length of time in each production stage, the numbers below should be average values from across the year"]
[null,null,null,null,null,null,null,null,null,"Fuel use:"]
[null,null,"Spacing no. ",null,"plants/ft2","days@spacing","per harvested plant",null,null,"Propane",{"$f":"Inputs!K17","v":23318.670636149815},"gal"]
[null,null,null,null,null,null,"ft2-weeks",null,null,"Natural gas",{"$f":"Inputs!K18","v":21296.94189199563},"therms"]
[null,null,1,null,144,11,{"$f":"IF(E28=0,0,(F28/E28)/7)","v":1.0912698412698414E-2},null,null,"Fuel oil",{"$f":"Inputs!K19","v":15255.689034380821},"gal"]
[null,null,2,null,7.53,9,{"$f":"IF(E29=0,0,(F29/E29)/7)","v":0.17074558907228229}]
[null,null,3,null,2.6,12,{"$f":"IF(E30=0,0,(F30/E30)/7)","v":0.65934065934065933},null,null,"Pond pump energy",{"$f":"Inputs!K20","v":32099.999999999996},"kWh"]
[null,null,4,null,0,8,{"$f":"IF(E31=0,0,(F31/E31)/7)","v":0},null,null,"Pond pump energy",{"$f":"Inputs!K21","v":3.75},"kW"]
[null,null,5,null,0,8,{"$f":"IF(E32=0,0,(F32/E32)/7)","v":0}]
[null,null,"Totals",null,null,{"$f":"SUM(F28:F32)","v":48},{"$f":"SUM(G28:G32)","v":0.84099894682564003}]
[]
[]
[]
[null,"Lighting","Number of lamps in Greenhouse",null,null,{"$f":"Inputs!F37","v":20},"lamps"]
[null,null,"Watt consumption per lamp",null,null,{"$f":"Inputs!F38","v":1000},"watt"]
[null,null,"Hours operated per year",null,null,{"$f":"Inputs!F39","v":2340},"hour"]
[]
[]
[null,null,null,null,1,null,null,null,null,null,null,null,null,null,null,null,null,null,null,"Use Degree -days if you are in NYS from the following table or from nearby weather station data:"]
[null,"Heating4","Ideally use energy model from Cornell CEA or other model ",null,null,null,null,null,null,null,null,null,null,null,null,null,null,null,null,null,"Albany",4302]
[null,null,"OR use the folowing formula to get a reasonably accurate estimate to help in making decisions relative to the size of the greenhouse or type of heating."]
[]
[null,null,"Glazing material",null,null,{"$f":"Inputs!F46","v":0},null,null,null,null,null,null,null,null,null,null,null,null,null,null,"Binghamton",4296]
[null,null,"Custom u-value",null,null,1,"Btu/(sqft*degF*h)",null,null,null,null,null,null,null,null,null,null,null,null,null,"Buffalo",4316]
[null,null,"Custom transmittance",null,null,0.9,null,null,null,null,null,null,null,null,null,null,null,null,null,null,"Ithaca",4023]
[null,null,"Air changes per hour",null,null,1,"ACH",null,null,null,null,null,null,null,null,null,null,null,null,null,"New york ",3089]
[null,null,"ASHRAE Climate Zone",null,null,"5A",null,null,null,null,null,null,null,null,null,null,null,null,null,null,"Rochester",4231]
[null,null,"Greenhouse air temperature",null,null,70,"F"]
[null,null,"Evapotranspiration latent load",null,null,10,"W/ft2"]
[null,null,"Greenhouse RH%",null,null,0.7]
[null,null,"Boiler efficiency",null,null,0.85]
[]
[]
[]
[null,"Labor","Seed/ Transplant/Harvest/ Package",null,null,{"$f":"Inputs!F58","v":26},"hrs/per thousand"]
[null,null,"Delivering to market",null,null,{"$f":"Inputs!F59","v":3},"hrs/per thousand"]
[null,null,"Production management",null,null,{"$f":"Inputs!F60","v":2},"hrs/per thousand"]
[null,null,"Other (Marketing, Maintainence, etc.)",null,null,{"$f":"Inputs!F61","v":1},"hrs/per thousand"]
[]
[]
[null,"Others","No. of Pelleted seed",null,null,{"$f":"Inputs!F65","v":5000},"/per package"]
[null,null,"No. of Horticubes",null,null,{"$f":"Inputs!F66","v":5520},"/per case"]
[null,null,"No. of beneficial insects",null,null,{"$f":"Inputs!F67","v":650},"/per package"]
[null,null,"Sq. feet covered per insects",null,null,{"$f":"Inputs!F68","v":0.9},"/per insects"]
[null,null,"Clamshell per case ",null,null,{"$f":"Inputs!F69","v":344},"/case"]
[null,null,"Clamshell per box",null,null,{"$f":"Inputs!F70","v":12},"/box"]
[null,null,"Labels per roll",null,null,{"$f":"Inputs!F71","v":2500},"/roll"]

{"sheet":"Sim1C","index":5,"n_rows":159,"n_cols":14,"rows_kept":159,"cut":false,"hidden":true,"merged":[[100,2,100,3],[124,2,124,3],[146,2,146,3],[2,2,2,5],[4,5,4,6],[6,1,6,2],[20,1,20,2],[87,5,87,6]]}
[]
[]
[null,null,"*** Please enter information in the Blue box"]
[]
[null,null,null,"Quantity/Year","Unit ","Price ($) / Unit",null,"Total Cost per year",null,null,null,null,null,"Notes"]
["VARIABLE COSTS"]
[null,"Production Supplies"]
[null,null,"Seed (package)",{"$f":"CEILING((Sim1I!K15+(Sim1I!K15*Inputs!F19))/Inputs!F65,1)","v":36},"packages",{"$f":"'Cost estimates'!F8","v":110},"/packages",{"$f":"D8*F8","v":3960},null,null,null,null,null,"31= total harvest*5% overseeding/5000"]
[null,null,"Horticubes",{"$f":"CEILING(Sim1I!K15/Inputs!F66,1)","v":31},"cases",{"$f":"'Cost estimates'!F9","v":65},"/cases",2015,null,null,null,null,null,"27= total harvest/ 5520"]
[null,null,"Beneficial Insects",{"$f":"CEILING((Inputs!K7/Inputs!F68)/Inputs!F67,1)","v":6},"packages",{"$f":"'Cost estimates'!F10","v":40},"/packages",240,null,null,null,null,null,"6= ((total area/area covered by 1000 insects)*(1000/no. of insects in 1 package)) "]
[null,null,"Fertilizer",null,null,null,null,0]
[null,null,"Blended Mix",{"$f":"CEILING(Inputs!K7*0.162760416666666,1)","v":489},"pounds",{"$f":"'Cost estimates'!F12","v":1},"/pounds",489,null,null,null,null,null,"489= 0.162760*total area"]
[null,null,"CaNO3",{"$f":"CEILING(Inputs!K7*0.162760416666666,1)","v":489},"pounds",{"$f":"'Cost estimates'!F13","v":0.46},"/pounds",224.94,null,null,null,null,null,"489= 0.162760*total area"]
[null,null,"Additions",{"$f":"CEILING(Inputs!K7*0.00217013888888888,1)","v":7},"pounds",{"$f":"'Cost estimates'!F14","v":1},"/pounds",7,null,null,null,null,null,"7= 0.00217014*total area"]
[null,null,"Fungicide/Pesticide3",{"$f":"CEILING(Inputs!K7*0.00217013888888888,1)","v":7},"gallons",{"$f":"'Cost estimates'!F15","v":60},"/gallons",420,null,null,null,null,null,"7= 0.00217014*total area"]
[null,null,"Sanitizer",{"$f":"CEILING(Sim1I!K17/29545,1)","v":6},"gallons",{"$f":"'Cost estimates'!F16","v":35},"/gallons",210]
[null,null,"Sticky Traps4",{"$f":"CEILING(Inputs!K7*0.0001,1)","v":1},"packages",{"$f":"'Cost estimates'!F17","v":30},"/packages",30]
[]
[null,null,"Total Production Supplies cost",null,null,null,null,{"$f":"SUM(H8:H17)","v":7595.94}]
[]
[null,"Production Labor"]
[null,null,"Seed/ Transplant/Harvest/ Package",{"$f":"(Inputs!F58*Sim1I!K17)/1000","v":3905.9279999999999},"hours/year",{"$f":"'Cost estimates'!F22","v":13},"/hour",{"$f":"D22*F22","v":50777.063999999998}]
[null,null,"Delivering to market",{"$f":"(Inputs!F59*Sim1I!K17)/1000","v":450.68400000000003},"hours/year",{"$f":"'Cost estimates'!F23","v":12},"/hour",{"$f":"D23*F23","v":5408.2080000000005},null,null,null,null,null,"**Source: rate, NYS dept of labor"]
[null,null,"Production management",{"$f":"(Inputs!F60*Sim1I!K17)/1000","v":300.45600000000002},"hours/year",{"$f":"'Cost estimates'!F24","v":13},"/hour",{"$f":"D24*F24","v":3905.9280000000003}]
[null,null,"Other (Marketing, Maintainence, etc.)",{"$f":"(Inputs!F61*Sim1I!K17)/1000","v":150.22800000000001},"hours/year",{"$f":"'Cost estimates'!F25","v":12},"/hour",{"$f":"D25*F25","v":1802.7360000000001}]
[null,null,"Fringe benefit",null,null,{"$f":"'Cost estimates'!F26","v":0.3},"/hour",{"$f":"(F22*F26*D22)+(F23*F26*D23)+(F24*F26*D24)","v":18027.359999999997}]
[]
[null,null,"Total Production Labor",null,null,null,null,{"$f":"SUM(H22:H26)","v":79921.295999999988},null,{"$f":"H28*20%","v":15984.259199999999},"20% change in labor"]
[]
[null,"Packaging Costs"]
[null,null,"Clamshell",{"$f":"CEILING((Sim1I!K17/2)/Inputs!F69,1)","v":219},"cases",{"$f":"'Cost estimates'!F31","v":80},"/case",{"$f":"D31*F31","v":17520},null,null,null,null,null,"*** http://avisbag.com/about-us.html"]
[null,null,"Box",{"$f":"CEILING(((Sim1I!K17/2)/Inputs!F70),1)","v":6260},"box",{"$f":"'Cost estimates'!F32","v":1},"box",{"$f":"D32*F32","v":6260}]
[null,null,"Labels",{"$f":"CEILING((Sim1I!K17/2)/Inputs!F71,1)","v":31},"roll",{"$f":"'Cost estimates'!F33","v":50},"/roll",{"$f":"D33*F33","v":1550}]
[]
[null,null,"Total Packaging Costs",null,null,null,null,{"$f":"SUM(H31:H33)","v":25330},null,{"$f":"H35*20%","v":5066},"20% change in packaging"]
[]
[null,"Utilities"]
[null,null,"Fuel Choice (choose one)7:",2,null,null,null,null,null,null,null,null,null,"** sources: https://www.nyserda.ny.gov/Researchers-and-Policymakers/Energy-Prices/Propane/Monthly-Average-Propane-Prices"]
[null,null,null,{"$f":"'Cost estimates'!D39","v":0},{"$f":"'Cost estimates'!E39","v":"gal"},{"$f":"'Cost estimates'!F39","v":2.48},{"$f":"'Cost estimates'!G39","v":"$/gallon"},{"$f":"'Cost estimates'!H39","v":0},null,null,null,null,null,"** sources: www.eia.gov, NYSERDA"]
[null,null,null,{"$f":"'Cost estimates'!D40","v":21296.94189199563},{"$f":"'Cost estimates'!E40","v":"therms"},{"$f":"'Cost estimates'!F40","v":0.55000000000000004},{"$f":"'Cost estimates'!G40","v":"$/therm"},{"$f":"'Cost estimates'!H40","v":11713.318040597598}]
[null,null,null,{"$f":"'Cost estimates'!D41","v":0},{"$f":"'Cost estimates'!E41","v":"gal"},{"$f":"'Cost estimates'!F41","v":2.38},{"$f":"'Cost estimates'!G41","v":"$/gallon"},{"$f":"'Cost estimates'!H41","v":0}]
[null,null,"For other state user"]
[null,null,"Liquid Propane",{"$f":"'Cost estimates'!D43","v":0},null,{"$f":"'Cost estimates'!F43","v":0},null,{"$f":"'Cost estimates'!H43","v":0}]
[null,null,"Natural Gas",{"$f":"'Cost estimates'!D44","v":20000},null,{"$f":"'Cost estimates'!F44","v":2.5},null,{"$f":"'Cost estimates'!H44","v":0}]
[null,null,"Fuel Oil",{"$f":"'Cost estimates'!D45","v":0},null,{"$f":"'Cost estimates'!F45","v":0},null,{"$f":"'Cost estimates'!H45","v":0}]
[null,null,"Electricity (general - non fans)",{"$f":"'Cost estimates'!D46","v":500},"kilowatt-hr",{"$f":"'Cost estimates'!F46","v":0.06},"/kilowatt-hr",{"$f":"D46*F46","v":30}]
[null,null,"Electricity (fans and pads)",{"$f":"'Cost estimates'!D47","v":10000},"kilowatt-hr",{"$f":"'Cost estimates'!F47","v":0.06},"/kilowatt-hr",600]
[null,null,"Electricity (fanjets/Horizontal Air Fans)",{"$f":"'Cost estimates'!D48","v":2000},"kilowatt-hr",{"$f":"'Cost estimates'!F48","v":0.06},"/kilowatt-hr",120]
[null,null,"Electricity (lights)",{"$f":"'Cost estimates'!D49","v":46800},"kilowatt-hr",{"$f":"'Cost estimates'!F49","v":0.06},"/kilowatt-hr",2808]
[null,null,"Pond Pump Energy (DWS)",{"$f":"'Cost estimates'!D50","v":32099.999999999996},"kWh",0.06,"/kWh",{"$f":"D50*F50","v":1925.9999999999998}]
[null,null,"Pump Energy (NFT)",{"$f":"'Cost estimates'!D51","v":32099.999999999996},"kW",0.06,"/kW",1925.9999999999998]
[null,null,"Demand charge13 (fans)",{"$f":"'Cost estimates'!D52","v":2.625},"kW",{"$f":"'Cost estimates'!F52","v":120},"/kW",315,null,{"$f":"H60*20%","v":5027.5656081195193},"20% change in Utility"]
[null,null,"Demand charge (lights)",{"$f":"'Cost estimates'!D53","v":20},"kW",{"$f":"'Cost estimates'!F53","v":120},"/kW",2400]
[null,null,"Demand charge (pond pump)",{"$f":"'Cost estimates'!D54","v":3.75},"kW",{"$f":"'Cost estimates'!F54","v":120},"/kW",450]
[null,null,"Demand charge (NFT)",{"$f":"'Cost estimates'!D55","v":3.75},null,{"$f":"'Cost estimates'!F55","v":120},"/kW",450]
[null,null,"Water and Sewer",{"$f":"'Cost estimates'!D56","v":100000},"gallons",{"$f":"'Cost estimates'!F56","v":1.31951E-2},"/gallons",1319.51]
[null,null,"Telephone",{"$f":"'Cost estimates'!D57","v":12},"months",{"$f":"'Cost estimates'!F57","v":50},"/month",600]
[null,null,"Cell Phone",{"$f":"'Cost estimates'!D58","v":12},"months",{"$f":"'Cost estimates'!F58","v":40},"/month",480]
[]
[null,null,"Total Utilities Costs",null,null,null,null,{"$f":"SUM(H39:H58)","v":25137.828040597597}]
[]
[null,"Miscellaneous Costs"]
[null,null,"Advertising, Mailings, Flyers",{"$f":"'Cost estimates'!D64","v":1},"campaigns",{"$f":"'Cost estimates'!F64","v":200},"/campaigns",{"$f":"F63*D63","v":200}]
[null,null,"Continuing Education",{"$f":"'Cost estimates'!D65","v":1},"meetings",{"$f":"'Cost estimates'!F65","v":75},"/meetings",{"$f":"D64*F64","v":75}]
[null,null,"Internet Service",{"$f":"'Cost estimates'!D66","v":12},"months",{"$f":"'Cost estimates'!F66","v":20},"/months",240]
[null,null,"Laboratory Fees",{"$f":"'Cost estimates'!D67","v":36},"tests",{"$f":"'Cost estimates'!F67","v":20},"/tests",720]
[null,null,"Office Supplies",{"$f":"'Cost estimates'!D68","v":12},"months",{"$f":"'Cost estimates'!F68","v":25},"/months",300]
[null,null,"Postage",{"$f":"'Cost estimates'!D69","v":12},"months",{"$f":"'Cost estimates'!F69","v":15},"/months",180]
[null,null,"Marketing Materials & Promotions",{"$f":"'Cost estimates'!D70","v":1},"promos",{"$f":"'Cost estimates'!F70","v":300},"/promos",300]
[null,null,"Record Keeping",{"$f":"'Cost estimates'!D71","v":12},"months",{"$f":"'Cost estimates'!F71","v":50},"/months",600]
[null,null,"Software",{"$f":"'Cost estimates'!D72","v":3},"programs",{"$f":"'Cost estimates'!F72","v":50},"/programs",150]
[null,null,"Subscriptions",{"$f":"'Cost estimates'!D73","v":3},"subscriptions",{"$f":"'Cost estimates'!F73","v":35},"/subscriptions",105]
[null,null,"Marketing & Trade Shows",{"$f":"'Cost estimates'!D74","v":0},"trade show",{"$f":"'Cost estimates'!F74","v":500},"/trade show",0]
[]
[null,null,"Total Miscellaneous Costs",null,null,null,null,{"$f":"SUM(H63:H73)","v":2870}]
[]
[null,"Professional Services"]
[]
[null,null,"Accountant",{"$f":"'Cost estimates'!D79","v":5},"hours",{"$f":"'Cost estimates'!F79","v":50},"/hour",{"$f":"D79*F79","v":250}]
[null,null,"Lawyer",{"$f":"'Cost estimates'!D80","v":4},"hours",{"$f":"'Cost estimates'!F80","v":125},"/hour",{"$f":"D80*F80","v":500},null,null,null,null,null,"** Total area- Concrete area"]
[null,null,null,null,null,null,null,null,null,null,null,null,null,"**Ground cover= Total area - Concrete area"]
["Fixed Cost13",null,"Total Professional Services",null,null,null,null,{"$f":"SUM(H79:H80)","v":750}]
[]
[null,null,"TOTAL VARIABLE COSTS",null,null,null,null,{"$f":"SUM(H82,H75,H60,H35,H28,H19)","v":141605.06404059759}]
[]
[]
[]
[null,"Greenhouse Structure",null,"Quantity/Year","Unit ","Price/Unit",null,"Total Cost per year"]
[]
[null,null,"Concrete-% of floor",{"$f":"Inputs!K7*Inputs!F18","v":300},"sq. ft.",{"$f":"'Cost estimates'!F90","v":2},"/sq. ft.",{"$f":"D90*F90","v":600}]
[null,null,"Frame, Ends, Door",{"$f":"'Cost estimates'!D91","v":1},"houses",{"$f":"'Cost estimates'!F91","v":15000},"/houses",15000]
[null,null,"Glazing material (Glass/Poly/Double poly)",{"$f":"'Cost estimates'!D92","v":1},"houses",{"$f":"'Cost estimates'!F92","v":5000},"/houses",5000]
[null,null,"Energy/Shade Curtains",{"$f":"Inputs!K7-D90","v":2700},"sq. ft.",{"$f":"'Cost estimates'!F93","v":4},"/sq. ft.",10800]
[null,null,"Ground Cover",{"$f":"Inputs!K7-D90","v":2700},"sq. ft.",{"$f":"'Cost estimates'!F94","v":7.4999999999999997E-2},"/sq. ft.",202.5]
[null,null,"Permits",{"$f":"'Cost estimates'!D95","v":4},"permits",{"$f":"'Cost estimates'!F95","v":80},"/permits",320]
[null,null,"Site Preparation",{"$f":"'Cost estimates'!D96","v":1},"houses",{"$f":"'Cost estimates'!F96","v":1000},"/houses",1000]
[null,null,"House Construction",{"$f":"'Cost estimates'!D97","v":150},"hours",{"$f":"'Cost estimates'!F97","v":10},"/hours",1500]
[]
[null,null,"Total Greenhouse Structure Costs",null,null,null,null,{"$f":"SUM(H90:H97)","v":34422.5}]
[]
[null,null,"Total Annual Greenhouse Stucture Costs (Annual costs of owning the greenhouse includes depreciation and/or principal payments, interest, repairs, taxes, and insurance)",null,null,{"$f":"'Cost estimates'!F101","v":0.2},null,{"$f":"H99*F101","v":6884.5}]
[null,"Greenhouse Environmental Control Equipment"]
[null,null,null,null,null,null,null,null,null,null,null,null,null,"*** https://www.greenhousemegastore.com/category/gas-greenhouse-heaters"]
[]
[null,null,"Back-up Generator",{"$f":"'Cost estimates'!D105","v":1},"generators",{"$f":"'Cost estimates'!F105","v":6000},"/generators",{"$f":"D105*F105","v":6000}]
[null,null,"Cooling System (fan, vent, & pad)",{"$f":"'Cost estimates'!D106","v":1},"systems",{"$f":"'Cost estimates'!F106","v":2000},"/systems",2000]
[null,null,"Fanjets, 30\" 1hp / Horizontal Air Fans",{"$f":"'Cost estimates'!D107","v":1},"fanjets / HAF",{"$f":"'Cost estimates'!F107","v":1500},"/fanjets / HAF",1500]
[null,null,"Electrical Panel",{"$f":"'Cost estimates'!D108","v":1},"panels",{"$f":"'Cost estimates'!F108","v":1500},"/panels",1500]
[null,null,"Computer for Environmental Control",{"$f":"'Cost estimates'!D109","v":1},"computers",{"$f":"'Cost estimates'!F109","v":2500},"/computers",2500]
[null,null,"Extra Building Supplies",{"$f":"'Cost estimates'!D110","v":1},"houses",{"$f":"'Cost estimates'!F110","v":1500},"/houses",1500]
[null,null,"Heating System (reflects utility choice from above)"]
[null,null,"Liquid Propane",{"$f":"'Cost estimates'!D112","v":1},"heaters",{"$f":"'Cost estimates'!F112","v":2500},"/heaters",{"$f":"IF(D38=1, D112*F112,0)","v":0}]
[null,null,"Natural Gas",{"$f":"'Cost estimates'!D113","v":1},"heaters",{"$f":"'Cost estimates'!F113","v":2000},"/heaters",{"$f":"IF(D38=2, D113*F113,0)","v":2000}]
[null,null,"Fuel Oil",{"$f":"'Cost estimates'!D114","v":1},"heaters",{"$f":"'Cost estimates'!F114","v":2000},"/heaters",{"$f":"IF(D38=3, D114*F114,0)","v":0}]
[null,null,"Poly Inflation Kit",{"$f":"'Cost estimates'!D115","v":1},"kits",{"$f":"'Cost estimates'!F115","v":150},"/kits",{"$f":"D115*F115","v":150}]
[null,null,"Low Voltage Wiring Package",{"$f":"'Cost estimates'!D116","v":1},"packages",{"$f":"'Cost estimates'!F116","v":400},"/packages",{"$f":"D116*F116","v":400}]
[null,null,"Protective Equipment (PPE)",{"$f":"'Cost estimates'!D117","v":1},"sets",{"$f":"'Cost estimates'!F117","v":50},"/sets",{"$f":"D117*F117","v":50}]
[null,null,"Grow Lights10",2]
[null,null,null,null,null,null,null,{"$f":"'Cost estimates'!H119","v":0}]
[null,null,null,{"$f":"Inputs!F37","v":20},"Lights",{"$f":"'Cost estimates'!F120","v":460},"/Lights",{"$f":"'Cost estimates'!H120","v":9200}]
[]
[]
[null,null,"Total Greenhouse Environmental Control Equipment Costs",null,null,null,null,{"$f":"SUM(H105:H121)","v":26800}]
[]
[null,null,"Total Annual Equipment Costs (Annual costs of owning the equipment includes depreciation and/or principal payments, interest, repairs, taxes, and insurance)",null,null,{"$f":"'Cost estimates'!F125","v":0.2},null,{"$f":"H123*F125","v":5360}]
[null,"Growing & Delivery"]
[]
[]
[null,null,"Back Pack Sprayer",{"$f":"'Cost estimates'!D129","v":1},"sprayers",{"$f":"'Cost estimates'!F129","v":100},"/sprayers",{"$f":"D129*F129","v":100}]
[null,null,"Carbon Dioxide Generator",{"$f":"'Cost estimates'!D130","v":1},"generators",{"$f":"'Cost estimates'!F130","v":480},"/generators",480]
[null,null,"Cooler",{"$f":"'Cost estimates'!D131","v":1},"coolers",{"$f":"'Cost estimates'!F131","v":2500},"/coolers",2500,null,null,null,null,null,"**https://shop.amhydro.com/collections/complete-nft-systems"]
[null,null,"Delivery Van with A/C",{"$f":"'Cost estimates'!D132","v":1},"vans",{"$f":"'Cost estimates'!F132","v":6000},"/vans",6000]
[null,null,"Fertilizer Mixing Pump",{"$f":"'Cost estimates'!D133","v":1},"pumps",{"$f":"'Cost estimates'!F133","v":30},"/pumps",30]
[null,null,"Meters and Sensors-                                        EC",{"$f":"'Cost estimates'!D134","v":1},"meters",{"$f":"'Cost estimates'!F134","v":160},"/meters",160]
[null,null,"pH",{"$f":"'Cost estimates'!D135","v":1},"sensors",{"$f":"'Cost estimates'!F135","v":50},"/sensors",50]
[null,null,"Thermometer",{"$f":"'Cost estimates'!D136","v":1},"thermometers",{"$f":"'Cost estimates'!F136","v":25},"/thermometers",25]
[null,null,"Monitor-                                                  Humidity",{"$f":"'Cost estimates'!D137","v":1},"sensors",{"$f":"'Cost estimates'!F137","v":120},"/sensors",120]
[null,2,"CO2",{"$f":"'Cost estimates'!D138","v":1},"sensors",{"$f":"'Cost estimates'!F138","v":500},"/sensors",500]
[null,null,"Growing system (Choose one)13:"]
[null,null,null,{"$f":"'Cost estimates'!D140","v":1},"system",{"$f":"'Cost estimates'!F140","v":20000},"/system",{"$f":"'Cost estimates'!H140","v":0}]
[null,null,null,{"$f":"'Cost estimates'!D141","v":1},"system",{"$f":"'Cost estimates'!F141","v":16500},"/system",{"$f":"'Cost estimates'!H141","v":16500}]
[null,null,"Scale",{"$f":"'Cost estimates'!D143","v":1},"scales",{"$f":"'Cost estimates'!F143","v":100},"/scales",{"$f":"D142*F142","v":100},null,null,null,null,null,"** Crop land Source: Quickstat, USDA, https://www.ers.usda.gov/topics/farm-economy/land-use-land-value-tenure/farmland-value/ "]
[]
[]
[null,null,"Total Other Equipment",null,null,null,null,{"$f":"SUM(H129:H142)","v":26565}]
[]
[null,null,"Total Annual Growing & Delivery Costs (Annual costs of owning the greenhouse includes depreciation and/or principal payments, interest, repairs, taxes, and insurance)",null,null,{"$f":"'Cost estimates'!F148","v":0.2},null,{"$f":"H145*F147","v":5313}]
[null,"Miscellaneous"]
[]
[]
[null,null,"Land Rent14",{"$f":"'Cost estimates'!D152","v":1},"Acre",{"$f":"'Cost estimates'!F152","v":100},"/acre",{"$f":"D151*F151","v":100}]
[]
[null,null,"Total Miscellaneous Costs",null,null,null,null,{"$f":"H151","v":100}]
[]
[]
[]
[null,null,"TOTAL ANNUAL FIXED COSTS16",null,null,null,null,{"$f":"H153+H147+H125+H101","v":17657.5}]
[]
[null,null,"TOTAL ANNUAL COSTS",null,"(Variable Costs + Annual Fixed Costs)",null,null,{"$f":"SUM(H157,H84)","v":159262.56404059759}]

{"sheet":"Sim2I","index":6,"n_rows":69,"n_cols":22,"rows_kept":69,"cut":false,"hidden":true,"merged":[[36,1,38,1],[62,1,68,1],[64,2,64,3],[57,1,60,1],[41,1,52,1],[42,2,42,6],[22,1,32,1],[22,2,22,6],[23,2,24,6],[25,2,26,2],[25,4,26,4],[25,5,26,5],[2,2,2,5],[4,1,18,1],[5,2,5,4],[6,3,6,4],[7,3,7,4],[10,2,13,2],[14,3,14,4]]}
[]
[]
[null,null,"*** Please enter information in the Blue box"]
[]
[null,"Production "]
[null,null,"Choose type of Greenhouse :",null,1]
[null,null,1,null,null,null,null,null,null,"Outputs based on the information provided in the Blue box"]
[]
[]
[null,null,null,null,null,null,null,null,null,"Greenhouse area",{"$f":"Inputs!K7","v":3000},"Sq. feet",null,null,null,null,null,null,"Note:"]
[null,null,"Greenhouse dimension","Width",null,{"$f":"Inputs!F13","v":30},"Feet",null,null,"Side of the roof (if Gable)",{"$f":"Inputs!Y2","v":15.811388300841896},"Feet",null,null,null,null,"Surface area:"]
[null,null,null,"Length",null,{"$f":"Inputs!F14","v":100},"Feet",null,null,"Surface Area",{"$f":"Inputs!K8","v":5912.277660168379},"Sq. feet",null,null,null,null,null,null,"Freestanding Gable","Sides",{"$f":"IF([1]Sim2_Input!C7=1, 2*[1]Sim2_Input!F12*[1]Sim2_Input!F14,0)","v":2000},"Square feet"]
[null,null,null,"Radius of the roof",null,{"$f":"Inputs!F15","v":5},"Feet",null,null,"Net production area",{"$f":"Inputs!K9","v":2700},"Sq. feet",null,null,null,null,null,null,null,"Ends",{"$f":"IF([1]Sim2_Input!C7=1, 2*[1]Sim2_Input!F14*[1]Sim2_Input!F11,0)","v":600},"Square feet"]
[null,null,null,"Height",null,{"$f":"Inputs!F16","v":10},"Feet",null,null,"Plant harvested (week)",{"$f":"FLOOR(K13/Sim2I!G33,1)","v":2632},"Heads",null,null,null,null,null,null,null,"Roof",{"$f":"IF([1]Sim2_Input!C7=1, 2*[1]Sim2_Input!K11*[1]Sim2_Input!F12,0)","v":3162.277660168379},"Square feet"]
[null,null,null,"Space use efficiency",null,{"$f":"Inputs!F17","v":0.9},null,null,null,"Plant harvested (year)",{"$f":"K14*52","v":136864},"Heads",null,null,null,null,null,null,null,"Roof peak",{"$f":"IF([1]Sim2_Input!C7=1, 2*1/2*[1]Sim2_Input!F11*[1]Sim2_Input!F13)","v":150},"Square feet"]
[null,null,null,"Concrete-% of floor",null,{"$f":"Inputs!F18","v":0.1},null,null,null,"Seed",{"$f":"CEILING(K15+(K15*Sim2I!F17),1)","v":143708},null,null,null,null,null,null,null,null,"Total SA area",{"$f":"SUM(U12:U15)","v":5912.277660168379},"Square feet"]
[null,null,null,"Overseeding",null,{"$f":"Inputs!F19","v":0.05},null,null,null,"Net annual production",{"$f":"FLOOR(K15-(K15*F18),1)","v":123177},"Heads"]
[null,null,null,"% shrink",null,{"$f":"Inputs!F20","v":0.1},null,null,null,null,null,null,null,null,null,null,null,null,"Freestanding Quonset","Sides",2000,"Square feet"]
[null,null,null,"Price ",null,{"$f":"Inputs!F21","v":1.35},"per head",null,null,null,null,null,null,null,null,null,null,null,null,"Ends",600,"Square feet"]
[null,null,null,null,null,null,null,null,null,null,null,null,null,null,null,null,null,null,null,"Roof",2648.5,"Square feet"]
[null,null,null,null,null,null,null,null,null,null,null,null,null,null,null,null,null,null,null,"Total SA area",5248.5,"Square feet"]
[]
[null,"Spacing- Square foot week1","Please enter value in the Blue box on the spacing and time in each crop production stage ",null,null,null,null,null,null,"Annual heating load",{"$f":"Inputs!K14","v":1909.9842881707896},"GJ"]
[null,null,"Remember that your greenhouse environment and lighting will impact length of time in each production stage, the numbers below should be average values from across the year",null,null,null,null,null,null,"Annual heating load",{"$f":"Inputs!K15","v":1810.2400608196283},"MMBtu"]
[]
[null,null,"Spacing no. ",null,"plants/ft2","days@spacing","per harvested plant",null,null,"Fuel use:"]
[null,null,null,null,null,null,"ft2-weeks",null,null,"Propane",{"$f":"Inputs!K17","v":23318.670636149815},"gal"]
[null,null,1,null,144,12,{"$f":"IF(E28=0,0,(F28/E28)/7)","v":1.1904761904761904E-2},null,null,"Natural gas",{"$f":"Inputs!K18","v":21296.94189199563},"therms"]
[null,null,2,null,7.53,10,{"$f":"IF(E29=0,0,(F29/E29)/7)","v":0.18971732119142476},null,null,"Fuel oil",{"$f":"Inputs!K19","v":15255.689034380821},"gal"]
[null,null,3,null,2.6,15,{"$f":"IF(E30=0,0,(F30/E30)/7)","v":0.82417582417582413}]
[null,null,4,null,0,0,{"$f":"IF(E31=0,0,(F31/E31)/7)","v":0},null,null,"Pond pump energy",{"$f":"Inputs!K20","v":32099.999999999996},"kWh"]
[null,null,5,null,0,0,{"$f":"IF(E32=0,0,(F32/E32)/7)","v":0},null,null,"Pond pump energy",{"$f":"Inputs!K21","v":3.75},"kW"]
[null,null,"Totals",null,null,{"$f":"SUM(F28:F32)","v":37},{"$f":"SUM(G28:G32)","v":1.0257979072720107}]
[]
[]
[]
[null,"Lighting","Number of lamps in Greenhouse",null,null,{"$f":"Inputs!F37","v":20},"lamps"]
[null,null,"Watt consumption per lamp",null,null,{"$f":"Inputs!F38","v":1000},"watt"]
[null,null,"Hours operated per year",null,null,{"$f":"Inputs!F39","v":2340},"hour"]
[]
[]
[null,"Heating4","Ideally use energy model from Cornell CEA or other model ",null,null,null,null,null,null,null,null,null,null,null,null,null,null,null,null,"Use Degree -days if you are in NYS from the following table or from nearby weather station data:"]
[null,null,"OR use the folowing formula to get a reasonably accurate estimate to help in making decisions relative to the size of the greenhouse or type of heating.",null,null,null,null,null,null,null,null,null,null,null,null,null,null,null,null,null,"Albany",4302]
[]
[null,null,"Glazing material",null,null,{"$f":"Inputs!F46","v":0}]
[null,null,"Custom u-value",null,null,{"$f":"Inputs!F47","v":1},"Btu/(sqft*degF*h)",null,null,null,null,null,null,null,null,null,null,null,null,null,"Binghamton",4296]
[null,null,"Custom transmittance",null,null,{"$f":"Inputs!F48","v":0.9},null,null,null,null,null,null,null,null,null,null,null,null,null,null,"Buffalo",4316]
[null,null,"Air changes per hour",null,null,{"$f":"Inputs!F49","v":1},"ACH",null,null,null,null,null,null,null,null,null,null,null,null,null,"Ithaca",4023]
[null,null,"ASHRAE Climate Zone",null,null,{"$f":"Inputs!F50","v":0},null,null,null,null,null,null,null,null,null,null,null,null,null,null,"New york ",3089]
[null,null,"Greenhouse air temperature",null,null,{"$f":"Inputs!F51","v":70},"F",null,null,null,null,null,null,null,null,null,null,null,null,null,"Rochester",4231]
[null,null,"Evapotranspiration latent load",null,null,{"$f":"Inputs!F52","v":10},"W/ft2"]
[null,null,"Greenhouse RH%",null,null,{"$f":"Inputs!F53","v":0.7}]
[null,null,"Boiler efficiency",null,null,{"$f":"Inputs!F54","v":0.85}]
[null,null,null,null,1]
[]
[]
[]
[null,"Labor","Seed/ Transplant/Harvest/ Package",null,null,{"$f":"Inputs!F58","v":26},"hrs/per thousand"]
[null,null,"Delivering to market",null,null,{"$f":"Inputs!F59","v":3},"hrs/per thousand"]
[null,null,"Production management",null,null,{"$f":"Inputs!F60","v":2},"hrs/per thousand"]
[null,null,"Other (Marketing, Maintainence, etc.)",null,null,{"$f":"Inputs!F61","v":1},"hrs/per thousand"]
[]
[null,"Others","No. of Pelleted seed",null,null,{"$f":"Inputs!F65","v":5000},"/per package"]
[null,null,"No. of Horticubes",null,null,{"$f":"Inputs!F66","v":5520},"/per case"]
[null,null,"No. of beneficial insects",null,null,{"$f":"Inputs!F67","v":650},"/per package"]
[null,null,"Area covered per insects",null,null,{"$f":"Inputs!F68","v":0.9},"/per insects"]
[null,null,"Clamshell per case ",null,null,{"$f":"Inputs!F69","v":344},"/case"]
[null,null,"Clamshell per box",null,null,{"$f":"Inputs!F70","v":12},"/box"]
[null,null,"Labels per roll",null,null,{"$f":"Inputs!F71","v":2500},"/roll"]

{"sheet":"Sim2C","index":7,"n_rows":159,"n_cols":14,"rows_kept":159,"cut":false,"hidden":true,"merged":[[100,2,100,3],[124,2,124,3],[146,2,146,3],[2,2,2,5],[4,5,4,6],[6,1,6,2],[20,1,20,2],[29,1,29,2],[87,5,87,6]]}
[]
[]
[null,null,"*** Please enter information in the Blue box"]
[]
[null,null,null,"Quantity/Year","Unit ","Price ($) / Unit",null,"Total Cost per year",null,null,null,null,null,"Notes"]
["VARIABLE COSTS"]
[null,"Production Supplies"]
[null,null,"Seed (package)",{"$f":"CEILING((Sim2I!K15+(Sim2I!K15*Inputs!F19))/Inputs!F65,1)","v":29},"packages",{"$f":"'Cost estimates'!F8","v":110},"/packages",{"$f":"D8*F8","v":3190},null,null,null,null,null,"31= total harvest*5% overseeding/5000"]
[null,null,"Horticubes",{"$f":"CEILING(Sim2I!K15/Inputs!F66,1)","v":25},"cases",{"$f":"'Cost estimates'!F9","v":65},"/cases",1625,null,null,null,null,null,"27= total harvest/ 5520"]
[null,null,"Beneficial Insects",{"$f":"CEILING((Inputs!K7/Inputs!F68)/Inputs!F67,1)","v":6},"packages",{"$f":"'Cost estimates'!F10","v":40},"/packages",240,null,null,null,null,null,"6= ((total area/area covered by 1000 insects)*(1000/no. of insects in 1 package)) "]
[null,null,"Fertilizer",null,null,{"$f":"'Cost estimates'!F11","v":0},null,0]
[null,null,"Blended Mix",{"$f":"CEILING(Inputs!K7*0.162760416666666,1)","v":489},"pounds",{"$f":"'Cost estimates'!F12","v":1},"/pounds",489,null,null,null,null,null,"489= 0.162760*total area"]
[null,null,"CaNO3",{"$f":"CEILING(Inputs!K7*0.162760416666666,1)","v":489},"pounds",{"$f":"'Cost estimates'!F13","v":0.46},"/pounds",224.94,null,null,null,null,null,"489= 0.162760*total area"]
[null,null,"Additions",{"$f":"CEILING(Inputs!K7*0.00217013888888888,1)","v":7},"pounds",{"$f":"'Cost estimates'!F14","v":1},"/pounds",7,null,null,null,null,null,"7= 0.00217014*total area"]
[null,null,"Fungicide/Pesticide3",{"$f":"CEILING(Inputs!K7*0.00217013888888888,1)","v":7},"gallons",{"$f":"'Cost estimates'!F15","v":60},"/gallons",420,null,null,null,null,null,"7= 0.00217014*total area"]
[null,null,"Sanitizer",{"$f":"CEILING(Sim2I!K17/29545,1)","v":5},"gallons",{"$f":"'Cost estimates'!F16","v":35},"/gallons",175]
[null,null,"Sticky Traps4",{"$f":"CEILING(Inputs!K7*0.0001,1)","v":1},"packages",{"$f":"'Cost estimates'!F17","v":30},"/packages",30]
[]
[null,null,"Total Production Supplies cost",null,null,null,null,{"$f":"SUM(H8:H17)","v":6400.94}]
[]
[null,"Production Labor"]
[null,null,"Seed/ Transplant/Harvest/ Package",{"$f":"(Inputs!F58*Sim2I!K17)/1000","v":3202.6019999999999},"hours/year",{"$f":"'Cost estimates'!F22","v":13},"/hour",{"$f":"D22*F22","v":41633.826000000001}]
[null,null,"Delivering to market",{"$f":"(Inputs!F59*Sim2I!K17)/1000","v":369.53100000000001},"hours/year",{"$f":"'Cost estimates'!F23","v":12},"/hour",{"$f":"D23*F23","v":4434.3720000000003},null,null,null,null,null,"**Source: rate, NYS dept of labor"]
[null,null,"Production management",{"$f":"(Inputs!F60*Sim2I!K17)/1000","v":246.35400000000001},"hours/year",{"$f":"'Cost estimates'!F24","v":13},"/hour",{"$f":"D24*F24","v":3202.6020000000003}]
[null,null,"Other (Marketing, Maintainence, etc.)",{"$f":"(Inputs!F61*Sim2I!K17)/1000","v":123.17700000000001},"hours/year",{"$f":"'Cost estimates'!F25","v":12},"/hour",{"$f":"D25*F25","v":1478.124}]
[null,null,"Fringe benefit",null,null,{"$f":"'Cost estimates'!F26","v":0.3},"/hour",{"$f":"(F22*F26*D22)+(F23*F26*D23)+(F24*F26*D24)+(F25*F26*D25)","v":15224.6772}]
[]
[null,null,"Total Production Labor",null,null,null,null,{"$f":"SUM(H22:H25)","v":50748.924000000006},null,{"$f":"H28*20%","v":10149.784800000001},"20% change in labor"]
[]
[null,"Packaging Costs"]
[null,null,"Clamshell",{"$f":"CEILING((Sim2I!K17/2)/Inputs!F69,1)","v":180},"cases",{"$f":"'Cost estimates'!F31","v":80},"/case",{"$f":"D31*F31","v":14400},null,null,null,null,null,"*** Avisbag, NY"]
[null,null,"Box",{"$f":"CEILING(((Sim2I!K17/2)/Inputs!F70),1)","v":5133},"box",{"$f":"'Cost estimates'!F32","v":1},"box",{"$f":"D32*F32","v":5133},null,null,null,null,null,"*** http://avisbag.com/about-us.html"]
[null,null,"Labels",{"$f":"CEILING((Sim2I!K17/2)/Inputs!F71,1)","v":25},"roll",{"$f":"'Cost estimates'!F33","v":50},"/roll",{"$f":"D33*F33","v":1250}]
[]
[null,null,"Total Packaging Costs",null,null,null,null,{"$f":"SUM(H31:H33)","v":20783},null,{"$f":"H35*20%","v":4156.6000000000004},"20% change in packaging"]
[]
[null,"Utilities"]
[null,null,"Fuel Choice (choose one)7:",2]
[null,null,null,{"$f":"'Cost estimates'!D39","v":0},{"$f":"'Cost estimates'!E39","v":"gal"},{"$f":"'Cost estimates'!F39","v":2.48},{"$f":"'Cost estimates'!G39","v":"$/gallon"},{"$f":"'Cost estimates'!H39","v":0},null,null,null,null,null,"** sources: https://www.nyserda.ny.gov/Researchers-and-Policymakers/Energy-Prices/Propane/Monthly-Average-Propane-Prices"]
[null,null,null,{"$f":"'Cost estimates'!D40","v":21296.94189199563},{"$f":"'Cost estimates'!E40","v":"therms"},{"$f":"'Cost estimates'!F40","v":0.55000000000000004},{"$f":"'Cost estimates'!G40","v":"$/therm"},{"$f":"'Cost estimates'!H40","v":11713.318040597598},null,null,null,null,null,"** sources: www.eia.gov, NYSERDA"]
[null,null,null,{"$f":"'Cost estimates'!D41","v":0},{"$f":"'Cost estimates'!E41","v":"gal"},{"$f":"'Cost estimates'!F41","v":2.38},{"$f":"'Cost estimates'!G41","v":"$/gallon"},{"$f":"'Cost estimates'!H41","v":0}]
[null,null,"For other state",null,null,null,null,{"$f":"'Cost estimates'!H42","v":0}]
[null,null,"Liquid Propane",{"$f":"'Cost estimates'!D43","v":0},null,{"$f":"'Cost estimates'!F43","v":0},null,{"$f":"'Cost estimates'!H43","v":0}]
[null,null,"Natural Gas",{"$f":"'Cost estimates'!D44","v":20000},null,null,null,{"$f":"'Cost estimates'!H44","v":0}]
[null,null,"Fuel Oil",{"$f":"'Cost estimates'!D45","v":0},null,null,null,{"$f":"'Cost estimates'!H45","v":0}]
[null,null,"Electricity (general - non fans)",{"$f":"'Cost estimates'!D46","v":500},{"$f":"'Cost estimates'!E46","v":"kWh"},{"$f":"'Cost estimates'!F46","v":0.06},{"$f":"'Cost estimates'!G46","v":"/kWh"},{"$f":"D46*F46","v":30}]
[null,null,"Electricity (fans and pads)",{"$f":"'Cost estimates'!D47","v":10000},{"$f":"'Cost estimates'!E47","v":"kWh"},{"$f":"'Cost estimates'!F47","v":0.06},{"$f":"'Cost estimates'!G47","v":"/kWh"},600]
[null,null,"Electricity (fanjets/Horizontal Air Fans)",{"$f":"'Cost estimates'!D48","v":2000},{"$f":"'Cost estimates'!E48","v":"kWh"},{"$f":"'Cost estimates'!F48","v":0.06},{"$f":"'Cost estimates'!G48","v":"/kWh"},120]
[null,null,"Electricity (lights)",{"$f":"Inputs!F37*Inputs!F38*Inputs!F39/1000","v":46800},{"$f":"'Cost estimates'!E49","v":"kWh"},{"$f":"'Cost estimates'!F49","v":0.06},{"$f":"'Cost estimates'!G49","v":"/kWh"},2808]
[null,null,"Pond Pump Energy (DWS)",{"$f":"'Cost estimates'!D50","v":32099.999999999996},"kWh",{"$f":"'Cost estimates'!F50","v":0.06},"/kWh",1925.9999999999998]
[null,null,"Pump Energy (NFT)",{"$f":"'Cost estimates'!D51","v":32099.999999999996},"kWh",{"$f":"'Cost estimates'!F51","v":0.06},"/kWh",1925.9999999999998]
[null,null,"Demand charge13 (fans)",{"$f":"'Cost estimates'!D52","v":2.625},"kW",{"$f":"'Cost estimates'!F52","v":120},"/kW",315]
[null,null,"Demand charge (lights)",{"$f":"'Cost estimates'!D53","v":20},"kW",{"$f":"'Cost estimates'!F53","v":120},"/kW",2400]
[null,null,"Demand charge (pond pump)",{"$f":"'Cost estimates'!D54","v":3.75},"kW",{"$f":"'Cost estimates'!F54","v":120},"/kW",450]
[null,null,"Demand charge (NFT)",{"$f":"'Cost estimates'!D55","v":3.75},"kW",{"$f":"'Cost estimates'!F55","v":120},"/kW",450]
[null,null,"Water and Sewer",{"$f":"'Cost estimates'!D56","v":100000},"gallons",{"$f":"'Cost estimates'!F56","v":1.31951E-2},"/gallons",1319.51,null,{"$f":"H60*20%","v":5027.5656081195193},"20% change in utility"]
[null,null,"Telephone",{"$f":"'Cost estimates'!D57","v":12},"months",{"$f":"'Cost estimates'!F57","v":50},"/month",600]
[null,null,"Cell Phone",{"$f":"'Cost estimates'!D58","v":12},"months",{"$f":"'Cost estimates'!F58","v":40},"/month",480]
[]
[null,null,"Total Utilities Costs",null,null,null,null,{"$f":"SUM(H39:H58)","v":25137.828040597597}]
[]
[]
[null,"Miscellaneous Costs"]
[null,null,"Advertising, Mailings, Flyers",{"$f":"'Cost estimates'!D64","v":1},"campaigns",{"$f":"'Cost estimates'!F64","v":200},"/campaigns",{"$f":"F64*D64","v":200}]
[null,null,"Continuing Education",{"$f":"'Cost estimates'!D65","v":1},"meetings",{"$f":"'Cost estimates'!F65","v":75},"/meetings",{"$f":"D65*F65","v":75}]
[null,null,"Internet Service",{"$f":"'Cost estimates'!D66","v":12},"months",{"$f":"'Cost estimates'!F66","v":20},"/months",240]
[null,null,"Laboratory Fees",{"$f":"'Cost estimates'!D67","v":36},"tests",{"$f":"'Cost estimates'!F67","v":20},"/tests",720]
[null,null,"Office Supplies",{"$f":"'Cost estimates'!D68","v":12},"months",{"$f":"'Cost estimates'!F68","v":25},"/months",300]
[null,null,"Postage",{"$f":"'Cost estimates'!D69","v":12},"months",{"$f":"'Cost estimates'!F69","v":15},"/months",180]
[null,null,"Marketing Materials & Promotions",{"$f":"'Cost estimates'!D70","v":1},"promos",{"$f":"'Cost estimates'!F70","v":300},"/promos",300]
[null,null,"Record Keeping",{"$f":"'Cost estimates'!D71","v":12},"months",{"$f":"'Cost estimates'!F71","v":50},"/months",600]
[null,null,"Software",{"$f":"'Cost estimates'!D72","v":3},"programs",{"$f":"'Cost estimates'!F72","v":50},"/programs",150]
[null,null,"Subscriptions",{"$f":"'Cost estimates'!D73","v":3},"subscriptions",{"$f":"'Cost estimates'!F73","v":35},"/subscriptions",105]
[null,null,"Marketing & Trade Shows",{"$f":"'Cost estimates'!D74","v":0},"trade show",{"$f":"'Cost estimates'!F74","v":500},"/trade show",0]
[]
[null,null,"Total Miscellaneous Costs",null,null,null,null,{"$f":"SUM(H64:H74)","v":2870}]
[]
[null,"Professional Services"]
[null,null,"Accountant",{"$f":"'Cost estimates'!D79","v":5},"hours",{"$f":"'Cost estimates'!F79","v":50},"/hour",{"$f":"D79*F79","v":250}]
[null,null,"Lawyer",{"$f":"'Cost estimates'!D80","v":4},"hours",{"$f":"'Cost estimates'!F80","v":125},"/hour",{"$f":"D80*F80","v":500}]
[]
[null,null,"Total Professional Services",null,null,null,null,{"$f":"SUM(H79:H80)","v":750}]
[]
[null,null,"TOTAL VARIABLE COSTS",null,null,null,null,{"$f":"SUM(H82,H76,H60,H35,H28,H19)","v":106690.69204059761}]
[null,null,null,null,null,null,null,null,null,null,null,null,null,"** Total area- Concrete area"]
["Fixed Cost13",null,null,null,null,null,null,null,null,null,null,null,null,"**Ground cover= Total area - Concrete area"]
[]
[null,"Greenhouse Structure",null,"Quantity/Year","Unit ","Price/Unit",null,"Total Cost per year"]
[]
[null,null,"Concrete-% of floor",{"$f":"Inputs!K7*Inputs!F18","v":300},"sq. ft.",{"$f":"'Cost estimates'!F90","v":2},"/sq. ft.",{"$f":"D90*F90","v":600}]
[null,null,"Frame, Ends, Door",{"$f":"'Cost estimates'!D91","v":1},"houses",{"$f":"'Cost estimates'!F91","v":15000},"/houses",15000]
[null,null,"Glazing material (Glass/Poly/Double poly)",{"$f":"'Cost estimates'!D92","v":1},"houses",{"$f":"'Cost estimates'!F92","v":5000},"/houses",5000]
[null,null,"Energy/Shade Curtains",{"$f":"Inputs!K7-D90","v":2700},"sq. ft.",{"$f":"'Cost estimates'!F93","v":4},"/sq. ft.",10800]
[null,null,"Ground Cover",{"$f":"Inputs!K7-D90","v":2700},"sq. ft.",{"$f":"'Cost estimates'!F94","v":7.4999999999999997E-2},"/sq. ft.",202.5]
[null,null,"Permits",{"$f":"'Cost estimates'!D95","v":4},"permits",{"$f":"'Cost estimates'!F95","v":80},"/permits",320]
[null,null,"Site Preparation",{"$f":"'Cost estimates'!D96","v":1},"houses",{"$f":"'Cost estimates'!F96","v":1000},"/houses",1000]
[null,null,"House Construction",{"$f":"'Cost estimates'!D97","v":150},"hours",{"$f":"'Cost estimates'!F97","v":10},"/hours",1500]
[]
[null,null,"Total Greenhouse Structure Costs",null,null,null,null,{"$f":"SUM(H90:H97)","v":34422.5}]
[]
[null,null,"Total Annual Greenhouse Stucture Costs (Annual costs of owning the greenhouse includes depreciation and/or principal payments, interest, repairs, taxes, and insurance)",null,null,{"$f":"'Cost estimates'!F101","v":0.2},null,{"$f":"H99*F101","v":6884.5}]
[null,"Greenhouse Environmental Control Equipment"]
[]
[]
[null,null,"Back-up Generator",{"$f":"'Cost estimates'!D105","v":1},"generators",{"$f":"'Cost estimates'!F105","v":6000},"/generators",{"$f":"'Cost estimates'!H105","v":6000}]
[null,null,"Cooling System (fan, vent, & pad)",{"$f":"'Cost estimates'!D106","v":1},"systems",{"$f":"'Cost estimates'!F106","v":2000},"/systems",{"$f":"'Cost estimates'!H106","v":2000}]
[null,null,"Fanjets, 30\" 1hp / Horizontal Air Fans",{"$f":"'Cost estimates'!D107","v":1},"fanjets / HAF",{"$f":"'Cost estimates'!F107","v":1500},"/fanjets / HAF",{"$f":"'Cost estimates'!H107","v":1500}]
[null,null,"Electrical Panel",{"$f":"'Cost estimates'!D108","v":1},"panels",{"$f":"'Cost estimates'!F108","v":1500},"/panels",{"$f":"'Cost estimates'!H108","v":1500},null,null,null,null,null,"*** https://www.greenhousemegastore.com/category/gas-greenhouse-heaters"]
[null,null,"Computer for Environmental Control",{"$f":"'Cost estimates'!D109","v":1},"computers",{"$f":"'Cost estimates'!F109","v":2500},"/computers",{"$f":"'Cost estimates'!H109","v":2500}]
[null,null,"Extra Building Supplies",{"$f":"'Cost estimates'!D110","v":1},"houses",{"$f":"'Cost estimates'!F110","v":1500},"/houses",{"$f":"'Cost estimates'!H110","v":1500}]
[null,null,"Heating System (reflects utility choice from above)"]
[null,null,"Liquid Propane",{"$f":"'Cost estimates'!D112","v":1},"heaters",{"$f":"'Cost estimates'!F112","v":2500},"/heaters",{"$f":"'Cost estimates'!H112","v":0}]
[null,null,"Natural Gas",{"$f":"'Cost estimates'!D113","v":1},"heaters",{"$f":"'Cost estimates'!F113","v":2000},"/heaters",{"$f":"'Cost estimates'!H113","v":2000}]
[null,null,"Fuel Oil",{"$f":"'Cost estimates'!D114","v":1},"heaters",{"$f":"'Cost estimates'!F114","v":2000},"/heaters",{"$f":"'Cost estimates'!H114","v":0}]
[null,null,"Poly Inflation Kit",{"$f":"'Cost estimates'!D115","v":1},"kits",{"$f":"'Cost estimates'!F115","v":150},"/kits",{"$f":"'Cost estimates'!H115","v":150}]
[null,null,"Low Voltage Wiring Package",{"$f":"'Cost estimates'!D116","v":1},"packages",{"$f":"'Cost estimates'!F116","v":400},"/packages",{"$f":"'Cost estimates'!H116","v":400}]
[null,null,"Protective Equipment (PPE)",{"$f":"'Cost estimates'!D117","v":1},"sets",{"$f":"'Cost estimates'!F117","v":50},"/sets",{"$f":"'Cost estimates'!H117","v":50}]
[null,null,"Grow Lights10",1,null,null,null,{"$f":"'Cost estimates'!H118","v":0}]
[null,null,null,null,null,null,null,{"$f":"'Cost estimates'!H119","v":0}]
[null,null,null,{"$f":"Inputs!F37","v":20},"Lights",{"$f":"'Cost estimates'!F120","v":460},"/Lights",{"$f":"'Cost estimates'!H120","v":9200}]
[]
[]
[null,null,"Total Greenhouse Environmental Control Equipment Costs",null,null,null,null,{"$f":"SUM(H105:H121)","v":26800}]
[]
[null,null,"Total Annual Equipment Costs (Annual costs of owning the equipment includes depreciation and/or principal payments, interest, repairs, taxes, and insurance)",null,null,{"$f":"'Cost estimates'!F125","v":0.2},null,{"$f":"H123*F125","v":5360}]
[null,"Growing & Delivery"]
[]
[]
[null,null,"Back Pack Sprayer",{"$f":"'Cost estimates'!D129","v":1},"sprayers",{"$f":"'Cost estimates'!F129","v":100},"/sprayers",{"$f":"D129*F129","v":100}]
[null,null,"Carbon Dioxide Generator",{"$f":"'Cost estimates'!D130","v":1},"generators",{"$f":"'Cost estimates'!F130","v":480},"/generators",480]
[null,null,"Cooler",{"$f":"'Cost estimates'!D131","v":1},"coolers",{"$f":"'Cost estimates'!F131","v":2500},"/coolers",2500]
[null,null,"Delivery Van with A/C",{"$f":"'Cost estimates'!D132","v":1},"vans",{"$f":"'Cost estimates'!F132","v":6000},"/vans",6000]
[null,null,"Fertilizer Mixing Pump",{"$f":"'Cost estimates'!D133","v":1},"pumps",{"$f":"'Cost estimates'!F133","v":30},"/pumps",30]
[null,null,"Meters and Sensors-                                        EC",{"$f":"'Cost estimates'!D134","v":1},"meters",{"$f":"'Cost estimates'!F134","v":160},"/meters",160]
[null,null,"pH",{"$f":"'Cost estimates'!D135","v":1},"sensors",{"$f":"'Cost estimates'!F135","v":50},"/sensors",50]
[null,null,"Thermometer",{"$f":"'Cost estimates'!D136","v":1},"thermometers",{"$f":"'Cost estimates'!F136","v":25},"/thermometers",25,null,null,null,null,null,"**https://shop.amhydro.com/collections/complete-nft-systems"]
[null,null,"Monitor-                                                  Humidity",{"$f":"'Cost estimates'!D137","v":1},"sensors",{"$f":"'Cost estimates'!F137","v":120},"/sensors",120]
[null,2,"CO2",{"$f":"'Cost estimates'!D138","v":1},"sensors",{"$f":"'Cost estimates'!F138","v":500},"/sensors",500]
[null,null,"Growing system (Choose one)13:"]
[null,null,null,{"$f":"'Cost estimates'!D140","v":1},"system",{"$f":"'Cost estimates'!F140","v":20000},"/system",{"$f":"'Cost estimates'!H140","v":0}]
[null,null,null,{"$f":"'Cost estimates'!D141","v":1},"system",{"$f":"'Cost estimates'!F141","v":16500},"/system",{"$f":"'Cost estimates'!H141","v":16500}]
[null,null,"Scale",{"$f":"'Cost estimates'!D143","v":1},"scales",{"$f":"'Cost estimates'!F143","v":100},"/scales",{"$f":"D142*F142","v":100}]
[]
[]
[null,null,"Total Other Equipment",null,null,null,null,{"$f":"SUM(H129:H142)","v":26565}]
[]
[null,null,"Total Annual Growing & Delivery Costs (Annual costs of owning the greenhouse includes depreciation and/or principal payments, interest, repairs, taxes, and insurance)",null,null,{"$f":"'Cost estimates'!F148","v":0.2},null,{"$f":"H145*F147","v":5313},null,null,null,null,null,"** Crop land Source: Quickstat, USDA, https://www.ers.usda.gov/topics/farm-economy/land-use-land-value-tenure/farmland-value/ "]
[null,"Miscellaneous"]
[]
[]
[null,null,"Land Rent14",{"$f":"'Cost estimates'!D152","v":1},"Acre",{"$f":"'Cost estimates'!F152","v":100},"/acre",{"$f":"D151*F151","v":100}]
[]
[null,null,"Total Miscellaneous Costs",null,null,null,null,{"$f":"H151","v":100}]
[]
[]
[]
[null,null,"TOTAL ANNUAL FIXED COSTS16",null,null,null,null,{"$f":"H153+H147+H125+H101","v":17657.5}]
[]
[null,null,"TOTAL ANNUAL COSTS",null,"(Variable Costs + Annual Fixed Costs)",null,null,{"$f":"SUM(H157,H84)","v":124348.19204059761}]

{"sheet":"Sim3I ","index":8,"n_rows":70,"n_cols":22,"rows_kept":70,"cut":false,"hidden":true,"merged":[[37,1,39,1],[63,1,69,1],[65,2,65,3],[58,1,61,1],[42,1,53,1],[43,2,43,6],[23,1,33,1],[23,2,23,6],[24,2,25,6],[26,2,27,2],[26,4,27,4],[26,5,27,5],[2,2,2,5],[4,1,19,1],[5,2,5,4],[6,3,6,4],[11,2,14,2],[15,3,15,4]]}
[]
[]
[null,null,"*** Please enter information in the Blue box"]
[]
[null,"Production "]
[null,null,"Choose type of Greenhouse :",null,1]
[null,null,1,null,null,null,null,null,null,"Outputs based on the information provided in the Blue box"]
[]
[]
[null,null,null,null,null,null,null,null,null,"Greenhouse area",{"$f":"Inputs!K7","v":3000},"Sq. feet",null,null,null,null,null,null,"Note:"]
[null,null,null,null,null,null,null,null,null,"Side of the roof (if Gable)",{"$f":"Inputs!Y2","v":15.811388300841896},"Feet"]
[null,null,"Greenhouse dimension","Width",null,{"$f":"Inputs!F13","v":30},"Feet",null,null,"Surface Area",{"$f":"Inputs!K8","v":5912.277660168379},"Sq. feet",null,null,null,null,"Surface area:"]
[null,null,null,"Length",null,{"$f":"Inputs!F14","v":100},"Feet",null,null,"Net production area",{"$f":"Inputs!K9","v":2700},"Sq. feet",null,null,null,null,null,null,"Freestanding Gable","Sides",{"$f":"IF([1]Sim2_Input!C7=1, 2*[1]Sim2_Input!F12*[1]Sim2_Input!F14,0)","v":2000},"Square feet"]
[null,null,null,"Radius of the roof",null,{"$f":"Inputs!F15","v":5},"Feet",null,null,"Plant harvested (week)",{"$f":"FLOOR(K13/G34,1)","v":1609},"Heads",null,null,null,null,null,null,null,"Ends",{"$f":"IF([1]Sim2_Input!C7=1, 2*[1]Sim2_Input!F14*[1]Sim2_Input!F11,0)","v":600},"Square feet"]
[null,null,null,"Height",null,{"$f":"Inputs!F16","v":10},"Feet",null,null,"Plant harvested (year)",{"$f":"K14*52","v":83668},"Heads",null,null,null,null,null,null,null,"Roof",{"$f":"IF([1]Sim2_Input!C7=1, 2*[1]Sim2_Input!K11*[1]Sim2_Input!F12,0)","v":3162.277660168379},"Square feet"]
[null,null,null,"Space use efficiency",null,{"$f":"Inputs!F17","v":0.9},null,null,null,"Seed",{"$f":"CEILING(K15+(K15*F18),1)","v":87852},null,null,null,null,null,null,null,null,"Roof peak",{"$f":"IF([1]Sim2_Input!C7=1, 2*1/2*[1]Sim2_Input!F11*[1]Sim2_Input!F13)","v":150},"Square feet"]
[null,null,null,"Concrete-% of floor",null,{"$f":"Inputs!F18","v":0.1},null,null,null,"Net annual production",{"$f":"K15-(K15*F19)","v":75301.2},"Heads",null,null,null,null,null,null,null,"Total SA area",{"$f":"SUM(U13:U16)","v":5912.277660168379},"Square feet"]
[null,null,null,"Overseeding",null,{"$f":"Inputs!F19","v":0.05}]
[null,null,null,"% shrink",null,{"$f":"Inputs!F20","v":0.1},null,null,null,null,null,null,null,null,null,null,null,null,"Freestanding Quonset","Sides",2000,"Square feet"]
[null,null,null,"Price ",null,{"$f":"Inputs!F21","v":1.35},"per head",null,null,null,null,null,null,null,null,null,null,null,null,"Ends",600,"Square feet"]
[null,null,null,null,null,null,null,null,null,null,null,null,null,null,null,null,null,null,null,"Roof",2648.5,"Square feet"]
[null,null,null,null,null,null,null,null,null,null,null,null,null,null,null,null,null,null,null,"Total SA area",5248.5,"Square feet"]
[]
[null,"Spacing- Square foot week1","Please enter value in the Blue box on the spacing and time in each crop production stage ",null,null,null,null,null,null,"Annual heating load",{"$f":"Inputs!K14","v":1909.9842881707896},"GJ"]
[null,null,"Remember that your greenhouse environment and lighting will impact length of time in each production stage, the numbers below should be average values from across the year",null,null,null,null,null,null,"Annual heating load",{"$f":"Inputs!K15","v":1810.2400608196283},"MMBtu"]
[null,null,null,null,null,null,null,null,null,"Fuel use:",null,"gal"]
[null,null,"Spacing no. ",null,"plants/ft2","days@spacing","per harvested plant",null,null,"Propane",{"$f":"Inputs!K17","v":23318.670636149815},"therms"]
[null,null,null,null,null,null,"ft2-weeks",null,null,"Natural gas",{"$f":"Inputs!K18","v":21296.94189199563},"gal"]
[null,null,1,null,144,20,{"$f":"IF(E29=0,0,(F29/E29)/7)","v":1.9841269841269844E-2},null,null,"Fuel oil",{"$f":"Inputs!K19","v":15255.689034380821}]
[null,null,2,null,7.53,15,{"$f":"IF(E30=0,0,(F30/E30)/7)","v":0.28457598178713717},null,null,"Pond pump energy",{"$f":"Inputs!K20","v":32099.999999999996},"kWh"]
[null,null,3,null,2.6,25,{"$f":"IF(E31=0,0,(F31/E31)/7)","v":1.3736263736263736},null,null,"Pond pump energy",{"$f":"Inputs!K21","v":3.75},"kW"]
[null,null,4,null,0,0,{"$f":"IF(E32=0,0,(F32/E32)/7)","v":0}]
[null,null,5,null,0,0,{"$f":"IF(E33=0,0,(F33/E33)/7)","v":0}]
[null,null,"Totals",null,null,{"$f":"SUM(F29:F33)","v":60},{"$f":"SUM(G29:G33)","v":1.6780436252547806}]
[]
[]
[]
[null,"Lighting","Number of lamps in Greenhouse",null,null,{"$f":"Inputs!F37","v":20},"lamps"]
[null,null,"Watt consumption per lamp",null,null,{"$f":"Inputs!F38","v":1000},"watt"]
[null,null,"Hours operated per year",null,null,{"$f":"Inputs!F39","v":2340},"hour"]
[]
[]
[null,"Heating4","Ideally use energy model from Cornell CEA or other model ",null,null,null,null,null,null,null,null,null,null,null,null,null,null,null,null,"Use Degree -days if you are in NYS from the following table or from nearby weather station data:"]
[null,null,"OR use the folowing formula to get a reasonably accurate estimate to help in making decisions relative to the size of the greenhouse or type of heating.",null,null,null,null,null,null,null,null,null,null,null,null,null,null,null,null,null,"Albany",4302]
[]
[null,null,"Glazing material",null,null,{"$f":"Inputs!F46","v":0}]
[null,null,"Custom u-value",null,null,{"$f":"Inputs!F47","v":1},"Btu/(sqft*degF*h)",null,null,null,null,null,null,null,null,null,null,null,null,null,"Binghamton",4296]
[null,null,"Custom transmittance",null,null,{"$f":"Inputs!F48","v":0.9},null,null,null,null,null,null,null,null,null,null,null,null,null,null,"Buffalo",4316]
[null,null,"Air changes per hour",null,null,{"$f":"Inputs!F49","v":1},"ACH",null,null,null,null,null,null,null,null,null,null,null,null,null,"Ithaca",4023]
[null,null,"ASHRAE Climate Zone",null,null,{"$f":"Inputs!F50","v":0},null,null,null,null,null,null,null,null,null,null,null,null,null,null,"New york ",3089]
[null,null,"Greenhouse air temperature",null,null,{"$f":"Inputs!F51","v":70},"F",null,null,null,null,null,null,null,null,null,null,null,null,null,"Rochester",4231]
[null,null,"Evapotranspiration latent load",null,null,{"$f":"Inputs!F52","v":10},"W/ft2"]
[null,null,"Greenhouse RH%",null,null,{"$f":"Inputs!F53","v":0.7}]
[null,null,"Boiler efficiency",null,null,{"$f":"Inputs!F54","v":0.85}]
[null,null,null,null,1]
[]
[]
[]
[null,"Labor","Seed/ Transplant/Harvest/ Package",null,null,{"$f":"Inputs!F58","v":26},"hrs/per thousand"]
[null,null,"Delivering to market",null,null,{"$f":"Inputs!F59","v":3},"hrs/per thousand"]
[null,null,"Production management",null,null,{"$f":"Inputs!F60","v":2},"hrs/per thousand"]
[null,null,"Other (Marketing, Maintainence, etc.)",null,null,{"$f":"Inputs!F61","v":1},"hrs/per thousand"]
[]
[null,"Others","No. of Pelleted seed",null,null,{"$f":"Inputs!F65","v":5000},"/per package"]
[null,null,"No. of Horticubes",null,null,{"$f":"Inputs!F66","v":5520},"/per case"]
[null,null,"No. of beneficial insects",null,null,{"$f":"Inputs!F67","v":650},"/per package"]
[null,null,"Area covered per insects",null,null,{"$f":"Inputs!F68","v":0.9},"/per insects"]
[null,null,"Clamshell per case ",null,null,{"$f":"Inputs!F69","v":344},"/case"]
[null,null,"Clamshell per box",null,null,{"$f":"Inputs!F70","v":12},"/box"]
[null,null,"Labels per roll",null,null,{"$f":"Inputs!F71","v":2500},"/roll"]

{"sheet":"Sim3C","index":9,"n_rows":159,"n_cols":14,"rows_kept":159,"cut":false,"hidden":true,"merged":[[100,2,100,3],[124,2,124,3],[146,2,146,3],[2,2,2,5],[4,5,4,6],[6,1,6,2],[20,1,20,2],[29,1,29,2],[87,5,87,6]]}
[]
[]
[null,null,"*** Please enter information in the Blue box"]
[]
[null,null,null,"Quantity/Year","Unit ","Price ($) / Unit",null,"Total Cost per year",null,null,null,null,null,"Notes"]
["VARIABLE COSTS"]
[null,"Production Supplies"]
[null,null,"Seed (package)",{"$f":"CEILING(('Sim3I '!K16+('Sim3I '!K16*'Sim3I '!F18))/Inputs!F65,1)","v":19},"packages",{"$f":"'Cost estimates'!F8","v":110},"/packages",{"$f":"D8*F8","v":2090},null,null,null,null,null,"31= total harvest*5% overseeding/5000"]
[null,null,"Horticubes",{"$f":"CEILING('Sim3I '!K16/Inputs!F66,1)","v":16},"cases",{"$f":"'Cost estimates'!F9","v":65},"/cases",1040,null,null,null,null,null,"27= total harvest/ 5520"]
[null,null,"Beneficial Insects",{"$f":"CEILING((Inputs!K7/0.9)/Inputs!F67,1)","v":6},"packages",{"$f":"'Cost estimates'!F10","v":40},"/packages",240,null,null,null,null,null,"6= ((total area/area covered by 1000 insects)*(1000/no. of insects in 1 package)) "]
[null,null,"Fertilizer",null,null,{"$f":"'Cost estimates'!F11","v":0},null,0]
[null,null,"Blended Mix",{"$f":"CEILING(Inputs!K7*0.162760416666666,1)","v":489},"pounds",{"$f":"'Cost estimates'!F12","v":1},"/pounds",489,null,null,null,null,null,"489= 0.162760*total area"]
[null,null,"CaNO3",{"$f":"CEILING(Inputs!K7*0.162760416666666,1)","v":489},"pounds",{"$f":"'Cost estimates'!F13","v":0.46},"/pounds",224.94,null,null,null,null,null,"489= 0.162760*total area"]
[null,null,"Additions",{"$f":"CEILING(Inputs!K7*0.00217013888888888,1)","v":7},"pounds",{"$f":"'Cost estimates'!F14","v":1},"/pounds",7,null,null,null,null,null,"7= 0.00217014*total area"]
[null,null,"Fungicide/Pesticide3",{"$f":"CEILING(Inputs!K7*0.00217013888888888,1)","v":7},"gallons",{"$f":"'Cost estimates'!F15","v":60},"/gallons",420,null,null,null,null,null,"7= 0.00217014*total area"]
[null,null,"Sanitizer",{"$f":"CEILING('Sim3I '!K17/29545,1)","v":3},"gallons",{"$f":"'Cost estimates'!F16","v":35},"/gallons",105]
[null,null,"Sticky Traps4",{"$f":"CEILING(Inputs!K7*0.0001,1)","v":1},"packages",{"$f":"'Cost estimates'!F17","v":30},"/packages",30]
[]
[null,null,"Total Production Supplies cost",null,null,null,null,{"$f":"SUM(H8:H17)","v":4645.9400000000005}]
[]
[null,"Production Labor"]
[null,null,"Seed/ Transplant/Harvest/ Package",{"$f":"(Inputs!$F58*'Sim3I '!$K$17)/1000","v":1957.8311999999999},"hours/year",{"$f":"'Cost estimates'!F22","v":13},"/hour",{"$f":"D22*F22","v":25451.8056}]
[null,null,"Delivering to market",{"$f":"(Inputs!$F59*'Sim3I '!$K$17)/1000","v":225.90359999999998},"hours/year",{"$f":"'Cost estimates'!F23","v":12},"/hour",{"$f":"D23*F23","v":2710.8431999999998},null,null,null,null,null,"**Source: rate, NYS dept of labor"]
[null,null,"Production management",{"$f":"(Inputs!$F60*'Sim3I '!$K$17)/1000","v":150.60239999999999},"hours/year",{"$f":"'Cost estimates'!F24","v":13},"/hour",{"$f":"D24*F24","v":1957.8311999999999}]
[null,null,"Other (Marketing, Maintainence, etc.)",{"$f":"(Inputs!$F61*'Sim3I '!$K$17)/1000","v":75.301199999999994},"hours/year",{"$f":"'Cost estimates'!F25","v":12},"/hour",{"$f":"D25*F25","v":903.61439999999993}]
[null,null,"Fringe benefit",null,null,{"$f":"'Cost estimates'!F26","v":0.3},"/hour",{"$f":"(F22*F26*D22)+(F23*F26*D23)+(F24*F26*D24)+(F25*F26*D25)","v":9307.2283200000002}]
[]
[null,null,"Total Production Labor",null,null,null,null,{"$f":"SUM(H22:H25)","v":31024.094399999998},null,{"$f":"H28*20%","v":6204.8188799999998},"20% change in labor"]
[]
[null,"Packaging Costs"]
[null,null,"Clamshell",{"$f":"CEILING(('Sim3I '!$K$17/2)/Inputs!$F69,1)","v":110},"cases",{"$f":"'Cost estimates'!F31","v":80},"/case",{"$f":"D31*F31","v":8800},null,null,null,null,null,"*** Avisbag, NY"]
[null,null,"Box",{"$f":"CEILING(('Sim3I '!$K$17/2)/Inputs!$F70,1)","v":3138},"box",{"$f":"'Cost estimates'!F32","v":1},"box",{"$f":"D32*F32","v":3138},null,null,null,null,null,"*** http://avisbag.com/about-us.html"]
[null,null,"Labels",{"$f":"CEILING(('Sim3I '!$K$17/2)/Inputs!$F71,1)","v":16},"roll",{"$f":"'Cost estimates'!F33","v":50},"/roll",{"$f":"D33*F33","v":800}]
[]
[null,null,"Total Packaging Costs",null,null,null,null,{"$f":"SUM(H31:H33)","v":12738},null,{"$f":"H35*20%","v":2547.6000000000004},"20% change in packaging"]
[]
[null,"Utilities"]
[null,null,"Fuel Choice (choose one)7:",2]
[null,null,null,{"$f":"'Cost estimates'!D39","v":0},{"$f":"'Cost estimates'!E39","v":"gal"},{"$f":"'Cost estimates'!F39","v":2.48},{"$f":"'Cost estimates'!G39","v":"$/gallon"},{"$f":"'Cost estimates'!H39","v":0},null,null,null,null,null,"** sources: https://www.nyserda.ny.gov/Researchers-and-Policymakers/Energy-Prices/Propane/Monthly-Average-Propane-Prices"]
[null,null,null,{"$f":"'Cost estimates'!D40","v":21296.94189199563},{"$f":"'Cost estimates'!E40","v":"therms"},{"$f":"'Cost estimates'!F40","v":0.55000000000000004},{"$f":"'Cost estimates'!G40","v":"$/therm"},{"$f":"'Cost estimates'!H40","v":11713.318040597598},null,null,null,null,null,"** sources: www.eia.gov, NYSERDA"]
[null,null,null,{"$f":"'Cost estimates'!D41","v":0},{"$f":"'Cost estimates'!E41","v":"gal"},{"$f":"'Cost estimates'!F41","v":2.38},{"$f":"'Cost estimates'!G41","v":"$/gallon"},{"$f":"'Cost estimates'!H41","v":0}]
[null,null,"For other state user"]
[null,null,"Liquid Propane",{"$f":"'Cost estimates'!D43","v":0},null,{"$f":"'Cost estimates'!F43","v":0},null,{"$f":"'Cost estimates'!H43","v":0}]
[null,null,"Natural Gas",{"$f":"'Cost estimates'!D44","v":20000},null,{"$f":"'Cost estimates'!F44","v":2.5},null,{"$f":"'Cost estimates'!H44","v":0}]
[null,null,"Fuel Oil",{"$f":"'Cost estimates'!D45","v":0},null,{"$f":"'Cost estimates'!F45","v":0},null,{"$f":"'Cost estimates'!H45","v":0}]
[null,null,"Electricity (general - non fans)",{"$f":"'Cost estimates'!D46","v":500},{"$f":"'Cost estimates'!E46","v":"kWh"},{"$f":"'Cost estimates'!F46","v":0.06},"/kilowatt-hr",{"$f":"D46*F46","v":30}]
[null,null,"Electricity (fans and pads)",{"$f":"'Cost estimates'!D47","v":10000},{"$f":"'Cost estimates'!E47","v":"kWh"},{"$f":"'Cost estimates'!F47","v":0.06},"/kilowatt-hr",600]
[null,null,"Electricity (fanjets/Horizontal Air Fans)",{"$f":"'Cost estimates'!D48","v":2000},{"$f":"'Cost estimates'!E48","v":"kWh"},{"$f":"'Cost estimates'!F48","v":0.06},"/kilowatt-hr",120]
[null,null,"Electricity (lights)",{"$f":"Inputs!F37*Inputs!F38*Inputs!F39/1000","v":46800},{"$f":"'Cost estimates'!E49","v":"kWh"},{"$f":"'Cost estimates'!F49","v":0.06},"/kilowatt-hr",2808]
[null,null,"Pond Pump Energy (DWS)",{"$f":"'Cost estimates'!D50","v":32099.999999999996},"kWh",{"$f":"'Cost estimates'!F50","v":0.06},"/kWh",1925.9999999999998]
[null,null,"Pump Energy (NFT)",{"$f":"'Cost estimates'!D51","v":32099.999999999996},"kWh",{"$f":"'Cost estimates'!F51","v":0.06},"/kWh",{"$f":"D51*F51","v":1925.9999999999998}]
[null,null,"Demand charge13 (fans)",{"$f":"'Cost estimates'!D52","v":2.625},"kW",{"$f":"'Cost estimates'!F52","v":120},"/kW",{"$f":"D52*F52","v":315}]
[null,null,"Demand charge (lights)",{"$f":"'Cost estimates'!D53","v":20},"kW",{"$f":"'Cost estimates'!F53","v":120},"/kW",{"$f":"D53*F53","v":2400}]
[null,null,"Demand charge (pond pump)",{"$f":"'Cost estimates'!D54","v":3.75},"kW",{"$f":"'Cost estimates'!F54","v":120},"/kW",{"$f":"D54*F54","v":450},null,{"$f":"H60*20%","v":5027.5656081195193},"20% change in utility"]
[null,null,"Demand charge (NFT)",{"$f":"'Cost estimates'!D55","v":3.75},"kW",{"$f":"'Cost estimates'!F55","v":120},"/kW",{"$f":"D55*F55","v":450}]
[null,null,"Water and Sewer",{"$f":"'Cost estimates'!D56","v":100000},"gallons",{"$f":"'Cost estimates'!F56","v":1.31951E-2},"/gallons",1319.51]
[null,null,"Telephone",{"$f":"'Cost estimates'!D57","v":12},"months",{"$f":"'Cost estimates'!F57","v":50},"/month",600]
[null,null,"Cell Phone",{"$f":"'Cost estimates'!D58","v":12},"months",{"$f":"'Cost estimates'!F58","v":40},"/month",480]
[]
[null,null,"Total Utilities Costs",null,null,null,null,{"$f":"SUM(H39:H58)","v":25137.828040597597}]
[]
[]
[null,"Miscellaneous Costs"]
[null,null,"Advertising, Mailings, Flyers",{"$f":"'Cost estimates'!D64","v":1},"campaigns",{"$f":"'Cost estimates'!F64","v":200},"/campaigns",{"$f":"F64*D64","v":200}]
[null,null,"Continuing Education",{"$f":"'Cost estimates'!D65","v":1},"meetings",{"$f":"'Cost estimates'!F65","v":75},"/meetings",{"$f":"D65*F65","v":75}]
[null,null,"Internet Service",{"$f":"'Cost estimates'!D66","v":12},"months",{"$f":"'Cost estimates'!F66","v":20},"/months",240]
[null,null,"Laboratory Fees",{"$f":"'Cost estimates'!D67","v":36},"tests",{"$f":"'Cost estimates'!F67","v":20},"/tests",720]
[null,null,"Office Supplies",{"$f":"'Cost estimates'!D68","v":12},"months",{"$f":"'Cost estimates'!F68","v":25},"/months",300]
[null,null,"Postage",{"$f":"'Cost estimates'!D69","v":12},"months",{"$f":"'Cost estimates'!F69","v":15},"/months",180]
[null,null,"Marketing Materials & Promotions",{"$f":"'Cost estimates'!D70","v":1},"promos",{"$f":"'Cost estimates'!F70","v":300},"/promos",300]
[null,null,"Record Keeping",{"$f":"'Cost estimates'!D71","v":12},"months",{"$f":"'Cost estimates'!F71","v":50},"/months",600]
[null,null,"Software",{"$f":"'Cost estimates'!D72","v":3},"programs",{"$f":"'Cost estimates'!F72","v":50},"/programs",150]
[null,null,"Subscriptions",{"$f":"'Cost estimates'!D73","v":3},"subscriptions",{"$f":"'Cost estimates'!F73","v":35},"/subscriptions",105]
[null,null,"Marketing & Trade Shows",{"$f":"'Cost estimates'!D74","v":0},"trade show",{"$f":"'Cost estimates'!F74","v":500},"/trade show",0]
[]
[null,null,"Total Miscellaneous Costs",null,null,null,null,{"$f":"SUM(H64:H74)","v":2870}]
[]
[null,"Professional Services"]
[null,null,"Accountant",{"$f":"'Cost estimates'!D79","v":5},"hours",{"$f":"'Cost estimates'!F79","v":50},"/hour",{"$f":"D79*F79","v":250}]
[null,null,"Lawyer",{"$f":"'Cost estimates'!D80","v":4},"hours",{"$f":"'Cost estimates'!F80","v":125},"/hour",{"$f":"D80*F80","v":500},null,null,null,null,null,"** Total area- Concrete area"]
[null,null,null,null,null,null,null,null,null,null,null,null,null,"**Ground cover= Total area - Concrete area"]
[null,null,"Total Professional Services",null,null,null,null,{"$f":"SUM(H79:H80)","v":750}]
[]
[null,null,"TOTAL VARIABLE COSTS",null,null,null,null,{"$f":"SUM(H82,H76,H60,H35,H28,H19)","v":77165.862440597601}]
[]
[]
["Fixed Cost13"]
[null,null,null,"Quantity/Year","Unit ","Price/Unit",null,"Total Cost per year"]
[null,"Greenhouse Structure"]
[null,null,"Concrete-% of floor",{"$f":"Inputs!K7*Inputs!F18","v":300},"sq. ft.",{"$f":"'Cost estimates'!F90","v":2},"/sq. ft.",{"$f":"D90*F90","v":600}]
[null,null,"Frame, Ends, Door",{"$f":"'Cost estimates'!D91","v":1},"houses",{"$f":"'Cost estimates'!F91","v":15000},"/houses",15000]
[null,null,"Glazing material (Glass/Poly/Double poly)",{"$f":"'Cost estimates'!D92","v":1},"houses",{"$f":"'Cost estimates'!F92","v":5000},"/houses",5000]
[null,null,"Energy/Shade Curtains",{"$f":"Inputs!K7-D90","v":2700},"sq. ft.",{"$f":"'Cost estimates'!F93","v":4},"/sq. ft.",10800]
[null,null,"Ground Cover",{"$f":"Inputs!K7-D90","v":2700},"sq. ft.",{"$f":"'Cost estimates'!F94","v":7.4999999999999997E-2},"/sq. ft.",202.5]
[null,null,"Permits",{"$f":"'Cost estimates'!D95","v":4},"permits",{"$f":"'Cost estimates'!F95","v":80},"/permits",320]
[null,null,"Site Preparation",{"$f":"'Cost estimates'!D96","v":1},"houses",{"$f":"'Cost estimates'!F96","v":1000},"/houses",1000]
[null,null,"House Construction",{"$f":"'Cost estimates'!D97","v":150},"hours",{"$f":"'Cost estimates'!F97","v":10},"/hours",1500]
[]
[null,null,"Total Greenhouse Structure Costs",null,null,null,null,{"$f":"SUM(H90:H97)","v":34422.5}]
[]
[null,null,"Total Annual Greenhouse Stucture Costs (Annual costs of owning the greenhouse includes depreciation and/or principal payments, interest, repairs, taxes, and insurance)",null,null,{"$f":"'Cost estimates'!F101","v":0.2},null,{"$f":"H99*F101","v":6884.5}]
[]
[null,"Greenhouse Environmental Control Equipment",null,null,null,null,null,null,null,null,null,null,null,"*** https://www.greenhousemegastore.com/category/gas-greenhouse-heaters"]
[]
[null,null,"Back-up Generator",1,"generators",6000,"/generators",{"$f":"D105*F105","v":6000}]
[null,null,"Cooling System (fan, vent, & pad)",1,"systems",2000,"/systems",2000]
[null,null,"Fanjets, 30\" 1hp / Horizontal Air Fans",1,"fanjets / HAF",1500,"/fanjets / HAF",1500]
[null,null,"Electrical Panel",1,"panels",1500,"/panels",1500]
[null,null,"Computer for Environmental Control",1,"computers",2500,"/computers",2500]
[null,null,"Extra Building Supplies",1,"houses",1500,"/houses",1500]
[null,null,"Heating System (reflects utility choice from above)"]
[null,null,"Liquid Propane",1,"heaters",2500,"/heaters",{"$f":"IF(D38=1, D112*F112,0)","v":0}]
[null,null,"Natural Gas",1,"heaters",2000,"/heaters",{"$f":"IF(D38=2, D113*F113,0)","v":2000}]
[null,null,"Fuel Oil",1,"heaters",2000,"/heaters",{"$f":"IF(D38=3, D114*F114,0)","v":0}]
[null,null,"Poly Inflation Kit",1,"kits",150,"/kits",{"$f":"D115*F115","v":150}]
[null,null,"Low Voltage Wiring Package",1,"packages",400,"/packages",{"$f":"D116*F116","v":400}]
[null,null,"Protective Equipment (PPE)",1,"sets",50,"/sets",{"$f":"D117*F117","v":50}]
[null,null,"Grow Lights10",2]
[null,null,null,null,null,null,null,{"$f":"'Cost estimates'!H119","v":0}]
[null,null,null,{"$f":"Inputs!F37","v":20},"Lights",460,"/Lights",{"$f":"'Cost estimates'!H120","v":9200}]
[]
[]
[null,null,"Total Greenhouse Environmental Control Equipment Costs",null,null,null,null,{"$f":"SUM(H105:H121)","v":26800}]
[]
[null,null,"Total Annual Equipment Costs (Annual costs of owning the equipment includes depreciation and/or principal payments, interest, repairs, taxes, and insurance)",null,null,{"$f":"'Cost estimates'!F125","v":0.2},null,{"$f":"H123*F125","v":5360}]
[]
[null,"Growing & Delivery"]
[]
[null,null,"Back Pack Sprayer",1,"sprayers",100,"/sprayers",{"$f":"D129*F129","v":100}]
[null,null,"Carbon Dioxide Generator",1,"generators",480,"/generators",480]
[null,null,"Cooler",1,"coolers",2500,"/coolers",2500,null,null,null,null,null,"**https://shop.amhydro.com/collections/complete-nft-systems"]
[null,null,"Delivery Van with A/C",1,"vans",6000,"/vans",6000]
[null,null,"Fertilizer Mixing Pump",1,"pumps",30,"/pumps",30]
[null,null,"Meters and Sensors-                                        EC",1,"meters",160,"/meters",160]
[null,null,"pH",1,"sensors",50,"/sensors",50]
[null,null,"Thermometer",1,"thermometers",25,"/thermometers",25]
[null,null,"Monitor-                                                  Humidity",1,"sensors",120,"/sensors",120]
[null,null,"CO2",1,"sensors",500,"/sensors",500]
[null,2,"Growing system (Choose one)13:"]
[null,null,null,1,"system",15000,"/system",{"$f":"'Cost estimates'!H140","v":0}]
[null,null,null,1,"system",10000,"/system",{"$f":"'Cost estimates'!H141","v":16500}]
[null,null,"Scale",1,"scales",100,"/scales",{"$f":"D142*F142","v":100},null,null,null,null,null,"** Crop land Source: Quickstat, USDA, https://www.ers.usda.gov/topics/farm-economy/land-use-land-value-tenure/farmland-value/ "]
[]
[]
[null,null,"Total Other Equipment",null,null,null,null,{"$f":"SUM(H129:H142)","v":26565}]
[]
[null,null,"Total Annual Growing & Delivery Costs (Annual costs of owning the greenhouse includes depreciation and/or principal payments, interest, repairs, taxes, and insurance)",null,null,{"$f":"'Cost estimates'!F148","v":0.2},null,{"$f":"H145*F147","v":5313}]
[]
[null,"Miscellaneous"]
[]
[null,null,"Land Rent14",1,"Acre",70,"/acre",{"$f":"D151*F151","v":70}]
[]
[null,null,"Total Miscellaneous Costs",null,null,null,null,{"$f":"H151","v":70}]
[]
[]
[]
[null,null,"TOTAL ANNUAL FIXED COSTS16",null,null,null,null,{"$f":"H153+H147+H125+H101","v":17627.5}]
[]
[null,null,"TOTAL ANNUAL COSTS",null,"(Variable Costs + Annual Fixed Costs)",null,null,{"$f":"SUM(H157,H84)","v":94793.362440597601}]

{"sheet":"Analysis","index":10,"n_rows":163,"n_cols":8,"rows_kept":163,"cut":false,"hidden":false,"merged":[[11,4,11,7],[34,4,34,7],[56,4,57,7],[78,4,79,7],[2,5,2,17],[24,7,25,13],[46,7,47,13],[70,7,71,13],[104,4,105,7],[14,1,17,1],[108,1,111,1],[156,1,159,1],[60,1,63,1],[82,1,85,1],[133,1,136,1],[37,1,40,1],[129,4,130,7],[152,4,153,7],[119,7,120,13],[143,7,144,13],[94,7,95,13]]}
[]
[]
[null,null,null,null,null,"Annual Profit Based On Different Assumptions"]
[]
[]
[]
[]
[]
[]
[]
[]
[null,null,null,null,"Price "]
[null,null,null,null,"Actual","High","Average","Low"]
[null,null,null,null,{"$f":"Inputs!F21","v":1.35},2,1.5,1]
[null,"Annual Output","Actual",{"$f":"Inputs!$K$13","v":130244},{"$f":"($D$15*$E$14)-'Cost estimates'!$H$160","v":33303.445559402404},{"$f":"$D$15*$F$14-'Cost estimates'!$H$160","v":117962.04555940238},{"$f":"$D$15*$G$14-'Cost estimates'!$H$160","v":52840.045559402381},{"$f":"$D$15*$H$14-'Cost estimates'!$H$160","v":-12281.954440597619}]
[null,null,"High",{"$f":"Sim1I!$K$17","v":150228},{"$f":"($D$16*$E$14)-Sim1C!$H$159","v":43545.235959402431},{"$f":"($D$16*$F$14)-Sim1C!$H$159","v":141193.43595940241},{"$f":"($D$16*$G$14)-Sim1C!$H$159","v":66079.435959402414},{"$f":"($D$16*$H$14)-Sim1C!$H$159","v":-9034.5640405975864}]
[null,null,"Average",{"$f":"Sim2I!$K$17","v":123177},{"$f":"($D$17*$E$14)-Sim2C!$H$159","v":41940.757959402399},{"$f":"$D$17*$F$14-Sim2C!$H$159","v":122005.80795940239},{"$f":"$D$17*$G$14-Sim2C!$H$159","v":60417.307959402387},{"$f":"$D$17*$H$14-Sim2C!$H$159","v":-1171.1920405976125}]
[null,null,"Poor",{"$f":"'Sim3I '!$K$17","v":75301.2},{"$f":"($D$18*$E$14)-Sim3C!$H$159","v":6863.2575594024092},{"$f":"$D$18*$F$14-Sim3C!$H$159","v":55809.037559402394},{"$f":"$D$18*$G$14-Sim3C!$H$159","v":18158.437559402388},{"$f":"$D$18*$H$14-Sim3C!$H$159","v":-19492.162440597604}]
[]
[]
[]
[]
[]
[]
[null,null,null,null,null,null,null,"With 20% Increase in Labor Cost "]
[]
[]
[]
[]
[]
[]
[]
[]
[]
[null,null,null,null,"Price "]
[null,null,null,null,"Actual","High","Average","Low"]
[null,null,null,null,{"$f":"Inputs!F21","v":1.35},2,1.5,1]
[null,"Annual Output","Actual",{"$f":"Inputs!$K$13","v":130244},{"$f":"E15-'Cost estimates'!$M$28","v":19351.708279402403},{"$f":"F15-'Cost estimates'!$M$28","v":104010.30827940238},{"$f":"G15-'Cost estimates'!$M$28","v":38888.308279402379},{"$f":"H15-'Cost estimates'!$M$28","v":-26233.691720597621}]
[null,null,"High",{"$f":"Sim1I!$K$17","v":150228},{"$f":"E16-Sim1C!J28","v":27560.976759402431},{"$f":"F16-Sim1C!J28","v":125209.17675940241},{"$f":"G16-Sim1C!J28","v":50095.176759402413},{"$f":"H16-Sim1C!J28","v":-25018.823240597587}]
[null,null,"Average",{"$f":"Sim2I!$K$17","v":123177},{"$f":"E17-Sim2C!J28","v":31790.973159402398},{"$f":"F17-Sim2C!J28","v":111856.02315940239},{"$f":"G17-Sim2C!J28","v":50267.523159402386},{"$f":"H17-Sim2C!J28","v":-11320.976840597614}]
[null,null,"Poor",{"$f":"'Sim3I '!$K$17","v":75301.2},{"$f":"E18-Sim3C!J28","v":658.43867940240943},{"$f":"F18-Sim3C!J28","v":49604.218679402395},{"$f":"G18-Sim3C!J28","v":11953.618679402389},{"$f":"H18-Sim3C!J28","v":-25696.981320597602}]
[]
[]
[]
[]
[]
[null,null,null,null,null,null,null,"With 20% Decrease in Labor Cost "]
[]
[]
[]
[]
[]
[]
[]
[]
[]
[null,null,null,null,"Price "]
[]
[null,null,null,null,"Actual","High","Average","Low"]
[null,null,null,null,{"$f":"Inputs!F21","v":1.35},2,1.5,1]
[null,"Annual Output","Actual",{"$f":"Inputs!$K$13","v":130244},{"$f":"E15+'Cost estimates'!$M$28","v":47255.182839402405},{"$f":"F15+'Cost estimates'!$M$28","v":131913.78283940238},{"$f":"G15+'Cost estimates'!$M$28","v":66791.782839402382},{"$f":"H15+'Cost estimates'!$M$28","v":1669.7828394023818}]
[null,null,"High",{"$f":"Sim1I!$K$17","v":150228},{"$f":"E16+Sim1C!J28","v":59529.495159402431},{"$f":"F16+Sim1C!J28","v":157177.69515940241},{"$f":"G16+Sim1C!J28","v":82063.695159402414},{"$f":"H16+Sim1C!J28","v":6949.6951594024122}]
[null,null,"Average",{"$f":"Sim2I!$K$17","v":123177},{"$f":"E17+Sim2C!J28","v":52090.5427594024},{"$f":"F17+Sim2C!J28","v":132155.59275940238},{"$f":"G17+Sim2C!J28","v":70567.092759402381},{"$f":"H17+Sim2C!J28","v":8978.5927594023888}]
[null,null,"Poor",{"$f":"'Sim3I '!$K$17","v":75301.2},{"$f":"E18+Sim3C!J28","v":13068.076439402408},{"$f":"F18+Sim3C!J28","v":62013.856439402392},{"$f":"G18+Sim3C!J28","v":24363.256439402387},{"$f":"H18+Sim3C!J28","v":-13287.343560597605}]
[]
[]
[]
[]
[]
[]
[null,null,null,null,null,null,null,"With 20% Increase in Utility Cost "]
[]
[]
[]
[]
[]
[]
[]
[null,null,null,null,"Price "]
[]
[null,null,null,null,"Actual","High","Average","Low"]
[null,null,null,null,{"$f":"Inputs!F21","v":1.35},2,1.5,1]
[null,"Annual Output","Actual",{"$f":"Inputs!$K$13","v":130244},{"$f":"$E$15-'Cost estimates'!$M$60","v":28751.079951282885},{"$f":"$F$15-'Cost estimates'!$M$60","v":113409.67995128286},{"$f":"$G$15-'Cost estimates'!$M$60","v":48287.679951282858},{"$f":"$H$15-'Cost estimates'!$M$60","v":-16834.320048717138}]
[null,null,"High",{"$f":"Sim1I!$K$17","v":150228},{"$f":"$E$16-Sim1C!$J$52","v":38517.670351282912},{"$f":"$F$16-Sim1C!$J$52","v":136165.87035128288},{"$f":"$G$16-Sim1C!$J$52","v":61051.870351282894},{"$f":"$H$16-Sim1C!$J$52","v":-14062.129648717106}]
[null,null,"Average",{"$f":"Sim2I!$K$17","v":123177},{"$f":"$E$17-Sim2C!$J$56","v":36913.19235128288},{"$f":"$F$17-Sim2C!$J$56","v":116978.24235128287},{"$f":"$G$17-Sim2C!$J$56","v":55389.742351282868},{"$f":"$H$17-Sim2C!$J$56","v":-6198.7576487171318}]
[null,null,"Poor",{"$f":"'Sim3I '!$K$17","v":75301.2},{"$f":"$E$18-Sim3C!$J$54","v":1835.6919512828899},{"$f":"$F$18-Sim3C!$J$54","v":50781.471951282874},{"$f":"$G$18-Sim3C!$J$54","v":13130.871951282868},{"$f":"$H$18-Sim3C!$J$54","v":-24519.728048717123}]
[]
[]
[]
[]
[]
[]
[]
[]
[null,null,null,null,null,null,null,"With 20% Decrease in Utility Cost "]
[]
[]
[]
[]
[]
[]
[]
[]
[]
[null,null,null,null,"Price "]
[]
[null,null,null,null,"Actual","High","Average","Low"]
[null,null,null,null,{"$f":"Inputs!F21","v":1.35},2,1.5,1]
[null,"Annual Output","Actual",{"$f":"Inputs!$K$13","v":130244},{"$f":"E$15+'Cost estimates'!$M$60","v":37855.811167521926},{"$f":"F$15+'Cost estimates'!$M$60","v":122514.4111675219},{"$f":"G$15+'Cost estimates'!$M$60","v":57392.411167521903},{"$f":"H$15+'Cost estimates'!$M$60","v":-7729.5888324780999}]
[null,null,"High",{"$f":"Sim1I!$K$17","v":150228},{"$f":"$E$16+Sim1C!$J$52","v":48572.80156752195},{"$f":"$F$16+Sim1C!$J$52","v":146221.00156752195},{"$f":"$G$16+Sim1C!$J$52","v":71107.001567521933},{"$f":"$H$16+Sim1C!$J$52","v":-4006.9984324780671}]
[null,null,"Average",{"$f":"Sim2I!$K$17","v":123177},{"$f":"$E$17+Sim1C!$J$52","v":46968.323567521918},{"$f":"$F$17+Sim2C!$J$56","v":127033.37356752191},{"$f":"$G$17+Sim2C!$J$56","v":65444.873567521907},{"$f":"$H$17+Sim2C!$J$56","v":3856.3735675219068}]
[null,null,"Poor",{"$f":"'Sim3I '!$K$17","v":75301.2},{"$f":"$E$18+Sim1C!$J$52","v":11890.823167521929},{"$f":"$F$18+Sim3C!$J$54","v":60836.603167521913},{"$f":"$G$18+Sim3C!$J$54","v":23186.003167521907},{"$f":"$H$18+Sim3C!$J$54","v":-14464.596832478084}]
[]
[null,null,null,{"$f":"(E109-E15)*100/E15","v":13.669353220523679}]
[]
[]
[]
[]
[]
[null,null,null,null,null,null,null,"With 20% Increase in Packaging Cost "]
[]
[]
[]
[]
[]
[]
[]
[]
[]
[null,null,null,null,"Price "]
[]
[null,null,null,null,"Actual","High","Average","Low"]
[null,null,null,null,{"$f":"Inputs!F21","v":1.35},2,1.5,1]
[null,"Annual Output","Actual",{"$f":"Inputs!$K$13","v":130244},{"$f":"E$15-'Cost estimates'!$M$35","v":28908.045559402402},{"$f":"F$15-'Cost estimates'!$M$35","v":113566.64555940239},{"$f":"G$15-'Cost estimates'!$M$35","v":48444.645559402379},{"$f":"H$15-'Cost estimates'!$M$35","v":-16677.354440597621}]
[null,null,"High",{"$f":"Sim1I!$K$17","v":150228},{"$f":"E$16-Sim1C!$J$35","v":38479.235959402431},{"$f":"F$16-Sim1C!$J$35","v":136127.43595940241},{"$f":"G$16-Sim1C!$J$35","v":61013.435959402414},{"$f":"H$16-Sim1C!$J$35","v":-14100.564040597586}]
[null,null,"Average",{"$f":"Sim2I!$K$17","v":123177},{"$f":"E$17-Sim2C!$J$35","v":37784.157959402401},{"$f":"F$17-Sim2C!$J$35","v":117849.20795940238},{"$f":"G$17-Sim2C!$J$35","v":56260.707959402389},{"$f":"H$17-Sim2C!$J$35","v":-5327.7920405976129}]
[null,null,"Poor",{"$f":"'Sim3I '!$K$17","v":75301.2},{"$f":"E$18-Sim3C!$J$35","v":4315.6575594024089},{"$f":"F$18-Sim3C!$J$35","v":53261.437559402395},{"$f":"G$18-Sim3C!$J$35","v":15610.837559402387},{"$f":"H$18-Sim3C!$J$35","v":-22039.762440597602}]
[]
[]
[]
[]
[]
[]
[null,null,null,null,null,null,null,"With 20% Decrease in Packaging Cost "]
[]
[]
[]
[]
[]
[]
[]
[]
[null,null,null,null,"Price "]
[]
[null,null,null,null,"Actual","High","Average","Low"]
[null,null,null,null,{"$f":"Inputs!F21","v":1.35},2,1.5,1]
[null,"Annual Output","Actual",{"$f":"Inputs!$K$13","v":130244},{"$f":"E$15+'Cost estimates'!$M$35","v":37698.845559402405},{"$f":"F$15+'Cost estimates'!$M$35","v":122357.44555940237},{"$f":"G$15+'Cost estimates'!$M$35","v":57235.445559402382},{"$f":"H$15+'Cost estimates'!$M$35","v":-7886.5544405976189}]
[null,null,"High",{"$f":"Sim1I!$K$17","v":150228},{"$f":"E$16+Sim1C!$J$35","v":48611.235959402431},{"$f":"F$16+Sim1C!$J$35","v":146259.43595940241},{"$f":"G$16+Sim1C!$J$35","v":71145.435959402414},{"$f":"H$16+Sim1C!$J$35","v":-3968.5640405975864}]
[null,null,"Average",{"$f":"Sim2I!$K$17","v":123177},{"$f":"E$17+Sim2C!$J$35","v":46097.357959402398},{"$f":"F$17+Sim2C!$J$35","v":126162.40795940239},{"$f":"G$17+Sim2C!$J$35","v":64573.907959402386},{"$f":"H$17+Sim2C!$J$35","v":2985.4079594023879}]
[null,null,"Poor",{"$f":"'Sim3I '!$K$17","v":75301.2},{"$f":"E$18+Sim3C!$J$35","v":9410.8575594024096},{"$f":"F$18+Sim3C!$J$35","v":58356.637559402392},{"$f":"G$18+Sim3C!$J$35","v":20706.037559402386},{"$f":"H$18+Sim3C!$J$35","v":-16944.562440597605}]
[]
[]
[null,null,null,{"$f":"(E157-E15)*100/E15","v":13.198033795512394}]

{"sheet":"elmira","index":11,"n_rows":8761,"n_cols":18,"rows_kept":4500,"cut":true,"hidden":true,"merged":[],"bounds":{"rows_first":2000,"rows_last":500,"rows_between":2000,"halvings":0}}
["Date (MM/DD/YYYY)","Time (HH:MM)","GHI (W/m^2)","TotCld (tenths)","Dry-bulb (C)","Dew-point (C)","RHum (%)","Conduction (W)","Solar (W)","Infiltration (W)","Lights (W)","ET (W)","pws (Pa)","hrsat (kg/kg)","hr (kg/kg)","Ventilation (m3/s)","Vent load (W)","Htg Load (W)"]
["2001-01-01","01:00:00",0,10,-6,-10,70,{"$f":"Inputs!$X$37*Inputs!$X$32*(E2-Inputs!$X$26)","v":-92923.215353766573},{"$f":"Inputs!$X$33*C2*Inputs!$X$38","v":0},{"$f":"params!$C$15*Inputs!$X$29*(E2-Inputs!$X$26)","v":-9653.7989999999972},{"$f":"Inputs!$X$40*Inputs!$X$41/8760","v":5342.4657534246571},{"$f":"-Inputs!$X$45*Inputs!$X$33","v":-30000},{"$f":"EXP(77.345+0.0057*(E2+273.15)-7235/(E2+273.15))/(E2+273.15)^8.2","v":389.76616195693094},{"$f":"0.62198*M2/(101325-M2)","v":2.4018050803048703E-3},{"$f":"N2*G2/100","v":1.6812635562134092E-3},{"$f":"-L2/(1.202*2465560*MAX(0,(Inputs!$X$49-O2)))","v":1.0864857156842487},{"$f":"params!$C$15*P2*(E2-Inputs!$X$26)","v":-35558.958102387456},{"$f":"H2+I2+J2+K2+L2+Q2","v":-162793.50670272938}]
["2001-01-01","02:00:00",0,10,-6,-9,77,{"$f":"Inputs!$X$37*Inputs!$X$32*(E3-Inputs!$X$26)","v":-92923.215353766573},{"$f":"Inputs!$X$33*C3*Inputs!$X$38","v":0},{"$f":"params!$C$15*Inputs!$X$29*(E3-Inputs!$X$26)","v":-9653.7989999999972},{"$f":"Inputs!$X$40*Inputs!$X$41/8760","v":5342.4657534246571},{"$f":"-Inputs!$X$45*Inputs!$X$33","v":-30000},{"$f":"EXP(77.345+0.0057*(E3+273.15)-7235/(E3+273.15))/(E3+273.15)^8.2","v":389.76616195693094},{"$f":"0.62198*M3/(101325-M3)","v":2.4018050803048703E-3},{"$f":"N3*G3/100","v":1.8493899118347502E-3},{"$f":"-L3/(1.202*2465560*MAX(0,(Inputs!$X$49-O3)))","v":1.1064517160781135},{"$f":"params!$C$15*P3*(E3-Inputs!$X$26)","v":-36212.413698930271},{"$f":"H3+I3+J3+K3+L3+Q3","v":-163446.96229927219}]
["2001-01-01","03:00:00",0,10,-6,-8,84,{"$f":"Inputs!$X$37*Inputs!$X$32*(E4-Inputs!$X$26)","v":-92923.215353766573},{"$f":"Inputs!$X$33*C4*Inputs!$X$38","v":0},{"$f":"params!$C$15*Inputs!$X$29*(E4-Inputs!$X$26)","v":-9653.7989999999972},{"$f":"Inputs!$X$40*Inputs!$X$41/8760","v":5342.4657534246571},{"$f":"-Inputs!$X$45*Inputs!$X$33","v":-30000},389.76616195693094,2.4018050803048703E-3,2.0175162674560907E-3,{"$f":"-L4/(1.202*2465560*MAX(0,(Inputs!$X$49-O4)))","v":1.1271652716573397},{"$f":"params!$C$15*P4*(E4-Inputs!$X$26)","v":-36890.335593678152},-164124.88419402007]
["2001-01-01","04:00:00",0,10,-6,-9,77,{"$f":"Inputs!$X$37*Inputs!$X$32*(E5-Inputs!$X$26)","v":-92923.215353766573},{"$f":"Inputs!$X$33*C5*Inputs!$X$38","v":0},{"$f":"params!$C$15*Inputs!$X$29*(E5-Inputs!$X$26)","v":-9653.7989999999972},{"$f":"Inputs!$X$40*Inputs!$X$41/8760","v":5342.4657534246571},{"$f":"-Inputs!$X$45*Inputs!$X$33","v":-30000},389.76616195693094,2.4018050803048703E-3,1.8493899118347502E-3,{"$f":"-L5/(1.202*2465560*MAX(0,(Inputs!$X$49-O5)))","v":1.1064517160781135},{"$f":"params!$C$15*P5*(E5-Inputs!$X$26)","v":-36212.413698930271},-163446.96229927219]
["2001-01-01","05:00:00",0,10,-6,-9,77,{"$f":"Inputs!$X$37*Inputs!$X$32*(E6-Inputs!$X$26)","v":-92923.215353766573},{"$f":"Inputs!$X$33*C6*Inputs!$X$38","v":0},{"$f":"params!$C$15*Inputs!$X$29*(E6-Inputs!$X$26)","v":-9653.7989999999972},{"$f":"Inputs!$X$40*Inputs!$X$41/8760","v":5342.4657534246571},{"$f":"-Inputs!$X$45*Inputs!$X$33","v":-30000},389.76616195693094,2.4018050803048703E-3,1.8493899118347502E-3,{"$f":"-L6/(1.202*2465560*MAX(0,(Inputs!$X$49-O6)))","v":1.1064517160781135},{"$f":"params!$C$15*P6*(E6-Inputs!$X$26)","v":-36212.413698930271},-163446.96229927219]
["2001-01-01","06:00:00",0,10,-6,-10,70,{"$f":"Inputs!$X$37*Inputs!$X$32*(E7-Inputs!$X$26)","v":-92923.215353766573},{"$f":"Inputs!$X$33*C7*Inputs!$X$38","v":0},{"$f":"params!$C$15*Inputs!$X$29*(E7-Inputs!$X$26)","v":-9653.7989999999972},{"$f":"Inputs!$X$40*Inputs!$X$41/8760","v":5342.4657534246571},{"$f":"-Inputs!$X$45*Inputs!$X$33","v":-30000},389.76616195693094,2.4018050803048703E-3,1.6812635562134092E-3,{"$f":"-L7/(1.202*2465560*MAX(0,(Inputs!$X$49-O7)))","v":1.0864857156842487},{"$f":"params!$C$15*P7*(E7-Inputs!$X$26)","v":-35558.958102387456},-162793.50670272938]
["2001-01-01","07:00:00",0,10,-7,-11,70,{"$f":"Inputs!$X$37*Inputs!$X$32*(E8-Inputs!$X$26)","v":-96350.711002061245},{"$f":"Inputs!$X$33*C8*Inputs!$X$38","v":0},{"$f":"params!$C$15*Inputs!$X$29*(E8-Inputs!$X$26)","v":-10009.881749999997},{"$f":"Inputs!$X$40*Inputs!$X$41/8760","v":5342.4657534246571},{"$f":"-Inputs!$X$45*Inputs!$X$33","v":-30000},360.98762153500678,2.2238327850987206E-3,1.5566829495691045E-3,{"$f":"-L8/(1.202*2465560*MAX(0,(Inputs!$X$49-O8)))","v":1.0721496931008569},{"$f":"params!$C$15*P8*(E8-Inputs!$X$26)","v":-36384.057298503743},-167402.18429714034]
["2001-01-01","08:00:00",0,4,-8,-12,70,{"$f":"Inputs!$X$37*Inputs!$X$32*(E9-Inputs!$X$26)","v":-99778.206650355904},{"$f":"Inputs!$X$33*C9*Inputs!$X$38","v":0},{"$f":"params!$C$15*Inputs!$X$29*(E9-Inputs!$X$26)","v":-10365.964499999998},{"$f":"Inputs!$X$40*Inputs!$X$41/8760","v":5342.4657534246571},{"$f":"-Inputs!$X$45*Inputs!$X$33","v":-30000},334.1161188582924,2.0577455669371189E-3,1.4404218968559832E-3,{"$f":"-L9/(1.202*2465560*MAX(0,(Inputs!$X$49-O9)))","v":1.059108156102553},{"$f":"params!$C$15*P9*(E9-Inputs!$X$26)","v":-37220.035583806275},-172021.74098073755]
["2001-01-01","09:00:00",94,4,-7,-12,64,{"$f":"Inputs!$X$37*Inputs!$X$32*(E10-Inputs!$X$26)","v":-96350.711002061245},{"$f":"Inputs!$X$33*C10*Inputs!$X$38","v":18339.077843532548},{"$f":"params!$C$15*Inputs!$X$29*(E10-Inputs!$X$26)","v":-10009.881749999997},{"$f":"Inputs!$X$40*Inputs!$X$41/8760","v":5342.4657534246571},{"$f":"-Inputs!$X$45*Inputs!$X$33","v":-30000},360.98762153500678,2.2238327850987206E-3,1.4232529824631812E-3,{"$f":"-L10/(1.202*2465560*MAX(0,(Inputs!$X$49-O10)))","v":1.0572090780270629},{"$f":"params!$C$15*P10*(E10-Inputs!$X$26)","v":-35877.038364097658},-148556.08751920171]
["2001-01-01","10:00:00",237,4,-7,-12,64,{"$f":"Inputs!$X$37*Inputs!$X$32*(E11-Inputs!$X$26)","v":-96350.711002061245},{"$f":"Inputs!$X$33*C11*Inputs!$X$38","v":46237.887754438445},{"$f":"params!$C$15*Inputs!$X$29*(E11-Inputs!$X$26)","v":-10009.881749999997},{"$f":"Inputs!$X$40*Inputs!$X$41/8760","v":5342.4657534246571},{"$f":"-Inputs!$X$45*Inputs!$X$33","v":-30000},360.98762153500678,2.2238327850987206E-3,1.4232529824631812E-3,{"$f":"-L11/(1.202*2465560*MAX(0,(Inputs!$X$49-O11)))","v":1.0572090780270629},{"$f":"params!$C$15*P11*(E11-Inputs!$X$26)","v":-35877.038364097658},-120657.27760829579]
["2001-01-01","11:00:00",332,4,-6,-11,64,{"$f":"Inputs!$X$37*Inputs!$X$32*(E12-Inputs!$X$26)","v":-92923.215353766573},{"$f":"Inputs!$X$33*C12*Inputs!$X$38","v":64772.06217077453},{"$f":"params!$C$15*Inputs!$X$29*(E12-Inputs!$X$26)","v":-9653.7989999999972},{"$f":"Inputs!$X$40*Inputs!$X$41/8760","v":5342.4657534246571},{"$f":"-Inputs!$X$45*Inputs!$X$33","v":-30000},389.76616195693094,2.4018050803048703E-3,1.5371552513951171E-3,{"$f":"-L12/(1.202*2465560*MAX(0,(Inputs!$X$49-O12)))","v":1.0699367849567183},{"$f":"params!$C$15*P12*(E12-Inputs!$X$26)","v":-35017.337788484881},-97479.824218052265]
["2001-01-01","12:00:00",372,0,-4,-12,50,{"$f":"Inputs!$X$37*Inputs!$X$32*(E13-Inputs!$X$26)","v":-86068.224057177227},{"$f":"Inputs!$X$33*C13*Inputs!$X$38","v":72575.92508291603},{"$f":"params!$C$15*Inputs!$X$29*(E13-Inputs!$X$26)","v":-8941.6334999999981},{"$f":"Inputs!$X$40*Inputs!$X$41/8760","v":5342.4657534246571},{"$f":"-Inputs!$X$45*Inputs!$X$33","v":-30000},453.51532044328405,2.7964043545646504E-3,1.3982021772823252E-3,{"$f":"-L13/(1.202*2465560*MAX(0,(Inputs!$X$49-O13)))","v":1.0544503588066263},{"$f":"params!$C$15*P13*(E13-Inputs!$X$26)","v":-31964.635632637441},-79056.10235347398]
["2001-01-01","13:00:00",411,0,-3,-12,46,{"$f":"Inputs!$X$37*Inputs!$X$32*(E14-Inputs!$X$26)","v":-82640.728408882569},{"$f":"Inputs!$X$33*C14*Inputs!$X$38","v":80184.691422254007},{"$f":"params!$C$15*Inputs!$X$29*(E14-Inputs!$X$26)","v":-8585.5507499999985},{"$f":"Inputs!$X$40*Inputs!$X$41/8760","v":5342.4657534246571},{"$f":"-Inputs!$X$45*Inputs!$X$33","v":-30000},488.73621912146871,3.0146312662847319E-3,1.3867303824909765E-3,{"$f":"-L14/(1.202*2465560*MAX(0,(Inputs!$X$49-O14)))","v":1.0531918282110542},{"$f":"params!$C$15*P14*(E14-Inputs!$X$26)","v":-30655.075828479748},-66354.197811683654]
["2001-01-01","14:00:00",366,0,-3,-12,46,{"$f":"Inputs!$X$37*Inputs!$X$32*(E15-Inputs!$X$26)","v":-82640.728408882569},{"$f":"Inputs!$X$33*C15*Inputs!$X$38","v":71405.345646094807},{"$f":"params!$C$15*Inputs!$X$29*(E15-Inputs!$X$26)","v":-8585.5507499999985},{"$f":"Inputs!$X$40*Inputs!$X$41/8760","v":5342.4657534246571},{"$f":"-Inputs!$X$45*Inputs!$X$33","v":-30000},488.73621912146871,3.0146312662847319E-3,1.3867303824909765E-3,{"$f":"-L15/(1.202*2465560*MAX(0,(Inputs!$X$49-O15)))","v":1.0531918282110542},{"$f":"params!$C$15*P15*(E15-Inputs!$X$26)","v":-30655.075828479748},-75133.543587842854]
["2001-01-01","15:00:00",269,0,-3,-12,46,{"$f":"Inputs!$X$37*Inputs!$X$32*(E16-Inputs!$X$26)","v":-82640.728408882569},{"$f":"Inputs!$X$33*C16*Inputs!$X$38","v":52480.978084151655},{"$f":"params!$C$15*Inputs!$X$29*(E16-Inputs!$X$26)","v":-8585.5507499999985},{"$f":"Inputs!$X$40*Inputs!$X$41/8760","v":5342.4657534246571},{"$f":"-Inputs!$X$45*Inputs!$X$33","v":-30000},488.73621912146871,3.0146312662847319E-3,1.3867303824909765E-3,{"$f":"-L16/(1.202*2465560*MAX(0,(Inputs!$X$49-O16)))","v":1.0531918282110542},{"$f":"params!$C$15*P16*(E16-Inputs!$X$26)","v":-30655.075828479748},-94057.911149785999]
["2001-01-01","16:00:00",139,0,-4,-12,50,{"$f":"Inputs!$X$37*Inputs!$X$32*(E17-Inputs!$X$26)","v":-86068.224057177227},{"$f":"Inputs!$X$33*C17*Inputs!$X$38","v":27118.423619691745},{"$f":"params!$C$15*Inputs!$X$29*(E17-Inputs!$X$26)","v":-8941.6334999999981},{"$f":"Inputs!$X$40*Inputs!$X$41/8760","v":5342.4657534246571},{"$f":"-Inputs!$X$45*Inputs!$X$33","v":-30000},453.51532044328405,2.7964043545646504E-3,1.3982021772823252E-3,{"$f":"-L17/(1.202*2465560*MAX(0,(Inputs!$X$49-O17)))","v":1.0544503588066263},{"$f":"params!$C$15*P17*(E17-Inputs!$X$26)","v":-31964.635632637441},-124513.60381669826]
["2001-01-01","17:00:00",15,0,-6,-13,54,{"$f":"Inputs!$X$37*Inputs!$X$32*(E18-Inputs!$X$26)","v":-92923.215353766573},{"$f":"Inputs!$X$33*C18*Inputs!$X$38","v":2926.448592053066},{"$f":"params!$C$15*Inputs!$X$29*(E18-Inputs!$X$26)","v":-9653.7989999999972},{"$f":"Inputs!$X$40*Inputs!$X$41/8760","v":5342.4657534246571},{"$f":"-Inputs!$X$45*Inputs!$X$33","v":-30000},389.76616195693094,2.4018050803048703E-3,1.2969747433646301E-3,{"$f":"-L18/(1.202*2465560*MAX(0,(Inputs!$X$49-O18)))","v":1.043447795372924},{"$f":"params!$C$15*P18*(E18-Inputs!$X$26)","v":-34150.395078435984},-158458.49508672484]
["2001-01-01","18:00:00",0,0,-8,-13,64,{"$f":"Inputs!$X$37*Inputs!$X$32*(E19-Inputs!$X$26)","v":-99778.206650355904},{"$f":"Inputs!$X$33*C19*Inputs!$X$38","v":0},{"$f":"params!$C$15*Inputs!$X$29*(E19-Inputs!$X$26)","v":-10365.964499999998},{"$f":"Inputs!$X$40*Inputs!$X$41/8760","v":5342.4657534246571},{"$f":"-Inputs!$X$45*Inputs!$X$33","v":-30000},334.1161188582924,2.0577455669371189E-3,1.3169571628397561E-3,{"$f":"-L19/(1.202*2465560*MAX(0,(Inputs!$X$49-O19)))","v":1.045601488284549},{"$f":"params!$C$15*P19*(E19-Inputs!$X$26)","v":-36745.373337171586},-171547.07873410286]
["2001-01-01","19:00:00",0,0,-12,-14,83,{"$f":"Inputs!$X$37*Inputs!$X$32*(E20-Inputs!$X$26)","v":-113488.18924353459},{"$f":"Inputs!$X$33*C20*Inputs!$X$38","v":0},{"$f":"params!$C$15*Inputs!$X$29*(E20-Inputs!$X$26)","v":-11790.295499999998},{"$f":"Inputs!$X$40*Inputs!$X$41/8760","v":5342.4657534246571},{"$f":"-Inputs!$X$45*Inputs!$X$33","v":-30000},243.5669653908281,1.4987300494831474E-3,1.2439459410710123E-3,{"$f":"-L20/(1.202*2465560*MAX(0,(Inputs!$X$49-O20)))","v":1.0377751634399999},{"$f":"params!$C$15*P20*(E20-Inputs!$X$26)","v":-41481.525270704653},-191417.54426081458]
["2001-01-01","20:00:00",0,0,-14,-16,83,{"$f":"Inputs!$X$37*Inputs!$X$32*(E21-Inputs!$X$26)","v":-120343.18054012393},{"$f":"Inputs!$X$33*C21*Inputs!$X$38","v":0},{"$f":"params!$C$15*Inputs!$X$29*(E21-Inputs!$X$26)","v":-12502.460999999998},{"$f":"Inputs!$X$40*Inputs!$X$41/8760","v":5342.4657534246571},{"$f":"-Inputs!$X$45*Inputs!$X$33","v":-30000},207.10442567120111,1.2739071550820168E-3,1.0573429387180739E-3,{"$f":"-L21/(1.202*2465560*MAX(0,(Inputs!$X$49-O21)))","v":1.0182949250292852},{"$f":"params!$C$15*P21*(E21-Inputs!$X$26)","v":-43161.431696707841},-200664.60748340713]
["2001-01-01","21:00:00",0,0,-15,-17,83,{"$f":"Inputs!$X$37*Inputs!$X$32*(E22-Inputs!$X$26)","v":-123770.6761884186},{"$f":"Inputs!$X$33*C22*Inputs!$X$38","v":0},{"$f":"params!$C$15*Inputs!$X$29*(E22-Inputs!$X$26)","v":-12858.543749999999},{"$f":"Inputs!$X$40*Inputs!$X$41/8760","v":5342.4657534246571},{"$f":"-Inputs!$X$45*Inputs!$X$33","v":-30000},190.77201429943182,1.1732563724196076E-3,9.7380278910827423E-4,{"$f":"-L22/(1.202*2465560*MAX(0,(Inputs!$X$49-O22)))","v":1.009808851512509},{"$f":"params!$C$15*P22*(E22-Inputs!$X$26)","v":-44020.778057071555},-205307.5322420655]
["2001-01-01","22:00:00",0,0,-15,-17,83,{"$f":"Inputs!$X$37*Inputs!$X$32*(E23-Inputs!$X$26)","v":-123770.6761884186},{"$f":"Inputs!$X$33*C23*Inputs!$X$38","v":0},{"$f":"params!$C$15*Inputs!$X$29*(E23-Inputs!$X$26)","v":-12858.543749999999},{"$f":"Inputs!$X$40*Inputs!$X$41/8760","v":5342.4657534246571},{"$f":"-Inputs!$X$45*Inputs!$X$33","v":-30000},190.77201429943182,1.1732563724196076E-3,9.7380278910827423E-4,{"$f":"-L23/(1.202*2465560*MAX(0,(Inputs!$X$49-O23)))","v":1.009808851512509},{"$f":"params!$C$15*P23*(E23-Inputs!$X$26)","v":-44020.778057071555},-205307.5322420655]
["2001-01-01","23:00:00",0,0,-17,-18,91,{"$f":"Inputs!$X$37*Inputs!$X$32*(E24-Inputs!$X$26)","v":-130625.66748500794},{"$f":"Inputs!$X$33*C24*Inputs!$X$38","v":0},{"$f":"params!$C$15*Inputs!$X$29*(E24-Inputs!$X$26)","v":-13570.709249999998},{"$f":"Inputs!$X$40*Inputs!$X$41/8760","v":5342.4657534246571},{"$f":"-Inputs!$X$45*Inputs!$X$33","v":-30000},161.51981497209979,9.9306680960957005E-4,9.0369079674470869E-4,{"$f":"-L24/(1.202*2465560*MAX(0,(Inputs!$X$49-O24)))","v":1.0027952267247788},{"$f":"params!$C$15*P24*(E24-Inputs!$X$26)","v":-46136.172081873003},-214990.08306345629]
["2001-01-01",1,0,10,-14,-16,83,{"$f":"Inputs!$X$37*Inputs!$X$32*(E25-Inputs!$X$26)","v":-120343.18054012393},{"$f":"Inputs!$X$33*C25*Inputs!$X$38","v":0},{"$f":"params!$C$15*Inputs!$X$29*(E25-Inputs!$X$26)","v":-12502.460999999998},{"$f":"Inputs!$X$40*Inputs!$X$41/8760","v":5342.4657534246571},{"$f":"-Inputs!$X$45*Inputs!$X$33","v":-30000},207.10442567120111,1.2739071550820168E-3,1.0573429387180739E-3,{"$f":"-L25/(1.202*2465560*MAX(0,(Inputs!$X$49-O25)))","v":1.0182949250292852},{"$f":"params!$C$15*P25*(E25-Inputs!$X$26)","v":-43161.431696707841},-200664.60748340713]
["2001-01-02","01:00:00",0,10,-12,-14,83,{"$f":"Inputs!$X$37*Inputs!$X$32*(E26-Inputs!$X$26)","v":-113488.18924353459},{"$f":"Inputs!$X$33*C26*Inputs!$X$38","v":0},{"$f":"params!$C$15*Inputs!$X$29*(E26-Inputs!$X$26)","v":-11790.295499999998},{"$f":"Inputs!$X$40*Inputs!$X$41/8760","v":5342.4657534246571},{"$f":"-Inputs!$X$45*Inputs!$X$33","v":-30000},243.5669653908281,1.4987300494831474E-3,1.2439459410710123E-3,{"$f":"-L26/(1.202*2465560*MAX(0,(Inputs!$X$49-O26)))","v":1.0377751634399999},{"$f":"params!$C$15*P26*(E26-Inputs!$X$26)","v":-41481.525270704653},-191417.54426081458]
["2001-01-02","02:00:00",0,10,-12,-13,91,{"$f":"Inputs!$X$37*Inputs!$X$32*(E27-Inputs!$X$26)","v":-113488.18924353459},{"$f":"Inputs!$X$33*C27*Inputs!$X$38","v":0},{"$f":"params!$C$15*Inputs!$X$29*(E27-Inputs!$X$26)","v":-11790.295499999998},{"$f":"Inputs!$X$40*Inputs!$X$41/8760","v":5342.4657534246571},{"$f":"-Inputs!$X$45*Inputs!$X$33","v":-30000},243.5669653908281,1.4987300494831474E-3,1.3638443450296643E-3,{"$f":"-L27/(1.202*2465560*MAX(0,(Inputs!$X$49-O27)))","v":1.0506900345548014},{"$f":"params!$C$15*P27*(E27-Inputs!$X$26)","v":-41997.753227770721},-191933.77221788064]
["2001-01-02","03:00:00",0,10,-12,-13,91,{"$f":"Inputs!$X$37*Inputs!$X$32*(E28-Inputs!$X$26)","v":-113488.18924353459},{"$f":"Inputs!$X$33*C28*Inputs!$X$38","v":0},{"$f":"params!$C$15*Inputs!$X$29*(E28-Inputs!$X$26)","v":-11790.295499999998},{"$f":"Inputs!$X$40*Inputs!$X$41/8760","v":5342.4657534246571},{"$f":"-Inputs!$X$45*Inputs!$X$33","v":-30000},243.5669653908281,1.4987300494831474E-3,1.3638443450296643E-3,{"$f":"-L28/(1.202*2465560*MAX(0,(Inputs!$X$49-O28)))","v":1.0506900345548014},{"$f":"params!$C$15*P28*(E28-Inputs!$X$26)","v":-41997.753227770721},-191933.77221788064]
["2001-01-02","04:00:00",0,10,-11,-13,84,{"$f":"Inputs!$X$37*Inputs!$X$32*(E29-Inputs!$X$26)","v":-110060.69359523992},{"$f":"Inputs!$X$33*C29*Inputs!$X$38","v":0},{"$f":"params!$C$15*Inputs!$X$29*(E29-Inputs!$X$26)","v":-11434.212749999999},{"$f":"Inputs!$X$40*Inputs!$X$41/8760","v":5342.4657534246571},{"$f":"-Inputs!$X$45*Inputs!$X$33","v":-30000},263.86397481101648,1.6239488443119262E-3,1.364117029222018E-3,{"$f":"-L29/(1.202*2465560*MAX(0,(Inputs!$X$49-O29)))","v":1.0507197731376732},{"$f":"params!$C$15*P29*(E29-Inputs!$X$26)","v":-40730.517505675656},-186882.95809749095]
["2001-01-02","05:00:00",0,10,-12,-13,91,{"$f":"Inputs!$X$37*Inputs!$X$32*(E30-Inputs!$X$26)","v":-113488.18924353459},{"$f":"Inputs!$X$33*C30*Inputs!$X$38","v":0},{"$f":"params!$C$15*Inputs!$X$29*(E30-Inputs!$X$26)","v":-11790.295499999998},{"$f":"Inputs!$X$40*Inputs!$X$41/8760","v":5342.4657534246571},{"$f":"-Inputs!$X$45*Inputs!$X$33","v":-30000},243.5669653908281,1.4987300494831474E-3,1.3638443450296643E-3,{"$f":"-L30/(1.202*2465560*MAX(0,(Inputs!$X$49-O30)))","v":1.0506900345548014},{"$f":"params!$C$15*P30*(E30-Inputs!$X$26)","v":-41997.753227770721},-191933.77221788064]
["2001-01-02","06:00:00",0,4,-12,-14,83,{"$f":"Inputs!$X$37*Inputs!$X$32*(E31-Inputs!$X$26)","v":-113488.18924353459},{"$f":"Inputs!$X$33*C31*Inputs!$X$38","v":0},{"$f":"params!$C$15*Inputs!$X$29*(E31-Inputs!$X$26)","v":-11790.295499999998},{"$f":"Inputs!$X$40*Inputs!$X$41/8760","v":5342.4657534246571},{"$f":"-Inputs!$X$45*Inputs!$X$33","v":-30000},243.5669653908281,1.4987300494831474E-3,1.2439459410710123E-3,{"$f":"-L31/(1.202*2465560*MAX(0,(Inputs!$X$49-O31)))","v":1.0377751634399999},{"$f":"params!$C$15*P31*(E31-Inputs!$X$26)","v":-41481.525270704653},-191417.54426081458]
["2001-01-02","07:00:00",0,8,-13,-14,91,{"$f":"Inputs!$X$37*Inputs!$X$32*(E32-Inputs!$X$26)","v":-116915.68489182927},{"$f":"Inputs!$X$33*C32*Inputs!$X$38","v":0},{"$f":"params!$C$15*Inputs!$X$29*(E32-Inputs!$X$26)","v":-12146.378249999998},{"$f":"Inputs!$X$40*Inputs!$X$41/8760","v":5342.4657534246571},{"$f":"-Inputs!$X$45*Inputs!$X$33","v":-30000},224.67566674612308,1.3822287131554647E-3,1.2578281289714729E-3,{"$f":"-L32/(1.202*2465560*MAX(0,(Inputs!$X$49-O32)))","v":1.0392542097496158},{"$f":"params!$C$15*P32*(E32-Inputs!$X$26)","v":-42795.228347588112},-196514.82573599269]
["2001-01-02","08:00:00",0,10,-11,-15,70,{"$f":"Inputs!$X$37*Inputs!$X$32*(E33-Inputs!$X$26)","v":-110060.69359523992},{"$f":"Inputs!$X$33*C33*Inputs!$X$38","v":0},{"$f":"params!$C$15*Inputs!$X$29*(E33-Inputs!$X$26)","v":-11434.212749999999},{"$f":"Inputs!$X$40*Inputs!$X$41/8760","v":5342.4657534246571},{"$f":"-Inputs!$X$45*Inputs!$X$33","v":-30000},263.86397481101648,1.6239488443119262E-3,1.1367641910183482E-3,{"$f":"-L33/(1.202*2465560*MAX(0,(Inputs!$X$49-O33)))","v":1.0264959158229425},{"$f":"params!$C$15*P33*(E33-Inputs!$X$26)","v":-39791.494304973647},-185943.93489678891]
["2001-01-02","09:00:00",105,10,-11,-15,70,{"$f":"Inputs!$X$37*Inputs!$X$32*(E34-Inputs!$X$26)","v":-110060.69359523992},{"$f":"Inputs!$X$33*C34*Inputs!$X$38","v":20485.140144371464},{"$f":"params!$C$15*Inputs!$X$29*(E34-Inputs!$X$26)","v":-11434.212749999999},{"$f":"Inputs!$X$40*Inputs!$X$41/8760","v":5342.4657534246571},{"$f":"-Inputs!$X$45*Inputs!$X$33","v":-30000},263.86397481101648,1.6239488443119262E-3,1.1367641910183482E-3,{"$f":"-L34/(1.202*2465560*MAX(0,(Inputs!$X$49-O34)))","v":1.0264959158229425},{"$f":"params!$C$15*P34*(E34-Inputs!$X$26)","v":-39791.494304973647},-165458.79475241748]
["2001-01-02","10:00:00",223,10,-10,-16,58,{"$f":"Inputs!$X$37*Inputs!$X$32*(E35-Inputs!$X$26)","v":-106633.19794694525},{"$f":"Inputs!$X$33*C35*Inputs!$X$38","v":43506.535735188911},{"$f":"params!$C$15*Inputs!$X$29*(E35-Inputs!$X$26)","v":-11078.129999999997},{"$f":"Inputs!$X$40*Inputs!$X$41/8760","v":5342.4657534246571},{"$f":"-Inputs!$X$45*Inputs!$X$33","v":-30000},285.65695946908653,1.758452799711007E-3,1.019902623832384E-3,{"$f":"-L35/(1.202*2465560*MAX(0,(Inputs!$X$49-O35)))","v":1.0144741379137425},{"$f":"params!$C$15*P35*(E35-Inputs!$X$26)","v":-38100.808499314939},-136963.13495764663]
["2001-01-02","11:00:00",287,8,-9,-15,58,{"$f":"Inputs!$X$37*Inputs!$X$32*(E36-Inputs!$X$26)","v":-103205.70229865058},{"$f":"Inputs!$X$33*C36*Inputs!$X$38","v":55992.716394615323},{"$f":"params!$C$15*Inputs!$X$29*(E36-Inputs!$X$26)","v":-10722.047249999998},{"$f":"Inputs!$X$40*Inputs!$X$41/8760","v":5342.4657534246571},{"$f":"-Inputs!$X$45*Inputs!$X$33","v":-30000},309.04098596033037,1.902841039413297E-3,1.1036478028597122E-3,{"$f":"-L36/(1.202*2465560*MAX(0,(Inputs!$X$49-O36)))","v":1.0230603345600566},{"$f":"params!$C$15*P36*(E36-Inputs!$X$26)","v":-37188.247942918468},-119780.81534352907]
["2001-01-02","12:00:00",142,8,-9,-14,64,{"$f":"Inputs!$X$37*Inputs!$X$32*(E37-Inputs!$X$26)","v":-103205.70229865058},{"$f":"Inputs!$X$33*C37*Inputs!$X$38","v":27703.71333810236},{"$f":"params!$C$15*Inputs!$X$29*(E37-Inputs!$X$26)","v":-10722.047249999998},{"$f":"Inputs!$X$40*Inputs!$X$41/8760","v":5342.4657534246571},{"$f":"-Inputs!$X$45*Inputs!$X$33","v":-30000},309.04098596033037,1.902841039413297E-3,1.2178182652245102E-3,{"$f":"-L37/(1.202*2465560*MAX(0,(Inputs!$X$49-O37)))","v":1.0350028369109019},{"$f":"params!$C$15*P37*(E37-Inputs!$X$26)","v":-37622.357959189503},-148503.92841631308]
["2001-01-02","13:00:00",411,3,-8,-14,58,{"$f":"Inputs!$X$37*Inputs!$X$32*(E38-Inputs!$X$26)","v":-99778.206650355904},{"$f":"Inputs!$X$33*C38*Inputs!$X$38","v":80184.691422254007},{"$f":"params!$C$15*Inputs!$X$29*(E38-Inputs!$X$26)","v":-10365.964499999998},{"$f":"Inputs!$X$40*Inputs!$X$41/8760","v":5342.4657534246571},{"$f":"-Inputs!$X$45*Inputs!$X$33","v":-30000},334.1161188582924,2.0577455669371189E-3,1.193492428823529E-3,{"$f":"-L38/(1.202*2465560*MAX(0,(Inputs!$X$49-O38)))","v":1.0324349799934833},{"$f":"params!$C$15*P38*(E38-Inputs!$X$26)","v":-36282.66525180349},-90899.679226480715]
["2001-01-02","14:00:00",366,3,-7,-14,54,{"$f":"Inputs!$X$37*Inputs!$X$32*(E39-Inputs!$X$26)","v":-96350.711002061245},{"$f":"Inputs!$X$33*C39*Inputs!$X$38","v":71405.345646094807},{"$f":"params!$C$15*Inputs!$X$29*(E39-Inputs!$X$26)","v":-10009.881749999997},{"$f":"Inputs!$X$40*Inputs!$X$41/8760","v":5342.4657534246571},{"$f":"-Inputs!$X$45*Inputs!$X$33","v":-30000},360.98762153500678,2.2238327850987206E-3,1.2008697039533093E-3,{"$f":"-L39/(1.202*2465560*MAX(0,(Inputs!$X$49-O39)))","v":1.0332123845516443},{"$f":"params!$C$15*P39*(E39-Inputs!$X$26)","v":-35062.695855768339},-94675.477208310127]
["2001-01-02","15:00:00",275,0,-6,-15,45,{"$f":"Inputs!$X$37*Inputs!$X$32*(E40-Inputs!$X$26)","v":-92923.215353766573},{"$f":"Inputs!$X$33*C40*Inputs!$X$38","v":53651.55752097287},{"$f":"params!$C$15*Inputs!$X$29*(E40-Inputs!$X$26)","v":-9653.7989999999972},{"$f":"Inputs!$X$40*Inputs!$X$41/8760","v":5342.4657534246571},{"$f":"-Inputs!$X$45*Inputs!$X$33","v":-30000},389.76616195693094,2.4018050803048703E-3,1.0808122861371916E-3,{"$f":"-L40/(1.202*2465560*MAX(0,(Inputs!$X$49-O40)))","v":1.0207046833544509},{"$f":"params!$C$15*P40*(E40-Inputs!$X$26)","v":-33406.049013220145},-106989.04009258919]
["2001-01-02","16:00:00",145,10,-7,-16,45,{"$f":"Inputs!$X$37*Inputs!$X$32*(E41-Inputs!$X$26)","v":-96350.711002061245},{"$f":"Inputs!$X$33*C41*Inputs!$X$38","v":28289.003056512971},{"$f":"params!$C$15*Inputs!$X$29*(E41-Inputs!$X$26)","v":-10009.881749999997},{"$f":"Inputs!$X$40*Inputs!$X$41/8760","v":5342.4657534246571},{"$f":"-Inputs!$X$45*Inputs!$X$33","v":-30000},360.98762153500678,2.2238327850987206E-3,1.0007247532944242E-3,{"$f":"-L41/(1.202*2465560*MAX(0,(Inputs!$X$49-O41)))","v":1.0125281181632642},{"$f":"params!$C$15*P41*(E41-Inputs!$X$26)","v":-34360.762591882638},-137089.88653400628]
["2001-01-02","17:00:00",15,10,-7,-15,49,{"$f":"Inputs!$X$37*Inputs!$X$32*(E42-Inputs!$X$26)","v":-96350.711002061245},{"$f":"Inputs!$X$33*C42*Inputs!$X$38","v":2926.448592053066},{"$f":"params!$C$15*Inputs!$X$29*(E42-Inputs!$X$26)","v":-10009.881749999997},{"$f":"Inputs!$X$40*Inputs!$X$41/8760","v":5342.4657534246571},{"$f":"-Inputs!$X$45*Inputs!$X$33","v":-30000},360.98762153500678,2.2238327850987206E-3,1.0896780646983731E-3,{"$f":"-L42/(1.202*2465560*MAX(0,(Inputs!$X$49-O42)))","v":1.0216179640898959},{"$f":"params!$C$15*P42*(E42-Inputs!$X$26)","v":-34669.232087473887},-162760.9104940574]
["2001-01-02","18:00:00",0,10,-8,-14,58,{"$f":"Inputs!$X$37*Inputs!$X$32*(E43-Inputs!$X$26)","v":-99778.206650355904},{"$f":"Inputs!$X$33*C43*Inputs!$X$38","v":0},{"$f":"params!$C$15*Inputs!$X$29*(E43-Inputs!$X$26)","v":-10365.964499999998},{"$f":"Inputs!$X$40*Inputs!$X$41/8760","v":5342.4657534246571},{"$f":"-Inputs!$X$45*Inputs!$X$33","v":-30000},334.1161188582924,2.0577455669371189E-3,1.193492428823529E-3,{"$f":"-L43/(1.202*2465560*MAX(0,(Inputs!$X$49-O43)))","v":1.0324349799934833},{"$f":"params!$C$15*P43*(E43-Inputs!$X$26)","v":-36282.66525180349},-171084.37064873477]
["2001-01-02","19:00:00",0,10,-10,-14,70,{"$f":"Inputs!$X$37*Inputs!$X$32*(E44-Inputs!$X$26)","v":-106633.19794694525},{"$f":"Inputs!$X$33*C44*Inputs!$X$38","v":0},{"$f":"params!$C$15*Inputs!$X$29*(E44-Inputs!$X$26)","v":-11078.129999999997},{"$f":"Inputs!$X$40*Inputs!$X$41/8760","v":5342.4657534246571},{"$f":"-Inputs!$X$45*Inputs!$X$33","v":-30000},285.65695946908653,1.758452799711007E-3,1.2309169597977049E-3,{"$f":"-L44/(1.202*2465560*MAX(0,(Inputs!$X$49-O44)))","v":1.0363908447289183},{"$f":"params!$C$15*P44*(E44-Inputs!$X$26)","v":-38923.93864930368},-181292.80084282428]
["2001-01-02","20:00:00",0,10,-9,-13,70,{"$f":"Inputs!$X$37*Inputs!$X$32*(E45-Inputs!$X$26)","v":-103205.70229865058},{"$f":"Inputs!$X$33*C45*Inputs!$X$38","v":0},{"$f":"params!$C$15*Inputs!$X$29*(E45-Inputs!$X$26)","v":-10722.047249999998},{"$f":"Inputs!$X$40*Inputs!$X$41/8760","v":5342.4657534246571},{"$f":"-Inputs!$X$45*Inputs!$X$33","v":-30000},309.04098596033037,1.902841039413297E-3,1.3319887275893081E-3,{"$f":"-L45/(1.202*2465560*MAX(0,(Inputs!$X$49-O45)))","v":1.0472274495318989},{"$f":"params!$C$15*P45*(E45-Inputs!$X$26)","v":-38066.722685099114},-176652.00648032504]
["2001-01-02","21:00:00",0,10,-8,-13,64,{"$f":"Inputs!$X$37*Inputs!$X$32*(E46-Inputs!$X$26)","v":-99778.206650355904},{"$f":"Inputs!$X$33*C46*Inputs!$X$38","v":0},{"$f":"params!$C$15*Inputs!$X$29*(E46-Inputs!$X$26)","v":-10365.964499999998},{"$f":"Inputs!$X$40*Inputs!$X$41/8760","v":5342.4657534246571},{"$f":"-Inputs!$X$45*Inputs!$X$33","v":-30000},334.1161188582924,2.0577455669371189E-3,1.3169571628397561E-3,{"$f":"-L46/(1.202*2465560*MAX(0,(Inputs!$X$49-O46)))","v":1.045601488284549},{"$f":"params!$C$15*P46*(E46-Inputs!$X$26)","v":-36745.373337171586},-171547.07873410286]
["2001-01-02","22:00:00",0,10,-8,-11,77,{"$f":"Inputs!$X$37*Inputs!$X$32*(E47-Inputs!$X$26)","v":-99778.206650355904},{"$f":"Inputs!$X$33*C47*Inputs!$X$38","v":0},{"$f":"params!$C$15*Inputs!$X$29*(E47-Inputs!$X$26)","v":-10365.964499999998},{"$f":"Inputs!$X$40*Inputs!$X$41/8760","v":5342.4657534246571},{"$f":"-Inputs!$X$45*Inputs!$X$33","v":-30000},334.1161188582924,2.0577455669371189E-3,1.5844640865415815E-3,{"$f":"-L47/(1.202*2465560*MAX(0,(Inputs!$X$49-O47)))","v":1.0753137145194454},{"$f":"params!$C$15*P47*(E47-Inputs!$X$26)","v":-37789.544427125744},-172591.24982405701]
["2001-01-02","23:00:00",0,10,-8,-11,77,{"$f":"Inputs!$X$37*Inputs!$X$32*(E48-Inputs!$X$26)","v":-99778.206650355904},{"$f":"Inputs!$X$33*C48*Inputs!$X$38","v":0},{"$f":"params!$C$15*Inputs!$X$29*(E48-Inputs!$X$26)","v":-10365.964499999998},{"$f":"Inputs!$X$40*Inputs!$X$41/8760","v":5342.4657534246571},{"$f":"-Inputs!$X$45*Inputs!$X$33","v":-30000},334.1161188582924,2.0577455669371189E-3,1.5844640865415815E-3,{"$f":"-L48/(1.202*2465560*MAX(0,(Inputs!$X$49-O48)))","v":1.0753137145194454},{"$f":"params!$C$15*P48*(E48-Inputs!$X$26)","v":-37789.544427125744},-172591.24982405701]
["2001-01-02",1,0,10,-7,-9,84,{"$f":"Inputs!$X$37*Inputs!$X$32*(E49-Inputs!$X$26)","v":-96350.711002061245},{"$f":"Inputs!$X$33*C49*Inputs!$X$38","v":0},{"$f":"params!$C$15*Inputs!$X$29*(E49-Inputs!$X$26)","v":-10009.881749999997},{"$f":"Inputs!$X$40*Inputs!$X$41/8760","v":5342.4657534246571},{"$f":"-Inputs!$X$45*Inputs!$X$33","v":-30000},360.98762153500678,2.2238327850987206E-3,1.8680195394829252E-3,{"$f":"-L49/(1.202*2465560*MAX(0,(Inputs!$X$49-O49)))","v":1.1087093480109445},{"$f":"params!$C$15*P49*(E49-Inputs!$X$26)","v":-37624.731606971807},-168642.8586056084]
["2001-01-03","01:00:00",0,10,-6,-10,70,{"$f":"Inputs!$X$37*Inputs!$X$32*(E50-Inputs!$X$26)","v":-92923.215353766573},{"$f":"Inputs!$X$33*C50*Inputs!$X$38","v":0},{"$f":"params!$C$15*Inputs!$X$29*(E50-Inputs!$X$26)","v":-9653.7989999999972},{"$f":"Inputs!$X$40*Inputs!$X$41/8760","v":5342.4657534246571},{"$f":"-Inputs!$X$45*Inputs!$X$33","v":-30000},389.76616195693094,2.4018050803048703E-3,1.6812635562134092E-3,{"$f":"-L50/(1.202*2465560*MAX(0,(Inputs!$X$49-O50)))","v":1.0864857156842487},{"$f":"params!$C$15*P50*(E50-Inputs!$X$26)","v":-35558.958102387456},-162793.50670272938]
["2001-01-03","02:00:00",0,10,-5,-9,71,{"$f":"Inputs!$X$37*Inputs!$X$32*(E51-Inputs!$X$26)","v":-89495.7197054719},{"$f":"Inputs!$X$33*C51*Inputs!$X$38","v":0},{"$f":"params!$C$15*Inputs!$X$29*(E51-Inputs!$X$26)","v":-9297.7162499999977},{"$f":"Inputs!$X$40*Inputs!$X$41/8760","v":5342.4657534246571},{"$f":"-Inputs!$X$45*Inputs!$X$33","v":-30000},420.56802345265027,2.5924024753231664E-3,1.8406057574794482E-3,{"$f":"-L51/(1.202*2465560*MAX(0,(Inputs!$X$49-O51)))","v":1.105390394729074},{"$f":"params!$C$15*P51*(E51-Inputs!$X$26)","v":-34843.255769346149},-158294.2259713934]
["2001-01-03","03:00:00",0,10,-6,-9,77,{"$f":"Inputs!$X$37*Inputs!$X$32*(E52-Inputs!$X$26)","v":-92923.215353766573},{"$f":"Inputs!$X$33*C52*Inputs!$X$38","v":0},{"$f":"params!$C$15*Inputs!$X$29*(E52-Inputs!$X$26)","v":-9653.7989999999972},{"$f":"Inputs!$X$40*Inputs!$X$41/8760","v":5342.4657534246571},{"$f":"-Inputs!$X$45*Inputs!$X$33","v":-30000},389.76616195693094,2.4018050803048703E-3,1.8493899118347502E-3,{"$f":"-L52/(1.202*2465560*MAX(0,(Inputs!$X$49-O52)))","v":1.1064517160781135},{"$f":"params!$C$15*P52*(E52-Inputs!$X$26)","v":-36212.413698930271},-163446.96229927219]
["2001-01-03","04:00:00",0,10,-6,-9,77,{"$f":"Inputs!$X$37*Inputs!$X$32*(E53-Inputs!$X$26)","v":-92923.215353766573},{"$f":"Inputs!$X$33*C53*Inputs!$X$38","v":0},{"$f":"params!$C$15*Inputs!$X$29*(E53-Inputs!$X$26)","v":-9653.7989999999972},{"$f":"Inputs!$X$40*Inputs!$X$41/8760","v":5342.4657534246571},{"$f":"-Inputs!$X$45*Inputs!$X$33","v":-30000},389.76616195693094,2.4018050803048703E-3,1.8493899118347502E-3,{"$f":"-L53/(1.202*2465560*MAX(0,(Inputs!$X$49-O53)))","v":1.1064517160781135},{"$f":"params!$C$15*P53*(E53-Inputs!$X$26)","v":-36212.413698930271},-163446.96229927219]
["2001-01-03","05:00:00",0,8,-6,-10,70,{"$f":"Inputs!$X$37*Inputs!$X$32*(E54-Inputs!$X$26)","v":-92923.215353766573},{"$f":"Inputs!$X$33*C54*Inputs!$X$38","v":0},{"$f":"params!$C$15*Inputs!$X$29*(E54-Inputs!$X$26)","v":-9653.7989999999972},{"$f":"Inputs!$X$40*Inputs!$X$41/8760","v":5342.4657534246571},{"$f":"-Inputs!$X$45*Inputs!$X$33","v":-30000},389.76616195693094,2.4018050803048703E-3,1.6812635562134092E-3,{"$f":"-L54/(1.202*2465560*MAX(0,(Inputs!$X$49-O54)))","v":1.0864857156842487},{"$f":"params!$C$15*P54*(E54-Inputs!$X$26)","v":-35558.958102387456},-162793.50670272938]
["2001-01-03","06:00:00",0,3,-7,-11,70,{"$f":"Inputs!$X$37*Inputs!$X$32*(E55-Inputs!$X$26)","v":-96350.711002061245},{"$f":"Inputs!$X$33*C55*Inputs!$X$38","v":0},{"$f":"params!$C$15*Inputs!$X$29*(E55-Inputs!$X$26)","v":-10009.881749999997},{"$f":"Inputs!$X$40*Inputs!$X$41/8760","v":5342.4657534246571},{"$f":"-Inputs!$X$45*Inputs!$X$33","v":-30000},360.98762153500678,2.2238327850987206E-3,1.5566829495691045E-3,{"$f":"-L55/(1.202*2465560*MAX(0,(Inputs!$X$49-O55)))","v":1.0721496931008569},{"$f":"params!$C$15*P55*(E55-Inputs!$X$26)","v":-36384.057298503743},-167402.18429714034]
["2001-01-03","07:00:00",0,3,-8,-12,70,{"$f":"Inputs!$X$37*Inputs!$X$32*(E56-Inputs!$X$26)","v":-99778.206650355904},{"$f":"Inputs!$X$33*C56*Inputs!$X$38","v":0},{"$f":"params!$C$15*Inputs!$X$29*(E56-Inputs!$X$26)","v":-10365.964499999998},{"$f":"Inputs!$X$40*Inputs!$X$41/8760","v":5342.4657534246571},{"$f":"-Inputs!$X$45*Inputs!$X$33","v":-30000},334.1161188582924,2.0577455669371189E-3,1.4404218968559832E-3,{"$f":"-L56/(1.202*2465560*MAX(0,(Inputs!$X$49-O56)))","v":1.059108156102553},{"$f":"params!$C$15*P56*(E56-Inputs!$X$26)","v":-37220.035583806275},-172021.74098073755]
["2001-01-03","08:00:00",0,0,-8,-12,70,{"$f":"Inputs!$X$37*Inputs!$X$32*(E57-Inputs!$X$26)","v":-99778.206650355904},{"$f":"Inputs!$X$33*C57*Inputs!$X$38","v":0},{"$f":"params!$C$15*Inputs!$X$29*(E57-Inputs!$X$26)","v":-10365.964499999998},{"$f":"Inputs!$X$40*Inputs!$X$41/8760","v":5342.4657534246571},{"$f":"-Inputs!$X$45*Inputs!$X$33","v":-30000},334.1161188582924,2.0577455669371189E-3,1.4404218968559832E-3,{"$f":"-L57/(1.202*2465560*MAX(0,(Inputs!$X$49-O57)))","v":1.059108156102553},{"$f":"params!$C$15*P57*(E57-Inputs!$X$26)","v":-37220.035583806275},-172021.74098073755]
["2001-01-03","09:00:00",105,0,-7,-11,70,{"$f":"Inputs!$X$37*Inputs!$X$32*(E58-Inputs!$X$26)","v":-96350.711002061245},{"$f":"Inputs!$X$33*C58*Inputs!$X$38","v":20485.140144371464},{"$f":"params!$C$15*Inputs!$X$29*(E58-Inputs!$X$26)","v":-10009.881749999997},{"$f":"Inputs!$X$40*Inputs!$X$41/8760","v":5342.4657534246571},{"$f":"-Inputs!$X$45*Inputs!$X$33","v":-30000},360.98762153500678,2.2238327850987206E-3,1.5566829495691045E-3,{"$f":"-L58/(1.202*2465560*MAX(0,(Inputs!$X$49-O58)))","v":1.0721496931008569},{"$f":"params!$C$15*P58*(E58-Inputs!$X$26)","v":-36384.057298503743},-146917.04415276885]
["2001-01-03","10:00:00",237,0,-6,-11,64,{"$f":"Inputs!$X$37*Inputs!$X$32*(E59-Inputs!$X$26)","v":-92923.215353766573},{"$f":"Inputs!$X$33*C59*Inputs!$X$38","v":46237.887754438445},{"$f":"params!$C$15*Inputs!$X$29*(E59-Inputs!$X$26)","v":-9653.7989999999972},{"$f":"Inputs!$X$40*Inputs!$X$41/8760","v":5342.4657534246571},{"$f":"-Inputs!$X$45*Inputs!$X$33","v":-30000},389.76616195693094,2.4018050803048703E-3,1.5371552513951171E-3,{"$f":"-L59/(1.202*2465560*MAX(0,(Inputs!$X$49-O59)))","v":1.0699367849567183},{"$f":"params!$C$15*P59*(E59-Inputs!$X$26)","v":-35017.337788484881},-116013.99863438835]
["2001-01-03","11:00:00",345,1,-5,-11,59,{"$f":"Inputs!$X$37*Inputs!$X$32*(E60-Inputs!$X$26)","v":-89495.7197054719},{"$f":"Inputs!$X$33*C60*Inputs!$X$38","v":67308.317617220528},{"$f":"params!$C$15*Inputs!$X$29*(E60-Inputs!$X$26)","v":-9297.7162499999977},{"$f":"Inputs!$X$40*Inputs!$X$41/8760","v":5342.4657534246571},{"$f":"-Inputs!$X$45*Inputs!$X$33","v":-30000},420.56802345265027,2.5924024753231664E-3,1.529517460440668E-3,{"$f":"-L60/(1.202*2465560*MAX(0,(Inputs!$X$49-O60)))","v":1.0690737421481566},{"$f":"params!$C$15*P60*(E60-Inputs!$X$26)","v":-33698.510509574342},-89841.163094401054]
["2001-01-03","12:00:00",403,1,-4,-11,54,{"$f":"Inputs!$X$37*Inputs!$X$32*(E61-Inputs!$X$26)","v":-86068.224057177227},{"$f":"Inputs!$X$33*C61*Inputs!$X$38","v":78623.91883982571},{"$f":"params!$C$15*Inputs!$X$29*(E61-Inputs!$X$26)","v":-8941.6334999999981},{"$f":"Inputs!$X$40*Inputs!$X$41/8760","v":5342.4657534246571},{"$f":"-Inputs!$X$45*Inputs!$X$33","v":-30000},453.51532044328405,2.7964043545646504E-3,1.5100583514649113E-3,{"$f":"-L61/(1.202*2465560*MAX(0,(Inputs!$X$49-O61)))","v":1.0668812125287519},{"$f":"params!$C$15*P61*(E61-Inputs!$X$26)","v":-32341.464856044466},-73384.937819971325]
["2001-01-03","13:00:00",417,1,-3,-11,50,{"$f":"Inputs!$X$37*Inputs!$X$32*(E62-Inputs!$X$26)","v":-82640.728408882569},{"$f":"Inputs!$X$33*C62*Inputs!$X$38","v":81355.270859075245},{"$f":"params!$C$15*Inputs!$X$29*(E62-Inputs!$X$26)","v":-8585.5507499999985},{"$f":"Inputs!$X$40*Inputs!$X$41/8760","v":5342.4657534246571},{"$f":"-Inputs!$X$45*Inputs!$X$33","v":-30000},488.73621912146871,3.0146312662847319E-3,1.507315633142366E-3,{"$f":"-L62/(1.202*2465560*MAX(0,(Inputs!$X$49-O62)))","v":1.0665729032396543},{"$f":"params!$C$15*P62*(E62-Inputs!$X$26)","v":-31044.55650871354},-65573.099055096216]
["2001-01-03","14:00:00",372,0,-2,-11,46,{"$f":"Inputs!$X$37*Inputs!$X$32*(E63-Inputs!$X$26)","v":-79213.232760587896},{"$f":"Inputs!$X$33*C63*Inputs!$X$38","v":72575.92508291603},{"$f":"params!$C$15*Inputs!$X$29*(E63-Inputs!$X$26)","v":-8229.4679999999971},{"$f":"Inputs!$X$40*Inputs!$X$41/8760","v":5342.4657534246571},{"$f":"-Inputs!$X$45*Inputs!$X$33","v":-30000},526.36516305985776,3.2479468065175691E-3,1.4940555309980819E-3,{"$f":"-L63/(1.202*2465560*MAX(0,(Inputs!$X$49-O63)))","v":1.0650848433563447},{"$f":"params!$C$15*P63*(E63-Inputs!$X$26)","v":-29715.477930217159},-69239.787854464375]
["2001-01-03","15:00:00",275,0,-2,-11,46,{"$f":"Inputs!$X$37*Inputs!$X$32*(E64-Inputs!$X$26)","v":-79213.232760587896},{"$f":"Inputs!$X$33*C64*Inputs!$X$38","v":53651.55752097287},{"$f":"params!$C$15*Inputs!$X$29*(E64-Inputs!$X$26)","v":-8229.4679999999971},{"$f":"Inputs!$X$40*Inputs!$X$41/8760","v":5342.4657534246571},{"$f":"-Inputs!$X$45*Inputs!$X$33","v":-30000},526.36516305985776,3.2479468065175691E-3,1.4940555309980819E-3,{"$f":"-L64/(1.202*2465560*MAX(0,(Inputs!$X$49-O64)))","v":1.0650848433563447},{"$f":"params!$C$15*P64*(E64-Inputs!$X$26)","v":-29715.477930217159},-88164.155416407521]
["2001-01-03","16:00:00",145,0,-2,-12,42,{"$f":"Inputs!$X$37*Inputs!$X$32*(E65-Inputs!$X$26)","v":-79213.232760587896},{"$f":"Inputs!$X$33*C65*Inputs!$X$38","v":28289.003056512971},{"$f":"params!$C$15*Inputs!$X$29*(E65-Inputs!$X$26)","v":-8229.4679999999971},{"$f":"Inputs!$X$40*Inputs!$X$41/8760","v":5342.4657534246571},{"$f":"-Inputs!$X$45*Inputs!$X$33","v":-30000},526.36516305985776,3.2479468065175691E-3,1.3641376587373792E-3,{"$f":"-L65/(1.202*2465560*MAX(0,(Inputs!$X$49-O65)))","v":1.0507220230342467},{"$f":"params!$C$15*P65*(E65-Inputs!$X$26)","v":-29314.760491640121},-113125.99244229037]
["2001-01-03","17:00:00",18,4,-3,-12,46,{"$f":"Inputs!$X$37*Inputs!$X$32*(E66-Inputs!$X$26)","v":-82640.728408882569},{"$f":"Inputs!$X$33*C66*Inputs!$X$38","v":3511.7383104636792},{"$f":"params!$C$15*Inputs!$X$29*(E66-Inputs!$X$26)","v":-8585.5507499999985},{"$f":"Inputs!$X$40*Inputs!$X$41/8760","v":5342.4657534246571},{"$f":"-Inputs!$X$45*Inputs!$X$33","v":-30000},488.73621912146871,3.0146312662847319E-3,1.3867303824909765E-3,{"$f":"-L66/(1.202*2465560*MAX(0,(Inputs!$X$49-O66)))","v":1.0531918282110542},{"$f":"params!$C$15*P66*(E66-Inputs!$X$26)","v":-30655.075828479748},-143027.15092347399]
["2001-01-03","18:00:00",0,10,-3,-12,46,{"$f":"Inputs!$X$37*Inputs!$X$32*(E67-Inputs!$X$26)","v":-82640.728408882569},{"$f":"Inputs!$X$33*C67*Inputs!$X$38","v":0},{"$f":"params!$C$15*Inputs!$X$29*(E67-Inputs!$X$26)","v":-8585.5507499999985},{"$f":"Inputs!$X$40*Inputs!$X$41/8760","v":5342.4657534246571},{"$f":"-Inputs!$X$45*Inputs!$X$33","v":-30000},{"$f":"EXP(77.345+0.0057*(E67+273.15)-7235/(E67+273.15))/(E67+273.15)^8.2","v":488.73621912146871},{"$f":"0.62198*M67/(101325-M67)","v":3.0146312662847319E-3},{"$f":"N67*G67/100","v":1.3867303824909765E-3},{"$f":"-L67/(1.202*2465560*MAX(0,(Inputs!$X$49-O67)))","v":1.0531918282110542},{"$f":"params!$C$15*P67*(E67-Inputs!$X$26)","v":-30655.075828479748},{"$f":"H67+I67+J67+K67+L67+Q67","v":-146538.88923393766}]
["2001-01-03","19:00:00",0,10,-3,-12,46,{"$f":"Inputs!$X$37*Inputs!$X$32*(E68-Inputs!$X$26)","v":-82640.728408882569},{"$f":"Inputs!$X$33*C68*Inputs!$X$38","v":0},{"$f":"params!$C$15*Inputs!$X$29*(E68-Inputs!$X$26)","v":-8585.5507499999985},{"$f":"Inputs!$X$40*Inputs!$X$41/8760","v":5342.4657534246571},{"$f":"-Inputs!$X$45*Inputs!$X$33","v":-30000},488.73621912146871,3.0146312662847319E-3,1.3867303824909765E-3,{"$f":"-L68/(1.202*2465560*MAX(0,(Inputs!$X$49-O68)))","v":1.0531918282110542},{"$f":"params!$C$15*P68*(E68-Inputs!$X$26)","v":-30655.075828479748},-146538.88923393766]
["2001-01-03","20:00:00",0,10,-4,-12,50,{"$f":"Inputs!$X$37*Inputs!$X$32*(E69-Inputs!$X$26)","v":-86068.224057177227},{"$f":"Inputs!$X$33*C69*Inputs!$X$38","v":0},{"$f":"params!$C$15*Inputs!$X$29*(E69-Inputs!$X$26)","v":-8941.6334999999981},{"$f":"Inputs!$X$40*Inputs!$X$41/8760","v":5342.4657534246571},{"$f":"-Inputs!$X$45*Inputs!$X$33","v":-30000},453.51532044328405,2.7964043545646504E-3,1.3982021772823252E-3,{"$f":"-L69/(1.202*2465560*MAX(0,(Inputs!$X$49-O69)))","v":1.0544503588066263},{"$f":"params!$C$15*P69*(E69-Inputs!$X$26)","v":-31964.635632637441},-151632.02743639002]
["2001-01-03","21:00:00",0,10,-4,-12,50,{"$f":"Inputs!$X$37*Inputs!$X$32*(E70-Inputs!$X$26)","v":-86068.224057177227},{"$f":"Inputs!$X$33*C70*Inputs!$X$38","v":0},{"$f":"params!$C$15*Inputs!$X$29*(E70-Inputs!$X$26)","v":-8941.6334999999981},{"$f":"Inputs!$X$40*Inputs!$X$41/8760","v":5342.4657534246571},{"$f":"-Inputs!$X$45*Inputs!$X$33","v":-30000},453.51532044328405,2.7964043545646504E-3,1.3982021772823252E-3,{"$f":"-L70/(1.202*2465560*MAX(0,(Inputs!$X$49-O70)))","v":1.0544503588066263},{"$f":"params!$C$15*P70*(E70-Inputs!$X$26)","v":-31964.635632637441},-151632.02743639002]
["2001-01-03","22:00:00",0,10,-4,-11,54,{"$f":"Inputs!$X$37*Inputs!$X$32*(E71-Inputs!$X$26)","v":-86068.224057177227},{"$f":"Inputs!$X$33*C71*Inputs!$X$38","v":0},{"$f":"params!$C$15*Inputs!$X$29*(E71-Inputs!$X$26)","v":-8941.6334999999981},{"$f":"Inputs!$X$40*Inputs!$X$41/8760","v":5342.4657534246571},{"$f":"-Inputs!$X$45*Inputs!$X$33","v":-30000},453.51532044328405,2.7964043545646504E-3,1.5100583514649113E-3,{"$f":"-L71/(1.202*2465560*MAX(0,(Inputs!$X$49-O71)))","v":1.0668812125287519},{"$f":"params!$C$15*P71*(E71-Inputs!$X$26)","v":-32341.464856044466},-152008.85665979705]
["2001-01-03","23:00:00",0,10,-4,-11,54,{"$f":"Inputs!$X$37*Inputs!$X$32*(E72-Inputs!$X$26)","v":-86068.224057177227},{"$f":"Inputs!$X$33*C72*Inputs!$X$38","v":0},{"$f":"params!$C$15*Inputs!$X$29*(E72-Inputs!$X$26)","v":-8941.6334999999981},{"$f":"Inputs!$X$40*Inputs!$X$41/8760","v":5342.4657534246571},{"$f":"-Inputs!$X$45*Inputs!$X$33","v":-30000},453.51532044328405,2.7964043545646504E-3,1.5100583514649113E-3,{"$f":"-L72/(1.202*2465560*MAX(0,(Inputs!$X$49-O72)))","v":1.0668812125287519},{"$f":"params!$C$15*P72*(E72-Inputs!$X$26)","v":-32341.464856044466},-152008.85665979705]
["2001-01-03",1,0,10,-5,-10,65,{"$f":"Inputs!$X$37*Inputs!$X$32*(E73-Inputs!$X$26)","v":-89495.7197054719},{"$f":"Inputs!$X$33*C73*Inputs!$X$38","v":0},{"$f":"params!$C$15*Inputs!$X$29*(E73-Inputs!$X$26)","v":-9297.7162499999977},{"$f":"Inputs!$X$40*Inputs!$X$41/8760","v":5342.4657534246571},{"$f":"-Inputs!$X$45*Inputs!$X$33","v":-30000},420.56802345265027,2.5924024753231664E-3,1.6850616089600582E-3,{"$f":"-L73/(1.202*2465560*MAX(0,(Inputs!$X$49-O73)))","v":1.086928798489869},{"$f":"params!$C$15*P73*(E73-Inputs!$X$26)","v":-34261.323700151101},-157712.29390219835]
["2001-01-04","01:00:00",0,10,-5,-9,71,{"$f":"Inputs!$X$37*Inputs!$X$32*(E74-Inputs!$X$26)","v":-89495.7197054719},{"$f":"Inputs!$X$33*C74*Inputs!$X$38","v":0},{"$f":"params!$C$15*Inputs!$X$29*(E74-Inputs!$X$26)","v":-9297.7162499999977},{"$f":"Inputs!$X$40*Inputs!$X$41/8760","v":5342.4657534246571},{"$f":"-Inputs!$X$45*Inputs!$X$33","v":-30000},420.56802345265027,2.5924024753231664E-3,1.8406057574794482E-3,{"$f":"-L74/(1.202*2465560*MAX(0,(Inputs!$X$49-O74)))","v":1.105390394729074},{"$f":"params!$C$15*P74*(E74-Inputs!$X$26)","v":-34843.255769346149},-158294.2259713934]
["2001-01-04","02:00:00",0,10,-5,-9,71,{"$f":"Inputs!$X$37*Inputs!$X$32*(E75-Inputs!$X$26)","v":-89495.7197054719},{"$f":"Inputs!$X$33*C75*Inputs!$X$38","v":0},{"$f":"params!$C$15*Inputs!$X$29*(E75-Inputs!$X$26)","v":-9297.7162499999977},{"$f":"Inputs!$X$40*Inputs!$X$41/8760","v":5342.4657534246571},{"$f":"-Inputs!$X$45*Inputs!$X$33","v":-30000},420.56802345265027,2.5924024753231664E-3,1.8406057574794482E-3,{"$f":"-L75/(1.202*2465560*MAX(0,(Inputs!$X$49-O75)))","v":1.105390394729074},{"$f":"params!$C$15*P75*(E75-Inputs!$X$26)","v":-34843.255769346149},-158294.2259713934]
["2001-01-04","03:00:00",0,10,-4,-9,65,{"$f":"Inputs!$X$37*Inputs!$X$32*(E76-Inputs!$X$26)","v":-86068.224057177227},{"$f":"Inputs!$X$33*C76*Inputs!$X$38","v":0},{"$f":"params!$C$15*Inputs!$X$29*(E76-Inputs!$X$26)","v":-8941.6334999999981},{"$f":"Inputs!$X$40*Inputs!$X$41/8760","v":5342.4657534246571},{"$f":"-Inputs!$X$45*Inputs!$X$33","v":-30000},453.51532044328405,2.7964043545646504E-3,1.8176628304670229E-3,{"$f":"-L76/(1.202*2465560*MAX(0,(Inputs!$X$49-O76)))","v":1.1026279582599223},{"$f":"params!$C$15*P76*(E76-Inputs!$X$26)","v":-33425.092636912763},-153092.48444066534]
["2001-01-04","04:00:00",0,10,-4,-9,65,{"$f":"Inputs!$X$37*Inputs!$X$32*(E77-Inputs!$X$26)","v":-86068.224057177227},{"$f":"Inputs!$X$33*C77*Inputs!$X$38","v":0},{"$f":"params!$C$15*Inputs!$X$29*(E77-Inputs!$X$26)","v":-8941.6334999999981},{"$f":"Inputs!$X$40*Inputs!$X$41/8760","v":5342.4657534246571},{"$f":"-Inputs!$X$45*Inputs!$X$33","v":-30000},453.51532044328405,2.7964043545646504E-3,1.8176628304670229E-3,{"$f":"-L77/(1.202*2465560*MAX(0,(Inputs!$X$49-O77)))","v":1.1026279582599223},{"$f":"params!$C$15*P77*(E77-Inputs!$X$26)","v":-33425.092636912763},-153092.48444066534]
["2001-01-04","05:00:00",0,10,-4,-8,71,{"$f":"Inputs!$X$37*Inputs!$X$32*(E78-Inputs!$X$26)","v":-86068.224057177227},{"$f":"Inputs!$X$33*C78*Inputs!$X$38","v":0},{"$f":"params!$C$15*Inputs!$X$29*(E78-Inputs!$X$26)","v":-8941.6334999999981},{"$f":"Inputs!$X$40*Inputs!$X$41/8760","v":5342.4657534246571},{"$f":"-Inputs!$X$45*Inputs!$X$33","v":-30000},453.51532044328405,2.7964043545646504E-3,1.9854470917409018E-3,{"$f":"-L78/(1.202*2465560*MAX(0,(Inputs!$X$49-O78)))","v":1.1231546311339784},{"$f":"params!$C$15*P78*(E78-Inputs!$X$26)","v":-34047.338732890312},-153714.73053664289]
["2001-01-04","06:00:00",0,10,-4,-8,71,{"$f":"Inputs!$X$37*Inputs!$X$32*(E79-Inputs!$X$26)","v":-86068.224057177227},{"$f":"Inputs!$X$33*C79*Inputs!$X$38","v":0},{"$f":"params!$C$15*Inputs!$X$29*(E79-Inputs!$X$26)","v":-8941.6334999999981},{"$f":"Inputs!$X$40*Inputs!$X$41/8760","v":5342.4657534246571},{"$f":"-Inputs!$X$45*Inputs!$X$33","v":-30000},453.51532044328405,2.7964043545646504E-3,1.9854470917409018E-3,{"$f":"-L79/(1.202*2465560*MAX(0,(Inputs!$X$49-O79)))","v":1.1231546311339784},{"$f":"params!$C$15*P79*(E79-Inputs!$X$26)","v":-34047.338732890312},-153714.73053664289]
["2001-01-04","07:00:00",0,10,-4,-8,71,{"$f":"Inputs!$X$37*Inputs!$X$32*(E80-Inputs!$X$26)","v":-86068.224057177227},{"$f":"Inputs!$X$33*C80*Inputs!$X$38","v":0},{"$f":"params!$C$15*Inputs!$X$29*(E80-Inputs!$X$26)","v":-8941.6334999999981},{"$f":"Inputs!$X$40*Inputs!$X$41/8760","v":5342.4657534246571},{"$f":"-Inputs!$X$45*Inputs!$X$33","v":-30000},453.51532044328405,2.7964043545646504E-3,1.9854470917409018E-3,{"$f":"-L80/(1.202*2465560*MAX(0,(Inputs!$X$49-O80)))","v":1.1231546311339784},{"$f":"params!$C$15*P80*(E80-Inputs!$X$26)","v":-34047.338732890312},-153714.73053664289]
["2001-01-04","08:00:00",0,10,-4,-8,71,{"$f":"Inputs!$X$37*Inputs!$X$32*(E81-Inputs!$X$26)","v":-86068.224057177227},{"$f":"Inputs!$X$33*C81*Inputs!$X$38","v":0},{"$f":"params!$C$15*Inputs!$X$29*(E81-Inputs!$X$26)","v":-8941.6334999999981},{"$f":"Inputs!$X$40*Inputs!$X$41/8760","v":5342.4657534246571},{"$f":"-Inputs!$X$45*Inputs!$X$33","v":-30000},453.51532044328405,2.7964043545646504E-3,1.9854470917409018E-3,{"$f":"-L81/(1.202*2465560*MAX(0,(Inputs!$X$49-O81)))","v":1.1231546311339784},{"$f":"params!$C$15*P81*(E81-Inputs!$X$26)","v":-34047.338732890312},-153714.73053664289]
["2001-01-04","09:00:00",95,10,-4,-8,71,{"$f":"Inputs!$X$37*Inputs!$X$32*(E82-Inputs!$X$26)","v":-86068.224057177227},{"$f":"Inputs!$X$33*C82*Inputs!$X$38","v":18534.174416336085},{"$f":"params!$C$15*Inputs!$X$29*(E82-Inputs!$X$26)","v":-8941.6334999999981},{"$f":"Inputs!$X$40*Inputs!$X$41/8760","v":5342.4657534246571},{"$f":"-Inputs!$X$45*Inputs!$X$33","v":-30000},453.51532044328405,2.7964043545646504E-3,1.9854470917409018E-3,{"$f":"-L82/(1.202*2465560*MAX(0,(Inputs!$X$49-O82)))","v":1.1231546311339784},{"$f":"params!$C$15*P82*(E82-Inputs!$X$26)","v":-34047.338732890312},-135180.55612030681]
["2001-01-04","10:00:00",94,10,-3,-8,65,{"$f":"Inputs!$X$37*Inputs!$X$32*(E83-Inputs!$X$26)","v":-82640.728408882569},{"$f":"Inputs!$X$33*C83*Inputs!$X$38","v":18339.077843532548},{"$f":"params!$C$15*Inputs!$X$29*(E83-Inputs!$X$26)","v":-8585.5507499999985},{"$f":"Inputs!$X$40*Inputs!$X$41/8760","v":5342.4657534246571},{"$f":"-Inputs!$X$45*Inputs!$X$33","v":-30000},488.73621912146871,3.0146312662847319E-3,1.9595103230850759E-3,{"$f":"-L83/(1.202*2465560*MAX(0,(Inputs!$X$49-O83)))","v":1.1199317390634185},{"$f":"params!$C$15*P83*(E83-Inputs!$X$26)","v":-32597.663088618661},-130142.39865054403]
["2001-01-04","11:00:00",137,10,-2,-8,60,{"$f":"Inputs!$X$37*Inputs!$X$32*(E84-Inputs!$X$26)","v":-79213.232760587896},{"$f":"Inputs!$X$33*C84*Inputs!$X$38","v":26728.230474084674},{"$f":"params!$C$15*Inputs!$X$29*(E84-Inputs!$X$26)","v":-8229.4679999999971},{"$f":"Inputs!$X$40*Inputs!$X$41/8760","v":5342.4657534246571},{"$f":"-Inputs!$X$45*Inputs!$X$33","v":-30000},526.36516305985776,3.2479468065175691E-3,1.9487680839105415E-3,{"$f":"-L84/(1.202*2465560*MAX(0,(Inputs!$X$49-O84)))","v":1.1186023231410169},{"$f":"params!$C$15*P84*(E84-Inputs!$X$26)","v":-31208.596060046944},-116580.60059312549]
["2001-01-04","12:00:00",316,8,-1,-9,50,{"$f":"Inputs!$X$37*Inputs!$X$32*(E85-Inputs!$X$26)","v":-75785.737112293224},{"$f":"Inputs!$X$33*C85*Inputs!$X$38","v":61650.517005917922},{"$f":"params!$C$15*Inputs!$X$29*(E85-Inputs!$X$26)","v":-7873.3852499999985},{"$f":"Inputs!$X$40*Inputs!$X$41/8760","v":5342.4657534246571},{"$f":"-Inputs!$X$45*Inputs!$X$33","v":-30000},566.54310372490409,3.4972595900071069E-3,1.7486297950035535E-3,{"$f":"-L85/(1.202*2465560*MAX(0,(Inputs!$X$49-O85)))","v":1.0943987068543486},{"$f":"params!$C$15*P85*(E85-Inputs!$X$26)","v":-29212.170567303838},-75878.310170254481]
["2001-01-04","13:00:00",131,10,-2,-9,55,{"$f":"Inputs!$X$37*Inputs!$X$32*(E86-Inputs!$X$26)","v":-79213.232760587896},{"$f":"Inputs!$X$33*C86*Inputs!$X$38","v":25557.651037263448},{"$f":"params!$C$15*Inputs!$X$29*(E86-Inputs!$X$26)","v":-8229.4679999999971},{"$f":"Inputs!$X$40*Inputs!$X$41/8760","v":5342.4657534246571},{"$f":"-Inputs!$X$45*Inputs!$X$33","v":-30000},526.36516305985776,3.2479468065175691E-3,1.7863707435846628E-3,{"$f":"-L86/(1.202*2465560*MAX(0,(Inputs!$X$49-O86)))","v":1.0988824259807806},{"$f":"params!$C$15*P86*(E86-Inputs!$X$26)","v":-30658.418135249358},-117201.00210514913]
["2001-01-04","14:00:00",69,10,-2,-8,60,{"$f":"Inputs!$X$37*Inputs!$X$32*(E87-Inputs!$X$26)","v":-79213.232760587896},{"$f":"Inputs!$X$33*C87*Inputs!$X$38","v":13461.663523444104},{"$f":"params!$C$15*Inputs!$X$29*(E87-Inputs!$X$26)","v":-8229.4679999999971},{"$f":"Inputs!$X$40*Inputs!$X$41/8760","v":5342.4657534246571},{"$f":"-Inputs!$X$45*Inputs!$X$33","v":-30000},526.36516305985776,3.2479468065175691E-3,1.9487680839105415E-3,{"$f":"-L87/(1.202*2465560*MAX(0,(Inputs!$X$49-O87)))","v":1.1186023231410169},{"$f":"params!$C$15*P87*(E87-Inputs!$X$26)","v":-31208.596060046944},-129847.16754376607]
["2001-01-04","15:00:00",59,10,-2,-8,60,{"$f":"Inputs!$X$37*Inputs!$X$32*(E88-Inputs!$X$26)","v":-79213.232760587896},{"$f":"Inputs!$X$33*C88*Inputs!$X$38","v":11510.697795408727},{"$f":"params!$C$15*Inputs!$X$29*(E88-Inputs!$X$26)","v":-8229.4679999999971},{"$f":"Inputs!$X$40*Inputs!$X$41/8760","v":5342.4657534246571},{"$f":"-Inputs!$X$45*Inputs!$X$33","v":-30000},526.36516305985776,3.2479468065175691E-3,1.9487680839105415E-3,{"$f":"-L88/(1.202*2465560*MAX(0,(Inputs!$X$49-O88)))","v":1.1186023231410169},{"$f":"params!$C$15*P88*(E88-Inputs!$X$26)","v":-31208.596060046944},-131798.13327180146]
["2001-01-04","16:00:00",47,10,-2,-7,65,{"$f":"Inputs!$X$37*Inputs!$X$32*(E89-Inputs!$X$26)","v":-79213.232760587896},{"$f":"Inputs!$X$33*C89*Inputs!$X$38","v":9169.5389217662741},{"$f":"params!$C$15*Inputs!$X$29*(E89-Inputs!$X$26)","v":-8229.4679999999971},{"$f":"Inputs!$X$40*Inputs!$X$41/8760","v":5342.4657534246571},{"$f":"-Inputs!$X$45*Inputs!$X$33","v":-30000},526.36516305985776,3.2479468065175691E-3,2.1111654242364202E-3,{"$f":"-L89/(1.202*2465560*MAX(0,(Inputs!$X$49-O89)))","v":1.1390429168295795},{"$f":"params!$C$15*P89*(E89-Inputs!$X$26)","v":-31778.88115463053},-134709.57724002749]
["2001-01-04","17:00:00",10,10,-2,-8,60,{"$f":"Inputs!$X$37*Inputs!$X$32*(E90-Inputs!$X$26)","v":-79213.232760587896},{"$f":"Inputs!$X$33*C90*Inputs!$X$38","v":1950.9657280353774},{"$f":"params!$C$15*Inputs!$X$29*(E90-Inputs!$X$26)","v":-8229.4679999999971},{"$f":"Inputs!$X$40*Inputs!$X$41/8760","v":5342.4657534246571},{"$f":"-Inputs!$X$45*Inputs!$X$33","v":-30000},526.36516305985776,3.2479468065175691E-3,1.9487680839105415E-3,{"$f":"-L90/(1.202*2465560*MAX(0,(Inputs!$X$49-O90)))","v":1.1186023231410169},{"$f":"params!$C$15*P90*(E90-Inputs!$X$26)","v":-31208.596060046944},-141357.86533917481]
["2001-01-04","18:00:00",0,10,-3,-8,65,{"$f":"Inputs!$X$37*Inputs!$X$32*(E91-Inputs!$X$26)","v":-82640.728408882569},{"$f":"Inputs!$X$33*C91*Inputs!$X$38","v":0},{"$f":"params!$C$15*Inputs!$X$29*(E91-Inputs!$X$26)","v":-8585.5507499999985},{"$f":"Inputs!$X$40*Inputs!$X$41/8760","v":5342.4657534246571},{"$f":"-Inputs!$X$45*Inputs!$X$33","v":-30000},488.73621912146871,3.0146312662847319E-3,1.9595103230850759E-3,{"$f":"-L91/(1.202*2465560*MAX(0,(Inputs!$X$49-O91)))","v":1.1199317390634185},{"$f":"params!$C$15*P91*(E91-Inputs!$X$26)","v":-32597.663088618661},-148481.47649407657]
["2001-01-04","19:00:00",0,10,-3,-8,65,{"$f":"Inputs!$X$37*Inputs!$X$32*(E92-Inputs!$X$26)","v":-82640.728408882569},{"$f":"Inputs!$X$33*C92*Inputs!$X$38","v":0},{"$f":"params!$C$15*Inputs!$X$29*(E92-Inputs!$X$26)","v":-8585.5507499999985},{"$f":"Inputs!$X$40*Inputs!$X$41/8760","v":5342.4657534246571},{"$f":"-Inputs!$X$45*Inputs!$X$33","v":-30000},488.73621912146871,3.0146312662847319E-3,1.9595103230850759E-3,{"$f":"-L92/(1.202*2465560*MAX(0,(Inputs!$X$49-O92)))","v":1.1199317390634185},{"$f":"params!$C$15*P92*(E92-Inputs!$X$26)","v":-32597.663088618661},-148481.47649407657]
["2001-01-04","20:00:00",0,10,-3,-8,65,{"$f":"Inputs!$X$37*Inputs!$X$32*(E93-Inputs!$X$26)","v":-82640.728408882569},{"$f":"Inputs!$X$33*C93*Inputs!$X$38","v":0},{"$f":"params!$C$15*Inputs!$X$29*(E93-Inputs!$X$26)","v":-8585.5507499999985},{"$f":"Inputs!$X$40*Inputs!$X$41/8760","v":5342.4657534246571},{"$f":"-Inputs!$X$45*Inputs!$X$33","v":-30000},488.73621912146871,3.0146312662847319E-3,1.9595103230850759E-3,{"$f":"-L93/(1.202*2465560*MAX(0,(Inputs!$X$49-O93)))","v":1.1199317390634185},{"$f":"params!$C$15*P93*(E93-Inputs!$X$26)","v":-32597.663088618661},-148481.47649407657]
["2001-01-04","21:00:00",0,10,-3,-8,65,{"$f":"Inputs!$X$37*Inputs!$X$32*(E94-Inputs!$X$26)","v":-82640.728408882569},{"$f":"Inputs!$X$33*C94*Inputs!$X$38","v":0},{"$f":"params!$C$15*Inputs!$X$29*(E94-Inputs!$X$26)","v":-8585.5507499999985},{"$f":"Inputs!$X$40*Inputs!$X$41/8760","v":5342.4657534246571},{"$f":"-Inputs!$X$45*Inputs!$X$33","v":-30000},488.73621912146871,3.0146312662847319E-3,1.9595103230850759E-3,{"$f":"-L94/(1.202*2465560*MAX(0,(Inputs!$X$49-O94)))","v":1.1199317390634185},{"$f":"params!$C$15*P94*(E94-Inputs!$X$26)","v":-32597.663088618661},-148481.47649407657]
["2001-01-04","22:00:00",0,8,-4,-9,65,{"$f":"Inputs!$X$37*Inputs!$X$32*(E95-Inputs!$X$26)","v":-86068.224057177227},{"$f":"Inputs!$X$33*C95*Inputs!$X$38","v":0},{"$f":"params!$C$15*Inputs!$X$29*(E95-Inputs!$X$26)","v":-8941.6334999999981},{"$f":"Inputs!$X$40*Inputs!$X$41/8760","v":5342.4657534246571},{"$f":"-Inputs!$X$45*Inputs!$X$33","v":-30000},453.51532044328405,2.7964043545646504E-3,1.8176628304670229E-3,{"$f":"-L95/(1.202*2465560*MAX(0,(Inputs!$X$49-O95)))","v":1.1026279582599223},{"$f":"params!$C$15*P95*(E95-Inputs!$X$26)","v":-33425.092636912763},-153092.48444066534]
["2001-01-04","23:00:00",0,10,-5,-10,65,{"$f":"Inputs!$X$37*Inputs!$X$32*(E96-Inputs!$X$26)","v":-89495.7197054719},{"$f":"Inputs!$X$33*C96*Inputs!$X$38","v":0},{"$f":"params!$C$15*Inputs!$X$29*(E96-Inputs!$X$26)","v":-9297.7162499999977},{"$f":"Inputs!$X$40*Inputs!$X$41/8760","v":5342.4657534246571},{"$f":"-Inputs!$X$45*Inputs!$X$33","v":-30000},420.56802345265027,2.5924024753231664E-3,1.6850616089600582E-3,{"$f":"-L96/(1.202*2465560*MAX(0,(Inputs!$X$49-O96)))","v":1.086928798489869},{"$f":"params!$C$15*P96*(E96-Inputs!$X$26)","v":-34261.323700151101},-157712.29390219835]
["2001-01-04",1,0,3,-7,-11,70,{"$f":"Inputs!$X$37*Inputs!$X$32*(E97-Inputs!$X$26)","v":-96350.711002061245},{"$f":"Inputs!$X$33*C97*Inputs!$X$38","v":0},{"$f":"params!$C$15*Inputs!$X$29*(E97-Inputs!$X$26)","v":-10009.881749999997},{"$f":"Inputs!$X$40*Inputs!$X$41/8760","v":5342.4657534246571},{"$f":"-Inputs!$X$45*Inputs!$X$33","v":-30000},360.98762153500678,2.2238327850987206E-3,1.5566829495691045E-3,{"$f":"-L97/(1.202*2465560*MAX(0,(Inputs!$X$49-O97)))","v":1.0721496931008569},{"$f":"params!$C$15*P97*(E97-Inputs!$X$26)","v":-36384.057298503743},-167402.18429714034]
["2001-01-05","01:00:00",0,5,-8,-11,77,{"$f":"Inputs!$X$37*Inputs!$X$32*(E98-Inputs!$X$26)","v":-99778.206650355904},{"$f":"Inputs!$X$33*C98*Inputs!$X$38","v":0},{"$f":"params!$C$15*Inputs!$X$29*(E98-Inputs!$X$26)","v":-10365.964499999998},{"$f":"Inputs!$X$40*Inputs!$X$41/8760","v":5342.4657534246571},{"$f":"-Inputs!$X$45*Inputs!$X$33","v":-30000},334.1161188582924,2.0577455669371189E-3,1.5844640865415815E-3,{"$f":"-L98/(1.202*2465560*MAX(0,(Inputs!$X$49-O98)))","v":1.0753137145194454},{"$f":"params!$C$15*P98*(E98-Inputs!$X$26)","v":-37789.544427125744},-172591.24982405701]
["2001-01-05","02:00:00",0,8,-8,-11,77,{"$f":"Inputs!$X$37*Inputs!$X$32*(E99-Inputs!$X$26)","v":-99778.206650355904},{"$f":"Inputs!$X$33*C99*Inputs!$X$38","v":0},{"$f":"params!$C$15*Inputs!$X$29*(E99-Inputs!$X$26)","v":-10365.964499999998},{"$f":"Inputs!$X$40*Inputs!$X$41/8760","v":5342.4657534246571},{"$f":"-Inputs!$X$45*Inputs!$X$33","v":-30000},334.1161188582924,2.0577455669371189E-3,1.5844640865415815E-3,{"$f":"-L99/(1.202*2465560*MAX(0,(Inputs!$X$49-O99)))","v":1.0753137145194454},{"$f":"params!$C$15*P99*(E99-Inputs!$X$26)","v":-37789.544427125744},-172591.24982405701]
["2001-01-05","03:00:00",0,7,-9,-11,84,{"$f":"Inputs!$X$37*Inputs!$X$32*(E100-Inputs!$X$26)","v":-103205.70229865058},{"$f":"Inputs!$X$33*C100*Inputs!$X$38","v":0},{"$f":"params!$C$15*Inputs!$X$29*(E100-Inputs!$X$26)","v":-10722.047249999998},{"$f":"Inputs!$X$40*Inputs!$X$41/8760","v":5342.4657534246571},{"$f":"-Inputs!$X$45*Inputs!$X$33","v":-30000},309.04098596033037,1.902841039413297E-3,1.5983864731071696E-3,{"$f":"-L100/(1.202*2465560*MAX(0,(Inputs!$X$49-O100)))","v":1.0769063838348762},{"$f":"params!$C$15*P100*(E100-Inputs!$X$26)","v":-39145.552085728094},-177730.83588095402]
["2001-01-05","04:00:00",0,9,-9,-11,84,{"$f":"Inputs!$X$37*Inputs!$X$32*(E101-Inputs!$X$26)","v":-103205.70229865058},{"$f":"Inputs!$X$33*C101*Inputs!$X$38","v":0},{"$f":"params!$C$15*Inputs!$X$29*(E101-Inputs!$X$26)","v":-10722.047249999998},{"$f":"Inputs!$X$40*Inputs!$X$41/8760","v":5342.4657534246571},{"$f":"-Inputs!$X$45*Inputs!$X$33","v":-30000},309.04098596033037,1.902841039413297E-3,1.5983864731071696E-3,{"$f":"-L101/(1.202*2465560*MAX(0,(Inputs!$X$49-O101)))","v":1.0769063838348762},{"$f":"params!$C$15*P101*(E101-Inputs!$X$26)","v":-39145.552085728094},-177730.83588095402]
["2001-01-05","05:00:00",0,10,-7,-8,92,{"$f":"Inputs!$X$37*Inputs!$X$32*(E102-Inputs!$X$26)","v":-96350.711002061245},{"$f":"Inputs!$X$33*C102*Inputs!$X$38","v":0},{"$f":"params!$C$15*Inputs!$X$29*(E102-Inputs!$X$26)","v":-10009.881749999997},{"$f":"Inputs!$X$40*Inputs!$X$41/8760","v":5342.4657534246571},{"$f":"-Inputs!$X$45*Inputs!$X$33","v":-30000},360.98762153500678,2.2238327850987206E-3,2.0459261622908231E-3,{"$f":"-L102/(1.202*2465560*MAX(0,(Inputs!$X$49-O102)))","v":1.1307422774594986},{"$f":"params!$C$15*P102*(E102-Inputs!$X$26)","v":-38372.432578831038},-169390.55957746762]
["2001-01-05","06:00:00",0,10,-5,-8,77,{"$f":"Inputs!$X$37*Inputs!$X$32*(E103-Inputs!$X$26)","v":-89495.7197054719},{"$f":"Inputs!$X$33*C103*Inputs!$X$38","v":0},{"$f":"params!$C$15*Inputs!$X$29*(E103-Inputs!$X$26)","v":-9297.7162499999977},{"$f":"Inputs!$X$40*Inputs!$X$41/8760","v":5342.4657534246571},{"$f":"-Inputs!$X$45*Inputs!$X$33","v":-30000},420.56802345265027,2.5924024753231664E-3,1.996149905998838E-3,{"$f":"-L103/(1.202*2465560*MAX(0,(Inputs!$X$49-O103)))","v":1.1244899713105516},{"$f":"params!$C$15*P103*(E103-Inputs!$X$26)","v":-35445.297758391782},-158896.26796043903]
["2001-01-05","07:00:00",0,10,-4,-7,77,{"$f":"Inputs!$X$37*Inputs!$X$32*(E104-Inputs!$X$26)","v":-86068.224057177227},{"$f":"Inputs!$X$33*C104*Inputs!$X$38","v":0},{"$f":"params!$C$15*Inputs!$X$29*(E104-Inputs!$X$26)","v":-8941.6334999999981},{"$f":"Inputs!$X$40*Inputs!$X$41/8760","v":5342.4657534246571},{"$f":"-Inputs!$X$45*Inputs!$X$33","v":-30000},453.51532044328405,2.7964043545646504E-3,2.1532313530147808E-3,{"$f":"-L104/(1.202*2465560*MAX(0,(Inputs!$X$49-O104)))","v":1.1444600560619673},{"$f":"params!$C$15*P104*(E104-Inputs!$X$26)","v":-34693.191938907912},-154360.58374266047]
["2001-01-05","08:00:00",0,10,-4,-7,77,{"$f":"Inputs!$X$37*Inputs!$X$32*(E105-Inputs!$X$26)","v":-86068.224057177227},{"$f":"Inputs!$X$33*C105*Inputs!$X$38","v":0},{"$f":"params!$C$15*Inputs!$X$29*(E105-Inputs!$X$26)","v":-8941.6334999999981},{"$f":"Inputs!$X$40*Inputs!$X$41/8760","v":5342.4657534246571},{"$f":"-Inputs!$X$45*Inputs!$X$33","v":-30000},453.51532044328405,2.7964043545646504E-3,2.1532313530147808E-3,{"$f":"-L105/(1.202*2465560*MAX(0,(Inputs!$X$49-O105)))","v":1.1444600560619673},{"$f":"params!$C$15*P105*(E105-Inputs!$X$26)","v":-34693.191938907912},-154360.58374266047]
["2001-01-05","09:00:00",74,10,-4,-7,77,{"$f":"Inputs!$X$37*Inputs!$X$32*(E106-Inputs!$X$26)","v":-86068.224057177227},{"$f":"Inputs!$X$33*C106*Inputs!$X$38","v":14437.146387461793},{"$f":"params!$C$15*Inputs!$X$29*(E106-Inputs!$X$26)","v":-8941.6334999999981},{"$f":"Inputs!$X$40*Inputs!$X$41/8760","v":5342.4657534246571},{"$f":"-Inputs!$X$45*Inputs!$X$33","v":-30000},453.51532044328405,2.7964043545646504E-3,2.1532313530147808E-3,{"$f":"-L106/(1.202*2465560*MAX(0,(Inputs!$X$49-O106)))","v":1.1444600560619673},{"$f":"params!$C$15*P106*(E106-Inputs!$X$26)","v":-34693.191938907912},-139923.43735519869]
["2001-01-05","10:00:00",108,10,-4,-6,84,{"$f":"Inputs!$X$37*Inputs!$X$32*(E107-Inputs!$X$26)","v":-86068.224057177227},{"$f":"Inputs!$X$33*C107*Inputs!$X$38","v":21070.429862782075},{"$f":"params!$C$15*Inputs!$X$29*(E107-Inputs!$X$26)","v":-8941.6334999999981},{"$f":"Inputs!$X$40*Inputs!$X$41/8760","v":5342.4657534246571},{"$f":"-Inputs!$X$45*Inputs!$X$33","v":-30000},453.51532044328405,2.7964043545646504E-3,2.3489796578343063E-3,{"$f":"-L107/(1.202*2465560*MAX(0,(Inputs!$X$49-O107)))","v":1.170361102910803},{"$f":"params!$C$15*P107*(E107-Inputs!$X$26)","v":-35478.356947494853},-134075.31888846535]
["2001-01-05","11:00:00",59,10,-4,-7,77,{"$f":"Inputs!$X$37*Inputs!$X$32*(E108-Inputs!$X$26)","v":-86068.224057177227},{"$f":"Inputs!$X$33*C108*Inputs!$X$38","v":11510.697795408727},{"$f":"params!$C$15*Inputs!$X$29*(E108-Inputs!$X$26)","v":-8941.6334999999981},{"$f":"Inputs!$X$40*Inputs!$X$41/8760","v":5342.4657534246571},{"$f":"-Inputs!$X$45*Inputs!$X$33","v":-30000},453.51532044328405,2.7964043545646504E-3,2.1532313530147808E-3,{"$f":"-L108/(1.202*2465560*MAX(0,(Inputs!$X$49-O108)))","v":1.1444600560619673},{"$f":"params!$C$15*P108*(E108-Inputs!$X$26)","v":-34693.191938907912},-142849.88594725175]
["2001-01-05","12:00:00",105,10,-3,-7,71,{"$f":"Inputs!$X$37*Inputs!$X$32*(E109-Inputs!$X$26)","v":-82640.728408882569},{"$f":"Inputs!$X$33*C109*Inputs!$X$38","v":20485.140144371464},{"$f":"params!$C$15*Inputs!$X$29*(E109-Inputs!$X$26)","v":-8585.5507499999985},{"$f":"Inputs!$X$40*Inputs!$X$41/8760","v":5342.4657534246571},{"$f":"-Inputs!$X$45*Inputs!$X$33","v":-30000},488.73621912146871,3.0146312662847319E-3,2.1403881990621596E-3,{"$f":"-L109/(1.202*2465560*MAX(0,(Inputs!$X$49-O109)))","v":1.1428006922620131},{"$f":"params!$C$15*P109*(E109-Inputs!$X$26)","v":-33263.305828756209},-128661.97908984267]
["2001-01-05","13:00:00",107,10,-2,-6,71,{"$f":"Inputs!$X$37*Inputs!$X$32*(E110-Inputs!$X$26)","v":-79213.232760587896},{"$f":"Inputs!$X$33*C110*Inputs!$X$38","v":20875.333289978538},{"$f":"params!$C$15*Inputs!$X$29*(E110-Inputs!$X$26)","v":-8229.4679999999971},{"$f":"Inputs!$X$40*Inputs!$X$41/8760","v":5342.4657534246571},{"$f":"-Inputs!$X$45*Inputs!$X$33","v":-30000},526.36516305985776,3.2479468065175691E-3,2.306042232627474E-3,{"$f":"-L110/(1.202*2465560*MAX(0,(Inputs!$X$49-O110)))","v":1.164579823921092},{"$f":"params!$C$15*P110*(E110-Inputs!$X$26)","v":-32491.351530880136},-123716.25324806484]
["2001-01-05","14:00:00",195,10,-2,-6,71,{"$f":"Inputs!$X$37*Inputs!$X$32*(E111-Inputs!$X$26)","v":-79213.232760587896},{"$f":"Inputs!$X$33*C111*Inputs!$X$38","v":38043.831696689856},{"$f":"params!$C$15*Inputs!$X$29*(E111-Inputs!$X$26)","v":-8229.4679999999971},{"$f":"Inputs!$X$40*Inputs!$X$41/8760","v":5342.4657534246571},{"$f":"-Inputs!$X$45*Inputs!$X$33","v":-30000},526.36516305985776,3.2479468065175691E-3,2.306042232627474E-3,{"$f":"-L111/(1.202*2465560*MAX(0,(Inputs!$X$49-O111)))","v":1.164579823921092},{"$f":"params!$C$15*P111*(E111-Inputs!$X$26)","v":-32491.351530880136},-106547.75484135351]
["2001-01-05","15:00:00",97,10,-2,-6,71,{"$f":"Inputs!$X$37*Inputs!$X$32*(E112-Inputs!$X$26)","v":-79213.232760587896},{"$f":"Inputs!$X$33*C112*Inputs!$X$38","v":18924.36756194316},{"$f":"params!$C$15*Inputs!$X$29*(E112-Inputs!$X$26)","v":-8229.4679999999971},{"$f":"Inputs!$X$40*Inputs!$X$41/8760","v":5342.4657534246571},{"$f":"-Inputs!$X$45*Inputs!$X$33","v":-30000},526.36516305985776,3.2479468065175691E-3,2.306042232627474E-3,{"$f":"-L112/(1.202*2465560*MAX(0,(Inputs!$X$49-O112)))","v":1.164579823921092},{"$f":"params!$C$15*P112*(E112-Inputs!$X$26)","v":-32491.351530880136},-125667.21897610021]
["2001-01-05","16:00:00",24,10,-1,-6,66,{"$f":"Inputs!$X$37*Inputs!$X$32*(E113-Inputs!$X$26)","v":-75785.737112293224},{"$f":"Inputs!$X$33*C113*Inputs!$X$38","v":4682.3177472849056},{"$f":"params!$C$15*Inputs!$X$29*(E113-Inputs!$X$26)","v":-7873.3852499999985},{"$f":"Inputs!$X$40*Inputs!$X$41/8760","v":5342.4657534246571},{"$f":"-Inputs!$X$45*Inputs!$X$33","v":-30000},566.54310372490409,3.4972595900071069E-3,2.3081913294046904E-3,{"$f":"-L113/(1.202*2465560*MAX(0,(Inputs!$X$49-O113)))","v":1.1648678293502162},{"$f":"params!$C$15*P113*(E113-Inputs!$X$26)","v":-31093.163310793509},-134727.50217237716]
["2001-01-05","17:00:00",20,10,-2,-5,78,{"$f":"Inputs!$X$37*Inputs!$X$32*(E114-Inputs!$X$26)","v":-79213.232760587896},{"$f":"Inputs!$X$33*C114*Inputs!$X$38","v":3901.9314560707548},{"$f":"params!$C$15*Inputs!$X$29*(E114-Inputs!$X$26)","v":-8229.4679999999971},{"$f":"Inputs!$X$40*Inputs!$X$41/8760","v":5342.4657534246571},{"$f":"-Inputs!$X$45*Inputs!$X$33","v":-30000},526.36516305985776,3.2479468065175691E-3,2.5333985090837041E-3,{"$f":"-L114/(1.202*2465560*MAX(0,(Inputs!$X$49-O114)))","v":1.1958589755842766},{"$f":"params!$C$15*P114*(E114-Inputs!$X$26)","v":-33364.02843236929},-141562.33198346177]
["2001-01-05","18:00:00",0,10,-2,-4,85,{"$f":"Inputs!$X$37*Inputs!$X$32*(E115-Inputs!$X$26)","v":-79213.232760587896},{"$f":"Inputs!$X$33*C115*Inputs!$X$38","v":0},{"$f":"params!$C$15*Inputs!$X$29*(E115-Inputs!$X$26)","v":-8229.4679999999971},{"$f":"Inputs!$X$40*Inputs!$X$41/8760","v":5342.4657534246571},{"$f":"-Inputs!$X$45*Inputs!$X$33","v":-30000},526.36516305985776,3.2479468065175691E-3,2.7607547855399341E-3,{"$f":"-L115/(1.202*2465560*MAX(0,(Inputs!$X$49-O115)))","v":1.2288647393508831},{"$f":"params!$C$15*P115*(E115-Inputs!$X$26)","v":-34284.877180611613},-146385.11218777485]
["2001-01-05","19:00:00",0,10,-2,-5,78,{"$f":"Inputs!$X$37*Inputs!$X$32*(E116-Inputs!$X$26)","v":-79213.232760587896},{"$f":"Inputs!$X$33*C116*Inputs!$X$38","v":0},{"$f":"params!$C$15*Inputs!$X$29*(E116-Inputs!$X$26)","v":-8229.4679999999971},{"$f":"Inputs!$X$40*Inputs!$X$41/8760","v":5342.4657534246571},{"$f":"-Inputs!$X$45*Inputs!$X$33","v":-30000},526.36516305985776,3.2479468065175691E-3,2.5333985090837041E-3,{"$f":"-L116/(1.202*2465560*MAX(0,(Inputs!$X$49-O116)))","v":1.1958589755842766},{"$f":"params!$C$15*P116*(E116-Inputs!$X$26)","v":-33364.02843236929},-145464.26343953254]
["2001-01-05","20:00:00",0,10,-3,-4,92,{"$f":"Inputs!$X$37*Inputs!$X$32*(E117-Inputs!$X$26)","v":-82640.728408882569},{"$f":"Inputs!$X$33*C117*Inputs!$X$38","v":0},{"$f":"params!$C$15*Inputs!$X$29*(E117-Inputs!$X$26)","v":-8585.5507499999985},{"$f":"Inputs!$X$40*Inputs!$X$41/8760","v":5342.4657534246571},{"$f":"-Inputs!$X$45*Inputs!$X$33","v":-30000},488.73621912146871,3.0146312662847319E-3,2.7734607649819529E-3,{"$f":"-L117/(1.202*2465560*MAX(0,(Inputs!$X$49-O117)))","v":1.2307631296121513},{"$f":"params!$C$15*P117*(E117-Inputs!$X$26)","v":-35823.613566432665},-151707.42697189059]
["2001-01-05","21:00:00",0,10,-2,-4,85,{"$f":"Inputs!$X$37*Inputs!$X$32*(E118-Inputs!$X$26)","v":-79213.232760587896},{"$f":"Inputs!$X$33*C118*Inputs!$X$38","v":0},{"$f":"params!$C$15*Inputs!$X$29*(E118-Inputs!$X$26)","v":-8229.4679999999971},{"$f":"Inputs!$X$40*Inputs!$X$41/8760","v":5342.4657534246571},{"$f":"-Inputs!$X$45*Inputs!$X$33","v":-30000},526.36516305985776,3.2479468065175691E-3,2.7607547855399341E-3,{"$f":"-L118/(1.202*2465560*MAX(0,(Inputs!$X$49-O118)))","v":1.2288647393508831},{"$f":"params!$C$15*P118*(E118-Inputs!$X$26)","v":-34284.877180611613},-146385.11218777485]
["2001-01-05","22:00:00",0,10,-2,-4,85,{"$f":"Inputs!$X$37*Inputs!$X$32*(E119-Inputs!$X$26)","v":-79213.232760587896},{"$f":"Inputs!$X$33*C119*Inputs!$X$38","v":0},{"$f":"params!$C$15*Inputs!$X$29*(E119-Inputs!$X$26)","v":-8229.4679999999971},{"$f":"Inputs!$X$40*Inputs!$X$41/8760","v":5342.4657534246571},{"$f":"-Inputs!$X$45*Inputs!$X$33","v":-30000},526.36516305985776,3.2479468065175691E-3,2.7607547855399341E-3,{"$f":"-L119/(1.202*2465560*MAX(0,(Inputs!$X$49-O119)))","v":1.2288647393508831},{"$f":"params!$C$15*P119*(E119-Inputs!$X$26)","v":-34284.877180611613},-146385.11218777485]
["2001-01-05","23:00:00",0,10,-1.9,-4,84,{"$f":"Inputs!$X$37*Inputs!$X$32*(E120-Inputs!$X$26)","v":-78870.483195758425},{"$f":"Inputs!$X$33*C120*Inputs!$X$38","v":0},{"$f":"params!$C$15*Inputs!$X$29*(E120-Inputs!$X$26)","v":-8193.8597249999966},{"$f":"Inputs!$X$40*Inputs!$X$41/8760","v":5342.4657534246571},{"$f":"-Inputs!$X$45*Inputs!$X$33","v":-30000},530.26586894388151,3.2721428158824358E-3,2.7485999653412462E-3,{"$f":"-L120/(1.202*2465560*MAX(0,(Inputs!$X$49-O120)))","v":1.227054170076352},{"$f":"params!$C$15*P120*(E120-Inputs!$X$26)","v":-34086.233504350756},-145808.11067168452]
["2001-01-05",1,0,10,-2,-4,85,{"$f":"Inputs!$X$37*Inputs!$X$32*(E121-Inputs!$X$26)","v":-79213.232760587896},{"$f":"Inputs!$X$33*C121*Inputs!$X$38","v":0},{"$f":"params!$C$15*Inputs!$X$29*(E121-Inputs!$X$26)","v":-8229.4679999999971},{"$f":"Inputs!$X$40*Inputs!$X$41/8760","v":5342.4657534246571},{"$f":"-Inputs!$X$45*Inputs!$X$33","v":-30000},526.36516305985776,3.2479468065175691E-3,2.7607547855399341E-3,{"$f":"-L121/(1.202*2465560*MAX(0,(Inputs!$X$49-O121)))","v":1.2288647393508831},{"$f":"params!$C$15*P121*(E121-Inputs!$X$26)","v":-34284.877180611613},-146385.11218777485]
["2001-01-06","01:00:00",0,10,-2,-4,85,{"$f":"Inputs!$X$37*Inputs!$X$32*(E122-Inputs!$X$26)","v":-79213.232760587896},{"$f":"Inputs!$X$33*C122*Inputs!$X$38","v":0},{"$f":"params!$C$15*Inputs!$X$29*(E122-Inputs!$X$26)","v":-8229.4679999999971},{"$f":"Inputs!$X$40*Inputs!$X$41/8760","v":5342.4657534246571},{"$f":"-Inputs!$X$45*Inputs!$X$33","v":-30000},526.36516305985776,3.2479468065175691E-3,2.7607547855399341E-3,{"$f":"-L122/(1.202*2465560*MAX(0,(Inputs!$X$49-O122)))","v":1.2288647393508831},{"$f":"params!$C$15*P122*(E122-Inputs!$X$26)","v":-34284.877180611613},-146385.11218777485]
["2001-01-06","02:00:00",0,10,-3,-4,92,{"$f":"Inputs!$X$37*Inputs!$X$32*(E123-Inputs!$X$26)","v":-82640.728408882569},{"$f":"Inputs!$X$33*C123*Inputs!$X$38","v":0},{"$f":"params!$C$15*Inputs!$X$29*(E123-Inputs!$X$26)","v":-8585.5507499999985},{"$f":"Inputs!$X$40*Inputs!$X$41/8760","v":5342.4657534246571},{"$f":"-Inputs!$X$45*Inputs!$X$33","v":-30000},488.73621912146871,3.0146312662847319E-3,2.7734607649819529E-3,{"$f":"-L123/(1.202*2465560*MAX(0,(Inputs!$X$49-O123)))","v":1.2307631296121513},{"$f":"params!$C$15*P123*(E123-Inputs!$X$26)","v":-35823.613566432665},-151707.42697189059]
["2001-01-06","03:00:00",0,10,-3,-4,92,{"$f":"Inputs!$X$37*Inputs!$X$32*(E124-Inputs!$X$26)","v":-82640.728408882569},{"$f":"Inputs!$X$33*C124*Inputs!$X$38","v":0},{"$f":"params!$C$15*Inputs!$X$29*(E124-Inputs!$X$26)","v":-8585.5507499999985},{"$f":"Inputs!$X$40*Inputs!$X$41/8760","v":5342.4657534246571},{"$f":"-Inputs!$X$45*Inputs!$X$33","v":-30000},488.73621912146871,3.0146312662847319E-3,2.7734607649819529E-3,{"$f":"-L124/(1.202*2465560*MAX(0,(Inputs!$X$49-O124)))","v":1.2307631296121513},{"$f":"params!$C$15*P124*(E124-Inputs!$X$26)","v":-35823.613566432665},-151707.42697189059]
["2001-01-06","04:00:00",0,10,-1,-5,71,{"$f":"Inputs!$X$37*Inputs!$X$32*(E125-Inputs!$X$26)","v":-75785.737112293224},{"$f":"Inputs!$X$33*C125*Inputs!$X$38","v":0},{"$f":"params!$C$15*Inputs!$X$29*(E125-Inputs!$X$26)","v":-7873.3852499999985},{"$f":"Inputs!$X$40*Inputs!$X$41/8760","v":5342.4657534246571},{"$f":"-Inputs!$X$45*Inputs!$X$33","v":-30000},566.54310372490409,3.4972595900071069E-3,2.4830543089050458E-3,{"$f":"-L125/(1.202*2465560*MAX(0,(Inputs!$X$49-O125)))","v":1.1887887561902826},{"$f":"params!$C$15*P125*(E125-Inputs!$X$26)","v":-31731.67118786195},-140048.3277967305]
["2001-01-06","05:00:00",0,10,-1,-6,66,{"$f":"Inputs!$X$37*Inputs!$X$32*(E126-Inputs!$X$26)","v":-75785.737112293224},{"$f":"Inputs!$X$33*C126*Inputs!$X$38","v":0},{"$f":"params!$C$15*Inputs!$X$29*(E126-Inputs!$X$26)","v":-7873.3852499999985},{"$f":"Inputs!$X$40*Inputs!$X$41/8760","v":5342.4657534246571},{"$f":"-Inputs!$X$45*Inputs!$X$33","v":-30000},566.54310372490409,3.4972595900071069E-3,2.3081913294046904E-3,{"$f":"-L126/(1.202*2465560*MAX(0,(Inputs!$X$49-O126)))","v":1.1648678293502162},{"$f":"params!$C$15*P126*(E126-Inputs!$X$26)","v":-31093.163310793509},-139409.81991966208]
["2001-01-06","06:00:00",0,9,-2,-7,65,{"$f":"Inputs!$X$37*Inputs!$X$32*(E127-Inputs!$X$26)","v":-79213.232760587896},{"$f":"Inputs!$X$33*C127*Inputs!$X$38","v":0},{"$f":"params!$C$15*Inputs!$X$29*(E127-Inputs!$X$26)","v":-8229.4679999999971},{"$f":"Inputs!$X$40*Inputs!$X$41/8760","v":5342.4657534246571},{"$f":"-Inputs!$X$45*Inputs!$X$33","v":-30000},526.36516305985776,3.2479468065175691E-3,2.1111654242364202E-3,{"$f":"-L127/(1.202*2465560*MAX(0,(Inputs!$X$49-O127)))","v":1.1390429168295795},{"$f":"params!$C$15*P127*(E127-Inputs!$X$26)","v":-31778.88115463053},-143879.11616179376]
["2001-01-06","07:00:00",0,10,-1,-6,66,{"$f":"Inputs!$X$37*Inputs!$X$32*(E128-Inputs!$X$26)","v":-75785.737112293224},{"$f":"Inputs!$X$33*C128*Inputs!$X$38","v":0},{"$f":"params!$C$15*Inputs!$X$29*(E128-Inputs!$X$26)","v":-7873.3852499999985},{"$f":"Inputs!$X$40*Inputs!$X$41/8760","v":5342.4657534246571},{"$f":"-Inputs!$X$45*Inputs!$X$33","v":-30000},566.54310372490409,3.4972595900071069E-3,2.3081913294046904E-3,{"$f":"-L128/(1.202*2465560*MAX(0,(Inputs!$X$49-O128)))","v":1.1648678293502162},{"$f":"params!$C$15*P128*(E128-Inputs!$X$26)","v":-31093.163310793509},-139409.81991966208]
["2001-01-06","08:00:00",0,10,-2,-6,71,{"$f":"Inputs!$X$37*Inputs!$X$32*(E129-Inputs!$X$26)","v":-79213.232760587896},{"$f":"Inputs!$X$33*C129*Inputs!$X$38","v":0},{"$f":"params!$C$15*Inputs!$X$29*(E129-Inputs!$X$26)","v":-8229.4679999999971},{"$f":"Inputs!$X$40*Inputs!$X$41/8760","v":5342.4657534246571},{"$f":"-Inputs!$X$45*Inputs!$X$33","v":-30000},526.36516305985776,3.2479468065175691E-3,2.306042232627474E-3,{"$f":"-L129/(1.202*2465560*MAX(0,(Inputs!$X$49-O129)))","v":1.164579823921092},{"$f":"params!$C$15*P129*(E129-Inputs!$X$26)","v":-32491.351530880136},-144591.58653804337]
["2001-01-06","09:00:00",31,10,-2,-7,65,{"$f":"Inputs!$X$37*Inputs!$X$32*(E130-Inputs!$X$26)","v":-79213.232760587896},{"$f":"Inputs!$X$33*C130*Inputs!$X$38","v":6047.9937569096701},{"$f":"params!$C$15*Inputs!$X$29*(E130-Inputs!$X$26)","v":-8229.4679999999971},{"$f":"Inputs!$X$40*Inputs!$X$41/8760","v":5342.4657534246571},{"$f":"-Inputs!$X$45*Inputs!$X$33","v":-30000},526.36516305985776,3.2479468065175691E-3,2.1111654242364202E-3,{"$f":"-L130/(1.202*2465560*MAX(0,(Inputs!$X$49-O130)))","v":1.1390429168295795},{"$f":"params!$C$15*P130*(E130-Inputs!$X$26)","v":-31778.88115463053},-137831.12240488411]
["2001-01-06","10:00:00",94,10,-2,-8,60,{"$f":"Inputs!$X$37*Inputs!$X$32*(E131-Inputs!$X$26)","v":-79213.232760587896},{"$f":"Inputs!$X$33*C131*Inputs!$X$38","v":18339.077843532548},{"$f":"params!$C$15*Inputs!$X$29*(E131-Inputs!$X$26)","v":-8229.4679999999971},{"$f":"Inputs!$X$40*Inputs!$X$41/8760","v":5342.4657534246571},{"$f":"-Inputs!$X$45*Inputs!$X$33","v":-30000},{"$f":"EXP(77.345+0.0057*(E131+273.15)-7235/(E131+273.15))/(E131+273.15)^8.2","v":526.36516305985776},{"$f":"0.62198*M131/(101325-M131)","v":3.2479468065175691E-3},{"$f":"N131*G131/100","v":1.9487680839105415E-3},{"$f":"-L131/(1.202*2465560*MAX(0,(Inputs!$X$49-O131)))","v":1.1186023231410169},{"$f":"params!$C$15*P131*(E131-Inputs!$X$26)","v":-31208.596060046944},{"$f":"H131+I131+J131+K131+L131+Q131","v":-124969.75322367762}]
["2001-01-06","11:00:00",287,4,-2,-8,60,{"$f":"Inputs!$X$37*Inputs!$X$32*(E132-Inputs!$X$26)","v":-79213.232760587896},{"$f":"Inputs!$X$33*C132*Inputs!$X$38","v":55992.716394615323},{"$f":"params!$C$15*Inputs!$X$29*(E132-Inputs!$X$26)","v":-8229.4679999999971},{"$f":"Inputs!$X$40*Inputs!$X$41/8760","v":5342.4657534246571},{"$f":"-Inputs!$X$45*Inputs!$X$33","v":-30000},526.36516305985776,3.2479468065175691E-3,1.9487680839105415E-3,{"$f":"-L132/(1.202*2465560*MAX(0,(Inputs!$X$49-O132)))","v":1.1186023231410169},{"$f":"params!$C$15*P132*(E132-Inputs!$X$26)","v":-31208.596060046944},-87316.114672594849]
["2001-01-06","12:00:00",180,4,-1,-9,50,{"$f":"Inputs!$X$37*Inputs!$X$32*(E133-Inputs!$X$26)","v":-75785.737112293224},{"$f":"Inputs!$X$33*C133*Inputs!$X$38","v":35117.383104636792},{"$f":"params!$C$15*Inputs!$X$29*(E133-Inputs!$X$26)","v":-7873.3852499999985},{"$f":"Inputs!$X$40*Inputs!$X$41/8760","v":5342.4657534246571},{"$f":"-Inputs!$X$45*Inputs!$X$33","v":-30000},566.54310372490409,3.4972595900071069E-3,1.7486297950035535E-3,{"$f":"-L133/(1.202*2465560*MAX(0,(Inputs!$X$49-O133)))","v":1.0943987068543486},{"$f":"params!$C$15*P133*(E133-Inputs!$X$26)","v":-29212.170567303838},-102411.4440715356]
["2001-01-06","13:00:00",424,5,-1,-10,46,{"$f":"Inputs!$X$37*Inputs!$X$32*(E134-Inputs!$X$26)","v":-75785.737112293224},{"$f":"Inputs!$X$33*C134*Inputs!$X$38","v":82720.946868700004},{"$f":"params!$C$15*Inputs!$X$29*(E134-Inputs!$X$26)","v":-7873.3852499999985},{"$f":"Inputs!$X$40*Inputs!$X$41/8760","v":5342.4657534246571},{"$f":"-Inputs!$X$45*Inputs!$X$33","v":-30000},566.54310372490409,3.4972595900071069E-3,1.6087394114032692E-3,{"$f":"-L134/(1.202*2465560*MAX(0,(Inputs!$X$49-O134)))","v":1.0780937834599384},{"$f":"params!$C$15*P134*(E134-Inputs!$X$26)","v":-28776.952396539204},-54372.662136707761]
["2001-01-06","14:00:00",379,8,-2,-9,55,{"$f":"Inputs!$X$37*Inputs!$X$32*(E135-Inputs!$X$26)","v":-79213.232760587896},{"$f":"Inputs!$X$33*C135*Inputs!$X$38","v":73941.601092540805},{"$f":"params!$C$15*Inputs!$X$29*(E135-Inputs!$X$26)","v":-8229.4679999999971},{"$f":"Inputs!$X$40*Inputs!$X$41/8760","v":5342.4657534246571},{"$f":"-Inputs!$X$45*Inputs!$X$33","v":-30000},526.36516305985776,3.2479468065175691E-3,1.7863707435846628E-3,{"$f":"-L135/(1.202*2465560*MAX(0,(Inputs!$X$49-O135)))","v":1.0988824259807806},{"$f":"params!$C$15*P135*(E135-Inputs!$X$26)","v":-30658.418135249358},-68817.052049871796]
["2001-01-06","15:00:00",260,8,-2,-9,55,{"$f":"Inputs!$X$37*Inputs!$X$32*(E136-Inputs!$X$26)","v":-79213.232760587896},{"$f":"Inputs!$X$33*C136*Inputs!$X$38","v":50725.108928919813},{"$f":"params!$C$15*Inputs!$X$29*(E136-Inputs!$X$26)","v":-8229.4679999999971},{"$f":"Inputs!$X$40*Inputs!$X$41/8760","v":5342.4657534246571},{"$f":"-Inputs!$X$45*Inputs!$X$33","v":-30000},526.36516305985776,3.2479468065175691E-3,1.7863707435846628E-3,{"$f":"-L136/(1.202*2465560*MAX(0,(Inputs!$X$49-O136)))","v":1.0988824259807806},{"$f":"params!$C$15*P136*(E136-Inputs!$X$26)","v":-30658.418135249358},-92033.544213492773]
["2001-01-06","16:00:00",156,8,-2,-9,55,{"$f":"Inputs!$X$37*Inputs!$X$32*(E137-Inputs!$X$26)","v":-79213.232760587896},{"$f":"Inputs!$X$33*C137*Inputs!$X$38","v":30435.065357351883},{"$f":"params!$C$15*Inputs!$X$29*(E137-Inputs!$X$26)","v":-8229.4679999999971},{"$f":"Inputs!$X$40*Inputs!$X$41/8760","v":5342.4657534246571},{"$f":"-Inputs!$X$45*Inputs!$X$33","v":-30000},526.36516305985776,3.2479468065175691E-3,1.7863707435846628E-3,{"$f":"-L137/(1.202*2465560*MAX(0,(Inputs!$X$49-O137)))","v":1.0988824259807806},{"$f":"params!$C$15*P137*(E137-Inputs!$X$26)","v":-30658.418135249358},-112323.58778506071]
["2001-01-06","17:00:00",11,10,-2,-8,60,{"$f":"Inputs!$X$37*Inputs!$X$32*(E138-Inputs!$X$26)","v":-79213.232760587896},{"$f":"Inputs!$X$33*C138*Inputs!$X$38","v":2146.0623008389152},{"$f":"params!$C$15*Inputs!$X$29*(E138-Inputs!$X$26)","v":-8229.4679999999971},{"$f":"Inputs!$X$40*Inputs!$X$41/8760","v":5342.4657534246571},{"$f":"-Inputs!$X$45*Inputs!$X$33","v":-30000},526.36516305985776,3.2479468065175691E-3,1.9487680839105415E-3,{"$f":"-L138/(1.202*2465560*MAX(0,(Inputs!$X$49-O138)))","v":1.1186023231410169},{"$f":"params!$C$15*P138*(E138-Inputs!$X$26)","v":-31208.596060046944},-141162.76876637127]
["2001-01-06","18:00:00",0,10,-3,-8,65,{"$f":"Inputs!$X$37*Inputs!$X$32*(E139-Inputs!$X$26)","v":-82640.728408882569},{"$f":"Inputs!$X$33*C139*Inputs!$X$38","v":0},{"$f":"params!$C$15*Inputs!$X$29*(E139-Inputs!$X$26)","v":-8585.5507499999985},{"$f":"Inputs!$X$40*Inputs!$X$41/8760","v":5342.4657534246571},{"$f":"-Inputs!$X$45*Inputs!$X$33","v":-30000},488.73621912146871,3.0146312662847319E-3,1.9595103230850759E-3,{"$f":"-L139/(1.202*2465560*MAX(0,(Inputs!$X$49-O139)))","v":1.1199317390634185},{"$f":"params!$C$15*P139*(E139-Inputs!$X$26)","v":-32597.663088618661},-148481.47649407657]
["2001-01-06","19:00:00",0,10,-3,-7,71,{"$f":"Inputs!$X$37*Inputs!$X$32*(E140-Inputs!$X$26)","v":-82640.728408882569},{"$f":"Inputs!$X$33*C140*Inputs!$X$38","v":0},{"$f":"params!$C$15*Inputs!$X$29*(E140-Inputs!$X$26)","v":-8585.5507499999985},{"$f":"Inputs!$X$40*Inputs!$X$41/8760","v":5342.4657534246571},{"$f":"-Inputs!$X$45*Inputs!$X$33","v":-30000},488.73621912146871,3.0146312662847319E-3,2.1403881990621596E-3,{"$f":"-L140/(1.202*2465560*MAX(0,(Inputs!$X$49-O140)))","v":1.1428006922620131},{"$f":"params!$C$15*P140*(E140-Inputs!$X$26)","v":-33263.305828756209},-149147.11923421413]
["2001-01-06","20:00:00",0,10,-3,-7,71,{"$f":"Inputs!$X$37*Inputs!$X$32*(E141-Inputs!$X$26)","v":-82640.728408882569},{"$f":"Inputs!$X$33*C141*Inputs!$X$38","v":0},{"$f":"params!$C$15*Inputs!$X$29*(E141-Inputs!$X$26)","v":-8585.5507499999985},{"$f":"Inputs!$X$40*Inputs!$X$41/8760","v":5342.4657534246571},{"$f":"-Inputs!$X$45*Inputs!$X$33","v":-30000},488.73621912146871,3.0146312662847319E-3,2.1403881990621596E-3,{"$f":"-L141/(1.202*2465560*MAX(0,(Inputs!$X$49-O141)))","v":1.1428006922620131},{"$f":"params!$C$15*P141*(E141-Inputs!$X$26)","v":-33263.305828756209},-149147.11923421413]
["2001-01-06","21:00:00",0,10,-3,-6,77,{"$f":"Inputs!$X$37*Inputs!$X$32*(E142-Inputs!$X$26)","v":-82640.728408882569},{"$f":"Inputs!$X$33*C142*Inputs!$X$38","v":0},{"$f":"params!$C$15*Inputs!$X$29*(E142-Inputs!$X$26)","v":-8585.5507499999985},{"$f":"Inputs!$X$40*Inputs!$X$41/8760","v":5342.4657534246571},{"$f":"-Inputs!$X$45*Inputs!$X$33","v":-30000},488.73621912146871,3.0146312662847319E-3,2.3212660750392437E-3,{"$f":"-L142/(1.202*2465560*MAX(0,(Inputs!$X$49-O142)))","v":1.1666230804456208},{"$f":"params!$C$15*P142*(E142-Inputs!$X$26)","v":-33956.700039214913},-149840.51344467283]
["2001-01-06","22:00:00",0,10,-3,-6,77,{"$f":"Inputs!$X$37*Inputs!$X$32*(E143-Inputs!$X$26)","v":-82640.728408882569},{"$f":"Inputs!$X$33*C143*Inputs!$X$38","v":0},{"$f":"params!$C$15*Inputs!$X$29*(E143-Inputs!$X$26)","v":-8585.5507499999985},{"$f":"Inputs!$X$40*Inputs!$X$41/8760","v":5342.4657534246571},{"$f":"-Inputs!$X$45*Inputs!$X$33","v":-30000},488.73621912146871,3.0146312662847319E-3,2.3212660750392437E-3,{"$f":"-L143/(1.202*2465560*MAX(0,(Inputs!$X$49-O143)))","v":1.1666230804456208},{"$f":"params!$C$15*P143*(E143-Inputs!$X$26)","v":-33956.700039214913},-149840.51344467283]
["2001-01-06","23:00:00",0,10,-4,-6,84,{"$f":"Inputs!$X$37*Inputs!$X$32*(E144-Inputs!$X$26)","v":-86068.224057177227},{"$f":"Inputs!$X$33*C144*Inputs!$X$38","v":0},{"$f":"params!$C$15*Inputs!$X$29*(E144-Inputs!$X$26)","v":-8941.6334999999981},{"$f":"Inputs!$X$40*Inputs!$X$41/8760","v":5342.4657534246571},{"$f":"-Inputs!$X$45*Inputs!$X$33","v":-30000},453.51532044328405,2.7964043545646504E-3,2.3489796578343063E-3,{"$f":"-L144/(1.202*2465560*MAX(0,(Inputs!$X$49-O144)))","v":1.170361102910803},{"$f":"params!$C$15*P144*(E144-Inputs!$X$26)","v":-35478.356947494853},-155145.74875124742]
["2001-01-06",1,0,10,-4,-7,77,{"$f":"Inputs!$X$37*Inputs!$X$32*(E145-Inputs!$X$26)","v":-86068.224057177227},{"$f":"Inputs!$X$33*C145*Inputs!$X$38","v":0},{"$f":"params!$C$15*Inputs!$X$29*(E145-Inputs!$X$26)","v":-8941.6334999999981},{"$f":"Inputs!$X$40*Inputs!$X$41/8760","v":5342.4657534246571},{"$f":"-Inputs!$X$45*Inputs!$X$33","v":-30000},453.51532044328405,2.7964043545646504E-3,2.1532313530147808E-3,{"$f":"-L145/(1.202*2465560*MAX(0,(Inputs!$X$49-O145)))","v":1.1444600560619673},{"$f":"params!$C$15*P145*(E145-Inputs!$X$26)","v":-34693.191938907912},-154360.58374266047]
["2001-01-07","01:00:00",0,10,-3,-6,77,{"$f":"Inputs!$X$37*Inputs!$X$32*(E146-Inputs!$X$26)","v":-82640.728408882569},{"$f":"Inputs!$X$33*C146*Inputs!$X$38","v":0},{"$f":"params!$C$15*Inputs!$X$29*(E146-Inputs!$X$26)","v":-8585.5507499999985},{"$f":"Inputs!$X$40*Inputs!$X$41/8760","v":5342.4657534246571},{"$f":"-Inputs!$X$45*Inputs!$X$33","v":-30000},488.73621912146871,3.0146312662847319E-3,2.3212660750392437E-3,{"$f":"-L146/(1.202*2465560*MAX(0,(Inputs!$X$49-O146)))","v":1.1666230804456208},{"$f":"params!$C$15*P146*(E146-Inputs!$X$26)","v":-33956.700039214913},-149840.51344467283]
["2001-01-07","02:00:00",0,5,-6,-7,92,{"$f":"Inputs!$X$37*Inputs!$X$32*(E147-Inputs!$X$26)","v":-92923.215353766573},{"$f":"Inputs!$X$33*C147*Inputs!$X$38","v":0},{"$f":"params!$C$15*Inputs!$X$29*(E147-Inputs!$X$26)","v":-9653.7989999999972},{"$f":"Inputs!$X$40*Inputs!$X$41/8760","v":5342.4657534246571},{"$f":"-Inputs!$X$45*Inputs!$X$33","v":-30000},389.76616195693094,2.4018050803048703E-3,2.2096606738804809E-3,{"$f":"-L147/(1.202*2465560*MAX(0,(Inputs!$X$49-O147)))","v":1.151808315161466},{"$f":"params!$C$15*P147*(E147-Inputs!$X$26)","v":-37696.863409763311},-164931.41201010524]
["2001-01-07","03:00:00",0,10,-6,-7,92,{"$f":"Inputs!$X$37*Inputs!$X$32*(E148-Inputs!$X$26)","v":-92923.215353766573},{"$f":"Inputs!$X$33*C148*Inputs!$X$38","v":0},{"$f":"params!$C$15*Inputs!$X$29*(E148-Inputs!$X$26)","v":-9653.7989999999972},{"$f":"Inputs!$X$40*Inputs!$X$41/8760","v":5342.4657534246571},{"$f":"-Inputs!$X$45*Inputs!$X$33","v":-30000},389.76616195693094,2.4018050803048703E-3,2.2096606738804809E-3,{"$f":"-L148/(1.202*2465560*MAX(0,(Inputs!$X$49-O148)))","v":1.151808315161466},{"$f":"params!$C$15*P148*(E148-Inputs!$X$26)","v":-37696.863409763311},-164931.41201010524]
["2001-01-07","04:00:00",0,10,-5,-7,84,{"$f":"Inputs!$X$37*Inputs!$X$32*(E149-Inputs!$X$26)","v":-89495.7197054719},{"$f":"Inputs!$X$33*C149*Inputs!$X$38","v":0},{"$f":"params!$C$15*Inputs!$X$29*(E149-Inputs!$X$26)","v":-9297.7162499999977},{"$f":"Inputs!$X$40*Inputs!$X$41/8760","v":5342.4657534246571},{"$f":"-Inputs!$X$45*Inputs!$X$33","v":-30000},420.56802345265027,2.5924024753231664E-3,2.1776180792714597E-3,{"$f":"-L149/(1.202*2465560*MAX(0,(Inputs!$X$49-O149)))","v":1.1476241736815775},{"$f":"params!$C$15*P149*(E149-Inputs!$X$26)","v":-36174.51608168926},-159625.48628373651]
["2001-01-07","05:00:00",0,3,-8,-9,92,{"$f":"Inputs!$X$37*Inputs!$X$32*(E150-Inputs!$X$26)","v":-99778.206650355904},{"$f":"Inputs!$X$33*C150*Inputs!$X$38","v":0},{"$f":"params!$C$15*Inputs!$X$29*(E150-Inputs!$X$26)","v":-10365.964499999998},{"$f":"Inputs!$X$40*Inputs!$X$41/8760","v":5342.4657534246571},{"$f":"-Inputs!$X$45*Inputs!$X$33","v":-30000},334.1161188582924,2.0577455669371189E-3,1.8931259215821494E-3,{"$f":"-L150/(1.202*2465560*MAX(0,(Inputs!$X$49-O150)))","v":1.1117664801301264},{"$f":"params!$C$15*P150*(E150-Inputs!$X$26)","v":-39070.597004560834},-173872.30240149211]
["2001-01-07","06:00:00",0,10,-6,-7,92,{"$f":"Inputs!$X$37*Inputs!$X$32*(E151-Inputs!$X$26)","v":-92923.215353766573},{"$f":"Inputs!$X$33*C151*Inputs!$X$38","v":0},{"$f":"params!$C$15*Inputs!$X$29*(E151-Inputs!$X$26)","v":-9653.7989999999972},{"$f":"Inputs!$X$40*Inputs!$X$41/8760","v":5342.4657534246571},{"$f":"-Inputs!$X$45*Inputs!$X$33","v":-30000},389.76616195693094,2.4018050803048703E-3,2.2096606738804809E-3,{"$f":"-L151/(1.202*2465560*MAX(0,(Inputs!$X$49-O151)))","v":1.151808315161466},{"$f":"params!$C$15*P151*(E151-Inputs!$X$26)","v":-37696.863409763311},-164931.41201010524]
["2001-01-07","07:00:00",0,10,-4,-6,84,{"$f":"Inputs!$X$37*Inputs!$X$32*(E152-Inputs!$X$26)","v":-86068.224057177227},{"$f":"Inputs!$X$33*C152*Inputs!$X$38","v":0},{"$f":"params!$C$15*Inputs!$X$29*(E152-Inputs!$X$26)","v":-8941.6334999999981},{"$f":"Inputs!$X$40*Inputs!$X$41/8760","v":5342.4657534246571},{"$f":"-Inputs!$X$45*Inputs!$X$33","v":-30000},453.51532044328405,2.7964043545646504E-3,2.3489796578343063E-3,{"$f":"-L152/(1.202*2465560*MAX(0,(Inputs!$X$49-O152)))","v":1.170361102910803},{"$f":"params!$C$15*P152*(E152-Inputs!$X$26)","v":-35478.356947494853},-155145.74875124742]
["2001-01-07","08:00:00",0,10,-4,-6,84,{"$f":"Inputs!$X$37*Inputs!$X$32*(E153-Inputs!$X$26)","v":-86068.224057177227},{"$f":"Inputs!$X$33*C153*Inputs!$X$38","v":0},{"$f":"params!$C$15*Inputs!$X$29*(E153-Inputs!$X$26)","v":-8941.6334999999981},{"$f":"Inputs!$X$40*Inputs!$X$41/8760","v":5342.4657534246571},{"$f":"-Inputs!$X$45*Inputs!$X$33","v":-30000},453.51532044328405,2.7964043545646504E-3,2.3489796578343063E-3,{"$f":"-L153/(1.202*2465560*MAX(0,(Inputs!$X$49-O153)))","v":1.170361102910803},{"$f":"params!$C$15*P153*(E153-Inputs!$X$26)","v":-35478.356947494853},-155145.74875124742]
["2001-01-07","09:00:00",21,10,-4,-6,84,{"$f":"Inputs!$X$37*Inputs!$X$32*(E154-Inputs!$X$26)","v":-86068.224057177227},{"$f":"Inputs!$X$33*C154*Inputs!$X$38","v":4097.0280288742924},{"$f":"params!$C$15*Inputs!$X$29*(E154-Inputs!$X$26)","v":-8941.6334999999981},{"$f":"Inputs!$X$40*Inputs!$X$41/8760","v":5342.4657534246571},{"$f":"-Inputs!$X$45*Inputs!$X$33","v":-30000},453.51532044328405,2.7964043545646504E-3,2.3489796578343063E-3,{"$f":"-L154/(1.202*2465560*MAX(0,(Inputs!$X$49-O154)))","v":1.170361102910803},{"$f":"params!$C$15*P154*(E154-Inputs!$X$26)","v":-35478.356947494853},-151048.72072237314]
["2001-01-07","10:00:00",58,10,-3,-5,84,{"$f":"Inputs!$X$37*Inputs!$X$32*(E155-Inputs!$X$26)","v":-82640.728408882569},{"$f":"Inputs!$X$33*C155*Inputs!$X$38","v":11315.601222605188},{"$f":"params!$C$15*Inputs!$X$29*(E155-Inputs!$X$26)","v":-8585.5507499999985},{"$f":"Inputs!$X$40*Inputs!$X$41/8760","v":5342.4657534246571},{"$f":"-Inputs!$X$45*Inputs!$X$33","v":-30000},488.73621912146871,3.0146312662847319E-3,2.5322902636791748E-3,{"$f":"-L155/(1.202*2465560*MAX(0,(Inputs!$X$49-O155)))","v":1.1957024310865629},{"$f":"params!$C$15*P155*(E155-Inputs!$X$26)","v":-34803.107763869608},-139371.31994672233]
["2001-01-07","11:00:00",78,10,-1,-4,78,{"$f":"Inputs!$X$37*Inputs!$X$32*(E156-Inputs!$X$26)","v":-75785.737112293224},{"$f":"Inputs!$X$33*C156*Inputs!$X$38","v":15217.532678675941},{"$f":"params!$C$15*Inputs!$X$29*(E156-Inputs!$X$26)","v":-7873.3852499999985},{"$f":"Inputs!$X$40*Inputs!$X$41/8760","v":5342.4657534246571},{"$f":"-Inputs!$X$45*Inputs!$X$33","v":-30000},566.54310372490409,3.4972595900071069E-3,2.7278624802055435E-3,{"$f":"-L156/(1.202*2465560*MAX(0,(Inputs!$X$49-O156)))","v":1.2239774214274959},{"$f":"params!$C$15*P156*(E156-Inputs!$X$26)","v":-32670.942483146875},-125770.06641333949]
["2001-01-07","12:00:00",118,10,1,-3,72,{"$f":"Inputs!$X$37*Inputs!$X$32*(E157-Inputs!$X$26)","v":-68930.745815703893},{"$f":"Inputs!$X$33*C157*Inputs!$X$38","v":23021.395590817454},{"$f":"params!$C$15*Inputs!$X$29*(E157-Inputs!$X$26)","v":-7161.2197499999984},{"$f":"Inputs!$X$40*Inputs!$X$41/8760","v":5342.4657534246571},{"$f":"-Inputs!$X$45*Inputs!$X$33","v":-30000},655.14373774848059,4.0477489204243187E-3,2.9143792227055093E-3,{"$f":"-L157/(1.202*2465560*MAX(0,(Inputs!$X$49-O157)))","v":1.2522177584635092},{"$f":"params!$C$15*P157*(E157-Inputs!$X$26)","v":-30401.402097742503},-108129.50631920429]
["2001-01-07","13:00:00",78,10,2,-3,67,{"$f":"Inputs!$X$37*Inputs!$X$32*(E158-Inputs!$X$26)","v":-65503.25016740922},{"$f":"Inputs!$X$33*C158*Inputs!$X$38","v":15217.532678675941},{"$f":"params!$C$15*Inputs!$X$29*(E158-Inputs!$X$26)","v":-6805.1369999999979},{"$f":"Inputs!$X$40*Inputs!$X$41/8760","v":5342.4657534246571},{"$f":"-Inputs!$X$45*Inputs!$X$33","v":-30000},703.88301618186097,4.3509868656616182E-3,2.915161199993284E-3,{"$f":"-L158/(1.202*2465560*MAX(0,(Inputs!$X$49-O158)))","v":1.2523389004406291},{"$f":"params!$C$15*P158*(E158-Inputs!$X$26)","v":-28892.525018816184},-110640.91375412481]
["2001-01-07","14:00:00",92,10,1,-3,72,{"$f":"Inputs!$X$37*Inputs!$X$32*(E159-Inputs!$X$26)","v":-68930.745815703893},{"$f":"Inputs!$X$33*C159*Inputs!$X$38","v":17948.88469792547},{"$f":"params!$C$15*Inputs!$X$29*(E159-Inputs!$X$26)","v":-7161.2197499999984},{"$f":"Inputs!$X$40*Inputs!$X$41/8760","v":5342.4657534246571},{"$f":"-Inputs!$X$45*Inputs!$X$33","v":-30000},655.14373774848059,4.0477489204243187E-3,2.9143792227055093E-3,{"$f":"-L159/(1.202*2465560*MAX(0,(Inputs!$X$49-O159)))","v":1.2522177584635092},{"$f":"params!$C$15*P159*(E159-Inputs!$X$26)","v":-30401.402097742503},-113202.01721209625]
["2001-01-07","15:00:00",65,10,1,-3,72,{"$f":"Inputs!$X$37*Inputs!$X$32*(E160-Inputs!$X$26)","v":-68930.745815703893},{"$f":"Inputs!$X$33*C160*Inputs!$X$38","v":12681.277232229953},{"$f":"params!$C$15*Inputs!$X$29*(E160-Inputs!$X$26)","v":-7161.2197499999984},{"$f":"Inputs!$X$40*Inputs!$X$41/8760","v":5342.4657534246571},{"$f":"-Inputs!$X$45*Inputs!$X$33","v":-30000},655.14373774848059,4.0477489204243187E-3,2.9143792227055093E-3,{"$f":"-L160/(1.202*2465560*MAX(0,(Inputs!$X$49-O160)))","v":1.2522177584635092},{"$f":"params!$C$15*P160*(E160-Inputs!$X$26)","v":-30401.402097742503},-118469.62467779178]
["2001-01-07","16:00:00",90,10,1,-3,72,{"$f":"Inputs!$X$37*Inputs!$X$32*(E161-Inputs!$X$26)","v":-68930.745815703893},{"$f":"Inputs!$X$33*C161*Inputs!$X$38","v":17558.691552318396},{"$f":"params!$C$15*Inputs!$X$29*(E161-Inputs!$X$26)","v":-7161.2197499999984},{"$f":"Inputs!$X$40*Inputs!$X$41/8760","v":5342.4657534246571},{"$f":"-Inputs!$X$45*Inputs!$X$33","v":-30000},655.14373774848059,4.0477489204243187E-3,2.9143792227055093E-3,{"$f":"-L161/(1.202*2465560*MAX(0,(Inputs!$X$49-O161)))","v":1.2522177584635092},{"$f":"params!$C$15*P161*(E161-Inputs!$X$26)","v":-30401.402097742503},-113592.21035770333]
["2001-01-07","17:00:00",9,10,1,-3,72,{"$f":"Inputs!$X$37*Inputs!$X$32*(E162-Inputs!$X$26)","v":-68930.745815703893},{"$f":"Inputs!$X$33*C162*Inputs!$X$38","v":1755.8691552318396},{"$f":"params!$C$15*Inputs!$X$29*(E162-Inputs!$X$26)","v":-7161.2197499999984},{"$f":"Inputs!$X$40*Inputs!$X$41/8760","v":5342.4657534246571},{"$f":"-Inputs!$X$45*Inputs!$X$33","v":-30000},655.14373774848059,4.0477489204243187E-3,2.9143792227055093E-3,{"$f":"-L162/(1.202*2465560*MAX(0,(Inputs!$X$49-O162)))","v":1.2522177584635092},{"$f":"params!$C$15*P162*(E162-Inputs!$X$26)","v":-30401.402097742503},-129395.03275478992]
["2001-01-07","18:00:00",0,10,1,-3,72,{"$f":"Inputs!$X$37*Inputs!$X$32*(E163-Inputs!$X$26)","v":-68930.745815703893},{"$f":"Inputs!$X$33*C163*Inputs!$X$38","v":0},{"$f":"params!$C$15*Inputs!$X$29*(E163-Inputs!$X$26)","v":-7161.2197499999984},{"$f":"Inputs!$X$40*Inputs!$X$41/8760","v":5342.4657534246571},{"$f":"-Inputs!$X$45*Inputs!$X$33","v":-30000},655.14373774848059,4.0477489204243187E-3,2.9143792227055093E-3,{"$f":"-L163/(1.202*2465560*MAX(0,(Inputs!$X$49-O163)))","v":1.2522177584635092},{"$f":"params!$C$15*P163*(E163-Inputs!$X$26)","v":-30401.402097742503},-131150.90191002176]
["2001-01-07","19:00:00",0,10,-1,-2,92,{"$f":"Inputs!$X$37*Inputs!$X$32*(E164-Inputs!$X$26)","v":-75785.737112293224},{"$f":"Inputs!$X$33*C164*Inputs!$X$38","v":0},{"$f":"params!$C$15*Inputs!$X$29*(E164-Inputs!$X$26)","v":-7873.3852499999985},{"$f":"Inputs!$X$40*Inputs!$X$41/8760","v":5342.4657534246571},{"$f":"-Inputs!$X$45*Inputs!$X$33","v":-30000},566.54310372490409,3.4972595900071069E-3,3.2174788228065384E-3,{"$f":"-L164/(1.202*2465560*MAX(0,(Inputs!$X$49-O164)))","v":1.3009976140868336},{"$f":"params!$C$15*P164*(E164-Inputs!$X$26)","v":-34726.799266419381},-143043.45587528794]
["2001-01-07","20:00:00",0,10,-1,-3,85,{"$f":"Inputs!$X$37*Inputs!$X$32*(E165-Inputs!$X$26)","v":-75785.737112293224},{"$f":"Inputs!$X$33*C165*Inputs!$X$38","v":0},{"$f":"params!$C$15*Inputs!$X$29*(E165-Inputs!$X$26)","v":-7873.3852499999985},{"$f":"Inputs!$X$40*Inputs!$X$41/8760","v":5342.4657534246571},{"$f":"-Inputs!$X$45*Inputs!$X$33","v":-30000},566.54310372490409,3.4972595900071069E-3,2.9726706515060407E-3,{"$f":"-L165/(1.202*2465560*MAX(0,(Inputs!$X$49-O165)))","v":1.2613128308802957},{"$f":"params!$C$15*P165*(E165-Inputs!$X$26)","v":-33667.515617146812},-141984.17222601536]
["2001-01-07","21:00:00",0,10,-1,-3,85,{"$f":"Inputs!$X$37*Inputs!$X$32*(E166-Inputs!$X$26)","v":-75785.737112293224},{"$f":"Inputs!$X$33*C166*Inputs!$X$38","v":0},{"$f":"params!$C$15*Inputs!$X$29*(E166-Inputs!$X$26)","v":-7873.3852499999985},{"$f":"Inputs!$X$40*Inputs!$X$41/8760","v":5342.4657534246571},{"$f":"-Inputs!$X$45*Inputs!$X$33","v":-30000},566.54310372490409,3.4972595900071069E-3,2.9726706515060407E-3,{"$f":"-L166/(1.202*2465560*MAX(0,(Inputs!$X$49-O166)))","v":1.2613128308802957},{"$f":"params!$C$15*P166*(E166-Inputs!$X$26)","v":-33667.515617146812},-141984.17222601536]
["2001-01-07","22:00:00",0,10,-1,-3,85,{"$f":"Inputs!$X$37*Inputs!$X$32*(E167-Inputs!$X$26)","v":-75785.737112293224},{"$f":"Inputs!$X$33*C167*Inputs!$X$38","v":0},{"$f":"params!$C$15*Inputs!$X$29*(E167-Inputs!$X$26)","v":-7873.3852499999985},{"$f":"Inputs!$X$40*Inputs!$X$41/8760","v":5342.4657534246571},{"$f":"-Inputs!$X$45*Inputs!$X$33","v":-30000},566.54310372490409,3.4972595900071069E-3,2.9726706515060407E-3,{"$f":"-L167/(1.202*2465560*MAX(0,(Inputs!$X$49-O167)))","v":1.2613128308802957},{"$f":"params!$C$15*P167*(E167-Inputs!$X$26)","v":-33667.515617146812},-141984.17222601536]
["2001-01-07","23:00:00",0,10,-1,-3,85,{"$f":"Inputs!$X$37*Inputs!$X$32*(E168-Inputs!$X$26)","v":-75785.737112293224},{"$f":"Inputs!$X$33*C168*Inputs!$X$38","v":0},{"$f":"params!$C$15*Inputs!$X$29*(E168-Inputs!$X$26)","v":-7873.3852499999985},{"$f":"Inputs!$X$40*Inputs!$X$41/8760","v":5342.4657534246571},{"$f":"-Inputs!$X$45*Inputs!$X$33","v":-30000},566.54310372490409,3.4972595900071069E-3,2.9726706515060407E-3,{"$f":"-L168/(1.202*2465560*MAX(0,(Inputs!$X$49-O168)))","v":1.2613128308802957},{"$f":"params!$C$15*P168*(E168-Inputs!$X$26)","v":-33667.515617146812},-141984.17222601536]
["2001-01-07",1,0,10,-1,-3,85,{"$f":"Inputs!$X$37*Inputs!$X$32*(E169-Inputs!$X$26)","v":-75785.737112293224},{"$f":"Inputs!$X$33*C169*Inputs!$X$38","v":0},{"$f":"params!$C$15*Inputs!$X$29*(E169-Inputs!$X$26)","v":-7873.3852499999985},{"$f":"Inputs!$X$40*Inputs!$X$41/8760","v":5342.4657534246571},{"$f":"-Inputs!$X$45*Inputs!$X$33","v":-30000},566.54310372490409,3.4972595900071069E-3,2.9726706515060407E-3,{"$f":"-L169/(1.202*2465560*MAX(0,(Inputs!$X$49-O169)))","v":1.2613128308802957},{"$f":"params!$C$15*P169*(E169-Inputs!$X$26)","v":-33667.515617146812},-141984.17222601536]
["2001-01-08","01:00:00",0,10,-1,-3,85,{"$f":"Inputs!$X$37*Inputs!$X$32*(E170-Inputs!$X$26)","v":-75785.737112293224},{"$f":"Inputs!$X$33*C170*Inputs!$X$38","v":0},{"$f":"params!$C$15*Inputs!$X$29*(E170-Inputs!$X$26)","v":-7873.3852499999985},{"$f":"Inputs!$X$40*Inputs!$X$41/8760","v":5342.4657534246571},{"$f":"-Inputs!$X$45*Inputs!$X$33","v":-30000},566.54310372490409,3.4972595900071069E-3,2.9726706515060407E-3,{"$f":"-L170/(1.202*2465560*MAX(0,(Inputs!$X$49-O170)))","v":1.2613128308802957},{"$f":"params!$C$15*P170*(E170-Inputs!$X$26)","v":-33667.515617146812},-141984.17222601536]
["2001-01-08","02:00:00",0,10,-1,-3,85,{"$f":"Inputs!$X$37*Inputs!$X$32*(E171-Inputs!$X$26)","v":-75785.737112293224},{"$f":"Inputs!$X$33*C171*Inputs!$X$38","v":0},{"$f":"params!$C$15*Inputs!$X$29*(E171-Inputs!$X$26)","v":-7873.3852499999985},{"$f":"Inputs!$X$40*Inputs!$X$41/8760","v":5342.4657534246571},{"$f":"-Inputs!$X$45*Inputs!$X$33","v":-30000},566.54310372490409,3.4972595900071069E-3,2.9726706515060407E-3,{"$f":"-L171/(1.202*2465560*MAX(0,(Inputs!$X$49-O171)))","v":1.2613128308802957},{"$f":"params!$C$15*P171*(E171-Inputs!$X$26)","v":-33667.515617146812},-141984.17222601536]
["2001-01-08","03:00:00",0,10,-2,-3,92,{"$f":"Inputs!$X$37*Inputs!$X$32*(E172-Inputs!$X$26)","v":-79213.232760587896},{"$f":"Inputs!$X$33*C172*Inputs!$X$38","v":0},{"$f":"params!$C$15*Inputs!$X$29*(E172-Inputs!$X$26)","v":-8229.4679999999971},{"$f":"Inputs!$X$40*Inputs!$X$41/8760","v":5342.4657534246571},{"$f":"-Inputs!$X$45*Inputs!$X$33","v":-30000},526.36516305985776,3.2479468065175691E-3,2.9881110619961637E-3,{"$f":"-L172/(1.202*2465560*MAX(0,(Inputs!$X$49-O172)))","v":1.2637441367468178},{"$f":"params!$C$15*P172*(E172-Inputs!$X$26)","v":-35257.999622455805},-147358.23462961905]
["2001-01-08","04:00:00",0,10,-2,-3,92,{"$f":"Inputs!$X$37*Inputs!$X$32*(E173-Inputs!$X$26)","v":-79213.232760587896},{"$f":"Inputs!$X$33*C173*Inputs!$X$38","v":0},{"$f":"params!$C$15*Inputs!$X$29*(E173-Inputs!$X$26)","v":-8229.4679999999971},{"$f":"Inputs!$X$40*Inputs!$X$41/8760","v":5342.4657534246571},{"$f":"-Inputs!$X$45*Inputs!$X$33","v":-30000},526.36516305985776,3.2479468065175691E-3,2.9881110619961637E-3,{"$f":"-L173/(1.202*2465560*MAX(0,(Inputs!$X$49-O173)))","v":1.2637441367468178},{"$f":"params!$C$15*P173*(E173-Inputs!$X$26)","v":-35257.999622455805},-147358.23462961905]
["2001-01-08","05:00:00",0,10,-1,-3,85,{"$f":"Inputs!$X$37*Inputs!$X$32*(E174-Inputs!$X$26)","v":-75785.737112293224},{"$f":"Inputs!$X$33*C174*Inputs!$X$38","v":0},{"$f":"params!$C$15*Inputs!$X$29*(E174-Inputs!$X$26)","v":-7873.3852499999985},{"$f":"Inputs!$X$40*Inputs!$X$41/8760","v":5342.4657534246571},{"$f":"-Inputs!$X$45*Inputs!$X$33","v":-30000},566.54310372490409,3.4972595900071069E-3,2.9726706515060407E-3,{"$f":"-L174/(1.202*2465560*MAX(0,(Inputs!$X$49-O174)))","v":1.2613128308802957},{"$f":"params!$C$15*P174*(E174-Inputs!$X$26)","v":-33667.515617146812},-141984.17222601536]
["2001-01-08","06:00:00",0,10,-2,-3,92,{"$f":"Inputs!$X$37*Inputs!$X$32*(E175-Inputs!$X$26)","v":-79213.232760587896},{"$f":"Inputs!$X$33*C175*Inputs!$X$38","v":0},{"$f":"params!$C$15*Inputs!$X$29*(E175-Inputs!$X$26)","v":-8229.4679999999971},{"$f":"Inputs!$X$40*Inputs!$X$41/8760","v":5342.4657534246571},{"$f":"-Inputs!$X$45*Inputs!$X$33","v":-30000},526.36516305985776,3.2479468065175691E-3,2.9881110619961637E-3,{"$f":"-L175/(1.202*2465560*MAX(0,(Inputs!$X$49-O175)))","v":1.2637441367468178},{"$f":"params!$C$15*P175*(E175-Inputs!$X$26)","v":-35257.999622455805},-147358.23462961905]
["2001-01-08","07:00:00",0,10,-2,-3,92,{"$f":"Inputs!$X$37*Inputs!$X$32*(E176-Inputs!$X$26)","v":-79213.232760587896},{"$f":"Inputs!$X$33*C176*Inputs!$X$38","v":0},{"$f":"params!$C$15*Inputs!$X$29*(E176-Inputs!$X$26)","v":-8229.4679999999971},{"$f":"Inputs!$X$40*Inputs!$X$41/8760","v":5342.4657534246571},{"$f":"-Inputs!$X$45*Inputs!$X$33","v":-30000},526.36516305985776,3.2479468065175691E-3,2.9881110619961637E-3,{"$f":"-L176/(1.202*2465560*MAX(0,(Inputs!$X$49-O176)))","v":1.2637441367468178},{"$f":"params!$C$15*P176*(E176-Inputs!$X$26)","v":-35257.999622455805},-147358.23462961905]
["2001-01-08","08:00:00",0,10,-2,-3,92,{"$f":"Inputs!$X$37*Inputs!$X$32*(E177-Inputs!$X$26)","v":-79213.232760587896},{"$f":"Inputs!$X$33*C177*Inputs!$X$38","v":0},{"$f":"params!$C$15*Inputs!$X$29*(E177-Inputs!$X$26)","v":-8229.4679999999971},{"$f":"Inputs!$X$40*Inputs!$X$41/8760","v":5342.4657534246571},{"$f":"-Inputs!$X$45*Inputs!$X$33","v":-30000},526.36516305985776,3.2479468065175691E-3,2.9881110619961637E-3,{"$f":"-L177/(1.202*2465560*MAX(0,(Inputs!$X$49-O177)))","v":1.2637441367468178},{"$f":"params!$C$15*P177*(E177-Inputs!$X$26)","v":-35257.999622455805},-147358.23462961905]
["2001-01-08","09:00:00",115,10,-1,-3,85,{"$f":"Inputs!$X$37*Inputs!$X$32*(E178-Inputs!$X$26)","v":-75785.737112293224},{"$f":"Inputs!$X$33*C178*Inputs!$X$38","v":22436.105872406839},{"$f":"params!$C$15*Inputs!$X$29*(E178-Inputs!$X$26)","v":-7873.3852499999985},{"$f":"Inputs!$X$40*Inputs!$X$41/8760","v":5342.4657534246571},{"$f":"-Inputs!$X$45*Inputs!$X$33","v":-30000},566.54310372490409,3.4972595900071069E-3,2.9726706515060407E-3,{"$f":"-L178/(1.202*2465560*MAX(0,(Inputs!$X$49-O178)))","v":1.2613128308802957},{"$f":"params!$C$15*P178*(E178-Inputs!$X$26)","v":-33667.515617146812},-119548.06635360853]
["2001-01-08","10:00:00",137,10,-1,-2,92,{"$f":"Inputs!$X$37*Inputs!$X$32*(E179-Inputs!$X$26)","v":-75785.737112293224},{"$f":"Inputs!$X$33*C179*Inputs!$X$38","v":26728.230474084674},{"$f":"params!$C$15*Inputs!$X$29*(E179-Inputs!$X$26)","v":-7873.3852499999985},{"$f":"Inputs!$X$40*Inputs!$X$41/8760","v":5342.4657534246571},{"$f":"-Inputs!$X$45*Inputs!$X$33","v":-30000},566.54310372490409,3.4972595900071069E-3,3.2174788228065384E-3,{"$f":"-L179/(1.202*2465560*MAX(0,(Inputs!$X$49-O179)))","v":1.3009976140868336},{"$f":"params!$C$15*P179*(E179-Inputs!$X$26)","v":-34726.799266419381},-116315.22540120326]
["2001-01-08","11:00:00",137,10,1,-2,79,{"$f":"Inputs!$X$37*Inputs!$X$32*(E180-Inputs!$X$26)","v":-68930.745815703893},{"$f":"Inputs!$X$33*C180*Inputs!$X$38","v":26728.230474084674},{"$f":"params!$C$15*Inputs!$X$29*(E180-Inputs!$X$26)","v":-7161.2197499999984},{"$f":"Inputs!$X$40*Inputs!$X$41/8760","v":5342.4657534246571},{"$f":"-Inputs!$X$45*Inputs!$X$33","v":-30000},655.14373774848059,4.0477489204243187E-3,3.1977216471352115E-3,{"$f":"-L180/(1.202*2465560*MAX(0,(Inputs!$X$49-O180)))","v":1.2977024634034569},{"$f":"params!$C$15*P180*(E180-Inputs!$X$26)","v":-31505.681920345593},-105526.95125854015]
["2001-01-08","12:00:00",136,10,1,-2,79,{"$f":"Inputs!$X$37*Inputs!$X$32*(E181-Inputs!$X$26)","v":-68930.745815703893},{"$f":"Inputs!$X$33*C181*Inputs!$X$38","v":26533.133901281133},{"$f":"params!$C$15*Inputs!$X$29*(E181-Inputs!$X$26)","v":-7161.2197499999984},{"$f":"Inputs!$X$40*Inputs!$X$41/8760","v":5342.4657534246571},{"$f":"-Inputs!$X$45*Inputs!$X$33","v":-30000},655.14373774848059,4.0477489204243187E-3,3.1977216471352115E-3,{"$f":"-L181/(1.202*2465560*MAX(0,(Inputs!$X$49-O181)))","v":1.2977024634034569},{"$f":"params!$C$15*P181*(E181-Inputs!$X$26)","v":-31505.681920345593},-105722.04783134369]
["2001-01-08","13:00:00",107,10,1,-2,79,{"$f":"Inputs!$X$37*Inputs!$X$32*(E182-Inputs!$X$26)","v":-68930.745815703893},{"$f":"Inputs!$X$33*C182*Inputs!$X$38","v":20875.333289978538},{"$f":"params!$C$15*Inputs!$X$29*(E182-Inputs!$X$26)","v":-7161.2197499999984},{"$f":"Inputs!$X$40*Inputs!$X$41/8760","v":5342.4657534246571},{"$f":"-Inputs!$X$45*Inputs!$X$33","v":-30000},655.14373774848059,4.0477489204243187E-3,3.1977216471352115E-3,{"$f":"-L182/(1.202*2465560*MAX(0,(Inputs!$X$49-O182)))","v":1.2977024634034569},{"$f":"params!$C$15*P182*(E182-Inputs!$X$26)","v":-31505.681920345593},-111379.84844264628]
["2001-01-08","14:00:00",121,10,1,-4,67,{"$f":"Inputs!$X$37*Inputs!$X$32*(E183-Inputs!$X$26)","v":-68930.745815703893},{"$f":"Inputs!$X$33*C183*Inputs!$X$38","v":23606.685309228065},{"$f":"params!$C$15*Inputs!$X$29*(E183-Inputs!$X$26)","v":-7161.2197499999984},{"$f":"Inputs!$X$40*Inputs!$X$41/8760","v":5342.4657534246571},{"$f":"-Inputs!$X$45*Inputs!$X$33","v":-30000},655.14373774848059,4.0477489204243187E-3,2.7119917766842932E-3,{"$f":"-L183/(1.202*2465560*MAX(0,(Inputs!$X$49-O183)))","v":1.2216331430573093},{"$f":"params!$C$15*P183*(E183-Inputs!$X$26)","v":-29658.867355135437},-106801.68185818661]
["2001-01-08","15:00:00",98,10,1,-3,72,{"$f":"Inputs!$X$37*Inputs!$X$32*(E184-Inputs!$X$26)","v":-68930.745815703893},{"$f":"Inputs!$X$33*C184*Inputs!$X$38","v":19119.464134746697},{"$f":"params!$C$15*Inputs!$X$29*(E184-Inputs!$X$26)","v":-7161.2197499999984},{"$f":"Inputs!$X$40*Inputs!$X$41/8760","v":5342.4657534246571},{"$f":"-Inputs!$X$45*Inputs!$X$33","v":-30000},655.14373774848059,4.0477489204243187E-3,2.9143792227055093E-3,{"$f":"-L184/(1.202*2465560*MAX(0,(Inputs!$X$49-O184)))","v":1.2522177584635092},{"$f":"params!$C$15*P184*(E184-Inputs!$X$26)","v":-30401.402097742503},-112031.43777527503]
["2001-01-08","16:00:00",52,10,-1,-4,78,{"$f":"Inputs!$X$37*Inputs!$X$32*(E185-Inputs!$X$26)","v":-75785.737112293224},{"$f":"Inputs!$X$33*C185*Inputs!$X$38","v":10145.021785783962},{"$f":"params!$C$15*Inputs!$X$29*(E185-Inputs!$X$26)","v":-7873.3852499999985},{"$f":"Inputs!$X$40*Inputs!$X$41/8760","v":5342.4657534246571},{"$f":"-Inputs!$X$45*Inputs!$X$33","v":-30000},566.54310372490409,3.4972595900071069E-3,2.7278624802055435E-3,{"$f":"-L185/(1.202*2465560*MAX(0,(Inputs!$X$49-O185)))","v":1.2239774214274959},{"$f":"params!$C$15*P185*(E185-Inputs!$X$26)","v":-32670.942483146875},-130842.57730623148]
["2001-01-08","17:00:00",27,10,-2,-5,78,{"$f":"Inputs!$X$37*Inputs!$X$32*(E186-Inputs!$X$26)","v":-79213.232760587896},{"$f":"Inputs!$X$33*C186*Inputs!$X$38","v":5267.6074656955188},{"$f":"params!$C$15*Inputs!$X$29*(E186-Inputs!$X$26)","v":-8229.4679999999971},{"$f":"Inputs!$X$40*Inputs!$X$41/8760","v":5342.4657534246571},{"$f":"-Inputs!$X$45*Inputs!$X$33","v":-30000},526.36516305985776,3.2479468065175691E-3,2.5333985090837041E-3,{"$f":"-L186/(1.202*2465560*MAX(0,(Inputs!$X$49-O186)))","v":1.1958589755842766},{"$f":"params!$C$15*P186*(E186-Inputs!$X$26)","v":-33364.02843236929},-140196.65597383701]
["2001-01-08","18:00:00",0,10,-2,-5,78,{"$f":"Inputs!$X$37*Inputs!$X$32*(E187-Inputs!$X$26)","v":-79213.232760587896},{"$f":"Inputs!$X$33*C187*Inputs!$X$38","v":0},{"$f":"params!$C$15*Inputs!$X$29*(E187-Inputs!$X$26)","v":-8229.4679999999971},{"$f":"Inputs!$X$40*Inputs!$X$41/8760","v":5342.4657534246571},{"$f":"-Inputs!$X$45*Inputs!$X$33","v":-30000},526.36516305985776,3.2479468065175691E-3,2.5333985090837041E-3,{"$f":"-L187/(1.202*2465560*MAX(0,(Inputs!$X$49-O187)))","v":1.1958589755842766},{"$f":"params!$C$15*P187*(E187-Inputs!$X$26)","v":-33364.02843236929},-145464.26343953254]
["2001-01-08","19:00:00",0,10,-2,-5,78,{"$f":"Inputs!$X$37*Inputs!$X$32*(E188-Inputs!$X$26)","v":-79213.232760587896},{"$f":"Inputs!$X$33*C188*Inputs!$X$38","v":0},{"$f":"params!$C$15*Inputs!$X$29*(E188-Inputs!$X$26)","v":-8229.4679999999971},{"$f":"Inputs!$X$40*Inputs!$X$41/8760","v":5342.4657534246571},{"$f":"-Inputs!$X$45*Inputs!$X$33","v":-30000},526.36516305985776,3.2479468065175691E-3,2.5333985090837041E-3,{"$f":"-L188/(1.202*2465560*MAX(0,(Inputs!$X$49-O188)))","v":1.1958589755842766},{"$f":"params!$C$15*P188*(E188-Inputs!$X$26)","v":-33364.02843236929},-145464.26343953254]
["2001-01-08","20:00:00",0,10,-2,-5,78,{"$f":"Inputs!$X$37*Inputs!$X$32*(E189-Inputs!$X$26)","v":-79213.232760587896},{"$f":"Inputs!$X$33*C189*Inputs!$X$38","v":0},{"$f":"params!$C$15*Inputs!$X$29*(E189-Inputs!$X$26)","v":-8229.4679999999971},{"$f":"Inputs!$X$40*Inputs!$X$41/8760","v":5342.4657534246571},{"$f":"-Inputs!$X$45*Inputs!$X$33","v":-30000},526.36516305985776,3.2479468065175691E-3,2.5333985090837041E-3,{"$f":"-L189/(1.202*2465560*MAX(0,(Inputs!$X$49-O189)))","v":1.1958589755842766},{"$f":"params!$C$15*P189*(E189-Inputs!$X$26)","v":-33364.02843236929},-145464.26343953254]
["2001-01-08","21:00:00",0,10,-3,-6,77,{"$f":"Inputs!$X$37*Inputs!$X$32*(E190-Inputs!$X$26)","v":-82640.728408882569},{"$f":"Inputs!$X$33*C190*Inputs!$X$38","v":0},{"$f":"params!$C$15*Inputs!$X$29*(E190-Inputs!$X$26)","v":-8585.5507499999985},{"$f":"Inputs!$X$40*Inputs!$X$41/8760","v":5342.4657534246571},{"$f":"-Inputs!$X$45*Inputs!$X$33","v":-30000},488.73621912146871,3.0146312662847319E-3,2.3212660750392437E-3,{"$f":"-L190/(1.202*2465560*MAX(0,(Inputs!$X$49-O190)))","v":1.1666230804456208},{"$f":"params!$C$15*P190*(E190-Inputs!$X$26)","v":-33956.700039214913},-149840.51344467283]
["2001-01-08","22:00:00",0,10,-3,-7,71,{"$f":"Inputs!$X$37*Inputs!$X$32*(E191-Inputs!$X$26)","v":-82640.728408882569},{"$f":"Inputs!$X$33*C191*Inputs!$X$38","v":0},{"$f":"params!$C$15*Inputs!$X$29*(E191-Inputs!$X$26)","v":-8585.5507499999985},{"$f":"Inputs!$X$40*Inputs!$X$41/8760","v":5342.4657534246571},{"$f":"-Inputs!$X$45*Inputs!$X$33","v":-30000},488.73621912146871,3.0146312662847319E-3,2.1403881990621596E-3,{"$f":"-L191/(1.202*2465560*MAX(0,(Inputs!$X$49-O191)))","v":1.1428006922620131},{"$f":"params!$C$15*P191*(E191-Inputs!$X$26)","v":-33263.305828756209},-149147.11923421413]
["2001-01-08","23:00:00",0,10,-4,-7,77,{"$f":"Inputs!$X$37*Inputs!$X$32*(E192-Inputs!$X$26)","v":-86068.224057177227},{"$f":"Inputs!$X$33*C192*Inputs!$X$38","v":0},{"$f":"params!$C$15*Inputs!$X$29*(E192-Inputs!$X$26)","v":-8941.6334999999981},{"$f":"Inputs!$X$40*Inputs!$X$41/8760","v":5342.4657534246571},{"$f":"-Inputs!$X$45*Inputs!$X$33","v":-30000},453.51532044328405,2.7964043545646504E-3,2.1532313530147808E-3,{"$f":"-L192/(1.202*2465560*MAX(0,(Inputs!$X$49-O192)))","v":1.1444600560619673},{"$f":"params!$C$15*P192*(E192-Inputs!$X$26)","v":-34693.191938907912},-154360.58374266047]
["2001-01-08",1,0,10,-4,-8,71,{"$f":"Inputs!$X$37*Inputs!$X$32*(E193-Inputs!$X$26)","v":-86068.224057177227},{"$f":"Inputs!$X$33*C193*Inputs!$X$38","v":0},{"$f":"params!$C$15*Inputs!$X$29*(E193-Inputs!$X$26)","v":-8941.6334999999981},{"$f":"Inputs!$X$40*Inputs!$X$41/8760","v":5342.4657534246571},{"$f":"-Inputs!$X$45*Inputs!$X$33","v":-30000},453.51532044328405,2.7964043545646504E-3,1.9854470917409018E-3,{"$f":"-L193/(1.202*2465560*MAX(0,(Inputs!$X$49-O193)))","v":1.1231546311339784},{"$f":"params!$C$15*P193*(E193-Inputs!$X$26)","v":-34047.338732890312},-153714.73053664289]
["2001-01-09","01:00:00",0,10,-4,-9,65,{"$f":"Inputs!$X$37*Inputs!$X$32*(E194-Inputs!$X$26)","v":-86068.224057177227},{"$f":"Inputs!$X$33*C194*Inputs!$X$38","v":0},{"$f":"params!$C$15*Inputs!$X$29*(E194-Inputs!$X$26)","v":-8941.6334999999981},{"$f":"Inputs!$X$40*Inputs!$X$41/8760","v":5342.4657534246571},{"$f":"-Inputs!$X$45*Inputs!$X$33","v":-30000},453.51532044328405,2.7964043545646504E-3,1.8176628304670229E-3,{"$f":"-L194/(1.202*2465560*MAX(0,(Inputs!$X$49-O194)))","v":1.1026279582599223},{"$f":"params!$C$15*P194*(E194-Inputs!$X$26)","v":-33425.092636912763},-153092.48444066534]
["2001-01-09","02:00:00",0,10,-6,-9,77,{"$f":"Inputs!$X$37*Inputs!$X$32*(E195-Inputs!$X$26)","v":-92923.215353766573},{"$f":"Inputs!$X$33*C195*Inputs!$X$38","v":0},{"$f":"params!$C$15*Inputs!$X$29*(E195-Inputs!$X$26)","v":-9653.7989999999972},{"$f":"Inputs!$X$40*Inputs!$X$41/8760","v":5342.4657534246571},{"$f":"-Inputs!$X$45*Inputs!$X$33","v":-30000},{"$f":"EXP(77.345+0.0057*(E195+273.15)-7235/(E195+273.15))/(E195+273.15)^8.2","v":389.76616195693094},{"$f":"0.62198*M195/(101325-M195)","v":2.4018050803048703E-3},{"$f":"N195*G195/100","v":1.8493899118347502E-3},{"$f":"-L195/(1.202*2465560*MAX(0,(Inputs!$X$49-O195)))","v":1.1064517160781135},{"$f":"params!$C$15*P195*(E195-Inputs!$X$26)","v":-36212.413698930271},{"$f":"H195+I195+J195+K195+L195+Q195","v":-163446.96229927219}]
["2001-01-09","03:00:00",0,10,-6,-10,70,{"$f":"Inputs!$X$37*Inputs!$X$32*(E196-Inputs!$X$26)","v":-92923.215353766573},{"$f":"Inputs!$X$33*C196*Inputs!$X$38","v":0},{"$f":"params!$C$15*Inputs!$X$29*(E196-Inputs!$X$26)","v":-9653.7989999999972},{"$f":"Inputs!$X$40*Inputs!$X$41/8760","v":5342.4657534246571},{"$f":"-Inputs!$X$45*Inputs!$X$33","v":-30000},389.76616195693094,2.4018050803048703E-3,1.6812635562134092E-3,{"$f":"-L196/(1.202*2465560*MAX(0,(Inputs!$X$49-O196)))","v":1.0864857156842487},{"$f":"params!$C$15*P196*(E196-Inputs!$X$26)","v":-35558.958102387456},-162793.50670272938]
["2001-01-09","04:00:00",0,10,-7,-11,70,{"$f":"Inputs!$X$37*Inputs!$X$32*(E197-Inputs!$X$26)","v":-96350.711002061245},{"$f":"Inputs!$X$33*C197*Inputs!$X$38","v":0},{"$f":"params!$C$15*Inputs!$X$29*(E197-Inputs!$X$26)","v":-10009.881749999997},{"$f":"Inputs!$X$40*Inputs!$X$41/8760","v":5342.4657534246571},{"$f":"-Inputs!$X$45*Inputs!$X$33","v":-30000},360.98762153500678,2.2238327850987206E-3,1.5566829495691045E-3,{"$f":"-L197/(1.202*2465560*MAX(0,(Inputs!$X$49-O197)))","v":1.0721496931008569},{"$f":"params!$C$15*P197*(E197-Inputs!$X$26)","v":-36384.057298503743},-167402.18429714034]
["2001-01-09","05:00:00",0,8,-8,-11,77,{"$f":"Inputs!$X$37*Inputs!$X$32*(E198-Inputs!$X$26)","v":-99778.206650355904},{"$f":"Inputs!$X$33*C198*Inputs!$X$38","v":0},{"$f":"params!$C$15*Inputs!$X$29*(E198-Inputs!$X$26)","v":-10365.964499999998},{"$f":"Inputs!$X$40*Inputs!$X$41/8760","v":5342.4657534246571},{"$f":"-Inputs!$X$45*Inputs!$X$33","v":-30000},334.1161188582924,2.0577455669371189E-3,1.5844640865415815E-3,{"$f":"-L198/(1.202*2465560*MAX(0,(Inputs!$X$49-O198)))","v":1.0753137145194454},{"$f":"params!$C$15*P198*(E198-Inputs!$X$26)","v":-37789.544427125744},-172591.24982405701]
["2001-01-09","06:00:00",0,10,-8,-12,70,{"$f":"Inputs!$X$37*Inputs!$X$32*(E199-Inputs!$X$26)","v":-99778.206650355904},{"$f":"Inputs!$X$33*C199*Inputs!$X$38","v":0},{"$f":"params!$C$15*Inputs!$X$29*(E199-Inputs!$X$26)","v":-10365.964499999998},{"$f":"Inputs!$X$40*Inputs!$X$41/8760","v":5342.4657534246571},{"$f":"-Inputs!$X$45*Inputs!$X$33","v":-30000},334.1161188582924,2.0577455669371189E-3,1.4404218968559832E-3,{"$f":"-L199/(1.202*2465560*MAX(0,(Inputs!$X$49-O199)))","v":1.059108156102553},{"$f":"params!$C$15*P199*(E199-Inputs!$X$26)","v":-37220.035583806275},-172021.74098073755]
["2001-01-09","07:00:00",0,10,-9,-13,70,{"$f":"Inputs!$X$37*Inputs!$X$32*(E200-Inputs!$X$26)","v":-103205.70229865058},{"$f":"Inputs!$X$33*C200*Inputs!$X$38","v":0},{"$f":"params!$C$15*Inputs!$X$29*(E200-Inputs!$X$26)","v":-10722.047249999998},{"$f":"Inputs!$X$40*Inputs!$X$41/8760","v":5342.4657534246571},{"$f":"-Inputs!$X$45*Inputs!$X$33","v":-30000},309.04098596033037,1.902841039413297E-3,1.3319887275893081E-3,{"$f":"-L200/(1.202*2465560*MAX(0,(Inputs!$X$49-O200)))","v":1.0472274495318989},{"$f":"params!$C$15*P200*(E200-Inputs!$X$26)","v":-38066.722685099114},-176652.00648032504]
["2001-01-09","08:00:00",0,4,-9,-13,70,{"$f":"Inputs!$X$37*Inputs!$X$32*(E201-Inputs!$X$26)","v":-103205.70229865058},{"$f":"Inputs!$X$33*C201*Inputs!$X$38","v":0},{"$f":"params!$C$15*Inputs!$X$29*(E201-Inputs!$X$26)","v":-10722.047249999998},{"$f":"Inputs!$X$40*Inputs!$X$41/8760","v":5342.4657534246571},{"$f":"-Inputs!$X$45*Inputs!$X$33","v":-30000},309.04098596033037,1.902841039413297E-3,1.3319887275893081E-3,{"$f":"-L201/(1.202*2465560*MAX(0,(Inputs!$X$49-O201)))","v":1.0472274495318989},{"$f":"params!$C$15*P201*(E201-Inputs!$X$26)","v":-38066.722685099114},-176652.00648032504]
["2001-01-09","09:00:00",114,3,-9,-13,70,{"$f":"Inputs!$X$37*Inputs!$X$32*(E202-Inputs!$X$26)","v":-103205.70229865058},{"$f":"Inputs!$X$33*C202*Inputs!$X$38","v":22241.009299603302},{"$f":"params!$C$15*Inputs!$X$29*(E202-Inputs!$X$26)","v":-10722.047249999998},{"$f":"Inputs!$X$40*Inputs!$X$41/8760","v":5342.4657534246571},{"$f":"-Inputs!$X$45*Inputs!$X$33","v":-30000},309.04098596033037,1.902841039413297E-3,1.3319887275893081E-3,{"$f":"-L202/(1.202*2465560*MAX(0,(Inputs!$X$49-O202)))","v":1.0472274495318989},{"$f":"params!$C$15*P202*(E202-Inputs!$X$26)","v":-38066.722685099114},-154410.99718072172]
["2001-01-09","10:00:00",208,5,-8,-13,64,{"$f":"Inputs!$X$37*Inputs!$X$32*(E203-Inputs!$X$26)","v":-99778.206650355904},{"$f":"Inputs!$X$33*C203*Inputs!$X$38","v":40580.087143135846},{"$f":"params!$C$15*Inputs!$X$29*(E203-Inputs!$X$26)","v":-10365.964499999998},{"$f":"Inputs!$X$40*Inputs!$X$41/8760","v":5342.4657534246571},{"$f":"-Inputs!$X$45*Inputs!$X$33","v":-30000},334.1161188582924,2.0577455669371189E-3,1.3169571628397561E-3,{"$f":"-L203/(1.202*2465560*MAX(0,(Inputs!$X$49-O203)))","v":1.045601488284549},{"$f":"params!$C$15*P203*(E203-Inputs!$X$26)","v":-36745.373337171586},-130966.99159096699]
["2001-01-09","11:00:00",352,4,-7,-13,59,{"$f":"Inputs!$X$37*Inputs!$X$32*(E204-Inputs!$X$26)","v":-96350.711002061245},{"$f":"Inputs!$X$33*C204*Inputs!$X$38","v":68673.993626845288},{"$f":"params!$C$15*Inputs!$X$29*(E204-Inputs!$X$26)","v":-10009.881749999997},{"$f":"Inputs!$X$40*Inputs!$X$41/8760","v":5342.4657534246571},{"$f":"-Inputs!$X$45*Inputs!$X$33","v":-30000},360.98762153500678,2.2238327850987206E-3,1.312061343208245E-3,{"$f":"-L204/(1.202*2465560*MAX(0,(Inputs!$X$49-O204)))","v":1.0450729979881839},{"$f":"params!$C$15*P204*(E204-Inputs!$X$26)","v":-35465.193045897053},-97809.326417688353]
["2001-01-09","12:00:00",415,8,-7,-13,59,{"$f":"Inputs!$X$37*Inputs!$X$32*(E205-Inputs!$X$26)","v":-96350.711002061245},{"$f":"Inputs!$X$33*C205*Inputs!$X$38","v":80965.077713468156},{"$f":"params!$C$15*Inputs!$X$29*(E205-Inputs!$X$26)","v":-10009.881749999997},{"$f":"Inputs!$X$40*Inputs!$X$41/8760","v":5342.4657534246571},{"$f":"-Inputs!$X$45*Inputs!$X$33","v":-30000},360.98762153500678,2.2238327850987206E-3,1.312061343208245E-3,{"$f":"-L205/(1.202*2465560*MAX(0,(Inputs!$X$49-O205)))","v":1.0450729979881839},{"$f":"params!$C$15*P205*(E205-Inputs!$X$26)","v":-35465.193045897053},-85518.24233106547]
["2001-01-09","13:00:00",430,5,-6,-13,54,{"$f":"Inputs!$X$37*Inputs!$X$32*(E206-Inputs!$X$26)","v":-92923.215353766573},{"$f":"Inputs!$X$33*C206*Inputs!$X$38","v":83891.526305521227},{"$f":"params!$C$15*Inputs!$X$29*(E206-Inputs!$X$26)","v":-9653.7989999999972},{"$f":"Inputs!$X$40*Inputs!$X$41/8760","v":5342.4657534246571},{"$f":"-Inputs!$X$45*Inputs!$X$33","v":-30000},389.76616195693094,2.4018050803048703E-3,1.2969747433646301E-3,{"$f":"-L206/(1.202*2465560*MAX(0,(Inputs!$X$49-O206)))","v":1.043447795372924},{"$f":"params!$C$15*P206*(E206-Inputs!$X$26)","v":-34150.395078435984},-77493.417373256671]
["2001-01-09","14:00:00",385,3,-5,-13,49,{"$f":"Inputs!$X$37*Inputs!$X$32*(E207-Inputs!$X$26)","v":-89495.7197054719},{"$f":"Inputs!$X$33*C207*Inputs!$X$38","v":75112.180529362027},{"$f":"params!$C$15*Inputs!$X$29*(E207-Inputs!$X$26)","v":-9297.7162499999977},{"$f":"Inputs!$X$40*Inputs!$X$41/8760","v":5342.4657534246571},{"$f":"-Inputs!$X$45*Inputs!$X$33","v":-30000},420.56802345265027,2.5924024753231664E-3,1.2702772129083515E-3,{"$f":"-L207/(1.202*2465560*MAX(0,(Inputs!$X$49-O207)))","v":1.0405841593599687},{"$f":"params!$C$15*P207*(E207-Inputs!$X$26)","v":-32800.484052510648},-81139.273725195861]
["2001-01-09","15:00:00",233,9,-5,-14,45,{"$f":"Inputs!$X$37*Inputs!$X$32*(E208-Inputs!$X$26)","v":-89495.7197054719},{"$f":"Inputs!$X$33*C208*Inputs!$X$38","v":45457.501463224296},{"$f":"params!$C$15*Inputs!$X$29*(E208-Inputs!$X$26)","v":-9297.7162499999977},{"$f":"Inputs!$X$40*Inputs!$X$41/8760","v":5342.4657534246571},{"$f":"-Inputs!$X$45*Inputs!$X$33","v":-30000},420.56802345265027,2.5924024753231664E-3,1.1665811138954249E-3,{"$f":"-L208/(1.202*2465560*MAX(0,(Inputs!$X$49-O208)))","v":1.0296090021746553},{"$f":"params!$C$15*P208*(E208-Inputs!$X$26)","v":-32454.533688964762},-110448.00242778769]
["2001-01-09","16:00:00",158,8,-6,-16,41,{"$f":"Inputs!$X$37*Inputs!$X$32*(E209-Inputs!$X$26)","v":-92923.215353766573},{"$f":"Inputs!$X$33*C209*Inputs!$X$38","v":30825.258502958961},{"$f":"params!$C$15*Inputs!$X$29*(E209-Inputs!$X$26)","v":-9653.7989999999972},{"$f":"Inputs!$X$40*Inputs!$X$41/8760","v":5342.4657534246571},{"$f":"-Inputs!$X$45*Inputs!$X$33","v":-30000},389.76616195693094,2.4018050803048703E-3,9.8474008292499674E-4,{"$f":"-L209/(1.202*2465560*MAX(0,(Inputs!$X$49-O209)))","v":1.0109118149426375},{"$f":"params!$C$15*P209*(E209-Inputs!$X$26)","v":-33085.543927390681},-129494.83402477363]
["2001-01-09","17:00:00",28,6,-6,-15,45,{"$f":"Inputs!$X$37*Inputs!$X$32*(E210-Inputs!$X$26)","v":-92923.215353766573},{"$f":"Inputs!$X$33*C210*Inputs!$X$38","v":5462.7040384990569},{"$f":"params!$C$15*Inputs!$X$29*(E210-Inputs!$X$26)","v":-9653.7989999999972},{"$f":"Inputs!$X$40*Inputs!$X$41/8760","v":5342.4657534246571},{"$f":"-Inputs!$X$45*Inputs!$X$33","v":-30000},389.76616195693094,2.4018050803048703E-3,1.0808122861371916E-3,{"$f":"-L210/(1.202*2465560*MAX(0,(Inputs!$X$49-O210)))","v":1.0207046833544509},{"$f":"params!$C$15*P210*(E210-Inputs!$X$26)","v":-33406.049013220145},-155177.893575063]
["2001-01-09","18:00:00",0,10,-6,-12,59,{"$f":"Inputs!$X$37*Inputs!$X$32*(E211-Inputs!$X$26)","v":-92923.215353766573},{"$f":"Inputs!$X$33*C211*Inputs!$X$38","v":0},{"$f":"params!$C$15*Inputs!$X$29*(E211-Inputs!$X$26)","v":-9653.7989999999972},{"$f":"Inputs!$X$40*Inputs!$X$41/8760","v":5342.4657534246571},{"$f":"-Inputs!$X$45*Inputs!$X$33","v":-30000},389.76616195693094,2.4018050803048703E-3,1.4170649973798736E-3,{"$f":"-L211/(1.202*2465560*MAX(0,(Inputs!$X$49-O211)))","v":1.0565262847496921},{"$f":"params!$C$15*P211*(E211-Inputs!$X$26)","v":-34578.433338928102},-161812.98193927002]
["2001-01-09","19:00:00",0,10,-6,-10,70,{"$f":"Inputs!$X$37*Inputs!$X$32*(E212-Inputs!$X$26)","v":-92923.215353766573},{"$f":"Inputs!$X$33*C212*Inputs!$X$38","v":0},{"$f":"params!$C$15*Inputs!$X$29*(E212-Inputs!$X$26)","v":-9653.7989999999972},{"$f":"Inputs!$X$40*Inputs!$X$41/8760","v":5342.4657534246571},{"$f":"-Inputs!$X$45*Inputs!$X$33","v":-30000},389.76616195693094,2.4018050803048703E-3,1.6812635562134092E-3,{"$f":"-L212/(1.202*2465560*MAX(0,(Inputs!$X$49-O212)))","v":1.0864857156842487},{"$f":"params!$C$15*P212*(E212-Inputs!$X$26)","v":-35558.958102387456},-162793.50670272938]
["2001-01-09","20:00:00",0,10,-6,-11,64,{"$f":"Inputs!$X$37*Inputs!$X$32*(E213-Inputs!$X$26)","v":-92923.215353766573},{"$f":"Inputs!$X$33*C213*Inputs!$X$38","v":0},{"$f":"params!$C$15*Inputs!$X$29*(E213-Inputs!$X$26)","v":-9653.7989999999972},{"$f":"Inputs!$X$40*Inputs!$X$41/8760","v":5342.4657534246571},{"$f":"-Inputs!$X$45*Inputs!$X$33","v":-30000},389.76616195693094,2.4018050803048703E-3,1.5371552513951171E-3,{"$f":"-L213/(1.202*2465560*MAX(0,(Inputs!$X$49-O213)))","v":1.0699367849567183},{"$f":"params!$C$15*P213*(E213-Inputs!$X$26)","v":-35017.337788484881},-162251.8863888268]
["2001-01-09","21:00:00",0,10,-5,-10,65,{"$f":"Inputs!$X$37*Inputs!$X$32*(E214-Inputs!$X$26)","v":-89495.7197054719},{"$f":"Inputs!$X$33*C214*Inputs!$X$38","v":0},{"$f":"params!$C$15*Inputs!$X$29*(E214-Inputs!$X$26)","v":-9297.7162499999977},{"$f":"Inputs!$X$40*Inputs!$X$41/8760","v":5342.4657534246571},{"$f":"-Inputs!$X$45*Inputs!$X$33","v":-30000},420.56802345265027,2.5924024753231664E-3,1.6850616089600582E-3,{"$f":"-L214/(1.202*2465560*MAX(0,(Inputs!$X$49-O214)))","v":1.086928798489869},{"$f":"params!$C$15*P214*(E214-Inputs!$X$26)","v":-34261.323700151101},-157712.29390219835]
["2001-01-09","22:00:00",0,10,-4,-9,65,{"$f":"Inputs!$X$37*Inputs!$X$32*(E215-Inputs!$X$26)","v":-86068.224057177227},{"$f":"Inputs!$X$33*C215*Inputs!$X$38","v":0},{"$f":"params!$C$15*Inputs!$X$29*(E215-Inputs!$X$26)","v":-8941.6334999999981},{"$f":"Inputs!$X$40*Inputs!$X$41/8760","v":5342.4657534246571},{"$f":"-Inputs!$X$45*Inputs!$X$33","v":-30000},453.51532044328405,2.7964043545646504E-3,1.8176628304670229E-3,{"$f":"-L215/(1.202*2465560*MAX(0,(Inputs!$X$49-O215)))","v":1.1026279582599223},{"$f":"params!$C$15*P215*(E215-Inputs!$X$26)","v":-33425.092636912763},-153092.48444066534]
["2001-01-09","23:00:00",0,10,-3,-8,65,{"$f":"Inputs!$X$37*Inputs!$X$32*(E216-Inputs!$X$26)","v":-82640.728408882569},{"$f":"Inputs!$X$33*C216*Inputs!$X$38","v":0},{"$f":"params!$C$15*Inputs!$X$29*(E216-Inputs!$X$26)","v":-8585.5507499999985},{"$f":"Inputs!$X$40*Inputs!$X$41/8760","v":5342.4657534246571},{"$f":"-Inputs!$X$45*Inputs!$X$33","v":-30000},488.73621912146871,3.0146312662847319E-3,1.9595103230850759E-3,{"$f":"-L216/(1.202*2465560*MAX(0,(Inputs!$X$49-O216)))","v":1.1199317390634185},{"$f":"params!$C$15*P216*(E216-Inputs!$X$26)","v":-32597.663088618661},-148481.47649407657]
["2001-01-09",1,0,10,-3,-7,71,{"$f":"Inputs!$X$37*Inputs!$X$32*(E217-Inputs!$X$26)","v":-82640.728408882569},{"$f":"Inputs!$X$33*C217*Inputs!$X$38","v":0},{"$f":"params!$C$15*Inputs!$X$29*(E217-Inputs!$X$26)","v":-8585.5507499999985},{"$f":"Inputs!$X$40*Inputs!$X$41/8760","v":5342.4657534246571},{"$f":"-Inputs!$X$45*Inputs!$X$33","v":-30000},488.73621912146871,3.0146312662847319E-3,2.1403881990621596E-3,{"$f":"-L217/(1.202*2465560*MAX(0,(Inputs!$X$49-O217)))","v":1.1428006922620131},{"$f":"params!$C$15*P217*(E217-Inputs!$X$26)","v":-33263.305828756209},-149147.11923421413]
["2001-01-10","01:00:00",0,10,-2,-6,71,{"$f":"Inputs!$X$37*Inputs!$X$32*(E218-Inputs!$X$26)","v":-79213.232760587896},{"$f":"Inputs!$X$33*C218*Inputs!$X$38","v":0},{"$f":"params!$C$15*Inputs!$X$29*(E218-Inputs!$X$26)","v":-8229.4679999999971},{"$f":"Inputs!$X$40*Inputs!$X$41/8760","v":5342.4657534246571},{"$f":"-Inputs!$X$45*Inputs!$X$33","v":-30000},526.36516305985776,3.2479468065175691E-3,2.306042232627474E-3,{"$f":"-L218/(1.202*2465560*MAX(0,(Inputs!$X$49-O218)))","v":1.164579823921092},{"$f":"params!$C$15*P218*(E218-Inputs!$X$26)","v":-32491.351530880136},-144591.58653804337]
["2001-01-10","02:00:00",0,10,-2,-5,78,{"$f":"Inputs!$X$37*Inputs!$X$32*(E219-Inputs!$X$26)","v":-79213.232760587896},{"$f":"Inputs!$X$33*C219*Inputs!$X$38","v":0},{"$f":"params!$C$15*Inputs!$X$29*(E219-Inputs!$X$26)","v":-8229.4679999999971},{"$f":"Inputs!$X$40*Inputs!$X$41/8760","v":5342.4657534246571},{"$f":"-Inputs!$X$45*Inputs!$X$33","v":-30000},526.36516305985776,3.2479468065175691E-3,2.5333985090837041E-3,{"$f":"-L219/(1.202*2465560*MAX(0,(Inputs!$X$49-O219)))","v":1.1958589755842766},{"$f":"params!$C$15*P219*(E219-Inputs!$X$26)","v":-33364.02843236929},-145464.26343953254]
["2001-01-10","03:00:00",0,10,-6,-9,77,{"$f":"Inputs!$X$37*Inputs!$X$32*(E220-Inputs!$X$26)","v":-92923.215353766573},{"$f":"Inputs!$X$33*C220*Inputs!$X$38","v":0},{"$f":"params!$C$15*Inputs!$X$29*(E220-Inputs!$X$26)","v":-9653.7989999999972},{"$f":"Inputs!$X$40*Inputs!$X$41/8760","v":5342.4657534246571},{"$f":"-Inputs!$X$45*Inputs!$X$33","v":-30000},389.76616195693094,2.4018050803048703E-3,1.8493899118347502E-3,{"$f":"-L220/(1.202*2465560*MAX(0,(Inputs!$X$49-O220)))","v":1.1064517160781135},{"$f":"params!$C$15*P220*(E220-Inputs!$X$26)","v":-36212.413698930271},-163446.96229927219]
["2001-01-10","04:00:00",0,10,-7,-9,84,{"$f":"Inputs!$X$37*Inputs!$X$32*(E221-Inputs!$X$26)","v":-96350.711002061245},{"$f":"Inputs!$X$33*C221*Inputs!$X$38","v":0},{"$f":"params!$C$15*Inputs!$X$29*(E221-Inputs!$X$26)","v":-10009.881749999997},{"$f":"Inputs!$X$40*Inputs!$X$41/8760","v":5342.4657534246571},{"$f":"-Inputs!$X$45*Inputs!$X$33","v":-30000},360.98762153500678,2.2238327850987206E-3,1.8680195394829252E-3,{"$f":"-L221/(1.202*2465560*MAX(0,(Inputs!$X$49-O221)))","v":1.1087093480109445},{"$f":"params!$C$15*P221*(E221-Inputs!$X$26)","v":-37624.731606971807},-168642.8586056084]
["2001-01-10","05:00:00",0,10,-7,-9,84,{"$f":"Inputs!$X$37*Inputs!$X$32*(E222-Inputs!$X$26)","v":-96350.711002061245},{"$f":"Inputs!$X$33*C222*Inputs!$X$38","v":0},{"$f":"params!$C$15*Inputs!$X$29*(E222-Inputs!$X$26)","v":-10009.881749999997},{"$f":"Inputs!$X$40*Inputs!$X$41/8760","v":5342.4657534246571},{"$f":"-Inputs!$X$45*Inputs!$X$33","v":-30000},360.98762153500678,2.2238327850987206E-3,1.8680195394829252E-3,{"$f":"-L222/(1.202*2465560*MAX(0,(Inputs!$X$49-O222)))","v":1.1087093480109445},{"$f":"params!$C$15*P222*(E222-Inputs!$X$26)","v":-37624.731606971807},-168642.8586056084]
["2001-01-10","06:00:00",0,10,-7,-9,84,{"$f":"Inputs!$X$37*Inputs!$X$32*(E223-Inputs!$X$26)","v":-96350.711002061245},{"$f":"Inputs!$X$33*C223*Inputs!$X$38","v":0},{"$f":"params!$C$15*Inputs!$X$29*(E223-Inputs!$X$26)","v":-10009.881749999997},{"$f":"Inputs!$X$40*Inputs!$X$41/8760","v":5342.4657534246571},{"$f":"-Inputs!$X$45*Inputs!$X$33","v":-30000},360.98762153500678,2.2238327850987206E-3,1.8680195394829252E-3,{"$f":"-L223/(1.202*2465560*MAX(0,(Inputs!$X$49-O223)))","v":1.1087093480109445},{"$f":"params!$C$15*P223*(E223-Inputs!$X$26)","v":-37624.731606971807},-168642.8586056084]
["2001-01-10","07:00:00",0,10,-7,-8,92,{"$f":"Inputs!$X$37*Inputs!$X$32*(E224-Inputs!$X$26)","v":-96350.711002061245},{"$f":"Inputs!$X$33*C224*Inputs!$X$38","v":0},{"$f":"params!$C$15*Inputs!$X$29*(E224-Inputs!$X$26)","v":-10009.881749999997},{"$f":"Inputs!$X$40*Inputs!$X$41/8760","v":5342.4657534246571},{"$f":"-Inputs!$X$45*Inputs!$X$33","v":-30000},360.98762153500678,2.2238327850987206E-3,2.0459261622908231E-3,{"$f":"-L224/(1.202*2465560*MAX(0,(Inputs!$X$49-O224)))","v":1.1307422774594986},{"$f":"params!$C$15*P224*(E224-Inputs!$X$26)","v":-38372.432578831038},-169390.55957746762]
["2001-01-10","08:00:00",0,10,-7,-8,92,{"$f":"Inputs!$X$37*Inputs!$X$32*(E225-Inputs!$X$26)","v":-96350.711002061245},{"$f":"Inputs!$X$33*C225*Inputs!$X$38","v":0},{"$f":"params!$C$15*Inputs!$X$29*(E225-Inputs!$X$26)","v":-10009.881749999997},{"$f":"Inputs!$X$40*Inputs!$X$41/8760","v":5342.4657534246571},{"$f":"-Inputs!$X$45*Inputs!$X$33","v":-30000},360.98762153500678,2.2238327850987206E-3,2.0459261622908231E-3,{"$f":"-L225/(1.202*2465560*MAX(0,(Inputs!$X$49-O225)))","v":1.1307422774594986},{"$f":"params!$C$15*P225*(E225-Inputs!$X$26)","v":-38372.432578831038},-169390.55957746762]
["2001-01-10","09:00:00",73,10,-7,-8,92,{"$f":"Inputs!$X$37*Inputs!$X$32*(E226-Inputs!$X$26)","v":-96350.711002061245},{"$f":"Inputs!$X$33*C226*Inputs!$X$38","v":14242.049814658254},{"$f":"params!$C$15*Inputs!$X$29*(E226-Inputs!$X$26)","v":-10009.881749999997},{"$f":"Inputs!$X$40*Inputs!$X$41/8760","v":5342.4657534246571},{"$f":"-Inputs!$X$45*Inputs!$X$33","v":-30000},360.98762153500678,2.2238327850987206E-3,2.0459261622908231E-3,{"$f":"-L226/(1.202*2465560*MAX(0,(Inputs!$X$49-O226)))","v":1.1307422774594986},{"$f":"params!$C$15*P226*(E226-Inputs!$X$26)","v":-38372.432578831038},-155148.50976280938]
["2001-01-10","10:00:00",86,10,-7,-9,84,{"$f":"Inputs!$X$37*Inputs!$X$32*(E227-Inputs!$X$26)","v":-96350.711002061245},{"$f":"Inputs!$X$33*C227*Inputs!$X$38","v":16778.305261104248},{"$f":"params!$C$15*Inputs!$X$29*(E227-Inputs!$X$26)","v":-10009.881749999997},{"$f":"Inputs!$X$40*Inputs!$X$41/8760","v":5342.4657534246571},{"$f":"-Inputs!$X$45*Inputs!$X$33","v":-30000},360.98762153500678,2.2238327850987206E-3,1.8680195394829252E-3,{"$f":"-L227/(1.202*2465560*MAX(0,(Inputs!$X$49-O227)))","v":1.1087093480109445},{"$f":"params!$C$15*P227*(E227-Inputs!$X$26)","v":-37624.731606971807},-151864.55334450415]
["2001-01-10","11:00:00",72,10,-7,-9,84,{"$f":"Inputs!$X$37*Inputs!$X$32*(E228-Inputs!$X$26)","v":-96350.711002061245},{"$f":"Inputs!$X$33*C228*Inputs!$X$38","v":14046.953241854717},{"$f":"params!$C$15*Inputs!$X$29*(E228-Inputs!$X$26)","v":-10009.881749999997},{"$f":"Inputs!$X$40*Inputs!$X$41/8760","v":5342.4657534246571},{"$f":"-Inputs!$X$45*Inputs!$X$33","v":-30000},360.98762153500678,2.2238327850987206E-3,1.8680195394829252E-3,{"$f":"-L228/(1.202*2465560*MAX(0,(Inputs!$X$49-O228)))","v":1.1087093480109445},{"$f":"params!$C$15*P228*(E228-Inputs!$X$26)","v":-37624.731606971807},-154595.90536375367]
["2001-01-10","12:00:00",87,10,-7,-9,84,{"$f":"Inputs!$X$37*Inputs!$X$32*(E229-Inputs!$X$26)","v":-96350.711002061245},{"$f":"Inputs!$X$33*C229*Inputs!$X$38","v":16973.401833907781},{"$f":"params!$C$15*Inputs!$X$29*(E229-Inputs!$X$26)","v":-10009.881749999997},{"$f":"Inputs!$X$40*Inputs!$X$41/8760","v":5342.4657534246571},{"$f":"-Inputs!$X$45*Inputs!$X$33","v":-30000},360.98762153500678,2.2238327850987206E-3,1.8680195394829252E-3,{"$f":"-L229/(1.202*2465560*MAX(0,(Inputs!$X$49-O229)))","v":1.1087093480109445},{"$f":"params!$C$15*P229*(E229-Inputs!$X$26)","v":-37624.731606971807},-151669.45677170064]
["2001-01-10","13:00:00",239,10,-6,-8,84,{"$f":"Inputs!$X$37*Inputs!$X$32*(E230-Inputs!$X$26)","v":-92923.215353766573},{"$f":"Inputs!$X$33*C230*Inputs!$X$38","v":46628.080900045512},{"$f":"params!$C$15*Inputs!$X$29*(E230-Inputs!$X$26)","v":-9653.7989999999972},{"$f":"Inputs!$X$40*Inputs!$X$41/8760","v":5342.4657534246571},{"$f":"-Inputs!$X$45*Inputs!$X$33","v":-30000},389.76616195693094,2.4018050803048703E-3,2.0175162674560907E-3,{"$f":"-L230/(1.202*2465560*MAX(0,(Inputs!$X$49-O230)))","v":1.1271652716573397},{"$f":"params!$C$15*P230*(E230-Inputs!$X$26)","v":-36890.335593678152},-117496.80329397455]
["2001-01-10","14:00:00",345,1,-5,-8,77,{"$f":"Inputs!$X$37*Inputs!$X$32*(E231-Inputs!$X$26)","v":-89495.7197054719},{"$f":"Inputs!$X$33*C231*Inputs!$X$38","v":67308.317617220528},{"$f":"params!$C$15*Inputs!$X$29*(E231-Inputs!$X$26)","v":-9297.7162499999977},{"$f":"Inputs!$X$40*Inputs!$X$41/8760","v":5342.4657534246571},{"$f":"-Inputs!$X$45*Inputs!$X$33","v":-30000},420.56802345265027,2.5924024753231664E-3,1.996149905998838E-3,{"$f":"-L231/(1.202*2465560*MAX(0,(Inputs!$X$49-O231)))","v":1.1244899713105516},{"$f":"params!$C$15*P231*(E231-Inputs!$X$26)","v":-35445.297758391782},-91587.950343218487]
["2001-01-10","15:00:00",299,5,-3,-7,71,{"$f":"Inputs!$X$37*Inputs!$X$32*(E232-Inputs!$X$26)","v":-82640.728408882569},{"$f":"Inputs!$X$33*C232*Inputs!$X$38","v":58333.875268257776},{"$f":"params!$C$15*Inputs!$X$29*(E232-Inputs!$X$26)","v":-8585.5507499999985},{"$f":"Inputs!$X$40*Inputs!$X$41/8760","v":5342.4657534246571},{"$f":"-Inputs!$X$45*Inputs!$X$33","v":-30000},488.73621912146871,3.0146312662847319E-3,2.1403881990621596E-3,{"$f":"-L232/(1.202*2465560*MAX(0,(Inputs!$X$49-O232)))","v":1.1428006922620131},{"$f":"params!$C$15*P232*(E232-Inputs!$X$26)","v":-33263.305828756209},-90813.243965956339]
["2001-01-10","16:00:00",154,3,-3,-6,77,{"$f":"Inputs!$X$37*Inputs!$X$32*(E233-Inputs!$X$26)","v":-82640.728408882569},{"$f":"Inputs!$X$33*C233*Inputs!$X$38","v":30044.872211744812},{"$f":"params!$C$15*Inputs!$X$29*(E233-Inputs!$X$26)","v":-8585.5507499999985},{"$f":"Inputs!$X$40*Inputs!$X$41/8760","v":5342.4657534246571},{"$f":"-Inputs!$X$45*Inputs!$X$33","v":-30000},488.73621912146871,3.0146312662847319E-3,2.3212660750392437E-3,{"$f":"-L233/(1.202*2465560*MAX(0,(Inputs!$X$49-O233)))","v":1.1666230804456208},{"$f":"params!$C$15*P233*(E233-Inputs!$X$26)","v":-33956.700039214913},-119795.64123292803]
["2001-01-10","17:00:00",29,3,-5,-8,77,{"$f":"Inputs!$X$37*Inputs!$X$32*(E234-Inputs!$X$26)","v":-89495.7197054719},{"$f":"Inputs!$X$33*C234*Inputs!$X$38","v":5657.800611302594},{"$f":"params!$C$15*Inputs!$X$29*(E234-Inputs!$X$26)","v":-9297.7162499999977},{"$f":"Inputs!$X$40*Inputs!$X$41/8760","v":5342.4657534246571},{"$f":"-Inputs!$X$45*Inputs!$X$33","v":-30000},420.56802345265027,2.5924024753231664E-3,1.996149905998838E-3,{"$f":"-L234/(1.202*2465560*MAX(0,(Inputs!$X$49-O234)))","v":1.1244899713105516},{"$f":"params!$C$15*P234*(E234-Inputs!$X$26)","v":-35445.297758391782},-153238.46734913642]
["2001-01-10","18:00:00",0,2,-6,-8,84,{"$f":"Inputs!$X$37*Inputs!$X$32*(E235-Inputs!$X$26)","v":-92923.215353766573},{"$f":"Inputs!$X$33*C235*Inputs!$X$38","v":0},{"$f":"params!$C$15*Inputs!$X$29*(E235-Inputs!$X$26)","v":-9653.7989999999972},{"$f":"Inputs!$X$40*Inputs!$X$41/8760","v":5342.4657534246571},{"$f":"-Inputs!$X$45*Inputs!$X$33","v":-30000},389.76616195693094,2.4018050803048703E-3,2.0175162674560907E-3,{"$f":"-L235/(1.202*2465560*MAX(0,(Inputs!$X$49-O235)))","v":1.1271652716573397},{"$f":"params!$C$15*P235*(E235-Inputs!$X$26)","v":-36890.335593678152},-164124.88419402007]
["2001-01-10","19:00:00",0,0,-9,-10,92,{"$f":"Inputs!$X$37*Inputs!$X$32*(E236-Inputs!$X$26)","v":-103205.70229865058},{"$f":"Inputs!$X$33*C236*Inputs!$X$38","v":0},{"$f":"params!$C$15*Inputs!$X$29*(E236-Inputs!$X$26)","v":-10722.047249999998},{"$f":"Inputs!$X$40*Inputs!$X$41/8760","v":5342.4657534246571},{"$f":"-Inputs!$X$45*Inputs!$X$33","v":-30000},309.04098596033037,1.902841039413297E-3,1.7506137562602333E-3,{"$f":"-L236/(1.202*2465560*MAX(0,(Inputs!$X$49-O236)))","v":1.0946334950616519},{"$f":"params!$C$15*P236*(E236-Inputs!$X$26)","v":-39789.932661675753},-178375.21645690169]
["2001-01-10","20:00:00",0,1,-11,-12,91,{"$f":"Inputs!$X$37*Inputs!$X$32*(E237-Inputs!$X$26)","v":-110060.69359523992},{"$f":"Inputs!$X$33*C237*Inputs!$X$38","v":0},{"$f":"params!$C$15*Inputs!$X$29*(E237-Inputs!$X$26)","v":-11434.212749999999},{"$f":"Inputs!$X$40*Inputs!$X$41/8760","v":5342.4657534246571},{"$f":"-Inputs!$X$45*Inputs!$X$33","v":-30000},263.86397481101648,1.6239488443119262E-3,1.4777934483238527E-3,{"$f":"-L237/(1.202*2465560*MAX(0,(Inputs!$X$49-O237)))","v":1.0632655576651737},{"$f":"params!$C$15*P237*(E237-Inputs!$X$26)","v":-41216.847266839141},-187369.28785865442]
["2001-01-10","21:00:00",0,1,-11,-12,91,{"$f":"Inputs!$X$37*Inputs!$X$32*(E238-Inputs!$X$26)","v":-110060.69359523992},{"$f":"Inputs!$X$33*C238*Inputs!$X$38","v":0},{"$f":"params!$C$15*Inputs!$X$29*(E238-Inputs!$X$26)","v":-11434.212749999999},{"$f":"Inputs!$X$40*Inputs!$X$41/8760","v":5342.4657534246571},{"$f":"-Inputs!$X$45*Inputs!$X$33","v":-30000},263.86397481101648,1.6239488443119262E-3,1.4777934483238527E-3,{"$f":"-L238/(1.202*2465560*MAX(0,(Inputs!$X$49-O238)))","v":1.0632655576651737},{"$f":"params!$C$15*P238*(E238-Inputs!$X$26)","v":-41216.847266839141},-187369.28785865442]
["2001-01-10","22:00:00",0,0,-13,-15,83,{"$f":"Inputs!$X$37*Inputs!$X$32*(E239-Inputs!$X$26)","v":-116915.68489182927},{"$f":"Inputs!$X$33*C239*Inputs!$X$38","v":0},{"$f":"params!$C$15*Inputs!$X$29*(E239-Inputs!$X$26)","v":-12146.378249999998},{"$f":"Inputs!$X$40*Inputs!$X$41/8760","v":5342.4657534246571},{"$f":"-Inputs!$X$45*Inputs!$X$33","v":-30000},224.67566674612308,1.3822287131554647E-3,1.1472498319190358E-3,{"$f":"-L239/(1.202*2465560*MAX(0,(Inputs!$X$49-O239)))","v":1.027588538591883},{"$f":"params!$C$15*P239*(E239-Inputs!$X$26)","v":-42314.850152975538},-196034.44754138013]
["2001-01-10","23:00:00",0,0,-7,-9,84,{"$f":"Inputs!$X$37*Inputs!$X$32*(E240-Inputs!$X$26)","v":-96350.711002061245},{"$f":"Inputs!$X$33*C240*Inputs!$X$38","v":0},{"$f":"params!$C$15*Inputs!$X$29*(E240-Inputs!$X$26)","v":-10009.881749999997},{"$f":"Inputs!$X$40*Inputs!$X$41/8760","v":5342.4657534246571},{"$f":"-Inputs!$X$45*Inputs!$X$33","v":-30000},360.98762153500678,2.2238327850987206E-3,1.8680195394829252E-3,{"$f":"-L240/(1.202*2465560*MAX(0,(Inputs!$X$49-O240)))","v":1.1087093480109445},{"$f":"params!$C$15*P240*(E240-Inputs!$X$26)","v":-37624.731606971807},-168642.8586056084]
["2001-01-10",1,0,0,1,-8,47,{"$f":"Inputs!$X$37*Inputs!$X$32*(E241-Inputs!$X$26)","v":-68930.745815703893},{"$f":"Inputs!$X$33*C241*Inputs!$X$38","v":0},{"$f":"params!$C$15*Inputs!$X$29*(E241-Inputs!$X$26)","v":-7161.2197499999984},{"$f":"Inputs!$X$40*Inputs!$X$41/8760","v":5342.4657534246571},{"$f":"-Inputs!$X$45*Inputs!$X$33","v":-30000},655.14373774848059,4.0477489204243187E-3,1.9024419925994299E-3,{"$f":"-L241/(1.202*2465560*MAX(0,(Inputs!$X$49-O241)))","v":1.1129051643778345},{"$f":"params!$C$15*P241*(E241-Inputs!$X$26)","v":-27019.164334819416},-127768.66414709867]
["2001-01-11","01:00:00",0,0,1,-8,47,{"$f":"Inputs!$X$37*Inputs!$X$32*(E242-Inputs!$X$26)","v":-68930.745815703893},{"$f":"Inputs!$X$33*C242*Inputs!$X$38","v":0},{"$f":"params!$C$15*Inputs!$X$29*(E242-Inputs!$X$26)","v":-7161.2197499999984},{"$f":"Inputs!$X$40*Inputs!$X$41/8760","v":5342.4657534246571},{"$f":"-Inputs!$X$45*Inputs!$X$33","v":-30000},655.14373774848059,4.0477489204243187E-3,1.9024419925994299E-3,{"$f":"-L242/(1.202*2465560*MAX(0,(Inputs!$X$49-O242)))","v":1.1129051643778345},{"$f":"params!$C$15*P242*(E242-Inputs!$X$26)","v":-27019.164334819416},-127768.66414709867]
["2001-01-11","02:00:00",0,2,1,-8,47,{"$f":"Inputs!$X$37*Inputs!$X$32*(E243-Inputs!$X$26)","v":-68930.745815703893},{"$f":"Inputs!$X$33*C243*Inputs!$X$38","v":0},{"$f":"params!$C$15*Inputs!$X$29*(E243-Inputs!$X$26)","v":-7161.2197499999984},{"$f":"Inputs!$X$40*Inputs!$X$41/8760","v":5342.4657534246571},{"$f":"-Inputs!$X$45*Inputs!$X$33","v":-30000},655.14373774848059,4.0477489204243187E-3,1.9024419925994299E-3,{"$f":"-L243/(1.202*2465560*MAX(0,(Inputs!$X$49-O243)))","v":1.1129051643778345},{"$f":"params!$C$15*P243*(E243-Inputs!$X$26)","v":-27019.164334819416},-127768.66414709867]
["2001-01-11","03:00:00",0,1,1,-7,51,{"$f":"Inputs!$X$37*Inputs!$X$32*(E244-Inputs!$X$26)","v":-68930.745815703893},{"$f":"Inputs!$X$33*C244*Inputs!$X$38","v":0},{"$f":"params!$C$15*Inputs!$X$29*(E244-Inputs!$X$26)","v":-7161.2197499999984},{"$f":"Inputs!$X$40*Inputs!$X$41/8760","v":5342.4657534246571},{"$f":"-Inputs!$X$45*Inputs!$X$33","v":-30000},655.14373774848059,4.0477489204243187E-3,2.0643519494164026E-3,{"$f":"-L244/(1.202*2465560*MAX(0,(Inputs!$X$49-O244)))","v":1.1330743759435142},{"$f":"params!$C$15*P244*(E244-Inputs!$X$26)","v":-27508.833409274197},-128258.33322155345]
["2001-01-11","04:00:00",0,1,-1,-7,60,{"$f":"Inputs!$X$37*Inputs!$X$32*(E245-Inputs!$X$26)","v":-75785.737112293224},{"$f":"Inputs!$X$33*C245*Inputs!$X$38","v":0},{"$f":"params!$C$15*Inputs!$X$29*(E245-Inputs!$X$26)","v":-7873.3852499999985},{"$f":"Inputs!$X$40*Inputs!$X$41/8760","v":5342.4657534246571},{"$f":"-Inputs!$X$45*Inputs!$X$33","v":-30000},566.54310372490409,3.4972595900071069E-3,2.0983557540042641E-3,{"$f":"-L245/(1.202*2465560*MAX(0,(Inputs!$X$49-O245)))","v":1.1374034924718157},{"$f":"params!$C$15*P245*(E245-Inputs!$X$26)","v":-30360.073177933456},-138676.72978680203]
["2001-01-11","05:00:00",0,1,-1,-7,60,{"$f":"Inputs!$X$37*Inputs!$X$32*(E246-Inputs!$X$26)","v":-75785.737112293224},{"$f":"Inputs!$X$33*C246*Inputs!$X$38","v":0},{"$f":"params!$C$15*Inputs!$X$29*(E246-Inputs!$X$26)","v":-7873.3852499999985},{"$f":"Inputs!$X$40*Inputs!$X$41/8760","v":5342.4657534246571},{"$f":"-Inputs!$X$45*Inputs!$X$33","v":-30000},566.54310372490409,3.4972595900071069E-3,2.0983557540042641E-3,{"$f":"-L246/(1.202*2465560*MAX(0,(Inputs!$X$49-O246)))","v":1.1374034924718157},{"$f":"params!$C$15*P246*(E246-Inputs!$X$26)","v":-30360.073177933456},-138676.72978680203]
["2001-01-11","06:00:00",0,4,-4,-8,71,{"$f":"Inputs!$X$37*Inputs!$X$32*(E247-Inputs!$X$26)","v":-86068.224057177227},{"$f":"Inputs!$X$33*C247*Inputs!$X$38","v":0},{"$f":"params!$C$15*Inputs!$X$29*(E247-Inputs!$X$26)","v":-8941.6334999999981},{"$f":"Inputs!$X$40*Inputs!$X$41/8760","v":5342.4657534246571},{"$f":"-Inputs!$X$45*Inputs!$X$33","v":-30000},453.51532044328405,2.7964043545646504E-3,1.9854470917409018E-3,{"$f":"-L247/(1.202*2465560*MAX(0,(Inputs!$X$49-O247)))","v":1.1231546311339784},{"$f":"params!$C$15*P247*(E247-Inputs!$X$26)","v":-34047.338732890312},-153714.73053664289]
["2001-01-11","07:00:00",0,2,-5,-8,77,{"$f":"Inputs!$X$37*Inputs!$X$32*(E248-Inputs!$X$26)","v":-89495.7197054719},{"$f":"Inputs!$X$33*C248*Inputs!$X$38","v":0},{"$f":"params!$C$15*Inputs!$X$29*(E248-Inputs!$X$26)","v":-9297.7162499999977},{"$f":"Inputs!$X$40*Inputs!$X$41/8760","v":5342.4657534246571},{"$f":"-Inputs!$X$45*Inputs!$X$33","v":-30000},420.56802345265027,2.5924024753231664E-3,1.996149905998838E-3,{"$f":"-L248/(1.202*2465560*MAX(0,(Inputs!$X$49-O248)))","v":1.1244899713105516},{"$f":"params!$C$15*P248*(E248-Inputs!$X$26)","v":-35445.297758391782},-158896.26796043903]
["2001-01-11","08:00:00",0,1,-3,-8,65,{"$f":"Inputs!$X$37*Inputs!$X$32*(E249-Inputs!$X$26)","v":-82640.728408882569},{"$f":"Inputs!$X$33*C249*Inputs!$X$38","v":0},{"$f":"params!$C$15*Inputs!$X$29*(E249-Inputs!$X$26)","v":-8585.5507499999985},{"$f":"Inputs!$X$40*Inputs!$X$41/8760","v":5342.4657534246571},{"$f":"-Inputs!$X$45*Inputs!$X$33","v":-30000},488.73621912146871,3.0146312662847319E-3,1.9595103230850759E-3,{"$f":"-L249/(1.202*2465560*MAX(0,(Inputs!$X$49-O249)))","v":1.1199317390634185},{"$f":"params!$C$15*P249*(E249-Inputs!$X$26)","v":-32597.663088618661},-148481.47649407657]
["2001-01-11","09:00:00",114,4,-4,-8,71,{"$f":"Inputs!$X$37*Inputs!$X$32*(E250-Inputs!$X$26)","v":-86068.224057177227},{"$f":"Inputs!$X$33*C250*Inputs!$X$38","v":22241.009299603302},{"$f":"params!$C$15*Inputs!$X$29*(E250-Inputs!$X$26)","v":-8941.6334999999981},{"$f":"Inputs!$X$40*Inputs!$X$41/8760","v":5342.4657534246571},{"$f":"-Inputs!$X$45*Inputs!$X$33","v":-30000},453.51532044328405,2.7964043545646504E-3,1.9854470917409018E-3,{"$f":"-L250/(1.202*2465560*MAX(0,(Inputs!$X$49-O250)))","v":1.1231546311339784},{"$f":"params!$C$15*P250*(E250-Inputs!$X$26)","v":-34047.338732890312},-131473.72123703957]
["2001-01-11","10:00:00",201,0,1,-6,56,{"$f":"Inputs!$X$37*Inputs!$X$32*(E251-Inputs!$X$26)","v":-68930.745815703893},{"$f":"Inputs!$X$33*C251*Inputs!$X$38","v":39214.411133511087},{"$f":"params!$C$15*Inputs!$X$29*(E251-Inputs!$X$26)","v":-7161.2197499999984},{"$f":"Inputs!$X$40*Inputs!$X$41/8760","v":5342.4657534246571},{"$f":"-Inputs!$X$45*Inputs!$X$33","v":-30000},655.14373774848059,4.0477489204243187E-3,2.2667393954376187E-3,{"$f":"-L251/(1.202*2465560*MAX(0,(Inputs!$X$49-O251)))","v":1.159337764547604},{"$f":"params!$C$15*P251*(E251-Inputs!$X$26)","v":-28146.457202744354},-89681.545881512502]
["2001-01-11","11:00:00",358,0,2,-4,62,{"$f":"Inputs!$X$37*Inputs!$X$32*(E252-Inputs!$X$26)","v":-65503.25016740922},{"$f":"Inputs!$X$33*C252*Inputs!$X$38","v":69844.57306366651},{"$f":"params!$C$15*Inputs!$X$29*(E252-Inputs!$X$26)","v":-6805.1369999999979},{"$f":"Inputs!$X$40*Inputs!$X$41/8760","v":5342.4657534246571},{"$f":"-Inputs!$X$45*Inputs!$X$33","v":-30000},703.88301618186097,4.3509868656616182E-3,2.6976118567102031E-3,{"$f":"-L252/(1.202*2465560*MAX(0,(Inputs!$X$49-O252)))","v":1.2195168107793628},{"$f":"params!$C$15*P252*(E252-Inputs!$X$26)","v":-28135.291456579715},-55256.639806897765]
["2001-01-11","12:00:00",422,8,3,-3,63,{"$f":"Inputs!$X$37*Inputs!$X$32*(E253-Inputs!$X$26)","v":-62075.754519114555},{"$f":"Inputs!$X$33*C253*Inputs!$X$38","v":82330.753723092916},{"$f":"params!$C$15*Inputs!$X$29*(E253-Inputs!$X$26)","v":-6449.0542499999983},{"$f":"Inputs!$X$40*Inputs!$X$41/8760","v":5342.4657534246571},{"$f":"-Inputs!$X$45*Inputs!$X$33","v":-30000},755.80495631325812,4.6743495015895585E-3,2.9448401860014215E-3,{"$f":"-L253/(1.202*2465560*MAX(0,(Inputs!$X$49-O253)))","v":1.2569540856331531},{"$f":"params!$C$15*P253*(E253-Inputs!$X$26)","v":-27481.611670411494},-38333.200963008472]
["2001-01-11","13:00:00",377,3,3,-3,63,{"$f":"Inputs!$X$37*Inputs!$X$32*(E254-Inputs!$X$26)","v":-62075.754519114555},{"$f":"Inputs!$X$33*C254*Inputs!$X$38","v":73551.40794693373},{"$f":"params!$C$15*Inputs!$X$29*(E254-Inputs!$X$26)","v":-6449.0542499999983},{"$f":"Inputs!$X$40*Inputs!$X$41/8760","v":5342.4657534246571},{"$f":"-Inputs!$X$45*Inputs!$X$33","v":-30000},755.80495631325812,4.6743495015895585E-3,2.9448401860014215E-3,{"$f":"-L254/(1.202*2465560*MAX(0,(Inputs!$X$49-O254)))","v":1.2569540856331531},{"$f":"params!$C$15*P254*(E254-Inputs!$X$26)","v":-27481.611670411494},-47112.546739167665]
["2001-01-11","14:00:00",391,3,3,-3,63,{"$f":"Inputs!$X$37*Inputs!$X$32*(E255-Inputs!$X$26)","v":-62075.754519114555},{"$f":"Inputs!$X$33*C255*Inputs!$X$38","v":76282.75996618325},{"$f":"params!$C$15*Inputs!$X$29*(E255-Inputs!$X$26)","v":-6449.0542499999983},{"$f":"Inputs!$X$40*Inputs!$X$41/8760","v":5342.4657534246571},{"$f":"-Inputs!$X$45*Inputs!$X$33","v":-30000},755.80495631325812,4.6743495015895585E-3,2.9448401860014215E-3,{"$f":"-L255/(1.202*2465560*MAX(0,(Inputs!$X$49-O255)))","v":1.2569540856331531},{"$f":"params!$C$15*P255*(E255-Inputs!$X$26)","v":-27481.611670411494},-44381.194719918145]
["2001-01-11","15:00:00",288,0,3,-3,63,{"$f":"Inputs!$X$37*Inputs!$X$32*(E256-Inputs!$X$26)","v":-62075.754519114555},{"$f":"Inputs!$X$33*C256*Inputs!$X$38","v":56187.812967418868},{"$f":"params!$C$15*Inputs!$X$29*(E256-Inputs!$X$26)","v":-6449.0542499999983},{"$f":"Inputs!$X$40*Inputs!$X$41/8760","v":5342.4657534246571},{"$f":"-Inputs!$X$45*Inputs!$X$33","v":-30000},755.80495631325812,4.6743495015895585E-3,2.9448401860014215E-3,{"$f":"-L256/(1.202*2465560*MAX(0,(Inputs!$X$49-O256)))","v":1.2569540856331531},{"$f":"params!$C$15*P256*(E256-Inputs!$X$26)","v":-27481.611670411494},-64476.141718682527]
["2001-01-11","16:00:00",169,0,2,-3,67,{"$f":"Inputs!$X$37*Inputs!$X$32*(E257-Inputs!$X$26)","v":-65503.25016740922},{"$f":"Inputs!$X$33*C257*Inputs!$X$38","v":32971.320803797877},{"$f":"params!$C$15*Inputs!$X$29*(E257-Inputs!$X$26)","v":-6805.1369999999979},{"$f":"Inputs!$X$40*Inputs!$X$41/8760","v":5342.4657534246571},{"$f":"-Inputs!$X$45*Inputs!$X$33","v":-30000},703.88301618186097,4.3509868656616182E-3,2.915161199993284E-3,{"$f":"-L257/(1.202*2465560*MAX(0,(Inputs!$X$49-O257)))","v":1.2523389004406291},{"$f":"params!$C$15*P257*(E257-Inputs!$X$26)","v":-28892.525018816184},-92887.125629002869]
["2001-01-11","17:00:00",32,0,1,-4,67,{"$f":"Inputs!$X$37*Inputs!$X$32*(E258-Inputs!$X$26)","v":-68930.745815703893},{"$f":"Inputs!$X$33*C258*Inputs!$X$38","v":6243.0903297132072},{"$f":"params!$C$15*Inputs!$X$29*(E258-Inputs!$X$26)","v":-7161.2197499999984},{"$f":"Inputs!$X$40*Inputs!$X$41/8760","v":5342.4657534246571},{"$f":"-Inputs!$X$45*Inputs!$X$33","v":-30000},655.14373774848059,4.0477489204243187E-3,2.7119917766842932E-3,{"$f":"-L258/(1.202*2465560*MAX(0,(Inputs!$X$49-O258)))","v":1.2216331430573093},{"$f":"params!$C$15*P258*(E258-Inputs!$X$26)","v":-29658.867355135437},-124165.27683770147]
["2001-01-11","18:00:00",0,0,-1,-4,78,{"$f":"Inputs!$X$37*Inputs!$X$32*(E259-Inputs!$X$26)","v":-75785.737112293224},{"$f":"Inputs!$X$33*C259*Inputs!$X$38","v":0},{"$f":"params!$C$15*Inputs!$X$29*(E259-Inputs!$X$26)","v":-7873.3852499999985},{"$f":"Inputs!$X$40*Inputs!$X$41/8760","v":5342.4657534246571},{"$f":"-Inputs!$X$45*Inputs!$X$33","v":-30000},{"$f":"EXP(77.345+0.0057*(E259+273.15)-7235/(E259+273.15))/(E259+273.15)^8.2","v":566.54310372490409},{"$f":"0.62198*M259/(101325-M259)","v":3.4972595900071069E-3},{"$f":"N259*G259/100","v":2.7278624802055435E-3},{"$f":"-L259/(1.202*2465560*MAX(0,(Inputs!$X$49-O259)))","v":1.2239774214274959},{"$f":"params!$C$15*P259*(E259-Inputs!$X$26)","v":-32670.942483146875},{"$f":"H259+I259+J259+K259+L259+Q259","v":-140987.59909201544}]
["2001-01-11","19:00:00",0,0,-5,-7,84,{"$f":"Inputs!$X$37*Inputs!$X$32*(E260-Inputs!$X$26)","v":-89495.7197054719},{"$f":"Inputs!$X$33*C260*Inputs!$X$38","v":0},{"$f":"params!$C$15*Inputs!$X$29*(E260-Inputs!$X$26)","v":-9297.7162499999977},{"$f":"Inputs!$X$40*Inputs!$X$41/8760","v":5342.4657534246571},{"$f":"-Inputs!$X$45*Inputs!$X$33","v":-30000},420.56802345265027,2.5924024753231664E-3,2.1776180792714597E-3,{"$f":"-L260/(1.202*2465560*MAX(0,(Inputs!$X$49-O260)))","v":1.1476241736815775},{"$f":"params!$C$15*P260*(E260-Inputs!$X$26)","v":-36174.51608168926},-159625.48628373651]
["2001-01-11","20:00:00",0,1,-6,-7,92,{"$f":"Inputs!$X$37*Inputs!$X$32*(E261-Inputs!$X$26)","v":-92923.215353766573},{"$f":"Inputs!$X$33*C261*Inputs!$X$38","v":0},{"$f":"params!$C$15*Inputs!$X$29*(E261-Inputs!$X$26)","v":-9653.7989999999972},{"$f":"Inputs!$X$40*Inputs!$X$41/8760","v":5342.4657534246571},{"$f":"-Inputs!$X$45*Inputs!$X$33","v":-30000},389.76616195693094,2.4018050803048703E-3,2.2096606738804809E-3,{"$f":"-L261/(1.202*2465560*MAX(0,(Inputs!$X$49-O261)))","v":1.151808315161466},{"$f":"params!$C$15*P261*(E261-Inputs!$X$26)","v":-37696.863409763311},-164931.41201010524]
["2001-01-11","21:00:00",0,2,-8,-9,92,{"$f":"Inputs!$X$37*Inputs!$X$32*(E262-Inputs!$X$26)","v":-99778.206650355904},{"$f":"Inputs!$X$33*C262*Inputs!$X$38","v":0},{"$f":"params!$C$15*Inputs!$X$29*(E262-Inputs!$X$26)","v":-10365.964499999998},{"$f":"Inputs!$X$40*Inputs!$X$41/8760","v":5342.4657534246571},{"$f":"-Inputs!$X$45*Inputs!$X$33","v":-30000},334.1161188582924,2.0577455669371189E-3,1.8931259215821494E-3,{"$f":"-L262/(1.202*2465560*MAX(0,(Inputs!$X$49-O262)))","v":1.1117664801301264},{"$f":"params!$C$15*P262*(E262-Inputs!$X$26)","v":-39070.597004560834},-173872.30240149211]
["2001-01-11","22:00:00",0,1,-9,-10,92,{"$f":"Inputs!$X$37*Inputs!$X$32*(E263-Inputs!$X$26)","v":-103205.70229865058},{"$f":"Inputs!$X$33*C263*Inputs!$X$38","v":0},{"$f":"params!$C$15*Inputs!$X$29*(E263-Inputs!$X$26)","v":-10722.047249999998},{"$f":"Inputs!$X$40*Inputs!$X$41/8760","v":5342.4657534246571},{"$f":"-Inputs!$X$45*Inputs!$X$33","v":-30000},309.04098596033037,1.902841039413297E-3,1.7506137562602333E-3,{"$f":"-L263/(1.202*2465560*MAX(0,(Inputs!$X$49-O263)))","v":1.0946334950616519},{"$f":"params!$C$15*P263*(E263-Inputs!$X$26)","v":-39789.932661675753},-178375.21645690169]
["2001-01-11","23:00:00",0,5,-8,-8,100,{"$f":"Inputs!$X$37*Inputs!$X$32*(E264-Inputs!$X$26)","v":-99778.206650355904},{"$f":"Inputs!$X$33*C264*Inputs!$X$38","v":0},{"$f":"params!$C$15*Inputs!$X$29*(E264-Inputs!$X$26)","v":-10365.964499999998},{"$f":"Inputs!$X$40*Inputs!$X$41/8760","v":5342.4657534246571},{"$f":"-Inputs!$X$45*Inputs!$X$33","v":-30000},334.1161188582924,2.0577455669371189E-3,2.0577455669371189E-3,{"$f":"-L264/(1.202*2465560*MAX(0,(Inputs!$X$49-O264)))","v":1.132237119864417},{"$f":"params!$C$15*P264*(E264-Inputs!$X$26)","v":-39789.99278575978},-174591.69818269106]
["2001-01-11",1,0,0,-11,-12,91,{"$f":"Inputs!$X$37*Inputs!$X$32*(E265-Inputs!$X$26)","v":-110060.69359523992},{"$f":"Inputs!$X$33*C265*Inputs!$X$38","v":0},{"$f":"params!$C$15*Inputs!$X$29*(E265-Inputs!$X$26)","v":-11434.212749999999},{"$f":"Inputs!$X$40*Inputs!$X$41/8760","v":5342.4657534246571},{"$f":"-Inputs!$X$45*Inputs!$X$33","v":-30000},263.86397481101648,1.6239488443119262E-3,1.4777934483238527E-3,{"$f":"-L265/(1.202*2465560*MAX(0,(Inputs!$X$49-O265)))","v":1.0632655576651737},{"$f":"params!$C$15*P265*(E265-Inputs!$X$26)","v":-41216.847266839141},-187369.28785865442]
["2001-01-12","01:00:00",0,8,-10,-12,84,{"$f":"Inputs!$X$37*Inputs!$X$32*(E266-Inputs!$X$26)","v":-106633.19794694525},{"$f":"Inputs!$X$33*C266*Inputs!$X$38","v":0},{"$f":"params!$C$15*Inputs!$X$29*(E266-Inputs!$X$26)","v":-11078.129999999997},{"$f":"Inputs!$X$40*Inputs!$X$41/8760","v":5342.4657534246571},{"$f":"-Inputs!$X$45*Inputs!$X$33","v":-30000},285.65695946908653,1.758452799711007E-3,1.477100351757246E-3,{"$f":"-L266/(1.202*2465560*MAX(0,(Inputs!$X$49-O266)))","v":1.0631881570500024},{"$f":"params!$C$15*P266*(E266-Inputs!$X$26)","v":-39930.370678356332},-182299.23287187691]
["2001-01-12","02:00:00",0,10,-6,-7,92,{"$f":"Inputs!$X$37*Inputs!$X$32*(E267-Inputs!$X$26)","v":-92923.215353766573},{"$f":"Inputs!$X$33*C267*Inputs!$X$38","v":0},{"$f":"params!$C$15*Inputs!$X$29*(E267-Inputs!$X$26)","v":-9653.7989999999972},{"$f":"Inputs!$X$40*Inputs!$X$41/8760","v":5342.4657534246571},{"$f":"-Inputs!$X$45*Inputs!$X$33","v":-30000},389.76616195693094,2.4018050803048703E-3,2.2096606738804809E-3,{"$f":"-L267/(1.202*2465560*MAX(0,(Inputs!$X$49-O267)))","v":1.151808315161466},{"$f":"params!$C$15*P267*(E267-Inputs!$X$26)","v":-37696.863409763311},-164931.41201010524]
["2001-01-12","03:00:00",0,10,-4,-6,84,{"$f":"Inputs!$X$37*Inputs!$X$32*(E268-Inputs!$X$26)","v":-86068.224057177227},{"$f":"Inputs!$X$33*C268*Inputs!$X$38","v":0},{"$f":"params!$C$15*Inputs!$X$29*(E268-Inputs!$X$26)","v":-8941.6334999999981},{"$f":"Inputs!$X$40*Inputs!$X$41/8760","v":5342.4657534246571},{"$f":"-Inputs!$X$45*Inputs!$X$33","v":-30000},453.51532044328405,2.7964043545646504E-3,2.3489796578343063E-3,{"$f":"-L268/(1.202*2465560*MAX(0,(Inputs!$X$49-O268)))","v":1.170361102910803},{"$f":"params!$C$15*P268*(E268-Inputs!$X$26)","v":-35478.356947494853},-155145.74875124742]
["2001-01-12","04:00:00",0,10,-4,-5,92,{"$f":"Inputs!$X$37*Inputs!$X$32*(E269-Inputs!$X$26)","v":-86068.224057177227},{"$f":"Inputs!$X$33*C269*Inputs!$X$38","v":0},{"$f":"params!$C$15*Inputs!$X$29*(E269-Inputs!$X$26)","v":-8941.6334999999981},{"$f":"Inputs!$X$40*Inputs!$X$41/8760","v":5342.4657534246571},{"$f":"-Inputs!$X$45*Inputs!$X$33","v":-30000},453.51532044328405,2.7964043545646504E-3,2.5726920061994786E-3,{"$f":"-L269/(1.202*2465560*MAX(0,(Inputs!$X$49-O269)))","v":1.2014359681857574},{"$f":"params!$C$15*P269*(E269-Inputs!$X$26)","v":-36420.361222567015},-156087.75302631958]
["2001-01-12","05:00:00",0,10,-3,-5,84,{"$f":"Inputs!$X$37*Inputs!$X$32*(E270-Inputs!$X$26)","v":-82640.728408882569},{"$f":"Inputs!$X$33*C270*Inputs!$X$38","v":0},{"$f":"params!$C$15*Inputs!$X$29*(E270-Inputs!$X$26)","v":-8585.5507499999985},{"$f":"Inputs!$X$40*Inputs!$X$41/8760","v":5342.4657534246571},{"$f":"-Inputs!$X$45*Inputs!$X$33","v":-30000},488.73621912146871,3.0146312662847319E-3,2.5322902636791748E-3,{"$f":"-L270/(1.202*2465560*MAX(0,(Inputs!$X$49-O270)))","v":1.1957024310865629},{"$f":"params!$C$15*P270*(E270-Inputs!$X$26)","v":-34803.107763869608},-150686.92116932751]
["2001-01-12","06:00:00",0,10,-3,-6,77,{"$f":"Inputs!$X$37*Inputs!$X$32*(E271-Inputs!$X$26)","v":-82640.728408882569},{"$f":"Inputs!$X$33*C271*Inputs!$X$38","v":0},{"$f":"params!$C$15*Inputs!$X$29*(E271-Inputs!$X$26)","v":-8585.5507499999985},{"$f":"Inputs!$X$40*Inputs!$X$41/8760","v":5342.4657534246571},{"$f":"-Inputs!$X$45*Inputs!$X$33","v":-30000},488.73621912146871,3.0146312662847319E-3,2.3212660750392437E-3,{"$f":"-L271/(1.202*2465560*MAX(0,(Inputs!$X$49-O271)))","v":1.1666230804456208},{"$f":"params!$C$15*P271*(E271-Inputs!$X$26)","v":-33956.700039214913},-149840.51344467283]
["2001-01-12","07:00:00",0,10,-2,-5,78,{"$f":"Inputs!$X$37*Inputs!$X$32*(E272-Inputs!$X$26)","v":-79213.232760587896},{"$f":"Inputs!$X$33*C272*Inputs!$X$38","v":0},{"$f":"params!$C$15*Inputs!$X$29*(E272-Inputs!$X$26)","v":-8229.4679999999971},{"$f":"Inputs!$X$40*Inputs!$X$41/8760","v":5342.4657534246571},{"$f":"-Inputs!$X$45*Inputs!$X$33","v":-30000},526.36516305985776,3.2479468065175691E-3,2.5333985090837041E-3,{"$f":"-L272/(1.202*2465560*MAX(0,(Inputs!$X$49-O272)))","v":1.1958589755842766},{"$f":"params!$C$15*P272*(E272-Inputs!$X$26)","v":-33364.02843236929},-145464.26343953254]
["2001-01-12","08:00:00",0,10,-3,-5,84,{"$f":"Inputs!$X$37*Inputs!$X$32*(E273-Inputs!$X$26)","v":-82640.728408882569},{"$f":"Inputs!$X$33*C273*Inputs!$X$38","v":0},{"$f":"params!$C$15*Inputs!$X$29*(E273-Inputs!$X$26)","v":-8585.5507499999985},{"$f":"Inputs!$X$40*Inputs!$X$41/8760","v":5342.4657534246571},{"$f":"-Inputs!$X$45*Inputs!$X$33","v":-30000},488.73621912146871,3.0146312662847319E-3,2.5322902636791748E-3,{"$f":"-L273/(1.202*2465560*MAX(0,(Inputs!$X$49-O273)))","v":1.1957024310865629},{"$f":"params!$C$15*P273*(E273-Inputs!$X$26)","v":-34803.107763869608},-150686.92116932751]
["2001-01-12","09:00:00",82,10,-3,-5,84,{"$f":"Inputs!$X$37*Inputs!$X$32*(E274-Inputs!$X$26)","v":-82640.728408882569},{"$f":"Inputs!$X$33*C274*Inputs!$X$38","v":15997.918969890094},{"$f":"params!$C$15*Inputs!$X$29*(E274-Inputs!$X$26)","v":-8585.5507499999985},{"$f":"Inputs!$X$40*Inputs!$X$41/8760","v":5342.4657534246571},{"$f":"-Inputs!$X$45*Inputs!$X$33","v":-30000},488.73621912146871,3.0146312662847319E-3,2.5322902636791748E-3,{"$f":"-L274/(1.202*2465560*MAX(0,(Inputs!$X$49-O274)))","v":1.1957024310865629},{"$f":"params!$C$15*P274*(E274-Inputs!$X$26)","v":-34803.107763869608},-134689.00219943744]
["2001-01-12","10:00:00",151,10,-2,-4,85,{"$f":"Inputs!$X$37*Inputs!$X$32*(E275-Inputs!$X$26)","v":-79213.232760587896},{"$f":"Inputs!$X$33*C275*Inputs!$X$38","v":29459.582493334197},{"$f":"params!$C$15*Inputs!$X$29*(E275-Inputs!$X$26)","v":-8229.4679999999971},{"$f":"Inputs!$X$40*Inputs!$X$41/8760","v":5342.4657534246571},{"$f":"-Inputs!$X$45*Inputs!$X$33","v":-30000},526.36516305985776,3.2479468065175691E-3,2.7607547855399341E-3,{"$f":"-L275/(1.202*2465560*MAX(0,(Inputs!$X$49-O275)))","v":1.2288647393508831},{"$f":"params!$C$15*P275*(E275-Inputs!$X$26)","v":-34284.877180611613},-116925.52969444064]
["2001-01-12","11:00:00",287,8,-1,-6,66,{"$f":"Inputs!$X$37*Inputs!$X$32*(E276-Inputs!$X$26)","v":-75785.737112293224},{"$f":"Inputs!$X$33*C276*Inputs!$X$38","v":55992.716394615323},{"$f":"params!$C$15*Inputs!$X$29*(E276-Inputs!$X$26)","v":-7873.3852499999985},{"$f":"Inputs!$X$40*Inputs!$X$41/8760","v":5342.4657534246571},{"$f":"-Inputs!$X$45*Inputs!$X$33","v":-30000},566.54310372490409,3.4972595900071069E-3,2.3081913294046904E-3,{"$f":"-L276/(1.202*2465560*MAX(0,(Inputs!$X$49-O276)))","v":1.1648678293502162},{"$f":"params!$C$15*P276*(E276-Inputs!$X$26)","v":-31093.163310793509},-83417.103525046754]
["2001-01-12","12:00:00",428,1,1,-5,61,{"$f":"Inputs!$X$37*Inputs!$X$32*(E277-Inputs!$X$26)","v":-68930.745815703893},{"$f":"Inputs!$X$33*C277*Inputs!$X$38","v":83501.333159914153},{"$f":"params!$C$15*Inputs!$X$29*(E277-Inputs!$X$26)","v":-7161.2197499999984},{"$f":"Inputs!$X$40*Inputs!$X$41/8760","v":5342.4657534246571},{"$f":"-Inputs!$X$45*Inputs!$X$33","v":-30000},655.14373774848059,4.0477489204243187E-3,2.4691268414588343E-3,{"$f":"-L277/(1.202*2465560*MAX(0,(Inputs!$X$49-O277)))","v":1.18684755491109},{"$f":"params!$C$15*P277*(E277-Inputs!$X$26)","v":-28814.341197211208},-46062.507849576286]
["2001-01-12","13:00:00",430,1,1,-5,61,{"$f":"Inputs!$X$37*Inputs!$X$32*(E278-Inputs!$X$26)","v":-68930.745815703893},{"$f":"Inputs!$X$33*C278*Inputs!$X$38","v":83891.526305521227},{"$f":"params!$C$15*Inputs!$X$29*(E278-Inputs!$X$26)","v":-7161.2197499999984},{"$f":"Inputs!$X$40*Inputs!$X$41/8760","v":5342.4657534246571},{"$f":"-Inputs!$X$45*Inputs!$X$33","v":-30000},655.14373774848059,4.0477489204243187E-3,2.4691268414588343E-3,{"$f":"-L278/(1.202*2465560*MAX(0,(Inputs!$X$49-O278)))","v":1.18684755491109},{"$f":"params!$C$15*P278*(E278-Inputs!$X$26)","v":-28814.341197211208},-45672.314703969212]
["2001-01-12","14:00:00",397,0,2,-4,62,{"$f":"Inputs!$X$37*Inputs!$X$32*(E279-Inputs!$X$26)","v":-65503.25016740922},{"$f":"Inputs!$X$33*C279*Inputs!$X$38","v":77453.339403004473},{"$f":"params!$C$15*Inputs!$X$29*(E279-Inputs!$X$26)","v":-6805.1369999999979},{"$f":"Inputs!$X$40*Inputs!$X$41/8760","v":5342.4657534246571},{"$f":"-Inputs!$X$45*Inputs!$X$33","v":-30000},703.88301618186097,4.3509868656616182E-3,2.6976118567102031E-3,{"$f":"-L279/(1.202*2465560*MAX(0,(Inputs!$X$49-O279)))","v":1.2195168107793628},{"$f":"params!$C$15*P279*(E279-Inputs!$X$26)","v":-28135.291456579715},-47647.873467559803]
["2001-01-12","15:00:00",305,0,2,-6,52,{"$f":"Inputs!$X$37*Inputs!$X$32*(E280-Inputs!$X$26)","v":-65503.25016740922},{"$f":"Inputs!$X$33*C280*Inputs!$X$38","v":59504.454705079006},{"$f":"params!$C$15*Inputs!$X$29*(E280-Inputs!$X$26)","v":-6805.1369999999979},{"$f":"Inputs!$X$40*Inputs!$X$41/8760","v":5342.4657534246571},{"$f":"-Inputs!$X$45*Inputs!$X$33","v":-30000},703.88301618186097,4.3509868656616182E-3,2.2625131701440415E-3,{"$f":"-L280/(1.202*2465560*MAX(0,(Inputs!$X$49-O280)))","v":1.158776895796517},{"$f":"params!$C$15*P280*(E280-Inputs!$X$26)","v":-26733.969887262352},-64195.436596167914]
["2001-01-12","16:00:00",174,0,2,-6,52,{"$f":"Inputs!$X$37*Inputs!$X$32*(E281-Inputs!$X$26)","v":-65503.25016740922},{"$f":"Inputs!$X$33*C281*Inputs!$X$38","v":33946.803667815562},{"$f":"params!$C$15*Inputs!$X$29*(E281-Inputs!$X$26)","v":-6805.1369999999979},{"$f":"Inputs!$X$40*Inputs!$X$41/8760","v":5342.4657534246571},{"$f":"-Inputs!$X$45*Inputs!$X$33","v":-30000},703.88301618186097,4.3509868656616182E-3,2.2625131701440415E-3,{"$f":"-L281/(1.202*2465560*MAX(0,(Inputs!$X$49-O281)))","v":1.158776895796517},{"$f":"params!$C$15*P281*(E281-Inputs!$X$26)","v":-26733.969887262352},-89753.087633431351]
["2001-01-12","17:00:00",33,0,-1,-6,66,{"$f":"Inputs!$X$37*Inputs!$X$32*(E282-Inputs!$X$26)","v":-75785.737112293224},{"$f":"Inputs!$X$33*C282*Inputs!$X$38","v":6438.1869025167452},{"$f":"params!$C$15*Inputs!$X$29*(E282-Inputs!$X$26)","v":-7873.3852499999985},{"$f":"Inputs!$X$40*Inputs!$X$41/8760","v":5342.4657534246571},{"$f":"-Inputs!$X$45*Inputs!$X$33","v":-30000},566.54310372490409,3.4972595900071069E-3,2.3081913294046904E-3,{"$f":"-L282/(1.202*2465560*MAX(0,(Inputs!$X$49-O282)))","v":1.1648678293502162},{"$f":"params!$C$15*P282*(E282-Inputs!$X$26)","v":-31093.163310793509},-132971.63301714533]
["2001-01-12","18:00:00",0,2,-2,-7,65,{"$f":"Inputs!$X$37*Inputs!$X$32*(E283-Inputs!$X$26)","v":-79213.232760587896},{"$f":"Inputs!$X$33*C283*Inputs!$X$38","v":0},{"$f":"params!$C$15*Inputs!$X$29*(E283-Inputs!$X$26)","v":-8229.4679999999971},{"$f":"Inputs!$X$40*Inputs!$X$41/8760","v":5342.4657534246571},{"$f":"-Inputs!$X$45*Inputs!$X$33","v":-30000},526.36516305985776,3.2479468065175691E-3,2.1111654242364202E-3,{"$f":"-L283/(1.202*2465560*MAX(0,(Inputs!$X$49-O283)))","v":1.1390429168295795},{"$f":"params!$C$15*P283*(E283-Inputs!$X$26)","v":-31778.88115463053},-143879.11616179376]
["2001-01-12","19:00:00",0,0,-3,-7,71,{"$f":"Inputs!$X$37*Inputs!$X$32*(E284-Inputs!$X$26)","v":-82640.728408882569},{"$f":"Inputs!$X$33*C284*Inputs!$X$38","v":0},{"$f":"params!$C$15*Inputs!$X$29*(E284-Inputs!$X$26)","v":-8585.5507499999985},{"$f":"Inputs!$X$40*Inputs!$X$41/8760","v":5342.4657534246571},{"$f":"-Inputs!$X$45*Inputs!$X$33","v":-30000},488.73621912146871,3.0146312662847319E-3,2.1403881990621596E-3,{"$f":"-L284/(1.202*2465560*MAX(0,(Inputs!$X$49-O284)))","v":1.1428006922620131},{"$f":"params!$C$15*P284*(E284-Inputs!$X$26)","v":-33263.305828756209},-149147.11923421413]
["2001-01-12","20:00:00",0,3,-7,-8,92,{"$f":"Inputs!$X$37*Inputs!$X$32*(E285-Inputs!$X$26)","v":-96350.711002061245},{"$f":"Inputs!$X$33*C285*Inputs!$X$38","v":0},{"$f":"params!$C$15*Inputs!$X$29*(E285-Inputs!$X$26)","v":-10009.881749999997},{"$f":"Inputs!$X$40*Inputs!$X$41/8760","v":5342.4657534246571},{"$f":"-Inputs!$X$45*Inputs!$X$33","v":-30000},360.98762153500678,2.2238327850987206E-3,2.0459261622908231E-3,{"$f":"-L285/(1.202*2465560*MAX(0,(Inputs!$X$49-O285)))","v":1.1307422774594986},{"$f":"params!$C$15*P285*(E285-Inputs!$X$26)","v":-38372.432578831038},-169390.55957746762]
["2001-01-12","21:00:00",0,3,-7,-8,92,{"$f":"Inputs!$X$37*Inputs!$X$32*(E286-Inputs!$X$26)","v":-96350.711002061245},{"$f":"Inputs!$X$33*C286*Inputs!$X$38","v":0},{"$f":"params!$C$15*Inputs!$X$29*(E286-Inputs!$X$26)","v":-10009.881749999997},{"$f":"Inputs!$X$40*Inputs!$X$41/8760","v":5342.4657534246571},{"$f":"-Inputs!$X$45*Inputs!$X$33","v":-30000},360.98762153500678,2.2238327850987206E-3,2.0459261622908231E-3,{"$f":"-L286/(1.202*2465560*MAX(0,(Inputs!$X$49-O286)))","v":1.1307422774594986},{"$f":"params!$C$15*P286*(E286-Inputs!$X$26)","v":-38372.432578831038},-169390.55957746762]
["2001-01-12","22:00:00",0,6,-9,-10,92,{"$f":"Inputs!$X$37*Inputs!$X$32*(E287-Inputs!$X$26)","v":-103205.70229865058},{"$f":"Inputs!$X$33*C287*Inputs!$X$38","v":0},{"$f":"params!$C$15*Inputs!$X$29*(E287-Inputs!$X$26)","v":-10722.047249999998},{"$f":"Inputs!$X$40*Inputs!$X$41/8760","v":5342.4657534246571},{"$f":"-Inputs!$X$45*Inputs!$X$33","v":-30000},309.04098596033037,1.902841039413297E-3,1.7506137562602333E-3,{"$f":"-L287/(1.202*2465560*MAX(0,(Inputs!$X$49-O287)))","v":1.0946334950616519},{"$f":"params!$C$15*P287*(E287-Inputs!$X$26)","v":-39789.932661675753},-178375.21645690169]
["2001-01-12","23:00:00",0,5,-8,-9,92,{"$f":"Inputs!$X$37*Inputs!$X$32*(E288-Inputs!$X$26)","v":-99778.206650355904},{"$f":"Inputs!$X$33*C288*Inputs!$X$38","v":0},{"$f":"params!$C$15*Inputs!$X$29*(E288-Inputs!$X$26)","v":-10365.964499999998},{"$f":"Inputs!$X$40*Inputs!$X$41/8760","v":5342.4657534246571},{"$f":"-Inputs!$X$45*Inputs!$X$33","v":-30000},334.1161188582924,2.0577455669371189E-3,1.8931259215821494E-3,{"$f":"-L288/(1.202*2465560*MAX(0,(Inputs!$X$49-O288)))","v":1.1117664801301264},{"$f":"params!$C$15*P288*(E288-Inputs!$X$26)","v":-39070.597004560834},-173872.30240149211]
["2001-01-12",1,0,6,-9,-10,92,{"$f":"Inputs!$X$37*Inputs!$X$32*(E289-Inputs!$X$26)","v":-103205.70229865058},{"$f":"Inputs!$X$33*C289*Inputs!$X$38","v":0},{"$f":"params!$C$15*Inputs!$X$29*(E289-Inputs!$X$26)","v":-10722.047249999998},{"$f":"Inputs!$X$40*Inputs!$X$41/8760","v":5342.4657534246571},{"$f":"-Inputs!$X$45*Inputs!$X$33","v":-30000},309.04098596033037,1.902841039413297E-3,1.7506137562602333E-3,{"$f":"-L289/(1.202*2465560*MAX(0,(Inputs!$X$49-O289)))","v":1.0946334950616519},{"$f":"params!$C$15*P289*(E289-Inputs!$X$26)","v":-39789.932661675753},-178375.21645690169]
["2001-01-13","01:00:00",0,8,-8,-10,84,{"$f":"Inputs!$X$37*Inputs!$X$32*(E290-Inputs!$X$26)","v":-99778.206650355904},{"$f":"Inputs!$X$33*C290*Inputs!$X$38","v":0},{"$f":"params!$C$15*Inputs!$X$29*(E290-Inputs!$X$26)","v":-10365.964499999998},{"$f":"Inputs!$X$40*Inputs!$X$41/8760","v":5342.4657534246571},{"$f":"-Inputs!$X$45*Inputs!$X$33","v":-30000},334.1161188582924,2.0577455669371189E-3,1.7285062762271799E-3,{"$f":"-L290/(1.202*2465560*MAX(0,(Inputs!$X$49-O290)))","v":1.0920229060161399},{"$f":"params!$C$15*P290*(E290-Inputs!$X$26)","v":-38376.752351547941},-173178.45774847921]
["2001-01-13","02:00:00",0,8,-8,-9,92,{"$f":"Inputs!$X$37*Inputs!$X$32*(E291-Inputs!$X$26)","v":-99778.206650355904},{"$f":"Inputs!$X$33*C291*Inputs!$X$38","v":0},{"$f":"params!$C$15*Inputs!$X$29*(E291-Inputs!$X$26)","v":-10365.964499999998},{"$f":"Inputs!$X$40*Inputs!$X$41/8760","v":5342.4657534246571},{"$f":"-Inputs!$X$45*Inputs!$X$33","v":-30000},334.1161188582924,2.0577455669371189E-3,1.8931259215821494E-3,{"$f":"-L291/(1.202*2465560*MAX(0,(Inputs!$X$49-O291)))","v":1.1117664801301264},{"$f":"params!$C$15*P291*(E291-Inputs!$X$26)","v":-39070.597004560834},-173872.30240149211]
["2001-01-13","03:00:00",0,6,-8,-9,92,{"$f":"Inputs!$X$37*Inputs!$X$32*(E292-Inputs!$X$26)","v":-99778.206650355904},{"$f":"Inputs!$X$33*C292*Inputs!$X$38","v":0},{"$f":"params!$C$15*Inputs!$X$29*(E292-Inputs!$X$26)","v":-10365.964499999998},{"$f":"Inputs!$X$40*Inputs!$X$41/8760","v":5342.4657534246571},{"$f":"-Inputs!$X$45*Inputs!$X$33","v":-30000},334.1161188582924,2.0577455669371189E-3,1.8931259215821494E-3,{"$f":"-L292/(1.202*2465560*MAX(0,(Inputs!$X$49-O292)))","v":1.1117664801301264},{"$f":"params!$C$15*P292*(E292-Inputs!$X$26)","v":-39070.597004560834},-173872.30240149211]
["2001-01-13","04:00:00",0,7,-8,-9,92,{"$f":"Inputs!$X$37*Inputs!$X$32*(E293-Inputs!$X$26)","v":-99778.206650355904},{"$f":"Inputs!$X$33*C293*Inputs!$X$38","v":0},{"$f":"params!$C$15*Inputs!$X$29*(E293-Inputs!$X$26)","v":-10365.964499999998},{"$f":"Inputs!$X$40*Inputs!$X$41/8760","v":5342.4657534246571},{"$f":"-Inputs!$X$45*Inputs!$X$33","v":-30000},334.1161188582924,2.0577455669371189E-3,1.8931259215821494E-3,{"$f":"-L293/(1.202*2465560*MAX(0,(Inputs!$X$49-O293)))","v":1.1117664801301264},{"$f":"params!$C$15*P293*(E293-Inputs!$X$26)","v":-39070.597004560834},-173872.30240149211]
["2001-01-13","05:00:00",0,5,-8,-9,92,{"$f":"Inputs!$X$37*Inputs!$X$32*(E294-Inputs!$X$26)","v":-99778.206650355904},{"$f":"Inputs!$X$33*C294*Inputs!$X$38","v":0},{"$f":"params!$C$15*Inputs!$X$29*(E294-Inputs!$X$26)","v":-10365.964499999998},{"$f":"Inputs!$X$40*Inputs!$X$41/8760","v":5342.4657534246571},{"$f":"-Inputs!$X$45*Inputs!$X$33","v":-30000},334.1161188582924,2.0577455669371189E-3,1.8931259215821494E-3,{"$f":"-L294/(1.202*2465560*MAX(0,(Inputs!$X$49-O294)))","v":1.1117664801301264},{"$f":"params!$C$15*P294*(E294-Inputs!$X$26)","v":-39070.597004560834},-173872.30240149211]
["2001-01-13","06:00:00",0,1,-8,-9,92,{"$f":"Inputs!$X$37*Inputs!$X$32*(E295-Inputs!$X$26)","v":-99778.206650355904},{"$f":"Inputs!$X$33*C295*Inputs!$X$38","v":0},{"$f":"params!$C$15*Inputs!$X$29*(E295-Inputs!$X$26)","v":-10365.964499999998},{"$f":"Inputs!$X$40*Inputs!$X$41/8760","v":5342.4657534246571},{"$f":"-Inputs!$X$45*Inputs!$X$33","v":-30000},334.1161188582924,2.0577455669371189E-3,1.8931259215821494E-3,{"$f":"-L295/(1.202*2465560*MAX(0,(Inputs!$X$49-O295)))","v":1.1117664801301264},{"$f":"params!$C$15*P295*(E295-Inputs!$X$26)","v":-39070.597004560834},-173872.30240149211]
["2001-01-13","07:00:00",0,4,-9,-11,84,{"$f":"Inputs!$X$37*Inputs!$X$32*(E296-Inputs!$X$26)","v":-103205.70229865058},{"$f":"Inputs!$X$33*C296*Inputs!$X$38","v":0},{"$f":"params!$C$15*Inputs!$X$29*(E296-Inputs!$X$26)","v":-10722.047249999998},{"$f":"Inputs!$X$40*Inputs!$X$41/8760","v":5342.4657534246571},{"$f":"-Inputs!$X$45*Inputs!$X$33","v":-30000},309.04098596033037,1.902841039413297E-3,1.5983864731071696E-3,{"$f":"-L296/(1.202*2465560*MAX(0,(Inputs!$X$49-O296)))","v":1.0769063838348762},{"$f":"params!$C$15*P296*(E296-Inputs!$X$26)","v":-39145.552085728094},-177730.83588095402]
["2001-01-13","08:00:00",0,0,-12,-13,91,{"$f":"Inputs!$X$37*Inputs!$X$32*(E297-Inputs!$X$26)","v":-113488.18924353459},{"$f":"Inputs!$X$33*C297*Inputs!$X$38","v":0},{"$f":"params!$C$15*Inputs!$X$29*(E297-Inputs!$X$26)","v":-11790.295499999998},{"$f":"Inputs!$X$40*Inputs!$X$41/8760","v":5342.4657534246571},{"$f":"-Inputs!$X$45*Inputs!$X$33","v":-30000},243.5669653908281,1.4987300494831474E-3,1.3638443450296643E-3,{"$f":"-L297/(1.202*2465560*MAX(0,(Inputs!$X$49-O297)))","v":1.0506900345548014},{"$f":"params!$C$15*P297*(E297-Inputs!$X$26)","v":-41997.753227770721},-191933.77221788064]
["2001-01-13","09:00:00",112,0,-8,-10,84,{"$f":"Inputs!$X$37*Inputs!$X$32*(E298-Inputs!$X$26)","v":-99778.206650355904},{"$f":"Inputs!$X$33*C298*Inputs!$X$38","v":21850.816153996228},{"$f":"params!$C$15*Inputs!$X$29*(E298-Inputs!$X$26)","v":-10365.964499999998},{"$f":"Inputs!$X$40*Inputs!$X$41/8760","v":5342.4657534246571},{"$f":"-Inputs!$X$45*Inputs!$X$33","v":-30000},334.1161188582924,2.0577455669371189E-3,1.7285062762271799E-3,{"$f":"-L298/(1.202*2465560*MAX(0,(Inputs!$X$49-O298)))","v":1.0920229060161399},{"$f":"params!$C$15*P298*(E298-Inputs!$X$26)","v":-38376.752351547941},-151327.64159448296]
["2001-01-13","10:00:00",251,0,-6,-8,84,{"$f":"Inputs!$X$37*Inputs!$X$32*(E299-Inputs!$X$26)","v":-92923.215353766573},{"$f":"Inputs!$X$33*C299*Inputs!$X$38","v":48969.239773687965},{"$f":"params!$C$15*Inputs!$X$29*(E299-Inputs!$X$26)","v":-9653.7989999999972},{"$f":"Inputs!$X$40*Inputs!$X$41/8760","v":5342.4657534246571},{"$f":"-Inputs!$X$45*Inputs!$X$33","v":-30000},389.76616195693094,2.4018050803048703E-3,2.0175162674560907E-3,{"$f":"-L299/(1.202*2465560*MAX(0,(Inputs!$X$49-O299)))","v":1.1271652716573397},{"$f":"params!$C$15*P299*(E299-Inputs!$X$26)","v":-36890.335593678152},-115155.6444203321]
["2001-01-13","11:00:00",358,0,-3,-6,77,{"$f":"Inputs!$X$37*Inputs!$X$32*(E300-Inputs!$X$26)","v":-82640.728408882569},{"$f":"Inputs!$X$33*C300*Inputs!$X$38","v":69844.57306366651},{"$f":"params!$C$15*Inputs!$X$29*(E300-Inputs!$X$26)","v":-8585.5507499999985},{"$f":"Inputs!$X$40*Inputs!$X$41/8760","v":5342.4657534246571},{"$f":"-Inputs!$X$45*Inputs!$X$33","v":-30000},488.73621912146871,3.0146312662847319E-3,2.3212660750392437E-3,{"$f":"-L300/(1.202*2465560*MAX(0,(Inputs!$X$49-O300)))","v":1.1666230804456208},{"$f":"params!$C$15*P300*(E300-Inputs!$X$26)","v":-33956.700039214913},-79995.940381006309]
["2001-01-13","12:00:00",428,0,0,-6,60,{"$f":"Inputs!$X$37*Inputs!$X$32*(E301-Inputs!$X$26)","v":-72358.241463998565},{"$f":"Inputs!$X$33*C301*Inputs!$X$38","v":83501.333159914153},{"$f":"params!$C$15*Inputs!$X$29*(E301-Inputs!$X$26)","v":-7517.302499999998},{"$f":"Inputs!$X$40*Inputs!$X$41/8760","v":5342.4657534246571},{"$f":"-Inputs!$X$45*Inputs!$X$33","v":-30000},609.41773586642103,3.7635253138895938E-3,2.2581151883337564E-3,{"$f":"-L301/(1.202*2465560*MAX(0,(Inputs!$X$49-O301)))","v":1.1581938088970767},{"$f":"params!$C$15*P301*(E301-Inputs!$X$26)","v":-29516.850810578115},-50548.595861237867]
["2001-01-13","13:00:00",442,0,3,-5,53,{"$f":"Inputs!$X$37*Inputs!$X$32*(E302-Inputs!$X$26)","v":-62075.754519114555},{"$f":"Inputs!$X$33*C302*Inputs!$X$38","v":86232.685179163687},{"$f":"params!$C$15*Inputs!$X$29*(E302-Inputs!$X$26)","v":-6449.0542499999983},{"$f":"Inputs!$X$40*Inputs!$X$41/8760","v":5342.4657534246571},{"$f":"-Inputs!$X$45*Inputs!$X$33","v":-30000},755.80495631325812,4.6743495015895585E-3,2.477405235842466E-3,{"$f":"-L302/(1.202*2465560*MAX(0,(Inputs!$X$49-O302)))","v":1.1880006271341368},{"$f":"params!$C$15*P302*(E302-Inputs!$X$26)","v":-25974.03697738102},-32923.694813907226]
["2001-01-13","14:00:00",403,0,6,-4,47,{"$f":"Inputs!$X$37*Inputs!$X$32*(E303-Inputs!$X$26)","v":-51793.267574230544},{"$f":"Inputs!$X$33*C303*Inputs!$X$38","v":78623.91883982571},{"$f":"params!$C$15*Inputs!$X$29*(E303-Inputs!$X$26)","v":-5380.8059999999987},{"$f":"Inputs!$X$40*Inputs!$X$41/8760","v":5342.4657534246571},{"$f":"-Inputs!$X$45*Inputs!$X$33","v":-30000},932.4781503104233,5.7771510192606073E-3,2.7152609790524855E-3,{"$f":"-L303/(1.202*2465560*MAX(0,(Inputs!$X$49-O303)))","v":1.2221153057272536},{"$f":"params!$C$15*P303*(E303-Inputs!$X$26)","v":-22293.911447335333},-25501.600428315505]
["2001-01-13","15:00:00",306,0,6,-3,51,{"$f":"Inputs!$X$37*Inputs!$X$32*(E304-Inputs!$X$26)","v":-51793.267574230544},{"$f":"Inputs!$X$33*C304*Inputs!$X$38","v":59699.55127788255},{"$f":"params!$C$15*Inputs!$X$29*(E304-Inputs!$X$26)","v":-5380.8059999999987},{"$f":"Inputs!$X$40*Inputs!$X$41/8760","v":5342.4657534246571},{"$f":"-Inputs!$X$45*Inputs!$X$33","v":-30000},932.4781503104233,5.7771510192606073E-3,2.9463470198229096E-3,{"$f":"-L304/(1.202*2465560*MAX(0,(Inputs!$X$49-O304)))","v":1.257189311047376},{"$f":"params!$C$15*P304*(E304-Inputs!$X$26)","v":-22933.733864292022},-45065.790407215361]
["2001-01-13","16:00:00",175,8,6,0,65,{"$f":"Inputs!$X$37*Inputs!$X$32*(E305-Inputs!$X$26)","v":-51793.267574230544},{"$f":"Inputs!$X$33*C305*Inputs!$X$38","v":34141.900240619099},{"$f":"params!$C$15*Inputs!$X$29*(E305-Inputs!$X$26)","v":-5380.8059999999987},{"$f":"Inputs!$X$40*Inputs!$X$41/8760","v":5342.4657534246571},{"$f":"-Inputs!$X$45*Inputs!$X$33","v":-30000},932.4781503104233,5.7771510192606073E-3,3.7551481625193949E-3,{"$f":"-L305/(1.202*2465560*MAX(0,(Inputs!$X$49-O305)))","v":1.3975726679756584},{"$f":"params!$C$15*P305*(E305-Inputs!$X$26)","v":-25494.616715011565},-73184.324295198341]
["2001-01-13","17:00:00",37,0,3,-1,74,{"$f":"Inputs!$X$37*Inputs!$X$32*(E306-Inputs!$X$26)","v":-62075.754519114555},{"$f":"Inputs!$X$33*C306*Inputs!$X$38","v":7218.5731937308965},{"$f":"params!$C$15*Inputs!$X$29*(E306-Inputs!$X$26)","v":-6449.0542499999983},{"$f":"Inputs!$X$40*Inputs!$X$41/8760","v":5342.4657534246571},{"$f":"-Inputs!$X$45*Inputs!$X$33","v":-30000},755.80495631325812,4.6743495015895585E-3,3.4590186311762735E-3,{"$f":"-L306/(1.202*2465560*MAX(0,(Inputs!$X$49-O306)))","v":1.3426784108228573},{"$f":"params!$C$15*P306*(E306-Inputs!$X$26)","v":-29355.858822712878},-115319.62864467187]
["2001-01-13","18:00:00",0,0,0,-2,85,{"$f":"Inputs!$X$37*Inputs!$X$32*(E307-Inputs!$X$26)","v":-72358.241463998565},{"$f":"Inputs!$X$33*C307*Inputs!$X$38","v":0},{"$f":"params!$C$15*Inputs!$X$29*(E307-Inputs!$X$26)","v":-7517.302499999998},{"$f":"Inputs!$X$40*Inputs!$X$41/8760","v":5342.4657534246571},{"$f":"-Inputs!$X$45*Inputs!$X$33","v":-30000},609.41773586642103,3.7635253138895938E-3,3.1989965168061547E-3,{"$f":"-L307/(1.202*2465560*MAX(0,(Inputs!$X$49-O307)))","v":1.2979145854555856},{"$f":"params!$C$15*P307*(E307-Inputs!$X$26)","v":-33077.668771384633},-137610.74698195854]
["2001-01-13","19:00:00",0,3,-2,-3,92,{"$f":"Inputs!$X$37*Inputs!$X$32*(E308-Inputs!$X$26)","v":-79213.232760587896},{"$f":"Inputs!$X$33*C308*Inputs!$X$38","v":0},{"$f":"params!$C$15*Inputs!$X$29*(E308-Inputs!$X$26)","v":-8229.4679999999971},{"$f":"Inputs!$X$40*Inputs!$X$41/8760","v":5342.4657534246571},{"$f":"-Inputs!$X$45*Inputs!$X$33","v":-30000},526.36516305985776,3.2479468065175691E-3,2.9881110619961637E-3,{"$f":"-L308/(1.202*2465560*MAX(0,(Inputs!$X$49-O308)))","v":1.2637441367468178},{"$f":"params!$C$15*P308*(E308-Inputs!$X$26)","v":-35257.999622455805},-147358.23462961905]
["2001-01-13","20:00:00",0,0,-3,-4,92,{"$f":"Inputs!$X$37*Inputs!$X$32*(E309-Inputs!$X$26)","v":-82640.728408882569},{"$f":"Inputs!$X$33*C309*Inputs!$X$38","v":0},{"$f":"params!$C$15*Inputs!$X$29*(E309-Inputs!$X$26)","v":-8585.5507499999985},{"$f":"Inputs!$X$40*Inputs!$X$41/8760","v":5342.4657534246571},{"$f":"-Inputs!$X$45*Inputs!$X$33","v":-30000},488.73621912146871,3.0146312662847319E-3,2.7734607649819529E-3,{"$f":"-L309/(1.202*2465560*MAX(0,(Inputs!$X$49-O309)))","v":1.2307631296121513},{"$f":"params!$C$15*P309*(E309-Inputs!$X$26)","v":-35823.613566432665},-151707.42697189059]
["2001-01-13","21:00:00",0,0,-4,-4,100,{"$f":"Inputs!$X$37*Inputs!$X$32*(E310-Inputs!$X$26)","v":-86068.224057177227},{"$f":"Inputs!$X$33*C310*Inputs!$X$38","v":0},{"$f":"params!$C$15*Inputs!$X$29*(E310-Inputs!$X$26)","v":-8941.6334999999981},{"$f":"Inputs!$X$40*Inputs!$X$41/8760","v":5342.4657534246571},{"$f":"-Inputs!$X$45*Inputs!$X$33","v":-30000},453.51532044328405,2.7964043545646504E-3,2.7964043545646504E-3,{"$f":"-L310/(1.202*2465560*MAX(0,(Inputs!$X$49-O310)))","v":1.2342060128106536},{"$f":"params!$C$15*P310*(E310-Inputs!$X$26)","v":-37413.753208592374},-157081.14501234493]
["2001-01-13","22:00:00",0,0,-4,-4,100,{"$f":"Inputs!$X$37*Inputs!$X$32*(E311-Inputs!$X$26)","v":-86068.224057177227},{"$f":"Inputs!$X$33*C311*Inputs!$X$38","v":0},{"$f":"params!$C$15*Inputs!$X$29*(E311-Inputs!$X$26)","v":-8941.6334999999981},{"$f":"Inputs!$X$40*Inputs!$X$41/8760","v":5342.4657534246571},{"$f":"-Inputs!$X$45*Inputs!$X$33","v":-30000},453.51532044328405,2.7964043545646504E-3,2.7964043545646504E-3,{"$f":"-L311/(1.202*2465560*MAX(0,(Inputs!$X$49-O311)))","v":1.2342060128106536},{"$f":"params!$C$15*P311*(E311-Inputs!$X$26)","v":-37413.753208592374},-157081.14501234493]
["2001-01-13","23:00:00",0,3,-6,-6,100,{"$f":"Inputs!$X$37*Inputs!$X$32*(E312-Inputs!$X$26)","v":-92923.215353766573},{"$f":"Inputs!$X$33*C312*Inputs!$X$38","v":0},{"$f":"params!$C$15*Inputs!$X$29*(E312-Inputs!$X$26)","v":-9653.7989999999972},{"$f":"Inputs!$X$40*Inputs!$X$41/8760","v":5342.4657534246571},{"$f":"-Inputs!$X$45*Inputs!$X$33","v":-30000},389.76616195693094,2.4018050803048703E-3,2.4018050803048703E-3,{"$f":"-L312/(1.202*2465560*MAX(0,(Inputs!$X$49-O312)))","v":1.1775529774405049},{"$f":"params!$C$15*P312*(E312-Inputs!$X$26)","v":-38539.445465031218},-165773.99406537315]
["2001-01-13",1,0,10,-6,-7,92,{"$f":"Inputs!$X$37*Inputs!$X$32*(E313-Inputs!$X$26)","v":-92923.215353766573},{"$f":"Inputs!$X$33*C313*Inputs!$X$38","v":0},{"$f":"params!$C$15*Inputs!$X$29*(E313-Inputs!$X$26)","v":-9653.7989999999972},{"$f":"Inputs!$X$40*Inputs!$X$41/8760","v":5342.4657534246571},{"$f":"-Inputs!$X$45*Inputs!$X$33","v":-30000},389.76616195693094,2.4018050803048703E-3,2.2096606738804809E-3,{"$f":"-L313/(1.202*2465560*MAX(0,(Inputs!$X$49-O313)))","v":1.151808315161466},{"$f":"params!$C$15*P313*(E313-Inputs!$X$26)","v":-37696.863409763311},-164931.41201010524]
["2001-01-14","01:00:00",0,10,-6,-6,100,{"$f":"Inputs!$X$37*Inputs!$X$32*(E314-Inputs!$X$26)","v":-92923.215353766573},{"$f":"Inputs!$X$33*C314*Inputs!$X$38","v":0},{"$f":"params!$C$15*Inputs!$X$29*(E314-Inputs!$X$26)","v":-9653.7989999999972},{"$f":"Inputs!$X$40*Inputs!$X$41/8760","v":5342.4657534246571},{"$f":"-Inputs!$X$45*Inputs!$X$33","v":-30000},389.76616195693094,2.4018050803048703E-3,2.4018050803048703E-3,{"$f":"-L314/(1.202*2465560*MAX(0,(Inputs!$X$49-O314)))","v":1.1775529774405049},{"$f":"params!$C$15*P314*(E314-Inputs!$X$26)","v":-38539.445465031218},-165773.99406537315]
["2001-01-14","02:00:00",0,10,-5,-6,92,{"$f":"Inputs!$X$37*Inputs!$X$32*(E315-Inputs!$X$26)","v":-89495.7197054719},{"$f":"Inputs!$X$33*C315*Inputs!$X$38","v":0},{"$f":"params!$C$15*Inputs!$X$29*(E315-Inputs!$X$26)","v":-9297.7162499999977},{"$f":"Inputs!$X$40*Inputs!$X$41/8760","v":5342.4657534246571},{"$f":"-Inputs!$X$45*Inputs!$X$33","v":-30000},420.56802345265027,2.5924024753231664E-3,2.3850102772973131E-3,{"$f":"-L315/(1.202*2465560*MAX(0,(Inputs!$X$49-O315)))","v":1.1752568977004851},{"$f":"params!$C$15*P315*(E315-Inputs!$X$26)","v":-37045.533303465047},-160496.50350551229]
["2001-01-14","03:00:00",0,10,-4,-4,100,{"$f":"Inputs!$X$37*Inputs!$X$32*(E316-Inputs!$X$26)","v":-86068.224057177227},{"$f":"Inputs!$X$33*C316*Inputs!$X$38","v":0},{"$f":"params!$C$15*Inputs!$X$29*(E316-Inputs!$X$26)","v":-8941.6334999999981},{"$f":"Inputs!$X$40*Inputs!$X$41/8760","v":5342.4657534246571},{"$f":"-Inputs!$X$45*Inputs!$X$33","v":-30000},453.51532044328405,2.7964043545646504E-3,2.7964043545646504E-3,{"$f":"-L316/(1.202*2465560*MAX(0,(Inputs!$X$49-O316)))","v":1.2342060128106536},{"$f":"params!$C$15*P316*(E316-Inputs!$X$26)","v":-37413.753208592374},-157081.14501234493]
["2001-01-14","04:00:00",0,10,-3,-3,100,{"$f":"Inputs!$X$37*Inputs!$X$32*(E317-Inputs!$X$26)","v":-82640.728408882569},{"$f":"Inputs!$X$33*C317*Inputs!$X$38","v":0},{"$f":"params!$C$15*Inputs!$X$29*(E317-Inputs!$X$26)","v":-8585.5507499999985},{"$f":"Inputs!$X$40*Inputs!$X$41/8760","v":5342.4657534246571},{"$f":"-Inputs!$X$45*Inputs!$X$33","v":-30000},488.73621912146871,3.0146312662847319E-3,3.0146312662847319E-3,{"$f":"-L317/(1.202*2465560*MAX(0,(Inputs!$X$49-O317)))","v":1.2679420572977234},{"$f":"params!$C$15*P317*(E317-Inputs!$X$26)","v":-36905.774305714804},-152789.5877111727]
["2001-01-14","05:00:00",0,10,-3,-3,100,{"$f":"Inputs!$X$37*Inputs!$X$32*(E318-Inputs!$X$26)","v":-82640.728408882569},{"$f":"Inputs!$X$33*C318*Inputs!$X$38","v":0},{"$f":"params!$C$15*Inputs!$X$29*(E318-Inputs!$X$26)","v":-8585.5507499999985},{"$f":"Inputs!$X$40*Inputs!$X$41/8760","v":5342.4657534246571},{"$f":"-Inputs!$X$45*Inputs!$X$33","v":-30000},488.73621912146871,3.0146312662847319E-3,3.0146312662847319E-3,{"$f":"-L318/(1.202*2465560*MAX(0,(Inputs!$X$49-O318)))","v":1.2679420572977234},{"$f":"params!$C$15*P318*(E318-Inputs!$X$26)","v":-36905.774305714804},-152789.5877111727]
["2001-01-14","06:00:00",0,10,-3,-4,92,{"$f":"Inputs!$X$37*Inputs!$X$32*(E319-Inputs!$X$26)","v":-82640.728408882569},{"$f":"Inputs!$X$33*C319*Inputs!$X$38","v":0},{"$f":"params!$C$15*Inputs!$X$29*(E319-Inputs!$X$26)","v":-8585.5507499999985},{"$f":"Inputs!$X$40*Inputs!$X$41/8760","v":5342.4657534246571},{"$f":"-Inputs!$X$45*Inputs!$X$33","v":-30000},488.73621912146871,3.0146312662847319E-3,2.7734607649819529E-3,{"$f":"-L319/(1.202*2465560*MAX(0,(Inputs!$X$49-O319)))","v":1.2307631296121513},{"$f":"params!$C$15*P319*(E319-Inputs!$X$26)","v":-35823.613566432665},-151707.42697189059]
["2001-01-14","07:00:00",0,10,-4,-4,100,{"$f":"Inputs!$X$37*Inputs!$X$32*(E320-Inputs!$X$26)","v":-86068.224057177227},{"$f":"Inputs!$X$33*C320*Inputs!$X$38","v":0},{"$f":"params!$C$15*Inputs!$X$29*(E320-Inputs!$X$26)","v":-8941.6334999999981},{"$f":"Inputs!$X$40*Inputs!$X$41/8760","v":5342.4657534246571},{"$f":"-Inputs!$X$45*Inputs!$X$33","v":-30000},453.51532044328405,2.7964043545646504E-3,2.7964043545646504E-3,{"$f":"-L320/(1.202*2465560*MAX(0,(Inputs!$X$49-O320)))","v":1.2342060128106536},{"$f":"params!$C$15*P320*(E320-Inputs!$X$26)","v":-37413.753208592374},-157081.14501234493]
["2001-01-14","08:00:00",0,10,-4,-4,100,{"$f":"Inputs!$X$37*Inputs!$X$32*(E321-Inputs!$X$26)","v":-86068.224057177227},{"$f":"Inputs!$X$33*C321*Inputs!$X$38","v":0},{"$f":"params!$C$15*Inputs!$X$29*(E321-Inputs!$X$26)","v":-8941.6334999999981},{"$f":"Inputs!$X$40*Inputs!$X$41/8760","v":5342.4657534246571},{"$f":"-Inputs!$X$45*Inputs!$X$33","v":-30000},453.51532044328405,2.7964043545646504E-3,2.7964043545646504E-3,{"$f":"-L321/(1.202*2465560*MAX(0,(Inputs!$X$49-O321)))","v":1.2342060128106536},{"$f":"params!$C$15*P321*(E321-Inputs!$X$26)","v":-37413.753208592374},-157081.14501234493]
["2001-01-14","09:00:00",71,10,-3,-4,92,{"$f":"Inputs!$X$37*Inputs!$X$32*(E322-Inputs!$X$26)","v":-82640.728408882569},{"$f":"Inputs!$X$33*C322*Inputs!$X$38","v":13851.85666905118},{"$f":"params!$C$15*Inputs!$X$29*(E322-Inputs!$X$26)","v":-8585.5507499999985},{"$f":"Inputs!$X$40*Inputs!$X$41/8760","v":5342.4657534246571},{"$f":"-Inputs!$X$45*Inputs!$X$33","v":-30000},488.73621912146871,3.0146312662847319E-3,2.7734607649819529E-3,{"$f":"-L322/(1.202*2465560*MAX(0,(Inputs!$X$49-O322)))","v":1.2307631296121513},{"$f":"params!$C$15*P322*(E322-Inputs!$X$26)","v":-35823.613566432665},-137855.57030283939]
["2001-01-14","10:00:00",93,10,-3,-4,92,{"$f":"Inputs!$X$37*Inputs!$X$32*(E323-Inputs!$X$26)","v":-82640.728408882569},{"$f":"Inputs!$X$33*C323*Inputs!$X$38","v":18143.981270729008},{"$f":"params!$C$15*Inputs!$X$29*(E323-Inputs!$X$26)","v":-8585.5507499999985},{"$f":"Inputs!$X$40*Inputs!$X$41/8760","v":5342.4657534246571},{"$f":"-Inputs!$X$45*Inputs!$X$33","v":-30000},{"$f":"EXP(77.345+0.0057*(E323+273.15)-7235/(E323+273.15))/(E323+273.15)^8.2","v":488.73621912146871},{"$f":"0.62198*M323/(101325-M323)","v":3.0146312662847319E-3},{"$f":"N323*G323/100","v":2.7734607649819529E-3},{"$f":"-L323/(1.202*2465560*MAX(0,(Inputs!$X$49-O323)))","v":1.2307631296121513},{"$f":"params!$C$15*P323*(E323-Inputs!$X$26)","v":-35823.613566432665},{"$f":"H323+I323+J323+K323+L323+Q323","v":-133563.44570116157}]
["2001-01-14","11:00:00",124,10,-3,-3,100,{"$f":"Inputs!$X$37*Inputs!$X$32*(E324-Inputs!$X$26)","v":-82640.728408882569},{"$f":"Inputs!$X$33*C324*Inputs!$X$38","v":24191.97502763868},{"$f":"params!$C$15*Inputs!$X$29*(E324-Inputs!$X$26)","v":-8585.5507499999985},{"$f":"Inputs!$X$40*Inputs!$X$41/8760","v":5342.4657534246571},{"$f":"-Inputs!$X$45*Inputs!$X$33","v":-30000},488.73621912146871,3.0146312662847319E-3,3.0146312662847319E-3,{"$f":"-L324/(1.202*2465560*MAX(0,(Inputs!$X$49-O324)))","v":1.2679420572977234},{"$f":"params!$C$15*P324*(E324-Inputs!$X$26)","v":-36905.774305714804},-128597.61268353403]
["2001-01-14","12:00:00",99,10,-2,-3,92,{"$f":"Inputs!$X$37*Inputs!$X$32*(E325-Inputs!$X$26)","v":-79213.232760587896},{"$f":"Inputs!$X$33*C325*Inputs!$X$38","v":19314.560707550238},{"$f":"params!$C$15*Inputs!$X$29*(E325-Inputs!$X$26)","v":-8229.4679999999971},{"$f":"Inputs!$X$40*Inputs!$X$41/8760","v":5342.4657534246571},{"$f":"-Inputs!$X$45*Inputs!$X$33","v":-30000},526.36516305985776,3.2479468065175691E-3,2.9881110619961637E-3,{"$f":"-L325/(1.202*2465560*MAX(0,(Inputs!$X$49-O325)))","v":1.2637441367468178},{"$f":"params!$C$15*P325*(E325-Inputs!$X$26)","v":-35257.999622455805},-128043.67392206879]
["2001-01-14","13:00:00",377,10,-1,-2,92,{"$f":"Inputs!$X$37*Inputs!$X$32*(E326-Inputs!$X$26)","v":-75785.737112293224},{"$f":"Inputs!$X$33*C326*Inputs!$X$38","v":73551.40794693373},{"$f":"params!$C$15*Inputs!$X$29*(E326-Inputs!$X$26)","v":-7873.3852499999985},{"$f":"Inputs!$X$40*Inputs!$X$41/8760","v":5342.4657534246571},{"$f":"-Inputs!$X$45*Inputs!$X$33","v":-30000},566.54310372490409,3.4972595900071069E-3,3.2174788228065384E-3,{"$f":"-L326/(1.202*2465560*MAX(0,(Inputs!$X$49-O326)))","v":1.3009976140868336},{"$f":"params!$C$15*P326*(E326-Inputs!$X$26)","v":-34726.799266419381},-69492.047928354208]
["2001-01-14","14:00:00",144,10,1,-1,86,{"$f":"Inputs!$X$37*Inputs!$X$32*(E327-Inputs!$X$26)","v":-68930.745815703893},{"$f":"Inputs!$X$33*C327*Inputs!$X$38","v":28093.906483709434},{"$f":"params!$C$15*Inputs!$X$29*(E327-Inputs!$X$26)","v":-7161.2197499999984},{"$f":"Inputs!$X$40*Inputs!$X$41/8760","v":5342.4657534246571},{"$f":"-Inputs!$X$45*Inputs!$X$33","v":-30000},655.14373774848059,4.0477489204243187E-3,3.481064071564914E-3,{"$f":"-L327/(1.202*2465560*MAX(0,(Inputs!$X$49-O327)))","v":1.3466160267432525},{"$f":"params!$C$15*P327*(E327-Inputs!$X$26)","v":-32693.207729715319},-105348.80105828511]
["2001-01-14","15:00:00",98,10,2,-1,80,{"$f":"Inputs!$X$37*Inputs!$X$32*(E328-Inputs!$X$26)","v":-65503.25016740922},{"$f":"Inputs!$X$33*C328*Inputs!$X$38","v":19119.464134746697},{"$f":"params!$C$15*Inputs!$X$29*(E328-Inputs!$X$26)","v":-6805.1369999999979},{"$f":"Inputs!$X$40*Inputs!$X$41/8760","v":5342.4657534246571},{"$f":"-Inputs!$X$45*Inputs!$X$33","v":-30000},703.88301618186097,4.3509868656616182E-3,3.4807894925292949E-3,{"$f":"-L328/(1.202*2465560*MAX(0,(Inputs!$X$49-O328)))","v":1.3465668411562572},{"$f":"params!$C$15*P328*(E328-Inputs!$X$26)","v":-31066.443862700951},-108912.90114193881]
["2001-01-14","16:00:00",54,9,2,-1,80,{"$f":"Inputs!$X$37*Inputs!$X$32*(E329-Inputs!$X$26)","v":-65503.25016740922},{"$f":"Inputs!$X$33*C329*Inputs!$X$38","v":10535.214931391038},{"$f":"params!$C$15*Inputs!$X$29*(E329-Inputs!$X$26)","v":-6805.1369999999979},{"$f":"Inputs!$X$40*Inputs!$X$41/8760","v":5342.4657534246571},{"$f":"-Inputs!$X$45*Inputs!$X$33","v":-30000},703.88301618186097,4.3509868656616182E-3,3.4807894925292949E-3,{"$f":"-L329/(1.202*2465560*MAX(0,(Inputs!$X$49-O329)))","v":1.3465668411562572},{"$f":"params!$C$15*P329*(E329-Inputs!$X$26)","v":-31066.443862700951},-117497.15034529447]
["2001-01-14","17:00:00",17,8,1,-2,79,{"$f":"Inputs!$X$37*Inputs!$X$32*(E330-Inputs!$X$26)","v":-68930.745815703893},{"$f":"Inputs!$X$33*C330*Inputs!$X$38","v":3316.6417376601416},{"$f":"params!$C$15*Inputs!$X$29*(E330-Inputs!$X$26)","v":-7161.2197499999984},{"$f":"Inputs!$X$40*Inputs!$X$41/8760","v":5342.4657534246571},{"$f":"-Inputs!$X$45*Inputs!$X$33","v":-30000},655.14373774848059,4.0477489204243187E-3,3.1977216471352115E-3,{"$f":"-L330/(1.202*2465560*MAX(0,(Inputs!$X$49-O330)))","v":1.2977024634034569},{"$f":"params!$C$15*P330*(E330-Inputs!$X$26)","v":-31505.681920345593},-128938.5399949647]
["2001-01-14","18:00:00",0,8,-1,-2,92,{"$f":"Inputs!$X$37*Inputs!$X$32*(E331-Inputs!$X$26)","v":-75785.737112293224},{"$f":"Inputs!$X$33*C331*Inputs!$X$38","v":0},{"$f":"params!$C$15*Inputs!$X$29*(E331-Inputs!$X$26)","v":-7873.3852499999985},{"$f":"Inputs!$X$40*Inputs!$X$41/8760","v":5342.4657534246571},{"$f":"-Inputs!$X$45*Inputs!$X$33","v":-30000},566.54310372490409,3.4972595900071069E-3,3.2174788228065384E-3,{"$f":"-L331/(1.202*2465560*MAX(0,(Inputs!$X$49-O331)))","v":1.3009976140868336},{"$f":"params!$C$15*P331*(E331-Inputs!$X$26)","v":-34726.799266419381},-143043.45587528794]
["2001-01-14","19:00:00",0,10,0,-2,85,{"$f":"Inputs!$X$37*Inputs!$X$32*(E332-Inputs!$X$26)","v":-72358.241463998565},{"$f":"Inputs!$X$33*C332*Inputs!$X$38","v":0},{"$f":"params!$C$15*Inputs!$X$29*(E332-Inputs!$X$26)","v":-7517.302499999998},{"$f":"Inputs!$X$40*Inputs!$X$41/8760","v":5342.4657534246571},{"$f":"-Inputs!$X$45*Inputs!$X$33","v":-30000},609.41773586642103,3.7635253138895938E-3,3.1989965168061547E-3,{"$f":"-L332/(1.202*2465560*MAX(0,(Inputs!$X$49-O332)))","v":1.2979145854555856},{"$f":"params!$C$15*P332*(E332-Inputs!$X$26)","v":-33077.668771384633},-137610.74698195854]
["2001-01-14","20:00:00",0,10,0,-2,85,{"$f":"Inputs!$X$37*Inputs!$X$32*(E333-Inputs!$X$26)","v":-72358.241463998565},{"$f":"Inputs!$X$33*C333*Inputs!$X$38","v":0},{"$f":"params!$C$15*Inputs!$X$29*(E333-Inputs!$X$26)","v":-7517.302499999998},{"$f":"Inputs!$X$40*Inputs!$X$41/8760","v":5342.4657534246571},{"$f":"-Inputs!$X$45*Inputs!$X$33","v":-30000},609.41773586642103,3.7635253138895938E-3,3.1989965168061547E-3,{"$f":"-L333/(1.202*2465560*MAX(0,(Inputs!$X$49-O333)))","v":1.2979145854555856},{"$f":"params!$C$15*P333*(E333-Inputs!$X$26)","v":-33077.668771384633},-137610.74698195854]
["2001-01-14","21:00:00",0,10,0,-2,85,{"$f":"Inputs!$X$37*Inputs!$X$32*(E334-Inputs!$X$26)","v":-72358.241463998565},{"$f":"Inputs!$X$33*C334*Inputs!$X$38","v":0},{"$f":"params!$C$15*Inputs!$X$29*(E334-Inputs!$X$26)","v":-7517.302499999998},{"$f":"Inputs!$X$40*Inputs!$X$41/8760","v":5342.4657534246571},{"$f":"-Inputs!$X$45*Inputs!$X$33","v":-30000},609.41773586642103,3.7635253138895938E-3,3.1989965168061547E-3,{"$f":"-L334/(1.202*2465560*MAX(0,(Inputs!$X$49-O334)))","v":1.2979145854555856},{"$f":"params!$C$15*P334*(E334-Inputs!$X$26)","v":-33077.668771384633},-137610.74698195854]
["2001-01-14","22:00:00",0,10,0,-1,92,{"$f":"Inputs!$X$37*Inputs!$X$32*(E335-Inputs!$X$26)","v":-72358.241463998565},{"$f":"Inputs!$X$33*C335*Inputs!$X$38","v":0},{"$f":"params!$C$15*Inputs!$X$29*(E335-Inputs!$X$26)","v":-7517.302499999998},{"$f":"Inputs!$X$40*Inputs!$X$41/8760","v":5342.4657534246571},{"$f":"-Inputs!$X$45*Inputs!$X$33","v":-30000},609.41773586642103,3.7635253138895938E-3,3.462443288778426E-3,{"$f":"-L335/(1.202*2465560*MAX(0,(Inputs!$X$49-O335)))","v":1.3432885898517939},{"$f":"params!$C$15*P335*(E335-Inputs!$X$26)","v":-34234.036305171387},-138767.11451574528]
["2001-01-14","23:00:00",0,10,0,-1,92,{"$f":"Inputs!$X$37*Inputs!$X$32*(E336-Inputs!$X$26)","v":-72358.241463998565},{"$f":"Inputs!$X$33*C336*Inputs!$X$38","v":0},{"$f":"params!$C$15*Inputs!$X$29*(E336-Inputs!$X$26)","v":-7517.302499999998},{"$f":"Inputs!$X$40*Inputs!$X$41/8760","v":5342.4657534246571},{"$f":"-Inputs!$X$45*Inputs!$X$33","v":-30000},609.41773586642103,3.7635253138895938E-3,3.462443288778426E-3,{"$f":"-L336/(1.202*2465560*MAX(0,(Inputs!$X$49-O336)))","v":1.3432885898517939},{"$f":"params!$C$15*P336*(E336-Inputs!$X$26)","v":-34234.036305171387},-138767.11451574528]
["2001-01-14",1,0,10,0,-1,92,{"$f":"Inputs!$X$37*Inputs!$X$32*(E337-Inputs!$X$26)","v":-72358.241463998565},{"$f":"Inputs!$X$33*C337*Inputs!$X$38","v":0},{"$f":"params!$C$15*Inputs!$X$29*(E337-Inputs!$X$26)","v":-7517.302499999998},{"$f":"Inputs!$X$40*Inputs!$X$41/8760","v":5342.4657534246571},{"$f":"-Inputs!$X$45*Inputs!$X$33","v":-30000},609.41773586642103,3.7635253138895938E-3,3.462443288778426E-3,{"$f":"-L337/(1.202*2465560*MAX(0,(Inputs!$X$49-O337)))","v":1.3432885898517939},{"$f":"params!$C$15*P337*(E337-Inputs!$X$26)","v":-34234.036305171387},-138767.11451574528]
["2001-01-15","01:00:00",0,10,0,-1,92,{"$f":"Inputs!$X$37*Inputs!$X$32*(E338-Inputs!$X$26)","v":-72358.241463998565},{"$f":"Inputs!$X$33*C338*Inputs!$X$38","v":0},{"$f":"params!$C$15*Inputs!$X$29*(E338-Inputs!$X$26)","v":-7517.302499999998},{"$f":"Inputs!$X$40*Inputs!$X$41/8760","v":5342.4657534246571},{"$f":"-Inputs!$X$45*Inputs!$X$33","v":-30000},609.41773586642103,3.7635253138895938E-3,3.462443288778426E-3,{"$f":"-L338/(1.202*2465560*MAX(0,(Inputs!$X$49-O338)))","v":1.3432885898517939},{"$f":"params!$C$15*P338*(E338-Inputs!$X$26)","v":-34234.036305171387},-138767.11451574528]
["2001-01-15","02:00:00",0,10,0,-1,92,{"$f":"Inputs!$X$37*Inputs!$X$32*(E339-Inputs!$X$26)","v":-72358.241463998565},{"$f":"Inputs!$X$33*C339*Inputs!$X$38","v":0},{"$f":"params!$C$15*Inputs!$X$29*(E339-Inputs!$X$26)","v":-7517.302499999998},{"$f":"Inputs!$X$40*Inputs!$X$41/8760","v":5342.4657534246571},{"$f":"-Inputs!$X$45*Inputs!$X$33","v":-30000},609.41773586642103,3.7635253138895938E-3,3.462443288778426E-3,{"$f":"-L339/(1.202*2465560*MAX(0,(Inputs!$X$49-O339)))","v":1.3432885898517939},{"$f":"params!$C$15*P339*(E339-Inputs!$X$26)","v":-34234.036305171387},-138767.11451574528]
["2001-01-15","03:00:00",0,10,1,0,93,{"$f":"Inputs!$X$37*Inputs!$X$32*(E340-Inputs!$X$26)","v":-68930.745815703893},{"$f":"Inputs!$X$33*C340*Inputs!$X$38","v":0},{"$f":"params!$C$15*Inputs!$X$29*(E340-Inputs!$X$26)","v":-7161.2197499999984},{"$f":"Inputs!$X$40*Inputs!$X$41/8760","v":5342.4657534246571},{"$f":"-Inputs!$X$45*Inputs!$X$33","v":-30000},655.14373774848059,4.0477489204243187E-3,3.7644064959946166E-3,{"$f":"-L340/(1.202*2465560*MAX(0,(Inputs!$X$49-O340)))","v":1.3993613612950986},{"$f":"params!$C$15*P340*(E340-Inputs!$X$26)","v":-33973.76146220525},-134723.26127448451]
["2001-01-15","04:00:00",0,10,1,0,93,{"$f":"Inputs!$X$37*Inputs!$X$32*(E341-Inputs!$X$26)","v":-68930.745815703893},{"$f":"Inputs!$X$33*C341*Inputs!$X$38","v":0},{"$f":"params!$C$15*Inputs!$X$29*(E341-Inputs!$X$26)","v":-7161.2197499999984},{"$f":"Inputs!$X$40*Inputs!$X$41/8760","v":5342.4657534246571},{"$f":"-Inputs!$X$45*Inputs!$X$33","v":-30000},655.14373774848059,4.0477489204243187E-3,3.7644064959946166E-3,{"$f":"-L341/(1.202*2465560*MAX(0,(Inputs!$X$49-O341)))","v":1.3993613612950986},{"$f":"params!$C$15*P341*(E341-Inputs!$X$26)","v":-33973.76146220525},-134723.26127448451]
["2001-01-15","05:00:00",0,10,1,0,93,{"$f":"Inputs!$X$37*Inputs!$X$32*(E342-Inputs!$X$26)","v":-68930.745815703893},{"$f":"Inputs!$X$33*C342*Inputs!$X$38","v":0},{"$f":"params!$C$15*Inputs!$X$29*(E342-Inputs!$X$26)","v":-7161.2197499999984},{"$f":"Inputs!$X$40*Inputs!$X$41/8760","v":5342.4657534246571},{"$f":"-Inputs!$X$45*Inputs!$X$33","v":-30000},655.14373774848059,4.0477489204243187E-3,3.7644064959946166E-3,{"$f":"-L342/(1.202*2465560*MAX(0,(Inputs!$X$49-O342)))","v":1.3993613612950986},{"$f":"params!$C$15*P342*(E342-Inputs!$X$26)","v":-33973.76146220525},-134723.26127448451]
["2001-01-15","06:00:00",0,10,1,-1,86,{"$f":"Inputs!$X$37*Inputs!$X$32*(E343-Inputs!$X$26)","v":-68930.745815703893},{"$f":"Inputs!$X$33*C343*Inputs!$X$38","v":0},{"$f":"params!$C$15*Inputs!$X$29*(E343-Inputs!$X$26)","v":-7161.2197499999984},{"$f":"Inputs!$X$40*Inputs!$X$41/8760","v":5342.4657534246571},{"$f":"-Inputs!$X$45*Inputs!$X$33","v":-30000},655.14373774848059,4.0477489204243187E-3,3.481064071564914E-3,{"$f":"-L343/(1.202*2465560*MAX(0,(Inputs!$X$49-O343)))","v":1.3466160267432525},{"$f":"params!$C$15*P343*(E343-Inputs!$X$26)","v":-32693.207729715319},-133442.70754199458]
["2001-01-15","07:00:00",0,10,1,0,93,{"$f":"Inputs!$X$37*Inputs!$X$32*(E344-Inputs!$X$26)","v":-68930.745815703893},{"$f":"Inputs!$X$33*C344*Inputs!$X$38","v":0},{"$f":"params!$C$15*Inputs!$X$29*(E344-Inputs!$X$26)","v":-7161.2197499999984},{"$f":"Inputs!$X$40*Inputs!$X$41/8760","v":5342.4657534246571},{"$f":"-Inputs!$X$45*Inputs!$X$33","v":-30000},655.14373774848059,4.0477489204243187E-3,3.7644064959946166E-3,{"$f":"-L344/(1.202*2465560*MAX(0,(Inputs!$X$49-O344)))","v":1.3993613612950986},{"$f":"params!$C$15*P344*(E344-Inputs!$X$26)","v":-33973.76146220525},-134723.26127448451]
["2001-01-15","08:00:00",0,10,1,-1,86,{"$f":"Inputs!$X$37*Inputs!$X$32*(E345-Inputs!$X$26)","v":-68930.745815703893},{"$f":"Inputs!$X$33*C345*Inputs!$X$38","v":0},{"$f":"params!$C$15*Inputs!$X$29*(E345-Inputs!$X$26)","v":-7161.2197499999984},{"$f":"Inputs!$X$40*Inputs!$X$41/8760","v":5342.4657534246571},{"$f":"-Inputs!$X$45*Inputs!$X$33","v":-30000},655.14373774848059,4.0477489204243187E-3,3.481064071564914E-3,{"$f":"-L345/(1.202*2465560*MAX(0,(Inputs!$X$49-O345)))","v":1.3466160267432525},{"$f":"params!$C$15*P345*(E345-Inputs!$X$26)","v":-32693.207729715319},-133442.70754199458]
["2001-01-15","09:00:00",71,10,2,-1,80,{"$f":"Inputs!$X$37*Inputs!$X$32*(E346-Inputs!$X$26)","v":-65503.25016740922},{"$f":"Inputs!$X$33*C346*Inputs!$X$38","v":13851.85666905118},{"$f":"params!$C$15*Inputs!$X$29*(E346-Inputs!$X$26)","v":-6805.1369999999979},{"$f":"Inputs!$X$40*Inputs!$X$41/8760","v":5342.4657534246571},{"$f":"-Inputs!$X$45*Inputs!$X$33","v":-30000},703.88301618186097,4.3509868656616182E-3,3.4807894925292949E-3,{"$f":"-L346/(1.202*2465560*MAX(0,(Inputs!$X$49-O346)))","v":1.3465668411562572},{"$f":"params!$C$15*P346*(E346-Inputs!$X$26)","v":-31066.443862700951},-114180.50860763433]
["2001-01-15","10:00:00",157,10,2,-1,80,{"$f":"Inputs!$X$37*Inputs!$X$32*(E347-Inputs!$X$26)","v":-65503.25016740922},{"$f":"Inputs!$X$33*C347*Inputs!$X$38","v":30630.161930155424},{"$f":"params!$C$15*Inputs!$X$29*(E347-Inputs!$X$26)","v":-6805.1369999999979},{"$f":"Inputs!$X$40*Inputs!$X$41/8760","v":5342.4657534246571},{"$f":"-Inputs!$X$45*Inputs!$X$33","v":-30000},703.88301618186097,4.3509868656616182E-3,3.4807894925292949E-3,{"$f":"-L347/(1.202*2465560*MAX(0,(Inputs!$X$49-O347)))","v":1.3465668411562572},{"$f":"params!$C$15*P347*(E347-Inputs!$X$26)","v":-31066.443862700951},-97402.203346530092]
["2001-01-15","11:00:00",124,10,3,0,81,{"$f":"Inputs!$X$37*Inputs!$X$32*(E348-Inputs!$X$26)","v":-62075.754519114555},{"$f":"Inputs!$X$33*C348*Inputs!$X$38","v":24191.97502763868},{"$f":"params!$C$15*Inputs!$X$29*(E348-Inputs!$X$26)","v":-6449.0542499999983},{"$f":"Inputs!$X$40*Inputs!$X$41/8760","v":5342.4657534246571},{"$f":"-Inputs!$X$45*Inputs!$X$33","v":-30000},755.80495631325812,4.6743495015895585E-3,3.7862230962875426E-3,{"$f":"-L348/(1.202*2465560*MAX(0,(Inputs!$X$49-O348)))","v":1.4035944501433917},{"$f":"params!$C$15*P348*(E348-Inputs!$X$26)","v":-30687.706148117115},-99678.074136168318]
["2001-01-15","12:00:00",74,10,3,0,81,{"$f":"Inputs!$X$37*Inputs!$X$32*(E349-Inputs!$X$26)","v":-62075.754519114555},{"$f":"Inputs!$X$33*C349*Inputs!$X$38","v":14437.146387461793},{"$f":"params!$C$15*Inputs!$X$29*(E349-Inputs!$X$26)","v":-6449.0542499999983},{"$f":"Inputs!$X$40*Inputs!$X$41/8760","v":5342.4657534246571},{"$f":"-Inputs!$X$45*Inputs!$X$33","v":-30000},755.80495631325812,4.6743495015895585E-3,3.7862230962875426E-3,{"$f":"-L349/(1.202*2465560*MAX(0,(Inputs!$X$49-O349)))","v":1.4035944501433917},{"$f":"params!$C$15*P349*(E349-Inputs!$X$26)","v":-30687.706148117115},-109432.90277634522]
["2001-01-15","13:00:00",78,10,3,1,87,{"$f":"Inputs!$X$37*Inputs!$X$32*(E350-Inputs!$X$26)","v":-62075.754519114555},{"$f":"Inputs!$X$33*C350*Inputs!$X$38","v":15217.532678675941},{"$f":"params!$C$15*Inputs!$X$29*(E350-Inputs!$X$26)","v":-6449.0542499999983},{"$f":"Inputs!$X$40*Inputs!$X$41/8760","v":5342.4657534246571},{"$f":"-Inputs!$X$45*Inputs!$X$33","v":-30000},755.80495631325812,4.6743495015895585E-3,4.0666840663829158E-3,{"$f":"-L350/(1.202*2465560*MAX(0,(Inputs!$X$49-O350)))","v":1.4603855650102269},{"$f":"params!$C$15*P350*(E350-Inputs!$X$26)","v":-31929.367544455177},-109894.17788146914]
["2001-01-15","14:00:00",69,10,3,1,87,{"$f":"Inputs!$X$37*Inputs!$X$32*(E351-Inputs!$X$26)","v":-62075.754519114555},{"$f":"Inputs!$X$33*C351*Inputs!$X$38","v":13461.663523444104},{"$f":"params!$C$15*Inputs!$X$29*(E351-Inputs!$X$26)","v":-6449.0542499999983},{"$f":"Inputs!$X$40*Inputs!$X$41/8760","v":5342.4657534246571},{"$f":"-Inputs!$X$45*Inputs!$X$33","v":-30000},755.80495631325812,4.6743495015895585E-3,4.0666840663829158E-3,{"$f":"-L351/(1.202*2465560*MAX(0,(Inputs!$X$49-O351)))","v":1.4603855650102269},{"$f":"params!$C$15*P351*(E351-Inputs!$X$26)","v":-31929.367544455177},-111650.04703670097]
["2001-01-15","15:00:00",180,10,4,2,87,{"$f":"Inputs!$X$37*Inputs!$X$32*(E352-Inputs!$X$26)","v":-58648.258870819882},{"$f":"Inputs!$X$33*C352*Inputs!$X$38","v":35117.383104636792},{"$f":"params!$C$15*Inputs!$X$29*(E352-Inputs!$X$26)","v":-6092.9714999999987},{"$f":"Inputs!$X$40*Inputs!$X$41/8760","v":5342.4657534246571},{"$f":"-Inputs!$X$45*Inputs!$X$33","v":-30000},811.08667612094962,5.0190035800134264E-3,4.366533114611681E-3,{"$f":"-L352/(1.202*2465560*MAX(0,(Inputs!$X$49-O352)))","v":1.5264156418423345},{"$f":"params!$C$15*P352*(E352-Inputs!$X$26)","v":-31530.343985788484},-85811.725498546919]
["2001-01-15","16:00:00",103,10,4,2,87,{"$f":"Inputs!$X$37*Inputs!$X$32*(E353-Inputs!$X$26)","v":-58648.258870819882},{"$f":"Inputs!$X$33*C353*Inputs!$X$38","v":20094.946998764386},{"$f":"params!$C$15*Inputs!$X$29*(E353-Inputs!$X$26)","v":-6092.9714999999987},{"$f":"Inputs!$X$40*Inputs!$X$41/8760","v":5342.4657534246571},{"$f":"-Inputs!$X$45*Inputs!$X$33","v":-30000},811.08667612094962,5.0190035800134264E-3,4.366533114611681E-3,{"$f":"-L353/(1.202*2465560*MAX(0,(Inputs!$X$49-O353)))","v":1.5264156418423345},{"$f":"params!$C$15*P353*(E353-Inputs!$X$26)","v":-31530.343985788484},-100834.16160441931]
["2001-01-15","17:00:00",27,10,4,1,81,{"$f":"Inputs!$X$37*Inputs!$X$32*(E354-Inputs!$X$26)","v":-58648.258870819882},{"$f":"Inputs!$X$33*C354*Inputs!$X$38","v":5267.6074656955188},{"$f":"params!$C$15*Inputs!$X$29*(E354-Inputs!$X$26)","v":-6092.9714999999987},{"$f":"Inputs!$X$40*Inputs!$X$41/8760","v":5342.4657534246571},{"$f":"-Inputs!$X$45*Inputs!$X$33","v":-30000},811.08667612094962,5.0190035800134264E-3,4.0653928998108753E-3,{"$f":"-L354/(1.202*2465560*MAX(0,(Inputs!$X$49-O354)))","v":1.4601135860958392},{"$f":"params!$C$15*P354*(E354-Inputs!$X$26)","v":-30160.778208718271},-114291.93536041798]
["2001-01-15","18:00:00",0,10,3,1,87,{"$f":"Inputs!$X$37*Inputs!$X$32*(E355-Inputs!$X$26)","v":-62075.754519114555},{"$f":"Inputs!$X$33*C355*Inputs!$X$38","v":0},{"$f":"params!$C$15*Inputs!$X$29*(E355-Inputs!$X$26)","v":-6449.0542499999983},{"$f":"Inputs!$X$40*Inputs!$X$41/8760","v":5342.4657534246571},{"$f":"-Inputs!$X$45*Inputs!$X$33","v":-30000},755.80495631325812,4.6743495015895585E-3,4.0666840663829158E-3,{"$f":"-L355/(1.202*2465560*MAX(0,(Inputs!$X$49-O355)))","v":1.4603855650102269},{"$f":"params!$C$15*P355*(E355-Inputs!$X$26)","v":-31929.367544455177},-125111.71056014507]
["2001-01-15","19:00:00",0,10,2,1,93,{"$f":"Inputs!$X$37*Inputs!$X$32*(E356-Inputs!$X$26)","v":-65503.25016740922},{"$f":"Inputs!$X$33*C356*Inputs!$X$38","v":0},{"$f":"params!$C$15*Inputs!$X$29*(E356-Inputs!$X$26)","v":-6805.1369999999979},{"$f":"Inputs!$X$40*Inputs!$X$41/8760","v":5342.4657534246571},{"$f":"-Inputs!$X$45*Inputs!$X$33","v":-30000},703.88301618186097,4.3509868656616182E-3,4.0464177850653045E-3,{"$f":"-L356/(1.202*2465560*MAX(0,(Inputs!$X$49-O356)))","v":1.4561282086682539},{"$f":"params!$C$15*P356*(E356-Inputs!$X$26)","v":-33594.1179218732},-130560.03933585777]
["2001-01-15","20:00:00",0,10,1,1,100,{"$f":"Inputs!$X$37*Inputs!$X$32*(E357-Inputs!$X$26)","v":-68930.745815703893},{"$f":"Inputs!$X$33*C357*Inputs!$X$38","v":0},{"$f":"params!$C$15*Inputs!$X$29*(E357-Inputs!$X$26)","v":-7161.2197499999984},{"$f":"Inputs!$X$40*Inputs!$X$41/8760","v":5342.4657534246571},{"$f":"-Inputs!$X$45*Inputs!$X$33","v":-30000},655.14373774848059,4.0477489204243187E-3,4.0477489204243187E-3,{"$f":"-L357/(1.202*2465560*MAX(0,(Inputs!$X$49-O357)))","v":1.4564070797010285},{"$f":"params!$C$15*P357*(E357-Inputs!$X$26)","v":-35358.720117751902},-136108.21993003116]
["2001-01-15","21:00:00",0,10,1,1,100,{"$f":"Inputs!$X$37*Inputs!$X$32*(E358-Inputs!$X$26)","v":-68930.745815703893},{"$f":"Inputs!$X$33*C358*Inputs!$X$38","v":0},{"$f":"params!$C$15*Inputs!$X$29*(E358-Inputs!$X$26)","v":-7161.2197499999984},{"$f":"Inputs!$X$40*Inputs!$X$41/8760","v":5342.4657534246571},{"$f":"-Inputs!$X$45*Inputs!$X$33","v":-30000},655.14373774848059,4.0477489204243187E-3,4.0477489204243187E-3,{"$f":"-L358/(1.202*2465560*MAX(0,(Inputs!$X$49-O358)))","v":1.4564070797010285},{"$f":"params!$C$15*P358*(E358-Inputs!$X$26)","v":-35358.720117751902},-136108.21993003116]
["2001-01-15","22:00:00",0,10,1,1,100,{"$f":"Inputs!$X$37*Inputs!$X$32*(E359-Inputs!$X$26)","v":-68930.745815703893},{"$f":"Inputs!$X$33*C359*Inputs!$X$38","v":0},{"$f":"params!$C$15*Inputs!$X$29*(E359-Inputs!$X$26)","v":-7161.2197499999984},{"$f":"Inputs!$X$40*Inputs!$X$41/8760","v":5342.4657534246571},{"$f":"-Inputs!$X$45*Inputs!$X$33","v":-30000},655.14373774848059,4.0477489204243187E-3,4.0477489204243187E-3,{"$f":"-L359/(1.202*2465560*MAX(0,(Inputs!$X$49-O359)))","v":1.4564070797010285},{"$f":"params!$C$15*P359*(E359-Inputs!$X$26)","v":-35358.720117751902},-136108.21993003116]
["2001-01-15","23:00:00",0,10,2,1,93,{"$f":"Inputs!$X$37*Inputs!$X$32*(E360-Inputs!$X$26)","v":-65503.25016740922},{"$f":"Inputs!$X$33*C360*Inputs!$X$38","v":0},{"$f":"params!$C$15*Inputs!$X$29*(E360-Inputs!$X$26)","v":-6805.1369999999979},{"$f":"Inputs!$X$40*Inputs!$X$41/8760","v":5342.4657534246571},{"$f":"-Inputs!$X$45*Inputs!$X$33","v":-30000},703.88301618186097,4.3509868656616182E-3,4.0464177850653045E-3,{"$f":"-L360/(1.202*2465560*MAX(0,(Inputs!$X$49-O360)))","v":1.4561282086682539},{"$f":"params!$C$15*P360*(E360-Inputs!$X$26)","v":-33594.1179218732},-130560.03933585777]
["2001-01-15",1,0,10,2,0,87,{"$f":"Inputs!$X$37*Inputs!$X$32*(E361-Inputs!$X$26)","v":-65503.25016740922},{"$f":"Inputs!$X$33*C361*Inputs!$X$38","v":0},{"$f":"params!$C$15*Inputs!$X$29*(E361-Inputs!$X$26)","v":-6805.1369999999979},{"$f":"Inputs!$X$40*Inputs!$X$41/8760","v":5342.4657534246571},{"$f":"-Inputs!$X$45*Inputs!$X$33","v":-30000},703.88301618186097,4.3509868656616182E-3,3.7853585731256077E-3,{"$f":"-L361/(1.202*2465560*MAX(0,(Inputs!$X$49-O361)))","v":1.4034262189018876},{"$f":"params!$C$15*P361*(E361-Inputs!$X$26)","v":-32378.238132999457},-129344.15954698402]
["2001-01-16","01:00:00",0,10,3,-1,74,{"$f":"Inputs!$X$37*Inputs!$X$32*(E362-Inputs!$X$26)","v":-62075.754519114555},{"$f":"Inputs!$X$33*C362*Inputs!$X$38","v":0},{"$f":"params!$C$15*Inputs!$X$29*(E362-Inputs!$X$26)","v":-6449.0542499999983},{"$f":"Inputs!$X$40*Inputs!$X$41/8760","v":5342.4657534246571},{"$f":"-Inputs!$X$45*Inputs!$X$33","v":-30000},755.80495631325812,4.6743495015895585E-3,3.4590186311762735E-3,{"$f":"-L362/(1.202*2465560*MAX(0,(Inputs!$X$49-O362)))","v":1.3426784108228573},{"$f":"params!$C$15*P362*(E362-Inputs!$X$26)","v":-29355.858822712878},-122538.20183840278]
["2001-01-16","02:00:00",0,10,3,-1,74,{"$f":"Inputs!$X$37*Inputs!$X$32*(E363-Inputs!$X$26)","v":-62075.754519114555},{"$f":"Inputs!$X$33*C363*Inputs!$X$38","v":0},{"$f":"params!$C$15*Inputs!$X$29*(E363-Inputs!$X$26)","v":-6449.0542499999983},{"$f":"Inputs!$X$40*Inputs!$X$41/8760","v":5342.4657534246571},{"$f":"-Inputs!$X$45*Inputs!$X$33","v":-30000},755.80495631325812,4.6743495015895585E-3,3.4590186311762735E-3,{"$f":"-L363/(1.202*2465560*MAX(0,(Inputs!$X$49-O363)))","v":1.3426784108228573},{"$f":"params!$C$15*P363*(E363-Inputs!$X$26)","v":-29355.858822712878},-122538.20183840278]
["2001-01-16","03:00:00",0,10,3,-1,74,{"$f":"Inputs!$X$37*Inputs!$X$32*(E364-Inputs!$X$26)","v":-62075.754519114555},{"$f":"Inputs!$X$33*C364*Inputs!$X$38","v":0},{"$f":"params!$C$15*Inputs!$X$29*(E364-Inputs!$X$26)","v":-6449.0542499999983},{"$f":"Inputs!$X$40*Inputs!$X$41/8760","v":5342.4657534246571},{"$f":"-Inputs!$X$45*Inputs!$X$33","v":-30000},755.80495631325812,4.6743495015895585E-3,3.4590186311762735E-3,{"$f":"-L364/(1.202*2465560*MAX(0,(Inputs!$X$49-O364)))","v":1.3426784108228573},{"$f":"params!$C$15*P364*(E364-Inputs!$X$26)","v":-29355.858822712878},-122538.20183840278]
["2001-01-16","04:00:00",0,10,3,-1,74,{"$f":"Inputs!$X$37*Inputs!$X$32*(E365-Inputs!$X$26)","v":-62075.754519114555},{"$f":"Inputs!$X$33*C365*Inputs!$X$38","v":0},{"$f":"params!$C$15*Inputs!$X$29*(E365-Inputs!$X$26)","v":-6449.0542499999983},{"$f":"Inputs!$X$40*Inputs!$X$41/8760","v":5342.4657534246571},{"$f":"-Inputs!$X$45*Inputs!$X$33","v":-30000},755.80495631325812,4.6743495015895585E-3,3.4590186311762735E-3,{"$f":"-L365/(1.202*2465560*MAX(0,(Inputs!$X$49-O365)))","v":1.3426784108228573},{"$f":"params!$C$15*P365*(E365-Inputs!$X$26)","v":-29355.858822712878},-122538.20183840278]
["2001-01-16","05:00:00",0,10,2,-2,73,{"$f":"Inputs!$X$37*Inputs!$X$32*(E366-Inputs!$X$26)","v":-65503.25016740922},{"$f":"Inputs!$X$33*C366*Inputs!$X$38","v":0},{"$f":"params!$C$15*Inputs!$X$29*(E366-Inputs!$X$26)","v":-6805.1369999999979},{"$f":"Inputs!$X$40*Inputs!$X$41/8760","v":5342.4657534246571},{"$f":"-Inputs!$X$45*Inputs!$X$33","v":-30000},703.88301618186097,4.3509868656616182E-3,3.1762204119329812E-3,{"$f":"-L366/(1.202*2465560*MAX(0,(Inputs!$X$49-O366)))","v":1.2941353490859255},{"$f":"params!$C$15*P366*(E366-Inputs!$X$26)","v":-29856.804686050829},-126822.7261000354]
["2001-01-16","06:00:00",0,10,3,-2,68,{"$f":"Inputs!$X$37*Inputs!$X$32*(E367-Inputs!$X$26)","v":-62075.754519114555},{"$f":"Inputs!$X$33*C367*Inputs!$X$38","v":0},{"$f":"params!$C$15*Inputs!$X$29*(E367-Inputs!$X$26)","v":-6449.0542499999983},{"$f":"Inputs!$X$40*Inputs!$X$41/8760","v":5342.4657534246571},{"$f":"-Inputs!$X$45*Inputs!$X$33","v":-30000},755.80495631325812,4.6743495015895585E-3,3.1785576610808995E-3,{"$f":"-L367/(1.202*2465560*MAX(0,(Inputs!$X$49-O367)))","v":1.2945221548937103},{"$f":"params!$C$15*P367*(E367-Inputs!$X$26)","v":-28302.987011345846},-121485.33002703574]
["2001-01-16","07:00:00",0,10,2,-2,73,{"$f":"Inputs!$X$37*Inputs!$X$32*(E368-Inputs!$X$26)","v":-65503.25016740922},{"$f":"Inputs!$X$33*C368*Inputs!$X$38","v":0},{"$f":"params!$C$15*Inputs!$X$29*(E368-Inputs!$X$26)","v":-6805.1369999999979},{"$f":"Inputs!$X$40*Inputs!$X$41/8760","v":5342.4657534246571},{"$f":"-Inputs!$X$45*Inputs!$X$33","v":-30000},703.88301618186097,4.3509868656616182E-3,3.1762204119329812E-3,{"$f":"-L368/(1.202*2465560*MAX(0,(Inputs!$X$49-O368)))","v":1.2941353490859255},{"$f":"params!$C$15*P368*(E368-Inputs!$X$26)","v":-29856.804686050829},-126822.7261000354]
["2001-01-16","08:00:00",0,10,2,-2,73,{"$f":"Inputs!$X$37*Inputs!$X$32*(E369-Inputs!$X$26)","v":-65503.25016740922},{"$f":"Inputs!$X$33*C369*Inputs!$X$38","v":0},{"$f":"params!$C$15*Inputs!$X$29*(E369-Inputs!$X$26)","v":-6805.1369999999979},{"$f":"Inputs!$X$40*Inputs!$X$41/8760","v":5342.4657534246571},{"$f":"-Inputs!$X$45*Inputs!$X$33","v":-30000},703.88301618186097,4.3509868656616182E-3,3.1762204119329812E-3,{"$f":"-L369/(1.202*2465560*MAX(0,(Inputs!$X$49-O369)))","v":1.2941353490859255},{"$f":"params!$C$15*P369*(E369-Inputs!$X$26)","v":-29856.804686050829},-126822.7261000354]
["2001-01-16","09:00:00",80,10,2,-3,67,{"$f":"Inputs!$X$37*Inputs!$X$32*(E370-Inputs!$X$26)","v":-65503.25016740922},{"$f":"Inputs!$X$33*C370*Inputs!$X$38","v":15607.725824283019},{"$f":"params!$C$15*Inputs!$X$29*(E370-Inputs!$X$26)","v":-6805.1369999999979},{"$f":"Inputs!$X$40*Inputs!$X$41/8760","v":5342.4657534246571},{"$f":"-Inputs!$X$45*Inputs!$X$33","v":-30000},703.88301618186097,4.3509868656616182E-3,2.915161199993284E-3,{"$f":"-L370/(1.202*2465560*MAX(0,(Inputs!$X$49-O370)))","v":1.2523389004406291},{"$f":"params!$C$15*P370*(E370-Inputs!$X$26)","v":-28892.525018816184},-110250.72060851772]
["2001-01-16","10:00:00",114,10,3,-2,68,{"$f":"Inputs!$X$37*Inputs!$X$32*(E371-Inputs!$X$26)","v":-62075.754519114555},{"$f":"Inputs!$X$33*C371*Inputs!$X$38","v":22241.009299603302},{"$f":"params!$C$15*Inputs!$X$29*(E371-Inputs!$X$26)","v":-6449.0542499999983},{"$f":"Inputs!$X$40*Inputs!$X$41/8760","v":5342.4657534246571},{"$f":"-Inputs!$X$45*Inputs!$X$33","v":-30000},755.80495631325812,4.6743495015895585E-3,3.1785576610808995E-3,{"$f":"-L371/(1.202*2465560*MAX(0,(Inputs!$X$49-O371)))","v":1.2945221548937103},{"$f":"params!$C$15*P371*(E371-Inputs!$X$26)","v":-28302.987011345846},-99244.320727432452]
["2001-01-16","11:00:00",78,10,3,-2,68,{"$f":"Inputs!$X$37*Inputs!$X$32*(E372-Inputs!$X$26)","v":-62075.754519114555},{"$f":"Inputs!$X$33*C372*Inputs!$X$38","v":15217.532678675941},{"$f":"params!$C$15*Inputs!$X$29*(E372-Inputs!$X$26)","v":-6449.0542499999983},{"$f":"Inputs!$X$40*Inputs!$X$41/8760","v":5342.4657534246571},{"$f":"-Inputs!$X$45*Inputs!$X$33","v":-30000},755.80495631325812,4.6743495015895585E-3,3.1785576610808995E-3,{"$f":"-L372/(1.202*2465560*MAX(0,(Inputs!$X$49-O372)))","v":1.2945221548937103},{"$f":"params!$C$15*P372*(E372-Inputs!$X$26)","v":-28302.987011345846},-106267.7973483598]
["2001-01-16","12:00:00",149,10,3,-2,68,{"$f":"Inputs!$X$37*Inputs!$X$32*(E373-Inputs!$X$26)","v":-62075.754519114555},{"$f":"Inputs!$X$33*C373*Inputs!$X$38","v":29069.389347727123},{"$f":"params!$C$15*Inputs!$X$29*(E373-Inputs!$X$26)","v":-6449.0542499999983},{"$f":"Inputs!$X$40*Inputs!$X$41/8760","v":5342.4657534246571},{"$f":"-Inputs!$X$45*Inputs!$X$33","v":-30000},755.80495631325812,4.6743495015895585E-3,3.1785576610808995E-3,{"$f":"-L373/(1.202*2465560*MAX(0,(Inputs!$X$49-O373)))","v":1.2945221548937103},{"$f":"params!$C$15*P373*(E373-Inputs!$X$26)","v":-28302.987011345846},-92415.940679308609]
["2001-01-16","13:00:00",96,10,3,-2,68,{"$f":"Inputs!$X$37*Inputs!$X$32*(E374-Inputs!$X$26)","v":-62075.754519114555},{"$f":"Inputs!$X$33*C374*Inputs!$X$38","v":18729.270989139623},{"$f":"params!$C$15*Inputs!$X$29*(E374-Inputs!$X$26)","v":-6449.0542499999983},{"$f":"Inputs!$X$40*Inputs!$X$41/8760","v":5342.4657534246571},{"$f":"-Inputs!$X$45*Inputs!$X$33","v":-30000},755.80495631325812,4.6743495015895585E-3,3.1785576610808995E-3,{"$f":"-L374/(1.202*2465560*MAX(0,(Inputs!$X$49-O374)))","v":1.2945221548937103},{"$f":"params!$C$15*P374*(E374-Inputs!$X$26)","v":-28302.987011345846},-102756.05903789612]
["2001-01-16","14:00:00",69,10,3,-2,68,{"$f":"Inputs!$X$37*Inputs!$X$32*(E375-Inputs!$X$26)","v":-62075.754519114555},{"$f":"Inputs!$X$33*C375*Inputs!$X$38","v":13461.663523444104},{"$f":"params!$C$15*Inputs!$X$29*(E375-Inputs!$X$26)","v":-6449.0542499999983},{"$f":"Inputs!$X$40*Inputs!$X$41/8760","v":5342.4657534246571},{"$f":"-Inputs!$X$45*Inputs!$X$33","v":-30000},755.80495631325812,4.6743495015895585E-3,3.1785576610808995E-3,{"$f":"-L375/(1.202*2465560*MAX(0,(Inputs!$X$49-O375)))","v":1.2945221548937103},{"$f":"params!$C$15*P375*(E375-Inputs!$X$26)","v":-28302.987011345846},-108023.66650359164]
["2001-01-16","15:00:00",82,10,3,-2,68,{"$f":"Inputs!$X$37*Inputs!$X$32*(E376-Inputs!$X$26)","v":-62075.754519114555},{"$f":"Inputs!$X$33*C376*Inputs!$X$38","v":15997.918969890094},{"$f":"params!$C$15*Inputs!$X$29*(E376-Inputs!$X$26)","v":-6449.0542499999983},{"$f":"Inputs!$X$40*Inputs!$X$41/8760","v":5342.4657534246571},{"$f":"-Inputs!$X$45*Inputs!$X$33","v":-30000},755.80495631325812,4.6743495015895585E-3,3.1785576610808995E-3,{"$f":"-L376/(1.202*2465560*MAX(0,(Inputs!$X$49-O376)))","v":1.2945221548937103},{"$f":"params!$C$15*P376*(E376-Inputs!$X$26)","v":-28302.987011345846},-105487.41105714564]
["2001-01-16","16:00:00",49,10,3,-2,68,{"$f":"Inputs!$X$37*Inputs!$X$32*(E377-Inputs!$X$26)","v":-62075.754519114555},{"$f":"Inputs!$X$33*C377*Inputs!$X$38","v":9559.7320673733484},{"$f":"params!$C$15*Inputs!$X$29*(E377-Inputs!$X$26)","v":-6449.0542499999983},{"$f":"Inputs!$X$40*Inputs!$X$41/8760","v":5342.4657534246571},{"$f":"-Inputs!$X$45*Inputs!$X$33","v":-30000},755.80495631325812,4.6743495015895585E-3,3.1785576610808995E-3,{"$f":"-L377/(1.202*2465560*MAX(0,(Inputs!$X$49-O377)))","v":1.2945221548937103},{"$f":"params!$C$15*P377*(E377-Inputs!$X$26)","v":-28302.987011345846},-111925.59795966239]
["2001-01-16","17:00:00",21,10,3,-2,68,{"$f":"Inputs!$X$37*Inputs!$X$32*(E378-Inputs!$X$26)","v":-62075.754519114555},{"$f":"Inputs!$X$33*C378*Inputs!$X$38","v":4097.0280288742924},{"$f":"params!$C$15*Inputs!$X$29*(E378-Inputs!$X$26)","v":-6449.0542499999983},{"$f":"Inputs!$X$40*Inputs!$X$41/8760","v":5342.4657534246571},{"$f":"-Inputs!$X$45*Inputs!$X$33","v":-30000},755.80495631325812,4.6743495015895585E-3,3.1785576610808995E-3,{"$f":"-L378/(1.202*2465560*MAX(0,(Inputs!$X$49-O378)))","v":1.2945221548937103},{"$f":"params!$C$15*P378*(E378-Inputs!$X$26)","v":-28302.987011345846},-117388.30199816145]
["2001-01-16","18:00:00",0,10,2,-2,73,{"$f":"Inputs!$X$37*Inputs!$X$32*(E379-Inputs!$X$26)","v":-65503.25016740922},{"$f":"Inputs!$X$33*C379*Inputs!$X$38","v":0},{"$f":"params!$C$15*Inputs!$X$29*(E379-Inputs!$X$26)","v":-6805.1369999999979},{"$f":"Inputs!$X$40*Inputs!$X$41/8760","v":5342.4657534246571},{"$f":"-Inputs!$X$45*Inputs!$X$33","v":-30000},703.88301618186097,4.3509868656616182E-3,3.1762204119329812E-3,{"$f":"-L379/(1.202*2465560*MAX(0,(Inputs!$X$49-O379)))","v":1.2941353490859255},{"$f":"params!$C$15*P379*(E379-Inputs!$X$26)","v":-29856.804686050829},-126822.7261000354]
["2001-01-16","19:00:00",0,10,2,-2,73,{"$f":"Inputs!$X$37*Inputs!$X$32*(E380-Inputs!$X$26)","v":-65503.25016740922},{"$f":"Inputs!$X$33*C380*Inputs!$X$38","v":0},{"$f":"params!$C$15*Inputs!$X$29*(E380-Inputs!$X$26)","v":-6805.1369999999979},{"$f":"Inputs!$X$40*Inputs!$X$41/8760","v":5342.4657534246571},{"$f":"-Inputs!$X$45*Inputs!$X$33","v":-30000},703.88301618186097,4.3509868656616182E-3,3.1762204119329812E-3,{"$f":"-L380/(1.202*2465560*MAX(0,(Inputs!$X$49-O380)))","v":1.2941353490859255},{"$f":"params!$C$15*P380*(E380-Inputs!$X$26)","v":-29856.804686050829},-126822.7261000354]
["2001-01-16","20:00:00",0,10,2,-2,73,{"$f":"Inputs!$X$37*Inputs!$X$32*(E381-Inputs!$X$26)","v":-65503.25016740922},{"$f":"Inputs!$X$33*C381*Inputs!$X$38","v":0},{"$f":"params!$C$15*Inputs!$X$29*(E381-Inputs!$X$26)","v":-6805.1369999999979},{"$f":"Inputs!$X$40*Inputs!$X$41/8760","v":5342.4657534246571},{"$f":"-Inputs!$X$45*Inputs!$X$33","v":-30000},703.88301618186097,4.3509868656616182E-3,3.1762204119329812E-3,{"$f":"-L381/(1.202*2465560*MAX(0,(Inputs!$X$49-O381)))","v":1.2941353490859255},{"$f":"params!$C$15*P381*(E381-Inputs!$X$26)","v":-29856.804686050829},-126822.7261000354]
["2001-01-16","21:00:00",0,10,2,-2,73,{"$f":"Inputs!$X$37*Inputs!$X$32*(E382-Inputs!$X$26)","v":-65503.25016740922},{"$f":"Inputs!$X$33*C382*Inputs!$X$38","v":0},{"$f":"params!$C$15*Inputs!$X$29*(E382-Inputs!$X$26)","v":-6805.1369999999979},{"$f":"Inputs!$X$40*Inputs!$X$41/8760","v":5342.4657534246571},{"$f":"-Inputs!$X$45*Inputs!$X$33","v":-30000},703.88301618186097,4.3509868656616182E-3,3.1762204119329812E-3,{"$f":"-L382/(1.202*2465560*MAX(0,(Inputs!$X$49-O382)))","v":1.2941353490859255},{"$f":"params!$C$15*P382*(E382-Inputs!$X$26)","v":-29856.804686050829},-126822.7261000354]
["2001-01-16","22:00:00",0,10,2,-2,73,{"$f":"Inputs!$X$37*Inputs!$X$32*(E383-Inputs!$X$26)","v":-65503.25016740922},{"$f":"Inputs!$X$33*C383*Inputs!$X$38","v":0},{"$f":"params!$C$15*Inputs!$X$29*(E383-Inputs!$X$26)","v":-6805.1369999999979},{"$f":"Inputs!$X$40*Inputs!$X$41/8760","v":5342.4657534246571},{"$f":"-Inputs!$X$45*Inputs!$X$33","v":-30000},703.88301618186097,4.3509868656616182E-3,3.1762204119329812E-3,{"$f":"-L383/(1.202*2465560*MAX(0,(Inputs!$X$49-O383)))","v":1.2941353490859255},{"$f":"params!$C$15*P383*(E383-Inputs!$X$26)","v":-29856.804686050829},-126822.7261000354]
["2001-01-16","23:00:00",0,10,2,-2,73,{"$f":"Inputs!$X$37*Inputs!$X$32*(E384-Inputs!$X$26)","v":-65503.25016740922},{"$f":"Inputs!$X$33*C384*Inputs!$X$38","v":0},{"$f":"params!$C$15*Inputs!$X$29*(E384-Inputs!$X$26)","v":-6805.1369999999979},{"$f":"Inputs!$X$40*Inputs!$X$41/8760","v":5342.4657534246571},{"$f":"-Inputs!$X$45*Inputs!$X$33","v":-30000},703.88301618186097,4.3509868656616182E-3,3.1762204119329812E-3,{"$f":"-L384/(1.202*2465560*MAX(0,(Inputs!$X$49-O384)))","v":1.2941353490859255},{"$f":"params!$C$15*P384*(E384-Inputs!$X$26)","v":-29856.804686050829},-126822.7261000354]
["2001-01-16",1,0,10,2,-2,73,{"$f":"Inputs!$X$37*Inputs!$X$32*(E385-Inputs!$X$26)","v":-65503.25016740922},{"$f":"Inputs!$X$33*C385*Inputs!$X$38","v":0},{"$f":"params!$C$15*Inputs!$X$29*(E385-Inputs!$X$26)","v":-6805.1369999999979},{"$f":"Inputs!$X$40*Inputs!$X$41/8760","v":5342.4657534246571},{"$f":"-Inputs!$X$45*Inputs!$X$33","v":-30000},703.88301618186097,4.3509868656616182E-3,3.1762204119329812E-3,{"$f":"-L385/(1.202*2465560*MAX(0,(Inputs!$X$49-O385)))","v":1.2941353490859255},{"$f":"params!$C$15*P385*(E385-Inputs!$X$26)","v":-29856.804686050829},-126822.7261000354]
["2001-01-17","01:00:00",0,10,2,-2,73,{"$f":"Inputs!$X$37*Inputs!$X$32*(E386-Inputs!$X$26)","v":-65503.25016740922},{"$f":"Inputs!$X$33*C386*Inputs!$X$38","v":0},{"$f":"params!$C$15*Inputs!$X$29*(E386-Inputs!$X$26)","v":-6805.1369999999979},{"$f":"Inputs!$X$40*Inputs!$X$41/8760","v":5342.4657534246571},{"$f":"-Inputs!$X$45*Inputs!$X$33","v":-30000},703.88301618186097,4.3509868656616182E-3,3.1762204119329812E-3,{"$f":"-L386/(1.202*2465560*MAX(0,(Inputs!$X$49-O386)))","v":1.2941353490859255},{"$f":"params!$C$15*P386*(E386-Inputs!$X$26)","v":-29856.804686050829},-126822.7261000354]
["2001-01-17","02:00:00",0,10,2,-3,67,{"$f":"Inputs!$X$37*Inputs!$X$32*(E387-Inputs!$X$26)","v":-65503.25016740922},{"$f":"Inputs!$X$33*C387*Inputs!$X$38","v":0},{"$f":"params!$C$15*Inputs!$X$29*(E387-Inputs!$X$26)","v":-6805.1369999999979},{"$f":"Inputs!$X$40*Inputs!$X$41/8760","v":5342.4657534246571},{"$f":"-Inputs!$X$45*Inputs!$X$33","v":-30000},{"$f":"EXP(77.345+0.0057*(E387+273.15)-7235/(E387+273.15))/(E387+273.15)^8.2","v":703.88301618186097},{"$f":"0.62198*M387/(101325-M387)","v":4.3509868656616182E-3},{"$f":"N387*G387/100","v":2.915161199993284E-3},{"$f":"-L387/(1.202*2465560*MAX(0,(Inputs!$X$49-O387)))","v":1.2523389004406291},{"$f":"params!$C$15*P387*(E387-Inputs!$X$26)","v":-28892.525018816184},{"$f":"H387+I387+J387+K387+L387+Q387","v":-125858.44643280076}]
["2001-01-17","03:00:00",0,10,2,-3,67,{"$f":"Inputs!$X$37*Inputs!$X$32*(E388-Inputs!$X$26)","v":-65503.25016740922},{"$f":"Inputs!$X$33*C388*Inputs!$X$38","v":0},{"$f":"params!$C$15*Inputs!$X$29*(E388-Inputs!$X$26)","v":-6805.1369999999979},{"$f":"Inputs!$X$40*Inputs!$X$41/8760","v":5342.4657534246571},{"$f":"-Inputs!$X$45*Inputs!$X$33","v":-30000},703.88301618186097,4.3509868656616182E-3,2.915161199993284E-3,{"$f":"-L388/(1.202*2465560*MAX(0,(Inputs!$X$49-O388)))","v":1.2523389004406291},{"$f":"params!$C$15*P388*(E388-Inputs!$X$26)","v":-28892.525018816184},-125858.44643280076]
["2001-01-17","04:00:00",0,10,2,-3,67,{"$f":"Inputs!$X$37*Inputs!$X$32*(E389-Inputs!$X$26)","v":-65503.25016740922},{"$f":"Inputs!$X$33*C389*Inputs!$X$38","v":0},{"$f":"params!$C$15*Inputs!$X$29*(E389-Inputs!$X$26)","v":-6805.1369999999979},{"$f":"Inputs!$X$40*Inputs!$X$41/8760","v":5342.4657534246571},{"$f":"-Inputs!$X$45*Inputs!$X$33","v":-30000},703.88301618186097,4.3509868656616182E-3,2.915161199993284E-3,{"$f":"-L389/(1.202*2465560*MAX(0,(Inputs!$X$49-O389)))","v":1.2523389004406291},{"$f":"params!$C$15*P389*(E389-Inputs!$X$26)","v":-28892.525018816184},-125858.44643280076]
["2001-01-17","05:00:00",0,10,1,-3,72,{"$f":"Inputs!$X$37*Inputs!$X$32*(E390-Inputs!$X$26)","v":-68930.745815703893},{"$f":"Inputs!$X$33*C390*Inputs!$X$38","v":0},{"$f":"params!$C$15*Inputs!$X$29*(E390-Inputs!$X$26)","v":-7161.2197499999984},{"$f":"Inputs!$X$40*Inputs!$X$41/8760","v":5342.4657534246571},{"$f":"-Inputs!$X$45*Inputs!$X$33","v":-30000},655.14373774848059,4.0477489204243187E-3,2.9143792227055093E-3,{"$f":"-L390/(1.202*2465560*MAX(0,(Inputs!$X$49-O390)))","v":1.2522177584635092},{"$f":"params!$C$15*P390*(E390-Inputs!$X$26)","v":-30401.402097742503},-131150.90191002176]
["2001-01-17","06:00:00",0,10,1,-3,72,{"$f":"Inputs!$X$37*Inputs!$X$32*(E391-Inputs!$X$26)","v":-68930.745815703893},{"$f":"Inputs!$X$33*C391*Inputs!$X$38","v":0},{"$f":"params!$C$15*Inputs!$X$29*(E391-Inputs!$X$26)","v":-7161.2197499999984},{"$f":"Inputs!$X$40*Inputs!$X$41/8760","v":5342.4657534246571},{"$f":"-Inputs!$X$45*Inputs!$X$33","v":-30000},655.14373774848059,4.0477489204243187E-3,2.9143792227055093E-3,{"$f":"-L391/(1.202*2465560*MAX(0,(Inputs!$X$49-O391)))","v":1.2522177584635092},{"$f":"params!$C$15*P391*(E391-Inputs!$X$26)","v":-30401.402097742503},-131150.90191002176]
["2001-01-17","07:00:00",0,10,1,-3,72,{"$f":"Inputs!$X$37*Inputs!$X$32*(E392-Inputs!$X$26)","v":-68930.745815703893},{"$f":"Inputs!$X$33*C392*Inputs!$X$38","v":0},{"$f":"params!$C$15*Inputs!$X$29*(E392-Inputs!$X$26)","v":-7161.2197499999984},{"$f":"Inputs!$X$40*Inputs!$X$41/8760","v":5342.4657534246571},{"$f":"-Inputs!$X$45*Inputs!$X$33","v":-30000},655.14373774848059,4.0477489204243187E-3,2.9143792227055093E-3,{"$f":"-L392/(1.202*2465560*MAX(0,(Inputs!$X$49-O392)))","v":1.2522177584635092},{"$f":"params!$C$15*P392*(E392-Inputs!$X$26)","v":-30401.402097742503},-131150.90191002176]
["2001-01-17","08:00:00",0,10,1,-3,72,{"$f":"Inputs!$X$37*Inputs!$X$32*(E393-Inputs!$X$26)","v":-68930.745815703893},{"$f":"Inputs!$X$33*C393*Inputs!$X$38","v":0},{"$f":"params!$C$15*Inputs!$X$29*(E393-Inputs!$X$26)","v":-7161.2197499999984},{"$f":"Inputs!$X$40*Inputs!$X$41/8760","v":5342.4657534246571},{"$f":"-Inputs!$X$45*Inputs!$X$33","v":-30000},655.14373774848059,4.0477489204243187E-3,2.9143792227055093E-3,{"$f":"-L393/(1.202*2465560*MAX(0,(Inputs!$X$49-O393)))","v":1.2522177584635092},{"$f":"params!$C$15*P393*(E393-Inputs!$X$26)","v":-30401.402097742503},-131150.90191002176]
["2001-01-17","09:00:00",80,10,1,-3,72,{"$f":"Inputs!$X$37*Inputs!$X$32*(E394-Inputs!$X$26)","v":-68930.745815703893},{"$f":"Inputs!$X$33*C394*Inputs!$X$38","v":15607.725824283019},{"$f":"params!$C$15*Inputs!$X$29*(E394-Inputs!$X$26)","v":-7161.2197499999984},{"$f":"Inputs!$X$40*Inputs!$X$41/8760","v":5342.4657534246571},{"$f":"-Inputs!$X$45*Inputs!$X$33","v":-30000},655.14373774848059,4.0477489204243187E-3,2.9143792227055093E-3,{"$f":"-L394/(1.202*2465560*MAX(0,(Inputs!$X$49-O394)))","v":1.2522177584635092},{"$f":"params!$C$15*P394*(E394-Inputs!$X$26)","v":-30401.402097742503},-115543.17608573873]
["2001-01-17","10:00:00",43,10,1,-3,72,{"$f":"Inputs!$X$37*Inputs!$X$32*(E395-Inputs!$X$26)","v":-68930.745815703893},{"$f":"Inputs!$X$33*C395*Inputs!$X$38","v":8389.1526305521238},{"$f":"params!$C$15*Inputs!$X$29*(E395-Inputs!$X$26)","v":-7161.2197499999984},{"$f":"Inputs!$X$40*Inputs!$X$41/8760","v":5342.4657534246571},{"$f":"-Inputs!$X$45*Inputs!$X$33","v":-30000},655.14373774848059,4.0477489204243187E-3,2.9143792227055093E-3,{"$f":"-L395/(1.202*2465560*MAX(0,(Inputs!$X$49-O395)))","v":1.2522177584635092},{"$f":"params!$C$15*P395*(E395-Inputs!$X$26)","v":-30401.402097742503},-122761.74927946963]
["2001-01-17","11:00:00",72,10,1.7,-3.5,66,{"$f":"Inputs!$X$37*Inputs!$X$32*(E396-Inputs!$X$26)","v":-66531.49886189762},{"$f":"Inputs!$X$33*C396*Inputs!$X$38","v":14046.953241854717},{"$f":"params!$C$15*Inputs!$X$29*(E396-Inputs!$X$26)","v":-6911.9618249999985},{"$f":"Inputs!$X$40*Inputs!$X$41/8760","v":5342.4657534246571},{"$f":"-Inputs!$X$45*Inputs!$X$33","v":-30000},688.93490744882638,4.2579539784364821E-3,2.8102496257680783E-3,{"$f":"-L396/(1.202*2465560*MAX(0,(Inputs!$X$49-O396)))","v":1.2362929496537935},{"$f":"params!$C$15*P396*(E396-Inputs!$X$26)","v":-28970.065538138064},-113024.10722975631]
["2001-01-17","12:00:00",112,10,2.1,-4.2,60,{"$f":"Inputs!$X$37*Inputs!$X$32*(E397-Inputs!$X$26)","v":-65160.500602579748},{"$f":"Inputs!$X$33*C397*Inputs!$X$38","v":21850.816153996228},{"$f":"params!$C$15*Inputs!$X$29*(E397-Inputs!$X$26)","v":-6769.5287249999974},{"$f":"Inputs!$X$40*Inputs!$X$41/8760","v":5342.4657534246571},{"$f":"-Inputs!$X$45*Inputs!$X$33","v":-30000},708.92912942371902,4.3823987172600994E-3,2.6294392303560597E-3,{"$f":"-L397/(1.202*2465560*MAX(0,(Inputs!$X$49-O397)))","v":1.2095826279992332},{"$f":"params!$C$15*P397*(E397-Inputs!$X$26)","v":-27760.081101128857},-102496.82852128771]
["2001-01-17","13:00:00",150,10,2.2000000000000002,-5.0999999999999996,56,{"$f":"Inputs!$X$37*Inputs!$X$32*(E398-Inputs!$X$26)","v":-64817.751037750291},{"$f":"Inputs!$X$33*C398*Inputs!$X$38","v":29264.485920530657},{"$f":"params!$C$15*Inputs!$X$29*(E398-Inputs!$X$26)","v":-6733.9204499999987},{"$f":"Inputs!$X$40*Inputs!$X$41/8760","v":5342.4657534246571},{"$f":"-Inputs!$X$45*Inputs!$X$33","v":-30000},714.00723647805364,4.4140129099852635E-3,2.4718472295917476E-3,{"$f":"-L398/(1.202*2465560*MAX(0,(Inputs!$X$49-O398)))","v":1.1872262224526355},{"$f":"params!$C$15*P398*(E398-Inputs!$X$26)","v":-27103.677198210004},-94048.397012004978]
["2001-01-17","14:00:00",75,10,2,-6,52,{"$f":"Inputs!$X$37*Inputs!$X$32*(E399-Inputs!$X$26)","v":-65503.25016740922},{"$f":"Inputs!$X$33*C399*Inputs!$X$38","v":14632.242960265328},{"$f":"params!$C$15*Inputs!$X$29*(E399-Inputs!$X$26)","v":-6805.1369999999979},{"$f":"Inputs!$X$40*Inputs!$X$41/8760","v":5342.4657534246571},{"$f":"-Inputs!$X$45*Inputs!$X$33","v":-30000},703.88301618186097,4.3509868656616182E-3,2.2625131701440415E-3,{"$f":"-L399/(1.202*2465560*MAX(0,(Inputs!$X$49-O399)))","v":1.158776895796517},{"$f":"params!$C$15*P399*(E399-Inputs!$X$26)","v":-26733.969887262352},-109067.64834098158]
["2001-01-17","15:00:00",55,10,-2,-3,92,{"$f":"Inputs!$X$37*Inputs!$X$32*(E400-Inputs!$X$26)","v":-79213.232760587896},{"$f":"Inputs!$X$33*C400*Inputs!$X$38","v":10730.311504194575},{"$f":"params!$C$15*Inputs!$X$29*(E400-Inputs!$X$26)","v":-8229.4679999999971},{"$f":"Inputs!$X$40*Inputs!$X$41/8760","v":5342.4657534246571},{"$f":"-Inputs!$X$45*Inputs!$X$33","v":-30000},526.36516305985776,3.2479468065175691E-3,2.9881110619961637E-3,{"$f":"-L400/(1.202*2465560*MAX(0,(Inputs!$X$49-O400)))","v":1.2637441367468178},{"$f":"params!$C$15*P400*(E400-Inputs!$X$26)","v":-35257.999622455805},-136627.92312542448]
["2001-01-17","16:00:00",133,10,-1,-3,85,{"$f":"Inputs!$X$37*Inputs!$X$32*(E401-Inputs!$X$26)","v":-75785.737112293224},{"$f":"Inputs!$X$33*C401*Inputs!$X$38","v":25947.844182870518},{"$f":"params!$C$15*Inputs!$X$29*(E401-Inputs!$X$26)","v":-7873.3852499999985},{"$f":"Inputs!$X$40*Inputs!$X$41/8760","v":5342.4657534246571},{"$f":"-Inputs!$X$45*Inputs!$X$33","v":-30000},566.54310372490409,3.4972595900071069E-3,2.9726706515060407E-3,{"$f":"-L401/(1.202*2465560*MAX(0,(Inputs!$X$49-O401)))","v":1.2613128308802957},{"$f":"params!$C$15*P401*(E401-Inputs!$X$26)","v":-33667.515617146812},-116036.32804314485]
["2001-01-17","17:00:00",35,10,-2,-3,92,{"$f":"Inputs!$X$37*Inputs!$X$32*(E402-Inputs!$X$26)","v":-79213.232760587896},{"$f":"Inputs!$X$33*C402*Inputs!$X$38","v":6828.3800481238204},{"$f":"params!$C$15*Inputs!$X$29*(E402-Inputs!$X$26)","v":-8229.4679999999971},{"$f":"Inputs!$X$40*Inputs!$X$41/8760","v":5342.4657534246571},{"$f":"-Inputs!$X$45*Inputs!$X$33","v":-30000},526.36516305985776,3.2479468065175691E-3,2.9881110619961637E-3,{"$f":"-L402/(1.202*2465560*MAX(0,(Inputs!$X$49-O402)))","v":1.2637441367468178},{"$f":"params!$C$15*P402*(E402-Inputs!$X$26)","v":-35257.999622455805},-140529.85458149522]
["2001-01-17","18:00:00",0,10,-2,-3,92,{"$f":"Inputs!$X$37*Inputs!$X$32*(E403-Inputs!$X$26)","v":-79213.232760587896},{"$f":"Inputs!$X$33*C403*Inputs!$X$38","v":0},{"$f":"params!$C$15*Inputs!$X$29*(E403-Inputs!$X$26)","v":-8229.4679999999971},{"$f":"Inputs!$X$40*Inputs!$X$41/8760","v":5342.4657534246571},{"$f":"-Inputs!$X$45*Inputs!$X$33","v":-30000},526.36516305985776,3.2479468065175691E-3,2.9881110619961637E-3,{"$f":"-L403/(1.202*2465560*MAX(0,(Inputs!$X$49-O403)))","v":1.2637441367468178},{"$f":"params!$C$15*P403*(E403-Inputs!$X$26)","v":-35257.999622455805},-147358.23462961905]
["2001-01-17","19:00:00",0,10,-2,-3,92,{"$f":"Inputs!$X$37*Inputs!$X$32*(E404-Inputs!$X$26)","v":-79213.232760587896},{"$f":"Inputs!$X$33*C404*Inputs!$X$38","v":0},{"$f":"params!$C$15*Inputs!$X$29*(E404-Inputs!$X$26)","v":-8229.4679999999971},{"$f":"Inputs!$X$40*Inputs!$X$41/8760","v":5342.4657534246571},{"$f":"-Inputs!$X$45*Inputs!$X$33","v":-30000},526.36516305985776,3.2479468065175691E-3,2.9881110619961637E-3,{"$f":"-L404/(1.202*2465560*MAX(0,(Inputs!$X$49-O404)))","v":1.2637441367468178},{"$f":"params!$C$15*P404*(E404-Inputs!$X$26)","v":-35257.999622455805},-147358.23462961905]
["2001-01-17","20:00:00",0,10,-3,-4,92,{"$f":"Inputs!$X$37*Inputs!$X$32*(E405-Inputs!$X$26)","v":-82640.728408882569},{"$f":"Inputs!$X$33*C405*Inputs!$X$38","v":0},{"$f":"params!$C$15*Inputs!$X$29*(E405-Inputs!$X$26)","v":-8585.5507499999985},{"$f":"Inputs!$X$40*Inputs!$X$41/8760","v":5342.4657534246571},{"$f":"-Inputs!$X$45*Inputs!$X$33","v":-30000},488.73621912146871,3.0146312662847319E-3,2.7734607649819529E-3,{"$f":"-L405/(1.202*2465560*MAX(0,(Inputs!$X$49-O405)))","v":1.2307631296121513},{"$f":"params!$C$15*P405*(E405-Inputs!$X$26)","v":-35823.613566432665},-151707.42697189059]
["2001-01-17","21:00:00",0,10,-3,-4,92,{"$f":"Inputs!$X$37*Inputs!$X$32*(E406-Inputs!$X$26)","v":-82640.728408882569},{"$f":"Inputs!$X$33*C406*Inputs!$X$38","v":0},{"$f":"params!$C$15*Inputs!$X$29*(E406-Inputs!$X$26)","v":-8585.5507499999985},{"$f":"Inputs!$X$40*Inputs!$X$41/8760","v":5342.4657534246571},{"$f":"-Inputs!$X$45*Inputs!$X$33","v":-30000},488.73621912146871,3.0146312662847319E-3,2.7734607649819529E-3,{"$f":"-L406/(1.202*2465560*MAX(0,(Inputs!$X$49-O406)))","v":1.2307631296121513},{"$f":"params!$C$15*P406*(E406-Inputs!$X$26)","v":-35823.613566432665},-151707.42697189059]
["2001-01-17","22:00:00",0,10,-3,-4,92,{"$f":"Inputs!$X$37*Inputs!$X$32*(E407-Inputs!$X$26)","v":-82640.728408882569},{"$f":"Inputs!$X$33*C407*Inputs!$X$38","v":0},{"$f":"params!$C$15*Inputs!$X$29*(E407-Inputs!$X$26)","v":-8585.5507499999985},{"$f":"Inputs!$X$40*Inputs!$X$41/8760","v":5342.4657534246571},{"$f":"-Inputs!$X$45*Inputs!$X$33","v":-30000},488.73621912146871,3.0146312662847319E-3,2.7734607649819529E-3,{"$f":"-L407/(1.202*2465560*MAX(0,(Inputs!$X$49-O407)))","v":1.2307631296121513},{"$f":"params!$C$15*P407*(E407-Inputs!$X$26)","v":-35823.613566432665},-151707.42697189059]
["2001-01-17","23:00:00",0,10,-3,-4,92,{"$f":"Inputs!$X$37*Inputs!$X$32*(E408-Inputs!$X$26)","v":-82640.728408882569},{"$f":"Inputs!$X$33*C408*Inputs!$X$38","v":0},{"$f":"params!$C$15*Inputs!$X$29*(E408-Inputs!$X$26)","v":-8585.5507499999985},{"$f":"Inputs!$X$40*Inputs!$X$41/8760","v":5342.4657534246571},{"$f":"-Inputs!$X$45*Inputs!$X$33","v":-30000},488.73621912146871,3.0146312662847319E-3,2.7734607649819529E-3,{"$f":"-L408/(1.202*2465560*MAX(0,(Inputs!$X$49-O408)))","v":1.2307631296121513},{"$f":"params!$C$15*P408*(E408-Inputs!$X$26)","v":-35823.613566432665},-151707.42697189059]
["2001-01-17",1,0,10,-3,-4,92,{"$f":"Inputs!$X$37*Inputs!$X$32*(E409-Inputs!$X$26)","v":-82640.728408882569},{"$f":"Inputs!$X$33*C409*Inputs!$X$38","v":0},{"$f":"params!$C$15*Inputs!$X$29*(E409-Inputs!$X$26)","v":-8585.5507499999985},{"$f":"Inputs!$X$40*Inputs!$X$41/8760","v":5342.4657534246571},{"$f":"-Inputs!$X$45*Inputs!$X$33","v":-30000},488.73621912146871,3.0146312662847319E-3,2.7734607649819529E-3,{"$f":"-L409/(1.202*2465560*MAX(0,(Inputs!$X$49-O409)))","v":1.2307631296121513},{"$f":"params!$C$15*P409*(E409-Inputs!$X$26)","v":-35823.613566432665},-151707.42697189059]
["2001-01-18","01:00:00",0,10,-3,-4,92,{"$f":"Inputs!$X$37*Inputs!$X$32*(E410-Inputs!$X$26)","v":-82640.728408882569},{"$f":"Inputs!$X$33*C410*Inputs!$X$38","v":0},{"$f":"params!$C$15*Inputs!$X$29*(E410-Inputs!$X$26)","v":-8585.5507499999985},{"$f":"Inputs!$X$40*Inputs!$X$41/8760","v":5342.4657534246571},{"$f":"-Inputs!$X$45*Inputs!$X$33","v":-30000},488.73621912146871,3.0146312662847319E-3,2.7734607649819529E-3,{"$f":"-L410/(1.202*2465560*MAX(0,(Inputs!$X$49-O410)))","v":1.2307631296121513},{"$f":"params!$C$15*P410*(E410-Inputs!$X$26)","v":-35823.613566432665},-151707.42697189059]
["2001-01-18","02:00:00",0,10,-3,-4,92,{"$f":"Inputs!$X$37*Inputs!$X$32*(E411-Inputs!$X$26)","v":-82640.728408882569},{"$f":"Inputs!$X$33*C411*Inputs!$X$38","v":0},{"$f":"params!$C$15*Inputs!$X$29*(E411-Inputs!$X$26)","v":-8585.5507499999985},{"$f":"Inputs!$X$40*Inputs!$X$41/8760","v":5342.4657534246571},{"$f":"-Inputs!$X$45*Inputs!$X$33","v":-30000},488.73621912146871,3.0146312662847319E-3,2.7734607649819529E-3,{"$f":"-L411/(1.202*2465560*MAX(0,(Inputs!$X$49-O411)))","v":1.2307631296121513},{"$f":"params!$C$15*P411*(E411-Inputs!$X$26)","v":-35823.613566432665},-151707.42697189059]
["2001-01-18","03:00:00",0,10,-3,-4,92,{"$f":"Inputs!$X$37*Inputs!$X$32*(E412-Inputs!$X$26)","v":-82640.728408882569},{"$f":"Inputs!$X$33*C412*Inputs!$X$38","v":0},{"$f":"params!$C$15*Inputs!$X$29*(E412-Inputs!$X$26)","v":-8585.5507499999985},{"$f":"Inputs!$X$40*Inputs!$X$41/8760","v":5342.4657534246571},{"$f":"-Inputs!$X$45*Inputs!$X$33","v":-30000},488.73621912146871,3.0146312662847319E-3,2.7734607649819529E-3,{"$f":"-L412/(1.202*2465560*MAX(0,(Inputs!$X$49-O412)))","v":1.2307631296121513},{"$f":"params!$C$15*P412*(E412-Inputs!$X$26)","v":-35823.613566432665},-151707.42697189059]
["2001-01-18","04:00:00",0,10,-3,-4,92,{"$f":"Inputs!$X$37*Inputs!$X$32*(E413-Inputs!$X$26)","v":-82640.728408882569},{"$f":"Inputs!$X$33*C413*Inputs!$X$38","v":0},{"$f":"params!$C$15*Inputs!$X$29*(E413-Inputs!$X$26)","v":-8585.5507499999985},{"$f":"Inputs!$X$40*Inputs!$X$41/8760","v":5342.4657534246571},{"$f":"-Inputs!$X$45*Inputs!$X$33","v":-30000},488.73621912146871,3.0146312662847319E-3,2.7734607649819529E-3,{"$f":"-L413/(1.202*2465560*MAX(0,(Inputs!$X$49-O413)))","v":1.2307631296121513},{"$f":"params!$C$15*P413*(E413-Inputs!$X$26)","v":-35823.613566432665},-151707.42697189059]
["2001-01-18","05:00:00",0,10,-3,-4,92,{"$f":"Inputs!$X$37*Inputs!$X$32*(E414-Inputs!$X$26)","v":-82640.728408882569},{"$f":"Inputs!$X$33*C414*Inputs!$X$38","v":0},{"$f":"params!$C$15*Inputs!$X$29*(E414-Inputs!$X$26)","v":-8585.5507499999985},{"$f":"Inputs!$X$40*Inputs!$X$41/8760","v":5342.4657534246571},{"$f":"-Inputs!$X$45*Inputs!$X$33","v":-30000},488.73621912146871,3.0146312662847319E-3,2.7734607649819529E-3,{"$f":"-L414/(1.202*2465560*MAX(0,(Inputs!$X$49-O414)))","v":1.2307631296121513},{"$f":"params!$C$15*P414*(E414-Inputs!$X$26)","v":-35823.613566432665},-151707.42697189059]
["2001-01-18","06:00:00",0,10,-3,-4,92,{"$f":"Inputs!$X$37*Inputs!$X$32*(E415-Inputs!$X$26)","v":-82640.728408882569},{"$f":"Inputs!$X$33*C415*Inputs!$X$38","v":0},{"$f":"params!$C$15*Inputs!$X$29*(E415-Inputs!$X$26)","v":-8585.5507499999985},{"$f":"Inputs!$X$40*Inputs!$X$41/8760","v":5342.4657534246571},{"$f":"-Inputs!$X$45*Inputs!$X$33","v":-30000},488.73621912146871,3.0146312662847319E-3,2.7734607649819529E-3,{"$f":"-L415/(1.202*2465560*MAX(0,(Inputs!$X$49-O415)))","v":1.2307631296121513},{"$f":"params!$C$15*P415*(E415-Inputs!$X$26)","v":-35823.613566432665},-151707.42697189059]
["2001-01-18","07:00:00",0,10,-2,-4,85,{"$f":"Inputs!$X$37*Inputs!$X$32*(E416-Inputs!$X$26)","v":-79213.232760587896},{"$f":"Inputs!$X$33*C416*Inputs!$X$38","v":0},{"$f":"params!$C$15*Inputs!$X$29*(E416-Inputs!$X$26)","v":-8229.4679999999971},{"$f":"Inputs!$X$40*Inputs!$X$41/8760","v":5342.4657534246571},{"$f":"-Inputs!$X$45*Inputs!$X$33","v":-30000},526.36516305985776,3.2479468065175691E-3,2.7607547855399341E-3,{"$f":"-L416/(1.202*2465560*MAX(0,(Inputs!$X$49-O416)))","v":1.2288647393508831},{"$f":"params!$C$15*P416*(E416-Inputs!$X$26)","v":-34284.877180611613},-146385.11218777485]
["2001-01-18","08:00:00",0,10,-2.4,-3.7,90,{"$f":"Inputs!$X$37*Inputs!$X$32*(E417-Inputs!$X$26)","v":-80584.231019905754},{"$f":"Inputs!$X$33*C417*Inputs!$X$38","v":0},{"$f":"params!$C$15*Inputs!$X$29*(E417-Inputs!$X$26)","v":-8371.9010999999973},{"$f":"Inputs!$X$40*Inputs!$X$41/8760","v":5342.4657534246571},{"$f":"-Inputs!$X$45*Inputs!$X$33","v":-30000},511.01574765541881,3.1527528356694772E-3,2.8374775521025296E-3,{"$f":"-L417/(1.202*2465560*MAX(0,(Inputs!$X$49-O417)))","v":1.2404177479817369},{"$f":"params!$C$15*P417*(E417-Inputs!$X$26)","v":-35206.172701865216},-148819.83906834631]
["2001-01-18","09:00:00",50,10,-2,-3,92,{"$f":"Inputs!$X$37*Inputs!$X$32*(E418-Inputs!$X$26)","v":-79213.232760587896},{"$f":"Inputs!$X$33*C418*Inputs!$X$38","v":9754.8286401768873},{"$f":"params!$C$15*Inputs!$X$29*(E418-Inputs!$X$26)","v":-8229.4679999999971},{"$f":"Inputs!$X$40*Inputs!$X$41/8760","v":5342.4657534246571},{"$f":"-Inputs!$X$45*Inputs!$X$33","v":-30000},526.36516305985776,3.2479468065175691E-3,2.9881110619961637E-3,{"$f":"-L418/(1.202*2465560*MAX(0,(Inputs!$X$49-O418)))","v":1.2637441367468178},{"$f":"params!$C$15*P418*(E418-Inputs!$X$26)","v":-35257.999622455805},-137603.40598944217]
["2001-01-18","10:00:00",107,10,-1,-3,85,{"$f":"Inputs!$X$37*Inputs!$X$32*(E419-Inputs!$X$26)","v":-75785.737112293224},{"$f":"Inputs!$X$33*C419*Inputs!$X$38","v":20875.333289978538},{"$f":"params!$C$15*Inputs!$X$29*(E419-Inputs!$X$26)","v":-7873.3852499999985},{"$f":"Inputs!$X$40*Inputs!$X$41/8760","v":5342.4657534246571},{"$f":"-Inputs!$X$45*Inputs!$X$33","v":-30000},566.54310372490409,3.4972595900071069E-3,2.9726706515060407E-3,{"$f":"-L419/(1.202*2465560*MAX(0,(Inputs!$X$49-O419)))","v":1.2613128308802957},{"$f":"params!$C$15*P419*(E419-Inputs!$X$26)","v":-33667.515617146812},-121108.83893603685]
["2001-01-18","11:00:00",85,10,0.2,-3.4,74,{"$f":"Inputs!$X$37*Inputs!$X$32*(E420-Inputs!$X$26)","v":-71672.742334339622},{"$f":"Inputs!$X$33*C420*Inputs!$X$38","v":16583.208688300707},{"$f":"params!$C$15*Inputs!$X$29*(E420-Inputs!$X$26)","v":-7446.0859499999988},{"$f":"Inputs!$X$40*Inputs!$X$41/8760","v":5342.4657534246571},{"$f":"-Inputs!$X$45*Inputs!$X$33","v":-30000},618.32975130536795,3.8189003545363257E-3,2.825986262356881E-3,{"$f":"-L420/(1.202*2465560*MAX(0,(Inputs!$X$49-O420)))","v":1.2386735635564958},{"$f":"params!$C$15*P420*(E420-Inputs!$X$26)","v":-31268.832638400407},-118461.98648101467]
["2001-01-18","12:00:00",186,10,1,-4,67,{"$f":"Inputs!$X$37*Inputs!$X$32*(E421-Inputs!$X$26)","v":-68930.745815703893},{"$f":"Inputs!$X$33*C421*Inputs!$X$38","v":36287.962541458015},{"$f":"params!$C$15*Inputs!$X$29*(E421-Inputs!$X$26)","v":-7161.2197499999984},{"$f":"Inputs!$X$40*Inputs!$X$41/8760","v":5342.4657534246571},{"$f":"-Inputs!$X$45*Inputs!$X$33","v":-30000},655.14373774848059,4.0477489204243187E-3,2.7119917766842932E-3,{"$f":"-L421/(1.202*2465560*MAX(0,(Inputs!$X$49-O421)))","v":1.2216331430573093},{"$f":"params!$C$15*P421*(E421-Inputs!$X$26)","v":-29658.867355135437},-94120.404625956653]
["2001-01-18","13:00:00",156,10,2,-3,67,{"$f":"Inputs!$X$37*Inputs!$X$32*(E422-Inputs!$X$26)","v":-65503.25016740922},{"$f":"Inputs!$X$33*C422*Inputs!$X$38","v":30435.065357351883},{"$f":"params!$C$15*Inputs!$X$29*(E422-Inputs!$X$26)","v":-6805.1369999999979},{"$f":"Inputs!$X$40*Inputs!$X$41/8760","v":5342.4657534246571},{"$f":"-Inputs!$X$45*Inputs!$X$33","v":-30000},703.88301618186097,4.3509868656616182E-3,2.915161199993284E-3,{"$f":"-L422/(1.202*2465560*MAX(0,(Inputs!$X$49-O422)))","v":1.2523389004406291},{"$f":"params!$C$15*P422*(E422-Inputs!$X$26)","v":-28892.525018816184},-95423.381075448866]
["2001-01-18","14:00:00",185,10,3,-3,63,{"$f":"Inputs!$X$37*Inputs!$X$32*(E423-Inputs!$X$26)","v":-62075.754519114555},{"$f":"Inputs!$X$33*C423*Inputs!$X$38","v":36092.865968654485},{"$f":"params!$C$15*Inputs!$X$29*(E423-Inputs!$X$26)","v":-6449.0542499999983},{"$f":"Inputs!$X$40*Inputs!$X$41/8760","v":5342.4657534246571},{"$f":"-Inputs!$X$45*Inputs!$X$33","v":-30000},755.80495631325812,4.6743495015895585E-3,2.9448401860014215E-3,{"$f":"-L423/(1.202*2465560*MAX(0,(Inputs!$X$49-O423)))","v":1.2569540856331531},{"$f":"params!$C$15*P423*(E423-Inputs!$X$26)","v":-27481.611670411494},-84571.08871744691]
["2001-01-18","15:00:00",280,10,3,-3,63,{"$f":"Inputs!$X$37*Inputs!$X$32*(E424-Inputs!$X$26)","v":-62075.754519114555},{"$f":"Inputs!$X$33*C424*Inputs!$X$38","v":54627.040384990563},{"$f":"params!$C$15*Inputs!$X$29*(E424-Inputs!$X$26)","v":-6449.0542499999983},{"$f":"Inputs!$X$40*Inputs!$X$41/8760","v":5342.4657534246571},{"$f":"-Inputs!$X$45*Inputs!$X$33","v":-30000},755.80495631325812,4.6743495015895585E-3,2.9448401860014215E-3,{"$f":"-L424/(1.202*2465560*MAX(0,(Inputs!$X$49-O424)))","v":1.2569540856331531},{"$f":"params!$C$15*P424*(E424-Inputs!$X$26)","v":-27481.611670411494},-66036.914301110824]
["2001-01-18","16:00:00",133,10,2,-4,62,{"$f":"Inputs!$X$37*Inputs!$X$32*(E425-Inputs!$X$26)","v":-65503.25016740922},{"$f":"Inputs!$X$33*C425*Inputs!$X$38","v":25947.844182870518},{"$f":"params!$C$15*Inputs!$X$29*(E425-Inputs!$X$26)","v":-6805.1369999999979},{"$f":"Inputs!$X$40*Inputs!$X$41/8760","v":5342.4657534246571},{"$f":"-Inputs!$X$45*Inputs!$X$33","v":-30000},703.88301618186097,4.3509868656616182E-3,2.6976118567102031E-3,{"$f":"-L425/(1.202*2465560*MAX(0,(Inputs!$X$49-O425)))","v":1.2195168107793628},{"$f":"params!$C$15*P425*(E425-Inputs!$X$26)","v":-28135.291456579715},-99153.368687693743]
["2001-01-18","17:00:00",48,10,2,-4,62,{"$f":"Inputs!$X$37*Inputs!$X$32*(E426-Inputs!$X$26)","v":-65503.25016740922},{"$f":"Inputs!$X$33*C426*Inputs!$X$38","v":9364.6354945698113},{"$f":"params!$C$15*Inputs!$X$29*(E426-Inputs!$X$26)","v":-6805.1369999999979},{"$f":"Inputs!$X$40*Inputs!$X$41/8760","v":5342.4657534246571},{"$f":"-Inputs!$X$45*Inputs!$X$33","v":-30000},703.88301618186097,4.3509868656616182E-3,2.6976118567102031E-3,{"$f":"-L426/(1.202*2465560*MAX(0,(Inputs!$X$49-O426)))","v":1.2195168107793628},{"$f":"params!$C$15*P426*(E426-Inputs!$X$26)","v":-28135.291456579715},-115736.57737599446]
["2001-01-18","18:00:00",0,10,1,-4,67,{"$f":"Inputs!$X$37*Inputs!$X$32*(E427-Inputs!$X$26)","v":-68930.745815703893},{"$f":"Inputs!$X$33*C427*Inputs!$X$38","v":0},{"$f":"params!$C$15*Inputs!$X$29*(E427-Inputs!$X$26)","v":-7161.2197499999984},{"$f":"Inputs!$X$40*Inputs!$X$41/8760","v":5342.4657534246571},{"$f":"-Inputs!$X$45*Inputs!$X$33","v":-30000},655.14373774848059,4.0477489204243187E-3,2.7119917766842932E-3,{"$f":"-L427/(1.202*2465560*MAX(0,(Inputs!$X$49-O427)))","v":1.2216331430573093},{"$f":"params!$C$15*P427*(E427-Inputs!$X$26)","v":-29658.867355135437},-130408.36716741469]
["2001-01-18","19:00:00",0,10,1,-3,72,{"$f":"Inputs!$X$37*Inputs!$X$32*(E428-Inputs!$X$26)","v":-68930.745815703893},{"$f":"Inputs!$X$33*C428*Inputs!$X$38","v":0},{"$f":"params!$C$15*Inputs!$X$29*(E428-Inputs!$X$26)","v":-7161.2197499999984},{"$f":"Inputs!$X$40*Inputs!$X$41/8760","v":5342.4657534246571},{"$f":"-Inputs!$X$45*Inputs!$X$33","v":-30000},655.14373774848059,4.0477489204243187E-3,2.9143792227055093E-3,{"$f":"-L428/(1.202*2465560*MAX(0,(Inputs!$X$49-O428)))","v":1.2522177584635092},{"$f":"params!$C$15*P428*(E428-Inputs!$X$26)","v":-30401.402097742503},-131150.90191002176]
["2001-01-18","20:00:00",0,10,1,-3,72,{"$f":"Inputs!$X$37*Inputs!$X$32*(E429-Inputs!$X$26)","v":-68930.745815703893},{"$f":"Inputs!$X$33*C429*Inputs!$X$38","v":0},{"$f":"params!$C$15*Inputs!$X$29*(E429-Inputs!$X$26)","v":-7161.2197499999984},{"$f":"Inputs!$X$40*Inputs!$X$41/8760","v":5342.4657534246571},{"$f":"-Inputs!$X$45*Inputs!$X$33","v":-30000},655.14373774848059,4.0477489204243187E-3,2.9143792227055093E-3,{"$f":"-L429/(1.202*2465560*MAX(0,(Inputs!$X$49-O429)))","v":1.2522177584635092},{"$f":"params!$C$15*P429*(E429-Inputs!$X$26)","v":-30401.402097742503},-131150.90191002176]
["2001-01-18","21:00:00",0,10,1,-3,72,{"$f":"Inputs!$X$37*Inputs!$X$32*(E430-Inputs!$X$26)","v":-68930.745815703893},{"$f":"Inputs!$X$33*C430*Inputs!$X$38","v":0},{"$f":"params!$C$15*Inputs!$X$29*(E430-Inputs!$X$26)","v":-7161.2197499999984},{"$f":"Inputs!$X$40*Inputs!$X$41/8760","v":5342.4657534246571},{"$f":"-Inputs!$X$45*Inputs!$X$33","v":-30000},655.14373774848059,4.0477489204243187E-3,2.9143792227055093E-3,{"$f":"-L430/(1.202*2465560*MAX(0,(Inputs!$X$49-O430)))","v":1.2522177584635092},{"$f":"params!$C$15*P430*(E430-Inputs!$X$26)","v":-30401.402097742503},-131150.90191002176]
["2001-01-18","22:00:00",0,10,0,-3,78,{"$f":"Inputs!$X$37*Inputs!$X$32*(E431-Inputs!$X$26)","v":-72358.241463998565},{"$f":"Inputs!$X$33*C431*Inputs!$X$38","v":0},{"$f":"params!$C$15*Inputs!$X$29*(E431-Inputs!$X$26)","v":-7517.302499999998},{"$f":"Inputs!$X$40*Inputs!$X$41/8760","v":5342.4657534246571},{"$f":"-Inputs!$X$45*Inputs!$X$33","v":-30000},609.41773586642103,3.7635253138895938E-3,2.9355497448338829E-3,{"$f":"-L431/(1.202*2465560*MAX(0,(Inputs!$X$49-O431)))","v":1.2555057365744386},{"$f":"params!$C$15*P431*(E431-Inputs!$X$26)","v":-31996.868946815372},-136529.94715738928]
["2001-01-18","23:00:00",0,10,0,-3,78,{"$f":"Inputs!$X$37*Inputs!$X$32*(E432-Inputs!$X$26)","v":-72358.241463998565},{"$f":"Inputs!$X$33*C432*Inputs!$X$38","v":0},{"$f":"params!$C$15*Inputs!$X$29*(E432-Inputs!$X$26)","v":-7517.302499999998},{"$f":"Inputs!$X$40*Inputs!$X$41/8760","v":5342.4657534246571},{"$f":"-Inputs!$X$45*Inputs!$X$33","v":-30000},609.41773586642103,3.7635253138895938E-3,2.9355497448338829E-3,{"$f":"-L432/(1.202*2465560*MAX(0,(Inputs!$X$49-O432)))","v":1.2555057365744386},{"$f":"params!$C$15*P432*(E432-Inputs!$X$26)","v":-31996.868946815372},-136529.94715738928]
["2001-01-18",1,0,10,0,-3,78,{"$f":"Inputs!$X$37*Inputs!$X$32*(E433-Inputs!$X$26)","v":-72358.241463998565},{"$f":"Inputs!$X$33*C433*Inputs!$X$38","v":0},{"$f":"params!$C$15*Inputs!$X$29*(E433-Inputs!$X$26)","v":-7517.302499999998},{"$f":"Inputs!$X$40*Inputs!$X$41/8760","v":5342.4657534246571},{"$f":"-Inputs!$X$45*Inputs!$X$33","v":-30000},609.41773586642103,3.7635253138895938E-3,2.9355497448338829E-3,{"$f":"-L433/(1.202*2465560*MAX(0,(Inputs!$X$49-O433)))","v":1.2555057365744386},{"$f":"params!$C$15*P433*(E433-Inputs!$X$26)","v":-31996.868946815372},-136529.94715738928]
["2001-01-19","01:00:00",0,10,0,-2,85,{"$f":"Inputs!$X$37*Inputs!$X$32*(E434-Inputs!$X$26)","v":-72358.241463998565},{"$f":"Inputs!$X$33*C434*Inputs!$X$38","v":0},{"$f":"params!$C$15*Inputs!$X$29*(E434-Inputs!$X$26)","v":-7517.302499999998},{"$f":"Inputs!$X$40*Inputs!$X$41/8760","v":5342.4657534246571},{"$f":"-Inputs!$X$45*Inputs!$X$33","v":-30000},609.41773586642103,3.7635253138895938E-3,3.1989965168061547E-3,{"$f":"-L434/(1.202*2465560*MAX(0,(Inputs!$X$49-O434)))","v":1.2979145854555856},{"$f":"params!$C$15*P434*(E434-Inputs!$X$26)","v":-33077.668771384633},-137610.74698195854]
["2001-01-19","02:00:00",0,10,0,-2,85,{"$f":"Inputs!$X$37*Inputs!$X$32*(E435-Inputs!$X$26)","v":-72358.241463998565},{"$f":"Inputs!$X$33*C435*Inputs!$X$38","v":0},{"$f":"params!$C$15*Inputs!$X$29*(E435-Inputs!$X$26)","v":-7517.302499999998},{"$f":"Inputs!$X$40*Inputs!$X$41/8760","v":5342.4657534246571},{"$f":"-Inputs!$X$45*Inputs!$X$33","v":-30000},609.41773586642103,3.7635253138895938E-3,3.1989965168061547E-3,{"$f":"-L435/(1.202*2465560*MAX(0,(Inputs!$X$49-O435)))","v":1.2979145854555856},{"$f":"params!$C$15*P435*(E435-Inputs!$X$26)","v":-33077.668771384633},-137610.74698195854]
["2001-01-19","03:00:00",0,10,0,-2,85,{"$f":"Inputs!$X$37*Inputs!$X$32*(E436-Inputs!$X$26)","v":-72358.241463998565},{"$f":"Inputs!$X$33*C436*Inputs!$X$38","v":0},{"$f":"params!$C$15*Inputs!$X$29*(E436-Inputs!$X$26)","v":-7517.302499999998},{"$f":"Inputs!$X$40*Inputs!$X$41/8760","v":5342.4657534246571},{"$f":"-Inputs!$X$45*Inputs!$X$33","v":-30000},609.41773586642103,3.7635253138895938E-3,3.1989965168061547E-3,{"$f":"-L436/(1.202*2465560*MAX(0,(Inputs!$X$49-O436)))","v":1.2979145854555856},{"$f":"params!$C$15*P436*(E436-Inputs!$X$26)","v":-33077.668771384633},-137610.74698195854]
["2001-01-19","04:00:00",0,10,0,-2,85,{"$f":"Inputs!$X$37*Inputs!$X$32*(E437-Inputs!$X$26)","v":-72358.241463998565},{"$f":"Inputs!$X$33*C437*Inputs!$X$38","v":0},{"$f":"params!$C$15*Inputs!$X$29*(E437-Inputs!$X$26)","v":-7517.302499999998},{"$f":"Inputs!$X$40*Inputs!$X$41/8760","v":5342.4657534246571},{"$f":"-Inputs!$X$45*Inputs!$X$33","v":-30000},609.41773586642103,3.7635253138895938E-3,3.1989965168061547E-3,{"$f":"-L437/(1.202*2465560*MAX(0,(Inputs!$X$49-O437)))","v":1.2979145854555856},{"$f":"params!$C$15*P437*(E437-Inputs!$X$26)","v":-33077.668771384633},-137610.74698195854]
["2001-01-19","05:00:00",0,10,0,-2,85,{"$f":"Inputs!$X$37*Inputs!$X$32*(E438-Inputs!$X$26)","v":-72358.241463998565},{"$f":"Inputs!$X$33*C438*Inputs!$X$38","v":0},{"$f":"params!$C$15*Inputs!$X$29*(E438-Inputs!$X$26)","v":-7517.302499999998},{"$f":"Inputs!$X$40*Inputs!$X$41/8760","v":5342.4657534246571},{"$f":"-Inputs!$X$45*Inputs!$X$33","v":-30000},609.41773586642103,3.7635253138895938E-3,3.1989965168061547E-3,{"$f":"-L438/(1.202*2465560*MAX(0,(Inputs!$X$49-O438)))","v":1.2979145854555856},{"$f":"params!$C$15*P438*(E438-Inputs!$X$26)","v":-33077.668771384633},-137610.74698195854]
["2001-01-19","06:00:00",0,10,0,-2,85,{"$f":"Inputs!$X$37*Inputs!$X$32*(E439-Inputs!$X$26)","v":-72358.241463998565},{"$f":"Inputs!$X$33*C439*Inputs!$X$38","v":0},{"$f":"params!$C$15*Inputs!$X$29*(E439-Inputs!$X$26)","v":-7517.302499999998},{"$f":"Inputs!$X$40*Inputs!$X$41/8760","v":5342.4657534246571},{"$f":"-Inputs!$X$45*Inputs!$X$33","v":-30000},609.41773586642103,3.7635253138895938E-3,3.1989965168061547E-3,{"$f":"-L439/(1.202*2465560*MAX(0,(Inputs!$X$49-O439)))","v":1.2979145854555856},{"$f":"params!$C$15*P439*(E439-Inputs!$X$26)","v":-33077.668771384633},-137610.74698195854]
["2001-01-19","07:00:00",0,10,0,-1,92,{"$f":"Inputs!$X$37*Inputs!$X$32*(E440-Inputs!$X$26)","v":-72358.241463998565},{"$f":"Inputs!$X$33*C440*Inputs!$X$38","v":0},{"$f":"params!$C$15*Inputs!$X$29*(E440-Inputs!$X$26)","v":-7517.302499999998},{"$f":"Inputs!$X$40*Inputs!$X$41/8760","v":5342.4657534246571},{"$f":"-Inputs!$X$45*Inputs!$X$33","v":-30000},609.41773586642103,3.7635253138895938E-3,3.462443288778426E-3,{"$f":"-L440/(1.202*2465560*MAX(0,(Inputs!$X$49-O440)))","v":1.3432885898517939},{"$f":"params!$C$15*P440*(E440-Inputs!$X$26)","v":-34234.036305171387},-138767.11451574528]
["2001-01-19","08:00:00",0,10,-1,-1,100,{"$f":"Inputs!$X$37*Inputs!$X$32*(E441-Inputs!$X$26)","v":-75785.737112293224},{"$f":"Inputs!$X$33*C441*Inputs!$X$38","v":0},{"$f":"params!$C$15*Inputs!$X$29*(E441-Inputs!$X$26)","v":-7873.3852499999985},{"$f":"Inputs!$X$40*Inputs!$X$41/8760","v":5342.4657534246571},{"$f":"-Inputs!$X$45*Inputs!$X$33","v":-30000},566.54310372490409,3.4972595900071069E-3,3.4972595900071069E-3,{"$f":"-L441/(1.202*2465560*MAX(0,(Inputs!$X$49-O441)))","v":1.3495235143933748},{"$f":"params!$C$15*P441*(E441-Inputs!$X$26)","v":-36022.073893306646},-144338.73050217523]
["2001-01-19","09:00:00",59,10,0,-1,92,{"$f":"Inputs!$X$37*Inputs!$X$32*(E442-Inputs!$X$26)","v":-72358.241463998565},{"$f":"Inputs!$X$33*C442*Inputs!$X$38","v":11510.697795408727},{"$f":"params!$C$15*Inputs!$X$29*(E442-Inputs!$X$26)","v":-7517.302499999998},{"$f":"Inputs!$X$40*Inputs!$X$41/8760","v":5342.4657534246571},{"$f":"-Inputs!$X$45*Inputs!$X$33","v":-30000},609.41773586642103,3.7635253138895938E-3,3.462443288778426E-3,{"$f":"-L442/(1.202*2465560*MAX(0,(Inputs!$X$49-O442)))","v":1.3432885898517939},{"$f":"params!$C$15*P442*(E442-Inputs!$X$26)","v":-34234.036305171387},-127256.41672033657]
["2001-01-19","10:00:00",57,10,0.4,-0.6,92,{"$f":"Inputs!$X$37*Inputs!$X$32*(E443-Inputs!$X$26)","v":-70987.243204680693},{"$f":"Inputs!$X$33*C443*Inputs!$X$38","v":11120.504649801651},{"$f":"params!$C$15*Inputs!$X$29*(E443-Inputs!$X$26)","v":-7374.8693999999987},{"$f":"Inputs!$X$40*Inputs!$X$41/8760","v":5342.4657534246571},{"$f":"-Inputs!$X$45*Inputs!$X$33","v":-30000},627.35707005209429,3.875001828021472E-3,3.5650016817797541E-3,{"$f":"-L443/(1.202*2465560*MAX(0,(Inputs!$X$49-O443)))","v":1.361822187357538},{"$f":"params!$C$15*P443*(E443-Inputs!$X$26)","v":-34048.775173364607},-125947.91737481899]
["2001-01-19","11:00:00",85,10,1,-0.2,91,{"$f":"Inputs!$X$37*Inputs!$X$32*(E444-Inputs!$X$26)","v":-68930.745815703893},{"$f":"Inputs!$X$33*C444*Inputs!$X$38","v":16583.208688300707},{"$f":"params!$C$15*Inputs!$X$29*(E444-Inputs!$X$26)","v":-7161.2197499999984},{"$f":"Inputs!$X$40*Inputs!$X$41/8760","v":5342.4657534246571},{"$f":"-Inputs!$X$45*Inputs!$X$33","v":-30000},655.14373774848059,4.0477489204243187E-3,3.6834515175861297E-3,{"$f":"-L444/(1.202*2465560*MAX(0,(Inputs!$X$49-O444)))","v":1.3838743051162976},{"$f":"params!$C$15*P444*(E444-Inputs!$X$26)","v":-33597.765978177158},-117764.0571021557]
["2001-01-19","12:00:00",99,10,1.3,0,91,{"$f":"Inputs!$X$37*Inputs!$X$32*(E445-Inputs!$X$26)","v":-67902.497121215492},{"$f":"Inputs!$X$33*C445*Inputs!$X$38","v":19314.560707550238},{"$f":"params!$C$15*Inputs!$X$29*(E445-Inputs!$X$26)","v":-7054.3949249999978},{"$f":"Inputs!$X$40*Inputs!$X$41/8760","v":5342.4657534246571},{"$f":"-Inputs!$X$45*Inputs!$X$33","v":-30000},669.44156707380455,4.1366743413979211E-3,3.7643736506721083E-3,{"$f":"-L445/(1.202*2465560*MAX(0,(Inputs!$X$49-O445)))","v":1.3993550075453789},{"$f":"params!$C$15*P445*(E445-Inputs!$X$26)","v":-33466.818589794704},-113766.68417503531]
["2001-01-19","13:00:00",78,10,1.3,0,91,{"$f":"Inputs!$X$37*Inputs!$X$32*(E446-Inputs!$X$26)","v":-67902.497121215492},{"$f":"Inputs!$X$33*C446*Inputs!$X$38","v":15217.532678675941},{"$f":"params!$C$15*Inputs!$X$29*(E446-Inputs!$X$26)","v":-7054.3949249999978},{"$f":"Inputs!$X$40*Inputs!$X$41/8760","v":5342.4657534246571},{"$f":"-Inputs!$X$45*Inputs!$X$33","v":-30000},669.44156707380455,4.1366743413979211E-3,3.7643736506721083E-3,{"$f":"-L446/(1.202*2465560*MAX(0,(Inputs!$X$49-O446)))","v":1.3993550075453789},{"$f":"params!$C$15*P446*(E446-Inputs!$X$26)","v":-33466.818589794704},-117863.71220390961]
["2001-01-19","14:00:00",75,10,1,0,93,{"$f":"Inputs!$X$37*Inputs!$X$32*(E447-Inputs!$X$26)","v":-68930.745815703893},{"$f":"Inputs!$X$33*C447*Inputs!$X$38","v":14632.242960265328},{"$f":"params!$C$15*Inputs!$X$29*(E447-Inputs!$X$26)","v":-7161.2197499999984},{"$f":"Inputs!$X$40*Inputs!$X$41/8760","v":5342.4657534246571},{"$f":"-Inputs!$X$45*Inputs!$X$33","v":-30000},655.14373774848059,4.0477489204243187E-3,3.7644064959946166E-3,{"$f":"-L447/(1.202*2465560*MAX(0,(Inputs!$X$49-O447)))","v":1.3993613612950986},{"$f":"params!$C$15*P447*(E447-Inputs!$X$26)","v":-33973.76146220525},-120091.01831421915]
["2001-01-19","15:00:00",77,10,0,-1,92,{"$f":"Inputs!$X$37*Inputs!$X$32*(E448-Inputs!$X$26)","v":-72358.241463998565},{"$f":"Inputs!$X$33*C448*Inputs!$X$38","v":15022.436105872406},{"$f":"params!$C$15*Inputs!$X$29*(E448-Inputs!$X$26)","v":-7517.302499999998},{"$f":"Inputs!$X$40*Inputs!$X$41/8760","v":5342.4657534246571},{"$f":"-Inputs!$X$45*Inputs!$X$33","v":-30000},609.41773586642103,3.7635253138895938E-3,3.462443288778426E-3,{"$f":"-L448/(1.202*2465560*MAX(0,(Inputs!$X$49-O448)))","v":1.3432885898517939},{"$f":"params!$C$15*P448*(E448-Inputs!$X$26)","v":-34234.036305171387},-123744.6784098729]
["2001-01-19","16:00:00",74,10,0,-2,85,{"$f":"Inputs!$X$37*Inputs!$X$32*(E449-Inputs!$X$26)","v":-72358.241463998565},{"$f":"Inputs!$X$33*C449*Inputs!$X$38","v":14437.146387461793},{"$f":"params!$C$15*Inputs!$X$29*(E449-Inputs!$X$26)","v":-7517.302499999998},{"$f":"Inputs!$X$40*Inputs!$X$41/8760","v":5342.4657534246571},{"$f":"-Inputs!$X$45*Inputs!$X$33","v":-30000},609.41773586642103,3.7635253138895938E-3,3.1989965168061547E-3,{"$f":"-L449/(1.202*2465560*MAX(0,(Inputs!$X$49-O449)))","v":1.2979145854555856},{"$f":"params!$C$15*P449*(E449-Inputs!$X$26)","v":-33077.668771384633},-123173.60059449675]
["2001-01-19","17:00:00",16,10,-1,-2,92,{"$f":"Inputs!$X$37*Inputs!$X$32*(E450-Inputs!$X$26)","v":-75785.737112293224},{"$f":"Inputs!$X$33*C450*Inputs!$X$38","v":3121.5451648566036},{"$f":"params!$C$15*Inputs!$X$29*(E450-Inputs!$X$26)","v":-7873.3852499999985},{"$f":"Inputs!$X$40*Inputs!$X$41/8760","v":5342.4657534246571},{"$f":"-Inputs!$X$45*Inputs!$X$33","v":-30000},566.54310372490409,3.4972595900071069E-3,3.2174788228065384E-3,{"$f":"-L450/(1.202*2465560*MAX(0,(Inputs!$X$49-O450)))","v":1.3009976140868336},{"$f":"params!$C$15*P450*(E450-Inputs!$X$26)","v":-34726.799266419381},-139921.91071043134]
["2001-01-19","18:00:00",0,10,-1,-3,85,{"$f":"Inputs!$X$37*Inputs!$X$32*(E451-Inputs!$X$26)","v":-75785.737112293224},{"$f":"Inputs!$X$33*C451*Inputs!$X$38","v":0},{"$f":"params!$C$15*Inputs!$X$29*(E451-Inputs!$X$26)","v":-7873.3852499999985},{"$f":"Inputs!$X$40*Inputs!$X$41/8760","v":5342.4657534246571},{"$f":"-Inputs!$X$45*Inputs!$X$33","v":-30000},{"$f":"EXP(77.345+0.0057*(E451+273.15)-7235/(E451+273.15))/(E451+273.15)^8.2","v":566.54310372490409},{"$f":"0.62198*M451/(101325-M451)","v":3.4972595900071069E-3},{"$f":"N451*G451/100","v":2.9726706515060407E-3},{"$f":"-L451/(1.202*2465560*MAX(0,(Inputs!$X$49-O451)))","v":1.2613128308802957},{"$f":"params!$C$15*P451*(E451-Inputs!$X$26)","v":-33667.515617146812},{"$f":"H451+I451+J451+K451+L451+Q451","v":-141984.17222601536}]
["2001-01-19","19:00:00",0,10,-1,-3,85,{"$f":"Inputs!$X$37*Inputs!$X$32*(E452-Inputs!$X$26)","v":-75785.737112293224},{"$f":"Inputs!$X$33*C452*Inputs!$X$38","v":0},{"$f":"params!$C$15*Inputs!$X$29*(E452-Inputs!$X$26)","v":-7873.3852499999985},{"$f":"Inputs!$X$40*Inputs!$X$41/8760","v":5342.4657534246571},{"$f":"-Inputs!$X$45*Inputs!$X$33","v":-30000},566.54310372490409,3.4972595900071069E-3,2.9726706515060407E-3,{"$f":"-L452/(1.202*2465560*MAX(0,(Inputs!$X$49-O452)))","v":1.2613128308802957},{"$f":"params!$C$15*P452*(E452-Inputs!$X$26)","v":-33667.515617146812},-141984.17222601536]
["2001-01-19","20:00:00",0,10,-1,-3,85,{"$f":"Inputs!$X$37*Inputs!$X$32*(E453-Inputs!$X$26)","v":-75785.737112293224},{"$f":"Inputs!$X$33*C453*Inputs!$X$38","v":0},{"$f":"params!$C$15*Inputs!$X$29*(E453-Inputs!$X$26)","v":-7873.3852499999985},{"$f":"Inputs!$X$40*Inputs!$X$41/8760","v":5342.4657534246571},{"$f":"-Inputs!$X$45*Inputs!$X$33","v":-30000},566.54310372490409,3.4972595900071069E-3,2.9726706515060407E-3,{"$f":"-L453/(1.202*2465560*MAX(0,(Inputs!$X$49-O453)))","v":1.2613128308802957},{"$f":"params!$C$15*P453*(E453-Inputs!$X$26)","v":-33667.515617146812},-141984.17222601536]
["2001-01-19","21:00:00",0,10,-1,-3,85,{"$f":"Inputs!$X$37*Inputs!$X$32*(E454-Inputs!$X$26)","v":-75785.737112293224},{"$f":"Inputs!$X$33*C454*Inputs!$X$38","v":0},{"$f":"params!$C$15*Inputs!$X$29*(E454-Inputs!$X$26)","v":-7873.3852499999985},{"$f":"Inputs!$X$40*Inputs!$X$41/8760","v":5342.4657534246571},{"$f":"-Inputs!$X$45*Inputs!$X$33","v":-30000},566.54310372490409,3.4972595900071069E-3,2.9726706515060407E-3,{"$f":"-L454/(1.202*2465560*MAX(0,(Inputs!$X$49-O454)))","v":1.2613128308802957},{"$f":"params!$C$15*P454*(E454-Inputs!$X$26)","v":-33667.515617146812},-141984.17222601536]
["2001-01-19","22:00:00",0,10,-1,-3,85,{"$f":"Inputs!$X$37*Inputs!$X$32*(E455-Inputs!$X$26)","v":-75785.737112293224},{"$f":"Inputs!$X$33*C455*Inputs!$X$38","v":0},{"$f":"params!$C$15*Inputs!$X$29*(E455-Inputs!$X$26)","v":-7873.3852499999985},{"$f":"Inputs!$X$40*Inputs!$X$41/8760","v":5342.4657534246571},{"$f":"-Inputs!$X$45*Inputs!$X$33","v":-30000},566.54310372490409,3.4972595900071069E-3,2.9726706515060407E-3,{"$f":"-L455/(1.202*2465560*MAX(0,(Inputs!$X$49-O455)))","v":1.2613128308802957},{"$f":"params!$C$15*P455*(E455-Inputs!$X$26)","v":-33667.515617146812},-141984.17222601536]
["2001-01-19","23:00:00",0,10,-1,-4,78,{"$f":"Inputs!$X$37*Inputs!$X$32*(E456-Inputs!$X$26)","v":-75785.737112293224},{"$f":"Inputs!$X$33*C456*Inputs!$X$38","v":0},{"$f":"params!$C$15*Inputs!$X$29*(E456-Inputs!$X$26)","v":-7873.3852499999985},{"$f":"Inputs!$X$40*Inputs!$X$41/8760","v":5342.4657534246571},{"$f":"-Inputs!$X$45*Inputs!$X$33","v":-30000},566.54310372490409,3.4972595900071069E-3,2.7278624802055435E-3,{"$f":"-L456/(1.202*2465560*MAX(0,(Inputs!$X$49-O456)))","v":1.2239774214274959},{"$f":"params!$C$15*P456*(E456-Inputs!$X$26)","v":-32670.942483146875},-140987.59909201544]
["2001-01-19",1,0,10,-1,-4,78,{"$f":"Inputs!$X$37*Inputs!$X$32*(E457-Inputs!$X$26)","v":-75785.737112293224},{"$f":"Inputs!$X$33*C457*Inputs!$X$38","v":0},{"$f":"params!$C$15*Inputs!$X$29*(E457-Inputs!$X$26)","v":-7873.3852499999985},{"$f":"Inputs!$X$40*Inputs!$X$41/8760","v":5342.4657534246571},{"$f":"-Inputs!$X$45*Inputs!$X$33","v":-30000},566.54310372490409,3.4972595900071069E-3,2.7278624802055435E-3,{"$f":"-L457/(1.202*2465560*MAX(0,(Inputs!$X$49-O457)))","v":1.2239774214274959},{"$f":"params!$C$15*P457*(E457-Inputs!$X$26)","v":-32670.942483146875},-140987.59909201544]
["2001-01-20","01:00:00",0,10,-2,-6,71,{"$f":"Inputs!$X$37*Inputs!$X$32*(E458-Inputs!$X$26)","v":-79213.232760587896},{"$f":"Inputs!$X$33*C458*Inputs!$X$38","v":0},{"$f":"params!$C$15*Inputs!$X$29*(E458-Inputs!$X$26)","v":-8229.4679999999971},{"$f":"Inputs!$X$40*Inputs!$X$41/8760","v":5342.4657534246571},{"$f":"-Inputs!$X$45*Inputs!$X$33","v":-30000},526.36516305985776,3.2479468065175691E-3,2.306042232627474E-3,{"$f":"-L458/(1.202*2465560*MAX(0,(Inputs!$X$49-O458)))","v":1.164579823921092},{"$f":"params!$C$15*P458*(E458-Inputs!$X$26)","v":-32491.351530880136},-144591.58653804337]
["2001-01-20","02:00:00",0,10,-3,-6,77,{"$f":"Inputs!$X$37*Inputs!$X$32*(E459-Inputs!$X$26)","v":-82640.728408882569},{"$f":"Inputs!$X$33*C459*Inputs!$X$38","v":0},{"$f":"params!$C$15*Inputs!$X$29*(E459-Inputs!$X$26)","v":-8585.5507499999985},{"$f":"Inputs!$X$40*Inputs!$X$41/8760","v":5342.4657534246571},{"$f":"-Inputs!$X$45*Inputs!$X$33","v":-30000},488.73621912146871,3.0146312662847319E-3,2.3212660750392437E-3,{"$f":"-L459/(1.202*2465560*MAX(0,(Inputs!$X$49-O459)))","v":1.1666230804456208},{"$f":"params!$C$15*P459*(E459-Inputs!$X$26)","v":-33956.700039214913},-149840.51344467283]
["2001-01-20","03:00:00",0,10,-4,-7,77,{"$f":"Inputs!$X$37*Inputs!$X$32*(E460-Inputs!$X$26)","v":-86068.224057177227},{"$f":"Inputs!$X$33*C460*Inputs!$X$38","v":0},{"$f":"params!$C$15*Inputs!$X$29*(E460-Inputs!$X$26)","v":-8941.6334999999981},{"$f":"Inputs!$X$40*Inputs!$X$41/8760","v":5342.4657534246571},{"$f":"-Inputs!$X$45*Inputs!$X$33","v":-30000},453.51532044328405,2.7964043545646504E-3,2.1532313530147808E-3,{"$f":"-L460/(1.202*2465560*MAX(0,(Inputs!$X$49-O460)))","v":1.1444600560619673},{"$f":"params!$C$15*P460*(E460-Inputs!$X$26)","v":-34693.191938907912},-154360.58374266047]
["2001-01-20","04:00:00",0,10,-5,-7.4,81,{"$f":"Inputs!$X$37*Inputs!$X$32*(E461-Inputs!$X$26)","v":-89495.7197054719},{"$f":"Inputs!$X$33*C461*Inputs!$X$38","v":0},{"$f":"params!$C$15*Inputs!$X$29*(E461-Inputs!$X$26)","v":-9297.7162499999977},{"$f":"Inputs!$X$40*Inputs!$X$41/8760","v":5342.4657534246571},{"$f":"-Inputs!$X$45*Inputs!$X$33","v":-30000},420.56802345265027,2.5924024753231664E-3,2.0998460050117647E-3,{"$f":"-L461/(1.202*2465560*MAX(0,(Inputs!$X$49-O461)))","v":1.1375939771525041},{"$f":"params!$C$15*P461*(E461-Inputs!$X$26)","v":-35858.352032548079},-159309.32223459531]
["2001-01-20","05:00:00",0,10,-6,-8,84,{"$f":"Inputs!$X$37*Inputs!$X$32*(E462-Inputs!$X$26)","v":-92923.215353766573},{"$f":"Inputs!$X$33*C462*Inputs!$X$38","v":0},{"$f":"params!$C$15*Inputs!$X$29*(E462-Inputs!$X$26)","v":-9653.7989999999972},{"$f":"Inputs!$X$40*Inputs!$X$41/8760","v":5342.4657534246571},{"$f":"-Inputs!$X$45*Inputs!$X$33","v":-30000},389.76616195693094,2.4018050803048703E-3,2.0175162674560907E-3,{"$f":"-L462/(1.202*2465560*MAX(0,(Inputs!$X$49-O462)))","v":1.1271652716573397},{"$f":"params!$C$15*P462*(E462-Inputs!$X$26)","v":-36890.335593678152},-164124.88419402007]
["2001-01-20","06:00:00",0,10,-6,-8,84,{"$f":"Inputs!$X$37*Inputs!$X$32*(E463-Inputs!$X$26)","v":-92923.215353766573},{"$f":"Inputs!$X$33*C463*Inputs!$X$38","v":0},{"$f":"params!$C$15*Inputs!$X$29*(E463-Inputs!$X$26)","v":-9653.7989999999972},{"$f":"Inputs!$X$40*Inputs!$X$41/8760","v":5342.4657534246571},{"$f":"-Inputs!$X$45*Inputs!$X$33","v":-30000},389.76616195693094,2.4018050803048703E-3,2.0175162674560907E-3,{"$f":"-L463/(1.202*2465560*MAX(0,(Inputs!$X$49-O463)))","v":1.1271652716573397},{"$f":"params!$C$15*P463*(E463-Inputs!$X$26)","v":-36890.335593678152},-164124.88419402007]
["2001-01-20","07:00:00",0,10,-6,-8,84,{"$f":"Inputs!$X$37*Inputs!$X$32*(E464-Inputs!$X$26)","v":-92923.215353766573},{"$f":"Inputs!$X$33*C464*Inputs!$X$38","v":0},{"$f":"params!$C$15*Inputs!$X$29*(E464-Inputs!$X$26)","v":-9653.7989999999972},{"$f":"Inputs!$X$40*Inputs!$X$41/8760","v":5342.4657534246571},{"$f":"-Inputs!$X$45*Inputs!$X$33","v":-30000},389.76616195693094,2.4018050803048703E-3,2.0175162674560907E-3,{"$f":"-L464/(1.202*2465560*MAX(0,(Inputs!$X$49-O464)))","v":1.1271652716573397},{"$f":"params!$C$15*P464*(E464-Inputs!$X$26)","v":-36890.335593678152},-164124.88419402007]
["2001-01-20","08:00:00",0,10,-7,-9,84,{"$f":"Inputs!$X$37*Inputs!$X$32*(E465-Inputs!$X$26)","v":-96350.711002061245},{"$f":"Inputs!$X$33*C465*Inputs!$X$38","v":0},{"$f":"params!$C$15*Inputs!$X$29*(E465-Inputs!$X$26)","v":-10009.881749999997},{"$f":"Inputs!$X$40*Inputs!$X$41/8760","v":5342.4657534246571},{"$f":"-Inputs!$X$45*Inputs!$X$33","v":-30000},360.98762153500678,2.2238327850987206E-3,1.8680195394829252E-3,{"$f":"-L465/(1.202*2465560*MAX(0,(Inputs!$X$49-O465)))","v":1.1087093480109445},{"$f":"params!$C$15*P465*(E465-Inputs!$X$26)","v":-37624.731606971807},-168642.8586056084]
["2001-01-20","09:00:00",39,10,-7,-8,92,{"$f":"Inputs!$X$37*Inputs!$X$32*(E466-Inputs!$X$26)","v":-96350.711002061245},{"$f":"Inputs!$X$33*C466*Inputs!$X$38","v":7608.7663393379707},{"$f":"params!$C$15*Inputs!$X$29*(E466-Inputs!$X$26)","v":-10009.881749999997},{"$f":"Inputs!$X$40*Inputs!$X$41/8760","v":5342.4657534246571},{"$f":"-Inputs!$X$45*Inputs!$X$33","v":-30000},360.98762153500678,2.2238327850987206E-3,2.0459261622908231E-3,{"$f":"-L466/(1.202*2465560*MAX(0,(Inputs!$X$49-O466)))","v":1.1307422774594986},{"$f":"params!$C$15*P466*(E466-Inputs!$X$26)","v":-38372.432578831038},-161781.79323812964]
["2001-01-20","10:00:00",263,10,-7,-8,92,{"$f":"Inputs!$X$37*Inputs!$X$32*(E467-Inputs!$X$26)","v":-96350.711002061245},{"$f":"Inputs!$X$33*C467*Inputs!$X$38","v":51310.398647330418},{"$f":"params!$C$15*Inputs!$X$29*(E467-Inputs!$X$26)","v":-10009.881749999997},{"$f":"Inputs!$X$40*Inputs!$X$41/8760","v":5342.4657534246571},{"$f":"-Inputs!$X$45*Inputs!$X$33","v":-30000},360.98762153500678,2.2238327850987206E-3,2.0459261622908231E-3,{"$f":"-L467/(1.202*2465560*MAX(0,(Inputs!$X$49-O467)))","v":1.1307422774594986},{"$f":"params!$C$15*P467*(E467-Inputs!$X$26)","v":-38372.432578831038},-118080.16093013721]
["2001-01-20","11:00:00",377,10,-7,-9,84,{"$f":"Inputs!$X$37*Inputs!$X$32*(E468-Inputs!$X$26)","v":-96350.711002061245},{"$f":"Inputs!$X$33*C468*Inputs!$X$38","v":73551.40794693373},{"$f":"params!$C$15*Inputs!$X$29*(E468-Inputs!$X$26)","v":-10009.881749999997},{"$f":"Inputs!$X$40*Inputs!$X$41/8760","v":5342.4657534246571},{"$f":"-Inputs!$X$45*Inputs!$X$33","v":-30000},360.98762153500678,2.2238327850987206E-3,1.8680195394829252E-3,{"$f":"-L468/(1.202*2465560*MAX(0,(Inputs!$X$49-O468)))","v":1.1087093480109445},{"$f":"params!$C$15*P468*(E468-Inputs!$X$26)","v":-37624.731606971807},-95091.450658674672]
["2001-01-20","12:00:00",74,10,-7,-9,84,{"$f":"Inputs!$X$37*Inputs!$X$32*(E469-Inputs!$X$26)","v":-96350.711002061245},{"$f":"Inputs!$X$33*C469*Inputs!$X$38","v":14437.146387461793},{"$f":"params!$C$15*Inputs!$X$29*(E469-Inputs!$X$26)","v":-10009.881749999997},{"$f":"Inputs!$X$40*Inputs!$X$41/8760","v":5342.4657534246571},{"$f":"-Inputs!$X$45*Inputs!$X$33","v":-30000},360.98762153500678,2.2238327850987206E-3,1.8680195394829252E-3,{"$f":"-L469/(1.202*2465560*MAX(0,(Inputs!$X$49-O469)))","v":1.1087093480109445},{"$f":"params!$C$15*P469*(E469-Inputs!$X$26)","v":-37624.731606971807},-154205.7122181466]
["2001-01-20","13:00:00",467,10,-7,-9,84,{"$f":"Inputs!$X$37*Inputs!$X$32*(E470-Inputs!$X$26)","v":-96350.711002061245},{"$f":"Inputs!$X$33*C470*Inputs!$X$38","v":91110.09949925213},{"$f":"params!$C$15*Inputs!$X$29*(E470-Inputs!$X$26)","v":-10009.881749999997},{"$f":"Inputs!$X$40*Inputs!$X$41/8760","v":5342.4657534246571},{"$f":"-Inputs!$X$45*Inputs!$X$33","v":-30000},360.98762153500678,2.2238327850987206E-3,1.8680195394829252E-3,{"$f":"-L470/(1.202*2465560*MAX(0,(Inputs!$X$49-O470)))","v":1.1087093480109445},{"$f":"params!$C$15*P470*(E470-Inputs!$X$26)","v":-37624.731606971807},-77532.759106356258]
["2001-01-20","14:00:00",428,10,-7,-9,84,{"$f":"Inputs!$X$37*Inputs!$X$32*(E471-Inputs!$X$26)","v":-96350.711002061245},{"$f":"Inputs!$X$33*C471*Inputs!$X$38","v":83501.333159914153},{"$f":"params!$C$15*Inputs!$X$29*(E471-Inputs!$X$26)","v":-10009.881749999997},{"$f":"Inputs!$X$40*Inputs!$X$41/8760","v":5342.4657534246571},{"$f":"-Inputs!$X$45*Inputs!$X$33","v":-30000},360.98762153500678,2.2238327850987206E-3,1.8680195394829252E-3,{"$f":"-L471/(1.202*2465560*MAX(0,(Inputs!$X$49-O471)))","v":1.1087093480109445},{"$f":"params!$C$15*P471*(E471-Inputs!$X$26)","v":-37624.731606971807},-85141.525445694235]
["2001-01-20","15:00:00",231,10,-7,-9,84,{"$f":"Inputs!$X$37*Inputs!$X$32*(E472-Inputs!$X$26)","v":-96350.711002061245},{"$f":"Inputs!$X$33*C472*Inputs!$X$38","v":45067.308317617215},{"$f":"params!$C$15*Inputs!$X$29*(E472-Inputs!$X$26)","v":-10009.881749999997},{"$f":"Inputs!$X$40*Inputs!$X$41/8760","v":5342.4657534246571},{"$f":"-Inputs!$X$45*Inputs!$X$33","v":-30000},360.98762153500678,2.2238327850987206E-3,1.8680195394829252E-3,{"$f":"-L472/(1.202*2465560*MAX(0,(Inputs!$X$49-O472)))","v":1.1087093480109445},{"$f":"params!$C$15*P472*(E472-Inputs!$X$26)","v":-37624.731606971807},-123575.55028799117]
["2001-01-20","16:00:00",204,9,-7,-9,84,{"$f":"Inputs!$X$37*Inputs!$X$32*(E473-Inputs!$X$26)","v":-96350.711002061245},{"$f":"Inputs!$X$33*C473*Inputs!$X$38","v":39799.700851921698},{"$f":"params!$C$15*Inputs!$X$29*(E473-Inputs!$X$26)","v":-10009.881749999997},{"$f":"Inputs!$X$40*Inputs!$X$41/8760","v":5342.4657534246571},{"$f":"-Inputs!$X$45*Inputs!$X$33","v":-30000},360.98762153500678,2.2238327850987206E-3,1.8680195394829252E-3,{"$f":"-L473/(1.202*2465560*MAX(0,(Inputs!$X$49-O473)))","v":1.1087093480109445},{"$f":"params!$C$15*P473*(E473-Inputs!$X$26)","v":-37624.731606971807},-128843.1577536867]
["2001-01-20","17:00:00",53,10,-7,-11,70,{"$f":"Inputs!$X$37*Inputs!$X$32*(E474-Inputs!$X$26)","v":-96350.711002061245},{"$f":"Inputs!$X$33*C474*Inputs!$X$38","v":10340.118358587501},{"$f":"params!$C$15*Inputs!$X$29*(E474-Inputs!$X$26)","v":-10009.881749999997},{"$f":"Inputs!$X$40*Inputs!$X$41/8760","v":5342.4657534246571},{"$f":"-Inputs!$X$45*Inputs!$X$33","v":-30000},360.98762153500678,2.2238327850987206E-3,1.5566829495691045E-3,{"$f":"-L474/(1.202*2465560*MAX(0,(Inputs!$X$49-O474)))","v":1.0721496931008569},{"$f":"params!$C$15*P474*(E474-Inputs!$X$26)","v":-36384.057298503743},-157062.06593855284]
["2001-01-20","18:00:00",0,8,-9,-12,77,{"$f":"Inputs!$X$37*Inputs!$X$32*(E475-Inputs!$X$26)","v":-103205.70229865058},{"$f":"Inputs!$X$33*C475*Inputs!$X$38","v":0},{"$f":"params!$C$15*Inputs!$X$29*(E475-Inputs!$X$26)","v":-10722.047249999998},{"$f":"Inputs!$X$40*Inputs!$X$41/8760","v":5342.4657534246571},{"$f":"-Inputs!$X$45*Inputs!$X$33","v":-30000},309.04098596033037,1.902841039413297E-3,1.4651876003482387E-3,{"$f":"-L475/(1.202*2465560*MAX(0,(Inputs!$X$49-O475)))","v":1.0618595759011065},{"$f":"params!$C$15*P475*(E475-Inputs!$X$26)","v":-38598.600547008595},-177183.88434223452]
["2001-01-20","19:00:00",0,10,-8,-11,77,{"$f":"Inputs!$X$37*Inputs!$X$32*(E476-Inputs!$X$26)","v":-99778.206650355904},{"$f":"Inputs!$X$33*C476*Inputs!$X$38","v":0},{"$f":"params!$C$15*Inputs!$X$29*(E476-Inputs!$X$26)","v":-10365.964499999998},{"$f":"Inputs!$X$40*Inputs!$X$41/8760","v":5342.4657534246571},{"$f":"-Inputs!$X$45*Inputs!$X$33","v":-30000},334.1161188582924,2.0577455669371189E-3,1.5844640865415815E-3,{"$f":"-L476/(1.202*2465560*MAX(0,(Inputs!$X$49-O476)))","v":1.0753137145194454},{"$f":"params!$C$15*P476*(E476-Inputs!$X$26)","v":-37789.544427125744},-172591.24982405701]
["2001-01-20","20:00:00",0,10,-9,-11,84,{"$f":"Inputs!$X$37*Inputs!$X$32*(E477-Inputs!$X$26)","v":-103205.70229865058},{"$f":"Inputs!$X$33*C477*Inputs!$X$38","v":0},{"$f":"params!$C$15*Inputs!$X$29*(E477-Inputs!$X$26)","v":-10722.047249999998},{"$f":"Inputs!$X$40*Inputs!$X$41/8760","v":5342.4657534246571},{"$f":"-Inputs!$X$45*Inputs!$X$33","v":-30000},309.04098596033037,1.902841039413297E-3,1.5983864731071696E-3,{"$f":"-L477/(1.202*2465560*MAX(0,(Inputs!$X$49-O477)))","v":1.0769063838348762},{"$f":"params!$C$15*P477*(E477-Inputs!$X$26)","v":-39145.552085728094},-177730.83588095402]
["2001-01-20","21:00:00",0,10,-9,-11,84,{"$f":"Inputs!$X$37*Inputs!$X$32*(E478-Inputs!$X$26)","v":-103205.70229865058},{"$f":"Inputs!$X$33*C478*Inputs!$X$38","v":0},{"$f":"params!$C$15*Inputs!$X$29*(E478-Inputs!$X$26)","v":-10722.047249999998},{"$f":"Inputs!$X$40*Inputs!$X$41/8760","v":5342.4657534246571},{"$f":"-Inputs!$X$45*Inputs!$X$33","v":-30000},309.04098596033037,1.902841039413297E-3,1.5983864731071696E-3,{"$f":"-L478/(1.202*2465560*MAX(0,(Inputs!$X$49-O478)))","v":1.0769063838348762},{"$f":"params!$C$15*P478*(E478-Inputs!$X$26)","v":-39145.552085728094},-177730.83588095402]
["2001-01-20","22:00:00",0,10,-9,-12,77,{"$f":"Inputs!$X$37*Inputs!$X$32*(E479-Inputs!$X$26)","v":-103205.70229865058},{"$f":"Inputs!$X$33*C479*Inputs!$X$38","v":0},{"$f":"params!$C$15*Inputs!$X$29*(E479-Inputs!$X$26)","v":-10722.047249999998},{"$f":"Inputs!$X$40*Inputs!$X$41/8760","v":5342.4657534246571},{"$f":"-Inputs!$X$45*Inputs!$X$33","v":-30000},309.04098596033037,1.902841039413297E-3,1.4651876003482387E-3,{"$f":"-L479/(1.202*2465560*MAX(0,(Inputs!$X$49-O479)))","v":1.0618595759011065},{"$f":"params!$C$15*P479*(E479-Inputs!$X$26)","v":-38598.600547008595},-177183.88434223452]
["2001-01-20","23:00:00",0,10,-8,-13,64,{"$f":"Inputs!$X$37*Inputs!$X$32*(E480-Inputs!$X$26)","v":-99778.206650355904},{"$f":"Inputs!$X$33*C480*Inputs!$X$38","v":0},{"$f":"params!$C$15*Inputs!$X$29*(E480-Inputs!$X$26)","v":-10365.964499999998},{"$f":"Inputs!$X$40*Inputs!$X$41/8760","v":5342.4657534246571},{"$f":"-Inputs!$X$45*Inputs!$X$33","v":-30000},334.1161188582924,2.0577455669371189E-3,1.3169571628397561E-3,{"$f":"-L480/(1.202*2465560*MAX(0,(Inputs!$X$49-O480)))","v":1.045601488284549},{"$f":"params!$C$15*P480*(E480-Inputs!$X$26)","v":-36745.373337171586},-171547.07873410286]
["2001-01-20",1,0,10,-8,-12,70,{"$f":"Inputs!$X$37*Inputs!$X$32*(E481-Inputs!$X$26)","v":-99778.206650355904},{"$f":"Inputs!$X$33*C481*Inputs!$X$38","v":0},{"$f":"params!$C$15*Inputs!$X$29*(E481-Inputs!$X$26)","v":-10365.964499999998},{"$f":"Inputs!$X$40*Inputs!$X$41/8760","v":5342.4657534246571},{"$f":"-Inputs!$X$45*Inputs!$X$33","v":-30000},334.1161188582924,2.0577455669371189E-3,1.4404218968559832E-3,{"$f":"-L481/(1.202*2465560*MAX(0,(Inputs!$X$49-O481)))","v":1.059108156102553},{"$f":"params!$C$15*P481*(E481-Inputs!$X$26)","v":-37220.035583806275},-172021.74098073755]
["2001-01-21","01:00:00",0,10,-8,-12,70,{"$f":"Inputs!$X$37*Inputs!$X$32*(E482-Inputs!$X$26)","v":-99778.206650355904},{"$f":"Inputs!$X$33*C482*Inputs!$X$38","v":0},{"$f":"params!$C$15*Inputs!$X$29*(E482-Inputs!$X$26)","v":-10365.964499999998},{"$f":"Inputs!$X$40*Inputs!$X$41/8760","v":5342.4657534246571},{"$f":"-Inputs!$X$45*Inputs!$X$33","v":-30000},334.1161188582924,2.0577455669371189E-3,1.4404218968559832E-3,{"$f":"-L482/(1.202*2465560*MAX(0,(Inputs!$X$49-O482)))","v":1.059108156102553},{"$f":"params!$C$15*P482*(E482-Inputs!$X$26)","v":-37220.035583806275},-172021.74098073755]
["2001-01-21","02:00:00",0,10,-8,-11,77,{"$f":"Inputs!$X$37*Inputs!$X$32*(E483-Inputs!$X$26)","v":-99778.206650355904},{"$f":"Inputs!$X$33*C483*Inputs!$X$38","v":0},{"$f":"params!$C$15*Inputs!$X$29*(E483-Inputs!$X$26)","v":-10365.964499999998},{"$f":"Inputs!$X$40*Inputs!$X$41/8760","v":5342.4657534246571},{"$f":"-Inputs!$X$45*Inputs!$X$33","v":-30000},334.1161188582924,2.0577455669371189E-3,1.5844640865415815E-3,{"$f":"-L483/(1.202*2465560*MAX(0,(Inputs!$X$49-O483)))","v":1.0753137145194454},{"$f":"params!$C$15*P483*(E483-Inputs!$X$26)","v":-37789.544427125744},-172591.24982405701]
["2001-01-21","03:00:00",0,10,-8,-14,58,{"$f":"Inputs!$X$37*Inputs!$X$32*(E484-Inputs!$X$26)","v":-99778.206650355904},{"$f":"Inputs!$X$33*C484*Inputs!$X$38","v":0},{"$f":"params!$C$15*Inputs!$X$29*(E484-Inputs!$X$26)","v":-10365.964499999998},{"$f":"Inputs!$X$40*Inputs!$X$41/8760","v":5342.4657534246571},{"$f":"-Inputs!$X$45*Inputs!$X$33","v":-30000},334.1161188582924,2.0577455669371189E-3,1.193492428823529E-3,{"$f":"-L484/(1.202*2465560*MAX(0,(Inputs!$X$49-O484)))","v":1.0324349799934833},{"$f":"params!$C$15*P484*(E484-Inputs!$X$26)","v":-36282.66525180349},-171084.37064873477]
["2001-01-21","04:00:00",0,10,-8,-12,70,{"$f":"Inputs!$X$37*Inputs!$X$32*(E485-Inputs!$X$26)","v":-99778.206650355904},{"$f":"Inputs!$X$33*C485*Inputs!$X$38","v":0},{"$f":"params!$C$15*Inputs!$X$29*(E485-Inputs!$X$26)","v":-10365.964499999998},{"$f":"Inputs!$X$40*Inputs!$X$41/8760","v":5342.4657534246571},{"$f":"-Inputs!$X$45*Inputs!$X$33","v":-30000},334.1161188582924,2.0577455669371189E-3,1.4404218968559832E-3,{"$f":"-L485/(1.202*2465560*MAX(0,(Inputs!$X$49-O485)))","v":1.059108156102553},{"$f":"params!$C$15*P485*(E485-Inputs!$X$26)","v":-37220.035583806275},-172021.74098073755]
["2001-01-21","05:00:00",0,10,-8,-12,70,{"$f":"Inputs!$X$37*Inputs!$X$32*(E486-Inputs!$X$26)","v":-99778.206650355904},{"$f":"Inputs!$X$33*C486*Inputs!$X$38","v":0},{"$f":"params!$C$15*Inputs!$X$29*(E486-Inputs!$X$26)","v":-10365.964499999998},{"$f":"Inputs!$X$40*Inputs!$X$41/8760","v":5342.4657534246571},{"$f":"-Inputs!$X$45*Inputs!$X$33","v":-30000},334.1161188582924,2.0577455669371189E-3,1.4404218968559832E-3,{"$f":"-L486/(1.202*2465560*MAX(0,(Inputs!$X$49-O486)))","v":1.059108156102553},{"$f":"params!$C$15*P486*(E486-Inputs!$X$26)","v":-37220.035583806275},-172021.74098073755]
["2001-01-21","06:00:00",0,10,-8,-12,70,{"$f":"Inputs!$X$37*Inputs!$X$32*(E487-Inputs!$X$26)","v":-99778.206650355904},{"$f":"Inputs!$X$33*C487*Inputs!$X$38","v":0},{"$f":"params!$C$15*Inputs!$X$29*(E487-Inputs!$X$26)","v":-10365.964499999998},{"$f":"Inputs!$X$40*Inputs!$X$41/8760","v":5342.4657534246571},{"$f":"-Inputs!$X$45*Inputs!$X$33","v":-30000},334.1161188582924,2.0577455669371189E-3,1.4404218968559832E-3,{"$f":"-L487/(1.202*2465560*MAX(0,(Inputs!$X$49-O487)))","v":1.059108156102553},{"$f":"params!$C$15*P487*(E487-Inputs!$X$26)","v":-37220.035583806275},-172021.74098073755]
["2001-01-21","07:00:00",0,7,-8,-13,64,{"$f":"Inputs!$X$37*Inputs!$X$32*(E488-Inputs!$X$26)","v":-99778.206650355904},{"$f":"Inputs!$X$33*C488*Inputs!$X$38","v":0},{"$f":"params!$C$15*Inputs!$X$29*(E488-Inputs!$X$26)","v":-10365.964499999998},{"$f":"Inputs!$X$40*Inputs!$X$41/8760","v":5342.4657534246571},{"$f":"-Inputs!$X$45*Inputs!$X$33","v":-30000},334.1161188582924,2.0577455669371189E-3,1.3169571628397561E-3,{"$f":"-L488/(1.202*2465560*MAX(0,(Inputs!$X$49-O488)))","v":1.045601488284549},{"$f":"params!$C$15*P488*(E488-Inputs!$X$26)","v":-36745.373337171586},-171547.07873410286]
["2001-01-21","08:00:00",0,10,-9,-12,77,{"$f":"Inputs!$X$37*Inputs!$X$32*(E489-Inputs!$X$26)","v":-103205.70229865058},{"$f":"Inputs!$X$33*C489*Inputs!$X$38","v":0},{"$f":"params!$C$15*Inputs!$X$29*(E489-Inputs!$X$26)","v":-10722.047249999998},{"$f":"Inputs!$X$40*Inputs!$X$41/8760","v":5342.4657534246571},{"$f":"-Inputs!$X$45*Inputs!$X$33","v":-30000},309.04098596033037,1.902841039413297E-3,1.4651876003482387E-3,{"$f":"-L489/(1.202*2465560*MAX(0,(Inputs!$X$49-O489)))","v":1.0618595759011065},{"$f":"params!$C$15*P489*(E489-Inputs!$X$26)","v":-38598.600547008595},-177183.88434223452]
["2001-01-21","09:00:00",126,4,-9,-12,77,{"$f":"Inputs!$X$37*Inputs!$X$32*(E490-Inputs!$X$26)","v":-103205.70229865058},{"$f":"Inputs!$X$33*C490*Inputs!$X$38","v":24582.168173245755},{"$f":"params!$C$15*Inputs!$X$29*(E490-Inputs!$X$26)","v":-10722.047249999998},{"$f":"Inputs!$X$40*Inputs!$X$41/8760","v":5342.4657534246571},{"$f":"-Inputs!$X$45*Inputs!$X$33","v":-30000},309.04098596033037,1.902841039413297E-3,1.4651876003482387E-3,{"$f":"-L490/(1.202*2465560*MAX(0,(Inputs!$X$49-O490)))","v":1.0618595759011065},{"$f":"params!$C$15*P490*(E490-Inputs!$X$26)","v":-38598.600547008595},-152601.71616898879]
["2001-01-21","10:00:00",270,8,-7,-12,64,{"$f":"Inputs!$X$37*Inputs!$X$32*(E491-Inputs!$X$26)","v":-96350.711002061245},{"$f":"Inputs!$X$33*C491*Inputs!$X$38","v":52676.074656955192},{"$f":"params!$C$15*Inputs!$X$29*(E491-Inputs!$X$26)","v":-10009.881749999997},{"$f":"Inputs!$X$40*Inputs!$X$41/8760","v":5342.4657534246571},{"$f":"-Inputs!$X$45*Inputs!$X$33","v":-30000},360.98762153500678,2.2238327850987206E-3,1.4232529824631812E-3,{"$f":"-L491/(1.202*2465560*MAX(0,(Inputs!$X$49-O491)))","v":1.0572090780270629},{"$f":"params!$C$15*P491*(E491-Inputs!$X$26)","v":-35877.038364097658},-114219.09070577903]
["2001-01-21","11:00:00",383,5,-6,-12,59,{"$f":"Inputs!$X$37*Inputs!$X$32*(E492-Inputs!$X$26)","v":-92923.215353766573},{"$f":"Inputs!$X$33*C492*Inputs!$X$38","v":74721.987383754953},{"$f":"params!$C$15*Inputs!$X$29*(E492-Inputs!$X$26)","v":-9653.7989999999972},{"$f":"Inputs!$X$40*Inputs!$X$41/8760","v":5342.4657534246571},{"$f":"-Inputs!$X$45*Inputs!$X$33","v":-30000},389.76616195693094,2.4018050803048703E-3,1.4170649973798736E-3,{"$f":"-L492/(1.202*2465560*MAX(0,(Inputs!$X$49-O492)))","v":1.0565262847496921},{"$f":"params!$C$15*P492*(E492-Inputs!$X$26)","v":-34578.433338928102},-87090.994555515063]
["2001-01-21","12:00:00",453,4,-4,-11,54,{"$f":"Inputs!$X$37*Inputs!$X$32*(E493-Inputs!$X$26)","v":-86068.224057177227},{"$f":"Inputs!$X$33*C493*Inputs!$X$38","v":88378.747480002596},{"$f":"params!$C$15*Inputs!$X$29*(E493-Inputs!$X$26)","v":-8941.6334999999981},{"$f":"Inputs!$X$40*Inputs!$X$41/8760","v":5342.4657534246571},{"$f":"-Inputs!$X$45*Inputs!$X$33","v":-30000},453.51532044328405,2.7964043545646504E-3,1.5100583514649113E-3,{"$f":"-L493/(1.202*2465560*MAX(0,(Inputs!$X$49-O493)))","v":1.0668812125287519},{"$f":"params!$C$15*P493*(E493-Inputs!$X$26)","v":-32341.464856044466},-63630.109179794439]
["2001-01-21","13:00:00",473,0,-4,-11,54,{"$f":"Inputs!$X$37*Inputs!$X$32*(E494-Inputs!$X$26)","v":-86068.224057177227},{"$f":"Inputs!$X$33*C494*Inputs!$X$38","v":92280.678936073353},{"$f":"params!$C$15*Inputs!$X$29*(E494-Inputs!$X$26)","v":-8941.6334999999981},{"$f":"Inputs!$X$40*Inputs!$X$41/8760","v":5342.4657534246571},{"$f":"-Inputs!$X$45*Inputs!$X$33","v":-30000},453.51532044328405,2.7964043545646504E-3,1.5100583514649113E-3,{"$f":"-L494/(1.202*2465560*MAX(0,(Inputs!$X$49-O494)))","v":1.0668812125287519},{"$f":"params!$C$15*P494*(E494-Inputs!$X$26)","v":-32341.464856044466},-59728.177723723682]
["2001-01-21","14:00:00",434,0,-3,-11,50,{"$f":"Inputs!$X$37*Inputs!$X$32*(E495-Inputs!$X$26)","v":-82640.728408882569},{"$f":"Inputs!$X$33*C495*Inputs!$X$38","v":84671.912596735376},{"$f":"params!$C$15*Inputs!$X$29*(E495-Inputs!$X$26)","v":-8585.5507499999985},{"$f":"Inputs!$X$40*Inputs!$X$41/8760","v":5342.4657534246571},{"$f":"-Inputs!$X$45*Inputs!$X$33","v":-30000},488.73621912146871,3.0146312662847319E-3,1.507315633142366E-3,{"$f":"-L495/(1.202*2465560*MAX(0,(Inputs!$X$49-O495)))","v":1.0665729032396543},{"$f":"params!$C$15*P495*(E495-Inputs!$X$26)","v":-31044.55650871354},-62256.45731743607]
["2001-01-21","15:00:00",341,0,-2,-12,42,{"$f":"Inputs!$X$37*Inputs!$X$32*(E496-Inputs!$X$26)","v":-79213.232760587896},{"$f":"Inputs!$X$33*C496*Inputs!$X$38","v":66527.931326006365},{"$f":"params!$C$15*Inputs!$X$29*(E496-Inputs!$X$26)","v":-8229.4679999999971},{"$f":"Inputs!$X$40*Inputs!$X$41/8760","v":5342.4657534246571},{"$f":"-Inputs!$X$45*Inputs!$X$33","v":-30000},526.36516305985776,3.2479468065175691E-3,1.3641376587373792E-3,{"$f":"-L496/(1.202*2465560*MAX(0,(Inputs!$X$49-O496)))","v":1.0507220230342467},{"$f":"params!$C$15*P496*(E496-Inputs!$X$26)","v":-29314.760491640121},-74887.064172796992]
["2001-01-21","16:00:00",205,0,-2,-12,42,{"$f":"Inputs!$X$37*Inputs!$X$32*(E497-Inputs!$X$26)","v":-79213.232760587896},{"$f":"Inputs!$X$33*C497*Inputs!$X$38","v":39994.797424725235},{"$f":"params!$C$15*Inputs!$X$29*(E497-Inputs!$X$26)","v":-8229.4679999999971},{"$f":"Inputs!$X$40*Inputs!$X$41/8760","v":5342.4657534246571},{"$f":"-Inputs!$X$45*Inputs!$X$33","v":-30000},526.36516305985776,3.2479468065175691E-3,1.3641376587373792E-3,{"$f":"-L497/(1.202*2465560*MAX(0,(Inputs!$X$49-O497)))","v":1.0507220230342467},{"$f":"params!$C$15*P497*(E497-Inputs!$X$26)","v":-29314.760491640121},-101420.19807407811]
["2001-01-21","17:00:00",58,0,-3,-13,42,{"$f":"Inputs!$X$37*Inputs!$X$32*(E498-Inputs!$X$26)","v":-82640.728408882569},{"$f":"Inputs!$X$33*C498*Inputs!$X$38","v":11315.601222605188},{"$f":"params!$C$15*Inputs!$X$29*(E498-Inputs!$X$26)","v":-8585.5507499999985},{"$f":"Inputs!$X$40*Inputs!$X$41/8760","v":5342.4657534246571},{"$f":"-Inputs!$X$45*Inputs!$X$33","v":-30000},488.73621912146871,3.0146312662847319E-3,1.2661451318395874E-3,{"$f":"-L498/(1.202*2465560*MAX(0,(Inputs!$X$49-O498)))","v":1.040142347255024},{"$f":"params!$C$15*P498*(E498-Inputs!$X$26)","v":-30275.246800648321},-134843.45898350104]
["2001-01-21","18:00:00",0,0,-4,-15,38,{"$f":"Inputs!$X$37*Inputs!$X$32*(E499-Inputs!$X$26)","v":-86068.224057177227},{"$f":"Inputs!$X$33*C499*Inputs!$X$38","v":0},{"$f":"params!$C$15*Inputs!$X$29*(E499-Inputs!$X$26)","v":-8941.6334999999981},{"$f":"Inputs!$X$40*Inputs!$X$41/8760","v":5342.4657534246571},{"$f":"-Inputs!$X$45*Inputs!$X$33","v":-30000},453.51532044328405,2.7964043545646504E-3,1.0626336547345672E-3,{"$f":"-L499/(1.202*2465560*MAX(0,(Inputs!$X$49-O499)))","v":1.0188371650870278},{"$f":"params!$C$15*P499*(E499-Inputs!$X$26)","v":-30885.05635092537},-150552.44815467793]
["2001-01-21","19:00:00",0,3,-4,-14,41,{"$f":"Inputs!$X$37*Inputs!$X$32*(E500-Inputs!$X$26)","v":-86068.224057177227},{"$f":"Inputs!$X$33*C500*Inputs!$X$38","v":0},{"$f":"params!$C$15*Inputs!$X$29*(E500-Inputs!$X$26)","v":-8941.6334999999981},{"$f":"Inputs!$X$40*Inputs!$X$41/8760","v":5342.4657534246571},{"$f":"-Inputs!$X$45*Inputs!$X$33","v":-30000},453.51532044328405,2.7964043545646504E-3,1.1465257853715066E-3,{"$f":"-L500/(1.202*2465560*MAX(0,(Inputs!$X$49-O500)))","v":1.0275130168741049},{"$f":"params!$C$15*P500*(E500-Inputs!$X$26)","v":-31148.056347900609},-150815.44815165317]
["2001-01-21","20:00:00",0,0,-9,-14,64,{"$f":"Inputs!$X$37*Inputs!$X$32*(E501-Inputs!$X$26)","v":-103205.70229865058},{"$f":"Inputs!$X$33*C501*Inputs!$X$38","v":0},{"$f":"params!$C$15*Inputs!$X$29*(E501-Inputs!$X$26)","v":-10722.047249999998},{"$f":"Inputs!$X$40*Inputs!$X$41/8760","v":5342.4657534246571},{"$f":"-Inputs!$X$45*Inputs!$X$33","v":-30000},309.04098596033037,1.902841039413297E-3,1.2178182652245102E-3,{"$f":"-L501/(1.202*2465560*MAX(0,(Inputs!$X$49-O501)))","v":1.0350028369109019},{"$f":"params!$C$15*P501*(E501-Inputs!$X$26)","v":-37622.357959189503},-176207.64175441544]
["2001-01-21","21:00:00",0,10,-11,-14,76,{"$f":"Inputs!$X$37*Inputs!$X$32*(E502-Inputs!$X$26)","v":-110060.69359523992},{"$f":"Inputs!$X$33*C502*Inputs!$X$38","v":0},{"$f":"params!$C$15*Inputs!$X$29*(E502-Inputs!$X$26)","v":-11434.212749999999},{"$f":"Inputs!$X$40*Inputs!$X$41/8760","v":5342.4657534246571},{"$f":"-Inputs!$X$45*Inputs!$X$33","v":-30000},263.86397481101648,1.6239488443119262E-3,1.2342011216770639E-3,{"$f":"-L502/(1.202*2465560*MAX(0,(Inputs!$X$49-O502)))","v":1.0367394360184927},{"$f":"params!$C$15*P502*(E502-Inputs!$X$26)","v":-40188.578179581506},-186341.01877139678]
["2001-01-21","22:00:00",0,10,-6,-13,54,{"$f":"Inputs!$X$37*Inputs!$X$32*(E503-Inputs!$X$26)","v":-92923.215353766573},{"$f":"Inputs!$X$33*C503*Inputs!$X$38","v":0},{"$f":"params!$C$15*Inputs!$X$29*(E503-Inputs!$X$26)","v":-9653.7989999999972},{"$f":"Inputs!$X$40*Inputs!$X$41/8760","v":5342.4657534246571},{"$f":"-Inputs!$X$45*Inputs!$X$33","v":-30000},389.76616195693094,2.4018050803048703E-3,1.2969747433646301E-3,{"$f":"-L503/(1.202*2465560*MAX(0,(Inputs!$X$49-O503)))","v":1.043447795372924},{"$f":"params!$C$15*P503*(E503-Inputs!$X$26)","v":-34150.395078435984},-161384.9436787779]
["2001-01-21","23:00:00",0,10,-6,-12,59,{"$f":"Inputs!$X$37*Inputs!$X$32*(E504-Inputs!$X$26)","v":-92923.215353766573},{"$f":"Inputs!$X$33*C504*Inputs!$X$38","v":0},{"$f":"params!$C$15*Inputs!$X$29*(E504-Inputs!$X$26)","v":-9653.7989999999972},{"$f":"Inputs!$X$40*Inputs!$X$41/8760","v":5342.4657534246571},{"$f":"-Inputs!$X$45*Inputs!$X$33","v":-30000},389.76616195693094,2.4018050803048703E-3,1.4170649973798736E-3,{"$f":"-L504/(1.202*2465560*MAX(0,(Inputs!$X$49-O504)))","v":1.0565262847496921},{"$f":"params!$C$15*P504*(E504-Inputs!$X$26)","v":-34578.433338928102},-161812.98193927002]
["2001-01-21",1,0,10,-7,-12,64,{"$f":"Inputs!$X$37*Inputs!$X$32*(E505-Inputs!$X$26)","v":-96350.711002061245},{"$f":"Inputs!$X$33*C505*Inputs!$X$38","v":0},{"$f":"params!$C$15*Inputs!$X$29*(E505-Inputs!$X$26)","v":-10009.881749999997},{"$f":"Inputs!$X$40*Inputs!$X$41/8760","v":5342.4657534246571},{"$f":"-Inputs!$X$45*Inputs!$X$33","v":-30000},360.98762153500678,2.2238327850987206E-3,1.4232529824631812E-3,{"$f":"-L505/(1.202*2465560*MAX(0,(Inputs!$X$49-O505)))","v":1.0572090780270629},{"$f":"params!$C$15*P505*(E505-Inputs!$X$26)","v":-35877.038364097658},-166895.16536273426]
["2001-01-22","01:00:00",0,10,-7,-10,77,{"$f":"Inputs!$X$37*Inputs!$X$32*(E506-Inputs!$X$26)","v":-96350.711002061245},{"$f":"Inputs!$X$33*C506*Inputs!$X$38","v":0},{"$f":"params!$C$15*Inputs!$X$29*(E506-Inputs!$X$26)","v":-10009.881749999997},{"$f":"Inputs!$X$40*Inputs!$X$41/8760","v":5342.4657534246571},{"$f":"-Inputs!$X$45*Inputs!$X$33","v":-30000},360.98762153500678,2.2238327850987206E-3,1.7123512445260151E-3,{"$f":"-L506/(1.202*2465560*MAX(0,(Inputs!$X$49-O506)))","v":1.090123079758502},{"$f":"params!$C$15*P506*(E506-Inputs!$X$26)","v":-36993.995196362564},-168012.12219499916]
["2001-01-22","02:00:00",0,10,-6,-10,70,{"$f":"Inputs!$X$37*Inputs!$X$32*(E507-Inputs!$X$26)","v":-92923.215353766573},{"$f":"Inputs!$X$33*C507*Inputs!$X$38","v":0},{"$f":"params!$C$15*Inputs!$X$29*(E507-Inputs!$X$26)","v":-9653.7989999999972},{"$f":"Inputs!$X$40*Inputs!$X$41/8760","v":5342.4657534246571},{"$f":"-Inputs!$X$45*Inputs!$X$33","v":-30000},389.76616195693094,2.4018050803048703E-3,1.6812635562134092E-3,{"$f":"-L507/(1.202*2465560*MAX(0,(Inputs!$X$49-O507)))","v":1.0864857156842487},{"$f":"params!$C$15*P507*(E507-Inputs!$X$26)","v":-35558.958102387456},-162793.50670272938]
["2001-01-22","03:00:00",0,10,-6,-9,77,{"$f":"Inputs!$X$37*Inputs!$X$32*(E508-Inputs!$X$26)","v":-92923.215353766573},{"$f":"Inputs!$X$33*C508*Inputs!$X$38","v":0},{"$f":"params!$C$15*Inputs!$X$29*(E508-Inputs!$X$26)","v":-9653.7989999999972},{"$f":"Inputs!$X$40*Inputs!$X$41/8760","v":5342.4657534246571},{"$f":"-Inputs!$X$45*Inputs!$X$33","v":-30000},389.76616195693094,2.4018050803048703E-3,1.8493899118347502E-3,{"$f":"-L508/(1.202*2465560*MAX(0,(Inputs!$X$49-O508)))","v":1.1064517160781135},{"$f":"params!$C$15*P508*(E508-Inputs!$X$26)","v":-36212.413698930271},-163446.96229927219]
["2001-01-22","04:00:00",0,4,-8,-11,77,{"$f":"Inputs!$X$37*Inputs!$X$32*(E509-Inputs!$X$26)","v":-99778.206650355904},{"$f":"Inputs!$X$33*C509*Inputs!$X$38","v":0},{"$f":"params!$C$15*Inputs!$X$29*(E509-Inputs!$X$26)","v":-10365.964499999998},{"$f":"Inputs!$X$40*Inputs!$X$41/8760","v":5342.4657534246571},{"$f":"-Inputs!$X$45*Inputs!$X$33","v":-30000},334.1161188582924,2.0577455669371189E-3,1.5844640865415815E-3,{"$f":"-L509/(1.202*2465560*MAX(0,(Inputs!$X$49-O509)))","v":1.0753137145194454},{"$f":"params!$C$15*P509*(E509-Inputs!$X$26)","v":-37789.544427125744},-172591.24982405701]
["2001-01-22","05:00:00",0,1,-9,-11,84,{"$f":"Inputs!$X$37*Inputs!$X$32*(E510-Inputs!$X$26)","v":-103205.70229865058},{"$f":"Inputs!$X$33*C510*Inputs!$X$38","v":0},{"$f":"params!$C$15*Inputs!$X$29*(E510-Inputs!$X$26)","v":-10722.047249999998},{"$f":"Inputs!$X$40*Inputs!$X$41/8760","v":5342.4657534246571},{"$f":"-Inputs!$X$45*Inputs!$X$33","v":-30000},309.04098596033037,1.902841039413297E-3,1.5983864731071696E-3,{"$f":"-L510/(1.202*2465560*MAX(0,(Inputs!$X$49-O510)))","v":1.0769063838348762},{"$f":"params!$C$15*P510*(E510-Inputs!$X$26)","v":-39145.552085728094},-177730.83588095402]
["2001-01-22","06:00:00",0,10,-8,-10,84,{"$f":"Inputs!$X$37*Inputs!$X$32*(E511-Inputs!$X$26)","v":-99778.206650355904},{"$f":"Inputs!$X$33*C511*Inputs!$X$38","v":0},{"$f":"params!$C$15*Inputs!$X$29*(E511-Inputs!$X$26)","v":-10365.964499999998},{"$f":"Inputs!$X$40*Inputs!$X$41/8760","v":5342.4657534246571},{"$f":"-Inputs!$X$45*Inputs!$X$33","v":-30000},334.1161188582924,2.0577455669371189E-3,1.7285062762271799E-3,{"$f":"-L511/(1.202*2465560*MAX(0,(Inputs!$X$49-O511)))","v":1.0920229060161399},{"$f":"params!$C$15*P511*(E511-Inputs!$X$26)","v":-38376.752351547941},-173178.45774847921]
["2001-01-22","07:00:00",0,10,-8,-10,84,{"$f":"Inputs!$X$37*Inputs!$X$32*(E512-Inputs!$X$26)","v":-99778.206650355904},{"$f":"Inputs!$X$33*C512*Inputs!$X$38","v":0},{"$f":"params!$C$15*Inputs!$X$29*(E512-Inputs!$X$26)","v":-10365.964499999998},{"$f":"Inputs!$X$40*Inputs!$X$41/8760","v":5342.4657534246571},{"$f":"-Inputs!$X$45*Inputs!$X$33","v":-30000},334.1161188582924,2.0577455669371189E-3,1.7285062762271799E-3,{"$f":"-L512/(1.202*2465560*MAX(0,(Inputs!$X$49-O512)))","v":1.0920229060161399},{"$f":"params!$C$15*P512*(E512-Inputs!$X$26)","v":-38376.752351547941},-173178.45774847921]
["2001-01-22","08:00:00",0,10,-8,-10,84,{"$f":"Inputs!$X$37*Inputs!$X$32*(E513-Inputs!$X$26)","v":-99778.206650355904},{"$f":"Inputs!$X$33*C513*Inputs!$X$38","v":0},{"$f":"params!$C$15*Inputs!$X$29*(E513-Inputs!$X$26)","v":-10365.964499999998},{"$f":"Inputs!$X$40*Inputs!$X$41/8760","v":5342.4657534246571},{"$f":"-Inputs!$X$45*Inputs!$X$33","v":-30000},334.1161188582924,2.0577455669371189E-3,1.7285062762271799E-3,{"$f":"-L513/(1.202*2465560*MAX(0,(Inputs!$X$49-O513)))","v":1.0920229060161399},{"$f":"params!$C$15*P513*(E513-Inputs!$X$26)","v":-38376.752351547941},-173178.45774847921]
["2001-01-22","09:00:00",135,10,-7,-9,84,{"$f":"Inputs!$X$37*Inputs!$X$32*(E514-Inputs!$X$26)","v":-96350.711002061245},{"$f":"Inputs!$X$33*C514*Inputs!$X$38","v":26338.037328477596},{"$f":"params!$C$15*Inputs!$X$29*(E514-Inputs!$X$26)","v":-10009.881749999997},{"$f":"Inputs!$X$40*Inputs!$X$41/8760","v":5342.4657534246571},{"$f":"-Inputs!$X$45*Inputs!$X$33","v":-30000},360.98762153500678,2.2238327850987206E-3,1.8680195394829252E-3,{"$f":"-L514/(1.202*2465560*MAX(0,(Inputs!$X$49-O514)))","v":1.1087093480109445},{"$f":"params!$C$15*P514*(E514-Inputs!$X$26)","v":-37624.731606971807},-142304.8212771308]
["2001-01-22","10:00:00",269,4,-4,-9,65,{"$f":"Inputs!$X$37*Inputs!$X$32*(E515-Inputs!$X$26)","v":-86068.224057177227},{"$f":"Inputs!$X$33*C515*Inputs!$X$38","v":52480.978084151655},{"$f":"params!$C$15*Inputs!$X$29*(E515-Inputs!$X$26)","v":-8941.6334999999981},{"$f":"Inputs!$X$40*Inputs!$X$41/8760","v":5342.4657534246571},{"$f":"-Inputs!$X$45*Inputs!$X$33","v":-30000},{"$f":"EXP(77.345+0.0057*(E515+273.15)-7235/(E515+273.15))/(E515+273.15)^8.2","v":453.51532044328405},{"$f":"0.62198*M515/(101325-M515)","v":2.7964043545646504E-3},{"$f":"N515*G515/100","v":1.8176628304670229E-3},{"$f":"-L515/(1.202*2465560*MAX(0,(Inputs!$X$49-O515)))","v":1.1026279582599223},{"$f":"params!$C$15*P515*(E515-Inputs!$X$26)","v":-33425.092636912763},{"$f":"H515+I515+J515+K515+L515+Q515","v":-100611.50635651368}]
["2001-01-22","11:00:00",344,1,-3,-8,65,{"$f":"Inputs!$X$37*Inputs!$X$32*(E516-Inputs!$X$26)","v":-82640.728408882569},{"$f":"Inputs!$X$33*C516*Inputs!$X$38","v":67113.22104441699},{"$f":"params!$C$15*Inputs!$X$29*(E516-Inputs!$X$26)","v":-8585.5507499999985},{"$f":"Inputs!$X$40*Inputs!$X$41/8760","v":5342.4657534246571},{"$f":"-Inputs!$X$45*Inputs!$X$33","v":-30000},488.73621912146871,3.0146312662847319E-3,1.9595103230850759E-3,{"$f":"-L516/(1.202*2465560*MAX(0,(Inputs!$X$49-O516)))","v":1.1199317390634185},{"$f":"params!$C$15*P516*(E516-Inputs!$X$26)","v":-32597.663088618661},-81368.255449659584]
["2001-01-22","12:00:00",459,2,-2,-8,60,{"$f":"Inputs!$X$37*Inputs!$X$32*(E517-Inputs!$X$26)","v":-79213.232760587896},{"$f":"Inputs!$X$33*C517*Inputs!$X$38","v":89549.326916823818},{"$f":"params!$C$15*Inputs!$X$29*(E517-Inputs!$X$26)","v":-8229.4679999999971},{"$f":"Inputs!$X$40*Inputs!$X$41/8760","v":5342.4657534246571},{"$f":"-Inputs!$X$45*Inputs!$X$33","v":-30000},526.36516305985776,3.2479468065175691E-3,1.9487680839105415E-3,{"$f":"-L517/(1.202*2465560*MAX(0,(Inputs!$X$49-O517)))","v":1.1186023231410169},{"$f":"params!$C$15*P517*(E517-Inputs!$X$26)","v":-31208.596060046944},-53759.504150386361]
["2001-01-22","13:00:00",467,1,-1,-9,50,{"$f":"Inputs!$X$37*Inputs!$X$32*(E518-Inputs!$X$26)","v":-75785.737112293224},{"$f":"Inputs!$X$33*C518*Inputs!$X$38","v":91110.09949925213},{"$f":"params!$C$15*Inputs!$X$29*(E518-Inputs!$X$26)","v":-7873.3852499999985},{"$f":"Inputs!$X$40*Inputs!$X$41/8760","v":5342.4657534246571},{"$f":"-Inputs!$X$45*Inputs!$X$33","v":-30000},566.54310372490409,3.4972595900071069E-3,1.7486297950035535E-3,{"$f":"-L518/(1.202*2465560*MAX(0,(Inputs!$X$49-O518)))","v":1.0943987068543486},{"$f":"params!$C$15*P518*(E518-Inputs!$X$26)","v":-29212.170567303838},-46418.727676920273]
["2001-01-22","14:00:00",226,0,-1,-8,55,{"$f":"Inputs!$X$37*Inputs!$X$32*(E519-Inputs!$X$26)","v":-75785.737112293224},{"$f":"Inputs!$X$33*C519*Inputs!$X$38","v":44091.825453599529},{"$f":"params!$C$15*Inputs!$X$29*(E519-Inputs!$X$26)","v":-7873.3852499999985},{"$f":"Inputs!$X$40*Inputs!$X$41/8760","v":5342.4657534246571},{"$f":"-Inputs!$X$45*Inputs!$X$33","v":-30000},566.54310372490409,3.4972595900071069E-3,1.9234927745039087E-3,{"$f":"-L519/(1.202*2465560*MAX(0,(Inputs!$X$49-O519)))","v":1.1154867682347493},{"$f":"params!$C$15*P519*(E519-Inputs!$X$26)","v":-29775.062356301558},-93999.893511570597]
["2001-01-22","15:00:00",287,0,-1,-9,50,{"$f":"Inputs!$X$37*Inputs!$X$32*(E520-Inputs!$X$26)","v":-75785.737112293224},{"$f":"Inputs!$X$33*C520*Inputs!$X$38","v":55992.716394615323},{"$f":"params!$C$15*Inputs!$X$29*(E520-Inputs!$X$26)","v":-7873.3852499999985},{"$f":"Inputs!$X$40*Inputs!$X$41/8760","v":5342.4657534246571},{"$f":"-Inputs!$X$45*Inputs!$X$33","v":-30000},566.54310372490409,3.4972595900071069E-3,1.7486297950035535E-3,{"$f":"-L520/(1.202*2465560*MAX(0,(Inputs!$X$49-O520)))","v":1.0943987068543486},{"$f":"params!$C$15*P520*(E520-Inputs!$X$26)","v":-29212.170567303838},-81536.110781557072]
["2001-01-22","16:00:00",210,0,-1,-8,55,{"$f":"Inputs!$X$37*Inputs!$X$32*(E521-Inputs!$X$26)","v":-75785.737112293224},{"$f":"Inputs!$X$33*C521*Inputs!$X$38","v":40970.280288742928},{"$f":"params!$C$15*Inputs!$X$29*(E521-Inputs!$X$26)","v":-7873.3852499999985},{"$f":"Inputs!$X$40*Inputs!$X$41/8760","v":5342.4657534246571},{"$f":"-Inputs!$X$45*Inputs!$X$33","v":-30000},566.54310372490409,3.4972595900071069E-3,1.9234927745039087E-3,{"$f":"-L521/(1.202*2465560*MAX(0,(Inputs!$X$49-O521)))","v":1.1154867682347493},{"$f":"params!$C$15*P521*(E521-Inputs!$X$26)","v":-29775.062356301558},-97121.438676427191]
["2001-01-22","17:00:00",52,0,-2,-8,60,{"$f":"Inputs!$X$37*Inputs!$X$32*(E522-Inputs!$X$26)","v":-79213.232760587896},{"$f":"Inputs!$X$33*C522*Inputs!$X$38","v":10145.021785783962},{"$f":"params!$C$15*Inputs!$X$29*(E522-Inputs!$X$26)","v":-8229.4679999999971},{"$f":"Inputs!$X$40*Inputs!$X$41/8760","v":5342.4657534246571},{"$f":"-Inputs!$X$45*Inputs!$X$33","v":-30000},526.36516305985776,3.2479468065175691E-3,1.9487680839105415E-3,{"$f":"-L522/(1.202*2465560*MAX(0,(Inputs!$X$49-O522)))","v":1.1186023231410169},{"$f":"params!$C$15*P522*(E522-Inputs!$X$26)","v":-31208.596060046944},-133163.80928142622]
["2001-01-22","18:00:00",0,0,-4,-9,65,{"$f":"Inputs!$X$37*Inputs!$X$32*(E523-Inputs!$X$26)","v":-86068.224057177227},{"$f":"Inputs!$X$33*C523*Inputs!$X$38","v":0},{"$f":"params!$C$15*Inputs!$X$29*(E523-Inputs!$X$26)","v":-8941.6334999999981},{"$f":"Inputs!$X$40*Inputs!$X$41/8760","v":5342.4657534246571},{"$f":"-Inputs!$X$45*Inputs!$X$33","v":-30000},453.51532044328405,2.7964043545646504E-3,1.8176628304670229E-3,{"$f":"-L523/(1.202*2465560*MAX(0,(Inputs!$X$49-O523)))","v":1.1026279582599223},{"$f":"params!$C$15*P523*(E523-Inputs!$X$26)","v":-33425.092636912763},-153092.48444066534]
["2001-01-22","19:00:00",0,0,-6,-9,77,{"$f":"Inputs!$X$37*Inputs!$X$32*(E524-Inputs!$X$26)","v":-92923.215353766573},{"$f":"Inputs!$X$33*C524*Inputs!$X$38","v":0},{"$f":"params!$C$15*Inputs!$X$29*(E524-Inputs!$X$26)","v":-9653.7989999999972},{"$f":"Inputs!$X$40*Inputs!$X$41/8760","v":5342.4657534246571},{"$f":"-Inputs!$X$45*Inputs!$X$33","v":-30000},389.76616195693094,2.4018050803048703E-3,1.8493899118347502E-3,{"$f":"-L524/(1.202*2465560*MAX(0,(Inputs!$X$49-O524)))","v":1.1064517160781135},{"$f":"params!$C$15*P524*(E524-Inputs!$X$26)","v":-36212.413698930271},-163446.96229927219]
["2001-01-22","20:00:00",0,1,-8,-10,84,{"$f":"Inputs!$X$37*Inputs!$X$32*(E525-Inputs!$X$26)","v":-99778.206650355904},{"$f":"Inputs!$X$33*C525*Inputs!$X$38","v":0},{"$f":"params!$C$15*Inputs!$X$29*(E525-Inputs!$X$26)","v":-10365.964499999998},{"$f":"Inputs!$X$40*Inputs!$X$41/8760","v":5342.4657534246571},{"$f":"-Inputs!$X$45*Inputs!$X$33","v":-30000},334.1161188582924,2.0577455669371189E-3,1.7285062762271799E-3,{"$f":"-L525/(1.202*2465560*MAX(0,(Inputs!$X$49-O525)))","v":1.0920229060161399},{"$f":"params!$C$15*P525*(E525-Inputs!$X$26)","v":-38376.752351547941},-173178.45774847921]
["2001-01-22","21:00:00",0,0,-9,-10,92,{"$f":"Inputs!$X$37*Inputs!$X$32*(E526-Inputs!$X$26)","v":-103205.70229865058},{"$f":"Inputs!$X$33*C526*Inputs!$X$38","v":0},{"$f":"params!$C$15*Inputs!$X$29*(E526-Inputs!$X$26)","v":-10722.047249999998},{"$f":"Inputs!$X$40*Inputs!$X$41/8760","v":5342.4657534246571},{"$f":"-Inputs!$X$45*Inputs!$X$33","v":-30000},309.04098596033037,1.902841039413297E-3,1.7506137562602333E-3,{"$f":"-L526/(1.202*2465560*MAX(0,(Inputs!$X$49-O526)))","v":1.0946334950616519},{"$f":"params!$C$15*P526*(E526-Inputs!$X$26)","v":-39789.932661675753},-178375.21645690169]
["2001-01-22","22:00:00",0,0,-10,-12,84,{"$f":"Inputs!$X$37*Inputs!$X$32*(E527-Inputs!$X$26)","v":-106633.19794694525},{"$f":"Inputs!$X$33*C527*Inputs!$X$38","v":0},{"$f":"params!$C$15*Inputs!$X$29*(E527-Inputs!$X$26)","v":-11078.129999999997},{"$f":"Inputs!$X$40*Inputs!$X$41/8760","v":5342.4657534246571},{"$f":"-Inputs!$X$45*Inputs!$X$33","v":-30000},285.65695946908653,1.758452799711007E-3,1.477100351757246E-3,{"$f":"-L527/(1.202*2465560*MAX(0,(Inputs!$X$49-O527)))","v":1.0631881570500024},{"$f":"params!$C$15*P527*(E527-Inputs!$X$26)","v":-39930.370678356332},-182299.23287187691]
["2001-01-22","23:00:00",0,0,-9,-12,77,{"$f":"Inputs!$X$37*Inputs!$X$32*(E528-Inputs!$X$26)","v":-103205.70229865058},{"$f":"Inputs!$X$33*C528*Inputs!$X$38","v":0},{"$f":"params!$C$15*Inputs!$X$29*(E528-Inputs!$X$26)","v":-10722.047249999998},{"$f":"Inputs!$X$40*Inputs!$X$41/8760","v":5342.4657534246571},{"$f":"-Inputs!$X$45*Inputs!$X$33","v":-30000},309.04098596033037,1.902841039413297E-3,1.4651876003482387E-3,{"$f":"-L528/(1.202*2465560*MAX(0,(Inputs!$X$49-O528)))","v":1.0618595759011065},{"$f":"params!$C$15*P528*(E528-Inputs!$X$26)","v":-38598.600547008595},-177183.88434223452]
["2001-01-22",1,0,3,-9,-11,84,{"$f":"Inputs!$X$37*Inputs!$X$32*(E529-Inputs!$X$26)","v":-103205.70229865058},{"$f":"Inputs!$X$33*C529*Inputs!$X$38","v":0},{"$f":"params!$C$15*Inputs!$X$29*(E529-Inputs!$X$26)","v":-10722.047249999998},{"$f":"Inputs!$X$40*Inputs!$X$41/8760","v":5342.4657534246571},{"$f":"-Inputs!$X$45*Inputs!$X$33","v":-30000},309.04098596033037,1.902841039413297E-3,1.5983864731071696E-3,{"$f":"-L529/(1.202*2465560*MAX(0,(Inputs!$X$49-O529)))","v":1.0769063838348762},{"$f":"params!$C$15*P529*(E529-Inputs!$X$26)","v":-39145.552085728094},-177730.83588095402]
["2001-01-23","01:00:00",0,0,-12,-14,83,{"$f":"Inputs!$X$37*Inputs!$X$32*(E530-Inputs!$X$26)","v":-113488.18924353459},{"$f":"Inputs!$X$33*C530*Inputs!$X$38","v":0},{"$f":"params!$C$15*Inputs!$X$29*(E530-Inputs!$X$26)","v":-11790.295499999998},{"$f":"Inputs!$X$40*Inputs!$X$41/8760","v":5342.4657534246571},{"$f":"-Inputs!$X$45*Inputs!$X$33","v":-30000},243.5669653908281,1.4987300494831474E-3,1.2439459410710123E-3,{"$f":"-L530/(1.202*2465560*MAX(0,(Inputs!$X$49-O530)))","v":1.0377751634399999},{"$f":"params!$C$15*P530*(E530-Inputs!$X$26)","v":-41481.525270704653},-191417.54426081458]
["2001-01-23","02:00:00",0,10,-10,-11,91,{"$f":"Inputs!$X$37*Inputs!$X$32*(E531-Inputs!$X$26)","v":-106633.19794694525},{"$f":"Inputs!$X$33*C531*Inputs!$X$38","v":0},{"$f":"params!$C$15*Inputs!$X$29*(E531-Inputs!$X$26)","v":-11078.129999999997},{"$f":"Inputs!$X$40*Inputs!$X$41/8760","v":5342.4657534246571},{"$f":"-Inputs!$X$45*Inputs!$X$33","v":-30000},285.65695946908653,1.758452799711007E-3,1.6001920477370162E-3,{"$f":"-L531/(1.202*2465560*MAX(0,(Inputs!$X$49-O531)))","v":1.0771132805352646},{"$f":"params!$C$15*P531*(E531-Inputs!$X$26)","v":-40453.359331701773},-182822.22152522235]
["2001-01-23","03:00:00",0,10,-10,-11.1,91,{"$f":"Inputs!$X$37*Inputs!$X$32*(E532-Inputs!$X$26)","v":-106633.19794694525},{"$f":"Inputs!$X$33*C532*Inputs!$X$38","v":0},{"$f":"params!$C$15*Inputs!$X$29*(E532-Inputs!$X$26)","v":-11078.129999999997},{"$f":"Inputs!$X$40*Inputs!$X$41/8760","v":5342.4657534246571},{"$f":"-Inputs!$X$45*Inputs!$X$33","v":-30000},285.65695946908653,1.758452799711007E-3,1.6001920477370162E-3,{"$f":"-L532/(1.202*2465560*MAX(0,(Inputs!$X$49-O532)))","v":1.0771132805352646},{"$f":"params!$C$15*P532*(E532-Inputs!$X$26)","v":-40453.359331701773},-182822.22152522235]
["2001-01-23","04:00:00",0,10,-10.1,-11.4,89,{"$f":"Inputs!$X$37*Inputs!$X$32*(E533-Inputs!$X$26)","v":-106975.94751177471},{"$f":"Inputs!$X$33*C533*Inputs!$X$38","v":0},{"$f":"params!$C$15*Inputs!$X$29*(E533-Inputs!$X$26)","v":-11113.738274999996},{"$f":"Inputs!$X$40*Inputs!$X$41/8760","v":5342.4657534246571},{"$f":"-Inputs!$X$45*Inputs!$X$33","v":-30000},283.40767123867721,1.7445677497192052E-3,1.5526652972500925E-3,{"$f":"-L533/(1.202*2465560*MAX(0,(Inputs!$X$49-O533)))","v":1.0716936590975121},{"$f":"params!$C$15*P533*(E533-Inputs!$X$26)","v":-40379.187923876743},-183126.40795722679]
["2001-01-23","05:00:00",0,10,-10.199999999999999,-11.9,86,{"$f":"Inputs!$X$37*Inputs!$X$32*(E534-Inputs!$X$26)","v":-107318.69707660418},{"$f":"Inputs!$X$33*C534*Inputs!$X$38","v":0},{"$f":"params!$C$15*Inputs!$X$29*(E534-Inputs!$X$26)","v":-11149.346549999997},{"$f":"Inputs!$X$40*Inputs!$X$41/8760","v":5342.4657534246571},{"$f":"-Inputs!$X$45*Inputs!$X$33","v":-30000},281.1741920371723,1.7307809018994858E-3,1.4884715756335579E-3,{"$f":"-L534/(1.202*2465560*MAX(0,(Inputs!$X$49-O534)))","v":1.0644594488634258},{"$f":"params!$C$15*P534*(E534-Inputs!$X$26)","v":-40235.119019445468},-183360.69689262498]
["2001-01-23","06:00:00",0,10,-9.9,-11.7,85,{"$f":"Inputs!$X$37*Inputs!$X$32*(E535-Inputs!$X$26)","v":-106290.44838211579},{"$f":"Inputs!$X$33*C535*Inputs!$X$38","v":0},{"$f":"params!$C$15*Inputs!$X$29*(E535-Inputs!$X$26)","v":-11042.521724999999},{"$f":"Inputs!$X$40*Inputs!$X$41/8760","v":5342.4657534246571},{"$f":"-Inputs!$X$45*Inputs!$X$33","v":-30000},287.92215399504238,1.7724366654267546E-3,1.5065711656127414E-3,{"$f":"-L535/(1.202*2465560*MAX(0,(Inputs!$X$49-O535)))","v":1.06648924830262},{"$f":"params!$C$15*P535*(E535-Inputs!$X$26)","v":-39925.604297709971},-181916.1086514011]
["2001-01-23","07:00:00",0,10,-10,-12,84,{"$f":"Inputs!$X$37*Inputs!$X$32*(E536-Inputs!$X$26)","v":-106633.19794694525},{"$f":"Inputs!$X$33*C536*Inputs!$X$38","v":0},{"$f":"params!$C$15*Inputs!$X$29*(E536-Inputs!$X$26)","v":-11078.129999999997},{"$f":"Inputs!$X$40*Inputs!$X$41/8760","v":5342.4657534246571},{"$f":"-Inputs!$X$45*Inputs!$X$33","v":-30000},285.65695946908653,1.758452799711007E-3,1.477100351757246E-3,{"$f":"-L536/(1.202*2465560*MAX(0,(Inputs!$X$49-O536)))","v":1.0631881570500024},{"$f":"params!$C$15*P536*(E536-Inputs!$X$26)","v":-39930.370678356332},-182299.23287187691]
["2001-01-23","08:00:00",0,10,-8,-11,77,{"$f":"Inputs!$X$37*Inputs!$X$32*(E537-Inputs!$X$26)","v":-99778.206650355904},{"$f":"Inputs!$X$33*C537*Inputs!$X$38","v":0},{"$f":"params!$C$15*Inputs!$X$29*(E537-Inputs!$X$26)","v":-10365.964499999998},{"$f":"Inputs!$X$40*Inputs!$X$41/8760","v":5342.4657534246571},{"$f":"-Inputs!$X$45*Inputs!$X$33","v":-30000},334.1161188582924,2.0577455669371189E-3,1.5844640865415815E-3,{"$f":"-L537/(1.202*2465560*MAX(0,(Inputs!$X$49-O537)))","v":1.0753137145194454},{"$f":"params!$C$15*P537*(E537-Inputs!$X$26)","v":-37789.544427125744},-172591.24982405701]
["2001-01-23","09:00:00",133,0,-8,-10,84,{"$f":"Inputs!$X$37*Inputs!$X$32*(E538-Inputs!$X$26)","v":-99778.206650355904},{"$f":"Inputs!$X$33*C538*Inputs!$X$38","v":25947.844182870518},{"$f":"params!$C$15*Inputs!$X$29*(E538-Inputs!$X$26)","v":-10365.964499999998},{"$f":"Inputs!$X$40*Inputs!$X$41/8760","v":5342.4657534246571},{"$f":"-Inputs!$X$45*Inputs!$X$33","v":-30000},334.1161188582924,2.0577455669371189E-3,1.7285062762271799E-3,{"$f":"-L538/(1.202*2465560*MAX(0,(Inputs!$X$49-O538)))","v":1.0920229060161399},{"$f":"params!$C$15*P538*(E538-Inputs!$X$26)","v":-38376.752351547941},-147230.61356560868]
["2001-01-23","10:00:00",276,0,-6,-9,77,{"$f":"Inputs!$X$37*Inputs!$X$32*(E539-Inputs!$X$26)","v":-92923.215353766573},{"$f":"Inputs!$X$33*C539*Inputs!$X$38","v":53846.654093776415},{"$f":"params!$C$15*Inputs!$X$29*(E539-Inputs!$X$26)","v":-9653.7989999999972},{"$f":"Inputs!$X$40*Inputs!$X$41/8760","v":5342.4657534246571},{"$f":"-Inputs!$X$45*Inputs!$X$33","v":-30000},389.76616195693094,2.4018050803048703E-3,1.8493899118347502E-3,{"$f":"-L539/(1.202*2465560*MAX(0,(Inputs!$X$49-O539)))","v":1.1064517160781135},{"$f":"params!$C$15*P539*(E539-Inputs!$X$26)","v":-36212.413698930271},-109600.30820549576]
["2001-01-23","11:00:00",357,1,-3,-7,71,{"$f":"Inputs!$X$37*Inputs!$X$32*(E540-Inputs!$X$26)","v":-82640.728408882569},{"$f":"Inputs!$X$33*C540*Inputs!$X$38","v":69649.476490862973},{"$f":"params!$C$15*Inputs!$X$29*(E540-Inputs!$X$26)","v":-8585.5507499999985},{"$f":"Inputs!$X$40*Inputs!$X$41/8760","v":5342.4657534246571},{"$f":"-Inputs!$X$45*Inputs!$X$33","v":-30000},488.73621912146871,3.0146312662847319E-3,2.1403881990621596E-3,{"$f":"-L540/(1.202*2465560*MAX(0,(Inputs!$X$49-O540)))","v":1.1428006922620131},{"$f":"params!$C$15*P540*(E540-Inputs!$X$26)","v":-33263.305828756209},-79497.642743351142]
["2001-01-23","12:00:00",465,4,-1,-7,60,{"$f":"Inputs!$X$37*Inputs!$X$32*(E541-Inputs!$X$26)","v":-75785.737112293224},{"$f":"Inputs!$X$33*C541*Inputs!$X$38","v":90719.906353645056},{"$f":"params!$C$15*Inputs!$X$29*(E541-Inputs!$X$26)","v":-7873.3852499999985},{"$f":"Inputs!$X$40*Inputs!$X$41/8760","v":5342.4657534246571},{"$f":"-Inputs!$X$45*Inputs!$X$33","v":-30000},566.54310372490409,3.4972595900071069E-3,2.0983557540042641E-3,{"$f":"-L541/(1.202*2465560*MAX(0,(Inputs!$X$49-O541)))","v":1.1374034924718157},{"$f":"params!$C$15*P541*(E541-Inputs!$X$26)","v":-30360.073177933456},-47956.823433156969]
["2001-01-23","13:00:00",455,3,1,-6,56,{"$f":"Inputs!$X$37*Inputs!$X$32*(E542-Inputs!$X$26)","v":-68930.745815703893},{"$f":"Inputs!$X$33*C542*Inputs!$X$38","v":88768.94062560967},{"$f":"params!$C$15*Inputs!$X$29*(E542-Inputs!$X$26)","v":-7161.2197499999984},{"$f":"Inputs!$X$40*Inputs!$X$41/8760","v":5342.4657534246571},{"$f":"-Inputs!$X$45*Inputs!$X$33","v":-30000},655.14373774848059,4.0477489204243187E-3,2.2667393954376187E-3,{"$f":"-L542/(1.202*2465560*MAX(0,(Inputs!$X$49-O542)))","v":1.159337764547604},{"$f":"params!$C$15*P542*(E542-Inputs!$X$26)","v":-28146.457202744354},-40127.016389413919]
["2001-01-23","14:00:00",388,5,2,-4,62,{"$f":"Inputs!$X$37*Inputs!$X$32*(E543-Inputs!$X$26)","v":-65503.25016740922},{"$f":"Inputs!$X$33*C543*Inputs!$X$38","v":75697.470247772639},{"$f":"params!$C$15*Inputs!$X$29*(E543-Inputs!$X$26)","v":-6805.1369999999979},{"$f":"Inputs!$X$40*Inputs!$X$41/8760","v":5342.4657534246571},{"$f":"-Inputs!$X$45*Inputs!$X$33","v":-30000},703.88301618186097,4.3509868656616182E-3,2.6976118567102031E-3,{"$f":"-L543/(1.202*2465560*MAX(0,(Inputs!$X$49-O543)))","v":1.2195168107793628},{"$f":"params!$C$15*P543*(E543-Inputs!$X$26)","v":-28135.291456579715},-49403.742622791637]
["2001-01-23","15:00:00",243,4,3,-4,58,{"$f":"Inputs!$X$37*Inputs!$X$32*(E544-Inputs!$X$26)","v":-62075.754519114555},{"$f":"Inputs!$X$33*C544*Inputs!$X$38","v":47408.467191259668},{"$f":"params!$C$15*Inputs!$X$29*(E544-Inputs!$X$26)","v":-6449.0542499999983},{"$f":"Inputs!$X$40*Inputs!$X$41/8760","v":5342.4657534246571},{"$f":"-Inputs!$X$45*Inputs!$X$33","v":-30000},755.80495631325812,4.6743495015895585E-3,2.711122710921944E-3,{"$f":"-L544/(1.202*2465560*MAX(0,(Inputs!$X$49-O544)))","v":1.2215050317401357},{"$f":"params!$C$15*P544*(E544-Inputs!$X$26)","v":-26706.565752421047},-72480.44157685127]
["2001-01-23","16:00:00",131,5,3,-4,58,{"$f":"Inputs!$X$37*Inputs!$X$32*(E545-Inputs!$X$26)","v":-62075.754519114555},{"$f":"Inputs!$X$33*C545*Inputs!$X$38","v":25557.651037263448},{"$f":"params!$C$15*Inputs!$X$29*(E545-Inputs!$X$26)","v":-6449.0542499999983},{"$f":"Inputs!$X$40*Inputs!$X$41/8760","v":5342.4657534246571},{"$f":"-Inputs!$X$45*Inputs!$X$33","v":-30000},755.80495631325812,4.6743495015895585E-3,2.711122710921944E-3,{"$f":"-L545/(1.202*2465560*MAX(0,(Inputs!$X$49-O545)))","v":1.2215050317401357},{"$f":"params!$C$15*P545*(E545-Inputs!$X$26)","v":-26706.565752421047},-94331.257730847487]
["2001-01-23","17:00:00",53,9,2,-4,62,{"$f":"Inputs!$X$37*Inputs!$X$32*(E546-Inputs!$X$26)","v":-65503.25016740922},{"$f":"Inputs!$X$33*C546*Inputs!$X$38","v":10340.118358587501},{"$f":"params!$C$15*Inputs!$X$29*(E546-Inputs!$X$26)","v":-6805.1369999999979},{"$f":"Inputs!$X$40*Inputs!$X$41/8760","v":5342.4657534246571},{"$f":"-Inputs!$X$45*Inputs!$X$33","v":-30000},703.88301618186097,4.3509868656616182E-3,2.6976118567102031E-3,{"$f":"-L546/(1.202*2465560*MAX(0,(Inputs!$X$49-O546)))","v":1.2195168107793628},{"$f":"params!$C$15*P546*(E546-Inputs!$X$26)","v":-28135.291456579715},-114761.09451197677]
["2001-01-23","18:00:00",0,8,1,-4,67,{"$f":"Inputs!$X$37*Inputs!$X$32*(E547-Inputs!$X$26)","v":-68930.745815703893},{"$f":"Inputs!$X$33*C547*Inputs!$X$38","v":0},{"$f":"params!$C$15*Inputs!$X$29*(E547-Inputs!$X$26)","v":-7161.2197499999984},{"$f":"Inputs!$X$40*Inputs!$X$41/8760","v":5342.4657534246571},{"$f":"-Inputs!$X$45*Inputs!$X$33","v":-30000},655.14373774848059,4.0477489204243187E-3,2.7119917766842932E-3,{"$f":"-L547/(1.202*2465560*MAX(0,(Inputs!$X$49-O547)))","v":1.2216331430573093},{"$f":"params!$C$15*P547*(E547-Inputs!$X$26)","v":-29658.867355135437},-130408.36716741469]
["2001-01-23","19:00:00",0,0,-2,-4,85,{"$f":"Inputs!$X$37*Inputs!$X$32*(E548-Inputs!$X$26)","v":-79213.232760587896},{"$f":"Inputs!$X$33*C548*Inputs!$X$38","v":0},{"$f":"params!$C$15*Inputs!$X$29*(E548-Inputs!$X$26)","v":-8229.4679999999971},{"$f":"Inputs!$X$40*Inputs!$X$41/8760","v":5342.4657534246571},{"$f":"-Inputs!$X$45*Inputs!$X$33","v":-30000},526.36516305985776,3.2479468065175691E-3,2.7607547855399341E-3,{"$f":"-L548/(1.202*2465560*MAX(0,(Inputs!$X$49-O548)))","v":1.2288647393508831},{"$f":"params!$C$15*P548*(E548-Inputs!$X$26)","v":-34284.877180611613},-146385.11218777485]
["2001-01-23","20:00:00",0,0,-3,-6,77,{"$f":"Inputs!$X$37*Inputs!$X$32*(E549-Inputs!$X$26)","v":-82640.728408882569},{"$f":"Inputs!$X$33*C549*Inputs!$X$38","v":0},{"$f":"params!$C$15*Inputs!$X$29*(E549-Inputs!$X$26)","v":-8585.5507499999985},{"$f":"Inputs!$X$40*Inputs!$X$41/8760","v":5342.4657534246571},{"$f":"-Inputs!$X$45*Inputs!$X$33","v":-30000},488.73621912146871,3.0146312662847319E-3,2.3212660750392437E-3,{"$f":"-L549/(1.202*2465560*MAX(0,(Inputs!$X$49-O549)))","v":1.1666230804456208},{"$f":"params!$C$15*P549*(E549-Inputs!$X$26)","v":-33956.700039214913},-149840.51344467283]
["2001-01-23","21:00:00",0,10,-5,-6,92,{"$f":"Inputs!$X$37*Inputs!$X$32*(E550-Inputs!$X$26)","v":-89495.7197054719},{"$f":"Inputs!$X$33*C550*Inputs!$X$38","v":0},{"$f":"params!$C$15*Inputs!$X$29*(E550-Inputs!$X$26)","v":-9297.7162499999977},{"$f":"Inputs!$X$40*Inputs!$X$41/8760","v":5342.4657534246571},{"$f":"-Inputs!$X$45*Inputs!$X$33","v":-30000},420.56802345265027,2.5924024753231664E-3,2.3850102772973131E-3,{"$f":"-L550/(1.202*2465560*MAX(0,(Inputs!$X$49-O550)))","v":1.1752568977004851},{"$f":"params!$C$15*P550*(E550-Inputs!$X$26)","v":-37045.533303465047},-160496.50350551229]
["2001-01-23","22:00:00",0,10,-3,-5,84,{"$f":"Inputs!$X$37*Inputs!$X$32*(E551-Inputs!$X$26)","v":-82640.728408882569},{"$f":"Inputs!$X$33*C551*Inputs!$X$38","v":0},{"$f":"params!$C$15*Inputs!$X$29*(E551-Inputs!$X$26)","v":-8585.5507499999985},{"$f":"Inputs!$X$40*Inputs!$X$41/8760","v":5342.4657534246571},{"$f":"-Inputs!$X$45*Inputs!$X$33","v":-30000},488.73621912146871,3.0146312662847319E-3,2.5322902636791748E-3,{"$f":"-L551/(1.202*2465560*MAX(0,(Inputs!$X$49-O551)))","v":1.1957024310865629},{"$f":"params!$C$15*P551*(E551-Inputs!$X$26)","v":-34803.107763869608},-150686.92116932751]
["2001-01-23","23:00:00",0,10,-2,-4,85,{"$f":"Inputs!$X$37*Inputs!$X$32*(E552-Inputs!$X$26)","v":-79213.232760587896},{"$f":"Inputs!$X$33*C552*Inputs!$X$38","v":0},{"$f":"params!$C$15*Inputs!$X$29*(E552-Inputs!$X$26)","v":-8229.4679999999971},{"$f":"Inputs!$X$40*Inputs!$X$41/8760","v":5342.4657534246571},{"$f":"-Inputs!$X$45*Inputs!$X$33","v":-30000},526.36516305985776,3.2479468065175691E-3,2.7607547855399341E-3,{"$f":"-L552/(1.202*2465560*MAX(0,(Inputs!$X$49-O552)))","v":1.2288647393508831},{"$f":"params!$C$15*P552*(E552-Inputs!$X$26)","v":-34284.877180611613},-146385.11218777485]
["2001-01-23",1,0,10,-2,-4,85,{"$f":"Inputs!$X$37*Inputs!$X$32*(E553-Inputs!$X$26)","v":-79213.232760587896},{"$f":"Inputs!$X$33*C553*Inputs!$X$38","v":0},{"$f":"params!$C$15*Inputs!$X$29*(E553-Inputs!$X$26)","v":-8229.4679999999971},{"$f":"Inputs!$X$40*Inputs!$X$41/8760","v":5342.4657534246571},{"$f":"-Inputs!$X$45*Inputs!$X$33","v":-30000},526.36516305985776,3.2479468065175691E-3,2.7607547855399341E-3,{"$f":"-L553/(1.202*2465560*MAX(0,(Inputs!$X$49-O553)))","v":1.2288647393508831},{"$f":"params!$C$15*P553*(E553-Inputs!$X$26)","v":-34284.877180611613},-146385.11218777485]
["2001-01-24","01:00:00",0,10,-2,-4,85,{"$f":"Inputs!$X$37*Inputs!$X$32*(E554-Inputs!$X$26)","v":-79213.232760587896},{"$f":"Inputs!$X$33*C554*Inputs!$X$38","v":0},{"$f":"params!$C$15*Inputs!$X$29*(E554-Inputs!$X$26)","v":-8229.4679999999971},{"$f":"Inputs!$X$40*Inputs!$X$41/8760","v":5342.4657534246571},{"$f":"-Inputs!$X$45*Inputs!$X$33","v":-30000},526.36516305985776,3.2479468065175691E-3,2.7607547855399341E-3,{"$f":"-L554/(1.202*2465560*MAX(0,(Inputs!$X$49-O554)))","v":1.2288647393508831},{"$f":"params!$C$15*P554*(E554-Inputs!$X$26)","v":-34284.877180611613},-146385.11218777485]
["2001-01-24","02:00:00",0,10,-2,-4,85,{"$f":"Inputs!$X$37*Inputs!$X$32*(E555-Inputs!$X$26)","v":-79213.232760587896},{"$f":"Inputs!$X$33*C555*Inputs!$X$38","v":0},{"$f":"params!$C$15*Inputs!$X$29*(E555-Inputs!$X$26)","v":-8229.4679999999971},{"$f":"Inputs!$X$40*Inputs!$X$41/8760","v":5342.4657534246571},{"$f":"-Inputs!$X$45*Inputs!$X$33","v":-30000},526.36516305985776,3.2479468065175691E-3,2.7607547855399341E-3,{"$f":"-L555/(1.202*2465560*MAX(0,(Inputs!$X$49-O555)))","v":1.2288647393508831},{"$f":"params!$C$15*P555*(E555-Inputs!$X$26)","v":-34284.877180611613},-146385.11218777485]
["2001-01-24","03:00:00",0,10,-3,-4,92,{"$f":"Inputs!$X$37*Inputs!$X$32*(E556-Inputs!$X$26)","v":-82640.728408882569},{"$f":"Inputs!$X$33*C556*Inputs!$X$38","v":0},{"$f":"params!$C$15*Inputs!$X$29*(E556-Inputs!$X$26)","v":-8585.5507499999985},{"$f":"Inputs!$X$40*Inputs!$X$41/8760","v":5342.4657534246571},{"$f":"-Inputs!$X$45*Inputs!$X$33","v":-30000},488.73621912146871,3.0146312662847319E-3,2.7734607649819529E-3,{"$f":"-L556/(1.202*2465560*MAX(0,(Inputs!$X$49-O556)))","v":1.2307631296121513},{"$f":"params!$C$15*P556*(E556-Inputs!$X$26)","v":-35823.613566432665},-151707.42697189059]
["2001-01-24","04:00:00",0,10,-3,-4,92,{"$f":"Inputs!$X$37*Inputs!$X$32*(E557-Inputs!$X$26)","v":-82640.728408882569},{"$f":"Inputs!$X$33*C557*Inputs!$X$38","v":0},{"$f":"params!$C$15*Inputs!$X$29*(E557-Inputs!$X$26)","v":-8585.5507499999985},{"$f":"Inputs!$X$40*Inputs!$X$41/8760","v":5342.4657534246571},{"$f":"-Inputs!$X$45*Inputs!$X$33","v":-30000},488.73621912146871,3.0146312662847319E-3,2.7734607649819529E-3,{"$f":"-L557/(1.202*2465560*MAX(0,(Inputs!$X$49-O557)))","v":1.2307631296121513},{"$f":"params!$C$15*P557*(E557-Inputs!$X$26)","v":-35823.613566432665},-151707.42697189059]
["2001-01-24","05:00:00",0,10,-2,-4,85,{"$f":"Inputs!$X$37*Inputs!$X$32*(E558-Inputs!$X$26)","v":-79213.232760587896},{"$f":"Inputs!$X$33*C558*Inputs!$X$38","v":0},{"$f":"params!$C$15*Inputs!$X$29*(E558-Inputs!$X$26)","v":-8229.4679999999971},{"$f":"Inputs!$X$40*Inputs!$X$41/8760","v":5342.4657534246571},{"$f":"-Inputs!$X$45*Inputs!$X$33","v":-30000},526.36516305985776,3.2479468065175691E-3,2.7607547855399341E-3,{"$f":"-L558/(1.202*2465560*MAX(0,(Inputs!$X$49-O558)))","v":1.2288647393508831},{"$f":"params!$C$15*P558*(E558-Inputs!$X$26)","v":-34284.877180611613},-146385.11218777485]
["2001-01-24","06:00:00",0,10,-2,-4,85,{"$f":"Inputs!$X$37*Inputs!$X$32*(E559-Inputs!$X$26)","v":-79213.232760587896},{"$f":"Inputs!$X$33*C559*Inputs!$X$38","v":0},{"$f":"params!$C$15*Inputs!$X$29*(E559-Inputs!$X$26)","v":-8229.4679999999971},{"$f":"Inputs!$X$40*Inputs!$X$41/8760","v":5342.4657534246571},{"$f":"-Inputs!$X$45*Inputs!$X$33","v":-30000},526.36516305985776,3.2479468065175691E-3,2.7607547855399341E-3,{"$f":"-L559/(1.202*2465560*MAX(0,(Inputs!$X$49-O559)))","v":1.2288647393508831},{"$f":"params!$C$15*P559*(E559-Inputs!$X$26)","v":-34284.877180611613},-146385.11218777485]
["2001-01-24","07:00:00",0,10,-2,-4,85,{"$f":"Inputs!$X$37*Inputs!$X$32*(E560-Inputs!$X$26)","v":-79213.232760587896},{"$f":"Inputs!$X$33*C560*Inputs!$X$38","v":0},{"$f":"params!$C$15*Inputs!$X$29*(E560-Inputs!$X$26)","v":-8229.4679999999971},{"$f":"Inputs!$X$40*Inputs!$X$41/8760","v":5342.4657534246571},{"$f":"-Inputs!$X$45*Inputs!$X$33","v":-30000},526.36516305985776,3.2479468065175691E-3,2.7607547855399341E-3,{"$f":"-L560/(1.202*2465560*MAX(0,(Inputs!$X$49-O560)))","v":1.2288647393508831},{"$f":"params!$C$15*P560*(E560-Inputs!$X$26)","v":-34284.877180611613},-146385.11218777485]
["2001-01-24","08:00:00",0,10,-2,-4,85,{"$f":"Inputs!$X$37*Inputs!$X$32*(E561-Inputs!$X$26)","v":-79213.232760587896},{"$f":"Inputs!$X$33*C561*Inputs!$X$38","v":0},{"$f":"params!$C$15*Inputs!$X$29*(E561-Inputs!$X$26)","v":-8229.4679999999971},{"$f":"Inputs!$X$40*Inputs!$X$41/8760","v":5342.4657534246571},{"$f":"-Inputs!$X$45*Inputs!$X$33","v":-30000},526.36516305985776,3.2479468065175691E-3,2.7607547855399341E-3,{"$f":"-L561/(1.202*2465560*MAX(0,(Inputs!$X$49-O561)))","v":1.2288647393508831},{"$f":"params!$C$15*P561*(E561-Inputs!$X$26)","v":-34284.877180611613},-146385.11218777485]
["2001-01-24","09:00:00",113,10,-1,-4,78,{"$f":"Inputs!$X$37*Inputs!$X$32*(E562-Inputs!$X$26)","v":-75785.737112293224},{"$f":"Inputs!$X$33*C562*Inputs!$X$38","v":22045.912726799765},{"$f":"params!$C$15*Inputs!$X$29*(E562-Inputs!$X$26)","v":-7873.3852499999985},{"$f":"Inputs!$X$40*Inputs!$X$41/8760","v":5342.4657534246571},{"$f":"-Inputs!$X$45*Inputs!$X$33","v":-30000},566.54310372490409,3.4972595900071069E-3,2.7278624802055435E-3,{"$f":"-L562/(1.202*2465560*MAX(0,(Inputs!$X$49-O562)))","v":1.2239774214274959},{"$f":"params!$C$15*P562*(E562-Inputs!$X$26)","v":-32670.942483146875},-118941.68636521568]
["2001-01-24","10:00:00",120,10,0,-4,72,{"$f":"Inputs!$X$37*Inputs!$X$32*(E563-Inputs!$X$26)","v":-72358.241463998565},{"$f":"Inputs!$X$33*C563*Inputs!$X$38","v":23411.588736424528},{"$f":"params!$C$15*Inputs!$X$29*(E563-Inputs!$X$26)","v":-7517.302499999998},{"$f":"Inputs!$X$40*Inputs!$X$41/8760","v":5342.4657534246571},{"$f":"-Inputs!$X$45*Inputs!$X$33","v":-30000},609.41773586642103,3.7635253138895938E-3,2.7097382260005075E-3,{"$f":"-L563/(1.202*2465560*MAX(0,(Inputs!$X$49-O563)))","v":1.2213009965906376},{"$f":"params!$C$15*P563*(E563-Inputs!$X$26)","v":-31125.152832154123},-112246.6423063035]
["2001-01-24","11:00:00",117,10,1,-5,61,{"$f":"Inputs!$X$37*Inputs!$X$32*(E564-Inputs!$X$26)","v":-68930.745815703893},{"$f":"Inputs!$X$33*C564*Inputs!$X$38","v":22826.299018013917},{"$f":"params!$C$15*Inputs!$X$29*(E564-Inputs!$X$26)","v":-7161.2197499999984},{"$f":"Inputs!$X$40*Inputs!$X$41/8760","v":5342.4657534246571},{"$f":"-Inputs!$X$45*Inputs!$X$33","v":-30000},655.14373774848059,4.0477489204243187E-3,2.4691268414588343E-3,{"$f":"-L564/(1.202*2465560*MAX(0,(Inputs!$X$49-O564)))","v":1.18684755491109},{"$f":"params!$C$15*P564*(E564-Inputs!$X$26)","v":-28814.341197211208},-106737.54199147652]
["2001-01-24","12:00:00",81,10,1,-5,61,{"$f":"Inputs!$X$37*Inputs!$X$32*(E565-Inputs!$X$26)","v":-68930.745815703893},{"$f":"Inputs!$X$33*C565*Inputs!$X$38","v":15802.822397086555},{"$f":"params!$C$15*Inputs!$X$29*(E565-Inputs!$X$26)","v":-7161.2197499999984},{"$f":"Inputs!$X$40*Inputs!$X$41/8760","v":5342.4657534246571},{"$f":"-Inputs!$X$45*Inputs!$X$33","v":-30000},655.14373774848059,4.0477489204243187E-3,2.4691268414588343E-3,{"$f":"-L565/(1.202*2465560*MAX(0,(Inputs!$X$49-O565)))","v":1.18684755491109},{"$f":"params!$C$15*P565*(E565-Inputs!$X$26)","v":-28814.341197211208},-113761.01861240389]
["2001-01-24","13:00:00",102,10,1,-6,56,{"$f":"Inputs!$X$37*Inputs!$X$32*(E566-Inputs!$X$26)","v":-68930.745815703893},{"$f":"Inputs!$X$33*C566*Inputs!$X$38","v":19899.850425960849},{"$f":"params!$C$15*Inputs!$X$29*(E566-Inputs!$X$26)","v":-7161.2197499999984},{"$f":"Inputs!$X$40*Inputs!$X$41/8760","v":5342.4657534246571},{"$f":"-Inputs!$X$45*Inputs!$X$33","v":-30000},655.14373774848059,4.0477489204243187E-3,2.2667393954376187E-3,{"$f":"-L566/(1.202*2465560*MAX(0,(Inputs!$X$49-O566)))","v":1.159337764547604},{"$f":"params!$C$15*P566*(E566-Inputs!$X$26)","v":-28146.457202744354},-108996.10658906274]
["2001-01-24","14:00:00",255,10,2,-6,52,{"$f":"Inputs!$X$37*Inputs!$X$32*(E567-Inputs!$X$26)","v":-65503.25016740922},{"$f":"Inputs!$X$33*C567*Inputs!$X$38","v":49749.626064902121},{"$f":"params!$C$15*Inputs!$X$29*(E567-Inputs!$X$26)","v":-6805.1369999999979},{"$f":"Inputs!$X$40*Inputs!$X$41/8760","v":5342.4657534246571},{"$f":"-Inputs!$X$45*Inputs!$X$33","v":-30000},703.88301618186097,4.3509868656616182E-3,2.2625131701440415E-3,{"$f":"-L567/(1.202*2465560*MAX(0,(Inputs!$X$49-O567)))","v":1.158776895796517},{"$f":"params!$C$15*P567*(E567-Inputs!$X$26)","v":-26733.969887262352},-73950.2652363448]
["2001-01-24","15:00:00",320,3,2,-6,52,{"$f":"Inputs!$X$37*Inputs!$X$32*(E568-Inputs!$X$26)","v":-65503.25016740922},{"$f":"Inputs!$X$33*C568*Inputs!$X$38","v":62430.903297132078},{"$f":"params!$C$15*Inputs!$X$29*(E568-Inputs!$X$26)","v":-6805.1369999999979},{"$f":"Inputs!$X$40*Inputs!$X$41/8760","v":5342.4657534246571},{"$f":"-Inputs!$X$45*Inputs!$X$33","v":-30000},703.88301618186097,4.3509868656616182E-3,2.2625131701440415E-3,{"$f":"-L568/(1.202*2465560*MAX(0,(Inputs!$X$49-O568)))","v":1.158776895796517},{"$f":"params!$C$15*P568*(E568-Inputs!$X$26)","v":-26733.969887262352},-61268.988004114843]
["2001-01-24","16:00:00",146,5,2,-6,52,{"$f":"Inputs!$X$37*Inputs!$X$32*(E569-Inputs!$X$26)","v":-65503.25016740922},{"$f":"Inputs!$X$33*C569*Inputs!$X$38","v":28484.099629316508},{"$f":"params!$C$15*Inputs!$X$29*(E569-Inputs!$X$26)","v":-6805.1369999999979},{"$f":"Inputs!$X$40*Inputs!$X$41/8760","v":5342.4657534246571},{"$f":"-Inputs!$X$45*Inputs!$X$33","v":-30000},703.88301618186097,4.3509868656616182E-3,2.2625131701440415E-3,{"$f":"-L569/(1.202*2465560*MAX(0,(Inputs!$X$49-O569)))","v":1.158776895796517},{"$f":"params!$C$15*P569*(E569-Inputs!$X$26)","v":-26733.969887262352},-95215.791671930405]
["2001-01-24","17:00:00",43,10,2,-6,52,{"$f":"Inputs!$X$37*Inputs!$X$32*(E570-Inputs!$X$26)","v":-65503.25016740922},{"$f":"Inputs!$X$33*C570*Inputs!$X$38","v":8389.1526305521238},{"$f":"params!$C$15*Inputs!$X$29*(E570-Inputs!$X$26)","v":-6805.1369999999979},{"$f":"Inputs!$X$40*Inputs!$X$41/8760","v":5342.4657534246571},{"$f":"-Inputs!$X$45*Inputs!$X$33","v":-30000},703.88301618186097,4.3509868656616182E-3,2.2625131701440415E-3,{"$f":"-L570/(1.202*2465560*MAX(0,(Inputs!$X$49-O570)))","v":1.158776895796517},{"$f":"params!$C$15*P570*(E570-Inputs!$X$26)","v":-26733.969887262352},-115310.73867069479]
["2001-01-24","18:00:00",0,10,1,-5,61,{"$f":"Inputs!$X$37*Inputs!$X$32*(E571-Inputs!$X$26)","v":-68930.745815703893},{"$f":"Inputs!$X$33*C571*Inputs!$X$38","v":0},{"$f":"params!$C$15*Inputs!$X$29*(E571-Inputs!$X$26)","v":-7161.2197499999984},{"$f":"Inputs!$X$40*Inputs!$X$41/8760","v":5342.4657534246571},{"$f":"-Inputs!$X$45*Inputs!$X$33","v":-30000},655.14373774848059,4.0477489204243187E-3,2.4691268414588343E-3,{"$f":"-L571/(1.202*2465560*MAX(0,(Inputs!$X$49-O571)))","v":1.18684755491109},{"$f":"params!$C$15*P571*(E571-Inputs!$X$26)","v":-28814.341197211208},-129563.84100949045]
["2001-01-24","19:00:00",0,10,1,-5,61,{"$f":"Inputs!$X$37*Inputs!$X$32*(E572-Inputs!$X$26)","v":-68930.745815703893},{"$f":"Inputs!$X$33*C572*Inputs!$X$38","v":0},{"$f":"params!$C$15*Inputs!$X$29*(E572-Inputs!$X$26)","v":-7161.2197499999984},{"$f":"Inputs!$X$40*Inputs!$X$41/8760","v":5342.4657534246571},{"$f":"-Inputs!$X$45*Inputs!$X$33","v":-30000},655.14373774848059,4.0477489204243187E-3,2.4691268414588343E-3,{"$f":"-L572/(1.202*2465560*MAX(0,(Inputs!$X$49-O572)))","v":1.18684755491109},{"$f":"params!$C$15*P572*(E572-Inputs!$X$26)","v":-28814.341197211208},-129563.84100949045]
["2001-01-24","20:00:00",0,10,0,-4,72,{"$f":"Inputs!$X$37*Inputs!$X$32*(E573-Inputs!$X$26)","v":-72358.241463998565},{"$f":"Inputs!$X$33*C573*Inputs!$X$38","v":0},{"$f":"params!$C$15*Inputs!$X$29*(E573-Inputs!$X$26)","v":-7517.302499999998},{"$f":"Inputs!$X$40*Inputs!$X$41/8760","v":5342.4657534246571},{"$f":"-Inputs!$X$45*Inputs!$X$33","v":-30000},609.41773586642103,3.7635253138895938E-3,2.7097382260005075E-3,{"$f":"-L573/(1.202*2465560*MAX(0,(Inputs!$X$49-O573)))","v":1.2213009965906376},{"$f":"params!$C$15*P573*(E573-Inputs!$X$26)","v":-31125.152832154123},-135658.23104272803]
["2001-01-24","21:00:00",0,10,0,-4,72,{"$f":"Inputs!$X$37*Inputs!$X$32*(E574-Inputs!$X$26)","v":-72358.241463998565},{"$f":"Inputs!$X$33*C574*Inputs!$X$38","v":0},{"$f":"params!$C$15*Inputs!$X$29*(E574-Inputs!$X$26)","v":-7517.302499999998},{"$f":"Inputs!$X$40*Inputs!$X$41/8760","v":5342.4657534246571},{"$f":"-Inputs!$X$45*Inputs!$X$33","v":-30000},609.41773586642103,3.7635253138895938E-3,2.7097382260005075E-3,{"$f":"-L574/(1.202*2465560*MAX(0,(Inputs!$X$49-O574)))","v":1.2213009965906376},{"$f":"params!$C$15*P574*(E574-Inputs!$X$26)","v":-31125.152832154123},-135658.23104272803]
["2001-01-24","22:00:00",0,10,-1,-3,85,{"$f":"Inputs!$X$37*Inputs!$X$32*(E575-Inputs!$X$26)","v":-75785.737112293224},{"$f":"Inputs!$X$33*C575*Inputs!$X$38","v":0},{"$f":"params!$C$15*Inputs!$X$29*(E575-Inputs!$X$26)","v":-7873.3852499999985},{"$f":"Inputs!$X$40*Inputs!$X$41/8760","v":5342.4657534246571},{"$f":"-Inputs!$X$45*Inputs!$X$33","v":-30000},566.54310372490409,3.4972595900071069E-3,2.9726706515060407E-3,{"$f":"-L575/(1.202*2465560*MAX(0,(Inputs!$X$49-O575)))","v":1.2613128308802957},{"$f":"params!$C$15*P575*(E575-Inputs!$X$26)","v":-33667.515617146812},-141984.17222601536]
["2001-01-24","23:00:00",0,10,-1,-6,66,{"$f":"Inputs!$X$37*Inputs!$X$32*(E576-Inputs!$X$26)","v":-75785.737112293224},{"$f":"Inputs!$X$33*C576*Inputs!$X$38","v":0},{"$f":"params!$C$15*Inputs!$X$29*(E576-Inputs!$X$26)","v":-7873.3852499999985},{"$f":"Inputs!$X$40*Inputs!$X$41/8760","v":5342.4657534246571},{"$f":"-Inputs!$X$45*Inputs!$X$33","v":-30000},566.54310372490409,3.4972595900071069E-3,2.3081913294046904E-3,{"$f":"-L576/(1.202*2465560*MAX(0,(Inputs!$X$49-O576)))","v":1.1648678293502162},{"$f":"params!$C$15*P576*(E576-Inputs!$X$26)","v":-31093.163310793509},-139409.81991966208]
["2001-01-24",1,0,10,-1,-8,55,{"$f":"Inputs!$X$37*Inputs!$X$32*(E577-Inputs!$X$26)","v":-75785.737112293224},{"$f":"Inputs!$X$33*C577*Inputs!$X$38","v":0},{"$f":"params!$C$15*Inputs!$X$29*(E577-Inputs!$X$26)","v":-7873.3852499999985},{"$f":"Inputs!$X$40*Inputs!$X$41/8760","v":5342.4657534246571},{"$f":"-Inputs!$X$45*Inputs!$X$33","v":-30000},566.54310372490409,3.4972595900071069E-3,1.9234927745039087E-3,{"$f":"-L577/(1.202*2465560*MAX(0,(Inputs!$X$49-O577)))","v":1.1154867682347493},{"$f":"params!$C$15*P577*(E577-Inputs!$X$26)","v":-29775.062356301558},-138091.71896517012]
["2001-01-25","01:00:00",0,10,-3,-8,65,{"$f":"Inputs!$X$37*Inputs!$X$32*(E578-Inputs!$X$26)","v":-82640.728408882569},{"$f":"Inputs!$X$33*C578*Inputs!$X$38","v":0},{"$f":"params!$C$15*Inputs!$X$29*(E578-Inputs!$X$26)","v":-8585.5507499999985},{"$f":"Inputs!$X$40*Inputs!$X$41/8760","v":5342.4657534246571},{"$f":"-Inputs!$X$45*Inputs!$X$33","v":-30000},488.73621912146871,3.0146312662847319E-3,1.9595103230850759E-3,{"$f":"-L578/(1.202*2465560*MAX(0,(Inputs!$X$49-O578)))","v":1.1199317390634185},{"$f":"params!$C$15*P578*(E578-Inputs!$X$26)","v":-32597.663088618661},-148481.47649407657]
["2001-01-25","02:00:00",0,10,-2,-8,60,{"$f":"Inputs!$X$37*Inputs!$X$32*(E579-Inputs!$X$26)","v":-79213.232760587896},{"$f":"Inputs!$X$33*C579*Inputs!$X$38","v":0},{"$f":"params!$C$15*Inputs!$X$29*(E579-Inputs!$X$26)","v":-8229.4679999999971},{"$f":"Inputs!$X$40*Inputs!$X$41/8760","v":5342.4657534246571},{"$f":"-Inputs!$X$45*Inputs!$X$33","v":-30000},{"$f":"EXP(77.345+0.0057*(E579+273.15)-7235/(E579+273.15))/(E579+273.15)^8.2","v":526.36516305985776},{"$f":"0.62198*M579/(101325-M579)","v":3.2479468065175691E-3},{"$f":"N579*G579/100","v":1.9487680839105415E-3},{"$f":"-L579/(1.202*2465560*MAX(0,(Inputs!$X$49-O579)))","v":1.1186023231410169},{"$f":"params!$C$15*P579*(E579-Inputs!$X$26)","v":-31208.596060046944},{"$f":"H579+I579+J579+K579+L579+Q579","v":-143308.83106721018}]
["2001-01-25","03:00:00",0,10,-2,-7.4,63,{"$f":"Inputs!$X$37*Inputs!$X$32*(E580-Inputs!$X$26)","v":-79213.232760587896},{"$f":"Inputs!$X$33*C580*Inputs!$X$38","v":0},{"$f":"params!$C$15*Inputs!$X$29*(E580-Inputs!$X$26)","v":-8229.4679999999971},{"$f":"Inputs!$X$40*Inputs!$X$41/8760","v":5342.4657534246571},{"$f":"-Inputs!$X$45*Inputs!$X$33","v":-30000},526.36516305985776,3.2479468065175691E-3,2.0462064881060687E-3,{"$f":"-L580/(1.202*2465560*MAX(0,(Inputs!$X$49-O580)))","v":1.1307776855692291},{"$f":"params!$C$15*P580*(E580-Inputs!$X$26)","v":-31548.284222717462},-143648.51922988071]
["2001-01-25","04:00:00",0,10,-2,-7,65,{"$f":"Inputs!$X$37*Inputs!$X$32*(E581-Inputs!$X$26)","v":-79213.232760587896},{"$f":"Inputs!$X$33*C581*Inputs!$X$38","v":0},{"$f":"params!$C$15*Inputs!$X$29*(E581-Inputs!$X$26)","v":-8229.4679999999971},{"$f":"Inputs!$X$40*Inputs!$X$41/8760","v":5342.4657534246571},{"$f":"-Inputs!$X$45*Inputs!$X$33","v":-30000},526.36516305985776,3.2479468065175691E-3,2.1111654242364202E-3,{"$f":"-L581/(1.202*2465560*MAX(0,(Inputs!$X$49-O581)))","v":1.1390429168295795},{"$f":"params!$C$15*P581*(E581-Inputs!$X$26)","v":-31778.88115463053},-143879.11616179376]
["2001-01-25","05:00:00",0,10,-2,-6,71,{"$f":"Inputs!$X$37*Inputs!$X$32*(E582-Inputs!$X$26)","v":-79213.232760587896},{"$f":"Inputs!$X$33*C582*Inputs!$X$38","v":0},{"$f":"params!$C$15*Inputs!$X$29*(E582-Inputs!$X$26)","v":-8229.4679999999971},{"$f":"Inputs!$X$40*Inputs!$X$41/8760","v":5342.4657534246571},{"$f":"-Inputs!$X$45*Inputs!$X$33","v":-30000},526.36516305985776,3.2479468065175691E-3,2.306042232627474E-3,{"$f":"-L582/(1.202*2465560*MAX(0,(Inputs!$X$49-O582)))","v":1.164579823921092},{"$f":"params!$C$15*P582*(E582-Inputs!$X$26)","v":-32491.351530880136},-144591.58653804337]
["2001-01-25","06:00:00",0,10,-2,-7,65,{"$f":"Inputs!$X$37*Inputs!$X$32*(E583-Inputs!$X$26)","v":-79213.232760587896},{"$f":"Inputs!$X$33*C583*Inputs!$X$38","v":0},{"$f":"params!$C$15*Inputs!$X$29*(E583-Inputs!$X$26)","v":-8229.4679999999971},{"$f":"Inputs!$X$40*Inputs!$X$41/8760","v":5342.4657534246571},{"$f":"-Inputs!$X$45*Inputs!$X$33","v":-30000},526.36516305985776,3.2479468065175691E-3,2.1111654242364202E-3,{"$f":"-L583/(1.202*2465560*MAX(0,(Inputs!$X$49-O583)))","v":1.1390429168295795},{"$f":"params!$C$15*P583*(E583-Inputs!$X$26)","v":-31778.88115463053},-143879.11616179376]
["2001-01-25","07:00:00",0,10,-3,-8,65,{"$f":"Inputs!$X$37*Inputs!$X$32*(E584-Inputs!$X$26)","v":-82640.728408882569},{"$f":"Inputs!$X$33*C584*Inputs!$X$38","v":0},{"$f":"params!$C$15*Inputs!$X$29*(E584-Inputs!$X$26)","v":-8585.5507499999985},{"$f":"Inputs!$X$40*Inputs!$X$41/8760","v":5342.4657534246571},{"$f":"-Inputs!$X$45*Inputs!$X$33","v":-30000},488.73621912146871,3.0146312662847319E-3,1.9595103230850759E-3,{"$f":"-L584/(1.202*2465560*MAX(0,(Inputs!$X$49-O584)))","v":1.1199317390634185},{"$f":"params!$C$15*P584*(E584-Inputs!$X$26)","v":-32597.663088618661},-148481.47649407657]
["2001-01-25","08:00:00",0,10,-3,-8,65,{"$f":"Inputs!$X$37*Inputs!$X$32*(E585-Inputs!$X$26)","v":-82640.728408882569},{"$f":"Inputs!$X$33*C585*Inputs!$X$38","v":0},{"$f":"params!$C$15*Inputs!$X$29*(E585-Inputs!$X$26)","v":-8585.5507499999985},{"$f":"Inputs!$X$40*Inputs!$X$41/8760","v":5342.4657534246571},{"$f":"-Inputs!$X$45*Inputs!$X$33","v":-30000},488.73621912146871,3.0146312662847319E-3,1.9595103230850759E-3,{"$f":"-L585/(1.202*2465560*MAX(0,(Inputs!$X$49-O585)))","v":1.1199317390634185},{"$f":"params!$C$15*P585*(E585-Inputs!$X$26)","v":-32597.663088618661},-148481.47649407657]
["2001-01-25","09:00:00",141,10,-4,-7,77,{"$f":"Inputs!$X$37*Inputs!$X$32*(E586-Inputs!$X$26)","v":-86068.224057177227},{"$f":"Inputs!$X$33*C586*Inputs!$X$38","v":27508.616765298822},{"$f":"params!$C$15*Inputs!$X$29*(E586-Inputs!$X$26)","v":-8941.6334999999981},{"$f":"Inputs!$X$40*Inputs!$X$41/8760","v":5342.4657534246571},{"$f":"-Inputs!$X$45*Inputs!$X$33","v":-30000},453.51532044328405,2.7964043545646504E-3,2.1532313530147808E-3,{"$f":"-L586/(1.202*2465560*MAX(0,(Inputs!$X$49-O586)))","v":1.1444600560619673},{"$f":"params!$C$15*P586*(E586-Inputs!$X$26)","v":-34693.191938907912},-126851.96697736166]
["2001-01-25","10:00:00",233,10,-4,-8,71,{"$f":"Inputs!$X$37*Inputs!$X$32*(E587-Inputs!$X$26)","v":-86068.224057177227},{"$f":"Inputs!$X$33*C587*Inputs!$X$38","v":45457.501463224296},{"$f":"params!$C$15*Inputs!$X$29*(E587-Inputs!$X$26)","v":-8941.6334999999981},{"$f":"Inputs!$X$40*Inputs!$X$41/8760","v":5342.4657534246571},{"$f":"-Inputs!$X$45*Inputs!$X$33","v":-30000},453.51532044328405,2.7964043545646504E-3,1.9854470917409018E-3,{"$f":"-L587/(1.202*2465560*MAX(0,(Inputs!$X$49-O587)))","v":1.1231546311339784},{"$f":"params!$C$15*P587*(E587-Inputs!$X$26)","v":-34047.338732890312},-108257.2290734186]
["2001-01-25","11:00:00",395,10,-4,-10,59,{"$f":"Inputs!$X$37*Inputs!$X$32*(E588-Inputs!$X$26)","v":-86068.224057177227},{"$f":"Inputs!$X$33*C588*Inputs!$X$38","v":77063.146257397413},{"$f":"params!$C$15*Inputs!$X$29*(E588-Inputs!$X$26)","v":-8941.6334999999981},{"$f":"Inputs!$X$40*Inputs!$X$41/8760","v":5342.4657534246571},{"$f":"-Inputs!$X$45*Inputs!$X$33","v":-30000},453.51532044328405,2.7964043545646504E-3,1.6498785691931436E-3,{"$f":"-L588/(1.202*2465560*MAX(0,(Inputs!$X$49-O588)))","v":1.0828381065576416},{"$f":"params!$C$15*P588*(E588-Inputs!$X$26)","v":-32825.182557121763},-75429.428103476908]
["2001-01-25","12:00:00",446,8,-3,-10,55,{"$f":"Inputs!$X$37*Inputs!$X$32*(E589-Inputs!$X$26)","v":-82640.728408882569},{"$f":"Inputs!$X$33*C589*Inputs!$X$38","v":87013.071470377821},{"$f":"params!$C$15*Inputs!$X$29*(E589-Inputs!$X$26)","v":-8585.5507499999985},{"$f":"Inputs!$X$40*Inputs!$X$41/8760","v":5342.4657534246571},{"$f":"-Inputs!$X$45*Inputs!$X$33","v":-30000},488.73621912146871,3.0146312662847319E-3,1.6580471964566027E-3,{"$f":"-L589/(1.202*2465560*MAX(0,(Inputs!$X$49-O589)))","v":1.0837851165938153},{"$f":"params!$C$15*P589*(E589-Inputs!$X$26)","v":-31545.549482086706},-60416.291417166794]
["2001-01-25","13:00:00",491,0,-3,-12,46,{"$f":"Inputs!$X$37*Inputs!$X$32*(E590-Inputs!$X$26)","v":-82640.728408882569},{"$f":"Inputs!$X$33*C590*Inputs!$X$38","v":95792.417246537021},{"$f":"params!$C$15*Inputs!$X$29*(E590-Inputs!$X$26)","v":-8585.5507499999985},{"$f":"Inputs!$X$40*Inputs!$X$41/8760","v":5342.4657534246571},{"$f":"-Inputs!$X$45*Inputs!$X$33","v":-30000},488.73621912146871,3.0146312662847319E-3,1.3867303824909765E-3,{"$f":"-L590/(1.202*2465560*MAX(0,(Inputs!$X$49-O590)))","v":1.0531918282110542},{"$f":"params!$C$15*P590*(E590-Inputs!$X$26)","v":-30655.075828479748},-50746.471987400641]
["2001-01-25","14:00:00",440,0,-3,-12,46,{"$f":"Inputs!$X$37*Inputs!$X$32*(E591-Inputs!$X$26)","v":-82640.728408882569},{"$f":"Inputs!$X$33*C591*Inputs!$X$38","v":85842.492033556598},{"$f":"params!$C$15*Inputs!$X$29*(E591-Inputs!$X$26)","v":-8585.5507499999985},{"$f":"Inputs!$X$40*Inputs!$X$41/8760","v":5342.4657534246571},{"$f":"-Inputs!$X$45*Inputs!$X$33","v":-30000},488.73621912146871,3.0146312662847319E-3,1.3867303824909765E-3,{"$f":"-L591/(1.202*2465560*MAX(0,(Inputs!$X$49-O591)))","v":1.0531918282110542},{"$f":"params!$C$15*P591*(E591-Inputs!$X$26)","v":-30655.075828479748},-60696.397200381063]
["2001-01-25","15:00:00",359,0,-3,-13,42,{"$f":"Inputs!$X$37*Inputs!$X$32*(E592-Inputs!$X$26)","v":-82640.728408882569},{"$f":"Inputs!$X$33*C592*Inputs!$X$38","v":70039.669636470047},{"$f":"params!$C$15*Inputs!$X$29*(E592-Inputs!$X$26)","v":-8585.5507499999985},{"$f":"Inputs!$X$40*Inputs!$X$41/8760","v":5342.4657534246571},{"$f":"-Inputs!$X$45*Inputs!$X$33","v":-30000},488.73621912146871,3.0146312662847319E-3,1.2661451318395874E-3,{"$f":"-L592/(1.202*2465560*MAX(0,(Inputs!$X$49-O592)))","v":1.040142347255024},{"$f":"params!$C$15*P592*(E592-Inputs!$X$26)","v":-30275.246800648321},-76119.390569636191]
["2001-01-25","16:00:00",222,0,-3,-13,42,{"$f":"Inputs!$X$37*Inputs!$X$32*(E593-Inputs!$X$26)","v":-82640.728408882569},{"$f":"Inputs!$X$33*C593*Inputs!$X$38","v":43311.439162385381},{"$f":"params!$C$15*Inputs!$X$29*(E593-Inputs!$X$26)","v":-8585.5507499999985},{"$f":"Inputs!$X$40*Inputs!$X$41/8760","v":5342.4657534246571},{"$f":"-Inputs!$X$45*Inputs!$X$33","v":-30000},488.73621912146871,3.0146312662847319E-3,1.2661451318395874E-3,{"$f":"-L593/(1.202*2465560*MAX(0,(Inputs!$X$49-O593)))","v":1.040142347255024},{"$f":"params!$C$15*P593*(E593-Inputs!$X$26)","v":-30275.246800648321},-102847.62104372085]
["2001-01-25","17:00:00",69,0,-4,-13,45,{"$f":"Inputs!$X$37*Inputs!$X$32*(E594-Inputs!$X$26)","v":-86068.224057177227},{"$f":"Inputs!$X$33*C594*Inputs!$X$38","v":13461.663523444104},{"$f":"params!$C$15*Inputs!$X$29*(E594-Inputs!$X$26)","v":-8941.6334999999981},{"$f":"Inputs!$X$40*Inputs!$X$41/8760","v":5342.4657534246571},{"$f":"-Inputs!$X$45*Inputs!$X$33","v":-30000},453.51532044328405,2.7964043545646504E-3,1.2583819595540927E-3,{"$f":"-L594/(1.202*2465560*MAX(0,(Inputs!$X$49-O594)))","v":1.0393133038331086},{"$f":"params!$C$15*P594*(E594-Inputs!$X$26)","v":-31505.770554031664},-137711.49883434013]
["2001-01-25","18:00:00",0,0,-6,-13,54,{"$f":"Inputs!$X$37*Inputs!$X$32*(E595-Inputs!$X$26)","v":-92923.215353766573},{"$f":"Inputs!$X$33*C595*Inputs!$X$38","v":0},{"$f":"params!$C$15*Inputs!$X$29*(E595-Inputs!$X$26)","v":-9653.7989999999972},{"$f":"Inputs!$X$40*Inputs!$X$41/8760","v":5342.4657534246571},{"$f":"-Inputs!$X$45*Inputs!$X$33","v":-30000},389.76616195693094,2.4018050803048703E-3,1.2969747433646301E-3,{"$f":"-L595/(1.202*2465560*MAX(0,(Inputs!$X$49-O595)))","v":1.043447795372924},{"$f":"params!$C$15*P595*(E595-Inputs!$X$26)","v":-34150.395078435984},-161384.9436787779]
["2001-01-25","19:00:00",0,0,-7,-13,59,{"$f":"Inputs!$X$37*Inputs!$X$32*(E596-Inputs!$X$26)","v":-96350.711002061245},{"$f":"Inputs!$X$33*C596*Inputs!$X$38","v":0},{"$f":"params!$C$15*Inputs!$X$29*(E596-Inputs!$X$26)","v":-10009.881749999997},{"$f":"Inputs!$X$40*Inputs!$X$41/8760","v":5342.4657534246571},{"$f":"-Inputs!$X$45*Inputs!$X$33","v":-30000},360.98762153500678,2.2238327850987206E-3,1.312061343208245E-3,{"$f":"-L596/(1.202*2465560*MAX(0,(Inputs!$X$49-O596)))","v":1.0450729979881839},{"$f":"params!$C$15*P596*(E596-Inputs!$X$26)","v":-35465.193045897053},-166483.32004453364]
["2001-01-25","20:00:00",0,0,-8,-13,64,{"$f":"Inputs!$X$37*Inputs!$X$32*(E597-Inputs!$X$26)","v":-99778.206650355904},{"$f":"Inputs!$X$33*C597*Inputs!$X$38","v":0},{"$f":"params!$C$15*Inputs!$X$29*(E597-Inputs!$X$26)","v":-10365.964499999998},{"$f":"Inputs!$X$40*Inputs!$X$41/8760","v":5342.4657534246571},{"$f":"-Inputs!$X$45*Inputs!$X$33","v":-30000},334.1161188582924,2.0577455669371189E-3,1.3169571628397561E-3,{"$f":"-L597/(1.202*2465560*MAX(0,(Inputs!$X$49-O597)))","v":1.045601488284549},{"$f":"params!$C$15*P597*(E597-Inputs!$X$26)","v":-36745.373337171586},-171547.07873410286]
["2001-01-25","21:00:00",0,10,-7,-12,64,{"$f":"Inputs!$X$37*Inputs!$X$32*(E598-Inputs!$X$26)","v":-96350.711002061245},{"$f":"Inputs!$X$33*C598*Inputs!$X$38","v":0},{"$f":"params!$C$15*Inputs!$X$29*(E598-Inputs!$X$26)","v":-10009.881749999997},{"$f":"Inputs!$X$40*Inputs!$X$41/8760","v":5342.4657534246571},{"$f":"-Inputs!$X$45*Inputs!$X$33","v":-30000},360.98762153500678,2.2238327850987206E-3,1.4232529824631812E-3,{"$f":"-L598/(1.202*2465560*MAX(0,(Inputs!$X$49-O598)))","v":1.0572090780270629},{"$f":"params!$C$15*P598*(E598-Inputs!$X$26)","v":-35877.038364097658},-166895.16536273426]
["2001-01-25","22:00:00",0,4,-9,-12,77,{"$f":"Inputs!$X$37*Inputs!$X$32*(E599-Inputs!$X$26)","v":-103205.70229865058},{"$f":"Inputs!$X$33*C599*Inputs!$X$38","v":0},{"$f":"params!$C$15*Inputs!$X$29*(E599-Inputs!$X$26)","v":-10722.047249999998},{"$f":"Inputs!$X$40*Inputs!$X$41/8760","v":5342.4657534246571},{"$f":"-Inputs!$X$45*Inputs!$X$33","v":-30000},309.04098596033037,1.902841039413297E-3,1.4651876003482387E-3,{"$f":"-L599/(1.202*2465560*MAX(0,(Inputs!$X$49-O599)))","v":1.0618595759011065},{"$f":"params!$C$15*P599*(E599-Inputs!$X$26)","v":-38598.600547008595},-177183.88434223452]
["2001-01-25","23:00:00",0,10,-8,-11,77,{"$f":"Inputs!$X$37*Inputs!$X$32*(E600-Inputs!$X$26)","v":-99778.206650355904},{"$f":"Inputs!$X$33*C600*Inputs!$X$38","v":0},{"$f":"params!$C$15*Inputs!$X$29*(E600-Inputs!$X$26)","v":-10365.964499999998},{"$f":"Inputs!$X$40*Inputs!$X$41/8760","v":5342.4657534246571},{"$f":"-Inputs!$X$45*Inputs!$X$33","v":-30000},334.1161188582924,2.0577455669371189E-3,1.5844640865415815E-3,{"$f":"-L600/(1.202*2465560*MAX(0,(Inputs!$X$49-O600)))","v":1.0753137145194454},{"$f":"params!$C$15*P600*(E600-Inputs!$X$26)","v":-37789.544427125744},-172591.24982405701]
["2001-01-25",1,0,10,-7,-11,70,{"$f":"Inputs!$X$37*Inputs!$X$32*(E601-Inputs!$X$26)","v":-96350.711002061245},{"$f":"Inputs!$X$33*C601*Inputs!$X$38","v":0},{"$f":"params!$C$15*Inputs!$X$29*(E601-Inputs!$X$26)","v":-10009.881749999997},{"$f":"Inputs!$X$40*Inputs!$X$41/8760","v":5342.4657534246571},{"$f":"-Inputs!$X$45*Inputs!$X$33","v":-30000},360.98762153500678,2.2238327850987206E-3,1.5566829495691045E-3,{"$f":"-L601/(1.202*2465560*MAX(0,(Inputs!$X$49-O601)))","v":1.0721496931008569},{"$f":"params!$C$15*P601*(E601-Inputs!$X$26)","v":-36384.057298503743},-167402.18429714034]
["2001-01-26","01:00:00",0,10,-7,-11,70,{"$f":"Inputs!$X$37*Inputs!$X$32*(E602-Inputs!$X$26)","v":-96350.711002061245},{"$f":"Inputs!$X$33*C602*Inputs!$X$38","v":0},{"$f":"params!$C$15*Inputs!$X$29*(E602-Inputs!$X$26)","v":-10009.881749999997},{"$f":"Inputs!$X$40*Inputs!$X$41/8760","v":5342.4657534246571},{"$f":"-Inputs!$X$45*Inputs!$X$33","v":-30000},360.98762153500678,2.2238327850987206E-3,1.5566829495691045E-3,{"$f":"-L602/(1.202*2465560*MAX(0,(Inputs!$X$49-O602)))","v":1.0721496931008569},{"$f":"params!$C$15*P602*(E602-Inputs!$X$26)","v":-36384.057298503743},-167402.18429714034]
["2001-01-26","02:00:00",0,10,-7,-11,70,{"$f":"Inputs!$X$37*Inputs!$X$32*(E603-Inputs!$X$26)","v":-96350.711002061245},{"$f":"Inputs!$X$33*C603*Inputs!$X$38","v":0},{"$f":"params!$C$15*Inputs!$X$29*(E603-Inputs!$X$26)","v":-10009.881749999997},{"$f":"Inputs!$X$40*Inputs!$X$41/8760","v":5342.4657534246571},{"$f":"-Inputs!$X$45*Inputs!$X$33","v":-30000},360.98762153500678,2.2238327850987206E-3,1.5566829495691045E-3,{"$f":"-L603/(1.202*2465560*MAX(0,(Inputs!$X$49-O603)))","v":1.0721496931008569},{"$f":"params!$C$15*P603*(E603-Inputs!$X$26)","v":-36384.057298503743},-167402.18429714034]
["2001-01-26","03:00:00",0,10,-8,-10,84,{"$f":"Inputs!$X$37*Inputs!$X$32*(E604-Inputs!$X$26)","v":-99778.206650355904},{"$f":"Inputs!$X$33*C604*Inputs!$X$38","v":0},{"$f":"params!$C$15*Inputs!$X$29*(E604-Inputs!$X$26)","v":-10365.964499999998},{"$f":"Inputs!$X$40*Inputs!$X$41/8760","v":5342.4657534246571},{"$f":"-Inputs!$X$45*Inputs!$X$33","v":-30000},334.1161188582924,2.0577455669371189E-3,1.7285062762271799E-3,{"$f":"-L604/(1.202*2465560*MAX(0,(Inputs!$X$49-O604)))","v":1.0920229060161399},{"$f":"params!$C$15*P604*(E604-Inputs!$X$26)","v":-38376.752351547941},-173178.45774847921]
["2001-01-26","04:00:00",0,10,-7,-10,77,{"$f":"Inputs!$X$37*Inputs!$X$32*(E605-Inputs!$X$26)","v":-96350.711002061245},{"$f":"Inputs!$X$33*C605*Inputs!$X$38","v":0},{"$f":"params!$C$15*Inputs!$X$29*(E605-Inputs!$X$26)","v":-10009.881749999997},{"$f":"Inputs!$X$40*Inputs!$X$41/8760","v":5342.4657534246571},{"$f":"-Inputs!$X$45*Inputs!$X$33","v":-30000},360.98762153500678,2.2238327850987206E-3,1.7123512445260151E-3,{"$f":"-L605/(1.202*2465560*MAX(0,(Inputs!$X$49-O605)))","v":1.090123079758502},{"$f":"params!$C$15*P605*(E605-Inputs!$X$26)","v":-36993.995196362564},-168012.12219499916]
["2001-01-26","05:00:00",0,10,-7,-11,70,{"$f":"Inputs!$X$37*Inputs!$X$32*(E606-Inputs!$X$26)","v":-96350.711002061245},{"$f":"Inputs!$X$33*C606*Inputs!$X$38","v":0},{"$f":"params!$C$15*Inputs!$X$29*(E606-Inputs!$X$26)","v":-10009.881749999997},{"$f":"Inputs!$X$40*Inputs!$X$41/8760","v":5342.4657534246571},{"$f":"-Inputs!$X$45*Inputs!$X$33","v":-30000},360.98762153500678,2.2238327850987206E-3,1.5566829495691045E-3,{"$f":"-L606/(1.202*2465560*MAX(0,(Inputs!$X$49-O606)))","v":1.0721496931008569},{"$f":"params!$C$15*P606*(E606-Inputs!$X$26)","v":-36384.057298503743},-167402.18429714034]
["2001-01-26","06:00:00",0,10,-7,-11,70,{"$f":"Inputs!$X$37*Inputs!$X$32*(E607-Inputs!$X$26)","v":-96350.711002061245},{"$f":"Inputs!$X$33*C607*Inputs!$X$38","v":0},{"$f":"params!$C$15*Inputs!$X$29*(E607-Inputs!$X$26)","v":-10009.881749999997},{"$f":"Inputs!$X$40*Inputs!$X$41/8760","v":5342.4657534246571},{"$f":"-Inputs!$X$45*Inputs!$X$33","v":-30000},360.98762153500678,2.2238327850987206E-3,1.5566829495691045E-3,{"$f":"-L607/(1.202*2465560*MAX(0,(Inputs!$X$49-O607)))","v":1.0721496931008569},{"$f":"params!$C$15*P607*(E607-Inputs!$X$26)","v":-36384.057298503743},-167402.18429714034]
["2001-01-26","07:00:00",0,10,-7,-11,70,{"$f":"Inputs!$X$37*Inputs!$X$32*(E608-Inputs!$X$26)","v":-96350.711002061245},{"$f":"Inputs!$X$33*C608*Inputs!$X$38","v":0},{"$f":"params!$C$15*Inputs!$X$29*(E608-Inputs!$X$26)","v":-10009.881749999997},{"$f":"Inputs!$X$40*Inputs!$X$41/8760","v":5342.4657534246571},{"$f":"-Inputs!$X$45*Inputs!$X$33","v":-30000},360.98762153500678,2.2238327850987206E-3,1.5566829495691045E-3,{"$f":"-L608/(1.202*2465560*MAX(0,(Inputs!$X$49-O608)))","v":1.0721496931008569},{"$f":"params!$C$15*P608*(E608-Inputs!$X$26)","v":-36384.057298503743},-167402.18429714034]
["2001-01-26","08:00:00",1,0,-9,-12,77,{"$f":"Inputs!$X$37*Inputs!$X$32*(E609-Inputs!$X$26)","v":-103205.70229865058},{"$f":"Inputs!$X$33*C609*Inputs!$X$38","v":195.09657280353773},{"$f":"params!$C$15*Inputs!$X$29*(E609-Inputs!$X$26)","v":-10722.047249999998},{"$f":"Inputs!$X$40*Inputs!$X$41/8760","v":5342.4657534246571},{"$f":"-Inputs!$X$45*Inputs!$X$33","v":-30000},309.04098596033037,1.902841039413297E-3,1.4651876003482387E-3,{"$f":"-L609/(1.202*2465560*MAX(0,(Inputs!$X$49-O609)))","v":1.0618595759011065},{"$f":"params!$C$15*P609*(E609-Inputs!$X$26)","v":-38598.600547008595},-176988.78776943099]
["2001-01-26","09:00:00",139,0,-7,-11,70,{"$f":"Inputs!$X$37*Inputs!$X$32*(E610-Inputs!$X$26)","v":-96350.711002061245},{"$f":"Inputs!$X$33*C610*Inputs!$X$38","v":27118.423619691745},{"$f":"params!$C$15*Inputs!$X$29*(E610-Inputs!$X$26)","v":-10009.881749999997},{"$f":"Inputs!$X$40*Inputs!$X$41/8760","v":5342.4657534246571},{"$f":"-Inputs!$X$45*Inputs!$X$33","v":-30000},360.98762153500678,2.2238327850987206E-3,1.5566829495691045E-3,{"$f":"-L610/(1.202*2465560*MAX(0,(Inputs!$X$49-O610)))","v":1.0721496931008569},{"$f":"params!$C$15*P610*(E610-Inputs!$X$26)","v":-36384.057298503743},-140283.76067744859]
["2001-01-26","10:00:00",282,1,-6,-11,64,{"$f":"Inputs!$X$37*Inputs!$X$32*(E611-Inputs!$X$26)","v":-92923.215353766573},{"$f":"Inputs!$X$33*C611*Inputs!$X$38","v":55017.233530597645},{"$f":"params!$C$15*Inputs!$X$29*(E611-Inputs!$X$26)","v":-9653.7989999999972},{"$f":"Inputs!$X$40*Inputs!$X$41/8760","v":5342.4657534246571},{"$f":"-Inputs!$X$45*Inputs!$X$33","v":-30000},389.76616195693094,2.4018050803048703E-3,1.5371552513951171E-3,{"$f":"-L611/(1.202*2465560*MAX(0,(Inputs!$X$49-O611)))","v":1.0699367849567183},{"$f":"params!$C$15*P611*(E611-Inputs!$X$26)","v":-35017.337788484881},-107234.65285822915]
["2001-01-26","11:00:00",389,1,-4,-11,54,{"$f":"Inputs!$X$37*Inputs!$X$32*(E612-Inputs!$X$26)","v":-86068.224057177227},{"$f":"Inputs!$X$33*C612*Inputs!$X$38","v":75892.566820576176},{"$f":"params!$C$15*Inputs!$X$29*(E612-Inputs!$X$26)","v":-8941.6334999999981},{"$f":"Inputs!$X$40*Inputs!$X$41/8760","v":5342.4657534246571},{"$f":"-Inputs!$X$45*Inputs!$X$33","v":-30000},453.51532044328405,2.7964043545646504E-3,1.5100583514649113E-3,{"$f":"-L612/(1.202*2465560*MAX(0,(Inputs!$X$49-O612)))","v":1.0668812125287519},{"$f":"params!$C$15*P612*(E612-Inputs!$X$26)","v":-32341.464856044466},-76116.289839220859]
["2001-01-26","12:00:00",471,0,-3,-11,50,{"$f":"Inputs!$X$37*Inputs!$X$32*(E613-Inputs!$X$26)","v":-82640.728408882569},{"$f":"Inputs!$X$33*C613*Inputs!$X$38","v":91890.485790466264},{"$f":"params!$C$15*Inputs!$X$29*(E613-Inputs!$X$26)","v":-8585.5507499999985},{"$f":"Inputs!$X$40*Inputs!$X$41/8760","v":5342.4657534246571},{"$f":"-Inputs!$X$45*Inputs!$X$33","v":-30000},488.73621912146871,3.0146312662847319E-3,1.507315633142366E-3,{"$f":"-L613/(1.202*2465560*MAX(0,(Inputs!$X$49-O613)))","v":1.0665729032396543},{"$f":"params!$C$15*P613*(E613-Inputs!$X$26)","v":-31044.55650871354},-55037.884123705182]
["2001-01-26","13:00:00",473,4,-2,-11,46,{"$f":"Inputs!$X$37*Inputs!$X$32*(E614-Inputs!$X$26)","v":-79213.232760587896},{"$f":"Inputs!$X$33*C614*Inputs!$X$38","v":92280.678936073353},{"$f":"params!$C$15*Inputs!$X$29*(E614-Inputs!$X$26)","v":-8229.4679999999971},{"$f":"Inputs!$X$40*Inputs!$X$41/8760","v":5342.4657534246571},{"$f":"-Inputs!$X$45*Inputs!$X$33","v":-30000},526.36516305985776,3.2479468065175691E-3,1.4940555309980819E-3,{"$f":"-L614/(1.202*2465560*MAX(0,(Inputs!$X$49-O614)))","v":1.0650848433563447},{"$f":"params!$C$15*P614*(E614-Inputs!$X$26)","v":-29715.477930217159},-49535.034001307038]
["2001-01-26","14:00:00",440,7,-1,-11,42,{"$f":"Inputs!$X$37*Inputs!$X$32*(E615-Inputs!$X$26)","v":-75785.737112293224},{"$f":"Inputs!$X$33*C615*Inputs!$X$38","v":85842.492033556598},{"$f":"params!$C$15*Inputs!$X$29*(E615-Inputs!$X$26)","v":-7873.3852499999985},{"$f":"Inputs!$X$40*Inputs!$X$41/8760","v":5342.4657534246571},{"$f":"-Inputs!$X$45*Inputs!$X$33","v":-30000},566.54310372490409,3.4972595900071069E-3,1.4688490278029851E-3,{"$f":"-L615/(1.202*2465560*MAX(0,(Inputs!$X$49-O615)))","v":1.0622675665713099},{"$f":"params!$C$15*P615*(E615-Inputs!$X$26)","v":-28354.512069910332},-50828.676645222295]
["2001-01-26","15:00:00",205,8,-1,-10,46,{"$f":"Inputs!$X$37*Inputs!$X$32*(E616-Inputs!$X$26)","v":-75785.737112293224},{"$f":"Inputs!$X$33*C616*Inputs!$X$38","v":39994.797424725235},{"$f":"params!$C$15*Inputs!$X$29*(E616-Inputs!$X$26)","v":-7873.3852499999985},{"$f":"Inputs!$X$40*Inputs!$X$41/8760","v":5342.4657534246571},{"$f":"-Inputs!$X$45*Inputs!$X$33","v":-30000},566.54310372490409,3.4972595900071069E-3,1.6087394114032692E-3,{"$f":"-L616/(1.202*2465560*MAX(0,(Inputs!$X$49-O616)))","v":1.0780937834599384},{"$f":"params!$C$15*P616*(E616-Inputs!$X$26)","v":-28776.952396539204},-97098.811580682537]
["2001-01-26","16:00:00",137,9,-1,-10,46,{"$f":"Inputs!$X$37*Inputs!$X$32*(E617-Inputs!$X$26)","v":-75785.737112293224},{"$f":"Inputs!$X$33*C617*Inputs!$X$38","v":26728.230474084674},{"$f":"params!$C$15*Inputs!$X$29*(E617-Inputs!$X$26)","v":-7873.3852499999985},{"$f":"Inputs!$X$40*Inputs!$X$41/8760","v":5342.4657534246571},{"$f":"-Inputs!$X$45*Inputs!$X$33","v":-30000},566.54310372490409,3.4972595900071069E-3,1.6087394114032692E-3,{"$f":"-L617/(1.202*2465560*MAX(0,(Inputs!$X$49-O617)))","v":1.0780937834599384},{"$f":"params!$C$15*P617*(E617-Inputs!$X$26)","v":-28776.952396539204},-110365.37853132309]
["2001-01-26","17:00:00",41,10,-1,-10,46,{"$f":"Inputs!$X$37*Inputs!$X$32*(E618-Inputs!$X$26)","v":-75785.737112293224},{"$f":"Inputs!$X$33*C618*Inputs!$X$38","v":7998.9594849450468},{"$f":"params!$C$15*Inputs!$X$29*(E618-Inputs!$X$26)","v":-7873.3852499999985},{"$f":"Inputs!$X$40*Inputs!$X$41/8760","v":5342.4657534246571},{"$f":"-Inputs!$X$45*Inputs!$X$33","v":-30000},566.54310372490409,3.4972595900071069E-3,1.6087394114032692E-3,{"$f":"-L618/(1.202*2465560*MAX(0,(Inputs!$X$49-O618)))","v":1.0780937834599384},{"$f":"params!$C$15*P618*(E618-Inputs!$X$26)","v":-28776.952396539204},-129094.64952046271]
["2001-01-26","18:00:00",0,10,-1,-9,50,{"$f":"Inputs!$X$37*Inputs!$X$32*(E619-Inputs!$X$26)","v":-75785.737112293224},{"$f":"Inputs!$X$33*C619*Inputs!$X$38","v":0},{"$f":"params!$C$15*Inputs!$X$29*(E619-Inputs!$X$26)","v":-7873.3852499999985},{"$f":"Inputs!$X$40*Inputs!$X$41/8760","v":5342.4657534246571},{"$f":"-Inputs!$X$45*Inputs!$X$33","v":-30000},566.54310372490409,3.4972595900071069E-3,1.7486297950035535E-3,{"$f":"-L619/(1.202*2465560*MAX(0,(Inputs!$X$49-O619)))","v":1.0943987068543486},{"$f":"params!$C$15*P619*(E619-Inputs!$X$26)","v":-29212.170567303838},-137528.8271761724]
["2001-01-26","19:00:00",0,9,-1,-9,50,{"$f":"Inputs!$X$37*Inputs!$X$32*(E620-Inputs!$X$26)","v":-75785.737112293224},{"$f":"Inputs!$X$33*C620*Inputs!$X$38","v":0},{"$f":"params!$C$15*Inputs!$X$29*(E620-Inputs!$X$26)","v":-7873.3852499999985},{"$f":"Inputs!$X$40*Inputs!$X$41/8760","v":5342.4657534246571},{"$f":"-Inputs!$X$45*Inputs!$X$33","v":-30000},566.54310372490409,3.4972595900071069E-3,1.7486297950035535E-3,{"$f":"-L620/(1.202*2465560*MAX(0,(Inputs!$X$49-O620)))","v":1.0943987068543486},{"$f":"params!$C$15*P620*(E620-Inputs!$X$26)","v":-29212.170567303838},-137528.8271761724]
["2001-01-26","20:00:00",0,10,-1,-9,50,{"$f":"Inputs!$X$37*Inputs!$X$32*(E621-Inputs!$X$26)","v":-75785.737112293224},{"$f":"Inputs!$X$33*C621*Inputs!$X$38","v":0},{"$f":"params!$C$15*Inputs!$X$29*(E621-Inputs!$X$26)","v":-7873.3852499999985},{"$f":"Inputs!$X$40*Inputs!$X$41/8760","v":5342.4657534246571},{"$f":"-Inputs!$X$45*Inputs!$X$33","v":-30000},566.54310372490409,3.4972595900071069E-3,1.7486297950035535E-3,{"$f":"-L621/(1.202*2465560*MAX(0,(Inputs!$X$49-O621)))","v":1.0943987068543486},{"$f":"params!$C$15*P621*(E621-Inputs!$X$26)","v":-29212.170567303838},-137528.8271761724]
["2001-01-26","21:00:00",0,10,-1,-10,46,{"$f":"Inputs!$X$37*Inputs!$X$32*(E622-Inputs!$X$26)","v":-75785.737112293224},{"$f":"Inputs!$X$33*C622*Inputs!$X$38","v":0},{"$f":"params!$C$15*Inputs!$X$29*(E622-Inputs!$X$26)","v":-7873.3852499999985},{"$f":"Inputs!$X$40*Inputs!$X$41/8760","v":5342.4657534246571},{"$f":"-Inputs!$X$45*Inputs!$X$33","v":-30000},566.54310372490409,3.4972595900071069E-3,1.6087394114032692E-3,{"$f":"-L622/(1.202*2465560*MAX(0,(Inputs!$X$49-O622)))","v":1.0780937834599384},{"$f":"params!$C$15*P622*(E622-Inputs!$X$26)","v":-28776.952396539204},-137093.60900540778]
["2001-01-26","22:00:00",0,10,-1,-9,50,{"$f":"Inputs!$X$37*Inputs!$X$32*(E623-Inputs!$X$26)","v":-75785.737112293224},{"$f":"Inputs!$X$33*C623*Inputs!$X$38","v":0},{"$f":"params!$C$15*Inputs!$X$29*(E623-Inputs!$X$26)","v":-7873.3852499999985},{"$f":"Inputs!$X$40*Inputs!$X$41/8760","v":5342.4657534246571},{"$f":"-Inputs!$X$45*Inputs!$X$33","v":-30000},566.54310372490409,3.4972595900071069E-3,1.7486297950035535E-3,{"$f":"-L623/(1.202*2465560*MAX(0,(Inputs!$X$49-O623)))","v":1.0943987068543486},{"$f":"params!$C$15*P623*(E623-Inputs!$X$26)","v":-29212.170567303838},-137528.8271761724]
["2001-01-26","23:00:00",0,10,-2,-6,71,{"$f":"Inputs!$X$37*Inputs!$X$32*(E624-Inputs!$X$26)","v":-79213.232760587896},{"$f":"Inputs!$X$33*C624*Inputs!$X$38","v":0},{"$f":"params!$C$15*Inputs!$X$29*(E624-Inputs!$X$26)","v":-8229.4679999999971},{"$f":"Inputs!$X$40*Inputs!$X$41/8760","v":5342.4657534246571},{"$f":"-Inputs!$X$45*Inputs!$X$33","v":-30000},526.36516305985776,3.2479468065175691E-3,2.306042232627474E-3,{"$f":"-L624/(1.202*2465560*MAX(0,(Inputs!$X$49-O624)))","v":1.164579823921092},{"$f":"params!$C$15*P624*(E624-Inputs!$X$26)","v":-32491.351530880136},-144591.58653804337]
["2001-01-26",1,0,10,-2,-5,78,{"$f":"Inputs!$X$37*Inputs!$X$32*(E625-Inputs!$X$26)","v":-79213.232760587896},{"$f":"Inputs!$X$33*C625*Inputs!$X$38","v":0},{"$f":"params!$C$15*Inputs!$X$29*(E625-Inputs!$X$26)","v":-8229.4679999999971},{"$f":"Inputs!$X$40*Inputs!$X$41/8760","v":5342.4657534246571},{"$f":"-Inputs!$X$45*Inputs!$X$33","v":-30000},526.36516305985776,3.2479468065175691E-3,2.5333985090837041E-3,{"$f":"-L625/(1.202*2465560*MAX(0,(Inputs!$X$49-O625)))","v":1.1958589755842766},{"$f":"params!$C$15*P625*(E625-Inputs!$X$26)","v":-33364.02843236929},-145464.26343953254]
["2001-01-27","01:00:00",0,10,-1,-7,60,{"$f":"Inputs!$X$37*Inputs!$X$32*(E626-Inputs!$X$26)","v":-75785.737112293224},{"$f":"Inputs!$X$33*C626*Inputs!$X$38","v":0},{"$f":"params!$C$15*Inputs!$X$29*(E626-Inputs!$X$26)","v":-7873.3852499999985},{"$f":"Inputs!$X$40*Inputs!$X$41/8760","v":5342.4657534246571},{"$f":"-Inputs!$X$45*Inputs!$X$33","v":-30000},566.54310372490409,3.4972595900071069E-3,2.0983557540042641E-3,{"$f":"-L626/(1.202*2465560*MAX(0,(Inputs!$X$49-O626)))","v":1.1374034924718157},{"$f":"params!$C$15*P626*(E626-Inputs!$X$26)","v":-30360.073177933456},-138676.72978680203]
["2001-01-27","02:00:00",0,10,-2,-6,71,{"$f":"Inputs!$X$37*Inputs!$X$32*(E627-Inputs!$X$26)","v":-79213.232760587896},{"$f":"Inputs!$X$33*C627*Inputs!$X$38","v":0},{"$f":"params!$C$15*Inputs!$X$29*(E627-Inputs!$X$26)","v":-8229.4679999999971},{"$f":"Inputs!$X$40*Inputs!$X$41/8760","v":5342.4657534246571},{"$f":"-Inputs!$X$45*Inputs!$X$33","v":-30000},526.36516305985776,3.2479468065175691E-3,2.306042232627474E-3,{"$f":"-L627/(1.202*2465560*MAX(0,(Inputs!$X$49-O627)))","v":1.164579823921092},{"$f":"params!$C$15*P627*(E627-Inputs!$X$26)","v":-32491.351530880136},-144591.58653804337]
["2001-01-27","03:00:00",0,10,-2,-5,78,{"$f":"Inputs!$X$37*Inputs!$X$32*(E628-Inputs!$X$26)","v":-79213.232760587896},{"$f":"Inputs!$X$33*C628*Inputs!$X$38","v":0},{"$f":"params!$C$15*Inputs!$X$29*(E628-Inputs!$X$26)","v":-8229.4679999999971},{"$f":"Inputs!$X$40*Inputs!$X$41/8760","v":5342.4657534246571},{"$f":"-Inputs!$X$45*Inputs!$X$33","v":-30000},526.36516305985776,3.2479468065175691E-3,2.5333985090837041E-3,{"$f":"-L628/(1.202*2465560*MAX(0,(Inputs!$X$49-O628)))","v":1.1958589755842766},{"$f":"params!$C$15*P628*(E628-Inputs!$X$26)","v":-33364.02843236929},-145464.26343953254]
["2001-01-27","04:00:00",0,10,-2,-5,78,{"$f":"Inputs!$X$37*Inputs!$X$32*(E629-Inputs!$X$26)","v":-79213.232760587896},{"$f":"Inputs!$X$33*C629*Inputs!$X$38","v":0},{"$f":"params!$C$15*Inputs!$X$29*(E629-Inputs!$X$26)","v":-8229.4679999999971},{"$f":"Inputs!$X$40*Inputs!$X$41/8760","v":5342.4657534246571},{"$f":"-Inputs!$X$45*Inputs!$X$33","v":-30000},526.36516305985776,3.2479468065175691E-3,2.5333985090837041E-3,{"$f":"-L629/(1.202*2465560*MAX(0,(Inputs!$X$49-O629)))","v":1.1958589755842766},{"$f":"params!$C$15*P629*(E629-Inputs!$X$26)","v":-33364.02843236929},-145464.26343953254]
["2001-01-27","05:00:00",0,10,-3,-4,92,{"$f":"Inputs!$X$37*Inputs!$X$32*(E630-Inputs!$X$26)","v":-82640.728408882569},{"$f":"Inputs!$X$33*C630*Inputs!$X$38","v":0},{"$f":"params!$C$15*Inputs!$X$29*(E630-Inputs!$X$26)","v":-8585.5507499999985},{"$f":"Inputs!$X$40*Inputs!$X$41/8760","v":5342.4657534246571},{"$f":"-Inputs!$X$45*Inputs!$X$33","v":-30000},488.73621912146871,3.0146312662847319E-3,2.7734607649819529E-3,{"$f":"-L630/(1.202*2465560*MAX(0,(Inputs!$X$49-O630)))","v":1.2307631296121513},{"$f":"params!$C$15*P630*(E630-Inputs!$X$26)","v":-35823.613566432665},-151707.42697189059]
["2001-01-27","06:00:00",0,10,-3,-4,92,{"$f":"Inputs!$X$37*Inputs!$X$32*(E631-Inputs!$X$26)","v":-82640.728408882569},{"$f":"Inputs!$X$33*C631*Inputs!$X$38","v":0},{"$f":"params!$C$15*Inputs!$X$29*(E631-Inputs!$X$26)","v":-8585.5507499999985},{"$f":"Inputs!$X$40*Inputs!$X$41/8760","v":5342.4657534246571},{"$f":"-Inputs!$X$45*Inputs!$X$33","v":-30000},488.73621912146871,3.0146312662847319E-3,2.7734607649819529E-3,{"$f":"-L631/(1.202*2465560*MAX(0,(Inputs!$X$49-O631)))","v":1.2307631296121513},{"$f":"params!$C$15*P631*(E631-Inputs!$X$26)","v":-35823.613566432665},-151707.42697189059]
["2001-01-27","07:00:00",0,10,-3,-4,92,{"$f":"Inputs!$X$37*Inputs!$X$32*(E632-Inputs!$X$26)","v":-82640.728408882569},{"$f":"Inputs!$X$33*C632*Inputs!$X$38","v":0},{"$f":"params!$C$15*Inputs!$X$29*(E632-Inputs!$X$26)","v":-8585.5507499999985},{"$f":"Inputs!$X$40*Inputs!$X$41/8760","v":5342.4657534246571},{"$f":"-Inputs!$X$45*Inputs!$X$33","v":-30000},488.73621912146871,3.0146312662847319E-3,2.7734607649819529E-3,{"$f":"-L632/(1.202*2465560*MAX(0,(Inputs!$X$49-O632)))","v":1.2307631296121513},{"$f":"params!$C$15*P632*(E632-Inputs!$X$26)","v":-35823.613566432665},-151707.42697189059]
["2001-01-27","08:00:00",0,10,-3,-4,92,{"$f":"Inputs!$X$37*Inputs!$X$32*(E633-Inputs!$X$26)","v":-82640.728408882569},{"$f":"Inputs!$X$33*C633*Inputs!$X$38","v":0},{"$f":"params!$C$15*Inputs!$X$29*(E633-Inputs!$X$26)","v":-8585.5507499999985},{"$f":"Inputs!$X$40*Inputs!$X$41/8760","v":5342.4657534246571},{"$f":"-Inputs!$X$45*Inputs!$X$33","v":-30000},488.73621912146871,3.0146312662847319E-3,2.7734607649819529E-3,{"$f":"-L633/(1.202*2465560*MAX(0,(Inputs!$X$49-O633)))","v":1.2307631296121513},{"$f":"params!$C$15*P633*(E633-Inputs!$X$26)","v":-35823.613566432665},-151707.42697189059]
["2001-01-27","09:00:00",46,10,-2,-3,92,{"$f":"Inputs!$X$37*Inputs!$X$32*(E634-Inputs!$X$26)","v":-79213.232760587896},{"$f":"Inputs!$X$33*C634*Inputs!$X$38","v":8974.4423489627352},{"$f":"params!$C$15*Inputs!$X$29*(E634-Inputs!$X$26)","v":-8229.4679999999971},{"$f":"Inputs!$X$40*Inputs!$X$41/8760","v":5342.4657534246571},{"$f":"-Inputs!$X$45*Inputs!$X$33","v":-30000},526.36516305985776,3.2479468065175691E-3,2.9881110619961637E-3,{"$f":"-L634/(1.202*2465560*MAX(0,(Inputs!$X$49-O634)))","v":1.2637441367468178},{"$f":"params!$C$15*P634*(E634-Inputs!$X$26)","v":-35257.999622455805},-138383.79228065631]
["2001-01-27","10:00:00",225,10,-2,-3,92,{"$f":"Inputs!$X$37*Inputs!$X$32*(E635-Inputs!$X$26)","v":-79213.232760587896},{"$f":"Inputs!$X$33*C635*Inputs!$X$38","v":43896.728880795992},{"$f":"params!$C$15*Inputs!$X$29*(E635-Inputs!$X$26)","v":-8229.4679999999971},{"$f":"Inputs!$X$40*Inputs!$X$41/8760","v":5342.4657534246571},{"$f":"-Inputs!$X$45*Inputs!$X$33","v":-30000},526.36516305985776,3.2479468065175691E-3,2.9881110619961637E-3,{"$f":"-L635/(1.202*2465560*MAX(0,(Inputs!$X$49-O635)))","v":1.2637441367468178},{"$f":"params!$C$15*P635*(E635-Inputs!$X$26)","v":-35257.999622455805},-103461.50574882305]
["2001-01-27","11:00:00",181,10,0,-3,78,{"$f":"Inputs!$X$37*Inputs!$X$32*(E636-Inputs!$X$26)","v":-72358.241463998565},{"$f":"Inputs!$X$33*C636*Inputs!$X$38","v":35312.479677440329},{"$f":"params!$C$15*Inputs!$X$29*(E636-Inputs!$X$26)","v":-7517.302499999998},{"$f":"Inputs!$X$40*Inputs!$X$41/8760","v":5342.4657534246571},{"$f":"-Inputs!$X$45*Inputs!$X$33","v":-30000},609.41773586642103,3.7635253138895938E-3,2.9355497448338829E-3,{"$f":"-L636/(1.202*2465560*MAX(0,(Inputs!$X$49-O636)))","v":1.2555057365744386},{"$f":"params!$C$15*P636*(E636-Inputs!$X$26)","v":-31996.868946815372},-101217.46747994894]
["2001-01-27","12:00:00",285,10,0,-3,78,{"$f":"Inputs!$X$37*Inputs!$X$32*(E637-Inputs!$X$26)","v":-72358.241463998565},{"$f":"Inputs!$X$33*C637*Inputs!$X$38","v":55602.523249008256},{"$f":"params!$C$15*Inputs!$X$29*(E637-Inputs!$X$26)","v":-7517.302499999998},{"$f":"Inputs!$X$40*Inputs!$X$41/8760","v":5342.4657534246571},{"$f":"-Inputs!$X$45*Inputs!$X$33","v":-30000},609.41773586642103,3.7635253138895938E-3,2.9355497448338829E-3,{"$f":"-L637/(1.202*2465560*MAX(0,(Inputs!$X$49-O637)))","v":1.2555057365744386},{"$f":"params!$C$15*P637*(E637-Inputs!$X$26)","v":-31996.868946815372},-80927.423908381024]
["2001-01-27","13:00:00",120,10,1,-4,67,{"$f":"Inputs!$X$37*Inputs!$X$32*(E638-Inputs!$X$26)","v":-68930.745815703893},{"$f":"Inputs!$X$33*C638*Inputs!$X$38","v":23411.588736424528},{"$f":"params!$C$15*Inputs!$X$29*(E638-Inputs!$X$26)","v":-7161.2197499999984},{"$f":"Inputs!$X$40*Inputs!$X$41/8760","v":5342.4657534246571},{"$f":"-Inputs!$X$45*Inputs!$X$33","v":-30000},655.14373774848059,4.0477489204243187E-3,2.7119917766842932E-3,{"$f":"-L638/(1.202*2465560*MAX(0,(Inputs!$X$49-O638)))","v":1.2216331430573093},{"$f":"params!$C$15*P638*(E638-Inputs!$X$26)","v":-29658.867355135437},-106996.77843099015]
["2001-01-27","14:00:00",75,10,1,-6,56,{"$f":"Inputs!$X$37*Inputs!$X$32*(E639-Inputs!$X$26)","v":-68930.745815703893},{"$f":"Inputs!$X$33*C639*Inputs!$X$38","v":14632.242960265328},{"$f":"params!$C$15*Inputs!$X$29*(E639-Inputs!$X$26)","v":-7161.2197499999984},{"$f":"Inputs!$X$40*Inputs!$X$41/8760","v":5342.4657534246571},{"$f":"-Inputs!$X$45*Inputs!$X$33","v":-30000},655.14373774848059,4.0477489204243187E-3,2.2667393954376187E-3,{"$f":"-L639/(1.202*2465560*MAX(0,(Inputs!$X$49-O639)))","v":1.159337764547604},{"$f":"params!$C$15*P639*(E639-Inputs!$X$26)","v":-28146.457202744354},-114263.71405475825]
["2001-01-27","15:00:00",138,10,-1,-5,71,{"$f":"Inputs!$X$37*Inputs!$X$32*(E640-Inputs!$X$26)","v":-75785.737112293224},{"$f":"Inputs!$X$33*C640*Inputs!$X$38","v":26923.327046888207},{"$f":"params!$C$15*Inputs!$X$29*(E640-Inputs!$X$26)","v":-7873.3852499999985},{"$f":"Inputs!$X$40*Inputs!$X$41/8760","v":5342.4657534246571},{"$f":"-Inputs!$X$45*Inputs!$X$33","v":-30000},566.54310372490409,3.4972595900071069E-3,2.4830543089050458E-3,{"$f":"-L640/(1.202*2465560*MAX(0,(Inputs!$X$49-O640)))","v":1.1887887561902826},{"$f":"params!$C$15*P640*(E640-Inputs!$X$26)","v":-31731.67118786195},-113125.00074984231]
["2001-01-27","16:00:00",102,10,-1,-4,78,{"$f":"Inputs!$X$37*Inputs!$X$32*(E641-Inputs!$X$26)","v":-75785.737112293224},{"$f":"Inputs!$X$33*C641*Inputs!$X$38","v":19899.850425960849},{"$f":"params!$C$15*Inputs!$X$29*(E641-Inputs!$X$26)","v":-7873.3852499999985},{"$f":"Inputs!$X$40*Inputs!$X$41/8760","v":5342.4657534246571},{"$f":"-Inputs!$X$45*Inputs!$X$33","v":-30000},566.54310372490409,3.4972595900071069E-3,2.7278624802055435E-3,{"$f":"-L641/(1.202*2465560*MAX(0,(Inputs!$X$49-O641)))","v":1.2239774214274959},{"$f":"params!$C$15*P641*(E641-Inputs!$X$26)","v":-32670.942483146875},-121087.7486660546]
["2001-01-27","17:00:00",41,10,-1,-5,71,{"$f":"Inputs!$X$37*Inputs!$X$32*(E642-Inputs!$X$26)","v":-75785.737112293224},{"$f":"Inputs!$X$33*C642*Inputs!$X$38","v":7998.9594849450468},{"$f":"params!$C$15*Inputs!$X$29*(E642-Inputs!$X$26)","v":-7873.3852499999985},{"$f":"Inputs!$X$40*Inputs!$X$41/8760","v":5342.4657534246571},{"$f":"-Inputs!$X$45*Inputs!$X$33","v":-30000},566.54310372490409,3.4972595900071069E-3,2.4830543089050458E-3,{"$f":"-L642/(1.202*2465560*MAX(0,(Inputs!$X$49-O642)))","v":1.1887887561902826},{"$f":"params!$C$15*P642*(E642-Inputs!$X$26)","v":-31731.67118786195},-132049.36831178545]
["2001-01-27","18:00:00",0,10,-2,-5,78,{"$f":"Inputs!$X$37*Inputs!$X$32*(E643-Inputs!$X$26)","v":-79213.232760587896},{"$f":"Inputs!$X$33*C643*Inputs!$X$38","v":0},{"$f":"params!$C$15*Inputs!$X$29*(E643-Inputs!$X$26)","v":-8229.4679999999971},{"$f":"Inputs!$X$40*Inputs!$X$41/8760","v":5342.4657534246571},{"$f":"-Inputs!$X$45*Inputs!$X$33","v":-30000},{"$f":"EXP(77.345+0.0057*(E643+273.15)-7235/(E643+273.15))/(E643+273.15)^8.2","v":526.36516305985776},{"$f":"0.62198*M643/(101325-M643)","v":3.2479468065175691E-3},{"$f":"N643*G643/100","v":2.5333985090837041E-3},{"$f":"-L643/(1.202*2465560*MAX(0,(Inputs!$X$49-O643)))","v":1.1958589755842766},{"$f":"params!$C$15*P643*(E643-Inputs!$X$26)","v":-33364.02843236929},{"$f":"H643+I643+J643+K643+L643+Q643","v":-145464.26343953254}]
["2001-01-27","19:00:00",0,10,-2,-6,71,{"$f":"Inputs!$X$37*Inputs!$X$32*(E644-Inputs!$X$26)","v":-79213.232760587896},{"$f":"Inputs!$X$33*C644*Inputs!$X$38","v":0},{"$f":"params!$C$15*Inputs!$X$29*(E644-Inputs!$X$26)","v":-8229.4679999999971},{"$f":"Inputs!$X$40*Inputs!$X$41/8760","v":5342.4657534246571},{"$f":"-Inputs!$X$45*Inputs!$X$33","v":-30000},526.36516305985776,3.2479468065175691E-3,2.306042232627474E-3,{"$f":"-L644/(1.202*2465560*MAX(0,(Inputs!$X$49-O644)))","v":1.164579823921092},{"$f":"params!$C$15*P644*(E644-Inputs!$X$26)","v":-32491.351530880136},-144591.58653804337]
["2001-01-27","20:00:00",0,10,-2,-6,71,{"$f":"Inputs!$X$37*Inputs!$X$32*(E645-Inputs!$X$26)","v":-79213.232760587896},{"$f":"Inputs!$X$33*C645*Inputs!$X$38","v":0},{"$f":"params!$C$15*Inputs!$X$29*(E645-Inputs!$X$26)","v":-8229.4679999999971},{"$f":"Inputs!$X$40*Inputs!$X$41/8760","v":5342.4657534246571},{"$f":"-Inputs!$X$45*Inputs!$X$33","v":-30000},526.36516305985776,3.2479468065175691E-3,2.306042232627474E-3,{"$f":"-L645/(1.202*2465560*MAX(0,(Inputs!$X$49-O645)))","v":1.164579823921092},{"$f":"params!$C$15*P645*(E645-Inputs!$X$26)","v":-32491.351530880136},-144591.58653804337]
["2001-01-27","21:00:00",0,10,-2,-8,60,{"$f":"Inputs!$X$37*Inputs!$X$32*(E646-Inputs!$X$26)","v":-79213.232760587896},{"$f":"Inputs!$X$33*C646*Inputs!$X$38","v":0},{"$f":"params!$C$15*Inputs!$X$29*(E646-Inputs!$X$26)","v":-8229.4679999999971},{"$f":"Inputs!$X$40*Inputs!$X$41/8760","v":5342.4657534246571},{"$f":"-Inputs!$X$45*Inputs!$X$33","v":-30000},526.36516305985776,3.2479468065175691E-3,1.9487680839105415E-3,{"$f":"-L646/(1.202*2465560*MAX(0,(Inputs!$X$49-O646)))","v":1.1186023231410169},{"$f":"params!$C$15*P646*(E646-Inputs!$X$26)","v":-31208.596060046944},-143308.83106721018]
["2001-01-27","22:00:00",0,10,-3,-8,65,{"$f":"Inputs!$X$37*Inputs!$X$32*(E647-Inputs!$X$26)","v":-82640.728408882569},{"$f":"Inputs!$X$33*C647*Inputs!$X$38","v":0},{"$f":"params!$C$15*Inputs!$X$29*(E647-Inputs!$X$26)","v":-8585.5507499999985},{"$f":"Inputs!$X$40*Inputs!$X$41/8760","v":5342.4657534246571},{"$f":"-Inputs!$X$45*Inputs!$X$33","v":-30000},488.73621912146871,3.0146312662847319E-3,1.9595103230850759E-3,{"$f":"-L647/(1.202*2465560*MAX(0,(Inputs!$X$49-O647)))","v":1.1199317390634185},{"$f":"params!$C$15*P647*(E647-Inputs!$X$26)","v":-32597.663088618661},-148481.47649407657]
["2001-01-27","23:00:00",0,10,-3,-9,60,{"$f":"Inputs!$X$37*Inputs!$X$32*(E648-Inputs!$X$26)","v":-82640.728408882569},{"$f":"Inputs!$X$33*C648*Inputs!$X$38","v":0},{"$f":"params!$C$15*Inputs!$X$29*(E648-Inputs!$X$26)","v":-8585.5507499999985},{"$f":"Inputs!$X$40*Inputs!$X$41/8760","v":5342.4657534246571},{"$f":"-Inputs!$X$45*Inputs!$X$33","v":-30000},488.73621912146871,3.0146312662847319E-3,1.8087787597708392E-3,{"$f":"-L648/(1.202*2465560*MAX(0,(Inputs!$X$49-O648)))","v":1.1015619790555802},{"$f":"params!$C$15*P648*(E648-Inputs!$X$26)","v":-32062.977601220053},-147946.79100667796]
["2001-01-27",1,0,10,-3,-9,60,{"$f":"Inputs!$X$37*Inputs!$X$32*(E649-Inputs!$X$26)","v":-82640.728408882569},{"$f":"Inputs!$X$33*C649*Inputs!$X$38","v":0},{"$f":"params!$C$15*Inputs!$X$29*(E649-Inputs!$X$26)","v":-8585.5507499999985},{"$f":"Inputs!$X$40*Inputs!$X$41/8760","v":5342.4657534246571},{"$f":"-Inputs!$X$45*Inputs!$X$33","v":-30000},488.73621912146871,3.0146312662847319E-3,1.8087787597708392E-3,{"$f":"-L649/(1.202*2465560*MAX(0,(Inputs!$X$49-O649)))","v":1.1015619790555802},{"$f":"params!$C$15*P649*(E649-Inputs!$X$26)","v":-32062.977601220053},-147946.79100667796]
["2001-01-28","01:00:00",0,10,-3,-8,65,{"$f":"Inputs!$X$37*Inputs!$X$32*(E650-Inputs!$X$26)","v":-82640.728408882569},{"$f":"Inputs!$X$33*C650*Inputs!$X$38","v":0},{"$f":"params!$C$15*Inputs!$X$29*(E650-Inputs!$X$26)","v":-8585.5507499999985},{"$f":"Inputs!$X$40*Inputs!$X$41/8760","v":5342.4657534246571},{"$f":"-Inputs!$X$45*Inputs!$X$33","v":-30000},488.73621912146871,3.0146312662847319E-3,1.9595103230850759E-3,{"$f":"-L650/(1.202*2465560*MAX(0,(Inputs!$X$49-O650)))","v":1.1199317390634185},{"$f":"params!$C$15*P650*(E650-Inputs!$X$26)","v":-32597.663088618661},-148481.47649407657]
["2001-01-28","02:00:00",0,10,-3,-8,65,{"$f":"Inputs!$X$37*Inputs!$X$32*(E651-Inputs!$X$26)","v":-82640.728408882569},{"$f":"Inputs!$X$33*C651*Inputs!$X$38","v":0},{"$f":"params!$C$15*Inputs!$X$29*(E651-Inputs!$X$26)","v":-8585.5507499999985},{"$f":"Inputs!$X$40*Inputs!$X$41/8760","v":5342.4657534246571},{"$f":"-Inputs!$X$45*Inputs!$X$33","v":-30000},488.73621912146871,3.0146312662847319E-3,1.9595103230850759E-3,{"$f":"-L651/(1.202*2465560*MAX(0,(Inputs!$X$49-O651)))","v":1.1199317390634185},{"$f":"params!$C$15*P651*(E651-Inputs!$X$26)","v":-32597.663088618661},-148481.47649407657]
["2001-01-28","03:00:00",0,10,-3,-8,65,{"$f":"Inputs!$X$37*Inputs!$X$32*(E652-Inputs!$X$26)","v":-82640.728408882569},{"$f":"Inputs!$X$33*C652*Inputs!$X$38","v":0},{"$f":"params!$C$15*Inputs!$X$29*(E652-Inputs!$X$26)","v":-8585.5507499999985},{"$f":"Inputs!$X$40*Inputs!$X$41/8760","v":5342.4657534246571},{"$f":"-Inputs!$X$45*Inputs!$X$33","v":-30000},488.73621912146871,3.0146312662847319E-3,1.9595103230850759E-3,{"$f":"-L652/(1.202*2465560*MAX(0,(Inputs!$X$49-O652)))","v":1.1199317390634185},{"$f":"params!$C$15*P652*(E652-Inputs!$X$26)","v":-32597.663088618661},-148481.47649407657]
["2001-01-28","04:00:00",0,10,-4,-10,59,{"$f":"Inputs!$X$37*Inputs!$X$32*(E653-Inputs!$X$26)","v":-86068.224057177227},{"$f":"Inputs!$X$33*C653*Inputs!$X$38","v":0},{"$f":"params!$C$15*Inputs!$X$29*(E653-Inputs!$X$26)","v":-8941.6334999999981},{"$f":"Inputs!$X$40*Inputs!$X$41/8760","v":5342.4657534246571},{"$f":"-Inputs!$X$45*Inputs!$X$33","v":-30000},453.51532044328405,2.7964043545646504E-3,1.6498785691931436E-3,{"$f":"-L653/(1.202*2465560*MAX(0,(Inputs!$X$49-O653)))","v":1.0828381065576416},{"$f":"params!$C$15*P653*(E653-Inputs!$X$26)","v":-32825.182557121763},-152492.57436087434]
["2001-01-28","05:00:00",0,10,-4,-11,54,{"$f":"Inputs!$X$37*Inputs!$X$32*(E654-Inputs!$X$26)","v":-86068.224057177227},{"$f":"Inputs!$X$33*C654*Inputs!$X$38","v":0},{"$f":"params!$C$15*Inputs!$X$29*(E654-Inputs!$X$26)","v":-8941.6334999999981},{"$f":"Inputs!$X$40*Inputs!$X$41/8760","v":5342.4657534246571},{"$f":"-Inputs!$X$45*Inputs!$X$33","v":-30000},453.51532044328405,2.7964043545646504E-3,1.5100583514649113E-3,{"$f":"-L654/(1.202*2465560*MAX(0,(Inputs!$X$49-O654)))","v":1.0668812125287519},{"$f":"params!$C$15*P654*(E654-Inputs!$X$26)","v":-32341.464856044466},-152008.85665979705]
["2001-01-28","06:00:00",0,6,-4,-11,54,{"$f":"Inputs!$X$37*Inputs!$X$32*(E655-Inputs!$X$26)","v":-86068.224057177227},{"$f":"Inputs!$X$33*C655*Inputs!$X$38","v":0},{"$f":"params!$C$15*Inputs!$X$29*(E655-Inputs!$X$26)","v":-8941.6334999999981},{"$f":"Inputs!$X$40*Inputs!$X$41/8760","v":5342.4657534246571},{"$f":"-Inputs!$X$45*Inputs!$X$33","v":-30000},453.51532044328405,2.7964043545646504E-3,1.5100583514649113E-3,{"$f":"-L655/(1.202*2465560*MAX(0,(Inputs!$X$49-O655)))","v":1.0668812125287519},{"$f":"params!$C$15*P655*(E655-Inputs!$X$26)","v":-32341.464856044466},-152008.85665979705]
["2001-01-28","07:00:00",0,8,-6,-11,64,{"$f":"Inputs!$X$37*Inputs!$X$32*(E656-Inputs!$X$26)","v":-92923.215353766573},{"$f":"Inputs!$X$33*C656*Inputs!$X$38","v":0},{"$f":"params!$C$15*Inputs!$X$29*(E656-Inputs!$X$26)","v":-9653.7989999999972},{"$f":"Inputs!$X$40*Inputs!$X$41/8760","v":5342.4657534246571},{"$f":"-Inputs!$X$45*Inputs!$X$33","v":-30000},389.76616195693094,2.4018050803048703E-3,1.5371552513951171E-3,{"$f":"-L656/(1.202*2465560*MAX(0,(Inputs!$X$49-O656)))","v":1.0699367849567183},{"$f":"params!$C$15*P656*(E656-Inputs!$X$26)","v":-35017.337788484881},-162251.8863888268]
["2001-01-28","08:00:00",2,4,-7,-12,64,{"$f":"Inputs!$X$37*Inputs!$X$32*(E657-Inputs!$X$26)","v":-96350.711002061245},{"$f":"Inputs!$X$33*C657*Inputs!$X$38","v":390.19314560707545},{"$f":"params!$C$15*Inputs!$X$29*(E657-Inputs!$X$26)","v":-10009.881749999997},{"$f":"Inputs!$X$40*Inputs!$X$41/8760","v":5342.4657534246571},{"$f":"-Inputs!$X$45*Inputs!$X$33","v":-30000},360.98762153500678,2.2238327850987206E-3,1.4232529824631812E-3,{"$f":"-L657/(1.202*2465560*MAX(0,(Inputs!$X$49-O657)))","v":1.0572090780270629},{"$f":"params!$C$15*P657*(E657-Inputs!$X$26)","v":-35877.038364097658},-166504.97221712719]
["2001-01-28","09:00:00",146,0,-4,-11,54,{"$f":"Inputs!$X$37*Inputs!$X$32*(E658-Inputs!$X$26)","v":-86068.224057177227},{"$f":"Inputs!$X$33*C658*Inputs!$X$38","v":28484.099629316508},{"$f":"params!$C$15*Inputs!$X$29*(E658-Inputs!$X$26)","v":-8941.6334999999981},{"$f":"Inputs!$X$40*Inputs!$X$41/8760","v":5342.4657534246571},{"$f":"-Inputs!$X$45*Inputs!$X$33","v":-30000},453.51532044328405,2.7964043545646504E-3,1.5100583514649113E-3,{"$f":"-L658/(1.202*2465560*MAX(0,(Inputs!$X$49-O658)))","v":1.0668812125287519},{"$f":"params!$C$15*P658*(E658-Inputs!$X$26)","v":-32341.464856044466},-123524.75703048053]
["2001-01-28","10:00:00",295,3,-4,-11,54,{"$f":"Inputs!$X$37*Inputs!$X$32*(E659-Inputs!$X$26)","v":-86068.224057177227},{"$f":"Inputs!$X$33*C659*Inputs!$X$38","v":57553.488977043635},{"$f":"params!$C$15*Inputs!$X$29*(E659-Inputs!$X$26)","v":-8941.6334999999981},{"$f":"Inputs!$X$40*Inputs!$X$41/8760","v":5342.4657534246571},{"$f":"-Inputs!$X$45*Inputs!$X$33","v":-30000},453.51532044328405,2.7964043545646504E-3,1.5100583514649113E-3,{"$f":"-L659/(1.202*2465560*MAX(0,(Inputs!$X$49-O659)))","v":1.0668812125287519},{"$f":"params!$C$15*P659*(E659-Inputs!$X$26)","v":-32341.464856044466},-94455.367682753393]
["2001-01-28","11:00:00",408,10,-3,-11,50,{"$f":"Inputs!$X$37*Inputs!$X$32*(E660-Inputs!$X$26)","v":-82640.728408882569},{"$f":"Inputs!$X$33*C660*Inputs!$X$38","v":79599.401703843396},{"$f":"params!$C$15*Inputs!$X$29*(E660-Inputs!$X$26)","v":-8585.5507499999985},{"$f":"Inputs!$X$40*Inputs!$X$41/8760","v":5342.4657534246571},{"$f":"-Inputs!$X$45*Inputs!$X$33","v":-30000},488.73621912146871,3.0146312662847319E-3,1.507315633142366E-3,{"$f":"-L660/(1.202*2465560*MAX(0,(Inputs!$X$49-O660)))","v":1.0665729032396543},{"$f":"params!$C$15*P660*(E660-Inputs!$X$26)","v":-31044.55650871354},-67328.96821032805]
["2001-01-28","12:00:00",378,6,-3,-11,50,{"$f":"Inputs!$X$37*Inputs!$X$32*(E661-Inputs!$X$26)","v":-82640.728408882569},{"$f":"Inputs!$X$33*C661*Inputs!$X$38","v":73746.504519737267},{"$f":"params!$C$15*Inputs!$X$29*(E661-Inputs!$X$26)","v":-8585.5507499999985},{"$f":"Inputs!$X$40*Inputs!$X$41/8760","v":5342.4657534246571},{"$f":"-Inputs!$X$45*Inputs!$X$33","v":-30000},488.73621912146871,3.0146312662847319E-3,1.507315633142366E-3,{"$f":"-L661/(1.202*2465560*MAX(0,(Inputs!$X$49-O661)))","v":1.0665729032396543},{"$f":"params!$C$15*P661*(E661-Inputs!$X$26)","v":-31044.55650871354},-73181.865394434193]
["2001-01-28","13:00:00",450,5,-2,-11,46,{"$f":"Inputs!$X$37*Inputs!$X$32*(E662-Inputs!$X$26)","v":-79213.232760587896},{"$f":"Inputs!$X$33*C662*Inputs!$X$38","v":87793.457761591984},{"$f":"params!$C$15*Inputs!$X$29*(E662-Inputs!$X$26)","v":-8229.4679999999971},{"$f":"Inputs!$X$40*Inputs!$X$41/8760","v":5342.4657534246571},{"$f":"-Inputs!$X$45*Inputs!$X$33","v":-30000},526.36516305985776,3.2479468065175691E-3,1.4940555309980819E-3,{"$f":"-L662/(1.202*2465560*MAX(0,(Inputs!$X$49-O662)))","v":1.0650848433563447},{"$f":"params!$C$15*P662*(E662-Inputs!$X$26)","v":-29715.477930217159},-54022.255175788407]
["2001-01-28","14:00:00",371,5,-1,-10,46,{"$f":"Inputs!$X$37*Inputs!$X$32*(E663-Inputs!$X$26)","v":-75785.737112293224},{"$f":"Inputs!$X$33*C663*Inputs!$X$38","v":72380.828510112508},{"$f":"params!$C$15*Inputs!$X$29*(E663-Inputs!$X$26)","v":-7873.3852499999985},{"$f":"Inputs!$X$40*Inputs!$X$41/8760","v":5342.4657534246571},{"$f":"-Inputs!$X$45*Inputs!$X$33","v":-30000},566.54310372490409,3.4972595900071069E-3,1.6087394114032692E-3,{"$f":"-L663/(1.202*2465560*MAX(0,(Inputs!$X$49-O663)))","v":1.0780937834599384},{"$f":"params!$C$15*P663*(E663-Inputs!$X$26)","v":-28776.952396539204},-64712.780495295257]
["2001-01-28","15:00:00",366,5,-1,-11,42,{"$f":"Inputs!$X$37*Inputs!$X$32*(E664-Inputs!$X$26)","v":-75785.737112293224},{"$f":"Inputs!$X$33*C664*Inputs!$X$38","v":71405.345646094807},{"$f":"params!$C$15*Inputs!$X$29*(E664-Inputs!$X$26)","v":-7873.3852499999985},{"$f":"Inputs!$X$40*Inputs!$X$41/8760","v":5342.4657534246571},{"$f":"-Inputs!$X$45*Inputs!$X$33","v":-30000},566.54310372490409,3.4972595900071069E-3,1.4688490278029851E-3,{"$f":"-L664/(1.202*2465560*MAX(0,(Inputs!$X$49-O664)))","v":1.0622675665713099},{"$f":"params!$C$15*P664*(E664-Inputs!$X$26)","v":-28354.512069910332},-65265.823032684086]
["2001-01-28","16:00:00",117,9,-1,-11,42,{"$f":"Inputs!$X$37*Inputs!$X$32*(E665-Inputs!$X$26)","v":-75785.737112293224},{"$f":"Inputs!$X$33*C665*Inputs!$X$38","v":22826.299018013917},{"$f":"params!$C$15*Inputs!$X$29*(E665-Inputs!$X$26)","v":-7873.3852499999985},{"$f":"Inputs!$X$40*Inputs!$X$41/8760","v":5342.4657534246571},{"$f":"-Inputs!$X$45*Inputs!$X$33","v":-30000},566.54310372490409,3.4972595900071069E-3,1.4688490278029851E-3,{"$f":"-L665/(1.202*2465560*MAX(0,(Inputs!$X$49-O665)))","v":1.0622675665713099},{"$f":"params!$C$15*P665*(E665-Inputs!$X$26)","v":-28354.512069910332},-113844.86966076498]
["2001-01-28","17:00:00",80,10,-2,-10,50,{"$f":"Inputs!$X$37*Inputs!$X$32*(E666-Inputs!$X$26)","v":-79213.232760587896},{"$f":"Inputs!$X$33*C666*Inputs!$X$38","v":15607.725824283019},{"$f":"params!$C$15*Inputs!$X$29*(E666-Inputs!$X$26)","v":-8229.4679999999971},{"$f":"Inputs!$X$40*Inputs!$X$41/8760","v":5342.4657534246571},{"$f":"-Inputs!$X$45*Inputs!$X$33","v":-30000},526.36516305985776,3.2479468065175691E-3,1.6239734032587846E-3,{"$f":"-L666/(1.202*2465560*MAX(0,(Inputs!$X$49-O666)))","v":1.0798457700629183},{"$f":"params!$C$15*P666*(E666-Inputs!$X$26)","v":-30127.302391446483},-126619.81157432671]
["2001-01-28","18:00:00",0,10,-3,-10,55,{"$f":"Inputs!$X$37*Inputs!$X$32*(E667-Inputs!$X$26)","v":-82640.728408882569},{"$f":"Inputs!$X$33*C667*Inputs!$X$38","v":0},{"$f":"params!$C$15*Inputs!$X$29*(E667-Inputs!$X$26)","v":-8585.5507499999985},{"$f":"Inputs!$X$40*Inputs!$X$41/8760","v":5342.4657534246571},{"$f":"-Inputs!$X$45*Inputs!$X$33","v":-30000},488.73621912146871,3.0146312662847319E-3,1.6580471964566027E-3,{"$f":"-L667/(1.202*2465560*MAX(0,(Inputs!$X$49-O667)))","v":1.0837851165938153},{"$f":"params!$C$15*P667*(E667-Inputs!$X$26)","v":-31545.549482086706},-147429.36288754462]
["2001-01-28","19:00:00",0,10,-3,-11,50,{"$f":"Inputs!$X$37*Inputs!$X$32*(E668-Inputs!$X$26)","v":-82640.728408882569},{"$f":"Inputs!$X$33*C668*Inputs!$X$38","v":0},{"$f":"params!$C$15*Inputs!$X$29*(E668-Inputs!$X$26)","v":-8585.5507499999985},{"$f":"Inputs!$X$40*Inputs!$X$41/8760","v":5342.4657534246571},{"$f":"-Inputs!$X$45*Inputs!$X$33","v":-30000},488.73621912146871,3.0146312662847319E-3,1.507315633142366E-3,{"$f":"-L668/(1.202*2465560*MAX(0,(Inputs!$X$49-O668)))","v":1.0665729032396543},{"$f":"params!$C$15*P668*(E668-Inputs!$X$26)","v":-31044.55650871354},-146928.36991417146]
["2001-01-28","20:00:00",0,10,-4,-10,59,{"$f":"Inputs!$X$37*Inputs!$X$32*(E669-Inputs!$X$26)","v":-86068.224057177227},{"$f":"Inputs!$X$33*C669*Inputs!$X$38","v":0},{"$f":"params!$C$15*Inputs!$X$29*(E669-Inputs!$X$26)","v":-8941.6334999999981},{"$f":"Inputs!$X$40*Inputs!$X$41/8760","v":5342.4657534246571},{"$f":"-Inputs!$X$45*Inputs!$X$33","v":-30000},453.51532044328405,2.7964043545646504E-3,1.6498785691931436E-3,{"$f":"-L669/(1.202*2465560*MAX(0,(Inputs!$X$49-O669)))","v":1.0828381065576416},{"$f":"params!$C$15*P669*(E669-Inputs!$X$26)","v":-32825.182557121763},-152492.57436087434]
["2001-01-28","21:00:00",0,8,-5,-11,59,{"$f":"Inputs!$X$37*Inputs!$X$32*(E670-Inputs!$X$26)","v":-89495.7197054719},{"$f":"Inputs!$X$33*C670*Inputs!$X$38","v":0},{"$f":"params!$C$15*Inputs!$X$29*(E670-Inputs!$X$26)","v":-9297.7162499999977},{"$f":"Inputs!$X$40*Inputs!$X$41/8760","v":5342.4657534246571},{"$f":"-Inputs!$X$45*Inputs!$X$33","v":-30000},420.56802345265027,2.5924024753231664E-3,1.529517460440668E-3,{"$f":"-L670/(1.202*2465560*MAX(0,(Inputs!$X$49-O670)))","v":1.0690737421481566},{"$f":"params!$C$15*P670*(E670-Inputs!$X$26)","v":-33698.510509574342},-157149.48071162158]
["2001-01-28","22:00:00",0,10,-6,-10,70,{"$f":"Inputs!$X$37*Inputs!$X$32*(E671-Inputs!$X$26)","v":-92923.215353766573},{"$f":"Inputs!$X$33*C671*Inputs!$X$38","v":0},{"$f":"params!$C$15*Inputs!$X$29*(E671-Inputs!$X$26)","v":-9653.7989999999972},{"$f":"Inputs!$X$40*Inputs!$X$41/8760","v":5342.4657534246571},{"$f":"-Inputs!$X$45*Inputs!$X$33","v":-30000},389.76616195693094,2.4018050803048703E-3,1.6812635562134092E-3,{"$f":"-L671/(1.202*2465560*MAX(0,(Inputs!$X$49-O671)))","v":1.0864857156842487},{"$f":"params!$C$15*P671*(E671-Inputs!$X$26)","v":-35558.958102387456},-162793.50670272938]
["2001-01-28","23:00:00",0,10,-6,-10,70,{"$f":"Inputs!$X$37*Inputs!$X$32*(E672-Inputs!$X$26)","v":-92923.215353766573},{"$f":"Inputs!$X$33*C672*Inputs!$X$38","v":0},{"$f":"params!$C$15*Inputs!$X$29*(E672-Inputs!$X$26)","v":-9653.7989999999972},{"$f":"Inputs!$X$40*Inputs!$X$41/8760","v":5342.4657534246571},{"$f":"-Inputs!$X$45*Inputs!$X$33","v":-30000},389.76616195693094,2.4018050803048703E-3,1.6812635562134092E-3,{"$f":"-L672/(1.202*2465560*MAX(0,(Inputs!$X$49-O672)))","v":1.0864857156842487},{"$f":"params!$C$15*P672*(E672-Inputs!$X$26)","v":-35558.958102387456},-162793.50670272938]
["2001-01-28",1,0,10,-5,-10,65,{"$f":"Inputs!$X$37*Inputs!$X$32*(E673-Inputs!$X$26)","v":-89495.7197054719},{"$f":"Inputs!$X$33*C673*Inputs!$X$38","v":0},{"$f":"params!$C$15*Inputs!$X$29*(E673-Inputs!$X$26)","v":-9297.7162499999977},{"$f":"Inputs!$X$40*Inputs!$X$41/8760","v":5342.4657534246571},{"$f":"-Inputs!$X$45*Inputs!$X$33","v":-30000},420.56802345265027,2.5924024753231664E-3,1.6850616089600582E-3,{"$f":"-L673/(1.202*2465560*MAX(0,(Inputs!$X$49-O673)))","v":1.086928798489869},{"$f":"params!$C$15*P673*(E673-Inputs!$X$26)","v":-34261.323700151101},-157712.29390219835]
["2001-01-29","01:00:00",0,8,-7,-11,70,{"$f":"Inputs!$X$37*Inputs!$X$32*(E674-Inputs!$X$26)","v":-96350.711002061245},{"$f":"Inputs!$X$33*C674*Inputs!$X$38","v":0},{"$f":"params!$C$15*Inputs!$X$29*(E674-Inputs!$X$26)","v":-10009.881749999997},{"$f":"Inputs!$X$40*Inputs!$X$41/8760","v":5342.4657534246571},{"$f":"-Inputs!$X$45*Inputs!$X$33","v":-30000},360.98762153500678,2.2238327850987206E-3,1.5566829495691045E-3,{"$f":"-L674/(1.202*2465560*MAX(0,(Inputs!$X$49-O674)))","v":1.0721496931008569},{"$f":"params!$C$15*P674*(E674-Inputs!$X$26)","v":-36384.057298503743},-167402.18429714034]
["2001-01-29","02:00:00",0,10,-8,-11,77,{"$f":"Inputs!$X$37*Inputs!$X$32*(E675-Inputs!$X$26)","v":-99778.206650355904},{"$f":"Inputs!$X$33*C675*Inputs!$X$38","v":0},{"$f":"params!$C$15*Inputs!$X$29*(E675-Inputs!$X$26)","v":-10365.964499999998},{"$f":"Inputs!$X$40*Inputs!$X$41/8760","v":5342.4657534246571},{"$f":"-Inputs!$X$45*Inputs!$X$33","v":-30000},334.1161188582924,2.0577455669371189E-3,1.5844640865415815E-3,{"$f":"-L675/(1.202*2465560*MAX(0,(Inputs!$X$49-O675)))","v":1.0753137145194454},{"$f":"params!$C$15*P675*(E675-Inputs!$X$26)","v":-37789.544427125744},-172591.24982405701]
["2001-01-29","03:00:00",0,3,-10,-12,84,{"$f":"Inputs!$X$37*Inputs!$X$32*(E676-Inputs!$X$26)","v":-106633.19794694525},{"$f":"Inputs!$X$33*C676*Inputs!$X$38","v":0},{"$f":"params!$C$15*Inputs!$X$29*(E676-Inputs!$X$26)","v":-11078.129999999997},{"$f":"Inputs!$X$40*Inputs!$X$41/8760","v":5342.4657534246571},{"$f":"-Inputs!$X$45*Inputs!$X$33","v":-30000},285.65695946908653,1.758452799711007E-3,1.477100351757246E-3,{"$f":"-L676/(1.202*2465560*MAX(0,(Inputs!$X$49-O676)))","v":1.0631881570500024},{"$f":"params!$C$15*P676*(E676-Inputs!$X$26)","v":-39930.370678356332},-182299.23287187691]
["2001-01-29","04:00:00",0,4,-12,-13,91,{"$f":"Inputs!$X$37*Inputs!$X$32*(E677-Inputs!$X$26)","v":-113488.18924353459},{"$f":"Inputs!$X$33*C677*Inputs!$X$38","v":0},{"$f":"params!$C$15*Inputs!$X$29*(E677-Inputs!$X$26)","v":-11790.295499999998},{"$f":"Inputs!$X$40*Inputs!$X$41/8760","v":5342.4657534246571},{"$f":"-Inputs!$X$45*Inputs!$X$33","v":-30000},243.5669653908281,1.4987300494831474E-3,1.3638443450296643E-3,{"$f":"-L677/(1.202*2465560*MAX(0,(Inputs!$X$49-O677)))","v":1.0506900345548014},{"$f":"params!$C$15*P677*(E677-Inputs!$X$26)","v":-41997.753227770721},-191933.77221788064]
["2001-01-29","05:00:00",0,3,-12,-13,91,{"$f":"Inputs!$X$37*Inputs!$X$32*(E678-Inputs!$X$26)","v":-113488.18924353459},{"$f":"Inputs!$X$33*C678*Inputs!$X$38","v":0},{"$f":"params!$C$15*Inputs!$X$29*(E678-Inputs!$X$26)","v":-11790.295499999998},{"$f":"Inputs!$X$40*Inputs!$X$41/8760","v":5342.4657534246571},{"$f":"-Inputs!$X$45*Inputs!$X$33","v":-30000},243.5669653908281,1.4987300494831474E-3,1.3638443450296643E-3,{"$f":"-L678/(1.202*2465560*MAX(0,(Inputs!$X$49-O678)))","v":1.0506900345548014},{"$f":"params!$C$15*P678*(E678-Inputs!$X$26)","v":-41997.753227770721},-191933.77221788064]
["2001-01-29","06:00:00",0,3,-12.3,-13.2,92,{"$f":"Inputs!$X$37*Inputs!$X$32*(E679-Inputs!$X$26)","v":-114516.43793802298},{"$f":"Inputs!$X$33*C679*Inputs!$X$38","v":0},{"$f":"params!$C$15*Inputs!$X$29*(E679-Inputs!$X$26)","v":-11897.120324999998},{"$f":"Inputs!$X$40*Inputs!$X$41/8760","v":5342.4657534246571},{"$f":"-Inputs!$X$45*Inputs!$X$33","v":-30000},237.755960883417,1.4628893482647965E-3,1.3458582004036129E-3,{"$f":"-L679/(1.202*2465560*MAX(0,(Inputs!$X$49-O679)))","v":1.048732199566514},{"$f":"params!$C$15*P679*(E679-Inputs!$X$26)","v":-42299.30295577948},-193370.39546537781]
["2001-01-29","07:00:00",0,3,-13,-14,91,{"$f":"Inputs!$X$37*Inputs!$X$32*(E680-Inputs!$X$26)","v":-116915.68489182927},{"$f":"Inputs!$X$33*C680*Inputs!$X$38","v":0},{"$f":"params!$C$15*Inputs!$X$29*(E680-Inputs!$X$26)","v":-12146.378249999998},{"$f":"Inputs!$X$40*Inputs!$X$41/8760","v":5342.4657534246571},{"$f":"-Inputs!$X$45*Inputs!$X$33","v":-30000},224.67566674612308,1.3822287131554647E-3,1.2578281289714729E-3,{"$f":"-L680/(1.202*2465560*MAX(0,(Inputs!$X$49-O680)))","v":1.0392542097496158},{"$f":"params!$C$15*P680*(E680-Inputs!$X$26)","v":-42795.228347588112},-196514.82573599269]
["2001-01-29","08:00:00",2,3,-11,-14,76,{"$f":"Inputs!$X$37*Inputs!$X$32*(E681-Inputs!$X$26)","v":-110060.69359523992},{"$f":"Inputs!$X$33*C681*Inputs!$X$38","v":390.19314560707545},{"$f":"params!$C$15*Inputs!$X$29*(E681-Inputs!$X$26)","v":-11434.212749999999},{"$f":"Inputs!$X$40*Inputs!$X$41/8760","v":5342.4657534246571},{"$f":"-Inputs!$X$45*Inputs!$X$33","v":-30000},263.86397481101648,1.6239488443119262E-3,1.2342011216770639E-3,{"$f":"-L681/(1.202*2465560*MAX(0,(Inputs!$X$49-O681)))","v":1.0367394360184927},{"$f":"params!$C$15*P681*(E681-Inputs!$X$26)","v":-40188.578179581506},-185950.8256257897]
["2001-01-29","09:00:00",154,3,-10,-12,84,{"$f":"Inputs!$X$37*Inputs!$X$32*(E682-Inputs!$X$26)","v":-106633.19794694525},{"$f":"Inputs!$X$33*C682*Inputs!$X$38","v":30044.872211744812},{"$f":"params!$C$15*Inputs!$X$29*(E682-Inputs!$X$26)","v":-11078.129999999997},{"$f":"Inputs!$X$40*Inputs!$X$41/8760","v":5342.4657534246571},{"$f":"-Inputs!$X$45*Inputs!$X$33","v":-30000},285.65695946908653,1.758452799711007E-3,1.477100351757246E-3,{"$f":"-L682/(1.202*2465560*MAX(0,(Inputs!$X$49-O682)))","v":1.0631881570500024},{"$f":"params!$C$15*P682*(E682-Inputs!$X$26)","v":-39930.370678356332},-152254.36066013211]
["2001-01-29","10:00:00",294,5,-7,-10,77,{"$f":"Inputs!$X$37*Inputs!$X$32*(E683-Inputs!$X$26)","v":-96350.711002061245},{"$f":"Inputs!$X$33*C683*Inputs!$X$38","v":57358.392404240098},{"$f":"params!$C$15*Inputs!$X$29*(E683-Inputs!$X$26)","v":-10009.881749999997},{"$f":"Inputs!$X$40*Inputs!$X$41/8760","v":5342.4657534246571},{"$f":"-Inputs!$X$45*Inputs!$X$33","v":-30000},360.98762153500678,2.2238327850987206E-3,1.7123512445260151E-3,{"$f":"-L683/(1.202*2465560*MAX(0,(Inputs!$X$49-O683)))","v":1.090123079758502},{"$f":"params!$C$15*P683*(E683-Inputs!$X$26)","v":-36993.995196362564},-110653.72979075905]
["2001-01-29","11:00:00",356,7,-3,-9,60,{"$f":"Inputs!$X$37*Inputs!$X$32*(E684-Inputs!$X$26)","v":-82640.728408882569},{"$f":"Inputs!$X$33*C684*Inputs!$X$38","v":69454.379918059436},{"$f":"params!$C$15*Inputs!$X$29*(E684-Inputs!$X$26)","v":-8585.5507499999985},{"$f":"Inputs!$X$40*Inputs!$X$41/8760","v":5342.4657534246571},{"$f":"-Inputs!$X$45*Inputs!$X$33","v":-30000},488.73621912146871,3.0146312662847319E-3,1.8087787597708392E-3,{"$f":"-L684/(1.202*2465560*MAX(0,(Inputs!$X$49-O684)))","v":1.1015619790555802},{"$f":"params!$C$15*P684*(E684-Inputs!$X$26)","v":-32062.977601220053},-78492.411088618537]
["2001-01-29","12:00:00",384,6,0,-8,51,{"$f":"Inputs!$X$37*Inputs!$X$32*(E685-Inputs!$X$26)","v":-72358.241463998565},{"$f":"Inputs!$X$33*C685*Inputs!$X$38","v":74917.08395655849},{"$f":"params!$C$15*Inputs!$X$29*(E685-Inputs!$X$26)","v":-7517.302499999998},{"$f":"Inputs!$X$40*Inputs!$X$41/8760","v":5342.4657534246571},{"$f":"-Inputs!$X$45*Inputs!$X$33","v":-30000},609.41773586642103,3.7635253138895938E-3,1.9193979100836929E-3,{"$f":"-L685/(1.202*2465560*MAX(0,(Inputs!$X$49-O685)))","v":1.1149836486339519},{"$f":"params!$C$15*P685*(E685-Inputs!$X$26)","v":-28415.62937061688},-58031.623624632295]
["2001-01-29","13:00:00",510,7,1,-9,43,{"$f":"Inputs!$X$37*Inputs!$X$32*(E686-Inputs!$X$26)","v":-68930.745815703893},{"$f":"Inputs!$X$33*C686*Inputs!$X$38","v":99499.252129804241},{"$f":"params!$C$15*Inputs!$X$29*(E686-Inputs!$X$26)","v":-7161.2197499999984},{"$f":"Inputs!$X$40*Inputs!$X$41/8760","v":5342.4657534246571},{"$f":"-Inputs!$X$45*Inputs!$X$33","v":-30000},655.14373774848059,4.0477489204243187E-3,1.740532035782457E-3,{"$f":"-L686/(1.202*2465560*MAX(0,(Inputs!$X$49-O686)))","v":1.0934414361976028},{"$f":"params!$C$15*P686*(E686-Inputs!$X$26)","v":-26546.623019437942},-27796.870701912932]
["2001-01-29","14:00:00",377,6,3,-8,41,{"$f":"Inputs!$X$37*Inputs!$X$32*(E687-Inputs!$X$26)","v":-62075.754519114555},{"$f":"Inputs!$X$33*C687*Inputs!$X$38","v":73551.40794693373},{"$f":"params!$C$15*Inputs!$X$29*(E687-Inputs!$X$26)","v":-6449.0542499999983},{"$f":"Inputs!$X$40*Inputs!$X$41/8760","v":5342.4657534246571},{"$f":"-Inputs!$X$45*Inputs!$X$33","v":-30000},755.80495631325812,4.6743495015895585E-3,1.9164832956517189E-3,{"$f":"-L687/(1.202*2465560*MAX(0,(Inputs!$X$49-O687)))","v":1.1146258180176398},{"$f":"params!$C$15*P687*(E687-Inputs!$X$26)","v":-24369.795395625541},-44000.730464381704]
["2001-01-29","15:00:00",228,6,3,-8,41,{"$f":"Inputs!$X$37*Inputs!$X$32*(E688-Inputs!$X$26)","v":-62075.754519114555},{"$f":"Inputs!$X$33*C688*Inputs!$X$38","v":44482.018599206604},{"$f":"params!$C$15*Inputs!$X$29*(E688-Inputs!$X$26)","v":-6449.0542499999983},{"$f":"Inputs!$X$40*Inputs!$X$41/8760","v":5342.4657534246571},{"$f":"-Inputs!$X$45*Inputs!$X$33","v":-30000},755.80495631325812,4.6743495015895585E-3,1.9164832956517189E-3,{"$f":"-L688/(1.202*2465560*MAX(0,(Inputs!$X$49-O688)))","v":1.1146258180176398},{"$f":"params!$C$15*P688*(E688-Inputs!$X$26)","v":-24369.795395625541},-73070.119812108824]
["2001-01-29","16:00:00",138,10,4,-9,35,{"$f":"Inputs!$X$37*Inputs!$X$32*(E689-Inputs!$X$26)","v":-58648.258870819882},{"$f":"Inputs!$X$33*C689*Inputs!$X$38","v":26923.327046888207},{"$f":"params!$C$15*Inputs!$X$29*(E689-Inputs!$X$26)","v":-6092.9714999999987},{"$f":"Inputs!$X$40*Inputs!$X$41/8760","v":5342.4657534246571},{"$f":"-Inputs!$X$45*Inputs!$X$33","v":-30000},811.08667612094962,5.0190035800134264E-3,1.7566512530046994E-3,{"$f":"-L689/(1.202*2465560*MAX(0,(Inputs!$X$49-O689)))","v":1.0953486115529127},{"$f":"params!$C$15*P689*(E689-Inputs!$X$26)","v":-22626.025022211146},-85101.462592718162]
["2001-01-29","17:00:00",54,10,3,-8,41,{"$f":"Inputs!$X$37*Inputs!$X$32*(E690-Inputs!$X$26)","v":-62075.754519114555},{"$f":"Inputs!$X$33*C690*Inputs!$X$38","v":10535.214931391038},{"$f":"params!$C$15*Inputs!$X$29*(E690-Inputs!$X$26)","v":-6449.0542499999983},{"$f":"Inputs!$X$40*Inputs!$X$41/8760","v":5342.4657534246571},{"$f":"-Inputs!$X$45*Inputs!$X$33","v":-30000},755.80495631325812,4.6743495015895585E-3,1.9164832956517189E-3,{"$f":"-L690/(1.202*2465560*MAX(0,(Inputs!$X$49-O690)))","v":1.1146258180176398},{"$f":"params!$C$15*P690*(E690-Inputs!$X$26)","v":-24369.795395625541},-107016.9234799244]
["2001-01-29","18:00:00",0,10,3,-8,41,{"$f":"Inputs!$X$37*Inputs!$X$32*(E691-Inputs!$X$26)","v":-62075.754519114555},{"$f":"Inputs!$X$33*C691*Inputs!$X$38","v":0},{"$f":"params!$C$15*Inputs!$X$29*(E691-Inputs!$X$26)","v":-6449.0542499999983},{"$f":"Inputs!$X$40*Inputs!$X$41/8760","v":5342.4657534246571},{"$f":"-Inputs!$X$45*Inputs!$X$33","v":-30000},755.80495631325812,4.6743495015895585E-3,1.9164832956517189E-3,{"$f":"-L691/(1.202*2465560*MAX(0,(Inputs!$X$49-O691)))","v":1.1146258180176398},{"$f":"params!$C$15*P691*(E691-Inputs!$X$26)","v":-24369.795395625541},-117552.13841131543]
["2001-01-29","19:00:00",0,10,2,-4,62,{"$f":"Inputs!$X$37*Inputs!$X$32*(E692-Inputs!$X$26)","v":-65503.25016740922},{"$f":"Inputs!$X$33*C692*Inputs!$X$38","v":0},{"$f":"params!$C$15*Inputs!$X$29*(E692-Inputs!$X$26)","v":-6805.1369999999979},{"$f":"Inputs!$X$40*Inputs!$X$41/8760","v":5342.4657534246571},{"$f":"-Inputs!$X$45*Inputs!$X$33","v":-30000},703.88301618186097,4.3509868656616182E-3,2.6976118567102031E-3,{"$f":"-L692/(1.202*2465560*MAX(0,(Inputs!$X$49-O692)))","v":1.2195168107793628},{"$f":"params!$C$15*P692*(E692-Inputs!$X$26)","v":-28135.291456579715},-125101.21287056428]
["2001-01-29","20:00:00",0,9,1,-6,56,{"$f":"Inputs!$X$37*Inputs!$X$32*(E693-Inputs!$X$26)","v":-68930.745815703893},{"$f":"Inputs!$X$33*C693*Inputs!$X$38","v":0},{"$f":"params!$C$15*Inputs!$X$29*(E693-Inputs!$X$26)","v":-7161.2197499999984},{"$f":"Inputs!$X$40*Inputs!$X$41/8760","v":5342.4657534246571},{"$f":"-Inputs!$X$45*Inputs!$X$33","v":-30000},655.14373774848059,4.0477489204243187E-3,2.2667393954376187E-3,{"$f":"-L693/(1.202*2465560*MAX(0,(Inputs!$X$49-O693)))","v":1.159337764547604},{"$f":"params!$C$15*P693*(E693-Inputs!$X$26)","v":-28146.457202744354},-128895.9570150236]
["2001-01-29","21:00:00",0,9,1,-7,51,{"$f":"Inputs!$X$37*Inputs!$X$32*(E694-Inputs!$X$26)","v":-68930.745815703893},{"$f":"Inputs!$X$33*C694*Inputs!$X$38","v":0},{"$f":"params!$C$15*Inputs!$X$29*(E694-Inputs!$X$26)","v":-7161.2197499999984},{"$f":"Inputs!$X$40*Inputs!$X$41/8760","v":5342.4657534246571},{"$f":"-Inputs!$X$45*Inputs!$X$33","v":-30000},655.14373774848059,4.0477489204243187E-3,2.0643519494164026E-3,{"$f":"-L694/(1.202*2465560*MAX(0,(Inputs!$X$49-O694)))","v":1.1330743759435142},{"$f":"params!$C$15*P694*(E694-Inputs!$X$26)","v":-27508.833409274197},-128258.33322155345]
["2001-01-29","22:00:00",0,10,1,-6,56,{"$f":"Inputs!$X$37*Inputs!$X$32*(E695-Inputs!$X$26)","v":-68930.745815703893},{"$f":"Inputs!$X$33*C695*Inputs!$X$38","v":0},{"$f":"params!$C$15*Inputs!$X$29*(E695-Inputs!$X$26)","v":-7161.2197499999984},{"$f":"Inputs!$X$40*Inputs!$X$41/8760","v":5342.4657534246571},{"$f":"-Inputs!$X$45*Inputs!$X$33","v":-30000},655.14373774848059,4.0477489204243187E-3,2.2667393954376187E-3,{"$f":"-L695/(1.202*2465560*MAX(0,(Inputs!$X$49-O695)))","v":1.159337764547604},{"$f":"params!$C$15*P695*(E695-Inputs!$X$26)","v":-28146.457202744354},-128895.9570150236]
["2001-01-29","23:00:00",0,10,1,-6,56,{"$f":"Inputs!$X$37*Inputs!$X$32*(E696-Inputs!$X$26)","v":-68930.745815703893},{"$f":"Inputs!$X$33*C696*Inputs!$X$38","v":0},{"$f":"params!$C$15*Inputs!$X$29*(E696-Inputs!$X$26)","v":-7161.2197499999984},{"$f":"Inputs!$X$40*Inputs!$X$41/8760","v":5342.4657534246571},{"$f":"-Inputs!$X$45*Inputs!$X$33","v":-30000},655.14373774848059,4.0477489204243187E-3,2.2667393954376187E-3,{"$f":"-L696/(1.202*2465560*MAX(0,(Inputs!$X$49-O696)))","v":1.159337764547604},{"$f":"params!$C$15*P696*(E696-Inputs!$X$26)","v":-28146.457202744354},-128895.9570150236]
["2001-01-29",1,0,10,2,-6,52,{"$f":"Inputs!$X$37*Inputs!$X$32*(E697-Inputs!$X$26)","v":-65503.25016740922},{"$f":"Inputs!$X$33*C697*Inputs!$X$38","v":0},{"$f":"params!$C$15*Inputs!$X$29*(E697-Inputs!$X$26)","v":-6805.1369999999979},{"$f":"Inputs!$X$40*Inputs!$X$41/8760","v":5342.4657534246571},{"$f":"-Inputs!$X$45*Inputs!$X$33","v":-30000},703.88301618186097,4.3509868656616182E-3,2.2625131701440415E-3,{"$f":"-L697/(1.202*2465560*MAX(0,(Inputs!$X$49-O697)))","v":1.158776895796517},{"$f":"params!$C$15*P697*(E697-Inputs!$X$26)","v":-26733.969887262352},-123699.89130124693]
["2001-01-30","01:00:00",0,10,1,-6,56,{"$f":"Inputs!$X$37*Inputs!$X$32*(E698-Inputs!$X$26)","v":-68930.745815703893},{"$f":"Inputs!$X$33*C698*Inputs!$X$38","v":0},{"$f":"params!$C$15*Inputs!$X$29*(E698-Inputs!$X$26)","v":-7161.2197499999984},{"$f":"Inputs!$X$40*Inputs!$X$41/8760","v":5342.4657534246571},{"$f":"-Inputs!$X$45*Inputs!$X$33","v":-30000},655.14373774848059,4.0477489204243187E-3,2.2667393954376187E-3,{"$f":"-L698/(1.202*2465560*MAX(0,(Inputs!$X$49-O698)))","v":1.159337764547604},{"$f":"params!$C$15*P698*(E698-Inputs!$X$26)","v":-28146.457202744354},-128895.9570150236]
["2001-01-30","02:00:00",0,10,1,-7,51,{"$f":"Inputs!$X$37*Inputs!$X$32*(E699-Inputs!$X$26)","v":-68930.745815703893},{"$f":"Inputs!$X$33*C699*Inputs!$X$38","v":0},{"$f":"params!$C$15*Inputs!$X$29*(E699-Inputs!$X$26)","v":-7161.2197499999984},{"$f":"Inputs!$X$40*Inputs!$X$41/8760","v":5342.4657534246571},{"$f":"-Inputs!$X$45*Inputs!$X$33","v":-30000},655.14373774848059,4.0477489204243187E-3,2.0643519494164026E-3,{"$f":"-L699/(1.202*2465560*MAX(0,(Inputs!$X$49-O699)))","v":1.1330743759435142},{"$f":"params!$C$15*P699*(E699-Inputs!$X$26)","v":-27508.833409274197},-128258.33322155345]
["2001-01-30","03:00:00",0,10,1,-6,56,{"$f":"Inputs!$X$37*Inputs!$X$32*(E700-Inputs!$X$26)","v":-68930.745815703893},{"$f":"Inputs!$X$33*C700*Inputs!$X$38","v":0},{"$f":"params!$C$15*Inputs!$X$29*(E700-Inputs!$X$26)","v":-7161.2197499999984},{"$f":"Inputs!$X$40*Inputs!$X$41/8760","v":5342.4657534246571},{"$f":"-Inputs!$X$45*Inputs!$X$33","v":-30000},655.14373774848059,4.0477489204243187E-3,2.2667393954376187E-3,{"$f":"-L700/(1.202*2465560*MAX(0,(Inputs!$X$49-O700)))","v":1.159337764547604},{"$f":"params!$C$15*P700*(E700-Inputs!$X$26)","v":-28146.457202744354},-128895.9570150236]
["2001-01-30","04:00:00",0,10,1,-6,56,{"$f":"Inputs!$X$37*Inputs!$X$32*(E701-Inputs!$X$26)","v":-68930.745815703893},{"$f":"Inputs!$X$33*C701*Inputs!$X$38","v":0},{"$f":"params!$C$15*Inputs!$X$29*(E701-Inputs!$X$26)","v":-7161.2197499999984},{"$f":"Inputs!$X$40*Inputs!$X$41/8760","v":5342.4657534246571},{"$f":"-Inputs!$X$45*Inputs!$X$33","v":-30000},655.14373774848059,4.0477489204243187E-3,2.2667393954376187E-3,{"$f":"-L701/(1.202*2465560*MAX(0,(Inputs!$X$49-O701)))","v":1.159337764547604},{"$f":"params!$C$15*P701*(E701-Inputs!$X$26)","v":-28146.457202744354},-128895.9570150236]
["2001-01-30","05:00:00",0,10,1,-6,56,{"$f":"Inputs!$X$37*Inputs!$X$32*(E702-Inputs!$X$26)","v":-68930.745815703893},{"$f":"Inputs!$X$33*C702*Inputs!$X$38","v":0},{"$f":"params!$C$15*Inputs!$X$29*(E702-Inputs!$X$26)","v":-7161.2197499999984},{"$f":"Inputs!$X$40*Inputs!$X$41/8760","v":5342.4657534246571},{"$f":"-Inputs!$X$45*Inputs!$X$33","v":-30000},655.14373774848059,4.0477489204243187E-3,2.2667393954376187E-3,{"$f":"-L702/(1.202*2465560*MAX(0,(Inputs!$X$49-O702)))","v":1.159337764547604},{"$f":"params!$C$15*P702*(E702-Inputs!$X$26)","v":-28146.457202744354},-128895.9570150236]
["2001-01-30","06:00:00",0,10,1,-4,67,{"$f":"Inputs!$X$37*Inputs!$X$32*(E703-Inputs!$X$26)","v":-68930.745815703893},{"$f":"Inputs!$X$33*C703*Inputs!$X$38","v":0},{"$f":"params!$C$15*Inputs!$X$29*(E703-Inputs!$X$26)","v":-7161.2197499999984},{"$f":"Inputs!$X$40*Inputs!$X$41/8760","v":5342.4657534246571},{"$f":"-Inputs!$X$45*Inputs!$X$33","v":-30000},655.14373774848059,4.0477489204243187E-3,2.7119917766842932E-3,{"$f":"-L703/(1.202*2465560*MAX(0,(Inputs!$X$49-O703)))","v":1.2216331430573093},{"$f":"params!$C$15*P703*(E703-Inputs!$X$26)","v":-29658.867355135437},-130408.36716741469]
["2001-01-30","07:00:00",0,10,1,-3,72,{"$f":"Inputs!$X$37*Inputs!$X$32*(E704-Inputs!$X$26)","v":-68930.745815703893},{"$f":"Inputs!$X$33*C704*Inputs!$X$38","v":0},{"$f":"params!$C$15*Inputs!$X$29*(E704-Inputs!$X$26)","v":-7161.2197499999984},{"$f":"Inputs!$X$40*Inputs!$X$41/8760","v":5342.4657534246571},{"$f":"-Inputs!$X$45*Inputs!$X$33","v":-30000},655.14373774848059,4.0477489204243187E-3,2.9143792227055093E-3,{"$f":"-L704/(1.202*2465560*MAX(0,(Inputs!$X$49-O704)))","v":1.2522177584635092},{"$f":"params!$C$15*P704*(E704-Inputs!$X$26)","v":-30401.402097742503},-131150.90191002176]
["2001-01-30","08:00:00",1,10,2,-2,73,{"$f":"Inputs!$X$37*Inputs!$X$32*(E705-Inputs!$X$26)","v":-65503.25016740922},{"$f":"Inputs!$X$33*C705*Inputs!$X$38","v":195.09657280353773},{"$f":"params!$C$15*Inputs!$X$29*(E705-Inputs!$X$26)","v":-6805.1369999999979},{"$f":"Inputs!$X$40*Inputs!$X$41/8760","v":5342.4657534246571},{"$f":"-Inputs!$X$45*Inputs!$X$33","v":-30000},703.88301618186097,4.3509868656616182E-3,3.1762204119329812E-3,{"$f":"-L705/(1.202*2465560*MAX(0,(Inputs!$X$49-O705)))","v":1.2941353490859255},{"$f":"params!$C$15*P705*(E705-Inputs!$X$26)","v":-29856.804686050829},-126627.62952723187]
["2001-01-30","09:00:00",63,10,1,-1,86,{"$f":"Inputs!$X$37*Inputs!$X$32*(E706-Inputs!$X$26)","v":-68930.745815703893},{"$f":"Inputs!$X$33*C706*Inputs!$X$38","v":12291.084086622877},{"$f":"params!$C$15*Inputs!$X$29*(E706-Inputs!$X$26)","v":-7161.2197499999984},{"$f":"Inputs!$X$40*Inputs!$X$41/8760","v":5342.4657534246571},{"$f":"-Inputs!$X$45*Inputs!$X$33","v":-30000},655.14373774848059,4.0477489204243187E-3,3.481064071564914E-3,{"$f":"-L706/(1.202*2465560*MAX(0,(Inputs!$X$49-O706)))","v":1.3466160267432525},{"$f":"params!$C$15*P706*(E706-Inputs!$X$26)","v":-32693.207729715319},-121151.62345537166]
["2001-01-30","10:00:00",56,10,2,-1,80,{"$f":"Inputs!$X$37*Inputs!$X$32*(E707-Inputs!$X$26)","v":-65503.25016740922},{"$f":"Inputs!$X$33*C707*Inputs!$X$38","v":10925.408076998114},{"$f":"params!$C$15*Inputs!$X$29*(E707-Inputs!$X$26)","v":-6805.1369999999979},{"$f":"Inputs!$X$40*Inputs!$X$41/8760","v":5342.4657534246571},{"$f":"-Inputs!$X$45*Inputs!$X$33","v":-30000},{"$f":"EXP(77.345+0.0057*(E707+273.15)-7235/(E707+273.15))/(E707+273.15)^8.2","v":703.88301618186097},{"$f":"0.62198*M707/(101325-M707)","v":4.3509868656616182E-3},{"$f":"N707*G707/100","v":3.4807894925292949E-3},{"$f":"-L707/(1.202*2465560*MAX(0,(Inputs!$X$49-O707)))","v":1.3465668411562572},{"$f":"params!$C$15*P707*(E707-Inputs!$X$26)","v":-31066.443862700951},{"$f":"H707+I707+J707+K707+L707+Q707","v":-117106.9571996874}]
["2001-01-30","11:00:00",71,10,2,-1,80,{"$f":"Inputs!$X$37*Inputs!$X$32*(E708-Inputs!$X$26)","v":-65503.25016740922},{"$f":"Inputs!$X$33*C708*Inputs!$X$38","v":13851.85666905118},{"$f":"params!$C$15*Inputs!$X$29*(E708-Inputs!$X$26)","v":-6805.1369999999979},{"$f":"Inputs!$X$40*Inputs!$X$41/8760","v":5342.4657534246571},{"$f":"-Inputs!$X$45*Inputs!$X$33","v":-30000},703.88301618186097,4.3509868656616182E-3,3.4807894925292949E-3,{"$f":"-L708/(1.202*2465560*MAX(0,(Inputs!$X$49-O708)))","v":1.3465668411562572},{"$f":"params!$C$15*P708*(E708-Inputs!$X$26)","v":-31066.443862700951},-114180.50860763433]
["2001-01-30","12:00:00",81,10,2,-1,80,{"$f":"Inputs!$X$37*Inputs!$X$32*(E709-Inputs!$X$26)","v":-65503.25016740922},{"$f":"Inputs!$X$33*C709*Inputs!$X$38","v":15802.822397086555},{"$f":"params!$C$15*Inputs!$X$29*(E709-Inputs!$X$26)","v":-6805.1369999999979},{"$f":"Inputs!$X$40*Inputs!$X$41/8760","v":5342.4657534246571},{"$f":"-Inputs!$X$45*Inputs!$X$33","v":-30000},703.88301618186097,4.3509868656616182E-3,3.4807894925292949E-3,{"$f":"-L709/(1.202*2465560*MAX(0,(Inputs!$X$49-O709)))","v":1.3465668411562572},{"$f":"params!$C$15*P709*(E709-Inputs!$X$26)","v":-31066.443862700951},-112229.54287959896]
["2001-01-30","13:00:00",84,10,2,-1,80,{"$f":"Inputs!$X$37*Inputs!$X$32*(E710-Inputs!$X$26)","v":-65503.25016740922},{"$f":"Inputs!$X$33*C710*Inputs!$X$38","v":16388.11211549717},{"$f":"params!$C$15*Inputs!$X$29*(E710-Inputs!$X$26)","v":-6805.1369999999979},{"$f":"Inputs!$X$40*Inputs!$X$41/8760","v":5342.4657534246571},{"$f":"-Inputs!$X$45*Inputs!$X$33","v":-30000},703.88301618186097,4.3509868656616182E-3,3.4807894925292949E-3,{"$f":"-L710/(1.202*2465560*MAX(0,(Inputs!$X$49-O710)))","v":1.3465668411562572},{"$f":"params!$C$15*P710*(E710-Inputs!$X$26)","v":-31066.443862700951},-111644.25316118833]
["2001-01-30","14:00:00",476,10,2,-1,80,{"$f":"Inputs!$X$37*Inputs!$X$32*(E711-Inputs!$X$26)","v":-65503.25016740922},{"$f":"Inputs!$X$33*C711*Inputs!$X$38","v":92865.96865448395},{"$f":"params!$C$15*Inputs!$X$29*(E711-Inputs!$X$26)","v":-6805.1369999999979},{"$f":"Inputs!$X$40*Inputs!$X$41/8760","v":5342.4657534246571},{"$f":"-Inputs!$X$45*Inputs!$X$33","v":-30000},703.88301618186097,4.3509868656616182E-3,3.4807894925292949E-3,{"$f":"-L711/(1.202*2465560*MAX(0,(Inputs!$X$49-O711)))","v":1.3465668411562572},{"$f":"params!$C$15*P711*(E711-Inputs!$X$26)","v":-31066.443862700951},-35166.396622201559]
["2001-01-30","15:00:00",383,6,6,-1,60,{"$f":"Inputs!$X$37*Inputs!$X$32*(E712-Inputs!$X$26)","v":-51793.267574230544},{"$f":"Inputs!$X$33*C712*Inputs!$X$38","v":74721.987383754953},{"$f":"params!$C$15*Inputs!$X$29*(E712-Inputs!$X$26)","v":-5380.8059999999987},{"$f":"Inputs!$X$40*Inputs!$X$41/8760","v":5342.4657534246571},{"$f":"-Inputs!$X$45*Inputs!$X$33","v":-30000},932.4781503104233,5.7771510192606073E-3,3.4662906115563645E-3,{"$f":"-L712/(1.202*2465560*MAX(0,(Inputs!$X$49-O712)))","v":1.343974737917992},{"$f":"params!$C$15*P712*(E712-Inputs!$X$26)","v":-24516.879589172182},-31626.500026223111]
["2001-01-30","16:00:00",246,8,6,-1,60,{"$f":"Inputs!$X$37*Inputs!$X$32*(E713-Inputs!$X$26)","v":-51793.267574230544},{"$f":"Inputs!$X$33*C713*Inputs!$X$38","v":47993.756909670286},{"$f":"params!$C$15*Inputs!$X$29*(E713-Inputs!$X$26)","v":-5380.8059999999987},{"$f":"Inputs!$X$40*Inputs!$X$41/8760","v":5342.4657534246571},{"$f":"-Inputs!$X$45*Inputs!$X$33","v":-30000},932.4781503104233,5.7771510192606073E-3,3.4662906115563645E-3,{"$f":"-L713/(1.202*2465560*MAX(0,(Inputs!$X$49-O713)))","v":1.343974737917992},{"$f":"params!$C$15*P713*(E713-Inputs!$X$26)","v":-24516.879589172182},-58354.730500307778]
["2001-01-30","17:00:00",70,8,6,-1,60,{"$f":"Inputs!$X$37*Inputs!$X$32*(E714-Inputs!$X$26)","v":-51793.267574230544},{"$f":"Inputs!$X$33*C714*Inputs!$X$38","v":13656.760096247641},{"$f":"params!$C$15*Inputs!$X$29*(E714-Inputs!$X$26)","v":-5380.8059999999987},{"$f":"Inputs!$X$40*Inputs!$X$41/8760","v":5342.4657534246571},{"$f":"-Inputs!$X$45*Inputs!$X$33","v":-30000},932.4781503104233,5.7771510192606073E-3,3.4662906115563645E-3,{"$f":"-L714/(1.202*2465560*MAX(0,(Inputs!$X$49-O714)))","v":1.343974737917992},{"$f":"params!$C$15*P714*(E714-Inputs!$X$26)","v":-24516.879589172182},-92691.727313730415]
["2001-01-30","18:00:00",0,5,5,-1,64,{"$f":"Inputs!$X$37*Inputs!$X$32*(E715-Inputs!$X$26)","v":-55220.763222525216},{"$f":"Inputs!$X$33*C715*Inputs!$X$38","v":0},{"$f":"params!$C$15*Inputs!$X$29*(E715-Inputs!$X$26)","v":-5736.8887499999983},{"$f":"Inputs!$X$40*Inputs!$X$41/8760","v":5342.4657534246571},{"$f":"-Inputs!$X$45*Inputs!$X$33","v":-30000},869.91328556198641,5.3861748872103517E-3,3.4471519278146249E-3,{"$f":"-L715/(1.202*2465560*MAX(0,(Inputs!$X$49-O715)))","v":1.3405683748932995},{"$f":"params!$C$15*P715*(E715-Inputs!$X$26)","v":-26073.068894792545},-111688.2551138931]
["2001-01-30","19:00:00",0,0,1,-1,86,{"$f":"Inputs!$X$37*Inputs!$X$32*(E716-Inputs!$X$26)","v":-68930.745815703893},{"$f":"Inputs!$X$33*C716*Inputs!$X$38","v":0},{"$f":"params!$C$15*Inputs!$X$29*(E716-Inputs!$X$26)","v":-7161.2197499999984},{"$f":"Inputs!$X$40*Inputs!$X$41/8760","v":5342.4657534246571},{"$f":"-Inputs!$X$45*Inputs!$X$33","v":-30000},655.14373774848059,4.0477489204243187E-3,3.481064071564914E-3,{"$f":"-L716/(1.202*2465560*MAX(0,(Inputs!$X$49-O716)))","v":1.3466160267432525},{"$f":"params!$C$15*P716*(E716-Inputs!$X$26)","v":-32693.207729715319},-133442.70754199458]
["2001-01-30","20:00:00",0,6,0,-1,92,{"$f":"Inputs!$X$37*Inputs!$X$32*(E717-Inputs!$X$26)","v":-72358.241463998565},{"$f":"Inputs!$X$33*C717*Inputs!$X$38","v":0},{"$f":"params!$C$15*Inputs!$X$29*(E717-Inputs!$X$26)","v":-7517.302499999998},{"$f":"Inputs!$X$40*Inputs!$X$41/8760","v":5342.4657534246571},{"$f":"-Inputs!$X$45*Inputs!$X$33","v":-30000},609.41773586642103,3.7635253138895938E-3,3.462443288778426E-3,{"$f":"-L717/(1.202*2465560*MAX(0,(Inputs!$X$49-O717)))","v":1.3432885898517939},{"$f":"params!$C$15*P717*(E717-Inputs!$X$26)","v":-34234.036305171387},-138767.11451574528]
["2001-01-30","21:00:00",0,3,-1,-1,100,{"$f":"Inputs!$X$37*Inputs!$X$32*(E718-Inputs!$X$26)","v":-75785.737112293224},{"$f":"Inputs!$X$33*C718*Inputs!$X$38","v":0},{"$f":"params!$C$15*Inputs!$X$29*(E718-Inputs!$X$26)","v":-7873.3852499999985},{"$f":"Inputs!$X$40*Inputs!$X$41/8760","v":5342.4657534246571},{"$f":"-Inputs!$X$45*Inputs!$X$33","v":-30000},566.54310372490409,3.4972595900071069E-3,3.4972595900071069E-3,{"$f":"-L718/(1.202*2465560*MAX(0,(Inputs!$X$49-O718)))","v":1.3495235143933748},{"$f":"params!$C$15*P718*(E718-Inputs!$X$26)","v":-36022.073893306646},-144338.73050217523]
["2001-01-30","22:00:00",0,5,-1,-2,92,{"$f":"Inputs!$X$37*Inputs!$X$32*(E719-Inputs!$X$26)","v":-75785.737112293224},{"$f":"Inputs!$X$33*C719*Inputs!$X$38","v":0},{"$f":"params!$C$15*Inputs!$X$29*(E719-Inputs!$X$26)","v":-7873.3852499999985},{"$f":"Inputs!$X$40*Inputs!$X$41/8760","v":5342.4657534246571},{"$f":"-Inputs!$X$45*Inputs!$X$33","v":-30000},566.54310372490409,3.4972595900071069E-3,3.2174788228065384E-3,{"$f":"-L719/(1.202*2465560*MAX(0,(Inputs!$X$49-O719)))","v":1.3009976140868336},{"$f":"params!$C$15*P719*(E719-Inputs!$X$26)","v":-34726.799266419381},-143043.45587528794]
["2001-01-30","23:00:00",0,10,-1,-2,92,{"$f":"Inputs!$X$37*Inputs!$X$32*(E720-Inputs!$X$26)","v":-75785.737112293224},{"$f":"Inputs!$X$33*C720*Inputs!$X$38","v":0},{"$f":"params!$C$15*Inputs!$X$29*(E720-Inputs!$X$26)","v":-7873.3852499999985},{"$f":"Inputs!$X$40*Inputs!$X$41/8760","v":5342.4657534246571},{"$f":"-Inputs!$X$45*Inputs!$X$33","v":-30000},566.54310372490409,3.4972595900071069E-3,3.2174788228065384E-3,{"$f":"-L720/(1.202*2465560*MAX(0,(Inputs!$X$49-O720)))","v":1.3009976140868336},{"$f":"params!$C$15*P720*(E720-Inputs!$X$26)","v":-34726.799266419381},-143043.45587528794]
["2001-01-30",1,0,10,-1,-1,100,{"$f":"Inputs!$X$37*Inputs!$X$32*(E721-Inputs!$X$26)","v":-75785.737112293224},{"$f":"Inputs!$X$33*C721*Inputs!$X$38","v":0},{"$f":"params!$C$15*Inputs!$X$29*(E721-Inputs!$X$26)","v":-7873.3852499999985},{"$f":"Inputs!$X$40*Inputs!$X$41/8760","v":5342.4657534246571},{"$f":"-Inputs!$X$45*Inputs!$X$33","v":-30000},566.54310372490409,3.4972595900071069E-3,3.4972595900071069E-3,{"$f":"-L721/(1.202*2465560*MAX(0,(Inputs!$X$49-O721)))","v":1.3495235143933748},{"$f":"params!$C$15*P721*(E721-Inputs!$X$26)","v":-36022.073893306646},-144338.73050217523]
["2001-01-31","01:00:00",0,10,-1,-1,100,{"$f":"Inputs!$X$37*Inputs!$X$32*(E722-Inputs!$X$26)","v":-75785.737112293224},{"$f":"Inputs!$X$33*C722*Inputs!$X$38","v":0},{"$f":"params!$C$15*Inputs!$X$29*(E722-Inputs!$X$26)","v":-7873.3852499999985},{"$f":"Inputs!$X$40*Inputs!$X$41/8760","v":5342.4657534246571},{"$f":"-Inputs!$X$45*Inputs!$X$33","v":-30000},566.54310372490409,3.4972595900071069E-3,3.4972595900071069E-3,{"$f":"-L722/(1.202*2465560*MAX(0,(Inputs!$X$49-O722)))","v":1.3495235143933748},{"$f":"params!$C$15*P722*(E722-Inputs!$X$26)","v":-36022.073893306646},-144338.73050217523]
["2001-01-31","02:00:00",0,10,-1,-1,100,{"$f":"Inputs!$X$37*Inputs!$X$32*(E723-Inputs!$X$26)","v":-75785.737112293224},{"$f":"Inputs!$X$33*C723*Inputs!$X$38","v":0},{"$f":"params!$C$15*Inputs!$X$29*(E723-Inputs!$X$26)","v":-7873.3852499999985},{"$f":"Inputs!$X$40*Inputs!$X$41/8760","v":5342.4657534246571},{"$f":"-Inputs!$X$45*Inputs!$X$33","v":-30000},566.54310372490409,3.4972595900071069E-3,3.4972595900071069E-3,{"$f":"-L723/(1.202*2465560*MAX(0,(Inputs!$X$49-O723)))","v":1.3495235143933748},{"$f":"params!$C$15*P723*(E723-Inputs!$X$26)","v":-36022.073893306646},-144338.73050217523]
["2001-01-31","03:00:00",0,10,1,0,93,{"$f":"Inputs!$X$37*Inputs!$X$32*(E724-Inputs!$X$26)","v":-68930.745815703893},{"$f":"Inputs!$X$33*C724*Inputs!$X$38","v":0},{"$f":"params!$C$15*Inputs!$X$29*(E724-Inputs!$X$26)","v":-7161.2197499999984},{"$f":"Inputs!$X$40*Inputs!$X$41/8760","v":5342.4657534246571},{"$f":"-Inputs!$X$45*Inputs!$X$33","v":-30000},655.14373774848059,4.0477489204243187E-3,3.7644064959946166E-3,{"$f":"-L724/(1.202*2465560*MAX(0,(Inputs!$X$49-O724)))","v":1.3993613612950986},{"$f":"params!$C$15*P724*(E724-Inputs!$X$26)","v":-33973.76146220525},-134723.26127448451]
["2001-01-31","04:00:00",0,10,1,0,93,{"$f":"Inputs!$X$37*Inputs!$X$32*(E725-Inputs!$X$26)","v":-68930.745815703893},{"$f":"Inputs!$X$33*C725*Inputs!$X$38","v":0},{"$f":"params!$C$15*Inputs!$X$29*(E725-Inputs!$X$26)","v":-7161.2197499999984},{"$f":"Inputs!$X$40*Inputs!$X$41/8760","v":5342.4657534246571},{"$f":"-Inputs!$X$45*Inputs!$X$33","v":-30000},655.14373774848059,4.0477489204243187E-3,3.7644064959946166E-3,{"$f":"-L725/(1.202*2465560*MAX(0,(Inputs!$X$49-O725)))","v":1.3993613612950986},{"$f":"params!$C$15*P725*(E725-Inputs!$X$26)","v":-33973.76146220525},-134723.26127448451]
["2001-01-31","05:00:00",0,10,4,2,87,{"$f":"Inputs!$X$37*Inputs!$X$32*(E726-Inputs!$X$26)","v":-58648.258870819882},{"$f":"Inputs!$X$33*C726*Inputs!$X$38","v":0},{"$f":"params!$C$15*Inputs!$X$29*(E726-Inputs!$X$26)","v":-6092.9714999999987},{"$f":"Inputs!$X$40*Inputs!$X$41/8760","v":5342.4657534246571},{"$f":"-Inputs!$X$45*Inputs!$X$33","v":-30000},811.08667612094962,5.0190035800134264E-3,4.366533114611681E-3,{"$f":"-L726/(1.202*2465560*MAX(0,(Inputs!$X$49-O726)))","v":1.5264156418423345},{"$f":"params!$C$15*P726*(E726-Inputs!$X$26)","v":-31530.343985788484},-120929.1086031837]
["2001-01-31","06:00:00",0,10,5,2,81,{"$f":"Inputs!$X$37*Inputs!$X$32*(E727-Inputs!$X$26)","v":-55220.763222525216},{"$f":"Inputs!$X$33*C727*Inputs!$X$38","v":0},{"$f":"params!$C$15*Inputs!$X$29*(E727-Inputs!$X$26)","v":-5736.8887499999983},{"$f":"Inputs!$X$40*Inputs!$X$41/8760","v":5342.4657534246571},{"$f":"-Inputs!$X$45*Inputs!$X$33","v":-30000},869.91328556198641,5.3861748872103517E-3,4.3628016586403848E-3,{"$f":"-L727/(1.202*2465560*MAX(0,(Inputs!$X$49-O727)))","v":1.5255572641310282},{"$f":"params!$C$15*P727*(E727-Inputs!$X$26)","v":-29670.966729918146},-115286.15294901869]
["2001-01-31","07:00:00",0,10,4,2,87,{"$f":"Inputs!$X$37*Inputs!$X$32*(E728-Inputs!$X$26)","v":-58648.258870819882},{"$f":"Inputs!$X$33*C728*Inputs!$X$38","v":0},{"$f":"params!$C$15*Inputs!$X$29*(E728-Inputs!$X$26)","v":-6092.9714999999987},{"$f":"Inputs!$X$40*Inputs!$X$41/8760","v":5342.4657534246571},{"$f":"-Inputs!$X$45*Inputs!$X$33","v":-30000},811.08667612094962,5.0190035800134264E-3,4.366533114611681E-3,{"$f":"-L728/(1.202*2465560*MAX(0,(Inputs!$X$49-O728)))","v":1.5264156418423345},{"$f":"params!$C$15*P728*(E728-Inputs!$X$26)","v":-31530.343985788484},-120929.1086031837]
["2001-01-31","08:00:00",2,10,4,2,87,{"$f":"Inputs!$X$37*Inputs!$X$32*(E729-Inputs!$X$26)","v":-58648.258870819882},{"$f":"Inputs!$X$33*C729*Inputs!$X$38","v":390.19314560707545},{"$f":"params!$C$15*Inputs!$X$29*(E729-Inputs!$X$26)","v":-6092.9714999999987},{"$f":"Inputs!$X$40*Inputs!$X$41/8760","v":5342.4657534246571},{"$f":"-Inputs!$X$45*Inputs!$X$33","v":-30000},811.08667612094962,5.0190035800134264E-3,4.366533114611681E-3,{"$f":"-L729/(1.202*2465560*MAX(0,(Inputs!$X$49-O729)))","v":1.5264156418423345},{"$f":"params!$C$15*P729*(E729-Inputs!$X$26)","v":-31530.343985788484},-120538.91545757663]
["2001-01-31","09:00:00",89,10,4,2,87,{"$f":"Inputs!$X$37*Inputs!$X$32*(E730-Inputs!$X$26)","v":-58648.258870819882},{"$f":"Inputs!$X$33*C730*Inputs!$X$38","v":17363.594979514859},{"$f":"params!$C$15*Inputs!$X$29*(E730-Inputs!$X$26)","v":-6092.9714999999987},{"$f":"Inputs!$X$40*Inputs!$X$41/8760","v":5342.4657534246571},{"$f":"-Inputs!$X$45*Inputs!$X$33","v":-30000},811.08667612094962,5.0190035800134264E-3,4.366533114611681E-3,{"$f":"-L730/(1.202*2465560*MAX(0,(Inputs!$X$49-O730)))","v":1.5264156418423345},{"$f":"params!$C$15*P730*(E730-Inputs!$X$26)","v":-31530.343985788484},-103565.51362366886]
["2001-01-31","10:00:00",126,10,4,2,87,{"$f":"Inputs!$X$37*Inputs!$X$32*(E731-Inputs!$X$26)","v":-58648.258870819882},{"$f":"Inputs!$X$33*C731*Inputs!$X$38","v":24582.168173245755},{"$f":"params!$C$15*Inputs!$X$29*(E731-Inputs!$X$26)","v":-6092.9714999999987},{"$f":"Inputs!$X$40*Inputs!$X$41/8760","v":5342.4657534246571},{"$f":"-Inputs!$X$45*Inputs!$X$33","v":-30000},811.08667612094962,5.0190035800134264E-3,4.366533114611681E-3,{"$f":"-L731/(1.202*2465560*MAX(0,(Inputs!$X$49-O731)))","v":1.5264156418423345},{"$f":"params!$C$15*P731*(E731-Inputs!$X$26)","v":-31530.343985788484},-96346.940429937953]
["2001-01-31","11:00:00",142,10,4,1,81,{"$f":"Inputs!$X$37*Inputs!$X$32*(E732-Inputs!$X$26)","v":-58648.258870819882},{"$f":"Inputs!$X$33*C732*Inputs!$X$38","v":27703.71333810236},{"$f":"params!$C$15*Inputs!$X$29*(E732-Inputs!$X$26)","v":-6092.9714999999987},{"$f":"Inputs!$X$40*Inputs!$X$41/8760","v":5342.4657534246571},{"$f":"-Inputs!$X$45*Inputs!$X$33","v":-30000},811.08667612094962,5.0190035800134264E-3,4.0653928998108753E-3,{"$f":"-L732/(1.202*2465560*MAX(0,(Inputs!$X$49-O732)))","v":1.4601135860958392},{"$f":"params!$C$15*P732*(E732-Inputs!$X$26)","v":-30160.778208718271},-91855.829488011135]
["2001-01-31","12:00:00",223,10,4,-1,69,{"$f":"Inputs!$X$37*Inputs!$X$32*(E733-Inputs!$X$26)","v":-58648.258870819882},{"$f":"Inputs!$X$33*C733*Inputs!$X$38","v":43506.535735188911},{"$f":"params!$C$15*Inputs!$X$29*(E733-Inputs!$X$26)","v":-6092.9714999999987},{"$f":"Inputs!$X$40*Inputs!$X$41/8760","v":5342.4657534246571},{"$f":"-Inputs!$X$45*Inputs!$X$33","v":-30000},811.08667612094962,5.0190035800134264E-3,3.4631124702092643E-3,{"$f":"-L733/(1.202*2465560*MAX(0,(Inputs!$X$49-O733)))","v":1.343407884205412},{"$f":"params!$C$15*P733*(E733-Inputs!$X$26)","v":-27750.051520103705},-73642.280402310018]
["2001-01-31","13:00:00",138,10,4,-1,69,{"$f":"Inputs!$X$37*Inputs!$X$32*(E734-Inputs!$X$26)","v":-58648.258870819882},{"$f":"Inputs!$X$33*C734*Inputs!$X$38","v":26923.327046888207},{"$f":"params!$C$15*Inputs!$X$29*(E734-Inputs!$X$26)","v":-6092.9714999999987},{"$f":"Inputs!$X$40*Inputs!$X$41/8760","v":5342.4657534246571},{"$f":"-Inputs!$X$45*Inputs!$X$33","v":-30000},811.08667612094962,5.0190035800134264E-3,3.4631124702092643E-3,{"$f":"-L734/(1.202*2465560*MAX(0,(Inputs!$X$49-O734)))","v":1.343407884205412},{"$f":"params!$C$15*P734*(E734-Inputs!$X$26)","v":-27750.051520103705},-90225.489090610718]
["2001-01-31","14:00:00",203,10,4,-3,59,{"$f":"Inputs!$X$37*Inputs!$X$32*(E735-Inputs!$X$26)","v":-58648.258870819882},{"$f":"Inputs!$X$33*C735*Inputs!$X$38","v":39604.604279118161},{"$f":"params!$C$15*Inputs!$X$29*(E735-Inputs!$X$26)","v":-6092.9714999999987},{"$f":"Inputs!$X$40*Inputs!$X$41/8760","v":5342.4657534246571},{"$f":"-Inputs!$X$45*Inputs!$X$33","v":-30000},811.08667612094962,5.0190035800134264E-3,2.9612121122079217E-3,{"$f":"-L735/(1.202*2465560*MAX(0,(Inputs!$X$49-O735)))","v":1.2595145643770764},{"$f":"params!$C$15*P735*(E735-Inputs!$X$26)","v":-26017.112496297228},-75811.272834574294]
["2001-01-31","15:00:00",272,8,4,-2,64,{"$f":"Inputs!$X$37*Inputs!$X$32*(E736-Inputs!$X$26)","v":-58648.258870819882},{"$f":"Inputs!$X$33*C736*Inputs!$X$38","v":53066.267802562266},{"$f":"params!$C$15*Inputs!$X$29*(E736-Inputs!$X$26)","v":-6092.9714999999987},{"$f":"Inputs!$X$40*Inputs!$X$41/8760","v":5342.4657534246571},{"$f":"-Inputs!$X$45*Inputs!$X$33","v":-30000},811.08667612094962,5.0190035800134264E-3,3.212162291208593E-3,{"$f":"-L736/(1.202*2465560*MAX(0,(Inputs!$X$49-O736)))","v":1.3001092652431265},{"$f":"params!$C$15*P736*(E736-Inputs!$X$26)","v":-26855.655319903166},-63188.152134736127]
["2001-01-31","16:00:00",87,10,4,-2,64,{"$f":"Inputs!$X$37*Inputs!$X$32*(E737-Inputs!$X$26)","v":-58648.258870819882},{"$f":"Inputs!$X$33*C737*Inputs!$X$38","v":16973.401833907781},{"$f":"params!$C$15*Inputs!$X$29*(E737-Inputs!$X$26)","v":-6092.9714999999987},{"$f":"Inputs!$X$40*Inputs!$X$41/8760","v":5342.4657534246571},{"$f":"-Inputs!$X$45*Inputs!$X$33","v":-30000},811.08667612094962,5.0190035800134264E-3,3.212162291208593E-3,{"$f":"-L737/(1.202*2465560*MAX(0,(Inputs!$X$49-O737)))","v":1.3001092652431265},{"$f":"params!$C$15*P737*(E737-Inputs!$X$26)","v":-26855.655319903166},-99281.018103390612]
["2001-01-31","17:00:00",36,10,3,-2,68,{"$f":"Inputs!$X$37*Inputs!$X$32*(E738-Inputs!$X$26)","v":-62075.754519114555},{"$f":"Inputs!$X$33*C738*Inputs!$X$38","v":7023.4766209273585},{"$f":"params!$C$15*Inputs!$X$29*(E738-Inputs!$X$26)","v":-6449.0542499999983},{"$f":"Inputs!$X$40*Inputs!$X$41/8760","v":5342.4657534246571},{"$f":"-Inputs!$X$45*Inputs!$X$33","v":-30000},755.80495631325812,4.6743495015895585E-3,3.1785576610808995E-3,{"$f":"-L738/(1.202*2465560*MAX(0,(Inputs!$X$49-O738)))","v":1.2945221548937103},{"$f":"params!$C$15*P738*(E738-Inputs!$X$26)","v":-28302.987011345846},-114461.85340610838]
["2001-01-31","18:00:00",0,10,3,-2,68,{"$f":"Inputs!$X$37*Inputs!$X$32*(E739-Inputs!$X$26)","v":-62075.754519114555},{"$f":"Inputs!$X$33*C739*Inputs!$X$38","v":0},{"$f":"params!$C$15*Inputs!$X$29*(E739-Inputs!$X$26)","v":-6449.0542499999983},{"$f":"Inputs!$X$40*Inputs!$X$41/8760","v":5342.4657534246571},{"$f":"-Inputs!$X$45*Inputs!$X$33","v":-30000},755.80495631325812,4.6743495015895585E-3,3.1785576610808995E-3,{"$f":"-L739/(1.202*2465560*MAX(0,(Inputs!$X$49-O739)))","v":1.2945221548937103},{"$f":"params!$C$15*P739*(E739-Inputs!$X$26)","v":-28302.987011345846},-121485.33002703574]
["2001-01-31","19:00:00",0,10,3,-1,74,{"$f":"Inputs!$X$37*Inputs!$X$32*(E740-Inputs!$X$26)","v":-62075.754519114555},{"$f":"Inputs!$X$33*C740*Inputs!$X$38","v":0},{"$f":"params!$C$15*Inputs!$X$29*(E740-Inputs!$X$26)","v":-6449.0542499999983},{"$f":"Inputs!$X$40*Inputs!$X$41/8760","v":5342.4657534246571},{"$f":"-Inputs!$X$45*Inputs!$X$33","v":-30000},755.80495631325812,4.6743495015895585E-3,3.4590186311762735E-3,{"$f":"-L740/(1.202*2465560*MAX(0,(Inputs!$X$49-O740)))","v":1.3426784108228573},{"$f":"params!$C$15*P740*(E740-Inputs!$X$26)","v":-29355.858822712878},-122538.20183840278]
["2001-01-31","20:00:00",0,10,3,-1,74,{"$f":"Inputs!$X$37*Inputs!$X$32*(E741-Inputs!$X$26)","v":-62075.754519114555},{"$f":"Inputs!$X$33*C741*Inputs!$X$38","v":0},{"$f":"params!$C$15*Inputs!$X$29*(E741-Inputs!$X$26)","v":-6449.0542499999983},{"$f":"Inputs!$X$40*Inputs!$X$41/8760","v":5342.4657534246571},{"$f":"-Inputs!$X$45*Inputs!$X$33","v":-30000},755.80495631325812,4.6743495015895585E-3,3.4590186311762735E-3,{"$f":"-L741/(1.202*2465560*MAX(0,(Inputs!$X$49-O741)))","v":1.3426784108228573},{"$f":"params!$C$15*P741*(E741-Inputs!$X$26)","v":-29355.858822712878},-122538.20183840278]
["2001-01-31","21:00:00",0,10,3,-1,74,{"$f":"Inputs!$X$37*Inputs!$X$32*(E742-Inputs!$X$26)","v":-62075.754519114555},{"$f":"Inputs!$X$33*C742*Inputs!$X$38","v":0},{"$f":"params!$C$15*Inputs!$X$29*(E742-Inputs!$X$26)","v":-6449.0542499999983},{"$f":"Inputs!$X$40*Inputs!$X$41/8760","v":5342.4657534246571},{"$f":"-Inputs!$X$45*Inputs!$X$33","v":-30000},755.80495631325812,4.6743495015895585E-3,3.4590186311762735E-3,{"$f":"-L742/(1.202*2465560*MAX(0,(Inputs!$X$49-O742)))","v":1.3426784108228573},{"$f":"params!$C$15*P742*(E742-Inputs!$X$26)","v":-29355.858822712878},-122538.20183840278]
["2001-01-31","22:00:00",0,10,3.1,-0.2,68,{"$f":"Inputs!$X$37*Inputs!$X$32*(E743-Inputs!$X$26)","v":-61733.004954285083},{"$f":"Inputs!$X$33*C743*Inputs!$X$38","v":0},{"$f":"params!$C$15*Inputs!$X$29*(E743-Inputs!$X$26)","v":-6413.4459749999978},{"$f":"Inputs!$X$40*Inputs!$X$41/8760","v":5342.4657534246571},{"$f":"-Inputs!$X$45*Inputs!$X$33","v":-30000},761.17894739234043,4.7078370406333269E-3,3.201329187630662E-3,{"$f":"-L743/(1.202*2465560*MAX(0,(Inputs!$X$49-O743)))","v":1.298302891707926},{"$f":"params!$C$15*P743*(E743-Inputs!$X$26)","v":-28228.917169935768},-121032.9023457962]
["2001-01-31","23:00:00",0,10,3.3,0.4,63,{"$f":"Inputs!$X$37*Inputs!$X$32*(E744-Inputs!$X$26)","v":-61047.505824626147},{"$f":"Inputs!$X$33*C744*Inputs!$X$38","v":0},{"$f":"params!$C$15*Inputs!$X$29*(E744-Inputs!$X$26)","v":-6342.2294249999977},{"$f":"Inputs!$X$40*Inputs!$X$41/8760","v":5342.4657534246571},{"$f":"-Inputs!$X$45*Inputs!$X$33","v":-30000},772.02842975916951,4.7754555160627581E-3,3.0085369751195381E-3,{"$f":"-L744/(1.202*2465560*MAX(0,(Inputs!$X$49-O744)))","v":1.2669749171484275},{"$f":"params!$C$15*P744*(E744-Inputs!$X$26)","v":-27241.857671045371},-119289.12716724686]
["2001-01-31",1,0,10,3.4,1.1000000000000001,63,{"$f":"Inputs!$X$37*Inputs!$X$32*(E745-Inputs!$X$26)","v":-60704.75625979669},{"$f":"Inputs!$X$33*C745*Inputs!$X$38","v":0},{"$f":"params!$C$15*Inputs!$X$29*(E745-Inputs!$X$26)","v":-6306.621149999999},{"$f":"Inputs!$X$40*Inputs!$X$41/8760","v":5342.4657534246571},{"$f":"-Inputs!$X$45*Inputs!$X$33","v":-30000},777.5042863523754,4.8095888673616262E-3,3.0300409864378246E-3,{"$f":"-L745/(1.202*2465560*MAX(0,(Inputs!$X$49-O745)))","v":1.2703941191597377},{"$f":"params!$C$15*P745*(E745-Inputs!$X$26)","v":-27162.014198371002},-118830.92585474305]
["2002-02-01","01:00:00",0,10,3.6,1.9,93,{"$f":"Inputs!$X$37*Inputs!$X$32*(E746-Inputs!$X$26)","v":-60019.257130137747},{"$f":"Inputs!$X$33*C746*Inputs!$X$38","v":0},{"$f":"params!$C$15*Inputs!$X$29*(E746-Inputs!$X$26)","v":-6235.404599999998},{"$f":"Inputs!$X$40*Inputs!$X$41/8760","v":5342.4657534246571},{"$f":"-Inputs!$X$45*Inputs!$X$33","v":-30000},788.55914967057754,4.8785098792414501E-3,4.5370141876945489E-3,{"$f":"-L746/(1.202*2465560*MAX(0,(Inputs!$X$49-O746)))","v":1.5666902103741118},{"$f":"params!$C$15*P746*(E746-Inputs!$X$26)","v":-33118.794699675535},-124030.99067638862]
["2002-02-01","02:00:00",0,10,3.7,2.6,93,{"$f":"Inputs!$X$37*Inputs!$X$32*(E747-Inputs!$X$26)","v":-59676.507565308289},{"$f":"Inputs!$X$33*C747*Inputs!$X$38","v":0},{"$f":"params!$C$15*Inputs!$X$29*(E747-Inputs!$X$26)","v":-6199.7963249999984},{"$f":"Inputs!$X$40*Inputs!$X$41/8760","v":5342.4657534246571},{"$f":"-Inputs!$X$45*Inputs!$X$33","v":-30000},794.13852655085327,4.9132999907153096E-3,4.569368991365238E-3,{"$f":"-L747/(1.202*2465560*MAX(0,(Inputs!$X$49-O747)))","v":1.5745748892154701},{"$f":"params!$C$15*P747*(E747-Inputs!$X$26)","v":-33095.389586919009},-123629.22772380264]
["2002-02-01","03:00:00",0,10,3.9,3.3,97,{"$f":"Inputs!$X$37*Inputs!$X$32*(E748-Inputs!$X$26)","v":-58991.008435649353},{"$f":"Inputs!$X$33*C748*Inputs!$X$38","v":0},{"$f":"params!$C$15*Inputs!$X$29*(E748-Inputs!$X$26)","v":-6128.5797749999992},{"$f":"Inputs!$X$40*Inputs!$X$41/8760","v":5342.4657534246571},{"$f":"-Inputs!$X$45*Inputs!$X$33","v":-30000},805.40210224974328,4.9835455974153575E-3,4.834039229492897E-3,{"$f":"-L748/(1.202*2465560*MAX(0,(Inputs!$X$49-O748)))","v":1.6421813714964251},{"$f":"params!$C$15*P748*(E748-Inputs!$X$26)","v":-34119.897608786705},-123897.02006601141]
["2002-02-01","04:00:00",0,10,4,4,100,{"$f":"Inputs!$X$37*Inputs!$X$32*(E749-Inputs!$X$26)","v":-58648.258870819882},{"$f":"Inputs!$X$33*C749*Inputs!$X$38","v":0},{"$f":"params!$C$15*Inputs!$X$29*(E749-Inputs!$X$26)","v":-6092.9714999999987},{"$f":"Inputs!$X$40*Inputs!$X$41/8760","v":5342.4657534246571},{"$f":"-Inputs!$X$45*Inputs!$X$33","v":-30000},811.08667612094962,5.0190035800134264E-3,5.0190035800134255E-3,{"$f":"-L749/(1.202*2465560*MAX(0,(Inputs!$X$49-O749)))","v":1.6929809384464098},{"$f":"params!$C$15*P749*(E749-Inputs!$X$26)","v":-34970.993409219802},-124369.75802661502]
["2002-02-01","05:00:00",0,10,5,4,93,{"$f":"Inputs!$X$37*Inputs!$X$32*(E750-Inputs!$X$26)","v":-55220.763222525216},{"$f":"Inputs!$X$33*C750*Inputs!$X$38","v":0},{"$f":"params!$C$15*Inputs!$X$29*(E750-Inputs!$X$26)","v":-5736.8887499999983},{"$f":"Inputs!$X$40*Inputs!$X$41/8760","v":5342.4657534246571},{"$f":"-Inputs!$X$45*Inputs!$X$33","v":-30000},869.91328556198641,5.3861748872103517E-3,5.0091426451056272E-3,{"$f":"-L750/(1.202*2465560*MAX(0,(Inputs!$X$49-O750)))","v":1.6901934994212802},{"$f":"params!$C$15*P750*(E750-Inputs!$X$26)","v":-32873.020415276551},-118488.2066343771]
["2002-02-01","06:00:00",0,10,6,4,87,{"$f":"Inputs!$X$37*Inputs!$X$32*(E751-Inputs!$X$26)","v":-51793.267574230544},{"$f":"Inputs!$X$33*C751*Inputs!$X$38","v":0},{"$f":"params!$C$15*Inputs!$X$29*(E751-Inputs!$X$26)","v":-5380.8059999999987},{"$f":"Inputs!$X$40*Inputs!$X$41/8760","v":5342.4657534246571},{"$f":"-Inputs!$X$45*Inputs!$X$33","v":-30000},932.4781503104233,5.7771510192606073E-3,5.0261213867567288E-3,{"$f":"-L751/(1.202*2465560*MAX(0,(Inputs!$X$49-O751)))","v":1.6949986840724758},{"$f":"params!$C$15*P751*(E751-Inputs!$X$26)","v":-30920.282553514706},-112751.89037432059]
["2002-02-01","07:00:00",0,10,6,4,87,{"$f":"Inputs!$X$37*Inputs!$X$32*(E752-Inputs!$X$26)","v":-51793.267574230544},{"$f":"Inputs!$X$33*C752*Inputs!$X$38","v":0},{"$f":"params!$C$15*Inputs!$X$29*(E752-Inputs!$X$26)","v":-5380.8059999999987},{"$f":"Inputs!$X$40*Inputs!$X$41/8760","v":5342.4657534246571},{"$f":"-Inputs!$X$45*Inputs!$X$33","v":-30000},932.4781503104233,5.7771510192606073E-3,5.0261213867567288E-3,{"$f":"-L752/(1.202*2465560*MAX(0,(Inputs!$X$49-O752)))","v":1.6949986840724758},{"$f":"params!$C$15*P752*(E752-Inputs!$X$26)","v":-30920.282553514706},-112751.89037432059]
["2002-02-01","08:00:00",1,10,5.5,4.7,95,{"$f":"Inputs!$X$37*Inputs!$X$32*(E753-Inputs!$X$26)","v":-53507.01539837788},{"$f":"Inputs!$X$33*C753*Inputs!$X$38","v":195.09657280353773},{"$f":"params!$C$15*Inputs!$X$29*(E753-Inputs!$X$26)","v":-5558.8473749999985},{"$f":"Inputs!$X$40*Inputs!$X$41/8760","v":5342.4657534246571},{"$f":"-Inputs!$X$45*Inputs!$X$33","v":-30000},900.71602087450731,5.5786043819837112E-3,5.2996741628845261E-3,{"$f":"-L753/(1.202*2465560*MAX(0,(Inputs!$X$49-O753)))","v":1.7763643786643664},{"$f":"params!$C$15*P753*(E753-Inputs!$X$26)","v":-33476.770893388159},-117005.07134053783]
["2002-02-01","09:00:00",27,10,6,6,100,{"$f":"Inputs!$X$37*Inputs!$X$32*(E754-Inputs!$X$26)","v":-51793.267574230544},{"$f":"Inputs!$X$33*C754*Inputs!$X$38","v":5267.6074656955188},{"$f":"params!$C$15*Inputs!$X$29*(E754-Inputs!$X$26)","v":-5380.8059999999987},{"$f":"Inputs!$X$40*Inputs!$X$41/8760","v":5342.4657534246571},{"$f":"-Inputs!$X$45*Inputs!$X$33","v":-30000},932.4781503104233,5.7771510192606073E-3,5.7771510192606065E-3,{"$f":"-L754/(1.202*2465560*MAX(0,(Inputs!$X$49-O754)))","v":1.9388142506324},{"$f":"params!$C$15*P754*(E754-Inputs!$X$26)","v":-35367.982884977486},-111931.98324008784]
["2002-02-01","10:00:00",49,10,8,7,93,{"$f":"Inputs!$X$37*Inputs!$X$32*(E755-Inputs!$X$26)","v":-44938.276277641213},{"$f":"Inputs!$X$33*C755*Inputs!$X$38","v":9559.7320673733484},{"$f":"params!$C$15*Inputs!$X$29*(E755-Inputs!$X$26)","v":-4668.6404999999986},{"$f":"Inputs!$X$40*Inputs!$X$41/8760","v":5342.4657534246571},{"$f":"-Inputs!$X$45*Inputs!$X$33","v":-30000},1069.6390010481693,6.6359949158119932E-3,6.1714752717051532E-3,{"$f":"-L755/(1.202*2465560*MAX(0,(Inputs!$X$49-O755)))","v":2.0972048230295028},{"$f":"params!$C$15*P755*(E755-Inputs!$X$26)","v":-33193.881195815942},-97898.600152659143]
["2002-02-01","11:00:00",142,10,8,7,93,{"$f":"Inputs!$X$37*Inputs!$X$32*(E756-Inputs!$X$26)","v":-44938.276277641213},{"$f":"Inputs!$X$33*C756*Inputs!$X$38","v":27703.71333810236},{"$f":"params!$C$15*Inputs!$X$29*(E756-Inputs!$X$26)","v":-4668.6404999999986},{"$f":"Inputs!$X$40*Inputs!$X$41/8760","v":5342.4657534246571},{"$f":"-Inputs!$X$45*Inputs!$X$33","v":-30000},1069.6390010481693,6.6359949158119932E-3,6.1714752717051532E-3,{"$f":"-L756/(1.202*2465560*MAX(0,(Inputs!$X$49-O756)))","v":2.0972048230295028},{"$f":"params!$C$15*P756*(E756-Inputs!$X$26)","v":-33193.881195815942},-79754.618881930131]
["2002-02-01","12:00:00",155,10,11,9,87,{"$f":"Inputs!$X$37*Inputs!$X$32*(E757-Inputs!$X$26)","v":-34655.789332757202},{"$f":"Inputs!$X$33*C757*Inputs!$X$38","v":30239.96878454835},{"$f":"params!$C$15*Inputs!$X$29*(E757-Inputs!$X$26)","v":-3600.392249999999},{"$f":"Inputs!$X$40*Inputs!$X$41/8760","v":5342.4657534246571},{"$f":"-Inputs!$X$45*Inputs!$X$33","v":-30000},1308.7561751391206,8.138879592783612E-3,7.0808252457217422E-3,{"$f":"-L757/(1.202*2465560*MAX(0,(Inputs!$X$49-O757)))","v":2.5840233927727527},{"$f":"params!$C$15*P757*(E757-Inputs!$X$26)","v":-31540.822431099434},-64214.569475883633]
["2002-02-01","13:00:00",252,8,13,9,77,{"$f":"Inputs!$X$37*Inputs!$X$32*(E758-Inputs!$X$26)","v":-27800.798036167867},{"$f":"Inputs!$X$33*C758*Inputs!$X$38","v":49164.336346491509},{"$f":"params!$C$15*Inputs!$X$29*(E758-Inputs!$X$26)","v":-2888.2267499999994},{"$f":"Inputs!$X$40*Inputs!$X$41/8760","v":5342.4657534246571},{"$f":"-Inputs!$X$45*Inputs!$X$33","v":-30000},1493.2057396927576,9.303089390063848E-3,7.1633788303491633E-3,{"$f":"-L758/(1.202*2465560*MAX(0,(Inputs!$X$49-O758)))","v":2.6396493378435113},{"$f":"params!$C$15*P758*(E758-Inputs!$X$26)","v":-25846.650926439124},-32028.873612690822]
["2002-02-01","14:00:00",75,5,12,9,82,{"$f":"Inputs!$X$37*Inputs!$X$32*(E759-Inputs!$X$26)","v":-31228.293684462536},{"$f":"Inputs!$X$33*C759*Inputs!$X$38","v":14632.242960265328},{"$f":"params!$C$15*Inputs!$X$29*(E759-Inputs!$X$26)","v":-3244.3094999999989},{"$f":"Inputs!$X$40*Inputs!$X$41/8760","v":5342.4657534246571},{"$f":"-Inputs!$X$45*Inputs!$X$33","v":-30000},1398.3079270856979,8.70357605607666E-3,7.1369323659828607E-3,{"$f":"-L759/(1.202*2465560*MAX(0,(Inputs!$X$49-O759)))","v":2.6215703479780355},{"$f":"params!$C$15*P759*(E759-Inputs!$X$26)","v":-28834.375427882598},-73332.26989865514]
["2002-02-01","15:00:00",328,4,11,-1,43,{"$f":"Inputs!$X$37*Inputs!$X$32*(E760-Inputs!$X$26)","v":-34655.789332757202},{"$f":"Inputs!$X$33*C760*Inputs!$X$38","v":63991.675879560375},{"$f":"params!$C$15*Inputs!$X$29*(E760-Inputs!$X$26)","v":-3600.392249999999},{"$f":"Inputs!$X$40*Inputs!$X$41/8760","v":5342.4657534246571},{"$f":"-Inputs!$X$45*Inputs!$X$33","v":-30000},1308.7561751391206,8.138879592783612E-3,3.4997182248969532E-3,{"$f":"-L760/(1.202*2465560*MAX(0,(Inputs!$X$49-O760)))","v":1.34996599690913},{"$f":"params!$C$15*P760*(E760-Inputs!$X$26)","v":-16477.806631171443},-15399.846580943609]
["2002-02-01","16:00:00",41,10,6,-4,47,{"$f":"Inputs!$X$37*Inputs!$X$32*(E761-Inputs!$X$26)","v":-51793.267574230544},{"$f":"Inputs!$X$33*C761*Inputs!$X$38","v":7998.9594849450468},{"$f":"params!$C$15*Inputs!$X$29*(E761-Inputs!$X$26)","v":-5380.8059999999987},{"$f":"Inputs!$X$40*Inputs!$X$41/8760","v":5342.4657534246571},{"$f":"-Inputs!$X$45*Inputs!$X$33","v":-30000},932.4781503104233,5.7771510192606073E-3,2.7152609790524855E-3,{"$f":"-L761/(1.202*2465560*MAX(0,(Inputs!$X$49-O761)))","v":1.2221153057272536},{"$f":"params!$C$15*P761*(E761-Inputs!$X$26)","v":-22293.911447335333},-96126.559783196164]
["2002-02-01","17:00:00",16,10,5,-4,50,{"$f":"Inputs!$X$37*Inputs!$X$32*(E762-Inputs!$X$26)","v":-55220.763222525216},{"$f":"Inputs!$X$33*C762*Inputs!$X$38","v":3121.5451648566036},{"$f":"params!$C$15*Inputs!$X$29*(E762-Inputs!$X$26)","v":-5736.8887499999983},{"$f":"Inputs!$X$40*Inputs!$X$41/8760","v":5342.4657534246571},{"$f":"-Inputs!$X$45*Inputs!$X$33","v":-30000},869.91328556198641,5.3861748872103517E-3,2.6930874436051759E-3,{"$f":"-L762/(1.202*2465560*MAX(0,(Inputs!$X$49-O762)))","v":1.2188524561456759},{"$f":"params!$C$15*P762*(E762-Inputs!$X$26)","v":-23705.783798012344},-106199.4248522563]
["2002-02-01","18:00:00",0,10,3,-5,53,{"$f":"Inputs!$X$37*Inputs!$X$32*(E763-Inputs!$X$26)","v":-62075.754519114555},{"$f":"Inputs!$X$33*C763*Inputs!$X$38","v":0},{"$f":"params!$C$15*Inputs!$X$29*(E763-Inputs!$X$26)","v":-6449.0542499999983},{"$f":"Inputs!$X$40*Inputs!$X$41/8760","v":5342.4657534246571},{"$f":"-Inputs!$X$45*Inputs!$X$33","v":-30000},755.80495631325812,4.6743495015895585E-3,2.477405235842466E-3,{"$f":"-L763/(1.202*2465560*MAX(0,(Inputs!$X$49-O763)))","v":1.1880006271341368},{"$f":"params!$C$15*P763*(E763-Inputs!$X$26)","v":-25974.03697738102},-119156.37999307092]
["2002-02-01","19:00:00",0,10,3,-6,49,{"$f":"Inputs!$X$37*Inputs!$X$32*(E764-Inputs!$X$26)","v":-62075.754519114555},{"$f":"Inputs!$X$33*C764*Inputs!$X$38","v":0},{"$f":"params!$C$15*Inputs!$X$29*(E764-Inputs!$X$26)","v":-6449.0542499999983},{"$f":"Inputs!$X$40*Inputs!$X$41/8760","v":5342.4657534246571},{"$f":"-Inputs!$X$45*Inputs!$X$33","v":-30000},755.80495631325812,4.6743495015895585E-3,2.2904312557788836E-3,{"$f":"-L764/(1.202*2465560*MAX(0,(Inputs!$X$49-O764)))","v":1.1624920276708364},{"$f":"params!$C$15*P764*(E764-Inputs!$X$26)","v":-25416.325735006267},-118598.66875069616]
["2002-02-01","20:00:00",0,10,1,-7,51,{"$f":"Inputs!$X$37*Inputs!$X$32*(E765-Inputs!$X$26)","v":-68930.745815703893},{"$f":"Inputs!$X$33*C765*Inputs!$X$38","v":0},{"$f":"params!$C$15*Inputs!$X$29*(E765-Inputs!$X$26)","v":-7161.2197499999984},{"$f":"Inputs!$X$40*Inputs!$X$41/8760","v":5342.4657534246571},{"$f":"-Inputs!$X$45*Inputs!$X$33","v":-30000},655.14373774848059,4.0477489204243187E-3,2.0643519494164026E-3,{"$f":"-L765/(1.202*2465560*MAX(0,(Inputs!$X$49-O765)))","v":1.1330743759435142},{"$f":"params!$C$15*P765*(E765-Inputs!$X$26)","v":-27508.833409274197},-128258.33322155345]
["2002-02-01","21:00:00",0,10,-1,-8,55,{"$f":"Inputs!$X$37*Inputs!$X$32*(E766-Inputs!$X$26)","v":-75785.737112293224},{"$f":"Inputs!$X$33*C766*Inputs!$X$38","v":0},{"$f":"params!$C$15*Inputs!$X$29*(E766-Inputs!$X$26)","v":-7873.3852499999985},{"$f":"Inputs!$X$40*Inputs!$X$41/8760","v":5342.4657534246571},{"$f":"-Inputs!$X$45*Inputs!$X$33","v":-30000},566.54310372490409,3.4972595900071069E-3,1.9234927745039087E-3,{"$f":"-L766/(1.202*2465560*MAX(0,(Inputs!$X$49-O766)))","v":1.1154867682347493},{"$f":"params!$C$15*P766*(E766-Inputs!$X$26)","v":-29775.062356301558},-138091.71896517012]
["2002-02-01","22:00:00",0,10,-2,-8,60,{"$f":"Inputs!$X$37*Inputs!$X$32*(E767-Inputs!$X$26)","v":-79213.232760587896},{"$f":"Inputs!$X$33*C767*Inputs!$X$38","v":0},{"$f":"params!$C$15*Inputs!$X$29*(E767-Inputs!$X$26)","v":-8229.4679999999971},{"$f":"Inputs!$X$40*Inputs!$X$41/8760","v":5342.4657534246571},{"$f":"-Inputs!$X$45*Inputs!$X$33","v":-30000},526.36516305985776,3.2479468065175691E-3,1.9487680839105415E-3,{"$f":"-L767/(1.202*2465560*MAX(0,(Inputs!$X$49-O767)))","v":1.1186023231410169},{"$f":"params!$C$15*P767*(E767-Inputs!$X$26)","v":-31208.596060046944},-143308.83106721018]
["2002-02-01","23:00:00",0,10,-2,-10,50,{"$f":"Inputs!$X$37*Inputs!$X$32*(E768-Inputs!$X$26)","v":-79213.232760587896},{"$f":"Inputs!$X$33*C768*Inputs!$X$38","v":0},{"$f":"params!$C$15*Inputs!$X$29*(E768-Inputs!$X$26)","v":-8229.4679999999971},{"$f":"Inputs!$X$40*Inputs!$X$41/8760","v":5342.4657534246571},{"$f":"-Inputs!$X$45*Inputs!$X$33","v":-30000},526.36516305985776,3.2479468065175691E-3,1.6239734032587846E-3,{"$f":"-L768/(1.202*2465560*MAX(0,(Inputs!$X$49-O768)))","v":1.0798457700629183},{"$f":"params!$C$15*P768*(E768-Inputs!$X$26)","v":-30127.302391446483},-142227.53739860971]
["2002-02-01",1,0,10,-3,-10,55,{"$f":"Inputs!$X$37*Inputs!$X$32*(E769-Inputs!$X$26)","v":-82640.728408882569},{"$f":"Inputs!$X$33*C769*Inputs!$X$38","v":0},{"$f":"params!$C$15*Inputs!$X$29*(E769-Inputs!$X$26)","v":-8585.5507499999985},{"$f":"Inputs!$X$40*Inputs!$X$41/8760","v":5342.4657534246571},{"$f":"-Inputs!$X$45*Inputs!$X$33","v":-30000},488.73621912146871,3.0146312662847319E-3,1.6580471964566027E-3,{"$f":"-L769/(1.202*2465560*MAX(0,(Inputs!$X$49-O769)))","v":1.0837851165938153},{"$f":"params!$C$15*P769*(E769-Inputs!$X$26)","v":-31545.549482086706},-147429.36288754462]
["2002-02-02","01:00:00",0,10,-3,-10,55,{"$f":"Inputs!$X$37*Inputs!$X$32*(E770-Inputs!$X$26)","v":-82640.728408882569},{"$f":"Inputs!$X$33*C770*Inputs!$X$38","v":0},{"$f":"params!$C$15*Inputs!$X$29*(E770-Inputs!$X$26)","v":-8585.5507499999985},{"$f":"Inputs!$X$40*Inputs!$X$41/8760","v":5342.4657534246571},{"$f":"-Inputs!$X$45*Inputs!$X$33","v":-30000},488.73621912146871,3.0146312662847319E-3,1.6580471964566027E-3,{"$f":"-L770/(1.202*2465560*MAX(0,(Inputs!$X$49-O770)))","v":1.0837851165938153},{"$f":"params!$C$15*P770*(E770-Inputs!$X$26)","v":-31545.549482086706},-147429.36288754462]
["2002-02-02","02:00:00",0,10,-4,-10,59,{"$f":"Inputs!$X$37*Inputs!$X$32*(E771-Inputs!$X$26)","v":-86068.224057177227},{"$f":"Inputs!$X$33*C771*Inputs!$X$38","v":0},{"$f":"params!$C$15*Inputs!$X$29*(E771-Inputs!$X$26)","v":-8941.6334999999981},{"$f":"Inputs!$X$40*Inputs!$X$41/8760","v":5342.4657534246571},{"$f":"-Inputs!$X$45*Inputs!$X$33","v":-30000},{"$f":"EXP(77.345+0.0057*(E771+273.15)-7235/(E771+273.15))/(E771+273.15)^8.2","v":453.51532044328405},{"$f":"0.62198*M771/(101325-M771)","v":2.7964043545646504E-3},{"$f":"N771*G771/100","v":1.6498785691931436E-3},{"$f":"-L771/(1.202*2465560*MAX(0,(Inputs!$X$49-O771)))","v":1.0828381065576416},{"$f":"params!$C$15*P771*(E771-Inputs!$X$26)","v":-32825.182557121763},{"$f":"H771+I771+J771+K771+L771+Q771","v":-152492.57436087434}]
["2002-02-02","03:00:00",0,10,-4,-10,59,{"$f":"Inputs!$X$37*Inputs!$X$32*(E772-Inputs!$X$26)","v":-86068.224057177227},{"$f":"Inputs!$X$33*C772*Inputs!$X$38","v":0},{"$f":"params!$C$15*Inputs!$X$29*(E772-Inputs!$X$26)","v":-8941.6334999999981},{"$f":"Inputs!$X$40*Inputs!$X$41/8760","v":5342.4657534246571},{"$f":"-Inputs!$X$45*Inputs!$X$33","v":-30000},453.51532044328405,2.7964043545646504E-3,1.6498785691931436E-3,{"$f":"-L772/(1.202*2465560*MAX(0,(Inputs!$X$49-O772)))","v":1.0828381065576416},{"$f":"params!$C$15*P772*(E772-Inputs!$X$26)","v":-32825.182557121763},-152492.57436087434]
["2002-02-02","04:00:00",0,10,-4,-9,65,{"$f":"Inputs!$X$37*Inputs!$X$32*(E773-Inputs!$X$26)","v":-86068.224057177227},{"$f":"Inputs!$X$33*C773*Inputs!$X$38","v":0},{"$f":"params!$C$15*Inputs!$X$29*(E773-Inputs!$X$26)","v":-8941.6334999999981},{"$f":"Inputs!$X$40*Inputs!$X$41/8760","v":5342.4657534246571},{"$f":"-Inputs!$X$45*Inputs!$X$33","v":-30000},453.51532044328405,2.7964043545646504E-3,1.8176628304670229E-3,{"$f":"-L773/(1.202*2465560*MAX(0,(Inputs!$X$49-O773)))","v":1.1026279582599223},{"$f":"params!$C$15*P773*(E773-Inputs!$X$26)","v":-33425.092636912763},-153092.48444066534]
["2002-02-02","05:00:00",0,8,-4,-11,54,{"$f":"Inputs!$X$37*Inputs!$X$32*(E774-Inputs!$X$26)","v":-86068.224057177227},{"$f":"Inputs!$X$33*C774*Inputs!$X$38","v":0},{"$f":"params!$C$15*Inputs!$X$29*(E774-Inputs!$X$26)","v":-8941.6334999999981},{"$f":"Inputs!$X$40*Inputs!$X$41/8760","v":5342.4657534246571},{"$f":"-Inputs!$X$45*Inputs!$X$33","v":-30000},453.51532044328405,2.7964043545646504E-3,1.5100583514649113E-3,{"$f":"-L774/(1.202*2465560*MAX(0,(Inputs!$X$49-O774)))","v":1.0668812125287519},{"$f":"params!$C$15*P774*(E774-Inputs!$X$26)","v":-32341.464856044466},-152008.85665979705]
["2002-02-02","06:00:00",0,10,-5,-11,59,{"$f":"Inputs!$X$37*Inputs!$X$32*(E775-Inputs!$X$26)","v":-89495.7197054719},{"$f":"Inputs!$X$33*C775*Inputs!$X$38","v":0},{"$f":"params!$C$15*Inputs!$X$29*(E775-Inputs!$X$26)","v":-9297.7162499999977},{"$f":"Inputs!$X$40*Inputs!$X$41/8760","v":5342.4657534246571},{"$f":"-Inputs!$X$45*Inputs!$X$33","v":-30000},420.56802345265027,2.5924024753231664E-3,1.529517460440668E-3,{"$f":"-L775/(1.202*2465560*MAX(0,(Inputs!$X$49-O775)))","v":1.0690737421481566},{"$f":"params!$C$15*P775*(E775-Inputs!$X$26)","v":-33698.510509574342},-157149.48071162158]
["2002-02-02","07:00:00",0,10,-5,-10,65,{"$f":"Inputs!$X$37*Inputs!$X$32*(E776-Inputs!$X$26)","v":-89495.7197054719},{"$f":"Inputs!$X$33*C776*Inputs!$X$38","v":0},{"$f":"params!$C$15*Inputs!$X$29*(E776-Inputs!$X$26)","v":-9297.7162499999977},{"$f":"Inputs!$X$40*Inputs!$X$41/8760","v":5342.4657534246571},{"$f":"-Inputs!$X$45*Inputs!$X$33","v":-30000},420.56802345265027,2.5924024753231664E-3,1.6850616089600582E-3,{"$f":"-L776/(1.202*2465560*MAX(0,(Inputs!$X$49-O776)))","v":1.086928798489869},{"$f":"params!$C$15*P776*(E776-Inputs!$X$26)","v":-34261.323700151101},-157712.29390219835]
["2002-02-02","08:00:00",3,3,-5,-10,65,{"$f":"Inputs!$X$37*Inputs!$X$32*(E777-Inputs!$X$26)","v":-89495.7197054719},{"$f":"Inputs!$X$33*C777*Inputs!$X$38","v":585.2897184106132},{"$f":"params!$C$15*Inputs!$X$29*(E777-Inputs!$X$26)","v":-9297.7162499999977},{"$f":"Inputs!$X$40*Inputs!$X$41/8760","v":5342.4657534246571},{"$f":"-Inputs!$X$45*Inputs!$X$33","v":-30000},420.56802345265027,2.5924024753231664E-3,1.6850616089600582E-3,{"$f":"-L777/(1.202*2465560*MAX(0,(Inputs!$X$49-O777)))","v":1.086928798489869},{"$f":"params!$C$15*P777*(E777-Inputs!$X$26)","v":-34261.323700151101},-157127.00418378774]
["2002-02-02","09:00:00",88,8,-4,-8,71,{"$f":"Inputs!$X$37*Inputs!$X$32*(E778-Inputs!$X$26)","v":-86068.224057177227},{"$f":"Inputs!$X$33*C778*Inputs!$X$38","v":17168.498406711322},{"$f":"params!$C$15*Inputs!$X$29*(E778-Inputs!$X$26)","v":-8941.6334999999981},{"$f":"Inputs!$X$40*Inputs!$X$41/8760","v":5342.4657534246571},{"$f":"-Inputs!$X$45*Inputs!$X$33","v":-30000},453.51532044328405,2.7964043545646504E-3,1.9854470917409018E-3,{"$f":"-L778/(1.202*2465560*MAX(0,(Inputs!$X$49-O778)))","v":1.1231546311339784},{"$f":"params!$C$15*P778*(E778-Inputs!$X$26)","v":-34047.338732890312},-136546.23212993157]
["2002-02-02","10:00:00",306,8,-3,-9,60,{"$f":"Inputs!$X$37*Inputs!$X$32*(E779-Inputs!$X$26)","v":-82640.728408882569},{"$f":"Inputs!$X$33*C779*Inputs!$X$38","v":59699.55127788255},{"$f":"params!$C$15*Inputs!$X$29*(E779-Inputs!$X$26)","v":-8585.5507499999985},{"$f":"Inputs!$X$40*Inputs!$X$41/8760","v":5342.4657534246571},{"$f":"-Inputs!$X$45*Inputs!$X$33","v":-30000},488.73621912146871,3.0146312662847319E-3,1.8087787597708392E-3,{"$f":"-L779/(1.202*2465560*MAX(0,(Inputs!$X$49-O779)))","v":1.1015619790555802},{"$f":"params!$C$15*P779*(E779-Inputs!$X$26)","v":-32062.977601220053},-88247.239728795423]
["2002-02-02","11:00:00",219,8,-3,-9,60,{"$f":"Inputs!$X$37*Inputs!$X$32*(E780-Inputs!$X$26)","v":-82640.728408882569},{"$f":"Inputs!$X$33*C780*Inputs!$X$38","v":42726.149443974762},{"$f":"params!$C$15*Inputs!$X$29*(E780-Inputs!$X$26)","v":-8585.5507499999985},{"$f":"Inputs!$X$40*Inputs!$X$41/8760","v":5342.4657534246571},{"$f":"-Inputs!$X$45*Inputs!$X$33","v":-30000},488.73621912146871,3.0146312662847319E-3,1.8087787597708392E-3,{"$f":"-L780/(1.202*2465560*MAX(0,(Inputs!$X$49-O780)))","v":1.1015619790555802},{"$f":"params!$C$15*P780*(E780-Inputs!$X$26)","v":-32062.977601220053},-105220.64156270318]
["2002-02-02","12:00:00",508,8,-1,-9,50,{"$f":"Inputs!$X$37*Inputs!$X$32*(E781-Inputs!$X$26)","v":-75785.737112293224},{"$f":"Inputs!$X$33*C781*Inputs!$X$38","v":99109.058984197167},{"$f":"params!$C$15*Inputs!$X$29*(E781-Inputs!$X$26)","v":-7873.3852499999985},{"$f":"Inputs!$X$40*Inputs!$X$41/8760","v":5342.4657534246571},{"$f":"-Inputs!$X$45*Inputs!$X$33","v":-30000},566.54310372490409,3.4972595900071069E-3,1.7486297950035535E-3,{"$f":"-L781/(1.202*2465560*MAX(0,(Inputs!$X$49-O781)))","v":1.0943987068543486},{"$f":"params!$C$15*P781*(E781-Inputs!$X$26)","v":-29212.170567303838},-38419.768191975236]
["2002-02-02","13:00:00",528,8,-1,-9,50,{"$f":"Inputs!$X$37*Inputs!$X$32*(E782-Inputs!$X$26)","v":-75785.737112293224},{"$f":"Inputs!$X$33*C782*Inputs!$X$38","v":103010.99044026792},{"$f":"params!$C$15*Inputs!$X$29*(E782-Inputs!$X$26)","v":-7873.3852499999985},{"$f":"Inputs!$X$40*Inputs!$X$41/8760","v":5342.4657534246571},{"$f":"-Inputs!$X$45*Inputs!$X$33","v":-30000},566.54310372490409,3.4972595900071069E-3,1.7486297950035535E-3,{"$f":"-L782/(1.202*2465560*MAX(0,(Inputs!$X$49-O782)))","v":1.0943987068543486},{"$f":"params!$C$15*P782*(E782-Inputs!$X$26)","v":-29212.170567303838},-34517.836735904479]
["2002-02-02","14:00:00",488,8,-1,-9,50,{"$f":"Inputs!$X$37*Inputs!$X$32*(E783-Inputs!$X$26)","v":-75785.737112293224},{"$f":"Inputs!$X$33*C783*Inputs!$X$38","v":95207.12752812641},{"$f":"params!$C$15*Inputs!$X$29*(E783-Inputs!$X$26)","v":-7873.3852499999985},{"$f":"Inputs!$X$40*Inputs!$X$41/8760","v":5342.4657534246571},{"$f":"-Inputs!$X$45*Inputs!$X$33","v":-30000},566.54310372490409,3.4972595900071069E-3,1.7486297950035535E-3,{"$f":"-L783/(1.202*2465560*MAX(0,(Inputs!$X$49-O783)))","v":1.0943987068543486},{"$f":"params!$C$15*P783*(E783-Inputs!$X$26)","v":-29212.170567303838},-42321.699648045993]
["2002-02-02","15:00:00",395,9,-1,-9,50,{"$f":"Inputs!$X$37*Inputs!$X$32*(E784-Inputs!$X$26)","v":-75785.737112293224},{"$f":"Inputs!$X$33*C784*Inputs!$X$38","v":77063.146257397413},{"$f":"params!$C$15*Inputs!$X$29*(E784-Inputs!$X$26)","v":-7873.3852499999985},{"$f":"Inputs!$X$40*Inputs!$X$41/8760","v":5342.4657534246571},{"$f":"-Inputs!$X$45*Inputs!$X$33","v":-30000},566.54310372490409,3.4972595900071069E-3,1.7486297950035535E-3,{"$f":"-L784/(1.202*2465560*MAX(0,(Inputs!$X$49-O784)))","v":1.0943987068543486},{"$f":"params!$C$15*P784*(E784-Inputs!$X$26)","v":-29212.170567303838},-60465.68091877499]
["2002-02-02","16:00:00",258,10,-1,-9,50,{"$f":"Inputs!$X$37*Inputs!$X$32*(E785-Inputs!$X$26)","v":-75785.737112293224},{"$f":"Inputs!$X$33*C785*Inputs!$X$38","v":50334.915783312739},{"$f":"params!$C$15*Inputs!$X$29*(E785-Inputs!$X$26)","v":-7873.3852499999985},{"$f":"Inputs!$X$40*Inputs!$X$41/8760","v":5342.4657534246571},{"$f":"-Inputs!$X$45*Inputs!$X$33","v":-30000},566.54310372490409,3.4972595900071069E-3,1.7486297950035535E-3,{"$f":"-L785/(1.202*2465560*MAX(0,(Inputs!$X$49-O785)))","v":1.0943987068543486},{"$f":"params!$C$15*P785*(E785-Inputs!$X$26)","v":-29212.170567303838},-87193.911392859663]
["2002-02-02","17:00:00",97,10,-1,-8,55,{"$f":"Inputs!$X$37*Inputs!$X$32*(E786-Inputs!$X$26)","v":-75785.737112293224},{"$f":"Inputs!$X$33*C786*Inputs!$X$38","v":18924.36756194316},{"$f":"params!$C$15*Inputs!$X$29*(E786-Inputs!$X$26)","v":-7873.3852499999985},{"$f":"Inputs!$X$40*Inputs!$X$41/8760","v":5342.4657534246571},{"$f":"-Inputs!$X$45*Inputs!$X$33","v":-30000},566.54310372490409,3.4972595900071069E-3,1.9234927745039087E-3,{"$f":"-L786/(1.202*2465560*MAX(0,(Inputs!$X$49-O786)))","v":1.1154867682347493},{"$f":"params!$C$15*P786*(E786-Inputs!$X$26)","v":-29775.062356301558},-119167.35140322696]
["2002-02-02","18:00:00",0,10,-2,-8,60,{"$f":"Inputs!$X$37*Inputs!$X$32*(E787-Inputs!$X$26)","v":-79213.232760587896},{"$f":"Inputs!$X$33*C787*Inputs!$X$38","v":0},{"$f":"params!$C$15*Inputs!$X$29*(E787-Inputs!$X$26)","v":-8229.4679999999971},{"$f":"Inputs!$X$40*Inputs!$X$41/8760","v":5342.4657534246571},{"$f":"-Inputs!$X$45*Inputs!$X$33","v":-30000},526.36516305985776,3.2479468065175691E-3,1.9487680839105415E-3,{"$f":"-L787/(1.202*2465560*MAX(0,(Inputs!$X$49-O787)))","v":1.1186023231410169},{"$f":"params!$C$15*P787*(E787-Inputs!$X$26)","v":-31208.596060046944},-143308.83106721018]
["2002-02-02","19:00:00",0,10,-3,-6,77,{"$f":"Inputs!$X$37*Inputs!$X$32*(E788-Inputs!$X$26)","v":-82640.728408882569},{"$f":"Inputs!$X$33*C788*Inputs!$X$38","v":0},{"$f":"params!$C$15*Inputs!$X$29*(E788-Inputs!$X$26)","v":-8585.5507499999985},{"$f":"Inputs!$X$40*Inputs!$X$41/8760","v":5342.4657534246571},{"$f":"-Inputs!$X$45*Inputs!$X$33","v":-30000},488.73621912146871,3.0146312662847319E-3,2.3212660750392437E-3,{"$f":"-L788/(1.202*2465560*MAX(0,(Inputs!$X$49-O788)))","v":1.1666230804456208},{"$f":"params!$C$15*P788*(E788-Inputs!$X$26)","v":-33956.700039214913},-149840.51344467283]
["2002-02-02","20:00:00",0,10,-3,-6,77,{"$f":"Inputs!$X$37*Inputs!$X$32*(E789-Inputs!$X$26)","v":-82640.728408882569},{"$f":"Inputs!$X$33*C789*Inputs!$X$38","v":0},{"$f":"params!$C$15*Inputs!$X$29*(E789-Inputs!$X$26)","v":-8585.5507499999985},{"$f":"Inputs!$X$40*Inputs!$X$41/8760","v":5342.4657534246571},{"$f":"-Inputs!$X$45*Inputs!$X$33","v":-30000},488.73621912146871,3.0146312662847319E-3,2.3212660750392437E-3,{"$f":"-L789/(1.202*2465560*MAX(0,(Inputs!$X$49-O789)))","v":1.1666230804456208},{"$f":"params!$C$15*P789*(E789-Inputs!$X$26)","v":-33956.700039214913},-149840.51344467283]
["2002-02-02","21:00:00",0,8,-3,-6,77,{"$f":"Inputs!$X$37*Inputs!$X$32*(E790-Inputs!$X$26)","v":-82640.728408882569},{"$f":"Inputs!$X$33*C790*Inputs!$X$38","v":0},{"$f":"params!$C$15*Inputs!$X$29*(E790-Inputs!$X$26)","v":-8585.5507499999985},{"$f":"Inputs!$X$40*Inputs!$X$41/8760","v":5342.4657534246571},{"$f":"-Inputs!$X$45*Inputs!$X$33","v":-30000},488.73621912146871,3.0146312662847319E-3,2.3212660750392437E-3,{"$f":"-L790/(1.202*2465560*MAX(0,(Inputs!$X$49-O790)))","v":1.1666230804456208},{"$f":"params!$C$15*P790*(E790-Inputs!$X$26)","v":-33956.700039214913},-149840.51344467283]
["2002-02-02","22:00:00",0,3,-5,-7,84,{"$f":"Inputs!$X$37*Inputs!$X$32*(E791-Inputs!$X$26)","v":-89495.7197054719},{"$f":"Inputs!$X$33*C791*Inputs!$X$38","v":0},{"$f":"params!$C$15*Inputs!$X$29*(E791-Inputs!$X$26)","v":-9297.7162499999977},{"$f":"Inputs!$X$40*Inputs!$X$41/8760","v":5342.4657534246571},{"$f":"-Inputs!$X$45*Inputs!$X$33","v":-30000},420.56802345265027,2.5924024753231664E-3,2.1776180792714597E-3,{"$f":"-L791/(1.202*2465560*MAX(0,(Inputs!$X$49-O791)))","v":1.1476241736815775},{"$f":"params!$C$15*P791*(E791-Inputs!$X$26)","v":-36174.51608168926},-159625.48628373651]
["2002-02-02","23:00:00",0,8,-6,-7,92,{"$f":"Inputs!$X$37*Inputs!$X$32*(E792-Inputs!$X$26)","v":-92923.215353766573},{"$f":"Inputs!$X$33*C792*Inputs!$X$38","v":0},{"$f":"params!$C$15*Inputs!$X$29*(E792-Inputs!$X$26)","v":-9653.7989999999972},{"$f":"Inputs!$X$40*Inputs!$X$41/8760","v":5342.4657534246571},{"$f":"-Inputs!$X$45*Inputs!$X$33","v":-30000},389.76616195693094,2.4018050803048703E-3,2.2096606738804809E-3,{"$f":"-L792/(1.202*2465560*MAX(0,(Inputs!$X$49-O792)))","v":1.151808315161466},{"$f":"params!$C$15*P792*(E792-Inputs!$X$26)","v":-37696.863409763311},-164931.41201010524]
["2002-02-02",1,0,0,-7,-8,92,{"$f":"Inputs!$X$37*Inputs!$X$32*(E793-Inputs!$X$26)","v":-96350.711002061245},{"$f":"Inputs!$X$33*C793*Inputs!$X$38","v":0},{"$f":"params!$C$15*Inputs!$X$29*(E793-Inputs!$X$26)","v":-10009.881749999997},{"$f":"Inputs!$X$40*Inputs!$X$41/8760","v":5342.4657534246571},{"$f":"-Inputs!$X$45*Inputs!$X$33","v":-30000},360.98762153500678,2.2238327850987206E-3,2.0459261622908231E-3,{"$f":"-L793/(1.202*2465560*MAX(0,(Inputs!$X$49-O793)))","v":1.1307422774594986},{"$f":"params!$C$15*P793*(E793-Inputs!$X$26)","v":-38372.432578831038},-169390.55957746762]
["2002-02-03","01:00:00",0,0,-7,-8,92,{"$f":"Inputs!$X$37*Inputs!$X$32*(E794-Inputs!$X$26)","v":-96350.711002061245},{"$f":"Inputs!$X$33*C794*Inputs!$X$38","v":0},{"$f":"params!$C$15*Inputs!$X$29*(E794-Inputs!$X$26)","v":-10009.881749999997},{"$f":"Inputs!$X$40*Inputs!$X$41/8760","v":5342.4657534246571},{"$f":"-Inputs!$X$45*Inputs!$X$33","v":-30000},360.98762153500678,2.2238327850987206E-3,2.0459261622908231E-3,{"$f":"-L794/(1.202*2465560*MAX(0,(Inputs!$X$49-O794)))","v":1.1307422774594986},{"$f":"params!$C$15*P794*(E794-Inputs!$X$26)","v":-38372.432578831038},-169390.55957746762]
["2002-02-03","02:00:00",0,0,-8,-10,84,{"$f":"Inputs!$X$37*Inputs!$X$32*(E795-Inputs!$X$26)","v":-99778.206650355904},{"$f":"Inputs!$X$33*C795*Inputs!$X$38","v":0},{"$f":"params!$C$15*Inputs!$X$29*(E795-Inputs!$X$26)","v":-10365.964499999998},{"$f":"Inputs!$X$40*Inputs!$X$41/8760","v":5342.4657534246571},{"$f":"-Inputs!$X$45*Inputs!$X$33","v":-30000},334.1161188582924,2.0577455669371189E-3,1.7285062762271799E-3,{"$f":"-L795/(1.202*2465560*MAX(0,(Inputs!$X$49-O795)))","v":1.0920229060161399},{"$f":"params!$C$15*P795*(E795-Inputs!$X$26)","v":-38376.752351547941},-173178.45774847921]
["2002-02-03","03:00:00",0,0,-8,-10,84,{"$f":"Inputs!$X$37*Inputs!$X$32*(E796-Inputs!$X$26)","v":-99778.206650355904},{"$f":"Inputs!$X$33*C796*Inputs!$X$38","v":0},{"$f":"params!$C$15*Inputs!$X$29*(E796-Inputs!$X$26)","v":-10365.964499999998},{"$f":"Inputs!$X$40*Inputs!$X$41/8760","v":5342.4657534246571},{"$f":"-Inputs!$X$45*Inputs!$X$33","v":-30000},334.1161188582924,2.0577455669371189E-3,1.7285062762271799E-3,{"$f":"-L796/(1.202*2465560*MAX(0,(Inputs!$X$49-O796)))","v":1.0920229060161399},{"$f":"params!$C$15*P796*(E796-Inputs!$X$26)","v":-38376.752351547941},-173178.45774847921]
["2002-02-03","04:00:00",0,0,-9,-10,92,{"$f":"Inputs!$X$37*Inputs!$X$32*(E797-Inputs!$X$26)","v":-103205.70229865058},{"$f":"Inputs!$X$33*C797*Inputs!$X$38","v":0},{"$f":"params!$C$15*Inputs!$X$29*(E797-Inputs!$X$26)","v":-10722.047249999998},{"$f":"Inputs!$X$40*Inputs!$X$41/8760","v":5342.4657534246571},{"$f":"-Inputs!$X$45*Inputs!$X$33","v":-30000},309.04098596033037,1.902841039413297E-3,1.7506137562602333E-3,{"$f":"-L797/(1.202*2465560*MAX(0,(Inputs!$X$49-O797)))","v":1.0946334950616519},{"$f":"params!$C$15*P797*(E797-Inputs!$X$26)","v":-39789.932661675753},-178375.21645690169]
["2002-02-03","05:00:00",0,0,-9,-10,92,{"$f":"Inputs!$X$37*Inputs!$X$32*(E798-Inputs!$X$26)","v":-103205.70229865058},{"$f":"Inputs!$X$33*C798*Inputs!$X$38","v":0},{"$f":"params!$C$15*Inputs!$X$29*(E798-Inputs!$X$26)","v":-10722.047249999998},{"$f":"Inputs!$X$40*Inputs!$X$41/8760","v":5342.4657534246571},{"$f":"-Inputs!$X$45*Inputs!$X$33","v":-30000},309.04098596033037,1.902841039413297E-3,1.7506137562602333E-3,{"$f":"-L798/(1.202*2465560*MAX(0,(Inputs!$X$49-O798)))","v":1.0946334950616519},{"$f":"params!$C$15*P798*(E798-Inputs!$X$26)","v":-39789.932661675753},-178375.21645690169]
["2002-02-03","06:00:00",0,0,-10,-11,91,{"$f":"Inputs!$X$37*Inputs!$X$32*(E799-Inputs!$X$26)","v":-106633.19794694525},{"$f":"Inputs!$X$33*C799*Inputs!$X$38","v":0},{"$f":"params!$C$15*Inputs!$X$29*(E799-Inputs!$X$26)","v":-11078.129999999997},{"$f":"Inputs!$X$40*Inputs!$X$41/8760","v":5342.4657534246571},{"$f":"-Inputs!$X$45*Inputs!$X$33","v":-30000},285.65695946908653,1.758452799711007E-3,1.6001920477370162E-3,{"$f":"-L799/(1.202*2465560*MAX(0,(Inputs!$X$49-O799)))","v":1.0771132805352646},{"$f":"params!$C$15*P799*(E799-Inputs!$X$26)","v":-40453.359331701773},-182822.22152522235]
["2002-02-03","07:00:00",0,3,-9,-11,84,{"$f":"Inputs!$X$37*Inputs!$X$32*(E800-Inputs!$X$26)","v":-103205.70229865058},{"$f":"Inputs!$X$33*C800*Inputs!$X$38","v":0},{"$f":"params!$C$15*Inputs!$X$29*(E800-Inputs!$X$26)","v":-10722.047249999998},{"$f":"Inputs!$X$40*Inputs!$X$41/8760","v":5342.4657534246571},{"$f":"-Inputs!$X$45*Inputs!$X$33","v":-30000},309.04098596033037,1.902841039413297E-3,1.5983864731071696E-3,{"$f":"-L800/(1.202*2465560*MAX(0,(Inputs!$X$49-O800)))","v":1.0769063838348762},{"$f":"params!$C$15*P800*(E800-Inputs!$X$26)","v":-39145.552085728094},-177730.83588095402]
["2002-02-03","08:00:00",6,0,-9,-11,84,{"$f":"Inputs!$X$37*Inputs!$X$32*(E801-Inputs!$X$26)","v":-103205.70229865058},{"$f":"Inputs!$X$33*C801*Inputs!$X$38","v":1170.5794368212264},{"$f":"params!$C$15*Inputs!$X$29*(E801-Inputs!$X$26)","v":-10722.047249999998},{"$f":"Inputs!$X$40*Inputs!$X$41/8760","v":5342.4657534246571},{"$f":"-Inputs!$X$45*Inputs!$X$33","v":-30000},309.04098596033037,1.902841039413297E-3,1.5983864731071696E-3,{"$f":"-L801/(1.202*2465560*MAX(0,(Inputs!$X$49-O801)))","v":1.0769063838348762},{"$f":"params!$C$15*P801*(E801-Inputs!$X$26)","v":-39145.552085728094},-176560.2564441328]
["2002-02-03","09:00:00",165,0,-4,-7,77,{"$f":"Inputs!$X$37*Inputs!$X$32*(E802-Inputs!$X$26)","v":-86068.224057177227},{"$f":"Inputs!$X$33*C802*Inputs!$X$38","v":32190.934512583728},{"$f":"params!$C$15*Inputs!$X$29*(E802-Inputs!$X$26)","v":-8941.6334999999981},{"$f":"Inputs!$X$40*Inputs!$X$41/8760","v":5342.4657534246571},{"$f":"-Inputs!$X$45*Inputs!$X$33","v":-30000},453.51532044328405,2.7964043545646504E-3,2.1532313530147808E-3,{"$f":"-L802/(1.202*2465560*MAX(0,(Inputs!$X$49-O802)))","v":1.1444600560619673},{"$f":"params!$C$15*P802*(E802-Inputs!$X$26)","v":-34693.191938907912},-122169.64923007674]
["2002-02-03","10:00:00",313,0,0,-7,55,{"$f":"Inputs!$X$37*Inputs!$X$32*(E803-Inputs!$X$26)","v":-72358.241463998565},{"$f":"Inputs!$X$33*C803*Inputs!$X$38","v":61065.22728750731},{"$f":"params!$C$15*Inputs!$X$29*(E803-Inputs!$X$26)","v":-7517.302499999998},{"$f":"Inputs!$X$40*Inputs!$X$41/8760","v":5342.4657534246571},{"$f":"-Inputs!$X$45*Inputs!$X$33","v":-30000},609.41773586642103,3.7635253138895938E-3,2.0699389226392765E-3,{"$f":"-L803/(1.202*2465560*MAX(0,(Inputs!$X$49-O803)))","v":1.1337834047705091},{"$f":"params!$C$15*P803*(E803-Inputs!$X$26)","v":-28894.745726528363},-72362.596649594954]
["2002-02-03","11:00:00",432,5,2,-8,44,{"$f":"Inputs!$X$37*Inputs!$X$32*(E804-Inputs!$X$26)","v":-65503.25016740922},{"$f":"Inputs!$X$33*C804*Inputs!$X$38","v":84281.719451128301},{"$f":"params!$C$15*Inputs!$X$29*(E804-Inputs!$X$26)","v":-6805.1369999999979},{"$f":"Inputs!$X$40*Inputs!$X$41/8760","v":5342.4657534246571},{"$f":"-Inputs!$X$45*Inputs!$X$33","v":-30000},703.88301618186097,4.3509868656616182E-3,1.9144342208911118E-3,{"$f":"-L804/(1.202*2465560*MAX(0,(Inputs!$X$49-O804)))","v":1.1143743881811117},{"$f":"params!$C$15*P804*(E804-Inputs!$X$26)","v":-25709.566220072189},-38393.768182928448]
["2002-02-03","12:00:00",514,8,2,-8,44,{"$f":"Inputs!$X$37*Inputs!$X$32*(E805-Inputs!$X$26)","v":-65503.25016740922},{"$f":"Inputs!$X$33*C805*Inputs!$X$38","v":100279.6384210184},{"$f":"params!$C$15*Inputs!$X$29*(E805-Inputs!$X$26)","v":-6805.1369999999979},{"$f":"Inputs!$X$40*Inputs!$X$41/8760","v":5342.4657534246571},{"$f":"-Inputs!$X$45*Inputs!$X$33","v":-30000},703.88301618186097,4.3509868656616182E-3,1.9144342208911118E-3,{"$f":"-L805/(1.202*2465560*MAX(0,(Inputs!$X$49-O805)))","v":1.1143743881811117},{"$f":"params!$C$15*P805*(E805-Inputs!$X$26)","v":-25709.566220072189},-22395.849213038349]
["2002-02-03","13:00:00",534,8,4,-8,38,{"$f":"Inputs!$X$37*Inputs!$X$32*(E806-Inputs!$X$26)","v":-58648.258870819882},{"$f":"Inputs!$X$33*C806*Inputs!$X$38","v":104181.56987708915},{"$f":"params!$C$15*Inputs!$X$29*(E806-Inputs!$X$26)","v":-6092.9714999999987},{"$f":"Inputs!$X$40*Inputs!$X$41/8760","v":5342.4657534246571},{"$f":"-Inputs!$X$45*Inputs!$X$33","v":-30000},811.08667612094962,5.0190035800134264E-3,1.907221360405102E-3,{"$f":"-L806/(1.202*2465560*MAX(0,(Inputs!$X$49-O806)))","v":1.1134902424420035},{"$f":"params!$C$15*P806*(E806-Inputs!$X$26)","v":-23000.766899008111},-8217.9616393141878]
["2002-02-03","14:00:00",215,10,3,-7,45,{"$f":"Inputs!$X$37*Inputs!$X$32*(E807-Inputs!$X$26)","v":-62075.754519114555},{"$f":"Inputs!$X$33*C807*Inputs!$X$38","v":41945.763152760614},{"$f":"params!$C$15*Inputs!$X$29*(E807-Inputs!$X$26)","v":-6449.0542499999983},{"$f":"Inputs!$X$40*Inputs!$X$41/8760","v":5342.4657534246571},{"$f":"-Inputs!$X$45*Inputs!$X$33","v":-30000},755.80495631325812,4.6743495015895585E-3,2.1034572757153013E-3,{"$f":"-L807/(1.202*2465560*MAX(0,(Inputs!$X$49-O807)))","v":1.1380558364469087},{"$f":"params!$C$15*P807*(E807-Inputs!$X$26)","v":-24882.061257412697},-76118.641120341985]
["2002-02-03","15:00:00",106,10,4,-7,42,{"$f":"Inputs!$X$37*Inputs!$X$32*(E808-Inputs!$X$26)","v":-58648.258870819882},{"$f":"Inputs!$X$33*C808*Inputs!$X$38","v":20680.236717175001},{"$f":"params!$C$15*Inputs!$X$29*(E808-Inputs!$X$26)","v":-6092.9714999999987},{"$f":"Inputs!$X$40*Inputs!$X$41/8760","v":5342.4657534246571},{"$f":"-Inputs!$X$45*Inputs!$X$33","v":-30000},811.08667612094962,5.0190035800134264E-3,2.1079815036056391E-3,{"$f":"-L808/(1.202*2465560*MAX(0,(Inputs!$X$49-O808)))","v":1.1386349868406309},{"$f":"params!$C$15*P808*(E808-Inputs!$X$26)","v":-23520.168311435027},-92238.696211655246]
["2002-02-03","16:00:00",103,10,3,-6,49,{"$f":"Inputs!$X$37*Inputs!$X$32*(E809-Inputs!$X$26)","v":-62075.754519114555},{"$f":"Inputs!$X$33*C809*Inputs!$X$38","v":20094.946998764386},{"$f":"params!$C$15*Inputs!$X$29*(E809-Inputs!$X$26)","v":-6449.0542499999983},{"$f":"Inputs!$X$40*Inputs!$X$41/8760","v":5342.4657534246571},{"$f":"-Inputs!$X$45*Inputs!$X$33","v":-30000},755.80495631325812,4.6743495015895585E-3,2.2904312557788836E-3,{"$f":"-L809/(1.202*2465560*MAX(0,(Inputs!$X$49-O809)))","v":1.1624920276708364},{"$f":"params!$C$15*P809*(E809-Inputs!$X$26)","v":-25416.325735006267},-98503.721751931778]
["2002-02-03","17:00:00",49,10,3,-6,49,{"$f":"Inputs!$X$37*Inputs!$X$32*(E810-Inputs!$X$26)","v":-62075.754519114555},{"$f":"Inputs!$X$33*C810*Inputs!$X$38","v":9559.7320673733484},{"$f":"params!$C$15*Inputs!$X$29*(E810-Inputs!$X$26)","v":-6449.0542499999983},{"$f":"Inputs!$X$40*Inputs!$X$41/8760","v":5342.4657534246571},{"$f":"-Inputs!$X$45*Inputs!$X$33","v":-30000},755.80495631325812,4.6743495015895585E-3,2.2904312557788836E-3,{"$f":"-L810/(1.202*2465560*MAX(0,(Inputs!$X$49-O810)))","v":1.1624920276708364},{"$f":"params!$C$15*P810*(E810-Inputs!$X$26)","v":-25416.325735006267},-109038.93668332281]
["2002-02-03","18:00:00",0,10,2,-6,52,{"$f":"Inputs!$X$37*Inputs!$X$32*(E811-Inputs!$X$26)","v":-65503.25016740922},{"$f":"Inputs!$X$33*C811*Inputs!$X$38","v":0},{"$f":"params!$C$15*Inputs!$X$29*(E811-Inputs!$X$26)","v":-6805.1369999999979},{"$f":"Inputs!$X$40*Inputs!$X$41/8760","v":5342.4657534246571},{"$f":"-Inputs!$X$45*Inputs!$X$33","v":-30000},703.88301618186097,4.3509868656616182E-3,2.2625131701440415E-3,{"$f":"-L811/(1.202*2465560*MAX(0,(Inputs!$X$49-O811)))","v":1.158776895796517},{"$f":"params!$C$15*P811*(E811-Inputs!$X$26)","v":-26733.969887262352},-123699.89130124693]
["2002-02-03","19:00:00",0,9,1,-6,56,{"$f":"Inputs!$X$37*Inputs!$X$32*(E812-Inputs!$X$26)","v":-68930.745815703893},{"$f":"Inputs!$X$33*C812*Inputs!$X$38","v":0},{"$f":"params!$C$15*Inputs!$X$29*(E812-Inputs!$X$26)","v":-7161.2197499999984},{"$f":"Inputs!$X$40*Inputs!$X$41/8760","v":5342.4657534246571},{"$f":"-Inputs!$X$45*Inputs!$X$33","v":-30000},655.14373774848059,4.0477489204243187E-3,2.2667393954376187E-3,{"$f":"-L812/(1.202*2465560*MAX(0,(Inputs!$X$49-O812)))","v":1.159337764547604},{"$f":"params!$C$15*P812*(E812-Inputs!$X$26)","v":-28146.457202744354},-128895.9570150236]
["2002-02-03","20:00:00",0,3,1,-6,56,{"$f":"Inputs!$X$37*Inputs!$X$32*(E813-Inputs!$X$26)","v":-68930.745815703893},{"$f":"Inputs!$X$33*C813*Inputs!$X$38","v":0},{"$f":"params!$C$15*Inputs!$X$29*(E813-Inputs!$X$26)","v":-7161.2197499999984},{"$f":"Inputs!$X$40*Inputs!$X$41/8760","v":5342.4657534246571},{"$f":"-Inputs!$X$45*Inputs!$X$33","v":-30000},655.14373774848059,4.0477489204243187E-3,2.2667393954376187E-3,{"$f":"-L813/(1.202*2465560*MAX(0,(Inputs!$X$49-O813)))","v":1.159337764547604},{"$f":"params!$C$15*P813*(E813-Inputs!$X$26)","v":-28146.457202744354},-128895.9570150236]
["2002-02-03","21:00:00",0,6,-1,-6,66,{"$f":"Inputs!$X$37*Inputs!$X$32*(E814-Inputs!$X$26)","v":-75785.737112293224},{"$f":"Inputs!$X$33*C814*Inputs!$X$38","v":0},{"$f":"params!$C$15*Inputs!$X$29*(E814-Inputs!$X$26)","v":-7873.3852499999985},{"$f":"Inputs!$X$40*Inputs!$X$41/8760","v":5342.4657534246571},{"$f":"-Inputs!$X$45*Inputs!$X$33","v":-30000},566.54310372490409,3.4972595900071069E-3,2.3081913294046904E-3,{"$f":"-L814/(1.202*2465560*MAX(0,(Inputs!$X$49-O814)))","v":1.1648678293502162},{"$f":"params!$C$15*P814*(E814-Inputs!$X$26)","v":-31093.163310793509},-139409.81991966208]
["2002-02-03","22:00:00",0,10,0,-6,60,{"$f":"Inputs!$X$37*Inputs!$X$32*(E815-Inputs!$X$26)","v":-72358.241463998565},{"$f":"Inputs!$X$33*C815*Inputs!$X$38","v":0},{"$f":"params!$C$15*Inputs!$X$29*(E815-Inputs!$X$26)","v":-7517.302499999998},{"$f":"Inputs!$X$40*Inputs!$X$41/8760","v":5342.4657534246571},{"$f":"-Inputs!$X$45*Inputs!$X$33","v":-30000},609.41773586642103,3.7635253138895938E-3,2.2581151883337564E-3,{"$f":"-L815/(1.202*2465560*MAX(0,(Inputs!$X$49-O815)))","v":1.1581938088970767},{"$f":"params!$C$15*P815*(E815-Inputs!$X$26)","v":-29516.850810578115},-134049.92902115203]
["2002-02-03","23:00:00",0,5,-1,-7,60,{"$f":"Inputs!$X$37*Inputs!$X$32*(E816-Inputs!$X$26)","v":-75785.737112293224},{"$f":"Inputs!$X$33*C816*Inputs!$X$38","v":0},{"$f":"params!$C$15*Inputs!$X$29*(E816-Inputs!$X$26)","v":-7873.3852499999985},{"$f":"Inputs!$X$40*Inputs!$X$41/8760","v":5342.4657534246571},{"$f":"-Inputs!$X$45*Inputs!$X$33","v":-30000},566.54310372490409,3.4972595900071069E-3,2.0983557540042641E-3,{"$f":"-L816/(1.202*2465560*MAX(0,(Inputs!$X$49-O816)))","v":1.1374034924718157},{"$f":"params!$C$15*P816*(E816-Inputs!$X$26)","v":-30360.073177933456},-138676.72978680203]
["2002-02-03",1,0,0,-2,-7,65,{"$f":"Inputs!$X$37*Inputs!$X$32*(E817-Inputs!$X$26)","v":-79213.232760587896},{"$f":"Inputs!$X$33*C817*Inputs!$X$38","v":0},{"$f":"params!$C$15*Inputs!$X$29*(E817-Inputs!$X$26)","v":-8229.4679999999971},{"$f":"Inputs!$X$40*Inputs!$X$41/8760","v":5342.4657534246571},{"$f":"-Inputs!$X$45*Inputs!$X$33","v":-30000},526.36516305985776,3.2479468065175691E-3,2.1111654242364202E-3,{"$f":"-L817/(1.202*2465560*MAX(0,(Inputs!$X$49-O817)))","v":1.1390429168295795},{"$f":"params!$C$15*P817*(E817-Inputs!$X$26)","v":-31778.88115463053},-143879.11616179376]
["2002-02-04","01:00:00",0,0,-4,-7,77,{"$f":"Inputs!$X$37*Inputs!$X$32*(E818-Inputs!$X$26)","v":-86068.224057177227},{"$f":"Inputs!$X$33*C818*Inputs!$X$38","v":0},{"$f":"params!$C$15*Inputs!$X$29*(E818-Inputs!$X$26)","v":-8941.6334999999981},{"$f":"Inputs!$X$40*Inputs!$X$41/8760","v":5342.4657534246571},{"$f":"-Inputs!$X$45*Inputs!$X$33","v":-30000},453.51532044328405,2.7964043545646504E-3,2.1532313530147808E-3,{"$f":"-L818/(1.202*2465560*MAX(0,(Inputs!$X$49-O818)))","v":1.1444600560619673},{"$f":"params!$C$15*P818*(E818-Inputs!$X$26)","v":-34693.191938907912},-154360.58374266047]
["2002-02-04","02:00:00",0,0,-6,-8,84,{"$f":"Inputs!$X$37*Inputs!$X$32*(E819-Inputs!$X$26)","v":-92923.215353766573},{"$f":"Inputs!$X$33*C819*Inputs!$X$38","v":0},{"$f":"params!$C$15*Inputs!$X$29*(E819-Inputs!$X$26)","v":-9653.7989999999972},{"$f":"Inputs!$X$40*Inputs!$X$41/8760","v":5342.4657534246571},{"$f":"-Inputs!$X$45*Inputs!$X$33","v":-30000},389.76616195693094,2.4018050803048703E-3,2.0175162674560907E-3,{"$f":"-L819/(1.202*2465560*MAX(0,(Inputs!$X$49-O819)))","v":1.1271652716573397},{"$f":"params!$C$15*P819*(E819-Inputs!$X$26)","v":-36890.335593678152},-164124.88419402007]
["2002-02-04","03:00:00",0,0,-7,-9,84,{"$f":"Inputs!$X$37*Inputs!$X$32*(E820-Inputs!$X$26)","v":-96350.711002061245},{"$f":"Inputs!$X$33*C820*Inputs!$X$38","v":0},{"$f":"params!$C$15*Inputs!$X$29*(E820-Inputs!$X$26)","v":-10009.881749999997},{"$f":"Inputs!$X$40*Inputs!$X$41/8760","v":5342.4657534246571},{"$f":"-Inputs!$X$45*Inputs!$X$33","v":-30000},360.98762153500678,2.2238327850987206E-3,1.8680195394829252E-3,{"$f":"-L820/(1.202*2465560*MAX(0,(Inputs!$X$49-O820)))","v":1.1087093480109445},{"$f":"params!$C$15*P820*(E820-Inputs!$X$26)","v":-37624.731606971807},-168642.8586056084]
["2002-02-04","04:00:00",0,0,-7,-9,84,{"$f":"Inputs!$X$37*Inputs!$X$32*(E821-Inputs!$X$26)","v":-96350.711002061245},{"$f":"Inputs!$X$33*C821*Inputs!$X$38","v":0},{"$f":"params!$C$15*Inputs!$X$29*(E821-Inputs!$X$26)","v":-10009.881749999997},{"$f":"Inputs!$X$40*Inputs!$X$41/8760","v":5342.4657534246571},{"$f":"-Inputs!$X$45*Inputs!$X$33","v":-30000},360.98762153500678,2.2238327850987206E-3,1.8680195394829252E-3,{"$f":"-L821/(1.202*2465560*MAX(0,(Inputs!$X$49-O821)))","v":1.1087093480109445},{"$f":"params!$C$15*P821*(E821-Inputs!$X$26)","v":-37624.731606971807},-168642.8586056084]
["2002-02-04","05:00:00",0,10,-7,-8,92,{"$f":"Inputs!$X$37*Inputs!$X$32*(E822-Inputs!$X$26)","v":-96350.711002061245},{"$f":"Inputs!$X$33*C822*Inputs!$X$38","v":0},{"$f":"params!$C$15*Inputs!$X$29*(E822-Inputs!$X$26)","v":-10009.881749999997},{"$f":"Inputs!$X$40*Inputs!$X$41/8760","v":5342.4657534246571},{"$f":"-Inputs!$X$45*Inputs!$X$33","v":-30000},360.98762153500678,2.2238327850987206E-3,2.0459261622908231E-3,{"$f":"-L822/(1.202*2465560*MAX(0,(Inputs!$X$49-O822)))","v":1.1307422774594986},{"$f":"params!$C$15*P822*(E822-Inputs!$X$26)","v":-38372.432578831038},-169390.55957746762]
["2002-02-04","06:00:00",0,10,-6,-7,92,{"$f":"Inputs!$X$37*Inputs!$X$32*(E823-Inputs!$X$26)","v":-92923.215353766573},{"$f":"Inputs!$X$33*C823*Inputs!$X$38","v":0},{"$f":"params!$C$15*Inputs!$X$29*(E823-Inputs!$X$26)","v":-9653.7989999999972},{"$f":"Inputs!$X$40*Inputs!$X$41/8760","v":5342.4657534246571},{"$f":"-Inputs!$X$45*Inputs!$X$33","v":-30000},389.76616195693094,2.4018050803048703E-3,2.2096606738804809E-3,{"$f":"-L823/(1.202*2465560*MAX(0,(Inputs!$X$49-O823)))","v":1.151808315161466},{"$f":"params!$C$15*P823*(E823-Inputs!$X$26)","v":-37696.863409763311},-164931.41201010524]
["2002-02-04","07:00:00",0,10,-5,-7,84,{"$f":"Inputs!$X$37*Inputs!$X$32*(E824-Inputs!$X$26)","v":-89495.7197054719},{"$f":"Inputs!$X$33*C824*Inputs!$X$38","v":0},{"$f":"params!$C$15*Inputs!$X$29*(E824-Inputs!$X$26)","v":-9297.7162499999977},{"$f":"Inputs!$X$40*Inputs!$X$41/8760","v":5342.4657534246571},{"$f":"-Inputs!$X$45*Inputs!$X$33","v":-30000},420.56802345265027,2.5924024753231664E-3,2.1776180792714597E-3,{"$f":"-L824/(1.202*2465560*MAX(0,(Inputs!$X$49-O824)))","v":1.1476241736815775},{"$f":"params!$C$15*P824*(E824-Inputs!$X$26)","v":-36174.51608168926},-159625.48628373651]
["2002-02-04","08:00:00",3,10,-4,-6,84,{"$f":"Inputs!$X$37*Inputs!$X$32*(E825-Inputs!$X$26)","v":-86068.224057177227},{"$f":"Inputs!$X$33*C825*Inputs!$X$38","v":585.2897184106132},{"$f":"params!$C$15*Inputs!$X$29*(E825-Inputs!$X$26)","v":-8941.6334999999981},{"$f":"Inputs!$X$40*Inputs!$X$41/8760","v":5342.4657534246571},{"$f":"-Inputs!$X$45*Inputs!$X$33","v":-30000},453.51532044328405,2.7964043545646504E-3,2.3489796578343063E-3,{"$f":"-L825/(1.202*2465560*MAX(0,(Inputs!$X$49-O825)))","v":1.170361102910803},{"$f":"params!$C$15*P825*(E825-Inputs!$X$26)","v":-35478.356947494853},-154560.45903283681]
["2002-02-04","09:00:00",69,10,-3,-6,77,{"$f":"Inputs!$X$37*Inputs!$X$32*(E826-Inputs!$X$26)","v":-82640.728408882569},{"$f":"Inputs!$X$33*C826*Inputs!$X$38","v":13461.663523444104},{"$f":"params!$C$15*Inputs!$X$29*(E826-Inputs!$X$26)","v":-8585.5507499999985},{"$f":"Inputs!$X$40*Inputs!$X$41/8760","v":5342.4657534246571},{"$f":"-Inputs!$X$45*Inputs!$X$33","v":-30000},488.73621912146871,3.0146312662847319E-3,2.3212660750392437E-3,{"$f":"-L826/(1.202*2465560*MAX(0,(Inputs!$X$49-O826)))","v":1.1666230804456208},{"$f":"params!$C$15*P826*(E826-Inputs!$X$26)","v":-33956.700039214913},-136378.84992122871]
["2002-02-04","10:00:00",118,10,-1,-6,66,{"$f":"Inputs!$X$37*Inputs!$X$32*(E827-Inputs!$X$26)","v":-75785.737112293224},{"$f":"Inputs!$X$33*C827*Inputs!$X$38","v":23021.395590817454},{"$f":"params!$C$15*Inputs!$X$29*(E827-Inputs!$X$26)","v":-7873.3852499999985},{"$f":"Inputs!$X$40*Inputs!$X$41/8760","v":5342.4657534246571},{"$f":"-Inputs!$X$45*Inputs!$X$33","v":-30000},566.54310372490409,3.4972595900071069E-3,2.3081913294046904E-3,{"$f":"-L827/(1.202*2465560*MAX(0,(Inputs!$X$49-O827)))","v":1.1648678293502162},{"$f":"params!$C$15*P827*(E827-Inputs!$X$26)","v":-31093.163310793509},-116388.42432884462]
["2002-02-04","11:00:00",71,10,0,-4,72,{"$f":"Inputs!$X$37*Inputs!$X$32*(E828-Inputs!$X$26)","v":-72358.241463998565},{"$f":"Inputs!$X$33*C828*Inputs!$X$38","v":13851.85666905118},{"$f":"params!$C$15*Inputs!$X$29*(E828-Inputs!$X$26)","v":-7517.302499999998},{"$f":"Inputs!$X$40*Inputs!$X$41/8760","v":5342.4657534246571},{"$f":"-Inputs!$X$45*Inputs!$X$33","v":-30000},609.41773586642103,3.7635253138895938E-3,2.7097382260005075E-3,{"$f":"-L828/(1.202*2465560*MAX(0,(Inputs!$X$49-O828)))","v":1.2213009965906376},{"$f":"params!$C$15*P828*(E828-Inputs!$X$26)","v":-31125.152832154123},-121806.37437367687]
["2002-02-04","12:00:00",149,10,-1,-4,78,{"$f":"Inputs!$X$37*Inputs!$X$32*(E829-Inputs!$X$26)","v":-75785.737112293224},{"$f":"Inputs!$X$33*C829*Inputs!$X$38","v":29069.389347727123},{"$f":"params!$C$15*Inputs!$X$29*(E829-Inputs!$X$26)","v":-7873.3852499999985},{"$f":"Inputs!$X$40*Inputs!$X$41/8760","v":5342.4657534246571},{"$f":"-Inputs!$X$45*Inputs!$X$33","v":-30000},566.54310372490409,3.4972595900071069E-3,2.7278624802055435E-3,{"$f":"-L829/(1.202*2465560*MAX(0,(Inputs!$X$49-O829)))","v":1.2239774214274959},{"$f":"params!$C$15*P829*(E829-Inputs!$X$26)","v":-32670.942483146875},-111918.20974428832]
["2002-02-04","13:00:00",156,10,-1,-4,78,{"$f":"Inputs!$X$37*Inputs!$X$32*(E830-Inputs!$X$26)","v":-75785.737112293224},{"$f":"Inputs!$X$33*C830*Inputs!$X$38","v":30435.065357351883},{"$f":"params!$C$15*Inputs!$X$29*(E830-Inputs!$X$26)","v":-7873.3852499999985},{"$f":"Inputs!$X$40*Inputs!$X$41/8760","v":5342.4657534246571},{"$f":"-Inputs!$X$45*Inputs!$X$33","v":-30000},566.54310372490409,3.4972595900071069E-3,2.7278624802055435E-3,{"$f":"-L830/(1.202*2465560*MAX(0,(Inputs!$X$49-O830)))","v":1.2239774214274959},{"$f":"params!$C$15*P830*(E830-Inputs!$X$26)","v":-32670.942483146875},-110552.53373466356]
["2002-02-04","14:00:00",174,10,-3,-6,77,{"$f":"Inputs!$X$37*Inputs!$X$32*(E831-Inputs!$X$26)","v":-82640.728408882569},{"$f":"Inputs!$X$33*C831*Inputs!$X$38","v":33946.803667815562},{"$f":"params!$C$15*Inputs!$X$29*(E831-Inputs!$X$26)","v":-8585.5507499999985},{"$f":"Inputs!$X$40*Inputs!$X$41/8760","v":5342.4657534246571},{"$f":"-Inputs!$X$45*Inputs!$X$33","v":-30000},488.73621912146871,3.0146312662847319E-3,2.3212660750392437E-3,{"$f":"-L831/(1.202*2465560*MAX(0,(Inputs!$X$49-O831)))","v":1.1666230804456208},{"$f":"params!$C$15*P831*(E831-Inputs!$X$26)","v":-33956.700039214913},-115893.70977685726]
["2002-02-04","15:00:00",139,10,-5,-8,77,{"$f":"Inputs!$X$37*Inputs!$X$32*(E832-Inputs!$X$26)","v":-89495.7197054719},{"$f":"Inputs!$X$33*C832*Inputs!$X$38","v":27118.423619691745},{"$f":"params!$C$15*Inputs!$X$29*(E832-Inputs!$X$26)","v":-9297.7162499999977},{"$f":"Inputs!$X$40*Inputs!$X$41/8760","v":5342.4657534246571},{"$f":"-Inputs!$X$45*Inputs!$X$33","v":-30000},420.56802345265027,2.5924024753231664E-3,1.996149905998838E-3,{"$f":"-L832/(1.202*2465560*MAX(0,(Inputs!$X$49-O832)))","v":1.1244899713105516},{"$f":"params!$C$15*P832*(E832-Inputs!$X$26)","v":-35445.297758391782},-131777.84434074728]
["2002-02-04","16:00:00",114,10,-6,-10,70,{"$f":"Inputs!$X$37*Inputs!$X$32*(E833-Inputs!$X$26)","v":-92923.215353766573},{"$f":"Inputs!$X$33*C833*Inputs!$X$38","v":22241.009299603302},{"$f":"params!$C$15*Inputs!$X$29*(E833-Inputs!$X$26)","v":-9653.7989999999972},{"$f":"Inputs!$X$40*Inputs!$X$41/8760","v":5342.4657534246571},{"$f":"-Inputs!$X$45*Inputs!$X$33","v":-30000},389.76616195693094,2.4018050803048703E-3,1.6812635562134092E-3,{"$f":"-L833/(1.202*2465560*MAX(0,(Inputs!$X$49-O833)))","v":1.0864857156842487},{"$f":"params!$C$15*P833*(E833-Inputs!$X$26)","v":-35558.958102387456},-140552.49740312606]
["2002-02-04","17:00:00",49,10,-7,-12,64,{"$f":"Inputs!$X$37*Inputs!$X$32*(E834-Inputs!$X$26)","v":-96350.711002061245},{"$f":"Inputs!$X$33*C834*Inputs!$X$38","v":9559.7320673733484},{"$f":"params!$C$15*Inputs!$X$29*(E834-Inputs!$X$26)","v":-10009.881749999997},{"$f":"Inputs!$X$40*Inputs!$X$41/8760","v":5342.4657534246571},{"$f":"-Inputs!$X$45*Inputs!$X$33","v":-30000},360.98762153500678,2.2238327850987206E-3,1.4232529824631812E-3,{"$f":"-L834/(1.202*2465560*MAX(0,(Inputs!$X$49-O834)))","v":1.0572090780270629},{"$f":"params!$C$15*P834*(E834-Inputs!$X$26)","v":-35877.038364097658},-157335.43329536091]
["2002-02-04","18:00:00",0,10,-8,-12,70,{"$f":"Inputs!$X$37*Inputs!$X$32*(E835-Inputs!$X$26)","v":-99778.206650355904},{"$f":"Inputs!$X$33*C835*Inputs!$X$38","v":0},{"$f":"params!$C$15*Inputs!$X$29*(E835-Inputs!$X$26)","v":-10365.964499999998},{"$f":"Inputs!$X$40*Inputs!$X$41/8760","v":5342.4657534246571},{"$f":"-Inputs!$X$45*Inputs!$X$33","v":-30000},{"$f":"EXP(77.345+0.0057*(E835+273.15)-7235/(E835+273.15))/(E835+273.15)^8.2","v":334.1161188582924},{"$f":"0.62198*M835/(101325-M835)","v":2.0577455669371189E-3},{"$f":"N835*G835/100","v":1.4404218968559832E-3},{"$f":"-L835/(1.202*2465560*MAX(0,(Inputs!$X$49-O835)))","v":1.059108156102553},{"$f":"params!$C$15*P835*(E835-Inputs!$X$26)","v":-37220.035583806275},{"$f":"H835+I835+J835+K835+L835+Q835","v":-172021.74098073755}]
["2002-02-04","19:00:00",0,10,-9,-13,70,{"$f":"Inputs!$X$37*Inputs!$X$32*(E836-Inputs!$X$26)","v":-103205.70229865058},{"$f":"Inputs!$X$33*C836*Inputs!$X$38","v":0},{"$f":"params!$C$15*Inputs!$X$29*(E836-Inputs!$X$26)","v":-10722.047249999998},{"$f":"Inputs!$X$40*Inputs!$X$41/8760","v":5342.4657534246571},{"$f":"-Inputs!$X$45*Inputs!$X$33","v":-30000},309.04098596033037,1.902841039413297E-3,1.3319887275893081E-3,{"$f":"-L836/(1.202*2465560*MAX(0,(Inputs!$X$49-O836)))","v":1.0472274495318989},{"$f":"params!$C$15*P836*(E836-Inputs!$X$26)","v":-38066.722685099114},-176652.00648032504]
["2002-02-04","20:00:00",0,10,-10,-14,70,{"$f":"Inputs!$X$37*Inputs!$X$32*(E837-Inputs!$X$26)","v":-106633.19794694525},{"$f":"Inputs!$X$33*C837*Inputs!$X$38","v":0},{"$f":"params!$C$15*Inputs!$X$29*(E837-Inputs!$X$26)","v":-11078.129999999997},{"$f":"Inputs!$X$40*Inputs!$X$41/8760","v":5342.4657534246571},{"$f":"-Inputs!$X$45*Inputs!$X$33","v":-30000},285.65695946908653,1.758452799711007E-3,1.2309169597977049E-3,{"$f":"-L837/(1.202*2465560*MAX(0,(Inputs!$X$49-O837)))","v":1.0363908447289183},{"$f":"params!$C$15*P837*(E837-Inputs!$X$26)","v":-38923.93864930368},-181292.80084282428]
["2002-02-04","21:00:00",0,10,-10,-15,64,{"$f":"Inputs!$X$37*Inputs!$X$32*(E838-Inputs!$X$26)","v":-106633.19794694525},{"$f":"Inputs!$X$33*C838*Inputs!$X$38","v":0},{"$f":"params!$C$15*Inputs!$X$29*(E838-Inputs!$X$26)","v":-11078.129999999997},{"$f":"Inputs!$X$40*Inputs!$X$41/8760","v":5342.4657534246571},{"$f":"-Inputs!$X$45*Inputs!$X$33","v":-30000},285.65695946908653,1.758452799711007E-3,1.1254097918150445E-3,{"$f":"-L838/(1.202*2465560*MAX(0,(Inputs!$X$49-O838)))","v":1.025315384139315},{"$f":"params!$C$15*P838*(E838-Inputs!$X$26)","v":-38507.975356405957},-180876.83754992654]
["2002-02-04","22:00:00",0,10,-11,-15,70,{"$f":"Inputs!$X$37*Inputs!$X$32*(E839-Inputs!$X$26)","v":-110060.69359523992},{"$f":"Inputs!$X$33*C839*Inputs!$X$38","v":0},{"$f":"params!$C$15*Inputs!$X$29*(E839-Inputs!$X$26)","v":-11434.212749999999},{"$f":"Inputs!$X$40*Inputs!$X$41/8760","v":5342.4657534246571},{"$f":"-Inputs!$X$45*Inputs!$X$33","v":-30000},263.86397481101648,1.6239488443119262E-3,1.1367641910183482E-3,{"$f":"-L839/(1.202*2465560*MAX(0,(Inputs!$X$49-O839)))","v":1.0264959158229425},{"$f":"params!$C$15*P839*(E839-Inputs!$X$26)","v":-39791.494304973647},-185943.93489678891]
["2002-02-04","23:00:00",0,8,-11,-16,63,{"$f":"Inputs!$X$37*Inputs!$X$32*(E840-Inputs!$X$26)","v":-110060.69359523992},{"$f":"Inputs!$X$33*C840*Inputs!$X$38","v":0},{"$f":"params!$C$15*Inputs!$X$29*(E840-Inputs!$X$26)","v":-11434.212749999999},{"$f":"Inputs!$X$40*Inputs!$X$41/8760","v":5342.4657534246571},{"$f":"-Inputs!$X$45*Inputs!$X$33","v":-30000},263.86397481101648,1.6239488443119262E-3,1.0230877719165136E-3,{"$f":"-L840/(1.202*2465560*MAX(0,(Inputs!$X$49-O840)))","v":1.0147980663153242},{"$f":"params!$C$15*P840*(E840-Inputs!$X$26)","v":-39338.034232811879},-185490.47482462716]
["2002-02-04",1,0,2,-11,-16,63,{"$f":"Inputs!$X$37*Inputs!$X$32*(E841-Inputs!$X$26)","v":-110060.69359523992},{"$f":"Inputs!$X$33*C841*Inputs!$X$38","v":0},{"$f":"params!$C$15*Inputs!$X$29*(E841-Inputs!$X$26)","v":-11434.212749999999},{"$f":"Inputs!$X$40*Inputs!$X$41/8760","v":5342.4657534246571},{"$f":"-Inputs!$X$45*Inputs!$X$33","v":-30000},263.86397481101648,1.6239488443119262E-3,1.0230877719165136E-3,{"$f":"-L841/(1.202*2465560*MAX(0,(Inputs!$X$49-O841)))","v":1.0147980663153242},{"$f":"params!$C$15*P841*(E841-Inputs!$X$26)","v":-39338.034232811879},-185490.47482462716]
["2002-02-05","01:00:00",0,10,-11,-16,63,{"$f":"Inputs!$X$37*Inputs!$X$32*(E842-Inputs!$X$26)","v":-110060.69359523992},{"$f":"Inputs!$X$33*C842*Inputs!$X$38","v":0},{"$f":"params!$C$15*Inputs!$X$29*(E842-Inputs!$X$26)","v":-11434.212749999999},{"$f":"Inputs!$X$40*Inputs!$X$41/8760","v":5342.4657534246571},{"$f":"-Inputs!$X$45*Inputs!$X$33","v":-30000},263.86397481101648,1.6239488443119262E-3,1.0230877719165136E-3,{"$f":"-L842/(1.202*2465560*MAX(0,(Inputs!$X$49-O842)))","v":1.0147980663153242},{"$f":"params!$C$15*P842*(E842-Inputs!$X$26)","v":-39338.034232811879},-185490.47482462716]
["2002-02-05","02:00:00",0,10,-11,-16,63,{"$f":"Inputs!$X$37*Inputs!$X$32*(E843-Inputs!$X$26)","v":-110060.69359523992},{"$f":"Inputs!$X$33*C843*Inputs!$X$38","v":0},{"$f":"params!$C$15*Inputs!$X$29*(E843-Inputs!$X$26)","v":-11434.212749999999},{"$f":"Inputs!$X$40*Inputs!$X$41/8760","v":5342.4657534246571},{"$f":"-Inputs!$X$45*Inputs!$X$33","v":-30000},263.86397481101648,1.6239488443119262E-3,1.0230877719165136E-3,{"$f":"-L843/(1.202*2465560*MAX(0,(Inputs!$X$49-O843)))","v":1.0147980663153242},{"$f":"params!$C$15*P843*(E843-Inputs!$X$26)","v":-39338.034232811879},-185490.47482462716]
["2002-02-05","03:00:00",0,10,-11,-16,63,{"$f":"Inputs!$X$37*Inputs!$X$32*(E844-Inputs!$X$26)","v":-110060.69359523992},{"$f":"Inputs!$X$33*C844*Inputs!$X$38","v":0},{"$f":"params!$C$15*Inputs!$X$29*(E844-Inputs!$X$26)","v":-11434.212749999999},{"$f":"Inputs!$X$40*Inputs!$X$41/8760","v":5342.4657534246571},{"$f":"-Inputs!$X$45*Inputs!$X$33","v":-30000},263.86397481101648,1.6239488443119262E-3,1.0230877719165136E-3,{"$f":"-L844/(1.202*2465560*MAX(0,(Inputs!$X$49-O844)))","v":1.0147980663153242},{"$f":"params!$C$15*P844*(E844-Inputs!$X$26)","v":-39338.034232811879},-185490.47482462716]
["2002-02-05","04:00:00",0,10,-12,-16,69,{"$f":"Inputs!$X$37*Inputs!$X$32*(E845-Inputs!$X$26)","v":-113488.18924353459},{"$f":"Inputs!$X$33*C845*Inputs!$X$38","v":0},{"$f":"params!$C$15*Inputs!$X$29*(E845-Inputs!$X$26)","v":-11790.295499999998},{"$f":"Inputs!$X$40*Inputs!$X$41/8760","v":5342.4657534246571},{"$f":"-Inputs!$X$45*Inputs!$X$33","v":-30000},243.5669653908281,1.4987300494831474E-3,1.0341237341433716E-3,{"$f":"-L845/(1.202*2465560*MAX(0,(Inputs!$X$49-O845)))","v":1.0159220215111224},{"$f":"params!$C$15*P845*(E845-Inputs!$X$26)","v":-40608.020400765228},-190544.03939087517]
["2002-02-05","05:00:00",0,10,-11,-16,63,{"$f":"Inputs!$X$37*Inputs!$X$32*(E846-Inputs!$X$26)","v":-110060.69359523992},{"$f":"Inputs!$X$33*C846*Inputs!$X$38","v":0},{"$f":"params!$C$15*Inputs!$X$29*(E846-Inputs!$X$26)","v":-11434.212749999999},{"$f":"Inputs!$X$40*Inputs!$X$41/8760","v":5342.4657534246571},{"$f":"-Inputs!$X$45*Inputs!$X$33","v":-30000},263.86397481101648,1.6239488443119262E-3,1.0230877719165136E-3,{"$f":"-L846/(1.202*2465560*MAX(0,(Inputs!$X$49-O846)))","v":1.0147980663153242},{"$f":"params!$C$15*P846*(E846-Inputs!$X$26)","v":-39338.034232811879},-185490.47482462716]
["2002-02-05","06:00:00",0,8,-12,-16,69,{"$f":"Inputs!$X$37*Inputs!$X$32*(E847-Inputs!$X$26)","v":-113488.18924353459},{"$f":"Inputs!$X$33*C847*Inputs!$X$38","v":0},{"$f":"params!$C$15*Inputs!$X$29*(E847-Inputs!$X$26)","v":-11790.295499999998},{"$f":"Inputs!$X$40*Inputs!$X$41/8760","v":5342.4657534246571},{"$f":"-Inputs!$X$45*Inputs!$X$33","v":-30000},243.5669653908281,1.4987300494831474E-3,1.0341237341433716E-3,{"$f":"-L847/(1.202*2465560*MAX(0,(Inputs!$X$49-O847)))","v":1.0159220215111224},{"$f":"params!$C$15*P847*(E847-Inputs!$X$26)","v":-40608.020400765228},-190544.03939087517]
["2002-02-05","07:00:00",0,4,-13,-16,76,{"$f":"Inputs!$X$37*Inputs!$X$32*(E848-Inputs!$X$26)","v":-116915.68489182927},{"$f":"Inputs!$X$33*C848*Inputs!$X$38","v":0},{"$f":"params!$C$15*Inputs!$X$29*(E848-Inputs!$X$26)","v":-12146.378249999998},{"$f":"Inputs!$X$40*Inputs!$X$41/8760","v":5342.4657534246571},{"$f":"-Inputs!$X$45*Inputs!$X$33","v":-30000},224.67566674612308,1.3822287131554647E-3,1.0504938219981531E-3,{"$f":"-L848/(1.202*2465560*MAX(0,(Inputs!$X$49-O848)))","v":1.0175938227205841},{"$f":"params!$C$15*P848*(E848-Inputs!$X$26)","v":-41903.279871163009},-195622.87725956761]
["2002-02-05","08:00:00",9,10,-11,-14,76,{"$f":"Inputs!$X$37*Inputs!$X$32*(E849-Inputs!$X$26)","v":-110060.69359523992},{"$f":"Inputs!$X$33*C849*Inputs!$X$38","v":1755.8691552318396},{"$f":"params!$C$15*Inputs!$X$29*(E849-Inputs!$X$26)","v":-11434.212749999999},{"$f":"Inputs!$X$40*Inputs!$X$41/8760","v":5342.4657534246571},{"$f":"-Inputs!$X$45*Inputs!$X$33","v":-30000},263.86397481101648,1.6239488443119262E-3,1.2342011216770639E-3,{"$f":"-L849/(1.202*2465560*MAX(0,(Inputs!$X$49-O849)))","v":1.0367394360184927},{"$f":"params!$C$15*P849*(E849-Inputs!$X$26)","v":-40188.578179581506},-184585.14961616494]
["2002-02-05","09:00:00",171,10,-11,-14,76,{"$f":"Inputs!$X$37*Inputs!$X$32*(E850-Inputs!$X$26)","v":-110060.69359523992},{"$f":"Inputs!$X$33*C850*Inputs!$X$38","v":33361.513949404951},{"$f":"params!$C$15*Inputs!$X$29*(E850-Inputs!$X$26)","v":-11434.212749999999},{"$f":"Inputs!$X$40*Inputs!$X$41/8760","v":5342.4657534246571},{"$f":"-Inputs!$X$45*Inputs!$X$33","v":-30000},263.86397481101648,1.6239488443119262E-3,1.2342011216770639E-3,{"$f":"-L850/(1.202*2465560*MAX(0,(Inputs!$X$49-O850)))","v":1.0367394360184927},{"$f":"params!$C$15*P850*(E850-Inputs!$X$26)","v":-40188.578179581506},-152979.50482199181]
["2002-02-05","10:00:00",319,3,-8,-12,70,{"$f":"Inputs!$X$37*Inputs!$X$32*(E851-Inputs!$X$26)","v":-99778.206650355904},{"$f":"Inputs!$X$33*C851*Inputs!$X$38","v":62235.80672432854},{"$f":"params!$C$15*Inputs!$X$29*(E851-Inputs!$X$26)","v":-10365.964499999998},{"$f":"Inputs!$X$40*Inputs!$X$41/8760","v":5342.4657534246571},{"$f":"-Inputs!$X$45*Inputs!$X$33","v":-30000},334.1161188582924,2.0577455669371189E-3,1.4404218968559832E-3,{"$f":"-L851/(1.202*2465560*MAX(0,(Inputs!$X$49-O851)))","v":1.059108156102553},{"$f":"params!$C$15*P851*(E851-Inputs!$X$26)","v":-37220.035583806275},-109785.93425640897]
["2002-02-05","11:00:00",444,4,-5,-12,54,{"$f":"Inputs!$X$37*Inputs!$X$32*(E852-Inputs!$X$26)","v":-89495.7197054719},{"$f":"Inputs!$X$33*C852*Inputs!$X$38","v":86622.878324770762},{"$f":"params!$C$15*Inputs!$X$29*(E852-Inputs!$X$26)","v":-9297.7162499999977},{"$f":"Inputs!$X$40*Inputs!$X$41/8760","v":5342.4657534246571},{"$f":"-Inputs!$X$45*Inputs!$X$33","v":-30000},420.56802345265027,2.5924024753231664E-3,1.3998973366745099E-3,{"$f":"-L852/(1.202*2465560*MAX(0,(Inputs!$X$49-O852)))","v":1.0546365839426322},{"$f":"params!$C$15*P852*(E852-Inputs!$X$26)","v":-33243.433644119134},-70071.525521395612]
["2002-02-05","12:00:00",520,10,-4,-12,50,{"$f":"Inputs!$X$37*Inputs!$X$32*(E853-Inputs!$X$26)","v":-86068.224057177227},{"$f":"Inputs!$X$33*C853*Inputs!$X$38","v":101450.21785783963},{"$f":"params!$C$15*Inputs!$X$29*(E853-Inputs!$X$26)","v":-8941.6334999999981},{"$f":"Inputs!$X$40*Inputs!$X$41/8760","v":5342.4657534246571},{"$f":"-Inputs!$X$45*Inputs!$X$33","v":-30000},453.51532044328405,2.7964043545646504E-3,1.3982021772823252E-3,{"$f":"-L853/(1.202*2465560*MAX(0,(Inputs!$X$49-O853)))","v":1.0544503588066263},{"$f":"params!$C$15*P853*(E853-Inputs!$X$26)","v":-31964.635632637441},-50181.809578550383]
["2002-02-05","13:00:00",540,9,-2,-12,42,{"$f":"Inputs!$X$37*Inputs!$X$32*(E854-Inputs!$X$26)","v":-79213.232760587896},{"$f":"Inputs!$X$33*C854*Inputs!$X$38","v":105352.14931391038},{"$f":"params!$C$15*Inputs!$X$29*(E854-Inputs!$X$26)","v":-8229.4679999999971},{"$f":"Inputs!$X$40*Inputs!$X$41/8760","v":5342.4657534246571},{"$f":"-Inputs!$X$45*Inputs!$X$33","v":-30000},526.36516305985776,3.2479468065175691E-3,1.3641376587373792E-3,{"$f":"-L854/(1.202*2465560*MAX(0,(Inputs!$X$49-O854)))","v":1.0507220230342467},{"$f":"params!$C$15*P854*(E854-Inputs!$X$26)","v":-29314.760491640121},-36062.846184892973]
["2002-02-05","14:00:00",506,9,-2,-12,42,{"$f":"Inputs!$X$37*Inputs!$X$32*(E855-Inputs!$X$26)","v":-79213.232760587896},{"$f":"Inputs!$X$33*C855*Inputs!$X$38","v":98718.865838590093},{"$f":"params!$C$15*Inputs!$X$29*(E855-Inputs!$X$26)","v":-8229.4679999999971},{"$f":"Inputs!$X$40*Inputs!$X$41/8760","v":5342.4657534246571},{"$f":"-Inputs!$X$45*Inputs!$X$33","v":-30000},526.36516305985776,3.2479468065175691E-3,1.3641376587373792E-3,{"$f":"-L855/(1.202*2465560*MAX(0,(Inputs!$X$49-O855)))","v":1.0507220230342467},{"$f":"params!$C$15*P855*(E855-Inputs!$X$26)","v":-29314.760491640121},-42696.129660213264]
["2002-02-05","15:00:00",274,10,0,-13,32,{"$f":"Inputs!$X$37*Inputs!$X$32*(E856-Inputs!$X$26)","v":-72358.241463998565},{"$f":"Inputs!$X$33*C856*Inputs!$X$38","v":53456.460948169348},{"$f":"params!$C$15*Inputs!$X$29*(E856-Inputs!$X$26)","v":-7517.302499999998},{"$f":"Inputs!$X$40*Inputs!$X$41/8760","v":5342.4657534246571},{"$f":"-Inputs!$X$45*Inputs!$X$33","v":-30000},609.41773586642103,3.7635253138895938E-3,1.2043281004446701E-3,{"$f":"-L856/(1.202*2465560*MAX(0,(Inputs!$X$49-O856)))","v":1.0335772276253092},{"$f":"params!$C$15*P856*(E856-Inputs!$X$26)","v":-26340.966938926442},-77417.584201331003]
["2002-02-05","16:00:00",182,10,0,-11,39,{"$f":"Inputs!$X$37*Inputs!$X$32*(E857-Inputs!$X$26)","v":-72358.241463998565},{"$f":"Inputs!$X$33*C857*Inputs!$X$38","v":35507.576250243867},{"$f":"params!$C$15*Inputs!$X$29*(E857-Inputs!$X$26)","v":-7517.302499999998},{"$f":"Inputs!$X$40*Inputs!$X$41/8760","v":5342.4657534246571},{"$f":"-Inputs!$X$45*Inputs!$X$33","v":-30000},609.41773586642103,3.7635253138895938E-3,1.4677748724169415E-3,{"$f":"-L857/(1.202*2465560*MAX(0,(Inputs!$X$49-O857)))","v":1.0621478415862202},{"$f":"params!$C$15*P857*(E857-Inputs!$X$26)","v":-27069.09598207329},-96094.597942403314]
["2002-02-05","17:00:00",108,10,-1,-11,42,{"$f":"Inputs!$X$37*Inputs!$X$32*(E858-Inputs!$X$26)","v":-75785.737112293224},{"$f":"Inputs!$X$33*C858*Inputs!$X$38","v":21070.429862782075},{"$f":"params!$C$15*Inputs!$X$29*(E858-Inputs!$X$26)","v":-7873.3852499999985},{"$f":"Inputs!$X$40*Inputs!$X$41/8760","v":5342.4657534246571},{"$f":"-Inputs!$X$45*Inputs!$X$33","v":-30000},566.54310372490409,3.4972595900071069E-3,1.4688490278029851E-3,{"$f":"-L858/(1.202*2465560*MAX(0,(Inputs!$X$49-O858)))","v":1.0622675665713099},{"$f":"params!$C$15*P858*(E858-Inputs!$X$26)","v":-28354.512069910332},-115600.73881599682]
["2002-02-05","18:00:00",0,10,-2,-9,55,{"$f":"Inputs!$X$37*Inputs!$X$32*(E859-Inputs!$X$26)","v":-79213.232760587896},{"$f":"Inputs!$X$33*C859*Inputs!$X$38","v":0},{"$f":"params!$C$15*Inputs!$X$29*(E859-Inputs!$X$26)","v":-8229.4679999999971},{"$f":"Inputs!$X$40*Inputs!$X$41/8760","v":5342.4657534246571},{"$f":"-Inputs!$X$45*Inputs!$X$33","v":-30000},526.36516305985776,3.2479468065175691E-3,1.7863707435846628E-3,{"$f":"-L859/(1.202*2465560*MAX(0,(Inputs!$X$49-O859)))","v":1.0988824259807806},{"$f":"params!$C$15*P859*(E859-Inputs!$X$26)","v":-30658.418135249358},-142758.6531424126]
["2002-02-05","19:00:00",0,10,-2,-8,60,{"$f":"Inputs!$X$37*Inputs!$X$32*(E860-Inputs!$X$26)","v":-79213.232760587896},{"$f":"Inputs!$X$33*C860*Inputs!$X$38","v":0},{"$f":"params!$C$15*Inputs!$X$29*(E860-Inputs!$X$26)","v":-8229.4679999999971},{"$f":"Inputs!$X$40*Inputs!$X$41/8760","v":5342.4657534246571},{"$f":"-Inputs!$X$45*Inputs!$X$33","v":-30000},526.36516305985776,3.2479468065175691E-3,1.9487680839105415E-3,{"$f":"-L860/(1.202*2465560*MAX(0,(Inputs!$X$49-O860)))","v":1.1186023231410169},{"$f":"params!$C$15*P860*(E860-Inputs!$X$26)","v":-31208.596060046944},-143308.83106721018]
["2002-02-05","20:00:00",0,10,-2,-8,60,{"$f":"Inputs!$X$37*Inputs!$X$32*(E861-Inputs!$X$26)","v":-79213.232760587896},{"$f":"Inputs!$X$33*C861*Inputs!$X$38","v":0},{"$f":"params!$C$15*Inputs!$X$29*(E861-Inputs!$X$26)","v":-8229.4679999999971},{"$f":"Inputs!$X$40*Inputs!$X$41/8760","v":5342.4657534246571},{"$f":"-Inputs!$X$45*Inputs!$X$33","v":-30000},526.36516305985776,3.2479468065175691E-3,1.9487680839105415E-3,{"$f":"-L861/(1.202*2465560*MAX(0,(Inputs!$X$49-O861)))","v":1.1186023231410169},{"$f":"params!$C$15*P861*(E861-Inputs!$X$26)","v":-31208.596060046944},-143308.83106721018]
["2002-02-05","21:00:00",0,10,-2,-8,60,{"$f":"Inputs!$X$37*Inputs!$X$32*(E862-Inputs!$X$26)","v":-79213.232760587896},{"$f":"Inputs!$X$33*C862*Inputs!$X$38","v":0},{"$f":"params!$C$15*Inputs!$X$29*(E862-Inputs!$X$26)","v":-8229.4679999999971},{"$f":"Inputs!$X$40*Inputs!$X$41/8760","v":5342.4657534246571},{"$f":"-Inputs!$X$45*Inputs!$X$33","v":-30000},526.36516305985776,3.2479468065175691E-3,1.9487680839105415E-3,{"$f":"-L862/(1.202*2465560*MAX(0,(Inputs!$X$49-O862)))","v":1.1186023231410169},{"$f":"params!$C$15*P862*(E862-Inputs!$X$26)","v":-31208.596060046944},-143308.83106721018]
["2002-02-05","22:00:00",0,10,-2,-9,55,{"$f":"Inputs!$X$37*Inputs!$X$32*(E863-Inputs!$X$26)","v":-79213.232760587896},{"$f":"Inputs!$X$33*C863*Inputs!$X$38","v":0},{"$f":"params!$C$15*Inputs!$X$29*(E863-Inputs!$X$26)","v":-8229.4679999999971},{"$f":"Inputs!$X$40*Inputs!$X$41/8760","v":5342.4657534246571},{"$f":"-Inputs!$X$45*Inputs!$X$33","v":-30000},526.36516305985776,3.2479468065175691E-3,1.7863707435846628E-3,{"$f":"-L863/(1.202*2465560*MAX(0,(Inputs!$X$49-O863)))","v":1.0988824259807806},{"$f":"params!$C$15*P863*(E863-Inputs!$X$26)","v":-30658.418135249358},-142758.6531424126]
["2002-02-05","23:00:00",0,10,-2,-8,60,{"$f":"Inputs!$X$37*Inputs!$X$32*(E864-Inputs!$X$26)","v":-79213.232760587896},{"$f":"Inputs!$X$33*C864*Inputs!$X$38","v":0},{"$f":"params!$C$15*Inputs!$X$29*(E864-Inputs!$X$26)","v":-8229.4679999999971},{"$f":"Inputs!$X$40*Inputs!$X$41/8760","v":5342.4657534246571},{"$f":"-Inputs!$X$45*Inputs!$X$33","v":-30000},526.36516305985776,3.2479468065175691E-3,1.9487680839105415E-3,{"$f":"-L864/(1.202*2465560*MAX(0,(Inputs!$X$49-O864)))","v":1.1186023231410169},{"$f":"params!$C$15*P864*(E864-Inputs!$X$26)","v":-31208.596060046944},-143308.83106721018]
["2002-02-05",1,0,10,-3,-8,65,{"$f":"Inputs!$X$37*Inputs!$X$32*(E865-Inputs!$X$26)","v":-82640.728408882569},{"$f":"Inputs!$X$33*C865*Inputs!$X$38","v":0},{"$f":"params!$C$15*Inputs!$X$29*(E865-Inputs!$X$26)","v":-8585.5507499999985},{"$f":"Inputs!$X$40*Inputs!$X$41/8760","v":5342.4657534246571},{"$f":"-Inputs!$X$45*Inputs!$X$33","v":-30000},488.73621912146871,3.0146312662847319E-3,1.9595103230850759E-3,{"$f":"-L865/(1.202*2465560*MAX(0,(Inputs!$X$49-O865)))","v":1.1199317390634185},{"$f":"params!$C$15*P865*(E865-Inputs!$X$26)","v":-32597.663088618661},-148481.47649407657]
["2002-02-06","01:00:00",0,8,-3,-8,65,{"$f":"Inputs!$X$37*Inputs!$X$32*(E866-Inputs!$X$26)","v":-82640.728408882569},{"$f":"Inputs!$X$33*C866*Inputs!$X$38","v":0},{"$f":"params!$C$15*Inputs!$X$29*(E866-Inputs!$X$26)","v":-8585.5507499999985},{"$f":"Inputs!$X$40*Inputs!$X$41/8760","v":5342.4657534246571},{"$f":"-Inputs!$X$45*Inputs!$X$33","v":-30000},488.73621912146871,3.0146312662847319E-3,1.9595103230850759E-3,{"$f":"-L866/(1.202*2465560*MAX(0,(Inputs!$X$49-O866)))","v":1.1199317390634185},{"$f":"params!$C$15*P866*(E866-Inputs!$X$26)","v":-32597.663088618661},-148481.47649407657]
["2002-02-06","02:00:00",0,10,-3,-8,65,{"$f":"Inputs!$X$37*Inputs!$X$32*(E867-Inputs!$X$26)","v":-82640.728408882569},{"$f":"Inputs!$X$33*C867*Inputs!$X$38","v":0},{"$f":"params!$C$15*Inputs!$X$29*(E867-Inputs!$X$26)","v":-8585.5507499999985},{"$f":"Inputs!$X$40*Inputs!$X$41/8760","v":5342.4657534246571},{"$f":"-Inputs!$X$45*Inputs!$X$33","v":-30000},488.73621912146871,3.0146312662847319E-3,1.9595103230850759E-3,{"$f":"-L867/(1.202*2465560*MAX(0,(Inputs!$X$49-O867)))","v":1.1199317390634185},{"$f":"params!$C$15*P867*(E867-Inputs!$X$26)","v":-32597.663088618661},-148481.47649407657]
["2002-02-06","03:00:00",0,8,-3,-8,65,{"$f":"Inputs!$X$37*Inputs!$X$32*(E868-Inputs!$X$26)","v":-82640.728408882569},{"$f":"Inputs!$X$33*C868*Inputs!$X$38","v":0},{"$f":"params!$C$15*Inputs!$X$29*(E868-Inputs!$X$26)","v":-8585.5507499999985},{"$f":"Inputs!$X$40*Inputs!$X$41/8760","v":5342.4657534246571},{"$f":"-Inputs!$X$45*Inputs!$X$33","v":-30000},488.73621912146871,3.0146312662847319E-3,1.9595103230850759E-3,{"$f":"-L868/(1.202*2465560*MAX(0,(Inputs!$X$49-O868)))","v":1.1199317390634185},{"$f":"params!$C$15*P868*(E868-Inputs!$X$26)","v":-32597.663088618661},-148481.47649407657]
["2002-02-06","04:00:00",0,0,-3,-8,65,{"$f":"Inputs!$X$37*Inputs!$X$32*(E869-Inputs!$X$26)","v":-82640.728408882569},{"$f":"Inputs!$X$33*C869*Inputs!$X$38","v":0},{"$f":"params!$C$15*Inputs!$X$29*(E869-Inputs!$X$26)","v":-8585.5507499999985},{"$f":"Inputs!$X$40*Inputs!$X$41/8760","v":5342.4657534246571},{"$f":"-Inputs!$X$45*Inputs!$X$33","v":-30000},488.73621912146871,3.0146312662847319E-3,1.9595103230850759E-3,{"$f":"-L869/(1.202*2465560*MAX(0,(Inputs!$X$49-O869)))","v":1.1199317390634185},{"$f":"params!$C$15*P869*(E869-Inputs!$X$26)","v":-32597.663088618661},-148481.47649407657]
["2002-02-06","05:00:00",0,0,-6,-9,77,{"$f":"Inputs!$X$37*Inputs!$X$32*(E870-Inputs!$X$26)","v":-92923.215353766573},{"$f":"Inputs!$X$33*C870*Inputs!$X$38","v":0},{"$f":"params!$C$15*Inputs!$X$29*(E870-Inputs!$X$26)","v":-9653.7989999999972},{"$f":"Inputs!$X$40*Inputs!$X$41/8760","v":5342.4657534246571},{"$f":"-Inputs!$X$45*Inputs!$X$33","v":-30000},389.76616195693094,2.4018050803048703E-3,1.8493899118347502E-3,{"$f":"-L870/(1.202*2465560*MAX(0,(Inputs!$X$49-O870)))","v":1.1064517160781135},{"$f":"params!$C$15*P870*(E870-Inputs!$X$26)","v":-36212.413698930271},-163446.96229927219]
["2002-02-06","06:00:00",0,1,-7,-9,84,{"$f":"Inputs!$X$37*Inputs!$X$32*(E871-Inputs!$X$26)","v":-96350.711002061245},{"$f":"Inputs!$X$33*C871*Inputs!$X$38","v":0},{"$f":"params!$C$15*Inputs!$X$29*(E871-Inputs!$X$26)","v":-10009.881749999997},{"$f":"Inputs!$X$40*Inputs!$X$41/8760","v":5342.4657534246571},{"$f":"-Inputs!$X$45*Inputs!$X$33","v":-30000},360.98762153500678,2.2238327850987206E-3,1.8680195394829252E-3,{"$f":"-L871/(1.202*2465560*MAX(0,(Inputs!$X$49-O871)))","v":1.1087093480109445},{"$f":"params!$C$15*P871*(E871-Inputs!$X$26)","v":-37624.731606971807},-168642.8586056084]
["2002-02-06","07:00:00",0,2,-8,-10,84,{"$f":"Inputs!$X$37*Inputs!$X$32*(E872-Inputs!$X$26)","v":-99778.206650355904},{"$f":"Inputs!$X$33*C872*Inputs!$X$38","v":0},{"$f":"params!$C$15*Inputs!$X$29*(E872-Inputs!$X$26)","v":-10365.964499999998},{"$f":"Inputs!$X$40*Inputs!$X$41/8760","v":5342.4657534246571},{"$f":"-Inputs!$X$45*Inputs!$X$33","v":-30000},334.1161188582924,2.0577455669371189E-3,1.7285062762271799E-3,{"$f":"-L872/(1.202*2465560*MAX(0,(Inputs!$X$49-O872)))","v":1.0920229060161399},{"$f":"params!$C$15*P872*(E872-Inputs!$X$26)","v":-38376.752351547941},-173178.45774847921]
["2002-02-06","08:00:00",10,7,-8,-9,92,{"$f":"Inputs!$X$37*Inputs!$X$32*(E873-Inputs!$X$26)","v":-99778.206650355904},{"$f":"Inputs!$X$33*C873*Inputs!$X$38","v":1950.9657280353774},{"$f":"params!$C$15*Inputs!$X$29*(E873-Inputs!$X$26)","v":-10365.964499999998},{"$f":"Inputs!$X$40*Inputs!$X$41/8760","v":5342.4657534246571},{"$f":"-Inputs!$X$45*Inputs!$X$33","v":-30000},334.1161188582924,2.0577455669371189E-3,1.8931259215821494E-3,{"$f":"-L873/(1.202*2465560*MAX(0,(Inputs!$X$49-O873)))","v":1.1117664801301264},{"$f":"params!$C$15*P873*(E873-Inputs!$X$26)","v":-39070.597004560834},-171921.33667345674]
["2002-02-06","09:00:00",179,8,-6,-8,84,{"$f":"Inputs!$X$37*Inputs!$X$32*(E874-Inputs!$X$26)","v":-92923.215353766573},{"$f":"Inputs!$X$33*C874*Inputs!$X$38","v":34922.286531833255},{"$f":"params!$C$15*Inputs!$X$29*(E874-Inputs!$X$26)","v":-9653.7989999999972},{"$f":"Inputs!$X$40*Inputs!$X$41/8760","v":5342.4657534246571},{"$f":"-Inputs!$X$45*Inputs!$X$33","v":-30000},389.76616195693094,2.4018050803048703E-3,2.0175162674560907E-3,{"$f":"-L874/(1.202*2465560*MAX(0,(Inputs!$X$49-O874)))","v":1.1271652716573397},{"$f":"params!$C$15*P874*(E874-Inputs!$X$26)","v":-36890.335593678152},-129202.5976621868]
["2002-02-06","10:00:00",325,5,-4,-8,71,{"$f":"Inputs!$X$37*Inputs!$X$32*(E875-Inputs!$X$26)","v":-86068.224057177227},{"$f":"Inputs!$X$33*C875*Inputs!$X$38","v":63406.386161149763},{"$f":"params!$C$15*Inputs!$X$29*(E875-Inputs!$X$26)","v":-8941.6334999999981},{"$f":"Inputs!$X$40*Inputs!$X$41/8760","v":5342.4657534246571},{"$f":"-Inputs!$X$45*Inputs!$X$33","v":-30000},453.51532044328405,2.7964043545646504E-3,1.9854470917409018E-3,{"$f":"-L875/(1.202*2465560*MAX(0,(Inputs!$X$49-O875)))","v":1.1231546311339784},{"$f":"params!$C$15*P875*(E875-Inputs!$X$26)","v":-34047.338732890312},-90308.344375493121]
["2002-02-06","11:00:00",451,3,1,-7,51,{"$f":"Inputs!$X$37*Inputs!$X$32*(E876-Inputs!$X$26)","v":-68930.745815703893},{"$f":"Inputs!$X$33*C876*Inputs!$X$38","v":87988.554334395521},{"$f":"params!$C$15*Inputs!$X$29*(E876-Inputs!$X$26)","v":-7161.2197499999984},{"$f":"Inputs!$X$40*Inputs!$X$41/8760","v":5342.4657534246571},{"$f":"-Inputs!$X$45*Inputs!$X$33","v":-30000},655.14373774848059,4.0477489204243187E-3,2.0643519494164026E-3,{"$f":"-L876/(1.202*2465560*MAX(0,(Inputs!$X$49-O876)))","v":1.1330743759435142},{"$f":"params!$C$15*P876*(E876-Inputs!$X$26)","v":-27508.833409274197},-40269.778887157911]
["2002-02-06","12:00:00",526,1,2,-7,48,{"$f":"Inputs!$X$37*Inputs!$X$32*(E877-Inputs!$X$26)","v":-65503.25016740922},{"$f":"Inputs!$X$33*C877*Inputs!$X$38","v":102620.79729466084},{"$f":"params!$C$15*Inputs!$X$29*(E877-Inputs!$X$26)","v":-6805.1369999999979},{"$f":"Inputs!$X$40*Inputs!$X$41/8760","v":5342.4657534246571},{"$f":"-Inputs!$X$45*Inputs!$X$33","v":-30000},703.88301618186097,4.3509868656616182E-3,2.0884736955175767E-3,{"$f":"-L877/(1.202*2465560*MAX(0,(Inputs!$X$49-O877)))","v":1.1361419747057713},{"$f":"params!$C$15*P877*(E877-Inputs!$X$26)","v":-26211.762980103911},-20556.88709942764]
["2002-02-06","13:00:00",546,1,2,-8,44,{"$f":"Inputs!$X$37*Inputs!$X$32*(E878-Inputs!$X$26)","v":-65503.25016740922},{"$f":"Inputs!$X$33*C878*Inputs!$X$38","v":106522.72875073161},{"$f":"params!$C$15*Inputs!$X$29*(E878-Inputs!$X$26)","v":-6805.1369999999979},{"$f":"Inputs!$X$40*Inputs!$X$41/8760","v":5342.4657534246571},{"$f":"-Inputs!$X$45*Inputs!$X$33","v":-30000},703.88301618186097,4.3509868656616182E-3,1.9144342208911118E-3,{"$f":"-L878/(1.202*2465560*MAX(0,(Inputs!$X$49-O878)))","v":1.1143743881811117},{"$f":"params!$C$15*P878*(E878-Inputs!$X$26)","v":-25709.566220072189},-16152.758883325139]
["2002-02-06","14:00:00",506,0,4,-7,42,{"$f":"Inputs!$X$37*Inputs!$X$32*(E879-Inputs!$X$26)","v":-58648.258870819882},{"$f":"Inputs!$X$33*C879*Inputs!$X$38","v":98718.865838590093},{"$f":"params!$C$15*Inputs!$X$29*(E879-Inputs!$X$26)","v":-6092.9714999999987},{"$f":"Inputs!$X$40*Inputs!$X$41/8760","v":5342.4657534246571},{"$f":"-Inputs!$X$45*Inputs!$X$33","v":-30000},811.08667612094962,5.0190035800134264E-3,2.1079815036056391E-3,{"$f":"-L879/(1.202*2465560*MAX(0,(Inputs!$X$49-O879)))","v":1.1386349868406309},{"$f":"params!$C$15*P879*(E879-Inputs!$X$26)","v":-23520.168311435027},-14200.067090240158]
["2002-02-06","15:00:00",413,0,6,-7,36,{"$f":"Inputs!$X$37*Inputs!$X$32*(E880-Inputs!$X$26)","v":-51793.267574230544},{"$f":"Inputs!$X$33*C880*Inputs!$X$38","v":80574.884567861081},{"$f":"params!$C$15*Inputs!$X$29*(E880-Inputs!$X$26)","v":-5380.8059999999987},{"$f":"Inputs!$X$40*Inputs!$X$41/8760","v":5342.4657534246571},{"$f":"-Inputs!$X$45*Inputs!$X$33","v":-30000},932.4781503104233,5.7771510192606073E-3,2.0797743669338188E-3,{"$f":"-L880/(1.202*2465560*MAX(0,(Inputs!$X$49-O880)))","v":1.1350337549038998},{"$f":"params!$C$15*P880*(E880-Inputs!$X$26)","v":-20705.363808946004},-21962.087061890805]
["2002-02-06","16:00:00",276,0,6,-7,36,{"$f":"Inputs!$X$37*Inputs!$X$32*(E881-Inputs!$X$26)","v":-51793.267574230544},{"$f":"Inputs!$X$33*C881*Inputs!$X$38","v":53846.654093776415},{"$f":"params!$C$15*Inputs!$X$29*(E881-Inputs!$X$26)","v":-5380.8059999999987},{"$f":"Inputs!$X$40*Inputs!$X$41/8760","v":5342.4657534246571},{"$f":"-Inputs!$X$45*Inputs!$X$33","v":-30000},932.4781503104233,5.7771510192606073E-3,2.0797743669338188E-3,{"$f":"-L881/(1.202*2465560*MAX(0,(Inputs!$X$49-O881)))","v":1.1350337549038998},{"$f":"params!$C$15*P881*(E881-Inputs!$X$26)","v":-20705.363808946004},-48690.317535975475]
["2002-02-06","17:00:00",113,0,4,-5,49,{"$f":"Inputs!$X$37*Inputs!$X$32*(E882-Inputs!$X$26)","v":-58648.258870819882},{"$f":"Inputs!$X$33*C882*Inputs!$X$38","v":22045.912726799765},{"$f":"params!$C$15*Inputs!$X$29*(E882-Inputs!$X$26)","v":-6092.9714999999987},{"$f":"Inputs!$X$40*Inputs!$X$41/8760","v":5342.4657534246571},{"$f":"-Inputs!$X$45*Inputs!$X$33","v":-30000},811.08667612094962,5.0190035800134264E-3,2.4593117542065792E-3,{"$f":"-L882/(1.202*2465560*MAX(0,(Inputs!$X$49-O882)))","v":1.185483338256683},{"$f":"params!$C$15*P882*(E882-Inputs!$X$26)","v":-24487.889418860497},-91840.741309455945]
["2002-02-06","18:00:00",0,0,1,-6,56,{"$f":"Inputs!$X$37*Inputs!$X$32*(E883-Inputs!$X$26)","v":-68930.745815703893},{"$f":"Inputs!$X$33*C883*Inputs!$X$38","v":0},{"$f":"params!$C$15*Inputs!$X$29*(E883-Inputs!$X$26)","v":-7161.2197499999984},{"$f":"Inputs!$X$40*Inputs!$X$41/8760","v":5342.4657534246571},{"$f":"-Inputs!$X$45*Inputs!$X$33","v":-30000},655.14373774848059,4.0477489204243187E-3,2.2667393954376187E-3,{"$f":"-L883/(1.202*2465560*MAX(0,(Inputs!$X$49-O883)))","v":1.159337764547604},{"$f":"params!$C$15*P883*(E883-Inputs!$X$26)","v":-28146.457202744354},-128895.9570150236]
["2002-02-06","19:00:00",0,0,-1,-6,66,{"$f":"Inputs!$X$37*Inputs!$X$32*(E884-Inputs!$X$26)","v":-75785.737112293224},{"$f":"Inputs!$X$33*C884*Inputs!$X$38","v":0},{"$f":"params!$C$15*Inputs!$X$29*(E884-Inputs!$X$26)","v":-7873.3852499999985},{"$f":"Inputs!$X$40*Inputs!$X$41/8760","v":5342.4657534246571},{"$f":"-Inputs!$X$45*Inputs!$X$33","v":-30000},566.54310372490409,3.4972595900071069E-3,2.3081913294046904E-3,{"$f":"-L884/(1.202*2465560*MAX(0,(Inputs!$X$49-O884)))","v":1.1648678293502162},{"$f":"params!$C$15*P884*(E884-Inputs!$X$26)","v":-31093.163310793509},-139409.81991966208]
["2002-02-06","20:00:00",0,1,-1,-6,66,{"$f":"Inputs!$X$37*Inputs!$X$32*(E885-Inputs!$X$26)","v":-75785.737112293224},{"$f":"Inputs!$X$33*C885*Inputs!$X$38","v":0},{"$f":"params!$C$15*Inputs!$X$29*(E885-Inputs!$X$26)","v":-7873.3852499999985},{"$f":"Inputs!$X$40*Inputs!$X$41/8760","v":5342.4657534246571},{"$f":"-Inputs!$X$45*Inputs!$X$33","v":-30000},566.54310372490409,3.4972595900071069E-3,2.3081913294046904E-3,{"$f":"-L885/(1.202*2465560*MAX(0,(Inputs!$X$49-O885)))","v":1.1648678293502162},{"$f":"params!$C$15*P885*(E885-Inputs!$X$26)","v":-31093.163310793509},-139409.81991966208]
["2002-02-06","21:00:00",0,1,-1,-6,66,{"$f":"Inputs!$X$37*Inputs!$X$32*(E886-Inputs!$X$26)","v":-75785.737112293224},{"$f":"Inputs!$X$33*C886*Inputs!$X$38","v":0},{"$f":"params!$C$15*Inputs!$X$29*(E886-Inputs!$X$26)","v":-7873.3852499999985},{"$f":"Inputs!$X$40*Inputs!$X$41/8760","v":5342.4657534246571},{"$f":"-Inputs!$X$45*Inputs!$X$33","v":-30000},566.54310372490409,3.4972595900071069E-3,2.3081913294046904E-3,{"$f":"-L886/(1.202*2465560*MAX(0,(Inputs!$X$49-O886)))","v":1.1648678293502162},{"$f":"params!$C$15*P886*(E886-Inputs!$X$26)","v":-31093.163310793509},-139409.81991966208]
["2002-02-06","22:00:00",0,0,-3,-6,77,{"$f":"Inputs!$X$37*Inputs!$X$32*(E887-Inputs!$X$26)","v":-82640.728408882569},{"$f":"Inputs!$X$33*C887*Inputs!$X$38","v":0},{"$f":"params!$C$15*Inputs!$X$29*(E887-Inputs!$X$26)","v":-8585.5507499999985},{"$f":"Inputs!$X$40*Inputs!$X$41/8760","v":5342.4657534246571},{"$f":"-Inputs!$X$45*Inputs!$X$33","v":-30000},488.73621912146871,3.0146312662847319E-3,2.3212660750392437E-3,{"$f":"-L887/(1.202*2465560*MAX(0,(Inputs!$X$49-O887)))","v":1.1666230804456208},{"$f":"params!$C$15*P887*(E887-Inputs!$X$26)","v":-33956.700039214913},-149840.51344467283]
["2002-02-06","23:00:00",0,1,-6,-7,92,{"$f":"Inputs!$X$37*Inputs!$X$32*(E888-Inputs!$X$26)","v":-92923.215353766573},{"$f":"Inputs!$X$33*C888*Inputs!$X$38","v":0},{"$f":"params!$C$15*Inputs!$X$29*(E888-Inputs!$X$26)","v":-9653.7989999999972},{"$f":"Inputs!$X$40*Inputs!$X$41/8760","v":5342.4657534246571},{"$f":"-Inputs!$X$45*Inputs!$X$33","v":-30000},389.76616195693094,2.4018050803048703E-3,2.2096606738804809E-3,{"$f":"-L888/(1.202*2465560*MAX(0,(Inputs!$X$49-O888)))","v":1.151808315161466},{"$f":"params!$C$15*P888*(E888-Inputs!$X$26)","v":-37696.863409763311},-164931.41201010524]
["2002-02-06",1,0,6,-5,-7,84,{"$f":"Inputs!$X$37*Inputs!$X$32*(E889-Inputs!$X$26)","v":-89495.7197054719},{"$f":"Inputs!$X$33*C889*Inputs!$X$38","v":0},{"$f":"params!$C$15*Inputs!$X$29*(E889-Inputs!$X$26)","v":-9297.7162499999977},{"$f":"Inputs!$X$40*Inputs!$X$41/8760","v":5342.4657534246571},{"$f":"-Inputs!$X$45*Inputs!$X$33","v":-30000},420.56802345265027,2.5924024753231664E-3,2.1776180792714597E-3,{"$f":"-L889/(1.202*2465560*MAX(0,(Inputs!$X$49-O889)))","v":1.1476241736815775},{"$f":"params!$C$15*P889*(E889-Inputs!$X$26)","v":-36174.51608168926},-159625.48628373651]
["2002-02-07","01:00:00",0,8,-4,-6,84,{"$f":"Inputs!$X$37*Inputs!$X$32*(E890-Inputs!$X$26)","v":-86068.224057177227},{"$f":"Inputs!$X$33*C890*Inputs!$X$38","v":0},{"$f":"params!$C$15*Inputs!$X$29*(E890-Inputs!$X$26)","v":-8941.6334999999981},{"$f":"Inputs!$X$40*Inputs!$X$41/8760","v":5342.4657534246571},{"$f":"-Inputs!$X$45*Inputs!$X$33","v":-30000},453.51532044328405,2.7964043545646504E-3,2.3489796578343063E-3,{"$f":"-L890/(1.202*2465560*MAX(0,(Inputs!$X$49-O890)))","v":1.170361102910803},{"$f":"params!$C$15*P890*(E890-Inputs!$X$26)","v":-35478.356947494853},-155145.74875124742]
["2002-02-07","02:00:00",0,8,-4,-6,84,{"$f":"Inputs!$X$37*Inputs!$X$32*(E891-Inputs!$X$26)","v":-86068.224057177227},{"$f":"Inputs!$X$33*C891*Inputs!$X$38","v":0},{"$f":"params!$C$15*Inputs!$X$29*(E891-Inputs!$X$26)","v":-8941.6334999999981},{"$f":"Inputs!$X$40*Inputs!$X$41/8760","v":5342.4657534246571},{"$f":"-Inputs!$X$45*Inputs!$X$33","v":-30000},453.51532044328405,2.7964043545646504E-3,2.3489796578343063E-3,{"$f":"-L891/(1.202*2465560*MAX(0,(Inputs!$X$49-O891)))","v":1.170361102910803},{"$f":"params!$C$15*P891*(E891-Inputs!$X$26)","v":-35478.356947494853},-155145.74875124742]
["2002-02-07","03:00:00",0,8,-4,-6,84,{"$f":"Inputs!$X$37*Inputs!$X$32*(E892-Inputs!$X$26)","v":-86068.224057177227},{"$f":"Inputs!$X$33*C892*Inputs!$X$38","v":0},{"$f":"params!$C$15*Inputs!$X$29*(E892-Inputs!$X$26)","v":-8941.6334999999981},{"$f":"Inputs!$X$40*Inputs!$X$41/8760","v":5342.4657534246571},{"$f":"-Inputs!$X$45*Inputs!$X$33","v":-30000},453.51532044328405,2.7964043545646504E-3,2.3489796578343063E-3,{"$f":"-L892/(1.202*2465560*MAX(0,(Inputs!$X$49-O892)))","v":1.170361102910803},{"$f":"params!$C$15*P892*(E892-Inputs!$X$26)","v":-35478.356947494853},-155145.74875124742]
["2002-02-07","04:00:00",0,10,-3,-6,77,{"$f":"Inputs!$X$37*Inputs!$X$32*(E893-Inputs!$X$26)","v":-82640.728408882569},{"$f":"Inputs!$X$33*C893*Inputs!$X$38","v":0},{"$f":"params!$C$15*Inputs!$X$29*(E893-Inputs!$X$26)","v":-8585.5507499999985},{"$f":"Inputs!$X$40*Inputs!$X$41/8760","v":5342.4657534246571},{"$f":"-Inputs!$X$45*Inputs!$X$33","v":-30000},488.73621912146871,3.0146312662847319E-3,2.3212660750392437E-3,{"$f":"-L893/(1.202*2465560*MAX(0,(Inputs!$X$49-O893)))","v":1.1666230804456208},{"$f":"params!$C$15*P893*(E893-Inputs!$X$26)","v":-33956.700039214913},-149840.51344467283]
["2002-02-07","05:00:00",0,9,-3,-5,84,{"$f":"Inputs!$X$37*Inputs!$X$32*(E894-Inputs!$X$26)","v":-82640.728408882569},{"$f":"Inputs!$X$33*C894*Inputs!$X$38","v":0},{"$f":"params!$C$15*Inputs!$X$29*(E894-Inputs!$X$26)","v":-8585.5507499999985},{"$f":"Inputs!$X$40*Inputs!$X$41/8760","v":5342.4657534246571},{"$f":"-Inputs!$X$45*Inputs!$X$33","v":-30000},488.73621912146871,3.0146312662847319E-3,2.5322902636791748E-3,{"$f":"-L894/(1.202*2465560*MAX(0,(Inputs!$X$49-O894)))","v":1.1957024310865629},{"$f":"params!$C$15*P894*(E894-Inputs!$X$26)","v":-34803.107763869608},-150686.92116932751]
["2002-02-07","06:00:00",0,10,-3,-5,84,{"$f":"Inputs!$X$37*Inputs!$X$32*(E895-Inputs!$X$26)","v":-82640.728408882569},{"$f":"Inputs!$X$33*C895*Inputs!$X$38","v":0},{"$f":"params!$C$15*Inputs!$X$29*(E895-Inputs!$X$26)","v":-8585.5507499999985},{"$f":"Inputs!$X$40*Inputs!$X$41/8760","v":5342.4657534246571},{"$f":"-Inputs!$X$45*Inputs!$X$33","v":-30000},488.73621912146871,3.0146312662847319E-3,2.5322902636791748E-3,{"$f":"-L895/(1.202*2465560*MAX(0,(Inputs!$X$49-O895)))","v":1.1957024310865629},{"$f":"params!$C$15*P895*(E895-Inputs!$X$26)","v":-34803.107763869608},-150686.92116932751]
["2002-02-07","07:00:00",0,9,-3,-4,92,{"$f":"Inputs!$X$37*Inputs!$X$32*(E896-Inputs!$X$26)","v":-82640.728408882569},{"$f":"Inputs!$X$33*C896*Inputs!$X$38","v":0},{"$f":"params!$C$15*Inputs!$X$29*(E896-Inputs!$X$26)","v":-8585.5507499999985},{"$f":"Inputs!$X$40*Inputs!$X$41/8760","v":5342.4657534246571},{"$f":"-Inputs!$X$45*Inputs!$X$33","v":-30000},488.73621912146871,3.0146312662847319E-3,2.7734607649819529E-3,{"$f":"-L896/(1.202*2465560*MAX(0,(Inputs!$X$49-O896)))","v":1.2307631296121513},{"$f":"params!$C$15*P896*(E896-Inputs!$X$26)","v":-35823.613566432665},-151707.42697189059]
["2002-02-07","08:00:00",11,10,-2,-4,85,{"$f":"Inputs!$X$37*Inputs!$X$32*(E897-Inputs!$X$26)","v":-79213.232760587896},{"$f":"Inputs!$X$33*C897*Inputs!$X$38","v":2146.0623008389152},{"$f":"params!$C$15*Inputs!$X$29*(E897-Inputs!$X$26)","v":-8229.4679999999971},{"$f":"Inputs!$X$40*Inputs!$X$41/8760","v":5342.4657534246571},{"$f":"-Inputs!$X$45*Inputs!$X$33","v":-30000},526.36516305985776,3.2479468065175691E-3,2.7607547855399341E-3,{"$f":"-L897/(1.202*2465560*MAX(0,(Inputs!$X$49-O897)))","v":1.2288647393508831},{"$f":"params!$C$15*P897*(E897-Inputs!$X$26)","v":-34284.877180611613},-144239.04988693594]
["2002-02-07","09:00:00",177,10,-2,-4,85,{"$f":"Inputs!$X$37*Inputs!$X$32*(E898-Inputs!$X$26)","v":-79213.232760587896},{"$f":"Inputs!$X$33*C898*Inputs!$X$38","v":34532.093386226181},{"$f":"params!$C$15*Inputs!$X$29*(E898-Inputs!$X$26)","v":-8229.4679999999971},{"$f":"Inputs!$X$40*Inputs!$X$41/8760","v":5342.4657534246571},{"$f":"-Inputs!$X$45*Inputs!$X$33","v":-30000},526.36516305985776,3.2479468065175691E-3,2.7607547855399341E-3,{"$f":"-L898/(1.202*2465560*MAX(0,(Inputs!$X$49-O898)))","v":1.2288647393508831},{"$f":"params!$C$15*P898*(E898-Inputs!$X$26)","v":-34284.877180611613},-111853.01880154868]
["2002-02-07","10:00:00",179,10,-1,-4,78,{"$f":"Inputs!$X$37*Inputs!$X$32*(E899-Inputs!$X$26)","v":-75785.737112293224},{"$f":"Inputs!$X$33*C899*Inputs!$X$38","v":34922.286531833255},{"$f":"params!$C$15*Inputs!$X$29*(E899-Inputs!$X$26)","v":-7873.3852499999985},{"$f":"Inputs!$X$40*Inputs!$X$41/8760","v":5342.4657534246571},{"$f":"-Inputs!$X$45*Inputs!$X$33","v":-30000},{"$f":"EXP(77.345+0.0057*(E899+273.15)-7235/(E899+273.15))/(E899+273.15)^8.2","v":566.54310372490409},{"$f":"0.62198*M899/(101325-M899)","v":3.4972595900071069E-3},{"$f":"N899*G899/100","v":2.7278624802055435E-3},{"$f":"-L899/(1.202*2465560*MAX(0,(Inputs!$X$49-O899)))","v":1.2239774214274959},{"$f":"params!$C$15*P899*(E899-Inputs!$X$26)","v":-32670.942483146875},{"$f":"H899+I899+J899+K899+L899+Q899","v":-106065.31256018218}]
["2002-02-07","11:00:00",450,3,1,-4,67,{"$f":"Inputs!$X$37*Inputs!$X$32*(E900-Inputs!$X$26)","v":-68930.745815703893},{"$f":"Inputs!$X$33*C900*Inputs!$X$38","v":87793.457761591984},{"$f":"params!$C$15*Inputs!$X$29*(E900-Inputs!$X$26)","v":-7161.2197499999984},{"$f":"Inputs!$X$40*Inputs!$X$41/8760","v":5342.4657534246571},{"$f":"-Inputs!$X$45*Inputs!$X$33","v":-30000},655.14373774848059,4.0477489204243187E-3,2.7119917766842932E-3,{"$f":"-L900/(1.202*2465560*MAX(0,(Inputs!$X$49-O900)))","v":1.2216331430573093},{"$f":"params!$C$15*P900*(E900-Inputs!$X$26)","v":-29658.867355135437},-42614.909405822691]
["2002-02-07","12:00:00",532,1,6,-5,43,{"$f":"Inputs!$X$37*Inputs!$X$32*(E901-Inputs!$X$26)","v":-51793.267574230544},{"$f":"Inputs!$X$33*C901*Inputs!$X$38","v":103791.37673148207},{"$f":"params!$C$15*Inputs!$X$29*(E901-Inputs!$X$26)","v":-5380.8059999999987},{"$f":"Inputs!$X$40*Inputs!$X$41/8760","v":5342.4657534246571},{"$f":"-Inputs!$X$45*Inputs!$X$33","v":-30000},932.4781503104233,5.7771510192606073E-3,2.484174938282061E-3,{"$f":"-L901/(1.202*2465560*MAX(0,(Inputs!$X$49-O901)))","v":1.1889452248374153},{"$f":"params!$C$15*P901*(E901-Inputs!$X$26)","v":-21688.820550761582},270.94835991460786]
["2002-02-07","13:00:00",552,0,8,-6,34,{"$f":"Inputs!$X$37*Inputs!$X$32*(E902-Inputs!$X$26)","v":-44938.276277641213},{"$f":"Inputs!$X$33*C902*Inputs!$X$38","v":107693.30818755283},{"$f":"params!$C$15*Inputs!$X$29*(E902-Inputs!$X$26)","v":-4668.6404999999986},{"$f":"Inputs!$X$40*Inputs!$X$41/8760","v":5342.4657534246571},{"$f":"-Inputs!$X$45*Inputs!$X$33","v":-30000},1069.6390010481693,6.6359949158119932E-3,2.2562382713760777E-3,{"$f":"-L902/(1.202*2465560*MAX(0,(Inputs!$X$49-O902)))","v":1.1579451448074698},{"$f":"params!$C$15*P902*(E902-Inputs!$X$26)","v":-18327.582096863374},15101.275066472899]
["2002-02-07","14:00:00",512,0,9,-7,29,{"$f":"Inputs!$X$37*Inputs!$X$32*(E903-Inputs!$X$26)","v":-41510.78062934654},{"$f":"Inputs!$X$33*C903*Inputs!$X$38","v":99889.445275411315},{"$f":"params!$C$15*Inputs!$X$29*(E903-Inputs!$X$26)","v":-4312.557749999999},{"$f":"Inputs!$X$40*Inputs!$X$41/8760","v":5342.4657534246571},{"$f":"-Inputs!$X$45*Inputs!$X$33","v":-30000},1144.6654335441779,7.1067740933079149E-3,2.0609644870592954E-3,{"$f":"-L903/(1.202*2465560*MAX(0,(Inputs!$X$49-O903)))","v":1.1326449132302256},{"$f":"params!$C$15*P903*(E903-Inputs!$X$26)","v":-16559.814095883015},12848.758553606418]
["2002-02-07","15:00:00",419,0,11,-8,24,{"$f":"Inputs!$X$37*Inputs!$X$32*(E904-Inputs!$X$26)","v":-34655.789332757202},{"$f":"Inputs!$X$33*C904*Inputs!$X$38","v":81745.464004682319},{"$f":"params!$C$15*Inputs!$X$29*(E904-Inputs!$X$26)","v":-3600.392249999999},{"$f":"Inputs!$X$40*Inputs!$X$41/8760","v":5342.4657534246571},{"$f":"-Inputs!$X$45*Inputs!$X$33","v":-30000},1308.7561751391206,8.138879592783612E-3,1.9533311022680668E-3,{"$f":"-L904/(1.202*2465560*MAX(0,(Inputs!$X$49-O904)))","v":1.1191666379885641},{"$f":"params!$C$15*P904*(E904-Inputs!$X$26)","v":-13660.648854161589},5171.0993211881887]
["2002-02-07","16:00:00",281,0,11,-9,22,{"$f":"Inputs!$X$37*Inputs!$X$32*(E905-Inputs!$X$26)","v":-34655.789332757202},{"$f":"Inputs!$X$33*C905*Inputs!$X$38","v":54822.136957794108},{"$f":"params!$C$15*Inputs!$X$29*(E905-Inputs!$X$26)","v":-3600.392249999999},{"$f":"Inputs!$X$40*Inputs!$X$41/8760","v":5342.4657534246571},{"$f":"-Inputs!$X$45*Inputs!$X$33","v":-30000},1308.7561751391206,8.138879592783612E-3,1.7905535104123945E-3,{"$f":"-L905/(1.202*2465560*MAX(0,(Inputs!$X$49-O905)))","v":1.0993816116859807},{"$f":"params!$C$15*P905*(E905-Inputs!$X$26)","v":-13419.151039881044},-21510.729911419476]
["2002-02-07","17:00:00",119,0,9,-12,19,{"$f":"Inputs!$X$37*Inputs!$X$32*(E906-Inputs!$X$26)","v":-41510.78062934654},{"$f":"Inputs!$X$33*C906*Inputs!$X$38","v":23216.492163620987},{"$f":"params!$C$15*Inputs!$X$29*(E906-Inputs!$X$26)","v":-4312.557749999999},{"$f":"Inputs!$X$40*Inputs!$X$41/8760","v":5342.4657534246571},{"$f":"-Inputs!$X$45*Inputs!$X$33","v":-30000},1144.6654335441779,7.1067740933079149E-3,1.3502870777285039E-3,{"$f":"-L906/(1.202*2465560*MAX(0,(Inputs!$X$49-O906)))","v":1.0492136160541936},{"$f":"params!$C$15*P906*(E906-Inputs!$X$26)","v":-15340.008351933471},-62604.388814234364]
["2002-02-07","18:00:00",0,0,7,-12,22,{"$f":"Inputs!$X$37*Inputs!$X$32*(E907-Inputs!$X$26)","v":-48365.771925935878},{"$f":"Inputs!$X$33*C907*Inputs!$X$38","v":0},{"$f":"params!$C$15*Inputs!$X$29*(E907-Inputs!$X$26)","v":-5024.7232499999991},{"$f":"Inputs!$X$40*Inputs!$X$41/8760","v":5342.4657534246571},{"$f":"-Inputs!$X$45*Inputs!$X$33","v":-30000},998.98316002102877,6.193284308903993E-3,1.3625225479588785E-3,{"$f":"-L907/(1.202*2465560*MAX(0,(Inputs!$X$49-O907)))","v":1.0505459049416237},{"$f":"params!$C$15*P907*(E907-Inputs!$X$26)","v":-17895.916112374864},-95943.945534886094]
["2002-02-07","19:00:00",0,0,5,-10,30,{"$f":"Inputs!$X$37*Inputs!$X$32*(E908-Inputs!$X$26)","v":-55220.763222525216},{"$f":"Inputs!$X$33*C908*Inputs!$X$38","v":0},{"$f":"params!$C$15*Inputs!$X$29*(E908-Inputs!$X$26)","v":-5736.8887499999983},{"$f":"Inputs!$X$40*Inputs!$X$41/8760","v":5342.4657534246571},{"$f":"-Inputs!$X$45*Inputs!$X$33","v":-30000},869.91328556198641,5.3861748872103517E-3,1.6158524661631054E-3,{"$f":"-L908/(1.202*2465560*MAX(0,(Inputs!$X$49-O908)))","v":1.0789111129122861},{"$f":"params!$C$15*P908*(E908-Inputs!$X$26)","v":-20984.027599903915},-106599.21381900446]
["2002-02-07","20:00:00",0,0,4,-6,45,{"$f":"Inputs!$X$37*Inputs!$X$32*(E909-Inputs!$X$26)","v":-58648.258870819882},{"$f":"Inputs!$X$33*C909*Inputs!$X$38","v":0},{"$f":"params!$C$15*Inputs!$X$29*(E909-Inputs!$X$26)","v":-6092.9714999999987},{"$f":"Inputs!$X$40*Inputs!$X$41/8760","v":5342.4657534246571},{"$f":"-Inputs!$X$45*Inputs!$X$33","v":-30000},811.08667612094962,5.0190035800134264E-3,2.2585516110060419E-3,{"$f":"-L909/(1.202*2465560*MAX(0,(Inputs!$X$49-O909)))","v":1.1582516438327886},{"$f":"params!$C$15*P909*(E909-Inputs!$X$26)","v":-23925.379006254312},-113324.14362364954]
["2002-02-07","21:00:00",0,0,2,-4,62,{"$f":"Inputs!$X$37*Inputs!$X$32*(E910-Inputs!$X$26)","v":-65503.25016740922},{"$f":"Inputs!$X$33*C910*Inputs!$X$38","v":0},{"$f":"params!$C$15*Inputs!$X$29*(E910-Inputs!$X$26)","v":-6805.1369999999979},{"$f":"Inputs!$X$40*Inputs!$X$41/8760","v":5342.4657534246571},{"$f":"-Inputs!$X$45*Inputs!$X$33","v":-30000},703.88301618186097,4.3509868656616182E-3,2.6976118567102031E-3,{"$f":"-L910/(1.202*2465560*MAX(0,(Inputs!$X$49-O910)))","v":1.2195168107793628},{"$f":"params!$C$15*P910*(E910-Inputs!$X$26)","v":-28135.291456579715},-125101.21287056428]
["2002-02-07","22:00:00",0,10,2,-4,62,{"$f":"Inputs!$X$37*Inputs!$X$32*(E911-Inputs!$X$26)","v":-65503.25016740922},{"$f":"Inputs!$X$33*C911*Inputs!$X$38","v":0},{"$f":"params!$C$15*Inputs!$X$29*(E911-Inputs!$X$26)","v":-6805.1369999999979},{"$f":"Inputs!$X$40*Inputs!$X$41/8760","v":5342.4657534246571},{"$f":"-Inputs!$X$45*Inputs!$X$33","v":-30000},703.88301618186097,4.3509868656616182E-3,2.6976118567102031E-3,{"$f":"-L911/(1.202*2465560*MAX(0,(Inputs!$X$49-O911)))","v":1.2195168107793628},{"$f":"params!$C$15*P911*(E911-Inputs!$X$26)","v":-28135.291456579715},-125101.21287056428]
["2002-02-07","23:00:00",0,10,2,-4,62,{"$f":"Inputs!$X$37*Inputs!$X$32*(E912-Inputs!$X$26)","v":-65503.25016740922},{"$f":"Inputs!$X$33*C912*Inputs!$X$38","v":0},{"$f":"params!$C$15*Inputs!$X$29*(E912-Inputs!$X$26)","v":-6805.1369999999979},{"$f":"Inputs!$X$40*Inputs!$X$41/8760","v":5342.4657534246571},{"$f":"-Inputs!$X$45*Inputs!$X$33","v":-30000},703.88301618186097,4.3509868656616182E-3,2.6976118567102031E-3,{"$f":"-L912/(1.202*2465560*MAX(0,(Inputs!$X$49-O912)))","v":1.2195168107793628},{"$f":"params!$C$15*P912*(E912-Inputs!$X$26)","v":-28135.291456579715},-125101.21287056428]
["2002-02-07",1,0,10,2,-3,67,{"$f":"Inputs!$X$37*Inputs!$X$32*(E913-Inputs!$X$26)","v":-65503.25016740922},{"$f":"Inputs!$X$33*C913*Inputs!$X$38","v":0},{"$f":"params!$C$15*Inputs!$X$29*(E913-Inputs!$X$26)","v":-6805.1369999999979},{"$f":"Inputs!$X$40*Inputs!$X$41/8760","v":5342.4657534246571},{"$f":"-Inputs!$X$45*Inputs!$X$33","v":-30000},703.88301618186097,4.3509868656616182E-3,2.915161199993284E-3,{"$f":"-L913/(1.202*2465560*MAX(0,(Inputs!$X$49-O913)))","v":1.2523389004406291},{"$f":"params!$C$15*P913*(E913-Inputs!$X$26)","v":-28892.525018816184},-125858.44643280076]
["2002-02-08","01:00:00",0,10,2,-4,62,{"$f":"Inputs!$X$37*Inputs!$X$32*(E914-Inputs!$X$26)","v":-65503.25016740922},{"$f":"Inputs!$X$33*C914*Inputs!$X$38","v":0},{"$f":"params!$C$15*Inputs!$X$29*(E914-Inputs!$X$26)","v":-6805.1369999999979},{"$f":"Inputs!$X$40*Inputs!$X$41/8760","v":5342.4657534246571},{"$f":"-Inputs!$X$45*Inputs!$X$33","v":-30000},703.88301618186097,4.3509868656616182E-3,2.6976118567102031E-3,{"$f":"-L914/(1.202*2465560*MAX(0,(Inputs!$X$49-O914)))","v":1.2195168107793628},{"$f":"params!$C$15*P914*(E914-Inputs!$X$26)","v":-28135.291456579715},-125101.21287056428]
["2002-02-08","02:00:00",0,10,2,-4,62,{"$f":"Inputs!$X$37*Inputs!$X$32*(E915-Inputs!$X$26)","v":-65503.25016740922},{"$f":"Inputs!$X$33*C915*Inputs!$X$38","v":0},{"$f":"params!$C$15*Inputs!$X$29*(E915-Inputs!$X$26)","v":-6805.1369999999979},{"$f":"Inputs!$X$40*Inputs!$X$41/8760","v":5342.4657534246571},{"$f":"-Inputs!$X$45*Inputs!$X$33","v":-30000},703.88301618186097,4.3509868656616182E-3,2.6976118567102031E-3,{"$f":"-L915/(1.202*2465560*MAX(0,(Inputs!$X$49-O915)))","v":1.2195168107793628},{"$f":"params!$C$15*P915*(E915-Inputs!$X$26)","v":-28135.291456579715},-125101.21287056428]
["2002-02-08","03:00:00",0,10,2,-4,62,{"$f":"Inputs!$X$37*Inputs!$X$32*(E916-Inputs!$X$26)","v":-65503.25016740922},{"$f":"Inputs!$X$33*C916*Inputs!$X$38","v":0},{"$f":"params!$C$15*Inputs!$X$29*(E916-Inputs!$X$26)","v":-6805.1369999999979},{"$f":"Inputs!$X$40*Inputs!$X$41/8760","v":5342.4657534246571},{"$f":"-Inputs!$X$45*Inputs!$X$33","v":-30000},703.88301618186097,4.3509868656616182E-3,2.6976118567102031E-3,{"$f":"-L916/(1.202*2465560*MAX(0,(Inputs!$X$49-O916)))","v":1.2195168107793628},{"$f":"params!$C$15*P916*(E916-Inputs!$X$26)","v":-28135.291456579715},-125101.21287056428]
["2002-02-08","04:00:00",0,10,2,-5,57,{"$f":"Inputs!$X$37*Inputs!$X$32*(E917-Inputs!$X$26)","v":-65503.25016740922},{"$f":"Inputs!$X$33*C917*Inputs!$X$38","v":0},{"$f":"params!$C$15*Inputs!$X$29*(E917-Inputs!$X$26)","v":-6805.1369999999979},{"$f":"Inputs!$X$40*Inputs!$X$41/8760","v":5342.4657534246571},{"$f":"-Inputs!$X$45*Inputs!$X$33","v":-30000},703.88301618186097,4.3509868656616182E-3,2.4800625134271223E-3,{"$f":"-L917/(1.202*2465560*MAX(0,(Inputs!$X$49-O917)))","v":1.1883712263622321},{"$f":"params!$C$15*P917*(E917-Inputs!$X$26)","v":-27416.736298162941},-124382.65771214751]
["2002-02-08","05:00:00",0,10,2,-5,57,{"$f":"Inputs!$X$37*Inputs!$X$32*(E918-Inputs!$X$26)","v":-65503.25016740922},{"$f":"Inputs!$X$33*C918*Inputs!$X$38","v":0},{"$f":"params!$C$15*Inputs!$X$29*(E918-Inputs!$X$26)","v":-6805.1369999999979},{"$f":"Inputs!$X$40*Inputs!$X$41/8760","v":5342.4657534246571},{"$f":"-Inputs!$X$45*Inputs!$X$33","v":-30000},703.88301618186097,4.3509868656616182E-3,2.4800625134271223E-3,{"$f":"-L918/(1.202*2465560*MAX(0,(Inputs!$X$49-O918)))","v":1.1883712263622321},{"$f":"params!$C$15*P918*(E918-Inputs!$X$26)","v":-27416.736298162941},-124382.65771214751]
["2002-02-08","06:00:00",0,3,1,-5,61,{"$f":"Inputs!$X$37*Inputs!$X$32*(E919-Inputs!$X$26)","v":-68930.745815703893},{"$f":"Inputs!$X$33*C919*Inputs!$X$38","v":0},{"$f":"params!$C$15*Inputs!$X$29*(E919-Inputs!$X$26)","v":-7161.2197499999984},{"$f":"Inputs!$X$40*Inputs!$X$41/8760","v":5342.4657534246571},{"$f":"-Inputs!$X$45*Inputs!$X$33","v":-30000},655.14373774848059,4.0477489204243187E-3,2.4691268414588343E-3,{"$f":"-L919/(1.202*2465560*MAX(0,(Inputs!$X$49-O919)))","v":1.18684755491109},{"$f":"params!$C$15*P919*(E919-Inputs!$X$26)","v":-28814.341197211208},-129563.84100949045]
["2002-02-08","07:00:00",0,5,-1,-5,71,{"$f":"Inputs!$X$37*Inputs!$X$32*(E920-Inputs!$X$26)","v":-75785.737112293224},{"$f":"Inputs!$X$33*C920*Inputs!$X$38","v":0},{"$f":"params!$C$15*Inputs!$X$29*(E920-Inputs!$X$26)","v":-7873.3852499999985},{"$f":"Inputs!$X$40*Inputs!$X$41/8760","v":5342.4657534246571},{"$f":"-Inputs!$X$45*Inputs!$X$33","v":-30000},566.54310372490409,3.4972595900071069E-3,2.4830543089050458E-3,{"$f":"-L920/(1.202*2465560*MAX(0,(Inputs!$X$49-O920)))","v":1.1887887561902826},{"$f":"params!$C$15*P920*(E920-Inputs!$X$26)","v":-31731.67118786195},-140048.3277967305]
["2002-02-08","08:00:00",0,3,-1,-5,71,{"$f":"Inputs!$X$37*Inputs!$X$32*(E921-Inputs!$X$26)","v":-75785.737112293224},{"$f":"Inputs!$X$33*C921*Inputs!$X$38","v":0},{"$f":"params!$C$15*Inputs!$X$29*(E921-Inputs!$X$26)","v":-7873.3852499999985},{"$f":"Inputs!$X$40*Inputs!$X$41/8760","v":5342.4657534246571},{"$f":"-Inputs!$X$45*Inputs!$X$33","v":-30000},566.54310372490409,3.4972595900071069E-3,2.4830543089050458E-3,{"$f":"-L921/(1.202*2465560*MAX(0,(Inputs!$X$49-O921)))","v":1.1887887561902826},{"$f":"params!$C$15*P921*(E921-Inputs!$X$26)","v":-31731.67118786195},-140048.3277967305]
["2002-02-08","09:00:00",184,0,2,-4,62,{"$f":"Inputs!$X$37*Inputs!$X$32*(E922-Inputs!$X$26)","v":-65503.25016740922},{"$f":"Inputs!$X$33*C922*Inputs!$X$38","v":35897.769395850941},{"$f":"params!$C$15*Inputs!$X$29*(E922-Inputs!$X$26)","v":-6805.1369999999979},{"$f":"Inputs!$X$40*Inputs!$X$41/8760","v":5342.4657534246571},{"$f":"-Inputs!$X$45*Inputs!$X$33","v":-30000},703.88301618186097,4.3509868656616182E-3,2.6976118567102031E-3,{"$f":"-L922/(1.202*2465560*MAX(0,(Inputs!$X$49-O922)))","v":1.2195168107793628},{"$f":"params!$C$15*P922*(E922-Inputs!$X$26)","v":-28135.291456579715},-89203.443474713335]
["2002-02-08","10:00:00",337,0,3,-4,58,{"$f":"Inputs!$X$37*Inputs!$X$32*(E923-Inputs!$X$26)","v":-62075.754519114555},{"$f":"Inputs!$X$33*C923*Inputs!$X$38","v":65747.545034792216},{"$f":"params!$C$15*Inputs!$X$29*(E923-Inputs!$X$26)","v":-6449.0542499999983},{"$f":"Inputs!$X$40*Inputs!$X$41/8760","v":5342.4657534246571},{"$f":"-Inputs!$X$45*Inputs!$X$33","v":-30000},755.80495631325812,4.6743495015895585E-3,2.711122710921944E-3,{"$f":"-L923/(1.202*2465560*MAX(0,(Inputs!$X$49-O923)))","v":1.2215050317401357},{"$f":"params!$C$15*P923*(E923-Inputs!$X$26)","v":-26706.565752421047},-54141.363733318729]
["2002-02-08","11:00:00",456,0,4,-4,54,{"$f":"Inputs!$X$37*Inputs!$X$32*(E924-Inputs!$X$26)","v":-58648.258870819882},{"$f":"Inputs!$X$33*C924*Inputs!$X$38","v":88964.037198413207},{"$f":"params!$C$15*Inputs!$X$29*(E924-Inputs!$X$26)","v":-6092.9714999999987},{"$f":"Inputs!$X$40*Inputs!$X$41/8760","v":5342.4657534246571},{"$f":"-Inputs!$X$45*Inputs!$X$33","v":-30000},811.08667612094962,5.0190035800134264E-3,2.7102619332072505E-3,{"$f":"-L924/(1.202*2465560*MAX(0,(Inputs!$X$49-O924)))","v":1.2213781686701983},{"$f":"params!$C$15*P924*(E924-Inputs!$X$26)","v":-25229.349555421773},-25664.07697440379]
["2002-02-08","12:00:00",538,0,6,-4,47,{"$f":"Inputs!$X$37*Inputs!$X$32*(E925-Inputs!$X$26)","v":-51793.267574230544},{"$f":"Inputs!$X$33*C925*Inputs!$X$38","v":104961.95616830331},{"$f":"params!$C$15*Inputs!$X$29*(E925-Inputs!$X$26)","v":-5380.8059999999987},{"$f":"Inputs!$X$40*Inputs!$X$41/8760","v":5342.4657534246571},{"$f":"-Inputs!$X$45*Inputs!$X$33","v":-30000},932.4781503104233,5.7771510192606073E-3,2.7152609790524855E-3,{"$f":"-L925/(1.202*2465560*MAX(0,(Inputs!$X$49-O925)))","v":1.2221153057272536},{"$f":"params!$C$15*P925*(E925-Inputs!$X$26)","v":-22293.911447335333},836.43690016209439]
["2002-02-08","13:00:00",558,0,8,-6,34,{"$f":"Inputs!$X$37*Inputs!$X$32*(E926-Inputs!$X$26)","v":-44938.276277641213},{"$f":"Inputs!$X$33*C926*Inputs!$X$38","v":108863.88762437405},{"$f":"params!$C$15*Inputs!$X$29*(E926-Inputs!$X$26)","v":-4668.6404999999986},{"$f":"Inputs!$X$40*Inputs!$X$41/8760","v":5342.4657534246571},{"$f":"-Inputs!$X$45*Inputs!$X$33","v":-30000},1069.6390010481693,6.6359949158119932E-3,2.2562382713760777E-3,{"$f":"-L926/(1.202*2465560*MAX(0,(Inputs!$X$49-O926)))","v":1.1579451448074698},{"$f":"params!$C$15*P926*(E926-Inputs!$X$26)","v":-18327.582096863374},16271.854503294122]
["2002-02-08","14:00:00",518,0,11,-6,28,{"$f":"Inputs!$X$37*Inputs!$X$32*(E927-Inputs!$X$26)","v":-34655.789332757202},{"$f":"Inputs!$X$33*C927*Inputs!$X$38","v":101060.02471223255},{"$f":"params!$C$15*Inputs!$X$29*(E927-Inputs!$X$26)","v":-3600.392249999999},{"$f":"Inputs!$X$40*Inputs!$X$41/8760","v":5342.4657534246571},{"$f":"-Inputs!$X$45*Inputs!$X$33","v":-30000},1308.7561751391206,8.138879592783612E-3,2.2788862859794111E-3,{"$f":"-L927/(1.202*2465560*MAX(0,(Inputs!$X$49-O927)))","v":1.1609528238059412},{"$f":"params!$C$15*P927*(E927-Inputs!$X$26)","v":-14170.694804451763},23975.614078448241]
["2002-02-08","15:00:00",425,0,11,-8,24,{"$f":"Inputs!$X$37*Inputs!$X$32*(E928-Inputs!$X$26)","v":-34655.789332757202},{"$f":"Inputs!$X$33*C928*Inputs!$X$38","v":82916.043441503542},{"$f":"params!$C$15*Inputs!$X$29*(E928-Inputs!$X$26)","v":-3600.392249999999},{"$f":"Inputs!$X$40*Inputs!$X$41/8760","v":5342.4657534246571},{"$f":"-Inputs!$X$45*Inputs!$X$33","v":-30000},1308.7561751391206,8.138879592783612E-3,1.9533311022680668E-3,{"$f":"-L928/(1.202*2465560*MAX(0,(Inputs!$X$49-O928)))","v":1.1191666379885641},{"$f":"params!$C$15*P928*(E928-Inputs!$X$26)","v":-13660.648854161589},6341.6787580094115]
["2002-02-08","16:00:00",287,0,11,-8,24,{"$f":"Inputs!$X$37*Inputs!$X$32*(E929-Inputs!$X$26)","v":-34655.789332757202},{"$f":"Inputs!$X$33*C929*Inputs!$X$38","v":55992.716394615323},{"$f":"params!$C$15*Inputs!$X$29*(E929-Inputs!$X$26)","v":-3600.392249999999},{"$f":"Inputs!$X$40*Inputs!$X$41/8760","v":5342.4657534246571},{"$f":"-Inputs!$X$45*Inputs!$X$33","v":-30000},1308.7561751391206,8.138879592783612E-3,1.9533311022680668E-3,{"$f":"-L929/(1.202*2465560*MAX(0,(Inputs!$X$49-O929)))","v":1.1191666379885641},{"$f":"params!$C$15*P929*(E929-Inputs!$X$26)","v":-13660.648854161589},-20581.648288878809]
["2002-02-08","17:00:00",120,0,10,-7,28,{"$f":"Inputs!$X$37*Inputs!$X$32*(E930-Inputs!$X$26)","v":-38083.284981051875},{"$f":"Inputs!$X$33*C930*Inputs!$X$38","v":23411.588736424528},{"$f":"params!$C$15*Inputs!$X$29*(E930-Inputs!$X$26)","v":-3956.474999999999},{"$f":"Inputs!$X$40*Inputs!$X$41/8760","v":5342.4657534246571},{"$f":"-Inputs!$X$45*Inputs!$X$33","v":-30000},1224.2915728566036,7.6071876458255446E-3,2.1300125408311526E-3,{"$f":"-L930/(1.202*2465560*MAX(0,(Inputs!$X$49-O930)))","v":1.1414636441812112},{"$f":"params!$C$15*P930*(E930-Inputs!$X$26)","v":-15310.778155369075},-58596.48364657176]
["2002-02-08","18:00:00",0,0,8,-5,37,{"$f":"Inputs!$X$37*Inputs!$X$32*(E931-Inputs!$X$26)","v":-44938.276277641213},{"$f":"Inputs!$X$33*C931*Inputs!$X$38","v":0},{"$f":"params!$C$15*Inputs!$X$29*(E931-Inputs!$X$26)","v":-4668.6404999999986},{"$f":"Inputs!$X$40*Inputs!$X$41/8760","v":5342.4657534246571},{"$f":"-Inputs!$X$45*Inputs!$X$33","v":-30000},1069.6390010481693,6.6359949158119932E-3,2.4553181188504375E-3,{"$f":"-L931/(1.202*2465560*MAX(0,(Inputs!$X$49-O931)))","v":1.1849291529127632},{"$f":"params!$C$15*P931*(E931-Inputs!$X$26)","v":-18754.67626973494},-93019.127293951489]
["2002-02-08","19:00:00",0,0,5,-4,50,{"$f":"Inputs!$X$37*Inputs!$X$32*(E932-Inputs!$X$26)","v":-55220.763222525216},{"$f":"Inputs!$X$33*C932*Inputs!$X$38","v":0},{"$f":"params!$C$15*Inputs!$X$29*(E932-Inputs!$X$26)","v":-5736.8887499999983},{"$f":"Inputs!$X$40*Inputs!$X$41/8760","v":5342.4657534246571},{"$f":"-Inputs!$X$45*Inputs!$X$33","v":-30000},869.91328556198641,5.3861748872103517E-3,2.6930874436051759E-3,{"$f":"-L932/(1.202*2465560*MAX(0,(Inputs!$X$49-O932)))","v":1.2188524561456759},{"$f":"params!$C$15*P932*(E932-Inputs!$X$26)","v":-23705.783798012344},-109320.97001711289]
["2002-02-08","20:00:00",0,0,3,-2,68,{"$f":"Inputs!$X$37*Inputs!$X$32*(E933-Inputs!$X$26)","v":-62075.754519114555},{"$f":"Inputs!$X$33*C933*Inputs!$X$38","v":0},{"$f":"params!$C$15*Inputs!$X$29*(E933-Inputs!$X$26)","v":-6449.0542499999983},{"$f":"Inputs!$X$40*Inputs!$X$41/8760","v":5342.4657534246571},{"$f":"-Inputs!$X$45*Inputs!$X$33","v":-30000},755.80495631325812,4.6743495015895585E-3,3.1785576610808995E-3,{"$f":"-L933/(1.202*2465560*MAX(0,(Inputs!$X$49-O933)))","v":1.2945221548937103},{"$f":"params!$C$15*P933*(E933-Inputs!$X$26)","v":-28302.987011345846},-121485.33002703574]
["2002-02-08","21:00:00",0,10,3,-2,68,{"$f":"Inputs!$X$37*Inputs!$X$32*(E934-Inputs!$X$26)","v":-62075.754519114555},{"$f":"Inputs!$X$33*C934*Inputs!$X$38","v":0},{"$f":"params!$C$15*Inputs!$X$29*(E934-Inputs!$X$26)","v":-6449.0542499999983},{"$f":"Inputs!$X$40*Inputs!$X$41/8760","v":5342.4657534246571},{"$f":"-Inputs!$X$45*Inputs!$X$33","v":-30000},755.80495631325812,4.6743495015895585E-3,3.1785576610808995E-3,{"$f":"-L934/(1.202*2465560*MAX(0,(Inputs!$X$49-O934)))","v":1.2945221548937103},{"$f":"params!$C$15*P934*(E934-Inputs!$X$26)","v":-28302.987011345846},-121485.33002703574]
["2002-02-08","22:00:00",0,10,3,-3,63,{"$f":"Inputs!$X$37*Inputs!$X$32*(E935-Inputs!$X$26)","v":-62075.754519114555},{"$f":"Inputs!$X$33*C935*Inputs!$X$38","v":0},{"$f":"params!$C$15*Inputs!$X$29*(E935-Inputs!$X$26)","v":-6449.0542499999983},{"$f":"Inputs!$X$40*Inputs!$X$41/8760","v":5342.4657534246571},{"$f":"-Inputs!$X$45*Inputs!$X$33","v":-30000},755.80495631325812,4.6743495015895585E-3,2.9448401860014215E-3,{"$f":"-L935/(1.202*2465560*MAX(0,(Inputs!$X$49-O935)))","v":1.2569540856331531},{"$f":"params!$C$15*P935*(E935-Inputs!$X$26)","v":-27481.611670411494},-120663.9546861014]
["2002-02-08","23:00:00",0,10,2,-3,67,{"$f":"Inputs!$X$37*Inputs!$X$32*(E936-Inputs!$X$26)","v":-65503.25016740922},{"$f":"Inputs!$X$33*C936*Inputs!$X$38","v":0},{"$f":"params!$C$15*Inputs!$X$29*(E936-Inputs!$X$26)","v":-6805.1369999999979},{"$f":"Inputs!$X$40*Inputs!$X$41/8760","v":5342.4657534246571},{"$f":"-Inputs!$X$45*Inputs!$X$33","v":-30000},703.88301618186097,4.3509868656616182E-3,2.915161199993284E-3,{"$f":"-L936/(1.202*2465560*MAX(0,(Inputs!$X$49-O936)))","v":1.2523389004406291},{"$f":"params!$C$15*P936*(E936-Inputs!$X$26)","v":-28892.525018816184},-125858.44643280076]
["2002-02-08",1,0,10,3,-3,63,{"$f":"Inputs!$X$37*Inputs!$X$32*(E937-Inputs!$X$26)","v":-62075.754519114555},{"$f":"Inputs!$X$33*C937*Inputs!$X$38","v":0},{"$f":"params!$C$15*Inputs!$X$29*(E937-Inputs!$X$26)","v":-6449.0542499999983},{"$f":"Inputs!$X$40*Inputs!$X$41/8760","v":5342.4657534246571},{"$f":"-Inputs!$X$45*Inputs!$X$33","v":-30000},755.80495631325812,4.6743495015895585E-3,2.9448401860014215E-3,{"$f":"-L937/(1.202*2465560*MAX(0,(Inputs!$X$49-O937)))","v":1.2569540856331531},{"$f":"params!$C$15*P937*(E937-Inputs!$X$26)","v":-27481.611670411494},-120663.9546861014]
["2002-02-09","01:00:00",0,10,2,-3,67,{"$f":"Inputs!$X$37*Inputs!$X$32*(E938-Inputs!$X$26)","v":-65503.25016740922},{"$f":"Inputs!$X$33*C938*Inputs!$X$38","v":0},{"$f":"params!$C$15*Inputs!$X$29*(E938-Inputs!$X$26)","v":-6805.1369999999979},{"$f":"Inputs!$X$40*Inputs!$X$41/8760","v":5342.4657534246571},{"$f":"-Inputs!$X$45*Inputs!$X$33","v":-30000},703.88301618186097,4.3509868656616182E-3,2.915161199993284E-3,{"$f":"-L938/(1.202*2465560*MAX(0,(Inputs!$X$49-O938)))","v":1.2523389004406291},{"$f":"params!$C$15*P938*(E938-Inputs!$X$26)","v":-28892.525018816184},-125858.44643280076]
["2002-02-09","02:00:00",0,10,2,-2,73,{"$f":"Inputs!$X$37*Inputs!$X$32*(E939-Inputs!$X$26)","v":-65503.25016740922},{"$f":"Inputs!$X$33*C939*Inputs!$X$38","v":0},{"$f":"params!$C$15*Inputs!$X$29*(E939-Inputs!$X$26)","v":-6805.1369999999979},{"$f":"Inputs!$X$40*Inputs!$X$41/8760","v":5342.4657534246571},{"$f":"-Inputs!$X$45*Inputs!$X$33","v":-30000},703.88301618186097,4.3509868656616182E-3,3.1762204119329812E-3,{"$f":"-L939/(1.202*2465560*MAX(0,(Inputs!$X$49-O939)))","v":1.2941353490859255},{"$f":"params!$C$15*P939*(E939-Inputs!$X$26)","v":-29856.804686050829},-126822.7261000354]
["2002-02-09","03:00:00",0,10,1,-1,86,{"$f":"Inputs!$X$37*Inputs!$X$32*(E940-Inputs!$X$26)","v":-68930.745815703893},{"$f":"Inputs!$X$33*C940*Inputs!$X$38","v":0},{"$f":"params!$C$15*Inputs!$X$29*(E940-Inputs!$X$26)","v":-7161.2197499999984},{"$f":"Inputs!$X$40*Inputs!$X$41/8760","v":5342.4657534246571},{"$f":"-Inputs!$X$45*Inputs!$X$33","v":-30000},655.14373774848059,4.0477489204243187E-3,3.481064071564914E-3,{"$f":"-L940/(1.202*2465560*MAX(0,(Inputs!$X$49-O940)))","v":1.3466160267432525},{"$f":"params!$C$15*P940*(E940-Inputs!$X$26)","v":-32693.207729715319},-133442.70754199458]
["2002-02-09","04:00:00",0,10,0,-3,78,{"$f":"Inputs!$X$37*Inputs!$X$32*(E941-Inputs!$X$26)","v":-72358.241463998565},{"$f":"Inputs!$X$33*C941*Inputs!$X$38","v":0},{"$f":"params!$C$15*Inputs!$X$29*(E941-Inputs!$X$26)","v":-7517.302499999998},{"$f":"Inputs!$X$40*Inputs!$X$41/8760","v":5342.4657534246571},{"$f":"-Inputs!$X$45*Inputs!$X$33","v":-30000},609.41773586642103,3.7635253138895938E-3,2.9355497448338829E-3,{"$f":"-L941/(1.202*2465560*MAX(0,(Inputs!$X$49-O941)))","v":1.2555057365744386},{"$f":"params!$C$15*P941*(E941-Inputs!$X$26)","v":-31996.868946815372},-136529.94715738928]
["2002-02-09","05:00:00",0,10,-1,-3,85,{"$f":"Inputs!$X$37*Inputs!$X$32*(E942-Inputs!$X$26)","v":-75785.737112293224},{"$f":"Inputs!$X$33*C942*Inputs!$X$38","v":0},{"$f":"params!$C$15*Inputs!$X$29*(E942-Inputs!$X$26)","v":-7873.3852499999985},{"$f":"Inputs!$X$40*Inputs!$X$41/8760","v":5342.4657534246571},{"$f":"-Inputs!$X$45*Inputs!$X$33","v":-30000},566.54310372490409,3.4972595900071069E-3,2.9726706515060407E-3,{"$f":"-L942/(1.202*2465560*MAX(0,(Inputs!$X$49-O942)))","v":1.2613128308802957},{"$f":"params!$C$15*P942*(E942-Inputs!$X$26)","v":-33667.515617146812},-141984.17222601536]
["2002-02-09","06:00:00",0,10,-1,-4,78,{"$f":"Inputs!$X$37*Inputs!$X$32*(E943-Inputs!$X$26)","v":-75785.737112293224},{"$f":"Inputs!$X$33*C943*Inputs!$X$38","v":0},{"$f":"params!$C$15*Inputs!$X$29*(E943-Inputs!$X$26)","v":-7873.3852499999985},{"$f":"Inputs!$X$40*Inputs!$X$41/8760","v":5342.4657534246571},{"$f":"-Inputs!$X$45*Inputs!$X$33","v":-30000},566.54310372490409,3.4972595900071069E-3,2.7278624802055435E-3,{"$f":"-L943/(1.202*2465560*MAX(0,(Inputs!$X$49-O943)))","v":1.2239774214274959},{"$f":"params!$C$15*P943*(E943-Inputs!$X$26)","v":-32670.942483146875},-140987.59909201544]
["2002-02-09","07:00:00",0,10,-1,-4,78,{"$f":"Inputs!$X$37*Inputs!$X$32*(E944-Inputs!$X$26)","v":-75785.737112293224},{"$f":"Inputs!$X$33*C944*Inputs!$X$38","v":0},{"$f":"params!$C$15*Inputs!$X$29*(E944-Inputs!$X$26)","v":-7873.3852499999985},{"$f":"Inputs!$X$40*Inputs!$X$41/8760","v":5342.4657534246571},{"$f":"-Inputs!$X$45*Inputs!$X$33","v":-30000},566.54310372490409,3.4972595900071069E-3,2.7278624802055435E-3,{"$f":"-L944/(1.202*2465560*MAX(0,(Inputs!$X$49-O944)))","v":1.2239774214274959},{"$f":"params!$C$15*P944*(E944-Inputs!$X$26)","v":-32670.942483146875},-140987.59909201544]
["2002-02-09","08:00:00",0,4,-2,-4,85,{"$f":"Inputs!$X$37*Inputs!$X$32*(E945-Inputs!$X$26)","v":-79213.232760587896},{"$f":"Inputs!$X$33*C945*Inputs!$X$38","v":0},{"$f":"params!$C$15*Inputs!$X$29*(E945-Inputs!$X$26)","v":-8229.4679999999971},{"$f":"Inputs!$X$40*Inputs!$X$41/8760","v":5342.4657534246571},{"$f":"-Inputs!$X$45*Inputs!$X$33","v":-30000},526.36516305985776,3.2479468065175691E-3,2.7607547855399341E-3,{"$f":"-L945/(1.202*2465560*MAX(0,(Inputs!$X$49-O945)))","v":1.2288647393508831},{"$f":"params!$C$15*P945*(E945-Inputs!$X$26)","v":-34284.877180611613},-146385.11218777485]
["2002-02-09","09:00:00",191,4,-1,-4,78,{"$f":"Inputs!$X$37*Inputs!$X$32*(E946-Inputs!$X$26)","v":-75785.737112293224},{"$f":"Inputs!$X$33*C946*Inputs!$X$38","v":37263.445405475708},{"$f":"params!$C$15*Inputs!$X$29*(E946-Inputs!$X$26)","v":-7873.3852499999985},{"$f":"Inputs!$X$40*Inputs!$X$41/8760","v":5342.4657534246571},{"$f":"-Inputs!$X$45*Inputs!$X$33","v":-30000},566.54310372490409,3.4972595900071069E-3,2.7278624802055435E-3,{"$f":"-L946/(1.202*2465560*MAX(0,(Inputs!$X$49-O946)))","v":1.2239774214274959},{"$f":"params!$C$15*P946*(E946-Inputs!$X$26)","v":-32670.942483146875},-103724.15368653974]
["2002-02-09","10:00:00",302,3,1,-4,67,{"$f":"Inputs!$X$37*Inputs!$X$32*(E947-Inputs!$X$26)","v":-68930.745815703893},{"$f":"Inputs!$X$33*C947*Inputs!$X$38","v":58919.164986668395},{"$f":"params!$C$15*Inputs!$X$29*(E947-Inputs!$X$26)","v":-7161.2197499999984},{"$f":"Inputs!$X$40*Inputs!$X$41/8760","v":5342.4657534246571},{"$f":"-Inputs!$X$45*Inputs!$X$33","v":-30000},655.14373774848059,4.0477489204243187E-3,2.7119917766842932E-3,{"$f":"-L947/(1.202*2465560*MAX(0,(Inputs!$X$49-O947)))","v":1.2216331430573093},{"$f":"params!$C$15*P947*(E947-Inputs!$X$26)","v":-29658.867355135437},-71489.202180746273]
["2002-02-09","11:00:00",463,3,2,-4,62,{"$f":"Inputs!$X$37*Inputs!$X$32*(E948-Inputs!$X$26)","v":-65503.25016740922},{"$f":"Inputs!$X$33*C948*Inputs!$X$38","v":90329.713208037967},{"$f":"params!$C$15*Inputs!$X$29*(E948-Inputs!$X$26)","v":-6805.1369999999979},{"$f":"Inputs!$X$40*Inputs!$X$41/8760","v":5342.4657534246571},{"$f":"-Inputs!$X$45*Inputs!$X$33","v":-30000},703.88301618186097,4.3509868656616182E-3,2.6976118567102031E-3,{"$f":"-L948/(1.202*2465560*MAX(0,(Inputs!$X$49-O948)))","v":1.2195168107793628},{"$f":"params!$C$15*P948*(E948-Inputs!$X$26)","v":-28135.291456579715},-34771.499662526308]
["2002-02-09","12:00:00",544,2,4,-4,54,{"$f":"Inputs!$X$37*Inputs!$X$32*(E949-Inputs!$X$26)","v":-58648.258870819882},{"$f":"Inputs!$X$33*C949*Inputs!$X$38","v":106132.53560512453},{"$f":"params!$C$15*Inputs!$X$29*(E949-Inputs!$X$26)","v":-6092.9714999999987},{"$f":"Inputs!$X$40*Inputs!$X$41/8760","v":5342.4657534246571},{"$f":"-Inputs!$X$45*Inputs!$X$33","v":-30000},811.08667612094962,5.0190035800134264E-3,2.7102619332072505E-3,{"$f":"-L949/(1.202*2465560*MAX(0,(Inputs!$X$49-O949)))","v":1.2213781686701983},{"$f":"params!$C$15*P949*(E949-Inputs!$X$26)","v":-25229.349555421773},-8495.5785676924643]
["2002-02-09","13:00:00",564,5,5,-4,50,{"$f":"Inputs!$X$37*Inputs!$X$32*(E950-Inputs!$X$26)","v":-55220.763222525216},{"$f":"Inputs!$X$33*C950*Inputs!$X$38","v":110034.46706119529},{"$f":"params!$C$15*Inputs!$X$29*(E950-Inputs!$X$26)","v":-5736.8887499999983},{"$f":"Inputs!$X$40*Inputs!$X$41/8760","v":5342.4657534246571},{"$f":"-Inputs!$X$45*Inputs!$X$33","v":-30000},869.91328556198641,5.3861748872103517E-3,2.6930874436051759E-3,{"$f":"-L950/(1.202*2465560*MAX(0,(Inputs!$X$49-O950)))","v":1.2188524561456759},{"$f":"params!$C$15*P950*(E950-Inputs!$X$26)","v":-23705.783798012344},713.49704408238904]
["2002-02-09","14:00:00",524,3,7,-4,44,{"$f":"Inputs!$X$37*Inputs!$X$32*(E951-Inputs!$X$26)","v":-48365.771925935878},{"$f":"Inputs!$X$33*C951*Inputs!$X$38","v":102230.60414905379},{"$f":"params!$C$15*Inputs!$X$29*(E951-Inputs!$X$26)","v":-5024.7232499999991},{"$f":"Inputs!$X$40*Inputs!$X$41/8760","v":5342.4657534246571},{"$f":"-Inputs!$X$45*Inputs!$X$33","v":-30000},998.98316002102877,6.193284308903993E-3,2.725045095917757E-3,{"$f":"-L951/(1.202*2465560*MAX(0,(Inputs!$X$49-O951)))","v":1.2235606060151163},{"$f":"params!$C$15*P951*(E951-Inputs!$X$26)","v":-20843.199579051066},3339.3751474915007]
["2002-02-09","15:00:00",431,2,7,-4,44,{"$f":"Inputs!$X$37*Inputs!$X$32*(E952-Inputs!$X$26)","v":-48365.771925935878},{"$f":"Inputs!$X$33*C952*Inputs!$X$38","v":84086.622878324764},{"$f":"params!$C$15*Inputs!$X$29*(E952-Inputs!$X$26)","v":-5024.7232499999991},{"$f":"Inputs!$X$40*Inputs!$X$41/8760","v":5342.4657534246571},{"$f":"-Inputs!$X$45*Inputs!$X$33","v":-30000},998.98316002102877,6.193284308903993E-3,2.725045095917757E-3,{"$f":"-L952/(1.202*2465560*MAX(0,(Inputs!$X$49-O952)))","v":1.2235606060151163},{"$f":"params!$C$15*P952*(E952-Inputs!$X$26)","v":-20843.199579051066},-14804.606123237525]
["2002-02-09","16:00:00",288,1,8,-4,41,{"$f":"Inputs!$X$37*Inputs!$X$32*(E953-Inputs!$X$26)","v":-44938.276277641213},{"$f":"Inputs!$X$33*C953*Inputs!$X$38","v":56187.812967418868},{"$f":"params!$C$15*Inputs!$X$29*(E953-Inputs!$X$26)","v":-4668.6404999999986},{"$f":"Inputs!$X$40*Inputs!$X$41/8760","v":5342.4657534246571},{"$f":"-Inputs!$X$45*Inputs!$X$33","v":-30000},1069.6390010481693,6.6359949158119932E-3,2.7207579154829172E-3,{"$f":"-L953/(1.202*2465560*MAX(0,(Inputs!$X$49-O953)))","v":1.2229268873042143},{"$f":"params!$C$15*P953*(E953-Inputs!$X$26)","v":-19356.09214826511},-37432.730205062799]
["2002-02-09","17:00:00",125,0,7,-4,44,{"$f":"Inputs!$X$37*Inputs!$X$32*(E954-Inputs!$X$26)","v":-48365.771925935878},{"$f":"Inputs!$X$33*C954*Inputs!$X$38","v":24387.071600442214},{"$f":"params!$C$15*Inputs!$X$29*(E954-Inputs!$X$26)","v":-5024.7232499999991},{"$f":"Inputs!$X$40*Inputs!$X$41/8760","v":5342.4657534246571},{"$f":"-Inputs!$X$45*Inputs!$X$33","v":-30000},998.98316002102877,6.193284308903993E-3,2.725045095917757E-3,{"$f":"-L954/(1.202*2465560*MAX(0,(Inputs!$X$49-O954)))","v":1.2235606060151163},{"$f":"params!$C$15*P954*(E954-Inputs!$X$26)","v":-20843.199579051066},-74504.157401120072]
["2002-02-09","18:00:00",0,0,6,-4,47,{"$f":"Inputs!$X$37*Inputs!$X$32*(E955-Inputs!$X$26)","v":-51793.267574230544},{"$f":"Inputs!$X$33*C955*Inputs!$X$38","v":0},{"$f":"params!$C$15*Inputs!$X$29*(E955-Inputs!$X$26)","v":-5380.8059999999987},{"$f":"Inputs!$X$40*Inputs!$X$41/8760","v":5342.4657534246571},{"$f":"-Inputs!$X$45*Inputs!$X$33","v":-30000},932.4781503104233,5.7771510192606073E-3,2.7152609790524855E-3,{"$f":"-L955/(1.202*2465560*MAX(0,(Inputs!$X$49-O955)))","v":1.2221153057272536},{"$f":"params!$C$15*P955*(E955-Inputs!$X$26)","v":-22293.911447335333},-104125.51926814122]
["2002-02-09","19:00:00",0,0,0,-4,72,{"$f":"Inputs!$X$37*Inputs!$X$32*(E956-Inputs!$X$26)","v":-72358.241463998565},{"$f":"Inputs!$X$33*C956*Inputs!$X$38","v":0},{"$f":"params!$C$15*Inputs!$X$29*(E956-Inputs!$X$26)","v":-7517.302499999998},{"$f":"Inputs!$X$40*Inputs!$X$41/8760","v":5342.4657534246571},{"$f":"-Inputs!$X$45*Inputs!$X$33","v":-30000},609.41773586642103,3.7635253138895938E-3,2.7097382260005075E-3,{"$f":"-L956/(1.202*2465560*MAX(0,(Inputs!$X$49-O956)))","v":1.2213009965906376},{"$f":"params!$C$15*P956*(E956-Inputs!$X$26)","v":-31125.152832154123},-135658.23104272803]
["2002-02-09","20:00:00",0,0,-1,-5,71,{"$f":"Inputs!$X$37*Inputs!$X$32*(E957-Inputs!$X$26)","v":-75785.737112293224},{"$f":"Inputs!$X$33*C957*Inputs!$X$38","v":0},{"$f":"params!$C$15*Inputs!$X$29*(E957-Inputs!$X$26)","v":-7873.3852499999985},{"$f":"Inputs!$X$40*Inputs!$X$41/8760","v":5342.4657534246571},{"$f":"-Inputs!$X$45*Inputs!$X$33","v":-30000},566.54310372490409,3.4972595900071069E-3,2.4830543089050458E-3,{"$f":"-L957/(1.202*2465560*MAX(0,(Inputs!$X$49-O957)))","v":1.1887887561902826},{"$f":"params!$C$15*P957*(E957-Inputs!$X$26)","v":-31731.67118786195},-140048.3277967305]
["2002-02-09","21:00:00",0,0,-2,-5,78,{"$f":"Inputs!$X$37*Inputs!$X$32*(E958-Inputs!$X$26)","v":-79213.232760587896},{"$f":"Inputs!$X$33*C958*Inputs!$X$38","v":0},{"$f":"params!$C$15*Inputs!$X$29*(E958-Inputs!$X$26)","v":-8229.4679999999971},{"$f":"Inputs!$X$40*Inputs!$X$41/8760","v":5342.4657534246571},{"$f":"-Inputs!$X$45*Inputs!$X$33","v":-30000},526.36516305985776,3.2479468065175691E-3,2.5333985090837041E-3,{"$f":"-L958/(1.202*2465560*MAX(0,(Inputs!$X$49-O958)))","v":1.1958589755842766},{"$f":"params!$C$15*P958*(E958-Inputs!$X$26)","v":-33364.02843236929},-145464.26343953254]
["2002-02-09","22:00:00",0,0,-1,-5,71,{"$f":"Inputs!$X$37*Inputs!$X$32*(E959-Inputs!$X$26)","v":-75785.737112293224},{"$f":"Inputs!$X$33*C959*Inputs!$X$38","v":0},{"$f":"params!$C$15*Inputs!$X$29*(E959-Inputs!$X$26)","v":-7873.3852499999985},{"$f":"Inputs!$X$40*Inputs!$X$41/8760","v":5342.4657534246571},{"$f":"-Inputs!$X$45*Inputs!$X$33","v":-30000},566.54310372490409,3.4972595900071069E-3,2.4830543089050458E-3,{"$f":"-L959/(1.202*2465560*MAX(0,(Inputs!$X$49-O959)))","v":1.1887887561902826},{"$f":"params!$C$15*P959*(E959-Inputs!$X$26)","v":-31731.67118786195},-140048.3277967305]
["2002-02-09","23:00:00",0,0,1,-4,67,{"$f":"Inputs!$X$37*Inputs!$X$32*(E960-Inputs!$X$26)","v":-68930.745815703893},{"$f":"Inputs!$X$33*C960*Inputs!$X$38","v":0},{"$f":"params!$C$15*Inputs!$X$29*(E960-Inputs!$X$26)","v":-7161.2197499999984},{"$f":"Inputs!$X$40*Inputs!$X$41/8760","v":5342.4657534246571},{"$f":"-Inputs!$X$45*Inputs!$X$33","v":-30000},655.14373774848059,4.0477489204243187E-3,2.7119917766842932E-3,{"$f":"-L960/(1.202*2465560*MAX(0,(Inputs!$X$49-O960)))","v":1.2216331430573093},{"$f":"params!$C$15*P960*(E960-Inputs!$X$26)","v":-29658.867355135437},-130408.36716741469]
["2002-02-09",1,0,0,4,-3,59,{"$f":"Inputs!$X$37*Inputs!$X$32*(E961-Inputs!$X$26)","v":-58648.258870819882},{"$f":"Inputs!$X$33*C961*Inputs!$X$38","v":0},{"$f":"params!$C$15*Inputs!$X$29*(E961-Inputs!$X$26)","v":-6092.9714999999987},{"$f":"Inputs!$X$40*Inputs!$X$41/8760","v":5342.4657534246571},{"$f":"-Inputs!$X$45*Inputs!$X$33","v":-30000},811.08667612094962,5.0190035800134264E-3,2.9612121122079217E-3,{"$f":"-L961/(1.202*2465560*MAX(0,(Inputs!$X$49-O961)))","v":1.2595145643770764},{"$f":"params!$C$15*P961*(E961-Inputs!$X$26)","v":-26017.112496297228},-115415.87711369245]
["2002-02-10","01:00:00",0,0,4,-2,64,{"$f":"Inputs!$X$37*Inputs!$X$32*(E962-Inputs!$X$26)","v":-58648.258870819882},{"$f":"Inputs!$X$33*C962*Inputs!$X$38","v":0},{"$f":"params!$C$15*Inputs!$X$29*(E962-Inputs!$X$26)","v":-6092.9714999999987},{"$f":"Inputs!$X$40*Inputs!$X$41/8760","v":5342.4657534246571},{"$f":"-Inputs!$X$45*Inputs!$X$33","v":-30000},811.08667612094962,5.0190035800134264E-3,3.212162291208593E-3,{"$f":"-L962/(1.202*2465560*MAX(0,(Inputs!$X$49-O962)))","v":1.3001092652431265},{"$f":"params!$C$15*P962*(E962-Inputs!$X$26)","v":-26855.655319903166},-116254.41993729839]
["2002-02-10","02:00:00",0,2,3,-3,63,{"$f":"Inputs!$X$37*Inputs!$X$32*(E963-Inputs!$X$26)","v":-62075.754519114555},{"$f":"Inputs!$X$33*C963*Inputs!$X$38","v":0},{"$f":"params!$C$15*Inputs!$X$29*(E963-Inputs!$X$26)","v":-6449.0542499999983},{"$f":"Inputs!$X$40*Inputs!$X$41/8760","v":5342.4657534246571},{"$f":"-Inputs!$X$45*Inputs!$X$33","v":-30000},{"$f":"EXP(77.345+0.0057*(E963+273.15)-7235/(E963+273.15))/(E963+273.15)^8.2","v":755.80495631325812},{"$f":"0.62198*M963/(101325-M963)","v":4.6743495015895585E-3},{"$f":"N963*G963/100","v":2.9448401860014215E-3},{"$f":"-L963/(1.202*2465560*MAX(0,(Inputs!$X$49-O963)))","v":1.2569540856331531},{"$f":"params!$C$15*P963*(E963-Inputs!$X$26)","v":-27481.611670411494},{"$f":"H963+I963+J963+K963+L963+Q963","v":-120663.9546861014}]
["2002-02-10","03:00:00",0,10,3,-2,68,{"$f":"Inputs!$X$37*Inputs!$X$32*(E964-Inputs!$X$26)","v":-62075.754519114555},{"$f":"Inputs!$X$33*C964*Inputs!$X$38","v":0},{"$f":"params!$C$15*Inputs!$X$29*(E964-Inputs!$X$26)","v":-6449.0542499999983},{"$f":"Inputs!$X$40*Inputs!$X$41/8760","v":5342.4657534246571},{"$f":"-Inputs!$X$45*Inputs!$X$33","v":-30000},755.80495631325812,4.6743495015895585E-3,3.1785576610808995E-3,{"$f":"-L964/(1.202*2465560*MAX(0,(Inputs!$X$49-O964)))","v":1.2945221548937103},{"$f":"params!$C$15*P964*(E964-Inputs!$X$26)","v":-28302.987011345846},-121485.33002703574]
["2002-02-10","04:00:00",0,10,3,-1,74,{"$f":"Inputs!$X$37*Inputs!$X$32*(E965-Inputs!$X$26)","v":-62075.754519114555},{"$f":"Inputs!$X$33*C965*Inputs!$X$38","v":0},{"$f":"params!$C$15*Inputs!$X$29*(E965-Inputs!$X$26)","v":-6449.0542499999983},{"$f":"Inputs!$X$40*Inputs!$X$41/8760","v":5342.4657534246571},{"$f":"-Inputs!$X$45*Inputs!$X$33","v":-30000},755.80495631325812,4.6743495015895585E-3,3.4590186311762735E-3,{"$f":"-L965/(1.202*2465560*MAX(0,(Inputs!$X$49-O965)))","v":1.3426784108228573},{"$f":"params!$C$15*P965*(E965-Inputs!$X$26)","v":-29355.858822712878},-122538.20183840278]
["2002-02-10","05:00:00",0,10,4,-1,69,{"$f":"Inputs!$X$37*Inputs!$X$32*(E966-Inputs!$X$26)","v":-58648.258870819882},{"$f":"Inputs!$X$33*C966*Inputs!$X$38","v":0},{"$f":"params!$C$15*Inputs!$X$29*(E966-Inputs!$X$26)","v":-6092.9714999999987},{"$f":"Inputs!$X$40*Inputs!$X$41/8760","v":5342.4657534246571},{"$f":"-Inputs!$X$45*Inputs!$X$33","v":-30000},811.08667612094962,5.0190035800134264E-3,3.4631124702092643E-3,{"$f":"-L966/(1.202*2465560*MAX(0,(Inputs!$X$49-O966)))","v":1.343407884205412},{"$f":"params!$C$15*P966*(E966-Inputs!$X$26)","v":-27750.051520103705},-117148.81613749893]
["2002-02-10","06:00:00",0,10,4,0,75,{"$f":"Inputs!$X$37*Inputs!$X$32*(E967-Inputs!$X$26)","v":-58648.258870819882},{"$f":"Inputs!$X$33*C967*Inputs!$X$38","v":0},{"$f":"params!$C$15*Inputs!$X$29*(E967-Inputs!$X$26)","v":-6092.9714999999987},{"$f":"Inputs!$X$40*Inputs!$X$41/8760","v":5342.4657534246571},{"$f":"-Inputs!$X$45*Inputs!$X$33","v":-30000},811.08667612094962,5.0190035800134264E-3,3.76425268501007E-3,{"$f":"-L967/(1.202*2465560*MAX(0,(Inputs!$X$49-O967)))","v":1.3993316078908522},{"$f":"params!$C$15*P967*(E967-Inputs!$X$26)","v":-28905.23769379875},-118304.00231119397]
["2002-02-10","07:00:00",0,10,4,0,75,{"$f":"Inputs!$X$37*Inputs!$X$32*(E968-Inputs!$X$26)","v":-58648.258870819882},{"$f":"Inputs!$X$33*C968*Inputs!$X$38","v":0},{"$f":"params!$C$15*Inputs!$X$29*(E968-Inputs!$X$26)","v":-6092.9714999999987},{"$f":"Inputs!$X$40*Inputs!$X$41/8760","v":5342.4657534246571},{"$f":"-Inputs!$X$45*Inputs!$X$33","v":-30000},811.08667612094962,5.0190035800134264E-3,3.76425268501007E-3,{"$f":"-L968/(1.202*2465560*MAX(0,(Inputs!$X$49-O968)))","v":1.3993316078908522},{"$f":"params!$C$15*P968*(E968-Inputs!$X$26)","v":-28905.23769379875},-118304.00231119397]
["2002-02-10","08:00:00",0,10,5,-1,64,{"$f":"Inputs!$X$37*Inputs!$X$32*(E969-Inputs!$X$26)","v":-55220.763222525216},{"$f":"Inputs!$X$33*C969*Inputs!$X$38","v":0},{"$f":"params!$C$15*Inputs!$X$29*(E969-Inputs!$X$26)","v":-5736.8887499999983},{"$f":"Inputs!$X$40*Inputs!$X$41/8760","v":5342.4657534246571},{"$f":"-Inputs!$X$45*Inputs!$X$33","v":-30000},869.91328556198641,5.3861748872103517E-3,3.4471519278146249E-3,{"$f":"-L969/(1.202*2465560*MAX(0,(Inputs!$X$49-O969)))","v":1.3405683748932995},{"$f":"params!$C$15*P969*(E969-Inputs!$X$26)","v":-26073.068894792545},-111688.2551138931]
["2002-02-10","09:00:00",58,10,6,0,65,{"$f":"Inputs!$X$37*Inputs!$X$32*(E970-Inputs!$X$26)","v":-51793.267574230544},{"$f":"Inputs!$X$33*C970*Inputs!$X$38","v":11315.601222605188},{"$f":"params!$C$15*Inputs!$X$29*(E970-Inputs!$X$26)","v":-5380.8059999999987},{"$f":"Inputs!$X$40*Inputs!$X$41/8760","v":5342.4657534246571},{"$f":"-Inputs!$X$45*Inputs!$X$33","v":-30000},932.4781503104233,5.7771510192606073E-3,3.7551481625193949E-3,{"$f":"-L970/(1.202*2465560*MAX(0,(Inputs!$X$49-O970)))","v":1.3975726679756584},{"$f":"params!$C$15*P970*(E970-Inputs!$X$26)","v":-25494.616715011565},-96010.623313212258]
["2002-02-10","10:00:00",192,10,6,0,65,{"$f":"Inputs!$X$37*Inputs!$X$32*(E971-Inputs!$X$26)","v":-51793.267574230544},{"$f":"Inputs!$X$33*C971*Inputs!$X$38","v":37458.541978279245},{"$f":"params!$C$15*Inputs!$X$29*(E971-Inputs!$X$26)","v":-5380.8059999999987},{"$f":"Inputs!$X$40*Inputs!$X$41/8760","v":5342.4657534246571},{"$f":"-Inputs!$X$45*Inputs!$X$33","v":-30000},932.4781503104233,5.7771510192606073E-3,3.7551481625193949E-3,{"$f":"-L971/(1.202*2465560*MAX(0,(Inputs!$X$49-O971)))","v":1.3975726679756584},{"$f":"params!$C$15*P971*(E971-Inputs!$X$26)","v":-25494.616715011565},-69867.68255753821]
["2002-02-10","11:00:00",160,10,6,0,65,{"$f":"Inputs!$X$37*Inputs!$X$32*(E972-Inputs!$X$26)","v":-51793.267574230544},{"$f":"Inputs!$X$33*C972*Inputs!$X$38","v":31215.451648566039},{"$f":"params!$C$15*Inputs!$X$29*(E972-Inputs!$X$26)","v":-5380.8059999999987},{"$f":"Inputs!$X$40*Inputs!$X$41/8760","v":5342.4657534246571},{"$f":"-Inputs!$X$45*Inputs!$X$33","v":-30000},932.4781503104233,5.7771510192606073E-3,3.7551481625193949E-3,{"$f":"-L972/(1.202*2465560*MAX(0,(Inputs!$X$49-O972)))","v":1.3975726679756584},{"$f":"params!$C$15*P972*(E972-Inputs!$X$26)","v":-25494.616715011565},-76110.772887251413]
["2002-02-10","12:00:00",99,10,6,0,65,{"$f":"Inputs!$X$37*Inputs!$X$32*(E973-Inputs!$X$26)","v":-51793.267574230544},{"$f":"Inputs!$X$33*C973*Inputs!$X$38","v":19314.560707550238},{"$f":"params!$C$15*Inputs!$X$29*(E973-Inputs!$X$26)","v":-5380.8059999999987},{"$f":"Inputs!$X$40*Inputs!$X$41/8760","v":5342.4657534246571},{"$f":"-Inputs!$X$45*Inputs!$X$33","v":-30000},932.4781503104233,5.7771510192606073E-3,3.7551481625193949E-3,{"$f":"-L973/(1.202*2465560*MAX(0,(Inputs!$X$49-O973)))","v":1.3975726679756584},{"$f":"params!$C$15*P973*(E973-Inputs!$X$26)","v":-25494.616715011565},-88011.663828267221]
["2002-02-10","13:00:00",96,10,7,0,61,{"$f":"Inputs!$X$37*Inputs!$X$32*(E974-Inputs!$X$26)","v":-48365.771925935878},{"$f":"Inputs!$X$33*C974*Inputs!$X$38","v":18729.270989139623},{"$f":"params!$C$15*Inputs!$X$29*(E974-Inputs!$X$26)","v":-5024.7232499999991},{"$f":"Inputs!$X$40*Inputs!$X$41/8760","v":5342.4657534246571},{"$f":"-Inputs!$X$45*Inputs!$X$33","v":-30000},998.98316002102877,6.193284308903993E-3,3.7779034284314357E-3,{"$f":"-L974/(1.202*2465560*MAX(0,(Inputs!$X$49-O974)))","v":1.4019771621645163},{"$f":"params!$C$15*P974*(E974-Inputs!$X$26)","v":-23882.502961120703},-83201.261394492307]
["2002-02-10","14:00:00",87,10,7,0,61,{"$f":"Inputs!$X$37*Inputs!$X$32*(E975-Inputs!$X$26)","v":-48365.771925935878},{"$f":"Inputs!$X$33*C975*Inputs!$X$38","v":16973.401833907781},{"$f":"params!$C$15*Inputs!$X$29*(E975-Inputs!$X$26)","v":-5024.7232499999991},{"$f":"Inputs!$X$40*Inputs!$X$41/8760","v":5342.4657534246571},{"$f":"-Inputs!$X$45*Inputs!$X$33","v":-30000},998.98316002102877,6.193284308903993E-3,3.7779034284314357E-3,{"$f":"-L975/(1.202*2465560*MAX(0,(Inputs!$X$49-O975)))","v":1.4019771621645163},{"$f":"params!$C$15*P975*(E975-Inputs!$X$26)","v":-23882.502961120703},-84957.130549724141]
["2002-02-10","15:00:00",73,10,7,0,61,{"$f":"Inputs!$X$37*Inputs!$X$32*(E976-Inputs!$X$26)","v":-48365.771925935878},{"$f":"Inputs!$X$33*C976*Inputs!$X$38","v":14242.049814658254},{"$f":"params!$C$15*Inputs!$X$29*(E976-Inputs!$X$26)","v":-5024.7232499999991},{"$f":"Inputs!$X$40*Inputs!$X$41/8760","v":5342.4657534246571},{"$f":"-Inputs!$X$45*Inputs!$X$33","v":-30000},998.98316002102877,6.193284308903993E-3,3.7779034284314357E-3,{"$f":"-L976/(1.202*2465560*MAX(0,(Inputs!$X$49-O976)))","v":1.4019771621645163},{"$f":"params!$C$15*P976*(E976-Inputs!$X$26)","v":-23882.502961120703},-87688.482568973675]
["2002-02-10","16:00:00",52,10,7,0,61,{"$f":"Inputs!$X$37*Inputs!$X$32*(E977-Inputs!$X$26)","v":-48365.771925935878},{"$f":"Inputs!$X$33*C977*Inputs!$X$38","v":10145.021785783962},{"$f":"params!$C$15*Inputs!$X$29*(E977-Inputs!$X$26)","v":-5024.7232499999991},{"$f":"Inputs!$X$40*Inputs!$X$41/8760","v":5342.4657534246571},{"$f":"-Inputs!$X$45*Inputs!$X$33","v":-30000},998.98316002102877,6.193284308903993E-3,3.7779034284314357E-3,{"$f":"-L977/(1.202*2465560*MAX(0,(Inputs!$X$49-O977)))","v":1.4019771621645163},{"$f":"params!$C$15*P977*(E977-Inputs!$X$26)","v":-23882.502961120703},-91785.51059784797]
["2002-02-10","17:00:00",43,10,7,0,61,{"$f":"Inputs!$X$37*Inputs!$X$32*(E978-Inputs!$X$26)","v":-48365.771925935878},{"$f":"Inputs!$X$33*C978*Inputs!$X$38","v":8389.1526305521238},{"$f":"params!$C$15*Inputs!$X$29*(E978-Inputs!$X$26)","v":-5024.7232499999991},{"$f":"Inputs!$X$40*Inputs!$X$41/8760","v":5342.4657534246571},{"$f":"-Inputs!$X$45*Inputs!$X$33","v":-30000},998.98316002102877,6.193284308903993E-3,3.7779034284314357E-3,{"$f":"-L978/(1.202*2465560*MAX(0,(Inputs!$X$49-O978)))","v":1.4019771621645163},{"$f":"params!$C$15*P978*(E978-Inputs!$X$26)","v":-23882.502961120703},-93541.379753079804]
["2002-02-10","18:00:00",0,10,6,0,65,{"$f":"Inputs!$X$37*Inputs!$X$32*(E979-Inputs!$X$26)","v":-51793.267574230544},{"$f":"Inputs!$X$33*C979*Inputs!$X$38","v":0},{"$f":"params!$C$15*Inputs!$X$29*(E979-Inputs!$X$26)","v":-5380.8059999999987},{"$f":"Inputs!$X$40*Inputs!$X$41/8760","v":5342.4657534246571},{"$f":"-Inputs!$X$45*Inputs!$X$33","v":-30000},932.4781503104233,5.7771510192606073E-3,3.7551481625193949E-3,{"$f":"-L979/(1.202*2465560*MAX(0,(Inputs!$X$49-O979)))","v":1.3975726679756584},{"$f":"params!$C$15*P979*(E979-Inputs!$X$26)","v":-25494.616715011565},-107326.22453581746]
["2002-02-10","19:00:00",0,10,6,0,65,{"$f":"Inputs!$X$37*Inputs!$X$32*(E980-Inputs!$X$26)","v":-51793.267574230544},{"$f":"Inputs!$X$33*C980*Inputs!$X$38","v":0},{"$f":"params!$C$15*Inputs!$X$29*(E980-Inputs!$X$26)","v":-5380.8059999999987},{"$f":"Inputs!$X$40*Inputs!$X$41/8760","v":5342.4657534246571},{"$f":"-Inputs!$X$45*Inputs!$X$33","v":-30000},932.4781503104233,5.7771510192606073E-3,3.7551481625193949E-3,{"$f":"-L980/(1.202*2465560*MAX(0,(Inputs!$X$49-O980)))","v":1.3975726679756584},{"$f":"params!$C$15*P980*(E980-Inputs!$X$26)","v":-25494.616715011565},-107326.22453581746]
["2002-02-10","20:00:00",0,10,5,0,70,{"$f":"Inputs!$X$37*Inputs!$X$32*(E981-Inputs!$X$26)","v":-55220.763222525216},{"$f":"Inputs!$X$33*C981*Inputs!$X$38","v":0},{"$f":"params!$C$15*Inputs!$X$29*(E981-Inputs!$X$26)","v":-5736.8887499999983},{"$f":"Inputs!$X$40*Inputs!$X$41/8760","v":5342.4657534246571},{"$f":"-Inputs!$X$45*Inputs!$X$33","v":-30000},869.91328556198641,5.3861748872103517E-3,3.7703224210472465E-3,{"$f":"-L981/(1.202*2465560*MAX(0,(Inputs!$X$49-O981)))","v":1.4005067068194468},{"$f":"params!$C$15*P981*(E981-Inputs!$X$26)","v":-27238.825365717625},-112854.01158481817]
["2002-02-10","21:00:00",0,10,4,0,75,{"$f":"Inputs!$X$37*Inputs!$X$32*(E982-Inputs!$X$26)","v":-58648.258870819882},{"$f":"Inputs!$X$33*C982*Inputs!$X$38","v":0},{"$f":"params!$C$15*Inputs!$X$29*(E982-Inputs!$X$26)","v":-6092.9714999999987},{"$f":"Inputs!$X$40*Inputs!$X$41/8760","v":5342.4657534246571},{"$f":"-Inputs!$X$45*Inputs!$X$33","v":-30000},811.08667612094962,5.0190035800134264E-3,3.76425268501007E-3,{"$f":"-L982/(1.202*2465560*MAX(0,(Inputs!$X$49-O982)))","v":1.3993316078908522},{"$f":"params!$C$15*P982*(E982-Inputs!$X$26)","v":-28905.23769379875},-118304.00231119397]
["2002-02-10","22:00:00",0,10,4,0,75,{"$f":"Inputs!$X$37*Inputs!$X$32*(E983-Inputs!$X$26)","v":-58648.258870819882},{"$f":"Inputs!$X$33*C983*Inputs!$X$38","v":0},{"$f":"params!$C$15*Inputs!$X$29*(E983-Inputs!$X$26)","v":-6092.9714999999987},{"$f":"Inputs!$X$40*Inputs!$X$41/8760","v":5342.4657534246571},{"$f":"-Inputs!$X$45*Inputs!$X$33","v":-30000},811.08667612094962,5.0190035800134264E-3,3.76425268501007E-3,{"$f":"-L983/(1.202*2465560*MAX(0,(Inputs!$X$49-O983)))","v":1.3993316078908522},{"$f":"params!$C$15*P983*(E983-Inputs!$X$26)","v":-28905.23769379875},-118304.00231119397]
["2002-02-10","23:00:00",0,10,4,0,75,{"$f":"Inputs!$X$37*Inputs!$X$32*(E984-Inputs!$X$26)","v":-58648.258870819882},{"$f":"Inputs!$X$33*C984*Inputs!$X$38","v":0},{"$f":"params!$C$15*Inputs!$X$29*(E984-Inputs!$X$26)","v":-6092.9714999999987},{"$f":"Inputs!$X$40*Inputs!$X$41/8760","v":5342.4657534246571},{"$f":"-Inputs!$X$45*Inputs!$X$33","v":-30000},811.08667612094962,5.0190035800134264E-3,3.76425268501007E-3,{"$f":"-L984/(1.202*2465560*MAX(0,(Inputs!$X$49-O984)))","v":1.3993316078908522},{"$f":"params!$C$15*P984*(E984-Inputs!$X$26)","v":-28905.23769379875},-118304.00231119397]
["2002-02-10",1,0,10,4,3,93,{"$f":"Inputs!$X$37*Inputs!$X$32*(E985-Inputs!$X$26)","v":-58648.258870819882},{"$f":"Inputs!$X$33*C985*Inputs!$X$38","v":0},{"$f":"params!$C$15*Inputs!$X$29*(E985-Inputs!$X$26)","v":-6092.9714999999987},{"$f":"Inputs!$X$40*Inputs!$X$41/8760","v":5342.4657534246571},{"$f":"-Inputs!$X$45*Inputs!$X$33","v":-30000},811.08667612094962,5.0190035800134264E-3,4.6676733294124867E-3,{"$f":"-L985/(1.202*2465560*MAX(0,(Inputs!$X$49-O985)))","v":1.5990255268763514},{"$f":"params!$C$15*P985*(E985-Inputs!$X$26)","v":-33030.207187614593},-122428.97180500982]
["2002-02-11","01:00:00",0,10,4,4,100,{"$f":"Inputs!$X$37*Inputs!$X$32*(E986-Inputs!$X$26)","v":-58648.258870819882},{"$f":"Inputs!$X$33*C986*Inputs!$X$38","v":0},{"$f":"params!$C$15*Inputs!$X$29*(E986-Inputs!$X$26)","v":-6092.9714999999987},{"$f":"Inputs!$X$40*Inputs!$X$41/8760","v":5342.4657534246571},{"$f":"-Inputs!$X$45*Inputs!$X$33","v":-30000},811.08667612094962,5.0190035800134264E-3,5.0190035800134255E-3,{"$f":"-L986/(1.202*2465560*MAX(0,(Inputs!$X$49-O986)))","v":1.6929809384464098},{"$f":"params!$C$15*P986*(E986-Inputs!$X$26)","v":-34970.993409219802},-124369.75802661502]
["2002-02-11","02:00:00",0,10,3,3,100,{"$f":"Inputs!$X$37*Inputs!$X$32*(E987-Inputs!$X$26)","v":-62075.754519114555},{"$f":"Inputs!$X$33*C987*Inputs!$X$38","v":0},{"$f":"params!$C$15*Inputs!$X$29*(E987-Inputs!$X$26)","v":-6449.0542499999983},{"$f":"Inputs!$X$40*Inputs!$X$41/8760","v":5342.4657534246571},{"$f":"-Inputs!$X$45*Inputs!$X$33","v":-30000},755.80495631325812,4.6743495015895585E-3,4.6743495015895585E-3,{"$f":"-L987/(1.202*2465560*MAX(0,(Inputs!$X$49-O987)))","v":1.6007136159277666},{"$f":"params!$C$15*P987*(E987-Inputs!$X$26)","v":-34997.451769535677},-128179.79478522557]
["2002-02-11","03:00:00",0,10,0,-1,92,{"$f":"Inputs!$X$37*Inputs!$X$32*(E988-Inputs!$X$26)","v":-72358.241463998565},{"$f":"Inputs!$X$33*C988*Inputs!$X$38","v":0},{"$f":"params!$C$15*Inputs!$X$29*(E988-Inputs!$X$26)","v":-7517.302499999998},{"$f":"Inputs!$X$40*Inputs!$X$41/8760","v":5342.4657534246571},{"$f":"-Inputs!$X$45*Inputs!$X$33","v":-30000},609.41773586642103,3.7635253138895938E-3,3.462443288778426E-3,{"$f":"-L988/(1.202*2465560*MAX(0,(Inputs!$X$49-O988)))","v":1.3432885898517939},{"$f":"params!$C$15*P988*(E988-Inputs!$X$26)","v":-34234.036305171387},-138767.11451574528]
["2002-02-11","04:00:00",0,10,-3,-5,84,{"$f":"Inputs!$X$37*Inputs!$X$32*(E989-Inputs!$X$26)","v":-82640.728408882569},{"$f":"Inputs!$X$33*C989*Inputs!$X$38","v":0},{"$f":"params!$C$15*Inputs!$X$29*(E989-Inputs!$X$26)","v":-8585.5507499999985},{"$f":"Inputs!$X$40*Inputs!$X$41/8760","v":5342.4657534246571},{"$f":"-Inputs!$X$45*Inputs!$X$33","v":-30000},488.73621912146871,3.0146312662847319E-3,2.5322902636791748E-3,{"$f":"-L989/(1.202*2465560*MAX(0,(Inputs!$X$49-O989)))","v":1.1957024310865629},{"$f":"params!$C$15*P989*(E989-Inputs!$X$26)","v":-34803.107763869608},-150686.92116932751]
["2002-02-11","05:00:00",0,10,-4,-6,84,{"$f":"Inputs!$X$37*Inputs!$X$32*(E990-Inputs!$X$26)","v":-86068.224057177227},{"$f":"Inputs!$X$33*C990*Inputs!$X$38","v":0},{"$f":"params!$C$15*Inputs!$X$29*(E990-Inputs!$X$26)","v":-8941.6334999999981},{"$f":"Inputs!$X$40*Inputs!$X$41/8760","v":5342.4657534246571},{"$f":"-Inputs!$X$45*Inputs!$X$33","v":-30000},453.51532044328405,2.7964043545646504E-3,2.3489796578343063E-3,{"$f":"-L990/(1.202*2465560*MAX(0,(Inputs!$X$49-O990)))","v":1.170361102910803},{"$f":"params!$C$15*P990*(E990-Inputs!$X$26)","v":-35478.356947494853},-155145.74875124742]
["2002-02-11","06:00:00",0,10,-5,-7,84,{"$f":"Inputs!$X$37*Inputs!$X$32*(E991-Inputs!$X$26)","v":-89495.7197054719},{"$f":"Inputs!$X$33*C991*Inputs!$X$38","v":0},{"$f":"params!$C$15*Inputs!$X$29*(E991-Inputs!$X$26)","v":-9297.7162499999977},{"$f":"Inputs!$X$40*Inputs!$X$41/8760","v":5342.4657534246571},{"$f":"-Inputs!$X$45*Inputs!$X$33","v":-30000},420.56802345265027,2.5924024753231664E-3,2.1776180792714597E-3,{"$f":"-L991/(1.202*2465560*MAX(0,(Inputs!$X$49-O991)))","v":1.1476241736815775},{"$f":"params!$C$15*P991*(E991-Inputs!$X$26)","v":-36174.51608168926},-159625.48628373651]
["2002-02-11","07:00:00",0,10,-6,-9,77,{"$f":"Inputs!$X$37*Inputs!$X$32*(E992-Inputs!$X$26)","v":-92923.215353766573},{"$f":"Inputs!$X$33*C992*Inputs!$X$38","v":0},{"$f":"params!$C$15*Inputs!$X$29*(E992-Inputs!$X$26)","v":-9653.7989999999972},{"$f":"Inputs!$X$40*Inputs!$X$41/8760","v":5342.4657534246571},{"$f":"-Inputs!$X$45*Inputs!$X$33","v":-30000},389.76616195693094,2.4018050803048703E-3,1.8493899118347502E-3,{"$f":"-L992/(1.202*2465560*MAX(0,(Inputs!$X$49-O992)))","v":1.1064517160781135},{"$f":"params!$C$15*P992*(E992-Inputs!$X$26)","v":-36212.413698930271},-163446.96229927219]
["2002-02-11","08:00:00",0,10,-7,-10,77,{"$f":"Inputs!$X$37*Inputs!$X$32*(E993-Inputs!$X$26)","v":-96350.711002061245},{"$f":"Inputs!$X$33*C993*Inputs!$X$38","v":0},{"$f":"params!$C$15*Inputs!$X$29*(E993-Inputs!$X$26)","v":-10009.881749999997},{"$f":"Inputs!$X$40*Inputs!$X$41/8760","v":5342.4657534246571},{"$f":"-Inputs!$X$45*Inputs!$X$33","v":-30000},360.98762153500678,2.2238327850987206E-3,1.7123512445260151E-3,{"$f":"-L993/(1.202*2465560*MAX(0,(Inputs!$X$49-O993)))","v":1.090123079758502},{"$f":"params!$C$15*P993*(E993-Inputs!$X$26)","v":-36993.995196362564},-168012.12219499916]
["2002-02-11","09:00:00",197,10,-8,-12,70,{"$f":"Inputs!$X$37*Inputs!$X$32*(E994-Inputs!$X$26)","v":-99778.206650355904},{"$f":"Inputs!$X$33*C994*Inputs!$X$38","v":38434.024842296938},{"$f":"params!$C$15*Inputs!$X$29*(E994-Inputs!$X$26)","v":-10365.964499999998},{"$f":"Inputs!$X$40*Inputs!$X$41/8760","v":5342.4657534246571},{"$f":"-Inputs!$X$45*Inputs!$X$33","v":-30000},334.1161188582924,2.0577455669371189E-3,1.4404218968559832E-3,{"$f":"-L994/(1.202*2465560*MAX(0,(Inputs!$X$49-O994)))","v":1.059108156102553},{"$f":"params!$C$15*P994*(E994-Inputs!$X$26)","v":-37220.035583806275},-133587.71613844059]
["2002-02-11","10:00:00",288,10,-7,-12,64,{"$f":"Inputs!$X$37*Inputs!$X$32*(E995-Inputs!$X$26)","v":-96350.711002061245},{"$f":"Inputs!$X$33*C995*Inputs!$X$38","v":56187.812967418868},{"$f":"params!$C$15*Inputs!$X$29*(E995-Inputs!$X$26)","v":-10009.881749999997},{"$f":"Inputs!$X$40*Inputs!$X$41/8760","v":5342.4657534246571},{"$f":"-Inputs!$X$45*Inputs!$X$33","v":-30000},360.98762153500678,2.2238327850987206E-3,1.4232529824631812E-3,{"$f":"-L995/(1.202*2465560*MAX(0,(Inputs!$X$49-O995)))","v":1.0572090780270629},{"$f":"params!$C$15*P995*(E995-Inputs!$X$26)","v":-35877.038364097658},-110707.35239531536]
["2002-02-11","11:00:00",205,5,-7,-14,54,{"$f":"Inputs!$X$37*Inputs!$X$32*(E996-Inputs!$X$26)","v":-96350.711002061245},{"$f":"Inputs!$X$33*C996*Inputs!$X$38","v":39994.797424725235},{"$f":"params!$C$15*Inputs!$X$29*(E996-Inputs!$X$26)","v":-10009.881749999997},{"$f":"Inputs!$X$40*Inputs!$X$41/8760","v":5342.4657534246571},{"$f":"-Inputs!$X$45*Inputs!$X$33","v":-30000},360.98762153500678,2.2238327850987206E-3,1.2008697039533093E-3,{"$f":"-L996/(1.202*2465560*MAX(0,(Inputs!$X$49-O996)))","v":1.0332123845516443},{"$f":"params!$C$15*P996*(E996-Inputs!$X$26)","v":-35062.695855768339},-126086.02542967969]
["2002-02-11","12:00:00",556,3,-7,-13,59,{"$f":"Inputs!$X$37*Inputs!$X$32*(E997-Inputs!$X$26)","v":-96350.711002061245},{"$f":"Inputs!$X$33*C997*Inputs!$X$38","v":108473.69447876698},{"$f":"params!$C$15*Inputs!$X$29*(E997-Inputs!$X$26)","v":-10009.881749999997},{"$f":"Inputs!$X$40*Inputs!$X$41/8760","v":5342.4657534246571},{"$f":"-Inputs!$X$45*Inputs!$X$33","v":-30000},360.98762153500678,2.2238327850987206E-3,1.312061343208245E-3,{"$f":"-L997/(1.202*2465560*MAX(0,(Inputs!$X$49-O997)))","v":1.0450729979881839},{"$f":"params!$C$15*P997*(E997-Inputs!$X$26)","v":-35465.193045897053},-58009.625565766662]
["2002-02-11","13:00:00",576,3,-6,-14,49,{"$f":"Inputs!$X$37*Inputs!$X$32*(E998-Inputs!$X$26)","v":-92923.215353766573},{"$f":"Inputs!$X$33*C998*Inputs!$X$38","v":112375.62593483774},{"$f":"params!$C$15*Inputs!$X$29*(E998-Inputs!$X$26)","v":-9653.7989999999972},{"$f":"Inputs!$X$40*Inputs!$X$41/8760","v":5342.4657534246571},{"$f":"-Inputs!$X$45*Inputs!$X$33","v":-30000},389.76616195693094,2.4018050803048703E-3,1.1768844893493863E-3,{"$f":"-L998/(1.202*2465560*MAX(0,(Inputs!$X$49-O998)))","v":1.0306891379350474},{"$f":"params!$C$15*P998*(E998-Inputs!$X$26)","v":-33732.824411167298},-48591.747076671476]
["2002-02-11","14:00:00",536,0,-6,-14,49,{"$f":"Inputs!$X$37*Inputs!$X$32*(E999-Inputs!$X$26)","v":-92923.215353766573},{"$f":"Inputs!$X$33*C999*Inputs!$X$38","v":104571.76302269622},{"$f":"params!$C$15*Inputs!$X$29*(E999-Inputs!$X$26)","v":-9653.7989999999972},{"$f":"Inputs!$X$40*Inputs!$X$41/8760","v":5342.4657534246571},{"$f":"-Inputs!$X$45*Inputs!$X$33","v":-30000},389.76616195693094,2.4018050803048703E-3,1.1768844893493863E-3,{"$f":"-L999/(1.202*2465560*MAX(0,(Inputs!$X$49-O999)))","v":1.0306891379350474},{"$f":"params!$C$15*P999*(E999-Inputs!$X$26)","v":-33732.824411167298},-56395.60998881299]
["2002-02-11","15:00:00",443,0,-6,-16,41,{"$f":"Inputs!$X$37*Inputs!$X$32*(E1000-Inputs!$X$26)","v":-92923.215353766573},{"$f":"Inputs!$X$33*C1000*Inputs!$X$38","v":86427.781751967224},{"$f":"params!$C$15*Inputs!$X$29*(E1000-Inputs!$X$26)","v":-9653.7989999999972},{"$f":"Inputs!$X$40*Inputs!$X$41/8760","v":5342.4657534246571},{"$f":"-Inputs!$X$45*Inputs!$X$33","v":-30000},389.76616195693094,2.4018050803048703E-3,9.8474008292499674E-4,{"$f":"-L1000/(1.202*2465560*MAX(0,(Inputs!$X$49-O1000)))","v":1.0109118149426375},{"$f":"params!$C$15*P1000*(E1000-Inputs!$X$26)","v":-33085.543927390681},-73892.310775765363]
["2002-02-11","16:00:00",299,0,-5,-17,34,{"$f":"Inputs!$X$37*Inputs!$X$32*(E1001-Inputs!$X$26)","v":-89495.7197054719},{"$f":"Inputs!$X$33*C1001*Inputs!$X$38","v":58333.875268257776},{"$f":"params!$C$15*Inputs!$X$29*(E1001-Inputs!$X$26)","v":-9297.7162499999977},{"$f":"Inputs!$X$40*Inputs!$X$41/8760","v":5342.4657534246571},{"$f":"-Inputs!$X$45*Inputs!$X$33","v":-30000},420.56802345265027,2.5924024753231664E-3,8.8141684160987651E-4,{"$f":"-L1001/(1.202*2465560*MAX(0,(Inputs!$X$49-O1001)))","v":1.0005874079591834},{"$f":"params!$C$15*P1001*(E1001-Inputs!$X$26)","v":-31539.737581720041},-96656.832515509508]
["2002-02-11","17:00:00",136,2,-6,-18,34,{"$f":"Inputs!$X$37*Inputs!$X$32*(E1002-Inputs!$X$26)","v":-92923.215353766573},{"$f":"Inputs!$X$33*C1002*Inputs!$X$38","v":26533.133901281133},{"$f":"params!$C$15*Inputs!$X$29*(E1002-Inputs!$X$26)","v":-9653.7989999999972},{"$f":"Inputs!$X$40*Inputs!$X$41/8760","v":5342.4657534246571},{"$f":"-Inputs!$X$45*Inputs!$X$33","v":-30000},389.76616195693094,2.4018050803048703E-3,8.1661372730365588E-4,{"$f":"-L1002/(1.202*2465560*MAX(0,(Inputs!$X$49-O1002)))","v":0.99421898715715284},{"$f":"params!$C$15*P1002*(E1002-Inputs!$X$26)","v":-32539.214090499463},-133240.62878956026]
["2002-02-11","18:00:00",0,7,-7,-19,34,{"$f":"Inputs!$X$37*Inputs!$X$32*(E1003-Inputs!$X$26)","v":-96350.711002061245},{"$f":"Inputs!$X$33*C1003*Inputs!$X$38","v":0},{"$f":"params!$C$15*Inputs!$X$29*(E1003-Inputs!$X$26)","v":-10009.881749999997},{"$f":"Inputs!$X$40*Inputs!$X$41/8760","v":5342.4657534246571},{"$f":"-Inputs!$X$45*Inputs!$X$33","v":-30000},360.98762153500678,2.2238327850987206E-3,7.5610314693356497E-4,{"$f":"-L1003/(1.202*2465560*MAX(0,(Inputs!$X$49-O1003)))","v":0.98834516488327717},{"$f":"params!$C$15*P1003*(E1003-Inputs!$X$26)","v":-33540.099242867145},-164558.22624150373]
["2002-02-11","19:00:00",0,0,-9,-15,58,{"$f":"Inputs!$X$37*Inputs!$X$32*(E1004-Inputs!$X$26)","v":-103205.70229865058},{"$f":"Inputs!$X$33*C1004*Inputs!$X$38","v":0},{"$f":"params!$C$15*Inputs!$X$29*(E1004-Inputs!$X$26)","v":-10722.047249999998},{"$f":"Inputs!$X$40*Inputs!$X$41/8760","v":5342.4657534246571},{"$f":"-Inputs!$X$45*Inputs!$X$33","v":-30000},309.04098596033037,1.902841039413297E-3,1.1036478028597122E-3,{"$f":"-L1004/(1.202*2465560*MAX(0,(Inputs!$X$49-O1004)))","v":1.0230603345600566},{"$f":"params!$C$15*P1004*(E1004-Inputs!$X$26)","v":-37188.247942918468},-175773.5317381444]
["2002-02-11","20:00:00",0,2,-12,-15,76,{"$f":"Inputs!$X$37*Inputs!$X$32*(E1005-Inputs!$X$26)","v":-113488.18924353459},{"$f":"Inputs!$X$33*C1005*Inputs!$X$38","v":0},{"$f":"params!$C$15*Inputs!$X$29*(E1005-Inputs!$X$26)","v":-11790.295499999998},{"$f":"Inputs!$X$40*Inputs!$X$41/8760","v":5342.4657534246571},{"$f":"-Inputs!$X$45*Inputs!$X$33","v":-30000},243.5669653908281,1.4987300494831474E-3,1.1390348376071919E-3,{"$f":"-L1005/(1.202*2465560*MAX(0,(Inputs!$X$49-O1005)))","v":1.0267323241630604},{"$f":"params!$C$15*P1005*(E1005-Inputs!$X$26)","v":-41040.125406201951},-190976.14439631189]
["2002-02-11","21:00:00",0,0,-12,-14,83,{"$f":"Inputs!$X$37*Inputs!$X$32*(E1006-Inputs!$X$26)","v":-113488.18924353459},{"$f":"Inputs!$X$33*C1006*Inputs!$X$38","v":0},{"$f":"params!$C$15*Inputs!$X$29*(E1006-Inputs!$X$26)","v":-11790.295499999998},{"$f":"Inputs!$X$40*Inputs!$X$41/8760","v":5342.4657534246571},{"$f":"-Inputs!$X$45*Inputs!$X$33","v":-30000},243.5669653908281,1.4987300494831474E-3,1.2439459410710123E-3,{"$f":"-L1006/(1.202*2465560*MAX(0,(Inputs!$X$49-O1006)))","v":1.0377751634399999},{"$f":"params!$C$15*P1006*(E1006-Inputs!$X$26)","v":-41481.525270704653},-191417.54426081458]
["2002-02-11","22:00:00",0,3,-13,-16,76,{"$f":"Inputs!$X$37*Inputs!$X$32*(E1007-Inputs!$X$26)","v":-116915.68489182927},{"$f":"Inputs!$X$33*C1007*Inputs!$X$38","v":0},{"$f":"params!$C$15*Inputs!$X$29*(E1007-Inputs!$X$26)","v":-12146.378249999998},{"$f":"Inputs!$X$40*Inputs!$X$41/8760","v":5342.4657534246571},{"$f":"-Inputs!$X$45*Inputs!$X$33","v":-30000},224.67566674612308,1.3822287131554647E-3,1.0504938219981531E-3,{"$f":"-L1007/(1.202*2465560*MAX(0,(Inputs!$X$49-O1007)))","v":1.0175938227205841},{"$f":"params!$C$15*P1007*(E1007-Inputs!$X$26)","v":-41903.279871163009},-195622.87725956761]
["2002-02-11","23:00:00",0,5,-13,-14,91,{"$f":"Inputs!$X$37*Inputs!$X$32*(E1008-Inputs!$X$26)","v":-116915.68489182927},{"$f":"Inputs!$X$33*C1008*Inputs!$X$38","v":0},{"$f":"params!$C$15*Inputs!$X$29*(E1008-Inputs!$X$26)","v":-12146.378249999998},{"$f":"Inputs!$X$40*Inputs!$X$41/8760","v":5342.4657534246571},{"$f":"-Inputs!$X$45*Inputs!$X$33","v":-30000},224.67566674612308,1.3822287131554647E-3,1.2578281289714729E-3,{"$f":"-L1008/(1.202*2465560*MAX(0,(Inputs!$X$49-O1008)))","v":1.0392542097496158},{"$f":"params!$C$15*P1008*(E1008-Inputs!$X$26)","v":-42795.228347588112},-196514.82573599269]
["2002-02-11",1,0,2,-13,-14,91,{"$f":"Inputs!$X$37*Inputs!$X$32*(E1009-Inputs!$X$26)","v":-116915.68489182927},{"$f":"Inputs!$X$33*C1009*Inputs!$X$38","v":0},{"$f":"params!$C$15*Inputs!$X$29*(E1009-Inputs!$X$26)","v":-12146.378249999998},{"$f":"Inputs!$X$40*Inputs!$X$41/8760","v":5342.4657534246571},{"$f":"-Inputs!$X$45*Inputs!$X$33","v":-30000},224.67566674612308,1.3822287131554647E-3,1.2578281289714729E-3,{"$f":"-L1009/(1.202*2465560*MAX(0,(Inputs!$X$49-O1009)))","v":1.0392542097496158},{"$f":"params!$C$15*P1009*(E1009-Inputs!$X$26)","v":-42795.228347588112},-196514.82573599269]
["2002-02-12","01:00:00",0,9,-12,-14,83,{"$f":"Inputs!$X$37*Inputs!$X$32*(E1010-Inputs!$X$26)","v":-113488.18924353459},{"$f":"Inputs!$X$33*C1010*Inputs!$X$38","v":0},{"$f":"params!$C$15*Inputs!$X$29*(E1010-Inputs!$X$26)","v":-11790.295499999998},{"$f":"Inputs!$X$40*Inputs!$X$41/8760","v":5342.4657534246571},{"$f":"-Inputs!$X$45*Inputs!$X$33","v":-30000},243.5669653908281,1.4987300494831474E-3,1.2439459410710123E-3,{"$f":"-L1010/(1.202*2465560*MAX(0,(Inputs!$X$49-O1010)))","v":1.0377751634399999},{"$f":"params!$C$15*P1010*(E1010-Inputs!$X$26)","v":-41481.525270704653},-191417.54426081458]
["2002-02-12","02:00:00",0,7,-11,-13,84,{"$f":"Inputs!$X$37*Inputs!$X$32*(E1011-Inputs!$X$26)","v":-110060.69359523992},{"$f":"Inputs!$X$33*C1011*Inputs!$X$38","v":0},{"$f":"params!$C$15*Inputs!$X$29*(E1011-Inputs!$X$26)","v":-11434.212749999999},{"$f":"Inputs!$X$40*Inputs!$X$41/8760","v":5342.4657534246571},{"$f":"-Inputs!$X$45*Inputs!$X$33","v":-30000},263.86397481101648,1.6239488443119262E-3,1.364117029222018E-3,{"$f":"-L1011/(1.202*2465560*MAX(0,(Inputs!$X$49-O1011)))","v":1.0507197731376732},{"$f":"params!$C$15*P1011*(E1011-Inputs!$X$26)","v":-40730.517505675656},-186882.95809749095]
["2002-02-12","03:00:00",0,9,-10,-13,76,{"$f":"Inputs!$X$37*Inputs!$X$32*(E1012-Inputs!$X$26)","v":-106633.19794694525},{"$f":"Inputs!$X$33*C1012*Inputs!$X$38","v":0},{"$f":"params!$C$15*Inputs!$X$29*(E1012-Inputs!$X$26)","v":-11078.129999999997},{"$f":"Inputs!$X$40*Inputs!$X$41/8760","v":5342.4657534246571},{"$f":"-Inputs!$X$45*Inputs!$X$33","v":-30000},285.65695946908653,1.758452799711007E-3,1.3364241277803654E-3,{"$f":"-L1012/(1.202*2465560*MAX(0,(Inputs!$X$49-O1012)))","v":1.0477081925178391},{"$f":"params!$C$15*P1012*(E1012-Inputs!$X$26)","v":-39348.98654822063},-181717.84874174121]
["2002-02-12","04:00:00",0,9,-9,-12,77,{"$f":"Inputs!$X$37*Inputs!$X$32*(E1013-Inputs!$X$26)","v":-103205.70229865058},{"$f":"Inputs!$X$33*C1013*Inputs!$X$38","v":0},{"$f":"params!$C$15*Inputs!$X$29*(E1013-Inputs!$X$26)","v":-10722.047249999998},{"$f":"Inputs!$X$40*Inputs!$X$41/8760","v":5342.4657534246571},{"$f":"-Inputs!$X$45*Inputs!$X$33","v":-30000},309.04098596033037,1.902841039413297E-3,1.4651876003482387E-3,{"$f":"-L1013/(1.202*2465560*MAX(0,(Inputs!$X$49-O1013)))","v":1.0618595759011065},{"$f":"params!$C$15*P1013*(E1013-Inputs!$X$26)","v":-38598.600547008595},-177183.88434223452]
["2002-02-12","05:00:00",0,9,-4,-8,71,{"$f":"Inputs!$X$37*Inputs!$X$32*(E1014-Inputs!$X$26)","v":-86068.224057177227},{"$f":"Inputs!$X$33*C1014*Inputs!$X$38","v":0},{"$f":"params!$C$15*Inputs!$X$29*(E1014-Inputs!$X$26)","v":-8941.6334999999981},{"$f":"Inputs!$X$40*Inputs!$X$41/8760","v":5342.4657534246571},{"$f":"-Inputs!$X$45*Inputs!$X$33","v":-30000},453.51532044328405,2.7964043545646504E-3,1.9854470917409018E-3,{"$f":"-L1014/(1.202*2465560*MAX(0,(Inputs!$X$49-O1014)))","v":1.1231546311339784},{"$f":"params!$C$15*P1014*(E1014-Inputs!$X$26)","v":-34047.338732890312},-153714.73053664289]
["2002-02-12","06:00:00",0,8,-2,-8,60,{"$f":"Inputs!$X$37*Inputs!$X$32*(E1015-Inputs!$X$26)","v":-79213.232760587896},{"$f":"Inputs!$X$33*C1015*Inputs!$X$38","v":0},{"$f":"params!$C$15*Inputs!$X$29*(E1015-Inputs!$X$26)","v":-8229.4679999999971},{"$f":"Inputs!$X$40*Inputs!$X$41/8760","v":5342.4657534246571},{"$f":"-Inputs!$X$45*Inputs!$X$33","v":-30000},526.36516305985776,3.2479468065175691E-3,1.9487680839105415E-3,{"$f":"-L1015/(1.202*2465560*MAX(0,(Inputs!$X$49-O1015)))","v":1.1186023231410169},{"$f":"params!$C$15*P1015*(E1015-Inputs!$X$26)","v":-31208.596060046944},-143308.83106721018]
["2002-02-12","07:00:00",0,7,-3,-8,65,{"$f":"Inputs!$X$37*Inputs!$X$32*(E1016-Inputs!$X$26)","v":-82640.728408882569},{"$f":"Inputs!$X$33*C1016*Inputs!$X$38","v":0},{"$f":"params!$C$15*Inputs!$X$29*(E1016-Inputs!$X$26)","v":-8585.5507499999985},{"$f":"Inputs!$X$40*Inputs!$X$41/8760","v":5342.4657534246571},{"$f":"-Inputs!$X$45*Inputs!$X$33","v":-30000},488.73621912146871,3.0146312662847319E-3,1.9595103230850759E-3,{"$f":"-L1016/(1.202*2465560*MAX(0,(Inputs!$X$49-O1016)))","v":1.1199317390634185},{"$f":"params!$C$15*P1016*(E1016-Inputs!$X$26)","v":-32597.663088618661},-148481.47649407657]
["2002-02-12","08:00:00",0,6,-2,-8,60,{"$f":"Inputs!$X$37*Inputs!$X$32*(E1017-Inputs!$X$26)","v":-79213.232760587896},{"$f":"Inputs!$X$33*C1017*Inputs!$X$38","v":0},{"$f":"params!$C$15*Inputs!$X$29*(E1017-Inputs!$X$26)","v":-8229.4679999999971},{"$f":"Inputs!$X$40*Inputs!$X$41/8760","v":5342.4657534246571},{"$f":"-Inputs!$X$45*Inputs!$X$33","v":-30000},526.36516305985776,3.2479468065175691E-3,1.9487680839105415E-3,{"$f":"-L1017/(1.202*2465560*MAX(0,(Inputs!$X$49-O1017)))","v":1.1186023231410169},{"$f":"params!$C$15*P1017*(E1017-Inputs!$X$26)","v":-31208.596060046944},-143308.83106721018]
["2002-02-12","09:00:00",203,2,0,-7,55,{"$f":"Inputs!$X$37*Inputs!$X$32*(E1018-Inputs!$X$26)","v":-72358.241463998565},{"$f":"Inputs!$X$33*C1018*Inputs!$X$38","v":39604.604279118161},{"$f":"params!$C$15*Inputs!$X$29*(E1018-Inputs!$X$26)","v":-7517.302499999998},{"$f":"Inputs!$X$40*Inputs!$X$41/8760","v":5342.4657534246571},{"$f":"-Inputs!$X$45*Inputs!$X$33","v":-30000},609.41773586642103,3.7635253138895938E-3,2.0699389226392765E-3,{"$f":"-L1018/(1.202*2465560*MAX(0,(Inputs!$X$49-O1018)))","v":1.1337834047705091},{"$f":"params!$C$15*P1018*(E1018-Inputs!$X$26)","v":-28894.745726528363},-93823.219657984111]
["2002-02-12","10:00:00",355,2,2,-6,52,{"$f":"Inputs!$X$37*Inputs!$X$32*(E1019-Inputs!$X$26)","v":-65503.25016740922},{"$f":"Inputs!$X$33*C1019*Inputs!$X$38","v":69259.283345255899},{"$f":"params!$C$15*Inputs!$X$29*(E1019-Inputs!$X$26)","v":-6805.1369999999979},{"$f":"Inputs!$X$40*Inputs!$X$41/8760","v":5342.4657534246571},{"$f":"-Inputs!$X$45*Inputs!$X$33","v":-30000},703.88301618186097,4.3509868656616182E-3,2.2625131701440415E-3,{"$f":"-L1019/(1.202*2465560*MAX(0,(Inputs!$X$49-O1019)))","v":1.158776895796517},{"$f":"params!$C$15*P1019*(E1019-Inputs!$X$26)","v":-26733.969887262352},-54440.607955991014]
["2002-02-12","11:00:00",481,4,2,-6,52,{"$f":"Inputs!$X$37*Inputs!$X$32*(E1020-Inputs!$X$26)","v":-65503.25016740922},{"$f":"Inputs!$X$33*C1020*Inputs!$X$38","v":93841.45151850165},{"$f":"params!$C$15*Inputs!$X$29*(E1020-Inputs!$X$26)","v":-6805.1369999999979},{"$f":"Inputs!$X$40*Inputs!$X$41/8760","v":5342.4657534246571},{"$f":"-Inputs!$X$45*Inputs!$X$33","v":-30000},703.88301618186097,4.3509868656616182E-3,2.2625131701440415E-3,{"$f":"-L1020/(1.202*2465560*MAX(0,(Inputs!$X$49-O1020)))","v":1.158776895796517},{"$f":"params!$C$15*P1020*(E1020-Inputs!$X$26)","v":-26733.969887262352},-29858.439782745263]
["2002-02-12","12:00:00",562,5,3,-5,53,{"$f":"Inputs!$X$37*Inputs!$X$32*(E1021-Inputs!$X$26)","v":-62075.754519114555},{"$f":"Inputs!$X$33*C1021*Inputs!$X$38","v":109644.27391558822},{"$f":"params!$C$15*Inputs!$X$29*(E1021-Inputs!$X$26)","v":-6449.0542499999983},{"$f":"Inputs!$X$40*Inputs!$X$41/8760","v":5342.4657534246571},{"$f":"-Inputs!$X$45*Inputs!$X$33","v":-30000},755.80495631325812,4.6743495015895585E-3,2.477405235842466E-3,{"$f":"-L1021/(1.202*2465560*MAX(0,(Inputs!$X$49-O1021)))","v":1.1880006271341368},{"$f":"params!$C$15*P1021*(E1021-Inputs!$X$26)","v":-25974.03697738102},-9512.1060774827019]
["2002-02-12","13:00:00",582,10,4,-4,54,{"$f":"Inputs!$X$37*Inputs!$X$32*(E1022-Inputs!$X$26)","v":-58648.258870819882},{"$f":"Inputs!$X$33*C1022*Inputs!$X$38","v":113546.20537165896},{"$f":"params!$C$15*Inputs!$X$29*(E1022-Inputs!$X$26)","v":-6092.9714999999987},{"$f":"Inputs!$X$40*Inputs!$X$41/8760","v":5342.4657534246571},{"$f":"-Inputs!$X$45*Inputs!$X$33","v":-30000},811.08667612094962,5.0190035800134264E-3,2.7102619332072505E-3,{"$f":"-L1022/(1.202*2465560*MAX(0,(Inputs!$X$49-O1022)))","v":1.2213781686701983},{"$f":"params!$C$15*P1022*(E1022-Inputs!$X$26)","v":-25229.349555421773},-1081.9088011580388]
["2002-02-12","14:00:00",99,10,4,-4,54,{"$f":"Inputs!$X$37*Inputs!$X$32*(E1023-Inputs!$X$26)","v":-58648.258870819882},{"$f":"Inputs!$X$33*C1023*Inputs!$X$38","v":19314.560707550238},{"$f":"params!$C$15*Inputs!$X$29*(E1023-Inputs!$X$26)","v":-6092.9714999999987},{"$f":"Inputs!$X$40*Inputs!$X$41/8760","v":5342.4657534246571},{"$f":"-Inputs!$X$45*Inputs!$X$33","v":-30000},811.08667612094962,5.0190035800134264E-3,2.7102619332072505E-3,{"$f":"-L1023/(1.202*2465560*MAX(0,(Inputs!$X$49-O1023)))","v":1.2213781686701983},{"$f":"params!$C$15*P1023*(E1023-Inputs!$X$26)","v":-25229.349555421773},-95313.553465266741]
["2002-02-12","15:00:00",73,10,3,-4,58,{"$f":"Inputs!$X$37*Inputs!$X$32*(E1024-Inputs!$X$26)","v":-62075.754519114555},{"$f":"Inputs!$X$33*C1024*Inputs!$X$38","v":14242.049814658254},{"$f":"params!$C$15*Inputs!$X$29*(E1024-Inputs!$X$26)","v":-6449.0542499999983},{"$f":"Inputs!$X$40*Inputs!$X$41/8760","v":5342.4657534246571},{"$f":"-Inputs!$X$45*Inputs!$X$33","v":-30000},755.80495631325812,4.6743495015895585E-3,2.711122710921944E-3,{"$f":"-L1024/(1.202*2465560*MAX(0,(Inputs!$X$49-O1024)))","v":1.2215050317401357},{"$f":"params!$C$15*P1024*(E1024-Inputs!$X$26)","v":-26706.565752421047},-105646.8589534527]
["2002-02-12","16:00:00",79,10,4,-3,59,{"$f":"Inputs!$X$37*Inputs!$X$32*(E1025-Inputs!$X$26)","v":-58648.258870819882},{"$f":"Inputs!$X$33*C1025*Inputs!$X$38","v":15412.62925147948},{"$f":"params!$C$15*Inputs!$X$29*(E1025-Inputs!$X$26)","v":-6092.9714999999987},{"$f":"Inputs!$X$40*Inputs!$X$41/8760","v":5342.4657534246571},{"$f":"-Inputs!$X$45*Inputs!$X$33","v":-30000},811.08667612094962,5.0190035800134264E-3,2.9612121122079217E-3,{"$f":"-L1025/(1.202*2465560*MAX(0,(Inputs!$X$49-O1025)))","v":1.2595145643770764},{"$f":"params!$C$15*P1025*(E1025-Inputs!$X$26)","v":-26017.112496297228},-100003.24786221297]
["2002-02-12","17:00:00",88,10,3,-3,63,{"$f":"Inputs!$X$37*Inputs!$X$32*(E1026-Inputs!$X$26)","v":-62075.754519114555},{"$f":"Inputs!$X$33*C1026*Inputs!$X$38","v":17168.498406711322},{"$f":"params!$C$15*Inputs!$X$29*(E1026-Inputs!$X$26)","v":-6449.0542499999983},{"$f":"Inputs!$X$40*Inputs!$X$41/8760","v":5342.4657534246571},{"$f":"-Inputs!$X$45*Inputs!$X$33","v":-30000},755.80495631325812,4.6743495015895585E-3,2.9448401860014215E-3,{"$f":"-L1026/(1.202*2465560*MAX(0,(Inputs!$X$49-O1026)))","v":1.2569540856331531},{"$f":"params!$C$15*P1026*(E1026-Inputs!$X$26)","v":-27481.611670411494},-103495.45627939007]
["2002-02-12","18:00:00",3,10,3,-3,63,{"$f":"Inputs!$X$37*Inputs!$X$32*(E1027-Inputs!$X$26)","v":-62075.754519114555},{"$f":"Inputs!$X$33*C1027*Inputs!$X$38","v":585.2897184106132},{"$f":"params!$C$15*Inputs!$X$29*(E1027-Inputs!$X$26)","v":-6449.0542499999983},{"$f":"Inputs!$X$40*Inputs!$X$41/8760","v":5342.4657534246571},{"$f":"-Inputs!$X$45*Inputs!$X$33","v":-30000},{"$f":"EXP(77.345+0.0057*(E1027+273.15)-7235/(E1027+273.15))/(E1027+273.15)^8.2","v":755.80495631325812},{"$f":"0.62198*M1027/(101325-M1027)","v":4.6743495015895585E-3},{"$f":"N1027*G1027/100","v":2.9448401860014215E-3},{"$f":"-L1027/(1.202*2465560*MAX(0,(Inputs!$X$49-O1027)))","v":1.2569540856331531},{"$f":"params!$C$15*P1027*(E1027-Inputs!$X$26)","v":-27481.611670411494},{"$f":"H1027+I1027+J1027+K1027+L1027+Q1027","v":-120078.66496769078}]
["2002-02-12","19:00:00",0,10,3,-3,63,{"$f":"Inputs!$X$37*Inputs!$X$32*(E1028-Inputs!$X$26)","v":-62075.754519114555},{"$f":"Inputs!$X$33*C1028*Inputs!$X$38","v":0},{"$f":"params!$C$15*Inputs!$X$29*(E1028-Inputs!$X$26)","v":-6449.0542499999983},{"$f":"Inputs!$X$40*Inputs!$X$41/8760","v":5342.4657534246571},{"$f":"-Inputs!$X$45*Inputs!$X$33","v":-30000},755.80495631325812,4.6743495015895585E-3,2.9448401860014215E-3,{"$f":"-L1028/(1.202*2465560*MAX(0,(Inputs!$X$49-O1028)))","v":1.2569540856331531},{"$f":"params!$C$15*P1028*(E1028-Inputs!$X$26)","v":-27481.611670411494},-120663.9546861014]
["2002-02-12","20:00:00",0,5,3,-4,58,{"$f":"Inputs!$X$37*Inputs!$X$32*(E1029-Inputs!$X$26)","v":-62075.754519114555},{"$f":"Inputs!$X$33*C1029*Inputs!$X$38","v":0},{"$f":"params!$C$15*Inputs!$X$29*(E1029-Inputs!$X$26)","v":-6449.0542499999983},{"$f":"Inputs!$X$40*Inputs!$X$41/8760","v":5342.4657534246571},{"$f":"-Inputs!$X$45*Inputs!$X$33","v":-30000},755.80495631325812,4.6743495015895585E-3,2.711122710921944E-3,{"$f":"-L1029/(1.202*2465560*MAX(0,(Inputs!$X$49-O1029)))","v":1.2215050317401357},{"$f":"params!$C$15*P1029*(E1029-Inputs!$X$26)","v":-26706.565752421047},-119888.90876811094]
["2002-02-12","21:00:00",0,8,3,-4,58,{"$f":"Inputs!$X$37*Inputs!$X$32*(E1030-Inputs!$X$26)","v":-62075.754519114555},{"$f":"Inputs!$X$33*C1030*Inputs!$X$38","v":0},{"$f":"params!$C$15*Inputs!$X$29*(E1030-Inputs!$X$26)","v":-6449.0542499999983},{"$f":"Inputs!$X$40*Inputs!$X$41/8760","v":5342.4657534246571},{"$f":"-Inputs!$X$45*Inputs!$X$33","v":-30000},755.80495631325812,4.6743495015895585E-3,2.711122710921944E-3,{"$f":"-L1030/(1.202*2465560*MAX(0,(Inputs!$X$49-O1030)))","v":1.2215050317401357},{"$f":"params!$C$15*P1030*(E1030-Inputs!$X$26)","v":-26706.565752421047},-119888.90876811094]
["2002-02-12","22:00:00",0,5,1,-3,72,{"$f":"Inputs!$X$37*Inputs!$X$32*(E1031-Inputs!$X$26)","v":-68930.745815703893},{"$f":"Inputs!$X$33*C1031*Inputs!$X$38","v":0},{"$f":"params!$C$15*Inputs!$X$29*(E1031-Inputs!$X$26)","v":-7161.2197499999984},{"$f":"Inputs!$X$40*Inputs!$X$41/8760","v":5342.4657534246571},{"$f":"-Inputs!$X$45*Inputs!$X$33","v":-30000},655.14373774848059,4.0477489204243187E-3,2.9143792227055093E-3,{"$f":"-L1031/(1.202*2465560*MAX(0,(Inputs!$X$49-O1031)))","v":1.2522177584635092},{"$f":"params!$C$15*P1031*(E1031-Inputs!$X$26)","v":-30401.402097742503},-131150.90191002176]
["2002-02-12","23:00:00",0,0,0,-9,46,{"$f":"Inputs!$X$37*Inputs!$X$32*(E1032-Inputs!$X$26)","v":-72358.241463998565},{"$f":"Inputs!$X$33*C1032*Inputs!$X$38","v":0},{"$f":"params!$C$15*Inputs!$X$29*(E1032-Inputs!$X$26)","v":-7517.302499999998},{"$f":"Inputs!$X$40*Inputs!$X$41/8760","v":5342.4657534246571},{"$f":"-Inputs!$X$45*Inputs!$X$33","v":-30000},609.41773586642103,3.7635253138895938E-3,1.731221644389213E-3,{"$f":"-L1032/(1.202*2465560*MAX(0,(Inputs!$X$49-O1032)))","v":1.0923428826324955},{"$f":"params!$C$15*P1032*(E1032-Inputs!$X$26)","v":-27838.623944436444},-132371.70215501034]
["2002-02-12",1,0,0,-4,-8,71,{"$f":"Inputs!$X$37*Inputs!$X$32*(E1033-Inputs!$X$26)","v":-86068.224057177227},{"$f":"Inputs!$X$33*C1033*Inputs!$X$38","v":0},{"$f":"params!$C$15*Inputs!$X$29*(E1033-Inputs!$X$26)","v":-8941.6334999999981},{"$f":"Inputs!$X$40*Inputs!$X$41/8760","v":5342.4657534246571},{"$f":"-Inputs!$X$45*Inputs!$X$33","v":-30000},453.51532044328405,2.7964043545646504E-3,1.9854470917409018E-3,{"$f":"-L1033/(1.202*2465560*MAX(0,(Inputs!$X$49-O1033)))","v":1.1231546311339784},{"$f":"params!$C$15*P1033*(E1033-Inputs!$X$26)","v":-34047.338732890312},-153714.73053664289]
["2002-02-13","01:00:00",0,8,-4,-7,77,{"$f":"Inputs!$X$37*Inputs!$X$32*(E1034-Inputs!$X$26)","v":-86068.224057177227},{"$f":"Inputs!$X$33*C1034*Inputs!$X$38","v":0},{"$f":"params!$C$15*Inputs!$X$29*(E1034-Inputs!$X$26)","v":-8941.6334999999981},{"$f":"Inputs!$X$40*Inputs!$X$41/8760","v":5342.4657534246571},{"$f":"-Inputs!$X$45*Inputs!$X$33","v":-30000},453.51532044328405,2.7964043545646504E-3,2.1532313530147808E-3,{"$f":"-L1034/(1.202*2465560*MAX(0,(Inputs!$X$49-O1034)))","v":1.1444600560619673},{"$f":"params!$C$15*P1034*(E1034-Inputs!$X$26)","v":-34693.191938907912},-154360.58374266047]
["2002-02-13","02:00:00",0,9,-3,-7,71,{"$f":"Inputs!$X$37*Inputs!$X$32*(E1035-Inputs!$X$26)","v":-82640.728408882569},{"$f":"Inputs!$X$33*C1035*Inputs!$X$38","v":0},{"$f":"params!$C$15*Inputs!$X$29*(E1035-Inputs!$X$26)","v":-8585.5507499999985},{"$f":"Inputs!$X$40*Inputs!$X$41/8760","v":5342.4657534246571},{"$f":"-Inputs!$X$45*Inputs!$X$33","v":-30000},488.73621912146871,3.0146312662847319E-3,2.1403881990621596E-3,{"$f":"-L1035/(1.202*2465560*MAX(0,(Inputs!$X$49-O1035)))","v":1.1428006922620131},{"$f":"params!$C$15*P1035*(E1035-Inputs!$X$26)","v":-33263.305828756209},-149147.11923421413]
["2002-02-13","03:00:00",0,10,1,-6,56,{"$f":"Inputs!$X$37*Inputs!$X$32*(E1036-Inputs!$X$26)","v":-68930.745815703893},{"$f":"Inputs!$X$33*C1036*Inputs!$X$38","v":0},{"$f":"params!$C$15*Inputs!$X$29*(E1036-Inputs!$X$26)","v":-7161.2197499999984},{"$f":"Inputs!$X$40*Inputs!$X$41/8760","v":5342.4657534246571},{"$f":"-Inputs!$X$45*Inputs!$X$33","v":-30000},655.14373774848059,4.0477489204243187E-3,2.2667393954376187E-3,{"$f":"-L1036/(1.202*2465560*MAX(0,(Inputs!$X$49-O1036)))","v":1.159337764547604},{"$f":"params!$C$15*P1036*(E1036-Inputs!$X$26)","v":-28146.457202744354},-128895.9570150236]
["2002-02-13","04:00:00",0,10,-2,-6,71,{"$f":"Inputs!$X$37*Inputs!$X$32*(E1037-Inputs!$X$26)","v":-79213.232760587896},{"$f":"Inputs!$X$33*C1037*Inputs!$X$38","v":0},{"$f":"params!$C$15*Inputs!$X$29*(E1037-Inputs!$X$26)","v":-8229.4679999999971},{"$f":"Inputs!$X$40*Inputs!$X$41/8760","v":5342.4657534246571},{"$f":"-Inputs!$X$45*Inputs!$X$33","v":-30000},526.36516305985776,3.2479468065175691E-3,2.306042232627474E-3,{"$f":"-L1037/(1.202*2465560*MAX(0,(Inputs!$X$49-O1037)))","v":1.164579823921092},{"$f":"params!$C$15*P1037*(E1037-Inputs!$X$26)","v":-32491.351530880136},-144591.58653804337]
["2002-02-13","05:00:00",0,10,-4,-8,71,{"$f":"Inputs!$X$37*Inputs!$X$32*(E1038-Inputs!$X$26)","v":-86068.224057177227},{"$f":"Inputs!$X$33*C1038*Inputs!$X$38","v":0},{"$f":"params!$C$15*Inputs!$X$29*(E1038-Inputs!$X$26)","v":-8941.6334999999981},{"$f":"Inputs!$X$40*Inputs!$X$41/8760","v":5342.4657534246571},{"$f":"-Inputs!$X$45*Inputs!$X$33","v":-30000},453.51532044328405,2.7964043545646504E-3,1.9854470917409018E-3,{"$f":"-L1038/(1.202*2465560*MAX(0,(Inputs!$X$49-O1038)))","v":1.1231546311339784},{"$f":"params!$C$15*P1038*(E1038-Inputs!$X$26)","v":-34047.338732890312},-153714.73053664289]
["2002-02-13","06:00:00",0,8,-6,-10,70,{"$f":"Inputs!$X$37*Inputs!$X$32*(E1039-Inputs!$X$26)","v":-92923.215353766573},{"$f":"Inputs!$X$33*C1039*Inputs!$X$38","v":0},{"$f":"params!$C$15*Inputs!$X$29*(E1039-Inputs!$X$26)","v":-9653.7989999999972},{"$f":"Inputs!$X$40*Inputs!$X$41/8760","v":5342.4657534246571},{"$f":"-Inputs!$X$45*Inputs!$X$33","v":-30000},389.76616195693094,2.4018050803048703E-3,1.6812635562134092E-3,{"$f":"-L1039/(1.202*2465560*MAX(0,(Inputs!$X$49-O1039)))","v":1.0864857156842487},{"$f":"params!$C$15*P1039*(E1039-Inputs!$X$26)","v":-35558.958102387456},-162793.50670272938]
["2002-02-13","07:00:00",0,8,-6,-13,54,{"$f":"Inputs!$X$37*Inputs!$X$32*(E1040-Inputs!$X$26)","v":-92923.215353766573},{"$f":"Inputs!$X$33*C1040*Inputs!$X$38","v":0},{"$f":"params!$C$15*Inputs!$X$29*(E1040-Inputs!$X$26)","v":-9653.7989999999972},{"$f":"Inputs!$X$40*Inputs!$X$41/8760","v":5342.4657534246571},{"$f":"-Inputs!$X$45*Inputs!$X$33","v":-30000},389.76616195693094,2.4018050803048703E-3,1.2969747433646301E-3,{"$f":"-L1040/(1.202*2465560*MAX(0,(Inputs!$X$49-O1040)))","v":1.043447795372924},{"$f":"params!$C$15*P1040*(E1040-Inputs!$X$26)","v":-34150.395078435984},-161384.9436787779]
["2002-02-13","08:00:00",0,4,-7,-11,70,{"$f":"Inputs!$X$37*Inputs!$X$32*(E1041-Inputs!$X$26)","v":-96350.711002061245},{"$f":"Inputs!$X$33*C1041*Inputs!$X$38","v":0},{"$f":"params!$C$15*Inputs!$X$29*(E1041-Inputs!$X$26)","v":-10009.881749999997},{"$f":"Inputs!$X$40*Inputs!$X$41/8760","v":5342.4657534246571},{"$f":"-Inputs!$X$45*Inputs!$X$33","v":-30000},360.98762153500678,2.2238327850987206E-3,1.5566829495691045E-3,{"$f":"-L1041/(1.202*2465560*MAX(0,(Inputs!$X$49-O1041)))","v":1.0721496931008569},{"$f":"params!$C$15*P1041*(E1041-Inputs!$X$26)","v":-36384.057298503743},-167402.18429714034]
["2002-02-13","09:00:00",202,4,-7,-14,54,{"$f":"Inputs!$X$37*Inputs!$X$32*(E1042-Inputs!$X$26)","v":-96350.711002061245},{"$f":"Inputs!$X$33*C1042*Inputs!$X$38","v":39409.507706314624},{"$f":"params!$C$15*Inputs!$X$29*(E1042-Inputs!$X$26)","v":-10009.881749999997},{"$f":"Inputs!$X$40*Inputs!$X$41/8760","v":5342.4657534246571},{"$f":"-Inputs!$X$45*Inputs!$X$33","v":-30000},360.98762153500678,2.2238327850987206E-3,1.2008697039533093E-3,{"$f":"-L1042/(1.202*2465560*MAX(0,(Inputs!$X$49-O1042)))","v":1.0332123845516443},{"$f":"params!$C$15*P1042*(E1042-Inputs!$X$26)","v":-35062.695855768339},-126671.3151480903]
["2002-02-13","10:00:00",362,8,-7,-14,54,{"$f":"Inputs!$X$37*Inputs!$X$32*(E1043-Inputs!$X$26)","v":-96350.711002061245},{"$f":"Inputs!$X$33*C1043*Inputs!$X$38","v":70624.959354880659},{"$f":"params!$C$15*Inputs!$X$29*(E1043-Inputs!$X$26)","v":-10009.881749999997},{"$f":"Inputs!$X$40*Inputs!$X$41/8760","v":5342.4657534246571},{"$f":"-Inputs!$X$45*Inputs!$X$33","v":-30000},360.98762153500678,2.2238327850987206E-3,1.2008697039533093E-3,{"$f":"-L1043/(1.202*2465560*MAX(0,(Inputs!$X$49-O1043)))","v":1.0332123845516443},{"$f":"params!$C$15*P1043*(E1043-Inputs!$X$26)","v":-35062.695855768339},-95455.863499524276]
["2002-02-13","11:00:00",487,4,-7,-16,45,{"$f":"Inputs!$X$37*Inputs!$X$32*(E1044-Inputs!$X$26)","v":-96350.711002061245},{"$f":"Inputs!$X$33*C1044*Inputs!$X$38","v":95012.030955322887},{"$f":"params!$C$15*Inputs!$X$29*(E1044-Inputs!$X$26)","v":-10009.881749999997},{"$f":"Inputs!$X$40*Inputs!$X$41/8760","v":5342.4657534246571},{"$f":"-Inputs!$X$45*Inputs!$X$33","v":-30000},360.98762153500678,2.2238327850987206E-3,1.0007247532944242E-3,{"$f":"-L1044/(1.202*2465560*MAX(0,(Inputs!$X$49-O1044)))","v":1.0125281181632642},{"$f":"params!$C$15*P1044*(E1044-Inputs!$X$26)","v":-34360.762591882638},-70366.858635196346]
["2002-02-13","12:00:00",568,3,-7,-16,45,{"$f":"Inputs!$X$37*Inputs!$X$32*(E1045-Inputs!$X$26)","v":-96350.711002061245},{"$f":"Inputs!$X$33*C1045*Inputs!$X$38","v":110814.85335240944},{"$f":"params!$C$15*Inputs!$X$29*(E1045-Inputs!$X$26)","v":-10009.881749999997},{"$f":"Inputs!$X$40*Inputs!$X$41/8760","v":5342.4657534246571},{"$f":"-Inputs!$X$45*Inputs!$X$33","v":-30000},360.98762153500678,2.2238327850987206E-3,1.0007247532944242E-3,{"$f":"-L1045/(1.202*2465560*MAX(0,(Inputs!$X$49-O1045)))","v":1.0125281181632642},{"$f":"params!$C$15*P1045*(E1045-Inputs!$X$26)","v":-34360.762591882638},-54564.03623810978]
["2002-02-13","13:00:00",588,3,-6,-17,37,{"$f":"Inputs!$X$37*Inputs!$X$32*(E1046-Inputs!$X$26)","v":-92923.215353766573},{"$f":"Inputs!$X$33*C1046*Inputs!$X$38","v":114716.7848084802},{"$f":"params!$C$15*Inputs!$X$29*(E1046-Inputs!$X$26)","v":-9653.7989999999972},{"$f":"Inputs!$X$40*Inputs!$X$41/8760","v":5342.4657534246571},{"$f":"-Inputs!$X$45*Inputs!$X$33","v":-30000},389.76616195693094,2.4018050803048703E-3,8.8866787971280195E-4,{"$f":"-L1046/(1.202*2465560*MAX(0,(Inputs!$X$49-O1046)))","v":1.0013050707415354},{"$f":"params!$C$15*P1046*(E1046-Inputs!$X$26)","v":-32771.13039243481},-45288.894184296529]
["2002-02-13","14:00:00",542,0,-6,-16,41,{"$f":"Inputs!$X$37*Inputs!$X$32*(E1047-Inputs!$X$26)","v":-92923.215353766573},{"$f":"Inputs!$X$33*C1047*Inputs!$X$38","v":105742.34245951746},{"$f":"params!$C$15*Inputs!$X$29*(E1047-Inputs!$X$26)","v":-9653.7989999999972},{"$f":"Inputs!$X$40*Inputs!$X$41/8760","v":5342.4657534246571},{"$f":"-Inputs!$X$45*Inputs!$X$33","v":-30000},389.76616195693094,2.4018050803048703E-3,9.8474008292499674E-4,{"$f":"-L1047/(1.202*2465560*MAX(0,(Inputs!$X$49-O1047)))","v":1.0109118149426375},{"$f":"params!$C$15*P1047*(E1047-Inputs!$X$26)","v":-33085.543927390681},-54577.750068215137]
["2002-02-13","15:00:00",449,3,-5,-16,38,{"$f":"Inputs!$X$37*Inputs!$X$32*(E1048-Inputs!$X$26)","v":-89495.7197054719},{"$f":"Inputs!$X$33*C1048*Inputs!$X$38","v":87598.361188788447},{"$f":"params!$C$15*Inputs!$X$29*(E1048-Inputs!$X$26)","v":-9297.7162499999977},{"$f":"Inputs!$X$40*Inputs!$X$41/8760","v":5342.4657534246571},{"$f":"-Inputs!$X$45*Inputs!$X$33","v":-30000},420.56802345265027,2.5924024753231664E-3,9.8511294062280318E-4,{"$f":"-L1048/(1.202*2465560*MAX(0,(Inputs!$X$49-O1048)))","v":1.0109494579765033},{"$f":"params!$C$15*P1048*(E1048-Inputs!$X$26)","v":-31866.362058257779},-67718.971071516571]
["2002-02-13","16:00:00",311,0,-6,-17,37,{"$f":"Inputs!$X$37*Inputs!$X$32*(E1049-Inputs!$X$26)","v":-92923.215353766573},{"$f":"Inputs!$X$33*C1049*Inputs!$X$38","v":60675.034141900229},{"$f":"params!$C$15*Inputs!$X$29*(E1049-Inputs!$X$26)","v":-9653.7989999999972},{"$f":"Inputs!$X$40*Inputs!$X$41/8760","v":5342.4657534246571},{"$f":"-Inputs!$X$45*Inputs!$X$33","v":-30000},389.76616195693094,2.4018050803048703E-3,8.8866787971280195E-4,{"$f":"-L1049/(1.202*2465560*MAX(0,(Inputs!$X$49-O1049)))","v":1.0013050707415354},{"$f":"params!$C$15*P1049*(E1049-Inputs!$X$26)","v":-32771.13039243481},-99330.644850876502]
["2002-02-13","17:00:00",142,0,-6,-17,37,{"$f":"Inputs!$X$37*Inputs!$X$32*(E1050-Inputs!$X$26)","v":-92923.215353766573},{"$f":"Inputs!$X$33*C1050*Inputs!$X$38","v":27703.71333810236},{"$f":"params!$C$15*Inputs!$X$29*(E1050-Inputs!$X$26)","v":-9653.7989999999972},{"$f":"Inputs!$X$40*Inputs!$X$41/8760","v":5342.4657534246571},{"$f":"-Inputs!$X$45*Inputs!$X$33","v":-30000},389.76616195693094,2.4018050803048703E-3,8.8866787971280195E-4,{"$f":"-L1050/(1.202*2465560*MAX(0,(Inputs!$X$49-O1050)))","v":1.0013050707415354},{"$f":"params!$C$15*P1050*(E1050-Inputs!$X$26)","v":-32771.13039243481},-132301.96565467436]
["2002-02-13","18:00:00",5,0,-7,-17,41,{"$f":"Inputs!$X$37*Inputs!$X$32*(E1051-Inputs!$X$26)","v":-96350.711002061245},{"$f":"Inputs!$X$33*C1051*Inputs!$X$38","v":975.48286401768871},{"$f":"params!$C$15*Inputs!$X$29*(E1051-Inputs!$X$26)","v":-10009.881749999997},{"$f":"Inputs!$X$40*Inputs!$X$41/8760","v":5342.4657534246571},{"$f":"-Inputs!$X$45*Inputs!$X$33","v":-30000},360.98762153500678,2.2238327850987206E-3,9.1177144189047541E-4,{"$f":"-L1051/(1.202*2465560*MAX(0,(Inputs!$X$49-O1051)))","v":1.0035985995343726},{"$f":"params!$C$15*P1051*(E1051-Inputs!$X$26)","v":-34057.73390145602},-164100.37803607492]
["2002-02-13","19:00:00",0,0,-9,-16,53,{"$f":"Inputs!$X$37*Inputs!$X$32*(E1052-Inputs!$X$26)","v":-103205.70229865058},{"$f":"Inputs!$X$33*C1052*Inputs!$X$38","v":0},{"$f":"params!$C$15*Inputs!$X$29*(E1052-Inputs!$X$26)","v":-10722.047249999998},{"$f":"Inputs!$X$40*Inputs!$X$41/8760","v":5342.4657534246571},{"$f":"-Inputs!$X$45*Inputs!$X$33","v":-30000},309.04098596033037,1.902841039413297E-3,1.0085057508890474E-3,{"$f":"-L1052/(1.202*2465560*MAX(0,(Inputs!$X$49-O1052)))","v":1.0133167719503742},{"$f":"params!$C$15*P1052*(E1052-Inputs!$X$26)","v":-36834.069396516272},-175419.35319174221]
["2002-02-13","20:00:00",0,0,-10,-15,64,{"$f":"Inputs!$X$37*Inputs!$X$32*(E1053-Inputs!$X$26)","v":-106633.19794694525},{"$f":"Inputs!$X$33*C1053*Inputs!$X$38","v":0},{"$f":"params!$C$15*Inputs!$X$29*(E1053-Inputs!$X$26)","v":-11078.129999999997},{"$f":"Inputs!$X$40*Inputs!$X$41/8760","v":5342.4657534246571},{"$f":"-Inputs!$X$45*Inputs!$X$33","v":-30000},285.65695946908653,1.758452799711007E-3,1.1254097918150445E-3,{"$f":"-L1053/(1.202*2465560*MAX(0,(Inputs!$X$49-O1053)))","v":1.025315384139315},{"$f":"params!$C$15*P1053*(E1053-Inputs!$X$26)","v":-38507.975356405957},-180876.83754992654]
["2002-02-13","21:00:00",0,0,-11,-16,63,{"$f":"Inputs!$X$37*Inputs!$X$32*(E1054-Inputs!$X$26)","v":-110060.69359523992},{"$f":"Inputs!$X$33*C1054*Inputs!$X$38","v":0},{"$f":"params!$C$15*Inputs!$X$29*(E1054-Inputs!$X$26)","v":-11434.212749999999},{"$f":"Inputs!$X$40*Inputs!$X$41/8760","v":5342.4657534246571},{"$f":"-Inputs!$X$45*Inputs!$X$33","v":-30000},263.86397481101648,1.6239488443119262E-3,1.0230877719165136E-3,{"$f":"-L1054/(1.202*2465560*MAX(0,(Inputs!$X$49-O1054)))","v":1.0147980663153242},{"$f":"params!$C$15*P1054*(E1054-Inputs!$X$26)","v":-39338.034232811879},-185490.47482462716]
["2002-02-13","22:00:00",0,0,-12,-15,76,{"$f":"Inputs!$X$37*Inputs!$X$32*(E1055-Inputs!$X$26)","v":-113488.18924353459},{"$f":"Inputs!$X$33*C1055*Inputs!$X$38","v":0},{"$f":"params!$C$15*Inputs!$X$29*(E1055-Inputs!$X$26)","v":-11790.295499999998},{"$f":"Inputs!$X$40*Inputs!$X$41/8760","v":5342.4657534246571},{"$f":"-Inputs!$X$45*Inputs!$X$33","v":-30000},243.5669653908281,1.4987300494831474E-3,1.1390348376071919E-3,{"$f":"-L1055/(1.202*2465560*MAX(0,(Inputs!$X$49-O1055)))","v":1.0267323241630604},{"$f":"params!$C$15*P1055*(E1055-Inputs!$X$26)","v":-41040.125406201951},-190976.14439631189]
["2002-02-13","23:00:00",0,0,-13,-15,83,{"$f":"Inputs!$X$37*Inputs!$X$32*(E1056-Inputs!$X$26)","v":-116915.68489182927},{"$f":"Inputs!$X$33*C1056*Inputs!$X$38","v":0},{"$f":"params!$C$15*Inputs!$X$29*(E1056-Inputs!$X$26)","v":-12146.378249999998},{"$f":"Inputs!$X$40*Inputs!$X$41/8760","v":5342.4657534246571},{"$f":"-Inputs!$X$45*Inputs!$X$33","v":-30000},224.67566674612308,1.3822287131554647E-3,1.1472498319190358E-3,{"$f":"-L1056/(1.202*2465560*MAX(0,(Inputs!$X$49-O1056)))","v":1.027588538591883},{"$f":"params!$C$15*P1056*(E1056-Inputs!$X$26)","v":-42314.850152975538},-196034.44754138013]
["2002-02-13",1,0,0,-13,-16,76,{"$f":"Inputs!$X$37*Inputs!$X$32*(E1057-Inputs!$X$26)","v":-116915.68489182927},{"$f":"Inputs!$X$33*C1057*Inputs!$X$38","v":0},{"$f":"params!$C$15*Inputs!$X$29*(E1057-Inputs!$X$26)","v":-12146.378249999998},{"$f":"Inputs!$X$40*Inputs!$X$41/8760","v":5342.4657534246571},{"$f":"-Inputs!$X$45*Inputs!$X$33","v":-30000},224.67566674612308,1.3822287131554647E-3,1.0504938219981531E-3,{"$f":"-L1057/(1.202*2465560*MAX(0,(Inputs!$X$49-O1057)))","v":1.0175938227205841},{"$f":"params!$C$15*P1057*(E1057-Inputs!$X$26)","v":-41903.279871163009},-195622.87725956761]
["2002-02-14","01:00:00",0,0,-14,-16,83,{"$f":"Inputs!$X$37*Inputs!$X$32*(E1058-Inputs!$X$26)","v":-120343.18054012393},{"$f":"Inputs!$X$33*C1058*Inputs!$X$38","v":0},{"$f":"params!$C$15*Inputs!$X$29*(E1058-Inputs!$X$26)","v":-12502.460999999998},{"$f":"Inputs!$X$40*Inputs!$X$41/8760","v":5342.4657534246571},{"$f":"-Inputs!$X$45*Inputs!$X$33","v":-30000},207.10442567120111,1.2739071550820168E-3,1.0573429387180739E-3,{"$f":"-L1058/(1.202*2465560*MAX(0,(Inputs!$X$49-O1058)))","v":1.0182949250292852},{"$f":"params!$C$15*P1058*(E1058-Inputs!$X$26)","v":-43161.431696707841},-200664.60748340713]
["2002-02-14","02:00:00",0,0,-14,-16,83,{"$f":"Inputs!$X$37*Inputs!$X$32*(E1059-Inputs!$X$26)","v":-120343.18054012393},{"$f":"Inputs!$X$33*C1059*Inputs!$X$38","v":0},{"$f":"params!$C$15*Inputs!$X$29*(E1059-Inputs!$X$26)","v":-12502.460999999998},{"$f":"Inputs!$X$40*Inputs!$X$41/8760","v":5342.4657534246571},{"$f":"-Inputs!$X$45*Inputs!$X$33","v":-30000},207.10442567120111,1.2739071550820168E-3,1.0573429387180739E-3,{"$f":"-L1059/(1.202*2465560*MAX(0,(Inputs!$X$49-O1059)))","v":1.0182949250292852},{"$f":"params!$C$15*P1059*(E1059-Inputs!$X$26)","v":-43161.431696707841},-200664.60748340713]
["2002-02-14","03:00:00",0,0,-14,-17,76,{"$f":"Inputs!$X$37*Inputs!$X$32*(E1060-Inputs!$X$26)","v":-120343.18054012393},{"$f":"Inputs!$X$33*C1060*Inputs!$X$38","v":0},{"$f":"params!$C$15*Inputs!$X$29*(E1060-Inputs!$X$26)","v":-12502.460999999998},{"$f":"Inputs!$X$40*Inputs!$X$41/8760","v":5342.4657534246571},{"$f":"-Inputs!$X$45*Inputs!$X$33","v":-30000},207.10442567120111,1.2739071550820168E-3,9.6816943786233272E-4,{"$f":"-L1060/(1.202*2465560*MAX(0,(Inputs!$X$49-O1060)))","v":1.0092416988455846},{"$f":"params!$C$15*P1060*(E1060-Inputs!$X$26)","v":-42777.701802785996},-200280.87758948529]
["2002-02-14","04:00:00",0,0,-15,-17,83,{"$f":"Inputs!$X$37*Inputs!$X$32*(E1061-Inputs!$X$26)","v":-123770.6761884186},{"$f":"Inputs!$X$33*C1061*Inputs!$X$38","v":0},{"$f":"params!$C$15*Inputs!$X$29*(E1061-Inputs!$X$26)","v":-12858.543749999999},{"$f":"Inputs!$X$40*Inputs!$X$41/8760","v":5342.4657534246571},{"$f":"-Inputs!$X$45*Inputs!$X$33","v":-30000},190.77201429943182,1.1732563724196076E-3,9.7380278910827423E-4,{"$f":"-L1061/(1.202*2465560*MAX(0,(Inputs!$X$49-O1061)))","v":1.009808851512509},{"$f":"params!$C$15*P1061*(E1061-Inputs!$X$26)","v":-44020.778057071555},-205307.5322420655]
["2002-02-14","05:00:00",0,0,-15,-17,83,{"$f":"Inputs!$X$37*Inputs!$X$32*(E1062-Inputs!$X$26)","v":-123770.6761884186},{"$f":"Inputs!$X$33*C1062*Inputs!$X$38","v":0},{"$f":"params!$C$15*Inputs!$X$29*(E1062-Inputs!$X$26)","v":-12858.543749999999},{"$f":"Inputs!$X$40*Inputs!$X$41/8760","v":5342.4657534246571},{"$f":"-Inputs!$X$45*Inputs!$X$33","v":-30000},190.77201429943182,1.1732563724196076E-3,9.7380278910827423E-4,{"$f":"-L1062/(1.202*2465560*MAX(0,(Inputs!$X$49-O1062)))","v":1.009808851512509},{"$f":"params!$C$15*P1062*(E1062-Inputs!$X$26)","v":-44020.778057071555},-205307.5322420655]
["2002-02-14","06:00:00",0,0,-14,-16,83,{"$f":"Inputs!$X$37*Inputs!$X$32*(E1063-Inputs!$X$26)","v":-120343.18054012393},{"$f":"Inputs!$X$33*C1063*Inputs!$X$38","v":0},{"$f":"params!$C$15*Inputs!$X$29*(E1063-Inputs!$X$26)","v":-12502.460999999998},{"$f":"Inputs!$X$40*Inputs!$X$41/8760","v":5342.4657534246571},{"$f":"-Inputs!$X$45*Inputs!$X$33","v":-30000},207.10442567120111,1.2739071550820168E-3,1.0573429387180739E-3,{"$f":"-L1063/(1.202*2465560*MAX(0,(Inputs!$X$49-O1063)))","v":1.0182949250292852},{"$f":"params!$C$15*P1063*(E1063-Inputs!$X$26)","v":-43161.431696707841},-200664.60748340713]
["2002-02-14","07:00:00",0,0,-14,-16,83,{"$f":"Inputs!$X$37*Inputs!$X$32*(E1064-Inputs!$X$26)","v":-120343.18054012393},{"$f":"Inputs!$X$33*C1064*Inputs!$X$38","v":0},{"$f":"params!$C$15*Inputs!$X$29*(E1064-Inputs!$X$26)","v":-12502.460999999998},{"$f":"Inputs!$X$40*Inputs!$X$41/8760","v":5342.4657534246571},{"$f":"-Inputs!$X$45*Inputs!$X$33","v":-30000},207.10442567120111,1.2739071550820168E-3,1.0573429387180739E-3,{"$f":"-L1064/(1.202*2465560*MAX(0,(Inputs!$X$49-O1064)))","v":1.0182949250292852},{"$f":"params!$C$15*P1064*(E1064-Inputs!$X$26)","v":-43161.431696707841},-200664.60748340713]
["2002-02-14","08:00:00",0,0,-14,-16,83,{"$f":"Inputs!$X$37*Inputs!$X$32*(E1065-Inputs!$X$26)","v":-120343.18054012393},{"$f":"Inputs!$X$33*C1065*Inputs!$X$38","v":0},{"$f":"params!$C$15*Inputs!$X$29*(E1065-Inputs!$X$26)","v":-12502.460999999998},{"$f":"Inputs!$X$40*Inputs!$X$41/8760","v":5342.4657534246571},{"$f":"-Inputs!$X$45*Inputs!$X$33","v":-30000},207.10442567120111,1.2739071550820168E-3,1.0573429387180739E-3,{"$f":"-L1065/(1.202*2465560*MAX(0,(Inputs!$X$49-O1065)))","v":1.0182949250292852},{"$f":"params!$C$15*P1065*(E1065-Inputs!$X$26)","v":-43161.431696707841},-200664.60748340713]
["2002-02-14","09:00:00",209,0,-11,-14,76,{"$f":"Inputs!$X$37*Inputs!$X$32*(E1066-Inputs!$X$26)","v":-110060.69359523992},{"$f":"Inputs!$X$33*C1066*Inputs!$X$38","v":40775.183715939391},{"$f":"params!$C$15*Inputs!$X$29*(E1066-Inputs!$X$26)","v":-11434.212749999999},{"$f":"Inputs!$X$40*Inputs!$X$41/8760","v":5342.4657534246571},{"$f":"-Inputs!$X$45*Inputs!$X$33","v":-30000},263.86397481101648,1.6239488443119262E-3,1.2342011216770639E-3,{"$f":"-L1066/(1.202*2465560*MAX(0,(Inputs!$X$49-O1066)))","v":1.0367394360184927},{"$f":"params!$C$15*P1066*(E1066-Inputs!$X$26)","v":-40188.578179581506},-145565.83505545737]
["2002-02-14","10:00:00",361,2,-4,-11,54,{"$f":"Inputs!$X$37*Inputs!$X$32*(E1067-Inputs!$X$26)","v":-86068.224057177227},{"$f":"Inputs!$X$33*C1067*Inputs!$X$38","v":70429.862782077122},{"$f":"params!$C$15*Inputs!$X$29*(E1067-Inputs!$X$26)","v":-8941.6334999999981},{"$f":"Inputs!$X$40*Inputs!$X$41/8760","v":5342.4657534246571},{"$f":"-Inputs!$X$45*Inputs!$X$33","v":-30000},453.51532044328405,2.7964043545646504E-3,1.5100583514649113E-3,{"$f":"-L1067/(1.202*2465560*MAX(0,(Inputs!$X$49-O1067)))","v":1.0668812125287519},{"$f":"params!$C$15*P1067*(E1067-Inputs!$X$26)","v":-32341.464856044466},-81578.993877719913]
["2002-02-14","11:00:00",493,10,-1,-12,39,{"$f":"Inputs!$X$37*Inputs!$X$32*(E1068-Inputs!$X$26)","v":-75785.737112293224},{"$f":"Inputs!$X$33*C1068*Inputs!$X$38","v":96182.610392144095},{"$f":"params!$C$15*Inputs!$X$29*(E1068-Inputs!$X$26)","v":-7873.3852499999985},{"$f":"Inputs!$X$40*Inputs!$X$41/8760","v":5342.4657534246571},{"$f":"-Inputs!$X$45*Inputs!$X$33","v":-30000},566.54310372490409,3.4972595900071069E-3,1.3639312401027717E-3,{"$f":"-L1068/(1.202*2465560*MAX(0,(Inputs!$X$49-O1068)))","v":1.0506995110355533},{"$f":"params!$C$15*P1068*(E1068-Inputs!$X$26)","v":-28045.73245483396},-40179.77867155843]
["2002-02-14","12:00:00",574,9,1,-12,33,{"$f":"Inputs!$X$37*Inputs!$X$32*(E1069-Inputs!$X$26)","v":-68930.745815703893},{"$f":"Inputs!$X$33*C1069*Inputs!$X$38","v":111985.43278923065},{"$f":"params!$C$15*Inputs!$X$29*(E1069-Inputs!$X$26)","v":-7161.2197499999984},{"$f":"Inputs!$X$40*Inputs!$X$41/8760","v":5342.4657534246571},{"$f":"-Inputs!$X$45*Inputs!$X$33","v":-30000},655.14373774848059,4.0477489204243187E-3,1.335757143740025E-3,{"$f":"-L1069/(1.202*2465560*MAX(0,(Inputs!$X$49-O1069)))","v":1.0476358714331635},{"$f":"params!$C$15*P1069*(E1069-Inputs!$X$26)","v":-25434.553346806413},-14198.620369854998]
["2002-02-14","13:00:00",594,3,3,-13,26,{"$f":"Inputs!$X$37*Inputs!$X$32*(E1070-Inputs!$X$26)","v":-62075.754519114555},{"$f":"Inputs!$X$33*C1070*Inputs!$X$38","v":115887.36424530142},{"$f":"params!$C$15*Inputs!$X$29*(E1070-Inputs!$X$26)","v":-6449.0542499999983},{"$f":"Inputs!$X$40*Inputs!$X$41/8760","v":5342.4657534246571},{"$f":"-Inputs!$X$45*Inputs!$X$33","v":-30000},755.80495631325812,4.6743495015895585E-3,1.2153308704132852E-3,{"$f":"-L1070/(1.202*2465560*MAX(0,(Inputs!$X$49-O1070)))","v":1.0347396791659877},{"$f":"params!$C$15*P1070*(E1070-Inputs!$X$26)","v":-22623.192340778231},81.828888833289966]
["2002-02-14","14:00:00",554,0,4,-13,24,{"$f":"Inputs!$X$37*Inputs!$X$32*(E1071-Inputs!$X$26)","v":-58648.258870819882},{"$f":"Inputs!$X$33*C1071*Inputs!$X$38","v":108083.5013331599},{"$f":"params!$C$15*Inputs!$X$29*(E1071-Inputs!$X$26)","v":-6092.9714999999987},{"$f":"Inputs!$X$40*Inputs!$X$41/8760","v":5342.4657534246571},{"$f":"-Inputs!$X$45*Inputs!$X$33","v":-30000},811.08667612094962,5.0190035800134264E-3,1.2045608592032222E-3,{"$f":"-L1071/(1.202*2465560*MAX(0,(Inputs!$X$49-O1071)))","v":1.0336017917337748},{"$f":"params!$C$15*P1071*(E1071-Inputs!$X$26)","v":-21350.554294869755},-2665.8175791050744]
["2002-02-14","15:00:00",455,0,5,-12,25,{"$f":"Inputs!$X$37*Inputs!$X$32*(E1072-Inputs!$X$26)","v":-55220.763222525216},{"$f":"Inputs!$X$33*C1072*Inputs!$X$38","v":88768.94062560967},{"$f":"params!$C$15*Inputs!$X$29*(E1072-Inputs!$X$26)","v":-5736.8887499999983},{"$f":"Inputs!$X$40*Inputs!$X$41/8760","v":5342.4657534246571},{"$f":"-Inputs!$X$45*Inputs!$X$33","v":-30000},869.91328556198641,5.3861748872103517E-3,1.3465437218025879E-3,{"$f":"-L1072/(1.202*2465560*MAX(0,(Inputs!$X$49-O1072)))","v":1.0488066864587098},{"$f":"params!$C$15*P1072*(E1072-Inputs!$X$26)","v":-20398.518647386078},-17244.764240876964]
["2002-02-14","16:00:00",317,0,5,-13,23,{"$f":"Inputs!$X$37*Inputs!$X$32*(E1073-Inputs!$X$26)","v":-55220.763222525216},{"$f":"Inputs!$X$33*C1073*Inputs!$X$38","v":61845.613578721459},{"$f":"params!$C$15*Inputs!$X$29*(E1073-Inputs!$X$26)","v":-5736.8887499999983},{"$f":"Inputs!$X$40*Inputs!$X$41/8760","v":5342.4657534246571},{"$f":"-Inputs!$X$45*Inputs!$X$33","v":-30000},869.91328556198641,5.3861748872103517E-3,1.2388202240583809E-3,{"$f":"-L1073/(1.202*2465560*MAX(0,(Inputs!$X$49-O1073)))","v":1.0372301191351414},{"$f":"params!$C$15*P1073*(E1073-Inputs!$X$26)","v":-20173.362927584301},-43942.935567963403]
["2002-02-14","17:00:00",147,0,4,-13,24,{"$f":"Inputs!$X$37*Inputs!$X$32*(E1074-Inputs!$X$26)","v":-58648.258870819882},{"$f":"Inputs!$X$33*C1074*Inputs!$X$38","v":28679.196202120049},{"$f":"params!$C$15*Inputs!$X$29*(E1074-Inputs!$X$26)","v":-6092.9714999999987},{"$f":"Inputs!$X$40*Inputs!$X$41/8760","v":5342.4657534246571},{"$f":"-Inputs!$X$45*Inputs!$X$33","v":-30000},811.08667612094962,5.0190035800134264E-3,1.2045608592032222E-3,{"$f":"-L1074/(1.202*2465560*MAX(0,(Inputs!$X$49-O1074)))","v":1.0336017917337748},{"$f":"params!$C$15*P1074*(E1074-Inputs!$X$26)","v":-21350.554294869755},-82070.122710144933]
["2002-02-14","18:00:00",6,0,1,-11,36,{"$f":"Inputs!$X$37*Inputs!$X$32*(E1075-Inputs!$X$26)","v":-68930.745815703893},{"$f":"Inputs!$X$33*C1075*Inputs!$X$38","v":1170.5794368212264},{"$f":"params!$C$15*Inputs!$X$29*(E1075-Inputs!$X$26)","v":-7161.2197499999984},{"$f":"Inputs!$X$40*Inputs!$X$41/8760","v":5342.4657534246571},{"$f":"-Inputs!$X$45*Inputs!$X$33","v":-30000},655.14373774848059,4.0477489204243187E-3,1.4571896113527547E-3,{"$f":"-L1075/(1.202*2465560*MAX(0,(Inputs!$X$49-O1075)))","v":1.0609694538517604},{"$f":"params!$C$15*P1075*(E1075-Inputs!$X$26)","v":-25758.266692805064},-125337.18706826308]
["2002-02-14","19:00:00",0,0,-1,-12,39,{"$f":"Inputs!$X$37*Inputs!$X$32*(E1076-Inputs!$X$26)","v":-75785.737112293224},{"$f":"Inputs!$X$33*C1076*Inputs!$X$38","v":0},{"$f":"params!$C$15*Inputs!$X$29*(E1076-Inputs!$X$26)","v":-7873.3852499999985},{"$f":"Inputs!$X$40*Inputs!$X$41/8760","v":5342.4657534246571},{"$f":"-Inputs!$X$45*Inputs!$X$33","v":-30000},566.54310372490409,3.4972595900071069E-3,1.3639312401027717E-3,{"$f":"-L1076/(1.202*2465560*MAX(0,(Inputs!$X$49-O1076)))","v":1.0506995110355533},{"$f":"params!$C$15*P1076*(E1076-Inputs!$X$26)","v":-28045.73245483396},-136362.38906370252]
["2002-02-14","20:00:00",0,0,-1,-11,42,{"$f":"Inputs!$X$37*Inputs!$X$32*(E1077-Inputs!$X$26)","v":-75785.737112293224},{"$f":"Inputs!$X$33*C1077*Inputs!$X$38","v":0},{"$f":"params!$C$15*Inputs!$X$29*(E1077-Inputs!$X$26)","v":-7873.3852499999985},{"$f":"Inputs!$X$40*Inputs!$X$41/8760","v":5342.4657534246571},{"$f":"-Inputs!$X$45*Inputs!$X$33","v":-30000},566.54310372490409,3.4972595900071069E-3,1.4688490278029851E-3,{"$f":"-L1077/(1.202*2465560*MAX(0,(Inputs!$X$49-O1077)))","v":1.0622675665713099},{"$f":"params!$C$15*P1077*(E1077-Inputs!$X$26)","v":-28354.512069910332},-136671.16867877889]
["2002-02-14","21:00:00",0,1,-3,-9,60,{"$f":"Inputs!$X$37*Inputs!$X$32*(E1078-Inputs!$X$26)","v":-82640.728408882569},{"$f":"Inputs!$X$33*C1078*Inputs!$X$38","v":0},{"$f":"params!$C$15*Inputs!$X$29*(E1078-Inputs!$X$26)","v":-8585.5507499999985},{"$f":"Inputs!$X$40*Inputs!$X$41/8760","v":5342.4657534246571},{"$f":"-Inputs!$X$45*Inputs!$X$33","v":-30000},488.73621912146871,3.0146312662847319E-3,1.8087787597708392E-3,{"$f":"-L1078/(1.202*2465560*MAX(0,(Inputs!$X$49-O1078)))","v":1.1015619790555802},{"$f":"params!$C$15*P1078*(E1078-Inputs!$X$26)","v":-32062.977601220053},-147946.79100667796]
["2002-02-14","22:00:00",0,2,-4,-8,71,{"$f":"Inputs!$X$37*Inputs!$X$32*(E1079-Inputs!$X$26)","v":-86068.224057177227},{"$f":"Inputs!$X$33*C1079*Inputs!$X$38","v":0},{"$f":"params!$C$15*Inputs!$X$29*(E1079-Inputs!$X$26)","v":-8941.6334999999981},{"$f":"Inputs!$X$40*Inputs!$X$41/8760","v":5342.4657534246571},{"$f":"-Inputs!$X$45*Inputs!$X$33","v":-30000},453.51532044328405,2.7964043545646504E-3,1.9854470917409018E-3,{"$f":"-L1079/(1.202*2465560*MAX(0,(Inputs!$X$49-O1079)))","v":1.1231546311339784},{"$f":"params!$C$15*P1079*(E1079-Inputs!$X$26)","v":-34047.338732890312},-153714.73053664289]
["2002-02-14","23:00:00",0,4,-6,-8,84,{"$f":"Inputs!$X$37*Inputs!$X$32*(E1080-Inputs!$X$26)","v":-92923.215353766573},{"$f":"Inputs!$X$33*C1080*Inputs!$X$38","v":0},{"$f":"params!$C$15*Inputs!$X$29*(E1080-Inputs!$X$26)","v":-9653.7989999999972},{"$f":"Inputs!$X$40*Inputs!$X$41/8760","v":5342.4657534246571},{"$f":"-Inputs!$X$45*Inputs!$X$33","v":-30000},389.76616195693094,2.4018050803048703E-3,2.0175162674560907E-3,{"$f":"-L1080/(1.202*2465560*MAX(0,(Inputs!$X$49-O1080)))","v":1.1271652716573397},{"$f":"params!$C$15*P1080*(E1080-Inputs!$X$26)","v":-36890.335593678152},-164124.88419402007]
["2002-02-14",1,0,1,-6,-8,84,{"$f":"Inputs!$X$37*Inputs!$X$32*(E1081-Inputs!$X$26)","v":-92923.215353766573},{"$f":"Inputs!$X$33*C1081*Inputs!$X$38","v":0},{"$f":"params!$C$15*Inputs!$X$29*(E1081-Inputs!$X$26)","v":-9653.7989999999972},{"$f":"Inputs!$X$40*Inputs!$X$41/8760","v":5342.4657534246571},{"$f":"-Inputs!$X$45*Inputs!$X$33","v":-30000},389.76616195693094,2.4018050803048703E-3,2.0175162674560907E-3,{"$f":"-L1081/(1.202*2465560*MAX(0,(Inputs!$X$49-O1081)))","v":1.1271652716573397},{"$f":"params!$C$15*P1081*(E1081-Inputs!$X$26)","v":-36890.335593678152},-164124.88419402007]
["2002-02-15","01:00:00",0,4,-6,-8,84,{"$f":"Inputs!$X$37*Inputs!$X$32*(E1082-Inputs!$X$26)","v":-92923.215353766573},{"$f":"Inputs!$X$33*C1082*Inputs!$X$38","v":0},{"$f":"params!$C$15*Inputs!$X$29*(E1082-Inputs!$X$26)","v":-9653.7989999999972},{"$f":"Inputs!$X$40*Inputs!$X$41/8760","v":5342.4657534246571},{"$f":"-Inputs!$X$45*Inputs!$X$33","v":-30000},389.76616195693094,2.4018050803048703E-3,2.0175162674560907E-3,{"$f":"-L1082/(1.202*2465560*MAX(0,(Inputs!$X$49-O1082)))","v":1.1271652716573397},{"$f":"params!$C$15*P1082*(E1082-Inputs!$X$26)","v":-36890.335593678152},-164124.88419402007]
["2002-02-15","02:00:00",0,6,-5,-8,77,{"$f":"Inputs!$X$37*Inputs!$X$32*(E1083-Inputs!$X$26)","v":-89495.7197054719},{"$f":"Inputs!$X$33*C1083*Inputs!$X$38","v":0},{"$f":"params!$C$15*Inputs!$X$29*(E1083-Inputs!$X$26)","v":-9297.7162499999977},{"$f":"Inputs!$X$40*Inputs!$X$41/8760","v":5342.4657534246571},{"$f":"-Inputs!$X$45*Inputs!$X$33","v":-30000},420.56802345265027,2.5924024753231664E-3,1.996149905998838E-3,{"$f":"-L1083/(1.202*2465560*MAX(0,(Inputs!$X$49-O1083)))","v":1.1244899713105516},{"$f":"params!$C$15*P1083*(E1083-Inputs!$X$26)","v":-35445.297758391782},-158896.26796043903]
["2002-02-15","03:00:00",0,4,-4,-8,71,{"$f":"Inputs!$X$37*Inputs!$X$32*(E1084-Inputs!$X$26)","v":-86068.224057177227},{"$f":"Inputs!$X$33*C1084*Inputs!$X$38","v":0},{"$f":"params!$C$15*Inputs!$X$29*(E1084-Inputs!$X$26)","v":-8941.6334999999981},{"$f":"Inputs!$X$40*Inputs!$X$41/8760","v":5342.4657534246571},{"$f":"-Inputs!$X$45*Inputs!$X$33","v":-30000},453.51532044328405,2.7964043545646504E-3,1.9854470917409018E-3,{"$f":"-L1084/(1.202*2465560*MAX(0,(Inputs!$X$49-O1084)))","v":1.1231546311339784},{"$f":"params!$C$15*P1084*(E1084-Inputs!$X$26)","v":-34047.338732890312},-153714.73053664289]
["2002-02-15","04:00:00",0,6,-4,-8,71,{"$f":"Inputs!$X$37*Inputs!$X$32*(E1085-Inputs!$X$26)","v":-86068.224057177227},{"$f":"Inputs!$X$33*C1085*Inputs!$X$38","v":0},{"$f":"params!$C$15*Inputs!$X$29*(E1085-Inputs!$X$26)","v":-8941.6334999999981},{"$f":"Inputs!$X$40*Inputs!$X$41/8760","v":5342.4657534246571},{"$f":"-Inputs!$X$45*Inputs!$X$33","v":-30000},453.51532044328405,2.7964043545646504E-3,1.9854470917409018E-3,{"$f":"-L1085/(1.202*2465560*MAX(0,(Inputs!$X$49-O1085)))","v":1.1231546311339784},{"$f":"params!$C$15*P1085*(E1085-Inputs!$X$26)","v":-34047.338732890312},-153714.73053664289]
["2002-02-15","05:00:00",0,9,-3,-8,65,{"$f":"Inputs!$X$37*Inputs!$X$32*(E1086-Inputs!$X$26)","v":-82640.728408882569},{"$f":"Inputs!$X$33*C1086*Inputs!$X$38","v":0},{"$f":"params!$C$15*Inputs!$X$29*(E1086-Inputs!$X$26)","v":-8585.5507499999985},{"$f":"Inputs!$X$40*Inputs!$X$41/8760","v":5342.4657534246571},{"$f":"-Inputs!$X$45*Inputs!$X$33","v":-30000},488.73621912146871,3.0146312662847319E-3,1.9595103230850759E-3,{"$f":"-L1086/(1.202*2465560*MAX(0,(Inputs!$X$49-O1086)))","v":1.1199317390634185},{"$f":"params!$C$15*P1086*(E1086-Inputs!$X$26)","v":-32597.663088618661},-148481.47649407657]
["2002-02-15","06:00:00",0,9,-3,-7,71,{"$f":"Inputs!$X$37*Inputs!$X$32*(E1087-Inputs!$X$26)","v":-82640.728408882569},{"$f":"Inputs!$X$33*C1087*Inputs!$X$38","v":0},{"$f":"params!$C$15*Inputs!$X$29*(E1087-Inputs!$X$26)","v":-8585.5507499999985},{"$f":"Inputs!$X$40*Inputs!$X$41/8760","v":5342.4657534246571},{"$f":"-Inputs!$X$45*Inputs!$X$33","v":-30000},488.73621912146871,3.0146312662847319E-3,2.1403881990621596E-3,{"$f":"-L1087/(1.202*2465560*MAX(0,(Inputs!$X$49-O1087)))","v":1.1428006922620131},{"$f":"params!$C$15*P1087*(E1087-Inputs!$X$26)","v":-33263.305828756209},-149147.11923421413]
["2002-02-15","07:00:00",0,9,-4,-8,71,{"$f":"Inputs!$X$37*Inputs!$X$32*(E1088-Inputs!$X$26)","v":-86068.224057177227},{"$f":"Inputs!$X$33*C1088*Inputs!$X$38","v":0},{"$f":"params!$C$15*Inputs!$X$29*(E1088-Inputs!$X$26)","v":-8941.6334999999981},{"$f":"Inputs!$X$40*Inputs!$X$41/8760","v":5342.4657534246571},{"$f":"-Inputs!$X$45*Inputs!$X$33","v":-30000},453.51532044328405,2.7964043545646504E-3,1.9854470917409018E-3,{"$f":"-L1088/(1.202*2465560*MAX(0,(Inputs!$X$49-O1088)))","v":1.1231546311339784},{"$f":"params!$C$15*P1088*(E1088-Inputs!$X$26)","v":-34047.338732890312},-153714.73053664289]
["2002-02-15","08:00:00",0,9,-3,-7,71,{"$f":"Inputs!$X$37*Inputs!$X$32*(E1089-Inputs!$X$26)","v":-82640.728408882569},{"$f":"Inputs!$X$33*C1089*Inputs!$X$38","v":0},{"$f":"params!$C$15*Inputs!$X$29*(E1089-Inputs!$X$26)","v":-8585.5507499999985},{"$f":"Inputs!$X$40*Inputs!$X$41/8760","v":5342.4657534246571},{"$f":"-Inputs!$X$45*Inputs!$X$33","v":-30000},488.73621912146871,3.0146312662847319E-3,2.1403881990621596E-3,{"$f":"-L1089/(1.202*2465560*MAX(0,(Inputs!$X$49-O1089)))","v":1.1428006922620131},{"$f":"params!$C$15*P1089*(E1089-Inputs!$X$26)","v":-33263.305828756209},-149147.11923421413]
["2002-02-15","09:00:00",215,8,0,-6,60,{"$f":"Inputs!$X$37*Inputs!$X$32*(E1090-Inputs!$X$26)","v":-72358.241463998565},{"$f":"Inputs!$X$33*C1090*Inputs!$X$38","v":41945.763152760614},{"$f":"params!$C$15*Inputs!$X$29*(E1090-Inputs!$X$26)","v":-7517.302499999998},{"$f":"Inputs!$X$40*Inputs!$X$41/8760","v":5342.4657534246571},{"$f":"-Inputs!$X$45*Inputs!$X$33","v":-30000},609.41773586642103,3.7635253138895938E-3,2.2581151883337564E-3,{"$f":"-L1090/(1.202*2465560*MAX(0,(Inputs!$X$49-O1090)))","v":1.1581938088970767},{"$f":"params!$C$15*P1090*(E1090-Inputs!$X$26)","v":-29516.850810578115},-92104.165868391399]
["2002-02-15","10:00:00",360,9,3,-6,49,{"$f":"Inputs!$X$37*Inputs!$X$32*(E1091-Inputs!$X$26)","v":-62075.754519114555},{"$f":"Inputs!$X$33*C1091*Inputs!$X$38","v":70234.766209273585},{"$f":"params!$C$15*Inputs!$X$29*(E1091-Inputs!$X$26)","v":-6449.0542499999983},{"$f":"Inputs!$X$40*Inputs!$X$41/8760","v":5342.4657534246571},{"$f":"-Inputs!$X$45*Inputs!$X$33","v":-30000},{"$f":"EXP(77.345+0.0057*(E1091+273.15)-7235/(E1091+273.15))/(E1091+273.15)^8.2","v":755.80495631325812},{"$f":"0.62198*M1091/(101325-M1091)","v":4.6743495015895585E-3},{"$f":"N1091*G1091/100","v":2.2904312557788836E-3},{"$f":"-L1091/(1.202*2465560*MAX(0,(Inputs!$X$49-O1091)))","v":1.1624920276708364},{"$f":"params!$C$15*P1091*(E1091-Inputs!$X$26)","v":-25416.325735006267},{"$f":"H1091+I1091+J1091+K1091+L1091+Q1091","v":-48363.902541422576}]
["2002-02-15","11:00:00",429,9,6,-7,36,{"$f":"Inputs!$X$37*Inputs!$X$32*(E1092-Inputs!$X$26)","v":-51793.267574230544},{"$f":"Inputs!$X$33*C1092*Inputs!$X$38","v":83696.42973271769},{"$f":"params!$C$15*Inputs!$X$29*(E1092-Inputs!$X$26)","v":-5380.8059999999987},{"$f":"Inputs!$X$40*Inputs!$X$41/8760","v":5342.4657534246571},{"$f":"-Inputs!$X$45*Inputs!$X$33","v":-30000},932.4781503104233,5.7771510192606073E-3,2.0797743669338188E-3,{"$f":"-L1092/(1.202*2465560*MAX(0,(Inputs!$X$49-O1092)))","v":1.1350337549038998},{"$f":"params!$C$15*P1092*(E1092-Inputs!$X$26)","v":-20705.363808946004},-18840.541897034196]
["2002-02-15","12:00:00",580,8,7,-6,37,{"$f":"Inputs!$X$37*Inputs!$X$32*(E1093-Inputs!$X$26)","v":-48365.771925935878},{"$f":"Inputs!$X$33*C1093*Inputs!$X$38","v":113156.01222605188},{"$f":"params!$C$15*Inputs!$X$29*(E1093-Inputs!$X$26)","v":-5024.7232499999991},{"$f":"Inputs!$X$40*Inputs!$X$41/8760","v":5342.4657534246571},{"$f":"-Inputs!$X$45*Inputs!$X$33","v":-30000},998.98316002102877,6.193284308903993E-3,2.2915151942944773E-3,{"$f":"-L1093/(1.202*2465560*MAX(0,(Inputs!$X$49-O1093)))","v":1.1626367506409701},{"$f":"params!$C$15*P1093*(E1093-Inputs!$X$26)","v":-19805.369437703019},15302.613365837642]
["2002-02-15","13:00:00",600,8,8,-5,37,{"$f":"Inputs!$X$37*Inputs!$X$32*(E1094-Inputs!$X$26)","v":-44938.276277641213},{"$f":"Inputs!$X$33*C1094*Inputs!$X$38","v":117057.94368212263},{"$f":"params!$C$15*Inputs!$X$29*(E1094-Inputs!$X$26)","v":-4668.6404999999986},{"$f":"Inputs!$X$40*Inputs!$X$41/8760","v":5342.4657534246571},{"$f":"-Inputs!$X$45*Inputs!$X$33","v":-30000},1069.6390010481693,6.6359949158119932E-3,2.4553181188504375E-3,{"$f":"-L1094/(1.202*2465560*MAX(0,(Inputs!$X$49-O1094)))","v":1.1849291529127632},{"$f":"params!$C$15*P1094*(E1094-Inputs!$X$26)","v":-18754.67626973494},24038.81638817113]
["2002-02-15","14:00:00",560,7,8,-6,34,{"$f":"Inputs!$X$37*Inputs!$X$32*(E1095-Inputs!$X$26)","v":-44938.276277641213},{"$f":"Inputs!$X$33*C1095*Inputs!$X$38","v":109254.08076998113},{"$f":"params!$C$15*Inputs!$X$29*(E1095-Inputs!$X$26)","v":-4668.6404999999986},{"$f":"Inputs!$X$40*Inputs!$X$41/8760","v":5342.4657534246571},{"$f":"-Inputs!$X$45*Inputs!$X$33","v":-30000},1069.6390010481693,6.6359949158119932E-3,2.2562382713760777E-3,{"$f":"-L1095/(1.202*2465560*MAX(0,(Inputs!$X$49-O1095)))","v":1.1579451448074698},{"$f":"params!$C$15*P1095*(E1095-Inputs!$X$26)","v":-18327.582096863374},16662.047648901196]
["2002-02-15","15:00:00",450,6,9,-5,35,{"$f":"Inputs!$X$37*Inputs!$X$32*(E1096-Inputs!$X$26)","v":-41510.78062934654},{"$f":"Inputs!$X$33*C1096*Inputs!$X$38","v":87793.457761591984},{"$f":"params!$C$15*Inputs!$X$29*(E1096-Inputs!$X$26)","v":-4312.557749999999},{"$f":"Inputs!$X$40*Inputs!$X$41/8760","v":5342.4657534246571},{"$f":"-Inputs!$X$45*Inputs!$X$33","v":-30000},1144.6654335441779,7.1067740933079149E-3,2.4873709326577705E-3,{"$f":"-L1096/(1.202*2465560*MAX(0,(Inputs!$X$49-O1096)))","v":1.1893916940776668},{"$f":"params!$C$15*P1096*(E1096-Inputs!$X$26)","v":-17389.479360253852},-76.894224583749747]
["2002-02-15","16:00:00",317,10,9,-4,38,{"$f":"Inputs!$X$37*Inputs!$X$32*(E1097-Inputs!$X$26)","v":-41510.78062934654},{"$f":"Inputs!$X$33*C1097*Inputs!$X$38","v":61845.613578721459},{"$f":"params!$C$15*Inputs!$X$29*(E1097-Inputs!$X$26)","v":-4312.557749999999},{"$f":"Inputs!$X$40*Inputs!$X$41/8760","v":5342.4657534246571},{"$f":"-Inputs!$X$45*Inputs!$X$33","v":-30000},1144.6654335441779,7.1067740933079149E-3,2.7005741554570078E-3,{"$f":"-L1097/(1.202*2465560*MAX(0,(Inputs!$X$49-O1097)))","v":1.2199521805212798},{"$f":"params!$C$15*P1097*(E1097-Inputs!$X$26)","v":-17836.288389522073},-26471.547436722496]
["2002-02-15","17:00:00",148,10,8,-4,41,{"$f":"Inputs!$X$37*Inputs!$X$32*(E1098-Inputs!$X$26)","v":-44938.276277641213},{"$f":"Inputs!$X$33*C1098*Inputs!$X$38","v":28874.292774923586},{"$f":"params!$C$15*Inputs!$X$29*(E1098-Inputs!$X$26)","v":-4668.6404999999986},{"$f":"Inputs!$X$40*Inputs!$X$41/8760","v":5342.4657534246571},{"$f":"-Inputs!$X$45*Inputs!$X$33","v":-30000},1069.6390010481693,6.6359949158119932E-3,2.7207579154829172E-3,{"$f":"-L1098/(1.202*2465560*MAX(0,(Inputs!$X$49-O1098)))","v":1.2229268873042143},{"$f":"params!$C$15*P1098*(E1098-Inputs!$X$26)","v":-19356.09214826511},-64746.250397558077]
["2002-02-15","18:00:00",6,10,8,-4,41,{"$f":"Inputs!$X$37*Inputs!$X$32*(E1099-Inputs!$X$26)","v":-44938.276277641213},{"$f":"Inputs!$X$33*C1099*Inputs!$X$38","v":1170.5794368212264},{"$f":"params!$C$15*Inputs!$X$29*(E1099-Inputs!$X$26)","v":-4668.6404999999986},{"$f":"Inputs!$X$40*Inputs!$X$41/8760","v":5342.4657534246571},{"$f":"-Inputs!$X$45*Inputs!$X$33","v":-30000},1069.6390010481693,6.6359949158119932E-3,2.7207579154829172E-3,{"$f":"-L1099/(1.202*2465560*MAX(0,(Inputs!$X$49-O1099)))","v":1.2229268873042143},{"$f":"params!$C$15*P1099*(E1099-Inputs!$X$26)","v":-19356.09214826511},-92449.963735660451]
["2002-02-15","19:00:00",0,10,7,-4,44,{"$f":"Inputs!$X$37*Inputs!$X$32*(E1100-Inputs!$X$26)","v":-48365.771925935878},{"$f":"Inputs!$X$33*C1100*Inputs!$X$38","v":0},{"$f":"params!$C$15*Inputs!$X$29*(E1100-Inputs!$X$26)","v":-5024.7232499999991},{"$f":"Inputs!$X$40*Inputs!$X$41/8760","v":5342.4657534246571},{"$f":"-Inputs!$X$45*Inputs!$X$33","v":-30000},998.98316002102877,6.193284308903993E-3,2.725045095917757E-3,{"$f":"-L1100/(1.202*2465560*MAX(0,(Inputs!$X$49-O1100)))","v":1.2235606060151163},{"$f":"params!$C$15*P1100*(E1100-Inputs!$X$26)","v":-20843.199579051066},-98891.2290015623]
["2002-02-15","20:00:00",0,10,6,-4,47,{"$f":"Inputs!$X$37*Inputs!$X$32*(E1101-Inputs!$X$26)","v":-51793.267574230544},{"$f":"Inputs!$X$33*C1101*Inputs!$X$38","v":0},{"$f":"params!$C$15*Inputs!$X$29*(E1101-Inputs!$X$26)","v":-5380.8059999999987},{"$f":"Inputs!$X$40*Inputs!$X$41/8760","v":5342.4657534246571},{"$f":"-Inputs!$X$45*Inputs!$X$33","v":-30000},932.4781503104233,5.7771510192606073E-3,2.7152609790524855E-3,{"$f":"-L1101/(1.202*2465560*MAX(0,(Inputs!$X$49-O1101)))","v":1.2221153057272536},{"$f":"params!$C$15*P1101*(E1101-Inputs!$X$26)","v":-22293.911447335333},-104125.51926814122]
["2002-02-15","21:00:00",0,10,6,-4,47,{"$f":"Inputs!$X$37*Inputs!$X$32*(E1102-Inputs!$X$26)","v":-51793.267574230544},{"$f":"Inputs!$X$33*C1102*Inputs!$X$38","v":0},{"$f":"params!$C$15*Inputs!$X$29*(E1102-Inputs!$X$26)","v":-5380.8059999999987},{"$f":"Inputs!$X$40*Inputs!$X$41/8760","v":5342.4657534246571},{"$f":"-Inputs!$X$45*Inputs!$X$33","v":-30000},932.4781503104233,5.7771510192606073E-3,2.7152609790524855E-3,{"$f":"-L1102/(1.202*2465560*MAX(0,(Inputs!$X$49-O1102)))","v":1.2221153057272536},{"$f":"params!$C$15*P1102*(E1102-Inputs!$X$26)","v":-22293.911447335333},-104125.51926814122]
["2002-02-15","22:00:00",0,9,3,-3,63,{"$f":"Inputs!$X$37*Inputs!$X$32*(E1103-Inputs!$X$26)","v":-62075.754519114555},{"$f":"Inputs!$X$33*C1103*Inputs!$X$38","v":0},{"$f":"params!$C$15*Inputs!$X$29*(E1103-Inputs!$X$26)","v":-6449.0542499999983},{"$f":"Inputs!$X$40*Inputs!$X$41/8760","v":5342.4657534246571},{"$f":"-Inputs!$X$45*Inputs!$X$33","v":-30000},755.80495631325812,4.6743495015895585E-3,2.9448401860014215E-3,{"$f":"-L1103/(1.202*2465560*MAX(0,(Inputs!$X$49-O1103)))","v":1.2569540856331531},{"$f":"params!$C$15*P1103*(E1103-Inputs!$X$26)","v":-27481.611670411494},-120663.9546861014]
["2002-02-15","23:00:00",0,10,7,-3,48,{"$f":"Inputs!$X$37*Inputs!$X$32*(E1104-Inputs!$X$26)","v":-48365.771925935878},{"$f":"Inputs!$X$33*C1104*Inputs!$X$38","v":0},{"$f":"params!$C$15*Inputs!$X$29*(E1104-Inputs!$X$26)","v":-5024.7232499999991},{"$f":"Inputs!$X$40*Inputs!$X$41/8760","v":5342.4657534246571},{"$f":"-Inputs!$X$45*Inputs!$X$33","v":-30000},998.98316002102877,6.193284308903993E-3,2.9727764682739165E-3,{"$f":"-L1104/(1.202*2465560*MAX(0,(Inputs!$X$49-O1104)))","v":1.2613294613545474},{"$f":"params!$C$15*P1104*(E1104-Inputs!$X$26)","v":-21486.587234588536},-99534.616657099774]
["2002-02-15",1,0,10,6,-2,55,{"$f":"Inputs!$X$37*Inputs!$X$32*(E1105-Inputs!$X$26)","v":-51793.267574230544},{"$f":"Inputs!$X$33*C1105*Inputs!$X$38","v":0},{"$f":"params!$C$15*Inputs!$X$29*(E1105-Inputs!$X$26)","v":-5380.8059999999987},{"$f":"Inputs!$X$40*Inputs!$X$41/8760","v":5342.4657534246571},{"$f":"-Inputs!$X$45*Inputs!$X$33","v":-30000},932.4781503104233,5.7771510192606073E-3,3.1774330605933345E-3,{"$f":"-L1105/(1.202*2465560*MAX(0,(Inputs!$X$49-O1105)))","v":1.2943360089499287},{"$f":"params!$C$15*P1105*(E1105-Inputs!$X$26)","v":-23611.366481868656},-105442.97430267454]
["2002-02-16","01:00:00",0,8,5,-3,55,{"$f":"Inputs!$X$37*Inputs!$X$32*(E1106-Inputs!$X$26)","v":-55220.763222525216},{"$f":"Inputs!$X$33*C1106*Inputs!$X$38","v":0},{"$f":"params!$C$15*Inputs!$X$29*(E1106-Inputs!$X$26)","v":-5736.8887499999983},{"$f":"Inputs!$X$40*Inputs!$X$41/8760","v":5342.4657534246571},{"$f":"-Inputs!$X$45*Inputs!$X$33","v":-30000},869.91328556198641,5.3861748872103517E-3,2.9623961879656933E-3,{"$f":"-L1106/(1.202*2465560*MAX(0,(Inputs!$X$49-O1106)))","v":1.2597001518481266},{"$f":"params!$C$15*P1106*(E1106-Inputs!$X$26)","v":-24500.241435675387},-110115.42765477594]
["2002-02-16","02:00:00",0,10,0,-3,78,{"$f":"Inputs!$X$37*Inputs!$X$32*(E1107-Inputs!$X$26)","v":-72358.241463998565},{"$f":"Inputs!$X$33*C1107*Inputs!$X$38","v":0},{"$f":"params!$C$15*Inputs!$X$29*(E1107-Inputs!$X$26)","v":-7517.302499999998},{"$f":"Inputs!$X$40*Inputs!$X$41/8760","v":5342.4657534246571},{"$f":"-Inputs!$X$45*Inputs!$X$33","v":-30000},609.41773586642103,3.7635253138895938E-3,2.9355497448338829E-3,{"$f":"-L1107/(1.202*2465560*MAX(0,(Inputs!$X$49-O1107)))","v":1.2555057365744386},{"$f":"params!$C$15*P1107*(E1107-Inputs!$X$26)","v":-31996.868946815372},-136529.94715738928]
["2002-02-16","03:00:00",0,10,1,-2,79,{"$f":"Inputs!$X$37*Inputs!$X$32*(E1108-Inputs!$X$26)","v":-68930.745815703893},{"$f":"Inputs!$X$33*C1108*Inputs!$X$38","v":0},{"$f":"params!$C$15*Inputs!$X$29*(E1108-Inputs!$X$26)","v":-7161.2197499999984},{"$f":"Inputs!$X$40*Inputs!$X$41/8760","v":5342.4657534246571},{"$f":"-Inputs!$X$45*Inputs!$X$33","v":-30000},655.14373774848059,4.0477489204243187E-3,3.1977216471352115E-3,{"$f":"-L1108/(1.202*2465560*MAX(0,(Inputs!$X$49-O1108)))","v":1.2977024634034569},{"$f":"params!$C$15*P1108*(E1108-Inputs!$X$26)","v":-31505.681920345593},-132255.18173262483]
["2002-02-16","04:00:00",0,10,2,-2,73,{"$f":"Inputs!$X$37*Inputs!$X$32*(E1109-Inputs!$X$26)","v":-65503.25016740922},{"$f":"Inputs!$X$33*C1109*Inputs!$X$38","v":0},{"$f":"params!$C$15*Inputs!$X$29*(E1109-Inputs!$X$26)","v":-6805.1369999999979},{"$f":"Inputs!$X$40*Inputs!$X$41/8760","v":5342.4657534246571},{"$f":"-Inputs!$X$45*Inputs!$X$33","v":-30000},703.88301618186097,4.3509868656616182E-3,3.1762204119329812E-3,{"$f":"-L1109/(1.202*2465560*MAX(0,(Inputs!$X$49-O1109)))","v":1.2941353490859255},{"$f":"params!$C$15*P1109*(E1109-Inputs!$X$26)","v":-29856.804686050829},-126822.7261000354]
["2002-02-16","05:00:00",0,10,2,-2,73,{"$f":"Inputs!$X$37*Inputs!$X$32*(E1110-Inputs!$X$26)","v":-65503.25016740922},{"$f":"Inputs!$X$33*C1110*Inputs!$X$38","v":0},{"$f":"params!$C$15*Inputs!$X$29*(E1110-Inputs!$X$26)","v":-6805.1369999999979},{"$f":"Inputs!$X$40*Inputs!$X$41/8760","v":5342.4657534246571},{"$f":"-Inputs!$X$45*Inputs!$X$33","v":-30000},703.88301618186097,4.3509868656616182E-3,3.1762204119329812E-3,{"$f":"-L1110/(1.202*2465560*MAX(0,(Inputs!$X$49-O1110)))","v":1.2941353490859255},{"$f":"params!$C$15*P1110*(E1110-Inputs!$X$26)","v":-29856.804686050829},-126822.7261000354]
["2002-02-16","06:00:00",0,10,2,-1,80,{"$f":"Inputs!$X$37*Inputs!$X$32*(E1111-Inputs!$X$26)","v":-65503.25016740922},{"$f":"Inputs!$X$33*C1111*Inputs!$X$38","v":0},{"$f":"params!$C$15*Inputs!$X$29*(E1111-Inputs!$X$26)","v":-6805.1369999999979},{"$f":"Inputs!$X$40*Inputs!$X$41/8760","v":5342.4657534246571},{"$f":"-Inputs!$X$45*Inputs!$X$33","v":-30000},703.88301618186097,4.3509868656616182E-3,3.4807894925292949E-3,{"$f":"-L1111/(1.202*2465560*MAX(0,(Inputs!$X$49-O1111)))","v":1.3465668411562572},{"$f":"params!$C$15*P1111*(E1111-Inputs!$X$26)","v":-31066.443862700951},-128032.36527668552]
["2002-02-16","07:00:00",0,10,3,-1,74,{"$f":"Inputs!$X$37*Inputs!$X$32*(E1112-Inputs!$X$26)","v":-62075.754519114555},{"$f":"Inputs!$X$33*C1112*Inputs!$X$38","v":0},{"$f":"params!$C$15*Inputs!$X$29*(E1112-Inputs!$X$26)","v":-6449.0542499999983},{"$f":"Inputs!$X$40*Inputs!$X$41/8760","v":5342.4657534246571},{"$f":"-Inputs!$X$45*Inputs!$X$33","v":-30000},755.80495631325812,4.6743495015895585E-3,3.4590186311762735E-3,{"$f":"-L1112/(1.202*2465560*MAX(0,(Inputs!$X$49-O1112)))","v":1.3426784108228573},{"$f":"params!$C$15*P1112*(E1112-Inputs!$X$26)","v":-29355.858822712878},-122538.20183840278]
["2002-02-16","08:00:00",0,8,2,-1,80,{"$f":"Inputs!$X$37*Inputs!$X$32*(E1113-Inputs!$X$26)","v":-65503.25016740922},{"$f":"Inputs!$X$33*C1113*Inputs!$X$38","v":0},{"$f":"params!$C$15*Inputs!$X$29*(E1113-Inputs!$X$26)","v":-6805.1369999999979},{"$f":"Inputs!$X$40*Inputs!$X$41/8760","v":5342.4657534246571},{"$f":"-Inputs!$X$45*Inputs!$X$33","v":-30000},703.88301618186097,4.3509868656616182E-3,3.4807894925292949E-3,{"$f":"-L1113/(1.202*2465560*MAX(0,(Inputs!$X$49-O1113)))","v":1.3465668411562572},{"$f":"params!$C$15*P1113*(E1113-Inputs!$X$26)","v":-31066.443862700951},-128032.36527668552]
["2002-02-16","09:00:00",222,8,3,-1,74,{"$f":"Inputs!$X$37*Inputs!$X$32*(E1114-Inputs!$X$26)","v":-62075.754519114555},{"$f":"Inputs!$X$33*C1114*Inputs!$X$38","v":43311.439162385381},{"$f":"params!$C$15*Inputs!$X$29*(E1114-Inputs!$X$26)","v":-6449.0542499999983},{"$f":"Inputs!$X$40*Inputs!$X$41/8760","v":5342.4657534246571},{"$f":"-Inputs!$X$45*Inputs!$X$33","v":-30000},755.80495631325812,4.6743495015895585E-3,3.4590186311762735E-3,{"$f":"-L1114/(1.202*2465560*MAX(0,(Inputs!$X$49-O1114)))","v":1.3426784108228573},{"$f":"params!$C$15*P1114*(E1114-Inputs!$X$26)","v":-29355.858822712878},-79226.762676017388]
["2002-02-16","10:00:00",373,9,4,-4,54,{"$f":"Inputs!$X$37*Inputs!$X$32*(E1115-Inputs!$X$26)","v":-58648.258870819882},{"$f":"Inputs!$X$33*C1115*Inputs!$X$38","v":72771.021655719567},{"$f":"params!$C$15*Inputs!$X$29*(E1115-Inputs!$X$26)","v":-6092.9714999999987},{"$f":"Inputs!$X$40*Inputs!$X$41/8760","v":5342.4657534246571},{"$f":"-Inputs!$X$45*Inputs!$X$33","v":-30000},811.08667612094962,5.0190035800134264E-3,2.7102619332072505E-3,{"$f":"-L1115/(1.202*2465560*MAX(0,(Inputs!$X$49-O1115)))","v":1.2213781686701983},{"$f":"params!$C$15*P1115*(E1115-Inputs!$X$26)","v":-25229.349555421773},-41857.09251709743]
["2002-02-16","11:00:00",499,10,6,-4,47,{"$f":"Inputs!$X$37*Inputs!$X$32*(E1116-Inputs!$X$26)","v":-51793.267574230544},{"$f":"Inputs!$X$33*C1116*Inputs!$X$38","v":97353.189828965333},{"$f":"params!$C$15*Inputs!$X$29*(E1116-Inputs!$X$26)","v":-5380.8059999999987},{"$f":"Inputs!$X$40*Inputs!$X$41/8760","v":5342.4657534246571},{"$f":"-Inputs!$X$45*Inputs!$X$33","v":-30000},932.4781503104233,5.7771510192606073E-3,2.7152609790524855E-3,{"$f":"-L1116/(1.202*2465560*MAX(0,(Inputs!$X$49-O1116)))","v":1.2221153057272536},{"$f":"params!$C$15*P1116*(E1116-Inputs!$X$26)","v":-22293.911447335333},-6772.3294391758827]
["2002-02-16","12:00:00",586,5,6,-5,43,{"$f":"Inputs!$X$37*Inputs!$X$32*(E1117-Inputs!$X$26)","v":-51793.267574230544},{"$f":"Inputs!$X$33*C1117*Inputs!$X$38","v":114326.59166287312},{"$f":"params!$C$15*Inputs!$X$29*(E1117-Inputs!$X$26)","v":-5380.8059999999987},{"$f":"Inputs!$X$40*Inputs!$X$41/8760","v":5342.4657534246571},{"$f":"-Inputs!$X$45*Inputs!$X$33","v":-30000},932.4781503104233,5.7771510192606073E-3,2.484174938282061E-3,{"$f":"-L1117/(1.202*2465560*MAX(0,(Inputs!$X$49-O1117)))","v":1.1889452248374153},{"$f":"params!$C$15*P1117*(E1117-Inputs!$X$26)","v":-21688.820550761582},10806.163291305656]
["2002-02-16","13:00:00",102,8,6,-4,47,{"$f":"Inputs!$X$37*Inputs!$X$32*(E1118-Inputs!$X$26)","v":-51793.267574230544},{"$f":"Inputs!$X$33*C1118*Inputs!$X$38","v":19899.850425960849},{"$f":"params!$C$15*Inputs!$X$29*(E1118-Inputs!$X$26)","v":-5380.8059999999987},{"$f":"Inputs!$X$40*Inputs!$X$41/8760","v":5342.4657534246571},{"$f":"-Inputs!$X$45*Inputs!$X$33","v":-30000},932.4781503104233,5.7771510192606073E-3,2.7152609790524855E-3,{"$f":"-L1118/(1.202*2465560*MAX(0,(Inputs!$X$49-O1118)))","v":1.2221153057272536},{"$f":"params!$C$15*P1118*(E1118-Inputs!$X$26)","v":-22293.911447335333},-84225.66884218037]
["2002-02-16","14:00:00",93,8,6,-4,47,{"$f":"Inputs!$X$37*Inputs!$X$32*(E1119-Inputs!$X$26)","v":-51793.267574230544},{"$f":"Inputs!$X$33*C1119*Inputs!$X$38","v":18143.981270729008},{"$f":"params!$C$15*Inputs!$X$29*(E1119-Inputs!$X$26)","v":-5380.8059999999987},{"$f":"Inputs!$X$40*Inputs!$X$41/8760","v":5342.4657534246571},{"$f":"-Inputs!$X$45*Inputs!$X$33","v":-30000},932.4781503104233,5.7771510192606073E-3,2.7152609790524855E-3,{"$f":"-L1119/(1.202*2465560*MAX(0,(Inputs!$X$49-O1119)))","v":1.2221153057272536},{"$f":"params!$C$15*P1119*(E1119-Inputs!$X$26)","v":-22293.911447335333},-85981.537997412204]
["2002-02-16","15:00:00",231,10,7,-4,44,{"$f":"Inputs!$X$37*Inputs!$X$32*(E1120-Inputs!$X$26)","v":-48365.771925935878},{"$f":"Inputs!$X$33*C1120*Inputs!$X$38","v":45067.308317617215},{"$f":"params!$C$15*Inputs!$X$29*(E1120-Inputs!$X$26)","v":-5024.7232499999991},{"$f":"Inputs!$X$40*Inputs!$X$41/8760","v":5342.4657534246571},{"$f":"-Inputs!$X$45*Inputs!$X$33","v":-30000},998.98316002102877,6.193284308903993E-3,2.725045095917757E-3,{"$f":"-L1120/(1.202*2465560*MAX(0,(Inputs!$X$49-O1120)))","v":1.2235606060151163},{"$f":"params!$C$15*P1120*(E1120-Inputs!$X$26)","v":-20843.199579051066},-53823.920683945078]
["2002-02-16","16:00:00",281,10,6,-4,47,{"$f":"Inputs!$X$37*Inputs!$X$32*(E1121-Inputs!$X$26)","v":-51793.267574230544},{"$f":"Inputs!$X$33*C1121*Inputs!$X$38","v":54822.136957794108},{"$f":"params!$C$15*Inputs!$X$29*(E1121-Inputs!$X$26)","v":-5380.8059999999987},{"$f":"Inputs!$X$40*Inputs!$X$41/8760","v":5342.4657534246571},{"$f":"-Inputs!$X$45*Inputs!$X$33","v":-30000},932.4781503104233,5.7771510192606073E-3,2.7152609790524855E-3,{"$f":"-L1121/(1.202*2465560*MAX(0,(Inputs!$X$49-O1121)))","v":1.2221153057272536},{"$f":"params!$C$15*P1121*(E1121-Inputs!$X$26)","v":-22293.911447335333},-49303.382310347108]
["2002-02-16","17:00:00",113,10,5,-2,59,{"$f":"Inputs!$X$37*Inputs!$X$32*(E1122-Inputs!$X$26)","v":-55220.763222525216},{"$f":"Inputs!$X$33*C1122*Inputs!$X$38","v":22045.912726799765},{"$f":"params!$C$15*Inputs!$X$29*(E1122-Inputs!$X$26)","v":-5736.8887499999983},{"$f":"Inputs!$X$40*Inputs!$X$41/8760","v":5342.4657534246571},{"$f":"-Inputs!$X$45*Inputs!$X$33","v":-30000},869.91328556198641,5.3861748872103517E-3,3.1778431834541074E-3,{"$f":"-L1122/(1.202*2465560*MAX(0,(Inputs!$X$49-O1122)))","v":1.2944038870392065},{"$f":"params!$C$15*P1122*(E1122-Inputs!$X$26)","v":-25175.203560315753},-88744.477052616538]
["2002-02-16","18:00:00",6,10,4,-2,64,{"$f":"Inputs!$X$37*Inputs!$X$32*(E1123-Inputs!$X$26)","v":-58648.258870819882},{"$f":"Inputs!$X$33*C1123*Inputs!$X$38","v":1170.5794368212264},{"$f":"params!$C$15*Inputs!$X$29*(E1123-Inputs!$X$26)","v":-6092.9714999999987},{"$f":"Inputs!$X$40*Inputs!$X$41/8760","v":5342.4657534246571},{"$f":"-Inputs!$X$45*Inputs!$X$33","v":-30000},811.08667612094962,5.0190035800134264E-3,3.212162291208593E-3,{"$f":"-L1123/(1.202*2465560*MAX(0,(Inputs!$X$49-O1123)))","v":1.3001092652431265},{"$f":"params!$C$15*P1123*(E1123-Inputs!$X$26)","v":-26855.655319903166},-115083.84050047715]
["2002-02-16","19:00:00",0,10,3,-2,68,{"$f":"Inputs!$X$37*Inputs!$X$32*(E1124-Inputs!$X$26)","v":-62075.754519114555},{"$f":"Inputs!$X$33*C1124*Inputs!$X$38","v":0},{"$f":"params!$C$15*Inputs!$X$29*(E1124-Inputs!$X$26)","v":-6449.0542499999983},{"$f":"Inputs!$X$40*Inputs!$X$41/8760","v":5342.4657534246571},{"$f":"-Inputs!$X$45*Inputs!$X$33","v":-30000},755.80495631325812,4.6743495015895585E-3,3.1785576610808995E-3,{"$f":"-L1124/(1.202*2465560*MAX(0,(Inputs!$X$49-O1124)))","v":1.2945221548937103},{"$f":"params!$C$15*P1124*(E1124-Inputs!$X$26)","v":-28302.987011345846},-121485.33002703574]
["2002-02-16","20:00:00",0,10,3,-2,68,{"$f":"Inputs!$X$37*Inputs!$X$32*(E1125-Inputs!$X$26)","v":-62075.754519114555},{"$f":"Inputs!$X$33*C1125*Inputs!$X$38","v":0},{"$f":"params!$C$15*Inputs!$X$29*(E1125-Inputs!$X$26)","v":-6449.0542499999983},{"$f":"Inputs!$X$40*Inputs!$X$41/8760","v":5342.4657534246571},{"$f":"-Inputs!$X$45*Inputs!$X$33","v":-30000},755.80495631325812,4.6743495015895585E-3,3.1785576610808995E-3,{"$f":"-L1125/(1.202*2465560*MAX(0,(Inputs!$X$49-O1125)))","v":1.2945221548937103},{"$f":"params!$C$15*P1125*(E1125-Inputs!$X$26)","v":-28302.987011345846},-121485.33002703574]
["2002-02-16","21:00:00",0,3,1,-3,72,{"$f":"Inputs!$X$37*Inputs!$X$32*(E1126-Inputs!$X$26)","v":-68930.745815703893},{"$f":"Inputs!$X$33*C1126*Inputs!$X$38","v":0},{"$f":"params!$C$15*Inputs!$X$29*(E1126-Inputs!$X$26)","v":-7161.2197499999984},{"$f":"Inputs!$X$40*Inputs!$X$41/8760","v":5342.4657534246571},{"$f":"-Inputs!$X$45*Inputs!$X$33","v":-30000},655.14373774848059,4.0477489204243187E-3,2.9143792227055093E-3,{"$f":"-L1126/(1.202*2465560*MAX(0,(Inputs!$X$49-O1126)))","v":1.2522177584635092},{"$f":"params!$C$15*P1126*(E1126-Inputs!$X$26)","v":-30401.402097742503},-131150.90191002176]
["2002-02-16","22:00:00",0,10,0,-3,78,{"$f":"Inputs!$X$37*Inputs!$X$32*(E1127-Inputs!$X$26)","v":-72358.241463998565},{"$f":"Inputs!$X$33*C1127*Inputs!$X$38","v":0},{"$f":"params!$C$15*Inputs!$X$29*(E1127-Inputs!$X$26)","v":-7517.302499999998},{"$f":"Inputs!$X$40*Inputs!$X$41/8760","v":5342.4657534246571},{"$f":"-Inputs!$X$45*Inputs!$X$33","v":-30000},609.41773586642103,3.7635253138895938E-3,2.9355497448338829E-3,{"$f":"-L1127/(1.202*2465560*MAX(0,(Inputs!$X$49-O1127)))","v":1.2555057365744386},{"$f":"params!$C$15*P1127*(E1127-Inputs!$X$26)","v":-31996.868946815372},-136529.94715738928]
["2002-02-16","23:00:00",0,10,1,-3,72,{"$f":"Inputs!$X$37*Inputs!$X$32*(E1128-Inputs!$X$26)","v":-68930.745815703893},{"$f":"Inputs!$X$33*C1128*Inputs!$X$38","v":0},{"$f":"params!$C$15*Inputs!$X$29*(E1128-Inputs!$X$26)","v":-7161.2197499999984},{"$f":"Inputs!$X$40*Inputs!$X$41/8760","v":5342.4657534246571},{"$f":"-Inputs!$X$45*Inputs!$X$33","v":-30000},655.14373774848059,4.0477489204243187E-3,2.9143792227055093E-3,{"$f":"-L1128/(1.202*2465560*MAX(0,(Inputs!$X$49-O1128)))","v":1.2522177584635092},{"$f":"params!$C$15*P1128*(E1128-Inputs!$X$26)","v":-30401.402097742503},-131150.90191002176]
["2002-02-16",1,0,9,3,-1,74,{"$f":"Inputs!$X$37*Inputs!$X$32*(E1129-Inputs!$X$26)","v":-62075.754519114555},{"$f":"Inputs!$X$33*C1129*Inputs!$X$38","v":0},{"$f":"params!$C$15*Inputs!$X$29*(E1129-Inputs!$X$26)","v":-6449.0542499999983},{"$f":"Inputs!$X$40*Inputs!$X$41/8760","v":5342.4657534246571},{"$f":"-Inputs!$X$45*Inputs!$X$33","v":-30000},755.80495631325812,4.6743495015895585E-3,3.4590186311762735E-3,{"$f":"-L1129/(1.202*2465560*MAX(0,(Inputs!$X$49-O1129)))","v":1.3426784108228573},{"$f":"params!$C$15*P1129*(E1129-Inputs!$X$26)","v":-29355.858822712878},-122538.20183840278]
["2002-02-17","01:00:00",0,10,3,-3,63,{"$f":"Inputs!$X$37*Inputs!$X$32*(E1130-Inputs!$X$26)","v":-62075.754519114555},{"$f":"Inputs!$X$33*C1130*Inputs!$X$38","v":0},{"$f":"params!$C$15*Inputs!$X$29*(E1130-Inputs!$X$26)","v":-6449.0542499999983},{"$f":"Inputs!$X$40*Inputs!$X$41/8760","v":5342.4657534246571},{"$f":"-Inputs!$X$45*Inputs!$X$33","v":-30000},755.80495631325812,4.6743495015895585E-3,2.9448401860014215E-3,{"$f":"-L1130/(1.202*2465560*MAX(0,(Inputs!$X$49-O1130)))","v":1.2569540856331531},{"$f":"params!$C$15*P1130*(E1130-Inputs!$X$26)","v":-27481.611670411494},-120663.9546861014]
["2002-02-17","02:00:00",0,10,2,-3,67,{"$f":"Inputs!$X$37*Inputs!$X$32*(E1131-Inputs!$X$26)","v":-65503.25016740922},{"$f":"Inputs!$X$33*C1131*Inputs!$X$38","v":0},{"$f":"params!$C$15*Inputs!$X$29*(E1131-Inputs!$X$26)","v":-6805.1369999999979},{"$f":"Inputs!$X$40*Inputs!$X$41/8760","v":5342.4657534246571},{"$f":"-Inputs!$X$45*Inputs!$X$33","v":-30000},703.88301618186097,4.3509868656616182E-3,2.915161199993284E-3,{"$f":"-L1131/(1.202*2465560*MAX(0,(Inputs!$X$49-O1131)))","v":1.2523389004406291},{"$f":"params!$C$15*P1131*(E1131-Inputs!$X$26)","v":-28892.525018816184},-125858.44643280076]
["2002-02-17","03:00:00",0,10,2,-3,67,{"$f":"Inputs!$X$37*Inputs!$X$32*(E1132-Inputs!$X$26)","v":-65503.25016740922},{"$f":"Inputs!$X$33*C1132*Inputs!$X$38","v":0},{"$f":"params!$C$15*Inputs!$X$29*(E1132-Inputs!$X$26)","v":-6805.1369999999979},{"$f":"Inputs!$X$40*Inputs!$X$41/8760","v":5342.4657534246571},{"$f":"-Inputs!$X$45*Inputs!$X$33","v":-30000},703.88301618186097,4.3509868656616182E-3,2.915161199993284E-3,{"$f":"-L1132/(1.202*2465560*MAX(0,(Inputs!$X$49-O1132)))","v":1.2523389004406291},{"$f":"params!$C$15*P1132*(E1132-Inputs!$X$26)","v":-28892.525018816184},-125858.44643280076]
["2002-02-17","04:00:00",0,10,2,-4,62,{"$f":"Inputs!$X$37*Inputs!$X$32*(E1133-Inputs!$X$26)","v":-65503.25016740922},{"$f":"Inputs!$X$33*C1133*Inputs!$X$38","v":0},{"$f":"params!$C$15*Inputs!$X$29*(E1133-Inputs!$X$26)","v":-6805.1369999999979},{"$f":"Inputs!$X$40*Inputs!$X$41/8760","v":5342.4657534246571},{"$f":"-Inputs!$X$45*Inputs!$X$33","v":-30000},703.88301618186097,4.3509868656616182E-3,2.6976118567102031E-3,{"$f":"-L1133/(1.202*2465560*MAX(0,(Inputs!$X$49-O1133)))","v":1.2195168107793628},{"$f":"params!$C$15*P1133*(E1133-Inputs!$X$26)","v":-28135.291456579715},-125101.21287056428]
["2002-02-17","05:00:00",0,8,1,-5,61,{"$f":"Inputs!$X$37*Inputs!$X$32*(E1134-Inputs!$X$26)","v":-68930.745815703893},{"$f":"Inputs!$X$33*C1134*Inputs!$X$38","v":0},{"$f":"params!$C$15*Inputs!$X$29*(E1134-Inputs!$X$26)","v":-7161.2197499999984},{"$f":"Inputs!$X$40*Inputs!$X$41/8760","v":5342.4657534246571},{"$f":"-Inputs!$X$45*Inputs!$X$33","v":-30000},655.14373774848059,4.0477489204243187E-3,2.4691268414588343E-3,{"$f":"-L1134/(1.202*2465560*MAX(0,(Inputs!$X$49-O1134)))","v":1.18684755491109},{"$f":"params!$C$15*P1134*(E1134-Inputs!$X$26)","v":-28814.341197211208},-129563.84100949045]
["2002-02-17","06:00:00",0,3,-1,-6,66,{"$f":"Inputs!$X$37*Inputs!$X$32*(E1135-Inputs!$X$26)","v":-75785.737112293224},{"$f":"Inputs!$X$33*C1135*Inputs!$X$38","v":0},{"$f":"params!$C$15*Inputs!$X$29*(E1135-Inputs!$X$26)","v":-7873.3852499999985},{"$f":"Inputs!$X$40*Inputs!$X$41/8760","v":5342.4657534246571},{"$f":"-Inputs!$X$45*Inputs!$X$33","v":-30000},566.54310372490409,3.4972595900071069E-3,2.3081913294046904E-3,{"$f":"-L1135/(1.202*2465560*MAX(0,(Inputs!$X$49-O1135)))","v":1.1648678293502162},{"$f":"params!$C$15*P1135*(E1135-Inputs!$X$26)","v":-31093.163310793509},-139409.81991966208]
["2002-02-17","07:00:00",0,0,-2,-5,78,{"$f":"Inputs!$X$37*Inputs!$X$32*(E1136-Inputs!$X$26)","v":-79213.232760587896},{"$f":"Inputs!$X$33*C1136*Inputs!$X$38","v":0},{"$f":"params!$C$15*Inputs!$X$29*(E1136-Inputs!$X$26)","v":-8229.4679999999971},{"$f":"Inputs!$X$40*Inputs!$X$41/8760","v":5342.4657534246571},{"$f":"-Inputs!$X$45*Inputs!$X$33","v":-30000},526.36516305985776,3.2479468065175691E-3,2.5333985090837041E-3,{"$f":"-L1136/(1.202*2465560*MAX(0,(Inputs!$X$49-O1136)))","v":1.1958589755842766},{"$f":"params!$C$15*P1136*(E1136-Inputs!$X$26)","v":-33364.02843236929},-145464.26343953254]
["2002-02-17","08:00:00",0,3,-1,-4,78,{"$f":"Inputs!$X$37*Inputs!$X$32*(E1137-Inputs!$X$26)","v":-75785.737112293224},{"$f":"Inputs!$X$33*C1137*Inputs!$X$38","v":0},{"$f":"params!$C$15*Inputs!$X$29*(E1137-Inputs!$X$26)","v":-7873.3852499999985},{"$f":"Inputs!$X$40*Inputs!$X$41/8760","v":5342.4657534246571},{"$f":"-Inputs!$X$45*Inputs!$X$33","v":-30000},566.54310372490409,3.4972595900071069E-3,2.7278624802055435E-3,{"$f":"-L1137/(1.202*2465560*MAX(0,(Inputs!$X$49-O1137)))","v":1.2239774214274959},{"$f":"params!$C$15*P1137*(E1137-Inputs!$X$26)","v":-32670.942483146875},-140987.59909201544]
["2002-02-17","09:00:00",220,5,1,-7,51,{"$f":"Inputs!$X$37*Inputs!$X$32*(E1138-Inputs!$X$26)","v":-68930.745815703893},{"$f":"Inputs!$X$33*C1138*Inputs!$X$38","v":42921.246016778299},{"$f":"params!$C$15*Inputs!$X$29*(E1138-Inputs!$X$26)","v":-7161.2197499999984},{"$f":"Inputs!$X$40*Inputs!$X$41/8760","v":5342.4657534246571},{"$f":"-Inputs!$X$45*Inputs!$X$33","v":-30000},655.14373774848059,4.0477489204243187E-3,2.0643519494164026E-3,{"$f":"-L1138/(1.202*2465560*MAX(0,(Inputs!$X$49-O1138)))","v":1.1330743759435142},{"$f":"params!$C$15*P1138*(E1138-Inputs!$X$26)","v":-27508.833409274197},-85337.087204775133]
["2002-02-17","10:00:00",379,3,1,-7,51,{"$f":"Inputs!$X$37*Inputs!$X$32*(E1139-Inputs!$X$26)","v":-68930.745815703893},{"$f":"Inputs!$X$33*C1139*Inputs!$X$38","v":73941.601092540805},{"$f":"params!$C$15*Inputs!$X$29*(E1139-Inputs!$X$26)","v":-7161.2197499999984},{"$f":"Inputs!$X$40*Inputs!$X$41/8760","v":5342.4657534246571},{"$f":"-Inputs!$X$45*Inputs!$X$33","v":-30000},655.14373774848059,4.0477489204243187E-3,2.0643519494164026E-3,{"$f":"-L1139/(1.202*2465560*MAX(0,(Inputs!$X$49-O1139)))","v":1.1330743759435142},{"$f":"params!$C$15*P1139*(E1139-Inputs!$X$26)","v":-27508.833409274197},-54316.732129012627]
["2002-02-17","11:00:00",415,8,0,-8,51,{"$f":"Inputs!$X$37*Inputs!$X$32*(E1140-Inputs!$X$26)","v":-72358.241463998565},{"$f":"Inputs!$X$33*C1140*Inputs!$X$38","v":80965.077713468156},{"$f":"params!$C$15*Inputs!$X$29*(E1140-Inputs!$X$26)","v":-7517.302499999998},{"$f":"Inputs!$X$40*Inputs!$X$41/8760","v":5342.4657534246571},{"$f":"-Inputs!$X$45*Inputs!$X$33","v":-30000},609.41773586642103,3.7635253138895938E-3,1.9193979100836929E-3,{"$f":"-L1140/(1.202*2465560*MAX(0,(Inputs!$X$49-O1140)))","v":1.1149836486339519},{"$f":"params!$C$15*P1140*(E1140-Inputs!$X$26)","v":-28415.62937061688},-51983.62986772263]
["2002-02-17","12:00:00",475,8,1,-7,51,{"$f":"Inputs!$X$37*Inputs!$X$32*(E1141-Inputs!$X$26)","v":-68930.745815703893},{"$f":"Inputs!$X$33*C1141*Inputs!$X$38","v":92670.872081680427},{"$f":"params!$C$15*Inputs!$X$29*(E1141-Inputs!$X$26)","v":-7161.2197499999984},{"$f":"Inputs!$X$40*Inputs!$X$41/8760","v":5342.4657534246571},{"$f":"-Inputs!$X$45*Inputs!$X$33","v":-30000},655.14373774848059,4.0477489204243187E-3,2.0643519494164026E-3,{"$f":"-L1141/(1.202*2465560*MAX(0,(Inputs!$X$49-O1141)))","v":1.1330743759435142},{"$f":"params!$C$15*P1141*(E1141-Inputs!$X$26)","v":-27508.833409274197},-35587.461139873005]
["2002-02-17","13:00:00",492,10,0,-9,46,{"$f":"Inputs!$X$37*Inputs!$X$32*(E1142-Inputs!$X$26)","v":-72358.241463998565},{"$f":"Inputs!$X$33*C1142*Inputs!$X$38","v":95987.513819340573},{"$f":"params!$C$15*Inputs!$X$29*(E1142-Inputs!$X$26)","v":-7517.302499999998},{"$f":"Inputs!$X$40*Inputs!$X$41/8760","v":5342.4657534246571},{"$f":"-Inputs!$X$45*Inputs!$X$33","v":-30000},609.41773586642103,3.7635253138895938E-3,1.731221644389213E-3,{"$f":"-L1142/(1.202*2465560*MAX(0,(Inputs!$X$49-O1142)))","v":1.0923428826324955},{"$f":"params!$C$15*P1142*(E1142-Inputs!$X$26)","v":-27838.623944436444},-36384.18833566978]
["2002-02-17","14:00:00",274,10,-1,-6,66,{"$f":"Inputs!$X$37*Inputs!$X$32*(E1143-Inputs!$X$26)","v":-75785.737112293224},{"$f":"Inputs!$X$33*C1143*Inputs!$X$38","v":53456.460948169348},{"$f":"params!$C$15*Inputs!$X$29*(E1143-Inputs!$X$26)","v":-7873.3852499999985},{"$f":"Inputs!$X$40*Inputs!$X$41/8760","v":5342.4657534246571},{"$f":"-Inputs!$X$45*Inputs!$X$33","v":-30000},566.54310372490409,3.4972595900071069E-3,2.3081913294046904E-3,{"$f":"-L1143/(1.202*2465560*MAX(0,(Inputs!$X$49-O1143)))","v":1.1648678293502162},{"$f":"params!$C$15*P1143*(E1143-Inputs!$X$26)","v":-31093.163310793509},-85953.358971492722]
["2002-02-17","15:00:00",113,10,-2,-9,55,{"$f":"Inputs!$X$37*Inputs!$X$32*(E1144-Inputs!$X$26)","v":-79213.232760587896},{"$f":"Inputs!$X$33*C1144*Inputs!$X$38","v":22045.912726799765},{"$f":"params!$C$15*Inputs!$X$29*(E1144-Inputs!$X$26)","v":-8229.4679999999971},{"$f":"Inputs!$X$40*Inputs!$X$41/8760","v":5342.4657534246571},{"$f":"-Inputs!$X$45*Inputs!$X$33","v":-30000},526.36516305985776,3.2479468065175691E-3,1.7863707435846628E-3,{"$f":"-L1144/(1.202*2465560*MAX(0,(Inputs!$X$49-O1144)))","v":1.0988824259807806},{"$f":"params!$C$15*P1144*(E1144-Inputs!$X$26)","v":-30658.418135249358},-120712.74041561283]
["2002-02-17","16:00:00",133,10,-3,-8,65,{"$f":"Inputs!$X$37*Inputs!$X$32*(E1145-Inputs!$X$26)","v":-82640.728408882569},{"$f":"Inputs!$X$33*C1145*Inputs!$X$38","v":25947.844182870518},{"$f":"params!$C$15*Inputs!$X$29*(E1145-Inputs!$X$26)","v":-8585.5507499999985},{"$f":"Inputs!$X$40*Inputs!$X$41/8760","v":5342.4657534246571},{"$f":"-Inputs!$X$45*Inputs!$X$33","v":-30000},488.73621912146871,3.0146312662847319E-3,1.9595103230850759E-3,{"$f":"-L1145/(1.202*2465560*MAX(0,(Inputs!$X$49-O1145)))","v":1.1199317390634185},{"$f":"params!$C$15*P1145*(E1145-Inputs!$X$26)","v":-32597.663088618661},-122533.63231120605]
["2002-02-17","17:00:00",159,10,-3,-9,60,{"$f":"Inputs!$X$37*Inputs!$X$32*(E1146-Inputs!$X$26)","v":-82640.728408882569},{"$f":"Inputs!$X$33*C1146*Inputs!$X$38","v":31020.355075762502},{"$f":"params!$C$15*Inputs!$X$29*(E1146-Inputs!$X$26)","v":-8585.5507499999985},{"$f":"Inputs!$X$40*Inputs!$X$41/8760","v":5342.4657534246571},{"$f":"-Inputs!$X$45*Inputs!$X$33","v":-30000},488.73621912146871,3.0146312662847319E-3,1.8087787597708392E-3,{"$f":"-L1146/(1.202*2465560*MAX(0,(Inputs!$X$49-O1146)))","v":1.1015619790555802},{"$f":"params!$C$15*P1146*(E1146-Inputs!$X$26)","v":-32062.977601220053},-116926.43593091544]
["2002-02-17","18:00:00",7,10,-4,-9,65,{"$f":"Inputs!$X$37*Inputs!$X$32*(E1147-Inputs!$X$26)","v":-86068.224057177227},{"$f":"Inputs!$X$33*C1147*Inputs!$X$38","v":1365.6760096247642},{"$f":"params!$C$15*Inputs!$X$29*(E1147-Inputs!$X$26)","v":-8941.6334999999981},{"$f":"Inputs!$X$40*Inputs!$X$41/8760","v":5342.4657534246571},{"$f":"-Inputs!$X$45*Inputs!$X$33","v":-30000},453.51532044328405,2.7964043545646504E-3,1.8176628304670229E-3,{"$f":"-L1147/(1.202*2465560*MAX(0,(Inputs!$X$49-O1147)))","v":1.1026279582599223},{"$f":"params!$C$15*P1147*(E1147-Inputs!$X$26)","v":-33425.092636912763},-151726.80843104058]
["2002-02-17","19:00:00",0,10,-4,-8,71,{"$f":"Inputs!$X$37*Inputs!$X$32*(E1148-Inputs!$X$26)","v":-86068.224057177227},{"$f":"Inputs!$X$33*C1148*Inputs!$X$38","v":0},{"$f":"params!$C$15*Inputs!$X$29*(E1148-Inputs!$X$26)","v":-8941.6334999999981},{"$f":"Inputs!$X$40*Inputs!$X$41/8760","v":5342.4657534246571},{"$f":"-Inputs!$X$45*Inputs!$X$33","v":-30000},453.51532044328405,2.7964043545646504E-3,1.9854470917409018E-3,{"$f":"-L1148/(1.202*2465560*MAX(0,(Inputs!$X$49-O1148)))","v":1.1231546311339784},{"$f":"params!$C$15*P1148*(E1148-Inputs!$X$26)","v":-34047.338732890312},-153714.73053664289]
["2002-02-17","20:00:00",0,10,-4,-7,77,{"$f":"Inputs!$X$37*Inputs!$X$32*(E1149-Inputs!$X$26)","v":-86068.224057177227},{"$f":"Inputs!$X$33*C1149*Inputs!$X$38","v":0},{"$f":"params!$C$15*Inputs!$X$29*(E1149-Inputs!$X$26)","v":-8941.6334999999981},{"$f":"Inputs!$X$40*Inputs!$X$41/8760","v":5342.4657534246571},{"$f":"-Inputs!$X$45*Inputs!$X$33","v":-30000},453.51532044328405,2.7964043545646504E-3,2.1532313530147808E-3,{"$f":"-L1149/(1.202*2465560*MAX(0,(Inputs!$X$49-O1149)))","v":1.1444600560619673},{"$f":"params!$C$15*P1149*(E1149-Inputs!$X$26)","v":-34693.191938907912},-154360.58374266047]
["2002-02-17","21:00:00",0,10,-4,-8,71,{"$f":"Inputs!$X$37*Inputs!$X$32*(E1150-Inputs!$X$26)","v":-86068.224057177227},{"$f":"Inputs!$X$33*C1150*Inputs!$X$38","v":0},{"$f":"params!$C$15*Inputs!$X$29*(E1150-Inputs!$X$26)","v":-8941.6334999999981},{"$f":"Inputs!$X$40*Inputs!$X$41/8760","v":5342.4657534246571},{"$f":"-Inputs!$X$45*Inputs!$X$33","v":-30000},453.51532044328405,2.7964043545646504E-3,1.9854470917409018E-3,{"$f":"-L1150/(1.202*2465560*MAX(0,(Inputs!$X$49-O1150)))","v":1.1231546311339784},{"$f":"params!$C$15*P1150*(E1150-Inputs!$X$26)","v":-34047.338732890312},-153714.73053664289]
["2002-02-17","22:00:00",0,10,-4,-7,77,{"$f":"Inputs!$X$37*Inputs!$X$32*(E1151-Inputs!$X$26)","v":-86068.224057177227},{"$f":"Inputs!$X$33*C1151*Inputs!$X$38","v":0},{"$f":"params!$C$15*Inputs!$X$29*(E1151-Inputs!$X$26)","v":-8941.6334999999981},{"$f":"Inputs!$X$40*Inputs!$X$41/8760","v":5342.4657534246571},{"$f":"-Inputs!$X$45*Inputs!$X$33","v":-30000},453.51532044328405,2.7964043545646504E-3,2.1532313530147808E-3,{"$f":"-L1151/(1.202*2465560*MAX(0,(Inputs!$X$49-O1151)))","v":1.1444600560619673},{"$f":"params!$C$15*P1151*(E1151-Inputs!$X$26)","v":-34693.191938907912},-154360.58374266047]
["2002-02-17","23:00:00",0,10,-4,-8,71,{"$f":"Inputs!$X$37*Inputs!$X$32*(E1152-Inputs!$X$26)","v":-86068.224057177227},{"$f":"Inputs!$X$33*C1152*Inputs!$X$38","v":0},{"$f":"params!$C$15*Inputs!$X$29*(E1152-Inputs!$X$26)","v":-8941.6334999999981},{"$f":"Inputs!$X$40*Inputs!$X$41/8760","v":5342.4657534246571},{"$f":"-Inputs!$X$45*Inputs!$X$33","v":-30000},453.51532044328405,2.7964043545646504E-3,1.9854470917409018E-3,{"$f":"-L1152/(1.202*2465560*MAX(0,(Inputs!$X$49-O1152)))","v":1.1231546311339784},{"$f":"params!$C$15*P1152*(E1152-Inputs!$X$26)","v":-34047.338732890312},-153714.73053664289]
["2002-02-17",1,0,10,-4,-8,71,{"$f":"Inputs!$X$37*Inputs!$X$32*(E1153-Inputs!$X$26)","v":-86068.224057177227},{"$f":"Inputs!$X$33*C1153*Inputs!$X$38","v":0},{"$f":"params!$C$15*Inputs!$X$29*(E1153-Inputs!$X$26)","v":-8941.6334999999981},{"$f":"Inputs!$X$40*Inputs!$X$41/8760","v":5342.4657534246571},{"$f":"-Inputs!$X$45*Inputs!$X$33","v":-30000},453.51532044328405,2.7964043545646504E-3,1.9854470917409018E-3,{"$f":"-L1153/(1.202*2465560*MAX(0,(Inputs!$X$49-O1153)))","v":1.1231546311339784},{"$f":"params!$C$15*P1153*(E1153-Inputs!$X$26)","v":-34047.338732890312},-153714.73053664289]
["2002-02-18","01:00:00",0,10,-4,-9,65,{"$f":"Inputs!$X$37*Inputs!$X$32*(E1154-Inputs!$X$26)","v":-86068.224057177227},{"$f":"Inputs!$X$33*C1154*Inputs!$X$38","v":0},{"$f":"params!$C$15*Inputs!$X$29*(E1154-Inputs!$X$26)","v":-8941.6334999999981},{"$f":"Inputs!$X$40*Inputs!$X$41/8760","v":5342.4657534246571},{"$f":"-Inputs!$X$45*Inputs!$X$33","v":-30000},453.51532044328405,2.7964043545646504E-3,1.8176628304670229E-3,{"$f":"-L1154/(1.202*2465560*MAX(0,(Inputs!$X$49-O1154)))","v":1.1026279582599223},{"$f":"params!$C$15*P1154*(E1154-Inputs!$X$26)","v":-33425.092636912763},-153092.48444066534]
["2002-02-18","02:00:00",0,10,-4,-9,65,{"$f":"Inputs!$X$37*Inputs!$X$32*(E1155-Inputs!$X$26)","v":-86068.224057177227},{"$f":"Inputs!$X$33*C1155*Inputs!$X$38","v":0},{"$f":"params!$C$15*Inputs!$X$29*(E1155-Inputs!$X$26)","v":-8941.6334999999981},{"$f":"Inputs!$X$40*Inputs!$X$41/8760","v":5342.4657534246571},{"$f":"-Inputs!$X$45*Inputs!$X$33","v":-30000},{"$f":"EXP(77.345+0.0057*(E1155+273.15)-7235/(E1155+273.15))/(E1155+273.15)^8.2","v":453.51532044328405},{"$f":"0.62198*M1155/(101325-M1155)","v":2.7964043545646504E-3},{"$f":"N1155*G1155/100","v":1.8176628304670229E-3},{"$f":"-L1155/(1.202*2465560*MAX(0,(Inputs!$X$49-O1155)))","v":1.1026279582599223},{"$f":"params!$C$15*P1155*(E1155-Inputs!$X$26)","v":-33425.092636912763},{"$f":"H1155+I1155+J1155+K1155+L1155+Q1155","v":-153092.48444066534}]
["2002-02-18","03:00:00",0,5,-5,-10,65,{"$f":"Inputs!$X$37*Inputs!$X$32*(E1156-Inputs!$X$26)","v":-89495.7197054719},{"$f":"Inputs!$X$33*C1156*Inputs!$X$38","v":0},{"$f":"params!$C$15*Inputs!$X$29*(E1156-Inputs!$X$26)","v":-9297.7162499999977},{"$f":"Inputs!$X$40*Inputs!$X$41/8760","v":5342.4657534246571},{"$f":"-Inputs!$X$45*Inputs!$X$33","v":-30000},420.56802345265027,2.5924024753231664E-3,1.6850616089600582E-3,{"$f":"-L1156/(1.202*2465560*MAX(0,(Inputs!$X$49-O1156)))","v":1.086928798489869},{"$f":"params!$C$15*P1156*(E1156-Inputs!$X$26)","v":-34261.323700151101},-157712.29390219835]
["2002-02-18","04:00:00",0,0,-6,-10,70,{"$f":"Inputs!$X$37*Inputs!$X$32*(E1157-Inputs!$X$26)","v":-92923.215353766573},{"$f":"Inputs!$X$33*C1157*Inputs!$X$38","v":0},{"$f":"params!$C$15*Inputs!$X$29*(E1157-Inputs!$X$26)","v":-9653.7989999999972},{"$f":"Inputs!$X$40*Inputs!$X$41/8760","v":5342.4657534246571},{"$f":"-Inputs!$X$45*Inputs!$X$33","v":-30000},389.76616195693094,2.4018050803048703E-3,1.6812635562134092E-3,{"$f":"-L1157/(1.202*2465560*MAX(0,(Inputs!$X$49-O1157)))","v":1.0864857156842487},{"$f":"params!$C$15*P1157*(E1157-Inputs!$X$26)","v":-35558.958102387456},-162793.50670272938]
["2002-02-18","05:00:00",0,4,-8,-10,84,{"$f":"Inputs!$X$37*Inputs!$X$32*(E1158-Inputs!$X$26)","v":-99778.206650355904},{"$f":"Inputs!$X$33*C1158*Inputs!$X$38","v":0},{"$f":"params!$C$15*Inputs!$X$29*(E1158-Inputs!$X$26)","v":-10365.964499999998},{"$f":"Inputs!$X$40*Inputs!$X$41/8760","v":5342.4657534246571},{"$f":"-Inputs!$X$45*Inputs!$X$33","v":-30000},334.1161188582924,2.0577455669371189E-3,1.7285062762271799E-3,{"$f":"-L1158/(1.202*2465560*MAX(0,(Inputs!$X$49-O1158)))","v":1.0920229060161399},{"$f":"params!$C$15*P1158*(E1158-Inputs!$X$26)","v":-38376.752351547941},-173178.45774847921]
["2002-02-18","06:00:00",0,2,-9,-12,77,{"$f":"Inputs!$X$37*Inputs!$X$32*(E1159-Inputs!$X$26)","v":-103205.70229865058},{"$f":"Inputs!$X$33*C1159*Inputs!$X$38","v":0},{"$f":"params!$C$15*Inputs!$X$29*(E1159-Inputs!$X$26)","v":-10722.047249999998},{"$f":"Inputs!$X$40*Inputs!$X$41/8760","v":5342.4657534246571},{"$f":"-Inputs!$X$45*Inputs!$X$33","v":-30000},309.04098596033037,1.902841039413297E-3,1.4651876003482387E-3,{"$f":"-L1159/(1.202*2465560*MAX(0,(Inputs!$X$49-O1159)))","v":1.0618595759011065},{"$f":"params!$C$15*P1159*(E1159-Inputs!$X$26)","v":-38598.600547008595},-177183.88434223452]
["2002-02-18","07:00:00",0,4,-9,-11,84,{"$f":"Inputs!$X$37*Inputs!$X$32*(E1160-Inputs!$X$26)","v":-103205.70229865058},{"$f":"Inputs!$X$33*C1160*Inputs!$X$38","v":0},{"$f":"params!$C$15*Inputs!$X$29*(E1160-Inputs!$X$26)","v":-10722.047249999998},{"$f":"Inputs!$X$40*Inputs!$X$41/8760","v":5342.4657534246571},{"$f":"-Inputs!$X$45*Inputs!$X$33","v":-30000},309.04098596033037,1.902841039413297E-3,1.5983864731071696E-3,{"$f":"-L1160/(1.202*2465560*MAX(0,(Inputs!$X$49-O1160)))","v":1.0769063838348762},{"$f":"params!$C$15*P1160*(E1160-Inputs!$X$26)","v":-39145.552085728094},-177730.83588095402]
["2002-02-18","08:00:00",0,0,-8,-10,84,{"$f":"Inputs!$X$37*Inputs!$X$32*(E1161-Inputs!$X$26)","v":-99778.206650355904},{"$f":"Inputs!$X$33*C1161*Inputs!$X$38","v":0},{"$f":"params!$C$15*Inputs!$X$29*(E1161-Inputs!$X$26)","v":-10365.964499999998},{"$f":"Inputs!$X$40*Inputs!$X$41/8760","v":5342.4657534246571},{"$f":"-Inputs!$X$45*Inputs!$X$33","v":-30000},334.1161188582924,2.0577455669371189E-3,1.7285062762271799E-3,{"$f":"-L1161/(1.202*2465560*MAX(0,(Inputs!$X$49-O1161)))","v":1.0920229060161399},{"$f":"params!$C$15*P1161*(E1161-Inputs!$X$26)","v":-38376.752351547941},-173178.45774847921]
["2002-02-18","09:00:00",227,3,-6,-9,77,{"$f":"Inputs!$X$37*Inputs!$X$32*(E1162-Inputs!$X$26)","v":-92923.215353766573},{"$f":"Inputs!$X$33*C1162*Inputs!$X$38","v":44286.922026403066},{"$f":"params!$C$15*Inputs!$X$29*(E1162-Inputs!$X$26)","v":-9653.7989999999972},{"$f":"Inputs!$X$40*Inputs!$X$41/8760","v":5342.4657534246571},{"$f":"-Inputs!$X$45*Inputs!$X$33","v":-30000},389.76616195693094,2.4018050803048703E-3,1.8493899118347502E-3,{"$f":"-L1162/(1.202*2465560*MAX(0,(Inputs!$X$49-O1162)))","v":1.1064517160781135},{"$f":"params!$C$15*P1162*(E1162-Inputs!$X$26)","v":-36212.413698930271},-119160.04027286911]
["2002-02-18","10:00:00",386,3,-4,-10,59,{"$f":"Inputs!$X$37*Inputs!$X$32*(E1163-Inputs!$X$26)","v":-86068.224057177227},{"$f":"Inputs!$X$33*C1163*Inputs!$X$38","v":75307.277102165564},{"$f":"params!$C$15*Inputs!$X$29*(E1163-Inputs!$X$26)","v":-8941.6334999999981},{"$f":"Inputs!$X$40*Inputs!$X$41/8760","v":5342.4657534246571},{"$f":"-Inputs!$X$45*Inputs!$X$33","v":-30000},453.51532044328405,2.7964043545646504E-3,1.6498785691931436E-3,{"$f":"-L1163/(1.202*2465560*MAX(0,(Inputs!$X$49-O1163)))","v":1.0828381065576416},{"$f":"params!$C$15*P1163*(E1163-Inputs!$X$26)","v":-32825.182557121763},-77185.297258708772]
["2002-02-18","11:00:00",511,0,-2,-10,50,{"$f":"Inputs!$X$37*Inputs!$X$32*(E1164-Inputs!$X$26)","v":-79213.232760587896},{"$f":"Inputs!$X$33*C1164*Inputs!$X$38","v":99694.348702607793},{"$f":"params!$C$15*Inputs!$X$29*(E1164-Inputs!$X$26)","v":-8229.4679999999971},{"$f":"Inputs!$X$40*Inputs!$X$41/8760","v":5342.4657534246571},{"$f":"-Inputs!$X$45*Inputs!$X$33","v":-30000},526.36516305985776,3.2479468065175691E-3,1.6239734032587846E-3,{"$f":"-L1164/(1.202*2465560*MAX(0,(Inputs!$X$49-O1164)))","v":1.0798457700629183},{"$f":"params!$C$15*P1164*(E1164-Inputs!$X$26)","v":-30127.302391446483},-42533.188696001926]
["2002-02-18","12:00:00",598,0,-1,-9,50,{"$f":"Inputs!$X$37*Inputs!$X$32*(E1165-Inputs!$X$26)","v":-75785.737112293224},{"$f":"Inputs!$X$33*C1165*Inputs!$X$38","v":116667.75053651555},{"$f":"params!$C$15*Inputs!$X$29*(E1165-Inputs!$X$26)","v":-7873.3852499999985},{"$f":"Inputs!$X$40*Inputs!$X$41/8760","v":5342.4657534246571},{"$f":"-Inputs!$X$45*Inputs!$X$33","v":-30000},566.54310372490409,3.4972595900071069E-3,1.7486297950035535E-3,{"$f":"-L1165/(1.202*2465560*MAX(0,(Inputs!$X$49-O1165)))","v":1.0943987068543486},{"$f":"params!$C$15*P1165*(E1165-Inputs!$X$26)","v":-29212.170567303838},-20861.076639656851]
["2002-02-18","13:00:00",618,0,1,-9,43,{"$f":"Inputs!$X$37*Inputs!$X$32*(E1166-Inputs!$X$26)","v":-68930.745815703893},{"$f":"Inputs!$X$33*C1166*Inputs!$X$38","v":120569.68199258632},{"$f":"params!$C$15*Inputs!$X$29*(E1166-Inputs!$X$26)","v":-7161.2197499999984},{"$f":"Inputs!$X$40*Inputs!$X$41/8760","v":5342.4657534246571},{"$f":"-Inputs!$X$45*Inputs!$X$33","v":-30000},655.14373774848059,4.0477489204243187E-3,1.740532035782457E-3,{"$f":"-L1166/(1.202*2465560*MAX(0,(Inputs!$X$49-O1166)))","v":1.0934414361976028},{"$f":"params!$C$15*P1166*(E1166-Inputs!$X$26)","v":-26546.623019437942},-6726.4408391308498]
["2002-02-18","14:00:00",578,0,2,-10,37,{"$f":"Inputs!$X$37*Inputs!$X$32*(E1167-Inputs!$X$26)","v":-65503.25016740922},{"$f":"Inputs!$X$33*C1167*Inputs!$X$38","v":112765.81908044481},{"$f":"params!$C$15*Inputs!$X$29*(E1167-Inputs!$X$26)","v":-6805.1369999999979},{"$f":"Inputs!$X$40*Inputs!$X$41/8760","v":5342.4657534246571},{"$f":"-Inputs!$X$45*Inputs!$X$33","v":-30000},703.88301618186097,4.3509868656616182E-3,1.6098651402947986E-3,{"$f":"-L1167/(1.202*2465560*MAX(0,(Inputs!$X$49-O1167)))","v":1.0782230534620565},{"$f":"params!$C$15*P1167*(E1167-Inputs!$X$26)","v":-24875.524138917965},-9075.6264724577122]
["2002-02-18","15:00:00",479,0,3,-11,31,{"$f":"Inputs!$X$37*Inputs!$X$32*(E1168-Inputs!$X$26)","v":-62075.754519114555},{"$f":"Inputs!$X$33*C1168*Inputs!$X$38","v":93451.258372894576},{"$f":"params!$C$15*Inputs!$X$29*(E1168-Inputs!$X$26)","v":-6449.0542499999983},{"$f":"Inputs!$X$40*Inputs!$X$41/8760","v":5342.4657534246571},{"$f":"-Inputs!$X$45*Inputs!$X$33","v":-30000},755.80495631325812,4.6743495015895585E-3,1.449048345492763E-3,{"$f":"-L1168/(1.202*2465560*MAX(0,(Inputs!$X$49-O1168)))","v":1.0600649174104011},{"$f":"params!$C$15*P1168*(E1168-Inputs!$X$26)","v":-23176.894636549081},-22907.979279344399]
["2002-02-18","16:00:00",335,0,3,-10,34,{"$f":"Inputs!$X$37*Inputs!$X$32*(E1169-Inputs!$X$26)","v":-62075.754519114555},{"$f":"Inputs!$X$33*C1169*Inputs!$X$38","v":65357.351889185149},{"$f":"params!$C$15*Inputs!$X$29*(E1169-Inputs!$X$26)","v":-6449.0542499999983},{"$f":"Inputs!$X$40*Inputs!$X$41/8760","v":5342.4657534246571},{"$f":"-Inputs!$X$45*Inputs!$X$33","v":-30000},755.80495631325812,4.6743495015895585E-3,1.5892788305404497E-3,{"$f":"-L1169/(1.202*2465560*MAX(0,(Inputs!$X$49-O1169)))","v":1.0758639702036303},{"$f":"params!$C$15*P1169*(E1169-Inputs!$X$26)","v":-23522.319691120701},-51347.310817625446]
["2002-02-18","17:00:00",165,0,3,-10,34,{"$f":"Inputs!$X$37*Inputs!$X$32*(E1170-Inputs!$X$26)","v":-62075.754519114555},{"$f":"Inputs!$X$33*C1170*Inputs!$X$38","v":32190.934512583728},{"$f":"params!$C$15*Inputs!$X$29*(E1170-Inputs!$X$26)","v":-6449.0542499999983},{"$f":"Inputs!$X$40*Inputs!$X$41/8760","v":5342.4657534246571},{"$f":"-Inputs!$X$45*Inputs!$X$33","v":-30000},755.80495631325812,4.6743495015895585E-3,1.5892788305404497E-3,{"$f":"-L1170/(1.202*2465560*MAX(0,(Inputs!$X$49-O1170)))","v":1.0758639702036303},{"$f":"params!$C$15*P1170*(E1170-Inputs!$X$26)","v":-23522.319691120701},-84513.728194226875]
["2002-02-18","18:00:00",12,0,-1,-9,50,{"$f":"Inputs!$X$37*Inputs!$X$32*(E1171-Inputs!$X$26)","v":-75785.737112293224},{"$f":"Inputs!$X$33*C1171*Inputs!$X$38","v":2341.1588736424528},{"$f":"params!$C$15*Inputs!$X$29*(E1171-Inputs!$X$26)","v":-7873.3852499999985},{"$f":"Inputs!$X$40*Inputs!$X$41/8760","v":5342.4657534246571},{"$f":"-Inputs!$X$45*Inputs!$X$33","v":-30000},566.54310372490409,3.4972595900071069E-3,1.7486297950035535E-3,{"$f":"-L1171/(1.202*2465560*MAX(0,(Inputs!$X$49-O1171)))","v":1.0943987068543486},{"$f":"params!$C$15*P1171*(E1171-Inputs!$X$26)","v":-29212.170567303838},-135187.66830252996]
["2002-02-18","19:00:00",0,0,-3,-8,65,{"$f":"Inputs!$X$37*Inputs!$X$32*(E1172-Inputs!$X$26)","v":-82640.728408882569},{"$f":"Inputs!$X$33*C1172*Inputs!$X$38","v":0},{"$f":"params!$C$15*Inputs!$X$29*(E1172-Inputs!$X$26)","v":-8585.5507499999985},{"$f":"Inputs!$X$40*Inputs!$X$41/8760","v":5342.4657534246571},{"$f":"-Inputs!$X$45*Inputs!$X$33","v":-30000},488.73621912146871,3.0146312662847319E-3,1.9595103230850759E-3,{"$f":"-L1172/(1.202*2465560*MAX(0,(Inputs!$X$49-O1172)))","v":1.1199317390634185},{"$f":"params!$C$15*P1172*(E1172-Inputs!$X$26)","v":-32597.663088618661},-148481.47649407657]
["2002-02-18","20:00:00",0,0,-4,-7,77,{"$f":"Inputs!$X$37*Inputs!$X$32*(E1173-Inputs!$X$26)","v":-86068.224057177227},{"$f":"Inputs!$X$33*C1173*Inputs!$X$38","v":0},{"$f":"params!$C$15*Inputs!$X$29*(E1173-Inputs!$X$26)","v":-8941.6334999999981},{"$f":"Inputs!$X$40*Inputs!$X$41/8760","v":5342.4657534246571},{"$f":"-Inputs!$X$45*Inputs!$X$33","v":-30000},453.51532044328405,2.7964043545646504E-3,2.1532313530147808E-3,{"$f":"-L1173/(1.202*2465560*MAX(0,(Inputs!$X$49-O1173)))","v":1.1444600560619673},{"$f":"params!$C$15*P1173*(E1173-Inputs!$X$26)","v":-34693.191938907912},-154360.58374266047]
["2002-02-18","21:00:00",0,0,-5,-7,84,{"$f":"Inputs!$X$37*Inputs!$X$32*(E1174-Inputs!$X$26)","v":-89495.7197054719},{"$f":"Inputs!$X$33*C1174*Inputs!$X$38","v":0},{"$f":"params!$C$15*Inputs!$X$29*(E1174-Inputs!$X$26)","v":-9297.7162499999977},{"$f":"Inputs!$X$40*Inputs!$X$41/8760","v":5342.4657534246571},{"$f":"-Inputs!$X$45*Inputs!$X$33","v":-30000},420.56802345265027,2.5924024753231664E-3,2.1776180792714597E-3,{"$f":"-L1174/(1.202*2465560*MAX(0,(Inputs!$X$49-O1174)))","v":1.1476241736815775},{"$f":"params!$C$15*P1174*(E1174-Inputs!$X$26)","v":-36174.51608168926},-159625.48628373651]
["2002-02-18","22:00:00",0,0,-6,-8,84,{"$f":"Inputs!$X$37*Inputs!$X$32*(E1175-Inputs!$X$26)","v":-92923.215353766573},{"$f":"Inputs!$X$33*C1175*Inputs!$X$38","v":0},{"$f":"params!$C$15*Inputs!$X$29*(E1175-Inputs!$X$26)","v":-9653.7989999999972},{"$f":"Inputs!$X$40*Inputs!$X$41/8760","v":5342.4657534246571},{"$f":"-Inputs!$X$45*Inputs!$X$33","v":-30000},389.76616195693094,2.4018050803048703E-3,2.0175162674560907E-3,{"$f":"-L1175/(1.202*2465560*MAX(0,(Inputs!$X$49-O1175)))","v":1.1271652716573397},{"$f":"params!$C$15*P1175*(E1175-Inputs!$X$26)","v":-36890.335593678152},-164124.88419402007]
["2002-02-18","23:00:00",0,0,-6,-8,84,{"$f":"Inputs!$X$37*Inputs!$X$32*(E1176-Inputs!$X$26)","v":-92923.215353766573},{"$f":"Inputs!$X$33*C1176*Inputs!$X$38","v":0},{"$f":"params!$C$15*Inputs!$X$29*(E1176-Inputs!$X$26)","v":-9653.7989999999972},{"$f":"Inputs!$X$40*Inputs!$X$41/8760","v":5342.4657534246571},{"$f":"-Inputs!$X$45*Inputs!$X$33","v":-30000},389.76616195693094,2.4018050803048703E-3,2.0175162674560907E-3,{"$f":"-L1176/(1.202*2465560*MAX(0,(Inputs!$X$49-O1176)))","v":1.1271652716573397},{"$f":"params!$C$15*P1176*(E1176-Inputs!$X$26)","v":-36890.335593678152},-164124.88419402007]
["2002-02-18",1,0,0,-7,-8,92,{"$f":"Inputs!$X$37*Inputs!$X$32*(E1177-Inputs!$X$26)","v":-96350.711002061245},{"$f":"Inputs!$X$33*C1177*Inputs!$X$38","v":0},{"$f":"params!$C$15*Inputs!$X$29*(E1177-Inputs!$X$26)","v":-10009.881749999997},{"$f":"Inputs!$X$40*Inputs!$X$41/8760","v":5342.4657534246571},{"$f":"-Inputs!$X$45*Inputs!$X$33","v":-30000},360.98762153500678,2.2238327850987206E-3,2.0459261622908231E-3,{"$f":"-L1177/(1.202*2465560*MAX(0,(Inputs!$X$49-O1177)))","v":1.1307422774594986},{"$f":"params!$C$15*P1177*(E1177-Inputs!$X$26)","v":-38372.432578831038},-169390.55957746762]
["2002-02-19","01:00:00",0,0,-8,-9,92,{"$f":"Inputs!$X$37*Inputs!$X$32*(E1178-Inputs!$X$26)","v":-99778.206650355904},{"$f":"Inputs!$X$33*C1178*Inputs!$X$38","v":0},{"$f":"params!$C$15*Inputs!$X$29*(E1178-Inputs!$X$26)","v":-10365.964499999998},{"$f":"Inputs!$X$40*Inputs!$X$41/8760","v":5342.4657534246571},{"$f":"-Inputs!$X$45*Inputs!$X$33","v":-30000},334.1161188582924,2.0577455669371189E-3,1.8931259215821494E-3,{"$f":"-L1178/(1.202*2465560*MAX(0,(Inputs!$X$49-O1178)))","v":1.1117664801301264},{"$f":"params!$C$15*P1178*(E1178-Inputs!$X$26)","v":-39070.597004560834},-173872.30240149211]
["2002-02-19","02:00:00",0,0,-7,-9,84,{"$f":"Inputs!$X$37*Inputs!$X$32*(E1179-Inputs!$X$26)","v":-96350.711002061245},{"$f":"Inputs!$X$33*C1179*Inputs!$X$38","v":0},{"$f":"params!$C$15*Inputs!$X$29*(E1179-Inputs!$X$26)","v":-10009.881749999997},{"$f":"Inputs!$X$40*Inputs!$X$41/8760","v":5342.4657534246571},{"$f":"-Inputs!$X$45*Inputs!$X$33","v":-30000},360.98762153500678,2.2238327850987206E-3,1.8680195394829252E-3,{"$f":"-L1179/(1.202*2465560*MAX(0,(Inputs!$X$49-O1179)))","v":1.1087093480109445},{"$f":"params!$C$15*P1179*(E1179-Inputs!$X$26)","v":-37624.731606971807},-168642.8586056084]
["2002-02-19","03:00:00",0,0,-9,-10,92,{"$f":"Inputs!$X$37*Inputs!$X$32*(E1180-Inputs!$X$26)","v":-103205.70229865058},{"$f":"Inputs!$X$33*C1180*Inputs!$X$38","v":0},{"$f":"params!$C$15*Inputs!$X$29*(E1180-Inputs!$X$26)","v":-10722.047249999998},{"$f":"Inputs!$X$40*Inputs!$X$41/8760","v":5342.4657534246571},{"$f":"-Inputs!$X$45*Inputs!$X$33","v":-30000},309.04098596033037,1.902841039413297E-3,1.7506137562602333E-3,{"$f":"-L1180/(1.202*2465560*MAX(0,(Inputs!$X$49-O1180)))","v":1.0946334950616519},{"$f":"params!$C$15*P1180*(E1180-Inputs!$X$26)","v":-39789.932661675753},-178375.21645690169]
["2002-02-19","04:00:00",0,0,-9,-10,92,{"$f":"Inputs!$X$37*Inputs!$X$32*(E1181-Inputs!$X$26)","v":-103205.70229865058},{"$f":"Inputs!$X$33*C1181*Inputs!$X$38","v":0},{"$f":"params!$C$15*Inputs!$X$29*(E1181-Inputs!$X$26)","v":-10722.047249999998},{"$f":"Inputs!$X$40*Inputs!$X$41/8760","v":5342.4657534246571},{"$f":"-Inputs!$X$45*Inputs!$X$33","v":-30000},309.04098596033037,1.902841039413297E-3,1.7506137562602333E-3,{"$f":"-L1181/(1.202*2465560*MAX(0,(Inputs!$X$49-O1181)))","v":1.0946334950616519},{"$f":"params!$C$15*P1181*(E1181-Inputs!$X$26)","v":-39789.932661675753},-178375.21645690169]
["2002-02-19","05:00:00",0,1,-9,-11,84,{"$f":"Inputs!$X$37*Inputs!$X$32*(E1182-Inputs!$X$26)","v":-103205.70229865058},{"$f":"Inputs!$X$33*C1182*Inputs!$X$38","v":0},{"$f":"params!$C$15*Inputs!$X$29*(E1182-Inputs!$X$26)","v":-10722.047249999998},{"$f":"Inputs!$X$40*Inputs!$X$41/8760","v":5342.4657534246571},{"$f":"-Inputs!$X$45*Inputs!$X$33","v":-30000},309.04098596033037,1.902841039413297E-3,1.5983864731071696E-3,{"$f":"-L1182/(1.202*2465560*MAX(0,(Inputs!$X$49-O1182)))","v":1.0769063838348762},{"$f":"params!$C$15*P1182*(E1182-Inputs!$X$26)","v":-39145.552085728094},-177730.83588095402]
["2002-02-19","06:00:00",0,1,-9.1,-10.6,88,{"$f":"Inputs!$X$37*Inputs!$X$32*(E1183-Inputs!$X$26)","v":-103548.45186348003},{"$f":"Inputs!$X$33*C1183*Inputs!$X$38","v":0},{"$f":"params!$C$15*Inputs!$X$29*(E1183-Inputs!$X$26)","v":-10757.655524999996},{"$f":"Inputs!$X$40*Inputs!$X$41/8760","v":5342.4657534246571},{"$f":"-Inputs!$X$45*Inputs!$X$33","v":-30000},306.62817466497791,1.8879396750511865E-3,1.661386914045044E-3,{"$f":"-L1183/(1.202*2465560*MAX(0,(Inputs!$X$49-O1183)))","v":1.0841727758987529},{"$f":"params!$C$15*P1183*(E1183-Inputs!$X$26)","v":-39540.566345470885},-178504.20798052626]
["2002-02-19","07:00:00",0,0,-9,-10,92,{"$f":"Inputs!$X$37*Inputs!$X$32*(E1184-Inputs!$X$26)","v":-103205.70229865058},{"$f":"Inputs!$X$33*C1184*Inputs!$X$38","v":0},{"$f":"params!$C$15*Inputs!$X$29*(E1184-Inputs!$X$26)","v":-10722.047249999998},{"$f":"Inputs!$X$40*Inputs!$X$41/8760","v":5342.4657534246571},{"$f":"-Inputs!$X$45*Inputs!$X$33","v":-30000},309.04098596033037,1.902841039413297E-3,1.7506137562602333E-3,{"$f":"-L1184/(1.202*2465560*MAX(0,(Inputs!$X$49-O1184)))","v":1.0946334950616519},{"$f":"params!$C$15*P1184*(E1184-Inputs!$X$26)","v":-39789.932661675753},-178375.21645690169]
["2002-02-19","08:00:00",0,0,-7,-9,84,{"$f":"Inputs!$X$37*Inputs!$X$32*(E1185-Inputs!$X$26)","v":-96350.711002061245},{"$f":"Inputs!$X$33*C1185*Inputs!$X$38","v":0},{"$f":"params!$C$15*Inputs!$X$29*(E1185-Inputs!$X$26)","v":-10009.881749999997},{"$f":"Inputs!$X$40*Inputs!$X$41/8760","v":5342.4657534246571},{"$f":"-Inputs!$X$45*Inputs!$X$33","v":-30000},360.98762153500678,2.2238327850987206E-3,1.8680195394829252E-3,{"$f":"-L1185/(1.202*2465560*MAX(0,(Inputs!$X$49-O1185)))","v":1.1087093480109445},{"$f":"params!$C$15*P1185*(E1185-Inputs!$X$26)","v":-37624.731606971807},-168642.8586056084]
["2002-02-19","09:00:00",233,0,-6,-8,84,{"$f":"Inputs!$X$37*Inputs!$X$32*(E1186-Inputs!$X$26)","v":-92923.215353766573},{"$f":"Inputs!$X$33*C1186*Inputs!$X$38","v":45457.501463224296},{"$f":"params!$C$15*Inputs!$X$29*(E1186-Inputs!$X$26)","v":-9653.7989999999972},{"$f":"Inputs!$X$40*Inputs!$X$41/8760","v":5342.4657534246571},{"$f":"-Inputs!$X$45*Inputs!$X$33","v":-30000},389.76616195693094,2.4018050803048703E-3,2.0175162674560907E-3,{"$f":"-L1186/(1.202*2465560*MAX(0,(Inputs!$X$49-O1186)))","v":1.1271652716573397},{"$f":"params!$C$15*P1186*(E1186-Inputs!$X$26)","v":-36890.335593678152},-118667.38273079577]
["2002-02-19","10:00:00",392,1,-2,-6,71,{"$f":"Inputs!$X$37*Inputs!$X$32*(E1187-Inputs!$X$26)","v":-79213.232760587896},{"$f":"Inputs!$X$33*C1187*Inputs!$X$38","v":76477.856538986787},{"$f":"params!$C$15*Inputs!$X$29*(E1187-Inputs!$X$26)","v":-8229.4679999999971},{"$f":"Inputs!$X$40*Inputs!$X$41/8760","v":5342.4657534246571},{"$f":"-Inputs!$X$45*Inputs!$X$33","v":-30000},526.36516305985776,3.2479468065175691E-3,2.306042232627474E-3,{"$f":"-L1187/(1.202*2465560*MAX(0,(Inputs!$X$49-O1187)))","v":1.164579823921092},{"$f":"params!$C$15*P1187*(E1187-Inputs!$X$26)","v":-32491.351530880136},-68113.729999056581]
["2002-02-19","11:00:00",517,1,2,-8,44,{"$f":"Inputs!$X$37*Inputs!$X$32*(E1188-Inputs!$X$26)","v":-65503.25016740922},{"$f":"Inputs!$X$33*C1188*Inputs!$X$38","v":100864.928139429},{"$f":"params!$C$15*Inputs!$X$29*(E1188-Inputs!$X$26)","v":-6805.1369999999979},{"$f":"Inputs!$X$40*Inputs!$X$41/8760","v":5342.4657534246571},{"$f":"-Inputs!$X$45*Inputs!$X$33","v":-30000},703.88301618186097,4.3509868656616182E-3,1.9144342208911118E-3,{"$f":"-L1188/(1.202*2465560*MAX(0,(Inputs!$X$49-O1188)))","v":1.1143743881811117},{"$f":"params!$C$15*P1188*(E1188-Inputs!$X$26)","v":-25709.566220072189},-21810.559494627752]
["2002-02-19","12:00:00",604,4,6,-7,36,{"$f":"Inputs!$X$37*Inputs!$X$32*(E1189-Inputs!$X$26)","v":-51793.267574230544},{"$f":"Inputs!$X$33*C1189*Inputs!$X$38","v":117838.32997333679},{"$f":"params!$C$15*Inputs!$X$29*(E1189-Inputs!$X$26)","v":-5380.8059999999987},{"$f":"Inputs!$X$40*Inputs!$X$41/8760","v":5342.4657534246571},{"$f":"-Inputs!$X$45*Inputs!$X$33","v":-30000},932.4781503104233,5.7771510192606073E-3,2.0797743669338188E-3,{"$f":"-L1189/(1.202*2465560*MAX(0,(Inputs!$X$49-O1189)))","v":1.1350337549038998},{"$f":"params!$C$15*P1189*(E1189-Inputs!$X$26)","v":-20705.363808946004},15301.358343584896]
["2002-02-19","13:00:00",624,7,9,-9,25,{"$f":"Inputs!$X$37*Inputs!$X$32*(E1190-Inputs!$X$26)","v":-41510.78062934654},{"$f":"Inputs!$X$33*C1190*Inputs!$X$38","v":121740.26142940753},{"$f":"params!$C$15*Inputs!$X$29*(E1190-Inputs!$X$26)","v":-4312.557749999999},{"$f":"Inputs!$X$40*Inputs!$X$41/8760","v":5342.4657534246571},{"$f":"-Inputs!$X$45*Inputs!$X$33","v":-30000},1144.6654335441779,7.1067740933079149E-3,1.7766935233269787E-3,{"$f":"-L1190/(1.202*2465560*MAX(0,(Inputs!$X$49-O1190)))","v":1.0977292492282242},{"$f":"params!$C$15*P1190*(E1190-Inputs!$X$26)","v":-16049.330273324291},35210.058530161361]
["2002-02-19","14:00:00",385,9,10,-10,21,{"$f":"Inputs!$X$37*Inputs!$X$32*(E1191-Inputs!$X$26)","v":-38083.284981051875},{"$f":"Inputs!$X$33*C1191*Inputs!$X$38","v":75112.180529362027},{"$f":"params!$C$15*Inputs!$X$29*(E1191-Inputs!$X$26)","v":-3956.474999999999},{"$f":"Inputs!$X$40*Inputs!$X$41/8760","v":5342.4657534246571},{"$f":"-Inputs!$X$45*Inputs!$X$33","v":-30000},1224.2915728566036,7.6071876458255446E-3,1.5975094056233643E-3,{"$f":"-L1191/(1.202*2465560*MAX(0,(Inputs!$X$49-O1191)))","v":1.0768059113411792},{"$f":"params!$C$15*P1191*(E1191-Inputs!$X$26)","v":-14443.50550188657},-6028.6192001517575]
["2002-02-19","15:00:00",237,10,10,-8,25,{"$f":"Inputs!$X$37*Inputs!$X$32*(E1192-Inputs!$X$26)","v":-38083.284981051875},{"$f":"Inputs!$X$33*C1192*Inputs!$X$38","v":46237.887754438445},{"$f":"params!$C$15*Inputs!$X$29*(E1192-Inputs!$X$26)","v":-3956.474999999999},{"$f":"Inputs!$X$40*Inputs!$X$41/8760","v":5342.4657534246571},{"$f":"-Inputs!$X$45*Inputs!$X$33","v":-30000},1224.2915728566036,7.6071876458255446E-3,1.9017969114563861E-3,{"$f":"-L1192/(1.202*2465560*MAX(0,(Inputs!$X$49-O1192)))","v":1.1128262422743853},{"$f":"params!$C$15*P1192*(E1192-Inputs!$X$26)","v":-14926.656497376132},-35386.062970564904]
["2002-02-19","16:00:00",96,9,9,-7,29,{"$f":"Inputs!$X$37*Inputs!$X$32*(E1193-Inputs!$X$26)","v":-41510.78062934654},{"$f":"Inputs!$X$33*C1193*Inputs!$X$38","v":18729.270989139623},{"$f":"params!$C$15*Inputs!$X$29*(E1193-Inputs!$X$26)","v":-4312.557749999999},{"$f":"Inputs!$X$40*Inputs!$X$41/8760","v":5342.4657534246571},{"$f":"-Inputs!$X$45*Inputs!$X$33","v":-30000},1144.6654335441779,7.1067740933079149E-3,2.0609644870592954E-3,{"$f":"-L1193/(1.202*2465560*MAX(0,(Inputs!$X$49-O1193)))","v":1.1326449132302256},{"$f":"params!$C$15*P1193*(E1193-Inputs!$X$26)","v":-16559.814095883015},-68311.415732665278]
["2002-02-19","17:00:00",83,10,9,-4,38,{"$f":"Inputs!$X$37*Inputs!$X$32*(E1194-Inputs!$X$26)","v":-41510.78062934654},{"$f":"Inputs!$X$33*C1194*Inputs!$X$38","v":16193.015542693633},{"$f":"params!$C$15*Inputs!$X$29*(E1194-Inputs!$X$26)","v":-4312.557749999999},{"$f":"Inputs!$X$40*Inputs!$X$41/8760","v":5342.4657534246571},{"$f":"-Inputs!$X$45*Inputs!$X$33","v":-30000},1144.6654335441779,7.1067740933079149E-3,2.7005741554570078E-3,{"$f":"-L1194/(1.202*2465560*MAX(0,(Inputs!$X$49-O1194)))","v":1.2199521805212798},{"$f":"params!$C$15*P1194*(E1194-Inputs!$X$26)","v":-17836.288389522073},-72124.14547275033]
["2002-02-19","18:00:00",8,10,8,-7,32,{"$f":"Inputs!$X$37*Inputs!$X$32*(E1195-Inputs!$X$26)","v":-44938.276277641213},{"$f":"Inputs!$X$33*C1195*Inputs!$X$38","v":1560.7725824283018},{"$f":"params!$C$15*Inputs!$X$29*(E1195-Inputs!$X$26)","v":-4668.6404999999986},{"$f":"Inputs!$X$40*Inputs!$X$41/8760","v":5342.4657534246571},{"$f":"-Inputs!$X$45*Inputs!$X$33","v":-30000},1069.6390010481693,6.6359949158119932E-3,2.1235183730598378E-3,{"$f":"-L1195/(1.202*2465560*MAX(0,(Inputs!$X$49-O1195)))","v":1.1406283709834339},{"$f":"params!$C$15*P1195*(E1195-Inputs!$X$26)","v":-18053.497788693836},-90757.176230482088]
["2002-02-19","19:00:00",0,10,6,-4,47,{"$f":"Inputs!$X$37*Inputs!$X$32*(E1196-Inputs!$X$26)","v":-51793.267574230544},{"$f":"Inputs!$X$33*C1196*Inputs!$X$38","v":0},{"$f":"params!$C$15*Inputs!$X$29*(E1196-Inputs!$X$26)","v":-5380.8059999999987},{"$f":"Inputs!$X$40*Inputs!$X$41/8760","v":5342.4657534246571},{"$f":"-Inputs!$X$45*Inputs!$X$33","v":-30000},932.4781503104233,5.7771510192606073E-3,2.7152609790524855E-3,{"$f":"-L1196/(1.202*2465560*MAX(0,(Inputs!$X$49-O1196)))","v":1.2221153057272536},{"$f":"params!$C$15*P1196*(E1196-Inputs!$X$26)","v":-22293.911447335333},-104125.51926814122]
["2002-02-19","20:00:00",0,10,4,-2,64,{"$f":"Inputs!$X$37*Inputs!$X$32*(E1197-Inputs!$X$26)","v":-58648.258870819882},{"$f":"Inputs!$X$33*C1197*Inputs!$X$38","v":0},{"$f":"params!$C$15*Inputs!$X$29*(E1197-Inputs!$X$26)","v":-6092.9714999999987},{"$f":"Inputs!$X$40*Inputs!$X$41/8760","v":5342.4657534246571},{"$f":"-Inputs!$X$45*Inputs!$X$33","v":-30000},811.08667612094962,5.0190035800134264E-3,3.212162291208593E-3,{"$f":"-L1197/(1.202*2465560*MAX(0,(Inputs!$X$49-O1197)))","v":1.3001092652431265},{"$f":"params!$C$15*P1197*(E1197-Inputs!$X$26)","v":-26855.655319903166},-116254.41993729839]
["2002-02-19","21:00:00",0,9,3,-3,63,{"$f":"Inputs!$X$37*Inputs!$X$32*(E1198-Inputs!$X$26)","v":-62075.754519114555},{"$f":"Inputs!$X$33*C1198*Inputs!$X$38","v":0},{"$f":"params!$C$15*Inputs!$X$29*(E1198-Inputs!$X$26)","v":-6449.0542499999983},{"$f":"Inputs!$X$40*Inputs!$X$41/8760","v":5342.4657534246571},{"$f":"-Inputs!$X$45*Inputs!$X$33","v":-30000},755.80495631325812,4.6743495015895585E-3,2.9448401860014215E-3,{"$f":"-L1198/(1.202*2465560*MAX(0,(Inputs!$X$49-O1198)))","v":1.2569540856331531},{"$f":"params!$C$15*P1198*(E1198-Inputs!$X$26)","v":-27481.611670411494},-120663.9546861014]
["2002-02-19","22:00:00",0,10,3,-3,63,{"$f":"Inputs!$X$37*Inputs!$X$32*(E1199-Inputs!$X$26)","v":-62075.754519114555},{"$f":"Inputs!$X$33*C1199*Inputs!$X$38","v":0},{"$f":"params!$C$15*Inputs!$X$29*(E1199-Inputs!$X$26)","v":-6449.0542499999983},{"$f":"Inputs!$X$40*Inputs!$X$41/8760","v":5342.4657534246571},{"$f":"-Inputs!$X$45*Inputs!$X$33","v":-30000},755.80495631325812,4.6743495015895585E-3,2.9448401860014215E-3,{"$f":"-L1199/(1.202*2465560*MAX(0,(Inputs!$X$49-O1199)))","v":1.2569540856331531},{"$f":"params!$C$15*P1199*(E1199-Inputs!$X$26)","v":-27481.611670411494},-120663.9546861014]
["2002-02-19","23:00:00",0,9,5,-6,42,{"$f":"Inputs!$X$37*Inputs!$X$32*(E1200-Inputs!$X$26)","v":-55220.763222525216},{"$f":"Inputs!$X$33*C1200*Inputs!$X$38","v":0},{"$f":"params!$C$15*Inputs!$X$29*(E1200-Inputs!$X$26)","v":-5736.8887499999983},{"$f":"Inputs!$X$40*Inputs!$X$41/8760","v":5342.4657534246571},{"$f":"-Inputs!$X$45*Inputs!$X$33","v":-30000},869.91328556198641,5.3861748872103517E-3,2.2621934526283476E-3,{"$f":"-L1200/(1.202*2465560*MAX(0,(Inputs!$X$49-O1200)))","v":1.1587344876805383},{"$f":"params!$C$15*P1200*(E1200-Inputs!$X$26)","v":-22536.533528527765},-108151.71974762832]
["2002-02-19",1,0,10,3,-3,63,{"$f":"Inputs!$X$37*Inputs!$X$32*(E1201-Inputs!$X$26)","v":-62075.754519114555},{"$f":"Inputs!$X$33*C1201*Inputs!$X$38","v":0},{"$f":"params!$C$15*Inputs!$X$29*(E1201-Inputs!$X$26)","v":-6449.0542499999983},{"$f":"Inputs!$X$40*Inputs!$X$41/8760","v":5342.4657534246571},{"$f":"-Inputs!$X$45*Inputs!$X$33","v":-30000},755.80495631325812,4.6743495015895585E-3,2.9448401860014215E-3,{"$f":"-L1201/(1.202*2465560*MAX(0,(Inputs!$X$49-O1201)))","v":1.2569540856331531},{"$f":"params!$C$15*P1201*(E1201-Inputs!$X$26)","v":-27481.611670411494},-120663.9546861014]
["2002-02-20","01:00:00",0,10,3,-2,68,{"$f":"Inputs!$X$37*Inputs!$X$32*(E1202-Inputs!$X$26)","v":-62075.754519114555},{"$f":"Inputs!$X$33*C1202*Inputs!$X$38","v":0},{"$f":"params!$C$15*Inputs!$X$29*(E1202-Inputs!$X$26)","v":-6449.0542499999983},{"$f":"Inputs!$X$40*Inputs!$X$41/8760","v":5342.4657534246571},{"$f":"-Inputs!$X$45*Inputs!$X$33","v":-30000},755.80495631325812,4.6743495015895585E-3,3.1785576610808995E-3,{"$f":"-L1202/(1.202*2465560*MAX(0,(Inputs!$X$49-O1202)))","v":1.2945221548937103},{"$f":"params!$C$15*P1202*(E1202-Inputs!$X$26)","v":-28302.987011345846},-121485.33002703574]
["2002-02-20","02:00:00",0,10,2,-1,80,{"$f":"Inputs!$X$37*Inputs!$X$32*(E1203-Inputs!$X$26)","v":-65503.25016740922},{"$f":"Inputs!$X$33*C1203*Inputs!$X$38","v":0},{"$f":"params!$C$15*Inputs!$X$29*(E1203-Inputs!$X$26)","v":-6805.1369999999979},{"$f":"Inputs!$X$40*Inputs!$X$41/8760","v":5342.4657534246571},{"$f":"-Inputs!$X$45*Inputs!$X$33","v":-30000},703.88301618186097,4.3509868656616182E-3,3.4807894925292949E-3,{"$f":"-L1203/(1.202*2465560*MAX(0,(Inputs!$X$49-O1203)))","v":1.3465668411562572},{"$f":"params!$C$15*P1203*(E1203-Inputs!$X$26)","v":-31066.443862700951},-128032.36527668552]
["2002-02-20","03:00:00",0,10,1,-1,86,{"$f":"Inputs!$X$37*Inputs!$X$32*(E1204-Inputs!$X$26)","v":-68930.745815703893},{"$f":"Inputs!$X$33*C1204*Inputs!$X$38","v":0},{"$f":"params!$C$15*Inputs!$X$29*(E1204-Inputs!$X$26)","v":-7161.2197499999984},{"$f":"Inputs!$X$40*Inputs!$X$41/8760","v":5342.4657534246571},{"$f":"-Inputs!$X$45*Inputs!$X$33","v":-30000},655.14373774848059,4.0477489204243187E-3,3.481064071564914E-3,{"$f":"-L1204/(1.202*2465560*MAX(0,(Inputs!$X$49-O1204)))","v":1.3466160267432525},{"$f":"params!$C$15*P1204*(E1204-Inputs!$X$26)","v":-32693.207729715319},-133442.70754199458]
["2002-02-20","04:00:00",0,9,1,-1,86,{"$f":"Inputs!$X$37*Inputs!$X$32*(E1205-Inputs!$X$26)","v":-68930.745815703893},{"$f":"Inputs!$X$33*C1205*Inputs!$X$38","v":0},{"$f":"params!$C$15*Inputs!$X$29*(E1205-Inputs!$X$26)","v":-7161.2197499999984},{"$f":"Inputs!$X$40*Inputs!$X$41/8760","v":5342.4657534246571},{"$f":"-Inputs!$X$45*Inputs!$X$33","v":-30000},655.14373774848059,4.0477489204243187E-3,3.481064071564914E-3,{"$f":"-L1205/(1.202*2465560*MAX(0,(Inputs!$X$49-O1205)))","v":1.3466160267432525},{"$f":"params!$C$15*P1205*(E1205-Inputs!$X$26)","v":-32693.207729715319},-133442.70754199458]
["2002-02-20","05:00:00",0,10,1,-1,86,{"$f":"Inputs!$X$37*Inputs!$X$32*(E1206-Inputs!$X$26)","v":-68930.745815703893},{"$f":"Inputs!$X$33*C1206*Inputs!$X$38","v":0},{"$f":"params!$C$15*Inputs!$X$29*(E1206-Inputs!$X$26)","v":-7161.2197499999984},{"$f":"Inputs!$X$40*Inputs!$X$41/8760","v":5342.4657534246571},{"$f":"-Inputs!$X$45*Inputs!$X$33","v":-30000},655.14373774848059,4.0477489204243187E-3,3.481064071564914E-3,{"$f":"-L1206/(1.202*2465560*MAX(0,(Inputs!$X$49-O1206)))","v":1.3466160267432525},{"$f":"params!$C$15*P1206*(E1206-Inputs!$X$26)","v":-32693.207729715319},-133442.70754199458]
["2002-02-20","06:00:00",0,10,1,-1,86,{"$f":"Inputs!$X$37*Inputs!$X$32*(E1207-Inputs!$X$26)","v":-68930.745815703893},{"$f":"Inputs!$X$33*C1207*Inputs!$X$38","v":0},{"$f":"params!$C$15*Inputs!$X$29*(E1207-Inputs!$X$26)","v":-7161.2197499999984},{"$f":"Inputs!$X$40*Inputs!$X$41/8760","v":5342.4657534246571},{"$f":"-Inputs!$X$45*Inputs!$X$33","v":-30000},655.14373774848059,4.0477489204243187E-3,3.481064071564914E-3,{"$f":"-L1207/(1.202*2465560*MAX(0,(Inputs!$X$49-O1207)))","v":1.3466160267432525},{"$f":"params!$C$15*P1207*(E1207-Inputs!$X$26)","v":-32693.207729715319},-133442.70754199458]
["2002-02-20","07:00:00",0,10,1,-1,86,{"$f":"Inputs!$X$37*Inputs!$X$32*(E1208-Inputs!$X$26)","v":-68930.745815703893},{"$f":"Inputs!$X$33*C1208*Inputs!$X$38","v":0},{"$f":"params!$C$15*Inputs!$X$29*(E1208-Inputs!$X$26)","v":-7161.2197499999984},{"$f":"Inputs!$X$40*Inputs!$X$41/8760","v":5342.4657534246571},{"$f":"-Inputs!$X$45*Inputs!$X$33","v":-30000},655.14373774848059,4.0477489204243187E-3,3.481064071564914E-3,{"$f":"-L1208/(1.202*2465560*MAX(0,(Inputs!$X$49-O1208)))","v":1.3466160267432525},{"$f":"params!$C$15*P1208*(E1208-Inputs!$X$26)","v":-32693.207729715319},-133442.70754199458]
["2002-02-20","08:00:00",0,10,2,-1,80,{"$f":"Inputs!$X$37*Inputs!$X$32*(E1209-Inputs!$X$26)","v":-65503.25016740922},{"$f":"Inputs!$X$33*C1209*Inputs!$X$38","v":0},{"$f":"params!$C$15*Inputs!$X$29*(E1209-Inputs!$X$26)","v":-6805.1369999999979},{"$f":"Inputs!$X$40*Inputs!$X$41/8760","v":5342.4657534246571},{"$f":"-Inputs!$X$45*Inputs!$X$33","v":-30000},703.88301618186097,4.3509868656616182E-3,3.4807894925292949E-3,{"$f":"-L1209/(1.202*2465560*MAX(0,(Inputs!$X$49-O1209)))","v":1.3465668411562572},{"$f":"params!$C$15*P1209*(E1209-Inputs!$X$26)","v":-31066.443862700951},-128032.36527668552]
["2002-02-20","09:00:00",108,10,4,0,75,{"$f":"Inputs!$X$37*Inputs!$X$32*(E1210-Inputs!$X$26)","v":-58648.258870819882},{"$f":"Inputs!$X$33*C1210*Inputs!$X$38","v":21070.429862782075},{"$f":"params!$C$15*Inputs!$X$29*(E1210-Inputs!$X$26)","v":-6092.9714999999987},{"$f":"Inputs!$X$40*Inputs!$X$41/8760","v":5342.4657534246571},{"$f":"-Inputs!$X$45*Inputs!$X$33","v":-30000},811.08667612094962,5.0190035800134264E-3,3.76425268501007E-3,{"$f":"-L1210/(1.202*2465560*MAX(0,(Inputs!$X$49-O1210)))","v":1.3993316078908522},{"$f":"params!$C$15*P1210*(E1210-Inputs!$X$26)","v":-28905.23769379875},-97233.572448411898]
["2002-02-20","10:00:00",121,10,8,-3,44,{"$f":"Inputs!$X$37*Inputs!$X$32*(E1211-Inputs!$X$26)","v":-44938.276277641213},{"$f":"Inputs!$X$33*C1211*Inputs!$X$38","v":23606.685309228065},{"$f":"params!$C$15*Inputs!$X$29*(E1211-Inputs!$X$26)","v":-4668.6404999999986},{"$f":"Inputs!$X$40*Inputs!$X$41/8760","v":5342.4657534246571},{"$f":"-Inputs!$X$45*Inputs!$X$33","v":-30000},1069.6390010481693,6.6359949158119932E-3,2.919837762957277E-3,{"$f":"-L1211/(1.202*2465560*MAX(0,(Inputs!$X$49-O1211)))","v":1.2530638714733036},{"$f":"params!$C$15*P1211*(E1211-Inputs!$X$26)","v":-19833.090608846498},-70490.856323834989]
["2002-02-20","11:00:00",229,9,10,-4,36,{"$f":"Inputs!$X$37*Inputs!$X$32*(E1212-Inputs!$X$26)","v":-38083.284981051875},{"$f":"Inputs!$X$33*C1212*Inputs!$X$38","v":44677.115172010141},{"$f":"params!$C$15*Inputs!$X$29*(E1212-Inputs!$X$26)","v":-3956.474999999999},{"$f":"Inputs!$X$40*Inputs!$X$41/8760","v":5342.4657534246571},{"$f":"-Inputs!$X$45*Inputs!$X$33","v":-30000},1224.2915728566036,7.6071876458255446E-3,2.7385875524971958E-3,{"$f":"-L1212/(1.202*2465560*MAX(0,(Inputs!$X$49-O1212)))","v":1.2255667342513126},{"$f":"params!$C$15*P1212*(E1212-Inputs!$X$26)","v":-16438.876943980096},-38459.055999597171]
["2002-02-20","12:00:00",296,8,11,-4,33,{"$f":"Inputs!$X$37*Inputs!$X$32*(E1213-Inputs!$X$26)","v":-34655.789332757202},{"$f":"Inputs!$X$33*C1213*Inputs!$X$38","v":57748.585549847172},{"$f":"params!$C$15*Inputs!$X$29*(E1213-Inputs!$X$26)","v":-3600.392249999999},{"$f":"Inputs!$X$40*Inputs!$X$41/8760","v":5342.4657534246571},{"$f":"-Inputs!$X$45*Inputs!$X$33","v":-30000},1308.7561751391206,8.138879592783612E-3,2.6858302656185915E-3,{"$f":"-L1213/(1.202*2465560*MAX(0,(Inputs!$X$49-O1213)))","v":1.2177883388280386},{"$f":"params!$C$15*P1213*(E1213-Inputs!$X$26)","v":-14864.434223415958},-20029.564502901325]
["2002-02-20","13:00:00",306,9,12,-5,29,{"$f":"Inputs!$X$37*Inputs!$X$32*(E1214-Inputs!$X$26)","v":-31228.293684462536},{"$f":"Inputs!$X$33*C1214*Inputs!$X$38","v":59699.55127788255},{"$f":"params!$C$15*Inputs!$X$29*(E1214-Inputs!$X$26)","v":-3244.3094999999989},{"$f":"Inputs!$X$40*Inputs!$X$41/8760","v":5342.4657534246571},{"$f":"-Inputs!$X$45*Inputs!$X$33","v":-30000},1398.3079270856979,8.70357605607666E-3,2.5240370562622317E-3,{"$f":"-L1214/(1.202*2465560*MAX(0,(Inputs!$X$49-O1214)))","v":1.1945379173911925},{"$f":"params!$C$15*P1214*(E1214-Inputs!$X$26)","v":-13138.596413964031},-12569.182567119358]
["2002-02-20","14:00:00",251,9,12,-4,31,{"$f":"Inputs!$X$37*Inputs!$X$32*(E1215-Inputs!$X$26)","v":-31228.293684462536},{"$f":"Inputs!$X$33*C1215*Inputs!$X$38","v":48969.239773687965},{"$f":"params!$C$15*Inputs!$X$29*(E1215-Inputs!$X$26)","v":-3244.3094999999989},{"$f":"Inputs!$X$40*Inputs!$X$41/8760","v":5342.4657534246571},{"$f":"-Inputs!$X$45*Inputs!$X$33","v":-30000},1398.3079270856979,8.70357605607666E-3,2.6981085773837648E-3,{"$f":"-L1215/(1.202*2465560*MAX(0,(Inputs!$X$49-O1215)))","v":1.2195897922476358},{"$f":"params!$C$15*P1215*(E1215-Inputs!$X$26)","v":-13414.139340111389},-23575.036997461302]
["2002-02-20","15:00:00",248,9,11,-3,36,{"$f":"Inputs!$X$37*Inputs!$X$32*(E1216-Inputs!$X$26)","v":-34655.789332757202},{"$f":"Inputs!$X$33*C1216*Inputs!$X$38","v":48383.950055277361},{"$f":"params!$C$15*Inputs!$X$29*(E1216-Inputs!$X$26)","v":-3600.392249999999},{"$f":"Inputs!$X$40*Inputs!$X$41/8760","v":5342.4657534246571},{"$f":"-Inputs!$X$45*Inputs!$X$33","v":-30000},1308.7561751391206,8.138879592783612E-3,2.9299966534021005E-3,{"$f":"-L1216/(1.202*2465560*MAX(0,(Inputs!$X$49-O1216)))","v":1.2546416206579503},{"$f":"params!$C$15*P1216*(E1216-Inputs!$X$26)","v":-15314.268703030797},-29844.034477085981]
["2002-02-20","16:00:00",133,9,12,-3,34,{"$f":"Inputs!$X$37*Inputs!$X$32*(E1217-Inputs!$X$26)","v":-31228.293684462536},{"$f":"Inputs!$X$33*C1217*Inputs!$X$38","v":25947.844182870518},{"$f":"params!$C$15*Inputs!$X$29*(E1217-Inputs!$X$26)","v":-3244.3094999999989},{"$f":"Inputs!$X$40*Inputs!$X$41/8760","v":5342.4657534246571},{"$f":"-Inputs!$X$45*Inputs!$X$33","v":-30000},1398.3079270856979,8.70357605607666E-3,2.9592158590660642E-3,{"$f":"-L1217/(1.202*2465560*MAX(0,(Inputs!$X$49-O1217)))","v":1.2592018031329677},{"$f":"params!$C$15*P1217*(E1217-Inputs!$X$26)","v":-13849.827664936234},-47032.120913103601]
["2002-02-20","17:00:00",28,10,11,-1,43,{"$f":"Inputs!$X$37*Inputs!$X$32*(E1218-Inputs!$X$26)","v":-34655.789332757202},{"$f":"Inputs!$X$33*C1218*Inputs!$X$38","v":5462.7040384990569},{"$f":"params!$C$15*Inputs!$X$29*(E1218-Inputs!$X$26)","v":-3600.392249999999},{"$f":"Inputs!$X$40*Inputs!$X$41/8760","v":5342.4657534246571},{"$f":"-Inputs!$X$45*Inputs!$X$33","v":-30000},1308.7561751391206,8.138879592783612E-3,3.4997182248969532E-3,{"$f":"-L1218/(1.202*2465560*MAX(0,(Inputs!$X$49-O1218)))","v":1.34996599690913},{"$f":"params!$C$15*P1218*(E1218-Inputs!$X$26)","v":-16477.806631171443},-73928.81842200493]
["2002-02-20","18:00:00",4,10,11,1,50,{"$f":"Inputs!$X$37*Inputs!$X$32*(E1219-Inputs!$X$26)","v":-34655.789332757202},{"$f":"Inputs!$X$33*C1219*Inputs!$X$38","v":780.3862912141509},{"$f":"params!$C$15*Inputs!$X$29*(E1219-Inputs!$X$26)","v":-3600.392249999999},{"$f":"Inputs!$X$40*Inputs!$X$41/8760","v":5342.4657534246571},{"$f":"-Inputs!$X$45*Inputs!$X$33","v":-30000},{"$f":"EXP(77.345+0.0057*(E1219+273.15)-7235/(E1219+273.15))/(E1219+273.15)^8.2","v":1308.7561751391206},{"$f":"0.62198*M1219/(101325-M1219)","v":8.138879592783612E-3},{"$f":"N1219*G1219/100","v":4.069439796391806E-3},{"$f":"-L1219/(1.202*2465560*MAX(0,(Inputs!$X$49-O1219)))","v":1.4609663872134364},{"$f":"params!$C$15*P1219*(E1219-Inputs!$X$26)","v":-17832.687399729082},{"$f":"H1219+I1219+J1219+K1219+L1219+Q1219","v":-79966.016937847482}]
["2002-02-20","19:00:00",0,10,8,4,76,{"$f":"Inputs!$X$37*Inputs!$X$32*(E1220-Inputs!$X$26)","v":-44938.276277641213},{"$f":"Inputs!$X$33*C1220*Inputs!$X$38","v":0},{"$f":"params!$C$15*Inputs!$X$29*(E1220-Inputs!$X$26)","v":-4668.6404999999986},{"$f":"Inputs!$X$40*Inputs!$X$41/8760","v":5342.4657534246571},{"$f":"-Inputs!$X$45*Inputs!$X$33","v":-30000},1069.6390010481693,6.6359949158119932E-3,5.0433561360171157E-3,{"$f":"-L1220/(1.202*2465560*MAX(0,(Inputs!$X$49-O1220)))","v":1.6999043459099135},{"$f":"params!$C$15*P1220*(E1220-Inputs!$X$26)","v":-26905.537448113661},-101169.98847233021]
["2002-02-20","20:00:00",0,8,6,5,93,{"$f":"Inputs!$X$37*Inputs!$X$32*(E1221-Inputs!$X$26)","v":-51793.267574230544},{"$f":"Inputs!$X$33*C1221*Inputs!$X$38","v":0},{"$f":"params!$C$15*Inputs!$X$29*(E1221-Inputs!$X$26)","v":-5380.8059999999987},{"$f":"Inputs!$X$40*Inputs!$X$41/8760","v":5342.4657534246571},{"$f":"-Inputs!$X$45*Inputs!$X$33","v":-30000},932.4781503104233,5.7771510192606073E-3,5.3727504479123642E-3,{"$f":"-L1221/(1.202*2465560*MAX(0,(Inputs!$X$49-O1221)))","v":1.7994395302258732},{"$f":"params!$C$15*P1221*(E1221-Inputs!$X$26)","v":-32825.49965104794},-114657.10747185383]
["2002-02-20","21:00:00",0,5,6,4,87,{"$f":"Inputs!$X$37*Inputs!$X$32*(E1222-Inputs!$X$26)","v":-51793.267574230544},{"$f":"Inputs!$X$33*C1222*Inputs!$X$38","v":0},{"$f":"params!$C$15*Inputs!$X$29*(E1222-Inputs!$X$26)","v":-5380.8059999999987},{"$f":"Inputs!$X$40*Inputs!$X$41/8760","v":5342.4657534246571},{"$f":"-Inputs!$X$45*Inputs!$X$33","v":-30000},932.4781503104233,5.7771510192606073E-3,5.0261213867567288E-3,{"$f":"-L1222/(1.202*2465560*MAX(0,(Inputs!$X$49-O1222)))","v":1.6949986840724758},{"$f":"params!$C$15*P1222*(E1222-Inputs!$X$26)","v":-30920.282553514706},-112751.89037432059]
["2002-02-20","22:00:00",0,5,3,3,100,{"$f":"Inputs!$X$37*Inputs!$X$32*(E1223-Inputs!$X$26)","v":-62075.754519114555},{"$f":"Inputs!$X$33*C1223*Inputs!$X$38","v":0},{"$f":"params!$C$15*Inputs!$X$29*(E1223-Inputs!$X$26)","v":-6449.0542499999983},{"$f":"Inputs!$X$40*Inputs!$X$41/8760","v":5342.4657534246571},{"$f":"-Inputs!$X$45*Inputs!$X$33","v":-30000},755.80495631325812,4.6743495015895585E-3,4.6743495015895585E-3,{"$f":"-L1223/(1.202*2465560*MAX(0,(Inputs!$X$49-O1223)))","v":1.6007136159277666},{"$f":"params!$C$15*P1223*(E1223-Inputs!$X$26)","v":-34997.451769535677},-128179.79478522557]
["2002-02-20","23:00:00",0,10,7,6,93,{"$f":"Inputs!$X$37*Inputs!$X$32*(E1224-Inputs!$X$26)","v":-48365.771925935878},{"$f":"Inputs!$X$33*C1224*Inputs!$X$38","v":0},{"$f":"params!$C$15*Inputs!$X$29*(E1224-Inputs!$X$26)","v":-5024.7232499999991},{"$f":"Inputs!$X$40*Inputs!$X$41/8760","v":5342.4657534246571},{"$f":"-Inputs!$X$45*Inputs!$X$33","v":-30000},998.98316002102877,6.193284308903993E-3,5.7597544072807141E-3,{"$f":"-L1224/(1.202*2465560*MAX(0,(Inputs!$X$49-O1224)))","v":1.9323756538847421},{"$f":"params!$C$15*P1224*(E1224-Inputs!$X$26)","v":-32917.773927678572},-110965.8033501898]
["2002-02-20",1,0,10,9,6,81,{"$f":"Inputs!$X$37*Inputs!$X$32*(E1225-Inputs!$X$26)","v":-41510.78062934654},{"$f":"Inputs!$X$33*C1225*Inputs!$X$38","v":0},{"$f":"params!$C$15*Inputs!$X$29*(E1225-Inputs!$X$26)","v":-4312.557749999999},{"$f":"Inputs!$X$40*Inputs!$X$41/8760","v":5342.4657534246571},{"$f":"-Inputs!$X$45*Inputs!$X$33","v":-30000},1144.6654335441779,7.1067740933079149E-3,5.7564870155794113E-3,{"$f":"-L1225/(1.202*2465560*MAX(0,(Inputs!$X$49-O1225)))","v":1.9311711386157613},{"$f":"params!$C$15*P1225*(E1225-Inputs!$X$26)","v":-28234.652069029678},-98715.524694951557]
["2002-02-21","01:00:00",0,10,8,6,87,{"$f":"Inputs!$X$37*Inputs!$X$32*(E1226-Inputs!$X$26)","v":-44938.276277641213},{"$f":"Inputs!$X$33*C1226*Inputs!$X$38","v":0},{"$f":"params!$C$15*Inputs!$X$29*(E1226-Inputs!$X$26)","v":-4668.6404999999986},{"$f":"Inputs!$X$40*Inputs!$X$41/8760","v":5342.4657534246571},{"$f":"-Inputs!$X$45*Inputs!$X$33","v":-30000},1069.6390010481693,6.6359949158119932E-3,5.7733155767564336E-3,{"$f":"-L1226/(1.202*2465560*MAX(0,(Inputs!$X$49-O1226)))","v":1.937391044663465},{"$f":"params!$C$15*P1226*(E1226-Inputs!$X$26)","v":-30664.400281847007},-104928.85130606356]
["2002-02-21","02:00:00",0,10,9,6,81,{"$f":"Inputs!$X$37*Inputs!$X$32*(E1227-Inputs!$X$26)","v":-41510.78062934654},{"$f":"Inputs!$X$33*C1227*Inputs!$X$38","v":0},{"$f":"params!$C$15*Inputs!$X$29*(E1227-Inputs!$X$26)","v":-4312.557749999999},{"$f":"Inputs!$X$40*Inputs!$X$41/8760","v":5342.4657534246571},{"$f":"-Inputs!$X$45*Inputs!$X$33","v":-30000},1144.6654335441779,7.1067740933079149E-3,5.7564870155794113E-3,{"$f":"-L1227/(1.202*2465560*MAX(0,(Inputs!$X$49-O1227)))","v":1.9311711386157613},{"$f":"params!$C$15*P1227*(E1227-Inputs!$X$26)","v":-28234.652069029678},-98715.524694951557]
["2002-02-21","03:00:00",0,9,9,6,81,{"$f":"Inputs!$X$37*Inputs!$X$32*(E1228-Inputs!$X$26)","v":-41510.78062934654},{"$f":"Inputs!$X$33*C1228*Inputs!$X$38","v":0},{"$f":"params!$C$15*Inputs!$X$29*(E1228-Inputs!$X$26)","v":-4312.557749999999},{"$f":"Inputs!$X$40*Inputs!$X$41/8760","v":5342.4657534246571},{"$f":"-Inputs!$X$45*Inputs!$X$33","v":-30000},1144.6654335441779,7.1067740933079149E-3,5.7564870155794113E-3,{"$f":"-L1228/(1.202*2465560*MAX(0,(Inputs!$X$49-O1228)))","v":1.9311711386157613},{"$f":"params!$C$15*P1228*(E1228-Inputs!$X$26)","v":-28234.652069029678},-98715.524694951557]
["2002-02-21","04:00:00",0,8,7,6,93,{"$f":"Inputs!$X$37*Inputs!$X$32*(E1229-Inputs!$X$26)","v":-48365.771925935878},{"$f":"Inputs!$X$33*C1229*Inputs!$X$38","v":0},{"$f":"params!$C$15*Inputs!$X$29*(E1229-Inputs!$X$26)","v":-5024.7232499999991},{"$f":"Inputs!$X$40*Inputs!$X$41/8760","v":5342.4657534246571},{"$f":"-Inputs!$X$45*Inputs!$X$33","v":-30000},998.98316002102877,6.193284308903993E-3,5.7597544072807141E-3,{"$f":"-L1229/(1.202*2465560*MAX(0,(Inputs!$X$49-O1229)))","v":1.9323756538847421},{"$f":"params!$C$15*P1229*(E1229-Inputs!$X$26)","v":-32917.773927678572},-110965.8033501898]
["2002-02-21","05:00:00",0,10,8,6,87,{"$f":"Inputs!$X$37*Inputs!$X$32*(E1230-Inputs!$X$26)","v":-44938.276277641213},{"$f":"Inputs!$X$33*C1230*Inputs!$X$38","v":0},{"$f":"params!$C$15*Inputs!$X$29*(E1230-Inputs!$X$26)","v":-4668.6404999999986},{"$f":"Inputs!$X$40*Inputs!$X$41/8760","v":5342.4657534246571},{"$f":"-Inputs!$X$45*Inputs!$X$33","v":-30000},1069.6390010481693,6.6359949158119932E-3,5.7733155767564336E-3,{"$f":"-L1230/(1.202*2465560*MAX(0,(Inputs!$X$49-O1230)))","v":1.937391044663465},{"$f":"params!$C$15*P1230*(E1230-Inputs!$X$26)","v":-30664.400281847007},-104928.85130606356]
["2002-02-21","06:00:00",0,8,6,5,93,{"$f":"Inputs!$X$37*Inputs!$X$32*(E1231-Inputs!$X$26)","v":-51793.267574230544},{"$f":"Inputs!$X$33*C1231*Inputs!$X$38","v":0},{"$f":"params!$C$15*Inputs!$X$29*(E1231-Inputs!$X$26)","v":-5380.8059999999987},{"$f":"Inputs!$X$40*Inputs!$X$41/8760","v":5342.4657534246571},{"$f":"-Inputs!$X$45*Inputs!$X$33","v":-30000},932.4781503104233,5.7771510192606073E-3,5.3727504479123642E-3,{"$f":"-L1231/(1.202*2465560*MAX(0,(Inputs!$X$49-O1231)))","v":1.7994395302258732},{"$f":"params!$C$15*P1231*(E1231-Inputs!$X$26)","v":-32825.49965104794},-114657.10747185383]
["2002-02-21","07:00:00",0,8,7,5,87,{"$f":"Inputs!$X$37*Inputs!$X$32*(E1232-Inputs!$X$26)","v":-48365.771925935878},{"$f":"Inputs!$X$33*C1232*Inputs!$X$38","v":0},{"$f":"params!$C$15*Inputs!$X$29*(E1232-Inputs!$X$26)","v":-5024.7232499999991},{"$f":"Inputs!$X$40*Inputs!$X$41/8760","v":5342.4657534246571},{"$f":"-Inputs!$X$45*Inputs!$X$33","v":-30000},998.98316002102877,6.193284308903993E-3,5.3881573487464737E-3,{"$f":"-L1232/(1.202*2465560*MAX(0,(Inputs!$X$49-O1232)))","v":1.8043812673849435},{"$f":"params!$C$15*P1232*(E1232-Inputs!$X$26)","v":-30737.405803943355},-108785.43522645459]
["2002-02-21","08:00:00",0,10,8,4,76,{"$f":"Inputs!$X$37*Inputs!$X$32*(E1233-Inputs!$X$26)","v":-44938.276277641213},{"$f":"Inputs!$X$33*C1233*Inputs!$X$38","v":0},{"$f":"params!$C$15*Inputs!$X$29*(E1233-Inputs!$X$26)","v":-4668.6404999999986},{"$f":"Inputs!$X$40*Inputs!$X$41/8760","v":5342.4657534246571},{"$f":"-Inputs!$X$45*Inputs!$X$33","v":-30000},1069.6390010481693,6.6359949158119932E-3,5.0433561360171157E-3,{"$f":"-L1233/(1.202*2465560*MAX(0,(Inputs!$X$49-O1233)))","v":1.6999043459099135},{"$f":"params!$C$15*P1233*(E1233-Inputs!$X$26)","v":-26905.537448113661},-101169.98847233021]
["2002-02-21","09:00:00",131,8,7,3,76,{"$f":"Inputs!$X$37*Inputs!$X$32*(E1234-Inputs!$X$26)","v":-48365.771925935878},{"$f":"Inputs!$X$33*C1234*Inputs!$X$38","v":25557.651037263448},{"$f":"params!$C$15*Inputs!$X$29*(E1234-Inputs!$X$26)","v":-5024.7232499999991},{"$f":"Inputs!$X$40*Inputs!$X$41/8760","v":5342.4657534246571},{"$f":"-Inputs!$X$45*Inputs!$X$33","v":-30000},998.98316002102877,6.193284308903993E-3,4.7068960747670349E-3,{"$f":"-L1234/(1.202*2465560*MAX(0,(Inputs!$X$49-O1234)))","v":1.6089944147309858},{"$f":"params!$C$15*P1234*(E1234-Inputs!$X$26)","v":-27409.01557548354},-79899.393960731308]
["2002-02-21","10:00:00",135,8,9,4,71,{"$f":"Inputs!$X$37*Inputs!$X$32*(E1235-Inputs!$X$26)","v":-41510.78062934654},{"$f":"Inputs!$X$33*C1235*Inputs!$X$38","v":26338.037328477596},{"$f":"params!$C$15*Inputs!$X$29*(E1235-Inputs!$X$26)","v":-4312.557749999999},{"$f":"Inputs!$X$40*Inputs!$X$41/8760","v":5342.4657534246571},{"$f":"-Inputs!$X$45*Inputs!$X$33","v":-30000},1144.6654335441779,7.1067740933079149E-3,5.0458096062486191E-3,{"$f":"-L1235/(1.202*2465560*MAX(0,(Inputs!$X$49-O1235)))","v":1.7006050062232549},{"$f":"params!$C$15*P1235*(E1235-Inputs!$X$26)","v":-24863.664176330276},-69006.499473774558]
["2002-02-21","11:00:00",185,10,9,2,61,{"$f":"Inputs!$X$37*Inputs!$X$32*(E1236-Inputs!$X$26)","v":-41510.78062934654},{"$f":"Inputs!$X$33*C1236*Inputs!$X$38","v":36092.865968654485},{"$f":"params!$C$15*Inputs!$X$29*(E1236-Inputs!$X$26)","v":-4312.557749999999},{"$f":"Inputs!$X$40*Inputs!$X$41/8760","v":5342.4657534246571},{"$f":"-Inputs!$X$45*Inputs!$X$33","v":-30000},1144.6654335441779,7.1067740933079149E-3,4.3351321969178278E-3,{"$f":"-L1236/(1.202*2465560*MAX(0,(Inputs!$X$49-O1236)))","v":1.5192222247581664},{"$f":"params!$C$15*P1236*(E1236-Inputs!$X$26)","v":-22211.760560138868},-56599.767217406261]
["2002-02-21","12:00:00",99,10,9,2,61,{"$f":"Inputs!$X$37*Inputs!$X$32*(E1237-Inputs!$X$26)","v":-41510.78062934654},{"$f":"Inputs!$X$33*C1237*Inputs!$X$38","v":19314.560707550238},{"$f":"params!$C$15*Inputs!$X$29*(E1237-Inputs!$X$26)","v":-4312.557749999999},{"$f":"Inputs!$X$40*Inputs!$X$41/8760","v":5342.4657534246571},{"$f":"-Inputs!$X$45*Inputs!$X$33","v":-30000},1144.6654335441779,7.1067740933079149E-3,4.3351321969178278E-3,{"$f":"-L1237/(1.202*2465560*MAX(0,(Inputs!$X$49-O1237)))","v":1.5192222247581664},{"$f":"params!$C$15*P1237*(E1237-Inputs!$X$26)","v":-22211.760560138868},-73378.072478510512]
["2002-02-21","13:00:00",186,10,8.6,2.9,67,{"$f":"Inputs!$X$37*Inputs!$X$32*(E1238-Inputs!$X$26)","v":-42881.778888664412},{"$f":"Inputs!$X$33*C1238*Inputs!$X$38","v":36287.962541458015},{"$f":"params!$C$15*Inputs!$X$29*(E1238-Inputs!$X$26)","v":-4454.9908499999992},{"$f":"Inputs!$X$40*Inputs!$X$41/8760","v":5342.4657534246571},{"$f":"-Inputs!$X$45*Inputs!$X$33","v":-30000},1114.1159390510184,6.9149956939756202E-3,4.6330471149636657E-3,{"$f":"-L1238/(1.202*2465560*MAX(0,(Inputs!$X$49-O1238)))","v":1.5903270015434117},{"$f":"params!$C$15*P1238*(E1238-Inputs!$X$26)","v":-24019.281024142365},-59725.622467924106]
["2002-02-21","14:00:00",105,9,8,4,76,{"$f":"Inputs!$X$37*Inputs!$X$32*(E1239-Inputs!$X$26)","v":-44938.276277641213},{"$f":"Inputs!$X$33*C1239*Inputs!$X$38","v":20485.140144371464},{"$f":"params!$C$15*Inputs!$X$29*(E1239-Inputs!$X$26)","v":-4668.6404999999986},{"$f":"Inputs!$X$40*Inputs!$X$41/8760","v":5342.4657534246571},{"$f":"-Inputs!$X$45*Inputs!$X$33","v":-30000},1069.6390010481693,6.6359949158119932E-3,5.0433561360171157E-3,{"$f":"-L1239/(1.202*2465560*MAX(0,(Inputs!$X$49-O1239)))","v":1.6999043459099135},{"$f":"params!$C$15*P1239*(E1239-Inputs!$X$26)","v":-26905.537448113661},-80684.848327958753]
["2002-02-21","15:00:00",90,10,7,4,81,{"$f":"Inputs!$X$37*Inputs!$X$32*(E1240-Inputs!$X$26)","v":-48365.771925935878},{"$f":"Inputs!$X$33*C1240*Inputs!$X$38","v":17558.691552318396},{"$f":"params!$C$15*Inputs!$X$29*(E1240-Inputs!$X$26)","v":-5024.7232499999991},{"$f":"Inputs!$X$40*Inputs!$X$41/8760","v":5342.4657534246571},{"$f":"-Inputs!$X$45*Inputs!$X$33","v":-30000},998.98316002102877,6.193284308903993E-3,5.0165602902122342E-3,{"$f":"-L1240/(1.202*2465560*MAX(0,(Inputs!$X$49-O1240)))","v":1.6922894252381995},{"$f":"params!$C$15*P1240*(E1240-Inputs!$X$26)","v":-28827.935504260291},-89317.273374453114]
["2002-02-21","16:00:00",59,10,6,3,81,{"$f":"Inputs!$X$37*Inputs!$X$32*(E1241-Inputs!$X$26)","v":-51793.267574230544},{"$f":"Inputs!$X$33*C1241*Inputs!$X$38","v":11510.697795408727},{"$f":"params!$C$15*Inputs!$X$29*(E1241-Inputs!$X$26)","v":-5380.8059999999987},{"$f":"Inputs!$X$40*Inputs!$X$41/8760","v":5342.4657534246571},{"$f":"-Inputs!$X$45*Inputs!$X$33","v":-30000},932.4781503104233,5.7771510192606073E-3,4.6794923256010916E-3,{"$f":"-L1241/(1.202*2465560*MAX(0,(Inputs!$X$49-O1241)))","v":1.6020164258435798},{"$f":"params!$C$15*P1241*(E1241-Inputs!$X$26)","v":-29224.093804864093},-99545.003830261252]
["2002-02-21","17:00:00",60,10,6,2,75,{"$f":"Inputs!$X$37*Inputs!$X$32*(E1242-Inputs!$X$26)","v":-51793.267574230544},{"$f":"Inputs!$X$33*C1242*Inputs!$X$38","v":11705.794368212264},{"$f":"params!$C$15*Inputs!$X$29*(E1242-Inputs!$X$26)","v":-5380.8059999999987},{"$f":"Inputs!$X$40*Inputs!$X$41/8760","v":5342.4657534246571},{"$f":"-Inputs!$X$45*Inputs!$X$33","v":-30000},932.4781503104233,5.7771510192606073E-3,4.3328632644454553E-3,{"$f":"-L1242/(1.202*2465560*MAX(0,(Inputs!$X$49-O1242)))","v":1.5187050764491115},{"$f":"params!$C$15*P1242*(E1242-Inputs!$X$26)","v":-27704.322440203017},-97830.135892796636]
["2002-02-21","18:00:00",13,10,5,2,81,{"$f":"Inputs!$X$37*Inputs!$X$32*(E1243-Inputs!$X$26)","v":-55220.763222525216},{"$f":"Inputs!$X$33*C1243*Inputs!$X$38","v":2536.2554464459904},{"$f":"params!$C$15*Inputs!$X$29*(E1243-Inputs!$X$26)","v":-5736.8887499999983},{"$f":"Inputs!$X$40*Inputs!$X$41/8760","v":5342.4657534246571},{"$f":"-Inputs!$X$45*Inputs!$X$33","v":-30000},869.91328556198641,5.3861748872103517E-3,4.3628016586403848E-3,{"$f":"-L1243/(1.202*2465560*MAX(0,(Inputs!$X$49-O1243)))","v":1.5255572641310282},{"$f":"params!$C$15*P1243*(E1243-Inputs!$X$26)","v":-29670.966729918146},-112749.89750257271]
["2002-02-21","19:00:00",0,10,5,1,75,{"$f":"Inputs!$X$37*Inputs!$X$32*(E1244-Inputs!$X$26)","v":-55220.763222525216},{"$f":"Inputs!$X$33*C1244*Inputs!$X$38","v":0},{"$f":"params!$C$15*Inputs!$X$29*(E1244-Inputs!$X$26)","v":-5736.8887499999983},{"$f":"Inputs!$X$40*Inputs!$X$41/8760","v":5342.4657534246571},{"$f":"-Inputs!$X$45*Inputs!$X$33","v":-30000},869.91328556198641,5.3861748872103517E-3,4.039631165407764E-3,{"$f":"-L1244/(1.202*2465560*MAX(0,(Inputs!$X$49-O1244)))","v":1.4547080797680185},{"$f":"params!$C$15*P1244*(E1244-Inputs!$X$26)","v":-28293.00220410003},-113908.18842320058]
["2002-02-21","20:00:00",0,10,4,1,81,{"$f":"Inputs!$X$37*Inputs!$X$32*(E1245-Inputs!$X$26)","v":-58648.258870819882},{"$f":"Inputs!$X$33*C1245*Inputs!$X$38","v":0},{"$f":"params!$C$15*Inputs!$X$29*(E1245-Inputs!$X$26)","v":-6092.9714999999987},{"$f":"Inputs!$X$40*Inputs!$X$41/8760","v":5342.4657534246571},{"$f":"-Inputs!$X$45*Inputs!$X$33","v":-30000},811.08667612094962,5.0190035800134264E-3,4.0653928998108753E-3,{"$f":"-L1245/(1.202*2465560*MAX(0,(Inputs!$X$49-O1245)))","v":1.4601135860958392},{"$f":"params!$C$15*P1245*(E1245-Inputs!$X$26)","v":-30160.778208718271},-119559.54282611349]
["2002-02-21","21:00:00",0,10,4,1,81,{"$f":"Inputs!$X$37*Inputs!$X$32*(E1246-Inputs!$X$26)","v":-58648.258870819882},{"$f":"Inputs!$X$33*C1246*Inputs!$X$38","v":0},{"$f":"params!$C$15*Inputs!$X$29*(E1246-Inputs!$X$26)","v":-6092.9714999999987},{"$f":"Inputs!$X$40*Inputs!$X$41/8760","v":5342.4657534246571},{"$f":"-Inputs!$X$45*Inputs!$X$33","v":-30000},811.08667612094962,5.0190035800134264E-3,4.0653928998108753E-3,{"$f":"-L1246/(1.202*2465560*MAX(0,(Inputs!$X$49-O1246)))","v":1.4601135860958392},{"$f":"params!$C$15*P1246*(E1246-Inputs!$X$26)","v":-30160.778208718271},-119559.54282611349]
["2002-02-21","22:00:00",0,10,4,1,81,{"$f":"Inputs!$X$37*Inputs!$X$32*(E1247-Inputs!$X$26)","v":-58648.258870819882},{"$f":"Inputs!$X$33*C1247*Inputs!$X$38","v":0},{"$f":"params!$C$15*Inputs!$X$29*(E1247-Inputs!$X$26)","v":-6092.9714999999987},{"$f":"Inputs!$X$40*Inputs!$X$41/8760","v":5342.4657534246571},{"$f":"-Inputs!$X$45*Inputs!$X$33","v":-30000},811.08667612094962,5.0190035800134264E-3,4.0653928998108753E-3,{"$f":"-L1247/(1.202*2465560*MAX(0,(Inputs!$X$49-O1247)))","v":1.4601135860958392},{"$f":"params!$C$15*P1247*(E1247-Inputs!$X$26)","v":-30160.778208718271},-119559.54282611349]
["2002-02-21","23:00:00",0,10,3,1,87,{"$f":"Inputs!$X$37*Inputs!$X$32*(E1248-Inputs!$X$26)","v":-62075.754519114555},{"$f":"Inputs!$X$33*C1248*Inputs!$X$38","v":0},{"$f":"params!$C$15*Inputs!$X$29*(E1248-Inputs!$X$26)","v":-6449.0542499999983},{"$f":"Inputs!$X$40*Inputs!$X$41/8760","v":5342.4657534246571},{"$f":"-Inputs!$X$45*Inputs!$X$33","v":-30000},755.80495631325812,4.6743495015895585E-3,4.0666840663829158E-3,{"$f":"-L1248/(1.202*2465560*MAX(0,(Inputs!$X$49-O1248)))","v":1.4603855650102269},{"$f":"params!$C$15*P1248*(E1248-Inputs!$X$26)","v":-31929.367544455177},-125111.71056014507]
["2002-02-21",1,0,10,2,0,87,{"$f":"Inputs!$X$37*Inputs!$X$32*(E1249-Inputs!$X$26)","v":-65503.25016740922},{"$f":"Inputs!$X$33*C1249*Inputs!$X$38","v":0},{"$f":"params!$C$15*Inputs!$X$29*(E1249-Inputs!$X$26)","v":-6805.1369999999979},{"$f":"Inputs!$X$40*Inputs!$X$41/8760","v":5342.4657534246571},{"$f":"-Inputs!$X$45*Inputs!$X$33","v":-30000},703.88301618186097,4.3509868656616182E-3,3.7853585731256077E-3,{"$f":"-L1249/(1.202*2465560*MAX(0,(Inputs!$X$49-O1249)))","v":1.4034262189018876},{"$f":"params!$C$15*P1249*(E1249-Inputs!$X$26)","v":-32378.238132999457},-129344.15954698402]
["2002-02-22","01:00:00",0,10,3,-2,68,{"$f":"Inputs!$X$37*Inputs!$X$32*(E1250-Inputs!$X$26)","v":-62075.754519114555},{"$f":"Inputs!$X$33*C1250*Inputs!$X$38","v":0},{"$f":"params!$C$15*Inputs!$X$29*(E1250-Inputs!$X$26)","v":-6449.0542499999983},{"$f":"Inputs!$X$40*Inputs!$X$41/8760","v":5342.4657534246571},{"$f":"-Inputs!$X$45*Inputs!$X$33","v":-30000},755.80495631325812,4.6743495015895585E-3,3.1785576610808995E-3,{"$f":"-L1250/(1.202*2465560*MAX(0,(Inputs!$X$49-O1250)))","v":1.2945221548937103},{"$f":"params!$C$15*P1250*(E1250-Inputs!$X$26)","v":-28302.987011345846},-121485.33002703574]
["2002-02-22","02:00:00",0,10,3,-2,68,{"$f":"Inputs!$X$37*Inputs!$X$32*(E1251-Inputs!$X$26)","v":-62075.754519114555},{"$f":"Inputs!$X$33*C1251*Inputs!$X$38","v":0},{"$f":"params!$C$15*Inputs!$X$29*(E1251-Inputs!$X$26)","v":-6449.0542499999983},{"$f":"Inputs!$X$40*Inputs!$X$41/8760","v":5342.4657534246571},{"$f":"-Inputs!$X$45*Inputs!$X$33","v":-30000},755.80495631325812,4.6743495015895585E-3,3.1785576610808995E-3,{"$f":"-L1251/(1.202*2465560*MAX(0,(Inputs!$X$49-O1251)))","v":1.2945221548937103},{"$f":"params!$C$15*P1251*(E1251-Inputs!$X$26)","v":-28302.987011345846},-121485.33002703574]
["2002-02-22","03:00:00",0,10,2,-2,73,{"$f":"Inputs!$X$37*Inputs!$X$32*(E1252-Inputs!$X$26)","v":-65503.25016740922},{"$f":"Inputs!$X$33*C1252*Inputs!$X$38","v":0},{"$f":"params!$C$15*Inputs!$X$29*(E1252-Inputs!$X$26)","v":-6805.1369999999979},{"$f":"Inputs!$X$40*Inputs!$X$41/8760","v":5342.4657534246571},{"$f":"-Inputs!$X$45*Inputs!$X$33","v":-30000},703.88301618186097,4.3509868656616182E-3,3.1762204119329812E-3,{"$f":"-L1252/(1.202*2465560*MAX(0,(Inputs!$X$49-O1252)))","v":1.2941353490859255},{"$f":"params!$C$15*P1252*(E1252-Inputs!$X$26)","v":-29856.804686050829},-126822.7261000354]
["2002-02-22","04:00:00",0,10,2,-2,73,{"$f":"Inputs!$X$37*Inputs!$X$32*(E1253-Inputs!$X$26)","v":-65503.25016740922},{"$f":"Inputs!$X$33*C1253*Inputs!$X$38","v":0},{"$f":"params!$C$15*Inputs!$X$29*(E1253-Inputs!$X$26)","v":-6805.1369999999979},{"$f":"Inputs!$X$40*Inputs!$X$41/8760","v":5342.4657534246571},{"$f":"-Inputs!$X$45*Inputs!$X$33","v":-30000},703.88301618186097,4.3509868656616182E-3,3.1762204119329812E-3,{"$f":"-L1253/(1.202*2465560*MAX(0,(Inputs!$X$49-O1253)))","v":1.2941353490859255},{"$f":"params!$C$15*P1253*(E1253-Inputs!$X$26)","v":-29856.804686050829},-126822.7261000354]
["2002-02-22","05:00:00",0,10,2,-2,73,{"$f":"Inputs!$X$37*Inputs!$X$32*(E1254-Inputs!$X$26)","v":-65503.25016740922},{"$f":"Inputs!$X$33*C1254*Inputs!$X$38","v":0},{"$f":"params!$C$15*Inputs!$X$29*(E1254-Inputs!$X$26)","v":-6805.1369999999979},{"$f":"Inputs!$X$40*Inputs!$X$41/8760","v":5342.4657534246571},{"$f":"-Inputs!$X$45*Inputs!$X$33","v":-30000},703.88301618186097,4.3509868656616182E-3,3.1762204119329812E-3,{"$f":"-L1254/(1.202*2465560*MAX(0,(Inputs!$X$49-O1254)))","v":1.2941353490859255},{"$f":"params!$C$15*P1254*(E1254-Inputs!$X$26)","v":-29856.804686050829},-126822.7261000354]
["2002-02-22","06:00:00",0,10,2,-2,73,{"$f":"Inputs!$X$37*Inputs!$X$32*(E1255-Inputs!$X$26)","v":-65503.25016740922},{"$f":"Inputs!$X$33*C1255*Inputs!$X$38","v":0},{"$f":"params!$C$15*Inputs!$X$29*(E1255-Inputs!$X$26)","v":-6805.1369999999979},{"$f":"Inputs!$X$40*Inputs!$X$41/8760","v":5342.4657534246571},{"$f":"-Inputs!$X$45*Inputs!$X$33","v":-30000},703.88301618186097,4.3509868656616182E-3,3.1762204119329812E-3,{"$f":"-L1255/(1.202*2465560*MAX(0,(Inputs!$X$49-O1255)))","v":1.2941353490859255},{"$f":"params!$C$15*P1255*(E1255-Inputs!$X$26)","v":-29856.804686050829},-126822.7261000354]
["2002-02-22","07:00:00",0,10,2,-3,67,{"$f":"Inputs!$X$37*Inputs!$X$32*(E1256-Inputs!$X$26)","v":-65503.25016740922},{"$f":"Inputs!$X$33*C1256*Inputs!$X$38","v":0},{"$f":"params!$C$15*Inputs!$X$29*(E1256-Inputs!$X$26)","v":-6805.1369999999979},{"$f":"Inputs!$X$40*Inputs!$X$41/8760","v":5342.4657534246571},{"$f":"-Inputs!$X$45*Inputs!$X$33","v":-30000},703.88301618186097,4.3509868656616182E-3,2.915161199993284E-3,{"$f":"-L1256/(1.202*2465560*MAX(0,(Inputs!$X$49-O1256)))","v":1.2523389004406291},{"$f":"params!$C$15*P1256*(E1256-Inputs!$X$26)","v":-28892.525018816184},-125858.44643280076]
["2002-02-22","08:00:00",48,10,1,-2,79,{"$f":"Inputs!$X$37*Inputs!$X$32*(E1257-Inputs!$X$26)","v":-68930.745815703893},{"$f":"Inputs!$X$33*C1257*Inputs!$X$38","v":9364.6354945698113},{"$f":"params!$C$15*Inputs!$X$29*(E1257-Inputs!$X$26)","v":-7161.2197499999984},{"$f":"Inputs!$X$40*Inputs!$X$41/8760","v":5342.4657534246571},{"$f":"-Inputs!$X$45*Inputs!$X$33","v":-30000},655.14373774848059,4.0477489204243187E-3,3.1977216471352115E-3,{"$f":"-L1257/(1.202*2465560*MAX(0,(Inputs!$X$49-O1257)))","v":1.2977024634034569},{"$f":"params!$C$15*P1257*(E1257-Inputs!$X$26)","v":-31505.681920345593},-122890.54623805503]
["2002-02-22","09:00:00",107,10,2,-3,67,{"$f":"Inputs!$X$37*Inputs!$X$32*(E1258-Inputs!$X$26)","v":-65503.25016740922},{"$f":"Inputs!$X$33*C1258*Inputs!$X$38","v":20875.333289978538},{"$f":"params!$C$15*Inputs!$X$29*(E1258-Inputs!$X$26)","v":-6805.1369999999979},{"$f":"Inputs!$X$40*Inputs!$X$41/8760","v":5342.4657534246571},{"$f":"-Inputs!$X$45*Inputs!$X$33","v":-30000},703.88301618186097,4.3509868656616182E-3,2.915161199993284E-3,{"$f":"-L1258/(1.202*2465560*MAX(0,(Inputs!$X$49-O1258)))","v":1.2523389004406291},{"$f":"params!$C$15*P1258*(E1258-Inputs!$X$26)","v":-28892.525018816184},-104983.11314282221]
["2002-02-22","10:00:00",74,10,2,-3,67,{"$f":"Inputs!$X$37*Inputs!$X$32*(E1259-Inputs!$X$26)","v":-65503.25016740922},{"$f":"Inputs!$X$33*C1259*Inputs!$X$38","v":14437.146387461793},{"$f":"params!$C$15*Inputs!$X$29*(E1259-Inputs!$X$26)","v":-6805.1369999999979},{"$f":"Inputs!$X$40*Inputs!$X$41/8760","v":5342.4657534246571},{"$f":"-Inputs!$X$45*Inputs!$X$33","v":-30000},703.88301618186097,4.3509868656616182E-3,2.915161199993284E-3,{"$f":"-L1259/(1.202*2465560*MAX(0,(Inputs!$X$49-O1259)))","v":1.2523389004406291},{"$f":"params!$C$15*P1259*(E1259-Inputs!$X$26)","v":-28892.525018816184},-111421.30004533895]
["2002-02-22","11:00:00",95,10,2,-3,67,{"$f":"Inputs!$X$37*Inputs!$X$32*(E1260-Inputs!$X$26)","v":-65503.25016740922},{"$f":"Inputs!$X$33*C1260*Inputs!$X$38","v":18534.174416336085},{"$f":"params!$C$15*Inputs!$X$29*(E1260-Inputs!$X$26)","v":-6805.1369999999979},{"$f":"Inputs!$X$40*Inputs!$X$41/8760","v":5342.4657534246571},{"$f":"-Inputs!$X$45*Inputs!$X$33","v":-30000},703.88301618186097,4.3509868656616182E-3,2.915161199993284E-3,{"$f":"-L1260/(1.202*2465560*MAX(0,(Inputs!$X$49-O1260)))","v":1.2523389004406291},{"$f":"params!$C$15*P1260*(E1260-Inputs!$X$26)","v":-28892.525018816184},-107324.27201646466]
["2002-02-22","12:00:00",99,10,2,-2,73,{"$f":"Inputs!$X$37*Inputs!$X$32*(E1261-Inputs!$X$26)","v":-65503.25016740922},{"$f":"Inputs!$X$33*C1261*Inputs!$X$38","v":19314.560707550238},{"$f":"params!$C$15*Inputs!$X$29*(E1261-Inputs!$X$26)","v":-6805.1369999999979},{"$f":"Inputs!$X$40*Inputs!$X$41/8760","v":5342.4657534246571},{"$f":"-Inputs!$X$45*Inputs!$X$33","v":-30000},703.88301618186097,4.3509868656616182E-3,3.1762204119329812E-3,{"$f":"-L1261/(1.202*2465560*MAX(0,(Inputs!$X$49-O1261)))","v":1.2941353490859255},{"$f":"params!$C$15*P1261*(E1261-Inputs!$X$26)","v":-29856.804686050829},-107508.16539248516]
["2002-02-22","13:00:00",102,10,2,-3,67,{"$f":"Inputs!$X$37*Inputs!$X$32*(E1262-Inputs!$X$26)","v":-65503.25016740922},{"$f":"Inputs!$X$33*C1262*Inputs!$X$38","v":19899.850425960849},{"$f":"params!$C$15*Inputs!$X$29*(E1262-Inputs!$X$26)","v":-6805.1369999999979},{"$f":"Inputs!$X$40*Inputs!$X$41/8760","v":5342.4657534246571},{"$f":"-Inputs!$X$45*Inputs!$X$33","v":-30000},703.88301618186097,4.3509868656616182E-3,2.915161199993284E-3,{"$f":"-L1262/(1.202*2465560*MAX(0,(Inputs!$X$49-O1262)))","v":1.2523389004406291},{"$f":"params!$C$15*P1262*(E1262-Inputs!$X$26)","v":-28892.525018816184},-105958.5960068399]
["2002-02-22","14:00:00",99,10,3,-3,63,{"$f":"Inputs!$X$37*Inputs!$X$32*(E1263-Inputs!$X$26)","v":-62075.754519114555},{"$f":"Inputs!$X$33*C1263*Inputs!$X$38","v":19314.560707550238},{"$f":"params!$C$15*Inputs!$X$29*(E1263-Inputs!$X$26)","v":-6449.0542499999983},{"$f":"Inputs!$X$40*Inputs!$X$41/8760","v":5342.4657534246571},{"$f":"-Inputs!$X$45*Inputs!$X$33","v":-30000},755.80495631325812,4.6743495015895585E-3,2.9448401860014215E-3,{"$f":"-L1263/(1.202*2465560*MAX(0,(Inputs!$X$49-O1263)))","v":1.2569540856331531},{"$f":"params!$C$15*P1263*(E1263-Inputs!$X$26)","v":-27481.611670411494},-101349.39397855116]
["2002-02-22","15:00:00",79,10,2,-3,67,{"$f":"Inputs!$X$37*Inputs!$X$32*(E1264-Inputs!$X$26)","v":-65503.25016740922},{"$f":"Inputs!$X$33*C1264*Inputs!$X$38","v":15412.62925147948},{"$f":"params!$C$15*Inputs!$X$29*(E1264-Inputs!$X$26)","v":-6805.1369999999979},{"$f":"Inputs!$X$40*Inputs!$X$41/8760","v":5342.4657534246571},{"$f":"-Inputs!$X$45*Inputs!$X$33","v":-30000},703.88301618186097,4.3509868656616182E-3,2.915161199993284E-3,{"$f":"-L1264/(1.202*2465560*MAX(0,(Inputs!$X$49-O1264)))","v":1.2523389004406291},{"$f":"params!$C$15*P1264*(E1264-Inputs!$X$26)","v":-28892.525018816184},-110445.81718132127]
["2002-02-22","16:00:00",59,10,2,-3,67,{"$f":"Inputs!$X$37*Inputs!$X$32*(E1265-Inputs!$X$26)","v":-65503.25016740922},{"$f":"Inputs!$X$33*C1265*Inputs!$X$38","v":11510.697795408727},{"$f":"params!$C$15*Inputs!$X$29*(E1265-Inputs!$X$26)","v":-6805.1369999999979},{"$f":"Inputs!$X$40*Inputs!$X$41/8760","v":5342.4657534246571},{"$f":"-Inputs!$X$45*Inputs!$X$33","v":-30000},703.88301618186097,4.3509868656616182E-3,2.915161199993284E-3,{"$f":"-L1265/(1.202*2465560*MAX(0,(Inputs!$X$49-O1265)))","v":1.2523389004406291},{"$f":"params!$C$15*P1265*(E1265-Inputs!$X$26)","v":-28892.525018816184},-114347.74863739203]
["2002-02-22","17:00:00",28,10,2,-3,67,{"$f":"Inputs!$X$37*Inputs!$X$32*(E1266-Inputs!$X$26)","v":-65503.25016740922},{"$f":"Inputs!$X$33*C1266*Inputs!$X$38","v":5462.7040384990569},{"$f":"params!$C$15*Inputs!$X$29*(E1266-Inputs!$X$26)","v":-6805.1369999999979},{"$f":"Inputs!$X$40*Inputs!$X$41/8760","v":5342.4657534246571},{"$f":"-Inputs!$X$45*Inputs!$X$33","v":-30000},703.88301618186097,4.3509868656616182E-3,2.915161199993284E-3,{"$f":"-L1266/(1.202*2465560*MAX(0,(Inputs!$X$49-O1266)))","v":1.2523389004406291},{"$f":"params!$C$15*P1266*(E1266-Inputs!$X$26)","v":-28892.525018816184},-120395.74239430171]
["2002-02-22","18:00:00",4,10,1,-3,72,{"$f":"Inputs!$X$37*Inputs!$X$32*(E1267-Inputs!$X$26)","v":-68930.745815703893},{"$f":"Inputs!$X$33*C1267*Inputs!$X$38","v":780.3862912141509},{"$f":"params!$C$15*Inputs!$X$29*(E1267-Inputs!$X$26)","v":-7161.2197499999984},{"$f":"Inputs!$X$40*Inputs!$X$41/8760","v":5342.4657534246571},{"$f":"-Inputs!$X$45*Inputs!$X$33","v":-30000},655.14373774848059,4.0477489204243187E-3,2.9143792227055093E-3,{"$f":"-L1267/(1.202*2465560*MAX(0,(Inputs!$X$49-O1267)))","v":1.2522177584635092},{"$f":"params!$C$15*P1267*(E1267-Inputs!$X$26)","v":-30401.402097742503},-130370.51561880761]
["2002-02-22","19:00:00",0,10,1,-4,67,{"$f":"Inputs!$X$37*Inputs!$X$32*(E1268-Inputs!$X$26)","v":-68930.745815703893},{"$f":"Inputs!$X$33*C1268*Inputs!$X$38","v":0},{"$f":"params!$C$15*Inputs!$X$29*(E1268-Inputs!$X$26)","v":-7161.2197499999984},{"$f":"Inputs!$X$40*Inputs!$X$41/8760","v":5342.4657534246571},{"$f":"-Inputs!$X$45*Inputs!$X$33","v":-30000},655.14373774848059,4.0477489204243187E-3,2.7119917766842932E-3,{"$f":"-L1268/(1.202*2465560*MAX(0,(Inputs!$X$49-O1268)))","v":1.2216331430573093},{"$f":"params!$C$15*P1268*(E1268-Inputs!$X$26)","v":-29658.867355135437},-130408.36716741469]
["2002-02-22","20:00:00",0,10,0,-4,72,{"$f":"Inputs!$X$37*Inputs!$X$32*(E1269-Inputs!$X$26)","v":-72358.241463998565},{"$f":"Inputs!$X$33*C1269*Inputs!$X$38","v":0},{"$f":"params!$C$15*Inputs!$X$29*(E1269-Inputs!$X$26)","v":-7517.302499999998},{"$f":"Inputs!$X$40*Inputs!$X$41/8760","v":5342.4657534246571},{"$f":"-Inputs!$X$45*Inputs!$X$33","v":-30000},609.41773586642103,3.7635253138895938E-3,2.7097382260005075E-3,{"$f":"-L1269/(1.202*2465560*MAX(0,(Inputs!$X$49-O1269)))","v":1.2213009965906376},{"$f":"params!$C$15*P1269*(E1269-Inputs!$X$26)","v":-31125.152832154123},-135658.23104272803]
["2002-02-22","21:00:00",0,10,-1,-5,71,{"$f":"Inputs!$X$37*Inputs!$X$32*(E1270-Inputs!$X$26)","v":-75785.737112293224},{"$f":"Inputs!$X$33*C1270*Inputs!$X$38","v":0},{"$f":"params!$C$15*Inputs!$X$29*(E1270-Inputs!$X$26)","v":-7873.3852499999985},{"$f":"Inputs!$X$40*Inputs!$X$41/8760","v":5342.4657534246571},{"$f":"-Inputs!$X$45*Inputs!$X$33","v":-30000},566.54310372490409,3.4972595900071069E-3,2.4830543089050458E-3,{"$f":"-L1270/(1.202*2465560*MAX(0,(Inputs!$X$49-O1270)))","v":1.1887887561902826},{"$f":"params!$C$15*P1270*(E1270-Inputs!$X$26)","v":-31731.67118786195},-140048.3277967305]
["2002-02-22","22:00:00",0,10,-1,-6,66,{"$f":"Inputs!$X$37*Inputs!$X$32*(E1271-Inputs!$X$26)","v":-75785.737112293224},{"$f":"Inputs!$X$33*C1271*Inputs!$X$38","v":0},{"$f":"params!$C$15*Inputs!$X$29*(E1271-Inputs!$X$26)","v":-7873.3852499999985},{"$f":"Inputs!$X$40*Inputs!$X$41/8760","v":5342.4657534246571},{"$f":"-Inputs!$X$45*Inputs!$X$33","v":-30000},566.54310372490409,3.4972595900071069E-3,2.3081913294046904E-3,{"$f":"-L1271/(1.202*2465560*MAX(0,(Inputs!$X$49-O1271)))","v":1.1648678293502162},{"$f":"params!$C$15*P1271*(E1271-Inputs!$X$26)","v":-31093.163310793509},-139409.81991966208]
["2002-02-22","23:00:00",0,10,-1,-7,60,{"$f":"Inputs!$X$37*Inputs!$X$32*(E1272-Inputs!$X$26)","v":-75785.737112293224},{"$f":"Inputs!$X$33*C1272*Inputs!$X$38","v":0},{"$f":"params!$C$15*Inputs!$X$29*(E1272-Inputs!$X$26)","v":-7873.3852499999985},{"$f":"Inputs!$X$40*Inputs!$X$41/8760","v":5342.4657534246571},{"$f":"-Inputs!$X$45*Inputs!$X$33","v":-30000},566.54310372490409,3.4972595900071069E-3,2.0983557540042641E-3,{"$f":"-L1272/(1.202*2465560*MAX(0,(Inputs!$X$49-O1272)))","v":1.1374034924718157},{"$f":"params!$C$15*P1272*(E1272-Inputs!$X$26)","v":-30360.073177933456},-138676.72978680203]
["2002-02-22",1,0,10,-1,-8,55,{"$f":"Inputs!$X$37*Inputs!$X$32*(E1273-Inputs!$X$26)","v":-75785.737112293224},{"$f":"Inputs!$X$33*C1273*Inputs!$X$38","v":0},{"$f":"params!$C$15*Inputs!$X$29*(E1273-Inputs!$X$26)","v":-7873.3852499999985},{"$f":"Inputs!$X$40*Inputs!$X$41/8760","v":5342.4657534246571},{"$f":"-Inputs!$X$45*Inputs!$X$33","v":-30000},566.54310372490409,3.4972595900071069E-3,1.9234927745039087E-3,{"$f":"-L1273/(1.202*2465560*MAX(0,(Inputs!$X$49-O1273)))","v":1.1154867682347493},{"$f":"params!$C$15*P1273*(E1273-Inputs!$X$26)","v":-29775.062356301558},-138091.71896517012]
["2002-02-23","01:00:00",0,10,-1,-8,55,{"$f":"Inputs!$X$37*Inputs!$X$32*(E1274-Inputs!$X$26)","v":-75785.737112293224},{"$f":"Inputs!$X$33*C1274*Inputs!$X$38","v":0},{"$f":"params!$C$15*Inputs!$X$29*(E1274-Inputs!$X$26)","v":-7873.3852499999985},{"$f":"Inputs!$X$40*Inputs!$X$41/8760","v":5342.4657534246571},{"$f":"-Inputs!$X$45*Inputs!$X$33","v":-30000},566.54310372490409,3.4972595900071069E-3,1.9234927745039087E-3,{"$f":"-L1274/(1.202*2465560*MAX(0,(Inputs!$X$49-O1274)))","v":1.1154867682347493},{"$f":"params!$C$15*P1274*(E1274-Inputs!$X$26)","v":-29775.062356301558},-138091.71896517012]
["2002-02-23","02:00:00",0,10,-1,-8,55,{"$f":"Inputs!$X$37*Inputs!$X$32*(E1275-Inputs!$X$26)","v":-75785.737112293224},{"$f":"Inputs!$X$33*C1275*Inputs!$X$38","v":0},{"$f":"params!$C$15*Inputs!$X$29*(E1275-Inputs!$X$26)","v":-7873.3852499999985},{"$f":"Inputs!$X$40*Inputs!$X$41/8760","v":5342.4657534246571},{"$f":"-Inputs!$X$45*Inputs!$X$33","v":-30000},566.54310372490409,3.4972595900071069E-3,1.9234927745039087E-3,{"$f":"-L1275/(1.202*2465560*MAX(0,(Inputs!$X$49-O1275)))","v":1.1154867682347493},{"$f":"params!$C$15*P1275*(E1275-Inputs!$X$26)","v":-29775.062356301558},-138091.71896517012]
["2002-02-23","03:00:00",0,10,-2,-8,60,{"$f":"Inputs!$X$37*Inputs!$X$32*(E1276-Inputs!$X$26)","v":-79213.232760587896},{"$f":"Inputs!$X$33*C1276*Inputs!$X$38","v":0},{"$f":"params!$C$15*Inputs!$X$29*(E1276-Inputs!$X$26)","v":-8229.4679999999971},{"$f":"Inputs!$X$40*Inputs!$X$41/8760","v":5342.4657534246571},{"$f":"-Inputs!$X$45*Inputs!$X$33","v":-30000},526.36516305985776,3.2479468065175691E-3,1.9487680839105415E-3,{"$f":"-L1276/(1.202*2465560*MAX(0,(Inputs!$X$49-O1276)))","v":1.1186023231410169},{"$f":"params!$C$15*P1276*(E1276-Inputs!$X$26)","v":-31208.596060046944},-143308.83106721018]
["2002-02-23","04:00:00",0,10,-2,-8,60,{"$f":"Inputs!$X$37*Inputs!$X$32*(E1277-Inputs!$X$26)","v":-79213.232760587896},{"$f":"Inputs!$X$33*C1277*Inputs!$X$38","v":0},{"$f":"params!$C$15*Inputs!$X$29*(E1277-Inputs!$X$26)","v":-8229.4679999999971},{"$f":"Inputs!$X$40*Inputs!$X$41/8760","v":5342.4657534246571},{"$f":"-Inputs!$X$45*Inputs!$X$33","v":-30000},526.36516305985776,3.2479468065175691E-3,1.9487680839105415E-3,{"$f":"-L1277/(1.202*2465560*MAX(0,(Inputs!$X$49-O1277)))","v":1.1186023231410169},{"$f":"params!$C$15*P1277*(E1277-Inputs!$X$26)","v":-31208.596060046944},-143308.83106721018]
["2002-02-23","05:00:00",0,10,-3,-6,77,{"$f":"Inputs!$X$37*Inputs!$X$32*(E1278-Inputs!$X$26)","v":-82640.728408882569},{"$f":"Inputs!$X$33*C1278*Inputs!$X$38","v":0},{"$f":"params!$C$15*Inputs!$X$29*(E1278-Inputs!$X$26)","v":-8585.5507499999985},{"$f":"Inputs!$X$40*Inputs!$X$41/8760","v":5342.4657534246571},{"$f":"-Inputs!$X$45*Inputs!$X$33","v":-30000},488.73621912146871,3.0146312662847319E-3,2.3212660750392437E-3,{"$f":"-L1278/(1.202*2465560*MAX(0,(Inputs!$X$49-O1278)))","v":1.1666230804456208},{"$f":"params!$C$15*P1278*(E1278-Inputs!$X$26)","v":-33956.700039214913},-149840.51344467283]
["2002-02-23","06:00:00",0,10,-2,-9,55,{"$f":"Inputs!$X$37*Inputs!$X$32*(E1279-Inputs!$X$26)","v":-79213.232760587896},{"$f":"Inputs!$X$33*C1279*Inputs!$X$38","v":0},{"$f":"params!$C$15*Inputs!$X$29*(E1279-Inputs!$X$26)","v":-8229.4679999999971},{"$f":"Inputs!$X$40*Inputs!$X$41/8760","v":5342.4657534246571},{"$f":"-Inputs!$X$45*Inputs!$X$33","v":-30000},526.36516305985776,3.2479468065175691E-3,1.7863707435846628E-3,{"$f":"-L1279/(1.202*2465560*MAX(0,(Inputs!$X$49-O1279)))","v":1.0988824259807806},{"$f":"params!$C$15*P1279*(E1279-Inputs!$X$26)","v":-30658.418135249358},-142758.6531424126]
["2002-02-23","07:00:00",0,10,-4,-6,84,{"$f":"Inputs!$X$37*Inputs!$X$32*(E1280-Inputs!$X$26)","v":-86068.224057177227},{"$f":"Inputs!$X$33*C1280*Inputs!$X$38","v":0},{"$f":"params!$C$15*Inputs!$X$29*(E1280-Inputs!$X$26)","v":-8941.6334999999981},{"$f":"Inputs!$X$40*Inputs!$X$41/8760","v":5342.4657534246571},{"$f":"-Inputs!$X$45*Inputs!$X$33","v":-30000},453.51532044328405,2.7964043545646504E-3,2.3489796578343063E-3,{"$f":"-L1280/(1.202*2465560*MAX(0,(Inputs!$X$49-O1280)))","v":1.170361102910803},{"$f":"params!$C$15*P1280*(E1280-Inputs!$X$26)","v":-35478.356947494853},-155145.74875124742]
["2002-02-23","08:00:00",15,10,-3,-6,77,{"$f":"Inputs!$X$37*Inputs!$X$32*(E1281-Inputs!$X$26)","v":-82640.728408882569},{"$f":"Inputs!$X$33*C1281*Inputs!$X$38","v":2926.448592053066},{"$f":"params!$C$15*Inputs!$X$29*(E1281-Inputs!$X$26)","v":-8585.5507499999985},{"$f":"Inputs!$X$40*Inputs!$X$41/8760","v":5342.4657534246571},{"$f":"-Inputs!$X$45*Inputs!$X$33","v":-30000},488.73621912146871,3.0146312662847319E-3,2.3212660750392437E-3,{"$f":"-L1281/(1.202*2465560*MAX(0,(Inputs!$X$49-O1281)))","v":1.1666230804456208},{"$f":"params!$C$15*P1281*(E1281-Inputs!$X$26)","v":-33956.700039214913},-146914.06485261975]
["2002-02-23","09:00:00",251,8,-3,-9,60,{"$f":"Inputs!$X$37*Inputs!$X$32*(E1282-Inputs!$X$26)","v":-82640.728408882569},{"$f":"Inputs!$X$33*C1282*Inputs!$X$38","v":48969.239773687965},{"$f":"params!$C$15*Inputs!$X$29*(E1282-Inputs!$X$26)","v":-8585.5507499999985},{"$f":"Inputs!$X$40*Inputs!$X$41/8760","v":5342.4657534246571},{"$f":"-Inputs!$X$45*Inputs!$X$33","v":-30000},488.73621912146871,3.0146312662847319E-3,1.8087787597708392E-3,{"$f":"-L1282/(1.202*2465560*MAX(0,(Inputs!$X$49-O1282)))","v":1.1015619790555802},{"$f":"params!$C$15*P1282*(E1282-Inputs!$X$26)","v":-32062.977601220053},-98977.551232989994]
["2002-02-23","10:00:00",436,5,-2,-9,55,{"$f":"Inputs!$X$37*Inputs!$X$32*(E1283-Inputs!$X$26)","v":-79213.232760587896},{"$f":"Inputs!$X$33*C1283*Inputs!$X$38","v":85062.10574234245},{"$f":"params!$C$15*Inputs!$X$29*(E1283-Inputs!$X$26)","v":-8229.4679999999971},{"$f":"Inputs!$X$40*Inputs!$X$41/8760","v":5342.4657534246571},{"$f":"-Inputs!$X$45*Inputs!$X$33","v":-30000},{"$f":"EXP(77.345+0.0057*(E1283+273.15)-7235/(E1283+273.15))/(E1283+273.15)^8.2","v":526.36516305985776},{"$f":"0.62198*M1283/(101325-M1283)","v":3.2479468065175691E-3},{"$f":"N1283*G1283/100","v":1.7863707435846628E-3},{"$f":"-L1283/(1.202*2465560*MAX(0,(Inputs!$X$49-O1283)))","v":1.0988824259807806},{"$f":"params!$C$15*P1283*(E1283-Inputs!$X$26)","v":-30658.418135249358},{"$f":"H1283+I1283+J1283+K1283+L1283+Q1283","v":-57696.547400070143}]
["2002-02-23","11:00:00",566,3,-1,-9,50,{"$f":"Inputs!$X$37*Inputs!$X$32*(E1284-Inputs!$X$26)","v":-75785.737112293224},{"$f":"Inputs!$X$33*C1284*Inputs!$X$38","v":110424.66020680236},{"$f":"params!$C$15*Inputs!$X$29*(E1284-Inputs!$X$26)","v":-7873.3852499999985},{"$f":"Inputs!$X$40*Inputs!$X$41/8760","v":5342.4657534246571},{"$f":"-Inputs!$X$45*Inputs!$X$33","v":-30000},566.54310372490409,3.4972595900071069E-3,1.7486297950035535E-3,{"$f":"-L1284/(1.202*2465560*MAX(0,(Inputs!$X$49-O1284)))","v":1.0943987068543486},{"$f":"params!$C$15*P1284*(E1284-Inputs!$X$26)","v":-29212.170567303838},-27104.166969370039]
["2002-02-23","12:00:00",646,3,0,-9,46,{"$f":"Inputs!$X$37*Inputs!$X$32*(E1285-Inputs!$X$26)","v":-72358.241463998565},{"$f":"Inputs!$X$33*C1285*Inputs!$X$38","v":126032.38603108539},{"$f":"params!$C$15*Inputs!$X$29*(E1285-Inputs!$X$26)","v":-7517.302499999998},{"$f":"Inputs!$X$40*Inputs!$X$41/8760","v":5342.4657534246571},{"$f":"-Inputs!$X$45*Inputs!$X$33","v":-30000},609.41773586642103,3.7635253138895938E-3,1.731221644389213E-3,{"$f":"-L1285/(1.202*2465560*MAX(0,(Inputs!$X$49-O1285)))","v":1.0923428826324955},{"$f":"params!$C$15*P1285*(E1285-Inputs!$X$26)","v":-27838.623944436444},-6339.3161239249566]
["2002-02-23","13:00:00",666,3,2,-10,37,{"$f":"Inputs!$X$37*Inputs!$X$32*(E1286-Inputs!$X$26)","v":-65503.25016740922},{"$f":"Inputs!$X$33*C1286*Inputs!$X$38","v":129934.31748715614},{"$f":"params!$C$15*Inputs!$X$29*(E1286-Inputs!$X$26)","v":-6805.1369999999979},{"$f":"Inputs!$X$40*Inputs!$X$41/8760","v":5342.4657534246571},{"$f":"-Inputs!$X$45*Inputs!$X$33","v":-30000},703.88301618186097,4.3509868656616182E-3,1.6098651402947986E-3,{"$f":"-L1286/(1.202*2465560*MAX(0,(Inputs!$X$49-O1286)))","v":1.0782230534620565},{"$f":"params!$C$15*P1286*(E1286-Inputs!$X$26)","v":-24875.524138917965},8092.8719342536133]
["2002-02-23","14:00:00",625,0,2,-10,37,{"$f":"Inputs!$X$37*Inputs!$X$32*(E1287-Inputs!$X$26)","v":-65503.25016740922},{"$f":"Inputs!$X$33*C1287*Inputs!$X$38","v":121935.35800221108},{"$f":"params!$C$15*Inputs!$X$29*(E1287-Inputs!$X$26)","v":-6805.1369999999979},{"$f":"Inputs!$X$40*Inputs!$X$41/8760","v":5342.4657534246571},{"$f":"-Inputs!$X$45*Inputs!$X$33","v":-30000},703.88301618186097,4.3509868656616182E-3,1.6098651402947986E-3,{"$f":"-L1287/(1.202*2465560*MAX(0,(Inputs!$X$49-O1287)))","v":1.0782230534620565},{"$f":"params!$C$15*P1287*(E1287-Inputs!$X$26)","v":-24875.524138917965},93.912449308561918]
["2002-02-23","15:00:00",525,0,4,-9,35,{"$f":"Inputs!$X$37*Inputs!$X$32*(E1288-Inputs!$X$26)","v":-58648.258870819882},{"$f":"Inputs!$X$33*C1288*Inputs!$X$38","v":102425.70072185731},{"$f":"params!$C$15*Inputs!$X$29*(E1288-Inputs!$X$26)","v":-6092.9714999999987},{"$f":"Inputs!$X$40*Inputs!$X$41/8760","v":5342.4657534246571},{"$f":"-Inputs!$X$45*Inputs!$X$33","v":-30000},811.08667612094962,5.0190035800134264E-3,1.7566512530046994E-3,{"$f":"-L1288/(1.202*2465560*MAX(0,(Inputs!$X$49-O1288)))","v":1.0953486115529127},{"$f":"params!$C$15*P1288*(E1288-Inputs!$X$26)","v":-22626.025022211146},-9599.0889177490571]
["2002-02-23","16:00:00",380,0,3,-8,41,{"$f":"Inputs!$X$37*Inputs!$X$32*(E1289-Inputs!$X$26)","v":-62075.754519114555},{"$f":"Inputs!$X$33*C1289*Inputs!$X$38","v":74136.697665344342},{"$f":"params!$C$15*Inputs!$X$29*(E1289-Inputs!$X$26)","v":-6449.0542499999983},{"$f":"Inputs!$X$40*Inputs!$X$41/8760","v":5342.4657534246571},{"$f":"-Inputs!$X$45*Inputs!$X$33","v":-30000},755.80495631325812,4.6743495015895585E-3,1.9164832956517189E-3,{"$f":"-L1289/(1.202*2465560*MAX(0,(Inputs!$X$49-O1289)))","v":1.1146258180176398},{"$f":"params!$C$15*P1289*(E1289-Inputs!$X$26)","v":-24369.795395625541},-43415.440745971093]
["2002-02-23","17:00:00",197,0,1,-8,47,{"$f":"Inputs!$X$37*Inputs!$X$32*(E1290-Inputs!$X$26)","v":-68930.745815703893},{"$f":"Inputs!$X$33*C1290*Inputs!$X$38","v":38434.024842296938},{"$f":"params!$C$15*Inputs!$X$29*(E1290-Inputs!$X$26)","v":-7161.2197499999984},{"$f":"Inputs!$X$40*Inputs!$X$41/8760","v":5342.4657534246571},{"$f":"-Inputs!$X$45*Inputs!$X$33","v":-30000},655.14373774848059,4.0477489204243187E-3,1.9024419925994299E-3,{"$f":"-L1290/(1.202*2465560*MAX(0,(Inputs!$X$49-O1290)))","v":1.1129051643778345},{"$f":"params!$C$15*P1290*(E1290-Inputs!$X$26)","v":-27019.164334819416},-89334.639304801705]
["2002-02-23","18:00:00",24,0,-1,-8,55,{"$f":"Inputs!$X$37*Inputs!$X$32*(E1291-Inputs!$X$26)","v":-75785.737112293224},{"$f":"Inputs!$X$33*C1291*Inputs!$X$38","v":4682.3177472849056},{"$f":"params!$C$15*Inputs!$X$29*(E1291-Inputs!$X$26)","v":-7873.3852499999985},{"$f":"Inputs!$X$40*Inputs!$X$41/8760","v":5342.4657534246571},{"$f":"-Inputs!$X$45*Inputs!$X$33","v":-30000},566.54310372490409,3.4972595900071069E-3,1.9234927745039087E-3,{"$f":"-L1291/(1.202*2465560*MAX(0,(Inputs!$X$49-O1291)))","v":1.1154867682347493},{"$f":"params!$C$15*P1291*(E1291-Inputs!$X$26)","v":-29775.062356301558},-133409.40121788523]
["2002-02-23","19:00:00",0,0,-2,-8,60,{"$f":"Inputs!$X$37*Inputs!$X$32*(E1292-Inputs!$X$26)","v":-79213.232760587896},{"$f":"Inputs!$X$33*C1292*Inputs!$X$38","v":0},{"$f":"params!$C$15*Inputs!$X$29*(E1292-Inputs!$X$26)","v":-8229.4679999999971},{"$f":"Inputs!$X$40*Inputs!$X$41/8760","v":5342.4657534246571},{"$f":"-Inputs!$X$45*Inputs!$X$33","v":-30000},526.36516305985776,3.2479468065175691E-3,1.9487680839105415E-3,{"$f":"-L1292/(1.202*2465560*MAX(0,(Inputs!$X$49-O1292)))","v":1.1186023231410169},{"$f":"params!$C$15*P1292*(E1292-Inputs!$X$26)","v":-31208.596060046944},-143308.83106721018]
["2002-02-23","20:00:00",0,0,-3,-8,65,{"$f":"Inputs!$X$37*Inputs!$X$32*(E1293-Inputs!$X$26)","v":-82640.728408882569},{"$f":"Inputs!$X$33*C1293*Inputs!$X$38","v":0},{"$f":"params!$C$15*Inputs!$X$29*(E1293-Inputs!$X$26)","v":-8585.5507499999985},{"$f":"Inputs!$X$40*Inputs!$X$41/8760","v":5342.4657534246571},{"$f":"-Inputs!$X$45*Inputs!$X$33","v":-30000},488.73621912146871,3.0146312662847319E-3,1.9595103230850759E-3,{"$f":"-L1293/(1.202*2465560*MAX(0,(Inputs!$X$49-O1293)))","v":1.1199317390634185},{"$f":"params!$C$15*P1293*(E1293-Inputs!$X$26)","v":-32597.663088618661},-148481.47649407657]
["2002-02-23","21:00:00",0,0,-4,-7,77,{"$f":"Inputs!$X$37*Inputs!$X$32*(E1294-Inputs!$X$26)","v":-86068.224057177227},{"$f":"Inputs!$X$33*C1294*Inputs!$X$38","v":0},{"$f":"params!$C$15*Inputs!$X$29*(E1294-Inputs!$X$26)","v":-8941.6334999999981},{"$f":"Inputs!$X$40*Inputs!$X$41/8760","v":5342.4657534246571},{"$f":"-Inputs!$X$45*Inputs!$X$33","v":-30000},453.51532044328405,2.7964043545646504E-3,2.1532313530147808E-3,{"$f":"-L1294/(1.202*2465560*MAX(0,(Inputs!$X$49-O1294)))","v":1.1444600560619673},{"$f":"params!$C$15*P1294*(E1294-Inputs!$X$26)","v":-34693.191938907912},-154360.58374266047]
["2002-02-23","22:00:00",0,0,-5,-8,77,{"$f":"Inputs!$X$37*Inputs!$X$32*(E1295-Inputs!$X$26)","v":-89495.7197054719},{"$f":"Inputs!$X$33*C1295*Inputs!$X$38","v":0},{"$f":"params!$C$15*Inputs!$X$29*(E1295-Inputs!$X$26)","v":-9297.7162499999977},{"$f":"Inputs!$X$40*Inputs!$X$41/8760","v":5342.4657534246571},{"$f":"-Inputs!$X$45*Inputs!$X$33","v":-30000},420.56802345265027,2.5924024753231664E-3,1.996149905998838E-3,{"$f":"-L1295/(1.202*2465560*MAX(0,(Inputs!$X$49-O1295)))","v":1.1244899713105516},{"$f":"params!$C$15*P1295*(E1295-Inputs!$X$26)","v":-35445.297758391782},-158896.26796043903]
["2002-02-23","23:00:00",0,0,-6,-8,84,{"$f":"Inputs!$X$37*Inputs!$X$32*(E1296-Inputs!$X$26)","v":-92923.215353766573},{"$f":"Inputs!$X$33*C1296*Inputs!$X$38","v":0},{"$f":"params!$C$15*Inputs!$X$29*(E1296-Inputs!$X$26)","v":-9653.7989999999972},{"$f":"Inputs!$X$40*Inputs!$X$41/8760","v":5342.4657534246571},{"$f":"-Inputs!$X$45*Inputs!$X$33","v":-30000},389.76616195693094,2.4018050803048703E-3,2.0175162674560907E-3,{"$f":"-L1296/(1.202*2465560*MAX(0,(Inputs!$X$49-O1296)))","v":1.1271652716573397},{"$f":"params!$C$15*P1296*(E1296-Inputs!$X$26)","v":-36890.335593678152},-164124.88419402007]
["2002-02-23",1,0,0,-6,-8,84,{"$f":"Inputs!$X$37*Inputs!$X$32*(E1297-Inputs!$X$26)","v":-92923.215353766573},{"$f":"Inputs!$X$33*C1297*Inputs!$X$38","v":0},{"$f":"params!$C$15*Inputs!$X$29*(E1297-Inputs!$X$26)","v":-9653.7989999999972},{"$f":"Inputs!$X$40*Inputs!$X$41/8760","v":5342.4657534246571},{"$f":"-Inputs!$X$45*Inputs!$X$33","v":-30000},389.76616195693094,2.4018050803048703E-3,2.0175162674560907E-3,{"$f":"-L1297/(1.202*2465560*MAX(0,(Inputs!$X$49-O1297)))","v":1.1271652716573397},{"$f":"params!$C$15*P1297*(E1297-Inputs!$X$26)","v":-36890.335593678152},-164124.88419402007]
["2002-02-24","01:00:00",0,0,-7,-8,92,{"$f":"Inputs!$X$37*Inputs!$X$32*(E1298-Inputs!$X$26)","v":-96350.711002061245},{"$f":"Inputs!$X$33*C1298*Inputs!$X$38","v":0},{"$f":"params!$C$15*Inputs!$X$29*(E1298-Inputs!$X$26)","v":-10009.881749999997},{"$f":"Inputs!$X$40*Inputs!$X$41/8760","v":5342.4657534246571},{"$f":"-Inputs!$X$45*Inputs!$X$33","v":-30000},360.98762153500678,2.2238327850987206E-3,2.0459261622908231E-3,{"$f":"-L1298/(1.202*2465560*MAX(0,(Inputs!$X$49-O1298)))","v":1.1307422774594986},{"$f":"params!$C$15*P1298*(E1298-Inputs!$X$26)","v":-38372.432578831038},-169390.55957746762]
["2002-02-24","02:00:00",0,0,-8,-9,92,{"$f":"Inputs!$X$37*Inputs!$X$32*(E1299-Inputs!$X$26)","v":-99778.206650355904},{"$f":"Inputs!$X$33*C1299*Inputs!$X$38","v":0},{"$f":"params!$C$15*Inputs!$X$29*(E1299-Inputs!$X$26)","v":-10365.964499999998},{"$f":"Inputs!$X$40*Inputs!$X$41/8760","v":5342.4657534246571},{"$f":"-Inputs!$X$45*Inputs!$X$33","v":-30000},334.1161188582924,2.0577455669371189E-3,1.8931259215821494E-3,{"$f":"-L1299/(1.202*2465560*MAX(0,(Inputs!$X$49-O1299)))","v":1.1117664801301264},{"$f":"params!$C$15*P1299*(E1299-Inputs!$X$26)","v":-39070.597004560834},-173872.30240149211]
["2002-02-24","03:00:00",0,0,-8,-9,92,{"$f":"Inputs!$X$37*Inputs!$X$32*(E1300-Inputs!$X$26)","v":-99778.206650355904},{"$f":"Inputs!$X$33*C1300*Inputs!$X$38","v":0},{"$f":"params!$C$15*Inputs!$X$29*(E1300-Inputs!$X$26)","v":-10365.964499999998},{"$f":"Inputs!$X$40*Inputs!$X$41/8760","v":5342.4657534246571},{"$f":"-Inputs!$X$45*Inputs!$X$33","v":-30000},334.1161188582924,2.0577455669371189E-3,1.8931259215821494E-3,{"$f":"-L1300/(1.202*2465560*MAX(0,(Inputs!$X$49-O1300)))","v":1.1117664801301264},{"$f":"params!$C$15*P1300*(E1300-Inputs!$X$26)","v":-39070.597004560834},-173872.30240149211]
["2002-02-24","04:00:00",0,1,-8,-9,92,{"$f":"Inputs!$X$37*Inputs!$X$32*(E1301-Inputs!$X$26)","v":-99778.206650355904},{"$f":"Inputs!$X$33*C1301*Inputs!$X$38","v":0},{"$f":"params!$C$15*Inputs!$X$29*(E1301-Inputs!$X$26)","v":-10365.964499999998},{"$f":"Inputs!$X$40*Inputs!$X$41/8760","v":5342.4657534246571},{"$f":"-Inputs!$X$45*Inputs!$X$33","v":-30000},334.1161188582924,2.0577455669371189E-3,1.8931259215821494E-3,{"$f":"-L1301/(1.202*2465560*MAX(0,(Inputs!$X$49-O1301)))","v":1.1117664801301264},{"$f":"params!$C$15*P1301*(E1301-Inputs!$X$26)","v":-39070.597004560834},-173872.30240149211]
["2002-02-24","05:00:00",0,1,-8,-9,92,{"$f":"Inputs!$X$37*Inputs!$X$32*(E1302-Inputs!$X$26)","v":-99778.206650355904},{"$f":"Inputs!$X$33*C1302*Inputs!$X$38","v":0},{"$f":"params!$C$15*Inputs!$X$29*(E1302-Inputs!$X$26)","v":-10365.964499999998},{"$f":"Inputs!$X$40*Inputs!$X$41/8760","v":5342.4657534246571},{"$f":"-Inputs!$X$45*Inputs!$X$33","v":-30000},334.1161188582924,2.0577455669371189E-3,1.8931259215821494E-3,{"$f":"-L1302/(1.202*2465560*MAX(0,(Inputs!$X$49-O1302)))","v":1.1117664801301264},{"$f":"params!$C$15*P1302*(E1302-Inputs!$X$26)","v":-39070.597004560834},-173872.30240149211]
["2002-02-24","06:00:00",0,0,-8,-9,92,{"$f":"Inputs!$X$37*Inputs!$X$32*(E1303-Inputs!$X$26)","v":-99778.206650355904},{"$f":"Inputs!$X$33*C1303*Inputs!$X$38","v":0},{"$f":"params!$C$15*Inputs!$X$29*(E1303-Inputs!$X$26)","v":-10365.964499999998},{"$f":"Inputs!$X$40*Inputs!$X$41/8760","v":5342.4657534246571},{"$f":"-Inputs!$X$45*Inputs!$X$33","v":-30000},334.1161188582924,2.0577455669371189E-3,1.8931259215821494E-3,{"$f":"-L1303/(1.202*2465560*MAX(0,(Inputs!$X$49-O1303)))","v":1.1117664801301264},{"$f":"params!$C$15*P1303*(E1303-Inputs!$X$26)","v":-39070.597004560834},-173872.30240149211]
["2002-02-24","07:00:00",0,0,-9,-10,92,{"$f":"Inputs!$X$37*Inputs!$X$32*(E1304-Inputs!$X$26)","v":-103205.70229865058},{"$f":"Inputs!$X$33*C1304*Inputs!$X$38","v":0},{"$f":"params!$C$15*Inputs!$X$29*(E1304-Inputs!$X$26)","v":-10722.047249999998},{"$f":"Inputs!$X$40*Inputs!$X$41/8760","v":5342.4657534246571},{"$f":"-Inputs!$X$45*Inputs!$X$33","v":-30000},309.04098596033037,1.902841039413297E-3,1.7506137562602333E-3,{"$f":"-L1304/(1.202*2465560*MAX(0,(Inputs!$X$49-O1304)))","v":1.0946334950616519},{"$f":"params!$C$15*P1304*(E1304-Inputs!$X$26)","v":-39789.932661675753},-178375.21645690169]
["2002-02-24","08:00:00",101,0,-7,-8,92,{"$f":"Inputs!$X$37*Inputs!$X$32*(E1305-Inputs!$X$26)","v":-96350.711002061245},{"$f":"Inputs!$X$33*C1305*Inputs!$X$38","v":19704.753853157312},{"$f":"params!$C$15*Inputs!$X$29*(E1305-Inputs!$X$26)","v":-10009.881749999997},{"$f":"Inputs!$X$40*Inputs!$X$41/8760","v":5342.4657534246571},{"$f":"-Inputs!$X$45*Inputs!$X$33","v":-30000},360.98762153500678,2.2238327850987206E-3,2.0459261622908231E-3,{"$f":"-L1305/(1.202*2465560*MAX(0,(Inputs!$X$49-O1305)))","v":1.1307422774594986},{"$f":"params!$C$15*P1305*(E1305-Inputs!$X$26)","v":-38372.432578831038},-149685.80572431034]
["2002-02-24","09:00:00",272,0,-5,-7,84,{"$f":"Inputs!$X$37*Inputs!$X$32*(E1306-Inputs!$X$26)","v":-89495.7197054719},{"$f":"Inputs!$X$33*C1306*Inputs!$X$38","v":53066.267802562266},{"$f":"params!$C$15*Inputs!$X$29*(E1306-Inputs!$X$26)","v":-9297.7162499999977},{"$f":"Inputs!$X$40*Inputs!$X$41/8760","v":5342.4657534246571},{"$f":"-Inputs!$X$45*Inputs!$X$33","v":-30000},420.56802345265027,2.5924024753231664E-3,2.1776180792714597E-3,{"$f":"-L1306/(1.202*2465560*MAX(0,(Inputs!$X$49-O1306)))","v":1.1476241736815775},{"$f":"params!$C$15*P1306*(E1306-Inputs!$X$26)","v":-36174.51608168926},-106559.21848117423]
["2002-02-24","10:00:00",442,0,-2,-6,71,{"$f":"Inputs!$X$37*Inputs!$X$32*(E1307-Inputs!$X$26)","v":-79213.232760587896},{"$f":"Inputs!$X$33*C1307*Inputs!$X$38","v":86232.685179163687},{"$f":"params!$C$15*Inputs!$X$29*(E1307-Inputs!$X$26)","v":-8229.4679999999971},{"$f":"Inputs!$X$40*Inputs!$X$41/8760","v":5342.4657534246571},{"$f":"-Inputs!$X$45*Inputs!$X$33","v":-30000},526.36516305985776,3.2479468065175691E-3,2.306042232627474E-3,{"$f":"-L1307/(1.202*2465560*MAX(0,(Inputs!$X$49-O1307)))","v":1.164579823921092},{"$f":"params!$C$15*P1307*(E1307-Inputs!$X$26)","v":-32491.351530880136},-58358.901358879681]
["2002-02-24","11:00:00",572,0,2,-5,57,{"$f":"Inputs!$X$37*Inputs!$X$32*(E1308-Inputs!$X$26)","v":-65503.25016740922},{"$f":"Inputs!$X$33*C1308*Inputs!$X$38","v":111595.2396436236},{"$f":"params!$C$15*Inputs!$X$29*(E1308-Inputs!$X$26)","v":-6805.1369999999979},{"$f":"Inputs!$X$40*Inputs!$X$41/8760","v":5342.4657534246571},{"$f":"-Inputs!$X$45*Inputs!$X$33","v":-30000},703.88301618186097,4.3509868656616182E-3,2.4800625134271223E-3,{"$f":"-L1308/(1.202*2465560*MAX(0,(Inputs!$X$49-O1308)))","v":1.1883712263622321},{"$f":"params!$C$15*P1308*(E1308-Inputs!$X$26)","v":-27416.736298162941},-12787.418068523897]
["2002-02-24","12:00:00",652,3,6,-7,36,{"$f":"Inputs!$X$37*Inputs!$X$32*(E1309-Inputs!$X$26)","v":-51793.267574230544},{"$f":"Inputs!$X$33*C1309*Inputs!$X$38","v":127202.9654679066},{"$f":"params!$C$15*Inputs!$X$29*(E1309-Inputs!$X$26)","v":-5380.8059999999987},{"$f":"Inputs!$X$40*Inputs!$X$41/8760","v":5342.4657534246571},{"$f":"-Inputs!$X$45*Inputs!$X$33","v":-30000},932.4781503104233,5.7771510192606073E-3,2.0797743669338188E-3,{"$f":"-L1309/(1.202*2465560*MAX(0,(Inputs!$X$49-O1309)))","v":1.1350337549038998},{"$f":"params!$C$15*P1309*(E1309-Inputs!$X$26)","v":-20705.363808946004},24665.993838154707]
["2002-02-24","13:00:00",672,0,9,-9,25,{"$f":"Inputs!$X$37*Inputs!$X$32*(E1310-Inputs!$X$26)","v":-41510.78062934654},{"$f":"Inputs!$X$33*C1310*Inputs!$X$38","v":131104.89692397736},{"$f":"params!$C$15*Inputs!$X$29*(E1310-Inputs!$X$26)","v":-4312.557749999999},{"$f":"Inputs!$X$40*Inputs!$X$41/8760","v":5342.4657534246571},{"$f":"-Inputs!$X$45*Inputs!$X$33","v":-30000},1144.6654335441779,7.1067740933079149E-3,1.7766935233269787E-3,{"$f":"-L1310/(1.202*2465560*MAX(0,(Inputs!$X$49-O1310)))","v":1.0977292492282242},{"$f":"params!$C$15*P1310*(E1310-Inputs!$X$26)","v":-16049.330273324291},44574.694024731187]
["2002-02-24","14:00:00",631,3,10,-14,15,{"$f":"Inputs!$X$37*Inputs!$X$32*(E1311-Inputs!$X$26)","v":-38083.284981051875},{"$f":"Inputs!$X$33*C1311*Inputs!$X$38","v":123105.93743903232},{"$f":"params!$C$15*Inputs!$X$29*(E1311-Inputs!$X$26)","v":-3956.474999999999},{"$f":"Inputs!$X$40*Inputs!$X$41/8760","v":5342.4657534246571},{"$f":"-Inputs!$X$45*Inputs!$X$33","v":-30000},1224.2915728566036,7.6071876458255446E-3,1.1410781468738317E-3,{"$f":"-L1311/(1.202*2465560*MAX(0,(Inputs!$X$49-O1311)))","v":1.026945156384989},{"$f":"params!$C$15*P1311*(E1311-Inputs!$X$26)","v":-13774.708942587433},42633.934268817655]
["2002-02-24","15:00:00",531,4,12,-11,17,{"$f":"Inputs!$X$37*Inputs!$X$32*(E1312-Inputs!$X$26)","v":-31228.293684462536},{"$f":"Inputs!$X$33*C1312*Inputs!$X$38","v":103596.28015867855},{"$f":"params!$C$15*Inputs!$X$29*(E1312-Inputs!$X$26)","v":-3244.3094999999989},{"$f":"Inputs!$X$40*Inputs!$X$41/8760","v":5342.4657534246571},{"$f":"-Inputs!$X$45*Inputs!$X$33","v":-30000},1398.3079270856979,8.70357605607666E-3,1.4796079295330321E-3,{"$f":"-L1312/(1.202*2465560*MAX(0,(Inputs!$X$49-O1312)))","v":1.0634682407634122},{"$f":"params!$C$15*P1312*(E1312-Inputs!$X$26)","v":-11696.974881277907},32769.167846362754]
["2002-02-24","16:00:00",386,2,12,-12,15,{"$f":"Inputs!$X$37*Inputs!$X$32*(E1313-Inputs!$X$26)","v":-31228.293684462536},{"$f":"Inputs!$X$33*C1313*Inputs!$X$38","v":75307.277102165564},{"$f":"params!$C$15*Inputs!$X$29*(E1313-Inputs!$X$26)","v":-3244.3094999999989},{"$f":"Inputs!$X$40*Inputs!$X$41/8760","v":5342.4657534246571},{"$f":"-Inputs!$X$45*Inputs!$X$33","v":-30000},1398.3079270856979,8.70357605607666E-3,1.305536408411499E-3,{"$f":"-L1313/(1.202*2465560*MAX(0,(Inputs!$X$49-O1313)))","v":1.0443694790982763},{"$f":"params!$C$15*P1313*(E1313-Inputs!$X$26)","v":-11486.909618491836},4690.230052635854]
["2002-02-24","17:00:00",203,0,11,-11,18,{"$f":"Inputs!$X$37*Inputs!$X$32*(E1314-Inputs!$X$26)","v":-34655.789332757202},{"$f":"Inputs!$X$33*C1314*Inputs!$X$38","v":39604.604279118161},{"$f":"params!$C$15*Inputs!$X$29*(E1314-Inputs!$X$26)","v":-3600.392249999999},{"$f":"Inputs!$X$40*Inputs!$X$41/8760","v":5342.4657534246571},{"$f":"-Inputs!$X$45*Inputs!$X$33","v":-30000},1308.7561751391206,8.138879592783612E-3,1.4649983267010502E-3,{"$f":"-L1314/(1.202*2465560*MAX(0,(Inputs!$X$49-O1314)))","v":1.0618384937708341},{"$f":"params!$C$15*P1314*(E1314-Inputs!$X$26)","v":-12960.896358834663},-36270.007909049047]
["2002-02-24","18:00:00",27,0,8,-9,26,{"$f":"Inputs!$X$37*Inputs!$X$32*(E1315-Inputs!$X$26)","v":-44938.276277641213},{"$f":"Inputs!$X$33*C1315*Inputs!$X$38","v":5267.6074656955188},{"$f":"params!$C$15*Inputs!$X$29*(E1315-Inputs!$X$26)","v":-4668.6404999999986},{"$f":"Inputs!$X$40*Inputs!$X$41/8760","v":5342.4657534246571},{"$f":"-Inputs!$X$45*Inputs!$X$33","v":-30000},1069.6390010481693,6.6359949158119932E-3,1.7253586781111182E-3,{"$f":"-L1315/(1.202*2465560*MAX(0,(Inputs!$X$49-O1315)))","v":1.0916522303131933},{"$f":"params!$C$15*P1315*(E1315-Inputs!$X$26)","v":-17278.319238184336},-86275.162796705379]
["2002-02-24","19:00:00",0,0,3,-7,45,{"$f":"Inputs!$X$37*Inputs!$X$32*(E1316-Inputs!$X$26)","v":-62075.754519114555},{"$f":"Inputs!$X$33*C1316*Inputs!$X$38","v":0},{"$f":"params!$C$15*Inputs!$X$29*(E1316-Inputs!$X$26)","v":-6449.0542499999983},{"$f":"Inputs!$X$40*Inputs!$X$41/8760","v":5342.4657534246571},{"$f":"-Inputs!$X$45*Inputs!$X$33","v":-30000},755.80495631325812,4.6743495015895585E-3,2.1034572757153013E-3,{"$f":"-L1316/(1.202*2465560*MAX(0,(Inputs!$X$49-O1316)))","v":1.1380558364469087},{"$f":"params!$C$15*P1316*(E1316-Inputs!$X$26)","v":-24882.061257412697},-118064.4042731026]
["2002-02-24","20:00:00",0,0,-1,-6,66,{"$f":"Inputs!$X$37*Inputs!$X$32*(E1317-Inputs!$X$26)","v":-75785.737112293224},{"$f":"Inputs!$X$33*C1317*Inputs!$X$38","v":0},{"$f":"params!$C$15*Inputs!$X$29*(E1317-Inputs!$X$26)","v":-7873.3852499999985},{"$f":"Inputs!$X$40*Inputs!$X$41/8760","v":5342.4657534246571},{"$f":"-Inputs!$X$45*Inputs!$X$33","v":-30000},566.54310372490409,3.4972595900071069E-3,2.3081913294046904E-3,{"$f":"-L1317/(1.202*2465560*MAX(0,(Inputs!$X$49-O1317)))","v":1.1648678293502162},{"$f":"params!$C$15*P1317*(E1317-Inputs!$X$26)","v":-31093.163310793509},-139409.81991966208]
["2002-02-24","21:00:00",0,0,-1,-6,66,{"$f":"Inputs!$X$37*Inputs!$X$32*(E1318-Inputs!$X$26)","v":-75785.737112293224},{"$f":"Inputs!$X$33*C1318*Inputs!$X$38","v":0},{"$f":"params!$C$15*Inputs!$X$29*(E1318-Inputs!$X$26)","v":-7873.3852499999985},{"$f":"Inputs!$X$40*Inputs!$X$41/8760","v":5342.4657534246571},{"$f":"-Inputs!$X$45*Inputs!$X$33","v":-30000},566.54310372490409,3.4972595900071069E-3,2.3081913294046904E-3,{"$f":"-L1318/(1.202*2465560*MAX(0,(Inputs!$X$49-O1318)))","v":1.1648678293502162},{"$f":"params!$C$15*P1318*(E1318-Inputs!$X$26)","v":-31093.163310793509},-139409.81991966208]
["2002-02-24","22:00:00",0,0,-2,-5,78,{"$f":"Inputs!$X$37*Inputs!$X$32*(E1319-Inputs!$X$26)","v":-79213.232760587896},{"$f":"Inputs!$X$33*C1319*Inputs!$X$38","v":0},{"$f":"params!$C$15*Inputs!$X$29*(E1319-Inputs!$X$26)","v":-8229.4679999999971},{"$f":"Inputs!$X$40*Inputs!$X$41/8760","v":5342.4657534246571},{"$f":"-Inputs!$X$45*Inputs!$X$33","v":-30000},526.36516305985776,3.2479468065175691E-3,2.5333985090837041E-3,{"$f":"-L1319/(1.202*2465560*MAX(0,(Inputs!$X$49-O1319)))","v":1.1958589755842766},{"$f":"params!$C$15*P1319*(E1319-Inputs!$X$26)","v":-33364.02843236929},-145464.26343953254]
["2002-02-24","23:00:00",0,6,-2,-6,71,{"$f":"Inputs!$X$37*Inputs!$X$32*(E1320-Inputs!$X$26)","v":-79213.232760587896},{"$f":"Inputs!$X$33*C1320*Inputs!$X$38","v":0},{"$f":"params!$C$15*Inputs!$X$29*(E1320-Inputs!$X$26)","v":-8229.4679999999971},{"$f":"Inputs!$X$40*Inputs!$X$41/8760","v":5342.4657534246571},{"$f":"-Inputs!$X$45*Inputs!$X$33","v":-30000},526.36516305985776,3.2479468065175691E-3,2.306042232627474E-3,{"$f":"-L1320/(1.202*2465560*MAX(0,(Inputs!$X$49-O1320)))","v":1.164579823921092},{"$f":"params!$C$15*P1320*(E1320-Inputs!$X$26)","v":-32491.351530880136},-144591.58653804337]
["2002-02-24",1,0,9,-2,-4,85,{"$f":"Inputs!$X$37*Inputs!$X$32*(E1321-Inputs!$X$26)","v":-79213.232760587896},{"$f":"Inputs!$X$33*C1321*Inputs!$X$38","v":0},{"$f":"params!$C$15*Inputs!$X$29*(E1321-Inputs!$X$26)","v":-8229.4679999999971},{"$f":"Inputs!$X$40*Inputs!$X$41/8760","v":5342.4657534246571},{"$f":"-Inputs!$X$45*Inputs!$X$33","v":-30000},526.36516305985776,3.2479468065175691E-3,2.7607547855399341E-3,{"$f":"-L1321/(1.202*2465560*MAX(0,(Inputs!$X$49-O1321)))","v":1.2288647393508831},{"$f":"params!$C$15*P1321*(E1321-Inputs!$X$26)","v":-34284.877180611613},-146385.11218777485]
["2002-02-25","01:00:00",0,7,-1,-4,78,{"$f":"Inputs!$X$37*Inputs!$X$32*(E1322-Inputs!$X$26)","v":-75785.737112293224},{"$f":"Inputs!$X$33*C1322*Inputs!$X$38","v":0},{"$f":"params!$C$15*Inputs!$X$29*(E1322-Inputs!$X$26)","v":-7873.3852499999985},{"$f":"Inputs!$X$40*Inputs!$X$41/8760","v":5342.4657534246571},{"$f":"-Inputs!$X$45*Inputs!$X$33","v":-30000},566.54310372490409,3.4972595900071069E-3,2.7278624802055435E-3,{"$f":"-L1322/(1.202*2465560*MAX(0,(Inputs!$X$49-O1322)))","v":1.2239774214274959},{"$f":"params!$C$15*P1322*(E1322-Inputs!$X$26)","v":-32670.942483146875},-140987.59909201544]
["2002-02-25","02:00:00",0,5,-1,-5,71,{"$f":"Inputs!$X$37*Inputs!$X$32*(E1323-Inputs!$X$26)","v":-75785.737112293224},{"$f":"Inputs!$X$33*C1323*Inputs!$X$38","v":0},{"$f":"params!$C$15*Inputs!$X$29*(E1323-Inputs!$X$26)","v":-7873.3852499999985},{"$f":"Inputs!$X$40*Inputs!$X$41/8760","v":5342.4657534246571},{"$f":"-Inputs!$X$45*Inputs!$X$33","v":-30000},566.54310372490409,3.4972595900071069E-3,2.4830543089050458E-3,{"$f":"-L1323/(1.202*2465560*MAX(0,(Inputs!$X$49-O1323)))","v":1.1887887561902826},{"$f":"params!$C$15*P1323*(E1323-Inputs!$X$26)","v":-31731.67118786195},-140048.3277967305]
["2002-02-25","03:00:00",0,7,-2,-4,85,{"$f":"Inputs!$X$37*Inputs!$X$32*(E1324-Inputs!$X$26)","v":-79213.232760587896},{"$f":"Inputs!$X$33*C1324*Inputs!$X$38","v":0},{"$f":"params!$C$15*Inputs!$X$29*(E1324-Inputs!$X$26)","v":-8229.4679999999971},{"$f":"Inputs!$X$40*Inputs!$X$41/8760","v":5342.4657534246571},{"$f":"-Inputs!$X$45*Inputs!$X$33","v":-30000},526.36516305985776,3.2479468065175691E-3,2.7607547855399341E-3,{"$f":"-L1324/(1.202*2465560*MAX(0,(Inputs!$X$49-O1324)))","v":1.2288647393508831},{"$f":"params!$C$15*P1324*(E1324-Inputs!$X$26)","v":-34284.877180611613},-146385.11218777485]
["2002-02-25","04:00:00",0,4,-3,-5,84,{"$f":"Inputs!$X$37*Inputs!$X$32*(E1325-Inputs!$X$26)","v":-82640.728408882569},{"$f":"Inputs!$X$33*C1325*Inputs!$X$38","v":0},{"$f":"params!$C$15*Inputs!$X$29*(E1325-Inputs!$X$26)","v":-8585.5507499999985},{"$f":"Inputs!$X$40*Inputs!$X$41/8760","v":5342.4657534246571},{"$f":"-Inputs!$X$45*Inputs!$X$33","v":-30000},488.73621912146871,3.0146312662847319E-3,2.5322902636791748E-3,{"$f":"-L1325/(1.202*2465560*MAX(0,(Inputs!$X$49-O1325)))","v":1.1957024310865629},{"$f":"params!$C$15*P1325*(E1325-Inputs!$X$26)","v":-34803.107763869608},-150686.92116932751]
["2002-02-25","05:00:00",0,6,-2,-5,78,{"$f":"Inputs!$X$37*Inputs!$X$32*(E1326-Inputs!$X$26)","v":-79213.232760587896},{"$f":"Inputs!$X$33*C1326*Inputs!$X$38","v":0},{"$f":"params!$C$15*Inputs!$X$29*(E1326-Inputs!$X$26)","v":-8229.4679999999971},{"$f":"Inputs!$X$40*Inputs!$X$41/8760","v":5342.4657534246571},{"$f":"-Inputs!$X$45*Inputs!$X$33","v":-30000},526.36516305985776,3.2479468065175691E-3,2.5333985090837041E-3,{"$f":"-L1326/(1.202*2465560*MAX(0,(Inputs!$X$49-O1326)))","v":1.1958589755842766},{"$f":"params!$C$15*P1326*(E1326-Inputs!$X$26)","v":-33364.02843236929},-145464.26343953254]
["2002-02-25","06:00:00",0,9,-2,-4,85,{"$f":"Inputs!$X$37*Inputs!$X$32*(E1327-Inputs!$X$26)","v":-79213.232760587896},{"$f":"Inputs!$X$33*C1327*Inputs!$X$38","v":0},{"$f":"params!$C$15*Inputs!$X$29*(E1327-Inputs!$X$26)","v":-8229.4679999999971},{"$f":"Inputs!$X$40*Inputs!$X$41/8760","v":5342.4657534246571},{"$f":"-Inputs!$X$45*Inputs!$X$33","v":-30000},526.36516305985776,3.2479468065175691E-3,2.7607547855399341E-3,{"$f":"-L1327/(1.202*2465560*MAX(0,(Inputs!$X$49-O1327)))","v":1.2288647393508831},{"$f":"params!$C$15*P1327*(E1327-Inputs!$X$26)","v":-34284.877180611613},-146385.11218777485]
["2002-02-25","07:00:00",0,9,-3,-4,92,{"$f":"Inputs!$X$37*Inputs!$X$32*(E1328-Inputs!$X$26)","v":-82640.728408882569},{"$f":"Inputs!$X$33*C1328*Inputs!$X$38","v":0},{"$f":"params!$C$15*Inputs!$X$29*(E1328-Inputs!$X$26)","v":-8585.5507499999985},{"$f":"Inputs!$X$40*Inputs!$X$41/8760","v":5342.4657534246571},{"$f":"-Inputs!$X$45*Inputs!$X$33","v":-30000},488.73621912146871,3.0146312662847319E-3,2.7734607649819529E-3,{"$f":"-L1328/(1.202*2465560*MAX(0,(Inputs!$X$49-O1328)))","v":1.2307631296121513},{"$f":"params!$C$15*P1328*(E1328-Inputs!$X$26)","v":-35823.613566432665},-151707.42697189059]
["2002-02-25","08:00:00",69,6,-1,-4,78,{"$f":"Inputs!$X$37*Inputs!$X$32*(E1329-Inputs!$X$26)","v":-75785.737112293224},{"$f":"Inputs!$X$33*C1329*Inputs!$X$38","v":13461.663523444104},{"$f":"params!$C$15*Inputs!$X$29*(E1329-Inputs!$X$26)","v":-7873.3852499999985},{"$f":"Inputs!$X$40*Inputs!$X$41/8760","v":5342.4657534246571},{"$f":"-Inputs!$X$45*Inputs!$X$33","v":-30000},566.54310372490409,3.4972595900071069E-3,2.7278624802055435E-3,{"$f":"-L1329/(1.202*2465560*MAX(0,(Inputs!$X$49-O1329)))","v":1.2239774214274959},{"$f":"params!$C$15*P1329*(E1329-Inputs!$X$26)","v":-32670.942483146875},-127525.93556857132]
["2002-02-25","09:00:00",263,5,3,-3,63,{"$f":"Inputs!$X$37*Inputs!$X$32*(E1330-Inputs!$X$26)","v":-62075.754519114555},{"$f":"Inputs!$X$33*C1330*Inputs!$X$38","v":51310.398647330418},{"$f":"params!$C$15*Inputs!$X$29*(E1330-Inputs!$X$26)","v":-6449.0542499999983},{"$f":"Inputs!$X$40*Inputs!$X$41/8760","v":5342.4657534246571},{"$f":"-Inputs!$X$45*Inputs!$X$33","v":-30000},755.80495631325812,4.6743495015895585E-3,2.9448401860014215E-3,{"$f":"-L1330/(1.202*2465560*MAX(0,(Inputs!$X$49-O1330)))","v":1.2569540856331531},{"$f":"params!$C$15*P1330*(E1330-Inputs!$X$26)","v":-27481.611670411494},-69353.55603877097]
["2002-02-25","10:00:00",421,8,8,-7,32,{"$f":"Inputs!$X$37*Inputs!$X$32*(E1331-Inputs!$X$26)","v":-44938.276277641213},{"$f":"Inputs!$X$33*C1331*Inputs!$X$38","v":82135.657150289378},{"$f":"params!$C$15*Inputs!$X$29*(E1331-Inputs!$X$26)","v":-4668.6404999999986},{"$f":"Inputs!$X$40*Inputs!$X$41/8760","v":5342.4657534246571},{"$f":"-Inputs!$X$45*Inputs!$X$33","v":-30000},1069.6390010481693,6.6359949158119932E-3,2.1235183730598378E-3,{"$f":"-L1331/(1.202*2465560*MAX(0,(Inputs!$X$49-O1331)))","v":1.1406283709834339},{"$f":"params!$C$15*P1331*(E1331-Inputs!$X$26)","v":-18053.497788693836},-10182.291662621014]
["2002-02-25","11:00:00",553,8,11,-7,26,{"$f":"Inputs!$X$37*Inputs!$X$32*(E1332-Inputs!$X$26)","v":-34655.789332757202},{"$f":"Inputs!$X$33*C1332*Inputs!$X$38","v":107888.40476035637},{"$f":"params!$C$15*Inputs!$X$29*(E1332-Inputs!$X$26)","v":-3600.392249999999},{"$f":"Inputs!$X$40*Inputs!$X$41/8760","v":5342.4657534246571},{"$f":"-Inputs!$X$45*Inputs!$X$33","v":-30000},1308.7561751391206,8.138879592783612E-3,2.1161086941237392E-3,{"$f":"-L1332/(1.202*2465560*MAX(0,(Inputs!$X$49-O1332)))","v":1.1396768375106514},{"$f":"params!$C$15*P1332*(E1332-Inputs!$X$26)","v":-13910.998198119511},31063.69073290431]
["2002-02-25","12:00:00",498,9,13,-6,25,{"$f":"Inputs!$X$37*Inputs!$X$32*(E1333-Inputs!$X$26)","v":-27800.798036167867},{"$f":"Inputs!$X$33*C1333*Inputs!$X$38","v":97158.093256161796},{"$f":"params!$C$15*Inputs!$X$29*(E1333-Inputs!$X$26)","v":-2888.2267499999994},{"$f":"Inputs!$X$40*Inputs!$X$41/8760","v":5342.4657534246571},{"$f":"-Inputs!$X$45*Inputs!$X$33","v":-30000},1493.2057396927576,9.303089390063848E-3,2.325772347515962E-3,{"$f":"-L1333/(1.202*2465560*MAX(0,(Inputs!$X$49-O1333)))","v":1.1672292623501808},{"$f":"params!$C$15*P1333*(E1333-Inputs!$X$26)","v":-11429.157222730579},30382.377000688]
["2002-02-25","13:00:00",426,9,14,-6,23,{"$f":"Inputs!$X$37*Inputs!$X$32*(E1334-Inputs!$X$26)","v":-24373.302387873198},{"$f":"Inputs!$X$33*C1334*Inputs!$X$38","v":83111.140014307079},{"$f":"params!$C$15*Inputs!$X$29*(E1334-Inputs!$X$26)","v":-2532.1439999999993},{"$f":"Inputs!$X$40*Inputs!$X$41/8760","v":5342.4657534246571},{"$f":"-Inputs!$X$45*Inputs!$X$33","v":-30000},1593.7190459500907,9.939322574797271E-3,2.2860441922033722E-3,{"$f":"-L1334/(1.202*2465560*MAX(0,(Inputs!$X$49-O1334)))","v":1.1619066529841837},{"$f":"params!$C$15*P1334*(E1334-Inputs!$X$26)","v":-9974.3910887879338},21573.768291070606]
["2002-02-25","14:00:00",356,9,14,-6,23,{"$f":"Inputs!$X$37*Inputs!$X$32*(E1335-Inputs!$X$26)","v":-24373.302387873198},{"$f":"Inputs!$X$33*C1335*Inputs!$X$38","v":69454.379918059436},{"$f":"params!$C$15*Inputs!$X$29*(E1335-Inputs!$X$26)","v":-2532.1439999999993},{"$f":"Inputs!$X$40*Inputs!$X$41/8760","v":5342.4657534246571},{"$f":"-Inputs!$X$45*Inputs!$X$33","v":-30000},1593.7190459500907,9.939322574797271E-3,2.2860441922033722E-3,{"$f":"-L1335/(1.202*2465560*MAX(0,(Inputs!$X$49-O1335)))","v":1.1619066529841837},{"$f":"params!$C$15*P1335*(E1335-Inputs!$X$26)","v":-9974.3910887879338},7917.0081948229617]
["2002-02-25","15:00:00",328,9,14,-6,23,{"$f":"Inputs!$X$37*Inputs!$X$32*(E1336-Inputs!$X$26)","v":-24373.302387873198},{"$f":"Inputs!$X$33*C1336*Inputs!$X$38","v":63991.675879560375},{"$f":"params!$C$15*Inputs!$X$29*(E1336-Inputs!$X$26)","v":-2532.1439999999993},{"$f":"Inputs!$X$40*Inputs!$X$41/8760","v":5342.4657534246571},{"$f":"-Inputs!$X$45*Inputs!$X$33","v":-30000},1593.7190459500907,9.939322574797271E-3,2.2860441922033722E-3,{"$f":"-L1336/(1.202*2465560*MAX(0,(Inputs!$X$49-O1336)))","v":1.1619066529841837},{"$f":"params!$C$15*P1336*(E1336-Inputs!$X$26)","v":-9974.3910887879338},2454.3041563239003]
["2002-02-25","16:00:00",263,7,13,-5,27,{"$f":"Inputs!$X$37*Inputs!$X$32*(E1337-Inputs!$X$26)","v":-27800.798036167867},{"$f":"Inputs!$X$33*C1337*Inputs!$X$38","v":51310.398647330418},{"$f":"params!$C$15*Inputs!$X$29*(E1337-Inputs!$X$26)","v":-2888.2267499999994},{"$f":"Inputs!$X$40*Inputs!$X$41/8760","v":5342.4657534246571},{"$f":"-Inputs!$X$45*Inputs!$X$33","v":-30000},1493.2057396927576,9.303089390063848E-3,2.5118341353172393E-3,{"$f":"-L1337/(1.202*2465560*MAX(0,(Inputs!$X$49-O1337)))","v":1.19282025608762},{"$f":"params!$C$15*P1337*(E1337-Inputs!$X$26)","v":-11679.73652222672},-15715.89690763951]
["2002-02-25","17:00:00",194,7,12,-5,29,{"$f":"Inputs!$X$37*Inputs!$X$32*(E1338-Inputs!$X$26)","v":-31228.293684462536},{"$f":"Inputs!$X$33*C1338*Inputs!$X$38","v":37848.735123886319},{"$f":"params!$C$15*Inputs!$X$29*(E1338-Inputs!$X$26)","v":-3244.3094999999989},{"$f":"Inputs!$X$40*Inputs!$X$41/8760","v":5342.4657534246571},{"$f":"-Inputs!$X$45*Inputs!$X$33","v":-30000},1398.3079270856979,8.70357605607666E-3,2.5240370562622317E-3,{"$f":"-L1338/(1.202*2465560*MAX(0,(Inputs!$X$49-O1338)))","v":1.1945379173911925},{"$f":"params!$C$15*P1338*(E1338-Inputs!$X$26)","v":-13138.596413964031},-34419.998721115589]
["2002-02-25","18:00:00",17,6,11,-4,33,{"$f":"Inputs!$X$37*Inputs!$X$32*(E1339-Inputs!$X$26)","v":-34655.789332757202},{"$f":"Inputs!$X$33*C1339*Inputs!$X$38","v":3316.6417376601416},{"$f":"params!$C$15*Inputs!$X$29*(E1339-Inputs!$X$26)","v":-3600.392249999999},{"$f":"Inputs!$X$40*Inputs!$X$41/8760","v":5342.4657534246571},{"$f":"-Inputs!$X$45*Inputs!$X$33","v":-30000},1308.7561751391206,8.138879592783612E-3,2.6858302656185915E-3,{"$f":"-L1339/(1.202*2465560*MAX(0,(Inputs!$X$49-O1339)))","v":1.2177883388280386},{"$f":"params!$C$15*P1339*(E1339-Inputs!$X$26)","v":-14864.434223415958},-74461.508315088358]
["2002-02-25","19:00:00",0,4,10,-4,36,{"$f":"Inputs!$X$37*Inputs!$X$32*(E1340-Inputs!$X$26)","v":-38083.284981051875},{"$f":"Inputs!$X$33*C1340*Inputs!$X$38","v":0},{"$f":"params!$C$15*Inputs!$X$29*(E1340-Inputs!$X$26)","v":-3956.474999999999},{"$f":"Inputs!$X$40*Inputs!$X$41/8760","v":5342.4657534246571},{"$f":"-Inputs!$X$45*Inputs!$X$33","v":-30000},1224.2915728566036,7.6071876458255446E-3,2.7385875524971958E-3,{"$f":"-L1340/(1.202*2465560*MAX(0,(Inputs!$X$49-O1340)))","v":1.2255667342513126},{"$f":"params!$C$15*P1340*(E1340-Inputs!$X$26)","v":-16438.876943980096},-83136.171171607319]
["2002-02-25","20:00:00",0,1,9,-5,35,{"$f":"Inputs!$X$37*Inputs!$X$32*(E1341-Inputs!$X$26)","v":-41510.78062934654},{"$f":"Inputs!$X$33*C1341*Inputs!$X$38","v":0},{"$f":"params!$C$15*Inputs!$X$29*(E1341-Inputs!$X$26)","v":-4312.557749999999},{"$f":"Inputs!$X$40*Inputs!$X$41/8760","v":5342.4657534246571},{"$f":"-Inputs!$X$45*Inputs!$X$33","v":-30000},1144.6654335441779,7.1067740933079149E-3,2.4873709326577705E-3,{"$f":"-L1341/(1.202*2465560*MAX(0,(Inputs!$X$49-O1341)))","v":1.1893916940776668},{"$f":"params!$C$15*P1341*(E1341-Inputs!$X$26)","v":-17389.479360253852},-87870.351986175738]
["2002-02-25","21:00:00",0,0,4,-4,54,{"$f":"Inputs!$X$37*Inputs!$X$32*(E1342-Inputs!$X$26)","v":-58648.258870819882},{"$f":"Inputs!$X$33*C1342*Inputs!$X$38","v":0},{"$f":"params!$C$15*Inputs!$X$29*(E1342-Inputs!$X$26)","v":-6092.9714999999987},{"$f":"Inputs!$X$40*Inputs!$X$41/8760","v":5342.4657534246571},{"$f":"-Inputs!$X$45*Inputs!$X$33","v":-30000},811.08667612094962,5.0190035800134264E-3,2.7102619332072505E-3,{"$f":"-L1342/(1.202*2465560*MAX(0,(Inputs!$X$49-O1342)))","v":1.2213781686701983},{"$f":"params!$C$15*P1342*(E1342-Inputs!$X$26)","v":-25229.349555421773},-114628.114172817]
["2002-02-25","22:00:00",0,0,1,-3,72,{"$f":"Inputs!$X$37*Inputs!$X$32*(E1343-Inputs!$X$26)","v":-68930.745815703893},{"$f":"Inputs!$X$33*C1343*Inputs!$X$38","v":0},{"$f":"params!$C$15*Inputs!$X$29*(E1343-Inputs!$X$26)","v":-7161.2197499999984},{"$f":"Inputs!$X$40*Inputs!$X$41/8760","v":5342.4657534246571},{"$f":"-Inputs!$X$45*Inputs!$X$33","v":-30000},655.14373774848059,4.0477489204243187E-3,2.9143792227055093E-3,{"$f":"-L1343/(1.202*2465560*MAX(0,(Inputs!$X$49-O1343)))","v":1.2522177584635092},{"$f":"params!$C$15*P1343*(E1343-Inputs!$X$26)","v":-30401.402097742503},-131150.90191002176]
["2002-02-25","23:00:00",0,0,0,-4,72,{"$f":"Inputs!$X$37*Inputs!$X$32*(E1344-Inputs!$X$26)","v":-72358.241463998565},{"$f":"Inputs!$X$33*C1344*Inputs!$X$38","v":0},{"$f":"params!$C$15*Inputs!$X$29*(E1344-Inputs!$X$26)","v":-7517.302499999998},{"$f":"Inputs!$X$40*Inputs!$X$41/8760","v":5342.4657534246571},{"$f":"-Inputs!$X$45*Inputs!$X$33","v":-30000},609.41773586642103,3.7635253138895938E-3,2.7097382260005075E-3,{"$f":"-L1344/(1.202*2465560*MAX(0,(Inputs!$X$49-O1344)))","v":1.2213009965906376},{"$f":"params!$C$15*P1344*(E1344-Inputs!$X$26)","v":-31125.152832154123},-135658.23104272803]
["2002-02-25",1,0,8,1,-3,72,{"$f":"Inputs!$X$37*Inputs!$X$32*(E1345-Inputs!$X$26)","v":-68930.745815703893},{"$f":"Inputs!$X$33*C1345*Inputs!$X$38","v":0},{"$f":"params!$C$15*Inputs!$X$29*(E1345-Inputs!$X$26)","v":-7161.2197499999984},{"$f":"Inputs!$X$40*Inputs!$X$41/8760","v":5342.4657534246571},{"$f":"-Inputs!$X$45*Inputs!$X$33","v":-30000},655.14373774848059,4.0477489204243187E-3,2.9143792227055093E-3,{"$f":"-L1345/(1.202*2465560*MAX(0,(Inputs!$X$49-O1345)))","v":1.2522177584635092},{"$f":"params!$C$15*P1345*(E1345-Inputs!$X$26)","v":-30401.402097742503},-131150.90191002176]
["2002-02-26","01:00:00",0,0,-1,-4,78,{"$f":"Inputs!$X$37*Inputs!$X$32*(E1346-Inputs!$X$26)","v":-75785.737112293224},{"$f":"Inputs!$X$33*C1346*Inputs!$X$38","v":0},{"$f":"params!$C$15*Inputs!$X$29*(E1346-Inputs!$X$26)","v":-7873.3852499999985},{"$f":"Inputs!$X$40*Inputs!$X$41/8760","v":5342.4657534246571},{"$f":"-Inputs!$X$45*Inputs!$X$33","v":-30000},566.54310372490409,3.4972595900071069E-3,2.7278624802055435E-3,{"$f":"-L1346/(1.202*2465560*MAX(0,(Inputs!$X$49-O1346)))","v":1.2239774214274959},{"$f":"params!$C$15*P1346*(E1346-Inputs!$X$26)","v":-32670.942483146875},-140987.59909201544]
["2002-02-26","02:00:00",0,8,-2,-4,85,{"$f":"Inputs!$X$37*Inputs!$X$32*(E1347-Inputs!$X$26)","v":-79213.232760587896},{"$f":"Inputs!$X$33*C1347*Inputs!$X$38","v":0},{"$f":"params!$C$15*Inputs!$X$29*(E1347-Inputs!$X$26)","v":-8229.4679999999971},{"$f":"Inputs!$X$40*Inputs!$X$41/8760","v":5342.4657534246571},{"$f":"-Inputs!$X$45*Inputs!$X$33","v":-30000},{"$f":"EXP(77.345+0.0057*(E1347+273.15)-7235/(E1347+273.15))/(E1347+273.15)^8.2","v":526.36516305985776},{"$f":"0.62198*M1347/(101325-M1347)","v":3.2479468065175691E-3},{"$f":"N1347*G1347/100","v":2.7607547855399341E-3},{"$f":"-L1347/(1.202*2465560*MAX(0,(Inputs!$X$49-O1347)))","v":1.2288647393508831},{"$f":"params!$C$15*P1347*(E1347-Inputs!$X$26)","v":-34284.877180611613},{"$f":"H1347+I1347+J1347+K1347+L1347+Q1347","v":-146385.11218777485}]
["2002-02-26","03:00:00",0,10,1,-2,79,{"$f":"Inputs!$X$37*Inputs!$X$32*(E1348-Inputs!$X$26)","v":-68930.745815703893},{"$f":"Inputs!$X$33*C1348*Inputs!$X$38","v":0},{"$f":"params!$C$15*Inputs!$X$29*(E1348-Inputs!$X$26)","v":-7161.2197499999984},{"$f":"Inputs!$X$40*Inputs!$X$41/8760","v":5342.4657534246571},{"$f":"-Inputs!$X$45*Inputs!$X$33","v":-30000},655.14373774848059,4.0477489204243187E-3,3.1977216471352115E-3,{"$f":"-L1348/(1.202*2465560*MAX(0,(Inputs!$X$49-O1348)))","v":1.2977024634034569},{"$f":"params!$C$15*P1348*(E1348-Inputs!$X$26)","v":-31505.681920345593},-132255.18173262483]
["2002-02-26","04:00:00",0,5,-1.1000000000000001,-3.5,82,{"$f":"Inputs!$X$37*Inputs!$X$32*(E1349-Inputs!$X$26)","v":-76128.486677122695},{"$f":"Inputs!$X$33*C1349*Inputs!$X$38","v":0},{"$f":"params!$C$15*Inputs!$X$29*(E1349-Inputs!$X$26)","v":-7908.993524999999},{"$f":"Inputs!$X$40*Inputs!$X$41/8760","v":5342.4657534246571},{"$f":"-Inputs!$X$45*Inputs!$X$33","v":-30000},562.40644944017174,3.4715815770192081E-3,2.8466968931557509E-3,{"$f":"-L1349/(1.202*2465560*MAX(0,(Inputs!$X$49-O1349)))","v":1.241820644110061},{"$f":"params!$C$15*P1349*(E1349-Inputs!$X$26)","v":-33297.133671152493},-141992.14811985055]
["2002-02-26","05:00:00",0,0,-3,-5,84,{"$f":"Inputs!$X$37*Inputs!$X$32*(E1350-Inputs!$X$26)","v":-82640.728408882569},{"$f":"Inputs!$X$33*C1350*Inputs!$X$38","v":0},{"$f":"params!$C$15*Inputs!$X$29*(E1350-Inputs!$X$26)","v":-8585.5507499999985},{"$f":"Inputs!$X$40*Inputs!$X$41/8760","v":5342.4657534246571},{"$f":"-Inputs!$X$45*Inputs!$X$33","v":-30000},488.73621912146871,3.0146312662847319E-3,2.5322902636791748E-3,{"$f":"-L1350/(1.202*2465560*MAX(0,(Inputs!$X$49-O1350)))","v":1.1957024310865629},{"$f":"params!$C$15*P1350*(E1350-Inputs!$X$26)","v":-34803.107763869608},-150686.92116932751]
["2002-02-26","06:00:00",0,0,-3,-4,92,{"$f":"Inputs!$X$37*Inputs!$X$32*(E1351-Inputs!$X$26)","v":-82640.728408882569},{"$f":"Inputs!$X$33*C1351*Inputs!$X$38","v":0},{"$f":"params!$C$15*Inputs!$X$29*(E1351-Inputs!$X$26)","v":-8585.5507499999985},{"$f":"Inputs!$X$40*Inputs!$X$41/8760","v":5342.4657534246571},{"$f":"-Inputs!$X$45*Inputs!$X$33","v":-30000},488.73621912146871,3.0146312662847319E-3,2.7734607649819529E-3,{"$f":"-L1351/(1.202*2465560*MAX(0,(Inputs!$X$49-O1351)))","v":1.2307631296121513},{"$f":"params!$C$15*P1351*(E1351-Inputs!$X$26)","v":-35823.613566432665},-151707.42697189059]
["2002-02-26","07:00:00",0,1,-4,-6,84,{"$f":"Inputs!$X$37*Inputs!$X$32*(E1352-Inputs!$X$26)","v":-86068.224057177227},{"$f":"Inputs!$X$33*C1352*Inputs!$X$38","v":0},{"$f":"params!$C$15*Inputs!$X$29*(E1352-Inputs!$X$26)","v":-8941.6334999999981},{"$f":"Inputs!$X$40*Inputs!$X$41/8760","v":5342.4657534246571},{"$f":"-Inputs!$X$45*Inputs!$X$33","v":-30000},453.51532044328405,2.7964043545646504E-3,2.3489796578343063E-3,{"$f":"-L1352/(1.202*2465560*MAX(0,(Inputs!$X$49-O1352)))","v":1.170361102910803},{"$f":"params!$C$15*P1352*(E1352-Inputs!$X$26)","v":-35478.356947494853},-155145.74875124742]
["2002-02-26","08:00:00",79,1,-1,-3,85,{"$f":"Inputs!$X$37*Inputs!$X$32*(E1353-Inputs!$X$26)","v":-75785.737112293224},{"$f":"Inputs!$X$33*C1353*Inputs!$X$38","v":15412.62925147948},{"$f":"params!$C$15*Inputs!$X$29*(E1353-Inputs!$X$26)","v":-7873.3852499999985},{"$f":"Inputs!$X$40*Inputs!$X$41/8760","v":5342.4657534246571},{"$f":"-Inputs!$X$45*Inputs!$X$33","v":-30000},566.54310372490409,3.4972595900071069E-3,2.9726706515060407E-3,{"$f":"-L1353/(1.202*2465560*MAX(0,(Inputs!$X$49-O1353)))","v":1.2613128308802957},{"$f":"params!$C$15*P1353*(E1353-Inputs!$X$26)","v":-33667.515617146812},-126571.54297453589]
["2002-02-26","09:00:00",270,0,7,-2,52,{"$f":"Inputs!$X$37*Inputs!$X$32*(E1354-Inputs!$X$26)","v":-48365.771925935878},{"$f":"Inputs!$X$33*C1354*Inputs!$X$38","v":52676.074656955192},{"$f":"params!$C$15*Inputs!$X$29*(E1354-Inputs!$X$26)","v":-5024.7232499999991},{"$f":"Inputs!$X$40*Inputs!$X$41/8760","v":5342.4657534246571},{"$f":"-Inputs!$X$45*Inputs!$X$33","v":-30000},998.98316002102877,6.193284308903993E-3,3.2205078406300765E-3,{"$f":"-L1354/(1.202*2465560*MAX(0,(Inputs!$X$49-O1354)))","v":1.3015042812030724},{"$f":"params!$C$15*P1354*(E1354-Inputs!$X$26)","v":-22170.960190074878},-47542.914955630906]
["2002-02-26","10:00:00",427,0,10,-2,42,{"$f":"Inputs!$X$37*Inputs!$X$32*(E1355-Inputs!$X$26)","v":-38083.284981051875},{"$f":"Inputs!$X$33*C1355*Inputs!$X$38","v":83306.236587110616},{"$f":"params!$C$15*Inputs!$X$29*(E1355-Inputs!$X$26)","v":-3956.474999999999},{"$f":"Inputs!$X$40*Inputs!$X$41/8760","v":5342.4657534246571},{"$f":"-Inputs!$X$45*Inputs!$X$33","v":-30000},1224.2915728566036,7.6071876458255446E-3,3.1950188112467286E-3,{"$f":"-L1355/(1.202*2465560*MAX(0,(Inputs!$X$49-O1355)))","v":1.2972529752294637},{"$f":"params!$C$15*P1355*(E1355-Inputs!$X$26)","v":-17400.4249862711},-791.4826267876997]
["2002-02-26","11:00:00",565,8,14,-2,32,{"$f":"Inputs!$X$37*Inputs!$X$32*(E1356-Inputs!$X$26)","v":-24373.302387873198},{"$f":"Inputs!$X$33*C1356*Inputs!$X$38","v":110229.56363399881},{"$f":"params!$C$15*Inputs!$X$29*(E1356-Inputs!$X$26)","v":-2532.1439999999993},{"$f":"Inputs!$X$40*Inputs!$X$41/8760","v":5342.4657534246571},{"$f":"-Inputs!$X$45*Inputs!$X$33","v":-30000},1593.7190459500907,9.939322574797271E-3,3.1805832239351268E-3,{"$f":"-L1356/(1.202*2465560*MAX(0,(Inputs!$X$49-O1356)))","v":1.2948575648875049},{"$f":"params!$C$15*P1356*(E1356-Inputs!$X$26)","v":-11115.708584069343},47550.874415480925]
["2002-02-26","12:00:00",154,10,13,-1,38,{"$f":"Inputs!$X$37*Inputs!$X$32*(E1357-Inputs!$X$26)","v":-27800.798036167867},{"$f":"Inputs!$X$33*C1357*Inputs!$X$38","v":30044.872211744812},{"$f":"params!$C$15*Inputs!$X$29*(E1357-Inputs!$X$26)","v":-2888.2267499999994},{"$f":"Inputs!$X$40*Inputs!$X$41/8760","v":5342.4657534246571},{"$f":"-Inputs!$X$45*Inputs!$X$33","v":-30000},1493.2057396927576,9.303089390063848E-3,3.535173968224262E-3,{"$f":"-L1357/(1.202*2465560*MAX(0,(Inputs!$X$49-O1357)))","v":1.3563794127825131},{"$f":"params!$C$15*P1357*(E1357-Inputs!$X$26)","v":-13281.25850028208},-38582.945321280473]
["2002-02-26","13:00:00",156,10,10,0,50,{"$f":"Inputs!$X$37*Inputs!$X$32*(E1358-Inputs!$X$26)","v":-38083.284981051875},{"$f":"Inputs!$X$33*C1358*Inputs!$X$38","v":30435.065357351883},{"$f":"params!$C$15*Inputs!$X$29*(E1358-Inputs!$X$26)","v":-3956.474999999999},{"$f":"Inputs!$X$40*Inputs!$X$41/8760","v":5342.4657534246571},{"$f":"-Inputs!$X$45*Inputs!$X$33","v":-30000},1224.2915728566036,7.6071876458255446E-3,3.8035938229127723E-3,{"$f":"-L1358/(1.202*2465560*MAX(0,(Inputs!$X$49-O1358)))","v":1.4069832611357855},{"$f":"params!$C$15*P1358*(E1358-Inputs!$X$26)","v":-18872.268678359997},-55134.497548635336]
["2002-02-26","14:00:00",456,5,11,0,47,{"$f":"Inputs!$X$37*Inputs!$X$32*(E1359-Inputs!$X$26)","v":-34655.789332757202},{"$f":"Inputs!$X$33*C1359*Inputs!$X$38","v":88964.037198413207},{"$f":"params!$C$15*Inputs!$X$29*(E1359-Inputs!$X$26)","v":-3600.392249999999},{"$f":"Inputs!$X$40*Inputs!$X$41/8760","v":5342.4657534246571},{"$f":"-Inputs!$X$45*Inputs!$X$33","v":-30000},1308.7561751391206,8.138879592783612E-3,3.8252734086082979E-3,{"$f":"-L1359/(1.202*2465560*MAX(0,(Inputs!$X$49-O1359)))","v":1.4112357017023132},{"$f":"params!$C$15*P1359*(E1359-Inputs!$X$26)","v":-17225.67017013656},8824.651198944106]
["2002-02-26","15:00:00",385,8,12,0,44,{"$f":"Inputs!$X$37*Inputs!$X$32*(E1360-Inputs!$X$26)","v":-31228.293684462536},{"$f":"Inputs!$X$33*C1360*Inputs!$X$38","v":75112.180529362027},{"$f":"params!$C$15*Inputs!$X$29*(E1360-Inputs!$X$26)","v":-3244.3094999999989},{"$f":"Inputs!$X$40*Inputs!$X$41/8760","v":5342.4657534246571},{"$f":"-Inputs!$X$45*Inputs!$X$33","v":-30000},1398.3079270856979,8.70357605607666E-3,3.8295734646737307E-3,{"$f":"-L1360/(1.202*2465560*MAX(0,(Inputs!$X$49-O1360)))","v":1.4120822123863863},{"$f":"params!$C$15*P1360*(E1360-Inputs!$X$26)","v":-15531.343142627447},450.69995569670573]
["2002-02-26","16:00:00",376,5,12,0,44,{"$f":"Inputs!$X$37*Inputs!$X$32*(E1361-Inputs!$X$26)","v":-31228.293684462536},{"$f":"Inputs!$X$33*C1361*Inputs!$X$38","v":73356.311374130193},{"$f":"params!$C$15*Inputs!$X$29*(E1361-Inputs!$X$26)","v":-3244.3094999999989},{"$f":"Inputs!$X$40*Inputs!$X$41/8760","v":5342.4657534246571},{"$f":"-Inputs!$X$45*Inputs!$X$33","v":-30000},1398.3079270856979,8.70357605607666E-3,3.8295734646737307E-3,{"$f":"-L1361/(1.202*2465560*MAX(0,(Inputs!$X$49-O1361)))","v":1.4120822123863863},{"$f":"params!$C$15*P1361*(E1361-Inputs!$X$26)","v":-15531.343142627447},-1305.1691995351284]
["2002-02-26","17:00:00",200,8,11,0,47,{"$f":"Inputs!$X$37*Inputs!$X$32*(E1362-Inputs!$X$26)","v":-34655.789332757202},{"$f":"Inputs!$X$33*C1362*Inputs!$X$38","v":39019.314560707549},{"$f":"params!$C$15*Inputs!$X$29*(E1362-Inputs!$X$26)","v":-3600.392249999999},{"$f":"Inputs!$X$40*Inputs!$X$41/8760","v":5342.4657534246571},{"$f":"-Inputs!$X$45*Inputs!$X$33","v":-30000},1308.7561751391206,8.138879592783612E-3,3.8252734086082979E-3,{"$f":"-L1362/(1.202*2465560*MAX(0,(Inputs!$X$49-O1362)))","v":1.4112357017023132},{"$f":"params!$C$15*P1362*(E1362-Inputs!$X$26)","v":-17225.67017013656},-41120.071438761559]
["2002-02-26","18:00:00",32,10,7,0,61,{"$f":"Inputs!$X$37*Inputs!$X$32*(E1363-Inputs!$X$26)","v":-48365.771925935878},{"$f":"Inputs!$X$33*C1363*Inputs!$X$38","v":6243.0903297132072},{"$f":"params!$C$15*Inputs!$X$29*(E1363-Inputs!$X$26)","v":-5024.7232499999991},{"$f":"Inputs!$X$40*Inputs!$X$41/8760","v":5342.4657534246571},{"$f":"-Inputs!$X$45*Inputs!$X$33","v":-30000},998.98316002102877,6.193284308903993E-3,3.7779034284314357E-3,{"$f":"-L1363/(1.202*2465560*MAX(0,(Inputs!$X$49-O1363)))","v":1.4019771621645163},{"$f":"params!$C$15*P1363*(E1363-Inputs!$X$26)","v":-23882.502961120703},-95687.442053918712]
["2002-02-26","19:00:00",0,10,6,-1,60,{"$f":"Inputs!$X$37*Inputs!$X$32*(E1364-Inputs!$X$26)","v":-51793.267574230544},{"$f":"Inputs!$X$33*C1364*Inputs!$X$38","v":0},{"$f":"params!$C$15*Inputs!$X$29*(E1364-Inputs!$X$26)","v":-5380.8059999999987},{"$f":"Inputs!$X$40*Inputs!$X$41/8760","v":5342.4657534246571},{"$f":"-Inputs!$X$45*Inputs!$X$33","v":-30000},932.4781503104233,5.7771510192606073E-3,3.4662906115563645E-3,{"$f":"-L1364/(1.202*2465560*MAX(0,(Inputs!$X$49-O1364)))","v":1.343974737917992},{"$f":"params!$C$15*P1364*(E1364-Inputs!$X$26)","v":-24516.879589172182},-106348.48740997807]
["2002-02-26","20:00:00",0,10,4,-1,69,{"$f":"Inputs!$X$37*Inputs!$X$32*(E1365-Inputs!$X$26)","v":-58648.258870819882},{"$f":"Inputs!$X$33*C1365*Inputs!$X$38","v":0},{"$f":"params!$C$15*Inputs!$X$29*(E1365-Inputs!$X$26)","v":-6092.9714999999987},{"$f":"Inputs!$X$40*Inputs!$X$41/8760","v":5342.4657534246571},{"$f":"-Inputs!$X$45*Inputs!$X$33","v":-30000},811.08667612094962,5.0190035800134264E-3,3.4631124702092643E-3,{"$f":"-L1365/(1.202*2465560*MAX(0,(Inputs!$X$49-O1365)))","v":1.343407884205412},{"$f":"params!$C$15*P1365*(E1365-Inputs!$X$26)","v":-27750.051520103705},-117148.81613749893]
["2002-02-26","21:00:00",0,10,4,-3,59,{"$f":"Inputs!$X$37*Inputs!$X$32*(E1366-Inputs!$X$26)","v":-58648.258870819882},{"$f":"Inputs!$X$33*C1366*Inputs!$X$38","v":0},{"$f":"params!$C$15*Inputs!$X$29*(E1366-Inputs!$X$26)","v":-6092.9714999999987},{"$f":"Inputs!$X$40*Inputs!$X$41/8760","v":5342.4657534246571},{"$f":"-Inputs!$X$45*Inputs!$X$33","v":-30000},811.08667612094962,5.0190035800134264E-3,2.9612121122079217E-3,{"$f":"-L1366/(1.202*2465560*MAX(0,(Inputs!$X$49-O1366)))","v":1.2595145643770764},{"$f":"params!$C$15*P1366*(E1366-Inputs!$X$26)","v":-26017.112496297228},-115415.87711369245]
["2002-02-26","22:00:00",0,10,3,-5,53,{"$f":"Inputs!$X$37*Inputs!$X$32*(E1367-Inputs!$X$26)","v":-62075.754519114555},{"$f":"Inputs!$X$33*C1367*Inputs!$X$38","v":0},{"$f":"params!$C$15*Inputs!$X$29*(E1367-Inputs!$X$26)","v":-6449.0542499999983},{"$f":"Inputs!$X$40*Inputs!$X$41/8760","v":5342.4657534246571},{"$f":"-Inputs!$X$45*Inputs!$X$33","v":-30000},755.80495631325812,4.6743495015895585E-3,2.477405235842466E-3,{"$f":"-L1367/(1.202*2465560*MAX(0,(Inputs!$X$49-O1367)))","v":1.1880006271341368},{"$f":"params!$C$15*P1367*(E1367-Inputs!$X$26)","v":-25974.03697738102},-119156.37999307092]
["2002-02-26","23:00:00",0,8,2,-5,57,{"$f":"Inputs!$X$37*Inputs!$X$32*(E1368-Inputs!$X$26)","v":-65503.25016740922},{"$f":"Inputs!$X$33*C1368*Inputs!$X$38","v":0},{"$f":"params!$C$15*Inputs!$X$29*(E1368-Inputs!$X$26)","v":-6805.1369999999979},{"$f":"Inputs!$X$40*Inputs!$X$41/8760","v":5342.4657534246571},{"$f":"-Inputs!$X$45*Inputs!$X$33","v":-30000},703.88301618186097,4.3509868656616182E-3,2.4800625134271223E-3,{"$f":"-L1368/(1.202*2465560*MAX(0,(Inputs!$X$49-O1368)))","v":1.1883712263622321},{"$f":"params!$C$15*P1368*(E1368-Inputs!$X$26)","v":-27416.736298162941},-124382.65771214751]
["2002-02-26",1,0,10,2,-7,48,{"$f":"Inputs!$X$37*Inputs!$X$32*(E1369-Inputs!$X$26)","v":-65503.25016740922},{"$f":"Inputs!$X$33*C1369*Inputs!$X$38","v":0},{"$f":"params!$C$15*Inputs!$X$29*(E1369-Inputs!$X$26)","v":-6805.1369999999979},{"$f":"Inputs!$X$40*Inputs!$X$41/8760","v":5342.4657534246571},{"$f":"-Inputs!$X$45*Inputs!$X$33","v":-30000},703.88301618186097,4.3509868656616182E-3,2.0884736955175767E-3,{"$f":"-L1369/(1.202*2465560*MAX(0,(Inputs!$X$49-O1369)))","v":1.1361419747057713},{"$f":"params!$C$15*P1369*(E1369-Inputs!$X$26)","v":-26211.762980103911},-123177.68439408849]
["2002-02-27","01:00:00",0,10,0,-7,55,{"$f":"Inputs!$X$37*Inputs!$X$32*(E1370-Inputs!$X$26)","v":-72358.241463998565},{"$f":"Inputs!$X$33*C1370*Inputs!$X$38","v":0},{"$f":"params!$C$15*Inputs!$X$29*(E1370-Inputs!$X$26)","v":-7517.302499999998},{"$f":"Inputs!$X$40*Inputs!$X$41/8760","v":5342.4657534246571},{"$f":"-Inputs!$X$45*Inputs!$X$33","v":-30000},609.41773586642103,3.7635253138895938E-3,2.0699389226392765E-3,{"$f":"-L1370/(1.202*2465560*MAX(0,(Inputs!$X$49-O1370)))","v":1.1337834047705091},{"$f":"params!$C$15*P1370*(E1370-Inputs!$X$26)","v":-28894.745726528363},-133427.82393710228]
["2002-02-27","02:00:00",0,10,1,-7,51,{"$f":"Inputs!$X$37*Inputs!$X$32*(E1371-Inputs!$X$26)","v":-68930.745815703893},{"$f":"Inputs!$X$33*C1371*Inputs!$X$38","v":0},{"$f":"params!$C$15*Inputs!$X$29*(E1371-Inputs!$X$26)","v":-7161.2197499999984},{"$f":"Inputs!$X$40*Inputs!$X$41/8760","v":5342.4657534246571},{"$f":"-Inputs!$X$45*Inputs!$X$33","v":-30000},655.14373774848059,4.0477489204243187E-3,2.0643519494164026E-3,{"$f":"-L1371/(1.202*2465560*MAX(0,(Inputs!$X$49-O1371)))","v":1.1330743759435142},{"$f":"params!$C$15*P1371*(E1371-Inputs!$X$26)","v":-27508.833409274197},-128258.33322155345]
["2002-02-27","03:00:00",0,10,0,-8,51,{"$f":"Inputs!$X$37*Inputs!$X$32*(E1372-Inputs!$X$26)","v":-72358.241463998565},{"$f":"Inputs!$X$33*C1372*Inputs!$X$38","v":0},{"$f":"params!$C$15*Inputs!$X$29*(E1372-Inputs!$X$26)","v":-7517.302499999998},{"$f":"Inputs!$X$40*Inputs!$X$41/8760","v":5342.4657534246571},{"$f":"-Inputs!$X$45*Inputs!$X$33","v":-30000},609.41773586642103,3.7635253138895938E-3,1.9193979100836929E-3,{"$f":"-L1372/(1.202*2465560*MAX(0,(Inputs!$X$49-O1372)))","v":1.1149836486339519},{"$f":"params!$C$15*P1372*(E1372-Inputs!$X$26)","v":-28415.62937061688},-132948.7075811908]
["2002-02-27","04:00:00",0,10,-1,-4,78,{"$f":"Inputs!$X$37*Inputs!$X$32*(E1373-Inputs!$X$26)","v":-75785.737112293224},{"$f":"Inputs!$X$33*C1373*Inputs!$X$38","v":0},{"$f":"params!$C$15*Inputs!$X$29*(E1373-Inputs!$X$26)","v":-7873.3852499999985},{"$f":"Inputs!$X$40*Inputs!$X$41/8760","v":5342.4657534246571},{"$f":"-Inputs!$X$45*Inputs!$X$33","v":-30000},566.54310372490409,3.4972595900071069E-3,2.7278624802055435E-3,{"$f":"-L1373/(1.202*2465560*MAX(0,(Inputs!$X$49-O1373)))","v":1.2239774214274959},{"$f":"params!$C$15*P1373*(E1373-Inputs!$X$26)","v":-32670.942483146875},-140987.59909201544]
["2002-02-27","05:00:00",0,10,-1,-6,66,{"$f":"Inputs!$X$37*Inputs!$X$32*(E1374-Inputs!$X$26)","v":-75785.737112293224},{"$f":"Inputs!$X$33*C1374*Inputs!$X$38","v":0},{"$f":"params!$C$15*Inputs!$X$29*(E1374-Inputs!$X$26)","v":-7873.3852499999985},{"$f":"Inputs!$X$40*Inputs!$X$41/8760","v":5342.4657534246571},{"$f":"-Inputs!$X$45*Inputs!$X$33","v":-30000},566.54310372490409,3.4972595900071069E-3,2.3081913294046904E-3,{"$f":"-L1374/(1.202*2465560*MAX(0,(Inputs!$X$49-O1374)))","v":1.1648678293502162},{"$f":"params!$C$15*P1374*(E1374-Inputs!$X$26)","v":-31093.163310793509},-139409.81991966208]
["2002-02-27","06:00:00",0,8,-2,-9,55,{"$f":"Inputs!$X$37*Inputs!$X$32*(E1375-Inputs!$X$26)","v":-79213.232760587896},{"$f":"Inputs!$X$33*C1375*Inputs!$X$38","v":0},{"$f":"params!$C$15*Inputs!$X$29*(E1375-Inputs!$X$26)","v":-8229.4679999999971},{"$f":"Inputs!$X$40*Inputs!$X$41/8760","v":5342.4657534246571},{"$f":"-Inputs!$X$45*Inputs!$X$33","v":-30000},526.36516305985776,3.2479468065175691E-3,1.7863707435846628E-3,{"$f":"-L1375/(1.202*2465560*MAX(0,(Inputs!$X$49-O1375)))","v":1.0988824259807806},{"$f":"params!$C$15*P1375*(E1375-Inputs!$X$26)","v":-30658.418135249358},-142758.6531424126]
["2002-02-27","07:00:00",0,0,-3,-10,55,{"$f":"Inputs!$X$37*Inputs!$X$32*(E1376-Inputs!$X$26)","v":-82640.728408882569},{"$f":"Inputs!$X$33*C1376*Inputs!$X$38","v":0},{"$f":"params!$C$15*Inputs!$X$29*(E1376-Inputs!$X$26)","v":-8585.5507499999985},{"$f":"Inputs!$X$40*Inputs!$X$41/8760","v":5342.4657534246571},{"$f":"-Inputs!$X$45*Inputs!$X$33","v":-30000},488.73621912146871,3.0146312662847319E-3,1.6580471964566027E-3,{"$f":"-L1376/(1.202*2465560*MAX(0,(Inputs!$X$49-O1376)))","v":1.0837851165938153},{"$f":"params!$C$15*P1376*(E1376-Inputs!$X$26)","v":-31545.549482086706},-147429.36288754462]
["2002-02-27","08:00:00",38,0,-3,-12,46,{"$f":"Inputs!$X$37*Inputs!$X$32*(E1377-Inputs!$X$26)","v":-82640.728408882569},{"$f":"Inputs!$X$33*C1377*Inputs!$X$38","v":7413.6697665344336},{"$f":"params!$C$15*Inputs!$X$29*(E1377-Inputs!$X$26)","v":-8585.5507499999985},{"$f":"Inputs!$X$40*Inputs!$X$41/8760","v":5342.4657534246571},{"$f":"-Inputs!$X$45*Inputs!$X$33","v":-30000},488.73621912146871,3.0146312662847319E-3,1.3867303824909765E-3,{"$f":"-L1377/(1.202*2465560*MAX(0,(Inputs!$X$49-O1377)))","v":1.0531918282110542},{"$f":"params!$C$15*P1377*(E1377-Inputs!$X$26)","v":-30655.075828479748},-139125.21946740322]
["2002-02-27","09:00:00",276,3,-3,-12,46,{"$f":"Inputs!$X$37*Inputs!$X$32*(E1378-Inputs!$X$26)","v":-82640.728408882569},{"$f":"Inputs!$X$33*C1378*Inputs!$X$38","v":53846.654093776415},{"$f":"params!$C$15*Inputs!$X$29*(E1378-Inputs!$X$26)","v":-8585.5507499999985},{"$f":"Inputs!$X$40*Inputs!$X$41/8760","v":5342.4657534246571},{"$f":"-Inputs!$X$45*Inputs!$X$33","v":-30000},488.73621912146871,3.0146312662847319E-3,1.3867303824909765E-3,{"$f":"-L1378/(1.202*2465560*MAX(0,(Inputs!$X$49-O1378)))","v":1.0531918282110542},{"$f":"params!$C$15*P1378*(E1378-Inputs!$X$26)","v":-30655.075828479748},-92692.23514016124]
["2002-02-27","10:00:00",433,3,-2,-11,46,{"$f":"Inputs!$X$37*Inputs!$X$32*(E1379-Inputs!$X$26)","v":-79213.232760587896},{"$f":"Inputs!$X$33*C1379*Inputs!$X$38","v":84476.816023931839},{"$f":"params!$C$15*Inputs!$X$29*(E1379-Inputs!$X$26)","v":-8229.4679999999971},{"$f":"Inputs!$X$40*Inputs!$X$41/8760","v":5342.4657534246571},{"$f":"-Inputs!$X$45*Inputs!$X$33","v":-30000},526.36516305985776,3.2479468065175691E-3,1.4940555309980819E-3,{"$f":"-L1379/(1.202*2465560*MAX(0,(Inputs!$X$49-O1379)))","v":1.0650848433563447},{"$f":"params!$C$15*P1379*(E1379-Inputs!$X$26)","v":-29715.477930217159},-57338.896913448552]
["2002-02-27","11:00:00",571,3,-1,-11,42,{"$f":"Inputs!$X$37*Inputs!$X$32*(E1380-Inputs!$X$26)","v":-75785.737112293224},{"$f":"Inputs!$X$33*C1380*Inputs!$X$38","v":111400.14307082005},{"$f":"params!$C$15*Inputs!$X$29*(E1380-Inputs!$X$26)","v":-7873.3852499999985},{"$f":"Inputs!$X$40*Inputs!$X$41/8760","v":5342.4657534246571},{"$f":"-Inputs!$X$45*Inputs!$X$33","v":-30000},566.54310372490409,3.4972595900071069E-3,1.4688490278029851E-3,{"$f":"-L1380/(1.202*2465560*MAX(0,(Inputs!$X$49-O1380)))","v":1.0622675665713099},{"$f":"params!$C$15*P1380*(E1380-Inputs!$X$26)","v":-28354.512069910332},-25271.025607958847]
["2002-02-27","12:00:00",652,8,-1,-12,39,{"$f":"Inputs!$X$37*Inputs!$X$32*(E1381-Inputs!$X$26)","v":-75785.737112293224},{"$f":"Inputs!$X$33*C1381*Inputs!$X$38","v":127202.9654679066},{"$f":"params!$C$15*Inputs!$X$29*(E1381-Inputs!$X$26)","v":-7873.3852499999985},{"$f":"Inputs!$X$40*Inputs!$X$41/8760","v":5342.4657534246571},{"$f":"-Inputs!$X$45*Inputs!$X$33","v":-30000},566.54310372490409,3.4972595900071069E-3,1.3639312401027717E-3,{"$f":"-L1381/(1.202*2465560*MAX(0,(Inputs!$X$49-O1381)))","v":1.0506995110355533},{"$f":"params!$C$15*P1381*(E1381-Inputs!$X$26)","v":-28045.73245483396},-9159.4235957959245]
["2002-02-27","13:00:00",671,8,-1,-12,39,{"$f":"Inputs!$X$37*Inputs!$X$32*(E1382-Inputs!$X$26)","v":-75785.737112293224},{"$f":"Inputs!$X$33*C1382*Inputs!$X$38","v":130909.80035117382},{"$f":"params!$C$15*Inputs!$X$29*(E1382-Inputs!$X$26)","v":-7873.3852499999985},{"$f":"Inputs!$X$40*Inputs!$X$41/8760","v":5342.4657534246571},{"$f":"-Inputs!$X$45*Inputs!$X$33","v":-30000},566.54310372490409,3.4972595900071069E-3,1.3639312401027717E-3,{"$f":"-L1382/(1.202*2465560*MAX(0,(Inputs!$X$49-O1382)))","v":1.0506995110355533},{"$f":"params!$C$15*P1382*(E1382-Inputs!$X$26)","v":-28045.73245483396},-5452.5887125287045]
["2002-02-27","14:00:00",491,8,-1,-11,42,{"$f":"Inputs!$X$37*Inputs!$X$32*(E1383-Inputs!$X$26)","v":-75785.737112293224},{"$f":"Inputs!$X$33*C1383*Inputs!$X$38","v":95792.417246537021},{"$f":"params!$C$15*Inputs!$X$29*(E1383-Inputs!$X$26)","v":-7873.3852499999985},{"$f":"Inputs!$X$40*Inputs!$X$41/8760","v":5342.4657534246571},{"$f":"-Inputs!$X$45*Inputs!$X$33","v":-30000},566.54310372490409,3.4972595900071069E-3,1.4688490278029851E-3,{"$f":"-L1383/(1.202*2465560*MAX(0,(Inputs!$X$49-O1383)))","v":1.0622675665713099},{"$f":"params!$C$15*P1383*(E1383-Inputs!$X$26)","v":-28354.512069910332},-40878.751432241872]
["2002-02-27","15:00:00",351,10,-1,-12,39,{"$f":"Inputs!$X$37*Inputs!$X$32*(E1384-Inputs!$X$26)","v":-75785.737112293224},{"$f":"Inputs!$X$33*C1384*Inputs!$X$38","v":68478.89705404175},{"$f":"params!$C$15*Inputs!$X$29*(E1384-Inputs!$X$26)","v":-7873.3852499999985},{"$f":"Inputs!$X$40*Inputs!$X$41/8760","v":5342.4657534246571},{"$f":"-Inputs!$X$45*Inputs!$X$33","v":-30000},566.54310372490409,3.4972595900071069E-3,1.3639312401027717E-3,{"$f":"-L1384/(1.202*2465560*MAX(0,(Inputs!$X$49-O1384)))","v":1.0506995110355533},{"$f":"params!$C$15*P1384*(E1384-Inputs!$X$26)","v":-28045.73245483396},-67883.492009660782]
["2002-02-27","16:00:00",215,10,-2,-10,50,{"$f":"Inputs!$X$37*Inputs!$X$32*(E1385-Inputs!$X$26)","v":-79213.232760587896},{"$f":"Inputs!$X$33*C1385*Inputs!$X$38","v":41945.763152760614},{"$f":"params!$C$15*Inputs!$X$29*(E1385-Inputs!$X$26)","v":-8229.4679999999971},{"$f":"Inputs!$X$40*Inputs!$X$41/8760","v":5342.4657534246571},{"$f":"-Inputs!$X$45*Inputs!$X$33","v":-30000},526.36516305985776,3.2479468065175691E-3,1.6239734032587846E-3,{"$f":"-L1385/(1.202*2465560*MAX(0,(Inputs!$X$49-O1385)))","v":1.0798457700629183},{"$f":"params!$C$15*P1385*(E1385-Inputs!$X$26)","v":-30127.302391446483},-100281.77424584911]
["2002-02-27","17:00:00",186,10,-3,-10,55,{"$f":"Inputs!$X$37*Inputs!$X$32*(E1386-Inputs!$X$26)","v":-82640.728408882569},{"$f":"Inputs!$X$33*C1386*Inputs!$X$38","v":36287.962541458015},{"$f":"params!$C$15*Inputs!$X$29*(E1386-Inputs!$X$26)","v":-8585.5507499999985},{"$f":"Inputs!$X$40*Inputs!$X$41/8760","v":5342.4657534246571},{"$f":"-Inputs!$X$45*Inputs!$X$33","v":-30000},488.73621912146871,3.0146312662847319E-3,1.6580471964566027E-3,{"$f":"-L1386/(1.202*2465560*MAX(0,(Inputs!$X$49-O1386)))","v":1.0837851165938153},{"$f":"params!$C$15*P1386*(E1386-Inputs!$X$26)","v":-31545.549482086706},-111141.40034608659]
["2002-02-27","18:00:00",13,10,-4,-8,71,{"$f":"Inputs!$X$37*Inputs!$X$32*(E1387-Inputs!$X$26)","v":-86068.224057177227},{"$f":"Inputs!$X$33*C1387*Inputs!$X$38","v":2536.2554464459904},{"$f":"params!$C$15*Inputs!$X$29*(E1387-Inputs!$X$26)","v":-8941.6334999999981},{"$f":"Inputs!$X$40*Inputs!$X$41/8760","v":5342.4657534246571},{"$f":"-Inputs!$X$45*Inputs!$X$33","v":-30000},453.51532044328405,2.7964043545646504E-3,1.9854470917409018E-3,{"$f":"-L1387/(1.202*2465560*MAX(0,(Inputs!$X$49-O1387)))","v":1.1231546311339784},{"$f":"params!$C$15*P1387*(E1387-Inputs!$X$26)","v":-34047.338732890312},-151178.47509019688]
["2002-02-27","19:00:00",0,10,-4,-10,59,{"$f":"Inputs!$X$37*Inputs!$X$32*(E1388-Inputs!$X$26)","v":-86068.224057177227},{"$f":"Inputs!$X$33*C1388*Inputs!$X$38","v":0},{"$f":"params!$C$15*Inputs!$X$29*(E1388-Inputs!$X$26)","v":-8941.6334999999981},{"$f":"Inputs!$X$40*Inputs!$X$41/8760","v":5342.4657534246571},{"$f":"-Inputs!$X$45*Inputs!$X$33","v":-30000},453.51532044328405,2.7964043545646504E-3,1.6498785691931436E-3,{"$f":"-L1388/(1.202*2465560*MAX(0,(Inputs!$X$49-O1388)))","v":1.0828381065576416},{"$f":"params!$C$15*P1388*(E1388-Inputs!$X$26)","v":-32825.182557121763},-152492.57436087434]
["2002-02-27","20:00:00",0,10,-5,-12,54,{"$f":"Inputs!$X$37*Inputs!$X$32*(E1389-Inputs!$X$26)","v":-89495.7197054719},{"$f":"Inputs!$X$33*C1389*Inputs!$X$38","v":0},{"$f":"params!$C$15*Inputs!$X$29*(E1389-Inputs!$X$26)","v":-9297.7162499999977},{"$f":"Inputs!$X$40*Inputs!$X$41/8760","v":5342.4657534246571},{"$f":"-Inputs!$X$45*Inputs!$X$33","v":-30000},420.56802345265027,2.5924024753231664E-3,1.3998973366745099E-3,{"$f":"-L1389/(1.202*2465560*MAX(0,(Inputs!$X$49-O1389)))","v":1.0546365839426322},{"$f":"params!$C$15*P1389*(E1389-Inputs!$X$26)","v":-33243.433644119134},-156694.40384616639]
["2002-02-27","21:00:00",0,10,-5,-11,59,{"$f":"Inputs!$X$37*Inputs!$X$32*(E1390-Inputs!$X$26)","v":-89495.7197054719},{"$f":"Inputs!$X$33*C1390*Inputs!$X$38","v":0},{"$f":"params!$C$15*Inputs!$X$29*(E1390-Inputs!$X$26)","v":-9297.7162499999977},{"$f":"Inputs!$X$40*Inputs!$X$41/8760","v":5342.4657534246571},{"$f":"-Inputs!$X$45*Inputs!$X$33","v":-30000},420.56802345265027,2.5924024753231664E-3,1.529517460440668E-3,{"$f":"-L1390/(1.202*2465560*MAX(0,(Inputs!$X$49-O1390)))","v":1.0690737421481566},{"$f":"params!$C$15*P1390*(E1390-Inputs!$X$26)","v":-33698.510509574342},-157149.48071162158]
["2002-02-27","22:00:00",0,10,-6,-8,84,{"$f":"Inputs!$X$37*Inputs!$X$32*(E1391-Inputs!$X$26)","v":-92923.215353766573},{"$f":"Inputs!$X$33*C1391*Inputs!$X$38","v":0},{"$f":"params!$C$15*Inputs!$X$29*(E1391-Inputs!$X$26)","v":-9653.7989999999972},{"$f":"Inputs!$X$40*Inputs!$X$41/8760","v":5342.4657534246571},{"$f":"-Inputs!$X$45*Inputs!$X$33","v":-30000},389.76616195693094,2.4018050803048703E-3,2.0175162674560907E-3,{"$f":"-L1391/(1.202*2465560*MAX(0,(Inputs!$X$49-O1391)))","v":1.1271652716573397},{"$f":"params!$C$15*P1391*(E1391-Inputs!$X$26)","v":-36890.335593678152},-164124.88419402007]
["2002-02-27","23:00:00",0,10,-7,-9,84,{"$f":"Inputs!$X$37*Inputs!$X$32*(E1392-Inputs!$X$26)","v":-96350.711002061245},{"$f":"Inputs!$X$33*C1392*Inputs!$X$38","v":0},{"$f":"params!$C$15*Inputs!$X$29*(E1392-Inputs!$X$26)","v":-10009.881749999997},{"$f":"Inputs!$X$40*Inputs!$X$41/8760","v":5342.4657534246571},{"$f":"-Inputs!$X$45*Inputs!$X$33","v":-30000},360.98762153500678,2.2238327850987206E-3,1.8680195394829252E-3,{"$f":"-L1392/(1.202*2465560*MAX(0,(Inputs!$X$49-O1392)))","v":1.1087093480109445},{"$f":"params!$C$15*P1392*(E1392-Inputs!$X$26)","v":-37624.731606971807},-168642.8586056084]
["2002-02-27",1,0,10,-7,-9,84,{"$f":"Inputs!$X$37*Inputs!$X$32*(E1393-Inputs!$X$26)","v":-96350.711002061245},{"$f":"Inputs!$X$33*C1393*Inputs!$X$38","v":0},{"$f":"params!$C$15*Inputs!$X$29*(E1393-Inputs!$X$26)","v":-10009.881749999997},{"$f":"Inputs!$X$40*Inputs!$X$41/8760","v":5342.4657534246571},{"$f":"-Inputs!$X$45*Inputs!$X$33","v":-30000},360.98762153500678,2.2238327850987206E-3,1.8680195394829252E-3,{"$f":"-L1393/(1.202*2465560*MAX(0,(Inputs!$X$49-O1393)))","v":1.1087093480109445},{"$f":"params!$C$15*P1393*(E1393-Inputs!$X$26)","v":-37624.731606971807},-168642.8586056084]
["2002-02-28","01:00:00",0,10,-7,-12,64,{"$f":"Inputs!$X$37*Inputs!$X$32*(E1394-Inputs!$X$26)","v":-96350.711002061245},{"$f":"Inputs!$X$33*C1394*Inputs!$X$38","v":0},{"$f":"params!$C$15*Inputs!$X$29*(E1394-Inputs!$X$26)","v":-10009.881749999997},{"$f":"Inputs!$X$40*Inputs!$X$41/8760","v":5342.4657534246571},{"$f":"-Inputs!$X$45*Inputs!$X$33","v":-30000},360.98762153500678,2.2238327850987206E-3,1.4232529824631812E-3,{"$f":"-L1394/(1.202*2465560*MAX(0,(Inputs!$X$49-O1394)))","v":1.0572090780270629},{"$f":"params!$C$15*P1394*(E1394-Inputs!$X$26)","v":-35877.038364097658},-166895.16536273426]
["2002-02-28","02:00:00",0,10,-7,-12,64,{"$f":"Inputs!$X$37*Inputs!$X$32*(E1395-Inputs!$X$26)","v":-96350.711002061245},{"$f":"Inputs!$X$33*C1395*Inputs!$X$38","v":0},{"$f":"params!$C$15*Inputs!$X$29*(E1395-Inputs!$X$26)","v":-10009.881749999997},{"$f":"Inputs!$X$40*Inputs!$X$41/8760","v":5342.4657534246571},{"$f":"-Inputs!$X$45*Inputs!$X$33","v":-30000},360.98762153500678,2.2238327850987206E-3,1.4232529824631812E-3,{"$f":"-L1395/(1.202*2465560*MAX(0,(Inputs!$X$49-O1395)))","v":1.0572090780270629},{"$f":"params!$C$15*P1395*(E1395-Inputs!$X$26)","v":-35877.038364097658},-166895.16536273426]
["2002-02-28","03:00:00",0,10,-7,-12,64,{"$f":"Inputs!$X$37*Inputs!$X$32*(E1396-Inputs!$X$26)","v":-96350.711002061245},{"$f":"Inputs!$X$33*C1396*Inputs!$X$38","v":0},{"$f":"params!$C$15*Inputs!$X$29*(E1396-Inputs!$X$26)","v":-10009.881749999997},{"$f":"Inputs!$X$40*Inputs!$X$41/8760","v":5342.4657534246571},{"$f":"-Inputs!$X$45*Inputs!$X$33","v":-30000},360.98762153500678,2.2238327850987206E-3,1.4232529824631812E-3,{"$f":"-L1396/(1.202*2465560*MAX(0,(Inputs!$X$49-O1396)))","v":1.0572090780270629},{"$f":"params!$C$15*P1396*(E1396-Inputs!$X$26)","v":-35877.038364097658},-166895.16536273426]
["2002-02-28","04:00:00",0,10,-7,-12,64,{"$f":"Inputs!$X$37*Inputs!$X$32*(E1397-Inputs!$X$26)","v":-96350.711002061245},{"$f":"Inputs!$X$33*C1397*Inputs!$X$38","v":0},{"$f":"params!$C$15*Inputs!$X$29*(E1397-Inputs!$X$26)","v":-10009.881749999997},{"$f":"Inputs!$X$40*Inputs!$X$41/8760","v":5342.4657534246571},{"$f":"-Inputs!$X$45*Inputs!$X$33","v":-30000},360.98762153500678,2.2238327850987206E-3,1.4232529824631812E-3,{"$f":"-L1397/(1.202*2465560*MAX(0,(Inputs!$X$49-O1397)))","v":1.0572090780270629},{"$f":"params!$C$15*P1397*(E1397-Inputs!$X$26)","v":-35877.038364097658},-166895.16536273426]
["2002-02-28","05:00:00",0,10,-7,-12,64,{"$f":"Inputs!$X$37*Inputs!$X$32*(E1398-Inputs!$X$26)","v":-96350.711002061245},{"$f":"Inputs!$X$33*C1398*Inputs!$X$38","v":0},{"$f":"params!$C$15*Inputs!$X$29*(E1398-Inputs!$X$26)","v":-10009.881749999997},{"$f":"Inputs!$X$40*Inputs!$X$41/8760","v":5342.4657534246571},{"$f":"-Inputs!$X$45*Inputs!$X$33","v":-30000},360.98762153500678,2.2238327850987206E-3,1.4232529824631812E-3,{"$f":"-L1398/(1.202*2465560*MAX(0,(Inputs!$X$49-O1398)))","v":1.0572090780270629},{"$f":"params!$C$15*P1398*(E1398-Inputs!$X$26)","v":-35877.038364097658},-166895.16536273426]
["2002-02-28","06:00:00",0,8,-7,-13,59,{"$f":"Inputs!$X$37*Inputs!$X$32*(E1399-Inputs!$X$26)","v":-96350.711002061245},{"$f":"Inputs!$X$33*C1399*Inputs!$X$38","v":0},{"$f":"params!$C$15*Inputs!$X$29*(E1399-Inputs!$X$26)","v":-10009.881749999997},{"$f":"Inputs!$X$40*Inputs!$X$41/8760","v":5342.4657534246571},{"$f":"-Inputs!$X$45*Inputs!$X$33","v":-30000},360.98762153500678,2.2238327850987206E-3,1.312061343208245E-3,{"$f":"-L1399/(1.202*2465560*MAX(0,(Inputs!$X$49-O1399)))","v":1.0450729979881839},{"$f":"params!$C$15*P1399*(E1399-Inputs!$X$26)","v":-35465.193045897053},-166483.32004453364]
["2002-02-28","07:00:00",0,0,-7,-14,54,{"$f":"Inputs!$X$37*Inputs!$X$32*(E1400-Inputs!$X$26)","v":-96350.711002061245},{"$f":"Inputs!$X$33*C1400*Inputs!$X$38","v":0},{"$f":"params!$C$15*Inputs!$X$29*(E1400-Inputs!$X$26)","v":-10009.881749999997},{"$f":"Inputs!$X$40*Inputs!$X$41/8760","v":5342.4657534246571},{"$f":"-Inputs!$X$45*Inputs!$X$33","v":-30000},360.98762153500678,2.2238327850987206E-3,1.2008697039533093E-3,{"$f":"-L1400/(1.202*2465560*MAX(0,(Inputs!$X$49-O1400)))","v":1.0332123845516443},{"$f":"params!$C$15*P1400*(E1400-Inputs!$X$26)","v":-35062.695855768339},-166080.82285440492]
["2002-02-28","08:00:00",98,3,-6,-13,54,{"$f":"Inputs!$X$37*Inputs!$X$32*(E1401-Inputs!$X$26)","v":-92923.215353766573},{"$f":"Inputs!$X$33*C1401*Inputs!$X$38","v":19119.464134746697},{"$f":"params!$C$15*Inputs!$X$29*(E1401-Inputs!$X$26)","v":-9653.7989999999972},{"$f":"Inputs!$X$40*Inputs!$X$41/8760","v":5342.4657534246571},{"$f":"-Inputs!$X$45*Inputs!$X$33","v":-30000},389.76616195693094,2.4018050803048703E-3,1.2969747433646301E-3,{"$f":"-L1401/(1.202*2465560*MAX(0,(Inputs!$X$49-O1401)))","v":1.043447795372924},{"$f":"params!$C$15*P1401*(E1401-Inputs!$X$26)","v":-34150.395078435984},-142265.4795440312]
["2002-02-28","09:00:00",282,4,-5,-12,54,{"$f":"Inputs!$X$37*Inputs!$X$32*(E1402-Inputs!$X$26)","v":-89495.7197054719},{"$f":"Inputs!$X$33*C1402*Inputs!$X$38","v":55017.233530597645},{"$f":"params!$C$15*Inputs!$X$29*(E1402-Inputs!$X$26)","v":-9297.7162499999977},{"$f":"Inputs!$X$40*Inputs!$X$41/8760","v":5342.4657534246571},{"$f":"-Inputs!$X$45*Inputs!$X$33","v":-30000},420.56802345265027,2.5924024753231664E-3,1.3998973366745099E-3,{"$f":"-L1402/(1.202*2465560*MAX(0,(Inputs!$X$49-O1402)))","v":1.0546365839426322},{"$f":"params!$C$15*P1402*(E1402-Inputs!$X$26)","v":-33243.433644119134},-101677.17031556871]
["2002-02-28","10:00:00",439,4,-3,-12,46,{"$f":"Inputs!$X$37*Inputs!$X$32*(E1403-Inputs!$X$26)","v":-82640.728408882569},{"$f":"Inputs!$X$33*C1403*Inputs!$X$38","v":85647.395460753061},{"$f":"params!$C$15*Inputs!$X$29*(E1403-Inputs!$X$26)","v":-8585.5507499999985},{"$f":"Inputs!$X$40*Inputs!$X$41/8760","v":5342.4657534246571},{"$f":"-Inputs!$X$45*Inputs!$X$33","v":-30000},488.73621912146871,3.0146312662847319E-3,1.3867303824909765E-3,{"$f":"-L1403/(1.202*2465560*MAX(0,(Inputs!$X$49-O1403)))","v":1.0531918282110542},{"$f":"params!$C$15*P1403*(E1403-Inputs!$X$26)","v":-30655.075828479748},-60891.4937731846]
["2002-02-28","11:00:00",539,8,-3,-11,50,{"$f":"Inputs!$X$37*Inputs!$X$32*(E1404-Inputs!$X$26)","v":-82640.728408882569},{"$f":"Inputs!$X$33*C1404*Inputs!$X$38","v":105157.05274110683},{"$f":"params!$C$15*Inputs!$X$29*(E1404-Inputs!$X$26)","v":-8585.5507499999985},{"$f":"Inputs!$X$40*Inputs!$X$41/8760","v":5342.4657534246571},{"$f":"-Inputs!$X$45*Inputs!$X$33","v":-30000},488.73621912146871,3.0146312662847319E-3,1.507315633142366E-3,{"$f":"-L1404/(1.202*2465560*MAX(0,(Inputs!$X$49-O1404)))","v":1.0665729032396543},{"$f":"params!$C$15*P1404*(E1404-Inputs!$X$26)","v":-31044.55650871354},-41771.317173064614]
["2002-02-28","12:00:00",184,8,-2,-11,46,{"$f":"Inputs!$X$37*Inputs!$X$32*(E1405-Inputs!$X$26)","v":-79213.232760587896},{"$f":"Inputs!$X$33*C1405*Inputs!$X$38","v":35897.769395850941},{"$f":"params!$C$15*Inputs!$X$29*(E1405-Inputs!$X$26)","v":-8229.4679999999971},{"$f":"Inputs!$X$40*Inputs!$X$41/8760","v":5342.4657534246571},{"$f":"-Inputs!$X$45*Inputs!$X$33","v":-30000},526.36516305985776,3.2479468065175691E-3,1.4940555309980819E-3,{"$f":"-L1405/(1.202*2465560*MAX(0,(Inputs!$X$49-O1405)))","v":1.0650848433563447},{"$f":"params!$C$15*P1405*(E1405-Inputs!$X$26)","v":-29715.477930217159},-105917.94354152947]
["2002-02-28","13:00:00",192,8,-1,-11,42,{"$f":"Inputs!$X$37*Inputs!$X$32*(E1406-Inputs!$X$26)","v":-75785.737112293224},{"$f":"Inputs!$X$33*C1406*Inputs!$X$38","v":37458.541978279245},{"$f":"params!$C$15*Inputs!$X$29*(E1406-Inputs!$X$26)","v":-7873.3852499999985},{"$f":"Inputs!$X$40*Inputs!$X$41/8760","v":5342.4657534246571},{"$f":"-Inputs!$X$45*Inputs!$X$33","v":-30000},566.54310372490409,3.4972595900071069E-3,1.4688490278029851E-3,{"$f":"-L1406/(1.202*2465560*MAX(0,(Inputs!$X$49-O1406)))","v":1.0622675665713099},{"$f":"params!$C$15*P1406*(E1406-Inputs!$X$26)","v":-28354.512069910332},-99212.626700499648]
["2002-02-28","14:00:00",596,8,0,-9,46,{"$f":"Inputs!$X$37*Inputs!$X$32*(E1407-Inputs!$X$26)","v":-72358.241463998565},{"$f":"Inputs!$X$33*C1407*Inputs!$X$38","v":116277.55739090849},{"$f":"params!$C$15*Inputs!$X$29*(E1407-Inputs!$X$26)","v":-7517.302499999998},{"$f":"Inputs!$X$40*Inputs!$X$41/8760","v":5342.4657534246571},{"$f":"-Inputs!$X$45*Inputs!$X$33","v":-30000},609.41773586642103,3.7635253138895938E-3,1.731221644389213E-3,{"$f":"-L1407/(1.202*2465560*MAX(0,(Inputs!$X$49-O1407)))","v":1.0923428826324955},{"$f":"params!$C$15*P1407*(E1407-Inputs!$X$26)","v":-27838.623944436444},-16094.144764101857]
["2002-02-28","15:00:00",532,8,1,-11,36,{"$f":"Inputs!$X$37*Inputs!$X$32*(E1408-Inputs!$X$26)","v":-68930.745815703893},{"$f":"Inputs!$X$33*C1408*Inputs!$X$38","v":103791.37673148207},{"$f":"params!$C$15*Inputs!$X$29*(E1408-Inputs!$X$26)","v":-7161.2197499999984},{"$f":"Inputs!$X$40*Inputs!$X$41/8760","v":5342.4657534246571},{"$f":"-Inputs!$X$45*Inputs!$X$33","v":-30000},655.14373774848059,4.0477489204243187E-3,1.4571896113527547E-3,{"$f":"-L1408/(1.202*2465560*MAX(0,(Inputs!$X$49-O1408)))","v":1.0609694538517604},{"$f":"params!$C$15*P1408*(E1408-Inputs!$X$26)","v":-25758.266692805064},-22716.389773602223]
["2002-02-28","16:00:00",382,0,1,-12,33,{"$f":"Inputs!$X$37*Inputs!$X$32*(E1409-Inputs!$X$26)","v":-68930.745815703893},{"$f":"Inputs!$X$33*C1409*Inputs!$X$38","v":74526.890810951416},{"$f":"params!$C$15*Inputs!$X$29*(E1409-Inputs!$X$26)","v":-7161.2197499999984},{"$f":"Inputs!$X$40*Inputs!$X$41/8760","v":5342.4657534246571},{"$f":"-Inputs!$X$45*Inputs!$X$33","v":-30000},655.14373774848059,4.0477489204243187E-3,1.335757143740025E-3,{"$f":"-L1409/(1.202*2465560*MAX(0,(Inputs!$X$49-O1409)))","v":1.0476358714331635},{"$f":"params!$C$15*P1409*(E1409-Inputs!$X$26)","v":-25434.553346806413},-51657.162348134232]
["2002-02-28","17:00:00",206,3,0,-13,32,{"$f":"Inputs!$X$37*Inputs!$X$32*(E1410-Inputs!$X$26)","v":-72358.241463998565},{"$f":"Inputs!$X$33*C1410*Inputs!$X$38","v":40189.893997528772},{"$f":"params!$C$15*Inputs!$X$29*(E1410-Inputs!$X$26)","v":-7517.302499999998},{"$f":"Inputs!$X$40*Inputs!$X$41/8760","v":5342.4657534246571},{"$f":"-Inputs!$X$45*Inputs!$X$33","v":-30000},609.41773586642103,3.7635253138895938E-3,1.2043281004446701E-3,{"$f":"-L1410/(1.202*2465560*MAX(0,(Inputs!$X$49-O1410)))","v":1.0335772276253092},{"$f":"params!$C$15*P1410*(E1410-Inputs!$X$26)","v":-26340.966938926442},-90684.151151971571]
["2002-02-28","18:00:00",34,0,-1,-12,39,{"$f":"Inputs!$X$37*Inputs!$X$32*(E1411-Inputs!$X$26)","v":-75785.737112293224},{"$f":"Inputs!$X$33*C1411*Inputs!$X$38","v":6633.2834753202833},{"$f":"params!$C$15*Inputs!$X$29*(E1411-Inputs!$X$26)","v":-7873.3852499999985},{"$f":"Inputs!$X$40*Inputs!$X$41/8760","v":5342.4657534246571},{"$f":"-Inputs!$X$45*Inputs!$X$33","v":-30000},{"$f":"EXP(77.345+0.0057*(E1411+273.15)-7235/(E1411+273.15))/(E1411+273.15)^8.2","v":566.54310372490409},{"$f":"0.62198*M1411/(101325-M1411)","v":3.4972595900071069E-3},{"$f":"N1411*G1411/100","v":1.3639312401027717E-3},{"$f":"-L1411/(1.202*2465560*MAX(0,(Inputs!$X$49-O1411)))","v":1.0506995110355533},{"$f":"params!$C$15*P1411*(E1411-Inputs!$X$26)","v":-28045.73245483396},{"$f":"H1411+I1411+J1411+K1411+L1411+Q1411","v":-129729.10558838226}]
["2002-02-28","19:00:00",0,0,-4,-12,50,{"$f":"Inputs!$X$37*Inputs!$X$32*(E1412-Inputs!$X$26)","v":-86068.224057177227},{"$f":"Inputs!$X$33*C1412*Inputs!$X$38","v":0},{"$f":"params!$C$15*Inputs!$X$29*(E1412-Inputs!$X$26)","v":-8941.6334999999981},{"$f":"Inputs!$X$40*Inputs!$X$41/8760","v":5342.4657534246571},{"$f":"-Inputs!$X$45*Inputs!$X$33","v":-30000},453.51532044328405,2.7964043545646504E-3,1.3982021772823252E-3,{"$f":"-L1412/(1.202*2465560*MAX(0,(Inputs!$X$49-O1412)))","v":1.0544503588066263},{"$f":"params!$C$15*P1412*(E1412-Inputs!$X$26)","v":-31964.635632637441},-151632.02743639002]
["2002-02-28","20:00:00",0,0,-4,-12,50,{"$f":"Inputs!$X$37*Inputs!$X$32*(E1413-Inputs!$X$26)","v":-86068.224057177227},{"$f":"Inputs!$X$33*C1413*Inputs!$X$38","v":0},{"$f":"params!$C$15*Inputs!$X$29*(E1413-Inputs!$X$26)","v":-8941.6334999999981},{"$f":"Inputs!$X$40*Inputs!$X$41/8760","v":5342.4657534246571},{"$f":"-Inputs!$X$45*Inputs!$X$33","v":-30000},453.51532044328405,2.7964043545646504E-3,1.3982021772823252E-3,{"$f":"-L1413/(1.202*2465560*MAX(0,(Inputs!$X$49-O1413)))","v":1.0544503588066263},{"$f":"params!$C$15*P1413*(E1413-Inputs!$X$26)","v":-31964.635632637441},-151632.02743639002]
["2002-02-28","21:00:00",0,1,-4,-11,54,{"$f":"Inputs!$X$37*Inputs!$X$32*(E1414-Inputs!$X$26)","v":-86068.224057177227},{"$f":"Inputs!$X$33*C1414*Inputs!$X$38","v":0},{"$f":"params!$C$15*Inputs!$X$29*(E1414-Inputs!$X$26)","v":-8941.6334999999981},{"$f":"Inputs!$X$40*Inputs!$X$41/8760","v":5342.4657534246571},{"$f":"-Inputs!$X$45*Inputs!$X$33","v":-30000},453.51532044328405,2.7964043545646504E-3,1.5100583514649113E-3,{"$f":"-L1414/(1.202*2465560*MAX(0,(Inputs!$X$49-O1414)))","v":1.0668812125287519},{"$f":"params!$C$15*P1414*(E1414-Inputs!$X$26)","v":-32341.464856044466},-152008.85665979705]
["2002-02-28","22:00:00",0,0,-3.5,-9.8000000000000007,54,{"$f":"Inputs!$X$37*Inputs!$X$32*(E1415-Inputs!$X$26)","v":-84354.476233029898},{"$f":"Inputs!$X$33*C1415*Inputs!$X$38","v":0},{"$f":"params!$C$15*Inputs!$X$29*(E1415-Inputs!$X$26)","v":-8763.5921249999974},{"$f":"Inputs!$X$40*Inputs!$X$41/8760","v":5342.4657534246571},{"$f":"-Inputs!$X$45*Inputs!$X$33","v":-30000},470.83331665167725,2.9036867382035638E-3,1.5679908386299244E-3,{"$f":"-L1415/(1.202*2465560*MAX(0,(Inputs!$X$49-O1415)))","v":1.0734353101713865},{"$f":"params!$C$15*P1415*(E1415-Inputs!$X$26)","v":-31892.222682719053},-149667.82528732429]
["2002-02-28","23:00:00",0,0,-3.2,-8.6,54,{"$f":"Inputs!$X$37*Inputs!$X$32*(E1416-Inputs!$X$26)","v":-83326.227538541498},{"$f":"Inputs!$X$33*C1416*Inputs!$X$38","v":0},{"$f":"params!$C$15*Inputs!$X$29*(E1416-Inputs!$X$26)","v":-8656.7672999999977},{"$f":"Inputs!$X$40*Inputs!$X$41/8760","v":5342.4657534246571},{"$f":"-Inputs!$X$45*Inputs!$X$33","v":-30000},481.50379019800954,2.9698070642482145E-3,1.6036958146940358E-3,{"$f":"-L1416/(1.202*2465560*MAX(0,(Inputs!$X$49-O1416)))","v":1.0775149961424491},{"$f":"params!$C$15*P1416*(E1416-Inputs!$X$26)","v":-31623.200449942819},-148263.72953505965]
["2002-02-28",1,0,2,-2.8,-7.5,59,{"$f":"Inputs!$X$37*Inputs!$X$32*(E1417-Inputs!$X$26)","v":-81955.22927922364},{"$f":"Inputs!$X$33*C1417*Inputs!$X$38","v":0},{"$f":"params!$C$15*Inputs!$X$29*(E1417-Inputs!$X$26)","v":-8514.3341999999975},{"$f":"Inputs!$X$40*Inputs!$X$41/8760","v":5342.4657534246571},{"$f":"-Inputs!$X$45*Inputs!$X$33","v":-30000},496.06494903212268,3.060058869440949E-3,1.8054347329701597E-3,{"$f":"-L1417/(1.202*2465560*MAX(0,(Inputs!$X$49-O1417)))","v":1.1011612706949359},{"$f":"params!$C$15*P1417*(E1417-Inputs!$X$26)","v":-31785.450814779557},-146912.54854057854]
["1995-03-01","01:00:00",0,10,-2.5,-6.3,88,{"$f":"Inputs!$X$37*Inputs!$X$32*(E1418-Inputs!$X$26)","v":-80926.980584735225},{"$f":"Inputs!$X$33*C1418*Inputs!$X$38","v":0},{"$f":"params!$C$15*Inputs!$X$29*(E1418-Inputs!$X$26)","v":-8407.5093749999978},{"$f":"Inputs!$X$40*Inputs!$X$41/8760","v":5342.4657534246571},{"$f":"-Inputs!$X$45*Inputs!$X$33","v":-30000},507.24103122998616,3.1293472482576833E-3,2.7538255784667616E-3,{"$f":"-L1418/(1.202*2465560*MAX(0,(Inputs!$X$49-O1418)))","v":1.2278319177074146},{"$f":"params!$C$15*P1418*(E1418-Inputs!$X$26)","v":-34997.178556542611},-148989.20276285318]
["1995-03-01","02:00:00",0,10,-2.1,-5.2,87,{"$f":"Inputs!$X$37*Inputs!$X$32*(E1419-Inputs!$X$26)","v":-79555.982325417368},{"$f":"Inputs!$X$33*C1419*Inputs!$X$38","v":0},{"$f":"params!$C$15*Inputs!$X$29*(E1419-Inputs!$X$26)","v":-8265.0762749999976},{"$f":"Inputs!$X$40*Inputs!$X$41/8760","v":5342.4657534246571},{"$f":"-Inputs!$X$45*Inputs!$X$33","v":-30000},522.4899415804224,3.2239107307531494E-3,2.8048023357552399E-3,{"$f":"-L1419/(1.202*2465560*MAX(0,(Inputs!$X$49-O1419)))","v":1.2354710226624608},{"$f":"params!$C$15*P1419*(E1419-Inputs!$X$26)","v":-34618.335604921522},-147096.92845191422]
["1995-03-01","03:00:00",0,10,-1.8,-4,89,{"$f":"Inputs!$X$37*Inputs!$X$32*(E1420-Inputs!$X$26)","v":-78527.733630928968},{"$f":"Inputs!$X$33*C1420*Inputs!$X$38","v":0},{"$f":"params!$C$15*Inputs!$X$29*(E1420-Inputs!$X$26)","v":-8158.2514499999979},{"$f":"Inputs!$X$40*Inputs!$X$41/8760","v":5342.4657534246571},{"$f":"-Inputs!$X$45*Inputs!$X$33","v":-30000},534.19220383385914,3.2964996928343099E-3,2.9338847266225359E-3,{"$f":"-L1420/(1.202*2465560*MAX(0,(Inputs!$X$49-O1420)))","v":1.2552465183667292},{"$f":"params!$C$15*P1420*(E1420-Inputs!$X$26)","v":-34717.853528114923},-146061.37285561924]
["1995-03-01","04:00:00",0,10,-1.5,-3,88,{"$f":"Inputs!$X$37*Inputs!$X$32*(E1421-Inputs!$X$26)","v":-77499.484936440567},{"$f":"Inputs!$X$33*C1421*Inputs!$X$38","v":0},{"$f":"params!$C$15*Inputs!$X$29*(E1421-Inputs!$X$26)","v":-8051.4266249999982},{"$f":"Inputs!$X$40*Inputs!$X$41/8760","v":5342.4657534246571},{"$f":"-Inputs!$X$45*Inputs!$X$33","v":-30000},546.12643871704938,3.3705449401225294E-3,2.9660795473078262E-3,{"$f":"-L1421/(1.202*2465560*MAX(0,(Inputs!$X$49-O1421)))","v":1.2602778172436639},{"$f":"params!$C$15*P1421*(E1421-Inputs!$X$26)","v":-34400.589576951541},-144609.03538496746]
["1995-03-01","05:00:00",0,10,-1.2,-2.8,87,{"$f":"Inputs!$X$37*Inputs!$X$32*(E1422-Inputs!$X$26)","v":-76471.236241952152},{"$f":"Inputs!$X$33*C1422*Inputs!$X$38","v":0},{"$f":"params!$C$15*Inputs!$X$29*(E1422-Inputs!$X$26)","v":-7944.6017999999976},{"$f":"Inputs!$X$40*Inputs!$X$41/8760","v":5342.4657534246571},{"$f":"-Inputs!$X$45*Inputs!$X$33","v":-30000},558.29660553202416,3.4460720755093411E-3,2.9980827056931268E-3,{"$f":"-L1422/(1.202*2465560*MAX(0,(Inputs!$X$49-O1422)))","v":1.265319297294909},{"$f":"params!$C$15*P1422*(E1422-Inputs!$X$26)","v":-34079.955586791104},-143153.32787531862]
["1995-03-01","06:00:00",0,10,-1.2,-3.4,83,{"$f":"Inputs!$X$37*Inputs!$X$32*(E1423-Inputs!$X$26)","v":-76471.236241952152},{"$f":"Inputs!$X$33*C1423*Inputs!$X$38","v":0},{"$f":"params!$C$15*Inputs!$X$29*(E1423-Inputs!$X$26)","v":-7944.6017999999976},{"$f":"Inputs!$X$40*Inputs!$X$41/8760","v":5342.4657534246571},{"$f":"-Inputs!$X$45*Inputs!$X$33","v":-30000},558.29660553202416,3.4460720755093411E-3,2.8602398226727534E-3,{"$f":"-L1423/(1.202*2465560*MAX(0,(Inputs!$X$49-O1423)))","v":1.243887219664549},{"$f":"params!$C$15*P1423*(E1423-Inputs!$X$26)","v":-33502.706622567734},-142576.07891109525]
["1995-03-01","07:00:00",0,10,-1.2,-2.8,87,{"$f":"Inputs!$X$37*Inputs!$X$32*(E1424-Inputs!$X$26)","v":-76471.236241952152},{"$f":"Inputs!$X$33*C1424*Inputs!$X$38","v":0},{"$f":"params!$C$15*Inputs!$X$29*(E1424-Inputs!$X$26)","v":-7944.6017999999976},{"$f":"Inputs!$X$40*Inputs!$X$41/8760","v":5342.4657534246571},{"$f":"-Inputs!$X$45*Inputs!$X$33","v":-30000},558.29660553202416,3.4460720755093411E-3,2.9980827056931268E-3,{"$f":"-L1424/(1.202*2465560*MAX(0,(Inputs!$X$49-O1424)))","v":1.265319297294909},{"$f":"params!$C$15*P1424*(E1424-Inputs!$X$26)","v":-34079.955586791104},-143153.32787531862]
["1995-03-01","08:00:00",50,10,-1.2,-3.4,83,{"$f":"Inputs!$X$37*Inputs!$X$32*(E1425-Inputs!$X$26)","v":-76471.236241952152},{"$f":"Inputs!$X$33*C1425*Inputs!$X$38","v":9754.8286401768873},{"$f":"params!$C$15*Inputs!$X$29*(E1425-Inputs!$X$26)","v":-7944.6017999999976},{"$f":"Inputs!$X$40*Inputs!$X$41/8760","v":5342.4657534246571},{"$f":"-Inputs!$X$45*Inputs!$X$33","v":-30000},558.29660553202416,3.4460720755093411E-3,2.8602398226727534E-3,{"$f":"-L1425/(1.202*2465560*MAX(0,(Inputs!$X$49-O1425)))","v":1.243887219664549},{"$f":"params!$C$15*P1425*(E1425-Inputs!$X$26)","v":-33502.706622567734},-132821.25027091836]
["1995-03-01","09:00:00",101,10,-0.6,-3.4,79,{"$f":"Inputs!$X$37*Inputs!$X$32*(E1426-Inputs!$X$26)","v":-74414.738852975366},{"$f":"Inputs!$X$33*C1426*Inputs!$X$38","v":19704.753853157312},{"$f":"params!$C$15*Inputs!$X$29*(E1426-Inputs!$X$26)","v":-7730.9521499999983},{"$f":"Inputs!$X$40*Inputs!$X$41/8760","v":5342.4657534246571},{"$f":"-Inputs!$X$45*Inputs!$X$33","v":-30000},583.36085066457406,3.6016763769199135E-3,2.8453243377667315E-3,{"$f":"-L1426/(1.202*2465560*MAX(0,(Inputs!$X$49-O1426)))","v":1.2416115829775665},{"$f":"params!$C$15*P1426*(E1426-Inputs!$X$26)","v":-32542.093982993661},-119640.56537938706]
["1995-03-01","10:00:00",227,10,0,-2.8,79,{"$f":"Inputs!$X$37*Inputs!$X$32*(E1427-Inputs!$X$26)","v":-72358.241463998565},{"$f":"Inputs!$X$33*C1427*Inputs!$X$38","v":44286.922026403066},{"$f":"params!$C$15*Inputs!$X$29*(E1427-Inputs!$X$26)","v":-7517.302499999998},{"$f":"Inputs!$X$40*Inputs!$X$41/8760","v":5342.4657534246571},{"$f":"-Inputs!$X$45*Inputs!$X$33","v":-30000},609.41773586642103,3.7635253138895938E-3,2.9731849979727793E-3,{"$f":"-L1427/(1.202*2465560*MAX(0,(Inputs!$X$49-O1427)))","v":1.2613936711978415},{"$f":"params!$C$15*P1427*(E1427-Inputs!$X$26)","v":-32146.924392222147},-92393.080576392982]
["1995-03-01","11:00:00",342,10,1.1000000000000001,-2.8,73,{"$f":"Inputs!$X$37*Inputs!$X$32*(E1428-Inputs!$X$26)","v":-68587.996250874421},{"$f":"Inputs!$X$33*C1428*Inputs!$X$38","v":66723.027898809902},{"$f":"params!$C$15*Inputs!$X$29*(E1428-Inputs!$X$26)","v":-7125.6114749999979},{"$f":"Inputs!$X$40*Inputs!$X$41/8760","v":5342.4657534246571},{"$f":"-Inputs!$X$45*Inputs!$X$33","v":-30000},659.87933273383078,4.077199179350414E-3,2.9763554009258021E-3,{"$f":"-L1428/(1.202*2465560*MAX(0,(Inputs!$X$49-O1428)))","v":1.2618921952935729},{"$f":"params!$C$15*P1428*(E1428-Inputs!$X$26)","v":-30483.943447059901},-64132.05752069976]
["1995-03-01","12:00:00",229,10,2.7,-3.4,62,{"$f":"Inputs!$X$37*Inputs!$X$32*(E1429-Inputs!$X$26)","v":-63104.003213602955},{"$f":"Inputs!$X$33*C1429*Inputs!$X$38","v":44677.115172010141},{"$f":"params!$C$15*Inputs!$X$29*(E1429-Inputs!$X$26)","v":-6555.8790749999989},{"$f":"Inputs!$X$40*Inputs!$X$41/8760","v":5342.4657534246571},{"$f":"-Inputs!$X$45*Inputs!$X$33","v":-30000},739.88380849706493,4.5751593141558633E-3,2.8365987747766353E-3,{"$f":"-L1429/(1.202*2465560*MAX(0,(Inputs!$X$49-O1429)))","v":1.240284190933838},{"$f":"params!$C$15*P1429*(E1429-Inputs!$X$26)","v":-27566.326560754405},-77206.627923922555]
["1995-03-01","13:00:00",566,9,3.3,-3.4,59,{"$f":"Inputs!$X$37*Inputs!$X$32*(E1430-Inputs!$X$26)","v":-61047.505824626147},{"$f":"Inputs!$X$33*C1430*Inputs!$X$38","v":110424.66020680236},{"$f":"params!$C$15*Inputs!$X$29*(E1430-Inputs!$X$26)","v":-6342.2294249999977},{"$f":"Inputs!$X$40*Inputs!$X$41/8760","v":5342.4657534246571},{"$f":"-Inputs!$X$45*Inputs!$X$33","v":-30000},772.02842975916951,4.7754555160627581E-3,2.8175187544770275E-3,{"$f":"-L1430/(1.202*2465560*MAX(0,(Inputs!$X$49-O1430)))","v":1.2373914739306324},{"$f":"params!$C$15*P1430*(E1430-Inputs!$X$26)","v":-26605.769348655787},-8228.37863805491]
["1995-03-01","14:00:00",528,9,5.0999999999999996,-2.9,55,{"$f":"Inputs!$X$37*Inputs!$X$32*(E1431-Inputs!$X$26)","v":-54878.013657695759},{"$f":"Inputs!$X$33*C1431*Inputs!$X$38","v":103010.99044026792},{"$f":"params!$C$15*Inputs!$X$29*(E1431-Inputs!$X$26)","v":-5701.2804749999996},{"$f":"Inputs!$X$40*Inputs!$X$41/8760","v":5342.4657534246571},{"$f":"-Inputs!$X$45*Inputs!$X$33","v":-30000},875.99828706609082,5.4241794870840548E-3,2.98329871789623E-3,{"$f":"-L1431/(1.202*2465560*MAX(0,(Inputs!$X$49-O1431)))","v":1.262985361887734},{"$f":"params!$C$15*P1431*(E1431-Inputs!$X$26)","v":-24411.669301416332},-6637.5072404195089]
["1995-03-01","15:00:00",469,9,6.6,-2.2999999999999998,52,{"$f":"Inputs!$X$37*Inputs!$X$32*(E1432-Inputs!$X$26)","v":-49736.77018525375},{"$f":"Inputs!$X$33*C1432*Inputs!$X$38","v":91500.292644859204},{"$f":"params!$C$15*Inputs!$X$29*(E1432-Inputs!$X$26)","v":-5167.1563499999984},{"$f":"Inputs!$X$40*Inputs!$X$41/8760","v":5342.4657534246571},{"$f":"-Inputs!$X$45*Inputs!$X$33","v":-30000},971.89505506814805,6.0237228004355421E-3,3.1323358562264821E-3,{"$f":"-L1432/(1.202*2465560*MAX(0,(Inputs!$X$49-O1432)))","v":1.2869152998587889},{"$f":"params!$C$15*P1432*(E1432-Inputs!$X$26)","v":-22543.862205597132},-10605.030342567017]
["1995-03-01","16:00:00",332,9,5.5,-4.5,46,{"$f":"Inputs!$X$37*Inputs!$X$32*(E1433-Inputs!$X$26)","v":-53507.01539837788},{"$f":"Inputs!$X$33*C1433*Inputs!$X$38","v":64772.06217077453},{"$f":"params!$C$15*Inputs!$X$29*(E1433-Inputs!$X$26)","v":-5558.8473749999985},{"$f":"Inputs!$X$40*Inputs!$X$41/8760","v":5342.4657534246571},{"$f":"-Inputs!$X$45*Inputs!$X$33","v":-30000},900.71602087450731,5.5786043819837112E-3,2.5661580157125071E-3,{"$f":"-L1433/(1.202*2465560*MAX(0,(Inputs!$X$49-O1433)))","v":1.2005049849005982},{"$f":"params!$C$15*P1433*(E1433-Inputs!$X$26)","v":-22624.316732868479},-41575.651582047169]
["1995-03-01","17:00:00",138,6,2.1,-5.5,54,{"$f":"Inputs!$X$37*Inputs!$X$32*(E1434-Inputs!$X$26)","v":-65160.500602579748},{"$f":"Inputs!$X$33*C1434*Inputs!$X$38","v":26923.327046888207},{"$f":"params!$C$15*Inputs!$X$29*(E1434-Inputs!$X$26)","v":-6769.5287249999974},{"$f":"Inputs!$X$40*Inputs!$X$41/8760","v":5342.4657534246571},{"$f":"-Inputs!$X$45*Inputs!$X$33","v":-30000},708.92912942371902,4.3823987172600994E-3,2.3664953073204535E-3,{"$f":"-L1434/(1.202*2465560*MAX(0,(Inputs!$X$49-O1434)))","v":1.1727360020589788},{"$f":"params!$C$15*P1434*(E1434-Inputs!$X$26)","v":-26914.44616827905},-96578.682695545926]
["1995-03-01","18:00:00",40,3,-1.7,-6.2,68,{"$f":"Inputs!$X$37*Inputs!$X$32*(E1435-Inputs!$X$26)","v":-78184.984066099496},{"$f":"Inputs!$X$33*C1435*Inputs!$X$38","v":7803.8629121415097},{"$f":"params!$C$15*Inputs!$X$29*(E1435-Inputs!$X$26)","v":-8122.6431749999974},{"$f":"Inputs!$X$40*Inputs!$X$41/8760","v":5342.4657534246571},{"$f":"-Inputs!$X$45*Inputs!$X$33","v":-30000},538.14431300780234,3.321018376087627E-3,2.2582924957395864E-3,{"$f":"-L1435/(1.202*2465560*MAX(0,(Inputs!$X$49-O1435)))","v":1.1582173050604314},{"$f":"params!$C$15*P1435*(E1435-Inputs!$X$26)","v":-31894.38108509282},-135055.67966062613]
["1995-03-01","19:00:00",0,2,-2.2999999999999998,-6.2,72,{"$f":"Inputs!$X$37*Inputs!$X$32*(E1436-Inputs!$X$26)","v":-80241.481455076297},{"$f":"Inputs!$X$33*C1436*Inputs!$X$38","v":0},{"$f":"params!$C$15*Inputs!$X$29*(E1436-Inputs!$X$26)","v":-8336.2928249999986},{"$f":"Inputs!$X$40*Inputs!$X$41/8760","v":5342.4657534246571},{"$f":"-Inputs!$X$45*Inputs!$X$33","v":-30000},514.81537679871087,3.1763146675913099E-3,2.2869465606657428E-3,{"$f":"-L1436/(1.202*2465560*MAX(0,(Inputs!$X$49-O1436)))","v":1.1620270096527658},{"$f":"params!$C$15*P1436*(E1436-Inputs!$X$26)","v":-32840.967157908985},-146076.27568456062]
["1995-03-01","20:00:00",0,3,-3.4,-7.8,69,{"$f":"Inputs!$X$37*Inputs!$X$32*(E1437-Inputs!$X$26)","v":-84011.726668200427},{"$f":"Inputs!$X$33*C1437*Inputs!$X$38","v":0},{"$f":"params!$C$15*Inputs!$X$29*(E1437-Inputs!$X$26)","v":-8727.9838499999969},{"$f":"Inputs!$X$40*Inputs!$X$41/8760","v":5342.4657534246571},{"$f":"-Inputs!$X$45*Inputs!$X$33","v":-30000},474.36656633458665,2.925579214362132E-3,2.0186496579098711E-3,{"$f":"-L1437/(1.202*2465560*MAX(0,(Inputs!$X$49-O1437)))","v":1.1273075400255725},{"$f":"params!$C$15*P1437*(E1437-Inputs!$X$26)","v":-33356.701613843674},-150753.94637861944]
["1995-03-01","21:00:00",0,2,-4.5,-6.2,86,{"$f":"Inputs!$X$37*Inputs!$X$32*(E1438-Inputs!$X$26)","v":-87781.971881324571},{"$f":"Inputs!$X$33*C1438*Inputs!$X$38","v":0},{"$f":"params!$C$15*Inputs!$X$29*(E1438-Inputs!$X$26)","v":-9119.674874999997},{"$f":"Inputs!$X$40*Inputs!$X$41/8760","v":5342.4657534246571},{"$f":"-Inputs!$X$45*Inputs!$X$33","v":-30000},436.76562658229682,2.6926775565936012E-3,2.3157026986704971E-3,{"$f":"-L1438/(1.202*2465560*MAX(0,(Inputs!$X$49-O1438)))","v":1.165875565303091},{"$f":"params!$C$15*P1438*(E1438-Inputs!$X$26)","v":-36046.102244087124},-157605.28324698703]
["1995-03-01","22:00:00",0,3,-4.5,-6.7,83,{"$f":"Inputs!$X$37*Inputs!$X$32*(E1439-Inputs!$X$26)","v":-87781.971881324571},{"$f":"Inputs!$X$33*C1439*Inputs!$X$38","v":0},{"$f":"params!$C$15*Inputs!$X$29*(E1439-Inputs!$X$26)","v":-9119.674874999997},{"$f":"Inputs!$X$40*Inputs!$X$41/8760","v":5342.4657534246571},{"$f":"-Inputs!$X$45*Inputs!$X$33","v":-30000},436.76562658229682,2.6926775565936012E-3,2.2349223719726891E-3,{"$f":"-L1439/(1.202*2465560*MAX(0,(Inputs!$X$49-O1439)))","v":1.1551285734178871},{"$f":"params!$C$15*P1439*(E1439-Inputs!$X$26)","v":-35713.830790907028},-157273.01179380695]
["1995-03-01","23:00:00",0,2,-5,-7.3,82,{"$f":"Inputs!$X$37*Inputs!$X$32*(E1440-Inputs!$X$26)","v":-89495.7197054719},{"$f":"Inputs!$X$33*C1440*Inputs!$X$38","v":0},{"$f":"params!$C$15*Inputs!$X$29*(E1440-Inputs!$X$26)","v":-9297.7162499999977},{"$f":"Inputs!$X$40*Inputs!$X$41/8760","v":5342.4657534246571},{"$f":"-Inputs!$X$45*Inputs!$X$33","v":-30000},420.56802345265027,2.5924024753231664E-3,2.1257700297649964E-3,{"$f":"-L1440/(1.202*2465560*MAX(0,(Inputs!$X$49-O1440)))","v":1.1409178382805389},{"$f":"params!$C$15*P1440*(E1440-Inputs!$X$26)","v":-35963.124196281504},-159414.09439832874]
["1995-03-01",1,0,3,-6.7,-7.8,91,{"$f":"Inputs!$X$37*Inputs!$X$32*(E1441-Inputs!$X$26)","v":-95322.46230757283},{"$f":"Inputs!$X$33*C1441*Inputs!$X$38","v":0},{"$f":"params!$C$15*Inputs!$X$29*(E1441-Inputs!$X$26)","v":-9903.0569249999971},{"$f":"Inputs!$X$40*Inputs!$X$41/8760","v":5342.4657534246571},{"$f":"-Inputs!$X$45*Inputs!$X$33","v":-30000},369.41576429308179,2.2759436123766601E-3,2.0711086872627609E-3,{"$f":"-L1441/(1.202*2465560*MAX(0,(Inputs!$X$49-O1441)))","v":1.1339319690384211},{"$f":"params!$C$15*P1441*(E1441-Inputs!$X$26)","v":-38070.013370163215},-167953.06684931141]
["1995-03-02","01:00:00",0,3,-6.8,-8.6,85,{"$f":"Inputs!$X$37*Inputs!$X$32*(E1442-Inputs!$X$26)","v":-95665.211872402302},{"$f":"Inputs!$X$33*C1442*Inputs!$X$38","v":0},{"$f":"params!$C$15*Inputs!$X$29*(E1442-Inputs!$X$26)","v":-9938.6651999999976},{"$f":"Inputs!$X$40*Inputs!$X$41/8760","v":5342.4657534246571},{"$f":"-Inputs!$X$45*Inputs!$X$33","v":-30000},366.58712774668368,2.2584533099226927E-3,1.9196853134342887E-3,{"$f":"-L1442/(1.202*2465560*MAX(0,(Inputs!$X$49-O1442)))","v":1.1150189459237623},{"$f":"params!$C$15*P1442*(E1442-Inputs!$X$26)","v":-37569.642459863848},-167831.05377884151]
["1995-03-02","02:00:00",0,2,-6.5,-9,80,{"$f":"Inputs!$X$37*Inputs!$X$32*(E1443-Inputs!$X$26)","v":-94636.963177913902},{"$f":"Inputs!$X$33*C1443*Inputs!$X$38","v":0},{"$f":"params!$C$15*Inputs!$X$29*(E1443-Inputs!$X$26)","v":-9831.8403749999979},{"$f":"Inputs!$X$40*Inputs!$X$41/8760","v":5342.4657534246571},{"$f":"-Inputs!$X$45*Inputs!$X$33","v":-30000},375.13137843371578,2.3112879486041908E-3,1.8490303588833525E-3,{"$f":"-L1443/(1.202*2465560*MAX(0,(Inputs!$X$49-O1443)))","v":1.1064082340780299},{"$f":"params!$C$15*P1443*(E1443-Inputs!$X$26)","v":-36878.816248224241},-166005.1540477135]
["1995-03-02","03:00:00",0,2,-6.1,-9.1999999999999993,76,{"$f":"Inputs!$X$37*Inputs!$X$32*(E1444-Inputs!$X$26)","v":-93265.96491859603},{"$f":"Inputs!$X$33*C1444*Inputs!$X$38","v":0},{"$f":"params!$C$15*Inputs!$X$29*(E1444-Inputs!$X$26)","v":-9689.4072749999978},{"$f":"Inputs!$X$40*Inputs!$X$41/8760","v":5342.4657534246571},{"$f":"-Inputs!$X$45*Inputs!$X$33","v":-30000},386.79922212450543,2.3834522343668782E-3,1.8114236981188274E-3,{"$f":"-L1444/(1.202*2465560*MAX(0,(Inputs!$X$49-O1444)))","v":1.1018791235923289},{"$f":"params!$C$15*P1444*(E1444-Inputs!$X$26)","v":-36195.778360019722},-163808.68480019111]
["1995-03-02","04:00:00",0,1,-5.7,-9.6,71,{"$f":"Inputs!$X$37*Inputs!$X$32*(E1445-Inputs!$X$26)","v":-91894.966659278172},{"$f":"Inputs!$X$33*C1445*Inputs!$X$38","v":0},{"$f":"params!$C$15*Inputs!$X$29*(E1445-Inputs!$X$26)","v":-9546.9741749999976},{"$f":"Inputs!$X$40*Inputs!$X$41/8760","v":5342.4657534246571},{"$f":"-Inputs!$X$45*Inputs!$X$33","v":-30000},398.78883018870977,2.4576239782095992E-3,1.7449130245288155E-3,{"$f":"-L1445/(1.202*2465560*MAX(0,(Inputs!$X$49-O1445)))","v":1.093959123542233},{"$f":"params!$C$15*P1445*(E1445-Inputs!$X$26)","v":-35407.364080960288},-161506.83916181381]
["1995-03-02","05:00:00",0,1,-5.0999999999999996,-9.9,66,{"$f":"Inputs!$X$37*Inputs!$X$32*(E1446-Inputs!$X$26)","v":-89838.469270301357},{"$f":"Inputs!$X$33*C1446*Inputs!$X$38","v":0},{"$f":"params!$C$15*Inputs!$X$29*(E1446-Inputs!$X$26)","v":-9333.3245249999964},{"$f":"Inputs!$X$40*Inputs!$X$41/8760","v":5342.4657534246571},{"$f":"-Inputs!$X$45*Inputs!$X$33","v":-30000},417.39335429023635,2.5727527104368094E-3,1.6980167888882942E-3,{"$f":"-L1446/(1.202*2465560*MAX(0,(Inputs!$X$49-O1446)))","v":1.0884428790232485},{"$f":"params!$C$15*P1446*(E1446-Inputs!$X$26)","v":-34440.44572769737},-158269.77376957407]
["1995-03-02","06:00:00",0,0,-4.5,-10,62,{"$f":"Inputs!$X$37*Inputs!$X$32*(E1447-Inputs!$X$26)","v":-87781.971881324571},{"$f":"Inputs!$X$33*C1447*Inputs!$X$38","v":0},{"$f":"params!$C$15*Inputs!$X$29*(E1447-Inputs!$X$26)","v":-9119.674874999997},{"$f":"Inputs!$X$40*Inputs!$X$41/8760","v":5342.4657534246571},{"$f":"-Inputs!$X$45*Inputs!$X$33","v":-30000},436.76562658229682,2.6926775565936012E-3,1.6694600850880328E-3,{"$f":"-L1447/(1.202*2465560*MAX(0,(Inputs!$X$49-O1447)))","v":1.0851110195059419},{"$f":"params!$C$15*P1447*(E1447-Inputs!$X$26)","v":-33549.054392548649},-155108.23539544857]
["1995-03-02","07:00:00",1,3,-5,-10,65,{"$f":"Inputs!$X$37*Inputs!$X$32*(E1448-Inputs!$X$26)","v":-89495.7197054719},{"$f":"Inputs!$X$33*C1448*Inputs!$X$38","v":195.09657280353773},{"$f":"params!$C$15*Inputs!$X$29*(E1448-Inputs!$X$26)","v":-9297.7162499999977},{"$f":"Inputs!$X$40*Inputs!$X$41/8760","v":5342.4657534246571},{"$f":"-Inputs!$X$45*Inputs!$X$33","v":-30000},420.56802345265027,2.5924024753231664E-3,1.6850616089600582E-3,{"$f":"-L1448/(1.202*2465560*MAX(0,(Inputs!$X$49-O1448)))","v":1.086928798489869},{"$f":"params!$C$15*P1448*(E1448-Inputs!$X$26)","v":-34261.323700151101},-157517.19732939481]
["1995-03-02","08:00:00",44,10,-3.4,-8.9,62,{"$f":"Inputs!$X$37*Inputs!$X$32*(E1449-Inputs!$X$26)","v":-84011.726668200427},{"$f":"Inputs!$X$33*C1449*Inputs!$X$38","v":8584.2492033556609},{"$f":"params!$C$15*Inputs!$X$29*(E1449-Inputs!$X$26)","v":-8727.9838499999969},{"$f":"Inputs!$X$40*Inputs!$X$41/8760","v":5342.4657534246571},{"$f":"-Inputs!$X$45*Inputs!$X$33","v":-30000},474.36656633458665,2.925579214362132E-3,1.8138591129045218E-3,{"$f":"-L1449/(1.202*2465560*MAX(0,(Inputs!$X$49-O1449)))","v":1.102171306483716},{"$f":"params!$C$15*P1449*(E1449-Inputs!$X$26)","v":-32612.927787996137},-141425.92334941623]
["1995-03-02","09:00:00",83,10,-5.6,-10,68,{"$f":"Inputs!$X$37*Inputs!$X$32*(E1450-Inputs!$X$26)","v":-91552.217094448701},{"$f":"Inputs!$X$33*C1450*Inputs!$X$38","v":16193.015542693633},{"$f":"params!$C$15*Inputs!$X$29*(E1450-Inputs!$X$26)","v":-9511.3658999999971},{"$f":"Inputs!$X$40*Inputs!$X$41/8760","v":5342.4657534246571},{"$f":"-Inputs!$X$45*Inputs!$X$33","v":-30000},401.83740258497369,2.4764862815169408E-3,1.6840106714315199E-3,{"$f":"-L1450/(1.202*2465560*MAX(0,(Inputs!$X$49-O1450)))","v":1.086806159412063},{"$f":"params!$C$15*P1450*(E1450-Inputs!$X$26)","v":-35044.650617729501},-144572.75231605992]
["1995-03-02","10:00:00",142,10,-4.5,-11.7,53,{"$f":"Inputs!$X$37*Inputs!$X$32*(E1451-Inputs!$X$26)","v":-87781.971881324571},{"$f":"Inputs!$X$33*C1451*Inputs!$X$38","v":27703.71333810236},{"$f":"params!$C$15*Inputs!$X$29*(E1451-Inputs!$X$26)","v":-9119.674874999997},{"$f":"Inputs!$X$40*Inputs!$X$41/8760","v":5342.4657534246571},{"$f":"-Inputs!$X$45*Inputs!$X$33","v":-30000},436.76562658229682,2.6926775565936012E-3,1.4271191049946086E-3,{"$f":"-L1451/(1.202*2465560*MAX(0,(Inputs!$X$49-O1451)))","v":1.0576361209816505},{"$f":"params!$C$15*P1451*(E1451-Inputs!$X$26)","v":-32699.59581324043},-126555.06347803799]
["1995-03-02","11:00:00",152,10,-4.5,-11.2,56,{"$f":"Inputs!$X$37*Inputs!$X$32*(E1452-Inputs!$X$26)","v":-87781.971881324571},{"$f":"Inputs!$X$33*C1452*Inputs!$X$38","v":29654.679066137734},{"$f":"params!$C$15*Inputs!$X$29*(E1452-Inputs!$X$26)","v":-9119.674874999997},{"$f":"Inputs!$X$40*Inputs!$X$41/8760","v":5342.4657534246571},{"$f":"-Inputs!$X$45*Inputs!$X$33","v":-30000},436.76562658229682,2.6926775565936012E-3,1.5078994316924167E-3,{"$f":"-L1452/(1.202*2465560*MAX(0,(Inputs!$X$49-O1452)))","v":1.0666385131746376},{"$f":"params!$C$15*P1452*(E1452-Inputs!$X$26)","v":-32977.92838927776},-124882.43032603995]
["1995-03-02","12:00:00",297,9,-3.9,-11.7,51,{"$f":"Inputs!$X$37*Inputs!$X$32*(E1453-Inputs!$X$26)","v":-85725.474492347756},{"$f":"Inputs!$X$33*C1453*Inputs!$X$38","v":57943.682122650709},{"$f":"params!$C$15*Inputs!$X$29*(E1453-Inputs!$X$26)","v":-8906.0252249999976},{"$f":"Inputs!$X$40*Inputs!$X$41/8760","v":5342.4657534246571},{"$f":"-Inputs!$X$45*Inputs!$X$33","v":-30000},456.93292986618587,2.8175730136730305E-3,1.4369622369732455E-3,{"$f":"-L1453/(1.202*2465560*MAX(0,(Inputs!$X$49-O1453)))","v":1.0587249295024963},{"$f":"params!$C$15*P1453*(E1453-Inputs!$X$26)","v":-31966.406258898198},-93311.758100170584]
["1995-03-02","13:00:00",364,9,-2.2999999999999998,-12.3,42,{"$f":"Inputs!$X$37*Inputs!$X$32*(E1454-Inputs!$X$26)","v":-80241.481455076297},{"$f":"Inputs!$X$33*C1454*Inputs!$X$38","v":71015.152500487733},{"$f":"params!$C$15*Inputs!$X$29*(E1454-Inputs!$X$26)","v":-8336.2928249999986},{"$f":"Inputs!$X$40*Inputs!$X$41/8760","v":5342.4657534246571},{"$f":"-Inputs!$X$45*Inputs!$X$33","v":-30000},514.81537679871087,3.1763146675913099E-3,1.33405216038835E-3,{"$f":"-L1454/(1.202*2465560*MAX(0,(Inputs!$X$49-O1454)))","v":1.0474510454494941},{"$f":"params!$C$15*P1454*(E1454-Inputs!$X$26)","v":-29602.844940242296},-71823.000966406194]
["1995-03-02","14:00:00",170,10,-2.8,-12.8,42,{"$f":"Inputs!$X$37*Inputs!$X$32*(E1455-Inputs!$X$26)","v":-81955.22927922364},{"$f":"Inputs!$X$33*C1455*Inputs!$X$38","v":33166.417376601414},{"$f":"params!$C$15*Inputs!$X$29*(E1455-Inputs!$X$26)","v":-8514.3341999999975},{"$f":"Inputs!$X$40*Inputs!$X$41/8760","v":5342.4657534246571},{"$f":"-Inputs!$X$45*Inputs!$X$33","v":-30000},496.06494903212268,3.060058869440949E-3,1.2852247251651985E-3,{"$f":"-L1455/(1.202*2465560*MAX(0,(Inputs!$X$49-O1455)))","v":1.0421855229629458},{"$f":"params!$C$15*P1455*(E1455-Inputs!$X$26)","v":-30083.092787224708},-112043.77313642227]
["1995-03-02","15:00:00",141,10,-2.2999999999999998,-13.4,38,{"$f":"Inputs!$X$37*Inputs!$X$32*(E1456-Inputs!$X$26)","v":-80241.481455076297},{"$f":"Inputs!$X$33*C1456*Inputs!$X$38","v":27508.616765298822},{"$f":"params!$C$15*Inputs!$X$29*(E1456-Inputs!$X$26)","v":-8336.2928249999986},{"$f":"Inputs!$X$40*Inputs!$X$41/8760","v":5342.4657534246571},{"$f":"-Inputs!$X$45*Inputs!$X$33","v":-30000},514.81537679871087,3.1763146675913099E-3,1.2069995736846979E-3,{"$f":"-L1456/(1.202*2465560*MAX(0,(Inputs!$X$49-O1456)))","v":1.0338592307747936},{"$f":"params!$C$15*P1456*(E1456-Inputs!$X$26)","v":-29218.715883309611},-114945.40764466242]
["1995-03-02","16:00:00",98,10,-3.4,-12.8,44,{"$f":"Inputs!$X$37*Inputs!$X$32*(E1457-Inputs!$X$26)","v":-84011.726668200427},{"$f":"Inputs!$X$33*C1457*Inputs!$X$38","v":19119.464134746697},{"$f":"params!$C$15*Inputs!$X$29*(E1457-Inputs!$X$26)","v":-8727.9838499999969},{"$f":"Inputs!$X$40*Inputs!$X$41/8760","v":5342.4657534246571},{"$f":"-Inputs!$X$45*Inputs!$X$33","v":-30000},474.36656633458665,2.925579214362132E-3,1.287254854319338E-3,{"$f":"-L1457/(1.202*2465560*MAX(0,(Inputs!$X$49-O1457)))","v":1.0424033959111674},{"$f":"params!$C$15*P1457*(E1457-Inputs!$X$26)","v":-30844.412730422609},-129122.19336045168]
["1995-03-02","17:00:00",150,9,-5,-10.6,61,{"$f":"Inputs!$X$37*Inputs!$X$32*(E1458-Inputs!$X$26)","v":-89495.7197054719},{"$f":"Inputs!$X$33*C1458*Inputs!$X$38","v":29264.485920530657},{"$f":"params!$C$15*Inputs!$X$29*(E1458-Inputs!$X$26)","v":-9297.7162499999977},{"$f":"Inputs!$X$40*Inputs!$X$41/8760","v":5342.4657534246571},{"$f":"-Inputs!$X$45*Inputs!$X$33","v":-30000},420.56802345265027,2.5924024753231664E-3,1.5813655099471316E-3,{"$f":"-L1458/(1.202*2465560*MAX(0,(Inputs!$X$49-O1458)))","v":1.0749598895571961},{"$f":"params!$C$15*P1458*(E1458-Inputs!$X$26)","v":-33884.049067397165},-128070.53334891374]
["1995-03-02","18:00:00",36,9,-6.2,-11.2,64,{"$f":"Inputs!$X$37*Inputs!$X$32*(E1459-Inputs!$X$26)","v":-93608.714483425501},{"$f":"Inputs!$X$33*C1459*Inputs!$X$38","v":7023.4766209273585},{"$f":"params!$C$15*Inputs!$X$29*(E1459-Inputs!$X$26)","v":-9725.0155499999983},{"$f":"Inputs!$X$40*Inputs!$X$41/8760","v":5342.4657534246571},{"$f":"-Inputs!$X$45*Inputs!$X$33","v":-30000},383.85239183936244,2.365224849662249E-3,1.5137439037838393E-3,{"$f":"-L1459/(1.202*2465560*MAX(0,(Inputs!$X$49-O1459)))","v":1.0672957866908708},{"$f":"params!$C$15*P1459*(E1459-Inputs!$X$26)","v":-35188.589077309065},-156156.37673638255]
["1995-03-02","19:00:00",0,3,-7.3,-11.2,71,{"$f":"Inputs!$X$37*Inputs!$X$32*(E1460-Inputs!$X$26)","v":-97378.959696549646},{"$f":"Inputs!$X$33*C1460*Inputs!$X$38","v":0},{"$f":"params!$C$15*Inputs!$X$29*(E1460-Inputs!$X$26)","v":-10116.706574999998},{"$f":"Inputs!$X$40*Inputs!$X$41/8760","v":5342.4657534246571},{"$f":"-Inputs!$X$45*Inputs!$X$33","v":-30000},352.73107385356553,2.1727913579510532E-3,1.5426818641452477E-3,{"$f":"-L1460/(1.202*2465560*MAX(0,(Inputs!$X$49-O1460)))","v":1.0705621416803714},{"$f":"params!$C$15*P1460*(E1460-Inputs!$X$26)","v":-36717.896180466174},-168871.09669859117]
["1995-03-02","20:00:00",0,2,-7.8,-11.2,74,{"$f":"Inputs!$X$37*Inputs!$X$32*(E1461-Inputs!$X$26)","v":-99092.707520696975},{"$f":"Inputs!$X$33*C1461*Inputs!$X$38","v":0},{"$f":"params!$C$15*Inputs!$X$29*(E1461-Inputs!$X$26)","v":-10294.747949999997},{"$f":"Inputs!$X$40*Inputs!$X$41/8760","v":5342.4657534246571},{"$f":"-Inputs!$X$45*Inputs!$X$33","v":-30000},339.34324758330234,2.0900464473813641E-3,1.5466343710622095E-3,{"$f":"-L1461/(1.202*2465560*MAX(0,(Inputs!$X$49-O1461)))","v":1.0710098310332201},{"$f":"params!$C$15*P1461*(E1461-Inputs!$X$26)","v":-37379.710173682935},-171424.69989095523]
["1995-03-02","21:00:00",0,6,-7.8,-11.3,73,{"$f":"Inputs!$X$37*Inputs!$X$32*(E1462-Inputs!$X$26)","v":-99092.707520696975},{"$f":"Inputs!$X$33*C1462*Inputs!$X$38","v":0},{"$f":"params!$C$15*Inputs!$X$29*(E1462-Inputs!$X$26)","v":-10294.747949999997},{"$f":"Inputs!$X$40*Inputs!$X$41/8760","v":5342.4657534246571},{"$f":"-Inputs!$X$45*Inputs!$X$33","v":-30000},339.34324758330234,2.0900464473813641E-3,1.5257339065883958E-3,{"$f":"-L1462/(1.202*2465560*MAX(0,(Inputs!$X$49-O1462)))","v":1.0686467297033249},{"$f":"params!$C$15*P1462*(E1462-Inputs!$X$26)","v":-37297.234700290392},-171342.22441756271]
["1995-03-02","22:00:00",0,9,-7.8,-11.7,71,{"$f":"Inputs!$X$37*Inputs!$X$32*(E1463-Inputs!$X$26)","v":-99092.707520696975},{"$f":"Inputs!$X$33*C1463*Inputs!$X$38","v":0},{"$f":"params!$C$15*Inputs!$X$29*(E1463-Inputs!$X$26)","v":-10294.747949999997},{"$f":"Inputs!$X$40*Inputs!$X$41/8760","v":5342.4657534246571},{"$f":"-Inputs!$X$45*Inputs!$X$33","v":-30000},339.34324758330234,2.0900464473813641E-3,1.4839329776407683E-3,{"$f":"-L1463/(1.202*2465560*MAX(0,(Inputs!$X$49-O1463)))","v":1.063951673613253},{"$f":"params!$C$15*P1463*(E1463-Inputs!$X$26)","v":-37133.370811453104},-171178.36052872543]
["1995-03-02","23:00:00",0,9,-7.8,-11.7,71,{"$f":"Inputs!$X$37*Inputs!$X$32*(E1464-Inputs!$X$26)","v":-99092.707520696975},{"$f":"Inputs!$X$33*C1464*Inputs!$X$38","v":0},{"$f":"params!$C$15*Inputs!$X$29*(E1464-Inputs!$X$26)","v":-10294.747949999997},{"$f":"Inputs!$X$40*Inputs!$X$41/8760","v":5342.4657534246571},{"$f":"-Inputs!$X$45*Inputs!$X$33","v":-30000},339.34324758330234,2.0900464473813641E-3,1.4839329776407683E-3,{"$f":"-L1464/(1.202*2465560*MAX(0,(Inputs!$X$49-O1464)))","v":1.063951673613253},{"$f":"params!$C$15*P1464*(E1464-Inputs!$X$26)","v":-37133.370811453104},-171178.36052872543]
["1995-03-02",1,0,8,-8.5,-11.9,74,{"$f":"Inputs!$X$37*Inputs!$X$32*(E1465-Inputs!$X$26)","v":-101491.95447450325},{"$f":"Inputs!$X$33*C1465*Inputs!$X$38","v":0},{"$f":"params!$C$15*Inputs!$X$29*(E1465-Inputs!$X$26)","v":-10544.005874999997},{"$f":"Inputs!$X$40*Inputs!$X$41/8760","v":5342.4657534246571},{"$f":"-Inputs!$X$45*Inputs!$X$33","v":-30000},321.36070938193694,1.9789379414959694E-3,1.4644140767070173E-3,{"$f":"-L1465/(1.202*2465560*MAX(0,(Inputs!$X$49-O1465)))","v":1.0617734227199029},{"$f":"params!$C$15*P1465*(E1465-Inputs!$X$26)","v":-37954.584708900504},-174648.0793049791]
["1995-03-03","01:00:00",0,6,-9.6,-12.6,76,{"$f":"Inputs!$X$37*Inputs!$X$32*(E1466-Inputs!$X$26)","v":-105262.19968762738},{"$f":"Inputs!$X$33*C1466*Inputs!$X$38","v":0},{"$f":"params!$C$15*Inputs!$X$29*(E1466-Inputs!$X$26)","v":-10935.696899999997},{"$f":"Inputs!$X$40*Inputs!$X$41/8760","v":5342.4657534246571},{"$f":"-Inputs!$X$45*Inputs!$X$33","v":-30000},294.8141555202277,1.8149873418300789E-3,1.3793903797908599E-3,{"$f":"-L1466/(1.202*2465560*MAX(0,(Inputs!$X$49-O1466)))","v":1.0523881569450118},{"$f":"params!$C$15*P1466*(E1466-Inputs!$X$26)","v":-39016.577515523568},-179872.0083497263]
["1995-03-03","02:00:00",0,5,-10.3,-13,78,{"$f":"Inputs!$X$37*Inputs!$X$32*(E1467-Inputs!$X$26)","v":-107661.44664143365},{"$f":"Inputs!$X$33*C1467*Inputs!$X$38","v":0},{"$f":"params!$C$15*Inputs!$X$29*(E1467-Inputs!$X$26)","v":-11184.954824999997},{"$f":"Inputs!$X$40*Inputs!$X$41/8760","v":5342.4657534246571},{"$f":"-Inputs!$X$45*Inputs!$X$33","v":-30000},278.95642509567188,1.7170916459721495E-3,1.3393314838582764E-3,{"$f":"-L1467/(1.202*2465560*MAX(0,(Inputs!$X$49-O1467)))","v":1.0480235538176552},{"$f":"params!$C$15*P1467*(E1467-Inputs!$X$26)","v":-39740.381502601362},-183244.31721561035]
["1995-03-03","03:00:00",0,4,-10.9,-13.3,81,{"$f":"Inputs!$X$37*Inputs!$X$32*(E1468-Inputs!$X$26)","v":-109717.94403041045},{"$f":"Inputs!$X$33*C1468*Inputs!$X$38","v":0},{"$f":"params!$C$15*Inputs!$X$29*(E1468-Inputs!$X$26)","v":-11398.604474999998},{"$f":"Inputs!$X$40*Inputs!$X$41/8760","v":5342.4657534246571},{"$f":"-Inputs!$X$45*Inputs!$X$33","v":-30000},265.97442406577909,1.6369717730568369E-3,1.325947136176038E-3,{"$f":"-L1468/(1.202*2465560*MAX(0,(Inputs!$X$49-O1468)))","v":1.0465733244261968},{"$f":"params!$C$15*P1468*(E1468-Inputs!$X$26)","v":-40443.44104075613},-186217.52379274194]
["1995-03-03","04:00:00",0,3,-11.5,-13.6,83,{"$f":"Inputs!$X$37*Inputs!$X$32*(E1469-Inputs!$X$26)","v":-111774.44141938727},{"$f":"Inputs!$X$33*C1469*Inputs!$X$38","v":0},{"$f":"params!$C$15*Inputs!$X$29*(E1469-Inputs!$X$26)","v":-11612.254124999998},{"$f":"Inputs!$X$40*Inputs!$X$41/8760","v":5342.4657534246571},{"$f":"-Inputs!$X$45*Inputs!$X$33","v":-30000},253.53422501400453,1.5602150029690948E-3,1.2949784524643488E-3,{"$f":"-L1469/(1.202*2465560*MAX(0,(Inputs!$X$49-O1469)))","v":1.0432331237154748},{"$f":"params!$C$15*P1469*(E1469-Inputs!$X$26)","v":-41069.995346499665},-189114.22513746226]
["1995-03-03","05:00:00",0,1,-11.9,-13.8,84,{"$f":"Inputs!$X$37*Inputs!$X$32*(E1470-Inputs!$X$26)","v":-113145.43967870512},{"$f":"Inputs!$X$33*C1470*Inputs!$X$38","v":0},{"$f":"params!$C$15*Inputs!$X$29*(E1470-Inputs!$X$26)","v":-11754.687224999998},{"$f":"Inputs!$X$40*Inputs!$X$41/8760","v":5342.4657534246571},{"$f":"-Inputs!$X$45*Inputs!$X$33","v":-30000},245.53195674546464,1.5108505160631926E-3,1.2691144334930817E-3,{"$f":"-L1470/(1.202*2465560*MAX(0,(Inputs!$X$49-O1470)))","v":1.0404597942275602},{"$f":"params!$C$15*P1470*(E1470-Inputs!$X$26)","v":-41463.230375038409},-191020.89152531888]
["1995-03-03","06:00:00",0,0,-12.3,-13.9,86,{"$f":"Inputs!$X$37*Inputs!$X$32*(E1471-Inputs!$X$26)","v":-114516.43793802298},{"$f":"Inputs!$X$33*C1471*Inputs!$X$38","v":0},{"$f":"params!$C$15*Inputs!$X$29*(E1471-Inputs!$X$26)","v":-11897.120324999998},{"$f":"Inputs!$X$40*Inputs!$X$41/8760","v":5342.4657534246571},{"$f":"-Inputs!$X$45*Inputs!$X$33","v":-30000},237.755960883417,1.4628893482647965E-3,1.2580848395077251E-3,{"$f":"-L1471/(1.202*2465560*MAX(0,(Inputs!$X$49-O1471)))","v":1.0392816000952976},{"$f":"params!$C$15*P1471*(E1471-Inputs!$X$26)","v":-41918.124833936796},-192989.21734353513]
["1995-03-03","07:00:00",1,2,-12.3,-13.9,86,{"$f":"Inputs!$X$37*Inputs!$X$32*(E1472-Inputs!$X$26)","v":-114516.43793802298},{"$f":"Inputs!$X$33*C1472*Inputs!$X$38","v":195.09657280353773},{"$f":"params!$C$15*Inputs!$X$29*(E1472-Inputs!$X$26)","v":-11897.120324999998},{"$f":"Inputs!$X$40*Inputs!$X$41/8760","v":5342.4657534246571},{"$f":"-Inputs!$X$45*Inputs!$X$33","v":-30000},237.755960883417,1.4628893482647965E-3,1.2580848395077251E-3,{"$f":"-L1472/(1.202*2465560*MAX(0,(Inputs!$X$49-O1472)))","v":1.0392816000952976},{"$f":"params!$C$15*P1472*(E1472-Inputs!$X$26)","v":-41918.124833936796},-192794.12077073159]
["1995-03-03","08:00:00",69,9,-10.6,-12.8,82,{"$f":"Inputs!$X$37*Inputs!$X$32*(E1473-Inputs!$X$26)","v":-108689.69533592204},{"$f":"Inputs!$X$33*C1473*Inputs!$X$38","v":13461.663523444104},{"$f":"params!$C$15*Inputs!$X$29*(E1473-Inputs!$X$26)","v":-11291.779649999997},{"$f":"Inputs!$X$40*Inputs!$X$41/8760","v":5342.4657534246571},{"$f":"-Inputs!$X$45*Inputs!$X$33","v":-30000},272.39643756669773,1.6766033755187591E-3,1.3748147679253824E-3,{"$f":"-L1473/(1.202*2465560*MAX(0,(Inputs!$X$49-O1473)))","v":1.0518877845640091},{"$f":"params!$C$15*P1473*(E1473-Inputs!$X$26)","v":-40267.860987690379},-171445.20669674367]
["1995-03-03","09:00:00",233,9,-8.9,-11.2,82,{"$f":"Inputs!$X$37*Inputs!$X$32*(E1474-Inputs!$X$26)","v":-102862.95273382112},{"$f":"Inputs!$X$33*C1474*Inputs!$X$38","v":45457.501463224296},{"$f":"params!$C$15*Inputs!$X$29*(E1474-Inputs!$X$26)","v":-10686.438974999997},{"$f":"Inputs!$X$40*Inputs!$X$41/8760","v":5342.4657534246571},{"$f":"-Inputs!$X$45*Inputs!$X$33","v":-30000},311.47070403127867,1.9178475382812515E-3,1.5726349813906262E-3,{"$f":"-L1474/(1.202*2465560*MAX(0,(Inputs!$X$49-O1474)))","v":1.073964205868988},{"$f":"params!$C$15*P1474*(E1474-Inputs!$X$26)","v":-38908.95540287008},-131658.37989504225]
["1995-03-03","10:00:00",357,9,-6.2,-10,72,{"$f":"Inputs!$X$37*Inputs!$X$32*(E1475-Inputs!$X$26)","v":-93608.714483425501},{"$f":"Inputs!$X$33*C1475*Inputs!$X$38","v":69649.476490862973},{"$f":"params!$C$15*Inputs!$X$29*(E1475-Inputs!$X$26)","v":-9725.0155499999983},{"$f":"Inputs!$X$40*Inputs!$X$41/8760","v":5342.4657534246571},{"$f":"-Inputs!$X$45*Inputs!$X$33","v":-30000},{"$f":"EXP(77.345+0.0057*(E1475+273.15)-7235/(E1475+273.15))/(E1475+273.15)^8.2","v":383.85239183936244},{"$f":"0.62198*M1475/(101325-M1475)","v":2.365224849662249E-3},{"$f":"N1475*G1475/100","v":1.7029618917568192E-3},{"$f":"-L1475/(1.202*2465560*MAX(0,(Inputs!$X$49-O1475)))","v":1.0890219294505483},{"$f":"params!$C$15*P1475*(E1475-Inputs!$X$26)","v":-35904.896889387659},{"$f":"H1475+I1475+J1475+K1475+L1475+Q1475","v":-94246.684678525518}]
["1995-03-03","11:00:00",534,2,-3.4,-10,56,{"$f":"Inputs!$X$37*Inputs!$X$32*(E1476-Inputs!$X$26)","v":-84011.726668200427},{"$f":"Inputs!$X$33*C1476*Inputs!$X$38","v":104181.56987708915},{"$f":"params!$C$15*Inputs!$X$29*(E1476-Inputs!$X$26)","v":-8727.9838499999969},{"$f":"Inputs!$X$40*Inputs!$X$41/8760","v":5342.4657534246571},{"$f":"-Inputs!$X$45*Inputs!$X$33","v":-30000},474.36656633458665,2.925579214362132E-3,1.6383243600427938E-3,{"$f":"-L1476/(1.202*2465560*MAX(0,(Inputs!$X$49-O1476)))","v":1.0815014198231954},{"$f":"params!$C$15*P1476*(E1476-Inputs!$X$26)","v":-32001.311864881387},-45216.986752568002]
["1995-03-03","12:00:00",611,3,-1.7,-10.6,46,{"$f":"Inputs!$X$37*Inputs!$X$32*(E1477-Inputs!$X$26)","v":-78184.984066099496},{"$f":"Inputs!$X$33*C1477*Inputs!$X$38","v":119204.00598296155},{"$f":"params!$C$15*Inputs!$X$29*(E1477-Inputs!$X$26)","v":-8122.6431749999974},{"$f":"Inputs!$X$40*Inputs!$X$41/8760","v":5342.4657534246571},{"$f":"-Inputs!$X$45*Inputs!$X$33","v":-30000},538.14431300780234,3.321018376087627E-3,1.5276684530003085E-3,{"$f":"-L1477/(1.202*2465560*MAX(0,(Inputs!$X$49-O1477)))","v":1.068865020269663},{"$f":"params!$C$15*P1477*(E1477-Inputs!$X$26)","v":-29433.844699140776},-21195.000203854062]
["1995-03-03","13:00:00",578,9,-0.6,-11.2,40,{"$f":"Inputs!$X$37*Inputs!$X$32*(E1478-Inputs!$X$26)","v":-74414.738852975366},{"$f":"Inputs!$X$33*C1478*Inputs!$X$38","v":112765.81908044481},{"$f":"params!$C$15*Inputs!$X$29*(E1478-Inputs!$X$26)","v":-7730.9521499999983},{"$f":"Inputs!$X$40*Inputs!$X$41/8760","v":5342.4657534246571},{"$f":"-Inputs!$X$45*Inputs!$X$33","v":-30000},583.36085066457406,3.6016763769199135E-3,1.4406705507679653E-3,{"$f":"-L1478/(1.202*2465560*MAX(0,(Inputs!$X$49-O1478)))","v":1.0591357101884824},{"$f":"params!$C$15*P1478*(E1478-Inputs!$X$26)","v":-27759.481543368522},-21796.887712474418]
["1995-03-03","14:00:00",642,0,0.5,-11.7,35,{"$f":"Inputs!$X$37*Inputs!$X$32*(E1479-Inputs!$X$26)","v":-70644.493639851222},{"$f":"Inputs!$X$33*C1479*Inputs!$X$38","v":125251.99973987123},{"$f":"params!$C$15*Inputs!$X$29*(E1479-Inputs!$X$26)","v":-7339.2611249999982},{"$f":"Inputs!$X$40*Inputs!$X$41/8760","v":5342.4657534246571},{"$f":"-Inputs!$X$45*Inputs!$X$33","v":-30000},631.91436873737246,3.9033275880190387E-3,1.3661646558066633E-3,{"$f":"-L1479/(1.202*2465560*MAX(0,(Inputs!$X$49-O1479)))","v":1.0509431384203196},{"$f":"params!$C$15*P1479*(E1479-Inputs!$X$26)","v":-26149.194364595416},-3538.4836361507478]
["1995-03-03","15:00:00",539,0,0,-12.8,33,{"$f":"Inputs!$X$37*Inputs!$X$32*(E1480-Inputs!$X$26)","v":-72358.241463998565},{"$f":"Inputs!$X$33*C1480*Inputs!$X$38","v":105157.05274110683},{"$f":"params!$C$15*Inputs!$X$29*(E1480-Inputs!$X$26)","v":-7517.302499999998},{"$f":"Inputs!$X$40*Inputs!$X$41/8760","v":5342.4657534246571},{"$f":"-Inputs!$X$45*Inputs!$X$33","v":-30000},609.41773586642103,3.7635253138895938E-3,1.2419633535835661E-3,{"$f":"-L1480/(1.202*2465560*MAX(0,(Inputs!$X$49-O1480)))","v":1.0375642766225486},{"$f":"params!$C$15*P1480*(E1480-Inputs!$X$26)","v":-26442.57785198947},-25818.603321456543]
["1995-03-03","16:00:00",385,0,1.1000000000000001,-12.3,32,{"$f":"Inputs!$X$37*Inputs!$X$32*(E1481-Inputs!$X$26)","v":-68587.996250874421},{"$f":"Inputs!$X$33*C1481*Inputs!$X$38","v":75112.180529362027},{"$f":"params!$C$15*Inputs!$X$29*(E1481-Inputs!$X$26)","v":-7125.6114749999979},{"$f":"Inputs!$X$40*Inputs!$X$41/8760","v":5342.4657534246571},{"$f":"-Inputs!$X$45*Inputs!$X$33","v":-30000},659.87933273383078,4.077199179350414E-3,1.3047037373921325E-3,{"$f":"-L1481/(1.202*2465560*MAX(0,(Inputs!$X$49-O1481)))","v":1.0442797685989755},{"$f":"params!$C$15*P1481*(E1481-Inputs!$X$26)","v":-25227.008715648648},-50485.970158736382]
["1995-03-03","17:00:00",202,0,1.1000000000000001,-12.3,32,{"$f":"Inputs!$X$37*Inputs!$X$32*(E1482-Inputs!$X$26)","v":-68587.996250874421},{"$f":"Inputs!$X$33*C1482*Inputs!$X$38","v":39409.507706314624},{"$f":"params!$C$15*Inputs!$X$29*(E1482-Inputs!$X$26)","v":-7125.6114749999979},{"$f":"Inputs!$X$40*Inputs!$X$41/8760","v":5342.4657534246571},{"$f":"-Inputs!$X$45*Inputs!$X$33","v":-30000},659.87933273383078,4.077199179350414E-3,1.3047037373921325E-3,{"$f":"-L1482/(1.202*2465560*MAX(0,(Inputs!$X$49-O1482)))","v":1.0442797685989755},{"$f":"params!$C$15*P1482*(E1482-Inputs!$X$26)","v":-25227.008715648648},-86188.642981783778]
["1995-03-03","18:00:00",40,0,-0.6,-11.7,38,{"$f":"Inputs!$X$37*Inputs!$X$32*(E1483-Inputs!$X$26)","v":-74414.738852975366},{"$f":"Inputs!$X$33*C1483*Inputs!$X$38","v":7803.8629121415097},{"$f":"params!$C$15*Inputs!$X$29*(E1483-Inputs!$X$26)","v":-7730.9521499999983},{"$f":"Inputs!$X$40*Inputs!$X$41/8760","v":5342.4657534246571},{"$f":"-Inputs!$X$45*Inputs!$X$33","v":-30000},583.36085066457406,3.6016763769199135E-3,1.3686370232295672E-3,{"$f":"-L1483/(1.202*2465560*MAX(0,(Inputs!$X$49-O1483)))","v":1.0512129631358831},{"$f":"params!$C$15*P1483*(E1483-Inputs!$X$26)","v":-27551.829824647539},-126551.19216205674]
["1995-03-03","19:00:00",0,0,-3.4,-10,56,{"$f":"Inputs!$X$37*Inputs!$X$32*(E1484-Inputs!$X$26)","v":-84011.726668200427},{"$f":"Inputs!$X$33*C1484*Inputs!$X$38","v":0},{"$f":"params!$C$15*Inputs!$X$29*(E1484-Inputs!$X$26)","v":-8727.9838499999969},{"$f":"Inputs!$X$40*Inputs!$X$41/8760","v":5342.4657534246571},{"$f":"-Inputs!$X$45*Inputs!$X$33","v":-30000},474.36656633458665,2.925579214362132E-3,1.6383243600427938E-3,{"$f":"-L1484/(1.202*2465560*MAX(0,(Inputs!$X$49-O1484)))","v":1.0815014198231954},{"$f":"params!$C$15*P1484*(E1484-Inputs!$X$26)","v":-32001.311864881387},-149398.55662965716]
["1995-03-03","20:00:00",0,0,-2.2999999999999998,-11.7,44,{"$f":"Inputs!$X$37*Inputs!$X$32*(E1485-Inputs!$X$26)","v":-80241.481455076297},{"$f":"Inputs!$X$33*C1485*Inputs!$X$38","v":0},{"$f":"params!$C$15*Inputs!$X$29*(E1485-Inputs!$X$26)","v":-8336.2928249999986},{"$f":"Inputs!$X$40*Inputs!$X$41/8760","v":5342.4657534246571},{"$f":"-Inputs!$X$45*Inputs!$X$33","v":-30000},514.81537679871087,3.1763146675913099E-3,1.3975784537401765E-3,{"$f":"-L1485/(1.202*2465560*MAX(0,(Inputs!$X$49-O1485)))","v":1.0543818549554369},{"$f":"params!$C$15*P1485*(E1485-Inputs!$X$26)","v":-29798.722045913364},-143034.03057256501]
["1995-03-03","21:00:00",0,0,-7.3,-10,79,{"$f":"Inputs!$X$37*Inputs!$X$32*(E1486-Inputs!$X$26)","v":-97378.959696549646},{"$f":"Inputs!$X$33*C1486*Inputs!$X$38","v":0},{"$f":"params!$C$15*Inputs!$X$29*(E1486-Inputs!$X$26)","v":-10116.706574999998},{"$f":"Inputs!$X$40*Inputs!$X$41/8760","v":5342.4657534246571},{"$f":"-Inputs!$X$45*Inputs!$X$33","v":-30000},352.73107385356553,2.1727913579510532E-3,1.7165051727813321E-3,{"$f":"-L1486/(1.202*2465560*MAX(0,(Inputs!$X$49-O1486)))","v":1.090610948696163},{"$f":"params!$C$15*P1486*(E1486-Inputs!$X$26)","v":-37405.525591116326},-169558.72610924131]
["1995-03-03","22:00:00",0,0,-6.7,-10.6,71,{"$f":"Inputs!$X$37*Inputs!$X$32*(E1487-Inputs!$X$26)","v":-95322.46230757283},{"$f":"Inputs!$X$33*C1487*Inputs!$X$38","v":0},{"$f":"params!$C$15*Inputs!$X$29*(E1487-Inputs!$X$26)","v":-9903.0569249999971},{"$f":"Inputs!$X$40*Inputs!$X$41/8760","v":5342.4657534246571},{"$f":"-Inputs!$X$45*Inputs!$X$33","v":-30000},369.41576429308179,2.2759436123766601E-3,1.6159199647874287E-3,{"$f":"-L1487/(1.202*2465560*MAX(0,(Inputs!$X$49-O1487)))","v":1.0789188748145062},{"$f":"params!$C$15*P1487*(E1487-Inputs!$X$26)","v":-36223.033754256889},-166106.08723340507]
["1995-03-03","23:00:00",0,0,-7.3,-10,79,{"$f":"Inputs!$X$37*Inputs!$X$32*(E1488-Inputs!$X$26)","v":-97378.959696549646},{"$f":"Inputs!$X$33*C1488*Inputs!$X$38","v":0},{"$f":"params!$C$15*Inputs!$X$29*(E1488-Inputs!$X$26)","v":-10116.706574999998},{"$f":"Inputs!$X$40*Inputs!$X$41/8760","v":5342.4657534246571},{"$f":"-Inputs!$X$45*Inputs!$X$33","v":-30000},352.73107385356553,2.1727913579510532E-3,1.7165051727813321E-3,{"$f":"-L1488/(1.202*2465560*MAX(0,(Inputs!$X$49-O1488)))","v":1.090610948696163},{"$f":"params!$C$15*P1488*(E1488-Inputs!$X$26)","v":-37405.525591116326},-169558.72610924131]
["1995-03-03",1,0,0,-7.8,-10.6,78,{"$f":"Inputs!$X$37*Inputs!$X$32*(E1489-Inputs!$X$26)","v":-99092.707520696975},{"$f":"Inputs!$X$33*C1489*Inputs!$X$38","v":0},{"$f":"params!$C$15*Inputs!$X$29*(E1489-Inputs!$X$26)","v":-10294.747949999997},{"$f":"Inputs!$X$40*Inputs!$X$41/8760","v":5342.4657534246571},{"$f":"-Inputs!$X$45*Inputs!$X$33","v":-30000},339.34324758330234,2.0900464473813641E-3,1.6302362289574641E-3,{"$f":"-L1489/(1.202*2465560*MAX(0,(Inputs!$X$49-O1489)))","v":1.0805676796650767},{"$f":"params!$C$15*P1489*(E1489-Inputs!$X$26)","v":-37713.292183287893},-171758.28190056019]
["1995-03-04","01:00:00",0,0,-8.6,-11.2,79,{"$f":"Inputs!$X$37*Inputs!$X$32*(E1490-Inputs!$X$26)","v":-101834.7040393327},{"$f":"Inputs!$X$33*C1490*Inputs!$X$38","v":0},{"$f":"params!$C$15*Inputs!$X$29*(E1490-Inputs!$X$26)","v":-10579.614149999996},{"$f":"Inputs!$X$40*Inputs!$X$41/8760","v":5342.4657534246571},{"$f":"-Inputs!$X$45*Inputs!$X$33","v":-30000},318.86233024449979,1.9635043645952533E-3,1.5511684480302502E-3,{"$f":"-L1490/(1.202*2465560*MAX(0,(Inputs!$X$49-O1490)))","v":1.0715238545374601},{"$f":"params!$C$15*P1490*(E1490-Inputs!$X$26)","v":-38432.481513103463},-175504.33394901152]
["1995-03-04","02:00:00",0,1,-9.1,-11.4,81,{"$f":"Inputs!$X$37*Inputs!$X$32*(E1491-Inputs!$X$26)","v":-103548.45186348003},{"$f":"Inputs!$X$33*C1491*Inputs!$X$38","v":0},{"$f":"params!$C$15*Inputs!$X$29*(E1491-Inputs!$X$26)","v":-10757.655524999996},{"$f":"Inputs!$X$40*Inputs!$X$41/8760","v":5342.4657534246571},{"$f":"-Inputs!$X$45*Inputs!$X$33","v":-30000},306.62817466497791,1.8879396750511865E-3,1.529231136791461E-3,{"$f":"-L1491/(1.202*2465560*MAX(0,(Inputs!$X$49-O1491)))","v":1.0690414156841446},{"$f":"params!$C$15*P1491*(E1491-Inputs!$X$26)","v":-38988.714679607969},-177952.35631466334]
["1995-03-04","03:00:00",0,1,-9.4,-11.5,83,{"$f":"Inputs!$X$37*Inputs!$X$32*(E1492-Inputs!$X$26)","v":-104576.70055796845},{"$f":"Inputs!$X$33*C1492*Inputs!$X$38","v":0},{"$f":"params!$C$15*Inputs!$X$29*(E1492-Inputs!$X$26)","v":-10864.480349999998},{"$f":"Inputs!$X$40*Inputs!$X$41/8760","v":5342.4657534246571},{"$f":"-Inputs!$X$45*Inputs!$X$33","v":-30000},299.49016048182534,1.843859935103438E-3,1.5304037461358535E-3,{"$f":"-L1492/(1.202*2465560*MAX(0,(Inputs!$X$49-O1492)))","v":1.0691738178181469},{"$f":"params!$C$15*P1492*(E1492-Inputs!$X$26)","v":-39380.754100670645},-179479.46925521444]
["1995-03-04","04:00:00",0,1,-9.6999999999999993,-11.7,84,{"$f":"Inputs!$X$37*Inputs!$X$32*(E1493-Inputs!$X$26)","v":-105604.94925245685},{"$f":"Inputs!$X$33*C1493*Inputs!$X$38","v":0},{"$f":"params!$C$15*Inputs!$X$29*(E1493-Inputs!$X$26)","v":-10971.305174999998},{"$f":"Inputs!$X$40*Inputs!$X$41/8760","v":5342.4657534246571},{"$f":"-Inputs!$X$45*Inputs!$X$33","v":-30000},292.50065350070918,1.8007033146871746E-3,1.5125907843372265E-3,{"$f":"-L1493/(1.202*2465560*MAX(0,(Inputs!$X$49-O1493)))","v":1.0671660419159184},{"$f":"params!$C$15*P1493*(E1493-Inputs!$X$26)","v":-39693.28541164114},-180927.07408567335]
["1995-03-04","05:00:00",0,2,-9.9,-11.7,85,{"$f":"Inputs!$X$37*Inputs!$X$32*(E1494-Inputs!$X$26)","v":-106290.44838211579},{"$f":"Inputs!$X$33*C1494*Inputs!$X$38","v":0},{"$f":"params!$C$15*Inputs!$X$29*(E1494-Inputs!$X$26)","v":-11042.521724999999},{"$f":"Inputs!$X$40*Inputs!$X$41/8760","v":5342.4657534246571},{"$f":"-Inputs!$X$45*Inputs!$X$33","v":-30000},287.92215399504238,1.7724366654267546E-3,1.5065711656127414E-3,{"$f":"-L1494/(1.202*2465560*MAX(0,(Inputs!$X$49-O1494)))","v":1.06648924830262},{"$f":"params!$C$15*P1494*(E1494-Inputs!$X$26)","v":-39925.604297709971},-181916.1086514011]
["1995-03-04","06:00:00",0,2,-10,-11.7,86,{"$f":"Inputs!$X$37*Inputs!$X$32*(E1495-Inputs!$X$26)","v":-106633.19794694525},{"$f":"Inputs!$X$33*C1495*Inputs!$X$38","v":0},{"$f":"params!$C$15*Inputs!$X$29*(E1495-Inputs!$X$26)","v":-11078.129999999997},{"$f":"Inputs!$X$40*Inputs!$X$41/8760","v":5342.4657534246571},{"$f":"-Inputs!$X$45*Inputs!$X$33","v":-30000},285.65695946908653,1.758452799711007E-3,1.5122694077514662E-3,{"$f":"-L1495/(1.202*2465560*MAX(0,(Inputs!$X$49-O1495)))","v":1.0671298874207427},{"$f":"params!$C$15*P1495*(E1495-Inputs!$X$26)","v":-40078.411035817153},-182447.27322933773]
["1995-03-04","07:00:00",2,3,-9.5,-11.2,86,{"$f":"Inputs!$X$37*Inputs!$X$32*(E1496-Inputs!$X$26)","v":-104919.45012279791},{"$f":"Inputs!$X$33*C1496*Inputs!$X$38","v":390.19314560707545},{"$f":"params!$C$15*Inputs!$X$29*(E1496-Inputs!$X$26)","v":-10900.088624999997},{"$f":"Inputs!$X$40*Inputs!$X$41/8760","v":5342.4657534246571},{"$f":"-Inputs!$X$45*Inputs!$X$33","v":-30000},297.14395791889046,1.8293726719233697E-3,1.5732604978540979E-3,{"$f":"-L1496/(1.202*2465560*MAX(0,(Inputs!$X$49-O1496)))","v":1.074035482303958},{"$f":"params!$C$15*P1496*(E1496-Inputs!$X$26)","v":-39689.480324197764},-179776.36017296393]
["1995-03-04","08:00:00",28,10,-7.8,-8.9,91,{"$f":"Inputs!$X$37*Inputs!$X$32*(E1497-Inputs!$X$26)","v":-99092.707520696975},{"$f":"Inputs!$X$33*C1497*Inputs!$X$38","v":5462.7040384990569},{"$f":"params!$C$15*Inputs!$X$29*(E1497-Inputs!$X$26)","v":-10294.747949999997},{"$f":"Inputs!$X$40*Inputs!$X$41/8760","v":5342.4657534246571},{"$f":"-Inputs!$X$45*Inputs!$X$33","v":-30000},339.34324758330234,2.0900464473813641E-3,1.9019422671170414E-3,{"$f":"-L1497/(1.202*2465560*MAX(0,(Inputs!$X$49-O1497)))","v":1.1128440247570799},{"$f":"params!$C$15*P1497*(E1497-Inputs!$X$26)","v":-38839.780839177212},-167422.0665179505]
["1995-03-04","09:00:00",78,10,-5.6,-7.8,83,{"$f":"Inputs!$X$37*Inputs!$X$32*(E1498-Inputs!$X$26)","v":-91552.217094448701},{"$f":"Inputs!$X$33*C1498*Inputs!$X$38","v":15217.532678675941},{"$f":"params!$C$15*Inputs!$X$29*(E1498-Inputs!$X$26)","v":-9511.3658999999971},{"$f":"Inputs!$X$40*Inputs!$X$41/8760","v":5342.4657534246571},{"$f":"-Inputs!$X$45*Inputs!$X$33","v":-30000},401.83740258497369,2.4764862815169408E-3,2.0554836136590609E-3,{"$f":"-L1498/(1.202*2465560*MAX(0,(Inputs!$X$49-O1498)))","v":1.1319507367985493},{"$f":"params!$C$15*P1498*(E1498-Inputs!$X$26)","v":-36500.361857579606},-147003.94641992773]
["1995-03-04","10:00:00",128,10,-2.8,-6.7,72,{"$f":"Inputs!$X$37*Inputs!$X$32*(E1499-Inputs!$X$26)","v":-81955.22927922364},{"$f":"Inputs!$X$33*C1499*Inputs!$X$38","v":24972.361318852829},{"$f":"params!$C$15*Inputs!$X$29*(E1499-Inputs!$X$26)","v":-8514.3341999999975},{"$f":"Inputs!$X$40*Inputs!$X$41/8760","v":5342.4657534246571},{"$f":"-Inputs!$X$45*Inputs!$X$33","v":-30000},496.06494903212268,3.060058869440949E-3,2.2032423859974833E-3,{"$f":"-L1499/(1.202*2465560*MAX(0,(Inputs!$X$49-O1499)))","v":1.150967769418116},{"$f":"params!$C$15*P1499*(E1499-Inputs!$X$26)","v":-33223.134883002298},-123377.87128994844]
["1995-03-04","11:00:00",224,9,1.1000000000000001,-6.2,55,{"$f":"Inputs!$X$37*Inputs!$X$32*(E1500-Inputs!$X$26)","v":-68587.996250874421},{"$f":"Inputs!$X$33*C1500*Inputs!$X$38","v":43701.632307992455},{"$f":"params!$C$15*Inputs!$X$29*(E1500-Inputs!$X$26)","v":-7125.6114749999979},{"$f":"Inputs!$X$40*Inputs!$X$41/8760","v":5342.4657534246571},{"$f":"-Inputs!$X$45*Inputs!$X$33","v":-30000},659.87933273383078,4.077199179350414E-3,2.2424595486427276E-3,{"$f":"-L1500/(1.202*2465560*MAX(0,(Inputs!$X$49-O1500)))","v":1.1561229292495514},{"$f":"params!$C$15*P1500*(E1500-Inputs!$X$26)","v":-27928.840612960135},-84598.350277417441]
["1995-03-04","12:00:00",532,2,3.3,-6.2,47,{"$f":"Inputs!$X$37*Inputs!$X$32*(E1501-Inputs!$X$26)","v":-61047.505824626147},{"$f":"Inputs!$X$33*C1501*Inputs!$X$38","v":103791.37673148207},{"$f":"params!$C$15*Inputs!$X$29*(E1501-Inputs!$X$26)","v":-6342.2294249999977},{"$f":"Inputs!$X$40*Inputs!$X$41/8760","v":5342.4657534246571},{"$f":"-Inputs!$X$45*Inputs!$X$33","v":-30000},772.02842975916951,4.7754555160627581E-3,2.2444640925494961E-3,{"$f":"-L1501/(1.202*2465560*MAX(0,(Inputs!$X$49-O1501)))","v":1.1563876706300029},{"$f":"params!$C$15*P1501*(E1501-Inputs!$X$26)","v":-24864.066296399873},-13119.959061119287]
["1995-03-04","13:00:00",417,9,5,-5,46,{"$f":"Inputs!$X$37*Inputs!$X$32*(E1502-Inputs!$X$26)","v":-55220.763222525216},{"$f":"Inputs!$X$33*C1502*Inputs!$X$38","v":81355.270859075245},{"$f":"params!$C$15*Inputs!$X$29*(E1502-Inputs!$X$26)","v":-5736.8887499999983},{"$f":"Inputs!$X$40*Inputs!$X$41/8760","v":5342.4657534246571},{"$f":"-Inputs!$X$45*Inputs!$X$33","v":-30000},869.91328556198641,5.3861748872103517E-3,2.4776404481167617E-3,{"$f":"-L1502/(1.202*2465560*MAX(0,(Inputs!$X$49-O1502)))","v":1.1880334218670385},{"$f":"params!$C$15*P1502*(E1502-Inputs!$X$26)","v":-23106.376248895842},-27366.291608921154]
["1995-03-04","14:00:00",183,10,6.1,-5,43,{"$f":"Inputs!$X$37*Inputs!$X$32*(E1503-Inputs!$X$26)","v":-51450.518009401079},{"$f":"Inputs!$X$33*C1503*Inputs!$X$38","v":35702.672823047404},{"$f":"params!$C$15*Inputs!$X$29*(E1503-Inputs!$X$26)","v":-5345.1977249999991},{"$f":"Inputs!$X$40*Inputs!$X$41/8760","v":5342.4657534246571},{"$f":"-Inputs!$X$45*Inputs!$X$33","v":-30000},938.94793828269269,5.817609385555097E-3,2.5015720357886915E-3,{"$f":"-L1503/(1.202*2465560*MAX(0,(Inputs!$X$49-O1503)))","v":1.1913796004729649},{"$f":"params!$C$15*P1503*(E1503-Inputs!$X$26)","v":-21589.405762194448},-67339.982920123468]
["1995-03-04","15:00:00",381,9,6.6,-4.5,43,{"$f":"Inputs!$X$37*Inputs!$X$32*(E1504-Inputs!$X$26)","v":-49736.77018525375},{"$f":"Inputs!$X$33*C1504*Inputs!$X$38","v":74331.794238147879},{"$f":"params!$C$15*Inputs!$X$29*(E1504-Inputs!$X$26)","v":-5167.1563499999984},{"$f":"Inputs!$X$40*Inputs!$X$41/8760","v":5342.4657534246571},{"$f":"-Inputs!$X$45*Inputs!$X$33","v":-30000},971.89505506814805,6.0237228004355421E-3,2.5902008041872831E-3,{"$f":"-L1504/(1.202*2465560*MAX(0,(Inputs!$X$49-O1504)))","v":1.2039378097527567},{"$f":"params!$C$15*P1504*(E1504-Inputs!$X$26)","v":-21090.283167938669},-26319.94971161988]
["1995-03-04","16:00:00",383,2,6.6,-5.6,39,{"$f":"Inputs!$X$37*Inputs!$X$32*(E1505-Inputs!$X$26)","v":-49736.77018525375},{"$f":"Inputs!$X$33*C1505*Inputs!$X$38","v":74721.987383754953},{"$f":"params!$C$15*Inputs!$X$29*(E1505-Inputs!$X$26)","v":-5167.1563499999984},{"$f":"Inputs!$X$40*Inputs!$X$41/8760","v":5342.4657534246571},{"$f":"-Inputs!$X$45*Inputs!$X$33","v":-30000},971.89505506814805,6.0237228004355421E-3,2.3492518921698611E-3,{"$f":"-L1505/(1.202*2465560*MAX(0,(Inputs!$X$49-O1505)))","v":1.1703979408322001},{"$f":"params!$C$15*P1505*(E1505-Inputs!$X$26)","v":-20502.740084550205},-25342.213482624342]
["1995-03-04","17:00:00",169,3,6.6,-5.6,39,{"$f":"Inputs!$X$37*Inputs!$X$32*(E1506-Inputs!$X$26)","v":-49736.77018525375},{"$f":"Inputs!$X$33*C1506*Inputs!$X$38","v":32971.320803797877},{"$f":"params!$C$15*Inputs!$X$29*(E1506-Inputs!$X$26)","v":-5167.1563499999984},{"$f":"Inputs!$X$40*Inputs!$X$41/8760","v":5342.4657534246571},{"$f":"-Inputs!$X$45*Inputs!$X$33","v":-30000},971.89505506814805,6.0237228004355421E-3,2.3492518921698611E-3,{"$f":"-L1506/(1.202*2465560*MAX(0,(Inputs!$X$49-O1506)))","v":1.1703979408322001},{"$f":"params!$C$15*P1506*(E1506-Inputs!$X$26)","v":-20502.740084550205},-67092.880062581418]
["1995-03-04","18:00:00",44,0,5,-5,46,{"$f":"Inputs!$X$37*Inputs!$X$32*(E1507-Inputs!$X$26)","v":-55220.763222525216},{"$f":"Inputs!$X$33*C1507*Inputs!$X$38","v":8584.2492033556609},{"$f":"params!$C$15*Inputs!$X$29*(E1507-Inputs!$X$26)","v":-5736.8887499999983},{"$f":"Inputs!$X$40*Inputs!$X$41/8760","v":5342.4657534246571},{"$f":"-Inputs!$X$45*Inputs!$X$33","v":-30000},869.91328556198641,5.3861748872103517E-3,2.4776404481167617E-3,{"$f":"-L1507/(1.202*2465560*MAX(0,(Inputs!$X$49-O1507)))","v":1.1880334218670385},{"$f":"params!$C$15*P1507*(E1507-Inputs!$X$26)","v":-23106.376248895842},-100137.31326464073]
["1995-03-04","19:00:00",0,0,-1.7,-5.6,72,{"$f":"Inputs!$X$37*Inputs!$X$32*(E1508-Inputs!$X$26)","v":-78184.984066099496},{"$f":"Inputs!$X$33*C1508*Inputs!$X$38","v":0},{"$f":"params!$C$15*Inputs!$X$29*(E1508-Inputs!$X$26)","v":-8122.6431749999974},{"$f":"Inputs!$X$40*Inputs!$X$41/8760","v":5342.4657534246571},{"$f":"-Inputs!$X$45*Inputs!$X$33","v":-30000},538.14431300780234,3.321018376087627E-3,2.3911332307830916E-3,{"$f":"-L1508/(1.202*2465560*MAX(0,(Inputs!$X$49-O1508)))","v":1.1760929514613168},{"$f":"params!$C$15*P1508*(E1508-Inputs!$X$26)","v":-32386.631266437209},-143351.79275411204]
["1995-03-04","20:00:00",0,0,-2.8,-5.6,79,{"$f":"Inputs!$X$37*Inputs!$X$32*(E1509-Inputs!$X$26)","v":-81955.22927922364},{"$f":"Inputs!$X$33*C1509*Inputs!$X$38","v":0},{"$f":"params!$C$15*Inputs!$X$29*(E1509-Inputs!$X$26)","v":-8514.3341999999975},{"$f":"Inputs!$X$40*Inputs!$X$41/8760","v":5342.4657534246571},{"$f":"-Inputs!$X$45*Inputs!$X$33","v":-30000},496.06494903212268,3.060058869440949E-3,2.4174465068583497E-3,{"$f":"-L1509/(1.202*2465560*MAX(0,(Inputs!$X$49-O1509)))","v":1.179699458117123},{"$f":"params!$C$15*P1509*(E1509-Inputs!$X$26)","v":-34052.486316141156},-149179.58404194014]
["1995-03-04","21:00:00",0,0,-2.6,-5.5,78,{"$f":"Inputs!$X$37*Inputs!$X$32*(E1510-Inputs!$X$26)","v":-81269.730149564697},{"$f":"Inputs!$X$33*C1510*Inputs!$X$38","v":0},{"$f":"params!$C$15*Inputs!$X$29*(E1510-Inputs!$X$26)","v":-8443.1176499999983},{"$f":"Inputs!$X$40*Inputs!$X$41/8760","v":5342.4657534246571},{"$f":"-Inputs!$X$45*Inputs!$X$33","v":-30000},503.49108626855735,3.1060969946926286E-3,2.4227556558602502E-3,{"$f":"-L1510/(1.202*2465560*MAX(0,(Inputs!$X$49-O1510)))","v":1.1804298152127501},{"$f":"params!$C$15*P1510*(E1510-Inputs!$X$26)","v":-33788.566393565459},-148158.94843970551]
["1995-03-04","22:00:00",0,0,-2.2999999999999998,-5.6,76,{"$f":"Inputs!$X$37*Inputs!$X$32*(E1511-Inputs!$X$26)","v":-80241.481455076297},{"$f":"Inputs!$X$33*C1511*Inputs!$X$38","v":0},{"$f":"params!$C$15*Inputs!$X$29*(E1511-Inputs!$X$26)","v":-8336.2928249999986},{"$f":"Inputs!$X$40*Inputs!$X$41/8760","v":5342.4657534246571},{"$f":"-Inputs!$X$45*Inputs!$X$33","v":-30000},514.81537679871087,3.1763146675913099E-3,2.4139991473693958E-3,{"$f":"-L1511/(1.202*2465560*MAX(0,(Inputs!$X$49-O1511)))","v":1.1792257032561022},{"$f":"params!$C$15*P1511*(E1511-Inputs!$X$26)","v":-33327.033081587375},-146562.34160823902]
["1995-03-04","23:00:00",0,0,-3.9,-6.2,82,{"$f":"Inputs!$X$37*Inputs!$X$32*(E1512-Inputs!$X$26)","v":-85725.474492347756},{"$f":"Inputs!$X$33*C1512*Inputs!$X$38","v":0},{"$f":"params!$C$15*Inputs!$X$29*(E1512-Inputs!$X$26)","v":-8906.0252249999976},{"$f":"Inputs!$X$40*Inputs!$X$41/8760","v":5342.4657534246571},{"$f":"-Inputs!$X$45*Inputs!$X$33","v":-30000},456.93292986618587,2.8175730136730305E-3,2.310409871211885E-3,{"$f":"-L1512/(1.202*2465560*MAX(0,(Inputs!$X$49-O1512)))","v":1.1651652907354146},{"$f":"params!$C$15*P1512*(E1512-Inputs!$X$26)","v":-35180.192705878544},-154469.22666980166]
["1995-03-04",1,0,0,-3.9,-6.2,82,{"$f":"Inputs!$X$37*Inputs!$X$32*(E1513-Inputs!$X$26)","v":-85725.474492347756},{"$f":"Inputs!$X$33*C1513*Inputs!$X$38","v":0},{"$f":"params!$C$15*Inputs!$X$29*(E1513-Inputs!$X$26)","v":-8906.0252249999976},{"$f":"Inputs!$X$40*Inputs!$X$41/8760","v":5342.4657534246571},{"$f":"-Inputs!$X$45*Inputs!$X$33","v":-30000},456.93292986618587,2.8175730136730305E-3,2.310409871211885E-3,{"$f":"-L1513/(1.202*2465560*MAX(0,(Inputs!$X$49-O1513)))","v":1.1651652907354146},{"$f":"params!$C$15*P1513*(E1513-Inputs!$X$26)","v":-35180.192705878544},-154469.22666980166]
["1995-03-05","01:00:00",0,1,-4.5999999999999996,-6.8,83,{"$f":"Inputs!$X$37*Inputs!$X$32*(E1514-Inputs!$X$26)","v":-88124.721446154028},{"$f":"Inputs!$X$33*C1514*Inputs!$X$38","v":0},{"$f":"params!$C$15*Inputs!$X$29*(E1514-Inputs!$X$26)","v":-9155.2831499999975},{"$f":"Inputs!$X$40*Inputs!$X$41/8760","v":5342.4657534246571},{"$f":"-Inputs!$X$45*Inputs!$X$33","v":-30000},433.48245064523053,2.6723496801445896E-3,2.2180502345200094E-3,{"$f":"-L1514/(1.202*2465560*MAX(0,(Inputs!$X$49-O1514)))","v":1.1529088738264619},{"$f":"params!$C$15*P1514*(E1514-Inputs!$X$26)","v":-35784.381620395587},-157721.92046312496]
["1995-03-05","02:00:00",0,2,-5,-7,84,{"$f":"Inputs!$X$37*Inputs!$X$32*(E1515-Inputs!$X$26)","v":-89495.7197054719},{"$f":"Inputs!$X$33*C1515*Inputs!$X$38","v":0},{"$f":"params!$C$15*Inputs!$X$29*(E1515-Inputs!$X$26)","v":-9297.7162499999977},{"$f":"Inputs!$X$40*Inputs!$X$41/8760","v":5342.4657534246571},{"$f":"-Inputs!$X$45*Inputs!$X$33","v":-30000},420.56802345265027,2.5924024753231664E-3,2.1776180792714597E-3,{"$f":"-L1515/(1.202*2465560*MAX(0,(Inputs!$X$49-O1515)))","v":1.1476241736815775},{"$f":"params!$C$15*P1515*(E1515-Inputs!$X$26)","v":-36174.51608168926},-159625.48628373651]
["1995-03-05","03:00:00",0,3,-5.2,-7.2,84,{"$f":"Inputs!$X$37*Inputs!$X$32*(E1516-Inputs!$X$26)","v":-90181.218835130829},{"$f":"Inputs!$X$33*C1516*Inputs!$X$38","v":0},{"$f":"params!$C$15*Inputs!$X$29*(E1516-Inputs!$X$26)","v":-9368.9327999999969},{"$f":"Inputs!$X$40*Inputs!$X$41/8760","v":5342.4657534246571},{"$f":"-Inputs!$X$45*Inputs!$X$33","v":-30000},414.24000970807384,2.5532361589885432E-3,2.1447183735503763E-3,{"$f":"-L1516/(1.202*2465560*MAX(0,(Inputs!$X$49-O1516)))","v":1.1433596224047649},{"$f":"params!$C$15*P1516*(E1516-Inputs!$X$26)","v":-36316.143985322604},-160523.82986702878]
["1995-03-05","04:00:00",0,4,-5.4,-7.4,84,{"$f":"Inputs!$X$37*Inputs!$X$32*(E1517-Inputs!$X$26)","v":-90866.717964789772},{"$f":"Inputs!$X$33*C1517*Inputs!$X$38","v":0},{"$f":"params!$C$15*Inputs!$X$29*(E1517-Inputs!$X$26)","v":-9440.1493499999979},{"$f":"Inputs!$X$40*Inputs!$X$41/8760","v":5342.4657534246571},{"$f":"-Inputs!$X$45*Inputs!$X$33","v":-30000},407.99679816647671,2.5145995270594262E-3,2.1122636027299181E-3,{"$f":"-L1517/(1.202*2465560*MAX(0,(Inputs!$X$49-O1517)))","v":1.1391836853569435},{"$f":"params!$C$15*P1517*(E1517-Inputs!$X$26)","v":-36458.548648375094},-161422.9502097402]
["1995-03-05","05:00:00",0,5,-5.5,-7.4,85,{"$f":"Inputs!$X$37*Inputs!$X$32*(E1518-Inputs!$X$26)","v":-91209.467529619229},{"$f":"Inputs!$X$33*C1518*Inputs!$X$38","v":0},{"$f":"params!$C$15*Inputs!$X$29*(E1518-Inputs!$X$26)","v":-9475.7576249999984},{"$f":"Inputs!$X$40*Inputs!$X$41/8760","v":5342.4657534246571},{"$f":"-Inputs!$X$45*Inputs!$X$33","v":-30000},404.90668464743334,2.4954778720829678E-3,2.1211561912705228E-3,{"$f":"-L1518/(1.202*2465560*MAX(0,(Inputs!$X$49-O1518)))","v":1.1403248526947016},{"$f":"params!$C$15*P1518*(E1518-Inputs!$X$26)","v":-36632.73021101005},-161975.48961220463]
["1995-03-05","06:00:00",0,6,-5.5,-7.4,85,{"$f":"Inputs!$X$37*Inputs!$X$32*(E1519-Inputs!$X$26)","v":-91209.467529619229},{"$f":"Inputs!$X$33*C1519*Inputs!$X$38","v":0},{"$f":"params!$C$15*Inputs!$X$29*(E1519-Inputs!$X$26)","v":-9475.7576249999984},{"$f":"Inputs!$X$40*Inputs!$X$41/8760","v":5342.4657534246571},{"$f":"-Inputs!$X$45*Inputs!$X$33","v":-30000},404.90668464743334,2.4954778720829678E-3,2.1211561912705228E-3,{"$f":"-L1519/(1.202*2465560*MAX(0,(Inputs!$X$49-O1519)))","v":1.1403248526947016},{"$f":"params!$C$15*P1519*(E1519-Inputs!$X$26)","v":-36632.73021101005},-161975.48961220463]
["1995-03-05","07:00:00",2,7,-5.3,-7.2,85,{"$f":"Inputs!$X$37*Inputs!$X$32*(E1520-Inputs!$X$26)","v":-90523.9683999603},{"$f":"Inputs!$X$33*C1520*Inputs!$X$38","v":390.19314560707545},{"$f":"params!$C$15*Inputs!$X$29*(E1520-Inputs!$X$26)","v":-9404.5410749999974},{"$f":"Inputs!$X$40*Inputs!$X$41/8760","v":5342.4657534246571},{"$f":"-Inputs!$X$45*Inputs!$X$33","v":-30000},411.10786552649557,2.5338520276220618E-3,2.1537742234787522E-3,{"$f":"-L1520/(1.202*2465560*MAX(0,(Inputs!$X$49-O1520)))","v":1.14453030227835},{"$f":"params!$C$15*P1520*(E1520-Inputs!$X$26)","v":-36491.49510223564},-160687.34567816422]
["1995-03-05","08:00:00",21,10,-4.2,-6,86,{"$f":"Inputs!$X$37*Inputs!$X$32*(E1521-Inputs!$X$26)","v":-86753.72318683617},{"$f":"Inputs!$X$33*C1521*Inputs!$X$38","v":4097.0280288742924},{"$f":"params!$C$15*Inputs!$X$29*(E1521-Inputs!$X$26)","v":-9012.8500499999973},{"$f":"Inputs!$X$40*Inputs!$X$41/8760","v":5342.4657534246571},{"$f":"-Inputs!$X$45*Inputs!$X$33","v":-30000},446.74816317859865,2.7544928413638556E-3,2.3688638435729161E-3,{"$f":"-L1521/(1.202*2465560*MAX(0,(Inputs!$X$49-O1521)))","v":1.1730578854189471},{"$f":"params!$C$15*P1521*(E1521-Inputs!$X$26)","v":-35843.329376067304},-152170.40883060452]
["1995-03-05","09:00:00",53,10,-2.6,-5.5,78,{"$f":"Inputs!$X$37*Inputs!$X$32*(E1522-Inputs!$X$26)","v":-81269.730149564697},{"$f":"Inputs!$X$33*C1522*Inputs!$X$38","v":10340.118358587501},{"$f":"params!$C$15*Inputs!$X$29*(E1522-Inputs!$X$26)","v":-8443.1176499999983},{"$f":"Inputs!$X$40*Inputs!$X$41/8760","v":5342.4657534246571},{"$f":"-Inputs!$X$45*Inputs!$X$33","v":-30000},503.49108626855735,3.1060969946926286E-3,2.4227556558602502E-3,{"$f":"-L1522/(1.202*2465560*MAX(0,(Inputs!$X$49-O1522)))","v":1.1804298152127501},{"$f":"params!$C$15*P1522*(E1522-Inputs!$X$26)","v":-33788.566393565459},-137818.83008111801]
["1995-03-05","10:00:00",88,10,-0.5,-3.6,77,{"$f":"Inputs!$X$37*Inputs!$X$32*(E1523-Inputs!$X$26)","v":-74071.989288145895},{"$f":"Inputs!$X$33*C1523*Inputs!$X$38","v":17168.498406711322},{"$f":"params!$C$15*Inputs!$X$29*(E1523-Inputs!$X$26)","v":-7695.3438749999978},{"$f":"Inputs!$X$40*Inputs!$X$41/8760","v":5342.4657534246571},{"$f":"-Inputs!$X$45*Inputs!$X$33","v":-30000},587.63383249384253,3.6282117057415651E-3,2.7937230134210049E-3,{"$f":"-L1523/(1.202*2465560*MAX(0,(Inputs!$X$49-O1523)))","v":1.2338026608046033},{"$f":"params!$C$15*P1523*(E1523-Inputs!$X$26)","v":-32188.481434319103},-121444.85043732901]
["1995-03-05","11:00:00",165,10,1.9,-2.8,69,{"$f":"Inputs!$X$37*Inputs!$X$32*(E1524-Inputs!$X$26)","v":-65845.999732238692},{"$f":"Inputs!$X$33*C1524*Inputs!$X$38","v":32190.934512583728},{"$f":"params!$C$15*Inputs!$X$29*(E1524-Inputs!$X$26)","v":-6840.7452749999984},{"$f":"Inputs!$X$40*Inputs!$X$41/8760","v":5342.4657534246571},{"$f":"-Inputs!$X$45*Inputs!$X$33","v":-30000},698.86872317792734,4.3197762144546511E-3,2.9806455879737093E-3,{"$f":"-L1524/(1.202*2465560*MAX(0,(Inputs!$X$49-O1524)))","v":1.2625674254818373},{"$f":"params!$C$15*P1524*(E1524-Inputs!$X$26)","v":-29280.922403026681},-94434.267144256984]
["1995-03-05","12:00:00",188,10,3.8,-1.7,66,{"$f":"Inputs!$X$37*Inputs!$X$32*(E1525-Inputs!$X$26)","v":-59333.758000478818},{"$f":"Inputs!$X$33*C1525*Inputs!$X$38","v":36678.155687065097},{"$f":"params!$C$15*Inputs!$X$29*(E1525-Inputs!$X$26)","v":-6164.1880499999979},{"$f":"Inputs!$X$40*Inputs!$X$41/8760","v":5342.4657534246571},{"$f":"-Inputs!$X$45*Inputs!$X$33","v":-30000},799.75278170517424,4.9483114832316053E-3,3.2658855789328596E-3,{"$f":"-L1525/(1.202*2465560*MAX(0,(Inputs!$X$49-O1525)))","v":1.3091421826898271},{"$f":"params!$C$15*P1525*(E1525-Inputs!$X$26)","v":-27358.321589658743},-80835.646199647803]
["1995-03-05","13:00:00",194,10,5.5,-1.2,61,{"$f":"Inputs!$X$37*Inputs!$X$32*(E1526-Inputs!$X$26)","v":-53507.01539837788},{"$f":"Inputs!$X$33*C1526*Inputs!$X$38","v":37848.735123886319},{"$f":"params!$C$15*Inputs!$X$29*(E1526-Inputs!$X$26)","v":-5558.8473749999985},{"$f":"Inputs!$X$40*Inputs!$X$41/8760","v":5342.4657534246571},{"$f":"-Inputs!$X$45*Inputs!$X$33","v":-30000},900.71602087450731,5.5786043819837112E-3,3.4029486730100637E-3,{"$f":"-L1526/(1.202*2465560*MAX(0,(Inputs!$X$49-O1526)))","v":1.3327665519148857},{"$f":"params!$C$15*P1526*(E1526-Inputs!$X$26)","v":-25116.874132756755},-70991.536028823655]
["1995-03-05","14:00:00",182,10,6.1,-1.2,59,{"$f":"Inputs!$X$37*Inputs!$X$32*(E1527-Inputs!$X$26)","v":-51450.518009401079},{"$f":"Inputs!$X$33*C1527*Inputs!$X$38","v":35507.576250243867},{"$f":"params!$C$15*Inputs!$X$29*(E1527-Inputs!$X$26)","v":-5345.1977249999991},{"$f":"Inputs!$X$40*Inputs!$X$41/8760","v":5342.4657534246571},{"$f":"-Inputs!$X$45*Inputs!$X$33","v":-30000},938.94793828269269,5.817609385555097E-3,3.432389537477507E-3,{"$f":"-L1527/(1.202*2465560*MAX(0,(Inputs!$X$49-O1527)))","v":1.3379526913477915},{"$f":"params!$C$15*P1527*(E1527-Inputs!$X$26)","v":-24245.507924309186},-70191.181655041742]
["1995-03-05","15:00:00",153,10,6.1,-1.2,59,{"$f":"Inputs!$X$37*Inputs!$X$32*(E1528-Inputs!$X$26)","v":-51450.518009401079},{"$f":"Inputs!$X$33*C1528*Inputs!$X$38","v":29849.775638941275},{"$f":"params!$C$15*Inputs!$X$29*(E1528-Inputs!$X$26)","v":-5345.1977249999991},{"$f":"Inputs!$X$40*Inputs!$X$41/8760","v":5342.4657534246571},{"$f":"-Inputs!$X$45*Inputs!$X$33","v":-30000},938.94793828269269,5.817609385555097E-3,3.432389537477507E-3,{"$f":"-L1528/(1.202*2465560*MAX(0,(Inputs!$X$49-O1528)))","v":1.3379526913477915},{"$f":"params!$C$15*P1528*(E1528-Inputs!$X$26)","v":-24245.507924309186},-75848.982266344334]
["1995-03-05","16:00:00",110,10,6.1,-1.2,59,{"$f":"Inputs!$X$37*Inputs!$X$32*(E1529-Inputs!$X$26)","v":-51450.518009401079},{"$f":"Inputs!$X$33*C1529*Inputs!$X$38","v":21460.62300838915},{"$f":"params!$C$15*Inputs!$X$29*(E1529-Inputs!$X$26)","v":-5345.1977249999991},{"$f":"Inputs!$X$40*Inputs!$X$41/8760","v":5342.4657534246571},{"$f":"-Inputs!$X$45*Inputs!$X$33","v":-30000},938.94793828269269,5.817609385555097E-3,3.432389537477507E-3,{"$f":"-L1529/(1.202*2465560*MAX(0,(Inputs!$X$49-O1529)))","v":1.3379526913477915},{"$f":"params!$C$15*P1529*(E1529-Inputs!$X$26)","v":-24245.507924309186},-84238.134896896459]
["1995-03-05","17:00:00",58,10,5.5,-1.2,61,{"$f":"Inputs!$X$37*Inputs!$X$32*(E1530-Inputs!$X$26)","v":-53507.01539837788},{"$f":"Inputs!$X$33*C1530*Inputs!$X$38","v":11315.601222605188},{"$f":"params!$C$15*Inputs!$X$29*(E1530-Inputs!$X$26)","v":-5558.8473749999985},{"$f":"Inputs!$X$40*Inputs!$X$41/8760","v":5342.4657534246571},{"$f":"-Inputs!$X$45*Inputs!$X$33","v":-30000},900.71602087450731,5.5786043819837112E-3,3.4029486730100637E-3,{"$f":"-L1530/(1.202*2465560*MAX(0,(Inputs!$X$49-O1530)))","v":1.3327665519148857},{"$f":"params!$C$15*P1530*(E1530-Inputs!$X$26)","v":-25116.874132756755},-97524.669930104777]
["1995-03-05","18:00:00",20,10,5.5,-1.2,61,{"$f":"Inputs!$X$37*Inputs!$X$32*(E1531-Inputs!$X$26)","v":-53507.01539837788},{"$f":"Inputs!$X$33*C1531*Inputs!$X$38","v":3901.9314560707548},{"$f":"params!$C$15*Inputs!$X$29*(E1531-Inputs!$X$26)","v":-5558.8473749999985},{"$f":"Inputs!$X$40*Inputs!$X$41/8760","v":5342.4657534246571},{"$f":"-Inputs!$X$45*Inputs!$X$33","v":-30000},900.71602087450731,5.5786043819837112E-3,3.4029486730100637E-3,{"$f":"-L1531/(1.202*2465560*MAX(0,(Inputs!$X$49-O1531)))","v":1.3327665519148857},{"$f":"params!$C$15*P1531*(E1531-Inputs!$X$26)","v":-25116.874132756755},-104938.33969663922]
["1995-03-05","19:00:00",0,10,4.4000000000000004,-2.2999999999999998,60,{"$f":"Inputs!$X$37*Inputs!$X$32*(E1532-Inputs!$X$26)","v":-57277.26061150201},{"$f":"Inputs!$X$33*C1532*Inputs!$X$38","v":0},{"$f":"params!$C$15*Inputs!$X$29*(E1532-Inputs!$X$26)","v":-5950.5383999999976},{"$f":"Inputs!$X$40*Inputs!$X$41/8760","v":5342.4657534246571},{"$f":"-Inputs!$X$45*Inputs!$X$33","v":-30000},834.18129245512239,5.1630993453363316E-3,3.0978596072017989E-3,{"$f":"-L1532/(1.202*2465560*MAX(0,(Inputs!$X$49-O1532)))","v":1.281299399619555},{"$f":"params!$C$15*P1532*(E1532-Inputs!$X$26)","v":-25848.398414713418},-113733.73167279077]
["1995-03-05","20:00:00",0,10,3.3,-1.2,71,{"$f":"Inputs!$X$37*Inputs!$X$32*(E1533-Inputs!$X$26)","v":-61047.505824626147},{"$f":"Inputs!$X$33*C1533*Inputs!$X$38","v":0},{"$f":"params!$C$15*Inputs!$X$29*(E1533-Inputs!$X$26)","v":-6342.2294249999977},{"$f":"Inputs!$X$40*Inputs!$X$41/8760","v":5342.4657534246571},{"$f":"-Inputs!$X$45*Inputs!$X$33","v":-30000},772.02842975916951,4.7754555160627581E-3,3.390573416404558E-3,{"$f":"-L1533/(1.202*2465560*MAX(0,(Inputs!$X$49-O1533)))","v":1.3305985775568696},{"$f":"params!$C$15*P1533*(E1533-Inputs!$X$26)","v":-28609.861629054791},-120657.13112525627]
["1995-03-05","21:00:00",0,10,3.3,-0.6,75,{"$f":"Inputs!$X$37*Inputs!$X$32*(E1534-Inputs!$X$26)","v":-61047.505824626147},{"$f":"Inputs!$X$33*C1534*Inputs!$X$38","v":0},{"$f":"params!$C$15*Inputs!$X$29*(E1534-Inputs!$X$26)","v":-6342.2294249999977},{"$f":"Inputs!$X$40*Inputs!$X$41/8760","v":5342.4657534246571},{"$f":"-Inputs!$X$45*Inputs!$X$33","v":-30000},772.02842975916951,4.7754555160627581E-3,3.5815916370470686E-3,{"$f":"-L1534/(1.202*2465560*MAX(0,(Inputs!$X$49-O1534)))","v":1.3648683646535185},{"$f":"params!$C$15*P1534*(E1534-Inputs!$X$26)","v":-29346.713361372524},-121393.98285757401]
["1995-03-05","22:00:00",0,10,2.7,-0.6,78,{"$f":"Inputs!$X$37*Inputs!$X$32*(E1535-Inputs!$X$26)","v":-63104.003213602955},{"$f":"Inputs!$X$33*C1535*Inputs!$X$38","v":0},{"$f":"params!$C$15*Inputs!$X$29*(E1535-Inputs!$X$26)","v":-6555.8790749999989},{"$f":"Inputs!$X$40*Inputs!$X$41/8760","v":5342.4657534246571},{"$f":"-Inputs!$X$45*Inputs!$X$33","v":-30000},739.88380849706493,4.5751593141558633E-3,3.5686242650415732E-3,{"$f":"-L1535/(1.202*2465560*MAX(0,(Inputs!$X$49-O1535)))","v":1.3624861898036777},{"$f":"params!$C$15*P1535*(E1535-Inputs!$X$26)","v":-30282.365539439281},-124599.78207461757]
["1995-03-05","23:00:00",0,10,3.3,0.5,82,{"$f":"Inputs!$X$37*Inputs!$X$32*(E1536-Inputs!$X$26)","v":-61047.505824626147},{"$f":"Inputs!$X$33*C1536*Inputs!$X$38","v":0},{"$f":"params!$C$15*Inputs!$X$29*(E1536-Inputs!$X$26)","v":-6342.2294249999977},{"$f":"Inputs!$X$40*Inputs!$X$41/8760","v":5342.4657534246571},{"$f":"-Inputs!$X$45*Inputs!$X$33","v":-30000},772.02842975916951,4.7754555160627581E-3,3.9158735231714613E-3,{"$f":"-L1536/(1.202*2465560*MAX(0,(Inputs!$X$49-O1536)))","v":1.4292886035573087},{"$f":"params!$C$15*P1536*(E1536-Inputs!$X$26)","v":-30731.84494969283},-122779.11444589432]
["1995-03-05",1,0,10,3.3,1.1000000000000001,85,{"$f":"Inputs!$X$37*Inputs!$X$32*(E1537-Inputs!$X$26)","v":-61047.505824626147},{"$f":"Inputs!$X$33*C1537*Inputs!$X$38","v":0},{"$f":"params!$C$15*Inputs!$X$29*(E1537-Inputs!$X$26)","v":-6342.2294249999977},{"$f":"Inputs!$X$40*Inputs!$X$41/8760","v":5342.4657534246571},{"$f":"-Inputs!$X$45*Inputs!$X$33","v":-30000},772.02842975916951,4.7754555160627581E-3,4.0591371886533447E-3,{"$f":"-L1537/(1.202*2465560*MAX(0,(Inputs!$X$49-O1537)))","v":1.4587972794822481},{"$f":"params!$C$15*P1537*(E1537-Inputs!$X$26)","v":-31366.325663342217},-123413.59515954369]
["1995-03-06","01:00:00",0,10,2.8,0.5,85,{"$f":"Inputs!$X$37*Inputs!$X$32*(E1538-Inputs!$X$26)","v":-62761.253648773483},{"$f":"Inputs!$X$33*C1538*Inputs!$X$38","v":0},{"$f":"params!$C$15*Inputs!$X$29*(E1538-Inputs!$X$26)","v":-6520.2707999999984},{"$f":"Inputs!$X$40*Inputs!$X$41/8760","v":5342.4657534246571},{"$f":"-Inputs!$X$45*Inputs!$X$33","v":-30000},745.15756711705887,4.6080118280633067E-3,3.9168100538538109E-3,{"$f":"-L1538/(1.202*2465560*MAX(0,(Inputs!$X$49-O1538)))","v":1.4294776280549353},{"$f":"params!$C$15*P1538*(E1538-Inputs!$X$26)","v":-31598.738901746248},-125537.79759709508]
["1995-03-06","02:00:00",0,10,2.7,0.3,84,{"$f":"Inputs!$X$37*Inputs!$X$32*(E1539-Inputs!$X$26)","v":-63104.003213602955},{"$f":"Inputs!$X$33*C1539*Inputs!$X$38","v":0},{"$f":"params!$C$15*Inputs!$X$29*(E1539-Inputs!$X$26)","v":-6555.8790749999989},{"$f":"Inputs!$X$40*Inputs!$X$41/8760","v":5342.4657534246571},{"$f":"-Inputs!$X$45*Inputs!$X$33","v":-30000},{"$f":"EXP(77.345+0.0057*(E1539+273.15)-7235/(E1539+273.15))/(E1539+273.15)^8.2","v":739.88380849706493},{"$f":"0.62198*M1539/(101325-M1539)","v":4.5751593141558633E-3},{"$f":"N1539*G1539/100","v":3.843133823890925E-3},{"$f":"-L1539/(1.202*2465560*MAX(0,(Inputs!$X$49-O1539)))","v":1.4147583733917422},{"$f":"params!$C$15*P1539*(E1539-Inputs!$X$26)","v":-31444.157404050056},{"$f":"H1539+I1539+J1539+K1539+L1539+Q1539","v":-125761.57393922834}]
["1995-03-06","03:00:00",0,10,2.8,0.2,83,{"$f":"Inputs!$X$37*Inputs!$X$32*(E1540-Inputs!$X$26)","v":-62761.253648773483},{"$f":"Inputs!$X$33*C1540*Inputs!$X$38","v":0},{"$f":"params!$C$15*Inputs!$X$29*(E1540-Inputs!$X$26)","v":-6520.2707999999984},{"$f":"Inputs!$X$40*Inputs!$X$41/8760","v":5342.4657534246571},{"$f":"-Inputs!$X$45*Inputs!$X$33","v":-30000},745.15756711705887,4.6080118280633067E-3,3.8246498172925447E-3,{"$f":"-L1540/(1.202*2465560*MAX(0,(Inputs!$X$49-O1540)))","v":1.4111130255340278},{"$f":"params!$C$15*P1540*(E1540-Inputs!$X$26)","v":-31192.787616672904},-125131.84631202172]
["1995-03-06","04:00:00",0,10,2.8,0,82,{"$f":"Inputs!$X$37*Inputs!$X$32*(E1541-Inputs!$X$26)","v":-62761.253648773483},{"$f":"Inputs!$X$33*C1541*Inputs!$X$38","v":0},{"$f":"params!$C$15*Inputs!$X$29*(E1541-Inputs!$X$26)","v":-6520.2707999999984},{"$f":"Inputs!$X$40*Inputs!$X$41/8760","v":5342.4657534246571},{"$f":"-Inputs!$X$45*Inputs!$X$33","v":-30000},745.15756711705887,4.6080118280633067E-3,3.7785696990119116E-3,{"$f":"-L1541/(1.202*2465560*MAX(0,(Inputs!$X$49-O1541)))","v":1.4021065434259385},{"$f":"params!$C$15*P1541*(E1541-Inputs!$X$26)","v":-30993.698473218446},-124932.75716856727]
["1995-03-06","05:00:00",0,10,3,0,81,{"$f":"Inputs!$X$37*Inputs!$X$32*(E1542-Inputs!$X$26)","v":-62075.754519114555},{"$f":"Inputs!$X$33*C1542*Inputs!$X$38","v":0},{"$f":"params!$C$15*Inputs!$X$29*(E1542-Inputs!$X$26)","v":-6449.0542499999983},{"$f":"Inputs!$X$40*Inputs!$X$41/8760","v":5342.4657534246571},{"$f":"-Inputs!$X$45*Inputs!$X$33","v":-30000},755.80495631325812,4.6743495015895585E-3,3.7862230962875426E-3,{"$f":"-L1542/(1.202*2465560*MAX(0,(Inputs!$X$49-O1542)))","v":1.4035944501433917},{"$f":"params!$C$15*P1542*(E1542-Inputs!$X$26)","v":-30687.706148117115},-123870.04916380701]
["1995-03-06","06:00:00",0,10,3.3,0,79,{"$f":"Inputs!$X$37*Inputs!$X$32*(E1543-Inputs!$X$26)","v":-61047.505824626147},{"$f":"Inputs!$X$33*C1543*Inputs!$X$38","v":0},{"$f":"params!$C$15*Inputs!$X$29*(E1543-Inputs!$X$26)","v":-6342.2294249999977},{"$f":"Inputs!$X$40*Inputs!$X$41/8760","v":5342.4657534246571},{"$f":"-Inputs!$X$45*Inputs!$X$33","v":-30000},772.02842975916951,4.7754555160627581E-3,3.7726098576895788E-3,{"$f":"-L1543/(1.202*2465560*MAX(0,(Inputs!$X$49-O1543)))","v":1.4009500660057055},{"$f":"params!$C$15*P1543*(E1543-Inputs!$X$26)","v":-30122.52396303599},-122169.79345923747]
["1995-03-06","07:00:00",2,10,3.3,0,79,{"$f":"Inputs!$X$37*Inputs!$X$32*(E1544-Inputs!$X$26)","v":-61047.505824626147},{"$f":"Inputs!$X$33*C1544*Inputs!$X$38","v":390.19314560707545},{"$f":"params!$C$15*Inputs!$X$29*(E1544-Inputs!$X$26)","v":-6342.2294249999977},{"$f":"Inputs!$X$40*Inputs!$X$41/8760","v":5342.4657534246571},{"$f":"-Inputs!$X$45*Inputs!$X$33","v":-30000},772.02842975916951,4.7754555160627581E-3,3.7726098576895788E-3,{"$f":"-L1544/(1.202*2465560*MAX(0,(Inputs!$X$49-O1544)))","v":1.4009500660057055},{"$f":"params!$C$15*P1544*(E1544-Inputs!$X$26)","v":-30122.52396303599},-121779.60031363039]
["1995-03-06","08:00:00",32,10,3.9,0,76,{"$f":"Inputs!$X$37*Inputs!$X$32*(E1545-Inputs!$X$26)","v":-58991.008435649353},{"$f":"Inputs!$X$33*C1545*Inputs!$X$38","v":6243.0903297132072},{"$f":"params!$C$15*Inputs!$X$29*(E1545-Inputs!$X$26)","v":-6128.5797749999992},{"$f":"Inputs!$X$40*Inputs!$X$41/8760","v":5342.4657534246571},{"$f":"-Inputs!$X$45*Inputs!$X$33","v":-30000},805.40210224974328,4.9835455974153575E-3,3.7874946540356717E-3,{"$f":"-L1545/(1.202*2465560*MAX(0,(Inputs!$X$49-O1545)))","v":1.4038419612768349},{"$f":"params!$C$15*P1545*(E1545-Inputs!$X$26)","v":-29167.876830825557},-112701.90895833704]
["1995-03-06","09:00:00",78,10,5,0,70,{"$f":"Inputs!$X$37*Inputs!$X$32*(E1546-Inputs!$X$26)","v":-55220.763222525216},{"$f":"Inputs!$X$33*C1546*Inputs!$X$38","v":15217.532678675941},{"$f":"params!$C$15*Inputs!$X$29*(E1546-Inputs!$X$26)","v":-5736.8887499999983},{"$f":"Inputs!$X$40*Inputs!$X$41/8760","v":5342.4657534246571},{"$f":"-Inputs!$X$45*Inputs!$X$33","v":-30000},869.91328556198641,5.3861748872103517E-3,3.7703224210472465E-3,{"$f":"-L1546/(1.202*2465560*MAX(0,(Inputs!$X$49-O1546)))","v":1.4005067068194468},{"$f":"params!$C$15*P1546*(E1546-Inputs!$X$26)","v":-27238.825365717625},-97636.478906142249]
["1995-03-06","10:00:00",128,10,6.6,2.7,76,{"$f":"Inputs!$X$37*Inputs!$X$32*(E1547-Inputs!$X$26)","v":-49736.77018525375},{"$f":"Inputs!$X$33*C1547*Inputs!$X$38","v":24972.361318852829},{"$f":"params!$C$15*Inputs!$X$29*(E1547-Inputs!$X$26)","v":-5167.1563499999984},{"$f":"Inputs!$X$40*Inputs!$X$41/8760","v":5342.4657534246571},{"$f":"-Inputs!$X$45*Inputs!$X$33","v":-30000},971.89505506814805,6.0237228004355421E-3,4.5780293283310116E-3,{"$f":"-L1547/(1.202*2465560*MAX(0,(Inputs!$X$49-O1547)))","v":1.5766988458718978},{"$f":"params!$C$15*P1547*(E1547-Inputs!$X$26)","v":-27620.218304157526},-82209.317767133791]
["1995-03-06","11:00:00",167,10,7.7,3.8,76,{"$f":"Inputs!$X$37*Inputs!$X$32*(E1548-Inputs!$X$26)","v":-45966.524972129613},{"$f":"Inputs!$X$33*C1548*Inputs!$X$38","v":32581.127658190802},{"$f":"params!$C$15*Inputs!$X$29*(E1548-Inputs!$X$26)","v":-4775.4653249999992},{"$f":"Inputs!$X$40*Inputs!$X$41/8760","v":5342.4657534246571},{"$f":"-Inputs!$X$45*Inputs!$X$33","v":-30000},1047.9935141086903,6.5003037959358509E-3,4.9402308849112462E-3,{"$f":"-L1548/(1.202*2465560*MAX(0,(Inputs!$X$49-O1548)))","v":1.6709671657608347},{"$f":"params!$C$15*P1548*(E1548-Inputs!$X$26)","v":-27052.684425226253},-69871.08131074041]
["1995-03-06","12:00:00",190,10,9.4,6.1,80,{"$f":"Inputs!$X$37*Inputs!$X$32*(E1549-Inputs!$X$26)","v":-40139.782370028675},{"$f":"Inputs!$X$33*C1549*Inputs!$X$38","v":37068.348832672171},{"$f":"params!$C$15*Inputs!$X$29*(E1549-Inputs!$X$26)","v":-4170.1246499999988},{"$f":"Inputs!$X$40*Inputs!$X$41/8760","v":5342.4657534246571},{"$f":"-Inputs!$X$45*Inputs!$X$33","v":-30000},1175.9507731568485,7.3032931169560531E-3,5.842634493564842E-3,{"$f":"-L1549/(1.202*2465560*MAX(0,(Inputs!$X$49-O1549)))","v":1.9634397062533178},{"$f":"params!$C$15*P1549*(E1549-Inputs!$X$26)","v":-27758.331658355804},-59657.424092287649]
["1995-03-06","13:00:00",164,10,10,7.2,83,{"$f":"Inputs!$X$37*Inputs!$X$32*(E1550-Inputs!$X$26)","v":-38083.284981051875},{"$f":"Inputs!$X$33*C1550*Inputs!$X$38","v":31995.837939780187},{"$f":"params!$C$15*Inputs!$X$29*(E1550-Inputs!$X$26)","v":-3956.474999999999},{"$f":"Inputs!$X$40*Inputs!$X$41/8760","v":5342.4657534246571},{"$f":"-Inputs!$X$45*Inputs!$X$33","v":-30000},1224.2915728566036,7.6071876458255446E-3,6.3139657460352019E-3,{"$f":"-L1550/(1.202*2465560*MAX(0,(Inputs!$X$49-O1550)))","v":2.1609988479850566},{"$f":"params!$C$15*P1550*(E1550-Inputs!$X$26)","v":-28986.095285794963},-63687.551573641991]
["1995-03-06","14:00:00",183,10,10,7.2,83,{"$f":"Inputs!$X$37*Inputs!$X$32*(E1551-Inputs!$X$26)","v":-38083.284981051875},{"$f":"Inputs!$X$33*C1551*Inputs!$X$38","v":35702.672823047404},{"$f":"params!$C$15*Inputs!$X$29*(E1551-Inputs!$X$26)","v":-3956.474999999999},{"$f":"Inputs!$X$40*Inputs!$X$41/8760","v":5342.4657534246571},{"$f":"-Inputs!$X$45*Inputs!$X$33","v":-30000},1224.2915728566036,7.6071876458255446E-3,6.3139657460352019E-3,{"$f":"-L1551/(1.202*2465560*MAX(0,(Inputs!$X$49-O1551)))","v":2.1609988479850566},{"$f":"params!$C$15*P1551*(E1551-Inputs!$X$26)","v":-28986.095285794963},-59980.716690374771]
["1995-03-06","15:00:00",426,9,12.2,10.5,89,{"$f":"Inputs!$X$37*Inputs!$X$32*(E1552-Inputs!$X$26)","v":-30542.794554803604},{"$f":"Inputs!$X$33*C1552*Inputs!$X$38","v":83111.140014307079},{"$f":"params!$C$15*Inputs!$X$29*(E1552-Inputs!$X$26)","v":-3173.0929499999993},{"$f":"Inputs!$X$40*Inputs!$X$41/8760","v":5342.4657534246571},{"$f":"-Inputs!$X$45*Inputs!$X$33","v":-30000},1416.8513363145253,8.8206338116364833E-3,7.85036409235647E-3,{"$f":"-L1552/(1.202*2465560*MAX(0,(Inputs!$X$49-O1552)))","v":3.2157117821436918},{"$f":"params!$C$15*P1552*(E1552-Inputs!$X$26)","v":-34592.875618169302},-9855.1573552411719]
["1995-03-06","16:00:00",341,9,10.5,8.3000000000000007,86,{"$f":"Inputs!$X$37*Inputs!$X$32*(E1553-Inputs!$X$26)","v":-36369.537156904538},{"$f":"Inputs!$X$33*C1553*Inputs!$X$38","v":66527.931326006365},{"$f":"params!$C$15*Inputs!$X$29*(E1553-Inputs!$X$26)","v":-3778.4336249999992},{"$f":"Inputs!$X$40*Inputs!$X$41/8760","v":5342.4657534246571},{"$f":"-Inputs!$X$45*Inputs!$X$33","v":-30000},1265.9037593783532,7.8690179088235224E-3,6.7673554015882289E-3,{"$f":"-L1553/(1.202*2465560*MAX(0,(Inputs!$X$49-O1553)))","v":2.3925730272328742},{"$f":"params!$C$15*P1553*(E1553-Inputs!$X$26)","v":-30648.113981549523},-28925.687684023036]
["1995-03-06","17:00:00",185,9,8.3000000000000007,3.8,73,{"$f":"Inputs!$X$37*Inputs!$X$32*(E1554-Inputs!$X$26)","v":-43910.027583152805},{"$f":"Inputs!$X$33*C1554*Inputs!$X$38","v":36092.865968654485},{"$f":"params!$C$15*Inputs!$X$29*(E1554-Inputs!$X$26)","v":-4561.8156749999989},{"$f":"Inputs!$X$40*Inputs!$X$41/8760","v":5342.4657534246571},{"$f":"-Inputs!$X$45*Inputs!$X$33","v":-30000},1091.6777773743988,6.7742116984131845E-3,4.9451745398416246E-3,{"$f":"-L1554/(1.202*2465560*MAX(0,(Inputs!$X$49-O1554)))","v":1.672331866162019},{"$f":"params!$C$15*P1554*(E1554-Inputs!$X$26)","v":-25863.479571000098},-62899.991107073758]
["1995-03-06","18:00:00",38,9,6.6,3.3,79,{"$f":"Inputs!$X$37*Inputs!$X$32*(E1555-Inputs!$X$26)","v":-49736.77018525375},{"$f":"Inputs!$X$33*C1555*Inputs!$X$38","v":7413.6697665344336},{"$f":"params!$C$15*Inputs!$X$29*(E1555-Inputs!$X$26)","v":-5167.1563499999984},{"$f":"Inputs!$X$40*Inputs!$X$41/8760","v":5342.4657534246571},{"$f":"-Inputs!$X$45*Inputs!$X$33","v":-30000},971.89505506814805,6.0237228004355421E-3,4.7587410123440784E-3,{"$f":"-L1555/(1.202*2465560*MAX(0,(Inputs!$X$49-O1555)))","v":1.6223636910412371},{"$f":"params!$C$15*P1555*(E1555-Inputs!$X$26)","v":-28420.16370635336},-100567.95472164801]
["1995-03-06","19:00:00",0,9,5,2.2000000000000002,82,{"$f":"Inputs!$X$37*Inputs!$X$32*(E1556-Inputs!$X$26)","v":-55220.763222525216},{"$f":"Inputs!$X$33*C1556*Inputs!$X$38","v":0},{"$f":"params!$C$15*Inputs!$X$29*(E1556-Inputs!$X$26)","v":-5736.8887499999983},{"$f":"Inputs!$X$40*Inputs!$X$41/8760","v":5342.4657534246571},{"$f":"-Inputs!$X$45*Inputs!$X$33","v":-30000},869.91328556198641,5.3861748872103517E-3,4.4166634075124885E-3,{"$f":"-L1556/(1.202*2465560*MAX(0,(Inputs!$X$49-O1556)))","v":1.5380419011668405},{"$f":"params!$C$15*P1556*(E1556-Inputs!$X$26)","v":-29913.783737731803},-115528.96995683236]
["1995-03-06","20:00:00",0,9,4.4000000000000004,1.6,82,{"$f":"Inputs!$X$37*Inputs!$X$32*(E1557-Inputs!$X$26)","v":-57277.26061150201},{"$f":"Inputs!$X$33*C1557*Inputs!$X$38","v":0},{"$f":"params!$C$15*Inputs!$X$29*(E1557-Inputs!$X$26)","v":-5950.5383999999976},{"$f":"Inputs!$X$40*Inputs!$X$41/8760","v":5342.4657534246571},{"$f":"-Inputs!$X$45*Inputs!$X$33","v":-30000},834.18129245512239,5.1630993453363316E-3,4.2337414631757921E-3,{"$f":"-L1557/(1.202*2465560*MAX(0,(Inputs!$X$49-O1557)))","v":1.4964512855772578},{"$f":"params!$C$15*P1557*(E1557-Inputs!$X$26)","v":-30188.782613412772},-118074.11587149012]
["1995-03-06","21:00:00",0,10,3.3,1.6,89,{"$f":"Inputs!$X$37*Inputs!$X$32*(E1558-Inputs!$X$26)","v":-61047.505824626147},{"$f":"Inputs!$X$33*C1558*Inputs!$X$38","v":0},{"$f":"params!$C$15*Inputs!$X$29*(E1558-Inputs!$X$26)","v":-6342.2294249999977},{"$f":"Inputs!$X$40*Inputs!$X$41/8760","v":5342.4657534246571},{"$f":"-Inputs!$X$45*Inputs!$X$33","v":-30000},772.02842975916951,4.7754555160627581E-3,4.2501554092958553E-3,{"$f":"-L1558/(1.202*2465560*MAX(0,(Inputs!$X$49-O1558)))","v":1.5000912072755801},{"$f":"params!$C$15*P1558*(E1558-Inputs!$X$26)","v":-32254.206937390034},-124301.47643359151]
["1995-03-06","22:00:00",0,10,2.7,1.1000000000000001,89,{"$f":"Inputs!$X$37*Inputs!$X$32*(E1559-Inputs!$X$26)","v":-63104.003213602955},{"$f":"Inputs!$X$33*C1559*Inputs!$X$38","v":0},{"$f":"params!$C$15*Inputs!$X$29*(E1559-Inputs!$X$26)","v":-6555.8790749999989},{"$f":"Inputs!$X$40*Inputs!$X$41/8760","v":5342.4657534246571},{"$f":"-Inputs!$X$45*Inputs!$X$33","v":-30000},739.88380849706493,4.5751593141558633E-3,4.0718917895987182E-3,{"$f":"-L1559/(1.202*2465560*MAX(0,(Inputs!$X$49-O1559)))","v":1.4614835797102013},{"$f":"params!$C$15*P1559*(E1559-Inputs!$X$26)","v":-32482.663179910563},-126800.07971508885]
["1995-03-06","23:00:00",0,10,3.3,1.6,89,{"$f":"Inputs!$X$37*Inputs!$X$32*(E1560-Inputs!$X$26)","v":-61047.505824626147},{"$f":"Inputs!$X$33*C1560*Inputs!$X$38","v":0},{"$f":"params!$C$15*Inputs!$X$29*(E1560-Inputs!$X$26)","v":-6342.2294249999977},{"$f":"Inputs!$X$40*Inputs!$X$41/8760","v":5342.4657534246571},{"$f":"-Inputs!$X$45*Inputs!$X$33","v":-30000},772.02842975916951,4.7754555160627581E-3,4.2501554092958553E-3,{"$f":"-L1560/(1.202*2465560*MAX(0,(Inputs!$X$49-O1560)))","v":1.5000912072755801},{"$f":"params!$C$15*P1560*(E1560-Inputs!$X$26)","v":-32254.206937390034},-124301.47643359151]
["1995-03-06",1,0,10,2.7,0.5,85,{"$f":"Inputs!$X$37*Inputs!$X$32*(E1561-Inputs!$X$26)","v":-63104.003213602955},{"$f":"Inputs!$X$33*C1561*Inputs!$X$38","v":0},{"$f":"params!$C$15*Inputs!$X$29*(E1561-Inputs!$X$26)","v":-6555.8790749999989},{"$f":"Inputs!$X$40*Inputs!$X$41/8760","v":5342.4657534246571},{"$f":"-Inputs!$X$45*Inputs!$X$33","v":-30000},739.88380849706493,4.5751593141558633E-3,3.888885417032484E-3,{"$f":"-L1561/(1.202*2465560*MAX(0,(Inputs!$X$49-O1561)))","v":1.4238628596562848},{"$f":"params!$C$15*P1561*(E1561-Inputs!$X$26)","v":-31646.512028394111},-125963.92856357239]
["1995-03-07","01:00:00",0,10,2.8,0.8,87,{"$f":"Inputs!$X$37*Inputs!$X$32*(E1562-Inputs!$X$26)","v":-62761.253648773483},{"$f":"Inputs!$X$33*C1562*Inputs!$X$38","v":0},{"$f":"params!$C$15*Inputs!$X$29*(E1562-Inputs!$X$26)","v":-6520.2707999999984},{"$f":"Inputs!$X$40*Inputs!$X$41/8760","v":5342.4657534246571},{"$f":"-Inputs!$X$45*Inputs!$X$33","v":-30000},745.15756711705887,4.6080118280633067E-3,4.0089702904150771E-3,{"$f":"-L1562/(1.202*2465560*MAX(0,(Inputs!$X$49-O1562)))","v":1.4483265371744767},{"$f":"params!$C$15*P1562*(E1562-Inputs!$X$26)","v":-32015.395830236663},-125954.45452558549]
["1995-03-07","02:00:00",0,10,3.3,1.3,87,{"$f":"Inputs!$X$37*Inputs!$X$32*(E1563-Inputs!$X$26)","v":-61047.505824626147},{"$f":"Inputs!$X$33*C1563*Inputs!$X$38","v":0},{"$f":"params!$C$15*Inputs!$X$29*(E1563-Inputs!$X$26)","v":-6342.2294249999977},{"$f":"Inputs!$X$40*Inputs!$X$41/8760","v":5342.4657534246571},{"$f":"-Inputs!$X$45*Inputs!$X$33","v":-30000},772.02842975916951,4.7754555160627581E-3,4.1546462989746E-3,{"$f":"-L1563/(1.202*2465560*MAX(0,(Inputs!$X$49-O1563)))","v":1.4791560965832118},{"$f":"params!$C$15*P1563*(E1563-Inputs!$X$26)","v":-31804.070712836612},-123851.34020903808]
["1995-03-07","03:00:00",0,10,3.9,2.1,88,{"$f":"Inputs!$X$37*Inputs!$X$32*(E1564-Inputs!$X$26)","v":-58991.008435649353},{"$f":"Inputs!$X$33*C1564*Inputs!$X$38","v":0},{"$f":"params!$C$15*Inputs!$X$29*(E1564-Inputs!$X$26)","v":-6128.5797749999992},{"$f":"Inputs!$X$40*Inputs!$X$41/8760","v":5342.4657534246571},{"$f":"-Inputs!$X$45*Inputs!$X$33","v":-30000},805.40210224974328,4.9835455974153575E-3,4.3855201257255146E-3,{"$f":"-L1564/(1.202*2465560*MAX(0,(Inputs!$X$49-O1564)))","v":1.5307983867808992},{"$f":"params!$C$15*P1564*(E1564-Inputs!$X$26)","v":-31805.673309438003},-121582.7957666627]
["1995-03-07","04:00:00",0,10,4.5,2.8,89,{"$f":"Inputs!$X$37*Inputs!$X$32*(E1565-Inputs!$X$26)","v":-56934.511046672553},{"$f":"Inputs!$X$33*C1565*Inputs!$X$38","v":0},{"$f":"params!$C$15*Inputs!$X$29*(E1565-Inputs!$X$26)","v":-5914.930124999999},{"$f":"Inputs!$X$40*Inputs!$X$41/8760","v":5342.4657534246571},{"$f":"-Inputs!$X$45*Inputs!$X$33","v":-30000},840.04498089782919,5.1996955874589017E-3,4.6277290728384225E-3,{"$f":"-L1565/(1.202*2465560*MAX(0,(Inputs!$X$49-O1565)))","v":1.5889994214443284},{"$f":"params!$C$15*P1565*(E1565-Inputs!$X$26)","v":-31863.986683563664},-119370.96210181156]
["1995-03-07","05:00:00",0,10,5.3,3.5,88,{"$f":"Inputs!$X$37*Inputs!$X$32*(E1566-Inputs!$X$26)","v":-54192.514528036809},{"$f":"Inputs!$X$33*C1566*Inputs!$X$38","v":0},{"$f":"params!$C$15*Inputs!$X$29*(E1566-Inputs!$X$26)","v":-5630.0639249999986},{"$f":"Inputs!$X$40*Inputs!$X$41/8760","v":5342.4657534246571},{"$f":"-Inputs!$X$45*Inputs!$X$33","v":-30000},888.28120944064028,5.5009079677324291E-3,4.8407990116045374E-3,{"$f":"-L1566/(1.202*2465560*MAX(0,(Inputs!$X$49-O1566)))","v":1.6439841826743815},{"$f":"params!$C$15*P1566*(E1566-Inputs!$X$26)","v":-31378.899987545406},-115859.01268715756]
["1995-03-07","06:00:00",0,10,6.1,4.4000000000000004,89,{"$f":"Inputs!$X$37*Inputs!$X$32*(E1567-Inputs!$X$26)","v":-51450.518009401079},{"$f":"Inputs!$X$33*C1567*Inputs!$X$38","v":0},{"$f":"params!$C$15*Inputs!$X$29*(E1567-Inputs!$X$26)","v":-5345.1977249999991},{"$f":"Inputs!$X$40*Inputs!$X$41/8760","v":5342.4657534246571},{"$f":"-Inputs!$X$45*Inputs!$X$33","v":-30000},938.94793828269269,5.817609385555097E-3,5.1776723531440361E-3,{"$f":"-L1567/(1.202*2465560*MAX(0,(Inputs!$X$49-O1567)))","v":1.7391312546150273},{"$f":"params!$C$15*P1567*(E1567-Inputs!$X$26)","v":-31515.404758225217},-112968.65473920165]
["1995-03-07","07:00:00",2,10,7.2,6.1,93,{"$f":"Inputs!$X$37*Inputs!$X$32*(E1568-Inputs!$X$26)","v":-47680.27279627695},{"$f":"Inputs!$X$33*C1568*Inputs!$X$38","v":390.19314560707545},{"$f":"params!$C$15*Inputs!$X$29*(E1568-Inputs!$X$26)","v":-4953.506699999999},{"$f":"Inputs!$X$40*Inputs!$X$41/8760","v":5342.4657534246571},{"$f":"-Inputs!$X$45*Inputs!$X$33","v":-30000},1012.7753618292717,6.2796535698688054E-3,5.8400778199779891E-3,{"$f":"-L1568/(1.202*2465560*MAX(0,(Inputs!$X$49-O1568)))","v":1.9624665246286475},{"$f":"params!$C$15*P1568*(E1568-Inputs!$X$26)","v":-32956.551849783638},-109857.67244702886]
["1995-03-07","08:00:00",32,10,8.8000000000000007,7.2,90,{"$f":"Inputs!$X$37*Inputs!$X$32*(E1569-Inputs!$X$26)","v":-42196.279759005469},{"$f":"Inputs!$X$33*C1569*Inputs!$X$38","v":6243.0903297132072},{"$f":"params!$C$15*Inputs!$X$29*(E1569-Inputs!$X$26)","v":-4383.7742999999982},{"$f":"Inputs!$X$40*Inputs!$X$41/8760","v":5342.4657534246571},{"$f":"-Inputs!$X$45*Inputs!$X$33","v":-30000},1129.2996391964346,7.0102987159933764E-3,6.3092688443940389E-3,{"$f":"-L1569/(1.202*2465560*MAX(0,(Inputs!$X$49-O1569)))","v":2.1588342159456482},{"$f":"params!$C$15*P1569*(E1569-Inputs!$X$26)","v":-32084.422986881225},-97078.920962748816]
["1995-03-07","09:00:00",62,10,10,7.7,86,{"$f":"Inputs!$X$37*Inputs!$X$32*(E1570-Inputs!$X$26)","v":-38083.284981051875},{"$f":"Inputs!$X$33*C1570*Inputs!$X$38","v":12095.98751381934},{"$f":"params!$C$15*Inputs!$X$29*(E1570-Inputs!$X$26)","v":-3956.474999999999},{"$f":"Inputs!$X$40*Inputs!$X$41/8760","v":5342.4657534246571},{"$f":"-Inputs!$X$45*Inputs!$X$33","v":-30000},1224.2915728566036,7.6071876458255446E-3,6.5421813754099681E-3,{"$f":"-L1570/(1.202*2465560*MAX(0,(Inputs!$X$49-O1570)))","v":2.2716725501973212},{"$f":"params!$C$15*P1570*(E1570-Inputs!$X$26)","v":-30470.593290478115},-85071.900004285999]
["1995-03-07","10:00:00",104,10,10,8.3000000000000007,89,{"$f":"Inputs!$X$37*Inputs!$X$32*(E1571-Inputs!$X$26)","v":-38083.284981051875},{"$f":"Inputs!$X$33*C1571*Inputs!$X$38","v":20290.043571567923},{"$f":"params!$C$15*Inputs!$X$29*(E1571-Inputs!$X$26)","v":-3956.474999999999},{"$f":"Inputs!$X$40*Inputs!$X$41/8760","v":5342.4657534246571},{"$f":"-Inputs!$X$45*Inputs!$X$33","v":-30000},1224.2915728566036,7.6071876458255446E-3,6.7703970047847352E-3,{"$f":"-L1571/(1.202*2465560*MAX(0,(Inputs!$X$49-O1571)))","v":2.3942942777134002},{"$f":"params!$C$15*P1571*(E1571-Inputs!$X$26)","v":-32115.353573994205},-78522.60423005349]
["1995-03-07","11:00:00",163,10,11.1,7.7,80,{"$f":"Inputs!$X$37*Inputs!$X$32*(E1572-Inputs!$X$26)","v":-34313.039767927738},{"$f":"Inputs!$X$33*C1572*Inputs!$X$38","v":31800.74136697665},{"$f":"params!$C$15*Inputs!$X$29*(E1572-Inputs!$X$26)","v":-3564.7839749999994},{"$f":"Inputs!$X$40*Inputs!$X$41/8760","v":5342.4657534246571},{"$f":"-Inputs!$X$45*Inputs!$X$33","v":-30000},1317.4782376741875,8.1938348219052388E-3,6.5550678575241909E-3,{"$f":"-L1572/(1.202*2465560*MAX(0,(Inputs!$X$49-O1572)))","v":2.278260986742163},{"$f":"params!$C$15*P1572*(E1572-Inputs!$X$26)","v":-27533.628251760594},-58268.244874287026]
["1995-03-07","12:00:00",187,10,11.6,8.8000000000000007,83,{"$f":"Inputs!$X$37*Inputs!$X$32*(E1573-Inputs!$X$26)","v":-32599.291943780405},{"$f":"Inputs!$X$33*C1573*Inputs!$X$38","v":36483.059114261552},{"$f":"params!$C$15*Inputs!$X$29*(E1573-Inputs!$X$26)","v":-3386.7425999999991},{"$f":"Inputs!$X$40*Inputs!$X$41/8760","v":5342.4657534246571},{"$f":"-Inputs!$X$45*Inputs!$X$33","v":-30000},1361.8604305174304,8.473622919620909E-3,7.0331070232853539E-3,{"$f":"-L1573/(1.202*2465560*MAX(0,(Inputs!$X$49-O1573)))","v":2.552926443255588},{"$f":"params!$C$15*P1573*(E1573-Inputs!$X$26)","v":-29312.121126057307},-53472.6308021515]
["1995-03-07","13:00:00",192,10,12.7,8.8000000000000007,77,{"$f":"Inputs!$X$37*Inputs!$X$32*(E1574-Inputs!$X$26)","v":-28829.046730656268},{"$f":"Inputs!$X$33*C1574*Inputs!$X$38","v":37458.541978279245},{"$f":"params!$C$15*Inputs!$X$29*(E1574-Inputs!$X$26)","v":-2995.0515749999995},{"$f":"Inputs!$X$40*Inputs!$X$41/8760","v":5342.4657534246571},{"$f":"-Inputs!$X$45*Inputs!$X$33","v":-30000},1464.1592348808538,9.1194681912721114E-3,7.0219905072795253E-3,{"$f":"-L1574/(1.202*2465560*MAX(0,(Inputs!$X$49-O1574)))","v":2.5457892372193629},{"$f":"params!$C$15*P1574*(E1574-Inputs!$X$26)","v":-25849.580870268572},-44872.671444220934]
["1995-03-07","14:00:00",180,10,12.7,9.4,80,{"$f":"Inputs!$X$37*Inputs!$X$32*(E1575-Inputs!$X$26)","v":-28829.046730656268},{"$f":"Inputs!$X$33*C1575*Inputs!$X$38","v":35117.383104636792},{"$f":"params!$C$15*Inputs!$X$29*(E1575-Inputs!$X$26)","v":-2995.0515749999995},{"$f":"Inputs!$X$40*Inputs!$X$41/8760","v":5342.4657534246571},{"$f":"-Inputs!$X$45*Inputs!$X$33","v":-30000},1464.1592348808538,9.1194681912721114E-3,7.2955745530176898E-3,{"$f":"-L1575/(1.202*2465560*MAX(0,(Inputs!$X$49-O1575)))","v":2.7338911544400517},{"$f":"params!$C$15*P1575*(E1575-Inputs!$X$26)","v":-27759.540913292269},-49123.790360887084]
["1995-03-07","15:00:00",150,10,12.7,9.4,80,{"$f":"Inputs!$X$37*Inputs!$X$32*(E1576-Inputs!$X$26)","v":-28829.046730656268},{"$f":"Inputs!$X$33*C1576*Inputs!$X$38","v":29264.485920530657},{"$f":"params!$C$15*Inputs!$X$29*(E1576-Inputs!$X$26)","v":-2995.0515749999995},{"$f":"Inputs!$X$40*Inputs!$X$41/8760","v":5342.4657534246571},{"$f":"-Inputs!$X$45*Inputs!$X$33","v":-30000},1464.1592348808538,9.1194681912721114E-3,7.2955745530176898E-3,{"$f":"-L1576/(1.202*2465560*MAX(0,(Inputs!$X$49-O1576)))","v":2.7338911544400517},{"$f":"params!$C$15*P1576*(E1576-Inputs!$X$26)","v":-27759.540913292269},-54976.687544993227]
["1995-03-07","16:00:00",106,10,14.4,11.6,83,{"$f":"Inputs!$X$37*Inputs!$X$32*(E1577-Inputs!$X$26)","v":-23002.30412855533},{"$f":"Inputs!$X$33*C1577*Inputs!$X$38","v":20680.236717175001},{"$f":"params!$C$15*Inputs!$X$29*(E1577-Inputs!$X$26)","v":-2389.7108999999991},{"$f":"Inputs!$X$40*Inputs!$X$41/8760","v":5342.4657534246571},{"$f":"-Inputs!$X$45*Inputs!$X$33","v":-30000},1635.559113509069,1.0204541708471198E-2,8.4697696180310936E-3,{"$f":"-L1577/(1.202*2465560*MAX(0,(Inputs!$X$49-O1577)))","v":4.0034578438007316},{"$f":"params!$C$15*P1577*(E1577-Inputs!$X$26)","v":-32434.512784367627},-61803.825342323296]
["1995-03-07","17:00:00",56,10,13.5,10.4,82,{"$f":"Inputs!$X$37*Inputs!$X$32*(E1578-Inputs!$X$26)","v":-26087.050212020531},{"$f":"Inputs!$X$33*C1578*Inputs!$X$38","v":10925.408076998114},{"$f":"params!$C$15*Inputs!$X$29*(E1578-Inputs!$X$26)","v":-2710.1853749999991},{"$f":"Inputs!$X$40*Inputs!$X$41/8760","v":5342.4657534246571},{"$f":"-Inputs!$X$45*Inputs!$X$33","v":-30000},1542.7431973190428,9.6164933988816814E-3,7.8855245870829791E-3,{"$f":"-L1578/(1.202*2465560*MAX(0,(Inputs!$X$49-O1578)))","v":3.2520351504053315},{"$f":"params!$C$15*P1578*(E1578-Inputs!$X$26)","v":-29880.026807396476},-72409.388563994231]
["1995-03-07","18:00:00",24,10,12.2,9.4,83,{"$f":"Inputs!$X$37*Inputs!$X$32*(E1579-Inputs!$X$26)","v":-30542.794554803604},{"$f":"Inputs!$X$33*C1579*Inputs!$X$38","v":4682.3177472849056},{"$f":"params!$C$15*Inputs!$X$29*(E1579-Inputs!$X$26)","v":-3173.0929499999993},{"$f":"Inputs!$X$40*Inputs!$X$41/8760","v":5342.4657534246571},{"$f":"-Inputs!$X$45*Inputs!$X$33","v":-30000},1416.8513363145253,8.8206338116364833E-3,7.3211260636582808E-3,{"$f":"-L1579/(1.202*2465560*MAX(0,(Inputs!$X$49-O1579)))","v":2.7528881603452224},{"$f":"params!$C$15*P1579*(E1579-Inputs!$X$26)","v":-29614.071214451236},-83305.175218545279]
["1995-03-07","19:00:00",0,10,12.2,9.4,83,{"$f":"Inputs!$X$37*Inputs!$X$32*(E1580-Inputs!$X$26)","v":-30542.794554803604},{"$f":"Inputs!$X$33*C1580*Inputs!$X$38","v":0},{"$f":"params!$C$15*Inputs!$X$29*(E1580-Inputs!$X$26)","v":-3173.0929499999993},{"$f":"Inputs!$X$40*Inputs!$X$41/8760","v":5342.4657534246571},{"$f":"-Inputs!$X$45*Inputs!$X$33","v":-30000},1416.8513363145253,8.8206338116364833E-3,7.3211260636582808E-3,{"$f":"-L1580/(1.202*2465560*MAX(0,(Inputs!$X$49-O1580)))","v":2.7528881603452224},{"$f":"params!$C$15*P1580*(E1580-Inputs!$X$26)","v":-29614.071214451236},-87987.492965830184]
["1995-03-07","20:00:00",0,10,12.7,9.6999999999999993,82,{"$f":"Inputs!$X$37*Inputs!$X$32*(E1581-Inputs!$X$26)","v":-28829.046730656268},{"$f":"Inputs!$X$33*C1581*Inputs!$X$38","v":0},{"$f":"params!$C$15*Inputs!$X$29*(E1581-Inputs!$X$26)","v":-2995.0515749999995},{"$f":"Inputs!$X$40*Inputs!$X$41/8760","v":5342.4657534246571},{"$f":"-Inputs!$X$45*Inputs!$X$33","v":-30000},1464.1592348808538,9.1194681912721114E-3,7.4779639168431307E-3,{"$f":"-L1581/(1.202*2465560*MAX(0,(Inputs!$X$49-O1581)))","v":2.8755351598140138},{"$f":"params!$C$15*P1581*(E1581-Inputs!$X$26)","v":-29197.773944594657},-85679.406496826268]
["1995-03-07","21:00:00",0,10,13.3,10,80,{"$f":"Inputs!$X$37*Inputs!$X$32*(E1582-Inputs!$X$26)","v":-26772.549341679463},{"$f":"Inputs!$X$33*C1582*Inputs!$X$38","v":0},{"$f":"params!$C$15*Inputs!$X$29*(E1582-Inputs!$X$26)","v":-2781.4019249999988},{"$f":"Inputs!$X$40*Inputs!$X$41/8760","v":5342.4657534246571},{"$f":"-Inputs!$X$45*Inputs!$X$33","v":-30000},1522.7575650660701,9.4900147252429956E-3,7.5920117801943961E-3,{"$f":"-L1582/(1.202*2465560*MAX(0,(Inputs!$X$49-O1582)))","v":2.9718129457355227},{"$f":"params!$C$15*P1582*(E1582-Inputs!$X$26)","v":-28022.828919029074},-82234.314432283878]
["1995-03-07","22:00:00",0,10,14.2,10.8,80,{"$f":"Inputs!$X$37*Inputs!$X$32*(E1583-Inputs!$X$26)","v":-23687.803258214266},{"$f":"Inputs!$X$33*C1583*Inputs!$X$38","v":0},{"$f":"params!$C$15*Inputs!$X$29*(E1583-Inputs!$X$26)","v":-2460.9274499999997},{"$f":"Inputs!$X$40*Inputs!$X$41/8760","v":5342.4657534246571},{"$f":"-Inputs!$X$45*Inputs!$X$33","v":-30000},1614.5200350918774,1.0071149710440281E-2,8.0569197683522248E-3,{"$f":"-L1583/(1.202*2465560*MAX(0,(Inputs!$X$49-O1583)))","v":3.4415331291389677},{"$f":"params!$C$15*P1583*(E1583-Inputs!$X$26)","v":-28712.930477843609},-79519.19543263322]
["1995-03-07","23:00:00",0,10,15,11.6,80,{"$f":"Inputs!$X$37*Inputs!$X$32*(E1584-Inputs!$X$26)","v":-20945.806739578529},{"$f":"Inputs!$X$33*C1584*Inputs!$X$38","v":0},{"$f":"params!$C$15*Inputs!$X$29*(E1584-Inputs!$X$26)","v":-2176.0612499999993},{"$f":"Inputs!$X$40*Inputs!$X$41/8760","v":5342.4657534246571},{"$f":"-Inputs!$X$45*Inputs!$X$33","v":-30000},1700.1281023555496,1.0614273895273205E-2,8.4914191162185643E-3,{"$f":"-L1584/(1.202*2465560*MAX(0,(Inputs!$X$49-O1584)))","v":4.0380320039525364},{"$f":"params!$C$15*P1584*(E1584-Inputs!$X$26)","v":-29789.802663956325},-77569.204900110199]
["1995-03-07",1,0,10,15,11.6,80,{"$f":"Inputs!$X$37*Inputs!$X$32*(E1585-Inputs!$X$26)","v":-20945.806739578529},{"$f":"Inputs!$X$33*C1585*Inputs!$X$38","v":0},{"$f":"params!$C$15*Inputs!$X$29*(E1585-Inputs!$X$26)","v":-2176.0612499999993},{"$f":"Inputs!$X$40*Inputs!$X$41/8760","v":5342.4657534246571},{"$f":"-Inputs!$X$45*Inputs!$X$33","v":-30000},1700.1281023555496,1.0614273895273205E-2,8.4914191162185643E-3,{"$f":"-L1585/(1.202*2465560*MAX(0,(Inputs!$X$49-O1585)))","v":4.0380320039525364},{"$f":"params!$C$15*P1585*(E1585-Inputs!$X$26)","v":-29789.802663956325},-77569.204900110199]
["1995-03-08","01:00:00",0,10,14.6,11.2,80,{"$f":"Inputs!$X$37*Inputs!$X$32*(E1586-Inputs!$X$26)","v":-22316.804998896398},{"$f":"Inputs!$X$33*C1586*Inputs!$X$38","v":0},{"$f":"params!$C$15*Inputs!$X$29*(E1586-Inputs!$X$26)","v":-2318.4943499999995},{"$f":"Inputs!$X$40*Inputs!$X$41/8760","v":5342.4657534246571},{"$f":"-Inputs!$X$45*Inputs!$X$33","v":-30000},1656.8385939850064,1.0339515188694973E-2,8.271612150955978E-3,{"$f":"-L1586/(1.202*2465560*MAX(0,(Inputs!$X$49-O1586)))","v":3.7125118762793847},{"$f":"params!$C$15*P1586*(E1586-Inputs!$X$26)","v":-29181.032064940355},-78473.865660412092]
["1995-03-08","02:00:00",0,10,14.6,11.1,80,{"$f":"Inputs!$X$37*Inputs!$X$32*(E1587-Inputs!$X$26)","v":-22316.804998896398},{"$f":"Inputs!$X$33*C1587*Inputs!$X$38","v":0},{"$f":"params!$C$15*Inputs!$X$29*(E1587-Inputs!$X$26)","v":-2318.4943499999995},{"$f":"Inputs!$X$40*Inputs!$X$41/8760","v":5342.4657534246571},{"$f":"-Inputs!$X$45*Inputs!$X$33","v":-30000},1656.8385939850064,1.0339515188694973E-2,8.271612150955978E-3,{"$f":"-L1587/(1.202*2465560*MAX(0,(Inputs!$X$49-O1587)))","v":3.7125118762793847},{"$f":"params!$C$15*P1587*(E1587-Inputs!$X$26)","v":-29181.032064940355},-78473.865660412092]
["1995-03-08","03:00:00",0,10,14.7,11.3,80,{"$f":"Inputs!$X$37*Inputs!$X$32*(E1588-Inputs!$X$26)","v":-21974.055434066933},{"$f":"Inputs!$X$33*C1588*Inputs!$X$38","v":0},{"$f":"params!$C$15*Inputs!$X$29*(E1588-Inputs!$X$26)","v":-2282.8860749999994},{"$f":"Inputs!$X$40*Inputs!$X$41/8760","v":5342.4657534246571},{"$f":"-Inputs!$X$45*Inputs!$X$33","v":-30000},1667.5692126595177,1.0407600223040488E-2,8.3260801784323917E-3,{"$f":"-L1588/(1.202*2465560*MAX(0,(Inputs!$X$49-O1588)))","v":3.7881846100149561},{"$f":"params!$C$15*P1588*(E1588-Inputs!$X$26)","v":-29318.525762843776},-78233.001518486039]
["1995-03-08","04:00:00",0,10,14.9,11.3,79,{"$f":"Inputs!$X$37*Inputs!$X$32*(E1589-Inputs!$X$26)","v":-21288.556304407994},{"$f":"Inputs!$X$33*C1589*Inputs!$X$38","v":0},{"$f":"params!$C$15*Inputs!$X$29*(E1589-Inputs!$X$26)","v":-2211.6695249999993},{"$f":"Inputs!$X$40*Inputs!$X$41/8760","v":5342.4657534246571},{"$f":"-Inputs!$X$45*Inputs!$X$33","v":-30000},1689.2136720988603,1.0544977447303311E-2,8.3305321833696162E-3,{"$f":"-L1589/(1.202*2465560*MAX(0,(Inputs!$X$49-O1589)))","v":3.794506411472105},{"$f":"params!$C$15*P1589*(E1589-Inputs!$X$26)","v":-28451.310744564664},-76609.070820548004]
["1995-03-08","05:00:00",0,10,15.2,11.4,78,{"$f":"Inputs!$X$37*Inputs!$X$32*(E1590-Inputs!$X$26)","v":-20260.307609919597},{"$f":"Inputs!$X$33*C1590*Inputs!$X$38","v":0},{"$f":"params!$C$15*Inputs!$X$29*(E1590-Inputs!$X$26)","v":-2104.8446999999996},{"$f":"Inputs!$X$40*Inputs!$X$41/8760","v":5342.4657534246571},{"$f":"-Inputs!$X$45*Inputs!$X$33","v":-30000},1722.1428462226663,1.0754093186702849E-2,8.3881926856282218E-3,{"$f":"-L1590/(1.202*2465560*MAX(0,(Inputs!$X$49-O1590)))","v":3.8783321722228785},{"$f":"params!$C$15*P1590*(E1590-Inputs!$X$26)","v":-27675.266736667116},-74697.953293162049]
["1995-03-08","06:00:00",0,10,15.5,11.6,78,{"$f":"Inputs!$X$37*Inputs!$X$32*(E1591-Inputs!$X$26)","v":-19232.058915431197},{"$f":"Inputs!$X$33*C1591*Inputs!$X$38","v":0},{"$f":"params!$C$15*Inputs!$X$29*(E1591-Inputs!$X$26)","v":-1998.0198749999995},{"$f":"Inputs!$X$40*Inputs!$X$41/8760","v":5342.4657534246571},{"$f":"-Inputs!$X$45*Inputs!$X$33","v":-30000},1755.6341516132111,1.0966920601695053E-2,8.5541980693221407E-3,{"$f":"-L1591/(1.202*2465560*MAX(0,(Inputs!$X$49-O1591)))","v":4.1417530321466804},{"$f":"params!$C$15*P1591*(E1591-Inputs!$X$26)","v":-28055.031272573979},-73942.644309580515]
["1995-03-08","07:00:00",3,10,8.8000000000000007,6.1,83,{"$f":"Inputs!$X$37*Inputs!$X$32*(E1592-Inputs!$X$26)","v":-42196.279759005469},{"$f":"Inputs!$X$33*C1592*Inputs!$X$38","v":585.2897184106132},{"$f":"params!$C$15*Inputs!$X$29*(E1592-Inputs!$X$26)","v":-4383.7742999999982},{"$f":"Inputs!$X$40*Inputs!$X$41/8760","v":5342.4657534246571},{"$f":"-Inputs!$X$45*Inputs!$X$33","v":-30000},1129.2996391964346,7.0102987159933764E-3,5.8185479342745027E-3,{"$f":"-L1592/(1.202*2465560*MAX(0,(Inputs!$X$49-O1592)))","v":1.9543094188267556},{"$f":"params!$C$15*P1592*(E1592-Inputs!$X$26)","v":-29044.79166475388},-99697.090251924077]
["1995-03-08","08:00:00",34,10,3.8,2.2000000000000002,89,{"$f":"Inputs!$X$37*Inputs!$X$32*(E1593-Inputs!$X$26)","v":-59333.758000478818},{"$f":"Inputs!$X$33*C1593*Inputs!$X$38","v":6633.2834753202833},{"$f":"params!$C$15*Inputs!$X$29*(E1593-Inputs!$X$26)","v":-6164.1880499999979},{"$f":"Inputs!$X$40*Inputs!$X$41/8760","v":5342.4657534246571},{"$f":"-Inputs!$X$45*Inputs!$X$33","v":-30000},799.75278170517424,4.9483114832316053E-3,4.4039972200761281E-3,{"$f":"-L1593/(1.202*2465560*MAX(0,(Inputs!$X$49-O1593)))","v":1.5350876593128722},{"$f":"params!$C$15*P1593*(E1593-Inputs!$X$26)","v":-32080.107422333691},-115602.30424406756]
["1995-03-08","09:00:00",63,10,2.7,1.6,92,{"$f":"Inputs!$X$37*Inputs!$X$32*(E1594-Inputs!$X$26)","v":-63104.003213602955},{"$f":"Inputs!$X$33*C1594*Inputs!$X$38","v":12291.084086622877},{"$f":"params!$C$15*Inputs!$X$29*(E1594-Inputs!$X$26)","v":-6555.8790749999989},{"$f":"Inputs!$X$40*Inputs!$X$41/8760","v":5342.4657534246571},{"$f":"-Inputs!$X$45*Inputs!$X$33","v":-30000},739.88380849706493,4.5751593141558633E-3,4.2091465690233939E-3,{"$f":"-L1594/(1.202*2465560*MAX(0,(Inputs!$X$49-O1594)))","v":1.4910301190702344},{"$f":"params!$C$15*P1594*(E1594-Inputs!$X$26)","v":-33139.359087745695},-115165.69153630111]
["1995-03-08","10:00:00",104,10,2.2000000000000002,1.6,96,{"$f":"Inputs!$X$37*Inputs!$X$32*(E1595-Inputs!$X$26)","v":-64817.751037750291},{"$f":"Inputs!$X$33*C1595*Inputs!$X$38","v":20290.043571567923},{"$f":"params!$C$15*Inputs!$X$29*(E1595-Inputs!$X$26)","v":-6733.9204499999987},{"$f":"Inputs!$X$40*Inputs!$X$41/8760","v":5342.4657534246571},{"$f":"-Inputs!$X$45*Inputs!$X$33","v":-30000},714.00723647805364,4.4140129099852635E-3,4.2374523935858532E-3,{"$f":"-L1595/(1.202*2465560*MAX(0,(Inputs!$X$49-O1595)))","v":1.4972726673839656},{"$f":"params!$C$15*P1595*(E1595-Inputs!$X$26)","v":-34181.855392851947},-110101.01755560967]
["1995-03-08","11:00:00",137,10,1.6,0.5,92,{"$f":"Inputs!$X$37*Inputs!$X$32*(E1596-Inputs!$X$26)","v":-66874.248426727077},{"$f":"Inputs!$X$33*C1596*Inputs!$X$38","v":26728.230474084674},{"$f":"params!$C$15*Inputs!$X$29*(E1596-Inputs!$X$26)","v":-6947.5700999999981},{"$f":"Inputs!$X$40*Inputs!$X$41/8760","v":5342.4657534246571},{"$f":"-Inputs!$X$45*Inputs!$X$33","v":-30000},684.01504143025329,4.2273401402413606E-3,3.8891529290220519E-3,{"$f":"-L1596/(1.202*2465560*MAX(0,(Inputs!$X$49-O1596)))","v":1.4239164386688785},{"$f":"params!$C$15*P1596*(E1596-Inputs!$X$26)","v":-33538.543290277659},-105289.66558949539]
["1995-03-08","12:00:00",157,10,1.6,0.5,92,{"$f":"Inputs!$X$37*Inputs!$X$32*(E1597-Inputs!$X$26)","v":-66874.248426727077},{"$f":"Inputs!$X$33*C1597*Inputs!$X$38","v":30630.161930155424},{"$f":"params!$C$15*Inputs!$X$29*(E1597-Inputs!$X$26)","v":-6947.5700999999981},{"$f":"Inputs!$X$40*Inputs!$X$41/8760","v":5342.4657534246571},{"$f":"-Inputs!$X$45*Inputs!$X$33","v":-30000},684.01504143025329,4.2273401402413606E-3,3.8891529290220519E-3,{"$f":"-L1597/(1.202*2465560*MAX(0,(Inputs!$X$49-O1597)))","v":1.4239164386688785},{"$f":"params!$C$15*P1597*(E1597-Inputs!$X$26)","v":-33538.543290277659},-101387.73413342464]
["1995-03-08","13:00:00",162,10,1.6,0,89,{"$f":"Inputs!$X$37*Inputs!$X$32*(E1598-Inputs!$X$26)","v":-66874.248426727077},{"$f":"Inputs!$X$33*C1598*Inputs!$X$38","v":31605.644794173109},{"$f":"params!$C$15*Inputs!$X$29*(E1598-Inputs!$X$26)","v":-6947.5700999999981},{"$f":"Inputs!$X$40*Inputs!$X$41/8760","v":5342.4657534246571},{"$f":"-Inputs!$X$45*Inputs!$X$33","v":-30000},684.01504143025329,4.2273401402413606E-3,3.7623327248148108E-3,{"$f":"-L1598/(1.202*2465560*MAX(0,(Inputs!$X$49-O1598)))","v":1.3989603146422582},{"$f":"params!$C$15*P1598*(E1598-Inputs!$X$26)","v":-32950.733483961507},-99824.441463090814]
["1995-03-08","14:00:00",151,10,1.4,-0.7,85,{"$f":"Inputs!$X$37*Inputs!$X$32*(E1599-Inputs!$X$26)","v":-67559.747556386021},{"$f":"Inputs!$X$33*C1599*Inputs!$X$38","v":29459.582493334197},{"$f":"params!$C$15*Inputs!$X$29*(E1599-Inputs!$X$26)","v":-7018.7866499999991},{"$f":"Inputs!$X$40*Inputs!$X$41/8760","v":5342.4657534246571},{"$f":"-Inputs!$X$45*Inputs!$X$33","v":-30000},674.26854059671382,4.166701431767522E-3,3.5416962170023935E-3,{"$f":"-L1599/(1.202*2465560*MAX(0,(Inputs!$X$49-O1599)))","v":1.3575658321756237},{"$f":"params!$C$15*P1599*(E1599-Inputs!$X$26)","v":-32303.508556260869},-102079.99451588804]
["1995-03-08","15:00:00",151,10,1,-1.4,83,{"$f":"Inputs!$X$37*Inputs!$X$32*(E1600-Inputs!$X$26)","v":-68930.745815703893},{"$f":"Inputs!$X$33*C1600*Inputs!$X$38","v":29459.582493334197},{"$f":"params!$C$15*Inputs!$X$29*(E1600-Inputs!$X$26)","v":-7161.2197499999984},{"$f":"Inputs!$X$40*Inputs!$X$41/8760","v":5342.4657534246571},{"$f":"-Inputs!$X$45*Inputs!$X$33","v":-30000},655.14373774848059,4.0477489204243187E-3,3.3596316039521843E-3,{"$f":"-L1600/(1.202*2465560*MAX(0,(Inputs!$X$49-O1600)))","v":1.3252087374284822},{"$f":"params!$C$15*P1600*(E1600-Inputs!$X$26)","v":-32173.480544980615},-103463.39786392565]
["1995-03-08","16:00:00",107,10,0,-2.2999999999999998,83,{"$f":"Inputs!$X$37*Inputs!$X$32*(E1601-Inputs!$X$26)","v":-72358.241463998565},{"$f":"Inputs!$X$33*C1601*Inputs!$X$38","v":20875.333289978538},{"$f":"params!$C$15*Inputs!$X$29*(E1601-Inputs!$X$26)","v":-7517.302499999998},{"$f":"Inputs!$X$40*Inputs!$X$41/8760","v":5342.4657534246571},{"$f":"-Inputs!$X$45*Inputs!$X$33","v":-30000},609.41773586642103,3.7635253138895938E-3,3.1237260105283628E-3,{"$f":"-L1601/(1.202*2465560*MAX(0,(Inputs!$X$49-O1601)))","v":1.2855082192473855},{"$f":"params!$C$15*P1601*(E1601-Inputs!$X$26)","v":-32761.489512217671},-116419.23443281304]
["1995-03-08","17:00:00",59,10,-1.2,-2.2999999999999998,91,{"$f":"Inputs!$X$37*Inputs!$X$32*(E1602-Inputs!$X$26)","v":-76471.236241952152},{"$f":"Inputs!$X$33*C1602*Inputs!$X$38","v":11510.697795408727},{"$f":"params!$C$15*Inputs!$X$29*(E1602-Inputs!$X$26)","v":-7944.6017999999976},{"$f":"Inputs!$X$40*Inputs!$X$41/8760","v":5342.4657534246571},{"$f":"-Inputs!$X$45*Inputs!$X$33","v":-30000},558.29660553202416,3.4460720755093411E-3,3.1359255887135002E-3,{"$f":"-L1602/(1.202*2465560*MAX(0,(Inputs!$X$49-O1602)))","v":1.287502869087729},{"$f":"params!$C$15*P1602*(E1602-Inputs!$X$26)","v":-34677.445203105315},-132240.11969622408]
["1995-03-08","18:00:00",18,10,-2.8,-3.9,91,{"$f":"Inputs!$X$37*Inputs!$X$32*(E1603-Inputs!$X$26)","v":-81955.22927922364},{"$f":"Inputs!$X$33*C1603*Inputs!$X$38","v":3511.7383104636792},{"$f":"params!$C$15*Inputs!$X$29*(E1603-Inputs!$X$26)","v":-8514.3341999999975},{"$f":"Inputs!$X$40*Inputs!$X$41/8760","v":5342.4657534246571},{"$f":"-Inputs!$X$45*Inputs!$X$33","v":-30000},{"$f":"EXP(77.345+0.0057*(E1603+273.15)-7235/(E1603+273.15))/(E1603+273.15)^8.2","v":496.06494903212268},{"$f":"0.62198*M1603/(101325-M1603)","v":3.060058869440949E-3},{"$f":"N1603*G1603/100","v":2.7846535711912633E-3},{"$f":"-L1603/(1.202*2465560*MAX(0,(Inputs!$X$49-O1603)))","v":1.2324403036958465},{"$f":"params!$C$15*P1603*(E1603-Inputs!$X$26)","v":-35574.871454164066},{"$f":"H1603+I1603+J1603+K1603+L1603+Q1603","v":-147190.23086949938}]
["1995-03-08","19:00:00",0,10,-3.4,-4.5,91,{"$f":"Inputs!$X$37*Inputs!$X$32*(E1604-Inputs!$X$26)","v":-84011.726668200427},{"$f":"Inputs!$X$33*C1604*Inputs!$X$38","v":0},{"$f":"params!$C$15*Inputs!$X$29*(E1604-Inputs!$X$26)","v":-8727.9838499999969},{"$f":"Inputs!$X$40*Inputs!$X$41/8760","v":5342.4657534246571},{"$f":"-Inputs!$X$45*Inputs!$X$33","v":-30000},474.36656633458665,2.925579214362132E-3,2.6622770850695397E-3,{"$f":"-L1604/(1.202*2465560*MAX(0,(Inputs!$X$49-O1604)))","v":1.2143475093731226},{"$f":"params!$C$15*P1604*(E1604-Inputs!$X$26)","v":-35932.188943537636},-153329.43370831339]
["1995-03-08","20:00:00",0,10,-3.9,-5,91,{"$f":"Inputs!$X$37*Inputs!$X$32*(E1605-Inputs!$X$26)","v":-85725.474492347756},{"$f":"Inputs!$X$33*C1605*Inputs!$X$38","v":0},{"$f":"params!$C$15*Inputs!$X$29*(E1605-Inputs!$X$26)","v":-8906.0252249999976},{"$f":"Inputs!$X$40*Inputs!$X$41/8760","v":5342.4657534246571},{"$f":"-Inputs!$X$45*Inputs!$X$33","v":-30000},456.93292986618587,2.8175730136730305E-3,2.5639914424424575E-3,{"$f":"-L1605/(1.202*2465560*MAX(0,(Inputs!$X$49-O1605)))","v":1.2001966032487492},{"$f":"params!$C$15*P1605*(E1605-Inputs!$X$26)","v":-36237.903860474566},-155526.93782439767]
["1995-03-08","21:00:00",0,10,-3.9,-5.6,86,{"$f":"Inputs!$X$37*Inputs!$X$32*(E1606-Inputs!$X$26)","v":-85725.474492347756},{"$f":"Inputs!$X$33*C1606*Inputs!$X$38","v":0},{"$f":"params!$C$15*Inputs!$X$29*(E1606-Inputs!$X$26)","v":-8906.0252249999976},{"$f":"Inputs!$X$40*Inputs!$X$41/8760","v":5342.4657534246571},{"$f":"-Inputs!$X$45*Inputs!$X$33","v":-30000},456.93292986618587,2.8175730136730305E-3,2.4231127917588059E-3,{"$f":"-L1606/(1.202*2465560*MAX(0,(Inputs!$X$49-O1606)))","v":1.1804789773463897},{"$f":"params!$C$15*P1606*(E1606-Inputs!$X$26)","v":-35642.563538836934},-154931.59750276004]
["1995-03-08","22:00:00",0,10,-4.5,-6.2,86,{"$f":"Inputs!$X$37*Inputs!$X$32*(E1607-Inputs!$X$26)","v":-87781.971881324571},{"$f":"Inputs!$X$33*C1607*Inputs!$X$38","v":0},{"$f":"params!$C$15*Inputs!$X$29*(E1607-Inputs!$X$26)","v":-9119.674874999997},{"$f":"Inputs!$X$40*Inputs!$X$41/8760","v":5342.4657534246571},{"$f":"-Inputs!$X$45*Inputs!$X$33","v":-30000},436.76562658229682,2.6926775565936012E-3,2.3157026986704971E-3,{"$f":"-L1607/(1.202*2465560*MAX(0,(Inputs!$X$49-O1607)))","v":1.165875565303091},{"$f":"params!$C$15*P1607*(E1607-Inputs!$X$26)","v":-36046.102244087124},-157605.28324698703]
["1995-03-08","23:00:00",0,10,-5.6,-9.5,71,{"$f":"Inputs!$X$37*Inputs!$X$32*(E1608-Inputs!$X$26)","v":-91552.217094448701},{"$f":"Inputs!$X$33*C1608*Inputs!$X$38","v":0},{"$f":"params!$C$15*Inputs!$X$29*(E1608-Inputs!$X$26)","v":-9511.3658999999971},{"$f":"Inputs!$X$40*Inputs!$X$41/8760","v":5342.4657534246571},{"$f":"-Inputs!$X$45*Inputs!$X$33","v":-30000},401.83740258497369,2.4764862815169408E-3,1.758305259877028E-3,{"$f":"-L1608/(1.202*2465560*MAX(0,(Inputs!$X$49-O1608)))","v":1.0955446848972938},{"$f":"params!$C$15*P1608*(E1608-Inputs!$X$26)","v":-35326.429083826624},-161047.54632485067]
["1995-03-08",1,0,10,-5.6,-9.5,71,{"$f":"Inputs!$X$37*Inputs!$X$32*(E1609-Inputs!$X$26)","v":-91552.217094448701},{"$f":"Inputs!$X$33*C1609*Inputs!$X$38","v":0},{"$f":"params!$C$15*Inputs!$X$29*(E1609-Inputs!$X$26)","v":-9511.3658999999971},{"$f":"Inputs!$X$40*Inputs!$X$41/8760","v":5342.4657534246571},{"$f":"-Inputs!$X$45*Inputs!$X$33","v":-30000},401.83740258497369,2.4764862815169408E-3,1.758305259877028E-3,{"$f":"-L1609/(1.202*2465560*MAX(0,(Inputs!$X$49-O1609)))","v":1.0955446848972938},{"$f":"params!$C$15*P1609*(E1609-Inputs!$X$26)","v":-35326.429083826624},-161047.54632485067]
["1995-03-09","01:00:00",0,10,-6.2,-9.9,72,{"$f":"Inputs!$X$37*Inputs!$X$32*(E1610-Inputs!$X$26)","v":-93608.714483425501},{"$f":"Inputs!$X$33*C1610*Inputs!$X$38","v":0},{"$f":"params!$C$15*Inputs!$X$29*(E1610-Inputs!$X$26)","v":-9725.0155499999983},{"$f":"Inputs!$X$40*Inputs!$X$41/8760","v":5342.4657534246571},{"$f":"-Inputs!$X$45*Inputs!$X$33","v":-30000},383.85239183936244,2.365224849662249E-3,1.7029618917568192E-3,{"$f":"-L1610/(1.202*2465560*MAX(0,(Inputs!$X$49-O1610)))","v":1.0890219294505483},{"$f":"params!$C$15*P1610*(E1610-Inputs!$X$26)","v":-35904.896889387659},-163896.16116938851]
["1995-03-09","02:00:00",0,9,-6.4,-9.9,74,{"$f":"Inputs!$X$37*Inputs!$X$32*(E1611-Inputs!$X$26)","v":-94294.213613084445},{"$f":"Inputs!$X$33*C1611*Inputs!$X$38","v":0},{"$f":"params!$C$15*Inputs!$X$29*(E1611-Inputs!$X$26)","v":-9796.2320999999993},{"$f":"Inputs!$X$40*Inputs!$X$41/8760","v":5342.4657534246571},{"$f":"-Inputs!$X$45*Inputs!$X$33","v":-30000},378.0185873995535,2.3291434543225085E-3,1.7235661561986562E-3,{"$f":"-L1611/(1.202*2465560*MAX(0,(Inputs!$X$49-O1611)))","v":1.0914412470861425},{"$f":"params!$C$15*P1611*(E1611-Inputs!$X$26)","v":-36248.178086983855},-164996.15804664366]
["1995-03-09","03:00:00",0,9,-6.5,-9.6999999999999993,76,{"$f":"Inputs!$X$37*Inputs!$X$32*(E1612-Inputs!$X$26)","v":-94636.963177913902},{"$f":"Inputs!$X$33*C1612*Inputs!$X$38","v":0},{"$f":"params!$C$15*Inputs!$X$29*(E1612-Inputs!$X$26)","v":-9831.8403749999979},{"$f":"Inputs!$X$40*Inputs!$X$41/8760","v":5342.4657534246571},{"$f":"-Inputs!$X$45*Inputs!$X$33","v":-30000},375.13137843371578,2.3112879486041908E-3,1.756578840939185E-3,{"$f":"-L1612/(1.202*2465560*MAX(0,(Inputs!$X$49-O1612)))","v":1.0953400291075845},{"$f":"params!$C$15*P1612*(E1612-Inputs!$X$26)","v":-36509.890670186694},-165636.22846967593]
["1995-03-09","04:00:00",0,8,-6.6,-9.6999999999999993,76,{"$f":"Inputs!$X$37*Inputs!$X$32*(E1613-Inputs!$X$26)","v":-94979.712742743359},{"$f":"Inputs!$X$33*C1613*Inputs!$X$38","v":0},{"$f":"params!$C$15*Inputs!$X$29*(E1613-Inputs!$X$26)","v":-9867.4486499999966},{"$f":"Inputs!$X$40*Inputs!$X$41/8760","v":5342.4657534246571},{"$f":"-Inputs!$X$45*Inputs!$X$33","v":-30000},372.26380938849712,2.293554913918128E-3,1.7431017345777772E-3,{"$f":"-L1613/(1.202*2465560*MAX(0,(Inputs!$X$49-O1613)))","v":1.0937450298098723},{"$f":"params!$C$15*P1613*(E1613-Inputs!$X$26)","v":-36588.762561763375},-166093.45820108207]
["1995-03-09","05:00:00",0,8,-6.5,-9.5,77,{"$f":"Inputs!$X$37*Inputs!$X$32*(E1614-Inputs!$X$26)","v":-94636.963177913902},{"$f":"Inputs!$X$33*C1614*Inputs!$X$38","v":0},{"$f":"params!$C$15*Inputs!$X$29*(E1614-Inputs!$X$26)","v":-9831.8403749999979},{"$f":"Inputs!$X$40*Inputs!$X$41/8760","v":5342.4657534246571},{"$f":"-Inputs!$X$45*Inputs!$X$33","v":-30000},375.13137843371578,2.3112879486041908E-3,1.779691720425227E-3,{"$f":"-L1614/(1.202*2465560*MAX(0,(Inputs!$X$49-O1614)))","v":1.0980862676820073},{"$f":"params!$C$15*P1614*(E1614-Inputs!$X$26)","v":-36601.428336520425},-165727.76613600968]
["1995-03-09","06:00:00",0,8,-6.4,-9.3000000000000007,78,{"$f":"Inputs!$X$37*Inputs!$X$32*(E1615-Inputs!$X$26)","v":-94294.213613084445},{"$f":"Inputs!$X$33*C1615*Inputs!$X$38","v":0},{"$f":"params!$C$15*Inputs!$X$29*(E1615-Inputs!$X$26)","v":-9796.2320999999993},{"$f":"Inputs!$X$40*Inputs!$X$41/8760","v":5342.4657534246571},{"$f":"-Inputs!$X$45*Inputs!$X$33","v":-30000},378.0185873995535,2.3291434543225085E-3,1.8167318943715567E-3,{"$f":"-L1615/(1.202*2465560*MAX(0,(Inputs!$X$49-O1615)))","v":1.1025161606233449},{"$f":"params!$C$15*P1615*(E1615-Inputs!$X$26)","v":-36615.990316241463},-165363.97027590126]
["1995-03-09","07:00:00",7,9,-8.9,-11.7,78,{"$f":"Inputs!$X$37*Inputs!$X$32*(E1616-Inputs!$X$26)","v":-102862.95273382112},{"$f":"Inputs!$X$33*C1616*Inputs!$X$38","v":1365.6760096247642},{"$f":"params!$C$15*Inputs!$X$29*(E1616-Inputs!$X$26)","v":-10686.438974999997},{"$f":"Inputs!$X$40*Inputs!$X$41/8760","v":5342.4657534246571},{"$f":"-Inputs!$X$45*Inputs!$X$33","v":-30000},311.47070403127867,1.9178475382812515E-3,1.4959210798593762E-3,{"$f":"-L1616/(1.202*2465560*MAX(0,(Inputs!$X$49-O1616)))","v":1.0652939457865698},{"$f":"params!$C$15*P1616*(E1616-Inputs!$X$26)","v":-38594.838078442932},-175436.08802421464]
["1995-03-09","08:00:00",104,9,-8.4,-11.7,75,{"$f":"Inputs!$X$37*Inputs!$X$32*(E1617-Inputs!$X$26)","v":-101149.20490967378},{"$f":"Inputs!$X$33*C1617*Inputs!$X$38","v":20290.043571567923},{"$f":"params!$C$15*Inputs!$X$29*(E1617-Inputs!$X$26)","v":-10508.397599999998},{"$f":"Inputs!$X$40*Inputs!$X$41/8760","v":5342.4657534246571},{"$f":"-Inputs!$X$45*Inputs!$X$33","v":-30000},323.87651490151154,1.9944799402965346E-3,1.4958599552224007E-3,{"$f":"-L1617/(1.202*2465560*MAX(0,(Inputs!$X$49-O1617)))","v":1.0652870932524667},{"$f":"params!$C$15*P1617*(E1617-Inputs!$X$26)","v":-37951.584802435762},-153976.67798711697]
["1995-03-09","09:00:00",248,9,-8.4,-11.7,75,{"$f":"Inputs!$X$37*Inputs!$X$32*(E1618-Inputs!$X$26)","v":-101149.20490967378},{"$f":"Inputs!$X$33*C1618*Inputs!$X$38","v":48383.950055277361},{"$f":"params!$C$15*Inputs!$X$29*(E1618-Inputs!$X$26)","v":-10508.397599999998},{"$f":"Inputs!$X$40*Inputs!$X$41/8760","v":5342.4657534246571},{"$f":"-Inputs!$X$45*Inputs!$X$33","v":-30000},323.87651490151154,1.9944799402965346E-3,1.4958599552224007E-3,{"$f":"-L1618/(1.202*2465560*MAX(0,(Inputs!$X$49-O1618)))","v":1.0652870932524667},{"$f":"params!$C$15*P1618*(E1618-Inputs!$X$26)","v":-37951.584802435762},-125882.77150340751]
["1995-03-09","10:00:00",279,9,-7.3,-12.8,61,{"$f":"Inputs!$X$37*Inputs!$X$32*(E1619-Inputs!$X$26)","v":-97378.959696549646},{"$f":"Inputs!$X$33*C1619*Inputs!$X$38","v":54431.943812187026},{"$f":"params!$C$15*Inputs!$X$29*(E1619-Inputs!$X$26)","v":-10116.706574999998},{"$f":"Inputs!$X$40*Inputs!$X$41/8760","v":5342.4657534246571},{"$f":"-Inputs!$X$45*Inputs!$X$33","v":-30000},352.73107385356553,2.1727913579510532E-3,1.3254027283501424E-3,{"$f":"-L1619/(1.202*2465560*MAX(0,(Inputs!$X$49-O1619)))","v":1.0465144213431663},{"$f":"params!$C$15*P1619*(E1619-Inputs!$X$26)","v":-35893.112952719639},-113614.36965865761]
["1995-03-09","11:00:00",505,9,-6.7,-11.7,64,{"$f":"Inputs!$X$37*Inputs!$X$32*(E1620-Inputs!$X$26)","v":-95322.46230757283},{"$f":"Inputs!$X$33*C1620*Inputs!$X$38","v":98523.769265786555},{"$f":"params!$C$15*Inputs!$X$29*(E1620-Inputs!$X$26)","v":-9903.0569249999971},{"$f":"Inputs!$X$40*Inputs!$X$41/8760","v":5342.4657534246571},{"$f":"-Inputs!$X$45*Inputs!$X$33","v":-30000},369.41576429308179,2.2759436123766601E-3,1.4566039119210624E-3,{"$f":"-L1620/(1.202*2465560*MAX(0,(Inputs!$X$49-O1620)))","v":1.0609043281084989},{"$f":"params!$C$15*P1620*(E1620-Inputs!$X$26)","v":-35618.2231900599},-66977.507403421507]
["1995-03-09","12:00:00",638,9,-5.6,-11.2,61,{"$f":"Inputs!$X$37*Inputs!$X$32*(E1621-Inputs!$X$26)","v":-91552.217094448701},{"$f":"Inputs!$X$33*C1621*Inputs!$X$38","v":124471.61344865708},{"$f":"params!$C$15*Inputs!$X$29*(E1621-Inputs!$X$26)","v":-9511.3658999999971},{"$f":"Inputs!$X$40*Inputs!$X$41/8760","v":5342.4657534246571},{"$f":"-Inputs!$X$45*Inputs!$X$33","v":-30000},401.83740258497369,2.4764862815169408E-3,1.5106566317253339E-3,{"$f":"-L1621/(1.202*2465560*MAX(0,(Inputs!$X$49-O1621)))","v":1.0669484889657235},{"$f":"params!$C$15*P1621*(E1621-Inputs!$X$26)","v":-34404.329326902021},-35653.83311926898]
["1995-03-09","13:00:00",662,9,-4.5,-10.6,59,{"$f":"Inputs!$X$37*Inputs!$X$32*(E1622-Inputs!$X$26)","v":-87781.971881324571},{"$f":"Inputs!$X$33*C1622*Inputs!$X$38","v":129153.93119594199},{"$f":"params!$C$15*Inputs!$X$29*(E1622-Inputs!$X$26)","v":-9119.674874999997},{"$f":"Inputs!$X$40*Inputs!$X$41/8760","v":5342.4657534246571},{"$f":"-Inputs!$X$45*Inputs!$X$33","v":-30000},436.76562658229682,2.6926775565936012E-3,1.5886797583902245E-3,{"$f":"-L1622/(1.202*2465560*MAX(0,(Inputs!$X$49-O1622)))","v":1.07579547423752},{"$f":"params!$C$15*P1622*(E1622-Inputs!$X$26)","v":-33261.0398675014},-25666.289674459324]
["1995-03-09","14:00:00",652,3,-3.9,-12.3,48,{"$f":"Inputs!$X$37*Inputs!$X$32*(E1623-Inputs!$X$26)","v":-85725.474492347756},{"$f":"Inputs!$X$33*C1623*Inputs!$X$38","v":127202.9654679066},{"$f":"params!$C$15*Inputs!$X$29*(E1623-Inputs!$X$26)","v":-8906.0252249999976},{"$f":"Inputs!$X$40*Inputs!$X$41/8760","v":5342.4657534246571},{"$f":"-Inputs!$X$45*Inputs!$X$33","v":-30000},456.93292986618587,2.8175730136730305E-3,1.3524350465630548E-3,{"$f":"-L1623/(1.202*2465560*MAX(0,(Inputs!$X$49-O1623)))","v":1.0494472582610062},{"$f":"params!$C$15*P1623*(E1623-Inputs!$X$26)","v":-31686.282687819796},-23772.35118383629]
["1995-03-09","15:00:00",543,2,-4.5,-12.8,48,{"$f":"Inputs!$X$37*Inputs!$X$32*(E1624-Inputs!$X$26)","v":-87781.971881324571},{"$f":"Inputs!$X$33*C1624*Inputs!$X$38","v":105937.43903232098},{"$f":"params!$C$15*Inputs!$X$29*(E1624-Inputs!$X$26)","v":-9119.674874999997},{"$f":"Inputs!$X$40*Inputs!$X$41/8760","v":5342.4657534246571},{"$f":"-Inputs!$X$45*Inputs!$X$33","v":-30000},436.76562658229682,2.6926775565936012E-3,1.2924852271649285E-3,{"$f":"-L1624/(1.202*2465560*MAX(0,(Inputs!$X$49-O1624)))","v":1.0429651381058973},{"$f":"params!$C$15*P1624*(E1624-Inputs!$X$26)","v":-32246.003882421319},-47867.745853000248]
["1995-03-09","16:00:00",406,3,-3.9,-12.8,46,{"$f":"Inputs!$X$37*Inputs!$X$32*(E1625-Inputs!$X$26)","v":-85725.474492347756},{"$f":"Inputs!$X$33*C1625*Inputs!$X$38","v":79209.208558236322},{"$f":"params!$C$15*Inputs!$X$29*(E1625-Inputs!$X$26)","v":-8906.0252249999976},{"$f":"Inputs!$X$40*Inputs!$X$41/8760","v":5342.4657534246571},{"$f":"-Inputs!$X$45*Inputs!$X$33","v":-30000},456.93292986618587,2.8175730136730305E-3,1.2960835862895939E-3,{"$f":"-L1625/(1.202*2465560*MAX(0,(Inputs!$X$49-O1625)))","v":1.043351953651092},{"$f":"params!$C$15*P1625*(E1625-Inputs!$X$26)","v":-31502.245287733436},-71582.070693420217]
["1995-03-09","17:00:00",234,2,-4.5,-12.8,48,{"$f":"Inputs!$X$37*Inputs!$X$32*(E1626-Inputs!$X$26)","v":-87781.971881324571},{"$f":"Inputs!$X$33*C1626*Inputs!$X$38","v":45652.598036027834},{"$f":"params!$C$15*Inputs!$X$29*(E1626-Inputs!$X$26)","v":-9119.674874999997},{"$f":"Inputs!$X$40*Inputs!$X$41/8760","v":5342.4657534246571},{"$f":"-Inputs!$X$45*Inputs!$X$33","v":-30000},436.76562658229682,2.6926775565936012E-3,1.2924852271649285E-3,{"$f":"-L1626/(1.202*2465560*MAX(0,(Inputs!$X$49-O1626)))","v":1.0429651381058973},{"$f":"params!$C$15*P1626*(E1626-Inputs!$X$26)","v":-32246.003882421319},-108152.58684929341]
["1995-03-09","18:00:00",60,3,-5.6,-14.5,45,{"$f":"Inputs!$X$37*Inputs!$X$32*(E1627-Inputs!$X$26)","v":-91552.217094448701},{"$f":"Inputs!$X$33*C1627*Inputs!$X$38","v":11705.794368212264},{"$f":"params!$C$15*Inputs!$X$29*(E1627-Inputs!$X$26)","v":-9511.3658999999971},{"$f":"Inputs!$X$40*Inputs!$X$41/8760","v":5342.4657534246571},{"$f":"-Inputs!$X$45*Inputs!$X$33","v":-30000},401.83740258497369,2.4764862815169408E-3,1.1144188266826234E-3,{"$f":"-L1627/(1.202*2465560*MAX(0,(Inputs!$X$49-O1627)))","v":1.0241752226777165},{"$f":"params!$C$15*P1627*(E1627-Inputs!$X$26)","v":-33025.082292036837},-147040.40516484861]
["1995-03-09","19:00:00",0,2,-6.7,-14.5,50,{"$f":"Inputs!$X$37*Inputs!$X$32*(E1628-Inputs!$X$26)","v":-95322.46230757283},{"$f":"Inputs!$X$33*C1628*Inputs!$X$38","v":0},{"$f":"params!$C$15*Inputs!$X$29*(E1628-Inputs!$X$26)","v":-9903.0569249999971},{"$f":"Inputs!$X$40*Inputs!$X$41/8760","v":5342.4657534246571},{"$f":"-Inputs!$X$45*Inputs!$X$33","v":-30000},369.41576429308179,2.2759436123766601E-3,1.1379718061883301E-3,{"$f":"-L1628/(1.202*2465560*MAX(0,(Inputs!$X$49-O1628)))","v":1.026621633105762},{"$f":"params!$C$15*P1628*(E1628-Inputs!$X$26)","v":-34467.23468920109},-164350.28816834927]
["1995-03-09","20:00:00",0,3,-6.7,-13.9,53,{"$f":"Inputs!$X$37*Inputs!$X$32*(E1629-Inputs!$X$26)","v":-95322.46230757283},{"$f":"Inputs!$X$33*C1629*Inputs!$X$38","v":0},{"$f":"params!$C$15*Inputs!$X$29*(E1629-Inputs!$X$26)","v":-9903.0569249999971},{"$f":"Inputs!$X$40*Inputs!$X$41/8760","v":5342.4657534246571},{"$f":"-Inputs!$X$45*Inputs!$X$33","v":-30000},369.41576429308179,2.2759436123766601E-3,1.2062501145596299E-3,{"$f":"-L1629/(1.202*2465560*MAX(0,(Inputs!$X$49-O1629)))","v":1.033780101657956},{"$f":"params!$C$15*P1629*(E1629-Inputs!$X$26)","v":-34707.569207437671},-164590.62268658585]
["1995-03-09","21:00:00",0,2,-7.3,-15,50,{"$f":"Inputs!$X$37*Inputs!$X$32*(E1630-Inputs!$X$26)","v":-97378.959696549646},{"$f":"Inputs!$X$33*C1630*Inputs!$X$38","v":0},{"$f":"params!$C$15*Inputs!$X$29*(E1630-Inputs!$X$26)","v":-10116.706574999998},{"$f":"Inputs!$X$40*Inputs!$X$41/8760","v":5342.4657534246571},{"$f":"-Inputs!$X$45*Inputs!$X$33","v":-30000},352.73107385356553,2.1727913579510532E-3,1.0863956789755266E-3,{"$f":"-L1630/(1.202*2465560*MAX(0,(Inputs!$X$49-O1630)))","v":1.021279648818382},{"$f":"params!$C$15*P1630*(E1630-Inputs!$X$26)","v":-35027.616479765391},-167180.81699789039]
["1995-03-09","22:00:00",0,3,-7.8,-14.5,55,{"$f":"Inputs!$X$37*Inputs!$X$32*(E1631-Inputs!$X$26)","v":-99092.707520696975},{"$f":"Inputs!$X$33*C1631*Inputs!$X$38","v":0},{"$f":"params!$C$15*Inputs!$X$29*(E1631-Inputs!$X$26)","v":-10294.747949999997},{"$f":"Inputs!$X$40*Inputs!$X$41/8760","v":5342.4657534246571},{"$f":"-Inputs!$X$45*Inputs!$X$33","v":-30000},339.34324758330234,2.0900464473813641E-3,1.1495255460597501E-3,{"$f":"-L1631/(1.202*2465560*MAX(0,(Inputs!$X$49-O1631)))","v":1.0278259793876403},{"$f":"params!$C$15*P1631*(E1631-Inputs!$X$26)","v":-35872.534597957499},-169917.52431522982]
["1995-03-09","23:00:00",0,2,-8.9,-17.3,47,{"$f":"Inputs!$X$37*Inputs!$X$32*(E1632-Inputs!$X$26)","v":-102862.95273382112},{"$f":"Inputs!$X$33*C1632*Inputs!$X$38","v":0},{"$f":"params!$C$15*Inputs!$X$29*(E1632-Inputs!$X$26)","v":-10686.438974999997},{"$f":"Inputs!$X$40*Inputs!$X$41/8760","v":5342.4657534246571},{"$f":"-Inputs!$X$45*Inputs!$X$33","v":-30000},311.47070403127867,1.9178475382812515E-3,9.0138834299218818E-4,{"$f":"-L1632/(1.202*2465560*MAX(0,(Inputs!$X$49-O1632)))","v":1.0025665535746986},{"$f":"params!$C$15*P1632*(E1632-Inputs!$X$26)","v":-36322.269502346673},-174529.19545774313]
["1995-03-09",1,0,3,-8.9,-16.7,49,{"$f":"Inputs!$X$37*Inputs!$X$32*(E1633-Inputs!$X$26)","v":-102862.95273382112},{"$f":"Inputs!$X$33*C1633*Inputs!$X$38","v":0},{"$f":"params!$C$15*Inputs!$X$29*(E1633-Inputs!$X$26)","v":-10686.438974999997},{"$f":"Inputs!$X$40*Inputs!$X$41/8760","v":5342.4657534246571},{"$f":"-Inputs!$X$45*Inputs!$X$33","v":-30000},311.47070403127867,1.9178475382812515E-3,9.3974529375781329E-4,{"$f":"-L1633/(1.202*2465560*MAX(0,(Inputs!$X$49-O1633)))","v":1.0063897117298759},{"$f":"params!$C$15*P1633*(E1633-Inputs!$X$26)","v":-36460.779789137421},-174667.70574453389]
["1995-03-10","01:00:00",0,3,-10.3,-17,54,{"$f":"Inputs!$X$37*Inputs!$X$32*(E1634-Inputs!$X$26)","v":-107661.44664143365},{"$f":"Inputs!$X$33*C1634*Inputs!$X$38","v":0},{"$f":"params!$C$15*Inputs!$X$29*(E1634-Inputs!$X$26)","v":-11184.954824999997},{"$f":"Inputs!$X$40*Inputs!$X$41/8760","v":5342.4657534246571},{"$f":"-Inputs!$X$45*Inputs!$X$33","v":-30000},278.95642509567188,1.7170916459721495E-3,9.2722948882496077E-4,{"$f":"-L1634/(1.202*2465560*MAX(0,(Inputs!$X$49-O1634)))","v":1.0051390211003022},{"$f":"params!$C$15*P1634*(E1634-Inputs!$X$26)","v":-38114.227505832583},-181618.16321884157]
["1995-03-10","02:00:00",0,2,-11.3,-17,59,{"$f":"Inputs!$X$37*Inputs!$X$32*(E1635-Inputs!$X$26)","v":-111088.94228972832},{"$f":"Inputs!$X$33*C1635*Inputs!$X$38","v":0},{"$f":"params!$C$15*Inputs!$X$29*(E1635-Inputs!$X$26)","v":-11541.037574999997},{"$f":"Inputs!$X$40*Inputs!$X$41/8760","v":5342.4657534246571},{"$f":"-Inputs!$X$45*Inputs!$X$33","v":-30000},257.62199276150301,1.5854346893843774E-3,9.3540646673678275E-4,{"$f":"-L1635/(1.202*2465560*MAX(0,(Inputs!$X$49-O1635)))","v":1.0059557851976144},{"$f":"params!$C$15*P1635*(E1635-Inputs!$X$26)","v":-39359.584202573584},-186647.09831387724]
["1995-03-10","03:00:00",0,2,-12.2,-16.8,66,{"$f":"Inputs!$X$37*Inputs!$X$32*(E1636-Inputs!$X$26)","v":-114173.68837319351},{"$f":"Inputs!$X$33*C1636*Inputs!$X$38","v":0},{"$f":"params!$C$15*Inputs!$X$29*(E1636-Inputs!$X$26)","v":-11861.512049999998},{"$f":"Inputs!$X$40*Inputs!$X$41/8760","v":5342.4657534246571},{"$f":"-Inputs!$X$45*Inputs!$X$33","v":-30000},239.67905491190683,1.4747500149412309E-3,9.7333500986121241E-4,{"$f":"-L1636/(1.202*2465560*MAX(0,(Inputs!$X$49-O1636)))","v":1.0097617323220662},{"$f":"params!$C$15*P1636*(E1636-Inputs!$X$26)","v":-40605.579845334149},-191298.314515103]
["1995-03-10","04:00:00",0,1,-13.1,-16.7,72,{"$f":"Inputs!$X$37*Inputs!$X$32*(E1637-Inputs!$X$26)","v":-117258.43445665871},{"$f":"Inputs!$X$33*C1637*Inputs!$X$38","v":0},{"$f":"params!$C$15*Inputs!$X$29*(E1637-Inputs!$X$26)","v":-12181.986524999997},{"$f":"Inputs!$X$40*Inputs!$X$41/8760","v":5342.4657534246571},{"$f":"-Inputs!$X$45*Inputs!$X$33","v":-30000},222.8605143878118,1.3710370862988256E-3,9.8714670213515443E-4,{"$f":"-L1637/(1.202*2465560*MAX(0,(Inputs!$X$49-O1637)))","v":1.011154832192392},{"$f":"params!$C$15*P1637*(E1637-Inputs!$X$26)","v":-41760.196227249973},-195858.15145548404]
["1995-03-10","05:00:00",0,1,-13.8,-16.5,78,{"$f":"Inputs!$X$37*Inputs!$X$32*(E1638-Inputs!$X$26)","v":-119657.68141046498},{"$f":"Inputs!$X$33*C1638*Inputs!$X$38","v":0},{"$f":"params!$C$15*Inputs!$X$29*(E1638-Inputs!$X$26)","v":-12431.244449999997},{"$f":"Inputs!$X$40*Inputs!$X$41/8760","v":5342.4657534246571},{"$f":"-Inputs!$X$45*Inputs!$X$33","v":-30000},210.51703046912198,1.2949419189597225E-3,1.0100546967885837E-3,{"$f":"-L1638/(1.202*2465560*MAX(0,(Inputs!$X$49-O1638)))","v":1.0134739141556959},{"$f":"params!$C$15*P1638*(E1638-Inputs!$X$26)","v":-42712.396134528914},-199458.85624156924]
["1995-03-10","06:00:00",0,0,-14.5,-16.2,85,{"$f":"Inputs!$X$37*Inputs!$X$32*(E1639-Inputs!$X$26)","v":-122056.92836427127},{"$f":"Inputs!$X$33*C1639*Inputs!$X$38","v":0},{"$f":"params!$C$15*Inputs!$X$29*(E1639-Inputs!$X$26)","v":-12680.502374999998},{"$f":"Inputs!$X$40*Inputs!$X$41/8760","v":5342.4657534246571},{"$f":"-Inputs!$X$45*Inputs!$X$33","v":-30000},198.78827513150657,1.2226536449588855E-3,1.0392555982150526E-3,{"$f":"-L1639/(1.202*2465560*MAX(0,(Inputs!$X$49-O1639)))","v":1.0164455235954777},{"$f":"params!$C$15*P1639*(E1639-Inputs!$X$26)","v":-43696.567344897645},-203091.53233074426]
["1995-03-10","07:00:00",6,3,-13.4,-15.6,82,{"$f":"Inputs!$X$37*Inputs!$X$32*(E1640-Inputs!$X$26)","v":-118286.68315114712},{"$f":"Inputs!$X$33*C1640*Inputs!$X$38","v":1170.5794368212264},{"$f":"params!$C$15*Inputs!$X$29*(E1640-Inputs!$X$26)","v":-12288.811349999998},{"$f":"Inputs!$X$40*Inputs!$X$41/8760","v":5342.4657534246571},{"$f":"-Inputs!$X$45*Inputs!$X$33","v":-30000},217.4934093270798,1.3379476489407984E-3,1.0971170721314546E-3,{"$f":"-L1640/(1.202*2465560*MAX(0,(Inputs!$X$49-O1640)))","v":1.0223855323315882},{"$f":"params!$C$15*P1640*(E1640-Inputs!$X$26)","v":-42594.284441855212},-196656.73375275647]
["1995-03-10","08:00:00",88,9,-11.2,-13.9,78,{"$f":"Inputs!$X$37*Inputs!$X$32*(E1641-Inputs!$X$26)","v":-110746.19272489885},{"$f":"Inputs!$X$33*C1641*Inputs!$X$38","v":17168.498406711322},{"$f":"params!$C$15*Inputs!$X$29*(E1641-Inputs!$X$26)","v":-11505.429299999996},{"$f":"Inputs!$X$40*Inputs!$X$41/8760","v":5342.4657534246571},{"$f":"-Inputs!$X$45*Inputs!$X$33","v":-30000},259.68785129738797,1.5981808824010329E-3,1.2465810882728056E-3,{"$f":"-L1641/(1.202*2465560*MAX(0,(Inputs!$X$49-O1641)))","v":1.0380555954310262},{"$f":"params!$C$15*P1641*(E1641-Inputs!$X$26)","v":-40490.225560292114},-170230.88342505498]
["1995-03-10","09:00:00",185,9,-8.4,-13.4,64,{"$f":"Inputs!$X$37*Inputs!$X$32*(E1642-Inputs!$X$26)","v":-101149.20490967378},{"$f":"Inputs!$X$33*C1642*Inputs!$X$38","v":36092.865968654485},{"$f":"params!$C$15*Inputs!$X$29*(E1642-Inputs!$X$26)","v":-10508.397599999998},{"$f":"Inputs!$X$40*Inputs!$X$41/8760","v":5342.4657534246571},{"$f":"-Inputs!$X$45*Inputs!$X$33","v":-30000},323.87651490151154,1.9944799402965346E-3,1.2764671617897822E-3,{"$f":"-L1642/(1.202*2465560*MAX(0,(Inputs!$X$49-O1642)))","v":1.0412467063757578},{"$f":"params!$C$15*P1642*(E1642-Inputs!$X$26)","v":-37095.129498495873},-137317.4002860905]
["1995-03-10","10:00:00",179,10,-6.2,-17.8,35,{"$f":"Inputs!$X$37*Inputs!$X$32*(E1643-Inputs!$X$26)","v":-93608.714483425501},{"$f":"Inputs!$X$33*C1643*Inputs!$X$38","v":34922.286531833255},{"$f":"params!$C$15*Inputs!$X$29*(E1643-Inputs!$X$26)","v":-9725.0155499999983},{"$f":"Inputs!$X$40*Inputs!$X$41/8760","v":5342.4657534246571},{"$f":"-Inputs!$X$45*Inputs!$X$33","v":-30000},383.85239183936244,2.365224849662249E-3,8.2782869738178705E-4,{"$f":"-L1643/(1.202*2465560*MAX(0,(Inputs!$X$49-O1643)))","v":0.99531531298715148},{"$f":"params!$C$15*P1643*(E1643-Inputs!$X$26)","v":-32815.403178577639},-125884.38092674522]
["1995-03-10","11:00:00",256,9,-5,-16.7,35,{"$f":"Inputs!$X$37*Inputs!$X$32*(E1644-Inputs!$X$26)","v":-89495.7197054719},{"$f":"Inputs!$X$33*C1644*Inputs!$X$38","v":49944.722637705658},{"$f":"params!$C$15*Inputs!$X$29*(E1644-Inputs!$X$26)","v":-9297.7162499999977},{"$f":"Inputs!$X$40*Inputs!$X$41/8760","v":5342.4657534246571},{"$f":"-Inputs!$X$45*Inputs!$X$33","v":-30000},420.56802345265027,2.5924024753231664E-3,9.0734086636310828E-4,{"$f":"-L1644/(1.202*2465560*MAX(0,(Inputs!$X$49-O1644)))","v":1.0031579550878942},{"$f":"params!$C$15*P1644*(E1644-Inputs!$X$26)","v":-31620.764367821957},-105127.01193216354]
["1995-03-10","12:00:00",383,9,-5,-15,41,{"$f":"Inputs!$X$37*Inputs!$X$32*(E1645-Inputs!$X$26)","v":-89495.7197054719},{"$f":"Inputs!$X$33*C1645*Inputs!$X$38","v":74721.987383754953},{"$f":"params!$C$15*Inputs!$X$29*(E1645-Inputs!$X$26)","v":-9297.7162499999977},{"$f":"Inputs!$X$40*Inputs!$X$41/8760","v":5342.4657534246571},{"$f":"-Inputs!$X$45*Inputs!$X$33","v":-30000},420.56802345265027,2.5924024753231664E-3,1.0628850148824982E-3,{"$f":"-L1645/(1.202*2465560*MAX(0,(Inputs!$X$49-O1645)))","v":1.0188629411008918},{"$f":"params!$C$15*P1645*(E1645-Inputs!$X$26)","v":-32115.804714756578},-80844.78753304886]
["1995-03-10","13:00:00",550,9,-3.4,-14.5,38,{"$f":"Inputs!$X$37*Inputs!$X$32*(E1646-Inputs!$X$26)","v":-84011.726668200427},{"$f":"Inputs!$X$33*C1646*Inputs!$X$38","v":107303.11504194574},{"$f":"params!$C$15*Inputs!$X$29*(E1646-Inputs!$X$26)","v":-8727.9838499999969},{"$f":"Inputs!$X$40*Inputs!$X$41/8760","v":5342.4657534246571},{"$f":"-Inputs!$X$45*Inputs!$X$33","v":-30000},474.36656633458665,2.925579214362132E-3,1.1117201014576102E-3,{"$f":"-L1646/(1.202*2465560*MAX(0,(Inputs!$X$49-O1646)))","v":1.0238956547019591},{"$f":"params!$C$15*P1646*(E1646-Inputs!$X$26)","v":-30296.77406116666},-40390.903783996684]
["1995-03-10","14:00:00",627,2,-1.7,-15,31,{"$f":"Inputs!$X$37*Inputs!$X$32*(E1647-Inputs!$X$26)","v":-78184.984066099496},{"$f":"Inputs!$X$33*C1647*Inputs!$X$38","v":122325.55114781816},{"$f":"params!$C$15*Inputs!$X$29*(E1647-Inputs!$X$26)","v":-8122.6431749999974},{"$f":"Inputs!$X$40*Inputs!$X$41/8760","v":5342.4657534246571},{"$f":"-Inputs!$X$45*Inputs!$X$33","v":-30000},538.14431300780234,3.321018376087627E-3,1.0295156965871644E-3,{"$f":"-L1647/(1.202*2465560*MAX(0,(Inputs!$X$49-O1647)))","v":1.0154524143083341},{"$f":"params!$C$15*P1647*(E1647-Inputs!$X$26)","v":-27962.996351567828},-16602.606691424506]
["1995-03-10","15:00:00",471,3,-0.6,-17.3,23,{"$f":"Inputs!$X$37*Inputs!$X$32*(E1648-Inputs!$X$26)","v":-74414.738852975366},{"$f":"Inputs!$X$33*C1648*Inputs!$X$38","v":91890.485790466264},{"$f":"params!$C$15*Inputs!$X$29*(E1648-Inputs!$X$26)","v":-7730.9521499999983},{"$f":"Inputs!$X$40*Inputs!$X$41/8760","v":5342.4657534246571},{"$f":"-Inputs!$X$45*Inputs!$X$33","v":-30000},583.36085066457406,3.6016763769199135E-3,8.2838556669158011E-4,{"$f":"-L1648/(1.202*2465560*MAX(0,(Inputs!$X$49-O1648)))","v":0.99536981307768024},{"$f":"params!$C$15*P1648*(E1648-Inputs!$X$26)","v":-26088.205401023512},-41000.944860107949]
["1995-03-10","16:00:00",404,2,0,-17.3,22,{"$f":"Inputs!$X$37*Inputs!$X$32*(E1649-Inputs!$X$26)","v":-72358.241463998565},{"$f":"Inputs!$X$33*C1649*Inputs!$X$38","v":78819.015412629247},{"$f":"params!$C$15*Inputs!$X$29*(E1649-Inputs!$X$26)","v":-7517.302499999998},{"$f":"Inputs!$X$40*Inputs!$X$41/8760","v":5342.4657534246571},{"$f":"-Inputs!$X$45*Inputs!$X$33","v":-30000},609.41773586642103,3.7635253138895938E-3,8.2797556905571054E-4,{"$f":"-L1649/(1.202*2465560*MAX(0,(Inputs!$X$49-O1649)))","v":0.99532968655146281},{"$f":"params!$C$15*P1649*(E1649-Inputs!$X$26)","v":-25366.21905556204},-51080.281853506698]
["1995-03-10","17:00:00",159,9,-0.6,-17.3,23,{"$f":"Inputs!$X$37*Inputs!$X$32*(E1650-Inputs!$X$26)","v":-74414.738852975366},{"$f":"Inputs!$X$33*C1650*Inputs!$X$38","v":31020.355075762502},{"$f":"params!$C$15*Inputs!$X$29*(E1650-Inputs!$X$26)","v":-7730.9521499999983},{"$f":"Inputs!$X$40*Inputs!$X$41/8760","v":5342.4657534246571},{"$f":"-Inputs!$X$45*Inputs!$X$33","v":-30000},583.36085066457406,3.6016763769199135E-3,8.2838556669158011E-4,{"$f":"-L1650/(1.202*2465560*MAX(0,(Inputs!$X$49-O1650)))","v":0.99536981307768024},{"$f":"params!$C$15*P1650*(E1650-Inputs!$X$26)","v":-26088.205401023512},-101871.07557481171]
["1995-03-10","18:00:00",37,9,-0.7,-16,26,{"$f":"Inputs!$X$37*Inputs!$X$32*(E1651-Inputs!$X$26)","v":-74757.488417804823},{"$f":"Inputs!$X$33*C1651*Inputs!$X$38","v":7218.5731937308965},{"$f":"params!$C$15*Inputs!$X$29*(E1651-Inputs!$X$26)","v":-7766.5604249999978},{"$f":"Inputs!$X$40*Inputs!$X$41/8760","v":5342.4657534246571},{"$f":"-Inputs!$X$45*Inputs!$X$33","v":-30000},579.11544010550767,3.5753144955780504E-3,9.2958176885029307E-4,{"$f":"-L1651/(1.202*2465560*MAX(0,(Inputs!$X$49-O1651)))","v":1.0053738445832228},{"$f":"params!$C$15*P1651*(E1651-Inputs!$X$26)","v":-26471.77497160776},-126434.78486725703]
["1995-03-10","19:00:00",0,10,-1.2,-14.7,31,{"$f":"Inputs!$X$37*Inputs!$X$32*(E1652-Inputs!$X$26)","v":-76471.236241952152},{"$f":"Inputs!$X$33*C1652*Inputs!$X$38","v":0},{"$f":"params!$C$15*Inputs!$X$29*(E1652-Inputs!$X$26)","v":-7944.6017999999976},{"$f":"Inputs!$X$40*Inputs!$X$41/8760","v":5342.4657534246571},{"$f":"-Inputs!$X$45*Inputs!$X$33","v":-30000},558.29660553202416,3.4460720755093411E-3,1.0682823434078957E-3,{"$f":"-L1652/(1.202*2465560*MAX(0,(Inputs!$X$49-O1652)))","v":1.0194167311724363},{"$f":"params!$C$15*P1652*(E1652-Inputs!$X$26)","v":-27456.845870494239},-136530.21815902175]
["1995-03-10","20:00:00",0,10,-1.3,-13.5,35,{"$f":"Inputs!$X$37*Inputs!$X$32*(E1653-Inputs!$X$26)","v":-76813.985806781624},{"$f":"Inputs!$X$33*C1653*Inputs!$X$38","v":0},{"$f":"params!$C$15*Inputs!$X$29*(E1653-Inputs!$X$26)","v":-7980.2100749999981},{"$f":"Inputs!$X$40*Inputs!$X$41/8760","v":5342.4657534246571},{"$f":"-Inputs!$X$45*Inputs!$X$33","v":-30000},554.21342191896997,3.4207301130677074E-3,1.1972555395736977E-3,{"$f":"-L1653/(1.202*2465560*MAX(0,(Inputs!$X$49-O1653)))","v":1.0328313838994345},{"$f":"params!$C$15*P1653*(E1653-Inputs!$X$26)","v":-27942.837453834822},-137394.56758219178]
["1995-03-10","21:00:00",0,10,-1.2,-12.3,38,{"$f":"Inputs!$X$37*Inputs!$X$32*(E1654-Inputs!$X$26)","v":-76471.236241952152},{"$f":"Inputs!$X$33*C1654*Inputs!$X$38","v":0},{"$f":"params!$C$15*Inputs!$X$29*(E1654-Inputs!$X$26)","v":-7944.6017999999976},{"$f":"Inputs!$X$40*Inputs!$X$41/8760","v":5342.4657534246571},{"$f":"-Inputs!$X$45*Inputs!$X$33","v":-30000},558.29660553202416,3.4460720755093411E-3,1.3095073886935497E-3,{"$f":"-L1654/(1.202*2465560*MAX(0,(Inputs!$X$49-O1654)))","v":1.0447975175876163},{"$f":"params!$C$15*P1654*(E1654-Inputs!$X$26)","v":-28140.448875392984},-137213.82116392048]
["1995-03-10","22:00:00",0,10,-1.7,-12.3,40,{"$f":"Inputs!$X$37*Inputs!$X$32*(E1655-Inputs!$X$26)","v":-78184.984066099496},{"$f":"Inputs!$X$33*C1655*Inputs!$X$38","v":0},{"$f":"params!$C$15*Inputs!$X$29*(E1655-Inputs!$X$26)","v":-8122.6431749999974},{"$f":"Inputs!$X$40*Inputs!$X$41/8760","v":5342.4657534246571},{"$f":"-Inputs!$X$45*Inputs!$X$33","v":-30000},538.14431300780234,3.321018376087627E-3,1.3284073504350508E-3,{"$f":"-L1655/(1.202*2465560*MAX(0,(Inputs!$X$49-O1655)))","v":1.046839593986578},{"$f":"params!$C$15*P1655*(E1655-Inputs!$X$26)","v":-28827.320054443226},-139792.48154211807]
["1995-03-10","23:00:00",0,10,-2.2999999999999998,-12.3,42,{"$f":"Inputs!$X$37*Inputs!$X$32*(E1656-Inputs!$X$26)","v":-80241.481455076297},{"$f":"Inputs!$X$33*C1656*Inputs!$X$38","v":0},{"$f":"params!$C$15*Inputs!$X$29*(E1656-Inputs!$X$26)","v":-8336.2928249999986},{"$f":"Inputs!$X$40*Inputs!$X$41/8760","v":5342.4657534246571},{"$f":"-Inputs!$X$45*Inputs!$X$33","v":-30000},514.81537679871087,3.1763146675913099E-3,1.33405216038835E-3,{"$f":"-L1656/(1.202*2465560*MAX(0,(Inputs!$X$49-O1656)))","v":1.0474510454494941},{"$f":"params!$C$15*P1656*(E1656-Inputs!$X$26)","v":-29602.844940242296},-142838.15346689394]
["1995-03-10",1,0,10,-1.9,-11.3,44,{"$f":"Inputs!$X$37*Inputs!$X$32*(E1657-Inputs!$X$26)","v":-78870.483195758425},{"$f":"Inputs!$X$33*C1657*Inputs!$X$38","v":0},{"$f":"params!$C$15*Inputs!$X$29*(E1657-Inputs!$X$26)","v":-8193.8597249999966},{"$f":"Inputs!$X$40*Inputs!$X$41/8760","v":5342.4657534246571},{"$f":"-Inputs!$X$45*Inputs!$X$33","v":-30000},530.26586894388151,3.2721428158824358E-3,1.4397428389882718E-3,{"$f":"-L1657/(1.202*2465560*MAX(0,(Inputs!$X$49-O1657)))","v":1.0590329149664057},{"$f":"params!$C$15*P1657*(E1657-Inputs!$X$26)","v":-29418.785338622794},-141140.66250595657]
["1995-03-11","01:00:00",0,10,-3.1,-11.4,49,{"$f":"Inputs!$X$37*Inputs!$X$32*(E1658-Inputs!$X$26)","v":-82983.477973712041},{"$f":"Inputs!$X$33*C1658*Inputs!$X$38","v":0},{"$f":"params!$C$15*Inputs!$X$29*(E1658-Inputs!$X$26)","v":-8621.159024999999},{"$f":"Inputs!$X$40*Inputs!$X$41/8760","v":5342.4657534246571},{"$f":"-Inputs!$X$45*Inputs!$X$33","v":-30000},485.10803577493442,2.9921441823672068E-3,1.4661506493599313E-3,{"$f":"-L1658/(1.202*2465560*MAX(0,(Inputs!$X$49-O1658)))","v":1.0619668574980561},{"$f":"params!$C$15*P1658*(E1658-Inputs!$X$26)","v":-31038.689302186482},-147300.86054747389]
["1995-03-11","02:00:00",0,10,-4.4000000000000004,-11.9,52,{"$f":"Inputs!$X$37*Inputs!$X$32*(E1659-Inputs!$X$26)","v":-87439.222316495114},{"$f":"Inputs!$X$33*C1659*Inputs!$X$38","v":0},{"$f":"params!$C$15*Inputs!$X$29*(E1659-Inputs!$X$26)","v":-9084.0665999999983},{"$f":"Inputs!$X$40*Inputs!$X$41/8760","v":5342.4657534246571},{"$f":"-Inputs!$X$45*Inputs!$X$33","v":-30000},440.07088491597318,2.7131434932942018E-3,1.4108346165129849E-3,{"$f":"-L1659/(1.202*2465560*MAX(0,(Inputs!$X$49-O1659)))","v":1.055839703909025},{"$f":"params!$C$15*P1659*(E1659-Inputs!$X$26)","v":-32516.594347904356},-153697.4175109748]
["1995-03-11","03:00:00",0,10,-3.4,-10.4,54,{"$f":"Inputs!$X$37*Inputs!$X$32*(E1660-Inputs!$X$26)","v":-84011.726668200427},{"$f":"Inputs!$X$33*C1660*Inputs!$X$38","v":0},{"$f":"params!$C$15*Inputs!$X$29*(E1660-Inputs!$X$26)","v":-8727.9838499999969},{"$f":"Inputs!$X$40*Inputs!$X$41/8760","v":5342.4657534246571},{"$f":"-Inputs!$X$45*Inputs!$X$33","v":-30000},474.36656633458665,2.925579214362132E-3,1.5798127757555513E-3,{"$f":"-L1660/(1.202*2465560*MAX(0,(Inputs!$X$49-O1660)))","v":1.0747826711535622},{"$f":"params!$C$15*P1660*(E1660-Inputs!$X$26)","v":-31802.506049578958},-149199.75081435472]
["1995-03-11","04:00:00",0,10,-5.7,-12,57,{"$f":"Inputs!$X$37*Inputs!$X$32*(E1661-Inputs!$X$26)","v":-91894.966659278172},{"$f":"Inputs!$X$33*C1661*Inputs!$X$38","v":0},{"$f":"params!$C$15*Inputs!$X$29*(E1661-Inputs!$X$26)","v":-9546.9741749999976},{"$f":"Inputs!$X$40*Inputs!$X$41/8760","v":5342.4657534246571},{"$f":"-Inputs!$X$45*Inputs!$X$33","v":-30000},398.78883018870977,2.4576239782095992E-3,1.4008456675794715E-3,{"$f":"-L1661/(1.202*2465560*MAX(0,(Inputs!$X$49-O1661)))","v":1.0547407934320652},{"$f":"params!$C$15*P1661*(E1661-Inputs!$X$26)","v":-34138.013459922768},-160237.48854077628]
["1995-03-11","05:00:00",0,10,-4.8,-10.5,61,{"$f":"Inputs!$X$37*Inputs!$X$32*(E1662-Inputs!$X$26)","v":-88810.220575812971},{"$f":"Inputs!$X$33*C1662*Inputs!$X$38","v":0},{"$f":"params!$C$15*Inputs!$X$29*(E1662-Inputs!$X$26)","v":-9226.4996999999985},{"$f":"Inputs!$X$40*Inputs!$X$41/8760","v":5342.4657534246571},{"$f":"-Inputs!$X$45*Inputs!$X$33","v":-30000},426.98183525343893,2.63210483933692E-3,1.6055839519955211E-3,{"$f":"-L1662/(1.202*2465560*MAX(0,(Inputs!$X$49-O1662)))","v":1.077731600056834},{"$f":"params!$C$15*P1662*(E1662-Inputs!$X$26)","v":-33711.210172198706},-156405.46469458702]
["1995-03-11","06:00:00",0,10,-4.9000000000000004,-10,64,{"$f":"Inputs!$X$37*Inputs!$X$32*(E1663-Inputs!$X$26)","v":-89152.970140642443},{"$f":"Inputs!$X$33*C1663*Inputs!$X$38","v":0},{"$f":"params!$C$15*Inputs!$X$29*(E1663-Inputs!$X$26)","v":-9262.107974999999},{"$f":"Inputs!$X$40*Inputs!$X$41/8760","v":5342.4657534246571},{"$f":"-Inputs!$X$45*Inputs!$X$33","v":-30000},423.76414197784658,2.6121862511005673E-3,1.6717992007043631E-3,{"$f":"-L1663/(1.202*2465560*MAX(0,(Inputs!$X$49-O1663)))","v":1.0853831691267737},{"$f":"params!$C$15*P1663*(E1663-Inputs!$X$26)","v":-34081.576581818263},-157154.18894403605]
["1995-03-11","07:00:00",4,10,-4.5,-8.9,68,{"$f":"Inputs!$X$37*Inputs!$X$32*(E1664-Inputs!$X$26)","v":-87781.971881324571},{"$f":"Inputs!$X$33*C1664*Inputs!$X$38","v":780.3862912141509},{"$f":"params!$C$15*Inputs!$X$29*(E1664-Inputs!$X$26)","v":-9119.674874999997},{"$f":"Inputs!$X$40*Inputs!$X$41/8760","v":5342.4657534246571},{"$f":"-Inputs!$X$45*Inputs!$X$33","v":-30000},436.76562658229682,2.6926775565936012E-3,1.8310207384836488E-3,{"$f":"-L1664/(1.202*2465560*MAX(0,(Inputs!$X$49-O1664)))","v":1.1042346316505085},{"$f":"params!$C$15*P1664*(E1664-Inputs!$X$26)","v":-34140.311040474116},-154919.1057521599]
["1995-03-11","08:00:00",36,10,-3.9,-8.4,68,{"$f":"Inputs!$X$37*Inputs!$X$32*(E1665-Inputs!$X$26)","v":-85725.474492347756},{"$f":"Inputs!$X$33*C1665*Inputs!$X$38","v":7023.4766209273585},{"$f":"params!$C$15*Inputs!$X$29*(E1665-Inputs!$X$26)","v":-8906.0252249999976},{"$f":"Inputs!$X$40*Inputs!$X$41/8760","v":5342.4657534246571},{"$f":"-Inputs!$X$45*Inputs!$X$33","v":-30000},456.93292986618587,2.8175730136730305E-3,1.9159496492976607E-3,{"$f":"-L1665/(1.202*2465560*MAX(0,(Inputs!$X$49-O1665)))","v":1.1145603265061654},{"$f":"params!$C$15*P1665*(E1665-Inputs!$X$26)","v":-33652.261512240417},-145917.81885523617]
["1995-03-11","09:00:00",109,10,-1.7,-7.8,59,{"$f":"Inputs!$X$37*Inputs!$X$32*(E1666-Inputs!$X$26)","v":-78184.984066099496},{"$f":"Inputs!$X$33*C1666*Inputs!$X$38","v":21265.526435585612},{"$f":"params!$C$15*Inputs!$X$29*(E1666-Inputs!$X$26)","v":-8122.6431749999974},{"$f":"Inputs!$X$40*Inputs!$X$41/8760","v":5342.4657534246571},{"$f":"-Inputs!$X$45*Inputs!$X$33","v":-30000},538.14431300780234,3.321018376087627E-3,1.9594008418917E-3,{"$f":"-L1666/(1.202*2465560*MAX(0,(Inputs!$X$49-O1666)))","v":1.1199181741771587},{"$f":"params!$C$15*P1666*(E1666-Inputs!$X$26)","v":-30839.71969272551},-120539.35474481474]
["1995-03-11","10:00:00",377,9,1.1000000000000001,-6.7,52,{"$f":"Inputs!$X$37*Inputs!$X$32*(E1667-Inputs!$X$26)","v":-68587.996250874421},{"$f":"Inputs!$X$33*C1667*Inputs!$X$38","v":73551.40794693373},{"$f":"params!$C$15*Inputs!$X$29*(E1667-Inputs!$X$26)","v":-7125.6114749999979},{"$f":"Inputs!$X$40*Inputs!$X$41/8760","v":5342.4657534246571},{"$f":"-Inputs!$X$45*Inputs!$X$33","v":-30000},{"$f":"EXP(77.345+0.0057*(E1667+273.15)-7235/(E1667+273.15))/(E1667+273.15)^8.2","v":659.87933273383078},{"$f":"0.62198*M1667/(101325-M1667)","v":4.077199179350414E-3},{"$f":"N1667*G1667/100","v":2.1201435732622152E-3},{"$f":"-L1667/(1.202*2465560*MAX(0,(Inputs!$X$49-O1667)))","v":1.1401947902008345},{"$f":"params!$C$15*P1667*(E1667-Inputs!$X$26)","v":-27544.059336248116},{"$f":"H1667+I1667+J1667+K1667+L1667+Q1667","v":-54363.793361764147}]
["1995-03-11","11:00:00",332,10,3.7,-5.8,47,{"$f":"Inputs!$X$37*Inputs!$X$32*(E1668-Inputs!$X$26)","v":-59676.507565308289},{"$f":"Inputs!$X$33*C1668*Inputs!$X$38","v":64772.06217077453},{"$f":"params!$C$15*Inputs!$X$29*(E1668-Inputs!$X$26)","v":-6199.7963249999984},{"$f":"Inputs!$X$40*Inputs!$X$41/8760","v":5342.4657534246571},{"$f":"-Inputs!$X$45*Inputs!$X$33","v":-30000},794.13852655085327,4.9132999907153096E-3,2.3092509956361956E-3,{"$f":"-L1668/(1.202*2465560*MAX(0,(Inputs!$X$49-O1668)))","v":1.1650098901145602},{"$f":"params!$C$15*P1668*(E1668-Inputs!$X$26)","v":-24486.89894017412},-50248.674906283224]
["1995-03-11","12:00:00",248,10,6.1,-5,43,{"$f":"Inputs!$X$37*Inputs!$X$32*(E1669-Inputs!$X$26)","v":-51450.518009401079},{"$f":"Inputs!$X$33*C1669*Inputs!$X$38","v":48383.950055277361},{"$f":"params!$C$15*Inputs!$X$29*(E1669-Inputs!$X$26)","v":-5345.1977249999991},{"$f":"Inputs!$X$40*Inputs!$X$41/8760","v":5342.4657534246571},{"$f":"-Inputs!$X$45*Inputs!$X$33","v":-30000},938.94793828269269,5.817609385555097E-3,2.5015720357886915E-3,{"$f":"-L1669/(1.202*2465560*MAX(0,(Inputs!$X$49-O1669)))","v":1.1913796004729649},{"$f":"params!$C$15*P1669*(E1669-Inputs!$X$26)","v":-21589.405762194448},-54658.705687893511]
["1995-03-11","13:00:00",542,9,7.2,-3.9,43,{"$f":"Inputs!$X$37*Inputs!$X$32*(E1670-Inputs!$X$26)","v":-47680.27279627695},{"$f":"Inputs!$X$33*C1670*Inputs!$X$38","v":105742.34245951746},{"$f":"params!$C$15*Inputs!$X$29*(E1670-Inputs!$X$26)","v":-4953.506699999999},{"$f":"Inputs!$X$40*Inputs!$X$41/8760","v":5342.4657534246571},{"$f":"-Inputs!$X$45*Inputs!$X$33","v":-30000},1012.7753618292717,6.2796535698688054E-3,2.7002510350435864E-3,{"$f":"-L1670/(1.202*2465560*MAX(0,(Inputs!$X$49-O1670)))","v":1.2199046763344656},{"$f":"params!$C$15*P1670*(E1670-Inputs!$X$26)","v":-20486.388538534695},7964.6401781304739]
["1995-03-11","14:00:00",526,9,10.5,-1.7,42,{"$f":"Inputs!$X$37*Inputs!$X$32*(E1671-Inputs!$X$26)","v":-36369.537156904538},{"$f":"Inputs!$X$33*C1671*Inputs!$X$38","v":102620.79729466084},{"$f":"params!$C$15*Inputs!$X$29*(E1671-Inputs!$X$26)","v":-3778.4336249999992},{"$f":"Inputs!$X$40*Inputs!$X$41/8760","v":5342.4657534246571},{"$f":"-Inputs!$X$45*Inputs!$X$33","v":-30000},1265.9037593783532,7.8690179088235224E-3,3.3049875217058796E-3,{"$f":"-L1671/(1.202*2465560*MAX(0,(Inputs!$X$49-O1671)))","v":1.3157960251066143},{"$f":"params!$C$15*P1671*(E1671-Inputs!$X$26)","v":-16854.936545271114},20960.355720909844]
["1995-03-11","15:00:00",475,9,10,-1.7,43,{"$f":"Inputs!$X$37*Inputs!$X$32*(E1672-Inputs!$X$26)","v":-38083.284981051875},{"$f":"Inputs!$X$33*C1672*Inputs!$X$38","v":92670.872081680427},{"$f":"params!$C$15*Inputs!$X$29*(E1672-Inputs!$X$26)","v":-3956.474999999999},{"$f":"Inputs!$X$40*Inputs!$X$41/8760","v":5342.4657534246571},{"$f":"-Inputs!$X$45*Inputs!$X$33","v":-30000},1224.2915728566036,7.6071876458255446E-3,3.271090687704984E-3,{"$f":"-L1672/(1.202*2465560*MAX(0,(Inputs!$X$49-O1672)))","v":1.3100240326056125},{"$f":"params!$C$15*P1672*(E1672-Inputs!$X$26)","v":-17571.726829560175},8401.8510244930367]
["1995-03-11","16:00:00",379,9,10.9,-1.7,41,{"$f":"Inputs!$X$37*Inputs!$X$32*(E1673-Inputs!$X$26)","v":-34998.538897586666},{"$f":"Inputs!$X$33*C1673*Inputs!$X$38","v":73941.601092540805},{"$f":"params!$C$15*Inputs!$X$29*(E1673-Inputs!$X$26)","v":-3636.000524999999},{"$f":"Inputs!$X$40*Inputs!$X$41/8760","v":5342.4657534246571},{"$f":"-Inputs!$X$45*Inputs!$X$33","v":-30000},1300.0849756660984,8.0842543377125427E-3,3.3145442784621427E-3,{"$f":"-L1673/(1.202*2465560*MAX(0,(Inputs!$X$49-O1673)))","v":1.3174325638262072},{"$f":"params!$C$15*P1673*(E1673-Inputs!$X$26)","v":-16239.740510901258},-5590.2130875224575]
["1995-03-11","17:00:00",129,9,11.6,-1.7,39,{"$f":"Inputs!$X$37*Inputs!$X$32*(E1674-Inputs!$X$26)","v":-32599.291943780405},{"$f":"Inputs!$X$33*C1674*Inputs!$X$38","v":25167.45789165637},{"$f":"params!$C$15*Inputs!$X$29*(E1674-Inputs!$X$26)","v":-3386.7425999999991},{"$f":"Inputs!$X$40*Inputs!$X$41/8760","v":5342.4657534246571},{"$f":"-Inputs!$X$45*Inputs!$X$33","v":-30000},1361.8604305174304,8.473622919620909E-3,3.3047129386521547E-3,{"$f":"-L1674/(1.202*2465560*MAX(0,(Inputs!$X$49-O1674)))","v":1.3157490644501566},{"$f":"params!$C$15*P1674*(E1674-Inputs!$X$26)","v":-15107.131680408691},-50583.242579108068]
["1995-03-11","18:00:00",42,9,10.5,-1.7,42,{"$f":"Inputs!$X$37*Inputs!$X$32*(E1675-Inputs!$X$26)","v":-36369.537156904538},{"$f":"Inputs!$X$33*C1675*Inputs!$X$38","v":8194.0560577485849},{"$f":"params!$C$15*Inputs!$X$29*(E1675-Inputs!$X$26)","v":-3778.4336249999992},{"$f":"Inputs!$X$40*Inputs!$X$41/8760","v":5342.4657534246571},{"$f":"-Inputs!$X$45*Inputs!$X$33","v":-30000},1265.9037593783532,7.8690179088235224E-3,3.3049875217058796E-3,{"$f":"-L1675/(1.202*2465560*MAX(0,(Inputs!$X$49-O1675)))","v":1.3157960251066143},{"$f":"params!$C$15*P1675*(E1675-Inputs!$X$26)","v":-16854.936545271114},-73466.385516002396]
["1995-03-11","19:00:00",0,9,6.6,-1.2,57,{"$f":"Inputs!$X$37*Inputs!$X$32*(E1676-Inputs!$X$26)","v":-49736.77018525375},{"$f":"Inputs!$X$33*C1676*Inputs!$X$38","v":0},{"$f":"params!$C$15*Inputs!$X$29*(E1676-Inputs!$X$26)","v":-5167.1563499999984},{"$f":"Inputs!$X$40*Inputs!$X$41/8760","v":5342.4657534246571},{"$f":"-Inputs!$X$45*Inputs!$X$33","v":-30000},971.89505506814805,6.0237228004355421E-3,3.4335219962482589E-3,{"$f":"-L1676/(1.202*2465560*MAX(0,(Inputs!$X$49-O1676)))","v":1.338152985243229},{"$f":"params!$C$15*P1676*(E1676-Inputs!$X$26)","v":-23441.431236882487},-103002.89201871157]
["1995-03-11","20:00:00",0,9,3.3,-1.2,71,{"$f":"Inputs!$X$37*Inputs!$X$32*(E1677-Inputs!$X$26)","v":-61047.505824626147},{"$f":"Inputs!$X$33*C1677*Inputs!$X$38","v":0},{"$f":"params!$C$15*Inputs!$X$29*(E1677-Inputs!$X$26)","v":-6342.2294249999977},{"$f":"Inputs!$X$40*Inputs!$X$41/8760","v":5342.4657534246571},{"$f":"-Inputs!$X$45*Inputs!$X$33","v":-30000},772.02842975916951,4.7754555160627581E-3,3.390573416404558E-3,{"$f":"-L1677/(1.202*2465560*MAX(0,(Inputs!$X$49-O1677)))","v":1.3305985775568696},{"$f":"params!$C$15*P1677*(E1677-Inputs!$X$26)","v":-28609.861629054791},-120657.13112525627]
["1995-03-11","21:00:00",0,9,2.2000000000000002,-1.2,77,{"$f":"Inputs!$X$37*Inputs!$X$32*(E1678-Inputs!$X$26)","v":-64817.751037750291},{"$f":"Inputs!$X$33*C1678*Inputs!$X$38","v":0},{"$f":"params!$C$15*Inputs!$X$29*(E1678-Inputs!$X$26)","v":-6733.9204499999987},{"$f":"Inputs!$X$40*Inputs!$X$41/8760","v":5342.4657534246571},{"$f":"-Inputs!$X$45*Inputs!$X$33","v":-30000},714.00723647805364,4.4140129099852635E-3,3.398789940688653E-3,{"$f":"-L1678/(1.202*2465560*MAX(0,(Inputs!$X$49-O1678)))","v":1.3320372116363783},{"$f":"params!$C$15*P1678*(E1678-Inputs!$X$26)","v":-30409.627009090491},-126618.83274341613]
["1995-03-11","22:00:00",0,9,1.7,-1.5,78,{"$f":"Inputs!$X$37*Inputs!$X$32*(E1679-Inputs!$X$26)","v":-66531.49886189762},{"$f":"Inputs!$X$33*C1679*Inputs!$X$38","v":0},{"$f":"params!$C$15*Inputs!$X$29*(E1679-Inputs!$X$26)","v":-6911.9618249999985},{"$f":"Inputs!$X$40*Inputs!$X$41/8760","v":5342.4657534246571},{"$f":"-Inputs!$X$45*Inputs!$X$33","v":-30000},688.93490744882638,4.2579539784364821E-3,3.3212041031804563E-3,{"$f":"-L1679/(1.202*2465560*MAX(0,(Inputs!$X$49-O1679)))","v":1.3185754288983969},{"$f":"params!$C$15*P1679*(E1679-Inputs!$X$26)","v":-30898.191729445854},-128999.18666291883]
["1995-03-11","23:00:00",0,9,1.1000000000000001,-1.7,80,{"$f":"Inputs!$X$37*Inputs!$X$32*(E1680-Inputs!$X$26)","v":-68587.996250874421},{"$f":"Inputs!$X$33*C1680*Inputs!$X$38","v":0},{"$f":"params!$C$15*Inputs!$X$29*(E1680-Inputs!$X$26)","v":-7125.6114749999979},{"$f":"Inputs!$X$40*Inputs!$X$41/8760","v":5342.4657534246571},{"$f":"-Inputs!$X$45*Inputs!$X$33","v":-30000},659.87933273383078,4.077199179350414E-3,3.2617593434803309E-3,{"$f":"-L1680/(1.202*2465560*MAX(0,(Inputs!$X$49-O1680)))","v":1.3084439587457881},{"$f":"params!$C$15*P1680*(E1680-Inputs!$X$26)","v":-31608.509657811443},-131979.65163026121]
["1995-03-11",1,0,9,0.1,-2.7,79,{"$f":"Inputs!$X$37*Inputs!$X$32*(E1681-Inputs!$X$26)","v":-72015.491899169094},{"$f":"Inputs!$X$33*C1681*Inputs!$X$38","v":0},{"$f":"params!$C$15*Inputs!$X$29*(E1681-Inputs!$X$26)","v":-7481.6942249999975},{"$f":"Inputs!$X$40*Inputs!$X$41/8760","v":5342.4657534246571},{"$f":"-Inputs!$X$45*Inputs!$X$33","v":-30000},613.85941042236618,3.7911225496935316E-3,2.9949868142578901E-3,{"$f":"-L1681/(1.202*2465560*MAX(0,(Inputs!$X$49-O1681)))","v":1.2648298378142937},{"$f":"params!$C$15*P1681*(E1681-Inputs!$X$26)","v":-32081.806216293659},-136236.5265870381]
["1995-03-12","01:00:00",0,10,0.3,-1.4,87,{"$f":"Inputs!$X$37*Inputs!$X$32*(E1682-Inputs!$X$26)","v":-71329.992769510151},{"$f":"Inputs!$X$33*C1682*Inputs!$X$38","v":0},{"$f":"params!$C$15*Inputs!$X$29*(E1682-Inputs!$X$26)","v":-7410.4776749999983},{"$f":"Inputs!$X$40*Inputs!$X$41/8760","v":5342.4657534246571},{"$f":"-Inputs!$X$45*Inputs!$X$33","v":-30000},622.82891783339619,3.8468597662897688E-3,3.3467679966720986E-3,{"$f":"-L1682/(1.202*2465560*MAX(0,(Inputs!$X$49-O1682)))","v":1.32298081841667},{"$f":"params!$C$15*P1682*(E1682-Inputs!$X$26)","v":-33237.358775394401},-136635.3634664799]
["1995-03-12","02:00:00",0,10,-1.3,-2.4,91,{"$f":"Inputs!$X$37*Inputs!$X$32*(E1683-Inputs!$X$26)","v":-76813.985806781624},{"$f":"Inputs!$X$33*C1683*Inputs!$X$38","v":0},{"$f":"params!$C$15*Inputs!$X$29*(E1683-Inputs!$X$26)","v":-7980.2100749999981},{"$f":"Inputs!$X$40*Inputs!$X$41/8760","v":5342.4657534246571},{"$f":"-Inputs!$X$45*Inputs!$X$33","v":-30000},554.21342191896997,3.4207301130677074E-3,3.1128644028916136E-3,{"$f":"-L1683/(1.202*2465560*MAX(0,(Inputs!$X$49-O1683)))","v":1.2837375233036545},{"$f":"params!$C$15*P1683*(E1683-Inputs!$X$26)","v":-34731.002084416956},-144182.73221277393]
["1995-03-12","03:00:00",0,10,-2.2999999999999998,-3.4,91,{"$f":"Inputs!$X$37*Inputs!$X$32*(E1684-Inputs!$X$26)","v":-80241.481455076297},{"$f":"Inputs!$X$33*C1684*Inputs!$X$38","v":0},{"$f":"params!$C$15*Inputs!$X$29*(E1684-Inputs!$X$26)","v":-8336.2928249999986},{"$f":"Inputs!$X$40*Inputs!$X$41/8760","v":5342.4657534246571},{"$f":"-Inputs!$X$45*Inputs!$X$33","v":-30000},514.81537679871087,3.1763146675913099E-3,2.8904463475080923E-3,{"$f":"-L1684/(1.202*2465560*MAX(0,(Inputs!$X$49-O1684)))","v":1.2485214387598429},{"$f":"params!$C$15*P1684*(E1684-Inputs!$X$26)","v":-35285.45483508992},-148520.76336174156]
["1995-03-12","04:00:00",0,10,-2.7,-4.3,87,{"$f":"Inputs!$X$37*Inputs!$X$32*(E1685-Inputs!$X$26)","v":-81612.479714394154},{"$f":"Inputs!$X$33*C1685*Inputs!$X$38","v":0},{"$f":"params!$C$15*Inputs!$X$29*(E1685-Inputs!$X$26)","v":-8478.725924999997},{"$f":"Inputs!$X$40*Inputs!$X$41/8760","v":5342.4657534246571},{"$f":"-Inputs!$X$45*Inputs!$X$33","v":-30000},499.76577217972965,3.0830011689135092E-3,2.682211016954753E-3,{"$f":"-L1685/(1.202*2465560*MAX(0,(Inputs!$X$49-O1685)))","v":1.2172583438157285},{"$f":"params!$C$15*P1685*(E1685-Inputs!$X$26)","v":-34989.691336414842},-149738.43122238433]
["1995-03-12","05:00:00",0,10,-2.6,-3.7,91,{"$f":"Inputs!$X$37*Inputs!$X$32*(E1686-Inputs!$X$26)","v":-81269.730149564697},{"$f":"Inputs!$X$33*C1686*Inputs!$X$38","v":0},{"$f":"params!$C$15*Inputs!$X$29*(E1686-Inputs!$X$26)","v":-8443.1176499999983},{"$f":"Inputs!$X$40*Inputs!$X$41/8760","v":5342.4657534246571},{"$f":"-Inputs!$X$45*Inputs!$X$33","v":-30000},503.49108626855735,3.1060969946926286E-3,2.8265482651702923E-3,{"$f":"-L1686/(1.202*2465560*MAX(0,(Inputs!$X$49-O1686)))","v":1.2387587520391634},{"$f":"params!$C$15*P1686*(E1686-Inputs!$X$26)","v":-35458.171082659275},-149828.55312879931]
["1995-03-12","06:00:00",0,10,-2.9,-4,91,{"$f":"Inputs!$X$37*Inputs!$X$32*(E1687-Inputs!$X$26)","v":-82297.978844053097},{"$f":"Inputs!$X$33*C1687*Inputs!$X$38","v":0},{"$f":"params!$C$15*Inputs!$X$29*(E1687-Inputs!$X$26)","v":-8549.942474999998},{"$f":"Inputs!$X$40*Inputs!$X$41/8760","v":5342.4657534246571},{"$f":"-Inputs!$X$45*Inputs!$X$33","v":-30000},492.38847755212754,3.0372691993571154E-3,2.7639149714149751E-3,{"$f":"-L1687/(1.202*2465560*MAX(0,(Inputs!$X$49-O1687)))","v":1.229336352845608},{"$f":"params!$C$15*P1687*(E1687-Inputs!$X$26)","v":-35633.679657955639},-151139.13522358407]
["1995-03-12","07:00:00",6,10,-1.7,-2.8,91,{"$f":"Inputs!$X$37*Inputs!$X$32*(E1688-Inputs!$X$26)","v":-78184.984066099496},{"$f":"Inputs!$X$33*C1688*Inputs!$X$38","v":1170.5794368212264},{"$f":"params!$C$15*Inputs!$X$29*(E1688-Inputs!$X$26)","v":-8122.6431749999974},{"$f":"Inputs!$X$40*Inputs!$X$41/8760","v":5342.4657534246571},{"$f":"-Inputs!$X$45*Inputs!$X$33","v":-30000},538.14431300780234,3.321018376087627E-3,3.0221267222397406E-3,{"$f":"-L1688/(1.202*2465560*MAX(0,(Inputs!$X$49-O1688)))","v":1.2691335834778037},{"$f":"params!$C$15*P1688*(E1688-Inputs!$X$26)","v":-34948.735425101018},-144743.31747595462]
["1995-03-12","08:00:00",37,10,1.6,-1.3,80,{"$f":"Inputs!$X$37*Inputs!$X$32*(E1689-Inputs!$X$26)","v":-66874.248426727077},{"$f":"Inputs!$X$33*C1689*Inputs!$X$38","v":7218.5731937308965},{"$f":"params!$C$15*Inputs!$X$29*(E1689-Inputs!$X$26)","v":-6947.5700999999981},{"$f":"Inputs!$X$40*Inputs!$X$41/8760","v":5342.4657534246571},{"$f":"-Inputs!$X$45*Inputs!$X$33","v":-30000},684.01504143025329,4.2273401402413606E-3,3.3818721121930883E-3,{"$f":"-L1689/(1.202*2465560*MAX(0,(Inputs!$X$49-O1689)))","v":1.3290784472718045},{"$f":"params!$C$15*P1689*(E1689-Inputs!$X$26)","v":-31304.754850411631},-122565.53442998316]
["1995-03-12","09:00:00",226,9,5.2,0,69,{"$f":"Inputs!$X$37*Inputs!$X$32*(E1690-Inputs!$X$26)","v":-54535.264092866288},{"$f":"Inputs!$X$33*C1690*Inputs!$X$38","v":44091.825453599529},{"$f":"params!$C$15*Inputs!$X$29*(E1690-Inputs!$X$26)","v":-5665.6721999999991},{"$f":"Inputs!$X$40*Inputs!$X$41/8760","v":5342.4657534246571},{"$f":"-Inputs!$X$45*Inputs!$X$33","v":-30000},882.12086207833624,5.4624234042723631E-3,3.7690721489479304E-3,{"$f":"-L1690/(1.202*2465560*MAX(0,(Inputs!$X$49-O1690)))","v":1.4002644931786805},{"$f":"params!$C$15*P1690*(E1690-Inputs!$X$26)","v":-26896.035825937914},-67662.680911780015]
["1995-03-12","10:00:00",255,9,8.8000000000000007,1.1000000000000001,58,{"$f":"Inputs!$X$37*Inputs!$X$32*(E1691-Inputs!$X$26)","v":-42196.279759005469},{"$f":"Inputs!$X$33*C1691*Inputs!$X$38","v":49749.626064902121},{"$f":"params!$C$15*Inputs!$X$29*(E1691-Inputs!$X$26)","v":-4383.7742999999982},{"$f":"Inputs!$X$40*Inputs!$X$41/8760","v":5342.4657534246571},{"$f":"-Inputs!$X$45*Inputs!$X$33","v":-30000},1129.2996391964346,7.0102987159933764E-3,4.0659732552761584E-3,{"$f":"-L1691/(1.202*2465560*MAX(0,(Inputs!$X$49-O1691)))","v":1.4602358230465935},{"$f":"params!$C$15*P1691*(E1691-Inputs!$X$26)","v":-21701.909049417754},-43189.871290096446]
["1995-03-12","11:00:00",283,9,13.8,0.5,40,{"$f":"Inputs!$X$37*Inputs!$X$32*(E1692-Inputs!$X$26)","v":-25058.801517532131},{"$f":"Inputs!$X$33*C1692*Inputs!$X$38","v":55212.330103401182},{"$f":"params!$C$15*Inputs!$X$29*(E1692-Inputs!$X$26)","v":-2603.360549999999},{"$f":"Inputs!$X$40*Inputs!$X$41/8760","v":5342.4657534246571},{"$f":"-Inputs!$X$45*Inputs!$X$33","v":-30000},1573.1538512037964,9.8090438437819852E-3,3.9236175375127937E-3,{"$f":"-L1692/(1.202*2465560*MAX(0,(Inputs!$X$49-O1692)))","v":1.4308531192464646},{"$f":"params!$C$15*P1692*(E1692-Inputs!$X$26)","v":-12628.626775843648},-9735.9929865499398]
["1995-03-12","12:00:00",265,9,15.5,1.1000000000000001,38,{"$f":"Inputs!$X$37*Inputs!$X$32*(E1693-Inputs!$X$26)","v":-19232.058915431197},{"$f":"Inputs!$X$33*C1693*Inputs!$X$38","v":51700.591792937499},{"$f":"params!$C$15*Inputs!$X$29*(E1693-Inputs!$X$26)","v":-1998.0198749999995},{"$f":"Inputs!$X$40*Inputs!$X$41/8760","v":5342.4657534246571},{"$f":"-Inputs!$X$45*Inputs!$X$33","v":-30000},1755.6341516132111,1.0966920601695053E-2,4.1674298286441206E-3,{"$f":"-L1693/(1.202*2465560*MAX(0,(Inputs!$X$49-O1693)))","v":1.4819242463543023},{"$f":"params!$C$15*P1693*(E1693-Inputs!$X$26)","v":-10038.124135447772},-4225.145379516809]
["1995-03-12","13:00:00",228,9,16.100000000000001,0.5,35,{"$f":"Inputs!$X$37*Inputs!$X$32*(E1694-Inputs!$X$26)","v":-17175.561526454389},{"$f":"Inputs!$X$33*C1694*Inputs!$X$38","v":44482.018599206604},{"$f":"params!$C$15*Inputs!$X$29*(E1694-Inputs!$X$26)","v":-1784.370224999999},{"$f":"Inputs!$X$40*Inputs!$X$41/8760","v":5342.4657534246571},{"$f":"-Inputs!$X$45*Inputs!$X$33","v":-30000},1824.3357636986555,1.14039475717521E-2,3.9913816501132345E-3,{"$f":"-L1694/(1.202*2465560*MAX(0,(Inputs!$X$49-O1694)))","v":1.4446909672534463},{"$f":"params!$C$15*P1694*(E1694-Inputs!$X$26)","v":-8739.5018667159347},-7874.9492655390604]
["1995-03-12","14:00:00",450,9,17.2,0.5,32,{"$f":"Inputs!$X$37*Inputs!$X$32*(E1695-Inputs!$X$26)","v":-13405.316313330261},{"$f":"Inputs!$X$33*C1695*Inputs!$X$38","v":87793.457761591984},{"$f":"params!$C$15*Inputs!$X$29*(E1695-Inputs!$X$26)","v":-1392.6791999999998},{"$f":"Inputs!$X$40*Inputs!$X$41/8760","v":5342.4657534246571},{"$f":"-Inputs!$X$45*Inputs!$X$33","v":-30000},1956.433941157356,1.2245952930431422E-2,3.918704937738055E-3,{"$f":"-L1695/(1.202*2465560*MAX(0,(Inputs!$X$49-O1695)))","v":1.4298602345532174},{"$f":"params!$C$15*P1695*(E1695-Inputs!$X$26)","v":-6751.0516699517402},41586.876331734638]
["1995-03-12","15:00:00",537,3,17.7,0.5,31,{"$f":"Inputs!$X$37*Inputs!$X$32*(E1696-Inputs!$X$26)","v":-11691.568489182926},{"$f":"Inputs!$X$33*C1696*Inputs!$X$38","v":104766.85959549976},{"$f":"params!$C$15*Inputs!$X$29*(E1696-Inputs!$X$26)","v":-1214.6378249999998},{"$f":"Inputs!$X$40*Inputs!$X$41/8760","v":5342.4657534246571},{"$f":"-Inputs!$X$45*Inputs!$X$33","v":-30000},2019.2002466438246,1.2646815921394168E-2,3.9205129356321925E-3,{"$f":"-L1696/(1.202*2465560*MAX(0,(Inputs!$X$49-O1696)))","v":1.4302254884101719},{"$f":"params!$C$15*P1696*(E1696-Inputs!$X$26)","v":-5889.4951582443346},61313.623876497149]
["1995-03-12","16:00:00",409,2,18.3,0.5,30,{"$f":"Inputs!$X$37*Inputs!$X$32*(E1697-Inputs!$X$26)","v":-9635.0711002061198},{"$f":"Inputs!$X$33*C1697*Inputs!$X$38","v":79794.498276646933},{"$f":"params!$C$15*Inputs!$X$29*(E1697-Inputs!$X$26)","v":-1000.9881749999994},{"$f":"Inputs!$X$40*Inputs!$X$41/8760","v":5342.4657534246571},{"$f":"-Inputs!$X$45*Inputs!$X$33","v":-30000},2096.843724028703,1.3143395064644483E-2,3.9430185193933447E-3,{"$f":"-L1697/(1.202*2465560*MAX(0,(Inputs!$X$49-O1697)))","v":1.4347877611853126},{"$f":"params!$C$15*P1697*(E1697-Inputs!$X$26)","v":-4869.0402515693804},39631.864503296085]
["1995-03-12","17:00:00",237,3,16.600000000000001,1.1000000000000001,35,{"$f":"Inputs!$X$37*Inputs!$X$32*(E1698-Inputs!$X$26)","v":-15461.813702307054},{"$f":"Inputs!$X$33*C1698*Inputs!$X$38","v":46237.887754438445},{"$f":"params!$C$15*Inputs!$X$29*(E1698-Inputs!$X$26)","v":-1606.328849999999},{"$f":"Inputs!$X$40*Inputs!$X$41/8760","v":5342.4657534246571},{"$f":"-Inputs!$X$45*Inputs!$X$33","v":-30000},1883.3773233567488,1.1780007164510733E-2,4.1230025075787565E-3,{"$f":"-L1698/(1.202*2465560*MAX(0,(Inputs!$X$49-O1698)))","v":1.4723482173324116},{"$f":"params!$C$15*P1698*(E1698-Inputs!$X$26)","v":-8018.1051734811799},-3505.8942179251271]
["1995-03-12","18:00:00",70,2,14.4,1.1000000000000001,40,{"$f":"Inputs!$X$37*Inputs!$X$32*(E1699-Inputs!$X$26)","v":-23002.30412855533},{"$f":"Inputs!$X$33*C1699*Inputs!$X$38","v":13656.760096247641},{"$f":"params!$C$15*Inputs!$X$29*(E1699-Inputs!$X$26)","v":-2389.7108999999991},{"$f":"Inputs!$X$40*Inputs!$X$41/8760","v":5342.4657534246571},{"$f":"-Inputs!$X$45*Inputs!$X$33","v":-30000},1635.559113509069,1.0204541708471198E-2,4.0818166833884789E-3,{"$f":"-L1699/(1.202*2465560*MAX(0,(Inputs!$X$49-O1699)))","v":1.4635807576840305},{"$f":"params!$C$15*P1699*(E1699-Inputs!$X$26)","v":-11857.381955342489},-48250.171134225522]
["1995-03-12","19:00:00",0,2,11.4,0.9,48,{"$f":"Inputs!$X$37*Inputs!$X$32*(E1700-Inputs!$X$26)","v":-33284.791073439337},{"$f":"Inputs!$X$33*C1700*Inputs!$X$38","v":0},{"$f":"params!$C$15*Inputs!$X$29*(E1700-Inputs!$X$26)","v":-3457.9591499999988},{"$f":"Inputs!$X$40*Inputs!$X$41/8760","v":5342.4657534246571},{"$f":"-Inputs!$X$45*Inputs!$X$33","v":-30000},1343.9521511493263,8.360698121863774E-3,4.013135098494611E-3,{"$f":"-L1700/(1.202*2465560*MAX(0,(Inputs!$X$49-O1700)))","v":1.4491900834663725},{"$f":"params!$C$15*P1700*(E1700-Inputs!$X$26)","v":-16989.162344139084},-78389.446814153751]
["1995-03-12","20:00:00",0,2,8.8000000000000007,0.5,56,{"$f":"Inputs!$X$37*Inputs!$X$32*(E1701-Inputs!$X$26)","v":-42196.279759005469},{"$f":"Inputs!$X$33*C1701*Inputs!$X$38","v":0},{"$f":"params!$C$15*Inputs!$X$29*(E1701-Inputs!$X$26)","v":-4383.7742999999982},{"$f":"Inputs!$X$40*Inputs!$X$41/8760","v":5342.4657534246571},{"$f":"-Inputs!$X$45*Inputs!$X$33","v":-30000},1129.2996391964346,7.0102987159933764E-3,3.9257672809562914E-3,{"$f":"-L1701/(1.202*2465560*MAX(0,(Inputs!$X$49-O1701)))","v":1.431288037382189},{"$f":"params!$C$15*P1701*(E1701-Inputs!$X$26)","v":-21271.68935356052},-92509.277659141328]
["1995-03-12","21:00:00",0,3,3.3,0,79,{"$f":"Inputs!$X$37*Inputs!$X$32*(E1702-Inputs!$X$26)","v":-61047.505824626147},{"$f":"Inputs!$X$33*C1702*Inputs!$X$38","v":0},{"$f":"params!$C$15*Inputs!$X$29*(E1702-Inputs!$X$26)","v":-6342.2294249999977},{"$f":"Inputs!$X$40*Inputs!$X$41/8760","v":5342.4657534246571},{"$f":"-Inputs!$X$45*Inputs!$X$33","v":-30000},772.02842975916951,4.7754555160627581E-3,3.7726098576895788E-3,{"$f":"-L1702/(1.202*2465560*MAX(0,(Inputs!$X$49-O1702)))","v":1.4009500660057055},{"$f":"params!$C$15*P1702*(E1702-Inputs!$X$26)","v":-30122.52396303599},-122169.79345923747]
["1995-03-12","22:00:00",0,2,1.1000000000000001,-0.6,88,{"$f":"Inputs!$X$37*Inputs!$X$32*(E1703-Inputs!$X$26)","v":-68587.996250874421},{"$f":"Inputs!$X$33*C1703*Inputs!$X$38","v":0},{"$f":"params!$C$15*Inputs!$X$29*(E1703-Inputs!$X$26)","v":-7125.6114749999979},{"$f":"Inputs!$X$40*Inputs!$X$41/8760","v":5342.4657534246571},{"$f":"-Inputs!$X$45*Inputs!$X$33","v":-30000},659.87933273383078,4.077199179350414E-3,3.587935277828364E-3,{"$f":"-L1703/(1.202*2465560*MAX(0,(Inputs!$X$49-O1703)))","v":1.3660367619021672},{"$f":"params!$C$15*P1703*(E1703-Inputs!$X$26)","v":-32999.797884273816},-133370.93985672359]
["1995-03-12","23:00:00",0,2,-0.3,-1.9,88,{"$f":"Inputs!$X$37*Inputs!$X$32*(E1704-Inputs!$X$26)","v":-73386.490158486966},{"$f":"Inputs!$X$33*C1704*Inputs!$X$38","v":0},{"$f":"params!$C$15*Inputs!$X$29*(E1704-Inputs!$X$26)","v":-7624.1273249999986},{"$f":"Inputs!$X$40*Inputs!$X$41/8760","v":5342.4657534246571},{"$f":"-Inputs!$X$45*Inputs!$X$33","v":-30000},596.26312784548838,3.681806719447294E-3,3.239989913113619E-3,{"$f":"-L1704/(1.202*2465560*MAX(0,(Inputs!$X$49-O1704)))","v":1.3047725242601602},{"$f":"params!$C$15*P1704*(E1704-Inputs!$X$26)","v":-33724.979754052365},-139393.13148411468]
["1995-03-12",1,0,2,-1.7,-3.2,88,{"$f":"Inputs!$X$37*Inputs!$X$32*(E1705-Inputs!$X$26)","v":-78184.984066099496},{"$f":"Inputs!$X$33*C1705*Inputs!$X$38","v":0},{"$f":"params!$C$15*Inputs!$X$29*(E1705-Inputs!$X$26)","v":-8122.6431749999974},{"$f":"Inputs!$X$40*Inputs!$X$41/8760","v":5342.4657534246571},{"$f":"-Inputs!$X$45*Inputs!$X$33","v":-30000},538.14431300780234,3.321018376087627E-3,2.9224961709571119E-3,{"$f":"-L1705/(1.202*2465560*MAX(0,(Inputs!$X$49-O1705)))","v":1.2534763580113013},{"$f":"params!$C$15*P1705*(E1705-Inputs!$X$26)","v":-34517.574956696699},-145482.73644437152]
["1995-03-13","01:00:00",0,1,-2.2000000000000002,-3.5,90,{"$f":"Inputs!$X$37*Inputs!$X$32*(E1706-Inputs!$X$26)","v":-79898.731890246825},{"$f":"Inputs!$X$33*C1706*Inputs!$X$38","v":0},{"$f":"params!$C$15*Inputs!$X$29*(E1706-Inputs!$X$26)","v":-8300.6845499999981},{"$f":"Inputs!$X$40*Inputs!$X$41/8760","v":5342.4657534246571},{"$f":"-Inputs!$X$45*Inputs!$X$33","v":-30000},518.64006057846586,3.200033659309267E-3,2.8800302933783407E-3,{"$f":"-L1706/(1.202*2465560*MAX(0,(Inputs!$X$49-O1706)))","v":1.2469195348927602},{"$f":"params!$C$15*P1706*(E1706-Inputs!$X$26)","v":-35089.654565643505},-147946.6052524657]
["1995-03-13","02:00:00",0,1,-3.6,-4.8,90,{"$f":"Inputs!$X$37*Inputs!$X$32*(E1707-Inputs!$X$26)","v":-84697.22579785937},{"$f":"Inputs!$X$33*C1707*Inputs!$X$38","v":0},{"$f":"params!$C$15*Inputs!$X$29*(E1707-Inputs!$X$26)","v":-8799.2003999999979},{"$f":"Inputs!$X$40*Inputs!$X$41/8760","v":5342.4657534246571},{"$f":"-Inputs!$X$45*Inputs!$X$33","v":-30000},467.32346194097869,2.8819407390211498E-3,2.593746665119035E-3,{"$f":"-L1707/(1.202*2465560*MAX(0,(Inputs!$X$49-O1707)))","v":1.2044457490153067},{"$f":"params!$C$15*P1707*(E1707-Inputs!$X$26)","v":-35929.999092271617},-154083.95953670633]
["1995-03-13","03:00:00",0,1,-3,-4.2,90,{"$f":"Inputs!$X$37*Inputs!$X$32*(E1708-Inputs!$X$26)","v":-82640.728408882569},{"$f":"Inputs!$X$33*C1708*Inputs!$X$38","v":0},{"$f":"params!$C$15*Inputs!$X$29*(E1708-Inputs!$X$26)","v":-8585.5507499999985},{"$f":"Inputs!$X$40*Inputs!$X$41/8760","v":5342.4657534246571},{"$f":"-Inputs!$X$45*Inputs!$X$33","v":-30000},488.73621912146871,3.0146312662847319E-3,2.7131681396562585E-3,{"$f":"-L1708/(1.202*2465560*MAX(0,(Inputs!$X$49-O1708)))","v":1.2218065966927749},{"$f":"params!$C$15*P1708*(E1708-Inputs!$X$26)","v":-35562.917282575123},-151446.73068803304]
["1995-03-13","04:00:00",0,1,-2.4,-3.5,91,{"$f":"Inputs!$X$37*Inputs!$X$32*(E1709-Inputs!$X$26)","v":-80584.231019905754},{"$f":"Inputs!$X$33*C1709*Inputs!$X$38","v":0},{"$f":"params!$C$15*Inputs!$X$29*(E1709-Inputs!$X$26)","v":-8371.9010999999973},{"$f":"Inputs!$X$40*Inputs!$X$41/8760","v":5342.4657534246571},{"$f":"-Inputs!$X$45*Inputs!$X$33","v":-30000},511.01574765541881,3.1527528356694772E-3,2.8690050804592243E-3,{"$f":"-L1709/(1.202*2465560*MAX(0,(Inputs!$X$49-O1709)))","v":1.2452284195616568},{"$f":"params!$C$15*P1709*(E1709-Inputs!$X$26)","v":-35342.711649917335},-148956.37801639843]
["1995-03-13","05:00:00",0,0,-1.9,-3.8,85,{"$f":"Inputs!$X$37*Inputs!$X$32*(E1710-Inputs!$X$26)","v":-78870.483195758425},{"$f":"Inputs!$X$33*C1710*Inputs!$X$38","v":0},{"$f":"params!$C$15*Inputs!$X$29*(E1710-Inputs!$X$26)","v":-8193.8597249999966},{"$f":"Inputs!$X$40*Inputs!$X$41/8760","v":5342.4657534246571},{"$f":"-Inputs!$X$45*Inputs!$X$33","v":-30000},530.26586894388151,3.2721428158824358E-3,2.7813213935000704E-3,{"$f":"-L1710/(1.202*2465560*MAX(0,(Inputs!$X$49-O1710)))","v":1.2319405194374398},{"$f":"params!$C$15*P1710*(E1710-Inputs!$X$26)","v":-34221.970987966095},-145943.84815529987]
["1995-03-13","06:00:00",0,0,-2.2999999999999998,-3.1,93,{"$f":"Inputs!$X$37*Inputs!$X$32*(E1711-Inputs!$X$26)","v":-80241.481455076297},{"$f":"Inputs!$X$33*C1711*Inputs!$X$38","v":0},{"$f":"params!$C$15*Inputs!$X$29*(E1711-Inputs!$X$26)","v":-8336.2928249999986},{"$f":"Inputs!$X$40*Inputs!$X$41/8760","v":5342.4657534246571},{"$f":"-Inputs!$X$45*Inputs!$X$33","v":-30000},514.81537679871087,3.1763146675913099E-3,2.9539726408599181E-3,{"$f":"-L1711/(1.202*2465560*MAX(0,(Inputs!$X$49-O1711)))","v":1.2583810657169845},{"$f":"params!$C$15*P1711*(E1711-Inputs!$X$26)","v":-35564.105574185465},-148799.41410083711]
["1995-03-13","07:00:00",12,0,-1.7,-3.4,87,{"$f":"Inputs!$X$37*Inputs!$X$32*(E1712-Inputs!$X$26)","v":-78184.984066099496},{"$f":"Inputs!$X$33*C1712*Inputs!$X$38","v":2341.1588736424528},{"$f":"params!$C$15*Inputs!$X$29*(E1712-Inputs!$X$26)","v":-8122.6431749999974},{"$f":"Inputs!$X$40*Inputs!$X$41/8760","v":5342.4657534246571},{"$f":"-Inputs!$X$45*Inputs!$X$33","v":-30000},538.14431300780234,3.321018376087627E-3,2.8892859871962355E-3,{"$f":"-L1712/(1.202*2465560*MAX(0,(Inputs!$X$49-O1712)))","v":1.2483427811526631},{"$f":"params!$C$15*P1712*(E1712-Inputs!$X$26)","v":-34376.209207848311},-143000.21182188072]
["1995-03-13","08:00:00",143,0,1.8,-1.4,78,{"$f":"Inputs!$X$37*Inputs!$X$32*(E1713-Inputs!$X$26)","v":-66188.749297068149},{"$f":"Inputs!$X$33*C1713*Inputs!$X$38","v":27898.8099109059},{"$f":"params!$C$15*Inputs!$X$29*(E1713-Inputs!$X$26)","v":-6876.353549999998},{"$f":"Inputs!$X$40*Inputs!$X$41/8760","v":5342.4657534246571},{"$f":"-Inputs!$X$45*Inputs!$X$33","v":-30000},693.88607761050571,4.2887656285414428E-3,3.345237190262325E-3,{"$f":"-L1713/(1.202*2465560*MAX(0,(Inputs!$X$49-O1713)))","v":1.3227161882947396},{"$f":"params!$C$15*P1713*(E1713-Inputs!$X$26)","v":-30835.544454337927},-100659.37163707551]
["1995-03-13","09:00:00",334,0,5.6,0.6,70,{"$f":"Inputs!$X$37*Inputs!$X$32*(E1714-Inputs!$X$26)","v":-53164.265833548416},{"$f":"Inputs!$X$33*C1714*Inputs!$X$38","v":65162.255316381605},{"$f":"params!$C$15*Inputs!$X$29*(E1714-Inputs!$X$26)","v":-5523.2390999999989},{"$f":"Inputs!$X$40*Inputs!$X$41/8760","v":5342.4657534246571},{"$f":"-Inputs!$X$45*Inputs!$X$33","v":-30000},906.99088692947566,5.6178189234680556E-3,3.9324732464276393E-3,{"$f":"-L1714/(1.202*2465560*MAX(0,(Inputs!$X$49-O1714)))","v":1.4326464326680772},{"$f":"params!$C$15*P1714*(E1714-Inputs!$X$26)","v":-26826.22860324994},-45009.012466992092]
["1995-03-13","10:00:00",510,0,9.4,2.2000000000000002,61,{"$f":"Inputs!$X$37*Inputs!$X$32*(E1715-Inputs!$X$26)","v":-40139.782370028675},{"$f":"Inputs!$X$33*C1715*Inputs!$X$38","v":99499.252129804241},{"$f":"params!$C$15*Inputs!$X$29*(E1715-Inputs!$X$26)","v":-4170.1246499999988},{"$f":"Inputs!$X$40*Inputs!$X$41/8760","v":5342.4657534246571},{"$f":"-Inputs!$X$45*Inputs!$X$33","v":-30000},1175.9507731568485,7.3032931169560531E-3,4.4550088013431931E-3,{"$f":"-L1715/(1.202*2465560*MAX(0,(Inputs!$X$49-O1715)))","v":1.5470552458864659},{"$f":"params!$C$15*P1715*(E1715-Inputs!$X$26)","v":-21871.653339975408},8660.1575232248179]
["1995-03-13","11:00:00",556,2,14.5,1.7,42,{"$f":"Inputs!$X$37*Inputs!$X$32*(E1716-Inputs!$X$26)","v":-22659.554563725862},{"$f":"Inputs!$X$33*C1716*Inputs!$X$38","v":108473.69447876698},{"$f":"params!$C$15*Inputs!$X$29*(E1716-Inputs!$X$26)","v":-2354.1026249999995},{"$f":"Inputs!$X$40*Inputs!$X$41/8760","v":5342.4657534246571},{"$f":"-Inputs!$X$45*Inputs!$X$33","v":-30000},1646.1686582386831,1.0271829718195451E-2,4.3141684816420892E-3,{"$f":"-L1716/(1.202*2465560*MAX(0,(Inputs!$X$49-O1716)))","v":1.5144574166765985},{"$f":"params!$C$15*P1716*(E1716-Inputs!$X$26)","v":-12086.740898110069},46715.7621453557]
["1995-03-13","12:00:00",675,3,19.399999999999999,1.1000000000000001,29,{"$f":"Inputs!$X$37*Inputs!$X$32*(E1717-Inputs!$X$26)","v":-5864.8258870819918},{"$f":"Inputs!$X$33*C1717*Inputs!$X$38","v":131690.18664238797},{"$f":"params!$C$15*Inputs!$X$29*(E1717-Inputs!$X$26)","v":-609.29715000000022},{"$f":"Inputs!$X$40*Inputs!$X$41/8760","v":5342.4657534246571},{"$f":"-Inputs!$X$45*Inputs!$X$33","v":-30000},2246.0039599790603,1.4099552870554911E-2,4.0888703324609248E-3,{"$f":"-L1717/(1.202*2465560*MAX(0,(Inputs!$X$49-O1717)))","v":1.465074890326447},{"$f":"params!$C$15*P1717*(E1717-Inputs!$X$26)","v":-3026.3261192200039},97532.203239510622]
["1995-03-13","13:00:00",655,3,20.5,0.4,26,{"$f":"Inputs!$X$37*Inputs!$X$32*(E1718-Inputs!$X$26)","v":-2094.5806739578516},{"$f":"Inputs!$X$33*C1718*Inputs!$X$38","v":127788.25518631723},{"$f":"params!$C$15*Inputs!$X$29*(E1718-Inputs!$X$26)","v":-217.60612499999982},{"$f":"Inputs!$X$40*Inputs!$X$41/8760","v":5342.4657534246571},{"$f":"-Inputs!$X$45*Inputs!$X$33","v":-30000},2404.3717699216595,1.511788976893247E-2,3.930651339922442E-3,{"$f":"-L1718/(1.202*2465560*MAX(0,(Inputs!$X$49-O1718)))","v":1.4322771227653959},{"$f":"params!$C$15*P1718*(E1718-Inputs!$X$26)","v":-1056.6348361161176},99761.899304667895]
["1995-03-13","14:00:00",683,3,21.6,0,24,{"$f":"Inputs!$X$37*Inputs!$X$32*(E1719-Inputs!$X$26)","v":1675.6645391662887},{"$f":"Inputs!$X$33*C1719*Inputs!$X$38","v":133250.95922481627},{"$f":"params!$C$15*Inputs!$X$29*(E1719-Inputs!$X$26)","v":174.0849000000006},{"$f":"Inputs!$X$40*Inputs!$X$41/8760","v":5342.4657534246571},{"$f":"-Inputs!$X$45*Inputs!$X$33","v":-30000},2572.4230683269375,1.6202065300483511E-2,3.8884956721160426E-3,{"$f":"-L1719/(1.202*2465560*MAX(0,(Inputs!$X$49-O1719)))","v":1.4237848062673784},{"$f":"params!$C$15*P1719*(E1719-Inputs!$X$26)","v":840.29583466655833},111283.47025207375]
["1995-03-13","15:00:00",551,2,22.2,-0.6,22,{"$f":"Inputs!$X$37*Inputs!$X$32*(E1720-Inputs!$X$26)","v":3732.1619281430826},{"$f":"Inputs!$X$33*C1720*Inputs!$X$38","v":107498.21161474929},{"$f":"params!$C$15*Inputs!$X$29*(E1720-Inputs!$X$26)","v":387.73454999999979},{"$f":"Inputs!$X$40*Inputs!$X$41/8760","v":5342.4657534246571},{"$f":"-Inputs!$X$45*Inputs!$X$33","v":-30000},2668.3451911941711,1.6822558450165632E-2,3.7009628590364391E-3,{"$f":"-L1720/(1.202*2465560*MAX(0,(Inputs!$X$49-O1720)))","v":1.3871951792964197},{"$f":"params!$C$15*P1720*(E1720-Inputs!$X$26)","v":1823.4708570475045},88784.044703364518]
["1995-03-13","16:00:00",156,9,22.2,0,23,{"$f":"Inputs!$X$37*Inputs!$X$32*(E1721-Inputs!$X$26)","v":3732.1619281430826},{"$f":"Inputs!$X$33*C1721*Inputs!$X$38","v":30435.065357351883},{"$f":"params!$C$15*Inputs!$X$29*(E1721-Inputs!$X$26)","v":387.73454999999979},{"$f":"Inputs!$X$40*Inputs!$X$41/8760","v":5342.4657534246571},{"$f":"-Inputs!$X$45*Inputs!$X$33","v":-30000},2668.3451911941711,1.6822558450165632E-2,3.8691884435380951E-3,{"$f":"-L1721/(1.202*2465560*MAX(0,(Inputs!$X$49-O1721)))","v":1.4199288715654201},{"$f":"params!$C$15*P1721*(E1721-Inputs!$X$26)","v":1866.4993614619716},11763.926950381592]
["1995-03-13","17:00:00",125,9,21.6,0,24,{"$f":"Inputs!$X$37*Inputs!$X$32*(E1722-Inputs!$X$26)","v":1675.6645391662887},{"$f":"Inputs!$X$33*C1722*Inputs!$X$38","v":24387.071600442214},{"$f":"params!$C$15*Inputs!$X$29*(E1722-Inputs!$X$26)","v":174.0849000000006},{"$f":"Inputs!$X$40*Inputs!$X$41/8760","v":5342.4657534246571},{"$f":"-Inputs!$X$45*Inputs!$X$33","v":-30000},2572.4230683269375,1.6202065300483511E-2,3.8884956721160426E-3,{"$f":"-L1722/(1.202*2465560*MAX(0,(Inputs!$X$49-O1722)))","v":1.4237848062673784},{"$f":"params!$C$15*P1722*(E1722-Inputs!$X$26)","v":840.29583466655833},2419.5826276997213]
["1995-03-13","18:00:00",64,6,17.7,0.8,32,{"$f":"Inputs!$X$37*Inputs!$X$32*(E1723-Inputs!$X$26)","v":-11691.568489182926},{"$f":"Inputs!$X$33*C1723*Inputs!$X$38","v":12486.180659426414},{"$f":"params!$C$15*Inputs!$X$29*(E1723-Inputs!$X$26)","v":-1214.6378249999998},{"$f":"Inputs!$X$40*Inputs!$X$41/8760","v":5342.4657534246571},{"$f":"-Inputs!$X$45*Inputs!$X$33","v":-30000},2019.2002466438246,1.2646815921394168E-2,4.0469810948461334E-3,{"$f":"-L1723/(1.202*2465560*MAX(0,(Inputs!$X$49-O1723)))","v":1.4562462082596515},{"$f":"params!$C$15*P1723*(E1723-Inputs!$X$26)","v":-5996.6453277871051},-31074.205229118958]
["1995-03-13","19:00:00",0,2,13.3,1.6,45,{"$f":"Inputs!$X$37*Inputs!$X$32*(E1724-Inputs!$X$26)","v":-26772.549341679463},{"$f":"Inputs!$X$33*C1724*Inputs!$X$38","v":0},{"$f":"params!$C$15*Inputs!$X$29*(E1724-Inputs!$X$26)","v":-2781.4019249999988},{"$f":"Inputs!$X$40*Inputs!$X$41/8760","v":5342.4657534246571},{"$f":"-Inputs!$X$45*Inputs!$X$33","v":-30000},1522.7575650660701,9.4900147252429956E-3,4.2705066263593484E-3,{"$f":"-L1724/(1.202*2465560*MAX(0,(Inputs!$X$49-O1724)))","v":1.5046289121148628},{"$f":"params!$C$15*P1724*(E1724-Inputs!$X$26)","v":-14187.958448503246},-68399.44396175805]
["1995-03-13","20:00:00",0,3,11.1,2.2000000000000002,54,{"$f":"Inputs!$X$37*Inputs!$X$32*(E1725-Inputs!$X$26)","v":-34313.039767927738},{"$f":"Inputs!$X$33*C1725*Inputs!$X$38","v":0},{"$f":"params!$C$15*Inputs!$X$29*(E1725-Inputs!$X$26)","v":-3564.7839749999994},{"$f":"Inputs!$X$40*Inputs!$X$41/8760","v":5342.4657534246571},{"$f":"-Inputs!$X$45*Inputs!$X$33","v":-30000},1317.4782376741875,8.1938348219052388E-3,4.4246708038288294E-3,{"$f":"-L1725/(1.202*2465560*MAX(0,(Inputs!$X$49-O1725)))","v":1.5399154074071506},{"$f":"params!$C$15*P1725*(E1725-Inputs!$X$26)","v":-18610.448325912279},-81145.806315415364]
["1995-03-13","21:00:00",0,2,6.6,2.2000000000000002,73,{"$f":"Inputs!$X$37*Inputs!$X$32*(E1726-Inputs!$X$26)","v":-49736.77018525375},{"$f":"Inputs!$X$33*C1726*Inputs!$X$38","v":0},{"$f":"params!$C$15*Inputs!$X$29*(E1726-Inputs!$X$26)","v":-5167.1563499999984},{"$f":"Inputs!$X$40*Inputs!$X$41/8760","v":5342.4657534246571},{"$f":"-Inputs!$X$45*Inputs!$X$33","v":-30000},971.89505506814805,6.0237228004355421E-3,4.3973176443179458E-3,{"$f":"-L1726/(1.202*2465560*MAX(0,(Inputs!$X$49-O1726)))","v":1.5335342913619461},{"$f":"params!$C$15*P1726*(E1726-Inputs!$X$26)","v":-26864.072371985367},-106425.53315381445]
["1995-03-13","22:00:00",0,3,5,1.1000000000000001,76,{"$f":"Inputs!$X$37*Inputs!$X$32*(E1727-Inputs!$X$26)","v":-55220.763222525216},{"$f":"Inputs!$X$33*C1727*Inputs!$X$38","v":0},{"$f":"params!$C$15*Inputs!$X$29*(E1727-Inputs!$X$26)","v":-5736.8887499999983},{"$f":"Inputs!$X$40*Inputs!$X$41/8760","v":5342.4657534246571},{"$f":"-Inputs!$X$45*Inputs!$X$33","v":-30000},869.91328556198641,5.3861748872103517E-3,4.0934929142798669E-3,{"$f":"-L1727/(1.202*2465560*MAX(0,(Inputs!$X$49-O1727)))","v":1.4660557202282252},{"$f":"params!$C$15*P1727*(E1727-Inputs!$X$26)","v":-28513.705464786639},-114128.8916838872]
["1995-03-13","23:00:00",0,2,4.2,1.3,81,{"$f":"Inputs!$X$37*Inputs!$X$32*(E1728-Inputs!$X$26)","v":-57962.759741160953},{"$f":"Inputs!$X$33*C1728*Inputs!$X$38","v":0},{"$f":"params!$C$15*Inputs!$X$29*(E1728-Inputs!$X$26)","v":-6021.7549499999986},{"$f":"Inputs!$X$40*Inputs!$X$41/8760","v":5342.4657534246571},{"$f":"-Inputs!$X$45*Inputs!$X$33","v":-30000},822.56233970566973,5.0905961682186935E-3,4.1233828962571415E-3,{"$f":"-L1728/(1.202*2465560*MAX(0,(Inputs!$X$49-O1728)))","v":1.4724296824088985},{"$f":"params!$C$15*P1728*(E1728-Inputs!$X$26)","v":-30059.682998047359},-118701.73193578364]
["1995-03-13",1,0,0,3.8,1.6,86,{"$f":"Inputs!$X$37*Inputs!$X$32*(E1729-Inputs!$X$26)","v":-59333.758000478818},{"$f":"Inputs!$X$33*C1729*Inputs!$X$38","v":0},{"$f":"params!$C$15*Inputs!$X$29*(E1729-Inputs!$X$26)","v":-6164.1880499999979},{"$f":"Inputs!$X$40*Inputs!$X$41/8760","v":5342.4657534246571},{"$f":"-Inputs!$X$45*Inputs!$X$33","v":-30000},799.75278170517424,4.9483114832316053E-3,4.2555478755791805E-3,{"$f":"-L1729/(1.202*2465560*MAX(0,(Inputs!$X$49-O1729)))","v":1.501290896459899},{"$f":"params!$C$15*P1729*(E1729-Inputs!$X$26)","v":-31373.826073335145},-121529.30637038931]
["1995-03-14","01:00:00",0,0,0.9,0.6,98,{"$f":"Inputs!$X$37*Inputs!$X$32*(E1730-Inputs!$X$26)","v":-69273.495380533364},{"$f":"Inputs!$X$33*C1730*Inputs!$X$38","v":0},{"$f":"params!$C$15*Inputs!$X$29*(E1730-Inputs!$X$26)","v":-7196.8280249999989},{"$f":"Inputs!$X$40*Inputs!$X$41/8760","v":5342.4657534246571},{"$f":"-Inputs!$X$45*Inputs!$X$33","v":-30000},650.4382693595204,4.0184887604343654E-3,3.938118985225678E-3,{"$f":"-L1730/(1.202*2465560*MAX(0,(Inputs!$X$49-O1730)))","v":1.4337920636895383},{"$f":"params!$C$15*P1730*(E1730-Inputs!$X$26)","v":-34982.758452320049},-136110.61610442877]
["1995-03-14","02:00:00",0,0,-1,-1.3,98,{"$f":"Inputs!$X$37*Inputs!$X$32*(E1731-Inputs!$X$26)","v":-75785.737112293224},{"$f":"Inputs!$X$33*C1731*Inputs!$X$38","v":0},{"$f":"params!$C$15*Inputs!$X$29*(E1731-Inputs!$X$26)","v":-7873.3852499999985},{"$f":"Inputs!$X$40*Inputs!$X$41/8760","v":5342.4657534246571},{"$f":"-Inputs!$X$45*Inputs!$X$33","v":-30000},{"$f":"EXP(77.345+0.0057*(E1731+273.15)-7235/(E1731+273.15))/(E1731+273.15)^8.2","v":566.54310372490409},{"$f":"0.62198*M1731/(101325-M1731)","v":3.4972595900071069E-3},{"$f":"N1731*G1731/100","v":3.4273143982069647E-3},{"$f":"-L1731/(1.202*2465560*MAX(0,(Inputs!$X$49-O1731)))","v":1.3370558057611441},{"$f":"params!$C$15*P1731*(E1731-Inputs!$X$26)","v":-35689.280342960607},{"$f":"H1731+I1731+J1731+K1731+L1731+Q1731","v":-144005.93695182918}]
["1995-03-14","03:00:00",0,0,0.1,-1.3,89,{"$f":"Inputs!$X$37*Inputs!$X$32*(E1732-Inputs!$X$26)","v":-72015.491899169094},{"$f":"Inputs!$X$33*C1732*Inputs!$X$38","v":0},{"$f":"params!$C$15*Inputs!$X$29*(E1732-Inputs!$X$26)","v":-7481.6942249999975},{"$f":"Inputs!$X$40*Inputs!$X$41/8760","v":5342.4657534246571},{"$f":"-Inputs!$X$45*Inputs!$X$33","v":-30000},613.85941042236618,3.7911225496935316E-3,3.3740990692272431E-3,{"$f":"-L1732/(1.202*2465560*MAX(0,(Inputs!$X$49-O1732)))","v":1.3277234198373857},{"$f":"params!$C$15*P1732*(E1732-Inputs!$X$26)","v":-33677.071959075467},-137831.7923298199]
["1995-03-14","04:00:00",0,0,0.1,-0.3,97,{"$f":"Inputs!$X$37*Inputs!$X$32*(E1733-Inputs!$X$26)","v":-72015.491899169094},{"$f":"Inputs!$X$33*C1733*Inputs!$X$38","v":0},{"$f":"params!$C$15*Inputs!$X$29*(E1733-Inputs!$X$26)","v":-7481.6942249999975},{"$f":"Inputs!$X$40*Inputs!$X$41/8760","v":5342.4657534246571},{"$f":"-Inputs!$X$45*Inputs!$X$33","v":-30000},613.85941042236618,3.7911225496935316E-3,3.6773888732027256E-3,{"$f":"-L1733/(1.202*2465560*MAX(0,(Inputs!$X$49-O1733)))","v":1.3827282793714248},{"$f":"params!$C$15*P1733*(E1733-Inputs!$X$26)","v":-35072.244014452437},-139226.96438519689]
["1995-03-14","05:00:00",0,0,-0.8,-1.3,96,{"$f":"Inputs!$X$37*Inputs!$X$32*(E1734-Inputs!$X$26)","v":-75100.237982634295},{"$f":"Inputs!$X$33*C1734*Inputs!$X$38","v":0},{"$f":"params!$C$15*Inputs!$X$29*(E1734-Inputs!$X$26)","v":-7802.1686999999984},{"$f":"Inputs!$X$40*Inputs!$X$41/8760","v":5342.4657534246571},{"$f":"-Inputs!$X$45*Inputs!$X$33","v":-30000},574.89744723163335,3.5491250645809493E-3,3.4071600619977114E-3,{"$f":"-L1734/(1.202*2465560*MAX(0,(Inputs!$X$49-O1734)))","v":1.3335059412559696},{"$f":"params!$C$15*P1734*(E1734-Inputs!$X$26)","v":-35272.565266817684},-142832.50619602733]
["1995-03-14","06:00:00",0,0,-0.7,-1.2,96,{"$f":"Inputs!$X$37*Inputs!$X$32*(E1735-Inputs!$X$26)","v":-74757.488417804823},{"$f":"Inputs!$X$33*C1735*Inputs!$X$38","v":0},{"$f":"params!$C$15*Inputs!$X$29*(E1735-Inputs!$X$26)","v":-7766.5604249999978},{"$f":"Inputs!$X$40*Inputs!$X$41/8760","v":5342.4657534246571},{"$f":"-Inputs!$X$45*Inputs!$X$33","v":-30000},579.11544010550767,3.5753144955780504E-3,3.4323019157549285E-3,{"$f":"-L1735/(1.202*2465560*MAX(0,(Inputs!$X$49-O1735)))","v":1.3379371965090492},{"$f":"params!$C$15*P1735*(E1735-Inputs!$X$26)","v":-35228.26119155073},-142409.84428093091]
["1995-03-14","07:00:00",13,0,-0.6,-1.2,95,{"$f":"Inputs!$X$37*Inputs!$X$32*(E1736-Inputs!$X$26)","v":-74414.738852975366},{"$f":"Inputs!$X$33*C1736*Inputs!$X$38","v":2536.2554464459904},{"$f":"params!$C$15*Inputs!$X$29*(E1736-Inputs!$X$26)","v":-7730.9521499999983},{"$f":"Inputs!$X$40*Inputs!$X$41/8760","v":5342.4657534246571},{"$f":"-Inputs!$X$45*Inputs!$X$33","v":-30000},583.36085066457406,3.6016763769199135E-3,3.4215925580739176E-3,{"$f":"-L1736/(1.202*2465560*MAX(0,(Inputs!$X$49-O1736)))","v":1.336046075253958},{"$f":"params!$C$15*P1736*(E1736-Inputs!$X$26)","v":-35017.180527792872},-139284.1503308976]
["1995-03-14","08:00:00",142,0,2.2000000000000002,0.5,89,{"$f":"Inputs!$X$37*Inputs!$X$32*(E1737-Inputs!$X$26)","v":-64817.751037750291},{"$f":"Inputs!$X$33*C1737*Inputs!$X$38","v":27703.71333810236},{"$f":"params!$C$15*Inputs!$X$29*(E1737-Inputs!$X$26)","v":-6733.9204499999987},{"$f":"Inputs!$X$40*Inputs!$X$41/8760","v":5342.4657534246571},{"$f":"-Inputs!$X$45*Inputs!$X$33","v":-30000},714.00723647805364,4.4140129099852635E-3,3.9284714898868848E-3,{"$f":"-L1737/(1.202*2465560*MAX(0,(Inputs!$X$49-O1737)))","v":1.4318355059634327},{"$f":"params!$C$15*P1737*(E1737-Inputs!$X$26)","v":-32687.963440023177},-101193.45583624644]
["1995-03-14","09:00:00",331,0,6.6,1.6,70,{"$f":"Inputs!$X$37*Inputs!$X$32*(E1738-Inputs!$X$26)","v":-49736.77018525375},{"$f":"Inputs!$X$33*C1738*Inputs!$X$38","v":64576.965597970993},{"$f":"params!$C$15*Inputs!$X$29*(E1738-Inputs!$X$26)","v":-5167.1563499999984},{"$f":"Inputs!$X$40*Inputs!$X$41/8760","v":5342.4657534246571},{"$f":"-Inputs!$X$45*Inputs!$X$33","v":-30000},971.89505506814805,6.0237228004355421E-3,4.216605960304879E-3,{"$f":"-L1738/(1.202*2465560*MAX(0,(Inputs!$X$49-O1738)))","v":1.4926701515235072},{"$f":"params!$C$15*P1738*(E1738-Inputs!$X$26)","v":-26148.22453198447},-41132.71971584257]
["1995-03-14","10:00:00",507,0,10,2.7,60,{"$f":"Inputs!$X$37*Inputs!$X$32*(E1739-Inputs!$X$26)","v":-38083.284981051875},{"$f":"Inputs!$X$33*C1739*Inputs!$X$38","v":98913.962411393644},{"$f":"params!$C$15*Inputs!$X$29*(E1739-Inputs!$X$26)","v":-3956.474999999999},{"$f":"Inputs!$X$40*Inputs!$X$41/8760","v":5342.4657534246571},{"$f":"-Inputs!$X$45*Inputs!$X$33","v":-30000},1224.2915728566036,7.6071876458255446E-3,4.5643125874953267E-3,{"$f":"-L1739/(1.202*2465560*MAX(0,(Inputs!$X$49-O1739)))","v":1.5733374446758814},{"$f":"params!$C$15*P1739*(E1739-Inputs!$X$26)","v":-21103.624895777648},11113.043287988781]
["1995-03-14","11:00:00",670,3,15.5,3.8,46,{"$f":"Inputs!$X$37*Inputs!$X$32*(E1740-Inputs!$X$26)","v":-19232.058915431197},{"$f":"Inputs!$X$33*C1740*Inputs!$X$38","v":130714.7037783703},{"$f":"params!$C$15*Inputs!$X$29*(E1740-Inputs!$X$26)","v":-1998.0198749999995},{"$f":"Inputs!$X$40*Inputs!$X$41/8760","v":5342.4657534246571},{"$f":"-Inputs!$X$45*Inputs!$X$33","v":-30000},1755.6341516132111,1.0966920601695053E-2,5.0447834767797239E-3,{"$f":"-L1740/(1.202*2465560*MAX(0,(Inputs!$X$49-O1740)))","v":1.7003118946308744},{"$f":"params!$C$15*P1740*(E1740-Inputs!$X$26)","v":-11517.418592260794},73309.67214910296]
["1995-03-14","12:00:00",721,0,20,2.7,32,{"$f":"Inputs!$X$37*Inputs!$X$32*(E1741-Inputs!$X$26)","v":-3808.3284981051861},{"$f":"Inputs!$X$33*C1741*Inputs!$X$38","v":140664.62899135071},{"$f":"params!$C$15*Inputs!$X$29*(E1741-Inputs!$X$26)","v":-395.64749999999975},{"$f":"Inputs!$X$40*Inputs!$X$41/8760","v":5342.4657534246571},{"$f":"-Inputs!$X$45*Inputs!$X$33","v":-30000},2331.2150168593957,1.4647072201887702E-2,4.6870631046040641E-3,{"$f":"-L1741/(1.202*2465560*MAX(0,(Inputs!$X$49-O1741)))","v":1.6039381628044411},{"$f":"params!$C$15*P1741*(E1741-Inputs!$X$26)","v":-2151.4081075481408},109651.71063912203]
["1995-03-14","13:00:00",739,0,20.5,1.6,28,{"$f":"Inputs!$X$37*Inputs!$X$32*(E1742-Inputs!$X$26)","v":-2094.5806739578516},{"$f":"Inputs!$X$33*C1742*Inputs!$X$38","v":144176.36730181437},{"$f":"params!$C$15*Inputs!$X$29*(E1742-Inputs!$X$26)","v":-217.60612499999982},{"$f":"Inputs!$X$40*Inputs!$X$41/8760","v":5342.4657534246571},{"$f":"-Inputs!$X$45*Inputs!$X$33","v":-30000},2404.3717699216595,1.511788976893247E-2,4.2330091353010918E-3,{"$f":"-L1742/(1.202*2465560*MAX(0,(Inputs!$X$49-O1742)))","v":1.4962892977027322},{"$f":"params!$C$15*P1742*(E1742-Inputs!$X$26)","v":-1103.8585841599015},116102.78767212128]
["1995-03-14","14:00:00",694,0,21.1,2.7,30,{"$f":"Inputs!$X$37*Inputs!$X$32*(E1743-Inputs!$X$26)","v":-38.083284981045651},{"$f":"Inputs!$X$33*C1743*Inputs!$X$38","v":135397.0215256552},{"$f":"params!$C$15*Inputs!$X$29*(E1743-Inputs!$X$26)","v":-3.9564749999993527},{"$f":"Inputs!$X$40*Inputs!$X$41/8760","v":5342.4657534246571},{"$f":"-Inputs!$X$45*Inputs!$X$33","v":-30000},2494.8045104526191,1.5700854397029246E-2,4.7102563191087736E-3,{"$f":"-L1743/(1.202*2465560*MAX(0,(Inputs!$X$49-O1743)))","v":1.6098542410600207},{"$f":"params!$C$15*P1743*(E1743-Inputs!$X$26)","v":-21.593435124275434},110675.85408397451]
["1995-03-14","15:00:00",589,0,21.1,2.7,30,{"$f":"Inputs!$X$37*Inputs!$X$32*(E1744-Inputs!$X$26)","v":-38.083284981045651},{"$f":"Inputs!$X$33*C1744*Inputs!$X$38","v":114911.88138128372},{"$f":"params!$C$15*Inputs!$X$29*(E1744-Inputs!$X$26)","v":-3.9564749999993527},{"$f":"Inputs!$X$40*Inputs!$X$41/8760","v":5342.4657534246571},{"$f":"-Inputs!$X$45*Inputs!$X$33","v":-30000},2494.8045104526191,1.5700854397029246E-2,4.7102563191087736E-3,{"$f":"-L1744/(1.202*2465560*MAX(0,(Inputs!$X$49-O1744)))","v":1.6098542410600207},{"$f":"params!$C$15*P1744*(E1744-Inputs!$X$26)","v":-21.593435124275434},90190.713939603054]
["1995-03-14","16:00:00",437,2,21.1,2.7,30,{"$f":"Inputs!$X$37*Inputs!$X$32*(E1745-Inputs!$X$26)","v":-38.083284981045651},{"$f":"Inputs!$X$33*C1745*Inputs!$X$38","v":85257.202315145987},{"$f":"params!$C$15*Inputs!$X$29*(E1745-Inputs!$X$26)","v":-3.9564749999993527},{"$f":"Inputs!$X$40*Inputs!$X$41/8760","v":5342.4657534246571},{"$f":"-Inputs!$X$45*Inputs!$X$33","v":-30000},2494.8045104526191,1.5700854397029246E-2,4.7102563191087736E-3,{"$f":"-L1745/(1.202*2465560*MAX(0,(Inputs!$X$49-O1745)))","v":1.6098542410600207},{"$f":"params!$C$15*P1745*(E1745-Inputs!$X$26)","v":-21.593435124275434},60536.034873465323]
["1995-03-14","17:00:00",222,3,20,2.7,32,{"$f":"Inputs!$X$37*Inputs!$X$32*(E1746-Inputs!$X$26)","v":-3808.3284981051861},{"$f":"Inputs!$X$33*C1746*Inputs!$X$38","v":43311.439162385381},{"$f":"params!$C$15*Inputs!$X$29*(E1746-Inputs!$X$26)","v":-395.64749999999975},{"$f":"Inputs!$X$40*Inputs!$X$41/8760","v":5342.4657534246571},{"$f":"-Inputs!$X$45*Inputs!$X$33","v":-30000},2331.2150168593957,1.4647072201887702E-2,4.6870631046040641E-3,{"$f":"-L1746/(1.202*2465560*MAX(0,(Inputs!$X$49-O1746)))","v":1.6039381628044411},{"$f":"params!$C$15*P1746*(E1746-Inputs!$X$26)","v":-2151.4081075481408},12298.520810156715]
["1995-03-14","18:00:00",72,0,17.7,2.2000000000000002,35,{"$f":"Inputs!$X$37*Inputs!$X$32*(E1747-Inputs!$X$26)","v":-11691.568489182926},{"$f":"Inputs!$X$33*C1747*Inputs!$X$38","v":14046.953241854717},{"$f":"params!$C$15*Inputs!$X$29*(E1747-Inputs!$X$26)","v":-1214.6378249999998},{"$f":"Inputs!$X$40*Inputs!$X$41/8760","v":5342.4657534246571},{"$f":"-Inputs!$X$45*Inputs!$X$33","v":-30000},2019.2002466438246,1.2646815921394168E-2,4.4263855724879586E-3,{"$f":"-L1747/(1.202*2465560*MAX(0,(Inputs!$X$49-O1747)))","v":1.5403172087257493},{"$f":"params!$C$15*P1747*(E1747-Inputs!$X$26)","v":-6342.8395147920019},-29859.626833695555]
["1995-03-14","19:00:00",0,0,15,2.7,44,{"$f":"Inputs!$X$37*Inputs!$X$32*(E1748-Inputs!$X$26)","v":-20945.806739578529},{"$f":"Inputs!$X$33*C1748*Inputs!$X$38","v":0},{"$f":"params!$C$15*Inputs!$X$29*(E1748-Inputs!$X$26)","v":-2176.0612499999993},{"$f":"Inputs!$X$40*Inputs!$X$41/8760","v":5342.4657534246571},{"$f":"-Inputs!$X$45*Inputs!$X$33","v":-30000},1700.1281023555496,1.0614273895273205E-2,4.67028051392021E-3,{"$f":"-L1748/(1.202*2465560*MAX(0,(Inputs!$X$49-O1748)))","v":1.5996843369706601},{"$f":"params!$C$15*P1748*(E1748-Inputs!$X$26)","v":-11801.362811471643},-59580.765047625508]
["1995-03-14","20:00:00",0,0,9.4,3.3,66,{"$f":"Inputs!$X$37*Inputs!$X$32*(E1749-Inputs!$X$26)","v":-40139.782370028675},{"$f":"Inputs!$X$33*C1749*Inputs!$X$38","v":0},{"$f":"params!$C$15*Inputs!$X$29*(E1749-Inputs!$X$26)","v":-4170.1246499999988},{"$f":"Inputs!$X$40*Inputs!$X$41/8760","v":5342.4657534246571},{"$f":"-Inputs!$X$45*Inputs!$X$33","v":-30000},1175.9507731568485,7.3032931169560531E-3,4.8201734571909948E-3,{"$f":"-L1749/(1.202*2465560*MAX(0,(Inputs!$X$49-O1749)))","v":1.6384957621849376},{"$f":"params!$C$15*P1749*(E1749-Inputs!$X$26)","v":-23164.403084385842},-92131.84435098985]
["1995-03-14","21:00:00",0,0,7.7,2.7,71,{"$f":"Inputs!$X$37*Inputs!$X$32*(E1750-Inputs!$X$26)","v":-45966.524972129613},{"$f":"Inputs!$X$33*C1750*Inputs!$X$38","v":0},{"$f":"params!$C$15*Inputs!$X$29*(E1750-Inputs!$X$26)","v":-4775.4653249999992},{"$f":"Inputs!$X$40*Inputs!$X$41/8760","v":5342.4657534246571},{"$f":"-Inputs!$X$45*Inputs!$X$33","v":-30000},1047.9935141086903,6.5003037959358509E-3,4.6152156951144545E-3,{"$f":"-L1750/(1.202*2465560*MAX(0,(Inputs!$X$49-O1750)))","v":1.5858843458222298},{"$f":"params!$C$15*P1750*(E1750-Inputs!$X$26)","v":-25675.207521447959},-101074.73206515292]
["1995-03-14","22:00:00",0,0,6.1,2.7,79,{"$f":"Inputs!$X$37*Inputs!$X$32*(E1751-Inputs!$X$26)","v":-51450.518009401079},{"$f":"Inputs!$X$33*C1751*Inputs!$X$38","v":0},{"$f":"params!$C$15*Inputs!$X$29*(E1751-Inputs!$X$26)","v":-5345.1977249999991},{"$f":"Inputs!$X$40*Inputs!$X$41/8760","v":5342.4657534246571},{"$f":"-Inputs!$X$45*Inputs!$X$33","v":-30000},938.94793828269269,5.817609385555097E-3,4.595911414588527E-3,{"$f":"-L1751/(1.202*2465560*MAX(0,(Inputs!$X$49-O1751)))","v":1.581102627589952},{"$f":"params!$C$15*P1751*(E1751-Inputs!$X$26)","v":-28651.712825332954},-110104.96280630938]
["1995-03-14","23:00:00",0,0,5.5,2.2000000000000002,79,{"$f":"Inputs!$X$37*Inputs!$X$32*(E1752-Inputs!$X$26)","v":-53507.01539837788},{"$f":"Inputs!$X$33*C1752*Inputs!$X$38","v":0},{"$f":"params!$C$15*Inputs!$X$29*(E1752-Inputs!$X$26)","v":-5558.8473749999985},{"$f":"Inputs!$X$40*Inputs!$X$41/8760","v":5342.4657534246571},{"$f":"-Inputs!$X$45*Inputs!$X$33","v":-30000},900.71602087450731,5.5786043819837112E-3,4.4070974617671319E-3,{"$f":"-L1752/(1.202*2465560*MAX(0,(Inputs!$X$49-O1752)))","v":1.5358097054168258},{"$f":"params!$C$15*P1752*(E1752-Inputs!$X$26)","v":-28943.357715120794},-112666.75473507401]
["1995-03-14",1,0,0,3.8,2.2000000000000002,89,{"$f":"Inputs!$X$37*Inputs!$X$32*(E1753-Inputs!$X$26)","v":-59333.758000478818},{"$f":"Inputs!$X$33*C1753*Inputs!$X$38","v":0},{"$f":"params!$C$15*Inputs!$X$29*(E1753-Inputs!$X$26)","v":-6164.1880499999979},{"$f":"Inputs!$X$40*Inputs!$X$41/8760","v":5342.4657534246571},{"$f":"-Inputs!$X$45*Inputs!$X$33","v":-30000},799.75278170517424,4.9483114832316053E-3,4.4039972200761281E-3,{"$f":"-L1753/(1.202*2465560*MAX(0,(Inputs!$X$49-O1753)))","v":1.5350876593128722},{"$f":"params!$C$15*P1753*(E1753-Inputs!$X$26)","v":-32080.107422333691},-122235.58771938786]
["1995-03-15","01:00:00",0,0,2.8,1.4,90,{"$f":"Inputs!$X$37*Inputs!$X$32*(E1754-Inputs!$X$26)","v":-62761.253648773483},{"$f":"Inputs!$X$33*C1754*Inputs!$X$38","v":0},{"$f":"params!$C$15*Inputs!$X$29*(E1754-Inputs!$X$26)","v":-6520.2707999999984},{"$f":"Inputs!$X$40*Inputs!$X$41/8760","v":5342.4657534246571},{"$f":"-Inputs!$X$45*Inputs!$X$33","v":-30000},745.15756711705887,4.6080118280633067E-3,4.1472106452569765E-3,{"$f":"-L1754/(1.202*2465560*MAX(0,(Inputs!$X$49-O1754)))","v":1.4775507295017669},{"$f":"params!$C$15*P1754*(E1754-Inputs!$X$26)","v":-32661.399380653176},-126600.458076002]
["1995-03-15","02:00:00",0,0,2.1,1,92,{"$f":"Inputs!$X$37*Inputs!$X$32*(E1755-Inputs!$X$26)","v":-65160.500602579748},{"$f":"Inputs!$X$33*C1755*Inputs!$X$38","v":0},{"$f":"params!$C$15*Inputs!$X$29*(E1755-Inputs!$X$26)","v":-6769.5287249999974},{"$f":"Inputs!$X$40*Inputs!$X$41/8760","v":5342.4657534246571},{"$f":"-Inputs!$X$45*Inputs!$X$33","v":-30000},708.92912942371902,4.3823987172600994E-3,4.0318068198792918E-3,{"$f":"-L1755/(1.202*2465560*MAX(0,(Inputs!$X$49-O1755)))","v":1.4530742362362219},{"$f":"params!$C$15*P1755*(E1755-Inputs!$X$26)","v":-33348.245675948951},-129935.80925010404]
["1995-03-15","03:00:00",0,0,1.6,0.8,94,{"$f":"Inputs!$X$37*Inputs!$X$32*(E1756-Inputs!$X$26)","v":-66874.248426727077},{"$f":"Inputs!$X$33*C1756*Inputs!$X$38","v":0},{"$f":"params!$C$15*Inputs!$X$29*(E1756-Inputs!$X$26)","v":-6947.5700999999981},{"$f":"Inputs!$X$40*Inputs!$X$41/8760","v":5342.4657534246571},{"$f":"-Inputs!$X$45*Inputs!$X$33","v":-30000},684.01504143025329,4.2273401402413606E-3,3.9736997318268793E-3,{"$f":"-L1756/(1.202*2465560*MAX(0,(Inputs!$X$49-O1756)))","v":1.4410544678429704},{"$f":"params!$C$15*P1756*(E1756-Inputs!$X$26)","v":-33942.20780159031},-132421.56057489273]
["1995-03-15","04:00:00",0,0,1.1000000000000001,0.4,95,{"$f":"Inputs!$X$37*Inputs!$X$32*(E1757-Inputs!$X$26)","v":-68587.996250874421},{"$f":"Inputs!$X$33*C1757*Inputs!$X$38","v":0},{"$f":"params!$C$15*Inputs!$X$29*(E1757-Inputs!$X$26)","v":-7125.6114749999979},{"$f":"Inputs!$X$40*Inputs!$X$41/8760","v":5342.4657534246571},{"$f":"-Inputs!$X$45*Inputs!$X$33","v":-30000},659.87933273383078,4.077199179350414E-3,3.8733392203828933E-3,{"$f":"-L1757/(1.202*2465560*MAX(0,(Inputs!$X$49-O1757)))","v":1.4207560787288163},{"$f":"params!$C$15*P1757*(E1757-Inputs!$X$26)","v":-34321.670359455631},-134692.81233190541]
["1995-03-15","05:00:00",0,0,0.8,0.1,95,{"$f":"Inputs!$X$37*Inputs!$X$32*(E1758-Inputs!$X$26)","v":-69616.244945362821},{"$f":"Inputs!$X$33*C1758*Inputs!$X$38","v":0},{"$f":"params!$C$15*Inputs!$X$29*(E1758-Inputs!$X$26)","v":-7232.4362999999976},{"$f":"Inputs!$X$40*Inputs!$X$41/8760","v":5342.4657534246571},{"$f":"-Inputs!$X$45*Inputs!$X$33","v":-30000},645.76276235728631,3.9894176192746562E-3,3.789946738310923E-3,{"$f":"-L1758/(1.202*2465560*MAX(0,(Inputs!$X$49-O1758)))","v":1.4043195107057698},{"$f":"params!$C$15*P1758*(E1758-Inputs!$X$26)","v":-34433.193351207279},-135939.40884314544]
["1995-03-15","06:00:00",0,0,0.5,0,96,{"$f":"Inputs!$X$37*Inputs!$X$32*(E1759-Inputs!$X$26)","v":-70644.493639851222},{"$f":"Inputs!$X$33*C1759*Inputs!$X$38","v":0},{"$f":"params!$C$15*Inputs!$X$29*(E1759-Inputs!$X$26)","v":-7339.2611249999982},{"$f":"Inputs!$X$40*Inputs!$X$41/8760","v":5342.4657534246571},{"$f":"-Inputs!$X$45*Inputs!$X$33","v":-30000},631.91436873737246,3.9033275880190387E-3,3.7471944844982776E-3,{"$f":"-L1759/(1.202*2465560*MAX(0,(Inputs!$X$49-O1759)))","v":1.396039679268684},{"$f":"params!$C$15*P1759*(E1759-Inputs!$X$26)","v":-34735.764076404434},-137377.05308783101]
["1995-03-15","07:00:00",15,0,1.6,0.5,92,{"$f":"Inputs!$X$37*Inputs!$X$32*(E1760-Inputs!$X$26)","v":-66874.248426727077},{"$f":"Inputs!$X$33*C1760*Inputs!$X$38","v":2926.448592053066},{"$f":"params!$C$15*Inputs!$X$29*(E1760-Inputs!$X$26)","v":-6947.5700999999981},{"$f":"Inputs!$X$40*Inputs!$X$41/8760","v":5342.4657534246571},{"$f":"-Inputs!$X$45*Inputs!$X$33","v":-30000},684.01504143025329,4.2273401402413606E-3,3.8891529290220519E-3,{"$f":"-L1760/(1.202*2465560*MAX(0,(Inputs!$X$49-O1760)))","v":1.4239164386688785},{"$f":"params!$C$15*P1760*(E1760-Inputs!$X$26)","v":-33538.543290277659},-129091.44747152703]
["1995-03-15","08:00:00",151,0,3.8,2.2000000000000002,89,{"$f":"Inputs!$X$37*Inputs!$X$32*(E1761-Inputs!$X$26)","v":-59333.758000478818},{"$f":"Inputs!$X$33*C1761*Inputs!$X$38","v":29459.582493334197},{"$f":"params!$C$15*Inputs!$X$29*(E1761-Inputs!$X$26)","v":-6164.1880499999979},{"$f":"Inputs!$X$40*Inputs!$X$41/8760","v":5342.4657534246571},{"$f":"-Inputs!$X$45*Inputs!$X$33","v":-30000},799.75278170517424,4.9483114832316053E-3,4.4039972200761281E-3,{"$f":"-L1761/(1.202*2465560*MAX(0,(Inputs!$X$49-O1761)))","v":1.5350876593128722},{"$f":"params!$C$15*P1761*(E1761-Inputs!$X$26)","v":-32080.107422333691},-92776.005226053647]
["1995-03-15","09:00:00",341,0,7.7,3.3,74,{"$f":"Inputs!$X$37*Inputs!$X$32*(E1762-Inputs!$X$26)","v":-45966.524972129613},{"$f":"Inputs!$X$33*C1762*Inputs!$X$38","v":66527.931326006365},{"$f":"params!$C$15*Inputs!$X$29*(E1762-Inputs!$X$26)","v":-4775.4653249999992},{"$f":"Inputs!$X$40*Inputs!$X$41/8760","v":5342.4657534246571},{"$f":"-Inputs!$X$45*Inputs!$X$33","v":-30000},1047.9935141086903,6.5003037959358509E-3,4.8102248089925302E-3,{"$f":"-L1762/(1.202*2465560*MAX(0,(Inputs!$X$49-O1762)))","v":1.6358615259273561},{"$f":"params!$C$15*P1762*(E1762-Inputs!$X$26)","v":-26484.329872593062},-35355.923090291653]
["1995-03-15","10:00:00",516,0,12.5,4.2,57,{"$f":"Inputs!$X$37*Inputs!$X$32*(E1763-Inputs!$X$26)","v":-29514.5458603152},{"$f":"Inputs!$X$33*C1763*Inputs!$X$38","v":100669.83156662548},{"$f":"params!$C$15*Inputs!$X$29*(E1763-Inputs!$X$26)","v":-3066.2681249999991},{"$f":"Inputs!$X$40*Inputs!$X$41/8760","v":5342.4657534246571},{"$f":"-Inputs!$X$45*Inputs!$X$33","v":-30000},1445.0719863689671,8.9988638553995196E-3,5.129352397577727E-3,{"$f":"-L1763/(1.202*2465560*MAX(0,(Inputs!$X$49-O1763)))","v":1.7248126857502073},{"$f":"params!$C$15*P1763*(E1763-Inputs!$X$26)","v":-17929.939343599359},25501.543991135561]
["1995-03-15","11:00:00",650,0,17.2,5,44,{"$f":"Inputs!$X$37*Inputs!$X$32*(E1764-Inputs!$X$26)","v":-13405.316313330261},{"$f":"Inputs!$X$33*C1764*Inputs!$X$38","v":126812.77232229953},{"$f":"params!$C$15*Inputs!$X$29*(E1764-Inputs!$X$26)","v":-1392.6791999999998},{"$f":"Inputs!$X$40*Inputs!$X$41/8760","v":5342.4657534246571},{"$f":"-Inputs!$X$45*Inputs!$X$33","v":-30000},1956.433941157356,1.2245952930431422E-2,5.388219289389826E-3,{"$f":"-L1764/(1.202*2465560*MAX(0,(Inputs!$X$49-O1764)))","v":1.8044011895216046},{"$f":"params!$C$15*P1764*(E1764-Inputs!$X$26)","v":-8519.4380327592444},78837.804529634683]
["1995-03-15","12:00:00",729,0,20,6.6,42,{"$f":"Inputs!$X$37*Inputs!$X$32*(E1765-Inputs!$X$26)","v":-3808.3284981051861},{"$f":"Inputs!$X$33*C1765*Inputs!$X$38","v":142225.401573779},{"$f":"params!$C$15*Inputs!$X$29*(E1765-Inputs!$X$26)","v":-395.64749999999975},{"$f":"Inputs!$X$40*Inputs!$X$41/8760","v":5342.4657534246571},{"$f":"-Inputs!$X$45*Inputs!$X$33","v":-30000},2331.2150168593957,1.4647072201887702E-2,6.151770324792835E-3,{"$f":"-L1765/(1.202*2465560*MAX(0,(Inputs!$X$49-O1765)))","v":2.0886780166514147},{"$f":"params!$C$15*P1765*(E1765-Inputs!$X$26)","v":-2801.6035301663323},110562.28779893213]
["1995-03-15","13:00:00",697,2,22.7,6.1,34,{"$f":"Inputs!$X$37*Inputs!$X$32*(E1766-Inputs!$X$26)","v":5445.9097522904167},{"$f":"Inputs!$X$33*C1766*Inputs!$X$38","v":135982.31124406582},{"$f":"params!$C$15*Inputs!$X$29*(E1766-Inputs!$X$26)","v":565.7759249999998},{"$f":"Inputs!$X$40*Inputs!$X$41/8760","v":5342.4657534246571},{"$f":"-Inputs!$X$45*Inputs!$X$33","v":-30000},2750.653088702984,1.7355947685364897E-2,5.9010222130240651E-3,{"$f":"-L1766/(1.202*2465560*MAX(0,(Inputs!$X$49-O1766)))","v":1.9859303498569427},{"$f":"params!$C$15*P1766*(E1766-Inputs!$X$26)","v":3809.2127610330886},121145.67543581396]
["1995-03-15","14:00:00",607,3,22.2,6.1,35,{"$f":"Inputs!$X$37*Inputs!$X$32*(E1767-Inputs!$X$26)","v":3732.1619281430826},{"$f":"Inputs!$X$33*C1767*Inputs!$X$38","v":118423.61969174742},{"$f":"params!$C$15*Inputs!$X$29*(E1767-Inputs!$X$26)","v":387.73454999999979},{"$f":"Inputs!$X$40*Inputs!$X$41/8760","v":5342.4657534246571},{"$f":"-Inputs!$X$45*Inputs!$X$33","v":-30000},2668.3451911941711,1.6822558450165632E-2,5.8878954575579713E-3,{"$f":"-L1767/(1.202*2465560*MAX(0,(Inputs!$X$49-O1767)))","v":1.9808292100290377},{"$f":"params!$C$15*P1767*(E1767-Inputs!$X$26)","v":2603.8039860464087},100489.78590936154]
["1995-03-15","15:00:00",591,2,21.6,6.6,38,{"$f":"Inputs!$X$37*Inputs!$X$32*(E1768-Inputs!$X$26)","v":1675.6645391662887},{"$f":"Inputs!$X$33*C1768*Inputs!$X$38","v":115302.07452689079},{"$f":"params!$C$15*Inputs!$X$29*(E1768-Inputs!$X$26)","v":174.0849000000006},{"$f":"Inputs!$X$40*Inputs!$X$41/8760","v":5342.4657534246571},{"$f":"-Inputs!$X$45*Inputs!$X$33","v":-30000},2572.4230683269375,1.6202065300483511E-2,6.1567848141837345E-3,{"$f":"-L1768/(1.202*2465560*MAX(0,(Inputs!$X$49-O1768)))","v":2.0908413232556322},{"$f":"params!$C$15*P1768*(E1768-Inputs!$X$26)","v":1233.9823034679039},93728.272022949634]
["1995-03-15","16:00:00",370,3,21.6,8.3000000000000007,42,{"$f":"Inputs!$X$37*Inputs!$X$32*(E1769-Inputs!$X$26)","v":1675.6645391662887},{"$f":"Inputs!$X$33*C1769*Inputs!$X$38","v":72185.73193730897},{"$f":"params!$C$15*Inputs!$X$29*(E1769-Inputs!$X$26)","v":174.0849000000006},{"$f":"Inputs!$X$40*Inputs!$X$41/8760","v":5342.4657534246571},{"$f":"-Inputs!$X$45*Inputs!$X$33","v":-30000},2572.4230683269375,1.6202065300483511E-2,6.8048674262030755E-3,{"$f":"-L1769/(1.202*2465560*MAX(0,(Inputs!$X$49-O1769)))","v":2.4139756690853988},{"$f":"params!$C$15*P1769*(E1769-Inputs!$X$26)","v":1424.6912109117895},50802.638340811704]
["1995-03-15","17:00:00",237,2,20.5,8.3000000000000007,45,{"$f":"Inputs!$X$37*Inputs!$X$32*(E1770-Inputs!$X$26)","v":-2094.5806739578516},{"$f":"Inputs!$X$33*C1770*Inputs!$X$38","v":46237.887754438445},{"$f":"params!$C$15*Inputs!$X$29*(E1770-Inputs!$X$26)","v":-217.60612499999982},{"$f":"Inputs!$X$40*Inputs!$X$41/8760","v":5342.4657534246571},{"$f":"-Inputs!$X$45*Inputs!$X$33","v":-30000},2404.3717699216595,1.511788976893247E-2,6.8030503960196118E-3,{"$f":"-L1770/(1.202*2465560*MAX(0,(Inputs!$X$49-O1770)))","v":2.4129301341091045},{"$f":"params!$C$15*P1770*(E1770-Inputs!$X$26)","v":-1780.0926903666202},17488.074018538631]
["1995-03-15","18:00:00",84,3,18.3,8.3000000000000007,52,{"$f":"Inputs!$X$37*Inputs!$X$32*(E1771-Inputs!$X$26)","v":-9635.0711002061198},{"$f":"Inputs!$X$33*C1771*Inputs!$X$38","v":16388.11211549717},{"$f":"params!$C$15*Inputs!$X$29*(E1771-Inputs!$X$26)","v":-1000.9881749999994},{"$f":"Inputs!$X$40*Inputs!$X$41/8760","v":5342.4657534246571},{"$f":"-Inputs!$X$45*Inputs!$X$33","v":-30000},2096.843724028703,1.3143395064644483E-2,6.8345654336151307E-3,{"$f":"-L1771/(1.202*2465560*MAX(0,(Inputs!$X$49-O1771)))","v":2.4311935030239669},{"$f":"params!$C$15*P1771*(E1771-Inputs!$X$26)","v":-8250.4042380444826},-27155.885644328773]
["1995-03-15","19:00:00",0,2,13.8,7.2,64,{"$f":"Inputs!$X$37*Inputs!$X$32*(E1772-Inputs!$X$26)","v":-25058.801517532131},{"$f":"Inputs!$X$33*C1772*Inputs!$X$38","v":0},{"$f":"params!$C$15*Inputs!$X$29*(E1772-Inputs!$X$26)","v":-2603.360549999999},{"$f":"Inputs!$X$40*Inputs!$X$41/8760","v":5342.4657534246571},{"$f":"-Inputs!$X$45*Inputs!$X$33","v":-30000},1573.1538512037964,9.8090438437819852E-3,6.2777880600204707E-3,{"$f":"-L1772/(1.202*2465560*MAX(0,(Inputs!$X$49-O1772)))","v":2.1444370527152787},{"$f":"params!$C$15*P1772*(E1772-Inputs!$X$26)","v":-18926.677252025231},-71246.373566132694]
["1995-03-15","20:00:00",0,0,12.7,7.2,69,{"$f":"Inputs!$X$37*Inputs!$X$32*(E1773-Inputs!$X$26)","v":-28829.046730656268},{"$f":"Inputs!$X$33*C1773*Inputs!$X$38","v":0},{"$f":"params!$C$15*Inputs!$X$29*(E1773-Inputs!$X$26)","v":-2995.0515749999995},{"$f":"Inputs!$X$40*Inputs!$X$41/8760","v":5342.4657534246571},{"$f":"-Inputs!$X$45*Inputs!$X$33","v":-30000},1464.1592348808538,9.1194681912721114E-3,6.2924330519777572E-3,{"$f":"-L1773/(1.202*2465560*MAX(0,(Inputs!$X$49-O1773)))","v":2.1511107114008863},{"$f":"params!$C$15*P1773*(E1773-Inputs!$X$26)","v":-21842.07140257732},-78323.703954808938]
["1995-03-15","21:00:00",0,0,9.4,6.1,80,{"$f":"Inputs!$X$37*Inputs!$X$32*(E1774-Inputs!$X$26)","v":-40139.782370028675},{"$f":"Inputs!$X$33*C1774*Inputs!$X$38","v":0},{"$f":"params!$C$15*Inputs!$X$29*(E1774-Inputs!$X$26)","v":-4170.1246499999988},{"$f":"Inputs!$X$40*Inputs!$X$41/8760","v":5342.4657534246571},{"$f":"-Inputs!$X$45*Inputs!$X$33","v":-30000},1175.9507731568485,7.3032931169560531E-3,5.842634493564842E-3,{"$f":"-L1774/(1.202*2465560*MAX(0,(Inputs!$X$49-O1774)))","v":1.9634397062533178},{"$f":"params!$C$15*P1774*(E1774-Inputs!$X$26)","v":-27758.331658355804},-96725.77292495982]
["1995-03-15","22:00:00",0,0,8.8000000000000007,6.6,86,{"$f":"Inputs!$X$37*Inputs!$X$32*(E1775-Inputs!$X$26)","v":-42196.279759005469},{"$f":"Inputs!$X$33*C1775*Inputs!$X$38","v":0},{"$f":"params!$C$15*Inputs!$X$29*(E1775-Inputs!$X$26)","v":-4383.7742999999982},{"$f":"Inputs!$X$40*Inputs!$X$41/8760","v":5342.4657534246571},{"$f":"-Inputs!$X$45*Inputs!$X$33","v":-30000},1129.2996391964346,7.0102987159933764E-3,6.028856895754304E-3,{"$f":"-L1775/(1.202*2465560*MAX(0,(Inputs!$X$49-O1775)))","v":2.0370168463867167},{"$f":"params!$C$15*P1775*(E1775-Inputs!$X$26)","v":-30273.982896943173},-101511.57120252398]
["1995-03-15","23:00:00",0,0,7.2,5.5,89,{"$f":"Inputs!$X$37*Inputs!$X$32*(E1776-Inputs!$X$26)","v":-47680.27279627695},{"$f":"Inputs!$X$33*C1776*Inputs!$X$38","v":0},{"$f":"params!$C$15*Inputs!$X$29*(E1776-Inputs!$X$26)","v":-4953.506699999999},{"$f":"Inputs!$X$40*Inputs!$X$41/8760","v":5342.4657534246571},{"$f":"-Inputs!$X$45*Inputs!$X$33","v":-30000},1012.7753618292717,6.2796535698688054E-3,5.588891677183236E-3,{"$f":"-L1776/(1.202*2465560*MAX(0,(Inputs!$X$49-O1776)))","v":1.8713390763749997},{"$f":"params!$C$15*P1776*(E1776-Inputs!$X$26)","v":-31426.209071642177},-108717.52281449447]
["1995-03-15",1,0,0,5.5,5,97,{"$f":"Inputs!$X$37*Inputs!$X$32*(E1777-Inputs!$X$26)","v":-53507.01539837788},{"$f":"Inputs!$X$33*C1777*Inputs!$X$38","v":0},{"$f":"params!$C$15*Inputs!$X$29*(E1777-Inputs!$X$26)","v":-5558.8473749999985},{"$f":"Inputs!$X$40*Inputs!$X$41/8760","v":5342.4657534246571},{"$f":"-Inputs!$X$45*Inputs!$X$33","v":-30000},900.71602087450731,5.5786043819837112E-3,5.4112462505242001E-3,{"$f":"-L1777/(1.202*2465560*MAX(0,(Inputs!$X$49-O1777)))","v":1.8118380201395188},{"$f":"params!$C$15*P1777*(E1777-Inputs!$X$26)","v":-34145.295314774485},-117868.6923347277]
["1995-03-16","01:00:00",0,1,4.4000000000000004,4,97,{"$f":"Inputs!$X$37*Inputs!$X$32*(E1778-Inputs!$X$26)","v":-57277.26061150201},{"$f":"Inputs!$X$33*C1778*Inputs!$X$38","v":0},{"$f":"params!$C$15*Inputs!$X$29*(E1778-Inputs!$X$26)","v":-5950.5383999999976},{"$f":"Inputs!$X$40*Inputs!$X$41/8760","v":5342.4657534246571},{"$f":"-Inputs!$X$45*Inputs!$X$33","v":-30000},834.18129245512239,5.1630993453363316E-3,5.0082063649762422E-3,{"$f":"-L1778/(1.202*2465560*MAX(0,(Inputs!$X$49-O1778)))","v":1.6899293135659941},{"$f":"params!$C$15*P1778*(E1778-Inputs!$X$26)","v":-34091.927462642285},-121977.26072071964]
["1995-03-16","02:00:00",0,1,3.7,3.3,97,{"$f":"Inputs!$X$37*Inputs!$X$32*(E1779-Inputs!$X$26)","v":-59676.507565308289},{"$f":"Inputs!$X$33*C1779*Inputs!$X$38","v":0},{"$f":"params!$C$15*Inputs!$X$29*(E1779-Inputs!$X$26)","v":-6199.7963249999984},{"$f":"Inputs!$X$40*Inputs!$X$41/8760","v":5342.4657534246571},{"$f":"-Inputs!$X$45*Inputs!$X$33","v":-30000},794.13852655085327,4.9132999907153096E-3,4.7659009909938503E-3,{"$f":"-L1779/(1.202*2465560*MAX(0,(Inputs!$X$49-O1779)))","v":1.6242275180386088},{"$f":"params!$C$15*P1779*(E1779-Inputs!$X$26)","v":-34139.01927145895},-124672.85740834258]
["1995-03-16","03:00:00",0,2,3.2,2.7,97,{"$f":"Inputs!$X$37*Inputs!$X$32*(E1780-Inputs!$X$26)","v":-61390.255389455619},{"$f":"Inputs!$X$33*C1780*Inputs!$X$38","v":0},{"$f":"params!$C$15*Inputs!$X$29*(E1780-Inputs!$X$26)","v":-6377.8376999999982},{"$f":"Inputs!$X$40*Inputs!$X$41/8760","v":5342.4657534246571},{"$f":"-Inputs!$X$45*Inputs!$X$33","v":-30000},766.58671112411537,4.741538643964688E-3,4.5992924846457476E-3,{"$f":"-L1780/(1.202*2465560*MAX(0,(Inputs!$X$49-O1780)))","v":1.5819380430132797},{"$f":"params!$C$15*P1780*(E1780-Inputs!$X$26)","v":-34205.007333874484},-126630.63466990546]
["1995-03-16","04:00:00",0,2,2.6,2.1,96,{"$f":"Inputs!$X$37*Inputs!$X$32*(E1781-Inputs!$X$26)","v":-63446.752778432412},{"$f":"Inputs!$X$33*C1781*Inputs!$X$38","v":0},{"$f":"params!$C$15*Inputs!$X$29*(E1781-Inputs!$X$26)","v":-6591.4873499999976},{"$f":"Inputs!$X$40*Inputs!$X$41/8760","v":5342.4657534246571},{"$f":"-Inputs!$X$45*Inputs!$X$33","v":-30000},734.64310151877623,4.5425161056322633E-3,4.360815461406973E-3,{"$f":"-L1781/(1.202*2465560*MAX(0,(Inputs!$X$49-O1781)))","v":1.5251007563210646},{"$f":"params!$C$15*P1781*(E1781-Inputs!$X$26)","v":-34080.716268486598},-128776.49064349436]
["1995-03-16","05:00:00",0,3,2.2000000000000002,1.6,96,{"$f":"Inputs!$X$37*Inputs!$X$32*(E1782-Inputs!$X$26)","v":-64817.751037750291},{"$f":"Inputs!$X$33*C1782*Inputs!$X$38","v":0},{"$f":"params!$C$15*Inputs!$X$29*(E1782-Inputs!$X$26)","v":-6733.9204499999987},{"$f":"Inputs!$X$40*Inputs!$X$41/8760","v":5342.4657534246571},{"$f":"-Inputs!$X$45*Inputs!$X$33","v":-30000},714.00723647805364,4.4140129099852635E-3,4.2374523935858532E-3,{"$f":"-L1782/(1.202*2465560*MAX(0,(Inputs!$X$49-O1782)))","v":1.4972726673839656},{"$f":"params!$C$15*P1782*(E1782-Inputs!$X$26)","v":-34181.855392851947},-130391.06112717759]
["1995-03-16","06:00:00",0,2,3.3,2.7,96,{"$f":"Inputs!$X$37*Inputs!$X$32*(E1783-Inputs!$X$26)","v":-61047.505824626147},{"$f":"Inputs!$X$33*C1783*Inputs!$X$38","v":0},{"$f":"params!$C$15*Inputs!$X$29*(E1783-Inputs!$X$26)","v":-6342.2294249999977},{"$f":"Inputs!$X$40*Inputs!$X$41/8760","v":5342.4657534246571},{"$f":"-Inputs!$X$45*Inputs!$X$33","v":-30000},772.02842975916951,4.7754555160627581E-3,4.5844372954202475E-3,{"$f":"-L1783/(1.202*2465560*MAX(0,(Inputs!$X$49-O1783)))","v":1.5782740985991419},{"$f":"params!$C$15*P1783*(E1783-Inputs!$X$26)","v":-33935.256158586068},-125982.52565478755]
["1995-03-16","07:00:00",18,9,2.2000000000000002,2.2000000000000002,100,{"$f":"Inputs!$X$37*Inputs!$X$32*(E1784-Inputs!$X$26)","v":-64817.751037750291},{"$f":"Inputs!$X$33*C1784*Inputs!$X$38","v":3511.7383104636792},{"$f":"params!$C$15*Inputs!$X$29*(E1784-Inputs!$X$26)","v":-6733.9204499999987},{"$f":"Inputs!$X$40*Inputs!$X$41/8760","v":5342.4657534246571},{"$f":"-Inputs!$X$45*Inputs!$X$33","v":-30000},714.00723647805364,4.4140129099852635E-3,4.4140129099852635E-3,{"$f":"-L1784/(1.202*2465560*MAX(0,(Inputs!$X$49-O1784)))","v":1.5374227628729731},{"$f":"params!$C$15*P1784*(E1784-Inputs!$X$26)","v":-35098.458485869276},-127795.92590973125]
["1995-03-16","08:00:00",125,9,5.5,5,97,{"$f":"Inputs!$X$37*Inputs!$X$32*(E1785-Inputs!$X$26)","v":-53507.01539837788},{"$f":"Inputs!$X$33*C1785*Inputs!$X$38","v":24387.071600442214},{"$f":"params!$C$15*Inputs!$X$29*(E1785-Inputs!$X$26)","v":-5558.8473749999985},{"$f":"Inputs!$X$40*Inputs!$X$41/8760","v":5342.4657534246571},{"$f":"-Inputs!$X$45*Inputs!$X$33","v":-30000},900.71602087450731,5.5786043819837112E-3,5.4112462505242001E-3,{"$f":"-L1785/(1.202*2465560*MAX(0,(Inputs!$X$49-O1785)))","v":1.8118380201395188},{"$f":"params!$C$15*P1785*(E1785-Inputs!$X$26)","v":-34145.295314774485},-93481.62073428549]
["1995-03-16","09:00:00",107,10,8.3000000000000007,5.5,83,{"$f":"Inputs!$X$37*Inputs!$X$32*(E1786-Inputs!$X$26)","v":-43910.027583152805},{"$f":"Inputs!$X$33*C1786*Inputs!$X$38","v":20875.333289978538},{"$f":"params!$C$15*Inputs!$X$29*(E1786-Inputs!$X$26)","v":-4561.8156749999989},{"$f":"Inputs!$X$40*Inputs!$X$41/8760","v":5342.4657534246571},{"$f":"-Inputs!$X$45*Inputs!$X$33","v":-30000},1091.6777773743988,6.7742116984131845E-3,5.6225957096829428E-3,{"$f":"-L1786/(1.202*2465560*MAX(0,(Inputs!$X$49-O1786)))","v":1.8830718320496582},{"$f":"params!$C$15*P1786*(E1786-Inputs!$X$26)","v":-29122.682431875419},-81376.726646625029]
["1995-03-16","10:00:00",157,10,10,6.1,77,{"$f":"Inputs!$X$37*Inputs!$X$32*(E1787-Inputs!$X$26)","v":-38083.284981051875},{"$f":"Inputs!$X$33*C1787*Inputs!$X$38","v":30630.161930155424},{"$f":"params!$C$15*Inputs!$X$29*(E1787-Inputs!$X$26)","v":-3956.474999999999},{"$f":"Inputs!$X$40*Inputs!$X$41/8760","v":5342.4657534246571},{"$f":"-Inputs!$X$45*Inputs!$X$33","v":-30000},1224.2915728566036,7.6071876458255446E-3,5.8575344872856695E-3,{"$f":"-L1787/(1.202*2465560*MAX(0,(Inputs!$X$49-O1787)))","v":1.9691305538387929},{"$f":"params!$C$15*P1787*(E1787-Inputs!$X$26)","v":-26412.511009416397},-62479.643306888189]
["1995-03-16","11:00:00",194,10,11.6,6.6,71,{"$f":"Inputs!$X$37*Inputs!$X$32*(E1788-Inputs!$X$26)","v":-32599.291943780405},{"$f":"Inputs!$X$33*C1788*Inputs!$X$38","v":37848.735123886319},{"$f":"params!$C$15*Inputs!$X$29*(E1788-Inputs!$X$26)","v":-3386.7425999999991},{"$f":"Inputs!$X$40*Inputs!$X$41/8760","v":5342.4657534246571},{"$f":"-Inputs!$X$45*Inputs!$X$33","v":-30000},1361.8604305174304,8.473622919620909E-3,6.0162722729308451E-3,{"$f":"-L1788/(1.202*2465560*MAX(0,(Inputs!$X$49-O1788)))","v":2.0318713199567173},{"$f":"params!$C$15*P1788*(E1788-Inputs!$X$26)","v":-23329.48463927619},-46124.318305745619]
["1995-03-16","12:00:00",215,10,11.1,6.6,74,{"$f":"Inputs!$X$37*Inputs!$X$32*(E1789-Inputs!$X$26)","v":-34313.039767927738},{"$f":"Inputs!$X$33*C1789*Inputs!$X$38","v":41945.763152760614},{"$f":"params!$C$15*Inputs!$X$29*(E1789-Inputs!$X$26)","v":-3564.7839749999994},{"$f":"Inputs!$X$40*Inputs!$X$41/8760","v":5342.4657534246571},{"$f":"-Inputs!$X$45*Inputs!$X$33","v":-30000},1317.4782376741875,8.1938348219052388E-3,6.0634377682098773E-3,{"$f":"-L1789/(1.202*2465560*MAX(0,(Inputs!$X$49-O1789)))","v":2.0512912073183531},{"$f":"params!$C$15*P1789*(E1789-Inputs!$X$26)","v":-24790.614362041324},-45380.209198783792]
["1995-03-16","13:00:00",720,6,13.9,7.3,64,{"$f":"Inputs!$X$37*Inputs!$X$32*(E1790-Inputs!$X$26)","v":-24716.051952702663},{"$f":"Inputs!$X$33*C1790*Inputs!$X$38","v":140469.53241854717},{"$f":"params!$C$15*Inputs!$X$29*(E1790-Inputs!$X$26)","v":-2567.7522749999994},{"$f":"Inputs!$X$40*Inputs!$X$41/8760","v":5342.4657534246571},{"$f":"-Inputs!$X$45*Inputs!$X$33","v":-30000},1583.4071170108264,9.873990681036721E-3,6.3193540358635015E-3,{"$f":"-L1790/(1.202*2465560*MAX(0,(Inputs!$X$49-O1790)))","v":2.1634874683783796},{"$f":"params!$C$15*P1790*(E1790-Inputs!$X$26)","v":-18833.639834776426},69694.554109492718]
["1995-03-16","14:00:00",646,2,16.600000000000001,8.3000000000000007,58,{"$f":"Inputs!$X$37*Inputs!$X$32*(E1791-Inputs!$X$26)","v":-15461.813702307054},{"$f":"Inputs!$X$33*C1791*Inputs!$X$38","v":126032.38603108539},{"$f":"params!$C$15*Inputs!$X$29*(E1791-Inputs!$X$26)","v":-1606.328849999999},{"$f":"Inputs!$X$40*Inputs!$X$41/8760","v":5342.4657534246571},{"$f":"-Inputs!$X$45*Inputs!$X$33","v":-30000},1883.3773233567488,1.1780007164510733E-2,6.8324041554162253E-3,{"$f":"-L1791/(1.202*2465560*MAX(0,(Inputs!$X$49-O1791)))","v":2.4299321892396826},{"$f":"params!$C$15*P1791*(E1791-Inputs!$X$26)","v":-13232.910277876457},71073.798954326514]
["1995-03-16","15:00:00",351,9,17.7,7.2,50,{"$f":"Inputs!$X$37*Inputs!$X$32*(E1792-Inputs!$X$26)","v":-11691.568489182926},{"$f":"Inputs!$X$33*C1792*Inputs!$X$38","v":68478.89705404175},{"$f":"params!$C$15*Inputs!$X$29*(E1792-Inputs!$X$26)","v":-1214.6378249999998},{"$f":"Inputs!$X$40*Inputs!$X$41/8760","v":5342.4657534246571},{"$f":"-Inputs!$X$45*Inputs!$X$33","v":-30000},2019.2002466438246,1.2646815921394168E-2,6.323407960697084E-3,{"$f":"-L1792/(1.202*2465560*MAX(0,(Inputs!$X$49-O1792)))","v":2.1653635844045893},{"$f":"params!$C$15*P1792*(E1792-Inputs!$X$26)","v":-8916.7047081264463},21998.451785157034]
["1995-03-16","16:00:00",306,9,17.2,7.2,52,{"$f":"Inputs!$X$37*Inputs!$X$32*(E1793-Inputs!$X$26)","v":-13405.316313330261},{"$f":"Inputs!$X$33*C1793*Inputs!$X$38","v":59699.55127788255},{"$f":"params!$C$15*Inputs!$X$29*(E1793-Inputs!$X$26)","v":-1392.6791999999998},{"$f":"Inputs!$X$40*Inputs!$X$41/8760","v":5342.4657534246571},{"$f":"-Inputs!$X$45*Inputs!$X$33","v":-30000},1956.433941157356,1.2245952930431422E-2,6.36789552382434E-3,{"$f":"-L1793/(1.202*2465560*MAX(0,(Inputs!$X$49-O1793)))","v":2.1861678184879603},{"$f":"params!$C$15*P1793*(E1793-Inputs!$X$26)","v":-10321.940246425245},9922.0812715517059]
["1995-03-16","17:00:00",142,9,16.600000000000001,7.2,54,{"$f":"Inputs!$X$37*Inputs!$X$32*(E1794-Inputs!$X$26)","v":-15461.813702307054},{"$f":"Inputs!$X$33*C1794*Inputs!$X$38","v":27703.71333810236},{"$f":"params!$C$15*Inputs!$X$29*(E1794-Inputs!$X$26)","v":-1606.328849999999},{"$f":"Inputs!$X$40*Inputs!$X$41/8760","v":5342.4657534246571},{"$f":"-Inputs!$X$45*Inputs!$X$33","v":-30000},1883.3773233567488,1.1780007164510733E-2,6.361203868835796E-3,{"$f":"-L1794/(1.202*2465560*MAX(0,(Inputs!$X$49-O1794)))","v":2.1830130161639638},{"$f":"params!$C$15*P1794*(E1794-Inputs!$X$26)","v":-11888.239312296628},-25910.202773076664]
["1995-03-16","18:00:00",28,10,14.4,8.3000000000000007,67,{"$f":"Inputs!$X$37*Inputs!$X$32*(E1795-Inputs!$X$26)","v":-23002.30412855533},{"$f":"Inputs!$X$33*C1795*Inputs!$X$38","v":5462.7040384990569},{"$f":"params!$C$15*Inputs!$X$29*(E1795-Inputs!$X$26)","v":-2389.7108999999991},{"$f":"Inputs!$X$40*Inputs!$X$41/8760","v":5342.4657534246571},{"$f":"-Inputs!$X$45*Inputs!$X$33","v":-30000},{"$f":"EXP(77.345+0.0057*(E1795+273.15)-7235/(E1795+273.15))/(E1795+273.15)^8.2","v":1635.559113509069},{"$f":"0.62198*M1795/(101325-M1795)","v":1.0204541708471198E-2},{"$f":"N1795*G1795/100","v":6.837042944675702E-3},{"$f":"-L1795/(1.202*2465560*MAX(0,(Inputs!$X$49-O1795)))","v":2.4326409809044764},{"$f":"params!$C$15*P1795*(E1795-Inputs!$X$26)","v":-19708.344154816106},{"$f":"H1795+I1795+J1795+K1795+L1795+Q1795","v":-64295.189391447719}]
["1995-03-16","19:00:00",0,10,13.8,7.7,67,{"$f":"Inputs!$X$37*Inputs!$X$32*(E1796-Inputs!$X$26)","v":-25058.801517532131},{"$f":"Inputs!$X$33*C1796*Inputs!$X$38","v":0},{"$f":"params!$C$15*Inputs!$X$29*(E1796-Inputs!$X$26)","v":-2603.360549999999},{"$f":"Inputs!$X$40*Inputs!$X$41/8760","v":5342.4657534246571},{"$f":"-Inputs!$X$45*Inputs!$X$33","v":-30000},1573.1538512037964,9.8090438437819852E-3,6.5720593753339296E-3,{"$f":"-L1796/(1.202*2465560*MAX(0,(Inputs!$X$49-O1796)))","v":2.2870068342220709},{"$f":"params!$C$15*P1796*(E1796-Inputs!$X$26)","v":-20184.98988799379},-72504.686202101264]
["1995-03-16","20:00:00",0,10,12.2,7.7,74,{"$f":"Inputs!$X$37*Inputs!$X$32*(E1797-Inputs!$X$26)","v":-30542.794554803604},{"$f":"Inputs!$X$33*C1797*Inputs!$X$38","v":0},{"$f":"params!$C$15*Inputs!$X$29*(E1797-Inputs!$X$26)","v":-3173.0929499999993},{"$f":"Inputs!$X$40*Inputs!$X$41/8760","v":5342.4657534246571},{"$f":"-Inputs!$X$45*Inputs!$X$33","v":-30000},1416.8513363145253,8.8206338116364833E-3,6.5272690206109978E-3,{"$f":"-L1797/(1.202*2465560*MAX(0,(Inputs!$X$49-O1797)))","v":2.2640957551916974},{"$f":"params!$C$15*P1797*(E1797-Inputs!$X$26)","v":-24355.908785693446},-82729.330537072397]
["1995-03-16","21:00:00",0,9,8.3000000000000007,6.6,89,{"$f":"Inputs!$X$37*Inputs!$X$32*(E1798-Inputs!$X$26)","v":-43910.027583152805},{"$f":"Inputs!$X$33*C1798*Inputs!$X$38","v":0},{"$f":"params!$C$15*Inputs!$X$29*(E1798-Inputs!$X$26)","v":-4561.8156749999989},{"$f":"Inputs!$X$40*Inputs!$X$41/8760","v":5342.4657534246571},{"$f":"-Inputs!$X$45*Inputs!$X$33","v":-30000},1091.6777773743988,6.7742116984131845E-3,6.0290484115877339E-3,{"$f":"-L1798/(1.202*2465560*MAX(0,(Inputs!$X$49-O1798)))","v":2.0370953535801997},{"$f":"params!$C$15*P1798*(E1798-Inputs!$X$26)","v":-31504.736067976326},-104634.11357270447]
["1995-03-16","22:00:00",0,2,7.7,5.5,86,{"$f":"Inputs!$X$37*Inputs!$X$32*(E1799-Inputs!$X$26)","v":-45966.524972129613},{"$f":"Inputs!$X$33*C1799*Inputs!$X$38","v":0},{"$f":"params!$C$15*Inputs!$X$29*(E1799-Inputs!$X$26)","v":-4775.4653249999992},{"$f":"Inputs!$X$40*Inputs!$X$41/8760","v":5342.4657534246571},{"$f":"-Inputs!$X$45*Inputs!$X$33","v":-30000},1047.9935141086903,6.5003037959358509E-3,5.5902612645048321E-3,{"$f":"-L1799/(1.202*2465560*MAX(0,(Inputs!$X$49-O1799)))","v":1.8718129946542921},{"$f":"params!$C$15*P1799*(E1799-Inputs!$X$26)","v":-30304.34546232611},-105703.87000603107]
["1995-03-16","23:00:00",0,3,6.1,5,93,{"$f":"Inputs!$X$37*Inputs!$X$32*(E1800-Inputs!$X$26)","v":-51450.518009401079},{"$f":"Inputs!$X$33*C1800*Inputs!$X$38","v":0},{"$f":"params!$C$15*Inputs!$X$29*(E1800-Inputs!$X$26)","v":-5345.1977249999991},{"$f":"Inputs!$X$40*Inputs!$X$41/8760","v":5342.4657534246571},{"$f":"-Inputs!$X$45*Inputs!$X$33","v":-30000},938.94793828269269,5.817609385555097E-3,5.4103767285662409E-3,{"$f":"-L1800/(1.202*2465560*MAX(0,(Inputs!$X$49-O1800)))","v":1.8115560841647307},{"$f":"params!$C$15*P1800*(E1800-Inputs!$X$26)","v":-32827.840384775795},-114281.09036575223]
["1995-03-16",1,0,0,6.1,5,93,{"$f":"Inputs!$X$37*Inputs!$X$32*(E1801-Inputs!$X$26)","v":-51450.518009401079},{"$f":"Inputs!$X$33*C1801*Inputs!$X$38","v":0},{"$f":"params!$C$15*Inputs!$X$29*(E1801-Inputs!$X$26)","v":-5345.1977249999991},{"$f":"Inputs!$X$40*Inputs!$X$41/8760","v":5342.4657534246571},{"$f":"-Inputs!$X$45*Inputs!$X$33","v":-30000},938.94793828269269,5.817609385555097E-3,5.4103767285662409E-3,{"$f":"-L1801/(1.202*2465560*MAX(0,(Inputs!$X$49-O1801)))","v":1.8115560841647307},{"$f":"params!$C$15*P1801*(E1801-Inputs!$X$26)","v":-32827.840384775795},-114281.09036575223]
["1995-03-17","01:00:00",0,2,4.9000000000000004,4.0999999999999996,95,{"$f":"Inputs!$X$37*Inputs!$X$32*(E1802-Inputs!$X$26)","v":-55563.512787354673},{"$f":"Inputs!$X$33*C1802*Inputs!$X$38","v":0},{"$f":"params!$C$15*Inputs!$X$29*(E1802-Inputs!$X$26)","v":-5772.4970249999978},{"$f":"Inputs!$X$40*Inputs!$X$41/8760","v":5342.4657534246571},{"$f":"-Inputs!$X$45*Inputs!$X$33","v":-30000},863.86565957917867,5.3484082821954604E-3,5.080987868085687E-3,{"$f":"-L1802/(1.202*2465560*MAX(0,(Inputs!$X$49-O1802)))","v":1.7107150794808694},{"$f":"params!$C$15*P1802*(E1802-Inputs!$X$26)","v":-33478.666847114684},-119472.2109060447]
["1995-03-17","02:00:00",0,4,4.0999999999999996,3.5,96,{"$f":"Inputs!$X$37*Inputs!$X$32*(E1803-Inputs!$X$26)","v":-58305.509305990425},{"$f":"Inputs!$X$33*C1803*Inputs!$X$38","v":0},{"$f":"params!$C$15*Inputs!$X$29*(E1803-Inputs!$X$26)","v":-6057.3632249999991},{"$f":"Inputs!$X$40*Inputs!$X$41/8760","v":5342.4657534246571},{"$f":"-Inputs!$X$45*Inputs!$X$33","v":-30000},816.80669207801907,5.054686683922744E-3,4.8524992165658344E-3,{"$f":"-L1803/(1.202*2465560*MAX(0,(Inputs!$X$49-O1803)))","v":1.647113960730473},{"$f":"params!$C$15*P1803*(E1803-Inputs!$X$26)","v":-33824.705115035584},-122845.11189260136]
["1995-03-17","03:00:00",0,5,3.4,3.1,98,{"$f":"Inputs!$X$37*Inputs!$X$32*(E1804-Inputs!$X$26)","v":-60704.75625979669},{"$f":"Inputs!$X$33*C1804*Inputs!$X$38","v":0},{"$f":"params!$C$15*Inputs!$X$29*(E1804-Inputs!$X$26)","v":-6306.621149999999},{"$f":"Inputs!$X$40*Inputs!$X$41/8760","v":5342.4657534246571},{"$f":"-Inputs!$X$45*Inputs!$X$33","v":-30000},777.5042863523754,4.8095888673616262E-3,4.7133970900143938E-3,{"$f":"-L1804/(1.202*2465560*MAX(0,(Inputs!$X$49-O1804)))","v":1.6106587393721432},{"$f":"params!$C$15*P1804*(E1804-Inputs!$X$26)","v":-34437.136387637504},-126106.04804400954]
["1995-03-17","04:00:00",0,7,2.7,2.6,99,{"$f":"Inputs!$X$37*Inputs!$X$32*(E1805-Inputs!$X$26)","v":-63104.003213602955},{"$f":"Inputs!$X$33*C1805*Inputs!$X$38","v":0},{"$f":"params!$C$15*Inputs!$X$29*(E1805-Inputs!$X$26)","v":-6555.8790749999989},{"$f":"Inputs!$X$40*Inputs!$X$41/8760","v":5342.4657534246571},{"$f":"-Inputs!$X$45*Inputs!$X$33","v":-30000},739.88380849706493,4.5751593141558633E-3,4.5294077210143047E-3,{"$f":"-L1805/(1.202*2465560*MAX(0,(Inputs!$X$49-O1805)))","v":1.5648480092319728},{"$f":"params!$C$15*P1805*(E1805-Inputs!$X$26)","v":-34780.021833509039},-129097.43836868732]
["1995-03-17","05:00:00",0,9,2.2000000000000002,2.2000000000000002,100,{"$f":"Inputs!$X$37*Inputs!$X$32*(E1806-Inputs!$X$26)","v":-64817.751037750291},{"$f":"Inputs!$X$33*C1806*Inputs!$X$38","v":0},{"$f":"params!$C$15*Inputs!$X$29*(E1806-Inputs!$X$26)","v":-6733.9204499999987},{"$f":"Inputs!$X$40*Inputs!$X$41/8760","v":5342.4657534246571},{"$f":"-Inputs!$X$45*Inputs!$X$33","v":-30000},714.00723647805364,4.4140129099852635E-3,4.4140129099852635E-3,{"$f":"-L1806/(1.202*2465560*MAX(0,(Inputs!$X$49-O1806)))","v":1.5374227628729731},{"$f":"params!$C$15*P1806*(E1806-Inputs!$X$26)","v":-35098.458485869276},-131307.66422019491]
["1995-03-17","06:00:00",0,9,2.7,2.7,100,{"$f":"Inputs!$X$37*Inputs!$X$32*(E1807-Inputs!$X$26)","v":-63104.003213602955},{"$f":"Inputs!$X$33*C1807*Inputs!$X$38","v":0},{"$f":"params!$C$15*Inputs!$X$29*(E1807-Inputs!$X$26)","v":-6555.8790749999989},{"$f":"Inputs!$X$40*Inputs!$X$41/8760","v":5342.4657534246571},{"$f":"-Inputs!$X$45*Inputs!$X$33","v":-30000},739.88380849706493,4.5751593141558633E-3,4.5751593141558633E-3,{"$f":"-L1807/(1.202*2465560*MAX(0,(Inputs!$X$49-O1807)))","v":1.5759943373792276},{"$f":"params!$C$15*P1807*(E1807-Inputs!$X$26)","v":-35027.758057115352},-129345.17459229364]
["1995-03-17","07:00:00",12,9,2.6,2.6,100,{"$f":"Inputs!$X$37*Inputs!$X$32*(E1808-Inputs!$X$26)","v":-63446.752778432412},{"$f":"Inputs!$X$33*C1808*Inputs!$X$38","v":2341.1588736424528},{"$f":"params!$C$15*Inputs!$X$29*(E1808-Inputs!$X$26)","v":-6591.4873499999976},{"$f":"Inputs!$X$40*Inputs!$X$41/8760","v":5342.4657534246571},{"$f":"-Inputs!$X$45*Inputs!$X$33","v":-30000},734.64310151877623,4.5425161056322633E-3,4.5425161056322633E-3,{"$f":"-L1808/(1.202*2465560*MAX(0,(Inputs!$X$49-O1808)))","v":1.5680254189880818},{"$f":"params!$C$15*P1808*(E1808-Inputs!$X$26)","v":-35039.933712456674},-127394.54921382197]
["1995-03-17","08:00:00",46,10,3.8,3.3,97,{"$f":"Inputs!$X$37*Inputs!$X$32*(E1809-Inputs!$X$26)","v":-59333.758000478818},{"$f":"Inputs!$X$33*C1809*Inputs!$X$38","v":8974.4423489627352},{"$f":"params!$C$15*Inputs!$X$29*(E1809-Inputs!$X$26)","v":-6164.1880499999979},{"$f":"Inputs!$X$40*Inputs!$X$41/8760","v":5342.4657534246571},{"$f":"-Inputs!$X$45*Inputs!$X$33","v":-30000},799.75278170517424,4.9483114832316053E-3,4.7998621387346577E-3,{"$f":"-L1809/(1.202*2465560*MAX(0,(Inputs!$X$49-O1809)))","v":1.6331266547575922},{"$f":"params!$C$15*P1809*(E1809-Inputs!$X$26)","v":-34128.916483082765},-115309.95443117419]
["1995-03-17","09:00:00",101,10,5,4.4000000000000004,96,{"$f":"Inputs!$X$37*Inputs!$X$32*(E1810-Inputs!$X$26)","v":-55220.763222525216},{"$f":"Inputs!$X$33*C1810*Inputs!$X$38","v":19704.753853157312},{"$f":"params!$C$15*Inputs!$X$29*(E1810-Inputs!$X$26)","v":-5736.8887499999983},{"$f":"Inputs!$X$40*Inputs!$X$41/8760","v":5342.4657534246571},{"$f":"-Inputs!$X$45*Inputs!$X$33","v":-30000},869.91328556198641,5.3861748872103517E-3,5.1707278917219376E-3,{"$f":"-L1810/(1.202*2465560*MAX(0,(Inputs!$X$49-O1810)))","v":1.7370588037684636},{"$f":"params!$C$15*P1810*(E1810-Inputs!$X$26)","v":-33784.516115088794},-99694.948481032043]
["1995-03-17","10:00:00",278,9,8.3000000000000007,5,80,{"$f":"Inputs!$X$37*Inputs!$X$32*(E1811-Inputs!$X$26)","v":-43910.027583152805},{"$f":"Inputs!$X$33*C1811*Inputs!$X$38","v":54236.847239383489},{"$f":"params!$C$15*Inputs!$X$29*(E1811-Inputs!$X$26)","v":-4561.8156749999989},{"$f":"Inputs!$X$40*Inputs!$X$41/8760","v":5342.4657534246571},{"$f":"-Inputs!$X$45*Inputs!$X$33","v":-30000},1091.6777773743988,6.7742116984131845E-3,5.4193693587305481E-3,{"$f":"-L1811/(1.202*2465560*MAX(0,(Inputs!$X$49-O1811)))","v":1.814476122565692},{"$f":"params!$C$15*P1811*(E1811-Inputs!$X$26)","v":-28061.814211401685},-46954.344476746337]
["1995-03-17","11:00:00",447,9,10.5,2.2000000000000002,56,{"$f":"Inputs!$X$37*Inputs!$X$32*(E1812-Inputs!$X$26)","v":-36369.537156904538},{"$f":"Inputs!$X$33*C1812*Inputs!$X$38","v":87208.168043181358},{"$f":"params!$C$15*Inputs!$X$29*(E1812-Inputs!$X$26)","v":-3778.4336249999992},{"$f":"Inputs!$X$40*Inputs!$X$41/8760","v":5342.4657534246571},{"$f":"-Inputs!$X$45*Inputs!$X$33","v":-30000},1265.9037593783532,7.8690179088235224E-3,4.4066500289411722E-3,{"$f":"-L1812/(1.202*2465560*MAX(0,(Inputs!$X$49-O1812)))","v":1.5357054564002763},{"$f":"params!$C$15*P1812*(E1812-Inputs!$X$26)","v":-19671.907747065863},2730.7552676356172]
["1995-03-17","12:00:00",211,10,9.4,0.5,54,{"$f":"Inputs!$X$37*Inputs!$X$32*(E1813-Inputs!$X$26)","v":-40139.782370028675},{"$f":"Inputs!$X$33*C1813*Inputs!$X$38","v":41165.376861546458},{"$f":"params!$C$15*Inputs!$X$29*(E1813-Inputs!$X$26)","v":-4170.1246499999988},{"$f":"Inputs!$X$40*Inputs!$X$41/8760","v":5342.4657534246571},{"$f":"-Inputs!$X$45*Inputs!$X$33","v":-30000},1175.9507731568485,7.3032931169560531E-3,3.9437782831562686E-3,{"$f":"-L1813/(1.202*2465560*MAX(0,(Inputs!$X$49-O1813)))","v":1.4349422864378654},{"$f":"params!$C$15*P1813*(E1813-Inputs!$X$26)","v":-20286.644795194283},-48088.70920025184]
["1995-03-17","13:00:00",216,10,8.3000000000000007,0,56,{"$f":"Inputs!$X$37*Inputs!$X$32*(E1814-Inputs!$X$26)","v":-43910.027583152805},{"$f":"Inputs!$X$33*C1814*Inputs!$X$38","v":42140.859725564151},{"$f":"params!$C$15*Inputs!$X$29*(E1814-Inputs!$X$26)","v":-4561.8156749999989},{"$f":"Inputs!$X$40*Inputs!$X$41/8760","v":5342.4657534246571},{"$f":"-Inputs!$X$45*Inputs!$X$33","v":-30000},1091.6777773743988,6.7742116984131845E-3,3.7935585511113834E-3,{"$f":"-L1814/(1.202*2465560*MAX(0,(Inputs!$X$49-O1814)))","v":1.4050235121386196},{"$f":"params!$C$15*P1814*(E1814-Inputs!$X$26)","v":-21729.417251594379},-52717.935030758374]
["1995-03-17","14:00:00",203,10,8.3000000000000007,-2.8,44,{"$f":"Inputs!$X$37*Inputs!$X$32*(E1815-Inputs!$X$26)","v":-43910.027583152805},{"$f":"Inputs!$X$33*C1815*Inputs!$X$38","v":39604.604279118161},{"$f":"params!$C$15*Inputs!$X$29*(E1815-Inputs!$X$26)","v":-4561.8156749999989},{"$f":"Inputs!$X$40*Inputs!$X$41/8760","v":5342.4657534246571},{"$f":"-Inputs!$X$45*Inputs!$X$33","v":-30000},1091.6777773743988,6.7742116984131845E-3,2.9806531473018012E-3,{"$f":"-L1815/(1.202*2465560*MAX(0,(Inputs!$X$49-O1815)))","v":1.2625686158780971},{"$f":"params!$C$15*P1815*(E1815-Inputs!$X$26)","v":-19526.278404710734},-53051.051630320719]
["1995-03-17","15:00:00",174,10,7.2,-1.2,54,{"$f":"Inputs!$X$37*Inputs!$X$32*(E1816-Inputs!$X$26)","v":-47680.27279627695},{"$f":"Inputs!$X$33*C1816*Inputs!$X$38","v":33946.803667815562},{"$f":"params!$C$15*Inputs!$X$29*(E1816-Inputs!$X$26)","v":-4953.506699999999},{"$f":"Inputs!$X$40*Inputs!$X$41/8760","v":5342.4657534246571},{"$f":"-Inputs!$X$45*Inputs!$X$33","v":-30000},1012.7753618292717,6.2796535698688054E-3,3.3910129277291549E-3,{"$f":"-L1816/(1.202*2465560*MAX(0,(Inputs!$X$49-O1816)))","v":1.3306754530755018},{"$f":"params!$C$15*P1816*(E1816-Inputs!$X$26)","v":-22346.610255079675},-65691.120330116406]
["1995-03-17","16:00:00",130,10,6.6,-1.2,57,{"$f":"Inputs!$X$37*Inputs!$X$32*(E1817-Inputs!$X$26)","v":-49736.77018525375},{"$f":"Inputs!$X$33*C1817*Inputs!$X$38","v":25362.554464459907},{"$f":"params!$C$15*Inputs!$X$29*(E1817-Inputs!$X$26)","v":-5167.1563499999984},{"$f":"Inputs!$X$40*Inputs!$X$41/8760","v":5342.4657534246571},{"$f":"-Inputs!$X$45*Inputs!$X$33","v":-30000},971.89505506814805,6.0237228004355421E-3,3.4335219962482589E-3,{"$f":"-L1817/(1.202*2465560*MAX(0,(Inputs!$X$49-O1817)))","v":1.338152985243229},{"$f":"params!$C$15*P1817*(E1817-Inputs!$X$26)","v":-23441.431236882487},-77640.337554251673]
["1995-03-17","17:00:00",76,10,5,0,70,{"$f":"Inputs!$X$37*Inputs!$X$32*(E1818-Inputs!$X$26)","v":-55220.763222525216},{"$f":"Inputs!$X$33*C1818*Inputs!$X$38","v":14827.339533068867},{"$f":"params!$C$15*Inputs!$X$29*(E1818-Inputs!$X$26)","v":-5736.8887499999983},{"$f":"Inputs!$X$40*Inputs!$X$41/8760","v":5342.4657534246571},{"$f":"-Inputs!$X$45*Inputs!$X$33","v":-30000},869.91328556198641,5.3861748872103517E-3,3.7703224210472465E-3,{"$f":"-L1818/(1.202*2465560*MAX(0,(Inputs!$X$49-O1818)))","v":1.4005067068194468},{"$f":"params!$C$15*P1818*(E1818-Inputs!$X$26)","v":-27238.825365717625},-98026.672051749323]
["1995-03-17","18:00:00",26,10,5,-0.6,67,{"$f":"Inputs!$X$37*Inputs!$X$32*(E1819-Inputs!$X$26)","v":-55220.763222525216},{"$f":"Inputs!$X$33*C1819*Inputs!$X$38","v":5072.5108928919808},{"$f":"params!$C$15*Inputs!$X$29*(E1819-Inputs!$X$26)","v":-5736.8887499999983},{"$f":"Inputs!$X$40*Inputs!$X$41/8760","v":5342.4657534246571},{"$f":"-Inputs!$X$45*Inputs!$X$33","v":-30000},869.91328556198641,5.3861748872103517E-3,3.6087371744309353E-3,{"$f":"-L1819/(1.202*2465560*MAX(0,(Inputs!$X$49-O1819)))","v":1.3698822133795634},{"$f":"params!$C$15*P1819*(E1819-Inputs!$X$26)","v":-26643.201492828815},-107185.8768190374]
["1995-03-17","19:00:00",0,10,4.4000000000000004,-1.2,66,{"$f":"Inputs!$X$37*Inputs!$X$32*(E1820-Inputs!$X$26)","v":-57277.26061150201},{"$f":"Inputs!$X$33*C1820*Inputs!$X$38","v":0},{"$f":"params!$C$15*Inputs!$X$29*(E1820-Inputs!$X$26)","v":-5950.5383999999976},{"$f":"Inputs!$X$40*Inputs!$X$41/8760","v":5342.4657534246571},{"$f":"-Inputs!$X$45*Inputs!$X$33","v":-30000},834.18129245512239,5.1630993453363316E-3,3.4076455679219785E-3,{"$f":"-L1820/(1.202*2465560*MAX(0,(Inputs!$X$49-O1820)))","v":1.3335912337883955},{"$f":"params!$C$15*P1820*(E1820-Inputs!$X$26)","v":-26903.312015573334},-114788.64527365069]
["1995-03-17","20:00:00",0,10,3.8,-1.7,66,{"$f":"Inputs!$X$37*Inputs!$X$32*(E1821-Inputs!$X$26)","v":-59333.758000478818},{"$f":"Inputs!$X$33*C1821*Inputs!$X$38","v":0},{"$f":"params!$C$15*Inputs!$X$29*(E1821-Inputs!$X$26)","v":-6164.1880499999979},{"$f":"Inputs!$X$40*Inputs!$X$41/8760","v":5342.4657534246571},{"$f":"-Inputs!$X$45*Inputs!$X$33","v":-30000},799.75278170517424,4.9483114832316053E-3,3.2658855789328596E-3,{"$f":"-L1821/(1.202*2465560*MAX(0,(Inputs!$X$49-O1821)))","v":1.3091421826898271},{"$f":"params!$C$15*P1821*(E1821-Inputs!$X$26)","v":-27358.321589658743},-117513.8018867129]
["1995-03-17","21:00:00",0,9,2.7,-2.2999999999999998,68,{"$f":"Inputs!$X$37*Inputs!$X$32*(E1822-Inputs!$X$26)","v":-63104.003213602955},{"$f":"Inputs!$X$33*C1822*Inputs!$X$38","v":0},{"$f":"params!$C$15*Inputs!$X$29*(E1822-Inputs!$X$26)","v":-6555.8790749999989},{"$f":"Inputs!$X$40*Inputs!$X$41/8760","v":5342.4657534246571},{"$f":"-Inputs!$X$45*Inputs!$X$33","v":-30000},739.88380849706493,4.5751593141558633E-3,3.1111083336259871E-3,{"$f":"-L1822/(1.202*2465560*MAX(0,(Inputs!$X$49-O1822)))","v":1.2834517009466866},{"$f":"params!$C$15*P1822*(E1822-Inputs!$X$26)","v":-28525.759637888816},-122843.1761730671]
["1995-03-17","22:00:00",0,10,2.7,-2.2999999999999998,68,{"$f":"Inputs!$X$37*Inputs!$X$32*(E1823-Inputs!$X$26)","v":-63104.003213602955},{"$f":"Inputs!$X$33*C1823*Inputs!$X$38","v":0},{"$f":"params!$C$15*Inputs!$X$29*(E1823-Inputs!$X$26)","v":-6555.8790749999989},{"$f":"Inputs!$X$40*Inputs!$X$41/8760","v":5342.4657534246571},{"$f":"-Inputs!$X$45*Inputs!$X$33","v":-30000},739.88380849706493,4.5751593141558633E-3,3.1111083336259871E-3,{"$f":"-L1823/(1.202*2465560*MAX(0,(Inputs!$X$49-O1823)))","v":1.2834517009466866},{"$f":"params!$C$15*P1823*(E1823-Inputs!$X$26)","v":-28525.759637888816},-122843.1761730671]
["1995-03-17","23:00:00",0,10,2.7,-2.8,65,{"$f":"Inputs!$X$37*Inputs!$X$32*(E1824-Inputs!$X$26)","v":-63104.003213602955},{"$f":"Inputs!$X$33*C1824*Inputs!$X$38","v":0},{"$f":"params!$C$15*Inputs!$X$29*(E1824-Inputs!$X$26)","v":-6555.8790749999989},{"$f":"Inputs!$X$40*Inputs!$X$41/8760","v":5342.4657534246571},{"$f":"-Inputs!$X$45*Inputs!$X$33","v":-30000},739.88380849706493,4.5751593141558633E-3,2.973853554201311E-3,{"$f":"-L1824/(1.202*2465560*MAX(0,(Inputs!$X$49-O1824)))","v":1.2614987642983355},{"$f":"params!$C$15*P1824*(E1824-Inputs!$X$26)","v":-28037.837736570087},-122355.25427174837]
["1995-03-17",1,0,10,2.2000000000000002,-2.8,68,{"$f":"Inputs!$X$37*Inputs!$X$32*(E1825-Inputs!$X$26)","v":-64817.751037750291},{"$f":"Inputs!$X$33*C1825*Inputs!$X$38","v":0},{"$f":"params!$C$15*Inputs!$X$29*(E1825-Inputs!$X$26)","v":-6733.9204499999987},{"$f":"Inputs!$X$40*Inputs!$X$41/8760","v":5342.4657534246571},{"$f":"-Inputs!$X$45*Inputs!$X$33","v":-30000},714.00723647805364,4.4140129099852635E-3,3.001528778789979E-3,{"$f":"-L1825/(1.202*2465560*MAX(0,(Inputs!$X$49-O1825)))","v":1.2658645660954477},{"$f":"params!$C$15*P1825*(E1825-Inputs!$X$26)","v":-28898.944385868275},-125108.15012019392]
["1995-03-18","01:00:00",0,10,1.4,-3.2,69,{"$f":"Inputs!$X$37*Inputs!$X$32*(E1826-Inputs!$X$26)","v":-67559.747556386021},{"$f":"Inputs!$X$33*C1826*Inputs!$X$38","v":0},{"$f":"params!$C$15*Inputs!$X$29*(E1826-Inputs!$X$26)","v":-7018.7866499999991},{"$f":"Inputs!$X$40*Inputs!$X$41/8760","v":5342.4657534246571},{"$f":"-Inputs!$X$45*Inputs!$X$33","v":-30000},674.26854059671382,4.166701431767522E-3,2.8750239879195899E-3,{"$f":"-L1826/(1.202*2465560*MAX(0,(Inputs!$X$49-O1826)))","v":1.2461510678335961},{"$f":"params!$C$15*P1826*(E1826-Inputs!$X$26)","v":-29652.375397253316},-128888.44385021468]
["1995-03-18","02:00:00",0,10,0.9,-3.3,71,{"$f":"Inputs!$X$37*Inputs!$X$32*(E1827-Inputs!$X$26)","v":-69273.495380533364},{"$f":"Inputs!$X$33*C1827*Inputs!$X$38","v":0},{"$f":"params!$C$15*Inputs!$X$29*(E1827-Inputs!$X$26)","v":-7196.8280249999989},{"$f":"Inputs!$X$40*Inputs!$X$41/8760","v":5342.4657534246571},{"$f":"-Inputs!$X$45*Inputs!$X$33","v":-30000},650.4382693595204,4.0184887604343654E-3,2.8531270199083996E-3,{"$f":"-L1827/(1.202*2465560*MAX(0,(Inputs!$X$49-O1827)))","v":1.2428009887710265},{"$f":"params!$C$15*P1827*(E1827-Inputs!$X$26)","v":-30322.811721111193},-131450.66937321989]
["1995-03-18","03:00:00",0,10,0.6,-3.1,74,{"$f":"Inputs!$X$37*Inputs!$X$32*(E1828-Inputs!$X$26)","v":-70301.74407502175},{"$f":"Inputs!$X$33*C1828*Inputs!$X$38","v":0},{"$f":"params!$C$15*Inputs!$X$29*(E1828-Inputs!$X$26)","v":-7303.6528499999977},{"$f":"Inputs!$X$40*Inputs!$X$41/8760","v":5342.4657534246571},{"$f":"-Inputs!$X$45*Inputs!$X$33","v":-30000},636.50097539783337,3.931838099813293E-3,2.909560193861837E-3,{"$f":"-L1828/(1.202*2465560*MAX(0,(Inputs!$X$49-O1828)))","v":1.2514717234439272},{"$f":"params!$C$15*P1828*(E1828-Inputs!$X$26)","v":-30987.59835106309},-133250.52952266019]
["1995-03-18","04:00:00",0,9,0.3,-3.1,76,{"$f":"Inputs!$X$37*Inputs!$X$32*(E1829-Inputs!$X$26)","v":-71329.992769510151},{"$f":"Inputs!$X$33*C1829*Inputs!$X$38","v":0},{"$f":"params!$C$15*Inputs!$X$29*(E1829-Inputs!$X$26)","v":-7410.4776749999983},{"$f":"Inputs!$X$40*Inputs!$X$41/8760","v":5342.4657534246571},{"$f":"-Inputs!$X$45*Inputs!$X$33","v":-30000},622.82891783339619,3.8468597662897688E-3,2.9236134223802248E-3,{"$f":"-L1829/(1.202*2465560*MAX(0,(Inputs!$X$49-O1829)))","v":1.2536497951444732},{"$f":"params!$C$15*P1829*(E1829-Inputs!$X$26)","v":-31495.549625416639},-134893.55431650215]
["1995-03-18","05:00:00",0,9,0.1,-3,77,{"$f":"Inputs!$X$37*Inputs!$X$32*(E1830-Inputs!$X$26)","v":-72015.491899169094},{"$f":"Inputs!$X$33*C1830*Inputs!$X$38","v":0},{"$f":"params!$C$15*Inputs!$X$29*(E1830-Inputs!$X$26)","v":-7481.6942249999975},{"$f":"Inputs!$X$40*Inputs!$X$41/8760","v":5342.4657534246571},{"$f":"-Inputs!$X$45*Inputs!$X$33","v":-30000},613.85941042236618,3.7911225496935316E-3,2.9191643632640197E-3,{"$f":"-L1830/(1.202*2465560*MAX(0,(Inputs!$X$49-O1830)))","v":1.2529594278524219},{"$f":"params!$C$15*P1830*(E1830-Inputs!$X$26)","v":-31780.718923189615},-135935.43929393406]
["1995-03-18","06:00:00",0,9,0,-2.8,79,{"$f":"Inputs!$X$37*Inputs!$X$32*(E1831-Inputs!$X$26)","v":-72358.241463998565},{"$f":"Inputs!$X$33*C1831*Inputs!$X$38","v":0},{"$f":"params!$C$15*Inputs!$X$29*(E1831-Inputs!$X$26)","v":-7517.302499999998},{"$f":"Inputs!$X$40*Inputs!$X$41/8760","v":5342.4657534246571},{"$f":"-Inputs!$X$45*Inputs!$X$33","v":-30000},609.41773586642103,3.7635253138895938E-3,2.9731849979727793E-3,{"$f":"-L1831/(1.202*2465560*MAX(0,(Inputs!$X$49-O1831)))","v":1.2613936711978415},{"$f":"params!$C$15*P1831*(E1831-Inputs!$X$26)","v":-32146.924392222147},-136680.00260279604]
["1995-03-18","07:00:00",16,9,0.5,-2.8,76,{"$f":"Inputs!$X$37*Inputs!$X$32*(E1832-Inputs!$X$26)","v":-70644.493639851222},{"$f":"Inputs!$X$33*C1832*Inputs!$X$38","v":3121.5451648566036},{"$f":"params!$C$15*Inputs!$X$29*(E1832-Inputs!$X$26)","v":-7339.2611249999982},{"$f":"Inputs!$X$40*Inputs!$X$41/8760","v":5342.4657534246571},{"$f":"-Inputs!$X$45*Inputs!$X$33","v":-30000},631.91436873737246,3.9033275880190387E-3,2.9665289668944694E-3,{"$f":"-L1832/(1.202*2465560*MAX(0,(Inputs!$X$49-O1832)))","v":1.2603483364911319},{"$f":"params!$C$15*P1832*(E1832-Inputs!$X$26)","v":-31359.54021978693},-130879.28406635689]
["1995-03-18","08:00:00",117,9,0.5,-2.8,76,{"$f":"Inputs!$X$37*Inputs!$X$32*(E1833-Inputs!$X$26)","v":-70644.493639851222},{"$f":"Inputs!$X$33*C1833*Inputs!$X$38","v":22826.299018013917},{"$f":"params!$C$15*Inputs!$X$29*(E1833-Inputs!$X$26)","v":-7339.2611249999982},{"$f":"Inputs!$X$40*Inputs!$X$41/8760","v":5342.4657534246571},{"$f":"-Inputs!$X$45*Inputs!$X$33","v":-30000},631.91436873737246,3.9033275880190387E-3,2.9665289668944694E-3,{"$f":"-L1833/(1.202*2465560*MAX(0,(Inputs!$X$49-O1833)))","v":1.2603483364911319},{"$f":"params!$C$15*P1833*(E1833-Inputs!$X$26)","v":-31359.54021978693},-111174.53021319957]
["1995-03-18","09:00:00",316,9,2.2000000000000002,-2.2999999999999998,71,{"$f":"Inputs!$X$37*Inputs!$X$32*(E1834-Inputs!$X$26)","v":-64817.751037750291},{"$f":"Inputs!$X$33*C1834*Inputs!$X$38","v":61650.517005917922},{"$f":"params!$C$15*Inputs!$X$29*(E1834-Inputs!$X$26)","v":-6733.9204499999987},{"$f":"Inputs!$X$40*Inputs!$X$41/8760","v":5342.4657534246571},{"$f":"-Inputs!$X$45*Inputs!$X$33","v":-30000},714.00723647805364,4.4140129099852635E-3,3.1339491660895367E-3,{"$f":"-L1834/(1.202*2465560*MAX(0,(Inputs!$X$49-O1834)))","v":1.2871793008691099},{"$f":"params!$C$15*P1834*(E1834-Inputs!$X$26)","v":-29385.547258973063},-63944.235987380773]
["1995-03-18","10:00:00",451,9,2.7,-2.2999999999999998,68,{"$f":"Inputs!$X$37*Inputs!$X$32*(E1835-Inputs!$X$26)","v":-63104.003213602955},{"$f":"Inputs!$X$33*C1835*Inputs!$X$38","v":87988.554334395521},{"$f":"params!$C$15*Inputs!$X$29*(E1835-Inputs!$X$26)","v":-6555.8790749999989},{"$f":"Inputs!$X$40*Inputs!$X$41/8760","v":5342.4657534246571},{"$f":"-Inputs!$X$45*Inputs!$X$33","v":-30000},739.88380849706493,4.5751593141558633E-3,3.1111083336259871E-3,{"$f":"-L1835/(1.202*2465560*MAX(0,(Inputs!$X$49-O1835)))","v":1.2834517009466866},{"$f":"params!$C$15*P1835*(E1835-Inputs!$X$26)","v":-28525.759637888816},-34854.621838671592]
["1995-03-18","11:00:00",199,10,3.3,-1.7,69,{"$f":"Inputs!$X$37*Inputs!$X$32*(E1836-Inputs!$X$26)","v":-61047.505824626147},{"$f":"Inputs!$X$33*C1836*Inputs!$X$38","v":38824.217987904005},{"$f":"params!$C$15*Inputs!$X$29*(E1836-Inputs!$X$26)","v":-6342.2294249999977},{"$f":"Inputs!$X$40*Inputs!$X$41/8760","v":5342.4657534246571},{"$f":"-Inputs!$X$45*Inputs!$X$33","v":-30000},772.02842975916951,4.7754555160627581E-3,3.2950643060833031E-3,{"$f":"-L1836/(1.202*2465560*MAX(0,(Inputs!$X$49-O1836)))","v":1.3141010296338251},{"$f":"params!$C$15*P1836*(E1836-Inputs!$X$26)","v":-28255.139648092183},-81478.191156389657]
["1995-03-18","12:00:00",220,10,5,-0.6,67,{"$f":"Inputs!$X$37*Inputs!$X$32*(E1837-Inputs!$X$26)","v":-55220.763222525216},{"$f":"Inputs!$X$33*C1837*Inputs!$X$38","v":42921.246016778299},{"$f":"params!$C$15*Inputs!$X$29*(E1837-Inputs!$X$26)","v":-5736.8887499999983},{"$f":"Inputs!$X$40*Inputs!$X$41/8760","v":5342.4657534246571},{"$f":"-Inputs!$X$45*Inputs!$X$33","v":-30000},869.91328556198641,5.3861748872103517E-3,3.6087371744309353E-3,{"$f":"-L1837/(1.202*2465560*MAX(0,(Inputs!$X$49-O1837)))","v":1.3698822133795634},{"$f":"params!$C$15*P1837*(E1837-Inputs!$X$26)","v":-26643.201492828815},-69337.141695151076]
["1995-03-18","13:00:00",225,10,6.1,-0.6,62,{"$f":"Inputs!$X$37*Inputs!$X$32*(E1838-Inputs!$X$26)","v":-51450.518009401079},{"$f":"Inputs!$X$33*C1838*Inputs!$X$38","v":43896.728880795992},{"$f":"params!$C$15*Inputs!$X$29*(E1838-Inputs!$X$26)","v":-5345.1977249999991},{"$f":"Inputs!$X$40*Inputs!$X$41/8760","v":5342.4657534246571},{"$f":"-Inputs!$X$45*Inputs!$X$33","v":-30000},938.94793828269269,5.817609385555097E-3,3.6069178190441605E-3,{"$f":"-L1838/(1.202*2465560*MAX(0,(Inputs!$X$49-O1838)))","v":1.3695450224603776},{"$f":"params!$C$15*P1838*(E1838-Inputs!$X$26)","v":-24818.003588237334},-62374.524688417761]
["1995-03-18","14:00:00",213,10,5.5,0,68,{"$f":"Inputs!$X$37*Inputs!$X$32*(E1839-Inputs!$X$26)","v":-53507.01539837788},{"$f":"Inputs!$X$33*C1839*Inputs!$X$38","v":41555.570007153539},{"$f":"params!$C$15*Inputs!$X$29*(E1839-Inputs!$X$26)","v":-5558.8473749999985},{"$f":"Inputs!$X$40*Inputs!$X$41/8760","v":5342.4657534246571},{"$f":"-Inputs!$X$45*Inputs!$X$33","v":-30000},900.71602087450731,5.5786043819837112E-3,3.7934509797489233E-3,{"$f":"-L1839/(1.202*2465560*MAX(0,(Inputs!$X$49-O1839)))","v":1.4050025345213544},{"$f":"params!$C$15*P1839*(E1839-Inputs!$X$26)","v":-26478.20937963542},-68646.036392435097]
["1995-03-18","15:00:00",184,10,6.1,-0.6,62,{"$f":"Inputs!$X$37*Inputs!$X$32*(E1840-Inputs!$X$26)","v":-51450.518009401079},{"$f":"Inputs!$X$33*C1840*Inputs!$X$38","v":35897.769395850941},{"$f":"params!$C$15*Inputs!$X$29*(E1840-Inputs!$X$26)","v":-5345.1977249999991},{"$f":"Inputs!$X$40*Inputs!$X$41/8760","v":5342.4657534246571},{"$f":"-Inputs!$X$45*Inputs!$X$33","v":-30000},938.94793828269269,5.817609385555097E-3,3.6069178190441605E-3,{"$f":"-L1840/(1.202*2465560*MAX(0,(Inputs!$X$49-O1840)))","v":1.3695450224603776},{"$f":"params!$C$15*P1840*(E1840-Inputs!$X$26)","v":-24818.003588237334},-70373.484173362813]
["1995-03-18","16:00:00",142,10,6.1,-0.6,62,{"$f":"Inputs!$X$37*Inputs!$X$32*(E1841-Inputs!$X$26)","v":-51450.518009401079},{"$f":"Inputs!$X$33*C1841*Inputs!$X$38","v":27703.71333810236},{"$f":"params!$C$15*Inputs!$X$29*(E1841-Inputs!$X$26)","v":-5345.1977249999991},{"$f":"Inputs!$X$40*Inputs!$X$41/8760","v":5342.4657534246571},{"$f":"-Inputs!$X$45*Inputs!$X$33","v":-30000},938.94793828269269,5.817609385555097E-3,3.6069178190441605E-3,{"$f":"-L1841/(1.202*2465560*MAX(0,(Inputs!$X$49-O1841)))","v":1.3695450224603776},{"$f":"params!$C$15*P1841*(E1841-Inputs!$X$26)","v":-24818.003588237334},-78567.540231111401]
["1995-03-18","17:00:00",148,9,6.1,-0.6,62,{"$f":"Inputs!$X$37*Inputs!$X$32*(E1842-Inputs!$X$26)","v":-51450.518009401079},{"$f":"Inputs!$X$33*C1842*Inputs!$X$38","v":28874.292774923586},{"$f":"params!$C$15*Inputs!$X$29*(E1842-Inputs!$X$26)","v":-5345.1977249999991},{"$f":"Inputs!$X$40*Inputs!$X$41/8760","v":5342.4657534246571},{"$f":"-Inputs!$X$45*Inputs!$X$33","v":-30000},938.94793828269269,5.817609385555097E-3,3.6069178190441605E-3,{"$f":"-L1842/(1.202*2465560*MAX(0,(Inputs!$X$49-O1842)))","v":1.3695450224603776},{"$f":"params!$C$15*P1842*(E1842-Inputs!$X$26)","v":-24818.003588237334},-77396.960794290164]
["1995-03-18","18:00:00",90,2,5,-0.6,67,{"$f":"Inputs!$X$37*Inputs!$X$32*(E1843-Inputs!$X$26)","v":-55220.763222525216},{"$f":"Inputs!$X$33*C1843*Inputs!$X$38","v":17558.691552318396},{"$f":"params!$C$15*Inputs!$X$29*(E1843-Inputs!$X$26)","v":-5736.8887499999983},{"$f":"Inputs!$X$40*Inputs!$X$41/8760","v":5342.4657534246571},{"$f":"-Inputs!$X$45*Inputs!$X$33","v":-30000},869.91328556198641,5.3861748872103517E-3,3.6087371744309353E-3,{"$f":"-L1843/(1.202*2465560*MAX(0,(Inputs!$X$49-O1843)))","v":1.3698822133795634},{"$f":"params!$C$15*P1843*(E1843-Inputs!$X$26)","v":-26643.201492828815},-94699.696159610961]
["1995-03-18","19:00:00",2,3,3.3,-1.2,71,{"$f":"Inputs!$X$37*Inputs!$X$32*(E1844-Inputs!$X$26)","v":-61047.505824626147},{"$f":"Inputs!$X$33*C1844*Inputs!$X$38","v":390.19314560707545},{"$f":"params!$C$15*Inputs!$X$29*(E1844-Inputs!$X$26)","v":-6342.2294249999977},{"$f":"Inputs!$X$40*Inputs!$X$41/8760","v":5342.4657534246571},{"$f":"-Inputs!$X$45*Inputs!$X$33","v":-30000},772.02842975916951,4.7754555160627581E-3,3.390573416404558E-3,{"$f":"-L1844/(1.202*2465560*MAX(0,(Inputs!$X$49-O1844)))","v":1.3305985775568696},{"$f":"params!$C$15*P1844*(E1844-Inputs!$X$26)","v":-28609.861629054791},-120266.9379796492]
["1995-03-18","20:00:00",0,2,2.2000000000000002,-1.2,77,{"$f":"Inputs!$X$37*Inputs!$X$32*(E1845-Inputs!$X$26)","v":-64817.751037750291},{"$f":"Inputs!$X$33*C1845*Inputs!$X$38","v":0},{"$f":"params!$C$15*Inputs!$X$29*(E1845-Inputs!$X$26)","v":-6733.9204499999987},{"$f":"Inputs!$X$40*Inputs!$X$41/8760","v":5342.4657534246571},{"$f":"-Inputs!$X$45*Inputs!$X$33","v":-30000},714.00723647805364,4.4140129099852635E-3,3.398789940688653E-3,{"$f":"-L1845/(1.202*2465560*MAX(0,(Inputs!$X$49-O1845)))","v":1.3320372116363783},{"$f":"params!$C$15*P1845*(E1845-Inputs!$X$26)","v":-30409.627009090491},-126618.83274341613]
["1995-03-18","21:00:00",0,3,-0.6,-2.2999999999999998,87,{"$f":"Inputs!$X$37*Inputs!$X$32*(E1846-Inputs!$X$26)","v":-74414.738852975366},{"$f":"Inputs!$X$33*C1846*Inputs!$X$38","v":0},{"$f":"params!$C$15*Inputs!$X$29*(E1846-Inputs!$X$26)","v":-7730.9521499999983},{"$f":"Inputs!$X$40*Inputs!$X$41/8760","v":5342.4657534246571},{"$f":"-Inputs!$X$45*Inputs!$X$33","v":-30000},583.36085066457406,3.6016763769199135E-3,3.133458447920325E-3,{"$f":"-L1846/(1.202*2465560*MAX(0,(Inputs!$X$49-O1846)))","v":1.2870989885950435},{"$f":"params!$C$15*P1846*(E1846-Inputs!$X$26)","v":-33734.298895496671},-140537.52414504738]
["1995-03-18","22:00:00",0,2,-1.2,-2.2999999999999998,91,{"$f":"Inputs!$X$37*Inputs!$X$32*(E1847-Inputs!$X$26)","v":-76471.236241952152},{"$f":"Inputs!$X$33*C1847*Inputs!$X$38","v":0},{"$f":"params!$C$15*Inputs!$X$29*(E1847-Inputs!$X$26)","v":-7944.6017999999976},{"$f":"Inputs!$X$40*Inputs!$X$41/8760","v":5342.4657534246571},{"$f":"-Inputs!$X$45*Inputs!$X$33","v":-30000},558.29660553202416,3.4460720755093411E-3,3.1359255887135002E-3,{"$f":"-L1847/(1.202*2465560*MAX(0,(Inputs!$X$49-O1847)))","v":1.287502869087729},{"$f":"params!$C$15*P1847*(E1847-Inputs!$X$26)","v":-34677.445203105315},-143750.81749163283]
["1995-03-18","23:00:00",0,9,-0.6,-2.2999999999999998,87,{"$f":"Inputs!$X$37*Inputs!$X$32*(E1848-Inputs!$X$26)","v":-74414.738852975366},{"$f":"Inputs!$X$33*C1848*Inputs!$X$38","v":0},{"$f":"params!$C$15*Inputs!$X$29*(E1848-Inputs!$X$26)","v":-7730.9521499999983},{"$f":"Inputs!$X$40*Inputs!$X$41/8760","v":5342.4657534246571},{"$f":"-Inputs!$X$45*Inputs!$X$33","v":-30000},583.36085066457406,3.6016763769199135E-3,3.133458447920325E-3,{"$f":"-L1848/(1.202*2465560*MAX(0,(Inputs!$X$49-O1848)))","v":1.2870989885950435},{"$f":"params!$C$15*P1848*(E1848-Inputs!$X$26)","v":-33734.298895496671},-140537.52414504738]
["1995-03-18",1,0,9,-1,-2.4,89,{"$f":"Inputs!$X$37*Inputs!$X$32*(E1849-Inputs!$X$26)","v":-75785.737112293224},{"$f":"Inputs!$X$33*C1849*Inputs!$X$38","v":0},{"$f":"params!$C$15*Inputs!$X$29*(E1849-Inputs!$X$26)","v":-7873.3852499999985},{"$f":"Inputs!$X$40*Inputs!$X$41/8760","v":5342.4657534246571},{"$f":"-Inputs!$X$45*Inputs!$X$33","v":-30000},566.54310372490409,3.4972595900071069E-3,3.1125610351063256E-3,{"$f":"-L1849/(1.202*2465560*MAX(0,(Inputs!$X$49-O1849)))","v":1.2836881372853313},{"$f":"params!$C$15*P1849*(E1849-Inputs!$X$26)","v":-34264.767115257884},-142581.42372412645]
["1995-03-19","01:00:00",0,9,-1.7,-2.9,90,{"$f":"Inputs!$X$37*Inputs!$X$32*(E1850-Inputs!$X$26)","v":-78184.984066099496},{"$f":"Inputs!$X$33*C1850*Inputs!$X$38","v":0},{"$f":"params!$C$15*Inputs!$X$29*(E1850-Inputs!$X$26)","v":-8122.6431749999974},{"$f":"Inputs!$X$40*Inputs!$X$41/8760","v":5342.4657534246571},{"$f":"-Inputs!$X$45*Inputs!$X$33","v":-30000},538.14431300780234,3.321018376087627E-3,2.9889165384788642E-3,{"$f":"-L1850/(1.202*2465560*MAX(0,(Inputs!$X$49-O1850)))","v":1.2638712274065849},{"$f":"params!$C$15*P1850*(E1850-Inputs!$X$26)","v":-34803.823421794223},-145768.98490946906]
["1995-03-19","02:00:00",0,9,-2.1,-3.2,91,{"$f":"Inputs!$X$37*Inputs!$X$32*(E1851-Inputs!$X$26)","v":-79555.982325417368},{"$f":"Inputs!$X$33*C1851*Inputs!$X$38","v":0},{"$f":"params!$C$15*Inputs!$X$29*(E1851-Inputs!$X$26)","v":-8265.0762749999976},{"$f":"Inputs!$X$40*Inputs!$X$41/8760","v":5342.4657534246571},{"$f":"-Inputs!$X$45*Inputs!$X$33","v":-30000},522.4899415804224,3.2239107307531494E-3,2.9337587649853657E-3,{"$f":"-L1851/(1.202*2465560*MAX(0,(Inputs!$X$49-O1851)))","v":1.2552269123958688},{"$f":"params!$C$15*P1851*(E1851-Inputs!$X$26)","v":-35171.902631925601},-147650.49547891831]
["1995-03-19","03:00:00",0,9,-2.4,-3.2,93,{"$f":"Inputs!$X$37*Inputs!$X$32*(E1852-Inputs!$X$26)","v":-80584.231019905754},{"$f":"Inputs!$X$33*C1852*Inputs!$X$38","v":0},{"$f":"params!$C$15*Inputs!$X$29*(E1852-Inputs!$X$26)","v":-8371.9010999999973},{"$f":"Inputs!$X$40*Inputs!$X$41/8760","v":5342.4657534246571},{"$f":"-Inputs!$X$45*Inputs!$X$33","v":-30000},511.01574765541881,3.1527528356694772E-3,2.9320601371726142E-3,{"$f":"-L1852/(1.202*2465560*MAX(0,(Inputs!$X$49-O1852)))","v":1.2549625802157265},{"$f":"params!$C$15*P1852*(E1852-Inputs!$X$26)","v":-35618.991590004043},-149232.65795648514]
["1995-03-19","04:00:00",0,9,-2.7,-3.4,94,{"$f":"Inputs!$X$37*Inputs!$X$32*(E1853-Inputs!$X$26)","v":-81612.479714394154},{"$f":"Inputs!$X$33*C1853*Inputs!$X$38","v":0},{"$f":"params!$C$15*Inputs!$X$29*(E1853-Inputs!$X$26)","v":-8478.725924999997},{"$f":"Inputs!$X$40*Inputs!$X$41/8760","v":5342.4657534246571},{"$f":"-Inputs!$X$45*Inputs!$X$33","v":-30000},499.76577217972965,3.0830011689135092E-3,2.8980210987786985E-3,{"$f":"-L1853/(1.202*2465560*MAX(0,(Inputs!$X$49-O1853)))","v":1.2496889608405473},{"$f":"params!$C$15*P1853*(E1853-Inputs!$X$26)","v":-35921.898772340755},-150670.63865831026]
["1995-03-19","05:00:00",0,9,-2.8,-3.4,95,{"$f":"Inputs!$X$37*Inputs!$X$32*(E1854-Inputs!$X$26)","v":-81955.22927922364},{"$f":"Inputs!$X$33*C1854*Inputs!$X$38","v":0},{"$f":"params!$C$15*Inputs!$X$29*(E1854-Inputs!$X$26)","v":-8514.3341999999975},{"$f":"Inputs!$X$40*Inputs!$X$41/8760","v":5342.4657534246571},{"$f":"-Inputs!$X$45*Inputs!$X$33","v":-30000},496.06494903212268,3.060058869440949E-3,2.9070559259689018E-3,{"$f":"-L1854/(1.202*2465560*MAX(0,(Inputs!$X$49-O1854)))","v":1.2510843880176004},{"$f":"params!$C$15*P1854*(E1854-Inputs!$X$26)","v":-36113.040241031878},-151240.13796683087]
["1995-03-19","06:00:00",0,9,-2.8,-3.4,95,{"$f":"Inputs!$X$37*Inputs!$X$32*(E1855-Inputs!$X$26)","v":-81955.22927922364},{"$f":"Inputs!$X$33*C1855*Inputs!$X$38","v":0},{"$f":"params!$C$15*Inputs!$X$29*(E1855-Inputs!$X$26)","v":-8514.3341999999975},{"$f":"Inputs!$X$40*Inputs!$X$41/8760","v":5342.4657534246571},{"$f":"-Inputs!$X$45*Inputs!$X$33","v":-30000},496.06494903212268,3.060058869440949E-3,2.9070559259689018E-3,{"$f":"-L1855/(1.202*2465560*MAX(0,(Inputs!$X$49-O1855)))","v":1.2510843880176004},{"$f":"params!$C$15*P1855*(E1855-Inputs!$X$26)","v":-36113.040241031878},-151240.13796683087]
["1995-03-19","07:00:00",22,9,-3.4,-3.9,96,{"$f":"Inputs!$X$37*Inputs!$X$32*(E1856-Inputs!$X$26)","v":-84011.726668200427},{"$f":"Inputs!$X$33*C1856*Inputs!$X$38","v":4292.1246016778305},{"$f":"params!$C$15*Inputs!$X$29*(E1856-Inputs!$X$26)","v":-8727.9838499999969},{"$f":"Inputs!$X$40*Inputs!$X$41/8760","v":5342.4657534246571},{"$f":"-Inputs!$X$45*Inputs!$X$33","v":-30000},474.36656633458665,2.925579214362132E-3,2.8085560457876469E-3,{"$f":"-L1856/(1.202*2465560*MAX(0,(Inputs!$X$49-O1856)))","v":1.2360372927843475},{"$f":"params!$C$15*P1856*(E1856-Inputs!$X$26)","v":-36573.983314309524},-149679.10347740748]
["1995-03-19","08:00:00",131,9,-0.6,-1.2,95,{"$f":"Inputs!$X$37*Inputs!$X$32*(E1857-Inputs!$X$26)","v":-74414.738852975366},{"$f":"Inputs!$X$33*C1857*Inputs!$X$38","v":25557.651037263448},{"$f":"params!$C$15*Inputs!$X$29*(E1857-Inputs!$X$26)","v":-7730.9521499999983},{"$f":"Inputs!$X$40*Inputs!$X$41/8760","v":5342.4657534246571},{"$f":"-Inputs!$X$45*Inputs!$X$33","v":-30000},583.36085066457406,3.6016763769199135E-3,3.4215925580739176E-3,{"$f":"-L1857/(1.202*2465560*MAX(0,(Inputs!$X$49-O1857)))","v":1.336046075253958},{"$f":"params!$C$15*P1857*(E1857-Inputs!$X$26)","v":-35017.180527792872},-116262.75474008013]
["1995-03-19","09:00:00",303,9,3.8,-0.6,73,{"$f":"Inputs!$X$37*Inputs!$X$32*(E1858-Inputs!$X$26)","v":-59333.758000478818},{"$f":"Inputs!$X$33*C1858*Inputs!$X$38","v":59114.261559471932},{"$f":"params!$C$15*Inputs!$X$29*(E1858-Inputs!$X$26)","v":-6164.1880499999979},{"$f":"Inputs!$X$40*Inputs!$X$41/8760","v":5342.4657534246571},{"$f":"-Inputs!$X$45*Inputs!$X$33","v":-30000},799.75278170517424,4.9483114832316053E-3,3.6122673827590716E-3,{"$f":"-L1858/(1.202*2465560*MAX(0,(Inputs!$X$49-O1858)))","v":1.3705369597541732},{"$f":"params!$C$15*P1858*(E1858-Inputs!$X$26)","v":-28641.343462348443},-59682.562199930668]
["1995-03-19","10:00:00",484,9,7.2,0.5,62,{"$f":"Inputs!$X$37*Inputs!$X$32*(E1859-Inputs!$X$26)","v":-47680.27279627695},{"$f":"Inputs!$X$33*C1859*Inputs!$X$38","v":94426.741236912261},{"$f":"params!$C$15*Inputs!$X$29*(E1859-Inputs!$X$26)","v":-4953.506699999999},{"$f":"Inputs!$X$40*Inputs!$X$41/8760","v":5342.4657534246571},{"$f":"-Inputs!$X$45*Inputs!$X$33","v":-30000},{"$f":"EXP(77.345+0.0057*(E1859+273.15)-7235/(E1859+273.15))/(E1859+273.15)^8.2","v":1012.7753618292717},{"$f":"0.62198*M1859/(101325-M1859)","v":6.2796535698688054E-3},{"$f":"N1859*G1859/100","v":3.8933852133186593E-3},{"$f":"-L1859/(1.202*2465560*MAX(0,(Inputs!$X$49-O1859)))","v":1.4247646445025084},{"$f":"params!$C$15*P1859*(E1859-Inputs!$X$26)","v":-23926.6908714128},{"$f":"H1859+I1859+J1859+K1859+L1859+Q1859","v":-6791.2633773528287}]
["1995-03-19","11:00:00",514,9,10,0.5,52,{"$f":"Inputs!$X$37*Inputs!$X$32*(E1860-Inputs!$X$26)","v":-38083.284981051875},{"$f":"Inputs!$X$33*C1860*Inputs!$X$38","v":100279.6384210184},{"$f":"params!$C$15*Inputs!$X$29*(E1860-Inputs!$X$26)","v":-3956.474999999999},{"$f":"Inputs!$X$40*Inputs!$X$41/8760","v":5342.4657534246571},{"$f":"-Inputs!$X$45*Inputs!$X$33","v":-30000},1224.2915728566036,7.6071876458255446E-3,3.9557375758292835E-3,{"$f":"-L1860/(1.202*2465560*MAX(0,(Inputs!$X$49-O1860)))","v":1.4373790310914327},{"$f":"params!$C$15*P1860*(E1860-Inputs!$X$26)","v":-19279.97582963451},14302.368363756679]
["1995-03-19","12:00:00",504,9,11.6,0.5,46,{"$f":"Inputs!$X$37*Inputs!$X$32*(E1861-Inputs!$X$26)","v":-32599.291943780405},{"$f":"Inputs!$X$33*C1861*Inputs!$X$38","v":98328.672692983018},{"$f":"params!$C$15*Inputs!$X$29*(E1861-Inputs!$X$26)","v":-3386.7425999999991},{"$f":"Inputs!$X$40*Inputs!$X$41/8760","v":5342.4657534246571},{"$f":"-Inputs!$X$45*Inputs!$X$33","v":-30000},1361.8604305174304,8.473622919620909E-3,3.8978665430256182E-3,{"$f":"-L1861/(1.202*2465560*MAX(0,(Inputs!$X$49-O1861)))","v":1.4256638645026307},{"$f":"params!$C$15*P1861*(E1861-Inputs!$X$26)","v":-16369.148430321737},21315.955472305526]
["1995-03-19","13:00:00",267,10,12.7,1.1000000000000001,45,{"$f":"Inputs!$X$37*Inputs!$X$32*(E1862-Inputs!$X$26)","v":-28829.046730656268},{"$f":"Inputs!$X$33*C1862*Inputs!$X$38","v":52090.784938544573},{"$f":"params!$C$15*Inputs!$X$29*(E1862-Inputs!$X$26)","v":-2995.0515749999995},{"$f":"Inputs!$X$40*Inputs!$X$41/8760","v":5342.4657534246571},{"$f":"-Inputs!$X$45*Inputs!$X$33","v":-30000},1464.1592348808538,9.1194681912721114E-3,4.1037606860724503E-3,{"$f":"-L1862/(1.202*2465560*MAX(0,(Inputs!$X$49-O1862)))","v":1.4682390646353034},{"$f":"params!$C$15*P1862*(E1862-Inputs!$X$26)","v":-14908.290082816246},-19299.137696503283]
["1995-03-19","14:00:00",250,10,13.3,0.5,41,{"$f":"Inputs!$X$37*Inputs!$X$32*(E1863-Inputs!$X$26)","v":-26772.549341679463},{"$f":"Inputs!$X$33*C1863*Inputs!$X$38","v":48774.143200884428},{"$f":"params!$C$15*Inputs!$X$29*(E1863-Inputs!$X$26)","v":-2781.4019249999988},{"$f":"Inputs!$X$40*Inputs!$X$41/8760","v":5342.4657534246571},{"$f":"-Inputs!$X$45*Inputs!$X$33","v":-30000},1522.7575650660701,9.4900147252429956E-3,3.8909060373496286E-3,{"$f":"-L1863/(1.202*2465560*MAX(0,(Inputs!$X$49-O1863)))","v":1.4242676622437598},{"$f":"params!$C$15*P1863*(E1863-Inputs!$X$26)","v":-13430.188831781992},-18867.531144152366]
["1995-03-19","15:00:00",213,10,13.3,0.5,41,{"$f":"Inputs!$X$37*Inputs!$X$32*(E1864-Inputs!$X$26)","v":-26772.549341679463},{"$f":"Inputs!$X$33*C1864*Inputs!$X$38","v":41555.570007153539},{"$f":"params!$C$15*Inputs!$X$29*(E1864-Inputs!$X$26)","v":-2781.4019249999988},{"$f":"Inputs!$X$40*Inputs!$X$41/8760","v":5342.4657534246571},{"$f":"-Inputs!$X$45*Inputs!$X$33","v":-30000},1522.7575650660701,9.4900147252429956E-3,3.8909060373496286E-3,{"$f":"-L1864/(1.202*2465560*MAX(0,(Inputs!$X$49-O1864)))","v":1.4242676622437598},{"$f":"params!$C$15*P1864*(E1864-Inputs!$X$26)","v":-13430.188831781992},-26086.104337883255]
["1995-03-19","16:00:00",157,10,13.3,0,40,{"$f":"Inputs!$X$37*Inputs!$X$32*(E1865-Inputs!$X$26)","v":-26772.549341679463},{"$f":"Inputs!$X$33*C1865*Inputs!$X$38","v":30630.161930155424},{"$f":"params!$C$15*Inputs!$X$29*(E1865-Inputs!$X$26)","v":-2781.4019249999988},{"$f":"Inputs!$X$40*Inputs!$X$41/8760","v":5342.4657534246571},{"$f":"-Inputs!$X$45*Inputs!$X$33","v":-30000},1522.7575650660701,9.4900147252429956E-3,3.7960058900971981E-3,{"$f":"-L1865/(1.202*2465560*MAX(0,(Inputs!$X$49-O1865)))","v":1.4055009398788221},{"$f":"params!$C$15*P1865*(E1865-Inputs!$X$26)","v":-13253.227273364188},-36834.550856463567]
["1995-03-19","17:00:00",90,10,12.7,0,42,{"$f":"Inputs!$X$37*Inputs!$X$32*(E1866-Inputs!$X$26)","v":-28829.046730656268},{"$f":"Inputs!$X$33*C1866*Inputs!$X$38","v":17558.691552318396},{"$f":"params!$C$15*Inputs!$X$29*(E1866-Inputs!$X$26)","v":-2995.0515749999995},{"$f":"Inputs!$X$40*Inputs!$X$41/8760","v":5342.4657534246571},{"$f":"-Inputs!$X$45*Inputs!$X$33","v":-30000},1464.1592348808538,9.1194681912721114E-3,3.8301766403342867E-3,{"$f":"-L1866/(1.202*2465560*MAX(0,(Inputs!$X$49-O1866)))","v":1.4122010350011125},{"$f":"params!$C$15*P1866*(E1866-Inputs!$X$26)","v":-14339.287921261932},-53262.228921175149]
["1995-03-19","18:00:00",40,10,12.2,0,43,{"$f":"Inputs!$X$37*Inputs!$X$32*(E1867-Inputs!$X$26)","v":-30542.794554803604},{"$f":"Inputs!$X$33*C1867*Inputs!$X$38","v":7803.8629121415097},{"$f":"params!$C$15*Inputs!$X$29*(E1867-Inputs!$X$26)","v":-3173.0929499999993},{"$f":"Inputs!$X$40*Inputs!$X$41/8760","v":5342.4657534246571},{"$f":"-Inputs!$X$45*Inputs!$X$33","v":-30000},1416.8513363145253,8.8206338116364833E-3,3.7928725390036877E-3,{"$f":"-L1867/(1.202*2465560*MAX(0,(Inputs!$X$49-O1867)))","v":1.4048897428544522},{"$f":"params!$C$15*P1867*(E1867-Inputs!$X$26)","v":-15113.038550802034},-65682.597390039475]
["1995-03-19","19:00:00",0,10,11.6,0.5,46,{"$f":"Inputs!$X$37*Inputs!$X$32*(E1868-Inputs!$X$26)","v":-32599.291943780405},{"$f":"Inputs!$X$33*C1868*Inputs!$X$38","v":0},{"$f":"params!$C$15*Inputs!$X$29*(E1868-Inputs!$X$26)","v":-3386.7425999999991},{"$f":"Inputs!$X$40*Inputs!$X$41/8760","v":5342.4657534246571},{"$f":"-Inputs!$X$45*Inputs!$X$33","v":-30000},1361.8604305174304,8.473622919620909E-3,3.8978665430256182E-3,{"$f":"-L1868/(1.202*2465560*MAX(0,(Inputs!$X$49-O1868)))","v":1.4256638645026307},{"$f":"params!$C$15*P1868*(E1868-Inputs!$X$26)","v":-16369.148430321737},-77012.717220677485]
["1995-03-19","20:00:00",0,10,11,0.5,48,{"$f":"Inputs!$X$37*Inputs!$X$32*(E1869-Inputs!$X$26)","v":-34655.789332757202},{"$f":"Inputs!$X$33*C1869*Inputs!$X$38","v":0},{"$f":"params!$C$15*Inputs!$X$29*(E1869-Inputs!$X$26)","v":-3600.392249999999},{"$f":"Inputs!$X$40*Inputs!$X$41/8760","v":5342.4657534246571},{"$f":"-Inputs!$X$45*Inputs!$X$33","v":-30000},1308.7561751391206,8.138879592783612E-3,3.9066622045361337E-3,{"$f":"-L1869/(1.202*2465560*MAX(0,(Inputs!$X$49-O1869)))","v":1.4274320991537504},{"$f":"params!$C$15*P1869*(E1869-Inputs!$X$26)","v":-17423.364857215664},-80337.080686548201]
["1995-03-19","21:00:00",0,9,10.5,0.5,50,{"$f":"Inputs!$X$37*Inputs!$X$32*(E1870-Inputs!$X$26)","v":-36369.537156904538},{"$f":"Inputs!$X$33*C1870*Inputs!$X$38","v":0},{"$f":"params!$C$15*Inputs!$X$29*(E1870-Inputs!$X$26)","v":-3778.4336249999992},{"$f":"Inputs!$X$40*Inputs!$X$41/8760","v":5342.4657534246571},{"$f":"-Inputs!$X$45*Inputs!$X$33","v":-30000},1265.9037593783532,7.8690179088235224E-3,3.9345089544117612E-3,{"$f":"-L1870/(1.202*2465560*MAX(0,(Inputs!$X$49-O1870)))","v":1.4330593065923432},{"$f":"params!$C$15*P1870*(E1870-Inputs!$X$26)","v":-18357.042594247876},-83162.547622727754]
["1995-03-19","22:00:00",0,10,10,0.5,52,{"$f":"Inputs!$X$37*Inputs!$X$32*(E1871-Inputs!$X$26)","v":-38083.284981051875},{"$f":"Inputs!$X$33*C1871*Inputs!$X$38","v":0},{"$f":"params!$C$15*Inputs!$X$29*(E1871-Inputs!$X$26)","v":-3956.474999999999},{"$f":"Inputs!$X$40*Inputs!$X$41/8760","v":5342.4657534246571},{"$f":"-Inputs!$X$45*Inputs!$X$33","v":-30000},1224.2915728566036,7.6071876458255446E-3,3.9557375758292835E-3,{"$f":"-L1871/(1.202*2465560*MAX(0,(Inputs!$X$49-O1871)))","v":1.4373790310914327},{"$f":"params!$C$15*P1871*(E1871-Inputs!$X$26)","v":-19279.97582963451},-85977.270057261732]
["1995-03-19","23:00:00",0,10,9.4,0.5,54,{"$f":"Inputs!$X$37*Inputs!$X$32*(E1872-Inputs!$X$26)","v":-40139.782370028675},{"$f":"Inputs!$X$33*C1872*Inputs!$X$38","v":0},{"$f":"params!$C$15*Inputs!$X$29*(E1872-Inputs!$X$26)","v":-4170.1246499999988},{"$f":"Inputs!$X$40*Inputs!$X$41/8760","v":5342.4657534246571},{"$f":"-Inputs!$X$45*Inputs!$X$33","v":-30000},1175.9507731568485,7.3032931169560531E-3,3.9437782831562686E-3,{"$f":"-L1872/(1.202*2465560*MAX(0,(Inputs!$X$49-O1872)))","v":1.4349422864378654},{"$f":"params!$C$15*P1872*(E1872-Inputs!$X$26)","v":-20286.644795194283},-89254.086061798298]
["1995-03-19",1,0,10,8.3000000000000007,0.5,58,{"$f":"Inputs!$X$37*Inputs!$X$32*(E1873-Inputs!$X$26)","v":-43910.027583152805},{"$f":"Inputs!$X$33*C1873*Inputs!$X$38","v":0},{"$f":"params!$C$15*Inputs!$X$29*(E1873-Inputs!$X$26)","v":-4561.8156749999989},{"$f":"Inputs!$X$40*Inputs!$X$41/8760","v":5342.4657534246571},{"$f":"-Inputs!$X$45*Inputs!$X$33","v":-30000},1091.6777773743988,6.7742116984131845E-3,3.9290427850796469E-3,{"$f":"-L1873/(1.202*2465560*MAX(0,(Inputs!$X$49-O1873)))","v":1.4319512185786751},{"$f":"params!$C$15*P1873*(E1873-Inputs!$X$26)","v":-22145.868196229305},-95275.245700957457]
["1995-03-20","01:00:00",0,10,7.6,0.6,61,{"$f":"Inputs!$X$37*Inputs!$X$32*(E1874-Inputs!$X$26)","v":-46309.274536959078},{"$f":"Inputs!$X$33*C1874*Inputs!$X$38","v":0},{"$f":"params!$C$15*Inputs!$X$29*(E1874-Inputs!$X$26)","v":-4811.0735999999988},{"$f":"Inputs!$X$40*Inputs!$X$41/8760","v":5342.4657534246571},{"$f":"-Inputs!$X$45*Inputs!$X$33","v":-30000},1040.864706740547,6.4556275866099015E-3,3.9379328278320398E-3,{"$f":"-L1874/(1.202*2465560*MAX(0,(Inputs!$X$49-O1874)))","v":1.4337542594965342},{"$f":"params!$C$15*P1874*(E1874-Inputs!$X$26)","v":-23385.328570189722},-99163.210953724149]
["1995-03-20","02:00:00",0,10,7.2,1,65,{"$f":"Inputs!$X$37*Inputs!$X$32*(E1875-Inputs!$X$26)","v":-47680.27279627695},{"$f":"Inputs!$X$33*C1875*Inputs!$X$38","v":0},{"$f":"params!$C$15*Inputs!$X$29*(E1875-Inputs!$X$26)","v":-4953.506699999999},{"$f":"Inputs!$X$40*Inputs!$X$41/8760","v":5342.4657534246571},{"$f":"-Inputs!$X$45*Inputs!$X$33","v":-30000},1012.7753618292717,6.2796535698688054E-3,4.0817748204147238E-3,{"$f":"-L1875/(1.202*2465560*MAX(0,(Inputs!$X$49-O1875)))","v":1.4635718991957003},{"$f":"params!$C$15*P1875*(E1875-Inputs!$X$26)","v":-24578.397937695601},-101869.71168054789]
["1995-03-20","03:00:00",0,10,6.9,1.6,69,{"$f":"Inputs!$X$37*Inputs!$X$32*(E1876-Inputs!$X$26)","v":-48708.521490765343},{"$f":"Inputs!$X$33*C1876*Inputs!$X$38","v":0},{"$f":"params!$C$15*Inputs!$X$29*(E1876-Inputs!$X$26)","v":-5060.3315249999987},{"$f":"Inputs!$X$40*Inputs!$X$41/8760","v":5342.4657534246571},{"$f":"-Inputs!$X$45*Inputs!$X$33","v":-30000},992.14941816241287,6.150498979447569E-3,4.2438442958188227E-3,{"$f":"-L1876/(1.202*2465560*MAX(0,(Inputs!$X$49-O1876)))","v":1.4986895748710769},{"$f":"params!$C$15*P1876*(E1876-Inputs!$X$26)","v":-25710.907797992084},-104137.29506033278]
["1995-03-20","04:00:00",0,10,6.7,2,72,{"$f":"Inputs!$X$37*Inputs!$X$32*(E1877-Inputs!$X$26)","v":-49394.020620424279},{"$f":"Inputs!$X$33*C1877*Inputs!$X$38","v":0},{"$f":"params!$C$15*Inputs!$X$29*(E1877-Inputs!$X$26)","v":-5131.5480749999988},{"$f":"Inputs!$X$40*Inputs!$X$41/8760","v":5342.4657534246571},{"$f":"-Inputs!$X$45*Inputs!$X$33","v":-30000},978.60557903106951,6.0657196659430037E-3,4.3673181594789633E-3,{"$f":"-L1877/(1.202*2465560*MAX(0,(Inputs!$X$49-O1877)))","v":1.5265963552169888},{"$f":"params!$C$15*P1877*(E1877-Inputs!$X$26)","v":-26558.245272140972},-105741.3482141406]
["1995-03-20","05:00:00",0,10,6.6,2.6,76,{"$f":"Inputs!$X$37*Inputs!$X$32*(E1878-Inputs!$X$26)","v":-49736.77018525375},{"$f":"Inputs!$X$33*C1878*Inputs!$X$38","v":0},{"$f":"params!$C$15*Inputs!$X$29*(E1878-Inputs!$X$26)","v":-5167.1563499999984},{"$f":"Inputs!$X$40*Inputs!$X$41/8760","v":5342.4657534246571},{"$f":"-Inputs!$X$45*Inputs!$X$33","v":-30000},971.89505506814805,6.0237228004355421E-3,4.5780293283310116E-3,{"$f":"-L1878/(1.202*2465560*MAX(0,(Inputs!$X$49-O1878)))","v":1.5766988458718978},{"$f":"params!$C$15*P1878*(E1878-Inputs!$X$26)","v":-27620.218304157526},-107181.6790859866]
["1995-03-20","06:00:00",0,10,6.6,3.3,79,{"$f":"Inputs!$X$37*Inputs!$X$32*(E1879-Inputs!$X$26)","v":-49736.77018525375},{"$f":"Inputs!$X$33*C1879*Inputs!$X$38","v":0},{"$f":"params!$C$15*Inputs!$X$29*(E1879-Inputs!$X$26)","v":-5167.1563499999984},{"$f":"Inputs!$X$40*Inputs!$X$41/8760","v":5342.4657534246571},{"$f":"-Inputs!$X$45*Inputs!$X$33","v":-30000},971.89505506814805,6.0237228004355421E-3,4.7587410123440784E-3,{"$f":"-L1879/(1.202*2465560*MAX(0,(Inputs!$X$49-O1879)))","v":1.6223636910412371},{"$f":"params!$C$15*P1879*(E1879-Inputs!$X$26)","v":-28420.16370635336},-107981.62448818244]
["1995-03-20","07:00:00",25,9,6.6,2.2000000000000002,73,{"$f":"Inputs!$X$37*Inputs!$X$32*(E1880-Inputs!$X$26)","v":-49736.77018525375},{"$f":"Inputs!$X$33*C1880*Inputs!$X$38","v":4877.4143200884437},{"$f":"params!$C$15*Inputs!$X$29*(E1880-Inputs!$X$26)","v":-5167.1563499999984},{"$f":"Inputs!$X$40*Inputs!$X$41/8760","v":5342.4657534246571},{"$f":"-Inputs!$X$45*Inputs!$X$33","v":-30000},971.89505506814805,6.0237228004355421E-3,4.3973176443179458E-3,{"$f":"-L1880/(1.202*2465560*MAX(0,(Inputs!$X$49-O1880)))","v":1.5335342913619461},{"$f":"params!$C$15*P1880*(E1880-Inputs!$X$26)","v":-26864.072371985367},-101548.11883372602]
["1995-03-20","08:00:00",149,9,6.6,2.2000000000000002,73,{"$f":"Inputs!$X$37*Inputs!$X$32*(E1881-Inputs!$X$26)","v":-49736.77018525375},{"$f":"Inputs!$X$33*C1881*Inputs!$X$38","v":29069.389347727123},{"$f":"params!$C$15*Inputs!$X$29*(E1881-Inputs!$X$26)","v":-5167.1563499999984},{"$f":"Inputs!$X$40*Inputs!$X$41/8760","v":5342.4657534246571},{"$f":"-Inputs!$X$45*Inputs!$X$33","v":-30000},971.89505506814805,6.0237228004355421E-3,4.3973176443179458E-3,{"$f":"-L1881/(1.202*2465560*MAX(0,(Inputs!$X$49-O1881)))","v":1.5335342913619461},{"$f":"params!$C$15*P1881*(E1881-Inputs!$X$26)","v":-26864.072371985367},-77356.143806087333]
["1995-03-20","09:00:00",338,9,7.7,2.2000000000000002,68,{"$f":"Inputs!$X$37*Inputs!$X$32*(E1882-Inputs!$X$26)","v":-45966.524972129613},{"$f":"Inputs!$X$33*C1882*Inputs!$X$38","v":65942.641607595753},{"$f":"params!$C$15*Inputs!$X$29*(E1882-Inputs!$X$26)","v":-4775.4653249999992},{"$f":"Inputs!$X$40*Inputs!$X$41/8760","v":5342.4657534246571},{"$f":"-Inputs!$X$45*Inputs!$X$33","v":-30000},1047.9935141086903,6.5003037959358509E-3,4.4202065812363788E-3,{"$f":"-L1882/(1.202*2465560*MAX(0,(Inputs!$X$49-O1882)))","v":1.5388703418766292},{"$f":"params!$C$15*P1882*(E1882-Inputs!$X$26)","v":-24914.058506453657},-34370.941442562864]
["1995-03-20","10:00:00",327,9,10,2.7,60,{"$f":"Inputs!$X$37*Inputs!$X$32*(E1883-Inputs!$X$26)","v":-38083.284981051875},{"$f":"Inputs!$X$33*C1883*Inputs!$X$38","v":63796.579306756837},{"$f":"params!$C$15*Inputs!$X$29*(E1883-Inputs!$X$26)","v":-3956.474999999999},{"$f":"Inputs!$X$40*Inputs!$X$41/8760","v":5342.4657534246571},{"$f":"-Inputs!$X$45*Inputs!$X$33","v":-30000},1224.2915728566036,7.6071876458255446E-3,4.5643125874953267E-3,{"$f":"-L1883/(1.202*2465560*MAX(0,(Inputs!$X$49-O1883)))","v":1.5733374446758814},{"$f":"params!$C$15*P1883*(E1883-Inputs!$X$26)","v":-21103.624895777648},-24004.339816648026]
["1995-03-20","11:00:00",199,10,10.5,3.3,61,{"$f":"Inputs!$X$37*Inputs!$X$32*(E1884-Inputs!$X$26)","v":-36369.537156904538},{"$f":"Inputs!$X$33*C1884*Inputs!$X$38","v":38824.217987904005},{"$f":"params!$C$15*Inputs!$X$29*(E1884-Inputs!$X$26)","v":-3778.4336249999992},{"$f":"Inputs!$X$40*Inputs!$X$41/8760","v":5342.4657534246571},{"$f":"-Inputs!$X$45*Inputs!$X$33","v":-30000},1265.9037593783532,7.8690179088235224E-3,4.8001009243823492E-3,{"$f":"-L1884/(1.202*2465560*MAX(0,(Inputs!$X$49-O1884)))","v":1.6331895711009026},{"$f":"params!$C$15*P1884*(E1884-Inputs!$X$26)","v":-20920.648840745525},-46901.935881321406]
["1995-03-20","12:00:00",610,9,11.6,3.3,57,{"$f":"Inputs!$X$37*Inputs!$X$32*(E1885-Inputs!$X$26)","v":-32599.291943780405},{"$f":"Inputs!$X$33*C1885*Inputs!$X$38","v":119008.90941015801},{"$f":"params!$C$15*Inputs!$X$29*(E1885-Inputs!$X$26)","v":-3386.7425999999991},{"$f":"Inputs!$X$40*Inputs!$X$41/8760","v":5342.4657534246571},{"$f":"-Inputs!$X$45*Inputs!$X$33","v":-30000},1361.8604305174304,8.473622919620909E-3,4.829965064183918E-3,{"$f":"-L1885/(1.202*2465560*MAX(0,(Inputs!$X$49-O1885)))","v":1.6410967137251578},{"$f":"params!$C$15*P1885*(E1885-Inputs!$X$26)","v":-18842.699435923561},39522.641183878695]
["1995-03-20","13:00:00",224,10,11.1,3.8,61,{"$f":"Inputs!$X$37*Inputs!$X$32*(E1886-Inputs!$X$26)","v":-34313.039767927738},{"$f":"Inputs!$X$33*C1886*Inputs!$X$38","v":43701.632307992455},{"$f":"params!$C$15*Inputs!$X$29*(E1886-Inputs!$X$26)","v":-3564.7839749999994},{"$f":"Inputs!$X$40*Inputs!$X$41/8760","v":5342.4657534246571},{"$f":"-Inputs!$X$45*Inputs!$X$33","v":-30000},1317.4782376741875,8.1938348219052388E-3,4.9982392413621957E-3,{"$f":"-L1886/(1.202*2465560*MAX(0,(Inputs!$X$49-O1886)))","v":1.6871220468721704},{"$f":"params!$C$15*P1886*(E1886-Inputs!$X$26)","v":-20389.495112389824},-39223.220793900444]
["1995-03-20","14:00:00",212,10,10.5,3.8,63,{"$f":"Inputs!$X$37*Inputs!$X$32*(E1887-Inputs!$X$26)","v":-36369.537156904538},{"$f":"Inputs!$X$33*C1887*Inputs!$X$38","v":41360.473434350002},{"$f":"params!$C$15*Inputs!$X$29*(E1887-Inputs!$X$26)","v":-3778.4336249999992},{"$f":"Inputs!$X$40*Inputs!$X$41/8760","v":5342.4657534246571},{"$f":"-Inputs!$X$45*Inputs!$X$33","v":-30000},1265.9037593783532,7.8690179088235224E-3,4.9574812825588189E-3,{"$f":"-L1887/(1.202*2465560*MAX(0,(Inputs!$X$49-O1887)))","v":1.6757388550333248},{"$f":"params!$C$15*P1887*(E1887-Inputs!$X$26)","v":-21465.69189228506},-44910.723486414936]
["1995-03-20","15:00:00",183,10,11.1,4.4000000000000004,63,{"$f":"Inputs!$X$37*Inputs!$X$32*(E1888-Inputs!$X$26)","v":-34313.039767927738},{"$f":"Inputs!$X$33*C1888*Inputs!$X$38","v":35702.672823047404},{"$f":"params!$C$15*Inputs!$X$29*(E1888-Inputs!$X$26)","v":-3564.7839749999994},{"$f":"Inputs!$X$40*Inputs!$X$41/8760","v":5342.4657534246571},{"$f":"-Inputs!$X$45*Inputs!$X$33","v":-30000},1317.4782376741875,8.1938348219052388E-3,5.1621159378003002E-3,{"$f":"-L1888/(1.202*2465560*MAX(0,(Inputs!$X$49-O1888)))","v":1.7344955700838725},{"$f":"params!$C$15*P1888*(E1888-Inputs!$X$26)","v":-20962.021695023519},-47794.706861479193]
["1995-03-20","16:00:00",140,10,10,5.5,74,{"$f":"Inputs!$X$37*Inputs!$X$32*(E1889-Inputs!$X$26)","v":-38083.284981051875},{"$f":"Inputs!$X$33*C1889*Inputs!$X$38","v":27313.520192495282},{"$f":"params!$C$15*Inputs!$X$29*(E1889-Inputs!$X$26)","v":-3956.474999999999},{"$f":"Inputs!$X$40*Inputs!$X$41/8760","v":5342.4657534246571},{"$f":"-Inputs!$X$45*Inputs!$X$33","v":-30000},1224.2915728566036,7.6071876458255446E-3,5.6293188579109033E-3,{"$f":"-L1889/(1.202*2465560*MAX(0,(Inputs!$X$49-O1889)))","v":1.8854298588816092},{"$f":"params!$C$15*P1889*(E1889-Inputs!$X$26)","v":-25289.80966148261},-64673.583696614543]
["1995-03-20","17:00:00",85,10,10,6.1,77,{"$f":"Inputs!$X$37*Inputs!$X$32*(E1890-Inputs!$X$26)","v":-38083.284981051875},{"$f":"Inputs!$X$33*C1890*Inputs!$X$38","v":16583.208688300707},{"$f":"params!$C$15*Inputs!$X$29*(E1890-Inputs!$X$26)","v":-3956.474999999999},{"$f":"Inputs!$X$40*Inputs!$X$41/8760","v":5342.4657534246571},{"$f":"-Inputs!$X$45*Inputs!$X$33","v":-30000},1224.2915728566036,7.6071876458255446E-3,5.8575344872856695E-3,{"$f":"-L1890/(1.202*2465560*MAX(0,(Inputs!$X$49-O1890)))","v":1.9691305538387929},{"$f":"params!$C$15*P1890*(E1890-Inputs!$X$26)","v":-26412.511009416397},-76526.596548742906]
["1995-03-20","18:00:00",38,10,10,6.1,77,{"$f":"Inputs!$X$37*Inputs!$X$32*(E1891-Inputs!$X$26)","v":-38083.284981051875},{"$f":"Inputs!$X$33*C1891*Inputs!$X$38","v":7413.6697665344336},{"$f":"params!$C$15*Inputs!$X$29*(E1891-Inputs!$X$26)","v":-3956.474999999999},{"$f":"Inputs!$X$40*Inputs!$X$41/8760","v":5342.4657534246571},{"$f":"-Inputs!$X$45*Inputs!$X$33","v":-30000},1224.2915728566036,7.6071876458255446E-3,5.8575344872856695E-3,{"$f":"-L1891/(1.202*2465560*MAX(0,(Inputs!$X$49-O1891)))","v":1.9691305538387929},{"$f":"params!$C$15*P1891*(E1891-Inputs!$X$26)","v":-26412.511009416397},-85696.13547050918]
["1995-03-20","19:00:00",2,3,9.4,5.5,77,{"$f":"Inputs!$X$37*Inputs!$X$32*(E1892-Inputs!$X$26)","v":-40139.782370028675},{"$f":"Inputs!$X$33*C1892*Inputs!$X$38","v":390.19314560707545},{"$f":"params!$C$15*Inputs!$X$29*(E1892-Inputs!$X$26)","v":-4170.1246499999988},{"$f":"Inputs!$X$40*Inputs!$X$41/8760","v":5342.4657534246571},{"$f":"-Inputs!$X$45*Inputs!$X$33","v":-30000},1175.9507731568485,7.3032931169560531E-3,5.6235357000561613E-3,{"$f":"-L1892/(1.202*2465560*MAX(0,(Inputs!$X$49-O1892)))","v":1.8834011625209315},{"$f":"params!$C$15*P1892*(E1892-Inputs!$X$26)","v":-26626.778478851782},-95204.02659984873]
["1995-03-20","20:00:00",0,2,7.2,5.5,89,{"$f":"Inputs!$X$37*Inputs!$X$32*(E1893-Inputs!$X$26)","v":-47680.27279627695},{"$f":"Inputs!$X$33*C1893*Inputs!$X$38","v":0},{"$f":"params!$C$15*Inputs!$X$29*(E1893-Inputs!$X$26)","v":-4953.506699999999},{"$f":"Inputs!$X$40*Inputs!$X$41/8760","v":5342.4657534246571},{"$f":"-Inputs!$X$45*Inputs!$X$33","v":-30000},1012.7753618292717,6.2796535698688054E-3,5.588891677183236E-3,{"$f":"-L1893/(1.202*2465560*MAX(0,(Inputs!$X$49-O1893)))","v":1.8713390763749997},{"$f":"params!$C$15*P1893*(E1893-Inputs!$X$26)","v":-31426.209071642177},-108717.52281449447]
["1995-03-20","21:00:00",0,3,8.3000000000000007,5,80,{"$f":"Inputs!$X$37*Inputs!$X$32*(E1894-Inputs!$X$26)","v":-43910.027583152805},{"$f":"Inputs!$X$33*C1894*Inputs!$X$38","v":0},{"$f":"params!$C$15*Inputs!$X$29*(E1894-Inputs!$X$26)","v":-4561.8156749999989},{"$f":"Inputs!$X$40*Inputs!$X$41/8760","v":5342.4657534246571},{"$f":"-Inputs!$X$45*Inputs!$X$33","v":-30000},1091.6777773743988,6.7742116984131845E-3,5.4193693587305481E-3,{"$f":"-L1894/(1.202*2465560*MAX(0,(Inputs!$X$49-O1894)))","v":1.814476122565692},{"$f":"params!$C$15*P1894*(E1894-Inputs!$X$26)","v":-28061.814211401685},-101191.19171612983]
["1995-03-20","22:00:00",0,2,10,5,71,{"$f":"Inputs!$X$37*Inputs!$X$32*(E1895-Inputs!$X$26)","v":-38083.284981051875},{"$f":"Inputs!$X$33*C1895*Inputs!$X$38","v":0},{"$f":"params!$C$15*Inputs!$X$29*(E1895-Inputs!$X$26)","v":-3956.474999999999},{"$f":"Inputs!$X$40*Inputs!$X$41/8760","v":5342.4657534246571},{"$f":"-Inputs!$X$45*Inputs!$X$33","v":-30000},1224.2915728566036,7.6071876458255446E-3,5.401103228536137E-3,{"$f":"-L1895/(1.202*2465560*MAX(0,(Inputs!$X$49-O1895)))","v":1.808554670249336},{"$f":"params!$C$15*P1895*(E1895-Inputs!$X$26)","v":-24258.660781007158},-90955.955008634381]
["1995-03-20","23:00:00",0,3,9.6,5.3,75,{"$f":"Inputs!$X$37*Inputs!$X$32*(E1896-Inputs!$X$26)","v":-39454.283240369739},{"$f":"Inputs!$X$33*C1896*Inputs!$X$38","v":0},{"$f":"params!$C$15*Inputs!$X$29*(E1896-Inputs!$X$26)","v":-4098.9080999999987},{"$f":"Inputs!$X$40*Inputs!$X$41/8760","v":5342.4657534246571},{"$f":"-Inputs!$X$45*Inputs!$X$33","v":-30000},1191.8740912297251,7.4033626787849511E-3,5.5525220090887131E-3,{"$f":"-L1896/(1.202*2465560*MAX(0,(Inputs!$X$49-O1896)))","v":1.8588412949575235},{"$f":"params!$C$15*P1896*(E1896-Inputs!$X$26)","v":-25830.763760536909},-94041.489347481984]
["1995-03-20",1,0,4,9.5,5.7,77,{"$f":"Inputs!$X$37*Inputs!$X$32*(E1897-Inputs!$X$26)","v":-39797.032805199204},{"$f":"Inputs!$X$33*C1897*Inputs!$X$38","v":0},{"$f":"params!$C$15*Inputs!$X$29*(E1897-Inputs!$X$26)","v":-4134.5163749999992},{"$f":"Inputs!$X$40*Inputs!$X$41/8760","v":5342.4657534246571},{"$f":"-Inputs!$X$45*Inputs!$X$33","v":-30000},1183.8888469205292,7.3531756990594058E-3,5.6619452882757425E-3,{"$f":"-L1897/(1.202*2465560*MAX(0,(Inputs!$X$49-O1897)))","v":1.8969573900583956},{"$f":"params!$C$15*P1897*(E1897-Inputs!$X$26)","v":-26589.431160345794},-95178.514587120328]
["1995-03-21","01:00:00",0,5,9,5.7,80,{"$f":"Inputs!$X$37*Inputs!$X$32*(E1898-Inputs!$X$26)","v":-41510.78062934654},{"$f":"Inputs!$X$33*C1898*Inputs!$X$38","v":0},{"$f":"params!$C$15*Inputs!$X$29*(E1898-Inputs!$X$26)","v":-4312.557749999999},{"$f":"Inputs!$X$40*Inputs!$X$41/8760","v":5342.4657534246571},{"$f":"-Inputs!$X$45*Inputs!$X$33","v":-30000},1144.6654335441779,7.1067740933079149E-3,5.6854192746463314E-3,{"$f":"-L1898/(1.202*2465560*MAX(0,(Inputs!$X$49-O1898)))","v":1.9053387678423424},{"$f":"params!$C$15*P1898*(E1898-Inputs!$X$26)","v":-27856.970367847851},-98337.842993769736]
["1995-03-21","02:00:00",0,6,8.9,5.9,81,{"$f":"Inputs!$X$37*Inputs!$X$32*(E1899-Inputs!$X$26)","v":-41853.530194176004},{"$f":"Inputs!$X$33*C1899*Inputs!$X$38","v":0},{"$f":"params!$C$15*Inputs!$X$29*(E1899-Inputs!$X$26)","v":-4348.1660249999986},{"$f":"Inputs!$X$40*Inputs!$X$41/8760","v":5342.4657534246571},{"$f":"-Inputs!$X$45*Inputs!$X$33","v":-30000},1136.9596585041099,7.0583890650618127E-3,5.7172951427000686E-3,{"$f":"-L1899/(1.202*2465560*MAX(0,(Inputs!$X$49-O1899)))","v":1.9168393208174501},{"$f":"params!$C$15*P1899*(E1899-Inputs!$X$26)","v":-28256.51401461177},-99115.744480363122]
["1995-03-21","03:00:00",0,7,8.9,6.4,84,{"$f":"Inputs!$X$37*Inputs!$X$32*(E1900-Inputs!$X$26)","v":-41853.530194176004},{"$f":"Inputs!$X$33*C1900*Inputs!$X$38","v":0},{"$f":"params!$C$15*Inputs!$X$29*(E1900-Inputs!$X$26)","v":-4348.1660249999986},{"$f":"Inputs!$X$40*Inputs!$X$41/8760","v":5342.4657534246571},{"$f":"-Inputs!$X$45*Inputs!$X$33","v":-30000},1136.9596585041099,7.0583890650618127E-3,5.9290468146519226E-3,{"$f":"-L1900/(1.202*2465560*MAX(0,(Inputs!$X$49-O1900)))","v":1.9969092943061704},{"$f":"params!$C$15*P1900*(E1900-Inputs!$X$26)","v":-29436.841600477841},-100296.07206622919]
["1995-03-21","04:00:00",0,8,9,6.7,85,{"$f":"Inputs!$X$37*Inputs!$X$32*(E1901-Inputs!$X$26)","v":-41510.78062934654},{"$f":"Inputs!$X$33*C1901*Inputs!$X$38","v":0},{"$f":"params!$C$15*Inputs!$X$29*(E1901-Inputs!$X$26)","v":-4312.557749999999},{"$f":"Inputs!$X$40*Inputs!$X$41/8760","v":5342.4657534246571},{"$f":"-Inputs!$X$45*Inputs!$X$33","v":-30000},1144.6654335441779,7.1067740933079149E-3,6.0407579793117271E-3,{"$f":"-L1901/(1.202*2465560*MAX(0,(Inputs!$X$49-O1901)))","v":2.0419069251666175},{"$f":"params!$C$15*P1901*(E1901-Inputs!$X$26)","v":-29853.66259706339},-100334.53522298527]
["1995-03-21","05:00:00",0,9,9.1999999999999993,7.2,87,{"$f":"Inputs!$X$37*Inputs!$X$32*(E1902-Inputs!$X$26)","v":-40825.281499687611},{"$f":"Inputs!$X$33*C1902*Inputs!$X$38","v":0},{"$f":"params!$C$15*Inputs!$X$29*(E1902-Inputs!$X$26)","v":-4241.3411999999989},{"$f":"Inputs!$X$40*Inputs!$X$41/8760","v":5342.4657534246571},{"$f":"-Inputs!$X$45*Inputs!$X$33","v":-30000},1160.215185315742,7.2044345954297246E-3,6.267858098023861E-3,{"$f":"-L1902/(1.202*2465560*MAX(0,(Inputs!$X$49-O1902)))","v":2.1399355204725681},{"$f":"params!$C$15*P1902*(E1902-Inputs!$X$26)","v":-30770.223666158068},-100494.38061242102]
["1995-03-21","06:00:00",0,10,9.4,7.7,89,{"$f":"Inputs!$X$37*Inputs!$X$32*(E1903-Inputs!$X$26)","v":-40139.782370028675},{"$f":"Inputs!$X$33*C1903*Inputs!$X$38","v":0},{"$f":"params!$C$15*Inputs!$X$29*(E1903-Inputs!$X$26)","v":-4170.1246499999988},{"$f":"Inputs!$X$40*Inputs!$X$41/8760","v":5342.4657534246571},{"$f":"-Inputs!$X$45*Inputs!$X$33","v":-30000},1175.9507731568485,7.3032931169560531E-3,6.4999308740908866E-3,{"$f":"-L1903/(1.202*2465560*MAX(0,(Inputs!$X$49-O1903)))","v":2.250336021834455},{"$f":"params!$C$15*P1903*(E1903-Inputs!$X$26)","v":-31814.357954502259},-100781.79922110628]
["1995-03-21","07:00:00",11,10,10,7.7,86,{"$f":"Inputs!$X$37*Inputs!$X$32*(E1904-Inputs!$X$26)","v":-38083.284981051875},{"$f":"Inputs!$X$33*C1904*Inputs!$X$38","v":2146.0623008389152},{"$f":"params!$C$15*Inputs!$X$29*(E1904-Inputs!$X$26)","v":-3956.474999999999},{"$f":"Inputs!$X$40*Inputs!$X$41/8760","v":5342.4657534246571},{"$f":"-Inputs!$X$45*Inputs!$X$33","v":-30000},1224.2915728566036,7.6071876458255446E-3,6.5421813754099681E-3,{"$f":"-L1904/(1.202*2465560*MAX(0,(Inputs!$X$49-O1904)))","v":2.2716725501973212},{"$f":"params!$C$15*P1904*(E1904-Inputs!$X$26)","v":-30470.593290478115},-95021.825217266422]
["1995-03-21","08:00:00",59,10,9.4,8.3000000000000007,93,{"$f":"Inputs!$X$37*Inputs!$X$32*(E1905-Inputs!$X$26)","v":-40139.782370028675},{"$f":"Inputs!$X$33*C1905*Inputs!$X$38","v":11510.697795408727},{"$f":"params!$C$15*Inputs!$X$29*(E1905-Inputs!$X$26)","v":-4170.1246499999988},{"$f":"Inputs!$X$40*Inputs!$X$41/8760","v":5342.4657534246571},{"$f":"-Inputs!$X$45*Inputs!$X$33","v":-30000},1175.9507731568485,7.3032931169560531E-3,6.7920625987691295E-3,{"$f":"-L1905/(1.202*2465560*MAX(0,(Inputs!$X$49-O1905)))","v":2.4066269072088766},{"$f":"params!$C$15*P1905*(E1905-Inputs!$X$26)","v":-34023.936490366679},-91480.679961561968]
["1995-03-21","09:00:00",115,10,10.5,8.8000000000000007,89,{"$f":"Inputs!$X$37*Inputs!$X$32*(E1906-Inputs!$X$26)","v":-36369.537156904538},{"$f":"Inputs!$X$33*C1906*Inputs!$X$38","v":22436.105872406839},{"$f":"params!$C$15*Inputs!$X$29*(E1906-Inputs!$X$26)","v":-3778.4336249999992},{"$f":"Inputs!$X$40*Inputs!$X$41/8760","v":5342.4657534246571},{"$f":"-Inputs!$X$45*Inputs!$X$33","v":-30000},1265.9037593783532,7.8690179088235224E-3,7.0034259388529353E-3,{"$f":"-L1906/(1.202*2465560*MAX(0,(Inputs!$X$49-O1906)))","v":2.5339586685939319},{"$f":"params!$C$15*P1906*(E1906-Inputs!$X$26)","v":-32459.219934206583},-74828.619090279622]
["1995-03-21","10:00:00",165,10,12.2,8.3000000000000007,77,{"$f":"Inputs!$X$37*Inputs!$X$32*(E1907-Inputs!$X$26)","v":-30542.794554803604},{"$f":"Inputs!$X$33*C1907*Inputs!$X$38","v":32190.934512583728},{"$f":"params!$C$15*Inputs!$X$29*(E1907-Inputs!$X$26)","v":-3173.0929499999993},{"$f":"Inputs!$X$40*Inputs!$X$41/8760","v":5342.4657534246571},{"$f":"-Inputs!$X$45*Inputs!$X$33","v":-30000},1416.8513363145253,8.8206338116364833E-3,6.7918880349600915E-3,{"$f":"-L1907/(1.202*2465560*MAX(0,(Inputs!$X$49-O1907)))","v":2.4065270331934512},{"$f":"params!$C$15*P1907*(E1907-Inputs!$X$26)","v":-25888.106886098765},-52070.594124893985]
["1995-03-21","11:00:00",201,10,10.5,5.5,71,{"$f":"Inputs!$X$37*Inputs!$X$32*(E1908-Inputs!$X$26)","v":-36369.537156904538},{"$f":"Inputs!$X$33*C1908*Inputs!$X$38","v":39214.411133511087},{"$f":"params!$C$15*Inputs!$X$29*(E1908-Inputs!$X$26)","v":-3778.4336249999992},{"$f":"Inputs!$X$40*Inputs!$X$41/8760","v":5342.4657534246571},{"$f":"-Inputs!$X$45*Inputs!$X$33","v":-30000},1265.9037593783532,7.8690179088235224E-3,5.5870027152647005E-3,{"$f":"-L1908/(1.202*2465560*MAX(0,(Inputs!$X$49-O1908)))","v":1.8706858325173574},{"$f":"params!$C$15*P1908*(E1908-Inputs!$X$26)","v":-23962.901849215526},-49553.995744184314]
["1995-03-21","12:00:00",222,10,10,6.1,77,{"$f":"Inputs!$X$37*Inputs!$X$32*(E1909-Inputs!$X$26)","v":-38083.284981051875},{"$f":"Inputs!$X$33*C1909*Inputs!$X$38","v":43311.439162385381},{"$f":"params!$C$15*Inputs!$X$29*(E1909-Inputs!$X$26)","v":-3956.474999999999},{"$f":"Inputs!$X$40*Inputs!$X$41/8760","v":5342.4657534246571},{"$f":"-Inputs!$X$45*Inputs!$X$33","v":-30000},1224.2915728566036,7.6071876458255446E-3,5.8575344872856695E-3,{"$f":"-L1909/(1.202*2465560*MAX(0,(Inputs!$X$49-O1909)))","v":1.9691305538387929},{"$f":"params!$C$15*P1909*(E1909-Inputs!$X$26)","v":-26412.511009416397},-49798.366074658232]
["1995-03-21","13:00:00",226,10,10,5,71,{"$f":"Inputs!$X$37*Inputs!$X$32*(E1910-Inputs!$X$26)","v":-38083.284981051875},{"$f":"Inputs!$X$33*C1910*Inputs!$X$38","v":44091.825453599529},{"$f":"params!$C$15*Inputs!$X$29*(E1910-Inputs!$X$26)","v":-3956.474999999999},{"$f":"Inputs!$X$40*Inputs!$X$41/8760","v":5342.4657534246571},{"$f":"-Inputs!$X$45*Inputs!$X$33","v":-30000},1224.2915728566036,7.6071876458255446E-3,5.401103228536137E-3,{"$f":"-L1910/(1.202*2465560*MAX(0,(Inputs!$X$49-O1910)))","v":1.808554670249336},{"$f":"params!$C$15*P1910*(E1910-Inputs!$X$26)","v":-24258.660781007158},-46864.129555034844]
["1995-03-21","14:00:00",214,10,11.1,3.3,59,{"$f":"Inputs!$X$37*Inputs!$X$32*(E1911-Inputs!$X$26)","v":-34313.039767927738},{"$f":"Inputs!$X$33*C1911*Inputs!$X$38","v":41750.666579957076},{"$f":"params!$C$15*Inputs!$X$29*(E1911-Inputs!$X$26)","v":-3564.7839749999994},{"$f":"Inputs!$X$40*Inputs!$X$41/8760","v":5342.4657534246571},{"$f":"-Inputs!$X$45*Inputs!$X$33","v":-30000},1317.4782376741875,8.1938348219052388E-3,4.8343625449240903E-3,{"$f":"-L1911/(1.202*2465560*MAX(0,(Inputs!$X$49-O1911)))","v":1.6422675085959315},{"$f":"params!$C$15*P1911*(E1911-Inputs!$X$26)","v":-19847.411396130283},-40632.102805676288]
["1995-03-21","15:00:00",185,10,10.5,2.7,58,{"$f":"Inputs!$X$37*Inputs!$X$32*(E1912-Inputs!$X$26)","v":-36369.537156904538},{"$f":"Inputs!$X$33*C1912*Inputs!$X$38","v":36092.865968654485},{"$f":"params!$C$15*Inputs!$X$29*(E1912-Inputs!$X$26)","v":-3778.4336249999992},{"$f":"Inputs!$X$40*Inputs!$X$41/8760","v":5342.4657534246571},{"$f":"-Inputs!$X$45*Inputs!$X$33","v":-30000},1265.9037593783532,7.8690179088235224E-3,4.5640303871176428E-3,{"$f":"-L1912/(1.202*2465560*MAX(0,(Inputs!$X$49-O1912)))","v":1.5732684395919141},{"$f":"params!$C$15*P1912*(E1912-Inputs!$X$26)","v":-20153.077841872037},-48865.716901697437]
["1995-03-21","16:00:00",142,10,10.5,2.7,58,{"$f":"Inputs!$X$37*Inputs!$X$32*(E1913-Inputs!$X$26)","v":-36369.537156904538},{"$f":"Inputs!$X$33*C1913*Inputs!$X$38","v":27703.71333810236},{"$f":"params!$C$15*Inputs!$X$29*(E1913-Inputs!$X$26)","v":-3778.4336249999992},{"$f":"Inputs!$X$40*Inputs!$X$41/8760","v":5342.4657534246571},{"$f":"-Inputs!$X$45*Inputs!$X$33","v":-30000},1265.9037593783532,7.8690179088235224E-3,4.5640303871176428E-3,{"$f":"-L1913/(1.202*2465560*MAX(0,(Inputs!$X$49-O1913)))","v":1.5732684395919141},{"$f":"params!$C$15*P1913*(E1913-Inputs!$X$26)","v":-20153.077841872037},-57254.869532249555]
["1995-03-21","17:00:00",88,10,8.8000000000000007,1.6,61,{"$f":"Inputs!$X$37*Inputs!$X$32*(E1914-Inputs!$X$26)","v":-42196.279759005469},{"$f":"Inputs!$X$33*C1914*Inputs!$X$38","v":17168.498406711322},{"$f":"params!$C$15*Inputs!$X$29*(E1914-Inputs!$X$26)","v":-4383.7742999999982},{"$f":"Inputs!$X$40*Inputs!$X$41/8760","v":5342.4657534246571},{"$f":"-Inputs!$X$45*Inputs!$X$33","v":-30000},1129.2996391964346,7.0102987159933764E-3,4.2762822167559597E-3,{"$f":"-L1914/(1.202*2465560*MAX(0,(Inputs!$X$49-O1914)))","v":1.505921699090502},{"$f":"params!$C$15*P1914*(E1914-Inputs!$X$26)","v":-22380.888917668966},-76449.978816538453]
["1995-03-21","18:00:00",92,9,8.3000000000000007,1.6,63,{"$f":"Inputs!$X$37*Inputs!$X$32*(E1915-Inputs!$X$26)","v":-43910.027583152805},{"$f":"Inputs!$X$33*C1915*Inputs!$X$38","v":17948.88469792547},{"$f":"params!$C$15*Inputs!$X$29*(E1915-Inputs!$X$26)","v":-4561.8156749999989},{"$f":"Inputs!$X$40*Inputs!$X$41/8760","v":5342.4657534246571},{"$f":"-Inputs!$X$45*Inputs!$X$33","v":-30000},1091.6777773743988,6.7742116984131845E-3,4.2677533700003064E-3,{"$f":"-L1915/(1.202*2465560*MAX(0,(Inputs!$X$49-O1915)))","v":1.5040134142481523},{"$f":"params!$C$15*P1915*(E1915-Inputs!$X$26)","v":-23260.347423259933},-78440.840230062604]
["1995-03-21","19:00:00",2,9,7.2,1.6,68,{"$f":"Inputs!$X$37*Inputs!$X$32*(E1916-Inputs!$X$26)","v":-47680.27279627695},{"$f":"Inputs!$X$33*C1916*Inputs!$X$38","v":390.19314560707545},{"$f":"params!$C$15*Inputs!$X$29*(E1916-Inputs!$X$26)","v":-4953.506699999999},{"$f":"Inputs!$X$40*Inputs!$X$41/8760","v":5342.4657534246571},{"$f":"-Inputs!$X$45*Inputs!$X$33","v":-30000},1012.7753618292717,6.2796535698688054E-3,4.2701644275107871E-3,{"$f":"-L1916/(1.202*2465560*MAX(0,(Inputs!$X$49-O1916)))","v":1.5045523852275979},{"$f":"params!$C$15*P1916*(E1916-Inputs!$X$26)","v":-25266.601020800488},-102167.7216180457]
["1995-03-21","20:00:00",0,10,3.8,2.2000000000000002,89,{"$f":"Inputs!$X$37*Inputs!$X$32*(E1917-Inputs!$X$26)","v":-59333.758000478818},{"$f":"Inputs!$X$33*C1917*Inputs!$X$38","v":0},{"$f":"params!$C$15*Inputs!$X$29*(E1917-Inputs!$X$26)","v":-6164.1880499999979},{"$f":"Inputs!$X$40*Inputs!$X$41/8760","v":5342.4657534246571},{"$f":"-Inputs!$X$45*Inputs!$X$33","v":-30000},799.75278170517424,4.9483114832316053E-3,4.4039972200761281E-3,{"$f":"-L1917/(1.202*2465560*MAX(0,(Inputs!$X$49-O1917)))","v":1.5350876593128722},{"$f":"params!$C$15*P1917*(E1917-Inputs!$X$26)","v":-32080.107422333691},-122235.58771938786]
["1995-03-21","21:00:00",0,10,3.3,2.7,96,{"$f":"Inputs!$X$37*Inputs!$X$32*(E1918-Inputs!$X$26)","v":-61047.505824626147},{"$f":"Inputs!$X$33*C1918*Inputs!$X$38","v":0},{"$f":"params!$C$15*Inputs!$X$29*(E1918-Inputs!$X$26)","v":-6342.2294249999977},{"$f":"Inputs!$X$40*Inputs!$X$41/8760","v":5342.4657534246571},{"$f":"-Inputs!$X$45*Inputs!$X$33","v":-30000},772.02842975916951,4.7754555160627581E-3,4.5844372954202475E-3,{"$f":"-L1918/(1.202*2465560*MAX(0,(Inputs!$X$49-O1918)))","v":1.5782740985991419},{"$f":"params!$C$15*P1918*(E1918-Inputs!$X$26)","v":-33935.256158586068},-125982.52565478755]
["1995-03-21","22:00:00",0,10,4.4000000000000004,2.7,89,{"$f":"Inputs!$X$37*Inputs!$X$32*(E1919-Inputs!$X$26)","v":-57277.26061150201},{"$f":"Inputs!$X$33*C1919*Inputs!$X$38","v":0},{"$f":"params!$C$15*Inputs!$X$29*(E1919-Inputs!$X$26)","v":-5950.5383999999976},{"$f":"Inputs!$X$40*Inputs!$X$41/8760","v":5342.4657534246571},{"$f":"-Inputs!$X$45*Inputs!$X$33","v":-30000},834.18129245512239,5.1630993453363316E-3,4.595158417349335E-3,{"$f":"-L1919/(1.202*2465560*MAX(0,(Inputs!$X$49-O1919)))","v":1.580916692560026},{"$f":"params!$C$15*P1919*(E1919-Inputs!$X$26)","v":-31892.752421405952},-119778.08567948331]
["1995-03-21","23:00:00",0,10,4.4000000000000004,1.1000000000000001,79,{"$f":"Inputs!$X$37*Inputs!$X$32*(E1920-Inputs!$X$26)","v":-57277.26061150201},{"$f":"Inputs!$X$33*C1920*Inputs!$X$38","v":0},{"$f":"params!$C$15*Inputs!$X$29*(E1920-Inputs!$X$26)","v":-5950.5383999999976},{"$f":"Inputs!$X$40*Inputs!$X$41/8760","v":5342.4657534246571},{"$f":"-Inputs!$X$45*Inputs!$X$33","v":-30000},834.18129245512239,5.1630993453363316E-3,4.0788484828157019E-3,{"$f":"-L1920/(1.202*2465560*MAX(0,(Inputs!$X$49-O1920)))","v":1.4629529320009638},{"$f":"params!$C$15*P1920*(E1920-Inputs!$X$26)","v":-29513.000833031008},-117398.33409110837]
["1995-03-21",1,0,10,3.3,1.1000000000000001,85,{"$f":"Inputs!$X$37*Inputs!$X$32*(E1921-Inputs!$X$26)","v":-61047.505824626147},{"$f":"Inputs!$X$33*C1921*Inputs!$X$38","v":0},{"$f":"params!$C$15*Inputs!$X$29*(E1921-Inputs!$X$26)","v":-6342.2294249999977},{"$f":"Inputs!$X$40*Inputs!$X$41/8760","v":5342.4657534246571},{"$f":"-Inputs!$X$45*Inputs!$X$33","v":-30000},772.02842975916951,4.7754555160627581E-3,4.0591371886533447E-3,{"$f":"-L1921/(1.202*2465560*MAX(0,(Inputs!$X$49-O1921)))","v":1.4587972794822481},{"$f":"params!$C$15*P1921*(E1921-Inputs!$X$26)","v":-31366.325663342217},-123413.59515954369]
["1995-03-22","01:00:00",0,10,2.7,0.7,87,{"$f":"Inputs!$X$37*Inputs!$X$32*(E1922-Inputs!$X$26)","v":-63104.003213602955},{"$f":"Inputs!$X$33*C1922*Inputs!$X$38","v":0},{"$f":"params!$C$15*Inputs!$X$29*(E1922-Inputs!$X$26)","v":-6555.8790749999989},{"$f":"Inputs!$X$40*Inputs!$X$41/8760","v":5342.4657534246571},{"$f":"-Inputs!$X$45*Inputs!$X$33","v":-30000},739.88380849706493,4.5751593141558633E-3,3.9803886033156011E-3,{"$f":"-L1922/(1.202*2465560*MAX(0,(Inputs!$X$49-O1922)))","v":1.4424279599532388},{"$f":"params!$C$15*P1922*(E1922-Inputs!$X$26)","v":-32059.136506848252},-126376.55304202654]
["1995-03-22","02:00:00",0,10,2.5,0.6,87,{"$f":"Inputs!$X$37*Inputs!$X$32*(E1923-Inputs!$X$26)","v":-63789.502343261884},{"$f":"Inputs!$X$33*C1923*Inputs!$X$38","v":0},{"$f":"params!$C$15*Inputs!$X$29*(E1923-Inputs!$X$26)","v":-6627.0956249999981},{"$f":"Inputs!$X$40*Inputs!$X$41/8760","v":5342.4657534246571},{"$f":"-Inputs!$X$45*Inputs!$X$33","v":-30000},{"$f":"EXP(77.345+0.0057*(E1923+273.15)-7235/(E1923+273.15))/(E1923+273.15)^8.2","v":729.435267914223},{"$f":"0.62198*M1923/(101325-M1923)","v":4.510081027385285E-3},{"$f":"N1923*G1923/100","v":3.9237704938251978E-3},{"$f":"-L1923/(1.202*2465560*MAX(0,(Inputs!$X$49-O1923)))","v":1.4308840553556748},{"$f":"params!$C$15*P1923*(E1923-Inputs!$X$26)","v":-32148.035246283998},{"$f":"H1923+I1923+J1923+K1923+L1923+Q1923","v":-127222.16746112121}]
["1995-03-22","03:00:00",0,10,2.5,0.8,89,{"$f":"Inputs!$X$37*Inputs!$X$32*(E1924-Inputs!$X$26)","v":-63789.502343261884},{"$f":"Inputs!$X$33*C1924*Inputs!$X$38","v":0},{"$f":"params!$C$15*Inputs!$X$29*(E1924-Inputs!$X$26)","v":-6627.0956249999981},{"$f":"Inputs!$X$40*Inputs!$X$41/8760","v":5342.4657534246571},{"$f":"-Inputs!$X$45*Inputs!$X$33","v":-30000},729.435267914223,4.510081027385285E-3,4.0139721143729037E-3,{"$f":"-L1924/(1.202*2465560*MAX(0,(Inputs!$X$49-O1924)))","v":1.4493637576380203},{"$f":"params!$C$15*P1924*(E1924-Inputs!$X$26)","v":-32563.223407819562},-127637.35562265677]
["1995-03-22","04:00:00",0,10,2.4,0.8,89,{"$f":"Inputs!$X$37*Inputs!$X$32*(E1925-Inputs!$X$26)","v":-64132.251908091355},{"$f":"Inputs!$X$33*C1925*Inputs!$X$38","v":0},{"$f":"params!$C$15*Inputs!$X$29*(E1925-Inputs!$X$26)","v":-6662.7038999999986},{"$f":"Inputs!$X$40*Inputs!$X$41/8760","v":5342.4657534246571},{"$f":"-Inputs!$X$45*Inputs!$X$33","v":-30000},724.2601302041196,4.4778529101017865E-3,3.98528908999059E-3,{"$f":"-L1925/(1.202*2465560*MAX(0,(Inputs!$X$49-O1925)))","v":1.4434358882373028},{"$f":"params!$C$15*P1925*(E1925-Inputs!$X$26)","v":-32604.291425106505},-128056.78147977321]
["1995-03-22","05:00:00",0,10,2.5,0.9,89,{"$f":"Inputs!$X$37*Inputs!$X$32*(E1926-Inputs!$X$26)","v":-63789.502343261884},{"$f":"Inputs!$X$33*C1926*Inputs!$X$38","v":0},{"$f":"params!$C$15*Inputs!$X$29*(E1926-Inputs!$X$26)","v":-6627.0956249999981},{"$f":"Inputs!$X$40*Inputs!$X$41/8760","v":5342.4657534246571},{"$f":"-Inputs!$X$45*Inputs!$X$33","v":-30000},729.435267914223,4.510081027385285E-3,4.0139721143729037E-3,{"$f":"-L1926/(1.202*2465560*MAX(0,(Inputs!$X$49-O1926)))","v":1.4493637576380203},{"$f":"params!$C$15*P1926*(E1926-Inputs!$X$26)","v":-32563.223407819562},-127637.35562265677]
["1995-03-22","06:00:00",0,10,2.7,1.1000000000000001,89,{"$f":"Inputs!$X$37*Inputs!$X$32*(E1927-Inputs!$X$26)","v":-63104.003213602955},{"$f":"Inputs!$X$33*C1927*Inputs!$X$38","v":0},{"$f":"params!$C$15*Inputs!$X$29*(E1927-Inputs!$X$26)","v":-6555.8790749999989},{"$f":"Inputs!$X$40*Inputs!$X$41/8760","v":5342.4657534246571},{"$f":"-Inputs!$X$45*Inputs!$X$33","v":-30000},739.88380849706493,4.5751593141558633E-3,4.0718917895987182E-3,{"$f":"-L1927/(1.202*2465560*MAX(0,(Inputs!$X$49-O1927)))","v":1.4614835797102013},{"$f":"params!$C$15*P1927*(E1927-Inputs!$X$26)","v":-32482.663179910563},-126800.07971508885]
["1995-03-22","07:00:00",14,10,2.4,0.8,89,{"$f":"Inputs!$X$37*Inputs!$X$32*(E1928-Inputs!$X$26)","v":-64132.251908091355},{"$f":"Inputs!$X$33*C1928*Inputs!$X$38","v":2731.3520192495284},{"$f":"params!$C$15*Inputs!$X$29*(E1928-Inputs!$X$26)","v":-6662.7038999999986},{"$f":"Inputs!$X$40*Inputs!$X$41/8760","v":5342.4657534246571},{"$f":"-Inputs!$X$45*Inputs!$X$33","v":-30000},724.2601302041196,4.4778529101017865E-3,3.98528908999059E-3,{"$f":"-L1928/(1.202*2465560*MAX(0,(Inputs!$X$49-O1928)))","v":1.4434358882373028},{"$f":"params!$C$15*P1928*(E1928-Inputs!$X$26)","v":-32604.291425106505},-125325.42946052366]
["1995-03-22","08:00:00",52,10,3.3,1.1000000000000001,85,{"$f":"Inputs!$X$37*Inputs!$X$32*(E1929-Inputs!$X$26)","v":-61047.505824626147},{"$f":"Inputs!$X$33*C1929*Inputs!$X$38","v":10145.021785783962},{"$f":"params!$C$15*Inputs!$X$29*(E1929-Inputs!$X$26)","v":-6342.2294249999977},{"$f":"Inputs!$X$40*Inputs!$X$41/8760","v":5342.4657534246571},{"$f":"-Inputs!$X$45*Inputs!$X$33","v":-30000},772.02842975916951,4.7754555160627581E-3,4.0591371886533447E-3,{"$f":"-L1929/(1.202*2465560*MAX(0,(Inputs!$X$49-O1929)))","v":1.4587972794822481},{"$f":"params!$C$15*P1929*(E1929-Inputs!$X$26)","v":-31366.325663342217},-113268.57337375973]
["1995-03-22","09:00:00",107,10,3.3,1.6,89,{"$f":"Inputs!$X$37*Inputs!$X$32*(E1930-Inputs!$X$26)","v":-61047.505824626147},{"$f":"Inputs!$X$33*C1930*Inputs!$X$38","v":20875.333289978538},{"$f":"params!$C$15*Inputs!$X$29*(E1930-Inputs!$X$26)","v":-6342.2294249999977},{"$f":"Inputs!$X$40*Inputs!$X$41/8760","v":5342.4657534246571},{"$f":"-Inputs!$X$45*Inputs!$X$33","v":-30000},772.02842975916951,4.7754555160627581E-3,4.2501554092958553E-3,{"$f":"-L1930/(1.202*2465560*MAX(0,(Inputs!$X$49-O1930)))","v":1.5000912072755801},{"$f":"params!$C$15*P1930*(E1930-Inputs!$X$26)","v":-32254.206937390034},-103426.14314361298]
["1995-03-22","10:00:00",157,10,3.8,2.7,93,{"$f":"Inputs!$X$37*Inputs!$X$32*(E1931-Inputs!$X$26)","v":-59333.758000478818},{"$f":"Inputs!$X$33*C1931*Inputs!$X$38","v":30630.161930155424},{"$f":"params!$C$15*Inputs!$X$29*(E1931-Inputs!$X$26)","v":-6164.1880499999979},{"$f":"Inputs!$X$40*Inputs!$X$41/8760","v":5342.4657534246571},{"$f":"-Inputs!$X$45*Inputs!$X$33","v":-30000},799.75278170517424,4.9483114832316053E-3,4.6019296794053925E-3,{"$f":"-L1931/(1.202*2465560*MAX(0,(Inputs!$X$49-O1931)))","v":1.582590270285317},{"$f":"params!$C$15*P1931*(E1931-Inputs!$X$26)","v":-33072.812206058858},-92598.130572957598]
["1995-03-22","11:00:00",163,10,4.4000000000000004,2.7,89,{"$f":"Inputs!$X$37*Inputs!$X$32*(E1932-Inputs!$X$26)","v":-57277.26061150201},{"$f":"Inputs!$X$33*C1932*Inputs!$X$38","v":31800.74136697665},{"$f":"params!$C$15*Inputs!$X$29*(E1932-Inputs!$X$26)","v":-5950.5383999999976},{"$f":"Inputs!$X$40*Inputs!$X$41/8760","v":5342.4657534246571},{"$f":"-Inputs!$X$45*Inputs!$X$33","v":-30000},834.18129245512239,5.1630993453363316E-3,4.595158417349335E-3,{"$f":"-L1932/(1.202*2465560*MAX(0,(Inputs!$X$49-O1932)))","v":1.580916692560026},{"$f":"params!$C$15*P1932*(E1932-Inputs!$X$26)","v":-31892.752421405952},-87977.344312506655]
["1995-03-22","12:00:00",216,10,4.4000000000000004,1.6,82,{"$f":"Inputs!$X$37*Inputs!$X$32*(E1933-Inputs!$X$26)","v":-57277.26061150201},{"$f":"Inputs!$X$33*C1933*Inputs!$X$38","v":42140.859725564151},{"$f":"params!$C$15*Inputs!$X$29*(E1933-Inputs!$X$26)","v":-5950.5383999999976},{"$f":"Inputs!$X$40*Inputs!$X$41/8760","v":5342.4657534246571},{"$f":"-Inputs!$X$45*Inputs!$X$33","v":-30000},834.18129245512239,5.1630993453363316E-3,4.2337414631757921E-3,{"$f":"-L1933/(1.202*2465560*MAX(0,(Inputs!$X$49-O1933)))","v":1.4964512855772578},{"$f":"params!$C$15*P1933*(E1933-Inputs!$X$26)","v":-30188.782613412772},-75933.256145925974]
["1995-03-22","13:00:00",221,10,5,1.6,79,{"$f":"Inputs!$X$37*Inputs!$X$32*(E1934-Inputs!$X$26)","v":-55220.763222525216},{"$f":"Inputs!$X$33*C1934*Inputs!$X$38","v":43116.342589581844},{"$f":"params!$C$15*Inputs!$X$29*(E1934-Inputs!$X$26)","v":-5736.8887499999983},{"$f":"Inputs!$X$40*Inputs!$X$41/8760","v":5342.4657534246571},{"$f":"-Inputs!$X$45*Inputs!$X$33","v":-30000},869.91328556198641,5.3861748872103517E-3,4.2550781608961781E-3,{"$f":"-L1934/(1.202*2465560*MAX(0,(Inputs!$X$49-O1934)))","v":1.50118632037611},{"$f":"params!$C$15*P1934*(E1934-Inputs!$X$26)","v":-29196.96979887487},-71695.81342839358]
["1995-03-22","14:00:00",207,10,5,1.6,79,{"$f":"Inputs!$X$37*Inputs!$X$32*(E1935-Inputs!$X$26)","v":-55220.763222525216},{"$f":"Inputs!$X$33*C1935*Inputs!$X$38","v":40384.990570332309},{"$f":"params!$C$15*Inputs!$X$29*(E1935-Inputs!$X$26)","v":-5736.8887499999983},{"$f":"Inputs!$X$40*Inputs!$X$41/8760","v":5342.4657534246571},{"$f":"-Inputs!$X$45*Inputs!$X$33","v":-30000},869.91328556198641,5.3861748872103517E-3,4.2550781608961781E-3,{"$f":"-L1935/(1.202*2465560*MAX(0,(Inputs!$X$49-O1935)))","v":1.50118632037611},{"$f":"params!$C$15*P1935*(E1935-Inputs!$X$26)","v":-29196.96979887487},-74427.165447643114]
["1995-03-22","15:00:00",178,10,5,1.1000000000000001,76,{"$f":"Inputs!$X$37*Inputs!$X$32*(E1936-Inputs!$X$26)","v":-55220.763222525216},{"$f":"Inputs!$X$33*C1936*Inputs!$X$38","v":34727.189959029718},{"$f":"params!$C$15*Inputs!$X$29*(E1936-Inputs!$X$26)","v":-5736.8887499999983},{"$f":"Inputs!$X$40*Inputs!$X$41/8760","v":5342.4657534246571},{"$f":"-Inputs!$X$45*Inputs!$X$33","v":-30000},869.91328556198641,5.3861748872103517E-3,4.0934929142798669E-3,{"$f":"-L1936/(1.202*2465560*MAX(0,(Inputs!$X$49-O1936)))","v":1.4660557202282252},{"$f":"params!$C$15*P1936*(E1936-Inputs!$X$26)","v":-28513.705464786639},-79401.70172485747]
["1995-03-22","16:00:00",133,10,4.4000000000000004,1.1000000000000001,79,{"$f":"Inputs!$X$37*Inputs!$X$32*(E1937-Inputs!$X$26)","v":-57277.26061150201},{"$f":"Inputs!$X$33*C1937*Inputs!$X$38","v":25947.844182870518},{"$f":"params!$C$15*Inputs!$X$29*(E1937-Inputs!$X$26)","v":-5950.5383999999976},{"$f":"Inputs!$X$40*Inputs!$X$41/8760","v":5342.4657534246571},{"$f":"-Inputs!$X$45*Inputs!$X$33","v":-30000},834.18129245512239,5.1630993453363316E-3,4.0788484828157019E-3,{"$f":"-L1937/(1.202*2465560*MAX(0,(Inputs!$X$49-O1937)))","v":1.4629529320009638},{"$f":"params!$C$15*P1937*(E1937-Inputs!$X$26)","v":-29513.000833031008},-91450.48990823784]
["1995-03-22","17:00:00",79,10,5,1.1000000000000001,76,{"$f":"Inputs!$X$37*Inputs!$X$32*(E1938-Inputs!$X$26)","v":-55220.763222525216},{"$f":"Inputs!$X$33*C1938*Inputs!$X$38","v":15412.62925147948},{"$f":"params!$C$15*Inputs!$X$29*(E1938-Inputs!$X$26)","v":-5736.8887499999983},{"$f":"Inputs!$X$40*Inputs!$X$41/8760","v":5342.4657534246571},{"$f":"-Inputs!$X$45*Inputs!$X$33","v":-30000},869.91328556198641,5.3861748872103517E-3,4.0934929142798669E-3,{"$f":"-L1938/(1.202*2465560*MAX(0,(Inputs!$X$49-O1938)))","v":1.4660557202282252},{"$f":"params!$C$15*P1938*(E1938-Inputs!$X$26)","v":-28513.705464786639},-98716.262432407733]
["1995-03-22","18:00:00",30,10,5,0.5,73,{"$f":"Inputs!$X$37*Inputs!$X$32*(E1939-Inputs!$X$26)","v":-55220.763222525216},{"$f":"Inputs!$X$33*C1939*Inputs!$X$38","v":5852.897184106132},{"$f":"params!$C$15*Inputs!$X$29*(E1939-Inputs!$X$26)","v":-5736.8887499999983},{"$f":"Inputs!$X$40*Inputs!$X$41/8760","v":5342.4657534246571},{"$f":"-Inputs!$X$45*Inputs!$X$33","v":-30000},869.91328556198641,5.3861748872103517E-3,3.9319076676635565E-3,{"$f":"-L1939/(1.202*2465560*MAX(0,(Inputs!$X$49-O1939)))","v":1.4325317665349402},{"$f":"params!$C$15*P1939*(E1939-Inputs!$X$26)","v":-27861.68922254131},-107623.97825753575]
["1995-03-22","19:00:00",1,10,5,0,70,{"$f":"Inputs!$X$37*Inputs!$X$32*(E1940-Inputs!$X$26)","v":-55220.763222525216},{"$f":"Inputs!$X$33*C1940*Inputs!$X$38","v":195.09657280353773},{"$f":"params!$C$15*Inputs!$X$29*(E1940-Inputs!$X$26)","v":-5736.8887499999983},{"$f":"Inputs!$X$40*Inputs!$X$41/8760","v":5342.4657534246571},{"$f":"-Inputs!$X$45*Inputs!$X$33","v":-30000},869.91328556198641,5.3861748872103517E-3,3.7703224210472465E-3,{"$f":"-L1940/(1.202*2465560*MAX(0,(Inputs!$X$49-O1940)))","v":1.4005067068194468},{"$f":"params!$C$15*P1940*(E1940-Inputs!$X$26)","v":-27238.825365717625},-112658.91501201464]
["1995-03-22","20:00:00",0,10,5,0,70,{"$f":"Inputs!$X$37*Inputs!$X$32*(E1941-Inputs!$X$26)","v":-55220.763222525216},{"$f":"Inputs!$X$33*C1941*Inputs!$X$38","v":0},{"$f":"params!$C$15*Inputs!$X$29*(E1941-Inputs!$X$26)","v":-5736.8887499999983},{"$f":"Inputs!$X$40*Inputs!$X$41/8760","v":5342.4657534246571},{"$f":"-Inputs!$X$45*Inputs!$X$33","v":-30000},869.91328556198641,5.3861748872103517E-3,3.7703224210472465E-3,{"$f":"-L1941/(1.202*2465560*MAX(0,(Inputs!$X$49-O1941)))","v":1.4005067068194468},{"$f":"params!$C$15*P1941*(E1941-Inputs!$X$26)","v":-27238.825365717625},-112854.01158481817]
["1995-03-22","21:00:00",0,10,5,-0.6,67,{"$f":"Inputs!$X$37*Inputs!$X$32*(E1942-Inputs!$X$26)","v":-55220.763222525216},{"$f":"Inputs!$X$33*C1942*Inputs!$X$38","v":0},{"$f":"params!$C$15*Inputs!$X$29*(E1942-Inputs!$X$26)","v":-5736.8887499999983},{"$f":"Inputs!$X$40*Inputs!$X$41/8760","v":5342.4657534246571},{"$f":"-Inputs!$X$45*Inputs!$X$33","v":-30000},869.91328556198641,5.3861748872103517E-3,3.6087371744309353E-3,{"$f":"-L1942/(1.202*2465560*MAX(0,(Inputs!$X$49-O1942)))","v":1.3698822133795634},{"$f":"params!$C$15*P1942*(E1942-Inputs!$X$26)","v":-26643.201492828815},-112258.38771192936]
["1995-03-22","22:00:00",0,10,4.4000000000000004,0,73,{"$f":"Inputs!$X$37*Inputs!$X$32*(E1943-Inputs!$X$26)","v":-57277.26061150201},{"$f":"Inputs!$X$33*C1943*Inputs!$X$38","v":0},{"$f":"params!$C$15*Inputs!$X$29*(E1943-Inputs!$X$26)","v":-5950.5383999999976},{"$f":"Inputs!$X$40*Inputs!$X$41/8760","v":5342.4657534246571},{"$f":"-Inputs!$X$45*Inputs!$X$33","v":-30000},834.18129245512239,5.1630993453363316E-3,3.7690625220955219E-3,{"$f":"-L1943/(1.202*2465560*MAX(0,(Inputs!$X$49-O1943)))","v":1.4002626285057045},{"$f":"params!$C$15*P1943*(E1943-Inputs!$X$26)","v":-28248.312859271009},-116133.64611734837]
["1995-03-22","23:00:00",0,10,5,0.5,73,{"$f":"Inputs!$X$37*Inputs!$X$32*(E1944-Inputs!$X$26)","v":-55220.763222525216},{"$f":"Inputs!$X$33*C1944*Inputs!$X$38","v":0},{"$f":"params!$C$15*Inputs!$X$29*(E1944-Inputs!$X$26)","v":-5736.8887499999983},{"$f":"Inputs!$X$40*Inputs!$X$41/8760","v":5342.4657534246571},{"$f":"-Inputs!$X$45*Inputs!$X$33","v":-30000},869.91328556198641,5.3861748872103517E-3,3.9319076676635565E-3,{"$f":"-L1944/(1.202*2465560*MAX(0,(Inputs!$X$49-O1944)))","v":1.4325317665349402},{"$f":"params!$C$15*P1944*(E1944-Inputs!$X$26)","v":-27861.68922254131},-113476.87544164187]
["1995-03-22",1,0,10,4.4000000000000004,1.6,82,{"$f":"Inputs!$X$37*Inputs!$X$32*(E1945-Inputs!$X$26)","v":-57277.26061150201},{"$f":"Inputs!$X$33*C1945*Inputs!$X$38","v":0},{"$f":"params!$C$15*Inputs!$X$29*(E1945-Inputs!$X$26)","v":-5950.5383999999976},{"$f":"Inputs!$X$40*Inputs!$X$41/8760","v":5342.4657534246571},{"$f":"-Inputs!$X$45*Inputs!$X$33","v":-30000},834.18129245512239,5.1630993453363316E-3,4.2337414631757921E-3,{"$f":"-L1945/(1.202*2465560*MAX(0,(Inputs!$X$49-O1945)))","v":1.4964512855772578},{"$f":"params!$C$15*P1945*(E1945-Inputs!$X$26)","v":-30188.782613412772},-118074.11587149012]
["1995-03-23","01:00:00",0,10,3.7,0.7,81,{"$f":"Inputs!$X$37*Inputs!$X$32*(E1946-Inputs!$X$26)","v":-59676.507565308289},{"$f":"Inputs!$X$33*C1946*Inputs!$X$38","v":0},{"$f":"params!$C$15*Inputs!$X$29*(E1946-Inputs!$X$26)","v":-6199.7963249999984},{"$f":"Inputs!$X$40*Inputs!$X$41/8760","v":5342.4657534246571},{"$f":"-Inputs!$X$45*Inputs!$X$33","v":-30000},794.13852655085327,4.9132999907153096E-3,3.9797729924794002E-3,{"$f":"-L1946/(1.202*2465560*MAX(0,(Inputs!$X$49-O1946)))","v":1.4423014411095585},{"$f":"params!$C$15*P1946*(E1946-Inputs!$X$26)","v":-30315.184385468467},-120849.0225223521]
["1995-03-23","02:00:00",0,10,3.3,0.2,80,{"$f":"Inputs!$X$37*Inputs!$X$32*(E1947-Inputs!$X$26)","v":-61047.505824626147},{"$f":"Inputs!$X$33*C1947*Inputs!$X$38","v":0},{"$f":"params!$C$15*Inputs!$X$29*(E1947-Inputs!$X$26)","v":-6342.2294249999977},{"$f":"Inputs!$X$40*Inputs!$X$41/8760","v":5342.4657534246571},{"$f":"-Inputs!$X$45*Inputs!$X$33","v":-30000},772.02842975916951,4.7754555160627581E-3,3.8203644128502069E-3,{"$f":"-L1947/(1.202*2465560*MAX(0,(Inputs!$X$49-O1947)))","v":1.410270554761337},{"$f":"params!$C$15*P1947*(E1947-Inputs!$X$26)","v":-30322.928426193761},-122370.19792239524]
["1995-03-23","03:00:00",0,10,3,-0.1,80,{"$f":"Inputs!$X$37*Inputs!$X$32*(E1948-Inputs!$X$26)","v":-62075.754519114555},{"$f":"Inputs!$X$33*C1948*Inputs!$X$38","v":0},{"$f":"params!$C$15*Inputs!$X$29*(E1948-Inputs!$X$26)","v":-6449.0542499999983},{"$f":"Inputs!$X$40*Inputs!$X$41/8760","v":5342.4657534246571},{"$f":"-Inputs!$X$45*Inputs!$X$33","v":-30000},755.80495631325812,4.6743495015895585E-3,3.739479601271647E-3,{"$f":"-L1948/(1.202*2465560*MAX(0,(Inputs!$X$49-O1948)))","v":1.394555925472321},{"$f":"params!$C$15*P1948*(E1948-Inputs!$X$26)","v":-30490.090954433505},-123672.4339701234]
["1995-03-23","04:00:00",0,10,2.8,-0.6,78,{"$f":"Inputs!$X$37*Inputs!$X$32*(E1949-Inputs!$X$26)","v":-62761.253648773483},{"$f":"Inputs!$X$33*C1949*Inputs!$X$38","v":0},{"$f":"params!$C$15*Inputs!$X$29*(E1949-Inputs!$X$26)","v":-6520.2707999999984},{"$f":"Inputs!$X$40*Inputs!$X$41/8760","v":5342.4657534246571},{"$f":"-Inputs!$X$45*Inputs!$X$33","v":-30000},745.15756711705887,4.6080118280633067E-3,3.5942492258893791E-3,{"$f":"-L1949/(1.202*2465560*MAX(0,(Inputs!$X$49-O1949)))","v":1.3672016783129126},{"$f":"params!$C$15*P1949*(E1949-Inputs!$X$26)","v":-30222.123110679935},-124161.18180602876]
["1995-03-23","05:00:00",0,10,2.7,-1,76,{"$f":"Inputs!$X$37*Inputs!$X$32*(E1950-Inputs!$X$26)","v":-63104.003213602955},{"$f":"Inputs!$X$33*C1950*Inputs!$X$38","v":0},{"$f":"params!$C$15*Inputs!$X$29*(E1950-Inputs!$X$26)","v":-6555.8790749999989},{"$f":"Inputs!$X$40*Inputs!$X$41/8760","v":5342.4657534246571},{"$f":"-Inputs!$X$45*Inputs!$X$33","v":-30000},739.88380849706493,4.5751593141558633E-3,3.477121078758456E-3,{"$f":"-L1950/(1.202*2465560*MAX(0,(Inputs!$X$49-O1950)))","v":1.3459100594333129},{"$f":"params!$C$15*P1950*(E1950-Inputs!$X$26)","v":-29913.947537949578},-124231.36407312786]
["1995-03-23","06:00:00",0,10,2.7,-1.2,75,{"$f":"Inputs!$X$37*Inputs!$X$32*(E1951-Inputs!$X$26)","v":-63104.003213602955},{"$f":"Inputs!$X$33*C1951*Inputs!$X$38","v":0},{"$f":"params!$C$15*Inputs!$X$29*(E1951-Inputs!$X$26)","v":-6555.8790749999989},{"$f":"Inputs!$X$40*Inputs!$X$41/8760","v":5342.4657534246571},{"$f":"-Inputs!$X$45*Inputs!$X$33","v":-30000},739.88380849706493,4.5751593141558633E-3,3.4313694856168975E-3,{"$f":"-L1951/(1.202*2465560*MAX(0,(Inputs!$X$49-O1951)))","v":1.3377723297776982},{"$f":"params!$C$15*P1951*(E1951-Inputs!$X$26)","v":-29733.079866822605},-124050.49640200089]
["1995-03-23","07:00:00",14,10,2.7,-1.2,75,{"$f":"Inputs!$X$37*Inputs!$X$32*(E1952-Inputs!$X$26)","v":-63104.003213602955},{"$f":"Inputs!$X$33*C1952*Inputs!$X$38","v":2731.3520192495284},{"$f":"params!$C$15*Inputs!$X$29*(E1952-Inputs!$X$26)","v":-6555.8790749999989},{"$f":"Inputs!$X$40*Inputs!$X$41/8760","v":5342.4657534246571},{"$f":"-Inputs!$X$45*Inputs!$X$33","v":-30000},739.88380849706493,4.5751593141558633E-3,3.4313694856168975E-3,{"$f":"-L1952/(1.202*2465560*MAX(0,(Inputs!$X$49-O1952)))","v":1.3377723297776982},{"$f":"params!$C$15*P1952*(E1952-Inputs!$X$26)","v":-29733.079866822605},-121319.14438275137]
["1995-03-23","08:00:00",56,10,2.7,-1.2,75,{"$f":"Inputs!$X$37*Inputs!$X$32*(E1953-Inputs!$X$26)","v":-63104.003213602955},{"$f":"Inputs!$X$33*C1953*Inputs!$X$38","v":10925.408076998114},{"$f":"params!$C$15*Inputs!$X$29*(E1953-Inputs!$X$26)","v":-6555.8790749999989},{"$f":"Inputs!$X$40*Inputs!$X$41/8760","v":5342.4657534246571},{"$f":"-Inputs!$X$45*Inputs!$X$33","v":-30000},739.88380849706493,4.5751593141558633E-3,3.4313694856168975E-3,{"$f":"-L1953/(1.202*2465560*MAX(0,(Inputs!$X$49-O1953)))","v":1.3377723297776982},{"$f":"params!$C$15*P1953*(E1953-Inputs!$X$26)","v":-29733.079866822605},-113125.08832500278]
["1995-03-23","09:00:00",112,10,2.7,-1.2,75,{"$f":"Inputs!$X$37*Inputs!$X$32*(E1954-Inputs!$X$26)","v":-63104.003213602955},{"$f":"Inputs!$X$33*C1954*Inputs!$X$38","v":21850.816153996228},{"$f":"params!$C$15*Inputs!$X$29*(E1954-Inputs!$X$26)","v":-6555.8790749999989},{"$f":"Inputs!$X$40*Inputs!$X$41/8760","v":5342.4657534246571},{"$f":"-Inputs!$X$45*Inputs!$X$33","v":-30000},739.88380849706493,4.5751593141558633E-3,3.4313694856168975E-3,{"$f":"-L1954/(1.202*2465560*MAX(0,(Inputs!$X$49-O1954)))","v":1.3377723297776982},{"$f":"params!$C$15*P1954*(E1954-Inputs!$X$26)","v":-29733.079866822605},-102199.68024800468]
["1995-03-23","10:00:00",162,10,3.3,-1.2,71,{"$f":"Inputs!$X$37*Inputs!$X$32*(E1955-Inputs!$X$26)","v":-61047.505824626147},{"$f":"Inputs!$X$33*C1955*Inputs!$X$38","v":31605.644794173109},{"$f":"params!$C$15*Inputs!$X$29*(E1955-Inputs!$X$26)","v":-6342.2294249999977},{"$f":"Inputs!$X$40*Inputs!$X$41/8760","v":5342.4657534246571},{"$f":"-Inputs!$X$45*Inputs!$X$33","v":-30000},772.02842975916951,4.7754555160627581E-3,3.390573416404558E-3,{"$f":"-L1955/(1.202*2465560*MAX(0,(Inputs!$X$49-O1955)))","v":1.3305985775568696},{"$f":"params!$C$15*P1955*(E1955-Inputs!$X$26)","v":-28609.861629054791},-89051.486331083172]
["1995-03-23","11:00:00",199,10,3.8,-0.6,73,{"$f":"Inputs!$X$37*Inputs!$X$32*(E1956-Inputs!$X$26)","v":-59333.758000478818},{"$f":"Inputs!$X$33*C1956*Inputs!$X$38","v":38824.217987904005},{"$f":"params!$C$15*Inputs!$X$29*(E1956-Inputs!$X$26)","v":-6164.1880499999979},{"$f":"Inputs!$X$40*Inputs!$X$41/8760","v":5342.4657534246571},{"$f":"-Inputs!$X$45*Inputs!$X$33","v":-30000},799.75278170517424,4.9483114832316053E-3,3.6122673827590716E-3,{"$f":"-L1956/(1.202*2465560*MAX(0,(Inputs!$X$49-O1956)))","v":1.3705369597541732},{"$f":"params!$C$15*P1956*(E1956-Inputs!$X$26)","v":-28641.343462348443},-79972.605771498595]
["1995-03-23","12:00:00",221,10,3.8,-1.2,69,{"$f":"Inputs!$X$37*Inputs!$X$32*(E1957-Inputs!$X$26)","v":-59333.758000478818},{"$f":"Inputs!$X$33*C1957*Inputs!$X$38","v":43116.342589581844},{"$f":"params!$C$15*Inputs!$X$29*(E1957-Inputs!$X$26)","v":-6164.1880499999979},{"$f":"Inputs!$X$40*Inputs!$X$41/8760","v":5342.4657534246571},{"$f":"-Inputs!$X$45*Inputs!$X$33","v":-30000},799.75278170517424,4.9483114832316053E-3,3.4143349234298077E-3,{"$f":"-L1957/(1.202*2465560*MAX(0,(Inputs!$X$49-O1957)))","v":1.3347675157214935},{"$f":"params!$C$15*P1957*(E1957-Inputs!$X$26)","v":-27893.837220575155},-74932.974928047464]
["1995-03-23","13:00:00",225,10,4.4000000000000004,-1.2,66,{"$f":"Inputs!$X$37*Inputs!$X$32*(E1958-Inputs!$X$26)","v":-57277.26061150201},{"$f":"Inputs!$X$33*C1958*Inputs!$X$38","v":43896.728880795992},{"$f":"params!$C$15*Inputs!$X$29*(E1958-Inputs!$X$26)","v":-5950.5383999999976},{"$f":"Inputs!$X$40*Inputs!$X$41/8760","v":5342.4657534246571},{"$f":"-Inputs!$X$45*Inputs!$X$33","v":-30000},834.18129245512239,5.1630993453363316E-3,3.4076455679219785E-3,{"$f":"-L1958/(1.202*2465560*MAX(0,(Inputs!$X$49-O1958)))","v":1.3335912337883955},{"$f":"params!$C$15*P1958*(E1958-Inputs!$X$26)","v":-26903.312015573334},-70891.916392854691]
["1995-03-23","14:00:00",212,10,3.8,-0.6,73,{"$f":"Inputs!$X$37*Inputs!$X$32*(E1959-Inputs!$X$26)","v":-59333.758000478818},{"$f":"Inputs!$X$33*C1959*Inputs!$X$38","v":41360.473434350002},{"$f":"params!$C$15*Inputs!$X$29*(E1959-Inputs!$X$26)","v":-6164.1880499999979},{"$f":"Inputs!$X$40*Inputs!$X$41/8760","v":5342.4657534246571},{"$f":"-Inputs!$X$45*Inputs!$X$33","v":-30000},799.75278170517424,4.9483114832316053E-3,3.6122673827590716E-3,{"$f":"-L1959/(1.202*2465560*MAX(0,(Inputs!$X$49-O1959)))","v":1.3705369597541732},{"$f":"params!$C$15*P1959*(E1959-Inputs!$X$26)","v":-28641.343462348443},-77436.350325052597]
["1995-03-23","15:00:00",182,10,3.8,0,76,{"$f":"Inputs!$X$37*Inputs!$X$32*(E1960-Inputs!$X$26)","v":-59333.758000478818},{"$f":"Inputs!$X$33*C1960*Inputs!$X$38","v":35507.576250243867},{"$f":"params!$C$15*Inputs!$X$29*(E1960-Inputs!$X$26)","v":-6164.1880499999979},{"$f":"Inputs!$X$40*Inputs!$X$41/8760","v":5342.4657534246571},{"$f":"-Inputs!$X$45*Inputs!$X$33","v":-30000},799.75278170517424,4.9483114832316053E-3,3.76071672725602E-3,{"$f":"-L1960/(1.202*2465560*MAX(0,(Inputs!$X$49-O1960)))","v":1.3986479561637499},{"$f":"params!$C$15*P1960*(E1960-Inputs!$X$26)","v":-29228.804236394219},-83876.708283204513]
["1995-03-23","16:00:00",138,10,4.4000000000000004,0,73,{"$f":"Inputs!$X$37*Inputs!$X$32*(E1961-Inputs!$X$26)","v":-57277.26061150201},{"$f":"Inputs!$X$33*C1961*Inputs!$X$38","v":26923.327046888207},{"$f":"params!$C$15*Inputs!$X$29*(E1961-Inputs!$X$26)","v":-5950.5383999999976},{"$f":"Inputs!$X$40*Inputs!$X$41/8760","v":5342.4657534246571},{"$f":"-Inputs!$X$45*Inputs!$X$33","v":-30000},834.18129245512239,5.1630993453363316E-3,3.7690625220955219E-3,{"$f":"-L1961/(1.202*2465560*MAX(0,(Inputs!$X$49-O1961)))","v":1.4002626285057045},{"$f":"params!$C$15*P1961*(E1961-Inputs!$X$26)","v":-28248.312859271009},-89210.319070460144]
["1995-03-23","17:00:00",83,10,4.4000000000000004,0,73,{"$f":"Inputs!$X$37*Inputs!$X$32*(E1962-Inputs!$X$26)","v":-57277.26061150201},{"$f":"Inputs!$X$33*C1962*Inputs!$X$38","v":16193.015542693633},{"$f":"params!$C$15*Inputs!$X$29*(E1962-Inputs!$X$26)","v":-5950.5383999999976},{"$f":"Inputs!$X$40*Inputs!$X$41/8760","v":5342.4657534246571},{"$f":"-Inputs!$X$45*Inputs!$X$33","v":-30000},834.18129245512239,5.1630993453363316E-3,3.7690625220955219E-3,{"$f":"-L1962/(1.202*2465560*MAX(0,(Inputs!$X$49-O1962)))","v":1.4002626285057045},{"$f":"params!$C$15*P1962*(E1962-Inputs!$X$26)","v":-28248.312859271009},-99940.63057465473]
["1995-03-23","18:00:00",30,10,4.4000000000000004,0,73,{"$f":"Inputs!$X$37*Inputs!$X$32*(E1963-Inputs!$X$26)","v":-57277.26061150201},{"$f":"Inputs!$X$33*C1963*Inputs!$X$38","v":5852.897184106132},{"$f":"params!$C$15*Inputs!$X$29*(E1963-Inputs!$X$26)","v":-5950.5383999999976},{"$f":"Inputs!$X$40*Inputs!$X$41/8760","v":5342.4657534246571},{"$f":"-Inputs!$X$45*Inputs!$X$33","v":-30000},834.18129245512239,5.1630993453363316E-3,3.7690625220955219E-3,{"$f":"-L1963/(1.202*2465560*MAX(0,(Inputs!$X$49-O1963)))","v":1.4002626285057045},{"$f":"params!$C$15*P1963*(E1963-Inputs!$X$26)","v":-28248.312859271009},-110280.74893324223]
["1995-03-23","19:00:00",1,10,3.8,0,76,{"$f":"Inputs!$X$37*Inputs!$X$32*(E1964-Inputs!$X$26)","v":-59333.758000478818},{"$f":"Inputs!$X$33*C1964*Inputs!$X$38","v":195.09657280353773},{"$f":"params!$C$15*Inputs!$X$29*(E1964-Inputs!$X$26)","v":-6164.1880499999979},{"$f":"Inputs!$X$40*Inputs!$X$41/8760","v":5342.4657534246571},{"$f":"-Inputs!$X$45*Inputs!$X$33","v":-30000},799.75278170517424,4.9483114832316053E-3,3.76071672725602E-3,{"$f":"-L1964/(1.202*2465560*MAX(0,(Inputs!$X$49-O1964)))","v":1.3986479561637499},{"$f":"params!$C$15*P1964*(E1964-Inputs!$X$26)","v":-29228.804236394219},-119189.18796064485]
["1995-03-23","20:00:00",0,10,3.3,0,79,{"$f":"Inputs!$X$37*Inputs!$X$32*(E1965-Inputs!$X$26)","v":-61047.505824626147},{"$f":"Inputs!$X$33*C1965*Inputs!$X$38","v":0},{"$f":"params!$C$15*Inputs!$X$29*(E1965-Inputs!$X$26)","v":-6342.2294249999977},{"$f":"Inputs!$X$40*Inputs!$X$41/8760","v":5342.4657534246571},{"$f":"-Inputs!$X$45*Inputs!$X$33","v":-30000},772.02842975916951,4.7754555160627581E-3,3.7726098576895788E-3,{"$f":"-L1965/(1.202*2465560*MAX(0,(Inputs!$X$49-O1965)))","v":1.4009500660057055},{"$f":"params!$C$15*P1965*(E1965-Inputs!$X$26)","v":-30122.52396303599},-122169.79345923747]
["1995-03-23","21:00:00",0,9,2.7,0,82,{"$f":"Inputs!$X$37*Inputs!$X$32*(E1966-Inputs!$X$26)","v":-63104.003213602955},{"$f":"Inputs!$X$33*C1966*Inputs!$X$38","v":0},{"$f":"params!$C$15*Inputs!$X$29*(E1966-Inputs!$X$26)","v":-6555.8790749999989},{"$f":"Inputs!$X$40*Inputs!$X$41/8760","v":5342.4657534246571},{"$f":"-Inputs!$X$45*Inputs!$X$33","v":-30000},739.88380849706493,4.5751593141558633E-3,3.7516306376078079E-3,{"$f":"-L1966/(1.202*2465560*MAX(0,(Inputs!$X$49-O1966)))","v":1.3968942866095018},{"$f":"params!$C$15*P1966*(E1966-Inputs!$X$26)","v":-31047.113522052241},-125364.53005723053]
["1995-03-23","22:00:00",0,9,2.7,0,82,{"$f":"Inputs!$X$37*Inputs!$X$32*(E1967-Inputs!$X$26)","v":-63104.003213602955},{"$f":"Inputs!$X$33*C1967*Inputs!$X$38","v":0},{"$f":"params!$C$15*Inputs!$X$29*(E1967-Inputs!$X$26)","v":-6555.8790749999989},{"$f":"Inputs!$X$40*Inputs!$X$41/8760","v":5342.4657534246571},{"$f":"-Inputs!$X$45*Inputs!$X$33","v":-30000},739.88380849706493,4.5751593141558633E-3,3.7516306376078079E-3,{"$f":"-L1967/(1.202*2465560*MAX(0,(Inputs!$X$49-O1967)))","v":1.3968942866095018},{"$f":"params!$C$15*P1967*(E1967-Inputs!$X$26)","v":-31047.113522052241},-125364.53005723053]
["1995-03-23","23:00:00",0,2,2.7,-1.2,75,{"$f":"Inputs!$X$37*Inputs!$X$32*(E1968-Inputs!$X$26)","v":-63104.003213602955},{"$f":"Inputs!$X$33*C1968*Inputs!$X$38","v":0},{"$f":"params!$C$15*Inputs!$X$29*(E1968-Inputs!$X$26)","v":-6555.8790749999989},{"$f":"Inputs!$X$40*Inputs!$X$41/8760","v":5342.4657534246571},{"$f":"-Inputs!$X$45*Inputs!$X$33","v":-30000},739.88380849706493,4.5751593141558633E-3,3.4313694856168975E-3,{"$f":"-L1968/(1.202*2465560*MAX(0,(Inputs!$X$49-O1968)))","v":1.3377723297776982},{"$f":"params!$C$15*P1968*(E1968-Inputs!$X$26)","v":-29733.079866822605},-124050.49640200089]
["1995-03-23",1,0,0,1.6,-1.7,77,{"$f":"Inputs!$X$37*Inputs!$X$32*(E1969-Inputs!$X$26)","v":-66874.248426727077},{"$f":"Inputs!$X$33*C1969*Inputs!$X$38","v":0},{"$f":"params!$C$15*Inputs!$X$29*(E1969-Inputs!$X$26)","v":-6947.5700999999981},{"$f":"Inputs!$X$40*Inputs!$X$41/8760","v":5342.4657534246571},{"$f":"-Inputs!$X$45*Inputs!$X$33","v":-30000},684.01504143025329,4.2273401402413606E-3,3.2550519079858477E-3,{"$f":"-L1969/(1.202*2465560*MAX(0,(Inputs!$X$49-O1969)))","v":1.3073105431522551},{"$f":"params!$C$15*P1969*(E1969-Inputs!$X$26)","v":-30792.039514858228},-129271.39228816066]
["1995-03-24","01:00:00",0,0,0.9,-2.8,74,{"$f":"Inputs!$X$37*Inputs!$X$32*(E1970-Inputs!$X$26)","v":-69273.495380533364},{"$f":"Inputs!$X$33*C1970*Inputs!$X$38","v":0},{"$f":"params!$C$15*Inputs!$X$29*(E1970-Inputs!$X$26)","v":-7196.8280249999989},{"$f":"Inputs!$X$40*Inputs!$X$41/8760","v":5342.4657534246571},{"$f":"-Inputs!$X$45*Inputs!$X$33","v":-30000},650.4382693595204,4.0184887604343654E-3,2.9736816827214303E-3,{"$f":"-L1970/(1.202*2465560*MAX(0,(Inputs!$X$49-O1970)))","v":1.2614717454420012},{"$f":"params!$C$15*P1970*(E1970-Inputs!$X$26)","v":-30778.355162370037},-131906.21281447876]
["1995-03-24","02:00:00",0,0,0.5,-3.7,71,{"$f":"Inputs!$X$37*Inputs!$X$32*(E1971-Inputs!$X$26)","v":-70644.493639851222},{"$f":"Inputs!$X$33*C1971*Inputs!$X$38","v":0},{"$f":"params!$C$15*Inputs!$X$29*(E1971-Inputs!$X$26)","v":-7339.2611249999982},{"$f":"Inputs!$X$40*Inputs!$X$41/8760","v":5342.4657534246571},{"$f":"-Inputs!$X$45*Inputs!$X$33","v":-30000},631.91436873737246,3.9033275880190387E-3,2.7713625874935177E-3,{"$f":"-L1971/(1.202*2465560*MAX(0,(Inputs!$X$49-O1971)))","v":1.2304492383755508},{"$f":"params!$C$15*P1971*(E1971-Inputs!$X$26)","v":-30615.601466710694},-133256.89047813727]
["1995-03-24","03:00:00",0,0,0.3,-4.3,68,{"$f":"Inputs!$X$37*Inputs!$X$32*(E1972-Inputs!$X$26)","v":-71329.992769510151},{"$f":"Inputs!$X$33*C1972*Inputs!$X$38","v":0},{"$f":"params!$C$15*Inputs!$X$29*(E1972-Inputs!$X$26)","v":-7410.4776749999983},{"$f":"Inputs!$X$40*Inputs!$X$41/8760","v":5342.4657534246571},{"$f":"-Inputs!$X$45*Inputs!$X$33","v":-30000},622.82891783339619,3.8468597662897688E-3,2.6158646410770424E-3,{"$f":"-L1972/(1.202*2465560*MAX(0,(Inputs!$X$49-O1972)))","v":1.20762381626461},{"$f":"params!$C$15*P1972*(E1972-Inputs!$X$26)","v":-30339.235072912725},-133737.23976399822]
["1995-03-24","04:00:00",0,0,0.1,-5,65,{"$f":"Inputs!$X$37*Inputs!$X$32*(E1973-Inputs!$X$26)","v":-72015.491899169094},{"$f":"Inputs!$X$33*C1973*Inputs!$X$38","v":0},{"$f":"params!$C$15*Inputs!$X$29*(E1973-Inputs!$X$26)","v":-7481.6942249999975},{"$f":"Inputs!$X$40*Inputs!$X$41/8760","v":5342.4657534246571},{"$f":"-Inputs!$X$45*Inputs!$X$33","v":-30000},613.85941042236618,3.7911225496935316E-3,2.4642296573007955E-3,{"$f":"-L1973/(1.202*2465560*MAX(0,(Inputs!$X$49-O1973)))","v":1.1861664942176566},{"$f":"params!$C$15*P1973*(E1973-Inputs!$X$26)","v":-30086.547984598175},-134241.26835534262]
["1995-03-24","05:00:00",0,0,0,-5.7,62,{"$f":"Inputs!$X$37*Inputs!$X$32*(E1974-Inputs!$X$26)","v":-72358.241463998565},{"$f":"Inputs!$X$33*C1974*Inputs!$X$38","v":0},{"$f":"params!$C$15*Inputs!$X$29*(E1974-Inputs!$X$26)","v":-7517.302499999998},{"$f":"Inputs!$X$40*Inputs!$X$41/8760","v":5342.4657534246571},{"$f":"-Inputs!$X$45*Inputs!$X$33","v":-30000},609.41773586642103,3.7635253138895938E-3,2.3333856946115479E-3,{"$f":"-L1974/(1.202*2465560*MAX(0,(Inputs!$X$49-O1974)))","v":1.1682548391170196},{"$f":"params!$C$15*P1974*(E1974-Inputs!$X$26)","v":-29773.258611864472},-134306.33682243837]
["1995-03-24","06:00:00",0,0,0,-6.2,59,{"$f":"Inputs!$X$37*Inputs!$X$32*(E1975-Inputs!$X$26)","v":-72358.241463998565},{"$f":"Inputs!$X$33*C1975*Inputs!$X$38","v":0},{"$f":"params!$C$15*Inputs!$X$29*(E1975-Inputs!$X$26)","v":-7517.302499999998},{"$f":"Inputs!$X$40*Inputs!$X$41/8760","v":5342.4657534246571},{"$f":"-Inputs!$X$45*Inputs!$X$33","v":-30000},609.41773586642103,3.7635253138895938E-3,2.2204799351948604E-3,{"$f":"-L1975/(1.202*2465560*MAX(0,(Inputs!$X$49-O1975)))","v":1.1532279994842671},{"$f":"params!$C$15*P1975*(E1975-Inputs!$X$26)","v":-29390.295950358955},-133923.37416093287]
["1995-03-24","07:00:00",28,0,0.5,-6.7,55,{"$f":"Inputs!$X$37*Inputs!$X$32*(E1976-Inputs!$X$26)","v":-70644.493639851222},{"$f":"Inputs!$X$33*C1976*Inputs!$X$38","v":5462.7040384990569},{"$f":"params!$C$15*Inputs!$X$29*(E1976-Inputs!$X$26)","v":-7339.2611249999982},{"$f":"Inputs!$X$40*Inputs!$X$41/8760","v":5342.4657534246571},{"$f":"-Inputs!$X$45*Inputs!$X$33","v":-30000},631.91436873737246,3.9033275880190387E-3,2.1468301734104715E-3,{"$f":"-L1976/(1.202*2465560*MAX(0,(Inputs!$X$49-O1976)))","v":1.1436324076337954},{"$f":"params!$C$15*P1976*(E1976-Inputs!$X$26)","v":-28455.455881102054},-125634.04085402958]
["1995-03-24","08:00:00",173,0,1.6,-7.3,48,{"$f":"Inputs!$X$37*Inputs!$X$32*(E1977-Inputs!$X$26)","v":-66874.248426727077},{"$f":"Inputs!$X$33*C1977*Inputs!$X$38","v":33751.707095012032},{"$f":"params!$C$15*Inputs!$X$29*(E1977-Inputs!$X$26)","v":-6947.5700999999981},{"$f":"Inputs!$X$40*Inputs!$X$41/8760","v":5342.4657534246571},{"$f":"-Inputs!$X$45*Inputs!$X$33","v":-30000},684.01504143025329,4.2273401402413606E-3,2.0291232673158533E-3,{"$f":"-L1977/(1.202*2465560*MAX(0,(Inputs!$X$49-O1977)))","v":1.1286239368652458},{"$f":"params!$C$15*P1977*(E1977-Inputs!$X$26)","v":-26583.303441867876},-91310.949120158257]
["1995-03-24","09:00:00",249,5,2.2000000000000002,-7.4,46,{"$f":"Inputs!$X$37*Inputs!$X$32*(E1978-Inputs!$X$26)","v":-64817.751037750291},{"$f":"Inputs!$X$33*C1978*Inputs!$X$38","v":48579.046628080898},{"$f":"params!$C$15*Inputs!$X$29*(E1978-Inputs!$X$26)","v":-6733.9204499999987},{"$f":"Inputs!$X$40*Inputs!$X$41/8760","v":5342.4657534246571},{"$f":"-Inputs!$X$45*Inputs!$X$33","v":-30000},714.00723647805364,4.4140129099852635E-3,2.030445938593221E-3,{"$f":"-L1978/(1.202*2465560*MAX(0,(Inputs!$X$49-O1978)))","v":1.1287903981624658},{"$f":"params!$C$15*P1978*(E1978-Inputs!$X$26)","v":-25769.621658988402},-73399.780765233139]
["1995-03-24","10:00:00",241,9,2.7,-7.8,43,{"$f":"Inputs!$X$37*Inputs!$X$32*(E1979-Inputs!$X$26)","v":-63104.003213602955},{"$f":"Inputs!$X$33*C1979*Inputs!$X$38","v":47018.274045652593},{"$f":"params!$C$15*Inputs!$X$29*(E1979-Inputs!$X$26)","v":-6555.8790749999989},{"$f":"Inputs!$X$40*Inputs!$X$41/8760","v":5342.4657534246571},{"$f":"-Inputs!$X$45*Inputs!$X$33","v":-30000},739.88380849706493,4.5751593141558633E-3,1.9673185050870213E-3,{"$f":"-L1979/(1.202*2465560*MAX(0,(Inputs!$X$49-O1979)))","v":1.1209000328635093},{"$f":"params!$C$15*P1979*(E1979-Inputs!$X$26)","v":-24912.916389437494},-72212.058878963202]
["1995-03-24","11:00:00",434,9,3.3,-7.8,41,{"$f":"Inputs!$X$37*Inputs!$X$32*(E1980-Inputs!$X$26)","v":-61047.505824626147},{"$f":"Inputs!$X$33*C1980*Inputs!$X$38","v":84671.912596735376},{"$f":"params!$C$15*Inputs!$X$29*(E1980-Inputs!$X$26)","v":-6342.2294249999977},{"$f":"Inputs!$X$40*Inputs!$X$41/8760","v":5342.4657534246571},{"$f":"-Inputs!$X$45*Inputs!$X$33","v":-30000},772.02842975916951,4.7754555160627581E-3,1.9579367615857306E-3,{"$f":"-L1980/(1.202*2465560*MAX(0,(Inputs!$X$49-O1980)))","v":1.1197368039767497},{"$f":"params!$C$15*P1980*(E1980-Inputs!$X$26)","v":-24076.01778859234},-31451.374688058451]
["1995-03-24","12:00:00",233,9,3.8,-8.9,36,{"$f":"Inputs!$X$37*Inputs!$X$32*(E1981-Inputs!$X$26)","v":-59333.758000478818},{"$f":"Inputs!$X$33*C1981*Inputs!$X$38","v":45457.501463224296},{"$f":"params!$C$15*Inputs!$X$29*(E1981-Inputs!$X$26)","v":-6164.1880499999979},{"$f":"Inputs!$X$40*Inputs!$X$41/8760","v":5342.4657534246571},{"$f":"-Inputs!$X$45*Inputs!$X$33","v":-30000},799.75278170517424,4.9483114832316053E-3,1.7813921339633778E-3,{"$f":"-L1981/(1.202*2465560*MAX(0,(Inputs!$X$49-O1981)))","v":1.0982888522588259},{"$f":"params!$C$15*P1981*(E1981-Inputs!$X$26)","v":-22951.929909322327},-67649.908743152191]
["1995-03-24","13:00:00",414,9,3.8,-7.8,39,{"$f":"Inputs!$X$37*Inputs!$X$32*(E1982-Inputs!$X$26)","v":-59333.758000478818},{"$f":"Inputs!$X$33*C1982*Inputs!$X$38","v":80769.981140664619},{"$f":"params!$C$15*Inputs!$X$29*(E1982-Inputs!$X$26)","v":-6164.1880499999979},{"$f":"Inputs!$X$40*Inputs!$X$41/8760","v":5342.4657534246571},{"$f":"-Inputs!$X$45*Inputs!$X$33","v":-30000},799.75278170517424,4.9483114832316053E-3,1.9298414784603259E-3,{"$f":"-L1982/(1.202*2465560*MAX(0,(Inputs!$X$49-O1982)))","v":1.1162677064016013},{"$f":"params!$C$15*P1982*(E1982-Inputs!$X$26)","v":-23327.650193914331},-32713.149350303869]
["1995-03-24","14:00:00",424,9,4.4000000000000004,-8.4,36,{"$f":"Inputs!$X$37*Inputs!$X$32*(E1983-Inputs!$X$26)","v":-57277.26061150201},{"$f":"Inputs!$X$33*C1983*Inputs!$X$38","v":82720.946868700004},{"$f":"params!$C$15*Inputs!$X$29*(E1983-Inputs!$X$26)","v":-5950.5383999999976},{"$f":"Inputs!$X$40*Inputs!$X$41/8760","v":5342.4657534246571},{"$f":"-Inputs!$X$45*Inputs!$X$33","v":-30000},834.18129245512239,5.1630993453363316E-3,1.8587157643210795E-3,{"$f":"-L1983/(1.202*2465560*MAX(0,(Inputs!$X$49-O1983)))","v":1.107580719306795},{"$f":"params!$C$15*P1983*(E1983-Inputs!$X$26)","v":-22343.870384702841},-27508.256774080186]
["1995-03-24","15:00:00",323,9,3.3,-9.5,35,{"$f":"Inputs!$X$37*Inputs!$X$32*(E1984-Inputs!$X$26)","v":-61047.505824626147},{"$f":"Inputs!$X$33*C1984*Inputs!$X$38","v":63016.193015542696},{"$f":"params!$C$15*Inputs!$X$29*(E1984-Inputs!$X$26)","v":-6342.2294249999977},{"$f":"Inputs!$X$40*Inputs!$X$41/8760","v":5342.4657534246571},{"$f":"-Inputs!$X$45*Inputs!$X$33","v":-30000},772.02842975916951,4.7754555160627581E-3,1.6714094306219654E-3,{"$f":"-L1984/(1.202*2465560*MAX(0,(Inputs!$X$49-O1984)))","v":1.0853378109796374},{"$f":"params!$C$15*P1984*(E1984-Inputs!$X$26)","v":-23336.387935963743},-52367.464416622533]
["1995-03-24","16:00:00",243,9,3.8,-8.9,36,{"$f":"Inputs!$X$37*Inputs!$X$32*(E1985-Inputs!$X$26)","v":-59333.758000478818},{"$f":"Inputs!$X$33*C1985*Inputs!$X$38","v":47408.467191259668},{"$f":"params!$C$15*Inputs!$X$29*(E1985-Inputs!$X$26)","v":-6164.1880499999979},{"$f":"Inputs!$X$40*Inputs!$X$41/8760","v":5342.4657534246571},{"$f":"-Inputs!$X$45*Inputs!$X$33","v":-30000},799.75278170517424,4.9483114832316053E-3,1.7813921339633778E-3,{"$f":"-L1985/(1.202*2465560*MAX(0,(Inputs!$X$49-O1985)))","v":1.0982888522588259},{"$f":"params!$C$15*P1985*(E1985-Inputs!$X$26)","v":-22951.929909322327},-65698.94301511682]
["1995-03-24","17:00:00",233,3,2.7,-9.5,37,{"$f":"Inputs!$X$37*Inputs!$X$32*(E1986-Inputs!$X$26)","v":-63104.003213602955},{"$f":"Inputs!$X$33*C1986*Inputs!$X$38","v":45457.501463224296},{"$f":"params!$C$15*Inputs!$X$29*(E1986-Inputs!$X$26)","v":-6555.8790749999989},{"$f":"Inputs!$X$40*Inputs!$X$41/8760","v":5342.4657534246571},{"$f":"-Inputs!$X$45*Inputs!$X$33","v":-30000},739.88380849706493,4.5751593141558633E-3,1.6928089462376695E-3,{"$f":"-L1986/(1.202*2465560*MAX(0,(Inputs!$X$49-O1986)))","v":1.087833728242761},{"$f":"params!$C$15*P1986*(E1986-Inputs!$X$26)","v":-24177.990831250201},-73037.905903204199]
["1995-03-24","18:00:00",84,2,2.7,-10,35,{"$f":"Inputs!$X$37*Inputs!$X$32*(E1987-Inputs!$X$26)","v":-63104.003213602955},{"$f":"Inputs!$X$33*C1987*Inputs!$X$38","v":16388.11211549717},{"$f":"params!$C$15*Inputs!$X$29*(E1987-Inputs!$X$26)","v":-6555.8790749999989},{"$f":"Inputs!$X$40*Inputs!$X$41/8760","v":5342.4657534246571},{"$f":"-Inputs!$X$45*Inputs!$X$33","v":-30000},{"$f":"EXP(77.345+0.0057*(E1987+273.15)-7235/(E1987+273.15))/(E1987+273.15)^8.2","v":739.88380849706493},{"$f":"0.62198*M1987/(101325-M1987)","v":4.5751593141558633E-3},{"$f":"N1987*G1987/100","v":1.6013057599545521E-3},{"$f":"-L1987/(1.202*2465560*MAX(0,(Inputs!$X$49-O1987)))","v":1.0772409379375201},{"$f":"params!$C$15*P1987*(E1987-Inputs!$X$26)","v":-23942.557437131061},{"$f":"H1987+I1987+J1987+K1987+L1987+Q1987","v":-101871.86185681219}]
["1995-03-24","19:00:00",2,0,1.1000000000000001,-11.2,35,{"$f":"Inputs!$X$37*Inputs!$X$32*(E1988-Inputs!$X$26)","v":-68587.996250874421},{"$f":"Inputs!$X$33*C1988*Inputs!$X$38","v":390.19314560707545},{"$f":"params!$C$15*Inputs!$X$29*(E1988-Inputs!$X$26)","v":-7125.6114749999979},{"$f":"Inputs!$X$40*Inputs!$X$41/8760","v":5342.4657534246571},{"$f":"-Inputs!$X$45*Inputs!$X$33","v":-30000},659.87933273383078,4.077199179350414E-3,1.427019712772645E-3,{"$f":"-L1988/(1.202*2465560*MAX(0,(Inputs!$X$49-O1988)))","v":1.0576251380260586},{"$f":"params!$C$15*P1988*(E1988-Inputs!$X$26)","v":-25549.397179903059},-125530.34600674575]
["1995-03-24","20:00:00",0,0,0.5,-11.7,35,{"$f":"Inputs!$X$37*Inputs!$X$32*(E1989-Inputs!$X$26)","v":-70644.493639851222},{"$f":"Inputs!$X$33*C1989*Inputs!$X$38","v":0},{"$f":"params!$C$15*Inputs!$X$29*(E1989-Inputs!$X$26)","v":-7339.2611249999982},{"$f":"Inputs!$X$40*Inputs!$X$41/8760","v":5342.4657534246571},{"$f":"-Inputs!$X$45*Inputs!$X$33","v":-30000},631.91436873737246,3.9033275880190387E-3,1.3661646558066633E-3,{"$f":"-L1989/(1.202*2465560*MAX(0,(Inputs!$X$49-O1989)))","v":1.0509431384203196},{"$f":"params!$C$15*P1989*(E1989-Inputs!$X$26)","v":-26149.194364595416},-128790.48337602199]
["1995-03-24","21:00:00",0,0,-1.2,-10.6,45,{"$f":"Inputs!$X$37*Inputs!$X$32*(E1990-Inputs!$X$26)","v":-76471.236241952152},{"$f":"Inputs!$X$33*C1990*Inputs!$X$38","v":0},{"$f":"params!$C$15*Inputs!$X$29*(E1990-Inputs!$X$26)","v":-7944.6017999999976},{"$f":"Inputs!$X$40*Inputs!$X$41/8760","v":5342.4657534246571},{"$f":"-Inputs!$X$45*Inputs!$X$33","v":-30000},558.29660553202416,3.4460720755093411E-3,1.5507324339792032E-3,{"$f":"-L1990/(1.202*2465560*MAX(0,(Inputs!$X$49-O1990)))","v":1.0714744026448035},{"$f":"params!$C$15*P1990*(E1990-Inputs!$X$26)","v":-28858.960842993976},-137932.33313152147]
["1995-03-24","22:00:00",0,0,-2.8,-9.5,56,{"$f":"Inputs!$X$37*Inputs!$X$32*(E1991-Inputs!$X$26)","v":-81955.22927922364},{"$f":"Inputs!$X$33*C1991*Inputs!$X$38","v":0},{"$f":"params!$C$15*Inputs!$X$29*(E1991-Inputs!$X$26)","v":-8514.3341999999975},{"$f":"Inputs!$X$40*Inputs!$X$41/8760","v":5342.4657534246571},{"$f":"-Inputs!$X$45*Inputs!$X$33","v":-30000},496.06494903212268,3.060058869440949E-3,1.7136329668869315E-3,{"$f":"-L1991/(1.202*2465560*MAX(0,(Inputs!$X$49-O1991)))","v":1.090273568415953},{"$f":"params!$C$15*P1991*(E1991-Inputs!$X$26)","v":-31471.173029604481},-146598.27075540347]
["1995-03-24","23:00:00",0,0,-3.4,-10,56,{"$f":"Inputs!$X$37*Inputs!$X$32*(E1992-Inputs!$X$26)","v":-84011.726668200427},{"$f":"Inputs!$X$33*C1992*Inputs!$X$38","v":0},{"$f":"params!$C$15*Inputs!$X$29*(E1992-Inputs!$X$26)","v":-8727.9838499999969},{"$f":"Inputs!$X$40*Inputs!$X$41/8760","v":5342.4657534246571},{"$f":"-Inputs!$X$45*Inputs!$X$33","v":-30000},474.36656633458665,2.925579214362132E-3,1.6383243600427938E-3,{"$f":"-L1992/(1.202*2465560*MAX(0,(Inputs!$X$49-O1992)))","v":1.0815014198231954},{"$f":"params!$C$15*P1992*(E1992-Inputs!$X$26)","v":-32001.311864881387},-149398.55662965716]
["1995-03-24",1,0,0,-3.9,-8.9,65,{"$f":"Inputs!$X$37*Inputs!$X$32*(E1993-Inputs!$X$26)","v":-85725.474492347756},{"$f":"Inputs!$X$33*C1993*Inputs!$X$38","v":0},{"$f":"params!$C$15*Inputs!$X$29*(E1993-Inputs!$X$26)","v":-8906.0252249999976},{"$f":"Inputs!$X$40*Inputs!$X$41/8760","v":5342.4657534246571},{"$f":"-Inputs!$X$45*Inputs!$X$33","v":-30000},456.93292986618587,2.8175730136730305E-3,1.8314224588874698E-3,{"$f":"-L1993/(1.202*2465560*MAX(0,(Inputs!$X$49-O1993)))","v":1.1042830226328182},{"$f":"params!$C$15*P1993*(E1993-Inputs!$X$26)","v":-33341.955726755659},-152630.98969067878]
["1995-03-25","01:00:00",0,0,-4.0999999999999996,-9.5,63,{"$f":"Inputs!$X$37*Inputs!$X$32*(E1994-Inputs!$X$26)","v":-86410.973622006699},{"$f":"Inputs!$X$33*C1994*Inputs!$X$38","v":0},{"$f":"params!$C$15*Inputs!$X$29*(E1994-Inputs!$X$26)","v":-8977.2417749999968},{"$f":"Inputs!$X$40*Inputs!$X$41/8760","v":5342.4657534246571},{"$f":"-Inputs!$X$45*Inputs!$X$33","v":-30000},450.12044185895849,2.7753779102761816E-3,1.7484880834739943E-3,{"$f":"-L1994/(1.202*2465560*MAX(0,(Inputs!$X$49-O1994)))","v":1.0943819401207904},{"$f":"params!$C$15*P1994*(E1994-Inputs!$X$26)","v":-33307.235948534653},-153352.98559211672]
["1995-03-25","02:00:00",0,1,-3.9,-9.6999999999999993,60,{"$f":"Inputs!$X$37*Inputs!$X$32*(E1995-Inputs!$X$26)","v":-85725.474492347756},{"$f":"Inputs!$X$33*C1995*Inputs!$X$38","v":0},{"$f":"params!$C$15*Inputs!$X$29*(E1995-Inputs!$X$26)","v":-8906.0252249999976},{"$f":"Inputs!$X$40*Inputs!$X$41/8760","v":5342.4657534246571},{"$f":"-Inputs!$X$45*Inputs!$X$33","v":-30000},456.93292986618587,2.8175730136730305E-3,1.6905438082038182E-3,{"$f":"-L1995/(1.202*2465560*MAX(0,(Inputs!$X$49-O1995)))","v":1.0875689923675851},{"$f":"params!$C$15*P1995*(E1995-Inputs!$X$26)","v":-32837.303888687551},-152126.33785261065]
["1995-03-25","03:00:00",0,1,-3.6,-9.8000000000000007,58,{"$f":"Inputs!$X$37*Inputs!$X$32*(E1996-Inputs!$X$26)","v":-84697.22579785937},{"$f":"Inputs!$X$33*C1996*Inputs!$X$38","v":0},{"$f":"params!$C$15*Inputs!$X$29*(E1996-Inputs!$X$26)","v":-8799.2003999999979},{"$f":"Inputs!$X$40*Inputs!$X$41/8760","v":5342.4657534246571},{"$f":"-Inputs!$X$45*Inputs!$X$33","v":-30000},467.32346194097869,2.8819407390211498E-3,1.671525628632267E-3,{"$f":"-L1996/(1.202*2465560*MAX(0,(Inputs!$X$49-O1996)))","v":1.0853513327251265},{"$f":"params!$C$15*P1996*(E1996-Inputs!$X$26)","v":-32377.275964061704},-150531.23640849642]
["1995-03-25","04:00:00",0,2,-3.3,-10,56,{"$f":"Inputs!$X$37*Inputs!$X$32*(E1997-Inputs!$X$26)","v":-83668.977103370969},{"$f":"Inputs!$X$33*C1997*Inputs!$X$38","v":0},{"$f":"params!$C$15*Inputs!$X$29*(E1997-Inputs!$X$26)","v":-8692.3755749999982},{"$f":"Inputs!$X$40*Inputs!$X$41/8760","v":5342.4657534246571},{"$f":"-Inputs!$X$45*Inputs!$X$33","v":-30000},477.92334572458884,2.9476190330518367E-3,1.6506666585090284E-3,{"$f":"-L1997/(1.202*2465560*MAX(0,(Inputs!$X$49-O1997)))","v":1.0829293996469098},{"$f":"params!$C$15*P1997*(E1997-Inputs!$X$26)","v":-31912.834597345405},-148931.72152229171]
["1995-03-25","05:00:00",0,2,-2.8,-10,54,{"$f":"Inputs!$X$37*Inputs!$X$32*(E1998-Inputs!$X$26)","v":-81955.22927922364},{"$f":"Inputs!$X$33*C1998*Inputs!$X$38","v":0},{"$f":"params!$C$15*Inputs!$X$29*(E1998-Inputs!$X$26)","v":-8514.3341999999975},{"$f":"Inputs!$X$40*Inputs!$X$41/8760","v":5342.4657534246571},{"$f":"-Inputs!$X$45*Inputs!$X$33","v":-30000},496.06494903212268,3.060058869440949E-3,1.6524317894981125E-3,{"$f":"-L1998/(1.202*2465560*MAX(0,(Inputs!$X$49-O1998)))","v":1.0831339301248117},{"$f":"params!$C$15*P1998*(E1998-Inputs!$X$26)","v":-31265.084577551344},-146392.18230335033]
["1995-03-25","06:00:00",0,0,-1.2,-9.5,49,{"$f":"Inputs!$X$37*Inputs!$X$32*(E1999-Inputs!$X$26)","v":-76471.236241952152},{"$f":"Inputs!$X$33*C1999*Inputs!$X$38","v":0},{"$f":"params!$C$15*Inputs!$X$29*(E1999-Inputs!$X$26)","v":-7944.6017999999976},{"$f":"Inputs!$X$40*Inputs!$X$41/8760","v":5342.4657534246571},{"$f":"-Inputs!$X$45*Inputs!$X$33","v":-30000},558.29660553202416,3.4460720755093411E-3,1.6885753169995771E-3,{"$f":"-L1999/(1.202*2465560*MAX(0,(Inputs!$X$49-O1999)))","v":1.0873390314345859},{"$f":"params!$C$15*P1999*(E1999-Inputs!$X$26)","v":-29286.256819363411},-138359.62910789091]
["1995-03-25","07:00:00",36,0,0,-8.9,47,{"$f":"Inputs!$X$37*Inputs!$X$32*(E2000-Inputs!$X$26)","v":-72358.241463998565},{"$f":"Inputs!$X$33*C2000*Inputs!$X$38","v":7023.4766209273585},{"$f":"params!$C$15*Inputs!$X$29*(E2000-Inputs!$X$26)","v":-7517.302499999998},{"$f":"Inputs!$X$40*Inputs!$X$41/8760","v":5342.4657534246571},{"$f":"-Inputs!$X$45*Inputs!$X$33","v":-30000},609.41773586642103,3.7635253138895938E-3,1.7688568975281092E-3,{"$f":"-L2000/(1.202*2465560*MAX(0,(Inputs!$X$49-O2000)))","v":1.0967971772351588},{"$f":"params!$C$15*P2000*(E2000-Inputs!$X$26)","v":-27952.142725354792},-125461.74431500134]
["1995-03-25","08:00:00",200,0,1.6,-8.9,42,{"$f":"Inputs!$X$37*Inputs!$X$32*(E2001-Inputs!$X$26)","v":-66874.248426727077},{"$f":"Inputs!$X$33*C2001*Inputs!$X$38","v":39019.314560707549},{"$f":"params!$C$15*Inputs!$X$29*(E2001-Inputs!$X$26)","v":-6947.5700999999981},{"$f":"Inputs!$X$40*Inputs!$X$41/8760","v":5342.4657534246571},{"$f":"-Inputs!$X$45*Inputs!$X$33","v":-30000},684.01504143025329,4.2273401402413606E-3,1.7754828589013716E-3,{"$f":"-L2001/(1.202*2465560*MAX(0,(Inputs!$X$49-O2001)))","v":1.0975851518665301},{"$f":"params!$C$15*P2001*(E2001-Inputs!$X$26)","v":-25852.224281541443},-85312.262494136317]
["1995-03-25","12:00:00",787,0,8.3000000000000007,-10.6,23,{"$f":"Inputs!$X$37*Inputs!$X$32*(E2005-Inputs!$X$26)","v":-43910.027583152805},{"$f":"Inputs!$X$33*C2005*Inputs!$X$38","v":153541.00279638419},{"$f":"params!$C$15*Inputs!$X$29*(E2005-Inputs!$X$26)","v":-4561.8156749999989},{"$f":"Inputs!$X$40*Inputs!$X$41/8760","v":5342.4657534246571},{"$f":"-Inputs!$X$45*Inputs!$X$33","v":-30000},1091.6777773743988,6.7742116984131845E-3,1.5580686906350324E-3,{"$f":"-L2005/(1.202*2465560*MAX(0,(Inputs!$X$49-O2005)))","v":1.072307075250549},{"$f":"params!$C$15*P2005*(E2005-Inputs!$X$26)","v":-16583.785010465472},63827.840281190547]
["1995-03-25","15:00:00",643,0,10,-9.5,22,{"$f":"Inputs!$X$37*Inputs!$X$32*(E2008-Inputs!$X$26)","v":-38083.284981051875},{"$f":"Inputs!$X$33*C2008*Inputs!$X$38","v":125447.09631267477},{"$f":"params!$C$15*Inputs!$X$29*(E2008-Inputs!$X$26)","v":-3956.474999999999},{"$f":"Inputs!$X$40*Inputs!$X$41/8760","v":5342.4657534246571},{"$f":"-Inputs!$X$45*Inputs!$X$33","v":-30000},1224.2915728566036,7.6071876458255446E-3,1.6735812820816197E-3,{"$f":"-L2008/(1.202*2465560*MAX(0,(Inputs!$X$49-O2008)))","v":1.0855906009944982},{"$f":"params!$C$15*P2008*(E2008-Inputs!$X$26)","v":-14561.337055376136},44188.465029671395]
["1995-03-25","19:00:00",3,0,7.2,-7.3,32,{"$f":"Inputs!$X$37*Inputs!$X$32*(E2012-Inputs!$X$26)","v":-47680.27279627695},{"$f":"Inputs!$X$33*C2012*Inputs!$X$38","v":585.2897184106132},{"$f":"params!$C$15*Inputs!$X$29*(E2012-Inputs!$X$26)","v":-4953.506699999999},{"$f":"Inputs!$X$40*Inputs!$X$41/8760","v":5342.4657534246571},{"$f":"-Inputs!$X$45*Inputs!$X$33","v":-30000},1012.7753618292717,6.2796535698688054E-3,2.0094891423580179E-3,{"$f":"-L2012/(1.202*2465560*MAX(0,(Inputs!$X$49-O2012)))","v":1.1261586969476451},{"$f":"params!$C$15*P2012*(E2012-Inputs!$X$26)","v":-18912.071630909926},-95618.095655351601]
["1995-03-25","22:00:00",0,0,5,-6.2,42,{"$f":"Inputs!$X$37*Inputs!$X$32*(E2015-Inputs!$X$26)","v":-55220.763222525216},{"$f":"Inputs!$X$33*C2015*Inputs!$X$38","v":0},{"$f":"params!$C$15*Inputs!$X$29*(E2015-Inputs!$X$26)","v":-5736.8887499999983},{"$f":"Inputs!$X$40*Inputs!$X$41/8760","v":5342.4657534246571},{"$f":"-Inputs!$X$45*Inputs!$X$33","v":-30000},869.91328556198641,5.3861748872103517E-3,2.2621934526283476E-3,{"$f":"-L2015/(1.202*2465560*MAX(0,(Inputs!$X$49-O2015)))","v":1.1587344876805383},{"$f":"params!$C$15*P2015*(E2015-Inputs!$X$26)","v":-22536.533528527765},-108151.71974762832]
["1995-03-26","01:00:00",0,0,-0.1,-5.4,64,{"$f":"Inputs!$X$37*Inputs!$X$32*(E2018-Inputs!$X$26)","v":-72700.991028828037},{"$f":"Inputs!$X$33*C2018*Inputs!$X$38","v":0},{"$f":"params!$C$15*Inputs!$X$29*(E2018-Inputs!$X$26)","v":-7552.9107749999985},{"$f":"Inputs!$X$40*Inputs!$X$41/8760","v":5342.4657534246571},{"$f":"-Inputs!$X$45*Inputs!$X$33","v":-30000},605.00456904485077,3.7361076144257297E-3,2.3911088732324671E-3,{"$f":"-L2018/(1.202*2465560*MAX(0,(Inputs!$X$49-O2018)))","v":1.1760896232226044},{"$f":"params!$C$15*P2018*(E2018-Inputs!$X$26)","v":-30114.907026453911},-135026.3430768573]
["1995-03-26","02:00:00",0,0,-0.4,-5.5,65,{"$f":"Inputs!$X$37*Inputs!$X$32*(E2019-Inputs!$X$26)","v":-73729.239723316423},{"$f":"Inputs!$X$33*C2019*Inputs!$X$38","v":0},{"$f":"params!$C$15*Inputs!$X$29*(E2019-Inputs!$X$26)","v":-7659.7355999999972},{"$f":"Inputs!$X$40*Inputs!$X$41/8760","v":5342.4657534246571},{"$f":"-Inputs!$X$45*Inputs!$X$33","v":-30000},591.93453988632518,3.6549214841900936E-3,2.3756989647235609E-3,{"$f":"-L2019/(1.202*2465560*MAX(0,(Inputs!$X$49-O2019)))","v":1.173987767803059},{"$f":"params!$C$15*P2019*(E2019-Inputs!$X$26)","v":-30486.256900090928},-136532.76646998269]
["1995-03-26","05:00:00",0,0,-0.7,-5.2,68,{"$f":"Inputs!$X$37*Inputs!$X$32*(E2022-Inputs!$X$26)","v":-74757.488417804823},{"$f":"Inputs!$X$33*C2022*Inputs!$X$38","v":0},{"$f":"params!$C$15*Inputs!$X$29*(E2022-Inputs!$X$26)","v":-7766.5604249999978},{"$f":"Inputs!$X$40*Inputs!$X$41/8760","v":5342.4657534246571},{"$f":"-Inputs!$X$45*Inputs!$X$33","v":-30000},579.11544010550767,3.5753144955780504E-3,2.4312138569930739E-3,{"$f":"-L2022/(1.202*2465560*MAX(0,(Inputs!$X$49-O2022)))","v":1.1815952438928041},{"$f":"params!$C$15*P2022*(E2022-Inputs!$X$26)","v":-31111.73378179433},-138293.31687117449]
["1995-03-26","10:00:00",537,2,8.1,-5,37,{"$f":"Inputs!$X$37*Inputs!$X$32*(E2027-Inputs!$X$26)","v":-44595.526712811741},{"$f":"Inputs!$X$33*C2027*Inputs!$X$38","v":104766.85959549976},{"$f":"params!$C$15*Inputs!$X$29*(E2027-Inputs!$X$26)","v":-4633.032224999999},{"$f":"Inputs!$X$40*Inputs!$X$41/8760","v":5342.4657534246571},{"$f":"-Inputs!$X$45*Inputs!$X$33","v":-30000},1076.9412615333097,6.6817845081269568E-3,2.4722602680069742E-3,{"$f":"-L2027/(1.202*2465560*MAX(0,(Inputs!$X$49-O2027)))","v":1.1872837369374156},{"$f":"params!$C$15*P2027*(E2027-Inputs!$X$26)","v":-18648.615480463097},12232.150930649575]
["1995-03-26","13:00:00",739,1,12.5,-6,25,{"$f":"Inputs!$X$37*Inputs!$X$32*(E2030-Inputs!$X$26)","v":-29514.5458603152},{"$f":"Inputs!$X$33*C2030*Inputs!$X$38","v":144176.36730181437},{"$f":"params!$C$15*Inputs!$X$29*(E2030-Inputs!$X$26)","v":-3066.2681249999991},{"$f":"Inputs!$X$40*Inputs!$X$41/8760","v":5342.4657534246571},{"$f":"-Inputs!$X$45*Inputs!$X$33","v":-30000},1445.0719863689671,8.9988638553995196E-3,2.2497159638498799E-3,{"$f":"-L2030/(1.202*2465560*MAX(0,(Inputs!$X$49-O2030)))","v":1.1570818639058511},{"$f":"params!$C$15*P2030*(E2030-Inputs!$X$26)","v":-12028.209095868953},74909.809974054864]
["1995-03-26","16:00:00",422,2,14.4,-6.2,22,{"$f":"Inputs!$X$37*Inputs!$X$32*(E2033-Inputs!$X$26)","v":-23002.30412855533},{"$f":"Inputs!$X$33*C2033*Inputs!$X$38","v":82330.753723092916},{"$f":"params!$C$15*Inputs!$X$29*(E2033-Inputs!$X$26)","v":-2389.7108999999991},{"$f":"Inputs!$X$40*Inputs!$X$41/8760","v":5342.4657534246571},{"$f":"-Inputs!$X$45*Inputs!$X$33","v":-30000},1635.559113509069,1.0204541708471198E-2,2.2449991758636632E-3,{"$f":"-L2033/(1.202*2465560*MAX(0,(Inputs!$X$49-O2033)))","v":1.1564583599248535},{"$f":"params!$C$15*P2033*(E2033-Inputs!$X$26)","v":-9369.1915646504458},22912.012883311796]
["1995-03-26","20:00:00",0,10,6,-5.6,41,{"$f":"Inputs!$X$37*Inputs!$X$32*(E2037-Inputs!$X$26)","v":-51793.267574230544},{"$f":"Inputs!$X$33*C2037*Inputs!$X$38","v":0},{"$f":"params!$C$15*Inputs!$X$29*(E2037-Inputs!$X$26)","v":-5380.8059999999987},{"$f":"Inputs!$X$40*Inputs!$X$41/8760","v":5342.4657534246571},{"$f":"-Inputs!$X$45*Inputs!$X$33","v":-30000},932.4781503104233,5.7771510192606073E-3,2.3686319178968492E-3,{"$f":"-L2037/(1.202*2465560*MAX(0,(Inputs!$X$49-O2037)))","v":1.1730263589860759},{"$f":"params!$C$15*P2037*(E2037-Inputs!$X$26)","v":-21398.427505221105},-103230.03532602699]
["1995-03-26","23:00:00",0,3,1.1000000000000001,-5,61,{"$f":"Inputs!$X$37*Inputs!$X$32*(E2040-Inputs!$X$26)","v":-68587.996250874421},{"$f":"Inputs!$X$33*C2040*Inputs!$X$38","v":0},{"$f":"params!$C$15*Inputs!$X$29*(E2040-Inputs!$X$26)","v":-7125.6114749999979},{"$f":"Inputs!$X$40*Inputs!$X$41/8760","v":5342.4657534246571},{"$f":"-Inputs!$X$45*Inputs!$X$33","v":-30000},659.87933273383078,4.077199179350414E-3,2.4870914994037526E-3,{"$f":"-L2040/(1.202*2465560*MAX(0,(Inputs!$X$49-O2040)))","v":1.189352644852502},{"$f":"params!$C$15*P2040*(E2040-Inputs!$X$26)","v":-28731.581746458127},-129102.72371890789]
["1995-03-27","02:00:00",0,1,-0.8,-5.2,69,{"$f":"Inputs!$X$37*Inputs!$X$32*(E2043-Inputs!$X$26)","v":-75100.237982634295},{"$f":"Inputs!$X$33*C2043*Inputs!$X$38","v":0},{"$f":"params!$C$15*Inputs!$X$29*(E2043-Inputs!$X$26)","v":-7802.1686999999984},{"$f":"Inputs!$X$40*Inputs!$X$41/8760","v":5342.4657534246571},{"$f":"-Inputs!$X$45*Inputs!$X$33","v":-30000},574.89744723163335,3.5491250645809493E-3,2.4488962945608552E-3,{"$f":"-L2043/(1.202*2465560*MAX(0,(Inputs!$X$49-O2043)))","v":1.1840391003890722},{"$f":"params!$C$15*P2043*(E2043-Inputs!$X$26)","v":-31319.017902238902},-138878.95883144854]
["1995-03-27","03:00:00",0,1,-0.6,-4.9000000000000004,70,{"$f":"Inputs!$X$37*Inputs!$X$32*(E2044-Inputs!$X$26)","v":-74414.738852975366},{"$f":"Inputs!$X$33*C2044*Inputs!$X$38","v":0},{"$f":"params!$C$15*Inputs!$X$29*(E2044-Inputs!$X$26)","v":-7730.9521499999983},{"$f":"Inputs!$X$40*Inputs!$X$41/8760","v":5342.4657534246571},{"$f":"-Inputs!$X$45*Inputs!$X$33","v":-30000},583.36085066457406,3.6016763769199135E-3,2.5211734638439392E-3,{"$f":"-L2044/(1.202*2465560*MAX(0,(Inputs!$X$49-O2044)))","v":1.1941343991783153},{"$f":"params!$C$15*P2044*(E2044-Inputs!$X$26)","v":-31297.737858723343},-138100.96310827407]
["1995-03-27","06:00:00",0,3,-0.6,-4.5,72,{"$f":"Inputs!$X$37*Inputs!$X$32*(E2047-Inputs!$X$26)","v":-74414.738852975366},{"$f":"Inputs!$X$33*C2047*Inputs!$X$38","v":0},{"$f":"params!$C$15*Inputs!$X$29*(E2047-Inputs!$X$26)","v":-7730.9521499999983},{"$f":"Inputs!$X$40*Inputs!$X$41/8760","v":5342.4657534246571},{"$f":"-Inputs!$X$45*Inputs!$X$33","v":-30000},583.36085066457406,3.6016763769199135E-3,2.5932069913823376E-3,{"$f":"-L2047/(1.202*2465560*MAX(0,(Inputs!$X$49-O2047)))","v":1.2043684139115733},{"$f":"params!$C$15*P2047*(E2047-Inputs!$X$26)","v":-31565.966887703853},-138369.19213725458]
["1995-03-27","11:00:00",720,0,5.5,-5,44,{"$f":"Inputs!$X$37*Inputs!$X$32*(E2052-Inputs!$X$26)","v":-53507.01539837788},{"$f":"Inputs!$X$33*C2052*Inputs!$X$38","v":140469.53241854717},{"$f":"params!$C$15*Inputs!$X$29*(E2052-Inputs!$X$26)","v":-5558.8473749999985},{"$f":"Inputs!$X$40*Inputs!$X$41/8760","v":5342.4657534246571},{"$f":"-Inputs!$X$45*Inputs!$X$33","v":-30000},900.71602087450731,5.5786043819837112E-3,2.454585928072833E-3,{"$f":"-L2052/(1.202*2465560*MAX(0,(Inputs!$X$49-O2052)))","v":1.1848276050957507},{"$f":"params!$C$15*P2052*(E2052-Inputs!$X$26)","v":-22328.866059437318},34417.269339156628]
["1995-03-27","14:00:00",761,0,9.4,-4.5,36,{"$f":"Inputs!$X$37*Inputs!$X$32*(E2055-Inputs!$X$26)","v":-40139.782370028675},{"$f":"Inputs!$X$33*C2055*Inputs!$X$38","v":148468.49190349222},{"$f":"params!$C$15*Inputs!$X$29*(E2055-Inputs!$X$26)","v":-4170.1246499999988},{"$f":"Inputs!$X$40*Inputs!$X$41/8760","v":5342.4657534246571},{"$f":"-Inputs!$X$45*Inputs!$X$33","v":-30000},1175.9507731568485,7.3032931169560531E-3,2.6291855221041794E-3,{"$f":"-L2055/(1.202*2465560*MAX(0,(Inputs!$X$49-O2055)))","v":1.209545959655191},{"$f":"params!$C$15*P2055*(E2055-Inputs!$X$26)","v":-17100.080943255249},62400.969693632956]
["1995-03-27","17:00:00",266,2,9.4,-3.9,37,{"$f":"Inputs!$X$37*Inputs!$X$32*(E2058-Inputs!$X$26)","v":-40139.782370028675},{"$f":"Inputs!$X$33*C2058*Inputs!$X$38","v":51895.688365741036},{"$f":"params!$C$15*Inputs!$X$29*(E2058-Inputs!$X$26)","v":-4170.1246499999988},{"$f":"Inputs!$X$40*Inputs!$X$41/8760","v":5342.4657534246571},{"$f":"-Inputs!$X$45*Inputs!$X$33","v":-30000},1175.9507731568485,7.3032931169560531E-3,2.7022184532737399E-3,{"$f":"-L2058/(1.202*2465560*MAX(0,(Inputs!$X$49-O2058)))","v":1.2201939775464834},{"$f":"params!$C$15*P2058*(E2058-Inputs!$X$26)","v":-17250.618396067905},-34322.371296930884]
["1995-03-27","21:00:00",0,2,2.2000000000000002,-3.9,62,{"$f":"Inputs!$X$37*Inputs!$X$32*(E2062-Inputs!$X$26)","v":-64817.751037750291},{"$f":"Inputs!$X$33*C2062*Inputs!$X$38","v":0},{"$f":"params!$C$15*Inputs!$X$29*(E2062-Inputs!$X$26)","v":-6733.9204499999987},{"$f":"Inputs!$X$40*Inputs!$X$41/8760","v":5342.4657534246571},{"$f":"-Inputs!$X$45*Inputs!$X$33","v":-30000},714.00723647805364,4.4140129099852635E-3,2.7366880041908631E-3,{"$f":"-L2062/(1.202*2465560*MAX(0,(Inputs!$X$49-O2062)))","v":1.2252849457982344},{"$f":"params!$C$15*P2062*(E2062-Inputs!$X$26)","v":-27972.535493812757},-124181.7412281384]
["1995-03-27",1,0,9,0,-3.4,75,{"$f":"Inputs!$X$37*Inputs!$X$32*(E2065-Inputs!$X$26)","v":-72358.241463998565},{"$f":"Inputs!$X$33*C2065*Inputs!$X$38","v":0},{"$f":"params!$C$15*Inputs!$X$29*(E2065-Inputs!$X$26)","v":-7517.302499999998},{"$f":"Inputs!$X$40*Inputs!$X$41/8760","v":5342.4657534246571},{"$f":"-Inputs!$X$45*Inputs!$X$33","v":-30000},609.41773586642103,3.7635253138895938E-3,2.8226439854171954E-3,{"$f":"-L2065/(1.202*2465560*MAX(0,(Inputs!$X$49-O2065)))","v":1.2381671825836629},{"$f":"params!$C$15*P2065*(E2065-Inputs!$X$26)","v":-31554.991682850166},-136088.06989342408]
["1995-03-28","01:00:00",0,9,-0.7,-3.8,77,{"$f":"Inputs!$X$37*Inputs!$X$32*(E2066-Inputs!$X$26)","v":-74757.488417804823},{"$f":"Inputs!$X$33*C2066*Inputs!$X$38","v":0},{"$f":"params!$C$15*Inputs!$X$29*(E2066-Inputs!$X$26)","v":-7766.5604249999978},{"$f":"Inputs!$X$40*Inputs!$X$41/8760","v":5342.4657534246571},{"$f":"-Inputs!$X$45*Inputs!$X$33","v":-30000},579.11544010550767,3.5753144955780504E-3,2.7529921615950985E-3,{"$f":"-L2066/(1.202*2465560*MAX(0,(Inputs!$X$49-O2066)))","v":1.2277078110684219},{"$f":"params!$C$15*P2066*(E2066-Inputs!$X$26)","v":-32325.890593425065},-139507.47368280526]
["1995-03-28","07:00:00",33,9,-1.7,-4.5,79,{"$f":"Inputs!$X$37*Inputs!$X$32*(E2072-Inputs!$X$26)","v":-78184.984066099496},{"$f":"Inputs!$X$33*C2072*Inputs!$X$38","v":6438.1869025167452},{"$f":"params!$C$15*Inputs!$X$29*(E2072-Inputs!$X$26)","v":-8122.6431749999974},{"$f":"Inputs!$X$40*Inputs!$X$41/8760","v":5342.4657534246571},{"$f":"-Inputs!$X$45*Inputs!$X$33","v":-30000},538.14431300780234,3.321018376087627E-3,2.6236045171092255E-3,{"$f":"-L2072/(1.202*2465560*MAX(0,(Inputs!$X$49-O2072)))","v":1.2087399013935167},{"$f":"params!$C$15*P2072*(E2072-Inputs!$X$26)","v":-33285.645862276979},-137812.6204474351]
["1995-03-28","08:00:00",182,2,2.7,-2.8,65,{"$f":"Inputs!$X$37*Inputs!$X$32*(E2073-Inputs!$X$26)","v":-63104.003213602955},{"$f":"Inputs!$X$33*C2073*Inputs!$X$38","v":35507.576250243867},{"$f":"params!$C$15*Inputs!$X$29*(E2073-Inputs!$X$26)","v":-6555.8790749999989},{"$f":"Inputs!$X$40*Inputs!$X$41/8760","v":5342.4657534246571},{"$f":"-Inputs!$X$45*Inputs!$X$33","v":-30000},739.88380849706493,4.5751593141558633E-3,2.973853554201311E-3,{"$f":"-L2073/(1.202*2465560*MAX(0,(Inputs!$X$49-O2073)))","v":1.2614987642983355},{"$f":"params!$C$15*P2073*(E2073-Inputs!$X$26)","v":-28037.837736570087},-86847.678021504515]
["1995-03-28","12:00:00",798,0,10,-7.8,26,{"$f":"Inputs!$X$37*Inputs!$X$32*(E2077-Inputs!$X$26)","v":-38083.284981051875},{"$f":"Inputs!$X$33*C2077*Inputs!$X$38","v":155687.06509722309},{"$f":"params!$C$15*Inputs!$X$29*(E2077-Inputs!$X$26)","v":-3956.474999999999},{"$f":"Inputs!$X$40*Inputs!$X$41/8760","v":5342.4657534246571},{"$f":"-Inputs!$X$45*Inputs!$X$33","v":-30000},1224.2915728566036,7.6071876458255446E-3,1.9778687879146418E-3,{"$f":"-L2077/(1.202*2465560*MAX(0,(Inputs!$X$49-O2077)))","v":1.1222110377446555},{"$f":"params!$C$15*P2077*(E2077-Inputs!$X$26)","v":-15052.537441733226},73937.233427862651]
["1995-03-28","15:00:00",652,0,11.1,-7.8,24,{"$f":"Inputs!$X$37*Inputs!$X$32*(E2080-Inputs!$X$26)","v":-34313.039767927738},{"$f":"Inputs!$X$33*C2080*Inputs!$X$38","v":127202.9654679066},{"$f":"params!$C$15*Inputs!$X$29*(E2080-Inputs!$X$26)","v":-3564.7839749999994},{"$f":"Inputs!$X$40*Inputs!$X$41/8760","v":5342.4657534246571},{"$f":"-Inputs!$X$45*Inputs!$X$33","v":-30000},1317.4782376741875,8.1938348219052388E-3,1.9665203572572574E-3,{"$f":"-L2080/(1.202*2465560*MAX(0,(Inputs!$X$49-O2080)))","v":1.1208009776111647},{"$f":"params!$C$15*P2080*(E2080-Inputs!$X$26)","v":-13545.295135779867},51122.312342623649]
["1995-03-28","18:00:00",108,0,9.4,-5.6,32,{"$f":"Inputs!$X$37*Inputs!$X$32*(E2083-Inputs!$X$26)","v":-40139.782370028675},{"$f":"Inputs!$X$33*C2083*Inputs!$X$38","v":21070.429862782075},{"$f":"params!$C$15*Inputs!$X$29*(E2083-Inputs!$X$26)","v":-4170.1246499999988},{"$f":"Inputs!$X$40*Inputs!$X$41/8760","v":5342.4657534246571},{"$f":"-Inputs!$X$45*Inputs!$X$33","v":-30000},1175.9507731568485,7.3032931169560531E-3,2.3370537974259369E-3,{"$f":"-L2083/(1.202*2465560*MAX(0,(Inputs!$X$49-O2083)))","v":1.1687496045551042},{"$f":"params!$C$15*P2083*(E2083-Inputs!$X$26)","v":-16523.318259016167},-64420.329662838107]
["1995-03-28","22:00:00",0,0,2.2000000000000002,-5.6,53,{"$f":"Inputs!$X$37*Inputs!$X$32*(E2087-Inputs!$X$26)","v":-64817.751037750291},{"$f":"Inputs!$X$33*C2087*Inputs!$X$38","v":0},{"$f":"params!$C$15*Inputs!$X$29*(E2087-Inputs!$X$26)","v":-6733.9204499999987},{"$f":"Inputs!$X$40*Inputs!$X$41/8760","v":5342.4657534246571},{"$f":"-Inputs!$X$45*Inputs!$X$33","v":-30000},714.00723647805364,4.4140129099852635E-3,2.3394268422921895E-3,{"$f":"-L2087/(1.202*2465560*MAX(0,(Inputs!$X$49-O2087)))","v":1.1690699117529706},{"$f":"params!$C$15*P2087*(E2087-Inputs!$X$26)","v":-26689.179291233599},-122898.38502555924]
["1995-03-29","01:00:00",0,0,-3.9,-6.9,77,{"$f":"Inputs!$X$37*Inputs!$X$32*(E2090-Inputs!$X$26)","v":-85725.474492347756},{"$f":"Inputs!$X$33*C2090*Inputs!$X$38","v":0},{"$f":"params!$C$15*Inputs!$X$29*(E2090-Inputs!$X$26)","v":-8906.0252249999976},{"$f":"Inputs!$X$40*Inputs!$X$41/8760","v":5342.4657534246571},{"$f":"-Inputs!$X$45*Inputs!$X$33","v":-30000},456.93292986618587,2.8175730136730305E-3,2.1695312205282334E-3,{"$f":"-L2090/(1.202*2465560*MAX(0,(Inputs!$X$49-O2090)))","v":1.1465729865420939},{"$f":"params!$C$15*P2090*(E2090-Inputs!$X$26)","v":-34618.829567473949},-153907.86353139707]
["1995-03-29","02:00:00",0,0,-4.5999999999999996,-7.2,80,{"$f":"Inputs!$X$37*Inputs!$X$32*(E2091-Inputs!$X$26)","v":-88124.721446154028},{"$f":"Inputs!$X$33*C2091*Inputs!$X$38","v":0},{"$f":"params!$C$15*Inputs!$X$29*(E2091-Inputs!$X$26)","v":-9155.2831499999975},{"$f":"Inputs!$X$40*Inputs!$X$41/8760","v":5342.4657534246571},{"$f":"-Inputs!$X$45*Inputs!$X$33","v":-30000},433.48245064523053,2.6723496801445896E-3,2.1378797441156715E-3,{"$f":"-L2091/(1.202*2465560*MAX(0,(Inputs!$X$49-O2091)))","v":1.1424771558882072},{"$f":"params!$C$15*P2091*(E2091-Inputs!$X$26)","v":-35460.598376001006},-157398.13721873038]
["1995-03-29","08:00:00",210,3,0.5,-3.4,73,{"$f":"Inputs!$X$37*Inputs!$X$32*(E2097-Inputs!$X$26)","v":-70644.493639851222},{"$f":"Inputs!$X$33*C2097*Inputs!$X$38","v":40970.280288742928},{"$f":"params!$C$15*Inputs!$X$29*(E2097-Inputs!$X$26)","v":-7339.2611249999982},{"$f":"Inputs!$X$40*Inputs!$X$41/8760","v":5342.4657534246571},{"$f":"-Inputs!$X$45*Inputs!$X$33","v":-30000},631.91436873737246,3.9033275880190387E-3,2.8494291392538985E-3,{"$f":"-L2097/(1.202*2465560*MAX(0,(Inputs!$X$49-O2097)))","v":1.2422370165204903},{"$f":"params!$C$15*P2097*(E2097-Inputs!$X$26)","v":-30908.900780983844},-92579.90950366747]
["1995-03-29","09:00:00",321,3,4.3,-4.5,50,{"$f":"Inputs!$X$37*Inputs!$X$32*(E2098-Inputs!$X$26)","v":-57620.010176331481},{"$f":"Inputs!$X$33*C2098*Inputs!$X$38","v":62625.999869935615},{"$f":"params!$C$15*Inputs!$X$29*(E2098-Inputs!$X$26)","v":-5986.1466749999981},{"$f":"Inputs!$X$40*Inputs!$X$41/8760","v":5342.4657534246571},{"$f":"-Inputs!$X$45*Inputs!$X$33","v":-30000},828.35380941680557,5.1267332981838566E-3,2.5633666490919283E-3,{"$f":"-L2098/(1.202*2465560*MAX(0,(Inputs!$X$49-O2098)))","v":1.2001077020117932},{"$f":"params!$C$15*P2098*(E2098-Inputs!$X$26)","v":-24355.347540013056},-49993.038767984268]
["1995-03-29","13:00:00",377,9,15,-5.6,22,{"$f":"Inputs!$X$37*Inputs!$X$32*(E2102-Inputs!$X$26)","v":-20945.806739578529},{"$f":"Inputs!$X$33*C2102*Inputs!$X$38","v":73551.40794693373},{"$f":"params!$C$15*Inputs!$X$29*(E2102-Inputs!$X$26)","v":-2176.0612499999993},{"$f":"Inputs!$X$40*Inputs!$X$41/8760","v":5342.4657534246571},{"$f":"-Inputs!$X$45*Inputs!$X$33","v":-30000},1700.1281023555496,1.0614273895273205E-2,2.335140256960105E-3,{"$f":"-L2102/(1.202*2465560*MAX(0,(Inputs!$X$49-O2102)))","v":1.16849144782328},{"$f":"params!$C$15*P2102*(E2102-Inputs!$X$26)","v":-8620.3203964465847},17151.68531433327]
["1995-03-29","16:00:00",107,10,14.4,-3.3,28,{"$f":"Inputs!$X$37*Inputs!$X$32*(E2105-Inputs!$X$26)","v":-23002.30412855533},{"$f":"Inputs!$X$33*C2105*Inputs!$X$38","v":20875.333289978538},{"$f":"params!$C$15*Inputs!$X$29*(E2105-Inputs!$X$26)","v":-2389.7108999999991},{"$f":"Inputs!$X$40*Inputs!$X$41/8760","v":5342.4657534246571},{"$f":"-Inputs!$X$45*Inputs!$X$33","v":-30000},1635.559113509069,1.0204541708471198E-2,2.8572716783719352E-3,{"$f":"-L2105/(1.202*2465560*MAX(0,(Inputs!$X$49-O2105)))","v":1.243433709064883},{"$f":"params!$C$15*P2105*(E2105-Inputs!$X$26)","v":-10073.833197876431},-39248.049183028568]
["1995-03-29","19:00:00",3,10,8.3000000000000007,2.2000000000000002,65,{"$f":"Inputs!$X$37*Inputs!$X$32*(E2108-Inputs!$X$26)","v":-43910.027583152805},{"$f":"Inputs!$X$33*C2108*Inputs!$X$38","v":585.2897184106132},{"$f":"params!$C$15*Inputs!$X$29*(E2108-Inputs!$X$26)","v":-4561.8156749999989},{"$f":"Inputs!$X$40*Inputs!$X$41/8760","v":5342.4657534246571},{"$f":"-Inputs!$X$45*Inputs!$X$33","v":-30000},1091.6777773743988,6.7742116984131845E-3,4.4032376039685704E-3,{"$f":"-L2108/(1.202*2465560*MAX(0,(Inputs!$X$49-O2108)))","v":1.5349108483090235},{"$f":"params!$C$15*P2108*(E2108-Inputs!$X$26)","v":-23738.192264226593},-96282.280050544126]
["1995-03-29","23:00:00",0,10,5.5,3.8,89,{"$f":"Inputs!$X$37*Inputs!$X$32*(E2112-Inputs!$X$26)","v":-53507.01539837788},{"$f":"Inputs!$X$33*C2112*Inputs!$X$38","v":0},{"$f":"params!$C$15*Inputs!$X$29*(E2112-Inputs!$X$26)","v":-5558.8473749999985},{"$f":"Inputs!$X$40*Inputs!$X$41/8760","v":5342.4657534246571},{"$f":"-Inputs!$X$45*Inputs!$X$33","v":-30000},900.71602087450731,5.5786043819837112E-3,4.964957899965503E-3,{"$f":"-L2112/(1.202*2465560*MAX(0,(Inputs!$X$49-O2112)))","v":1.6778154628208966},{"$f":"params!$C$15*P2112*(E2112-Inputs!$X$26)","v":-31619.550878672377},-115342.9478986256]
["1995-03-30","02:00:00",0,10,4.5999999999999996,3.7,94,{"$f":"Inputs!$X$37*Inputs!$X$32*(E2115-Inputs!$X$26)","v":-56591.761481843088},{"$f":"Inputs!$X$33*C2115*Inputs!$X$38","v":0},{"$f":"params!$C$15*Inputs!$X$29*(E2115-Inputs!$X$26)","v":-5879.3218499999994},{"$f":"Inputs!$X$40*Inputs!$X$41/8760","v":5342.4657534246571},{"$f":"-Inputs!$X$45*Inputs!$X$33","v":-30000},{"$f":"EXP(77.345+0.0057*(E2115+273.15)-7235/(E2115+273.15))/(E2115+273.15)^8.2","v":845.94506765830306},{"$f":"0.62198*M2115/(101325-M2115)","v":5.2365233086279096E-3},{"$f":"N2115*G2115/100","v":4.9223319101102348E-3},{"$f":"-L2115/(1.202*2465560*MAX(0,(Inputs!$X$49-O2115)))","v":1.6660447134850456},{"$f":"params!$C$15*P2115*(E2115-Inputs!$X$26)","v":-33207.841114169991},{"$f":"H2115+I2115+J2115+K2115+L2115+Q2115","v":-120336.45869258842}]
["1995-03-30","03:00:00",0,10,4.4000000000000004,3.8,96,{"$f":"Inputs!$X$37*Inputs!$X$32*(E2116-Inputs!$X$26)","v":-57277.26061150201},{"$f":"Inputs!$X$33*C2116*Inputs!$X$38","v":0},{"$f":"params!$C$15*Inputs!$X$29*(E2116-Inputs!$X$26)","v":-5950.5383999999976},{"$f":"Inputs!$X$40*Inputs!$X$41/8760","v":5342.4657534246571},{"$f":"-Inputs!$X$45*Inputs!$X$33","v":-30000},834.18129245512239,5.1630993453363316E-3,4.956575371522878E-3,{"$f":"-L2116/(1.202*2465560*MAX(0,(Inputs!$X$49-O2116)))","v":1.6754875900932606},{"$f":"params!$C$15*P2116*(E2116-Inputs!$X$26)","v":-33800.586170958879},-121685.91942903624]
["1995-03-30","09:00:00",124,10,7.2,3.8,79,{"$f":"Inputs!$X$37*Inputs!$X$32*(E2122-Inputs!$X$26)","v":-47680.27279627695},{"$f":"Inputs!$X$33*C2122*Inputs!$X$38","v":24191.97502763868},{"$f":"params!$C$15*Inputs!$X$29*(E2122-Inputs!$X$26)","v":-4953.506699999999},{"$f":"Inputs!$X$40*Inputs!$X$41/8760","v":5342.4657534246571},{"$f":"-Inputs!$X$45*Inputs!$X$33","v":-30000},1012.7753618292717,6.2796535698688054E-3,4.9609263201963565E-3,{"$f":"-L2122/(1.202*2465560*MAX(0,(Inputs!$X$49-O2122)))","v":1.6766950648221879},{"$f":"params!$C$15*P2122*(E2122-Inputs!$X$26)","v":-28157.467730841989},-81256.806446055605]
["1995-03-30","10:00:00",174,10,7.2,3.8,79,{"$f":"Inputs!$X$37*Inputs!$X$32*(E2123-Inputs!$X$26)","v":-47680.27279627695},{"$f":"Inputs!$X$33*C2123*Inputs!$X$38","v":33946.803667815562},{"$f":"params!$C$15*Inputs!$X$29*(E2123-Inputs!$X$26)","v":-4953.506699999999},{"$f":"Inputs!$X$40*Inputs!$X$41/8760","v":5342.4657534246571},{"$f":"-Inputs!$X$45*Inputs!$X$33","v":-30000},1012.7753618292717,6.2796535698688054E-3,4.9609263201963565E-3,{"$f":"-L2123/(1.202*2465560*MAX(0,(Inputs!$X$49-O2123)))","v":1.6766950648221879},{"$f":"params!$C$15*P2123*(E2123-Inputs!$X$26)","v":-28157.467730841989},-71501.97780587872]
["1995-03-30","14:00:00",220,10,11.1,0,46,{"$f":"Inputs!$X$37*Inputs!$X$32*(E2127-Inputs!$X$26)","v":-34313.039767927738},{"$f":"Inputs!$X$33*C2127*Inputs!$X$38","v":42921.246016778299},{"$f":"params!$C$15*Inputs!$X$29*(E2127-Inputs!$X$26)","v":-3564.7839749999994},{"$f":"Inputs!$X$40*Inputs!$X$41/8760","v":5342.4657534246571},{"$f":"-Inputs!$X$45*Inputs!$X$33","v":-30000},1317.4782376741875,8.1938348219052388E-3,3.7691640180764095E-3,{"$f":"-L2127/(1.202*2465560*MAX(0,(Inputs!$X$49-O2127)))","v":1.4002822880174328},{"$f":"params!$C$15*P2127*(E2127-Inputs!$X$26)","v":-16922.930335970377},-36537.042308695156]
["1995-03-30","17:00:00",91,10,5.5,2.7,82,{"$f":"Inputs!$X$37*Inputs!$X$32*(E2130-Inputs!$X$26)","v":-53507.01539837788},{"$f":"Inputs!$X$33*C2130*Inputs!$X$38","v":17753.788125121933},{"$f":"params!$C$15*Inputs!$X$29*(E2130-Inputs!$X$26)","v":-5558.8473749999985},{"$f":"Inputs!$X$40*Inputs!$X$41/8760","v":5342.4657534246571},{"$f":"-Inputs!$X$45*Inputs!$X$33","v":-30000},900.71602087450731,5.5786043819837112E-3,4.574455593226643E-3,{"$f":"-L2130/(1.202*2465560*MAX(0,(Inputs!$X$49-O2130)))","v":1.5758216896054722},{"$f":"params!$C$15*P2130*(E2130-Inputs!$X$26)","v":-29697.410230337475},-95667.019125168765]
["1995-03-30","21:00:00",0,9,3.8,1.1000000000000001,83,{"$f":"Inputs!$X$37*Inputs!$X$32*(E2134-Inputs!$X$26)","v":-59333.758000478818},{"$f":"Inputs!$X$33*C2134*Inputs!$X$38","v":0},{"$f":"params!$C$15*Inputs!$X$29*(E2134-Inputs!$X$26)","v":-6164.1880499999979},{"$f":"Inputs!$X$40*Inputs!$X$41/8760","v":5342.4657534246571},{"$f":"-Inputs!$X$45*Inputs!$X$33","v":-30000},799.75278170517424,4.9483114832316053E-3,4.107098531082232E-3,{"$f":"-L2134/(1.202*2465560*MAX(0,(Inputs!$X$49-O2134)))","v":1.4689502270746182},{"$f":"params!$C$15*P2134*(E2134-Inputs!$X$26)","v":-30697.974019091947},-120853.45431614612]
["1995-03-30",1,0,9,1.6,-0.6,85,{"$f":"Inputs!$X$37*Inputs!$X$32*(E2137-Inputs!$X$26)","v":-66874.248426727077},{"$f":"Inputs!$X$33*C2137*Inputs!$X$38","v":0},{"$f":"params!$C$15*Inputs!$X$29*(E2137-Inputs!$X$26)","v":-6947.5700999999981},{"$f":"Inputs!$X$40*Inputs!$X$41/8760","v":5342.4657534246571},{"$f":"-Inputs!$X$45*Inputs!$X$33","v":-30000},684.01504143025329,4.2273401402413606E-3,3.5932391192051564E-3,{"$f":"-L2137/(1.202*2465560*MAX(0,(Inputs!$X$49-O2137)))","v":1.3670151812682843},{"$f":"params!$C$15*P2137*(E2137-Inputs!$X$26)","v":-32198.306438749292},-130677.65921205172]
["1995-03-31","03:00:00",0,10,1.6,-1.5,79,{"$f":"Inputs!$X$37*Inputs!$X$32*(E2140-Inputs!$X$26)","v":-66874.248426727077},{"$f":"Inputs!$X$33*C2140*Inputs!$X$38","v":0},{"$f":"params!$C$15*Inputs!$X$29*(E2140-Inputs!$X$26)","v":-6947.5700999999981},{"$f":"Inputs!$X$40*Inputs!$X$41/8760","v":5342.4657534246571},{"$f":"-Inputs!$X$45*Inputs!$X$33","v":-30000},684.01504143025329,4.2273401402413606E-3,3.3395987107906751E-3,{"$f":"-L2140/(1.202*2465560*MAX(0,(Inputs!$X$49-O2140)))","v":1.3217423781921867},{"$f":"params!$C$15*P2140*(E2140-Inputs!$X$26)","v":-31131.963060299819},-129611.31583360225]
["1995-03-31","06:00:00",0,10,2.7,-1.7,72,{"$f":"Inputs!$X$37*Inputs!$X$32*(E2143-Inputs!$X$26)","v":-63104.003213602955},{"$f":"Inputs!$X$33*C2143*Inputs!$X$38","v":0},{"$f":"params!$C$15*Inputs!$X$29*(E2143-Inputs!$X$26)","v":-6555.8790749999989},{"$f":"Inputs!$X$40*Inputs!$X$41/8760","v":5342.4657534246571},{"$f":"-Inputs!$X$45*Inputs!$X$33","v":-30000},739.88380849706493,4.5751593141558633E-3,3.2941147061922218E-3,{"$f":"-L2143/(1.202*2465560*MAX(0,(Inputs!$X$49-O2143)))","v":1.3139390563368454},{"$f":"params!$C$15*P2143*(E2143-Inputs!$X$26)","v":-29203.365948444236},-123520.78248362252]
["1995-03-31","08:00:00",215,3,3.8,0,76,{"$f":"Inputs!$X$37*Inputs!$X$32*(E2145-Inputs!$X$26)","v":-59333.758000478818},{"$f":"Inputs!$X$33*C2145*Inputs!$X$38","v":41945.763152760614},{"$f":"params!$C$15*Inputs!$X$29*(E2145-Inputs!$X$26)","v":-6164.1880499999979},{"$f":"Inputs!$X$40*Inputs!$X$41/8760","v":5342.4657534246571},{"$f":"-Inputs!$X$45*Inputs!$X$33","v":-30000},799.75278170517424,4.9483114832316053E-3,3.76071672725602E-3,{"$f":"-L2145/(1.202*2465560*MAX(0,(Inputs!$X$49-O2145)))","v":1.3986479561637499},{"$f":"params!$C$15*P2145*(E2145-Inputs!$X$26)","v":-29228.804236394219},-77438.521380687758]
["1995-03-31","11:00:00",210,10,6.1,-2.8,51,{"$f":"Inputs!$X$37*Inputs!$X$32*(E2148-Inputs!$X$26)","v":-51450.518009401079},{"$f":"Inputs!$X$33*C2148*Inputs!$X$38","v":40970.280288742928},{"$f":"params!$C$15*Inputs!$X$29*(E2148-Inputs!$X$26)","v":-5345.1977249999991},{"$f":"Inputs!$X$40*Inputs!$X$41/8760","v":5342.4657534246571},{"$f":"-Inputs!$X$45*Inputs!$X$33","v":-30000},938.94793828269269,5.817609385555097E-3,2.9669807866330995E-3,{"$f":"-L2148/(1.202*2465560*MAX(0,(Inputs!$X$49-O2148)))","v":1.260419240306462},{"$f":"params!$C$15*P2148*(E2148-Inputs!$X$26)","v":-22840.497183811382},-63323.466876044869]
["1995-03-31","15:00:00",190,10,6.1,-3.9,47,{"$f":"Inputs!$X$37*Inputs!$X$32*(E2152-Inputs!$X$26)","v":-51450.518009401079},{"$f":"Inputs!$X$33*C2152*Inputs!$X$38","v":37068.348832672171},{"$f":"params!$C$15*Inputs!$X$29*(E2152-Inputs!$X$26)","v":-5345.1977249999991},{"$f":"Inputs!$X$40*Inputs!$X$41/8760","v":5342.4657534246571},{"$f":"-Inputs!$X$45*Inputs!$X$33","v":-30000},938.94793828269269,5.817609385555097E-3,2.734276411210896E-3,{"$f":"-L2152/(1.202*2465560*MAX(0,(Inputs!$X$49-O2152)))","v":1.2249273847175652},{"$f":"params!$C$15*P2152*(E2152-Inputs!$X$26)","v":-22197.33687515937},-66582.238023463622]
["1995-03-31","18:00:00",107,9,4.4000000000000004,-3.4,55,{"$f":"Inputs!$X$37*Inputs!$X$32*(E2155-Inputs!$X$26)","v":-57277.26061150201},{"$f":"Inputs!$X$33*C2155*Inputs!$X$38","v":20875.333289978538},{"$f":"params!$C$15*Inputs!$X$29*(E2155-Inputs!$X$26)","v":-5950.5383999999976},{"$f":"Inputs!$X$40*Inputs!$X$41/8760","v":5342.4657534246571},{"$f":"-Inputs!$X$45*Inputs!$X$33","v":-30000},834.18129245512239,5.1630993453363316E-3,2.8397046399349824E-3,{"$f":"-L2155/(1.202*2465560*MAX(0,(Inputs!$X$49-O2155)))","v":1.2407563508340107},{"$f":"params!$C$15*P2155*(E2155-Inputs!$X$26)","v":-25030.499898358008},-92040.499866456812]
["1995-03-31","22:00:00",0,9,2.2999999999999998,-2.5,77,{"$f":"Inputs!$X$37*Inputs!$X$32*(E2159-Inputs!$X$26)","v":-64475.00147292082},{"$f":"Inputs!$X$33*C2159*Inputs!$X$38","v":0},{"$f":"params!$C$15*Inputs!$X$29*(E2159-Inputs!$X$26)","v":-6698.3121749999982},{"$f":"Inputs!$X$40*Inputs!$X$41/8760","v":5342.4657534246571},{"$f":"-Inputs!$X$45*Inputs!$X$33","v":-30000},719.11751169528566,4.445830590236401E-3,3.4232895544820284E-3,{"$f":"-L2159/(1.202*2465560*MAX(0,(Inputs!$X$49-O2159)))","v":1.3363453843154973},{"$f":"params!$C$15*P2159*(E2159-Inputs!$X$26)","v":-30346.657016632606},-126177.50491112878]
["1991-04-01","01:00:00",0,10,2.5,-3.3,60,{"$f":"Inputs!$X$37*Inputs!$X$32*(E2162-Inputs!$X$26)","v":-63789.502343261884},{"$f":"Inputs!$X$33*C2162*Inputs!$X$38","v":0},{"$f":"params!$C$15*Inputs!$X$29*(E2162-Inputs!$X$26)","v":-6627.0956249999981},{"$f":"Inputs!$X$40*Inputs!$X$41/8760","v":5342.4657534246571},{"$f":"-Inputs!$X$45*Inputs!$X$33","v":-30000},729.435267914223,4.510081027385285E-3,2.7060486164311708E-3,{"$f":"-L2162/(1.202*2465560*MAX(0,(Inputs!$X$49-O2162)))","v":1.2207575819407139},{"$f":"params!$C$15*P2162*(E2162-Inputs!$X$26)","v":-27427.070435587022},-122501.20265042424]
["1991-04-01","04:00:00",0,10,2.8,-4.3,57,{"$f":"Inputs!$X$37*Inputs!$X$32*(E2165-Inputs!$X$26)","v":-62761.253648773483},{"$f":"Inputs!$X$33*C2165*Inputs!$X$38","v":0},{"$f":"params!$C$15*Inputs!$X$29*(E2165-Inputs!$X$26)","v":-6520.2707999999984},{"$f":"Inputs!$X$40*Inputs!$X$41/8760","v":5342.4657534246571},{"$f":"-Inputs!$X$45*Inputs!$X$33","v":-30000},745.15756711705887,4.6080118280633067E-3,2.6265667419960847E-3,{"$f":"-L2165/(1.202*2465560*MAX(0,(Inputs!$X$49-O2165)))","v":1.2091675983646308},{"$f":"params!$C$15*P2165*(E2165-Inputs!$X$26)","v":-26728.764745457906},-120667.82344080674]
["1991-04-01","07:00:00",22,10,1.7,0,88,{"$f":"Inputs!$X$37*Inputs!$X$32*(E2168-Inputs!$X$26)","v":-66531.49886189762},{"$f":"Inputs!$X$33*C2168*Inputs!$X$38","v":4292.1246016778305},{"$f":"params!$C$15*Inputs!$X$29*(E2168-Inputs!$X$26)","v":-6911.9618249999985},{"$f":"Inputs!$X$40*Inputs!$X$41/8760","v":5342.4657534246571},{"$f":"-Inputs!$X$45*Inputs!$X$33","v":-30000},688.93490744882638,4.2579539784364821E-3,3.7469995010241041E-3,{"$f":"-L2168/(1.202*2465560*MAX(0,(Inputs!$X$49-O2168)))","v":1.3960021404640228},{"$f":"params!$C$15*P2168*(E2168-Inputs!$X$26)","v":-32712.532666265754},-126521.40299806089]
["1991-04-01","09:00:00",128,10,3.9,-2.7,60,{"$f":"Inputs!$X$37*Inputs!$X$32*(E2170-Inputs!$X$26)","v":-58991.008435649353},{"$f":"Inputs!$X$33*C2170*Inputs!$X$38","v":24972.361318852829},{"$f":"params!$C$15*Inputs!$X$29*(E2170-Inputs!$X$26)","v":-6128.5797749999992},{"$f":"Inputs!$X$40*Inputs!$X$41/8760","v":5342.4657534246571},{"$f":"-Inputs!$X$45*Inputs!$X$33","v":-30000},805.40210224974328,4.9835455974153575E-3,2.9901273584492143E-3,{"$f":"-L2170/(1.202*2465560*MAX(0,(Inputs!$X$49-O2170)))","v":1.2640623225622172},{"$f":"params!$C$15*P2170*(E2170-Inputs!$X$26)","v":-26263.650145809635},-91068.411284181493]
["1991-04-01","13:00:00",197,10,4.4000000000000004,1.7,83,{"$f":"Inputs!$X$37*Inputs!$X$32*(E2174-Inputs!$X$26)","v":-57277.26061150201},{"$f":"Inputs!$X$33*C2174*Inputs!$X$38","v":38434.024842296938},{"$f":"params!$C$15*Inputs!$X$29*(E2174-Inputs!$X$26)","v":-5950.5383999999976},{"$f":"Inputs!$X$40*Inputs!$X$41/8760","v":5342.4657534246571},{"$f":"-Inputs!$X$45*Inputs!$X$33","v":-30000},834.18129245512239,5.1630993453363316E-3,4.2853724566291555E-3,{"$f":"-L2174/(1.202*2465560*MAX(0,(Inputs!$X$49-O2174)))","v":1.5079609309755244},{"$f":"params!$C$15*P2174*(E2174-Inputs!$X$26)","v":-30420.973387836613},-79872.281803617021]
["1991-04-01","16:00:00",148,10,5.6,1.1000000000000001,73,{"$f":"Inputs!$X$37*Inputs!$X$32*(E2177-Inputs!$X$26)","v":-53164.265833548416},{"$f":"Inputs!$X$33*C2177*Inputs!$X$38","v":28874.292774923586},{"$f":"params!$C$15*Inputs!$X$29*(E2177-Inputs!$X$26)","v":-5523.2390999999989},{"$f":"Inputs!$X$40*Inputs!$X$41/8760","v":5342.4657534246571},{"$f":"-Inputs!$X$45*Inputs!$X$33","v":-30000},906.99088692947566,5.6178189234680556E-3,4.1010078141316807E-3,{"$f":"-L2177/(1.202*2465560*MAX(0,(Inputs!$X$49-O2177)))","v":1.4676530547049145},{"$f":"params!$C$15*P2177*(E2177-Inputs!$X$26)","v":-27481.725747537555},-81952.472152737726]
["1991-04-01","19:00:00",4,10,3.9,-1,70,{"$f":"Inputs!$X$37*Inputs!$X$32*(E2180-Inputs!$X$26)","v":-58991.008435649353},{"$f":"Inputs!$X$33*C2180*Inputs!$X$38","v":780.3862912141509},{"$f":"params!$C$15*Inputs!$X$29*(E2180-Inputs!$X$26)","v":-6128.5797749999992},{"$f":"Inputs!$X$40*Inputs!$X$41/8760","v":5342.4657534246571},{"$f":"-Inputs!$X$45*Inputs!$X$33","v":-30000},805.40210224974328,4.9835455974153575E-3,3.4884819181907499E-3,{"$f":"-L2180/(1.202*2465560*MAX(0,(Inputs!$X$49-O2180)))","v":1.3479461532882659},{"$f":"params!$C$15*P2180*(E2180-Inputs!$X$26)","v":-28006.519578555366},-117003.25574456592]
["1991-04-01","23:00:00",0,10,2.2000000000000002,-3.8,62,{"$f":"Inputs!$X$37*Inputs!$X$32*(E2184-Inputs!$X$26)","v":-64817.751037750291},{"$f":"Inputs!$X$33*C2184*Inputs!$X$38","v":0},{"$f":"params!$C$15*Inputs!$X$29*(E2184-Inputs!$X$26)","v":-6733.9204499999987},{"$f":"Inputs!$X$40*Inputs!$X$41/8760","v":5342.4657534246571},{"$f":"-Inputs!$X$45*Inputs!$X$33","v":-30000},714.00723647805364,4.4140129099852635E-3,2.7366880041908631E-3,{"$f":"-L2184/(1.202*2465560*MAX(0,(Inputs!$X$49-O2184)))","v":1.2252849457982344},{"$f":"params!$C$15*P2184*(E2184-Inputs!$X$26)","v":-27972.535493812757},-124181.7412281384]
["1991-04-02","02:00:00",0,9,2.2000000000000002,-3.2,65,{"$f":"Inputs!$X$37*Inputs!$X$32*(E2187-Inputs!$X$26)","v":-64817.751037750291},{"$f":"Inputs!$X$33*C2187*Inputs!$X$38","v":0},{"$f":"params!$C$15*Inputs!$X$29*(E2187-Inputs!$X$26)","v":-6733.9204499999987},{"$f":"Inputs!$X$40*Inputs!$X$41/8760","v":5342.4657534246571},{"$f":"-Inputs!$X$45*Inputs!$X$33","v":-30000},714.00723647805364,4.4140129099852635E-3,2.8691083914904212E-3,{"$f":"-L2187/(1.202*2465560*MAX(0,(Inputs!$X$49-O2187)))","v":1.2452442447560026},{"$f":"params!$C$15*P2187*(E2187-Inputs!$X$26)","v":-28428.19456351925},-124637.4002978449]
["1991-04-02","05:00:00",0,10,-0.5,-2.7,83,{"$f":"Inputs!$X$37*Inputs!$X$32*(E2190-Inputs!$X$26)","v":-74071.989288145895},{"$f":"Inputs!$X$33*C2190*Inputs!$X$38","v":0},{"$f":"params!$C$15*Inputs!$X$29*(E2190-Inputs!$X$26)","v":-7695.3438749999978},{"$f":"Inputs!$X$40*Inputs!$X$41/8760","v":5342.4657534246571},{"$f":"-Inputs!$X$45*Inputs!$X$33","v":-30000},587.63383249384253,3.6282117057415651E-3,3.0114157157654993E-3,{"$f":"-L2190/(1.202*2465560*MAX(0,(Inputs!$X$49-O2190)))","v":1.267431578091111},{"$f":"params!$C$15*P2190*(E2190-Inputs!$X$26)","v":-33065.820910169394},-139490.68831989064]
["1991-04-02","08:00:00",72,10,1.7,-4.9000000000000004,59,{"$f":"Inputs!$X$37*Inputs!$X$32*(E2193-Inputs!$X$26)","v":-66531.49886189762},{"$f":"Inputs!$X$33*C2193*Inputs!$X$38","v":14046.953241854717},{"$f":"params!$C$15*Inputs!$X$29*(E2193-Inputs!$X$26)","v":-6911.9618249999985},{"$f":"Inputs!$X$40*Inputs!$X$41/8760","v":5342.4657534246571},{"$f":"-Inputs!$X$45*Inputs!$X$33","v":-30000},688.93490744882638,4.2579539784364821E-3,2.5121928472775245E-3,{"$f":"-L2193/(1.202*2465560*MAX(0,(Inputs!$X$49-O2193)))","v":1.1928706772687001},{"$f":"params!$C$15*P2193*(E2193-Inputs!$X$26)","v":-27952.550978046696},-112006.59266966494]
["1991-04-02","10:00:00",428,9,2.8,-5.5,52,{"$f":"Inputs!$X$37*Inputs!$X$32*(E2195-Inputs!$X$26)","v":-62761.253648773483},{"$f":"Inputs!$X$33*C2195*Inputs!$X$38","v":83501.333159914153},{"$f":"params!$C$15*Inputs!$X$29*(E2195-Inputs!$X$26)","v":-6520.2707999999984},{"$f":"Inputs!$X$40*Inputs!$X$41/8760","v":5342.4657534246571},{"$f":"-Inputs!$X$45*Inputs!$X$33","v":-30000},745.15756711705887,4.6080118280633067E-3,2.3961661505929196E-3,{"$f":"-L2195/(1.202*2465560*MAX(0,(Inputs!$X$49-O2195)))","v":1.1767810586833147},{"$f":"params!$C$15*P2195*(E2195-Inputs!$X$26)","v":-26012.857206062949},-36450.582741497623]
["1991-04-02","14:00:00",224,10,3.3,-6,48,{"$f":"Inputs!$X$37*Inputs!$X$32*(E2199-Inputs!$X$26)","v":-61047.505824626147},{"$f":"Inputs!$X$33*C2199*Inputs!$X$38","v":43701.632307992455},{"$f":"params!$C$15*Inputs!$X$29*(E2199-Inputs!$X$26)","v":-6342.2294249999977},{"$f":"Inputs!$X$40*Inputs!$X$41/8760","v":5342.4657534246571},{"$f":"-Inputs!$X$45*Inputs!$X$33","v":-30000},772.02842975916951,4.7754555160627581E-3,2.2922186477101238E-3,{"$f":"-L2199/(1.202*2465560*MAX(0,(Inputs!$X$49-O2199)))","v":1.1627306921029303},{"$f":"params!$C$15*P2199*(E2199-Inputs!$X$26)","v":-25000.450755027341},-73346.087943236373]
["1991-04-02","17:00:00",95,10,3.3,-4.3,55,{"$f":"Inputs!$X$37*Inputs!$X$32*(E2202-Inputs!$X$26)","v":-61047.505824626147},{"$f":"Inputs!$X$33*C2202*Inputs!$X$38","v":18534.174416336085},{"$f":"params!$C$15*Inputs!$X$29*(E2202-Inputs!$X$26)","v":-6342.2294249999977},{"$f":"Inputs!$X$40*Inputs!$X$41/8760","v":5342.4657534246571},{"$f":"-Inputs!$X$45*Inputs!$X$33","v":-30000},772.02842975916951,4.7754555160627581E-3,2.6265005338345169E-3,{"$f":"-L2202/(1.202*2465560*MAX(0,(Inputs!$X$49-O2202)))","v":1.2091580356788665},{"$f":"params!$C$15*P2202*(E2202-Inputs!$X$26)","v":-25998.708154303229},-99511.803234168619]
["1991-04-02","20:00:00",0,10,2.2000000000000002,-5.5,54,{"$f":"Inputs!$X$37*Inputs!$X$32*(E2205-Inputs!$X$26)","v":-64817.751037750291},{"$f":"Inputs!$X$33*C2205*Inputs!$X$38","v":0},{"$f":"params!$C$15*Inputs!$X$29*(E2205-Inputs!$X$26)","v":-6733.9204499999987},{"$f":"Inputs!$X$40*Inputs!$X$41/8760","v":5342.4657534246571},{"$f":"-Inputs!$X$45*Inputs!$X$33","v":-30000},714.00723647805364,4.4140129099852635E-3,2.3835669713920425E-3,{"$f":"-L2205/(1.202*2465560*MAX(0,(Inputs!$X$49-O2205)))","v":1.1750599957459598},{"$f":"params!$C$15*P2205*(E2205-Inputs!$X$26)","v":-26825.929389795896},-123035.13512412155]
["1991-04-02",1,0,10,1.1000000000000001,-6,56,{"$f":"Inputs!$X$37*Inputs!$X$32*(E2209-Inputs!$X$26)","v":-68587.996250874421},{"$f":"Inputs!$X$33*C2209*Inputs!$X$38","v":0},{"$f":"params!$C$15*Inputs!$X$29*(E2209-Inputs!$X$26)","v":-7125.6114749999979},{"$f":"Inputs!$X$40*Inputs!$X$41/8760","v":5342.4657534246571},{"$f":"-Inputs!$X$45*Inputs!$X$33","v":-30000},659.87933273383078,4.077199179350414E-3,2.2832315404362319E-3,{"$f":"-L2209/(1.202*2465560*MAX(0,(Inputs!$X$49-O2209)))","v":1.1615316652634347},{"$f":"params!$C$15*P2209*(E2209-Inputs!$X$26)","v":-28059.501221990155},-128430.64319443992]
["1991-04-03","03:00:00",0,9,-3.2,-6.6,75,{"$f":"Inputs!$X$37*Inputs!$X$32*(E2212-Inputs!$X$26)","v":-83326.227538541498},{"$f":"Inputs!$X$33*C2212*Inputs!$X$38","v":0},{"$f":"params!$C$15*Inputs!$X$29*(E2212-Inputs!$X$26)","v":-8656.7672999999977},{"$f":"Inputs!$X$40*Inputs!$X$41/8760","v":5342.4657534246571},{"$f":"-Inputs!$X$45*Inputs!$X$33","v":-30000},481.50379019800954,2.9698070642482145E-3,2.227355298186161E-3,{"$f":"-L2212/(1.202*2465560*MAX(0,(Inputs!$X$49-O2212)))","v":1.1541319925074567},{"$f":"params!$C$15*P2212*(E2212-Inputs!$X$26)","v":-33871.776704191871},-150512.30578930871]
["1991-04-03","05:00:00",0,3,-3.2,-6,79,{"$f":"Inputs!$X$37*Inputs!$X$32*(E2214-Inputs!$X$26)","v":-83326.227538541498},{"$f":"Inputs!$X$33*C2214*Inputs!$X$38","v":0},{"$f":"params!$C$15*Inputs!$X$29*(E2214-Inputs!$X$26)","v":-8656.7672999999977},{"$f":"Inputs!$X$40*Inputs!$X$41/8760","v":5342.4657534246571},{"$f":"-Inputs!$X$45*Inputs!$X$33","v":-30000},481.50379019800954,2.9698070642482145E-3,2.3461475807560893E-3,{"$f":"-L2214/(1.202*2465560*MAX(0,(Inputs!$X$49-O2214)))","v":1.169978012362441},{"$f":"params!$C$15*P2214*(E2214-Inputs!$X$26)","v":-34336.829964705095},-150977.35904982194]
["1991-04-03","08:00:00",274,0,0.6,-4.3,67,{"$f":"Inputs!$X$37*Inputs!$X$32*(E2217-Inputs!$X$26)","v":-70301.74407502175},{"$f":"Inputs!$X$33*C2217*Inputs!$X$38","v":53456.460948169348},{"$f":"params!$C$15*Inputs!$X$29*(E2217-Inputs!$X$26)","v":-7303.6528499999977},{"$f":"Inputs!$X$40*Inputs!$X$41/8760","v":5342.4657534246571},{"$f":"-Inputs!$X$45*Inputs!$X$33","v":-30000},636.50097539783337,3.931838099813293E-3,2.6343315268749063E-3,{"$f":"-L2217/(1.202*2465560*MAX(0,(Inputs!$X$49-O2217)))","v":1.2102901445403818},{"$f":"params!$C$15*P2217*(E2217-Inputs!$X$26)","v":-29967.904335912728},-78774.374559340475]
["1991-04-03","11:00:00",782,0,7.2,-5.5,38,{"$f":"Inputs!$X$37*Inputs!$X$32*(E2220-Inputs!$X$26)","v":-47680.27279627695},{"$f":"Inputs!$X$33*C2220*Inputs!$X$38","v":152565.5199323665},{"$f":"params!$C$15*Inputs!$X$29*(E2220-Inputs!$X$26)","v":-4953.506699999999},{"$f":"Inputs!$X$40*Inputs!$X$41/8760","v":5342.4657534246571},{"$f":"-Inputs!$X$45*Inputs!$X$33","v":-30000},1012.7753618292717,6.2796535698688054E-3,2.3862683565501462E-3,{"$f":"-L2220/(1.202*2465560*MAX(0,(Inputs!$X$49-O2220)))","v":1.1754285840812069},{"$f":"params!$C$15*P2220*(E2220-Inputs!$X$26)","v":-19739.482223433268},55534.723966080928]
["1991-04-03","15:00:00",704,0,11.1,-8.8000000000000007,22,{"$f":"Inputs!$X$37*Inputs!$X$32*(E2224-Inputs!$X$26)","v":-34313.039767927738},{"$f":"Inputs!$X$33*C2224*Inputs!$X$38","v":137347.98725369058},{"$f":"params!$C$15*Inputs!$X$29*(E2224-Inputs!$X$26)","v":-3564.7839749999994},{"$f":"Inputs!$X$40*Inputs!$X$41/8760","v":5342.4657534246571},{"$f":"-Inputs!$X$45*Inputs!$X$33","v":-30000},1317.4782376741875,8.1938348219052388E-3,1.8026436608191527E-3,{"$f":"-L2224/(1.202*2465560*MAX(0,(Inputs!$X$49-O2224)))","v":1.1008270449722548},{"$f":"params!$C$15*P2224*(E2224-Inputs!$X$26)","v":-13303.90275834559},61508.7265058419]
["1991-04-03","18:00:00",147,0,10.6,-7.7,25,{"$f":"Inputs!$X$37*Inputs!$X$32*(E2227-Inputs!$X$26)","v":-36026.787592075074},{"$f":"Inputs!$X$33*C2227*Inputs!$X$38","v":28679.196202120049},{"$f":"params!$C$15*Inputs!$X$29*(E2227-Inputs!$X$26)","v":-3742.8253499999992},{"$f":"Inputs!$X$40*Inputs!$X$41/8760","v":5342.4657534246571},{"$f":"-Inputs!$X$45*Inputs!$X$33","v":-30000},1274.3740285685947,7.922340820890262E-3,1.9805852052225655E-3,{"$f":"-L2227/(1.202*2465560*MAX(0,(Inputs!$X$49-O2227)))","v":1.1225490832399949},{"$f":"params!$C$15*P2227*(E2227-Inputs!$X$26)","v":-14243.989868494928},-49991.940855025299]
["1991-04-03","21:00:00",0,0,0,-5.5,63,{"$f":"Inputs!$X$37*Inputs!$X$32*(E2230-Inputs!$X$26)","v":-72358.241463998565},{"$f":"Inputs!$X$33*C2230*Inputs!$X$38","v":0},{"$f":"params!$C$15*Inputs!$X$29*(E2230-Inputs!$X$26)","v":-7517.302499999998},{"$f":"Inputs!$X$40*Inputs!$X$41/8760","v":5342.4657534246571},{"$f":"-Inputs!$X$45*Inputs!$X$33","v":-30000},609.41773586642103,3.7635253138895938E-3,2.3710209477504438E-3,{"$f":"-L2230/(1.202*2465560*MAX(0,(Inputs!$X$49-O2230)))","v":1.1733511890027108},{"$f":"params!$C$15*P2230*(E2230-Inputs!$X$26)","v":-29903.140327773232},-134436.21853834714]
["1991-04-04","01:00:00",0,0,-2.7,-5.5,79,{"$f":"Inputs!$X$37*Inputs!$X$32*(E2234-Inputs!$X$26)","v":-81612.479714394154},{"$f":"Inputs!$X$33*C2234*Inputs!$X$38","v":0},{"$f":"params!$C$15*Inputs!$X$29*(E2234-Inputs!$X$26)","v":-8478.725924999997},{"$f":"Inputs!$X$40*Inputs!$X$41/8760","v":5342.4657534246571},{"$f":"-Inputs!$X$45*Inputs!$X$33","v":-30000},499.76577217972965,3.0830011689135092E-3,2.4355709234416723E-3,{"$f":"-L2234/(1.202*2465560*MAX(0,(Inputs!$X$49-O2234)))","v":1.1821964887453069},{"$f":"params!$C$15*P2234*(E2234-Inputs!$X$26)","v":-33981.849826985948},-148730.58971295544]
["1991-04-04","04:00:00",0,0,-4.3,-6.6,82,{"$f":"Inputs!$X$37*Inputs!$X$32*(E2237-Inputs!$X$26)","v":-87096.472751665642},{"$f":"Inputs!$X$33*C2237*Inputs!$X$38","v":0},{"$f":"params!$C$15*Inputs!$X$29*(E2237-Inputs!$X$26)","v":-9048.4583249999978},{"$f":"Inputs!$X$40*Inputs!$X$41/8760","v":5342.4657534246571},{"$f":"-Inputs!$X$45*Inputs!$X$33","v":-30000},443.39835409297098,2.7337483126680237E-3,2.2416736163877794E-3,{"$f":"-L2237/(1.202*2465560*MAX(0,(Inputs!$X$49-O2237)))","v":1.1560191637575676},{"$f":"params!$C$15*P2237*(E2237-Inputs!$X$26)","v":-35462.257449075121},-156264.7227723161]
["1991-04-04","06:00:00",0,0,-5.5,-7.7,83,{"$f":"Inputs!$X$37*Inputs!$X$32*(E2239-Inputs!$X$26)","v":-91209.467529619229},{"$f":"Inputs!$X$33*C2239*Inputs!$X$38","v":0},{"$f":"params!$C$15*Inputs!$X$29*(E2239-Inputs!$X$26)","v":-9475.7576249999984},{"$f":"Inputs!$X$40*Inputs!$X$41/8760","v":5342.4657534246571},{"$f":"-Inputs!$X$45*Inputs!$X$33","v":-30000},404.90668464743334,2.4954778720829678E-3,2.0712466338288632E-3,{"$f":"-L2239/(1.202*2465560*MAX(0,(Inputs!$X$49-O2239)))","v":1.1339494913094172},{"$f":"params!$C$15*P2239*(E2239-Inputs!$X$26)","v":-36427.922876439625},-161770.68227763422]
["1991-04-04","09:00:00",394,2,4.4000000000000004,-2.7,58,{"$f":"Inputs!$X$37*Inputs!$X$32*(E2242-Inputs!$X$26)","v":-57277.26061150201},{"$f":"Inputs!$X$33*C2242*Inputs!$X$38","v":76868.049684593876},{"$f":"params!$C$15*Inputs!$X$29*(E2242-Inputs!$X$26)","v":-5950.5383999999976},{"$f":"Inputs!$X$40*Inputs!$X$41/8760","v":5342.4657534246571},{"$f":"-Inputs!$X$45*Inputs!$X$33","v":-30000},834.18129245512239,5.1630993453363316E-3,2.9945976202950726E-3,{"$f":"-L2242/(1.202*2465560*MAX(0,(Inputs!$X$49-O2242)))","v":1.2647683331618018},{"$f":"params!$C$15*P2242*(E2242-Inputs!$X$26)","v":-25514.907591142452},-36532.191164625925]
["1991-04-04","12:00:00",767,3,17.2,-0.5,30,{"$f":"Inputs!$X$37*Inputs!$X$32*(E2245-Inputs!$X$26)","v":-13405.316313330261},{"$f":"Inputs!$X$33*C2245*Inputs!$X$38","v":149639.07134031344},{"$f":"params!$C$15*Inputs!$X$29*(E2245-Inputs!$X$26)","v":-1392.6791999999998},{"$f":"Inputs!$X$40*Inputs!$X$41/8760","v":5342.4657534246571},{"$f":"-Inputs!$X$45*Inputs!$X$33","v":-30000},1956.433941157356,1.2245952930431422E-2,3.6737858791294265E-3,{"$f":"-L2245/(1.202*2465560*MAX(0,(Inputs!$X$49-O2245)))","v":1.3820481017482547},{"$f":"params!$C$15*P2245*(E2245-Inputs!$X$26)","v":-6525.3078026724625},103658.23377773535]
["1991-04-04","16:00:00",208,9,19.399999999999999,-3.8,20,{"$f":"Inputs!$X$37*Inputs!$X$32*(E2249-Inputs!$X$26)","v":-5864.8258870819918},{"$f":"Inputs!$X$33*C2249*Inputs!$X$38","v":40580.087143135846},{"$f":"params!$C$15*Inputs!$X$29*(E2249-Inputs!$X$26)","v":-609.29715000000022},{"$f":"Inputs!$X$40*Inputs!$X$41/8760","v":5342.4657534246571},{"$f":"-Inputs!$X$45*Inputs!$X$33","v":-30000},2246.0039599790603,1.4099552870554911E-2,2.819910574110982E-3,{"$f":"-L2249/(1.202*2465560*MAX(0,(Inputs!$X$49-O2249)))","v":1.2377533571518187},{"$f":"params!$C$15*P2249*(E2249-Inputs!$X$26)","v":-2556.7602984896889},6891.6695609888247]
["1991-04-04","19:00:00",8,9,15.6,0.6,36,{"$f":"Inputs!$X$37*Inputs!$X$32*(E2252-Inputs!$X$26)","v":-18889.309350601729},{"$f":"Inputs!$X$33*C2252*Inputs!$X$38","v":1560.7725824283018},{"$f":"params!$C$15*Inputs!$X$29*(E2252-Inputs!$X$26)","v":-1962.4115999999995},{"$f":"Inputs!$X$40*Inputs!$X$41/8760","v":5342.4657534246571},{"$f":"-Inputs!$X$45*Inputs!$X$33","v":-30000},1766.9242403471044,1.1038698072712965E-2,3.9739313061766673E-3,{"$f":"-L2252/(1.202*2465560*MAX(0,(Inputs!$X$49-O2252)))","v":1.4411019755808603},{"$f":"params!$C$15*P2252*(E2252-Inputs!$X$26)","v":-9587.6367231582281},-53536.119337906995]
["1991-04-04","22:00:00",0,3,5,1.1000000000000001,76,{"$f":"Inputs!$X$37*Inputs!$X$32*(E2255-Inputs!$X$26)","v":-55220.763222525216},{"$f":"Inputs!$X$33*C2255*Inputs!$X$38","v":0},{"$f":"params!$C$15*Inputs!$X$29*(E2255-Inputs!$X$26)","v":-5736.8887499999983},{"$f":"Inputs!$X$40*Inputs!$X$41/8760","v":5342.4657534246571},{"$f":"-Inputs!$X$45*Inputs!$X$33","v":-30000},869.91328556198641,5.3861748872103517E-3,4.0934929142798669E-3,{"$f":"-L2255/(1.202*2465560*MAX(0,(Inputs!$X$49-O2255)))","v":1.4660557202282252},{"$f":"params!$C$15*P2255*(E2255-Inputs!$X$26)","v":-28513.705464786639},-114128.8916838872]
["1991-04-05","02:00:00",0,10,8.3000000000000007,2.8,68,{"$f":"Inputs!$X$37*Inputs!$X$32*(E2259-Inputs!$X$26)","v":-43910.027583152805},{"$f":"Inputs!$X$33*C2259*Inputs!$X$38","v":0},{"$f":"params!$C$15*Inputs!$X$29*(E2259-Inputs!$X$26)","v":-4561.8156749999989},{"$f":"Inputs!$X$40*Inputs!$X$41/8760","v":5342.4657534246571},{"$f":"-Inputs!$X$45*Inputs!$X$33","v":-30000},1091.6777773743988,6.7742116984131845E-3,4.606463954920966E-3,{"$f":"-L2259/(1.202*2465560*MAX(0,(Inputs!$X$49-O2259)))","v":1.5837129390779112},{"$f":"params!$C$15*P2259*(E2259-Inputs!$X$26)","v":-24492.941906425262},-97622.31941115341]
["1991-04-05","05:00:00",0,10,9.4,5,74,{"$f":"Inputs!$X$37*Inputs!$X$32*(E2262-Inputs!$X$26)","v":-40139.782370028675},{"$f":"Inputs!$X$33*C2262*Inputs!$X$38","v":0},{"$f":"params!$C$15*Inputs!$X$29*(E2262-Inputs!$X$26)","v":-4170.1246499999988},{"$f":"Inputs!$X$40*Inputs!$X$41/8760","v":5342.4657534246571},{"$f":"-Inputs!$X$45*Inputs!$X$33","v":-30000},1175.9507731568485,7.3032931169560531E-3,5.4044369065474798E-3,{"$f":"-L2262/(1.202*2465560*MAX(0,(Inputs!$X$49-O2262)))","v":1.8096324858476593},{"$f":"params!$C$15*P2262*(E2262-Inputs!$X$26)","v":-25583.866192534537},-94551.307459138552]
["1991-04-05","07:00:00",26,10,11.7,5.6,66,{"$f":"Inputs!$X$37*Inputs!$X$32*(E2264-Inputs!$X$26)","v":-32256.542378950937},{"$f":"Inputs!$X$33*C2264*Inputs!$X$38","v":5072.5108928919808},{"$f":"params!$C$15*Inputs!$X$29*(E2264-Inputs!$X$26)","v":-3351.1343249999995},{"$f":"Inputs!$X$40*Inputs!$X$41/8760","v":5342.4657534246571},{"$f":"-Inputs!$X$45*Inputs!$X$33","v":-30000},1370.8930463882082,8.5305955200846006E-3,5.6301930432558368E-3,{"$f":"-L2264/(1.202*2465560*MAX(0,(Inputs!$X$49-O2264)))","v":1.8857368980560822},{"$f":"params!$C$15*P2264*(E2264-Inputs!$X$26)","v":-21423.957071647288},-76616.657129281579]
["1991-04-05","10:00:00",182,10,13.9,8.3000000000000007,69,{"$f":"Inputs!$X$37*Inputs!$X$32*(E2267-Inputs!$X$26)","v":-24716.051952702663},{"$f":"Inputs!$X$33*C2267*Inputs!$X$38","v":35507.576250243867},{"$f":"params!$C$15*Inputs!$X$29*(E2267-Inputs!$X$26)","v":-2567.7522749999994},{"$f":"Inputs!$X$40*Inputs!$X$41/8760","v":5342.4657534246571},{"$f":"-Inputs!$X$45*Inputs!$X$33","v":-30000},1583.4071170108264,9.873990681036721E-3,6.8130535699153375E-3,{"$f":"-L2267/(1.202*2465560*MAX(0,(Inputs!$X$49-O2267)))","v":2.4186973057279477},{"$f":"params!$C$15*P2267*(E2267-Inputs!$X$26)","v":-21055.298258588016},-37489.060482622153]
["1991-04-05","13:00:00",240,10,15.6,8.9,64,{"$f":"Inputs!$X$37*Inputs!$X$32*(E2270-Inputs!$X$26)","v":-18889.309350601729},{"$f":"Inputs!$X$33*C2270*Inputs!$X$38","v":46823.177472849056},{"$f":"params!$C$15*Inputs!$X$29*(E2270-Inputs!$X$26)","v":-1962.4115999999995},{"$f":"Inputs!$X$40*Inputs!$X$41/8760","v":5342.4657534246571},{"$f":"-Inputs!$X$45*Inputs!$X$33","v":-30000},1766.9242403471044,1.1038698072712965E-2,7.0647667665362981E-3,{"$f":"-L2270/(1.202*2465560*MAX(0,(Inputs!$X$49-O2270)))","v":2.5734741943691892},{"$f":"params!$C$15*P2270*(E2270-Inputs!$X$26)","v":-17121.297527948358},-15807.375252276372]
["1991-04-05","17:00:00",97,10,15.6,10.6,72,{"$f":"Inputs!$X$37*Inputs!$X$32*(E2274-Inputs!$X$26)","v":-18889.309350601729},{"$f":"Inputs!$X$33*C2274*Inputs!$X$38","v":18924.36756194316},{"$f":"params!$C$15*Inputs!$X$29*(E2274-Inputs!$X$26)","v":-1962.4115999999995},{"$f":"Inputs!$X$40*Inputs!$X$41/8760","v":5342.4657534246571},{"$f":"-Inputs!$X$45*Inputs!$X$33","v":-30000},1766.9242403471044,1.1038698072712965E-2,7.9478626123533347E-3,{"$f":"-L2274/(1.202*2465560*MAX(0,(Inputs!$X$49-O2274)))","v":3.3184932626126717},{"$f":"params!$C$15*P2274*(E2274-Inputs!$X$26)","v":-22077.901778848256},-48662.789414082166]
["1991-04-05","20:00:00",0,10,13.3,9.4,77,{"$f":"Inputs!$X$37*Inputs!$X$32*(E2277-Inputs!$X$26)","v":-26772.549341679463},{"$f":"Inputs!$X$33*C2277*Inputs!$X$38","v":0},{"$f":"params!$C$15*Inputs!$X$29*(E2277-Inputs!$X$26)","v":-2781.4019249999988},{"$f":"Inputs!$X$40*Inputs!$X$41/8760","v":5342.4657534246571},{"$f":"-Inputs!$X$45*Inputs!$X$33","v":-30000},1522.7575650660701,9.4900147252429956E-3,7.3073113384371068E-3,{"$f":"-L2277/(1.202*2465560*MAX(0,(Inputs!$X$49-O2277)))","v":2.7425845451230533},{"$f":"params!$C$15*P2277*(E2277-Inputs!$X$26)","v":-25861.310555982825},-80072.796069237636]
["1991-04-05","23:00:00",0,9,10,7.2,83,{"$f":"Inputs!$X$37*Inputs!$X$32*(E2280-Inputs!$X$26)","v":-38083.284981051875},{"$f":"Inputs!$X$33*C2280*Inputs!$X$38","v":0},{"$f":"params!$C$15*Inputs!$X$29*(E2280-Inputs!$X$26)","v":-3956.474999999999},{"$f":"Inputs!$X$40*Inputs!$X$41/8760","v":5342.4657534246571},{"$f":"-Inputs!$X$45*Inputs!$X$33","v":-30000},1224.2915728566036,7.6071876458255446E-3,6.3139657460352019E-3,{"$f":"-L2280/(1.202*2465560*MAX(0,(Inputs!$X$49-O2280)))","v":2.1609988479850566},{"$f":"params!$C$15*P2280*(E2280-Inputs!$X$26)","v":-28986.095285794963},-95683.389513422182]
["1991-04-06","03:00:00",0,0,6.1,5,93,{"$f":"Inputs!$X$37*Inputs!$X$32*(E2284-Inputs!$X$26)","v":-51450.518009401079},{"$f":"Inputs!$X$33*C2284*Inputs!$X$38","v":0},{"$f":"params!$C$15*Inputs!$X$29*(E2284-Inputs!$X$26)","v":-5345.1977249999991},{"$f":"Inputs!$X$40*Inputs!$X$41/8760","v":5342.4657534246571},{"$f":"-Inputs!$X$45*Inputs!$X$33","v":-30000},938.94793828269269,5.817609385555097E-3,5.4103767285662409E-3,{"$f":"-L2284/(1.202*2465560*MAX(0,(Inputs!$X$49-O2284)))","v":1.8115560841647307},{"$f":"params!$C$15*P2284*(E2284-Inputs!$X$26)","v":-32827.840384775795},-114281.09036575223]
["1991-04-06","04:00:00",0,0,7.8,6.7,93,{"$f":"Inputs!$X$37*Inputs!$X$32*(E2285-Inputs!$X$26)","v":-45623.775407300142},{"$f":"Inputs!$X$33*C2285*Inputs!$X$38","v":0},{"$f":"params!$C$15*Inputs!$X$29*(E2285-Inputs!$X$26)","v":-4739.8570499999987},{"$f":"Inputs!$X$40*Inputs!$X$41/8760","v":5342.4657534246571},{"$f":"-Inputs!$X$45*Inputs!$X$33","v":-30000},1055.1653507694125,6.5452560799310663E-3,6.0870881543358913E-3,{"$f":"-L2285/(1.202*2465560*MAX(0,(Inputs!$X$49-O2285)))","v":2.0611694122467337},{"$f":"params!$C$15*P2285*(E2285-Inputs!$X$26)","v":-33121.171323635812},-108142.33802751129]
["1991-04-06","08:00:00",284,0,9.4,7.8,90,{"$f":"Inputs!$X$37*Inputs!$X$32*(E2289-Inputs!$X$26)","v":-40139.782370028675},{"$f":"Inputs!$X$33*C2289*Inputs!$X$38","v":55407.426676204719},{"$f":"params!$C$15*Inputs!$X$29*(E2289-Inputs!$X$26)","v":-4170.1246499999988},{"$f":"Inputs!$X$40*Inputs!$X$41/8760","v":5342.4657534246571},{"$f":"-Inputs!$X$45*Inputs!$X$33","v":-30000},1175.9507731568485,7.3032931169560531E-3,6.572963805260448E-3,{"$f":"-L2289/(1.202*2465560*MAX(0,(Inputs!$X$49-O2289)))","v":2.2874742435636786},{"$f":"params!$C$15*P2289*(E2289-Inputs!$X$26)","v":-32339.403400348172},-45899.417990747468]
["1991-04-06","11:00:00",708,2,21.7,10.6,49,{"$f":"Inputs!$X$37*Inputs!$X$32*(E2292-Inputs!$X$26)","v":2018.4141039957483},{"$f":"Inputs!$X$33*C2292*Inputs!$X$38","v":138128.37354490472},{"$f":"params!$C$15*Inputs!$X$29*(E2292-Inputs!$X$26)","v":209.69317499999983},{"$f":"Inputs!$X$40*Inputs!$X$41/8760","v":5342.4657534246571},{"$f":"-Inputs!$X$45*Inputs!$X$33","v":-30000},2588.1975932684663,1.630402342208491E-2,7.9889714768216057E-3,{"$f":"-L2292/(1.202*2465560*MAX(0,(Inputs!$X$49-O2292)))","v":3.3638256601532293},{"$f":"params!$C$15*P2292*(E2292-Inputs!$X$26)","v":2391.3576231882962},118090.3042005134]
["1991-04-06","14:00:00",233,10,19.399999999999999,12.2,63,{"$f":"Inputs!$X$37*Inputs!$X$32*(E2295-Inputs!$X$26)","v":-5864.8258870819918},{"$f":"Inputs!$X$33*C2295*Inputs!$X$38","v":45457.501463224296},{"$f":"params!$C$15*Inputs!$X$29*(E2295-Inputs!$X$26)","v":-609.29715000000022},{"$f":"Inputs!$X$40*Inputs!$X$41/8760","v":5342.4657534246571},{"$f":"-Inputs!$X$45*Inputs!$X$33","v":-30000},2246.0039599790603,1.4099552870554911E-2,8.8827183084495935E-3,{"$f":"-L2295/(1.202*2465560*MAX(0,(Inputs!$X$49-O2295)))","v":4.7849132714997156},{"$f":"params!$C$15*P2295*(E2295-Inputs!$X$26)","v":-9883.9370651663048},4441.9071144006593]
["1991-04-06","18:00:00",69,9,16.7,12.8,78,{"$f":"Inputs!$X$37*Inputs!$X$32*(E2299-Inputs!$X$26)","v":-15119.064137477595},{"$f":"Inputs!$X$33*C2299*Inputs!$X$38","v":13461.663523444104},{"$f":"params!$C$15*Inputs!$X$29*(E2299-Inputs!$X$26)","v":-1570.7205749999998},{"$f":"Inputs!$X$40*Inputs!$X$41/8760","v":5342.4657534246571},{"$f":"-Inputs!$X$45*Inputs!$X$33","v":-30000},1895.3846669421735,1.1856541445883897E-2,9.2481023277894408E-3,{"$f":"-L2299/(1.202*2465560*MAX(0,(Inputs!$X$49-O2299)))","v":5.7838540254199549},{"$f":"params!$C$15*P2299*(E2299-Inputs!$X$26)","v":-30799.453498246858},-58685.108933855692]
["1991-04-06","21:00:00",0,9,12.2,11.7,97,{"$f":"Inputs!$X$37*Inputs!$X$32*(E2302-Inputs!$X$26)","v":-30542.794554803604},{"$f":"Inputs!$X$33*C2302*Inputs!$X$38","v":0},{"$f":"params!$C$15*Inputs!$X$29*(E2302-Inputs!$X$26)","v":-3173.0929499999993},{"$f":"Inputs!$X$40*Inputs!$X$41/8760","v":5342.4657534246571},{"$f":"-Inputs!$X$45*Inputs!$X$33","v":-30000},1416.8513363145253,8.8206338116364833E-3,8.5560147972873896E-3,{"$f":"-L2302/(1.202*2465560*MAX(0,(Inputs!$X$49-O2302)))","v":4.1448339493369026},{"$f":"params!$C$15*P2302*(E2302-Inputs!$X$26)","v":-44587.865760716362},-102961.28751209531]
["1991-04-07","01:00:00",0,3,13.9,8.9,72,{"$f":"Inputs!$X$37*Inputs!$X$32*(E2306-Inputs!$X$26)","v":-24716.051952702663},{"$f":"Inputs!$X$33*C2306*Inputs!$X$38","v":0},{"$f":"params!$C$15*Inputs!$X$29*(E2306-Inputs!$X$26)","v":-2567.7522749999994},{"$f":"Inputs!$X$40*Inputs!$X$41/8760","v":5342.4657534246571},{"$f":"-Inputs!$X$45*Inputs!$X$33","v":-30000},1583.4071170108264,9.873990681036721E-3,7.1092732903464398E-3,{"$f":"-L2306/(1.202*2465560*MAX(0,(Inputs!$X$49-O2306)))","v":2.6029254634211396},{"$f":"params!$C$15*P2306*(E2306-Inputs!$X$26)","v":-22659.045366038859},-74600.383840316863]
["1991-04-07","04:00:00",0,0,11.7,7.8,77,{"$f":"Inputs!$X$37*Inputs!$X$32*(E2309-Inputs!$X$26)","v":-32256.542378950937},{"$f":"Inputs!$X$33*C2309*Inputs!$X$38","v":0},{"$f":"params!$C$15*Inputs!$X$29*(E2309-Inputs!$X$26)","v":-3351.1343249999995},{"$f":"Inputs!$X$40*Inputs!$X$41/8760","v":5342.4657534246571},{"$f":"-Inputs!$X$45*Inputs!$X$33","v":-30000},1370.8930463882082,8.5305955200846006E-3,6.5685585504651426E-3,{"$f":"-L2309/(1.202*2465560*MAX(0,(Inputs!$X$49-O2309)))","v":2.2851994073321782},{"$f":"params!$C$15*P2309*(E2309-Inputs!$X$26)","v":-25962.271859508572},-86227.482810034853]
["1991-04-07","05:00:00",0,0,9.4,7.2,86,{"$f":"Inputs!$X$37*Inputs!$X$32*(E2310-Inputs!$X$26)","v":-40139.782370028675},{"$f":"Inputs!$X$33*C2310*Inputs!$X$38","v":0},{"$f":"params!$C$15*Inputs!$X$29*(E2310-Inputs!$X$26)","v":-4170.1246499999988},{"$f":"Inputs!$X$40*Inputs!$X$41/8760","v":5342.4657534246571},{"$f":"-Inputs!$X$45*Inputs!$X$33","v":-30000},1175.9507731568485,7.3032931169560531E-3,6.2808320805822059E-3,{"$f":"-L2310/(1.202*2465560*MAX(0,(Inputs!$X$49-O2310)))","v":2.145820788337069},{"$f":"params!$C$15*P2310*(E2310-Inputs!$X$26)","v":-30336.76304515461},-99304.204311758629]
["1991-04-07","09:00:00",297,3,21.1,10.6,51,{"$f":"Inputs!$X$37*Inputs!$X$32*(E2314-Inputs!$X$26)","v":-38.083284981045651},{"$f":"Inputs!$X$33*C2314*Inputs!$X$38","v":57943.682122650709},{"$f":"params!$C$15*Inputs!$X$29*(E2314-Inputs!$X$26)","v":-3.9564749999993527},{"$f":"Inputs!$X$40*Inputs!$X$41/8760","v":5342.4657534246571},{"$f":"-Inputs!$X$45*Inputs!$X$33","v":-30000},2494.8045104526191,1.5700854397029246E-2,8.0074357424849158E-3,{"$f":"-L2314/(1.202*2465560*MAX(0,(Inputs!$X$49-O2314)))","v":3.3845925135676818},{"$f":"params!$C$15*P2314*(E2314-Inputs!$X$26)","v":-45.39850689569802},33198.709609198624]
["1991-04-07","12:00:00",386,9,27.8,9.4,32,{"$f":"Inputs!$X$37*Inputs!$X$32*(E2317-Inputs!$X$26)","v":22926.137558593233},{"$f":"Inputs!$X$33*C2317*Inputs!$X$38","v":75307.277102165564},{"$f":"params!$C$15*Inputs!$X$29*(E2317-Inputs!$X$26)","v":2381.7979499999997},{"$f":"Inputs!$X$40*Inputs!$X$41/8760","v":5342.4657534246571},{"$f":"-Inputs!$X$45*Inputs!$X$33","v":-30000},3725.4196159746762,2.3741254661410284E-2,7.5972014916512905E-3,{"$f":"-L2317/(1.202*2465560*MAX(0,(Inputs!$X$49-O2317)))","v":2.9763476307469139},{"$f":"params!$C$15*P2317*(E2317-Inputs!$X$26)","v":24033.406152701562},99991.084516885006]
["1991-04-07","15:00:00",410,9,30,8.3000000000000007,26,{"$f":"Inputs!$X$37*Inputs!$X$32*(E2320-Inputs!$X$26)","v":30466.6279848415},{"$f":"Inputs!$X$33*C2320*Inputs!$X$38","v":79989.59484945047},{"$f":"params!$C$15*Inputs!$X$29*(E2320-Inputs!$X$26)","v":3165.1799999999994},{"$f":"Inputs!$X$40*Inputs!$X$41/8760","v":5342.4657534246571},{"$f":"-Inputs!$X$45*Inputs!$X$33","v":-30000},4231.0890272287934,2.710419970510591E-2,7.0470919233275361E-3,{"$f":"-L2320/(1.202*2465560*MAX(0,(Inputs!$X$49-O2320)))","v":2.5619622969663367},{"$f":"params!$C$15*P2320*(E2320-Inputs!$X$26)","v":27491.466116318406},116455.33470403502]
["1991-04-07","19:00:00",11,3,25,7.2,32,{"$f":"Inputs!$X$37*Inputs!$X$32*(E2324-Inputs!$X$26)","v":13329.149743368158},{"$f":"Inputs!$X$33*C2324*Inputs!$X$38","v":2146.0623008389152},{"$f":"params!$C$15*Inputs!$X$29*(E2324-Inputs!$X$26)","v":1384.7662499999999},{"$f":"Inputs!$X$40*Inputs!$X$41/8760","v":5342.4657534246571},{"$f":"-Inputs!$X$45*Inputs!$X$33","v":-30000},3158.5016332003511,2.0012171957865876E-2,6.4038950265170799E-3,{"$f":"-L2324/(1.202*2465560*MAX(0,(Inputs!$X$49-O2324)))","v":2.2032976049559583},{"$f":"params!$C$15*P2324*(E2324-Inputs!$X$26)","v":10343.711211562202},2546.1552591939344]
["1991-04-07","22:00:00",0,0,13.3,8.3000000000000007,72,{"$f":"Inputs!$X$37*Inputs!$X$32*(E2327-Inputs!$X$26)","v":-26772.549341679463},{"$f":"Inputs!$X$33*C2327*Inputs!$X$38","v":0},{"$f":"params!$C$15*Inputs!$X$29*(E2327-Inputs!$X$26)","v":-2781.4019249999988},{"$f":"Inputs!$X$40*Inputs!$X$41/8760","v":5342.4657534246571},{"$f":"-Inputs!$X$45*Inputs!$X$33","v":-30000},1522.7575650660701,9.4900147252429956E-3,6.8328106021749565E-3,{"$f":"-L2327/(1.202*2465560*MAX(0,(Inputs!$X$49-O2327)))","v":2.4301692901032297},{"$f":"params!$C$15*P2327*(E2327-Inputs!$X$26)","v":-22915.378425335701},-77126.863938590512]
["1991-04-08","02:00:00",0,0,9.4,7.8,90,{"$f":"Inputs!$X$37*Inputs!$X$32*(E2331-Inputs!$X$26)","v":-40139.782370028675},{"$f":"Inputs!$X$33*C2331*Inputs!$X$38","v":0},{"$f":"params!$C$15*Inputs!$X$29*(E2331-Inputs!$X$26)","v":-4170.1246499999988},{"$f":"Inputs!$X$40*Inputs!$X$41/8760","v":5342.4657534246571},{"$f":"-Inputs!$X$45*Inputs!$X$33","v":-30000},1175.9507731568485,7.3032931169560531E-3,6.572963805260448E-3,{"$f":"-L2331/(1.202*2465560*MAX(0,(Inputs!$X$49-O2331)))","v":2.2874742435636786},{"$f":"params!$C$15*P2331*(E2331-Inputs!$X$26)","v":-32339.403400348172},-101306.84466695218]
["1991-04-08","05:00:00",0,9,7.2,6.7,97,{"$f":"Inputs!$X$37*Inputs!$X$32*(E2334-Inputs!$X$26)","v":-47680.27279627695},{"$f":"Inputs!$X$33*C2334*Inputs!$X$38","v":0},{"$f":"params!$C$15*Inputs!$X$29*(E2334-Inputs!$X$26)","v":-4953.506699999999},{"$f":"Inputs!$X$40*Inputs!$X$41/8760","v":5342.4657534246571},{"$f":"-Inputs!$X$45*Inputs!$X$33","v":-30000},1012.7753618292717,6.2796535698688054E-3,6.0912639627727413E-3,{"$f":"-L2334/(1.202*2465560*MAX(0,(Inputs!$X$49-O2334)))","v":2.0629234387660618},{"$f":"params!$C$15*P2334*(E2334-Inputs!$X$26)","v":-34643.56839650686},-111934.88213935915]
["1991-04-08","06:00:00",2,3,7.8,6.7,93,{"$f":"Inputs!$X$37*Inputs!$X$32*(E2335-Inputs!$X$26)","v":-45623.775407300142},{"$f":"Inputs!$X$33*C2335*Inputs!$X$38","v":390.19314560707545},{"$f":"params!$C$15*Inputs!$X$29*(E2335-Inputs!$X$26)","v":-4739.8570499999987},{"$f":"Inputs!$X$40*Inputs!$X$41/8760","v":5342.4657534246571},{"$f":"-Inputs!$X$45*Inputs!$X$33","v":-30000},1055.1653507694125,6.5452560799310663E-3,6.0870881543358913E-3,{"$f":"-L2335/(1.202*2465560*MAX(0,(Inputs!$X$49-O2335)))","v":2.0611694122467337},{"$f":"params!$C$15*P2335*(E2335-Inputs!$X$26)","v":-33121.171323635812},-107752.14488190421]
["1991-04-08","10:00:00",391,9,24.4,12.8,48,{"$f":"Inputs!$X$37*Inputs!$X$32*(E2339-Inputs!$X$26)","v":11272.652354391352},{"$f":"Inputs!$X$33*C2339*Inputs!$X$38","v":76282.75996618325},{"$f":"params!$C$15*Inputs!$X$29*(E2339-Inputs!$X$26)","v":1171.1165999999994},{"$f":"Inputs!$X$40*Inputs!$X$41/8760","v":5342.4657534246571},{"$f":"-Inputs!$X$45*Inputs!$X$33","v":-30000},3047.3242324488288,1.9285913217784171E-2,9.2572383445364021E-3,{"$f":"-L2339/(1.202*2465560*MAX(0,(Inputs!$X$49-O2339)))","v":5.8142043465514233},{"$f":"params!$C$15*P2339*(E2339-Inputs!$X$26)","v":23084.325140561523},87153.31981456076]
["1991-04-08","13:00:00",407,9,28.3,12.2,37,{"$f":"Inputs!$X$37*Inputs!$X$32*(E2342-Inputs!$X$26)","v":24639.885382740566},{"$f":"Inputs!$X$33*C2342*Inputs!$X$38","v":79404.305131039859},{"$f":"params!$C$15*Inputs!$X$29*(E2342-Inputs!$X$26)","v":2559.8393249999999},{"$f":"Inputs!$X$40*Inputs!$X$41/8760","v":5342.4657534246571},{"$f":"-Inputs!$X$45*Inputs!$X$33","v":-30000},3835.4704828214572,2.4470175850883843E-2,9.0539650648270228E-3,{"$f":"-L2342/(1.202*2465560*MAX(0,(Inputs!$X$49-O2342)))","v":5.2063459789551256},{"$f":"params!$C$15*P2342*(E2342-Inputs!$X$26)","v":45182.731857102059},127129.22744930713]
["1991-04-08","17:00:00",100,10,22.2,15,64,{"$f":"Inputs!$X$37*Inputs!$X$32*(E2346-Inputs!$X$26)","v":3732.1619281430826},{"$f":"Inputs!$X$33*C2346*Inputs!$X$38","v":19509.657280353775},{"$f":"params!$C$15*Inputs!$X$29*(E2346-Inputs!$X$26)","v":387.73454999999979},{"$f":"Inputs!$X$40*Inputs!$X$41/8760","v":5342.4657534246571},{"$f":"-Inputs!$X$45*Inputs!$X$33","v":-30000},2668.3451911941711,1.6822558450165632E-2,1.0766437408106004E-2,{"$f":"-L2346/(1.202*2465560*MAX(0,(Inputs!$X$49-O2346)))","v":43.661111423761248},{"$f":"params!$C$15*P2346*(E2346-Inputs!$X$26)","v":57392.618901626251},56364.638413547771]
["1991-04-08","20:00:00",0,10,18.3,14.4,78,{"$f":"Inputs!$X$37*Inputs!$X$32*(E2349-Inputs!$X$26)","v":-9635.0711002061198},{"$f":"Inputs!$X$33*C2349*Inputs!$X$38","v":0},{"$f":"params!$C$15*Inputs!$X$29*(E2349-Inputs!$X$26)","v":-1000.9881749999994},{"$f":"Inputs!$X$40*Inputs!$X$41/8760","v":5342.4657534246571},{"$f":"-Inputs!$X$45*Inputs!$X$33","v":-30000},2096.843724028703,1.3143395064644483E-2,1.0251848150422698E-2,{"$f":"-L2349/(1.202*2465560*MAX(0,(Inputs!$X$49-O2349)))","v":13.561475663366778},{"$f":"params!$C$15*P2349*(E2349-Inputs!$X$26)","v":-46021.6992798024},-81315.292801583855]
["1991-04-08","23:00:00",0,10,16.100000000000001,15.6,97,{"$f":"Inputs!$X$37*Inputs!$X$32*(E2352-Inputs!$X$26)","v":-17175.561526454389},{"$f":"Inputs!$X$33*C2352*Inputs!$X$38","v":0},{"$f":"params!$C$15*Inputs!$X$29*(E2352-Inputs!$X$26)","v":-1784.370224999999},{"$f":"Inputs!$X$40*Inputs!$X$41/8760","v":5342.4657534246571},{"$f":"-Inputs!$X$45*Inputs!$X$33","v":-30000},1824.3357636986555,1.14039475717521E-2,1.1061829144599538E-2,{"$f":"-L2352/(1.202*2465560*MAX(0,(Inputs!$X$49-O2352)))","v":{"$error":"#DIV/0!"}},{"$f":"params!$C$15*P2352*(E2352-Inputs!$X$26)","v":{"$error":"#DIV/0!"}},{"$error":"#DIV/0!"}]
["1991-04-09","03:00:00",0,10,14.4,14.4,100,{"$f":"Inputs!$X$37*Inputs!$X$32*(E2356-Inputs!$X$26)","v":-23002.30412855533},{"$f":"Inputs!$X$33*C2356*Inputs!$X$38","v":0},{"$f":"params!$C$15*Inputs!$X$29*(E2356-Inputs!$X$26)","v":-2389.7108999999991},{"$f":"Inputs!$X$40*Inputs!$X$41/8760","v":5342.4657534246571},{"$f":"-Inputs!$X$45*Inputs!$X$33","v":-30000},1635.559113509069,1.0204541708471198E-2,1.0204541708471198E-2,{"$f":"-L2356/(1.202*2465560*MAX(0,(Inputs!$X$49-O2356)))","v":12.753225044735425},{"$f":"params!$C$15*P2356*(E2356-Inputs!$X$26)","v":-103321.84249071297},-153371.39176584364]
["1991-04-09","07:00:00",34,9,15,14.4,96,{"$f":"Inputs!$X$37*Inputs!$X$32*(E2360-Inputs!$X$26)","v":-20945.806739578529},{"$f":"Inputs!$X$33*C2360*Inputs!$X$38","v":6633.2834753202833},{"$f":"params!$C$15*Inputs!$X$29*(E2360-Inputs!$X$26)","v":-2176.0612499999993},{"$f":"Inputs!$X$40*Inputs!$X$41/8760","v":5342.4657534246571},{"$f":"-Inputs!$X$45*Inputs!$X$33","v":-30000},1700.1281023555496,1.0614273895273205E-2,1.0189702939462277E-2,{"$f":"-L2360/(1.202*2465560*MAX(0,(Inputs!$X$49-O2360)))","v":12.519183639897221},{"$f":"params!$C$15*P2360*(E2360-Inputs!$X$26)","v":-92357.863875601004},-133503.98263643461]
["1991-04-09","10:00:00",486,9,19.399999999999999,15,76,{"$f":"Inputs!$X$37*Inputs!$X$32*(E2363-Inputs!$X$26)","v":-5864.8258870819918},{"$f":"Inputs!$X$33*C2363*Inputs!$X$38","v":94816.934382519335},{"$f":"params!$C$15*Inputs!$X$29*(E2363-Inputs!$X$26)","v":-609.29715000000022},{"$f":"Inputs!$X$40*Inputs!$X$41/8760","v":5342.4657534246571},{"$f":"-Inputs!$X$45*Inputs!$X$33","v":-30000},2246.0039599790603,1.4099552870554911E-2,1.0715660181621732E-2,{"$f":"-L2363/(1.202*2465560*MAX(0,(Inputs!$X$49-O2363)))","v":35.816881410408669},{"$f":"params!$C$15*P2363*(E2363-Inputs!$X$26)","v":-73984.998607936679},-10299.72150907469]
["1991-04-09","11:00:00",281,9,21.7,13.9,61,{"$f":"Inputs!$X$37*Inputs!$X$32*(E2364-Inputs!$X$26)","v":2018.4141039957483},{"$f":"Inputs!$X$33*C2364*Inputs!$X$38","v":54822.136957794108},{"$f":"params!$C$15*Inputs!$X$29*(E2364-Inputs!$X$26)","v":209.69317499999983},{"$f":"Inputs!$X$40*Inputs!$X$41/8760","v":5342.4657534246571},{"$f":"-Inputs!$X$45*Inputs!$X$33","v":-30000},2588.1975932684663,1.630402342208491E-2,9.945454287471794E-3,{"$f":"-L2364/(1.202*2465560*MAX(0,(Inputs!$X$49-O2364)))","v":9.6148346830885103},{"$f":"params!$C$15*P2364*(E2364-Inputs!$X$26)","v":6835.2258820843817},39227.935872298898]
["1991-04-09","14:00:00",539,9,25,13.3,48,{"$f":"Inputs!$X$37*Inputs!$X$32*(E2367-Inputs!$X$26)","v":13329.149743368158},{"$f":"Inputs!$X$33*C2367*Inputs!$X$38","v":105157.05274110683},{"$f":"params!$C$15*Inputs!$X$29*(E2367-Inputs!$X$26)","v":1384.7662499999999},{"$f":"Inputs!$X$40*Inputs!$X$41/8760","v":5342.4657534246571},{"$f":"-Inputs!$X$45*Inputs!$X$33","v":-30000},3158.5016332003511,2.0012171957865876E-2,9.6058425397756199E-3,{"$f":"-L2367/(1.202*2465560*MAX(0,(Inputs!$X$49-O2367)))","v":7.2698142585086796},{"$f":"params!$C$15*P2367*(E2367-Inputs!$X$26)","v":34129.233873158097},129342.66836105773]
["1991-04-09","18:00:00",107,9,23.9,11.7,46,{"$f":"Inputs!$X$37*Inputs!$X$32*(E2371-Inputs!$X$26)","v":9558.9045302440172},{"$f":"Inputs!$X$33*C2371*Inputs!$X$38","v":20875.333289978538},{"$f":"params!$C$15*Inputs!$X$29*(E2371-Inputs!$X$26)","v":993.07522499999936},{"$f":"Inputs!$X$40*Inputs!$X$41/8760","v":5342.4657534246571},{"$f":"-Inputs!$X$45*Inputs!$X$33","v":-30000},{"$f":"EXP(77.345+0.0057*(E2371+273.15)-7235/(E2371+273.15))/(E2371+273.15)^8.2","v":2957.3004217822781},{"$f":"0.62198*M2371/(101325-M2371)","v":1.8699041699938756E-2},{"$f":"N2371*G2371/100","v":8.6015591819718282E-3},{"$f":"-L2371/(1.202*2465560*MAX(0,(Inputs!$X$49-O2371)))","v":4.2235971308239142},{"$f":"params!$C$15*P2371*(E2371-Inputs!$X$26)","v":14219.731231348347},{"$f":"H2371+I2371+J2371+K2371+L2371+Q2371","v":20989.510029995559}]
["1991-04-09","21:00:00",0,10,21.1,13.3,61,{"$f":"Inputs!$X$37*Inputs!$X$32*(E2374-Inputs!$X$26)","v":-38.083284981045651},{"$f":"Inputs!$X$33*C2374*Inputs!$X$38","v":0},{"$f":"params!$C$15*Inputs!$X$29*(E2374-Inputs!$X$26)","v":-3.9564749999993527},{"$f":"Inputs!$X$40*Inputs!$X$41/8760","v":5342.4657534246571},{"$f":"-Inputs!$X$45*Inputs!$X$33","v":-30000},2494.8045104526191,1.5700854397029246E-2,9.5775211821878398E-3,{"$f":"-L2374/(1.202*2465560*MAX(0,(Inputs!$X$49-O2374)))","v":7.1248987490292235},{"$f":"params!$C$15*P2374*(E2374-Inputs!$X$26)","v":-95.56830362659997},-24795.142310182986]
["1991-04-09",1,0,10,17.2,14.4,84,{"$f":"Inputs!$X$37*Inputs!$X$32*(E2377-Inputs!$X$26)","v":-13405.316313330261},{"$f":"Inputs!$X$33*C2377*Inputs!$X$38","v":0},{"$f":"params!$C$15*Inputs!$X$29*(E2377-Inputs!$X$26)","v":-1392.6791999999998},{"$f":"Inputs!$X$40*Inputs!$X$41/8760","v":5342.4657534246571},{"$f":"-Inputs!$X$45*Inputs!$X$33","v":-30000},1956.433941157356,1.2245952930431422E-2,1.0286600461562394E-2,{"$f":"-L2377/(1.202*2465560*MAX(0,(Inputs!$X$49-O2377)))","v":14.223695004195065},{"$f":"params!$C$15*P2377*(E2377-Inputs!$X$26)","v":-67156.843438589523},-106612.37319849513]
["1991-04-10","04:00:00",0,10,15.1,12.3,83,{"$f":"Inputs!$X$37*Inputs!$X$32*(E2381-Inputs!$X$26)","v":-20603.057174749065},{"$f":"Inputs!$X$33*C2381*Inputs!$X$38","v":0},{"$f":"params!$C$15*Inputs!$X$29*(E2381-Inputs!$X$26)","v":-2140.4529749999997},{"$f":"Inputs!$X$40*Inputs!$X$41/8760","v":5342.4657534246571},{"$f":"-Inputs!$X$45*Inputs!$X$33","v":-30000},1711.1043945304971,1.0683978423303851E-2,8.8677020913421958E-3,{"$f":"-L2381/(1.202*2465560*MAX(0,(Inputs!$X$49-O2381)))","v":4.7511895298954441},{"$f":"params!$C$15*P2381*(E2381-Inputs!$X$26)","v":-34477.423260309311},-81878.467656633715]
["1991-04-10","08:00:00",225,7,13.1,2.8,50,{"$f":"Inputs!$X$37*Inputs!$X$32*(E2385-Inputs!$X$26)","v":-27458.048471338399},{"$f":"Inputs!$X$33*C2385*Inputs!$X$38","v":43896.728880795992},{"$f":"params!$C$15*Inputs!$X$29*(E2385-Inputs!$X$26)","v":-2852.6184749999993},{"$f":"Inputs!$X$40*Inputs!$X$41/8760","v":5342.4657534246571},{"$f":"-Inputs!$X$45*Inputs!$X$33","v":-30000},1502.9998347001704,9.3650281064171659E-3,4.682514053208583E-3,{"$f":"-L2385/(1.202*2465560*MAX(0,(Inputs!$X$49-O2385)))","v":1.6027828969099178},{"$f":"params!$C$15*P2385*(E2385-Inputs!$X$26)","v":-15500.479903097445},-26571.952215215191]
["1991-04-10","11:00:00",732,2,13.3,0,40,{"$f":"Inputs!$X$37*Inputs!$X$32*(E2388-Inputs!$X$26)","v":-26772.549341679463},{"$f":"Inputs!$X$33*C2388*Inputs!$X$38","v":142810.69129218961},{"$f":"params!$C$15*Inputs!$X$29*(E2388-Inputs!$X$26)","v":-2781.4019249999988},{"$f":"Inputs!$X$40*Inputs!$X$41/8760","v":5342.4657534246571},{"$f":"-Inputs!$X$45*Inputs!$X$33","v":-30000},1522.7575650660701,9.4900147252429956E-3,3.7960058900971981E-3,{"$f":"-L2388/(1.202*2465560*MAX(0,(Inputs!$X$49-O2388)))","v":1.4055009398788221},{"$f":"params!$C$15*P2388*(E2388-Inputs!$X$26)","v":-13253.227273364188},75345.978505570616]
["1991-04-10","12:00:00",245,10,12.8,-1,38,{"$f":"Inputs!$X$37*Inputs!$X$32*(E2389-Inputs!$X$26)","v":-28486.297165826796},{"$f":"Inputs!$X$33*C2389*Inputs!$X$38","v":47798.660336866749},{"$f":"params!$C$15*Inputs!$X$29*(E2389-Inputs!$X$26)","v":-2959.443299999999},{"$f":"Inputs!$X$40*Inputs!$X$41/8760","v":5342.4657534246571},{"$f":"-Inputs!$X$45*Inputs!$X$33","v":-30000},1473.7857134719666,9.1803113724273511E-3,3.4885183215223937E-3,{"$f":"-L2389/(1.202*2465560*MAX(0,(Inputs!$X$49-O2389)))","v":1.3479526874083763},{"$f":"params!$C$15*P2389*(E2389-Inputs!$X$26)","v":-13524.195089528392},-21828.809465063779]
["1991-04-10","15:00:00",203,10,8.3000000000000007,0,56,{"$f":"Inputs!$X$37*Inputs!$X$32*(E2392-Inputs!$X$26)","v":-43910.027583152805},{"$f":"Inputs!$X$33*C2392*Inputs!$X$38","v":39604.604279118161},{"$f":"params!$C$15*Inputs!$X$29*(E2392-Inputs!$X$26)","v":-4561.8156749999989},{"$f":"Inputs!$X$40*Inputs!$X$41/8760","v":5342.4657534246571},{"$f":"-Inputs!$X$45*Inputs!$X$33","v":-30000},1091.6777773743988,6.7742116984131845E-3,3.7935585511113834E-3,{"$f":"-L2392/(1.202*2465560*MAX(0,(Inputs!$X$49-O2392)))","v":1.4050235121386196},{"$f":"params!$C$15*P2392*(E2392-Inputs!$X$26)","v":-21729.417251594379},-55254.190477204364]
["1991-04-10","19:00:00",8,10,5,-3.8,51,{"$f":"Inputs!$X$37*Inputs!$X$32*(E2396-Inputs!$X$26)","v":-55220.763222525216},{"$f":"Inputs!$X$33*C2396*Inputs!$X$38","v":1560.7725824283018},{"$f":"params!$C$15*Inputs!$X$29*(E2396-Inputs!$X$26)","v":-5736.8887499999983},{"$f":"Inputs!$X$40*Inputs!$X$41/8760","v":5342.4657534246571},{"$f":"-Inputs!$X$45*Inputs!$X$33","v":-30000},869.91328556198641,5.3861748872103517E-3,2.7469491924772792E-3,{"$f":"-L2396/(1.202*2465560*MAX(0,(Inputs!$X$49-O2396)))","v":1.2268086841003578},{"$f":"params!$C$15*P2396*(E2396-Inputs!$X$26)","v":-23860.526579872767},-107914.94021654502]
["1991-04-10","22:00:00",0,10,1.7,-3.8,64,{"$f":"Inputs!$X$37*Inputs!$X$32*(E2399-Inputs!$X$26)","v":-66531.49886189762},{"$f":"Inputs!$X$33*C2399*Inputs!$X$38","v":0},{"$f":"params!$C$15*Inputs!$X$29*(E2399-Inputs!$X$26)","v":-6911.9618249999985},{"$f":"Inputs!$X$40*Inputs!$X$41/8760","v":5342.4657534246571},{"$f":"-Inputs!$X$45*Inputs!$X$33","v":-30000},688.93490744882638,4.2579539784364821E-3,2.7250905461993487E-3,{"$f":"-L2399/(1.202*2465560*MAX(0,(Inputs!$X$49-O2399)))","v":1.2235673278636883},{"$f":"params!$C$15*P2399*(E2399-Inputs!$X$26)","v":-28671.865910472025},-126772.860843945]
["1991-04-11","01:00:00",0,9,2.8,-4.3,57,{"$f":"Inputs!$X$37*Inputs!$X$32*(E2402-Inputs!$X$26)","v":-62761.253648773483},{"$f":"Inputs!$X$33*C2402*Inputs!$X$38","v":0},{"$f":"params!$C$15*Inputs!$X$29*(E2402-Inputs!$X$26)","v":-6520.2707999999984},{"$f":"Inputs!$X$40*Inputs!$X$41/8760","v":5342.4657534246571},{"$f":"-Inputs!$X$45*Inputs!$X$33","v":-30000},745.15756711705887,4.6080118280633067E-3,2.6265667419960847E-3,{"$f":"-L2402/(1.202*2465560*MAX(0,(Inputs!$X$49-O2402)))","v":1.2091675983646308},{"$f":"params!$C$15*P2402*(E2402-Inputs!$X$26)","v":-26728.764745457906},-120667.82344080674]
["1991-04-11","05:00:00",0,3,0.6,-6,58,{"$f":"Inputs!$X$37*Inputs!$X$32*(E2406-Inputs!$X$26)","v":-70301.74407502175},{"$f":"Inputs!$X$33*C2406*Inputs!$X$38","v":0},{"$f":"params!$C$15*Inputs!$X$29*(E2406-Inputs!$X$26)","v":-7303.6528499999977},{"$f":"Inputs!$X$40*Inputs!$X$41/8760","v":5342.4657534246571},{"$f":"-Inputs!$X$45*Inputs!$X$33","v":-30000},636.50097539783337,3.931838099813293E-3,2.28046609789171E-3,{"$f":"-L2406/(1.202*2465560*MAX(0,(Inputs!$X$49-O2406)))","v":1.1611632074684739},{"$f":"params!$C$15*P2406*(E2406-Inputs!$X$26)","v":-28751.47589755142},-131014.40706914852]
["1991-04-11","09:00:00",498,0,4.4000000000000004,-7.7,38,{"$f":"Inputs!$X$37*Inputs!$X$32*(E2410-Inputs!$X$26)","v":-57277.26061150201},{"$f":"Inputs!$X$33*C2410*Inputs!$X$38","v":97158.093256161796},{"$f":"params!$C$15*Inputs!$X$29*(E2410-Inputs!$X$26)","v":-5950.5383999999976},{"$f":"Inputs!$X$40*Inputs!$X$41/8760","v":5342.4657534246571},{"$f":"-Inputs!$X$45*Inputs!$X$33","v":-30000},834.18129245512239,5.1630993453363316E-3,1.9619777512278063E-3,{"$f":"-L2410/(1.202*2465560*MAX(0,(Inputs!$X$49-O2410)))","v":1.1202375443430213},{"$f":"params!$C$15*P2410*(E2410-Inputs!$X$26)","v":-22599.203881541158},-13326.443883456712]
["1991-04-11","10:00:00",672,0,6.1,-8.8000000000000007,31,{"$f":"Inputs!$X$37*Inputs!$X$32*(E2411-Inputs!$X$26)","v":-51450.518009401079},{"$f":"Inputs!$X$33*C2411*Inputs!$X$38","v":131104.89692397736},{"$f":"params!$C$15*Inputs!$X$29*(E2411-Inputs!$X$26)","v":-5345.1977249999991},{"$f":"Inputs!$X$40*Inputs!$X$41/8760","v":5342.4657534246571},{"$f":"-Inputs!$X$45*Inputs!$X$33","v":-30000},938.94793828269269,5.817609385555097E-3,1.8034589095220802E-3,{"$f":"-L2411/(1.202*2465560*MAX(0,(Inputs!$X$49-O2411)))","v":1.1009246485171065},{"$f":"params!$C$15*P2411*(E2411-Inputs!$X$26)","v":-19950.239991520211},29701.40695148072]
["1991-04-11","13:00:00",787,3,7.8,-8.8000000000000007,27,{"$f":"Inputs!$X$37*Inputs!$X$32*(E2414-Inputs!$X$26)","v":-45623.775407300142},{"$f":"Inputs!$X$33*C2414*Inputs!$X$38","v":153541.00279638419},{"$f":"params!$C$15*Inputs!$X$29*(E2414-Inputs!$X$26)","v":-4739.8570499999987},{"$f":"Inputs!$X$40*Inputs!$X$41/8760","v":5342.4657534246571},{"$f":"-Inputs!$X$45*Inputs!$X$33","v":-30000},1055.1653507694125,6.5452560799310663E-3,1.7672191415813879E-3,{"$f":"-L2414/(1.202*2465560*MAX(0,(Inputs!$X$49-O2414)))","v":1.0966025858706829},{"$f":"params!$C$15*P2414*(E2414-Inputs!$X$26)","v":-17621.434659742146},60898.401432766543]
["1991-04-11","16:00:00",553,0,8.9,-11.6,20,{"$f":"Inputs!$X$37*Inputs!$X$32*(E2417-Inputs!$X$26)","v":-41853.530194176004},{"$f":"Inputs!$X$33*C2417*Inputs!$X$38","v":107888.40476035637},{"$f":"params!$C$15*Inputs!$X$29*(E2417-Inputs!$X$26)","v":-4348.1660249999986},{"$f":"Inputs!$X$40*Inputs!$X$41/8760","v":5342.4657534246571},{"$f":"-Inputs!$X$45*Inputs!$X$33","v":-30000},1136.9596585041099,7.0583890650618127E-3,1.4116778130123626E-3,{"$f":"-L2417/(1.202*2465560*MAX(0,(Inputs!$X$49-O2417)))","v":1.0559325709823011},{"$f":"params!$C$15*P2417*(E2417-Inputs!$X$26)","v":-15565.714437515941},21463.459857089081]
["1991-04-11","20:00:00",0,0,3.9,-10.5,31,{"$f":"Inputs!$X$37*Inputs!$X$32*(E2421-Inputs!$X$26)","v":-58991.008435649353},{"$f":"Inputs!$X$33*C2421*Inputs!$X$38","v":0},{"$f":"params!$C$15*Inputs!$X$29*(E2421-Inputs!$X$26)","v":-6128.5797749999992},{"$f":"Inputs!$X$40*Inputs!$X$41/8760","v":5342.4657534246571},{"$f":"-Inputs!$X$45*Inputs!$X$33","v":-30000},805.40210224974328,4.9835455974153575E-3,1.544899135198761E-3,{"$f":"-L2421/(1.202*2465560*MAX(0,(Inputs!$X$49-O2421)))","v":1.0708132396433214},{"$f":"params!$C$15*P2421*(E2421-Inputs!$X$26)","v":-22248.479205113697},-112025.60166233839]
["1991-04-11","23:00:00",0,0,2.2000000000000002,-9.3000000000000007,39,{"$f":"Inputs!$X$37*Inputs!$X$32*(E2424-Inputs!$X$26)","v":-64817.751037750291},{"$f":"Inputs!$X$33*C2424*Inputs!$X$38","v":0},{"$f":"params!$C$15*Inputs!$X$29*(E2424-Inputs!$X$26)","v":-6733.9204499999987},{"$f":"Inputs!$X$40*Inputs!$X$41/8760","v":5342.4657534246571},{"$f":"-Inputs!$X$45*Inputs!$X$33","v":-30000},714.00723647805364,4.4140129099852635E-3,1.7214650348942528E-3,{"$f":"-L2424/(1.202*2465560*MAX(0,(Inputs!$X$49-O2424)))","v":1.091194044924275},{"$f":"params!$C$15*P2424*(E2424-Inputs!$X$26)","v":-24911.319001308977},-121120.52473563462]
["1991-04-12","02:00:00",0,0,1.1000000000000001,-6.6,53,{"$f":"Inputs!$X$37*Inputs!$X$32*(E2427-Inputs!$X$26)","v":-68587.996250874421},{"$f":"Inputs!$X$33*C2427*Inputs!$X$38","v":0},{"$f":"params!$C$15*Inputs!$X$29*(E2427-Inputs!$X$26)","v":-7125.6114749999979},{"$f":"Inputs!$X$40*Inputs!$X$41/8760","v":5342.4657534246571},{"$f":"-Inputs!$X$45*Inputs!$X$33","v":-30000},659.87933273383078,4.077199179350414E-3,2.1609155650557195E-3,{"$f":"-L2427/(1.202*2465560*MAX(0,(Inputs!$X$49-O2427)))","v":1.1454551793020289},{"$f":"params!$C$15*P2427*(E2427-Inputs!$X$26)","v":-27671.136280275838},-128042.27825272561]
["1991-04-12","06:00:00",5,0,-0.5,-6.6,60,{"$f":"Inputs!$X$37*Inputs!$X$32*(E2431-Inputs!$X$26)","v":-74071.989288145895},{"$f":"Inputs!$X$33*C2431*Inputs!$X$38","v":975.48286401768871},{"$f":"params!$C$15*Inputs!$X$29*(E2431-Inputs!$X$26)","v":-7695.3438749999978},{"$f":"Inputs!$X$40*Inputs!$X$41/8760","v":5342.4657534246571},{"$f":"-Inputs!$X$45*Inputs!$X$33","v":-30000},587.63383249384253,3.6282117057415651E-3,2.1769270234449391E-3,{"$f":"-L2431/(1.202*2465560*MAX(0,(Inputs!$X$49-O2431)))","v":1.1475342700420341},{"$f":"params!$C$15*P2431*(E2431-Inputs!$X$26)","v":-29937.839105003106},-135387.22365070664]
["1991-04-12","10:00:00",679,0,4.4000000000000004,-8.8000000000000007,35,{"$f":"Inputs!$X$37*Inputs!$X$32*(E2435-Inputs!$X$26)","v":-57277.26061150201},{"$f":"Inputs!$X$33*C2435*Inputs!$X$38","v":132470.57293360212},{"$f":"params!$C$15*Inputs!$X$29*(E2435-Inputs!$X$26)","v":-5950.5383999999976},{"$f":"Inputs!$X$40*Inputs!$X$41/8760","v":5342.4657534246571},{"$f":"-Inputs!$X$45*Inputs!$X$33","v":-30000},{"$f":"EXP(77.345+0.0057*(E2435+273.15)-7235/(E2435+273.15))/(E2435+273.15)^8.2","v":834.18129245512239},{"$f":"0.62198*M2435/(101325-M2435)","v":5.1630993453363316E-3},{"$f":"N2435*G2435/100","v":1.807084770867716E-3},{"$f":"-L2435/(1.202*2465560*MAX(0,(Inputs!$X$49-O2435)))","v":1.1013589551515821},{"$f":"params!$C$15*P2435*(E2435-Inputs!$X$26)","v":-22218.355115770319},{"$f":"H2435+I2435+J2435+K2435+L2435+Q2435","v":22366.884559754442}]
["1991-04-12","11:00:00",806,0,5.6,-10.5,27,{"$f":"Inputs!$X$37*Inputs!$X$32*(E2436-Inputs!$X$26)","v":-53164.265833548416},{"$f":"Inputs!$X$33*C2436*Inputs!$X$38","v":157247.83767965142},{"$f":"params!$C$15*Inputs!$X$29*(E2436-Inputs!$X$26)","v":-5523.2390999999989},{"$f":"Inputs!$X$40*Inputs!$X$41/8760","v":5342.4657534246571},{"$f":"-Inputs!$X$45*Inputs!$X$33","v":-30000},906.99088692947566,5.6178189234680556E-3,1.5168111093363751E-3,{"$f":"-L2436/(1.202*2465560*MAX(0,(Inputs!$X$49-O2436)))","v":1.0676410510341556},{"$f":"params!$C$15*P2436*(E2436-Inputs!$X$26)","v":-19991.522156598938},53911.276342928715]
["1991-04-12","14:00:00",801,3,8.9,-10.5,22,{"$f":"Inputs!$X$37*Inputs!$X$32*(E2439-Inputs!$X$26)","v":-41853.530194176004},{"$f":"Inputs!$X$33*C2439*Inputs!$X$38","v":156272.35481563373},{"$f":"params!$C$15*Inputs!$X$29*(E2439-Inputs!$X$26)","v":-4348.1660249999986},{"$f":"Inputs!$X$40*Inputs!$X$41/8760","v":5342.4657534246571},{"$f":"-Inputs!$X$45*Inputs!$X$33","v":-30000},1136.9596585041099,7.0583890650618127E-3,1.5528455943135987E-3,{"$f":"-L2439/(1.202*2465560*MAX(0,(Inputs!$X$49-O2439)))","v":1.0717141158671266},{"$f":"params!$C$15*P2439*(E2439-Inputs!$X$26)","v":-15798.353365237919},69614.770984644449]
["1991-04-12","17:00:00",128,10,8.3000000000000007,-9.9,24,{"$f":"Inputs!$X$37*Inputs!$X$32*(E2442-Inputs!$X$26)","v":-43910.027583152805},{"$f":"Inputs!$X$33*C2442*Inputs!$X$38","v":24972.361318852829},{"$f":"params!$C$15*Inputs!$X$29*(E2442-Inputs!$X$26)","v":-4561.8156749999989},{"$f":"Inputs!$X$40*Inputs!$X$41/8760","v":5342.4657534246571},{"$f":"-Inputs!$X$45*Inputs!$X$33","v":-30000},1091.6777773743988,6.7742116984131845E-3,1.6258108076191644E-3,{"$f":"-L2442/(1.202*2465560*MAX(0,(Inputs!$X$49-O2442)))","v":1.0800574658064641},{"$f":"params!$C$15*P2442*(E2442-Inputs!$X$26)","v":-16703.648819716575},-64860.665005591887]
["1991-04-12","21:00:00",0,10,2.8,-7.7,43,{"$f":"Inputs!$X$37*Inputs!$X$32*(E2446-Inputs!$X$26)","v":-62761.253648773483},{"$f":"Inputs!$X$33*C2446*Inputs!$X$38","v":0},{"$f":"params!$C$15*Inputs!$X$29*(E2446-Inputs!$X$26)","v":-6520.2707999999984},{"$f":"Inputs!$X$40*Inputs!$X$41/8760","v":5342.4657534246571},{"$f":"-Inputs!$X$45*Inputs!$X$33","v":-30000},745.15756711705887,4.6080118280633067E-3,1.981445086067222E-3,{"$f":"-L2446/(1.202*2465560*MAX(0,(Inputs!$X$49-O2446)))","v":1.1226561338523935},{"$f":"params!$C$15*P2446*(E2446-Inputs!$X$26)","v":-24816.420595763513},-118755.47929111234]
["1991-04-12",1,0,10,1.1000000000000001,-4.9000000000000004,61,{"$f":"Inputs!$X$37*Inputs!$X$32*(E2449-Inputs!$X$26)","v":-68587.996250874421},{"$f":"Inputs!$X$33*C2449*Inputs!$X$38","v":0},{"$f":"params!$C$15*Inputs!$X$29*(E2449-Inputs!$X$26)","v":-7125.6114749999979},{"$f":"Inputs!$X$40*Inputs!$X$41/8760","v":5342.4657534246571},{"$f":"-Inputs!$X$45*Inputs!$X$33","v":-30000},659.87933273383078,4.077199179350414E-3,2.4870914994037526E-3,{"$f":"-L2449/(1.202*2465560*MAX(0,(Inputs!$X$49-O2449)))","v":1.189352644852502},{"$f":"params!$C$15*P2449*(E2449-Inputs!$X$26)","v":-28731.581746458127},-129102.72371890789]
["1991-04-13","04:00:00",0,10,3.9,-7.1,42,{"$f":"Inputs!$X$37*Inputs!$X$32*(E2453-Inputs!$X$26)","v":-58991.008435649353},{"$f":"Inputs!$X$33*C2453*Inputs!$X$38","v":0},{"$f":"params!$C$15*Inputs!$X$29*(E2453-Inputs!$X$26)","v":-6128.5797749999992},{"$f":"Inputs!$X$40*Inputs!$X$41/8760","v":5342.4657534246571},{"$f":"-Inputs!$X$45*Inputs!$X$33","v":-30000},805.40210224974328,4.9835455974153575E-3,2.09308915091445E-3,{"$f":"-L2453/(1.202*2465560*MAX(0,(Inputs!$X$49-O2453)))","v":1.1367308232265689},{"$f":"params!$C$15*P2453*(E2453-Inputs!$X$26)","v":-23618.060690762606},-113395.18314798731]
["1991-04-13","07:00:00",37,10,5.6,-7.7,35,{"$f":"Inputs!$X$37*Inputs!$X$32*(E2456-Inputs!$X$26)","v":-53164.265833548416},{"$f":"Inputs!$X$33*C2456*Inputs!$X$38","v":7218.5731937308965},{"$f":"params!$C$15*Inputs!$X$29*(E2456-Inputs!$X$26)","v":-5523.2390999999989},{"$f":"Inputs!$X$40*Inputs!$X$41/8760","v":5342.4657534246571},{"$f":"-Inputs!$X$45*Inputs!$X$33","v":-30000},906.99088692947566,5.6178189234680556E-3,1.9662366232138196E-3,{"$f":"-L2456/(1.202*2465560*MAX(0,(Inputs!$X$49-O2456)))","v":1.1207657686189281},{"$f":"params!$C$15*P2456*(E2456-Inputs!$X$26)","v":-20986.279680797081},-97112.745667189942]
["1991-04-13","11:00:00",223,10,10.6,-1,44,{"$f":"Inputs!$X$37*Inputs!$X$32*(E2460-Inputs!$X$26)","v":-36026.787592075074},{"$f":"Inputs!$X$33*C2460*Inputs!$X$38","v":43506.535735188911},{"$f":"params!$C$15*Inputs!$X$29*(E2460-Inputs!$X$26)","v":-3742.8253499999992},{"$f":"Inputs!$X$40*Inputs!$X$41/8760","v":5342.4657534246571},{"$f":"-Inputs!$X$45*Inputs!$X$33","v":-30000},1274.3740285685947,7.922340820890262E-3,3.4858299611917154E-3,{"$f":"-L2460/(1.202*2465560*MAX(0,(Inputs!$X$49-O2460)))","v":1.3474703175936988},{"$f":"params!$C$15*P2460*(E2460-Inputs!$X$26)","v":-17098.008308469532},-38018.619761931041]
["1991-04-13","12:00:00",243,10,11.7,-1,41,{"$f":"Inputs!$X$37*Inputs!$X$32*(E2461-Inputs!$X$26)","v":-32256.542378950937},{"$f":"Inputs!$X$33*C2461*Inputs!$X$38","v":47408.467191259668},{"$f":"params!$C$15*Inputs!$X$29*(E2461-Inputs!$X$26)","v":-3351.1343249999995},{"$f":"Inputs!$X$40*Inputs!$X$41/8760","v":5342.4657534246571},{"$f":"-Inputs!$X$45*Inputs!$X$33","v":-30000},1370.8930463882082,8.5305955200846006E-3,3.4975441632346862E-3,{"$f":"-L2461/(1.202*2465560*MAX(0,(Inputs!$X$49-O2461)))","v":1.3495747144235737},{"$f":"params!$C$15*P2461*(E2461-Inputs!$X$26)","v":-15332.590021755728},-28189.333781022338]
["1991-04-13","15:00:00",199,10,6.7,-1,57,{"$f":"Inputs!$X$37*Inputs!$X$32*(E2464-Inputs!$X$26)","v":-49394.020620424279},{"$f":"Inputs!$X$33*C2464*Inputs!$X$38","v":38824.217987904005},{"$f":"params!$C$15*Inputs!$X$29*(E2464-Inputs!$X$26)","v":-5131.5480749999988},{"$f":"Inputs!$X$40*Inputs!$X$41/8760","v":5342.4657534246571},{"$f":"-Inputs!$X$45*Inputs!$X$33","v":-30000},978.60557903106951,6.0657196659430037E-3,3.4574602095875121E-3,{"$f":"-L2464/(1.202*2465560*MAX(0,(Inputs!$X$49-O2464)))","v":1.3424009267926325},{"$f":"params!$C$15*P2464*(E2464-Inputs!$X$26)","v":-23353.791554310748},-63712.676508406366]
["1991-04-13","18:00:00",37,10,4.4000000000000004,-0.5,70,{"$f":"Inputs!$X$37*Inputs!$X$32*(E2467-Inputs!$X$26)","v":-57277.26061150201},{"$f":"Inputs!$X$33*C2467*Inputs!$X$38","v":7218.5731937308965},{"$f":"params!$C$15*Inputs!$X$29*(E2467-Inputs!$X$26)","v":-5950.5383999999976},{"$f":"Inputs!$X$40*Inputs!$X$41/8760","v":5342.4657534246571},{"$f":"-Inputs!$X$45*Inputs!$X$33","v":-30000},834.18129245512239,5.1630993453363316E-3,3.6141695417354321E-3,{"$f":"-L2467/(1.202*2465560*MAX(0,(Inputs!$X$49-O2467)))","v":1.3708900119880281},{"$f":"params!$C$15*P2467*(E2467-Inputs!$X$26)","v":-27655.761973461707},-108322.52203780816]
["1991-04-13","22:00:00",0,10,3.9,1.7,86,{"$f":"Inputs!$X$37*Inputs!$X$32*(E2471-Inputs!$X$26)","v":-58991.008435649353},{"$f":"Inputs!$X$33*C2471*Inputs!$X$38","v":0},{"$f":"params!$C$15*Inputs!$X$29*(E2471-Inputs!$X$26)","v":-6128.5797749999992},{"$f":"Inputs!$X$40*Inputs!$X$41/8760","v":5342.4657534246571},{"$f":"-Inputs!$X$45*Inputs!$X$33","v":-30000},805.40210224974328,4.9835455974153575E-3,4.2858492137772073E-3,{"$f":"-L2471/(1.202*2465560*MAX(0,(Inputs!$X$49-O2471)))","v":1.5080680353049263},{"$f":"params!$C$15*P2471*(E2471-Inputs!$X$26)","v":-31333.400710056845},-121110.52316728154]
["1991-04-14","01:00:00",0,10,3.9,1.1000000000000001,82,{"$f":"Inputs!$X$37*Inputs!$X$32*(E2474-Inputs!$X$26)","v":-58991.008435649353},{"$f":"Inputs!$X$33*C2474*Inputs!$X$38","v":0},{"$f":"params!$C$15*Inputs!$X$29*(E2474-Inputs!$X$26)","v":-6128.5797749999992},{"$f":"Inputs!$X$40*Inputs!$X$41/8760","v":5342.4657534246571},{"$f":"-Inputs!$X$45*Inputs!$X$33","v":-30000},805.40210224974328,4.9835455974153575E-3,4.0865073898805927E-3,{"$f":"-L2474/(1.202*2465560*MAX(0,(Inputs!$X$49-O2474)))","v":1.4645740225307051},{"$f":"params!$C$15*P2474*(E2474-Inputs!$X$26)","v":-30429.717786714835},-120206.84024393954]
["1991-04-14","05:00:00",0,10,3.3,0,79,{"$f":"Inputs!$X$37*Inputs!$X$32*(E2478-Inputs!$X$26)","v":-61047.505824626147},{"$f":"Inputs!$X$33*C2478*Inputs!$X$38","v":0},{"$f":"params!$C$15*Inputs!$X$29*(E2478-Inputs!$X$26)","v":-6342.2294249999977},{"$f":"Inputs!$X$40*Inputs!$X$41/8760","v":5342.4657534246571},{"$f":"-Inputs!$X$45*Inputs!$X$33","v":-30000},772.02842975916951,4.7754555160627581E-3,3.7726098576895788E-3,{"$f":"-L2478/(1.202*2465560*MAX(0,(Inputs!$X$49-O2478)))","v":1.4009500660057055},{"$f":"params!$C$15*P2478*(E2478-Inputs!$X$26)","v":-30122.52396303599},-122169.79345923747]
["1991-04-14","08:00:00",95,10,3.9,0,76,{"$f":"Inputs!$X$37*Inputs!$X$32*(E2481-Inputs!$X$26)","v":-58991.008435649353},{"$f":"Inputs!$X$33*C2481*Inputs!$X$38","v":18534.174416336085},{"$f":"params!$C$15*Inputs!$X$29*(E2481-Inputs!$X$26)","v":-6128.5797749999992},{"$f":"Inputs!$X$40*Inputs!$X$41/8760","v":5342.4657534246571},{"$f":"-Inputs!$X$45*Inputs!$X$33","v":-30000},805.40210224974328,4.9835455974153575E-3,3.7874946540356717E-3,{"$f":"-L2481/(1.202*2465560*MAX(0,(Inputs!$X$49-O2481)))","v":1.4038419612768349},{"$f":"params!$C$15*P2481*(E2481-Inputs!$X$26)","v":-29167.876830825557},-100410.82487171417]
["1991-04-14","12:00:00",251,10,10,1.7,56,{"$f":"Inputs!$X$37*Inputs!$X$32*(E2485-Inputs!$X$26)","v":-38083.284981051875},{"$f":"Inputs!$X$33*C2485*Inputs!$X$38","v":48969.239773687965},{"$f":"params!$C$15*Inputs!$X$29*(E2485-Inputs!$X$26)","v":-3956.474999999999},{"$f":"Inputs!$X$40*Inputs!$X$41/8760","v":5342.4657534246571},{"$f":"-Inputs!$X$45*Inputs!$X$33","v":-30000},1224.2915728566036,7.6071876458255446E-3,4.2600250816623051E-3,{"$f":"-L2485/(1.202*2465560*MAX(0,(Inputs!$X$49-O2485)))","v":1.5022884220485926},{"$f":"params!$C$15*P2485*(E2485-Inputs!$X$26)","v":-20150.624045380417},-37878.678499319663]
["1991-04-14","13:00:00",651,9,11.7,1.7,50,{"$f":"Inputs!$X$37*Inputs!$X$32*(E2486-Inputs!$X$26)","v":-32256.542378950937},{"$f":"Inputs!$X$33*C2486*Inputs!$X$38","v":127007.86889510306},{"$f":"params!$C$15*Inputs!$X$29*(E2486-Inputs!$X$26)","v":-3351.1343249999995},{"$f":"Inputs!$X$40*Inputs!$X$41/8760","v":5342.4657534246571},{"$f":"-Inputs!$X$45*Inputs!$X$33","v":-30000},1370.8930463882082,8.5305955200846006E-3,4.2652977600423003E-3,{"$f":"-L2486/(1.202*2465560*MAX(0,(Inputs!$X$49-O2486)))","v":1.5034648807276958},{"$f":"params!$C$15*P2486*(E2486-Inputs!$X$26)","v":-17080.944375985546},49661.713568591222]
["1991-04-14","16:00:00",166,10,13.3,1.7,45,{"$f":"Inputs!$X$37*Inputs!$X$32*(E2489-Inputs!$X$26)","v":-26772.549341679463},{"$f":"Inputs!$X$33*C2489*Inputs!$X$38","v":32386.031085387265},{"$f":"params!$C$15*Inputs!$X$29*(E2489-Inputs!$X$26)","v":-2781.4019249999988},{"$f":"Inputs!$X$40*Inputs!$X$41/8760","v":5342.4657534246571},{"$f":"-Inputs!$X$45*Inputs!$X$33","v":-30000},1522.7575650660701,9.4900147252429956E-3,4.2705066263593484E-3,{"$f":"-L2489/(1.202*2465560*MAX(0,(Inputs!$X$49-O2489)))","v":1.5046289121148628},{"$f":"params!$C$15*P2489*(E2489-Inputs!$X$26)","v":-14187.958448503246},-36013.412876370785]
["1991-04-14","19:00:00",10,10,7.2,5,86,{"$f":"Inputs!$X$37*Inputs!$X$32*(E2492-Inputs!$X$26)","v":-47680.27279627695},{"$f":"Inputs!$X$33*C2492*Inputs!$X$38","v":1950.9657280353774},{"$f":"params!$C$15*Inputs!$X$29*(E2492-Inputs!$X$26)","v":-4953.506699999999},{"$f":"Inputs!$X$40*Inputs!$X$41/8760","v":5342.4657534246571},{"$f":"-Inputs!$X$45*Inputs!$X$33","v":-30000},1012.7753618292717,6.2796535698688054E-3,5.4005020700871728E-3,{"$f":"-L2492/(1.202*2465560*MAX(0,(Inputs!$X$49-O2492)))","v":1.8083604455828233},{"$f":"params!$C$15*P2492*(E2492-Inputs!$X$26)","v":-30368.581598723373},-105708.92961354027]
["1991-04-14","23:00:00",0,10,6.1,2.2000000000000002,76,{"$f":"Inputs!$X$37*Inputs!$X$32*(E2496-Inputs!$X$26)","v":-51450.518009401079},{"$f":"Inputs!$X$33*C2496*Inputs!$X$38","v":0},{"$f":"params!$C$15*Inputs!$X$29*(E2496-Inputs!$X$26)","v":-5345.1977249999991},{"$f":"Inputs!$X$40*Inputs!$X$41/8760","v":5342.4657534246571},{"$f":"-Inputs!$X$45*Inputs!$X$33","v":-30000},938.94793828269269,5.817609385555097E-3,4.421383133021874E-3,{"$f":"-L2496/(1.202*2465560*MAX(0,(Inputs!$X$49-O2496)))","v":1.5391456326018615},{"$f":"params!$C$15*P2496*(E2496-Inputs!$X$26)","v":-27891.395468043436},-109344.64544901987]
["1991-04-15","02:00:00",0,10,6.1,3.3,82,{"$f":"Inputs!$X$37*Inputs!$X$32*(E2499-Inputs!$X$26)","v":-51450.518009401079},{"$f":"Inputs!$X$33*C2499*Inputs!$X$38","v":0},{"$f":"params!$C$15*Inputs!$X$29*(E2499-Inputs!$X$26)","v":-5345.1977249999991},{"$f":"Inputs!$X$40*Inputs!$X$41/8760","v":5342.4657534246571},{"$f":"-Inputs!$X$45*Inputs!$X$33","v":-30000},{"$f":"EXP(77.345+0.0057*(E2499+273.15)-7235/(E2499+273.15))/(E2499+273.15)^8.2","v":938.94793828269269},{"$f":"0.62198*M2499/(101325-M2499)","v":5.817609385555097E-3},{"$f":"N2499*G2499/100","v":4.77043969615518E-3},{"$f":"-L2499/(1.202*2465560*MAX(0,(Inputs!$X$49-O2499)))","v":1.625411215936694},{"$f":"params!$C$15*P2499*(E2499-Inputs!$X$26)","v":-29454.644227035733},{"$f":"H2499+I2499+J2499+K2499+L2499+Q2499","v":-110907.89420801216}]
["1991-04-15","05:00:00",0,10,6.1,3.9,86,{"$f":"Inputs!$X$37*Inputs!$X$32*(E2502-Inputs!$X$26)","v":-51450.518009401079},{"$f":"Inputs!$X$33*C2502*Inputs!$X$38","v":0},{"$f":"params!$C$15*Inputs!$X$29*(E2502-Inputs!$X$26)","v":-5345.1977249999991},{"$f":"Inputs!$X$40*Inputs!$X$41/8760","v":5342.4657534246571},{"$f":"-Inputs!$X$45*Inputs!$X$33","v":-30000},938.94793828269269,5.817609385555097E-3,5.0031440715773831E-3,{"$f":"-L2502/(1.202*2465560*MAX(0,(Inputs!$X$49-O2502)))","v":1.6885023387560409},{"$f":"params!$C$15*P2502*(E2502-Inputs!$X$26)","v":-30597.940494655715},-112051.19047563215]
["1991-04-15","10:00:00",167,10,7.8,5.6,86,{"$f":"Inputs!$X$37*Inputs!$X$32*(E2507-Inputs!$X$26)","v":-45623.775407300142},{"$f":"Inputs!$X$33*C2507*Inputs!$X$38","v":32581.127658190802},{"$f":"params!$C$15*Inputs!$X$29*(E2507-Inputs!$X$26)","v":-4739.8570499999987},{"$f":"Inputs!$X$40*Inputs!$X$41/8760","v":5342.4657534246571},{"$f":"-Inputs!$X$45*Inputs!$X$33","v":-30000},1055.1653507694125,6.5452560799310663E-3,5.6289202287407173E-3,{"$f":"-L2507/(1.202*2465560*MAX(0,(Inputs!$X$49-O2507)))","v":1.8852898819782853},{"$f":"params!$C$15*P2507*(E2507-Inputs!$X$26)","v":-30294.942669295324},-72734.981714980007]
["1991-04-15","13:00:00",212,10,8.3000000000000007,6.1,86,{"$f":"Inputs!$X$37*Inputs!$X$32*(E2510-Inputs!$X$26)","v":-43910.027583152805},{"$f":"Inputs!$X$33*C2510*Inputs!$X$38","v":41360.473434350002},{"$f":"params!$C$15*Inputs!$X$29*(E2510-Inputs!$X$26)","v":-4561.8156749999989},{"$f":"Inputs!$X$40*Inputs!$X$41/8760","v":5342.4657534246571},{"$f":"-Inputs!$X$45*Inputs!$X$33","v":-30000},1091.6777773743988,6.7742116984131845E-3,5.8258220606353384E-3,{"$f":"-L2510/(1.202*2465560*MAX(0,(Inputs!$X$49-O2510)))","v":1.9570577977325621},{"$f":"params!$C$15*P2510*(E2510-Inputs!$X$26)","v":-30266.913759818741},-62035.817830196887]
["1991-04-15","14:00:00",239,10,9.4,6.1,80,{"$f":"Inputs!$X$37*Inputs!$X$32*(E2511-Inputs!$X$26)","v":-40139.782370028675},{"$f":"Inputs!$X$33*C2511*Inputs!$X$38","v":46628.080900045512},{"$f":"params!$C$15*Inputs!$X$29*(E2511-Inputs!$X$26)","v":-4170.1246499999988},{"$f":"Inputs!$X$40*Inputs!$X$41/8760","v":5342.4657534246571},{"$f":"-Inputs!$X$45*Inputs!$X$33","v":-30000},1175.9507731568485,7.3032931169560531E-3,5.842634493564842E-3,{"$f":"-L2511/(1.202*2465560*MAX(0,(Inputs!$X$49-O2511)))","v":1.9634397062533178},{"$f":"params!$C$15*P2511*(E2511-Inputs!$X$26)","v":-27758.331658355804},-50097.692024914308]
["1991-04-15","17:00:00",111,10,11.7,7.8,77,{"$f":"Inputs!$X$37*Inputs!$X$32*(E2514-Inputs!$X$26)","v":-32256.542378950937},{"$f":"Inputs!$X$33*C2514*Inputs!$X$38","v":21655.71958119269},{"$f":"params!$C$15*Inputs!$X$29*(E2514-Inputs!$X$26)","v":-3351.1343249999995},{"$f":"Inputs!$X$40*Inputs!$X$41/8760","v":5342.4657534246571},{"$f":"-Inputs!$X$45*Inputs!$X$33","v":-30000},1370.8930463882082,8.5305955200846006E-3,6.5685585504651426E-3,{"$f":"-L2514/(1.202*2465560*MAX(0,(Inputs!$X$49-O2514)))","v":2.2851994073321782},{"$f":"params!$C$15*P2514*(E2514-Inputs!$X$26)","v":-25962.271859508572},-64571.763228842159]
["1991-04-15","21:00:00",0,3,9.4,7.2,86,{"$f":"Inputs!$X$37*Inputs!$X$32*(E2518-Inputs!$X$26)","v":-40139.782370028675},{"$f":"Inputs!$X$33*C2518*Inputs!$X$38","v":0},{"$f":"params!$C$15*Inputs!$X$29*(E2518-Inputs!$X$26)","v":-4170.1246499999988},{"$f":"Inputs!$X$40*Inputs!$X$41/8760","v":5342.4657534246571},{"$f":"-Inputs!$X$45*Inputs!$X$33","v":-30000},1175.9507731568485,7.3032931169560531E-3,6.2808320805822059E-3,{"$f":"-L2518/(1.202*2465560*MAX(0,(Inputs!$X$49-O2518)))","v":2.145820788337069},{"$f":"params!$C$15*P2518*(E2518-Inputs!$X$26)","v":-30336.76304515461},-99304.204311758629]
["1991-04-15",1,0,0,3.9,2.8,93,{"$f":"Inputs!$X$37*Inputs!$X$32*(E2521-Inputs!$X$26)","v":-58991.008435649353},{"$f":"Inputs!$X$33*C2521*Inputs!$X$38","v":0},{"$f":"params!$C$15*Inputs!$X$29*(E2521-Inputs!$X$26)","v":-6128.5797749999992},{"$f":"Inputs!$X$40*Inputs!$X$41/8760","v":5342.4657534246571},{"$f":"-Inputs!$X$45*Inputs!$X$33","v":-30000},805.40210224974328,4.9835455974153575E-3,4.6346974055962824E-3,{"$f":"-L2521/(1.202*2465560*MAX(0,(Inputs!$X$49-O2521)))","v":1.5907394262755461},{"$f":"params!$C$15*P2521*(E2521-Inputs!$X$26)","v":-33051.079064015488},-122828.20152124019]
["1991-04-16","03:00:00",0,0,2.2000000000000002,1.7,96,{"$f":"Inputs!$X$37*Inputs!$X$32*(E2524-Inputs!$X$26)","v":-64817.751037750291},{"$f":"Inputs!$X$33*C2524*Inputs!$X$38","v":0},{"$f":"params!$C$15*Inputs!$X$29*(E2524-Inputs!$X$26)","v":-6733.9204499999987},{"$f":"Inputs!$X$40*Inputs!$X$41/8760","v":5342.4657534246571},{"$f":"-Inputs!$X$45*Inputs!$X$33","v":-30000},714.00723647805364,4.4140129099852635E-3,4.2374523935858532E-3,{"$f":"-L2524/(1.202*2465560*MAX(0,(Inputs!$X$49-O2524)))","v":1.4972726673839656},{"$f":"params!$C$15*P2524*(E2524-Inputs!$X$26)","v":-34181.855392851947},-130391.06112717759]
["1991-04-16","06:00:00",5,10,4.4000000000000004,3.3,93,{"$f":"Inputs!$X$37*Inputs!$X$32*(E2527-Inputs!$X$26)","v":-57277.26061150201},{"$f":"Inputs!$X$33*C2527*Inputs!$X$38","v":975.48286401768871},{"$f":"params!$C$15*Inputs!$X$29*(E2527-Inputs!$X$26)","v":-5950.5383999999976},{"$f":"Inputs!$X$40*Inputs!$X$41/8760","v":5342.4657534246571},{"$f":"-Inputs!$X$45*Inputs!$X$33","v":-30000},834.18129245512239,5.1630993453363316E-3,4.8016823911627877E-3,{"$f":"-L2527/(1.202*2465560*MAX(0,(Inputs!$X$49-O2527)))","v":1.6336063856624452},{"$f":"params!$C$15*P2527*(E2527-Inputs!$X$26)","v":-32955.692262058888},-119865.54265611856]
["1991-04-16","11:00:00",757,2,17.8,0,30,{"$f":"Inputs!$X$37*Inputs!$X$32*(E2532-Inputs!$X$26)","v":-11348.818924353454},{"$f":"Inputs!$X$33*C2532*Inputs!$X$38","v":147688.10561227804},{"$f":"params!$C$15*Inputs!$X$29*(E2532-Inputs!$X$26)","v":-1179.0295499999993},{"$f":"Inputs!$X$40*Inputs!$X$41/8760","v":5342.4657534246571},{"$f":"-Inputs!$X$45*Inputs!$X$33","v":-30000},2031.9631240131093,1.2728389257065034E-2,3.8185167771195099E-3,{"$f":"-L2532/(1.202*2465560*MAX(0,(Inputs!$X$49-O2532)))","v":1.4099076369841899},{"$f":"params!$C$15*P2532*(E2532-Inputs!$X$26)","v":-5635.6252619357001},104867.09762941353]
["1991-04-16","14:00:00",237,10,16.7,1.1000000000000001,35,{"$f":"Inputs!$X$37*Inputs!$X$32*(E2535-Inputs!$X$26)","v":-15119.064137477595},{"$f":"Inputs!$X$33*C2535*Inputs!$X$38","v":46237.887754438445},{"$f":"params!$C$15*Inputs!$X$29*(E2535-Inputs!$X$26)","v":-1570.7205749999998},{"$f":"Inputs!$X$40*Inputs!$X$41/8760","v":5342.4657534246571},{"$f":"-Inputs!$X$45*Inputs!$X$33","v":-30000},1895.3846669421735,1.1856541445883897E-2,4.1497895060593646E-3,{"$f":"-L2535/(1.202*2465560*MAX(0,(Inputs!$X$49-O2535)))","v":1.4781071139695769},{"$f":"params!$C$15*P2535*(E2535-Inputs!$X$26)","v":-7871.0304793400064},-2980.4616839544979]
["1991-04-16","15:00:00",259,9,16.100000000000001,2.8,41,{"$f":"Inputs!$X$37*Inputs!$X$32*(E2536-Inputs!$X$26)","v":-17175.561526454389},{"$f":"Inputs!$X$33*C2536*Inputs!$X$38","v":50530.012356116276},{"$f":"params!$C$15*Inputs!$X$29*(E2536-Inputs!$X$26)","v":-1784.370224999999},{"$f":"Inputs!$X$40*Inputs!$X$41/8760","v":5342.4657534246571},{"$f":"-Inputs!$X$45*Inputs!$X$33","v":-30000},1824.3357636986555,1.14039475717521E-2,4.6756185044183607E-3,{"$f":"-L2536/(1.202*2465560*MAX(0,(Inputs!$X$49-O2536)))","v":1.6010348901006726},{"$f":"params!$C$15*P2536*(E2536-Inputs!$X$26)","v":-9685.2875306013248},-2772.7411725147776]
["1991-04-16","18:00:00",128,9,13.3,1.1000000000000001,43,{"$f":"Inputs!$X$37*Inputs!$X$32*(E2539-Inputs!$X$26)","v":-26772.549341679463},{"$f":"Inputs!$X$33*C2539*Inputs!$X$38","v":24972.361318852829},{"$f":"params!$C$15*Inputs!$X$29*(E2539-Inputs!$X$26)","v":-2781.4019249999988},{"$f":"Inputs!$X$40*Inputs!$X$41/8760","v":5342.4657534246571},{"$f":"-Inputs!$X$45*Inputs!$X$33","v":-30000},1522.7575650660701,9.4900147252429956E-3,4.0807063318544883E-3,{"$f":"-L2539/(1.202*2465560*MAX(0,(Inputs!$X$49-O2539)))","v":1.4633458360826455},{"$f":"params!$C$15*P2539*(E2539-Inputs!$X$26)","v":-13798.678033475047},-43037.802227877022]
["1991-04-16","22:00:00",0,9,10,2.7,60,{"$f":"Inputs!$X$37*Inputs!$X$32*(E2543-Inputs!$X$26)","v":-38083.284981051875},{"$f":"Inputs!$X$33*C2543*Inputs!$X$38","v":0},{"$f":"params!$C$15*Inputs!$X$29*(E2543-Inputs!$X$26)","v":-3956.474999999999},{"$f":"Inputs!$X$40*Inputs!$X$41/8760","v":5342.4657534246571},{"$f":"-Inputs!$X$45*Inputs!$X$33","v":-30000},1224.2915728566036,7.6071876458255446E-3,4.5643125874953267E-3,{"$f":"-L2543/(1.202*2465560*MAX(0,(Inputs!$X$49-O2543)))","v":1.5733374446758814},{"$f":"params!$C$15*P2543*(E2543-Inputs!$X$26)","v":-21103.624895777648},-87800.919123404863]
["1991-04-17","01:00:00",0,9,5.6,2.2000000000000002,79,{"$f":"Inputs!$X$37*Inputs!$X$32*(E2546-Inputs!$X$26)","v":-53164.265833548416},{"$f":"Inputs!$X$33*C2546*Inputs!$X$38","v":0},{"$f":"params!$C$15*Inputs!$X$29*(E2546-Inputs!$X$26)","v":-5523.2390999999989},{"$f":"Inputs!$X$40*Inputs!$X$41/8760","v":5342.4657534246571},{"$f":"-Inputs!$X$45*Inputs!$X$33","v":-30000},906.99088692947566,5.6178189234680556E-3,4.4380769495397637E-3,{"$f":"-L2546/(1.202*2465560*MAX(0,(Inputs!$X$49-O2546)))","v":1.5430623081963288},{"$f":"params!$C$15*P2546*(E2546-Inputs!$X$26)","v":-28893.760026779564},-112238.79920690332]
["1991-04-17","04:00:00",0,10,4.4000000000000004,1.7,83,{"$f":"Inputs!$X$37*Inputs!$X$32*(E2549-Inputs!$X$26)","v":-57277.26061150201},{"$f":"Inputs!$X$33*C2549*Inputs!$X$38","v":0},{"$f":"params!$C$15*Inputs!$X$29*(E2549-Inputs!$X$26)","v":-5950.5383999999976},{"$f":"Inputs!$X$40*Inputs!$X$41/8760","v":5342.4657534246571},{"$f":"-Inputs!$X$45*Inputs!$X$33","v":-30000},834.18129245512239,5.1630993453363316E-3,4.2853724566291555E-3,{"$f":"-L2549/(1.202*2465560*MAX(0,(Inputs!$X$49-O2549)))","v":1.5079609309755244},{"$f":"params!$C$15*P2549*(E2549-Inputs!$X$26)","v":-30420.973387836613},-118306.30664591397]
["1991-04-17","07:00:00",44,9,6.1,3.3,82,{"$f":"Inputs!$X$37*Inputs!$X$32*(E2552-Inputs!$X$26)","v":-51450.518009401079},{"$f":"Inputs!$X$33*C2552*Inputs!$X$38","v":8584.2492033556609},{"$f":"params!$C$15*Inputs!$X$29*(E2552-Inputs!$X$26)","v":-5345.1977249999991},{"$f":"Inputs!$X$40*Inputs!$X$41/8760","v":5342.4657534246571},{"$f":"-Inputs!$X$45*Inputs!$X$33","v":-30000},938.94793828269269,5.817609385555097E-3,4.77043969615518E-3,{"$f":"-L2552/(1.202*2465560*MAX(0,(Inputs!$X$49-O2552)))","v":1.625411215936694},{"$f":"params!$C$15*P2552*(E2552-Inputs!$X$26)","v":-29454.644227035733},-102323.6450046565]
["1991-04-17","12:00:00",395,9,12.8,3.3,52,{"$f":"Inputs!$X$37*Inputs!$X$32*(E2557-Inputs!$X$26)","v":-28486.297165826796},{"$f":"Inputs!$X$33*C2557*Inputs!$X$38","v":77063.146257397413},{"$f":"params!$C$15*Inputs!$X$29*(E2557-Inputs!$X$26)","v":-2959.443299999999},{"$f":"Inputs!$X$40*Inputs!$X$41/8760","v":5342.4657534246571},{"$f":"-Inputs!$X$45*Inputs!$X$33","v":-30000},1473.7857134719666,9.1803113724273511E-3,4.7737619136622228E-3,{"$f":"-L2557/(1.202*2465560*MAX(0,(Inputs!$X$49-O2557)))","v":1.6262787471108293},{"$f":"params!$C$15*P2557*(E2557-Inputs!$X$26)","v":-16316.678805817253},4643.1927391780264]
["1991-04-17","15:00:00",316,9,13.3,2.2000000000000002,47,{"$f":"Inputs!$X$37*Inputs!$X$32*(E2560-Inputs!$X$26)","v":-26772.549341679463},{"$f":"Inputs!$X$33*C2560*Inputs!$X$38","v":61650.517005917922},{"$f":"params!$C$15*Inputs!$X$29*(E2560-Inputs!$X$26)","v":-2781.4019249999988},{"$f":"Inputs!$X$40*Inputs!$X$41/8760","v":5342.4657534246571},{"$f":"-Inputs!$X$45*Inputs!$X$33","v":-30000},1522.7575650660701,9.4900147252429956E-3,4.4603069208642076E-3,{"$f":"-L2560/(1.202*2465560*MAX(0,(Inputs!$X$49-O2560)))","v":1.5483089180359146},{"$f":"params!$C$15*P2560*(E2560-Inputs!$X$26)","v":-14599.840809694342},-7160.8093170312241]
["1991-04-17","16:00:00",164,10,11.7,2.8,54,{"$f":"Inputs!$X$37*Inputs!$X$32*(E2561-Inputs!$X$26)","v":-32256.542378950937},{"$f":"Inputs!$X$33*C2561*Inputs!$X$38","v":31995.837939780187},{"$f":"params!$C$15*Inputs!$X$29*(E2561-Inputs!$X$26)","v":-3351.1343249999995},{"$f":"Inputs!$X$40*Inputs!$X$41/8760","v":5342.4657534246571},{"$f":"-Inputs!$X$45*Inputs!$X$33","v":-30000},1370.8930463882082,8.5305955200846006E-3,4.6065215808456846E-3,{"$f":"-L2561/(1.202*2465560*MAX(0,(Inputs!$X$49-O2561)))","v":1.5837272172805581},{"$f":"params!$C$15*P2561*(E2561-Inputs!$X$26)","v":-17992.80904520383},-46262.182055949917]
["1991-04-17","19:00:00",25,3,5.6,2.2000000000000002,79,{"$f":"Inputs!$X$37*Inputs!$X$32*(E2564-Inputs!$X$26)","v":-53164.265833548416},{"$f":"Inputs!$X$33*C2564*Inputs!$X$38","v":4877.4143200884437},{"$f":"params!$C$15*Inputs!$X$29*(E2564-Inputs!$X$26)","v":-5523.2390999999989},{"$f":"Inputs!$X$40*Inputs!$X$41/8760","v":5342.4657534246571},{"$f":"-Inputs!$X$45*Inputs!$X$33","v":-30000},906.99088692947566,5.6178189234680556E-3,4.4380769495397637E-3,{"$f":"-L2564/(1.202*2465560*MAX(0,(Inputs!$X$49-O2564)))","v":1.5430623081963288},{"$f":"params!$C$15*P2564*(E2564-Inputs!$X$26)","v":-28893.760026779564},-107361.38488681488]
["1991-04-17","23:00:00",0,10,3.3,1.7,89,{"$f":"Inputs!$X$37*Inputs!$X$32*(E2568-Inputs!$X$26)","v":-61047.505824626147},{"$f":"Inputs!$X$33*C2568*Inputs!$X$38","v":0},{"$f":"params!$C$15*Inputs!$X$29*(E2568-Inputs!$X$26)","v":-6342.2294249999977},{"$f":"Inputs!$X$40*Inputs!$X$41/8760","v":5342.4657534246571},{"$f":"-Inputs!$X$45*Inputs!$X$33","v":-30000},772.02842975916951,4.7754555160627581E-3,4.2501554092958553E-3,{"$f":"-L2568/(1.202*2465560*MAX(0,(Inputs!$X$49-O2568)))","v":1.5000912072755801},{"$f":"params!$C$15*P2568*(E2568-Inputs!$X$26)","v":-32254.206937390034},-124301.47643359151]
["1991-04-18","02:00:00",0,10,3.9,1.7,86,{"$f":"Inputs!$X$37*Inputs!$X$32*(E2571-Inputs!$X$26)","v":-58991.008435649353},{"$f":"Inputs!$X$33*C2571*Inputs!$X$38","v":0},{"$f":"params!$C$15*Inputs!$X$29*(E2571-Inputs!$X$26)","v":-6128.5797749999992},{"$f":"Inputs!$X$40*Inputs!$X$41/8760","v":5342.4657534246571},{"$f":"-Inputs!$X$45*Inputs!$X$33","v":-30000},805.40210224974328,4.9835455974153575E-3,4.2858492137772073E-3,{"$f":"-L2571/(1.202*2465560*MAX(0,(Inputs!$X$49-O2571)))","v":1.5080680353049263},{"$f":"params!$C$15*P2571*(E2571-Inputs!$X$26)","v":-31333.400710056845},-121110.52316728154]
["1991-04-18","04:00:00",0,10,3.9,1.7,86,{"$f":"Inputs!$X$37*Inputs!$X$32*(E2573-Inputs!$X$26)","v":-58991.008435649353},{"$f":"Inputs!$X$33*C2573*Inputs!$X$38","v":0},{"$f":"params!$C$15*Inputs!$X$29*(E2573-Inputs!$X$26)","v":-6128.5797749999992},{"$f":"Inputs!$X$40*Inputs!$X$41/8760","v":5342.4657534246571},{"$f":"-Inputs!$X$45*Inputs!$X$33","v":-30000},805.40210224974328,4.9835455974153575E-3,4.2858492137772073E-3,{"$f":"-L2573/(1.202*2465560*MAX(0,(Inputs!$X$49-O2573)))","v":1.5080680353049263},{"$f":"params!$C$15*P2573*(E2573-Inputs!$X$26)","v":-31333.400710056845},-121110.52316728154]
["1991-04-18","10:00:00",199,10,7.8,1.7,65,{"$f":"Inputs!$X$37*Inputs!$X$32*(E2579-Inputs!$X$26)","v":-45623.775407300142},{"$f":"Inputs!$X$33*C2579*Inputs!$X$38","v":38824.217987904005},{"$f":"params!$C$15*Inputs!$X$29*(E2579-Inputs!$X$26)","v":-4739.8570499999987},{"$f":"Inputs!$X$40*Inputs!$X$41/8760","v":5342.4657534246571},{"$f":"-Inputs!$X$45*Inputs!$X$33","v":-30000},1055.1653507694125,6.5452560799310663E-3,4.2544164519551933E-3,{"$f":"-L2579/(1.202*2465560*MAX(0,(Inputs!$X$49-O2579)))","v":1.5010390238946287},{"$f":"params!$C$15*P2579*(E2579-Inputs!$X$26)","v":-24120.370881928149},-60317.319597899623]
["1991-04-18","13:00:00",253,10,10,0,50,{"$f":"Inputs!$X$37*Inputs!$X$32*(E2582-Inputs!$X$26)","v":-38083.284981051875},{"$f":"Inputs!$X$33*C2582*Inputs!$X$38","v":49359.432919295046},{"$f":"params!$C$15*Inputs!$X$29*(E2582-Inputs!$X$26)","v":-3956.474999999999},{"$f":"Inputs!$X$40*Inputs!$X$41/8760","v":5342.4657534246571},{"$f":"-Inputs!$X$45*Inputs!$X$33","v":-30000},1224.2915728566036,7.6071876458255446E-3,3.8035938229127723E-3,{"$f":"-L2582/(1.202*2465560*MAX(0,(Inputs!$X$49-O2582)))","v":1.4069832611357855},{"$f":"params!$C$15*P2582*(E2582-Inputs!$X$26)","v":-18872.268678359997},-36210.129986692162]
["1991-04-18","14:00:00",239,10,10,0.6,52,{"$f":"Inputs!$X$37*Inputs!$X$32*(E2583-Inputs!$X$26)","v":-38083.284981051875},{"$f":"Inputs!$X$33*C2583*Inputs!$X$38","v":46628.080900045512},{"$f":"params!$C$15*Inputs!$X$29*(E2583-Inputs!$X$26)","v":-3956.474999999999},{"$f":"Inputs!$X$40*Inputs!$X$41/8760","v":5342.4657534246571},{"$f":"-Inputs!$X$45*Inputs!$X$33","v":-30000},1224.2915728566036,7.6071876458255446E-3,3.9557375758292835E-3,{"$f":"-L2583/(1.202*2465560*MAX(0,(Inputs!$X$49-O2583)))","v":1.4373790310914327},{"$f":"params!$C$15*P2583*(E2583-Inputs!$X$26)","v":-19279.97582963451},-39349.189157216213]
["1991-04-18","17:00:00",141,9,10.6,0,48,{"$f":"Inputs!$X$37*Inputs!$X$32*(E2586-Inputs!$X$26)","v":-36026.787592075074},{"$f":"Inputs!$X$33*C2586*Inputs!$X$38","v":27508.616765298822},{"$f":"params!$C$15*Inputs!$X$29*(E2586-Inputs!$X$26)","v":-3742.8253499999992},{"$f":"Inputs!$X$40*Inputs!$X$41/8760","v":5342.4657534246571},{"$f":"-Inputs!$X$45*Inputs!$X$33","v":-30000},1274.3740285685947,7.922340820890262E-3,3.8027235940273256E-3,{"$f":"-L2586/(1.202*2465560*MAX(0,(Inputs!$X$49-O2586)))","v":1.4068131010804805},{"$f":"params!$C$15*P2586*(E2586-Inputs!$X$26)","v":-17851.007014160237},-54769.537437511826]
["1991-04-18","20:00:00",0,3,4.4000000000000004,0.6,76,{"$f":"Inputs!$X$37*Inputs!$X$32*(E2589-Inputs!$X$26)","v":-57277.26061150201},{"$f":"Inputs!$X$33*C2589*Inputs!$X$38","v":0},{"$f":"params!$C$15*Inputs!$X$29*(E2589-Inputs!$X$26)","v":-5950.5383999999976},{"$f":"Inputs!$X$40*Inputs!$X$41/8760","v":5342.4657534246571},{"$f":"-Inputs!$X$45*Inputs!$X$33","v":-30000},834.18129245512239,5.1630993453363316E-3,3.9239555024556125E-3,{"$f":"-L2589/(1.202*2465560*MAX(0,(Inputs!$X$49-O2589)))","v":1.4309214759794724},{"$f":"params!$C$15*P2589*(E2589-Inputs!$X$26)","v":-28866.811630653548},-116752.14488873091]
["1991-04-18",1,0,0,0.6,-1,88,{"$f":"Inputs!$X$37*Inputs!$X$32*(E2593-Inputs!$X$26)","v":-70301.74407502175},{"$f":"Inputs!$X$33*C2593*Inputs!$X$38","v":0},{"$f":"params!$C$15*Inputs!$X$29*(E2593-Inputs!$X$26)","v":-7303.6528499999977},{"$f":"Inputs!$X$40*Inputs!$X$41/8760","v":5342.4657534246571},{"$f":"-Inputs!$X$45*Inputs!$X$33","v":-30000},636.50097539783337,3.931838099813293E-3,3.460017527835698E-3,{"$f":"-L2593/(1.202*2465560*MAX(0,(Inputs!$X$49-O2593)))","v":1.3428563292397786},{"$f":"params!$C$15*P2593*(E2593-Inputs!$X$26)","v":-33250.365784656613},-135513.2969562537]
["1991-04-19","03:00:00",0,3,3.9,1.7,86,{"$f":"Inputs!$X$37*Inputs!$X$32*(E2596-Inputs!$X$26)","v":-58991.008435649353},{"$f":"Inputs!$X$33*C2596*Inputs!$X$38","v":0},{"$f":"params!$C$15*Inputs!$X$29*(E2596-Inputs!$X$26)","v":-6128.5797749999992},{"$f":"Inputs!$X$40*Inputs!$X$41/8760","v":5342.4657534246571},{"$f":"-Inputs!$X$45*Inputs!$X$33","v":-30000},805.40210224974328,4.9835455974153575E-3,4.2858492137772073E-3,{"$f":"-L2596/(1.202*2465560*MAX(0,(Inputs!$X$49-O2596)))","v":1.5080680353049263},{"$f":"params!$C$15*P2596*(E2596-Inputs!$X$26)","v":-31333.400710056845},-121110.52316728154]
["1991-04-19","05:00:00",0,10,6.1,2.2000000000000002,76,{"$f":"Inputs!$X$37*Inputs!$X$32*(E2598-Inputs!$X$26)","v":-51450.518009401079},{"$f":"Inputs!$X$33*C2598*Inputs!$X$38","v":0},{"$f":"params!$C$15*Inputs!$X$29*(E2598-Inputs!$X$26)","v":-5345.1977249999991},{"$f":"Inputs!$X$40*Inputs!$X$41/8760","v":5342.4657534246571},{"$f":"-Inputs!$X$45*Inputs!$X$33","v":-30000},938.94793828269269,5.817609385555097E-3,4.421383133021874E-3,{"$f":"-L2598/(1.202*2465560*MAX(0,(Inputs!$X$49-O2598)))","v":1.5391456326018615},{"$f":"params!$C$15*P2598*(E2598-Inputs!$X$26)","v":-27891.395468043436},-109344.64544901987]
["1991-04-19","11:00:00",228,10,7.8,-1,53,{"$f":"Inputs!$X$37*Inputs!$X$32*(E2604-Inputs!$X$26)","v":-45623.775407300142},{"$f":"Inputs!$X$33*C2604*Inputs!$X$38","v":44482.018599206604},{"$f":"params!$C$15*Inputs!$X$29*(E2604-Inputs!$X$26)","v":-4739.8570499999987},{"$f":"Inputs!$X$40*Inputs!$X$41/8760","v":5342.4657534246571},{"$f":"-Inputs!$X$45*Inputs!$X$33","v":-30000},1055.1653507694125,6.5452560799310663E-3,3.468985722363465E-3,{"$f":"-L2604/(1.202*2465560*MAX(0,(Inputs!$X$49-O2604)))","v":1.3444558132109379},{"$f":"params!$C$15*P2604*(E2604-Inputs!$X$26)","v":-21604.217034192574},-52143.365138861453]
["1991-04-19","14:00:00",460,9,11.7,0,44,{"$f":"Inputs!$X$37*Inputs!$X$32*(E2607-Inputs!$X$26)","v":-32256.542378950937},{"$f":"Inputs!$X$33*C2607*Inputs!$X$38","v":89744.423489627356},{"$f":"params!$C$15*Inputs!$X$29*(E2607-Inputs!$X$26)","v":-3351.1343249999995},{"$f":"Inputs!$X$40*Inputs!$X$41/8760","v":5342.4657534246571},{"$f":"-Inputs!$X$45*Inputs!$X$33","v":-30000},1370.8930463882082,8.5305955200846006E-3,3.7534620288372247E-3,{"$f":"-L2607/(1.202*2465560*MAX(0,(Inputs!$X$49-O2607)))","v":1.3972474021006775},{"$f":"params!$C$15*P2607*(E2607-Inputs!$X$26)","v":-15874.201958891377},13605.0105802097]
["1991-04-19","15:00:00",458,9,13.3,-1.6,35,{"$f":"Inputs!$X$37*Inputs!$X$32*(E2608-Inputs!$X$26)","v":-26772.549341679463},{"$f":"Inputs!$X$33*C2608*Inputs!$X$38","v":89354.230344020281},{"$f":"params!$C$15*Inputs!$X$29*(E2608-Inputs!$X$26)","v":-2781.4019249999988},{"$f":"Inputs!$X$40*Inputs!$X$41/8760","v":5342.4657534246571},{"$f":"-Inputs!$X$45*Inputs!$X$33","v":-30000},1522.7575650660701,9.4900147252429956E-3,3.3215051538350482E-3,{"$f":"-L2608/(1.202*2465560*MAX(0,(Inputs!$X$49-O2608)))","v":1.3186271378047461},{"$f":"params!$C$15*P2608*(E2608-Inputs!$X$26)","v":-12434.047285417502},22708.697545347975]
["1991-04-19","18:00:00",52,10,13.3,-1,37,{"$f":"Inputs!$X$37*Inputs!$X$32*(E2611-Inputs!$X$26)","v":-26772.549341679463},{"$f":"Inputs!$X$33*C2611*Inputs!$X$38","v":10145.021785783962},{"$f":"params!$C$15*Inputs!$X$29*(E2611-Inputs!$X$26)","v":-2781.4019249999988},{"$f":"Inputs!$X$40*Inputs!$X$41/8760","v":5342.4657534246571},{"$f":"-Inputs!$X$45*Inputs!$X$33","v":-30000},1522.7575650660701,9.4900147252429956E-3,3.5113054483399088E-3,{"$f":"-L2611/(1.202*2465560*MAX(0,(Inputs!$X$49-O2611)))","v":1.3520552711299305},{"$f":"params!$C$15*P2611*(E2611-Inputs!$X$26)","v":-12749.259204323218},-56815.722931794066]
["1991-04-19","21:00:00",0,10,10.9,-0.2,46,{"$f":"Inputs!$X$37*Inputs!$X$32*(E2614-Inputs!$X$26)","v":-34998.538897586666},{"$f":"Inputs!$X$33*C2614*Inputs!$X$38","v":0},{"$f":"params!$C$15*Inputs!$X$29*(E2614-Inputs!$X$26)","v":-3636.000524999999},{"$f":"Inputs!$X$40*Inputs!$X$41/8760","v":5342.4657534246571},{"$f":"-Inputs!$X$45*Inputs!$X$33","v":-30000},1300.0849756660984,8.0842543377125427E-3,3.7187569953477696E-3,{"$f":"-L2614/(1.202*2465560*MAX(0,(Inputs!$X$49-O2614)))","v":1.3905860493023445},{"$f":"params!$C$15*P2614*(E2614-Inputs!$X$26)","v":-17141.489605481231},-80433.563274643238]
["1991-04-20","01:00:00",0,10,8.3000000000000007,-3.2,43,{"$f":"Inputs!$X$37*Inputs!$X$32*(E2618-Inputs!$X$26)","v":-43910.027583152805},{"$f":"Inputs!$X$33*C2618*Inputs!$X$38","v":0},{"$f":"params!$C$15*Inputs!$X$29*(E2618-Inputs!$X$26)","v":-4561.8156749999989},{"$f":"Inputs!$X$40*Inputs!$X$41/8760","v":5342.4657534246571},{"$f":"-Inputs!$X$45*Inputs!$X$33","v":-30000},1091.6777773743988,6.7742116984131845E-3,2.9129110303176692E-3,{"$f":"-L2618/(1.202*2465560*MAX(0,(Inputs!$X$49-O2618)))","v":1.2519903730485324},{"$f":"params!$C$15*P2618*(E2618-Inputs!$X$26)","v":-19362.680393541214},-92492.05789826937]
["1991-04-20","04:00:00",0,10,6.7,-2.1,52,{"$f":"Inputs!$X$37*Inputs!$X$32*(E2621-Inputs!$X$26)","v":-49394.020620424279},{"$f":"Inputs!$X$33*C2621*Inputs!$X$38","v":0},{"$f":"params!$C$15*Inputs!$X$29*(E2621-Inputs!$X$26)","v":-5131.5480749999988},{"$f":"Inputs!$X$40*Inputs!$X$41/8760","v":5342.4657534246571},{"$f":"-Inputs!$X$45*Inputs!$X$33","v":-30000},978.60557903106951,6.0657196659430037E-3,3.1541742262903624E-3,{"$f":"-L2621/(1.202*2465560*MAX(0,(Inputs!$X$49-O2621)))","v":1.2904981311107138},{"$f":"params!$C$15*P2621*(E2621-Inputs!$X$26)","v":-22450.836969544769},-101633.93991154438]
["1991-04-20","06:00:00",7,10,5.6,-0.5,64,{"$f":"Inputs!$X$37*Inputs!$X$32*(E2623-Inputs!$X$26)","v":-53164.265833548416},{"$f":"Inputs!$X$33*C2623*Inputs!$X$38","v":1365.6760096247642},{"$f":"params!$C$15*Inputs!$X$29*(E2623-Inputs!$X$26)","v":-5523.2390999999989},{"$f":"Inputs!$X$40*Inputs!$X$41/8760","v":5342.4657534246571},{"$f":"-Inputs!$X$45*Inputs!$X$33","v":-30000},906.99088692947566,5.6178189234680556E-3,3.5954041110195555E-3,{"$f":"-L2623/(1.202*2465560*MAX(0,(Inputs!$X$49-O2623)))","v":1.3674149683111201},{"$f":"params!$C$15*P2623*(E2623-Inputs!$X$26)","v":-25604.772886708946},-107584.13605720793]
["1991-04-20","12:00:00",253,10,6.7,-0.5,60,{"$f":"Inputs!$X$37*Inputs!$X$32*(E2629-Inputs!$X$26)","v":-49394.020620424279},{"$f":"Inputs!$X$33*C2629*Inputs!$X$38","v":49359.432919295046},{"$f":"params!$C$15*Inputs!$X$29*(E2629-Inputs!$X$26)","v":-5131.5480749999988},{"$f":"Inputs!$X$40*Inputs!$X$41/8760","v":5342.4657534246571},{"$f":"-Inputs!$X$45*Inputs!$X$33","v":-30000},978.60557903106951,6.0657196659430037E-3,3.6394317995658023E-3,{"$f":"-L2629/(1.202*2465560*MAX(0,(Inputs!$X$49-O2629)))","v":1.3755961484417916},{"$f":"params!$C$15*P2629*(E2629-Inputs!$X$26)","v":-23931.28987952858},-53754.959902233153]
["1991-04-20","15:00:00",176,10,6.1,0,65,{"$f":"Inputs!$X$37*Inputs!$X$32*(E2632-Inputs!$X$26)","v":-51450.518009401079},{"$f":"Inputs!$X$33*C2632*Inputs!$X$38","v":34336.996813422644},{"$f":"params!$C$15*Inputs!$X$29*(E2632-Inputs!$X$26)","v":-5345.1977249999991},{"$f":"Inputs!$X$40*Inputs!$X$41/8760","v":5342.4657534246571},{"$f":"-Inputs!$X$45*Inputs!$X$33","v":-30000},938.94793828269269,5.817609385555097E-3,3.781446100610813E-3,{"$f":"-L2632/(1.202*2465560*MAX(0,(Inputs!$X$49-O2632)))","v":1.4026653781755281},{"$f":"params!$C$15*P2632*(E2632-Inputs!$X$26)","v":-25418.189119564824},-72534.442287118596]
["1991-04-20","16:00:00",139,10,6.1,0,65,{"$f":"Inputs!$X$37*Inputs!$X$32*(E2633-Inputs!$X$26)","v":-51450.518009401079},{"$f":"Inputs!$X$33*C2633*Inputs!$X$38","v":27118.423619691745},{"$f":"params!$C$15*Inputs!$X$29*(E2633-Inputs!$X$26)","v":-5345.1977249999991},{"$f":"Inputs!$X$40*Inputs!$X$41/8760","v":5342.4657534246571},{"$f":"-Inputs!$X$45*Inputs!$X$33","v":-30000},938.94793828269269,5.817609385555097E-3,3.781446100610813E-3,{"$f":"-L2633/(1.202*2465560*MAX(0,(Inputs!$X$49-O2633)))","v":1.4026653781755281},{"$f":"params!$C$15*P2633*(E2633-Inputs!$X$26)","v":-25418.189119564824},-79753.015480849499]
["1991-04-20","19:00:00",12,10,6.1,0,65,{"$f":"Inputs!$X$37*Inputs!$X$32*(E2636-Inputs!$X$26)","v":-51450.518009401079},{"$f":"Inputs!$X$33*C2636*Inputs!$X$38","v":2341.1588736424528},{"$f":"params!$C$15*Inputs!$X$29*(E2636-Inputs!$X$26)","v":-5345.1977249999991},{"$f":"Inputs!$X$40*Inputs!$X$41/8760","v":5342.4657534246571},{"$f":"-Inputs!$X$45*Inputs!$X$33","v":-30000},938.94793828269269,5.817609385555097E-3,3.781446100610813E-3,{"$f":"-L2636/(1.202*2465560*MAX(0,(Inputs!$X$49-O2636)))","v":1.4026653781755281},{"$f":"params!$C$15*P2636*(E2636-Inputs!$X$26)","v":-25418.189119564824},-104530.28022689879]
["1991-04-20","22:00:00",0,10,6.1,5,93,{"$f":"Inputs!$X$37*Inputs!$X$32*(E2639-Inputs!$X$26)","v":-51450.518009401079},{"$f":"Inputs!$X$33*C2639*Inputs!$X$38","v":0},{"$f":"params!$C$15*Inputs!$X$29*(E2639-Inputs!$X$26)","v":-5345.1977249999991},{"$f":"Inputs!$X$40*Inputs!$X$41/8760","v":5342.4657534246571},{"$f":"-Inputs!$X$45*Inputs!$X$33","v":-30000},938.94793828269269,5.817609385555097E-3,5.4103767285662409E-3,{"$f":"-L2639/(1.202*2465560*MAX(0,(Inputs!$X$49-O2639)))","v":1.8115560841647307},{"$f":"params!$C$15*P2639*(E2639-Inputs!$X$26)","v":-32827.840384775795},-114281.09036575223]
["1991-04-21","02:00:00",0,10,5.6,5,96,{"$f":"Inputs!$X$37*Inputs!$X$32*(E2643-Inputs!$X$26)","v":-53164.265833548416},{"$f":"Inputs!$X$33*C2643*Inputs!$X$38","v":0},{"$f":"params!$C$15*Inputs!$X$29*(E2643-Inputs!$X$26)","v":-5523.2390999999989},{"$f":"Inputs!$X$40*Inputs!$X$41/8760","v":5342.4657534246571},{"$f":"-Inputs!$X$45*Inputs!$X$33","v":-30000},906.99088692947566,5.6178189234680556E-3,5.3931061665293337E-3,{"$f":"-L2643/(1.202*2465560*MAX(0,(Inputs!$X$49-O2643)))","v":1.8059743567593698},{"$f":"params!$C$15*P2643*(E2643-Inputs!$X$26)","v":-33816.77421679566},-117161.81339691942]
["1991-04-21","07:00:00",46,10,5.6,3.9,89,{"$f":"Inputs!$X$37*Inputs!$X$32*(E2648-Inputs!$X$26)","v":-53164.265833548416},{"$f":"Inputs!$X$33*C2648*Inputs!$X$38","v":8974.4423489627352},{"$f":"params!$C$15*Inputs!$X$29*(E2648-Inputs!$X$26)","v":-5523.2390999999989},{"$f":"Inputs!$X$40*Inputs!$X$41/8760","v":5342.4657534246571},{"$f":"-Inputs!$X$45*Inputs!$X$33","v":-30000},906.99088692947566,5.6178189234680556E-3,4.9998588418865694E-3,{"$f":"-L2648/(1.202*2465560*MAX(0,(Inputs!$X$49-O2648)))","v":1.687577576830714},{"$f":"params!$C$15*P2648*(E2648-Inputs!$X$26)","v":-31599.800780900707},-105970.39761206173]
["1991-04-21","10:00:00",172,10,5,3.3,89,{"$f":"Inputs!$X$37*Inputs!$X$32*(E2651-Inputs!$X$26)","v":-55220.763222525216},{"$f":"Inputs!$X$33*C2651*Inputs!$X$38","v":33556.610522208495},{"$f":"params!$C$15*Inputs!$X$29*(E2651-Inputs!$X$26)","v":-5736.8887499999983},{"$f":"Inputs!$X$40*Inputs!$X$41/8760","v":5342.4657534246571},{"$f":"-Inputs!$X$45*Inputs!$X$33","v":-30000},869.91328556198641,5.3861748872103517E-3,4.793695649617213E-3,{"$f":"-L2651/(1.202*2465560*MAX(0,(Inputs!$X$49-O2651)))","v":1.6315035571032441},{"$f":"params!$C$15*P2651*(E2651-Inputs!$X$26)","v":-31731.544204030441},-83790.119900922495]
["1991-04-21","13:00:00",215,10,5.6,3.3,85,{"$f":"Inputs!$X$37*Inputs!$X$32*(E2654-Inputs!$X$26)","v":-53164.265833548416},{"$f":"Inputs!$X$33*C2654*Inputs!$X$38","v":41945.763152760614},{"$f":"params!$C$15*Inputs!$X$29*(E2654-Inputs!$X$26)","v":-5523.2390999999989},{"$f":"Inputs!$X$40*Inputs!$X$41/8760","v":5342.4657534246571},{"$f":"-Inputs!$X$45*Inputs!$X$33","v":-30000},906.99088692947566,5.6178189234680556E-3,4.7751460849478474E-3,{"$f":"-L2654/(1.202*2465560*MAX(0,(Inputs!$X$49-O2654)))","v":1.626640469327592},{"$f":"params!$C$15*P2654*(E2654-Inputs!$X$26)","v":-30458.756669092065},-71858.032696455208]
["1991-04-21","16:00:00",142,10,3.9,1.7,86,{"$f":"Inputs!$X$37*Inputs!$X$32*(E2657-Inputs!$X$26)","v":-58991.008435649353},{"$f":"Inputs!$X$33*C2657*Inputs!$X$38","v":27703.71333810236},{"$f":"params!$C$15*Inputs!$X$29*(E2657-Inputs!$X$26)","v":-6128.5797749999992},{"$f":"Inputs!$X$40*Inputs!$X$41/8760","v":5342.4657534246571},{"$f":"-Inputs!$X$45*Inputs!$X$33","v":-30000},805.40210224974328,4.9835455974153575E-3,4.2858492137772073E-3,{"$f":"-L2657/(1.202*2465560*MAX(0,(Inputs!$X$49-O2657)))","v":1.5080680353049263},{"$f":"params!$C$15*P2657*(E2657-Inputs!$X$26)","v":-31333.400710056845},-93406.809829179183]
["1991-04-21","17:00:00",97,10,3.3,1.7,89,{"$f":"Inputs!$X$37*Inputs!$X$32*(E2658-Inputs!$X$26)","v":-61047.505824626147},{"$f":"Inputs!$X$33*C2658*Inputs!$X$38","v":18924.36756194316},{"$f":"params!$C$15*Inputs!$X$29*(E2658-Inputs!$X$26)","v":-6342.2294249999977},{"$f":"Inputs!$X$40*Inputs!$X$41/8760","v":5342.4657534246571},{"$f":"-Inputs!$X$45*Inputs!$X$33","v":-30000},772.02842975916951,4.7754555160627581E-3,4.2501554092958553E-3,{"$f":"-L2658/(1.202*2465560*MAX(0,(Inputs!$X$49-O2658)))","v":1.5000912072755801},{"$f":"params!$C$15*P2658*(E2658-Inputs!$X$26)","v":-32254.206937390034},-105377.10887164835]
["1991-04-21","20:00:00",0,10,2.8,0.6,85,{"$f":"Inputs!$X$37*Inputs!$X$32*(E2661-Inputs!$X$26)","v":-62761.253648773483},{"$f":"Inputs!$X$33*C2661*Inputs!$X$38","v":0},{"$f":"params!$C$15*Inputs!$X$29*(E2661-Inputs!$X$26)","v":-6520.2707999999984},{"$f":"Inputs!$X$40*Inputs!$X$41/8760","v":5342.4657534246571},{"$f":"-Inputs!$X$45*Inputs!$X$33","v":-30000},745.15756711705887,4.6080118280633067E-3,3.9168100538538109E-3,{"$f":"-L2661/(1.202*2465560*MAX(0,(Inputs!$X$49-O2661)))","v":1.4294776280549353},{"$f":"params!$C$15*P2661*(E2661-Inputs!$X$26)","v":-31598.738901746248},-125537.79759709508]
["1991-04-21","23:00:00",0,10,2.2000000000000002,0,85,{"$f":"Inputs!$X$37*Inputs!$X$32*(E2664-Inputs!$X$26)","v":-64817.751037750291},{"$f":"Inputs!$X$33*C2664*Inputs!$X$38","v":0},{"$f":"params!$C$15*Inputs!$X$29*(E2664-Inputs!$X$26)","v":-6733.9204499999987},{"$f":"Inputs!$X$40*Inputs!$X$41/8760","v":5342.4657534246571},{"$f":"-Inputs!$X$45*Inputs!$X$33","v":-30000},714.00723647805364,4.4140129099852635E-3,3.751910973487474E-3,{"$f":"-L2664/(1.202*2465560*MAX(0,(Inputs!$X$49-O2664)))","v":1.396948327358235},{"$f":"params!$C$15*P2664*(E2664-Inputs!$X$26)","v":-31891.50964765481},-128100.71538198045]
["1991-04-22","03:00:00",0,10,0.6,0,96,{"$f":"Inputs!$X$37*Inputs!$X$32*(E2668-Inputs!$X$26)","v":-70301.74407502175},{"$f":"Inputs!$X$33*C2668*Inputs!$X$38","v":0},{"$f":"params!$C$15*Inputs!$X$29*(E2668-Inputs!$X$26)","v":-7303.6528499999977},{"$f":"Inputs!$X$40*Inputs!$X$41/8760","v":5342.4657534246571},{"$f":"-Inputs!$X$45*Inputs!$X$33","v":-30000},636.50097539783337,3.931838099813293E-3,3.7745645758207615E-3,{"$f":"-L2668/(1.202*2465560*MAX(0,(Inputs!$X$49-O2668)))","v":1.4013291589879826},{"$f":"params!$C$15*P2668*(E2668-Inputs!$X$26)","v":-34698.207177110271},-136961.13834870738]
["1991-04-22","08:00:00",90,10,2.2000000000000002,1.7,96,{"$f":"Inputs!$X$37*Inputs!$X$32*(E2673-Inputs!$X$26)","v":-64817.751037750291},{"$f":"Inputs!$X$33*C2673*Inputs!$X$38","v":17558.691552318396},{"$f":"params!$C$15*Inputs!$X$29*(E2673-Inputs!$X$26)","v":-6733.9204499999987},{"$f":"Inputs!$X$40*Inputs!$X$41/8760","v":5342.4657534246571},{"$f":"-Inputs!$X$45*Inputs!$X$33","v":-30000},714.00723647805364,4.4140129099852635E-3,4.2374523935858532E-3,{"$f":"-L2673/(1.202*2465560*MAX(0,(Inputs!$X$49-O2673)))","v":1.4972726673839656},{"$f":"params!$C$15*P2673*(E2673-Inputs!$X$26)","v":-34181.855392851947},-112832.36957485919]
["1991-04-22","11:00:00",229,10,5,2.2000000000000002,82,{"$f":"Inputs!$X$37*Inputs!$X$32*(E2676-Inputs!$X$26)","v":-55220.763222525216},{"$f":"Inputs!$X$33*C2676*Inputs!$X$38","v":44677.115172010141},{"$f":"params!$C$15*Inputs!$X$29*(E2676-Inputs!$X$26)","v":-5736.8887499999983},{"$f":"Inputs!$X$40*Inputs!$X$41/8760","v":5342.4657534246571},{"$f":"-Inputs!$X$45*Inputs!$X$33","v":-30000},869.91328556198641,5.3861748872103517E-3,4.4166634075124885E-3,{"$f":"-L2676/(1.202*2465560*MAX(0,(Inputs!$X$49-O2676)))","v":1.5380419011668405},{"$f":"params!$C$15*P2676*(E2676-Inputs!$X$26)","v":-29913.783737731803},-70851.854784822222]
["1991-04-22","14:00:00",235,10,6.1,2.2000000000000002,76,{"$f":"Inputs!$X$37*Inputs!$X$32*(E2679-Inputs!$X$26)","v":-51450.518009401079},{"$f":"Inputs!$X$33*C2679*Inputs!$X$38","v":45847.694608831363},{"$f":"params!$C$15*Inputs!$X$29*(E2679-Inputs!$X$26)","v":-5345.1977249999991},{"$f":"Inputs!$X$40*Inputs!$X$41/8760","v":5342.4657534246571},{"$f":"-Inputs!$X$45*Inputs!$X$33","v":-30000},938.94793828269269,5.817609385555097E-3,4.421383133021874E-3,{"$f":"-L2679/(1.202*2465560*MAX(0,(Inputs!$X$49-O2679)))","v":1.5391456326018615},{"$f":"params!$C$15*P2679*(E2679-Inputs!$X$26)","v":-27891.395468043436},-63496.950840188496]
["1991-04-22","17:00:00",102,10,7.2,1.7,68,{"$f":"Inputs!$X$37*Inputs!$X$32*(E2682-Inputs!$X$26)","v":-47680.27279627695},{"$f":"Inputs!$X$33*C2682*Inputs!$X$38","v":19899.850425960849},{"$f":"params!$C$15*Inputs!$X$29*(E2682-Inputs!$X$26)","v":-4953.506699999999},{"$f":"Inputs!$X$40*Inputs!$X$41/8760","v":5342.4657534246571},{"$f":"-Inputs!$X$45*Inputs!$X$33","v":-30000},1012.7753618292717,6.2796535698688054E-3,4.2701644275107871E-3,{"$f":"-L2682/(1.202*2465560*MAX(0,(Inputs!$X$49-O2682)))","v":1.5045523852275979},{"$f":"params!$C$15*P2682*(E2682-Inputs!$X$26)","v":-25266.601020800488},-82658.064337691932]
["1991-04-22","18:00:00",58,10,7.2,0.6,63,{"$f":"Inputs!$X$37*Inputs!$X$32*(E2683-Inputs!$X$26)","v":-47680.27279627695},{"$f":"Inputs!$X$33*C2683*Inputs!$X$38","v":11315.601222605188},{"$f":"params!$C$15*Inputs!$X$29*(E2683-Inputs!$X$26)","v":-4953.506699999999},{"$f":"Inputs!$X$40*Inputs!$X$41/8760","v":5342.4657534246571},{"$f":"-Inputs!$X$45*Inputs!$X$33","v":-30000},1012.7753618292717,6.2796535698688054E-3,3.9561817490173477E-3,{"$f":"-L2683/(1.202*2465560*MAX(0,(Inputs!$X$49-O2683)))","v":1.4374696922218253},{"$f":"params!$C$15*P2683*(E2683-Inputs!$X$26)","v":-24140.052250402376},-90115.764770649461]
["1991-04-22","21:00:00",0,10,6.7,1.1000000000000001,67,{"$f":"Inputs!$X$37*Inputs!$X$32*(E2686-Inputs!$X$26)","v":-49394.020620424279},{"$f":"Inputs!$X$33*C2686*Inputs!$X$38","v":0},{"$f":"params!$C$15*Inputs!$X$29*(E2686-Inputs!$X$26)","v":-5131.5480749999988},{"$f":"Inputs!$X$40*Inputs!$X$41/8760","v":5342.4657534246571},{"$f":"-Inputs!$X$45*Inputs!$X$33","v":-30000},978.60557903106951,6.0657196659430037E-3,4.0640321761818126E-3,{"$f":"-L2686/(1.202*2465560*MAX(0,(Inputs!$X$49-O2686)))","v":1.4598270648913829},{"$f":"params!$C$15*P2686*(E2686-Inputs!$X$26)","v":-25396.657807940472},-104579.76074994009]
["1991-04-23","01:00:00",0,0,2.2000000000000002,-0.5,82,{"$f":"Inputs!$X$37*Inputs!$X$32*(E2690-Inputs!$X$26)","v":-64817.751037750291},{"$f":"Inputs!$X$33*C2690*Inputs!$X$38","v":0},{"$f":"params!$C$15*Inputs!$X$29*(E2690-Inputs!$X$26)","v":-6733.9204499999987},{"$f":"Inputs!$X$40*Inputs!$X$41/8760","v":5342.4657534246571},{"$f":"-Inputs!$X$45*Inputs!$X$33","v":-30000},714.00723647805364,4.4140129099852635E-3,3.6194905861879163E-3,{"$f":"-L2690/(1.202*2465560*MAX(0,(Inputs!$X$49-O2690)))","v":1.371878596878745},{"$f":"params!$C$15*P2690*(E2690-Inputs!$X$26)","v":-31319.182428535176},-127528.38816286082]
["1991-04-23","04:00:00",0,0,-1,-2.1,91,{"$f":"Inputs!$X$37*Inputs!$X$32*(E2693-Inputs!$X$26)","v":-75785.737112293224},{"$f":"Inputs!$X$33*C2693*Inputs!$X$38","v":0},{"$f":"params!$C$15*Inputs!$X$29*(E2693-Inputs!$X$26)","v":-7873.3852499999985},{"$f":"Inputs!$X$40*Inputs!$X$41/8760","v":5342.4657534246571},{"$f":"-Inputs!$X$45*Inputs!$X$33","v":-30000},566.54310372490409,3.4972595900071069E-3,3.1825062269064675E-3,{"$f":"-L2693/(1.202*2465560*MAX(0,(Inputs!$X$49-O2693)))","v":1.295176153010934},{"$f":"params!$C$15*P2693*(E2693-Inputs!$X$26)","v":-34571.41027259564},-142888.06688146421]
["1991-04-23","09:00:00",551,0,11.1,1.1000000000000001,50,{"$f":"Inputs!$X$37*Inputs!$X$32*(E2698-Inputs!$X$26)","v":-34313.039767927738},{"$f":"Inputs!$X$33*C2698*Inputs!$X$38","v":107498.21161474929},{"$f":"params!$C$15*Inputs!$X$29*(E2698-Inputs!$X$26)","v":-3564.7839749999994},{"$f":"Inputs!$X$40*Inputs!$X$41/8760","v":5342.4657534246571},{"$f":"-Inputs!$X$45*Inputs!$X$33","v":-30000},1317.4782376741875,8.1938348219052388E-3,4.0969174109526194E-3,{"$f":"-L2698/(1.202*2465560*MAX(0,(Inputs!$X$49-O2698)))","v":1.4667831849490622},{"$f":"params!$C$15*P2698*(E2698-Inputs!$X$26)","v":-17726.618317803579},27236.235307442628]
["1991-04-23","12:00:00",639,9,15.6,-4.3,24,{"$f":"Inputs!$X$37*Inputs!$X$32*(E2701-Inputs!$X$26)","v":-18889.309350601729},{"$f":"Inputs!$X$33*C2701*Inputs!$X$38","v":124666.7100214606},{"$f":"params!$C$15*Inputs!$X$29*(E2701-Inputs!$X$26)","v":-1962.4115999999995},{"$f":"Inputs!$X$40*Inputs!$X$41/8760","v":5342.4657534246571},{"$f":"-Inputs!$X$45*Inputs!$X$33","v":-30000},1766.9242403471044,1.1038698072712965E-2,2.6492875374511116E-3,{"$f":"-L2701/(1.202*2465560*MAX(0,(Inputs!$X$49-O2701)))","v":1.2124582021837433},{"$f":"params!$C$15*P2701*(E2701-Inputs!$X$26)","v":-8066.4720342679202},71090.982790015594]
["1991-04-23","15:00:00",570,9,17.2,-2.7,25,{"$f":"Inputs!$X$37*Inputs!$X$32*(E2704-Inputs!$X$26)","v":-13405.316313330261},{"$f":"Inputs!$X$33*C2704*Inputs!$X$38","v":111205.04649801651},{"$f":"params!$C$15*Inputs!$X$29*(E2704-Inputs!$X$26)","v":-1392.6791999999998},{"$f":"Inputs!$X$40*Inputs!$X$41/8760","v":5342.4657534246571},{"$f":"-Inputs!$X$45*Inputs!$X$33","v":-30000},1956.433941157356,1.2245952930431422E-2,3.0614882326078559E-3,{"$f":"-L2704/(1.202*2465560*MAX(0,(Inputs!$X$49-O2704)))","v":1.2754276846475749},{"$f":"params!$C$15*P2704*(E2704-Inputs!$X$26)","v":-6021.9019959200223},65727.614742190883]
["1991-04-23","18:00:00",170,9,15.6,-1,32,{"$f":"Inputs!$X$37*Inputs!$X$32*(E2707-Inputs!$X$26)","v":-18889.309350601729},{"$f":"Inputs!$X$33*C2707*Inputs!$X$38","v":33166.417376601414},{"$f":"params!$C$15*Inputs!$X$29*(E2707-Inputs!$X$26)","v":-1962.4115999999995},{"$f":"Inputs!$X$40*Inputs!$X$41/8760","v":5342.4657534246571},{"$f":"-Inputs!$X$45*Inputs!$X$33","v":-30000},1766.9242403471044,1.1038698072712965E-2,3.532383383268149E-3,{"$f":"-L2707/(1.202*2465560*MAX(0,(Inputs!$X$49-O2707)))","v":1.3558724290127837},{"$f":"params!$C$15*P2707*(E2707-Inputs!$X$26)","v":-9020.6054204325155},-21363.443241008172]
["1991-04-23","19:00:00",40,9,14.4,-1,34,{"$f":"Inputs!$X$37*Inputs!$X$32*(E2708-Inputs!$X$26)","v":-23002.30412855533},{"$f":"Inputs!$X$33*C2708*Inputs!$X$38","v":7803.8629121415097},{"$f":"params!$C$15*Inputs!$X$29*(E2708-Inputs!$X$26)","v":-2389.7108999999991},{"$f":"Inputs!$X$40*Inputs!$X$41/8760","v":5342.4657534246571},{"$f":"-Inputs!$X$45*Inputs!$X$33","v":-30000},1635.559113509069,1.0204541708471198E-2,3.4695441808802073E-3,{"$f":"-L2708/(1.202*2465560*MAX(0,(Inputs!$X$49-O2708)))","v":1.3445555407235628},{"$f":"params!$C$15*P2708*(E2708-Inputs!$X$26)","v":-10893.084322698658},-53138.770685687821]
["1991-04-23","22:00:00",0,9,7.2,3.3,76,{"$f":"Inputs!$X$37*Inputs!$X$32*(E2711-Inputs!$X$26)","v":-47680.27279627695},{"$f":"Inputs!$X$33*C2711*Inputs!$X$38","v":0},{"$f":"params!$C$15*Inputs!$X$29*(E2711-Inputs!$X$26)","v":-4953.506699999999},{"$f":"Inputs!$X$40*Inputs!$X$41/8760","v":5342.4657534246571},{"$f":"-Inputs!$X$45*Inputs!$X$33","v":-30000},1012.7753618292717,6.2796535698688054E-3,4.7725367131002923E-3,{"$f":"-L2711/(1.202*2465560*MAX(0,(Inputs!$X$49-O2711)))","v":1.6259587025334183},{"$f":"params!$C$15*P2711*(E2711-Inputs!$X$26)","v":-27305.429984743034},-104596.74372759533]
["1991-04-24","02:00:00",0,10,6.7,3.3,79,{"$f":"Inputs!$X$37*Inputs!$X$32*(E2715-Inputs!$X$26)","v":-49394.020620424279},{"$f":"Inputs!$X$33*C2715*Inputs!$X$38","v":0},{"$f":"params!$C$15*Inputs!$X$29*(E2715-Inputs!$X$26)","v":-5131.5480749999988},{"$f":"Inputs!$X$40*Inputs!$X$41/8760","v":5342.4657534246571},{"$f":"-Inputs!$X$45*Inputs!$X$33","v":-30000},978.60557903106951,6.0657196659430037E-3,4.7919185360949731E-3,{"$f":"-L2715/(1.202*2465560*MAX(0,(Inputs!$X$49-O2715)))","v":1.63103639711627},{"$f":"params!$C$15*P2715*(E2715-Inputs!$X$26)","v":-28375.191997786424},-107558.29493978605]
["1991-04-24","06:00:00",12,9,3.9,2.2000000000000002,89,{"$f":"Inputs!$X$37*Inputs!$X$32*(E2719-Inputs!$X$26)","v":-58991.008435649353},{"$f":"Inputs!$X$33*C2719*Inputs!$X$38","v":2341.1588736424528},{"$f":"params!$C$15*Inputs!$X$29*(E2719-Inputs!$X$26)","v":-6128.5797749999992},{"$f":"Inputs!$X$40*Inputs!$X$41/8760","v":5342.4657534246571},{"$f":"-Inputs!$X$45*Inputs!$X$33","v":-30000},805.40210224974328,4.9835455974153575E-3,4.4353555816996678E-3,{"$f":"-L2719/(1.202*2465560*MAX(0,(Inputs!$X$49-O2719)))","v":1.5424224660522017},{"$f":"params!$C$15*P2719*(E2719-Inputs!$X$26)","v":-32047.188894389408},-119483.15247797166]
["1991-04-24","09:00:00",161,10,10,3.9,66,{"$f":"Inputs!$X$37*Inputs!$X$32*(E2722-Inputs!$X$26)","v":-38083.284981051875},{"$f":"Inputs!$X$33*C2722*Inputs!$X$38","v":31410.548221369576},{"$f":"params!$C$15*Inputs!$X$29*(E2722-Inputs!$X$26)","v":-3956.474999999999},{"$f":"Inputs!$X$40*Inputs!$X$41/8760","v":5342.4657534246571},{"$f":"-Inputs!$X$45*Inputs!$X$33","v":-30000},1224.2915728566036,7.6071876458255446E-3,5.0207438462448592E-3,{"$f":"-L2722/(1.202*2465560*MAX(0,(Inputs!$X$49-O2722)))","v":1.6934738228068367},{"$f":"params!$C$15*P2722*(E2722-Inputs!$X$26)","v":-22715.048477535263},-58001.79448379291]
["1991-04-24","13:00:00",259,10,8.3000000000000007,6.1,86,{"$f":"Inputs!$X$37*Inputs!$X$32*(E2726-Inputs!$X$26)","v":-43910.027583152805},{"$f":"Inputs!$X$33*C2726*Inputs!$X$38","v":50530.012356116276},{"$f":"params!$C$15*Inputs!$X$29*(E2726-Inputs!$X$26)","v":-4561.8156749999989},{"$f":"Inputs!$X$40*Inputs!$X$41/8760","v":5342.4657534246571},{"$f":"-Inputs!$X$45*Inputs!$X$33","v":-30000},1091.6777773743988,6.7742116984131845E-3,5.8258220606353384E-3,{"$f":"-L2726/(1.202*2465560*MAX(0,(Inputs!$X$49-O2726)))","v":1.9570577977325621},{"$f":"params!$C$15*P2726*(E2726-Inputs!$X$26)","v":-30266.913759818741},-52866.278908430613]
["1991-04-24","16:00:00",171,10,7.2,6.1,93,{"$f":"Inputs!$X$37*Inputs!$X$32*(E2729-Inputs!$X$26)","v":-47680.27279627695},{"$f":"Inputs!$X$33*C2729*Inputs!$X$38","v":33361.513949404951},{"$f":"params!$C$15*Inputs!$X$29*(E2729-Inputs!$X$26)","v":-4953.506699999999},{"$f":"Inputs!$X$40*Inputs!$X$41/8760","v":5342.4657534246571},{"$f":"-Inputs!$X$45*Inputs!$X$33","v":-30000},1012.7753618292717,6.2796535698688054E-3,5.8400778199779891E-3,{"$f":"-L2729/(1.202*2465560*MAX(0,(Inputs!$X$49-O2729)))","v":1.9624665246286475},{"$f":"params!$C$15*P2729*(E2729-Inputs!$X$26)","v":-32956.551849783638},-76886.35164323097]
["1991-04-24","19:00:00",16,10,7.2,5.6,90,{"$f":"Inputs!$X$37*Inputs!$X$32*(E2732-Inputs!$X$26)","v":-47680.27279627695},{"$f":"Inputs!$X$33*C2732*Inputs!$X$38","v":3121.5451648566036},{"$f":"params!$C$15*Inputs!$X$29*(E2732-Inputs!$X$26)","v":-4953.506699999999},{"$f":"Inputs!$X$40*Inputs!$X$41/8760","v":5342.4657534246571},{"$f":"-Inputs!$X$45*Inputs!$X$33","v":-30000},1012.7753618292717,6.2796535698688054E-3,5.651688212881925E-3,{"$f":"-L2732/(1.202*2465560*MAX(0,(Inputs!$X$49-O2732)))","v":1.8933182101665031},{"$f":"params!$C$15*P2732*(E2732-Inputs!$X$26)","v":-31795.314202008707},-105965.08278000439]
["1991-04-24","20:00:00",0,10,6.7,5.6,93,{"$f":"Inputs!$X$37*Inputs!$X$32*(E2733-Inputs!$X$26)","v":-49394.020620424279},{"$f":"Inputs!$X$33*C2733*Inputs!$X$38","v":0},{"$f":"params!$C$15*Inputs!$X$29*(E2733-Inputs!$X$26)","v":-5131.5480749999988},{"$f":"Inputs!$X$40*Inputs!$X$41/8760","v":5342.4657534246571},{"$f":"-Inputs!$X$45*Inputs!$X$33","v":-30000},978.60557903106951,6.0657196659430037E-3,5.6411192893269938E-3,{"$f":"-L2733/(1.202*2465560*MAX(0,(Inputs!$X$49-O2733)))","v":1.8895829649152864},{"$f":"params!$C$15*P2733*(E2733-Inputs!$X$26)","v":-32873.134848501861},-112056.23779050147]
["1991-04-24","23:00:00",0,9,4.4000000000000004,3.9,97,{"$f":"Inputs!$X$37*Inputs!$X$32*(E2736-Inputs!$X$26)","v":-57277.26061150201},{"$f":"Inputs!$X$33*C2736*Inputs!$X$38","v":0},{"$f":"params!$C$15*Inputs!$X$29*(E2736-Inputs!$X$26)","v":-5950.5383999999976},{"$f":"Inputs!$X$40*Inputs!$X$41/8760","v":5342.4657534246571},{"$f":"-Inputs!$X$45*Inputs!$X$33","v":-30000},834.18129245512239,5.1630993453363316E-3,5.0082063649762422E-3,{"$f":"-L2736/(1.202*2465560*MAX(0,(Inputs!$X$49-O2736)))","v":1.6899293135659941},{"$f":"params!$C$15*P2736*(E2736-Inputs!$X$26)","v":-34091.927462642285},-121977.26072071964]
["1991-04-25","03:00:00",0,0,3.3,2.8,97,{"$f":"Inputs!$X$37*Inputs!$X$32*(E2740-Inputs!$X$26)","v":-61047.505824626147},{"$f":"Inputs!$X$33*C2740*Inputs!$X$38","v":0},{"$f":"params!$C$15*Inputs!$X$29*(E2740-Inputs!$X$26)","v":-6342.2294249999977},{"$f":"Inputs!$X$40*Inputs!$X$41/8760","v":5342.4657534246571},{"$f":"-Inputs!$X$45*Inputs!$X$33","v":-30000},772.02842975916951,4.7754555160627581E-3,4.6321918505808747E-3,{"$f":"-L2740/(1.202*2465560*MAX(0,(Inputs!$X$49-O2740)))","v":1.5901133462336254},{"$f":"params!$C$15*P2740*(E2740-Inputs!$X$26)","v":-34189.817708799521},-126237.08720500101]
["1991-04-25","07:00:00",91,9,2.8,2.8,100,{"$f":"Inputs!$X$37*Inputs!$X$32*(E2744-Inputs!$X$26)","v":-62761.253648773483},{"$f":"Inputs!$X$33*C2744*Inputs!$X$38","v":17753.788125121933},{"$f":"params!$C$15*Inputs!$X$29*(E2744-Inputs!$X$26)","v":-6520.2707999999984},{"$f":"Inputs!$X$40*Inputs!$X$41/8760","v":5342.4657534246571},{"$f":"-Inputs!$X$45*Inputs!$X$33","v":-30000},745.15756711705887,4.6080118280633067E-3,4.6080118280633067E-3,{"$f":"-L2744/(1.202*2465560*MAX(0,(Inputs!$X$49-O2744)))","v":1.5840965511508542},{"$f":"params!$C$15*P2744*(E2744-Inputs!$X$26)","v":-35016.604899988626},-111201.87547021551]
["1991-04-25","10:00:00",721,2,13.3,6.7,64,{"$f":"Inputs!$X$37*Inputs!$X$32*(E2747-Inputs!$X$26)","v":-26772.549341679463},{"$f":"Inputs!$X$33*C2747*Inputs!$X$38","v":140664.62899135071},{"$f":"params!$C$15*Inputs!$X$29*(E2747-Inputs!$X$26)","v":-2781.4019249999988},{"$f":"Inputs!$X$40*Inputs!$X$41/8760","v":5342.4657534246571},{"$f":"-Inputs!$X$45*Inputs!$X$33","v":-30000},1522.7575650660701,9.4900147252429956E-3,6.0736094241555169E-3,{"$f":"-L2747/(1.202*2465560*MAX(0,(Inputs!$X$49-O2747)))","v":2.0555280386403805},{"$f":"params!$C$15*P2747*(E2747-Inputs!$X$26)","v":-19382.683774812871},67070.459703283021]
["1991-04-25","14:00:00",845,2,18.3,-1.6,25,{"$f":"Inputs!$X$37*Inputs!$X$32*(E2751-Inputs!$X$26)","v":-9635.0711002061198},{"$f":"Inputs!$X$33*C2751*Inputs!$X$38","v":164856.6040189894},{"$f":"params!$C$15*Inputs!$X$29*(E2751-Inputs!$X$26)","v":-1000.9881749999994},{"$f":"Inputs!$X$40*Inputs!$X$41/8760","v":5342.4657534246571},{"$f":"-Inputs!$X$45*Inputs!$X$33","v":-30000},2096.843724028703,1.3143395064644483E-2,3.2858487661611207E-3,{"$f":"-L2751/(1.202*2465560*MAX(0,(Inputs!$X$49-O2751)))","v":1.3125308192724936},{"$f":"params!$C$15*P2751*(E2751-Inputs!$X$26)","v":-4454.1538221538367},125108.85667505409]
["1991-04-25","17:00:00",367,3,17.8,-1,28,{"$f":"Inputs!$X$37*Inputs!$X$32*(E2754-Inputs!$X$26)","v":-11348.818924353454},{"$f":"Inputs!$X$33*C2754*Inputs!$X$38","v":71600.442218898344},{"$f":"params!$C$15*Inputs!$X$29*(E2754-Inputs!$X$26)","v":-1179.0295499999993},{"$f":"Inputs!$X$40*Inputs!$X$41/8760","v":5342.4657534246571},{"$f":"-Inputs!$X$45*Inputs!$X$33","v":-30000},2031.9631240131093,1.2728389257065034E-2,3.5639489919782096E-3,{"$f":"-L2754/(1.202*2465560*MAX(0,(Inputs!$X$49-O2754)))","v":1.3616293556195334},{"$f":"params!$C$15*P2754*(E2754-Inputs!$X$26)","v":-5442.6492861168335},28972.410211852712]
["1991-04-25","18:00:00",178,2,15.6,0.6,36,{"$f":"Inputs!$X$37*Inputs!$X$32*(E2755-Inputs!$X$26)","v":-18889.309350601729},{"$f":"Inputs!$X$33*C2755*Inputs!$X$38","v":34727.189959029718},{"$f":"params!$C$15*Inputs!$X$29*(E2755-Inputs!$X$26)","v":-1962.4115999999995},{"$f":"Inputs!$X$40*Inputs!$X$41/8760","v":5342.4657534246571},{"$f":"-Inputs!$X$45*Inputs!$X$33","v":-30000},{"$f":"EXP(77.345+0.0057*(E2755+273.15)-7235/(E2755+273.15))/(E2755+273.15)^8.2","v":1766.9242403471044},{"$f":"0.62198*M2755/(101325-M2755)","v":1.1038698072712965E-2},{"$f":"N2755*G2755/100","v":3.9739313061766673E-3},{"$f":"-L2755/(1.202*2465560*MAX(0,(Inputs!$X$49-O2755)))","v":1.4411019755808603},{"$f":"params!$C$15*P2755*(E2755-Inputs!$X$26)","v":-9587.6367231582281},{"$f":"H2755+I2755+J2755+K2755+L2755+Q2755","v":-20369.701961305582}]
["1991-04-25","21:00:00",0,9,7.8,1.7,65,{"$f":"Inputs!$X$37*Inputs!$X$32*(E2758-Inputs!$X$26)","v":-45623.775407300142},{"$f":"Inputs!$X$33*C2758*Inputs!$X$38","v":0},{"$f":"params!$C$15*Inputs!$X$29*(E2758-Inputs!$X$26)","v":-4739.8570499999987},{"$f":"Inputs!$X$40*Inputs!$X$41/8760","v":5342.4657534246571},{"$f":"-Inputs!$X$45*Inputs!$X$33","v":-30000},1055.1653507694125,6.5452560799310663E-3,4.2544164519551933E-3,{"$f":"-L2758/(1.202*2465560*MAX(0,(Inputs!$X$49-O2758)))","v":1.5010390238946287},{"$f":"params!$C$15*P2758*(E2758-Inputs!$X$26)","v":-24120.370881928149},-99141.537585803628]
["1991-04-25",1,0,2,3.9,0,76,{"$f":"Inputs!$X$37*Inputs!$X$32*(E2761-Inputs!$X$26)","v":-58991.008435649353},{"$f":"Inputs!$X$33*C2761*Inputs!$X$38","v":0},{"$f":"params!$C$15*Inputs!$X$29*(E2761-Inputs!$X$26)","v":-6128.5797749999992},{"$f":"Inputs!$X$40*Inputs!$X$41/8760","v":5342.4657534246571},{"$f":"-Inputs!$X$45*Inputs!$X$33","v":-30000},805.40210224974328,4.9835455974153575E-3,3.7874946540356717E-3,{"$f":"-L2761/(1.202*2465560*MAX(0,(Inputs!$X$49-O2761)))","v":1.4038419612768349},{"$f":"params!$C$15*P2761*(E2761-Inputs!$X$26)","v":-29167.876830825557},-118944.99928805025]
["1991-04-26","04:00:00",0,3,1.7,0,88,{"$f":"Inputs!$X$37*Inputs!$X$32*(E2765-Inputs!$X$26)","v":-66531.49886189762},{"$f":"Inputs!$X$33*C2765*Inputs!$X$38","v":0},{"$f":"params!$C$15*Inputs!$X$29*(E2765-Inputs!$X$26)","v":-6911.9618249999985},{"$f":"Inputs!$X$40*Inputs!$X$41/8760","v":5342.4657534246571},{"$f":"-Inputs!$X$45*Inputs!$X$33","v":-30000},688.93490744882638,4.2579539784364821E-3,3.7469995010241041E-3,{"$f":"-L2765/(1.202*2465560*MAX(0,(Inputs!$X$49-O2765)))","v":1.3960021404640228},{"$f":"params!$C$15*P2765*(E2765-Inputs!$X$26)","v":-32712.532666265754},-130813.52759973874]
["1991-04-26","08:00:00",197,9,7.8,3.9,76,{"$f":"Inputs!$X$37*Inputs!$X$32*(E2769-Inputs!$X$26)","v":-45623.775407300142},{"$f":"Inputs!$X$33*C2769*Inputs!$X$38","v":38434.024842296938},{"$f":"params!$C$15*Inputs!$X$29*(E2769-Inputs!$X$26)","v":-4739.8570499999987},{"$f":"Inputs!$X$40*Inputs!$X$41/8760","v":5342.4657534246571},{"$f":"-Inputs!$X$45*Inputs!$X$33","v":-30000},1055.1653507694125,6.5452560799310663E-3,4.9743946207476105E-3,{"$f":"-L2769/(1.202*2465560*MAX(0,(Inputs!$X$49-O2769)))","v":1.6804438424341219},{"$f":"params!$C$15*P2769*(E2769-Inputs!$X$26)","v":-27003.247804041646},-63590.38966562019]
["1991-04-26","11:00:00",678,9,19.399999999999999,5.6,40,{"$f":"Inputs!$X$37*Inputs!$X$32*(E2772-Inputs!$X$26)","v":-5864.8258870819918},{"$f":"Inputs!$X$33*C2772*Inputs!$X$38","v":132275.47636079858},{"$f":"params!$C$15*Inputs!$X$29*(E2772-Inputs!$X$26)","v":-609.29715000000022},{"$f":"Inputs!$X$40*Inputs!$X$41/8760","v":5342.4657534246571},{"$f":"-Inputs!$X$45*Inputs!$X$33","v":-30000},2246.0039599790603,1.4099552870554911E-2,5.6398211482219639E-3,{"$f":"-L2772/(1.202*2465560*MAX(0,(Inputs!$X$49-O2772)))","v":1.8891251948437284},{"$f":"params!$C$15*P2772*(E2772-Inputs!$X$26)","v":-3902.2639438986444},97241.555133242597]
["1991-04-26","15:00:00",267,10,22.2,5.6,34,{"$f":"Inputs!$X$37*Inputs!$X$32*(E2776-Inputs!$X$26)","v":3732.1619281430826},{"$f":"Inputs!$X$33*C2776*Inputs!$X$38","v":52090.784938544573},{"$f":"params!$C$15*Inputs!$X$29*(E2776-Inputs!$X$26)","v":387.73454999999979},{"$f":"Inputs!$X$40*Inputs!$X$41/8760","v":5342.4657534246571},{"$f":"-Inputs!$X$45*Inputs!$X$33","v":-30000},2668.3451911941711,1.6822558450165632E-2,5.7196698730563149E-3,{"$f":"-L2776/(1.202*2465560*MAX(0,(Inputs!$X$49-O2776)))","v":1.9177016634296959},{"$f":"params!$C$15*P2776*(E2776-Inputs!$X$26)","v":2520.8226989003624},34073.969869012675]
["1991-04-26","18:00:00",57,10,19.399999999999999,7.2,45,{"$f":"Inputs!$X$37*Inputs!$X$32*(E2779-Inputs!$X$26)","v":-5864.8258870819918},{"$f":"Inputs!$X$33*C2779*Inputs!$X$38","v":11120.504649801651},{"$f":"params!$C$15*Inputs!$X$29*(E2779-Inputs!$X$26)","v":-609.29715000000022},{"$f":"Inputs!$X$40*Inputs!$X$41/8760","v":5342.4657534246571},{"$f":"-Inputs!$X$45*Inputs!$X$33","v":-30000},2246.0039599790603,1.4099552870554911E-2,6.3447987917497096E-3,{"$f":"-L2779/(1.202*2465560*MAX(0,(Inputs!$X$49-O2779)))","v":2.1753171770767117},{"$f":"params!$C$15*P2779*(E2779-Inputs!$X$26)","v":-4493.435273543123},-24504.587907398807]
["1991-04-26","19:00:00",18,10,18.899999999999999,7.8,48,{"$f":"Inputs!$X$37*Inputs!$X$32*(E2780-Inputs!$X$26)","v":-7578.5737112293264},{"$f":"Inputs!$X$33*C2780*Inputs!$X$38","v":3511.7383104636792},{"$f":"params!$C$15*Inputs!$X$29*(E2780-Inputs!$X$26)","v":-787.33852500000023},{"$f":"Inputs!$X$40*Inputs!$X$41/8760","v":5342.4657534246571},{"$f":"-Inputs!$X$45*Inputs!$X$33","v":-30000},2177.0903237484558,1.3657440121396807E-2,6.5555712582704671E-3,{"$f":"-L2780/(1.202*2465560*MAX(0,(Inputs!$X$49-O2780)))","v":2.2785191347613849},{"$f":"params!$C$15*P2780*(E2780-Inputs!$X$26)","v":-6081.9232687903359},-35593.631441131329]
["1991-04-26","22:00:00",0,9,16.100000000000001,7.2,56,{"$f":"Inputs!$X$37*Inputs!$X$32*(E2783-Inputs!$X$26)","v":-17175.561526454389},{"$f":"Inputs!$X$33*C2783*Inputs!$X$38","v":0},{"$f":"params!$C$15*Inputs!$X$29*(E2783-Inputs!$X$26)","v":-1784.370224999999},{"$f":"Inputs!$X$40*Inputs!$X$41/8760","v":5342.4657534246571},{"$f":"-Inputs!$X$45*Inputs!$X$33","v":-30000},1824.3357636986555,1.14039475717521E-2,6.3862106401811761E-3,{"$f":"-L2783/(1.202*2465560*MAX(0,(Inputs!$X$49-O2783)))","v":2.1948493567877776},{"$f":"params!$C$15*P2783*(E2783-Inputs!$X$26)","v":-13277.503968391544},-56894.969966421275]
["1991-04-27","01:00:00",0,10,13.9,7.8,67,{"$f":"Inputs!$X$37*Inputs!$X$32*(E2786-Inputs!$X$26)","v":-24716.051952702663},{"$f":"Inputs!$X$33*C2786*Inputs!$X$38","v":0},{"$f":"params!$C$15*Inputs!$X$29*(E2786-Inputs!$X$26)","v":-2567.7522749999994},{"$f":"Inputs!$X$40*Inputs!$X$41/8760","v":5342.4657534246571},{"$f":"-Inputs!$X$45*Inputs!$X$33","v":-30000},1583.4071170108264,9.873990681036721E-3,6.6155737562946029E-3,{"$f":"-L2786/(1.202*2465560*MAX(0,(Inputs!$X$49-O2786)))","v":2.3097137009581146},{"$f":"params!$C$15*P2786*(E2786-Inputs!$X$26)","v":-20106.571727868086},-72047.910202146086]
["1991-04-27","05:00:00",0,9,10,7.8,86,{"$f":"Inputs!$X$37*Inputs!$X$32*(E2790-Inputs!$X$26)","v":-38083.284981051875},{"$f":"Inputs!$X$33*C2790*Inputs!$X$38","v":0},{"$f":"params!$C$15*Inputs!$X$29*(E2790-Inputs!$X$26)","v":-3956.474999999999},{"$f":"Inputs!$X$40*Inputs!$X$41/8760","v":5342.4657534246571},{"$f":"-Inputs!$X$45*Inputs!$X$33","v":-30000},1224.2915728566036,7.6071876458255446E-3,6.5421813754099681E-3,{"$f":"-L2790/(1.202*2465560*MAX(0,(Inputs!$X$49-O2790)))","v":2.2716725501973212},{"$f":"params!$C$15*P2790*(E2790-Inputs!$X$26)","v":-30470.593290478115},-97167.88751810533]
["1991-04-27","09:00:00",532,3,17.8,8.9,56,{"$f":"Inputs!$X$37*Inputs!$X$32*(E2794-Inputs!$X$26)","v":-11348.818924353454},{"$f":"Inputs!$X$33*C2794*Inputs!$X$38","v":103791.37673148207},{"$f":"params!$C$15*Inputs!$X$29*(E2794-Inputs!$X$26)","v":-1179.0295499999993},{"$f":"Inputs!$X$40*Inputs!$X$41/8760","v":5342.4657534246571},{"$f":"-Inputs!$X$45*Inputs!$X$33","v":-30000},2031.9631240131093,1.2728389257065034E-2,7.1278979839564192E-3,{"$f":"-L2794/(1.202*2465560*MAX(0,(Inputs!$X$49-O2794)))","v":2.6154509972759659},{"$f":"params!$C$15*P2794*(E2794-Inputs!$X$26)","v":-10454.373978093885},56151.620032459374]
["1991-04-27","13:00:00",319,9,23.3,7.8,37,{"$f":"Inputs!$X$37*Inputs!$X$32*(E2798-Inputs!$X$26)","v":7502.4071412672229},{"$f":"Inputs!$X$33*C2798*Inputs!$X$38","v":62235.80672432854},{"$f":"params!$C$15*Inputs!$X$29*(E2798-Inputs!$X$26)","v":779.42557500000021},{"$f":"Inputs!$X$40*Inputs!$X$41/8760","v":5342.4657534246571},{"$f":"-Inputs!$X$45*Inputs!$X$33","v":-30000},2852.3430534955901,1.8016172076853503E-2,6.6659836684357966E-3,{"$f":"-L2798/(1.202*2465560*MAX(0,(Inputs!$X$49-O2798)))","v":2.3365891190789378},{"$f":"params!$C$15*P2798*(E2798-Inputs!$X$26)","v":6174.2435437979984},52034.348737818422]
["1991-04-27","16:00:00",561,2,23.3,8.3000000000000007,38,{"$f":"Inputs!$X$37*Inputs!$X$32*(E2801-Inputs!$X$26)","v":7502.4071412672229},{"$f":"Inputs!$X$33*C2801*Inputs!$X$38","v":109449.17734278466},{"$f":"params!$C$15*Inputs!$X$29*(E2801-Inputs!$X$26)","v":779.42557500000021},{"$f":"Inputs!$X$40*Inputs!$X$41/8760","v":5342.4657534246571},{"$f":"-Inputs!$X$45*Inputs!$X$33","v":-30000},2852.3430534955901,1.8016172076853503E-2,6.8461453892043308E-3,{"$f":"-L2801/(1.202*2465560*MAX(0,(Inputs!$X$49-O2801)))","v":2.4379738865250999},{"$f":"params!$C$15*P2801*(E2801-Inputs!$X$26)","v":6442.1444086666488},99515.620221143181]
["1991-04-27","19:00:00",28,9,18.3,7.8,50,{"$f":"Inputs!$X$37*Inputs!$X$32*(E2804-Inputs!$X$26)","v":-9635.0711002061198},{"$f":"Inputs!$X$33*C2804*Inputs!$X$38","v":5462.7040384990569},{"$f":"params!$C$15*Inputs!$X$29*(E2804-Inputs!$X$26)","v":-1000.9881749999994},{"$f":"Inputs!$X$40*Inputs!$X$41/8760","v":5342.4657534246571},{"$f":"-Inputs!$X$45*Inputs!$X$33","v":-30000},2096.843724028703,1.3143395064644483E-2,6.5716975323222415E-3,{"$f":"-L2804/(1.202*2465560*MAX(0,(Inputs!$X$49-O2804)))","v":2.2868198872648651},{"$f":"params!$C$15*P2804*(E2804-Inputs!$X$26)","v":-7760.4635196939535},-37591.353002976357]
["1991-04-27","20:00:00",0,2,15.6,7.8,60,{"$f":"Inputs!$X$37*Inputs!$X$32*(E2805-Inputs!$X$26)","v":-18889.309350601729},{"$f":"Inputs!$X$33*C2805*Inputs!$X$38","v":0},{"$f":"params!$C$15*Inputs!$X$29*(E2805-Inputs!$X$26)","v":-1962.4115999999995},{"$f":"Inputs!$X$40*Inputs!$X$41/8760","v":5342.4657534246571},{"$f":"-Inputs!$X$45*Inputs!$X$33","v":-30000},1766.9242403471044,1.1038698072712965E-2,6.6232188436277798E-3,{"$f":"-L2805/(1.202*2465560*MAX(0,(Inputs!$X$49-O2805)))","v":2.3137497438575445},{"$f":"params!$C$15*P2805*(E2805-Inputs!$X$26)","v":-15393.353411693959},-60902.608608871029]
["1991-04-27","23:00:00",0,9,11.7,7.2,74,{"$f":"Inputs!$X$37*Inputs!$X$32*(E2808-Inputs!$X$26)","v":-32256.542378950937},{"$f":"Inputs!$X$33*C2808*Inputs!$X$38","v":0},{"$f":"params!$C$15*Inputs!$X$29*(E2808-Inputs!$X$26)","v":-3351.1343249999995},{"$f":"Inputs!$X$40*Inputs!$X$41/8760","v":5342.4657534246571},{"$f":"-Inputs!$X$45*Inputs!$X$33","v":-30000},1370.8930463882082,8.5305955200846006E-3,6.3126406848626046E-3,{"$f":"-L2808/(1.202*2465560*MAX(0,(Inputs!$X$49-O2808)))","v":2.1603877357828276},{"$f":"params!$C$15*P2808*(E2808-Inputs!$X$26)","v":-24544.279828875722},-84809.490779401996]
["1991-04-28","02:00:00",0,9,8.9,7.2,89,{"$f":"Inputs!$X$37*Inputs!$X$32*(E2811-Inputs!$X$26)","v":-41853.530194176004},{"$f":"Inputs!$X$33*C2811*Inputs!$X$38","v":0},{"$f":"params!$C$15*Inputs!$X$29*(E2811-Inputs!$X$26)","v":-4348.1660249999986},{"$f":"Inputs!$X$40*Inputs!$X$41/8760","v":5342.4657534246571},{"$f":"-Inputs!$X$45*Inputs!$X$33","v":-30000},1136.9596585041099,7.0583890650618127E-3,6.2819662679050141E-3,{"$f":"-L2811/(1.202*2465560*MAX(0,(Inputs!$X$49-O2811)))","v":2.1463368182783991},{"$f":"params!$C$15*P2811*(E2811-Inputs!$X$26)","v":-31639.582789806838},-102498.81325555818]
["1991-04-28","06:00:00",25,9,7.8,5.6,86,{"$f":"Inputs!$X$37*Inputs!$X$32*(E2815-Inputs!$X$26)","v":-45623.775407300142},{"$f":"Inputs!$X$33*C2815*Inputs!$X$38","v":4877.4143200884437},{"$f":"params!$C$15*Inputs!$X$29*(E2815-Inputs!$X$26)","v":-4739.8570499999987},{"$f":"Inputs!$X$40*Inputs!$X$41/8760","v":5342.4657534246571},{"$f":"-Inputs!$X$45*Inputs!$X$33","v":-30000},1055.1653507694125,6.5452560799310663E-3,5.6289202287407173E-3,{"$f":"-L2815/(1.202*2465560*MAX(0,(Inputs!$X$49-O2815)))","v":1.8852898819782853},{"$f":"params!$C$15*P2815*(E2815-Inputs!$X$26)","v":-30294.942669295324},-100438.69505308237]
["1991-04-28","10:00:00",615,9,19.399999999999999,7.8,47,{"$f":"Inputs!$X$37*Inputs!$X$32*(E2819-Inputs!$X$26)","v":-5864.8258870819918},{"$f":"Inputs!$X$33*C2819*Inputs!$X$38","v":119984.3922741757},{"$f":"params!$C$15*Inputs!$X$29*(E2819-Inputs!$X$26)","v":-609.29715000000022},{"$f":"Inputs!$X$40*Inputs!$X$41/8760","v":5342.4657534246571},{"$f":"-Inputs!$X$45*Inputs!$X$33","v":-30000},{"$f":"EXP(77.345+0.0057*(E2819+273.15)-7235/(E2819+273.15))/(E2819+273.15)^8.2","v":2246.0039599790603},{"$f":"0.62198*M2819/(101325-M2819)","v":1.4099552870554911E-2},{"$f":"N2819*G2819/100","v":6.6267898491608078E-3},{"$f":"-L2819/(1.202*2465560*MAX(0,(Inputs!$X$49-O2819)))","v":2.3156398086940579},{"$f":"params!$C$15*P2819*(E2819-Inputs!$X$26)","v":-4783.2921593482151},{"$f":"H2819+I2819+J2819+K2819+L2819+Q2819","v":84069.442831170149}]
["1991-04-28","14:00:00",833,9,25.6,12.2,43,{"$f":"Inputs!$X$37*Inputs!$X$32*(E2823-Inputs!$X$26)","v":15385.647132344962},{"$f":"Inputs!$X$33*C2823*Inputs!$X$38","v":162515.44514534692},{"$f":"params!$C$15*Inputs!$X$29*(E2823-Inputs!$X$26)","v":1598.4159000000002},{"$f":"Inputs!$X$40*Inputs!$X$41/8760","v":5342.4657534246571},{"$f":"-Inputs!$X$45*Inputs!$X$33","v":-30000},3273.2005007163498,2.0763160470608485E-2,8.9281590023616488E-3,{"$f":"-L2823/(1.202*2465560*MAX(0,(Inputs!$X$49-O2823)))","v":4.8899453152345851},{"$f":"params!$C$15*P2823*(E2823-Inputs!$X$26)","v":26498.454673716427},181340.42860483294]
["1991-04-28","17:00:00",250,10,19.399999999999999,16.100000000000001,81,{"$f":"Inputs!$X$37*Inputs!$X$32*(E2826-Inputs!$X$26)","v":-5864.8258870819918},{"$f":"Inputs!$X$33*C2826*Inputs!$X$38","v":48774.143200884428},{"$f":"params!$C$15*Inputs!$X$29*(E2826-Inputs!$X$26)","v":-609.29715000000022},{"$f":"Inputs!$X$40*Inputs!$X$41/8760","v":5342.4657534246571},{"$f":"-Inputs!$X$45*Inputs!$X$33","v":-30000},2246.0039599790603,1.4099552870554911E-2,1.1420637825149477E-2,{"$f":"-L2826/(1.202*2465560*MAX(0,(Inputs!$X$49-O2826)))","v":{"$error":"#DIV/0!"}},{"$f":"params!$C$15*P2826*(E2826-Inputs!$X$26)","v":{"$error":"#DIV/0!"}},{"$error":"#DIV/0!"}]
["1991-04-28","20:00:00",0,10,18.3,8.9,54,{"$f":"Inputs!$X$37*Inputs!$X$32*(E2829-Inputs!$X$26)","v":-9635.0711002061198},{"$f":"Inputs!$X$33*C2829*Inputs!$X$38","v":0},{"$f":"params!$C$15*Inputs!$X$29*(E2829-Inputs!$X$26)","v":-1000.9881749999994},{"$f":"Inputs!$X$40*Inputs!$X$41/8760","v":5342.4657534246571},{"$f":"-Inputs!$X$45*Inputs!$X$33","v":-30000},2096.843724028703,1.3143395064644483E-2,7.0974333349080208E-3,{"$f":"-L2829/(1.202*2465560*MAX(0,(Inputs!$X$49-O2829)))","v":2.5950250078368819},{"$f":"params!$C$15*P2829*(E2829-Inputs!$X$26)","v":-8806.3764960948756},-44099.970017876338]
["1991-04-28","21:00:00",0,10,17.8,7.2,50,{"$f":"Inputs!$X$37*Inputs!$X$32*(E2830-Inputs!$X$26)","v":-11348.818924353454},{"$f":"Inputs!$X$33*C2830*Inputs!$X$38","v":0},{"$f":"params!$C$15*Inputs!$X$29*(E2830-Inputs!$X$26)","v":-1179.0295499999993},{"$f":"Inputs!$X$40*Inputs!$X$41/8760","v":5342.4657534246571},{"$f":"-Inputs!$X$45*Inputs!$X$33","v":-30000},2031.9631240131093,1.2728389257065034E-2,6.3641946285325169E-3,{"$f":"-L2830/(1.202*2465560*MAX(0,(Inputs!$X$49-O2830)))","v":2.1844218934059332},{"$f":"params!$C$15*P2830*(E2830-Inputs!$X$26)","v":-8731.4820363242961},-45916.864757253097]
["1991-04-28",1,0,10,14.4,3.9,49,{"$f":"Inputs!$X$37*Inputs!$X$32*(E2833-Inputs!$X$26)","v":-23002.30412855533},{"$f":"Inputs!$X$33*C2833*Inputs!$X$38","v":0},{"$f":"params!$C$15*Inputs!$X$29*(E2833-Inputs!$X$26)","v":-2389.7108999999991},{"$f":"Inputs!$X$40*Inputs!$X$41/8760","v":5342.4657534246571},{"$f":"-Inputs!$X$45*Inputs!$X$33","v":-30000},1635.559113509069,1.0204541708471198E-2,5.0002254371508872E-3,{"$f":"-L2833/(1.202*2465560*MAX(0,(Inputs!$X$49-O2833)))","v":1.6876807198105688},{"$f":"params!$C$15*P2833*(E2833-Inputs!$X$26)","v":-13672.955734350737},-63722.505009481407]
["1991-04-29","03:00:00",0,10,11.7,5.6,66,{"$f":"Inputs!$X$37*Inputs!$X$32*(E2836-Inputs!$X$26)","v":-32256.542378950937},{"$f":"Inputs!$X$33*C2836*Inputs!$X$38","v":0},{"$f":"params!$C$15*Inputs!$X$29*(E2836-Inputs!$X$26)","v":-3351.1343249999995},{"$f":"Inputs!$X$40*Inputs!$X$41/8760","v":5342.4657534246571},{"$f":"-Inputs!$X$45*Inputs!$X$33","v":-30000},1370.8930463882082,8.5305955200846006E-3,5.6301930432558368E-3,{"$f":"-L2836/(1.202*2465560*MAX(0,(Inputs!$X$49-O2836)))","v":1.8857368980560822},{"$f":"params!$C$15*P2836*(E2836-Inputs!$X$26)","v":-21423.957071647288},-81689.168022173573]
["1991-04-29","07:00:00",49,10,11.1,4.4000000000000004,63,{"$f":"Inputs!$X$37*Inputs!$X$32*(E2840-Inputs!$X$26)","v":-34313.039767927738},{"$f":"Inputs!$X$33*C2840*Inputs!$X$38","v":9559.7320673733484},{"$f":"params!$C$15*Inputs!$X$29*(E2840-Inputs!$X$26)","v":-3564.7839749999994},{"$f":"Inputs!$X$40*Inputs!$X$41/8760","v":5342.4657534246571},{"$f":"-Inputs!$X$45*Inputs!$X$33","v":-30000},1317.4782376741875,8.1938348219052388E-3,5.1621159378003002E-3,{"$f":"-L2840/(1.202*2465560*MAX(0,(Inputs!$X$49-O2840)))","v":1.7344955700838725},{"$f":"params!$C$15*P2840*(E2840-Inputs!$X$26)","v":-20962.021695023519},-73937.647617153241]
["1991-04-29","11:00:00",240,10,15.6,8.3000000000000007,62,{"$f":"Inputs!$X$37*Inputs!$X$32*(E2844-Inputs!$X$26)","v":-18889.309350601729},{"$f":"Inputs!$X$33*C2844*Inputs!$X$38","v":46823.177472849056},{"$f":"params!$C$15*Inputs!$X$29*(E2844-Inputs!$X$26)","v":-1962.4115999999995},{"$f":"Inputs!$X$40*Inputs!$X$41/8760","v":5342.4657534246571},{"$f":"-Inputs!$X$45*Inputs!$X$33","v":-30000},1766.9242403471044,1.1038698072712965E-2,6.8439928050820385E-3,{"$f":"-L2844/(1.202*2465560*MAX(0,(Inputs!$X$49-O2844)))","v":2.4367106288999643},{"$f":"params!$C$15*P2844*(E2844-Inputs!$X$26)","v":-16211.410923876303},-14897.488648204317]
["1991-04-29","15:00:00",214,10,15.6,10.6,72,{"$f":"Inputs!$X$37*Inputs!$X$32*(E2848-Inputs!$X$26)","v":-18889.309350601729},{"$f":"Inputs!$X$33*C2848*Inputs!$X$38","v":41750.666579957076},{"$f":"params!$C$15*Inputs!$X$29*(E2848-Inputs!$X$26)","v":-1962.4115999999995},{"$f":"Inputs!$X$40*Inputs!$X$41/8760","v":5342.4657534246571},{"$f":"-Inputs!$X$45*Inputs!$X$33","v":-30000},1766.9242403471044,1.1038698072712965E-2,7.9478626123533347E-3,{"$f":"-L2848/(1.202*2465560*MAX(0,(Inputs!$X$49-O2848)))","v":3.3184932626126717},{"$f":"params!$C$15*P2848*(E2848-Inputs!$X$26)","v":-22077.901778848256},-25836.49039606825]
["1991-04-29","18:00:00",58,10,14.4,11.1,81,{"$f":"Inputs!$X$37*Inputs!$X$32*(E2851-Inputs!$X$26)","v":-23002.30412855533},{"$f":"Inputs!$X$33*C2851*Inputs!$X$38","v":11315.601222605188},{"$f":"params!$C$15*Inputs!$X$29*(E2851-Inputs!$X$26)","v":-2389.7108999999991},{"$f":"Inputs!$X$40*Inputs!$X$41/8760","v":5342.4657534246571},{"$f":"-Inputs!$X$45*Inputs!$X$33","v":-30000},1635.559113509069,1.0204541708471198E-2,8.2656787838616703E-3,{"$f":"-L2851/(1.202*2465560*MAX(0,(Inputs!$X$49-O2851)))","v":3.704450824829876},{"$f":"params!$C$15*P2851*(E2851-Inputs!$X$26)","v":-30012.070146575585},-68746.018199101061]
["1991-04-29","21:00:00",0,10,13.3,10.6,84,{"$f":"Inputs!$X$37*Inputs!$X$32*(E2854-Inputs!$X$26)","v":-26772.549341679463},{"$f":"Inputs!$X$33*C2854*Inputs!$X$38","v":0},{"$f":"params!$C$15*Inputs!$X$29*(E2854-Inputs!$X$26)","v":-2781.4019249999988},{"$f":"Inputs!$X$40*Inputs!$X$41/8760","v":5342.4657534246571},{"$f":"-Inputs!$X$45*Inputs!$X$33","v":-30000},1522.7575650660701,9.4900147252429956E-3,7.9716123692041164E-3,{"$f":"-L2854/(1.202*2465560*MAX(0,(Inputs!$X$49-O2854)))","v":3.3445328659651925},{"$f":"params!$C$15*P2854*(E2854-Inputs!$X$26)","v":-31537.406299916394},-85748.891813171198]
["1991-04-29","22:00:00",0,10,13.9,10.6,80,{"$f":"Inputs!$X$37*Inputs!$X$32*(E2855-Inputs!$X$26)","v":-24716.051952702663},{"$f":"Inputs!$X$33*C2855*Inputs!$X$38","v":0},{"$f":"params!$C$15*Inputs!$X$29*(E2855-Inputs!$X$26)","v":-2567.7522749999994},{"$f":"Inputs!$X$40*Inputs!$X$41/8760","v":5342.4657534246571},{"$f":"-Inputs!$X$45*Inputs!$X$33","v":-30000},1583.4071170108264,9.873990681036721E-3,7.8991925448293771E-3,{"$f":"-L2855/(1.202*2465560*MAX(0,(Inputs!$X$49-O2855)))","v":3.2663776233400239},{"$f":"params!$C$15*P2855*(E2855-Inputs!$X$26)","v":-28434.544050522767},-80375.882524800778]
["1991-04-30","01:00:00",0,10,13.3,11.7,90,{"$f":"Inputs!$X$37*Inputs!$X$32*(E2858-Inputs!$X$26)","v":-26772.549341679463},{"$f":"Inputs!$X$33*C2858*Inputs!$X$38","v":0},{"$f":"params!$C$15*Inputs!$X$29*(E2858-Inputs!$X$26)","v":-2781.4019249999988},{"$f":"Inputs!$X$40*Inputs!$X$41/8760","v":5342.4657534246571},{"$f":"-Inputs!$X$45*Inputs!$X$33","v":-30000},1522.7575650660701,9.4900147252429956E-3,8.5410132527186967E-3,{"$f":"-L2858/(1.202*2465560*MAX(0,(Inputs!$X$49-O2858)))","v":4.1195299269057264},{"$f":"params!$C$15*P2858*(E2858-Inputs!$X$26)","v":-38845.272053261047},-93056.757566515851]
["1991-04-30","04:00:00",0,10,14.4,12.8,90,{"$f":"Inputs!$X$37*Inputs!$X$32*(E2861-Inputs!$X$26)","v":-23002.30412855533},{"$f":"Inputs!$X$33*C2861*Inputs!$X$38","v":0},{"$f":"params!$C$15*Inputs!$X$29*(E2861-Inputs!$X$26)","v":-2389.7108999999991},{"$f":"Inputs!$X$40*Inputs!$X$41/8760","v":5342.4657534246571},{"$f":"-Inputs!$X$45*Inputs!$X$33","v":-30000},1635.559113509069,1.0204541708471198E-2,9.1840875376240777E-3,{"$f":"-L2861/(1.202*2465560*MAX(0,(Inputs!$X$49-O2861)))","v":5.5797683117021553},{"$f":"params!$C$15*P2861*(E2861-Inputs!$X$26)","v":-45205.188539690011},-95254.737814820692]
["1991-04-30","09:00:00",161,10,16.7,13.9,84,{"$f":"Inputs!$X$37*Inputs!$X$32*(E2866-Inputs!$X$26)","v":-15119.064137477595},{"$f":"Inputs!$X$33*C2866*Inputs!$X$38","v":31410.548221369576},{"$f":"params!$C$15*Inputs!$X$29*(E2866-Inputs!$X$26)","v":-1570.7205749999998},{"$f":"Inputs!$X$40*Inputs!$X$41/8760","v":5342.4657534246571},{"$f":"-Inputs!$X$45*Inputs!$X$33","v":-30000},1895.3846669421735,1.1856541445883897E-2,9.9594948145424727E-3,{"$f":"-L2866/(1.202*2465560*MAX(0,(Inputs!$X$49-O2866)))","v":9.7447907439586512},{"$f":"params!$C$15*P2866*(E2866-Inputs!$X$26)","v":-51891.736556561642},-61828.507294245006]
["1991-04-30","12:00:00",758,3,23.9,15.6,60,{"$f":"Inputs!$X$37*Inputs!$X$32*(E2869-Inputs!$X$26)","v":9558.9045302440172},{"$f":"Inputs!$X$33*C2869*Inputs!$X$38","v":147883.20218508161},{"$f":"params!$C$15*Inputs!$X$29*(E2869-Inputs!$X$26)","v":993.07522499999936},{"$f":"Inputs!$X$40*Inputs!$X$41/8760","v":5342.4657534246571},{"$f":"-Inputs!$X$45*Inputs!$X$33","v":-30000},2957.3004217822781,1.8699041699938756E-2,1.1219425019963253E-2,{"$f":"-L2869/(1.202*2465560*MAX(0,(Inputs!$X$49-O2869)))","v":{"$error":"#DIV/0!"}},{"$f":"params!$C$15*P2869*(E2869-Inputs!$X$26)","v":{"$error":"#DIV/0!"}},{"$error":"#DIV/0!"}]
["1991-04-30","16:00:00",250,9,26.1,7.8,31,{"$f":"Inputs!$X$37*Inputs!$X$32*(E2873-Inputs!$X$26)","v":17099.394956492299},{"$f":"Inputs!$X$33*C2873*Inputs!$X$38","v":48774.143200884428},{"$f":"params!$C$15*Inputs!$X$29*(E2873-Inputs!$X$26)","v":1776.4572750000002},{"$f":"Inputs!$X$40*Inputs!$X$41/8760","v":5342.4657534246571},{"$f":"-Inputs!$X$45*Inputs!$X$33","v":-30000},3371.5401452483529,2.1408437666735922E-2,6.6366156766881354E-3,{"$f":"-L2873/(1.202*2465560*MAX(0,(Inputs!$X$49-O2873)))","v":2.3208564046825342},{"$f":"params!$C$15*P2873*(E2873-Inputs!$X$26)","v":13977.509365228067},56969.97055102943]
["1991-04-30","19:00:00",46,0,21.3,5.6,36,{"$f":"Inputs!$X$37*Inputs!$X$32*(E2876-Inputs!$X$26)","v":647.41584467788562},{"$f":"Inputs!$X$33*C2876*Inputs!$X$38","v":8974.4423489627352},{"$f":"params!$C$15*Inputs!$X$29*(E2876-Inputs!$X$26)","v":67.260075000000384},{"$f":"Inputs!$X$40*Inputs!$X$41/8760","v":5342.4657534246571},{"$f":"-Inputs!$X$45*Inputs!$X$33","v":-30000},2525.6026285047415,1.5899634660429558E-2,5.7238684777546414E-3,{"$f":"-L2876/(1.202*2465560*MAX(0,(Inputs!$X$49-O2876)))","v":1.9192282148604762},{"$f":"params!$C$15*P2876*(E2876-Inputs!$X$26)","v":437.63366341960597},-14530.782314515114]
["1991-04-30","22:00:00",0,0,12.8,8.5,83,{"$f":"Inputs!$X$37*Inputs!$X$32*(E2879-Inputs!$X$26)","v":-28486.297165826796},{"$f":"Inputs!$X$33*C2879*Inputs!$X$38","v":0},{"$f":"params!$C$15*Inputs!$X$29*(E2879-Inputs!$X$26)","v":-2959.443299999999},{"$f":"Inputs!$X$40*Inputs!$X$41/8760","v":5342.4657534246571},{"$f":"-Inputs!$X$45*Inputs!$X$33","v":-30000},1473.7857134719666,9.1803113724273511E-3,7.6196584391147017E-3,{"$f":"-L2879/(1.202*2465560*MAX(0,(Inputs!$X$49-O2879)))","v":2.996130711435959},{"$f":"params!$C$15*P2879*(E2879-Inputs!$X$26)","v":-30060.592358840979},-86163.867071243119]
["1991-04-30","23:00:00",0,0,11.6,7.6,90,{"$f":"Inputs!$X$37*Inputs!$X$32*(E2880-Inputs!$X$26)","v":-32599.291943780405},{"$f":"Inputs!$X$33*C2880*Inputs!$X$38","v":0},{"$f":"params!$C$15*Inputs!$X$29*(E2880-Inputs!$X$26)","v":-3386.7425999999991},{"$f":"Inputs!$X$40*Inputs!$X$41/8760","v":5342.4657534246571},{"$f":"-Inputs!$X$45*Inputs!$X$33","v":-30000},1361.8604305174304,8.473622919620909E-3,7.6262606276588183E-3,{"$f":"-L2880/(1.202*2465560*MAX(0,(Inputs!$X$49-O2880)))","v":3.0019969228463323},{"$f":"params!$C$15*P2880*(E2880-Inputs!$X$26)","v":-34468.246296320467},-95111.815086676215]
["2005-05-01","02:00:00",0,10,8.3000000000000007,4.8,87,{"$f":"Inputs!$X$37*Inputs!$X$32*(E2883-Inputs!$X$26)","v":-43910.027583152805},{"$f":"Inputs!$X$33*C2883*Inputs!$X$38","v":0},{"$f":"params!$C$15*Inputs!$X$29*(E2883-Inputs!$X$26)","v":-4561.8156749999989},{"$f":"Inputs!$X$40*Inputs!$X$41/8760","v":5342.4657534246571},{"$f":"-Inputs!$X$45*Inputs!$X$33","v":-30000},{"$f":"EXP(77.345+0.0057*(E2883+273.15)-7235/(E2883+273.15))/(E2883+273.15)^8.2","v":1091.6777773743988},{"$f":"0.62198*M2883/(101325-M2883)","v":6.7742116984131845E-3},{"$f":"N2883*G2883/100","v":5.8935641776194699E-3},{"$f":"-L2883/(1.202*2465560*MAX(0,(Inputs!$X$49-O2883)))","v":1.9830288918859529},{"$f":"params!$C$15*P2883*(E2883-Inputs!$X$26)","v":-30668.570199347268},{"$f":"H2883+I2883+J2883+K2883+L2883+Q2883","v":-103797.94770407543}]
["2005-05-01","05:00:00",0,10,6,3,81,{"$f":"Inputs!$X$37*Inputs!$X$32*(E2886-Inputs!$X$26)","v":-51793.267574230544},{"$f":"Inputs!$X$33*C2886*Inputs!$X$38","v":0},{"$f":"params!$C$15*Inputs!$X$29*(E2886-Inputs!$X$26)","v":-5380.8059999999987},{"$f":"Inputs!$X$40*Inputs!$X$41/8760","v":5342.4657534246571},{"$f":"-Inputs!$X$45*Inputs!$X$33","v":-30000},932.4781503104233,5.7771510192606073E-3,4.6794923256010916E-3,{"$f":"-L2886/(1.202*2465560*MAX(0,(Inputs!$X$49-O2886)))","v":1.6020164258435798},{"$f":"params!$C$15*P2886*(E2886-Inputs!$X$26)","v":-29224.093804864093},-111055.70162566999]
["2005-05-01","10:00:00",695,8,10,2,57,{"$f":"Inputs!$X$37*Inputs!$X$32*(E2891-Inputs!$X$26)","v":-38083.284981051875},{"$f":"Inputs!$X$33*C2891*Inputs!$X$38","v":135592.11809845874},{"$f":"params!$C$15*Inputs!$X$29*(E2891-Inputs!$X$26)","v":-3956.474999999999},{"$f":"Inputs!$X$40*Inputs!$X$41/8760","v":5342.4657534246571},{"$f":"-Inputs!$X$45*Inputs!$X$33","v":-30000},1224.2915728566036,7.6071876458255446E-3,4.3360969581205605E-3,{"$f":"-L2891/(1.202*2465560*MAX(0,(Inputs!$X$49-O2891)))","v":1.5194422254848237},{"$f":"params!$C$15*P2891*(E2891-Inputs!$X$26)","v":-20380.712914414293},48514.110956417222]
["2005-05-01","13:00:00",890,10,12,1,47,{"$f":"Inputs!$X$37*Inputs!$X$32*(E2894-Inputs!$X$26)","v":-31228.293684462536},{"$f":"Inputs!$X$33*C2894*Inputs!$X$38","v":173635.94979514857},{"$f":"params!$C$15*Inputs!$X$29*(E2894-Inputs!$X$26)","v":-3244.3094999999989},{"$f":"Inputs!$X$40*Inputs!$X$41/8760","v":5342.4657534246571},{"$f":"-Inputs!$X$45*Inputs!$X$33","v":-30000},1398.3079270856979,8.70357605607666E-3,4.0906807463560301E-3,{"$f":"-L2894/(1.202*2465560*MAX(0,(Inputs!$X$49-O2894)))","v":1.4654588716686388},{"$f":"params!$C$15*P2894*(E2894-Inputs!$X$26)","v":-16118.427381666734},98387.384982443938]
["2005-05-01","17:00:00",241,5,11,0,47,{"$f":"Inputs!$X$37*Inputs!$X$32*(E2898-Inputs!$X$26)","v":-34655.789332757202},{"$f":"Inputs!$X$33*C2898*Inputs!$X$38","v":47018.274045652593},{"$f":"params!$C$15*Inputs!$X$29*(E2898-Inputs!$X$26)","v":-3600.392249999999},{"$f":"Inputs!$X$40*Inputs!$X$41/8760","v":5342.4657534246571},{"$f":"-Inputs!$X$45*Inputs!$X$33","v":-30000},1308.7561751391206,8.138879592783612E-3,3.8252734086082979E-3,{"$f":"-L2898/(1.202*2465560*MAX(0,(Inputs!$X$49-O2898)))","v":1.4112357017023132},{"$f":"params!$C$15*P2898*(E2898-Inputs!$X$26)","v":-17225.67017013656},-33121.111953816508]
["2005-05-01","20:00:00",0,0,6,0,65,{"$f":"Inputs!$X$37*Inputs!$X$32*(E2901-Inputs!$X$26)","v":-51793.267574230544},{"$f":"Inputs!$X$33*C2901*Inputs!$X$38","v":0},{"$f":"params!$C$15*Inputs!$X$29*(E2901-Inputs!$X$26)","v":-5380.8059999999987},{"$f":"Inputs!$X$40*Inputs!$X$41/8760","v":5342.4657534246571},{"$f":"-Inputs!$X$45*Inputs!$X$33","v":-30000},932.4781503104233,5.7771510192606073E-3,3.7551481625193949E-3,{"$f":"-L2901/(1.202*2465560*MAX(0,(Inputs!$X$49-O2901)))","v":1.3975726679756584},{"$f":"params!$C$15*P2901*(E2901-Inputs!$X$26)","v":-25494.616715011565},-107326.22453581746]
["2005-05-01","21:00:00",0,0,2,-1,80,{"$f":"Inputs!$X$37*Inputs!$X$32*(E2902-Inputs!$X$26)","v":-65503.25016740922},{"$f":"Inputs!$X$33*C2902*Inputs!$X$38","v":0},{"$f":"params!$C$15*Inputs!$X$29*(E2902-Inputs!$X$26)","v":-6805.1369999999979},{"$f":"Inputs!$X$40*Inputs!$X$41/8760","v":5342.4657534246571},{"$f":"-Inputs!$X$45*Inputs!$X$33","v":-30000},703.88301618186097,4.3509868656616182E-3,3.4807894925292949E-3,{"$f":"-L2902/(1.202*2465560*MAX(0,(Inputs!$X$49-O2902)))","v":1.3465668411562572},{"$f":"params!$C$15*P2902*(E2902-Inputs!$X$26)","v":-31066.443862700951},-128032.36527668552]
["2005-05-01",1,0,8,-1,-3,85,{"$f":"Inputs!$X$37*Inputs!$X$32*(E2905-Inputs!$X$26)","v":-75785.737112293224},{"$f":"Inputs!$X$33*C2905*Inputs!$X$38","v":0},{"$f":"params!$C$15*Inputs!$X$29*(E2905-Inputs!$X$26)","v":-7873.3852499999985},{"$f":"Inputs!$X$40*Inputs!$X$41/8760","v":5342.4657534246571},{"$f":"-Inputs!$X$45*Inputs!$X$33","v":-30000},566.54310372490409,3.4972595900071069E-3,2.9726706515060407E-3,{"$f":"-L2905/(1.202*2465560*MAX(0,(Inputs!$X$49-O2905)))","v":1.2613128308802957},{"$f":"params!$C$15*P2905*(E2905-Inputs!$X$26)","v":-33667.515617146812},-141984.17222601536]
["2005-05-02","03:00:00",0,10,1,0,93,{"$f":"Inputs!$X$37*Inputs!$X$32*(E2908-Inputs!$X$26)","v":-68930.745815703893},{"$f":"Inputs!$X$33*C2908*Inputs!$X$38","v":0},{"$f":"params!$C$15*Inputs!$X$29*(E2908-Inputs!$X$26)","v":-7161.2197499999984},{"$f":"Inputs!$X$40*Inputs!$X$41/8760","v":5342.4657534246571},{"$f":"-Inputs!$X$45*Inputs!$X$33","v":-30000},655.14373774848059,4.0477489204243187E-3,3.7644064959946166E-3,{"$f":"-L2908/(1.202*2465560*MAX(0,(Inputs!$X$49-O2908)))","v":1.3993613612950986},{"$f":"params!$C$15*P2908*(E2908-Inputs!$X$26)","v":-33973.76146220525},-134723.26127448451]
["2005-05-02","06:00:00",0,10,1,-1,86,{"$f":"Inputs!$X$37*Inputs!$X$32*(E2911-Inputs!$X$26)","v":-68930.745815703893},{"$f":"Inputs!$X$33*C2911*Inputs!$X$38","v":0},{"$f":"params!$C$15*Inputs!$X$29*(E2911-Inputs!$X$26)","v":-7161.2197499999984},{"$f":"Inputs!$X$40*Inputs!$X$41/8760","v":5342.4657534246571},{"$f":"-Inputs!$X$45*Inputs!$X$33","v":-30000},655.14373774848059,4.0477489204243187E-3,3.481064071564914E-3,{"$f":"-L2911/(1.202*2465560*MAX(0,(Inputs!$X$49-O2911)))","v":1.3466160267432525},{"$f":"params!$C$15*P2911*(E2911-Inputs!$X$26)","v":-32693.207729715319},-133442.70754199458]
["2005-05-02","11:00:00",161,10,6,3,81,{"$f":"Inputs!$X$37*Inputs!$X$32*(E2916-Inputs!$X$26)","v":-51793.267574230544},{"$f":"Inputs!$X$33*C2916*Inputs!$X$38","v":31410.548221369576},{"$f":"params!$C$15*Inputs!$X$29*(E2916-Inputs!$X$26)","v":-5380.8059999999987},{"$f":"Inputs!$X$40*Inputs!$X$41/8760","v":5342.4657534246571},{"$f":"-Inputs!$X$45*Inputs!$X$33","v":-30000},932.4781503104233,5.7771510192606073E-3,4.6794923256010916E-3,{"$f":"-L2916/(1.202*2465560*MAX(0,(Inputs!$X$49-O2916)))","v":1.6020164258435798},{"$f":"params!$C$15*P2916*(E2916-Inputs!$X$26)","v":-29224.093804864093},-79645.153404300407]
["2005-05-02","14:00:00",282,8,7,3,76,{"$f":"Inputs!$X$37*Inputs!$X$32*(E2919-Inputs!$X$26)","v":-48365.771925935878},{"$f":"Inputs!$X$33*C2919*Inputs!$X$38","v":55017.233530597645},{"$f":"params!$C$15*Inputs!$X$29*(E2919-Inputs!$X$26)","v":-5024.7232499999991},{"$f":"Inputs!$X$40*Inputs!$X$41/8760","v":5342.4657534246571},{"$f":"-Inputs!$X$45*Inputs!$X$33","v":-30000},998.98316002102877,6.193284308903993E-3,4.7068960747670349E-3,{"$f":"-L2919/(1.202*2465560*MAX(0,(Inputs!$X$49-O2919)))","v":1.6089944147309858},{"$f":"params!$C$15*P2919*(E2919-Inputs!$X$26)","v":-27409.01557548354},-50439.811467397114]
["2005-05-02","18:00:00",175,8,7,-3,48,{"$f":"Inputs!$X$37*Inputs!$X$32*(E2923-Inputs!$X$26)","v":-48365.771925935878},{"$f":"Inputs!$X$33*C2923*Inputs!$X$38","v":34141.900240619099},{"$f":"params!$C$15*Inputs!$X$29*(E2923-Inputs!$X$26)","v":-5024.7232499999991},{"$f":"Inputs!$X$40*Inputs!$X$41/8760","v":5342.4657534246571},{"$f":"-Inputs!$X$45*Inputs!$X$33","v":-30000},998.98316002102877,6.193284308903993E-3,2.9727764682739165E-3,{"$f":"-L2923/(1.202*2465560*MAX(0,(Inputs!$X$49-O2923)))","v":1.2613294613545474},{"$f":"params!$C$15*P2923*(E2923-Inputs!$X$26)","v":-21486.587234588536},-65392.716416480653]
["2005-05-02","21:00:00",0,9,4,-1,69,{"$f":"Inputs!$X$37*Inputs!$X$32*(E2926-Inputs!$X$26)","v":-58648.258870819882},{"$f":"Inputs!$X$33*C2926*Inputs!$X$38","v":0},{"$f":"params!$C$15*Inputs!$X$29*(E2926-Inputs!$X$26)","v":-6092.9714999999987},{"$f":"Inputs!$X$40*Inputs!$X$41/8760","v":5342.4657534246571},{"$f":"-Inputs!$X$45*Inputs!$X$33","v":-30000},811.08667612094962,5.0190035800134264E-3,3.4631124702092643E-3,{"$f":"-L2926/(1.202*2465560*MAX(0,(Inputs!$X$49-O2926)))","v":1.343407884205412},{"$f":"params!$C$15*P2926*(E2926-Inputs!$X$26)","v":-27750.051520103705},-117148.81613749893]
["2005-05-02","22:00:00",0,0,2,-1,80,{"$f":"Inputs!$X$37*Inputs!$X$32*(E2927-Inputs!$X$26)","v":-65503.25016740922},{"$f":"Inputs!$X$33*C2927*Inputs!$X$38","v":0},{"$f":"params!$C$15*Inputs!$X$29*(E2927-Inputs!$X$26)","v":-6805.1369999999979},{"$f":"Inputs!$X$40*Inputs!$X$41/8760","v":5342.4657534246571},{"$f":"-Inputs!$X$45*Inputs!$X$33","v":-30000},703.88301618186097,4.3509868656616182E-3,3.4807894925292949E-3,{"$f":"-L2927/(1.202*2465560*MAX(0,(Inputs!$X$49-O2927)))","v":1.3465668411562572},{"$f":"params!$C$15*P2927*(E2927-Inputs!$X$26)","v":-31066.443862700951},-128032.36527668552]
["2005-05-03","01:00:00",0,10,-1,-3,85,{"$f":"Inputs!$X$37*Inputs!$X$32*(E2930-Inputs!$X$26)","v":-75785.737112293224},{"$f":"Inputs!$X$33*C2930*Inputs!$X$38","v":0},{"$f":"params!$C$15*Inputs!$X$29*(E2930-Inputs!$X$26)","v":-7873.3852499999985},{"$f":"Inputs!$X$40*Inputs!$X$41/8760","v":5342.4657534246571},{"$f":"-Inputs!$X$45*Inputs!$X$33","v":-30000},566.54310372490409,3.4972595900071069E-3,2.9726706515060407E-3,{"$f":"-L2930/(1.202*2465560*MAX(0,(Inputs!$X$49-O2930)))","v":1.2613128308802957},{"$f":"params!$C$15*P2930*(E2930-Inputs!$X$26)","v":-33667.515617146812},-141984.17222601536]
["2005-05-03","07:00:00",144,10,3,0,81,{"$f":"Inputs!$X$37*Inputs!$X$32*(E2936-Inputs!$X$26)","v":-62075.754519114555},{"$f":"Inputs!$X$33*C2936*Inputs!$X$38","v":28093.906483709434},{"$f":"params!$C$15*Inputs!$X$29*(E2936-Inputs!$X$26)","v":-6449.0542499999983},{"$f":"Inputs!$X$40*Inputs!$X$41/8760","v":5342.4657534246571},{"$f":"-Inputs!$X$45*Inputs!$X$33","v":-30000},755.80495631325812,4.6743495015895585E-3,3.7862230962875426E-3,{"$f":"-L2936/(1.202*2465560*MAX(0,(Inputs!$X$49-O2936)))","v":1.4035944501433917},{"$f":"params!$C$15*P2936*(E2936-Inputs!$X$26)","v":-30687.706148117115},-95776.142680097575]
["2005-05-03","09:00:00",202,10,7,1,66,{"$f":"Inputs!$X$37*Inputs!$X$32*(E2938-Inputs!$X$26)","v":-48365.771925935878},{"$f":"Inputs!$X$33*C2938*Inputs!$X$38","v":39409.507706314624},{"$f":"params!$C$15*Inputs!$X$29*(E2938-Inputs!$X$26)","v":-5024.7232499999991},{"$f":"Inputs!$X$40*Inputs!$X$41/8760","v":5342.4657534246571},{"$f":"-Inputs!$X$45*Inputs!$X$33","v":-30000},998.98316002102877,6.193284308903993E-3,4.0875676438766355E-3,{"$f":"-L2938/(1.202*2465560*MAX(0,(Inputs!$X$49-O2938)))","v":1.4647987198985497},{"$f":"params!$C$15*P2938*(E2938-Inputs!$X$26)","v":-24952.660221235335},-63591.181937431931]
["2005-05-03","12:00:00",164,10,8,-3,44,{"$f":"Inputs!$X$37*Inputs!$X$32*(E2941-Inputs!$X$26)","v":-44938.276277641213},{"$f":"Inputs!$X$33*C2941*Inputs!$X$38","v":31995.837939780187},{"$f":"params!$C$15*Inputs!$X$29*(E2941-Inputs!$X$26)","v":-4668.6404999999986},{"$f":"Inputs!$X$40*Inputs!$X$41/8760","v":5342.4657534246571},{"$f":"-Inputs!$X$45*Inputs!$X$33","v":-30000},1069.6390010481693,6.6359949158119932E-3,2.919837762957277E-3,{"$f":"-L2941/(1.202*2465560*MAX(0,(Inputs!$X$49-O2941)))","v":1.2530638714733036},{"$f":"params!$C$15*P2941*(E2941-Inputs!$X$26)","v":-19833.090608846498},-62101.703693282863]
["2005-05-03","15:00:00",639,10,8,-1,52,{"$f":"Inputs!$X$37*Inputs!$X$32*(E2944-Inputs!$X$26)","v":-44938.276277641213},{"$f":"Inputs!$X$33*C2944*Inputs!$X$38","v":124666.7100214606},{"$f":"params!$C$15*Inputs!$X$29*(E2944-Inputs!$X$26)","v":-4668.6404999999986},{"$f":"Inputs!$X$40*Inputs!$X$41/8760","v":5342.4657534246571},{"$f":"-Inputs!$X$45*Inputs!$X$33","v":-30000},1069.6390010481693,6.6359949158119932E-3,3.4507173562222365E-3,{"$f":"-L2944/(1.202*2465560*MAX(0,(Inputs!$X$49-O2944)))","v":1.3412016516647298},{"$f":"params!$C$15*P2944*(E2944-Inputs!$X$26)","v":-21228.106952701237},29174.15204454281]
["2005-05-03","19:00:00",50,10,5,2,81,{"$f":"Inputs!$X$37*Inputs!$X$32*(E2948-Inputs!$X$26)","v":-55220.763222525216},{"$f":"Inputs!$X$33*C2948*Inputs!$X$38","v":9754.8286401768873},{"$f":"params!$C$15*Inputs!$X$29*(E2948-Inputs!$X$26)","v":-5736.8887499999983},{"$f":"Inputs!$X$40*Inputs!$X$41/8760","v":5342.4657534246571},{"$f":"-Inputs!$X$45*Inputs!$X$33","v":-30000},869.91328556198641,5.3861748872103517E-3,4.3628016586403848E-3,{"$f":"-L2948/(1.202*2465560*MAX(0,(Inputs!$X$49-O2948)))","v":1.5255572641310282},{"$f":"params!$C$15*P2948*(E2948-Inputs!$X$26)","v":-29670.966729918146},-105531.32430884181]
["2005-05-03","22:00:00",0,10,3,2,93,{"$f":"Inputs!$X$37*Inputs!$X$32*(E2951-Inputs!$X$26)","v":-62075.754519114555},{"$f":"Inputs!$X$33*C2951*Inputs!$X$38","v":0},{"$f":"params!$C$15*Inputs!$X$29*(E2951-Inputs!$X$26)","v":-6449.0542499999983},{"$f":"Inputs!$X$40*Inputs!$X$41/8760","v":5342.4657534246571},{"$f":"-Inputs!$X$45*Inputs!$X$33","v":-30000},755.80495631325812,4.6743495015895585E-3,4.3471450364782893E-3,{"$f":"-L2951/(1.202*2465560*MAX(0,(Inputs!$X$49-O2951)))","v":1.5219661404365068},{"$f":"params!$C$15*P2951*(E2951-Inputs!$X$26)","v":-33275.744058640303},-126458.08707433019]
["2005-05-03","23:00:00",0,10,3,2,93,{"$f":"Inputs!$X$37*Inputs!$X$32*(E2952-Inputs!$X$26)","v":-62075.754519114555},{"$f":"Inputs!$X$33*C2952*Inputs!$X$38","v":0},{"$f":"params!$C$15*Inputs!$X$29*(E2952-Inputs!$X$26)","v":-6449.0542499999983},{"$f":"Inputs!$X$40*Inputs!$X$41/8760","v":5342.4657534246571},{"$f":"-Inputs!$X$45*Inputs!$X$33","v":-30000},755.80495631325812,4.6743495015895585E-3,4.3471450364782893E-3,{"$f":"-L2952/(1.202*2465560*MAX(0,(Inputs!$X$49-O2952)))","v":1.5219661404365068},{"$f":"params!$C$15*P2952*(E2952-Inputs!$X$26)","v":-33275.744058640303},-126458.08707433019]
["2005-05-04","02:00:00",0,3,-1,-2,92,{"$f":"Inputs!$X$37*Inputs!$X$32*(E2955-Inputs!$X$26)","v":-75785.737112293224},{"$f":"Inputs!$X$33*C2955*Inputs!$X$38","v":0},{"$f":"params!$C$15*Inputs!$X$29*(E2955-Inputs!$X$26)","v":-7873.3852499999985},{"$f":"Inputs!$X$40*Inputs!$X$41/8760","v":5342.4657534246571},{"$f":"-Inputs!$X$45*Inputs!$X$33","v":-30000},566.54310372490409,3.4972595900071069E-3,3.2174788228065384E-3,{"$f":"-L2955/(1.202*2465560*MAX(0,(Inputs!$X$49-O2955)))","v":1.3009976140868336},{"$f":"params!$C$15*P2955*(E2955-Inputs!$X$26)","v":-34726.799266419381},-143043.45587528794]
["2005-05-04","08:00:00",310,8,2,2,100,{"$f":"Inputs!$X$37*Inputs!$X$32*(E2961-Inputs!$X$26)","v":-65503.25016740922},{"$f":"Inputs!$X$33*C2961*Inputs!$X$38","v":60479.937569096699},{"$f":"params!$C$15*Inputs!$X$29*(E2961-Inputs!$X$26)","v":-6805.1369999999979},{"$f":"Inputs!$X$40*Inputs!$X$41/8760","v":5342.4657534246571},{"$f":"-Inputs!$X$45*Inputs!$X$33","v":-30000},703.88301618186097,4.3509868656616182E-3,4.3509868656616182E-3,{"$f":"-L2961/(1.202*2465560*MAX(0,(Inputs!$X$49-O2961)))","v":1.5228457658144021},{"$f":"params!$C$15*P2961*(E2961-Inputs!$X$26)","v":-35133.348786905946},-71619.332631793804]
["2005-05-04","10:00:00",701,9,8,-2,48,{"$f":"Inputs!$X$37*Inputs!$X$32*(E2963-Inputs!$X$26)","v":-44938.276277641213},{"$f":"Inputs!$X$33*C2963*Inputs!$X$38","v":136762.69753527996},{"$f":"params!$C$15*Inputs!$X$29*(E2963-Inputs!$X$26)","v":-4668.6404999999986},{"$f":"Inputs!$X$40*Inputs!$X$41/8760","v":5342.4657534246571},{"$f":"-Inputs!$X$45*Inputs!$X$33","v":-30000},1069.6390010481693,6.6359949158119932E-3,3.1852775595897563E-3,{"$f":"-L2963/(1.202*2465560*MAX(0,(Inputs!$X$49-O2963)))","v":1.2956355616432982},{"$f":"params!$C$15*P2963*(E2963-Inputs!$X$26)","v":-20506.901583478233},41991.344927585174]
["2005-05-04","13:00:00",531,10,9,-3,41,{"$f":"Inputs!$X$37*Inputs!$X$32*(E2966-Inputs!$X$26)","v":-41510.78062934654},{"$f":"Inputs!$X$33*C2966*Inputs!$X$38","v":103596.28015867855},{"$f":"params!$C$15*Inputs!$X$29*(E2966-Inputs!$X$26)","v":-4312.557749999999},{"$f":"Inputs!$X$40*Inputs!$X$41/8760","v":5342.4657534246571},{"$f":"-Inputs!$X$45*Inputs!$X$33","v":-30000},1144.6654335441779,7.1067740933079149E-3,2.9137773782562455E-3,{"$f":"-L2966/(1.202*2465560*MAX(0,(Inputs!$X$49-O2966)))","v":1.2521245381770552},{"$f":"params!$C$15*P2966*(E2966-Inputs!$X$26)","v":-18306.663752164615},14808.743780592053]
["2005-05-04","17:00:00",215,10,11,-2,39,{"$f":"Inputs!$X$37*Inputs!$X$32*(E2970-Inputs!$X$26)","v":-34655.789332757202},{"$f":"Inputs!$X$33*C2970*Inputs!$X$38","v":41945.763152760614},{"$f":"params!$C$15*Inputs!$X$29*(E2970-Inputs!$X$26)","v":-3600.392249999999},{"$f":"Inputs!$X$40*Inputs!$X$41/8760","v":5342.4657534246571},{"$f":"-Inputs!$X$45*Inputs!$X$33","v":-30000},1308.7561751391206,8.138879592783612E-3,3.1741630411856086E-3,{"$f":"-L2970/(1.202*2465560*MAX(0,(Inputs!$X$49-O2970)))","v":1.2937950533278026},{"$f":"params!$C$15*P2970*(E2970-Inputs!$X$26)","v":-15792.17903111134},-36760.131707683271]
["2005-05-04","20:00:00",0,10,6,-1,60,{"$f":"Inputs!$X$37*Inputs!$X$32*(E2973-Inputs!$X$26)","v":-51793.267574230544},{"$f":"Inputs!$X$33*C2973*Inputs!$X$38","v":0},{"$f":"params!$C$15*Inputs!$X$29*(E2973-Inputs!$X$26)","v":-5380.8059999999987},{"$f":"Inputs!$X$40*Inputs!$X$41/8760","v":5342.4657534246571},{"$f":"-Inputs!$X$45*Inputs!$X$33","v":-30000},932.4781503104233,5.7771510192606073E-3,3.4662906115563645E-3,{"$f":"-L2973/(1.202*2465560*MAX(0,(Inputs!$X$49-O2973)))","v":1.343974737917992},{"$f":"params!$C$15*P2973*(E2973-Inputs!$X$26)","v":-24516.879589172182},-106348.48740997807]
["2005-05-04","23:00:00",0,0,-2,-3,92,{"$f":"Inputs!$X$37*Inputs!$X$32*(E2976-Inputs!$X$26)","v":-79213.232760587896},{"$f":"Inputs!$X$33*C2976*Inputs!$X$38","v":0},{"$f":"params!$C$15*Inputs!$X$29*(E2976-Inputs!$X$26)","v":-8229.4679999999971},{"$f":"Inputs!$X$40*Inputs!$X$41/8760","v":5342.4657534246571},{"$f":"-Inputs!$X$45*Inputs!$X$33","v":-30000},526.36516305985776,3.2479468065175691E-3,2.9881110619961637E-3,{"$f":"-L2976/(1.202*2465560*MAX(0,(Inputs!$X$49-O2976)))","v":1.2637441367468178},{"$f":"params!$C$15*P2976*(E2976-Inputs!$X$26)","v":-35257.999622455805},-147358.23462961905]
["2005-05-04",1,0,0,-1,-3,85,{"$f":"Inputs!$X$37*Inputs!$X$32*(E2977-Inputs!$X$26)","v":-75785.737112293224},{"$f":"Inputs!$X$33*C2977*Inputs!$X$38","v":0},{"$f":"params!$C$15*Inputs!$X$29*(E2977-Inputs!$X$26)","v":-7873.3852499999985},{"$f":"Inputs!$X$40*Inputs!$X$41/8760","v":5342.4657534246571},{"$f":"-Inputs!$X$45*Inputs!$X$33","v":-30000},566.54310372490409,3.4972595900071069E-3,2.9726706515060407E-3,{"$f":"-L2977/(1.202*2465560*MAX(0,(Inputs!$X$49-O2977)))","v":1.2613128308802957},{"$f":"params!$C$15*P2977*(E2977-Inputs!$X$26)","v":-33667.515617146812},-141984.17222601536]
["2005-05-05","03:00:00",0,0,-2,-3,92,{"$f":"Inputs!$X$37*Inputs!$X$32*(E2980-Inputs!$X$26)","v":-79213.232760587896},{"$f":"Inputs!$X$33*C2980*Inputs!$X$38","v":0},{"$f":"params!$C$15*Inputs!$X$29*(E2980-Inputs!$X$26)","v":-8229.4679999999971},{"$f":"Inputs!$X$40*Inputs!$X$41/8760","v":5342.4657534246571},{"$f":"-Inputs!$X$45*Inputs!$X$33","v":-30000},526.36516305985776,3.2479468065175691E-3,2.9881110619961637E-3,{"$f":"-L2980/(1.202*2465560*MAX(0,(Inputs!$X$49-O2980)))","v":1.2637441367468178},{"$f":"params!$C$15*P2980*(E2980-Inputs!$X$26)","v":-35257.999622455805},-147358.23462961905]
["2005-05-05","09:00:00",547,4,8,2,66,{"$f":"Inputs!$X$37*Inputs!$X$32*(E2986-Inputs!$X$26)","v":-44938.276277641213},{"$f":"Inputs!$X$33*C2986*Inputs!$X$38","v":106717.82532353514},{"$f":"params!$C$15*Inputs!$X$29*(E2986-Inputs!$X$26)","v":-4668.6404999999986},{"$f":"Inputs!$X$40*Inputs!$X$41/8760","v":5342.4657534246571},{"$f":"-Inputs!$X$45*Inputs!$X$33","v":-30000},1069.6390010481693,6.6359949158119932E-3,4.3797566444359155E-3,{"$f":"-L2986/(1.202*2465560*MAX(0,(Inputs!$X$49-O2986)))","v":1.5294653525084609},{"$f":"params!$C$15*P2986*(E2986-Inputs!$X$26)","v":-24207.884059194919},8245.4902401236686]
["2005-05-05","11:00:00",747,10,12,-2,37,{"$f":"Inputs!$X$37*Inputs!$X$32*(E2988-Inputs!$X$26)","v":-31228.293684462536},{"$f":"Inputs!$X$33*C2988*Inputs!$X$38","v":145737.1398842427},{"$f":"params!$C$15*Inputs!$X$29*(E2988-Inputs!$X$26)","v":-3244.3094999999989},{"$f":"Inputs!$X$40*Inputs!$X$41/8760","v":5342.4657534246571},{"$f":"-Inputs!$X$45*Inputs!$X$33","v":-30000},1398.3079270856979,8.70357605607666E-3,3.2203231407483641E-3,{"$f":"-L2988/(1.202*2465560*MAX(0,(Inputs!$X$49-O2988)))","v":1.3014733749543843},{"$f":"params!$C$15*P2988*(E2988-Inputs!$X$26)","v":-14314.768219655858},72292.234233548952]
["2005-05-05","14:00:00",787,5,15,0,36,{"$f":"Inputs!$X$37*Inputs!$X$32*(E2991-Inputs!$X$26)","v":-20945.806739578529},{"$f":"Inputs!$X$33*C2991*Inputs!$X$38","v":153541.00279638419},{"$f":"params!$C$15*Inputs!$X$29*(E2991-Inputs!$X$26)","v":-2176.0612499999993},{"$f":"Inputs!$X$40*Inputs!$X$41/8760","v":5342.4657534246571},{"$f":"-Inputs!$X$45*Inputs!$X$33","v":-30000},1700.1281023555496,1.0614273895273205E-2,3.821138602298354E-3,{"$f":"-L2991/(1.202*2465560*MAX(0,(Inputs!$X$49-O2991)))","v":1.4104226787686467},{"$f":"params!$C$15*P2991*(E2991-Inputs!$X$26)","v":-10405.121413639126},95356.479146591199]
["2005-05-05","18:00:00",186,0,16,-1,31,{"$f":"Inputs!$X$37*Inputs!$X$32*(E2995-Inputs!$X$26)","v":-17518.31109128386},{"$f":"Inputs!$X$33*C2995*Inputs!$X$38","v":36287.962541458015},{"$f":"params!$C$15*Inputs!$X$29*(E2995-Inputs!$X$26)","v":-1819.9784999999995},{"$f":"Inputs!$X$40*Inputs!$X$41/8760","v":5342.4657534246571},{"$f":"-Inputs!$X$45*Inputs!$X$33","v":-30000},1812.7242941450775,1.1330041931761578E-2,3.5123129988460892E-3,{"$f":"-L2995/(1.202*2465560*MAX(0,(Inputs!$X$49-O2995)))","v":1.3522372466436006},{"$f":"params!$C$15*P2995*(E2995-Inputs!$X$26)","v":-8343.4545787515362},-16051.315875152724]
["2005-05-05","21:00:00",0,6,7,0,61,{"$f":"Inputs!$X$37*Inputs!$X$32*(E2998-Inputs!$X$26)","v":-48365.771925935878},{"$f":"Inputs!$X$33*C2998*Inputs!$X$38","v":0},{"$f":"params!$C$15*Inputs!$X$29*(E2998-Inputs!$X$26)","v":-5024.7232499999991},{"$f":"Inputs!$X$40*Inputs!$X$41/8760","v":5342.4657534246571},{"$f":"-Inputs!$X$45*Inputs!$X$33","v":-30000},998.98316002102877,6.193284308903993E-3,3.7779034284314357E-3,{"$f":"-L2998/(1.202*2465560*MAX(0,(Inputs!$X$49-O2998)))","v":1.4019771621645163},{"$f":"params!$C$15*P2998*(E2998-Inputs!$X$26)","v":-23882.502961120703},-101930.53238363193]
["2005-05-05",1,0,3,4,0,75,{"$f":"Inputs!$X$37*Inputs!$X$32*(E3001-Inputs!$X$26)","v":-58648.258870819882},{"$f":"Inputs!$X$33*C3001*Inputs!$X$38","v":0},{"$f":"params!$C$15*Inputs!$X$29*(E3001-Inputs!$X$26)","v":-6092.9714999999987},{"$f":"Inputs!$X$40*Inputs!$X$41/8760","v":5342.4657534246571},{"$f":"-Inputs!$X$45*Inputs!$X$33","v":-30000},811.08667612094962,5.0190035800134264E-3,3.76425268501007E-3,{"$f":"-L3001/(1.202*2465560*MAX(0,(Inputs!$X$49-O3001)))","v":1.3993316078908522},{"$f":"params!$C$15*P3001*(E3001-Inputs!$X$26)","v":-28905.23769379875},-118304.00231119397]
["2005-05-06","01:00:00",0,7,2,0,87,{"$f":"Inputs!$X$37*Inputs!$X$32*(E3002-Inputs!$X$26)","v":-65503.25016740922},{"$f":"Inputs!$X$33*C3002*Inputs!$X$38","v":0},{"$f":"params!$C$15*Inputs!$X$29*(E3002-Inputs!$X$26)","v":-6805.1369999999979},{"$f":"Inputs!$X$40*Inputs!$X$41/8760","v":5342.4657534246571},{"$f":"-Inputs!$X$45*Inputs!$X$33","v":-30000},703.88301618186097,4.3509868656616182E-3,3.7853585731256077E-3,{"$f":"-L3002/(1.202*2465560*MAX(0,(Inputs!$X$49-O3002)))","v":1.4034262189018876},{"$f":"params!$C$15*P3002*(E3002-Inputs!$X$26)","v":-32378.238132999457},-129344.15954698402]
["2005-05-06","06:00:00",0,0,1,0,93,{"$f":"Inputs!$X$37*Inputs!$X$32*(E3007-Inputs!$X$26)","v":-68930.745815703893},{"$f":"Inputs!$X$33*C3007*Inputs!$X$38","v":0},{"$f":"params!$C$15*Inputs!$X$29*(E3007-Inputs!$X$26)","v":-7161.2197499999984},{"$f":"Inputs!$X$40*Inputs!$X$41/8760","v":5342.4657534246571},{"$f":"-Inputs!$X$45*Inputs!$X$33","v":-30000},655.14373774848059,4.0477489204243187E-3,3.7644064959946166E-3,{"$f":"-L3007/(1.202*2465560*MAX(0,(Inputs!$X$49-O3007)))","v":1.3993613612950986},{"$f":"params!$C$15*P3007*(E3007-Inputs!$X$26)","v":-33973.76146220525},-134723.26127448451]
["2005-05-06","08:00:00",330,2,8,4,76,{"$f":"Inputs!$X$37*Inputs!$X$32*(E3009-Inputs!$X$26)","v":-44938.276277641213},{"$f":"Inputs!$X$33*C3009*Inputs!$X$38","v":64381.869025167456},{"$f":"params!$C$15*Inputs!$X$29*(E3009-Inputs!$X$26)","v":-4668.6404999999986},{"$f":"Inputs!$X$40*Inputs!$X$41/8760","v":5342.4657534246571},{"$f":"-Inputs!$X$45*Inputs!$X$33","v":-30000},1069.6390010481693,6.6359949158119932E-3,5.0433561360171157E-3,{"$f":"-L3009/(1.202*2465560*MAX(0,(Inputs!$X$49-O3009)))","v":1.6999043459099135},{"$f":"params!$C$15*P3009*(E3009-Inputs!$X$26)","v":-26905.537448113661},-36788.119447162753]
["2005-05-06","12:00:00",740,3,16,-1,31,{"$f":"Inputs!$X$37*Inputs!$X$32*(E3013-Inputs!$X$26)","v":-17518.31109128386},{"$f":"Inputs!$X$33*C3013*Inputs!$X$38","v":144371.46387461794},{"$f":"params!$C$15*Inputs!$X$29*(E3013-Inputs!$X$26)","v":-1819.9784999999995},{"$f":"Inputs!$X$40*Inputs!$X$41/8760","v":5342.4657534246571},{"$f":"-Inputs!$X$45*Inputs!$X$33","v":-30000},1812.7242941450775,1.1330041931761578E-2,3.5123129988460892E-3,{"$f":"-L3013/(1.202*2465560*MAX(0,(Inputs!$X$49-O3013)))","v":1.3522372466436006},{"$f":"params!$C$15*P3013*(E3013-Inputs!$X$26)","v":-8343.4545787515362},92032.185458007196]
["2005-05-06","15:00:00",743,3,17,0,32,{"$f":"Inputs!$X$37*Inputs!$X$32*(E3016-Inputs!$X$26)","v":-14090.815442989191},{"$f":"Inputs!$X$33*C3016*Inputs!$X$38","v":144956.75359302852},{"$f":"params!$C$15*Inputs!$X$29*(E3016-Inputs!$X$26)","v":-1463.8957499999995},{"$f":"Inputs!$X$40*Inputs!$X$41/8760","v":5342.4657534246571},{"$f":"-Inputs!$X$45*Inputs!$X$33","v":-30000},1931.8104441244629,1.2088830888770941E-2,3.8684258844067011E-3,{"$f":"-L3016/(1.202*2465560*MAX(0,(Inputs!$X$49-O3016)))","v":1.4197770060939634},{"$f":"params!$C$15*P3016*(E3016-Inputs!$X$26)","v":-7046.2336895687286},97698.274463895272]
["2005-05-06","19:00:00",60,4,14,-2,32,{"$f":"Inputs!$X$37*Inputs!$X$32*(E3020-Inputs!$X$26)","v":-24373.302387873198},{"$f":"Inputs!$X$33*C3020*Inputs!$X$38","v":11705.794368212264},{"$f":"params!$C$15*Inputs!$X$29*(E3020-Inputs!$X$26)","v":-2532.1439999999993},{"$f":"Inputs!$X$40*Inputs!$X$41/8760","v":5342.4657534246571},{"$f":"-Inputs!$X$45*Inputs!$X$33","v":-30000},1593.7190459500907,9.939322574797271E-3,3.1805832239351268E-3,{"$f":"-L3020/(1.202*2465560*MAX(0,(Inputs!$X$49-O3020)))","v":1.2948575648875049},{"$f":"params!$C$15*P3020*(E3020-Inputs!$X$26)","v":-11115.708584069343},-50972.894850305616]
["2005-05-06","22:00:00",0,4,9,-1,49,{"$f":"Inputs!$X$37*Inputs!$X$32*(E3023-Inputs!$X$26)","v":-41510.78062934654},{"$f":"Inputs!$X$33*C3023*Inputs!$X$38","v":0},{"$f":"params!$C$15*Inputs!$X$29*(E3023-Inputs!$X$26)","v":-4312.557749999999},{"$f":"Inputs!$X$40*Inputs!$X$41/8760","v":5342.4657534246571},{"$f":"-Inputs!$X$45*Inputs!$X$33","v":-30000},1144.6654335441779,7.1067740933079149E-3,3.4823193057208785E-3,{"$f":"-L3023/(1.202*2465560*MAX(0,(Inputs!$X$49-O3023)))","v":1.3468409237212366},{"$f":"params!$C$15*P3023*(E3023-Inputs!$X$26)","v":-19691.462922782361},-90172.335548704243]
["2005-05-07","01:00:00",0,0,2,-1,80,{"$f":"Inputs!$X$37*Inputs!$X$32*(E3026-Inputs!$X$26)","v":-65503.25016740922},{"$f":"Inputs!$X$33*C3026*Inputs!$X$38","v":0},{"$f":"params!$C$15*Inputs!$X$29*(E3026-Inputs!$X$26)","v":-6805.1369999999979},{"$f":"Inputs!$X$40*Inputs!$X$41/8760","v":5342.4657534246571},{"$f":"-Inputs!$X$45*Inputs!$X$33","v":-30000},703.88301618186097,4.3509868656616182E-3,3.4807894925292949E-3,{"$f":"-L3026/(1.202*2465560*MAX(0,(Inputs!$X$49-O3026)))","v":1.3465668411562572},{"$f":"params!$C$15*P3026*(E3026-Inputs!$X$26)","v":-31066.443862700951},-128032.36527668552]
["2005-05-07","02:00:00",0,0,2,-1,80,{"$f":"Inputs!$X$37*Inputs!$X$32*(E3027-Inputs!$X$26)","v":-65503.25016740922},{"$f":"Inputs!$X$33*C3027*Inputs!$X$38","v":0},{"$f":"params!$C$15*Inputs!$X$29*(E3027-Inputs!$X$26)","v":-6805.1369999999979},{"$f":"Inputs!$X$40*Inputs!$X$41/8760","v":5342.4657534246571},{"$f":"-Inputs!$X$45*Inputs!$X$33","v":-30000},703.88301618186097,4.3509868656616182E-3,3.4807894925292949E-3,{"$f":"-L3027/(1.202*2465560*MAX(0,(Inputs!$X$49-O3027)))","v":1.3465668411562572},{"$f":"params!$C$15*P3027*(E3027-Inputs!$X$26)","v":-31066.443862700951},-128032.36527668552]
["2005-05-07","07:00:00",220,0,4,1,81,{"$f":"Inputs!$X$37*Inputs!$X$32*(E3032-Inputs!$X$26)","v":-58648.258870819882},{"$f":"Inputs!$X$33*C3032*Inputs!$X$38","v":42921.246016778299},{"$f":"params!$C$15*Inputs!$X$29*(E3032-Inputs!$X$26)","v":-6092.9714999999987},{"$f":"Inputs!$X$40*Inputs!$X$41/8760","v":5342.4657534246571},{"$f":"-Inputs!$X$45*Inputs!$X$33","v":-30000},811.08667612094962,5.0190035800134264E-3,4.0653928998108753E-3,{"$f":"-L3032/(1.202*2465560*MAX(0,(Inputs!$X$49-O3032)))","v":1.4601135860958392},{"$f":"params!$C$15*P3032*(E3032-Inputs!$X$26)","v":-30160.778208718271},-76638.296809335196]
["2005-05-07","10:00:00",738,0,14,1,41,{"$f":"Inputs!$X$37*Inputs!$X$32*(E3035-Inputs!$X$26)","v":-24373.302387873198},{"$f":"Inputs!$X$33*C3035*Inputs!$X$38","v":143981.27072901087},{"$f":"params!$C$15*Inputs!$X$29*(E3035-Inputs!$X$26)","v":-2532.1439999999993},{"$f":"Inputs!$X$40*Inputs!$X$41/8760","v":5342.4657534246571},{"$f":"-Inputs!$X$45*Inputs!$X$33","v":-30000},1593.7190459500907,9.939322574797271E-3,4.0751222556668805E-3,{"$f":"-L3035/(1.202*2465560*MAX(0,(Inputs!$X$49-O3035)))","v":1.4621655327266958},{"$f":"params!$C$15*P3035*(E3035-Inputs!$X$26)","v":-12551.964327344755},79866.325767217553]
["2005-05-07","13:00:00",914,3,18,1,32,{"$f":"Inputs!$X$37*Inputs!$X$32*(E3038-Inputs!$X$26)","v":-10663.319794694524},{"$f":"Inputs!$X$33*C3038*Inputs!$X$38","v":178318.26754243349},{"$f":"params!$C$15*Inputs!$X$29*(E3038-Inputs!$X$26)","v":-1107.8129999999996},{"$f":"Inputs!$X$40*Inputs!$X$41/8760","v":5342.4657534246571},{"$f":"-Inputs!$X$45*Inputs!$X$33","v":-30000},2057.7011249857014,1.2892956292988709E-2,4.1257460137563871E-3,{"$f":"-L3038/(1.202*2465560*MAX(0,(Inputs!$X$49-O3038)))","v":1.4729359761264424},{"$f":"params!$C$15*P3038*(E3038-Inputs!$X$26)","v":-5531.9351633305814},136357.66533783305]
["2005-05-07","16:00:00",567,3,18,1,32,{"$f":"Inputs!$X$37*Inputs!$X$32*(E3041-Inputs!$X$26)","v":-10663.319794694524},{"$f":"Inputs!$X$33*C3041*Inputs!$X$38","v":110619.75677960589},{"$f":"params!$C$15*Inputs!$X$29*(E3041-Inputs!$X$26)","v":-1107.8129999999996},{"$f":"Inputs!$X$40*Inputs!$X$41/8760","v":5342.4657534246571},{"$f":"-Inputs!$X$45*Inputs!$X$33","v":-30000},2057.7011249857014,1.2892956292988709E-2,4.1257460137563871E-3,{"$f":"-L3041/(1.202*2465560*MAX(0,(Inputs!$X$49-O3041)))","v":1.4729359761264424},{"$f":"params!$C$15*P3041*(E3041-Inputs!$X$26)","v":-5531.9351633305814},68659.154575005436]
["2005-05-07","20:00:00",0,0,13,0,41,{"$f":"Inputs!$X$37*Inputs!$X$32*(E3045-Inputs!$X$26)","v":-27800.798036167867},{"$f":"Inputs!$X$33*C3045*Inputs!$X$38","v":0},{"$f":"params!$C$15*Inputs!$X$29*(E3045-Inputs!$X$26)","v":-2888.2267499999994},{"$f":"Inputs!$X$40*Inputs!$X$41/8760","v":5342.4657534246571},{"$f":"-Inputs!$X$45*Inputs!$X$33","v":-30000},1493.2057396927576,9.303089390063848E-3,3.8142666499261777E-3,{"$f":"-L3045/(1.202*2465560*MAX(0,(Inputs!$X$49-O3045)))","v":1.4090735237082701},{"$f":"params!$C$15*P3045*(E3045-Inputs!$X$26)","v":-13797.223356466264},-69143.782389209475]
["2005-05-07","23:00:00",0,0,12,-1,40,{"$f":"Inputs!$X$37*Inputs!$X$32*(E3048-Inputs!$X$26)","v":-31228.293684462536},{"$f":"Inputs!$X$33*C3048*Inputs!$X$38","v":0},{"$f":"params!$C$15*Inputs!$X$29*(E3048-Inputs!$X$26)","v":-3244.3094999999989},{"$f":"Inputs!$X$40*Inputs!$X$41/8760","v":5342.4657534246571},{"$f":"-Inputs!$X$45*Inputs!$X$33","v":-30000},1398.3079270856979,8.70357605607666E-3,3.481430422430664E-3,{"$f":"-L3048/(1.202*2465560*MAX(0,(Inputs!$X$49-O3048)))","v":1.3466816570953852},{"$f":"params!$C$15*P3048*(E3048-Inputs!$X$26)","v":-14812.009341073281},-73942.146772111155]
["2005-05-08","02:00:00",0,0,9,-2,45,{"$f":"Inputs!$X$37*Inputs!$X$32*(E3051-Inputs!$X$26)","v":-41510.78062934654},{"$f":"Inputs!$X$33*C3051*Inputs!$X$38","v":0},{"$f":"params!$C$15*Inputs!$X$29*(E3051-Inputs!$X$26)","v":-4312.557749999999},{"$f":"Inputs!$X$40*Inputs!$X$41/8760","v":5342.4657534246571},{"$f":"-Inputs!$X$45*Inputs!$X$33","v":-30000},1144.6654335441779,7.1067740933079149E-3,3.1980483419885618E-3,{"$f":"-L3051/(1.202*2465560*MAX(0,(Inputs!$X$49-O3051)))","v":1.2977568146524359},{"$f":"params!$C$15*P3051*(E3051-Inputs!$X$26)","v":-18973.82961004071},-89454.702235962584]
["2005-05-08","03:00:00",0,0,9,-2,45,{"$f":"Inputs!$X$37*Inputs!$X$32*(E3052-Inputs!$X$26)","v":-41510.78062934654},{"$f":"Inputs!$X$33*C3052*Inputs!$X$38","v":0},{"$f":"params!$C$15*Inputs!$X$29*(E3052-Inputs!$X$26)","v":-4312.557749999999},{"$f":"Inputs!$X$40*Inputs!$X$41/8760","v":5342.4657534246571},{"$f":"-Inputs!$X$45*Inputs!$X$33","v":-30000},1144.6654335441779,7.1067740933079149E-3,3.1980483419885618E-3,{"$f":"-L3052/(1.202*2465560*MAX(0,(Inputs!$X$49-O3052)))","v":1.2977568146524359},{"$f":"params!$C$15*P3052*(E3052-Inputs!$X$26)","v":-18973.82961004071},-89454.702235962584]
["2005-05-08","08:00:00",411,0,11,2,54,{"$f":"Inputs!$X$37*Inputs!$X$32*(E3057-Inputs!$X$26)","v":-34655.789332757202},{"$f":"Inputs!$X$33*C3057*Inputs!$X$38","v":80184.691422254007},{"$f":"params!$C$15*Inputs!$X$29*(E3057-Inputs!$X$26)","v":-3600.392249999999},{"$f":"Inputs!$X$40*Inputs!$X$41/8760","v":5342.4657534246571},{"$f":"-Inputs!$X$45*Inputs!$X$33","v":-30000},1308.7561751391206,8.138879592783612E-3,4.3949949801031507E-3,{"$f":"-L3057/(1.202*2465560*MAX(0,(Inputs!$X$49-O3057)))","v":1.5329948808399829},{"$f":"params!$C$15*P3057*(E3057-Inputs!$X$26)","v":-18711.87368488756},-1440.8980919660935]
["2005-05-08","11:00:00",864,0,16,1,36,{"$f":"Inputs!$X$37*Inputs!$X$32*(E3060-Inputs!$X$26)","v":-17518.31109128386},{"$f":"Inputs!$X$33*C3060*Inputs!$X$38","v":168563.4389022566},{"$f":"params!$C$15*Inputs!$X$29*(E3060-Inputs!$X$26)","v":-1819.9784999999995},{"$f":"Inputs!$X$40*Inputs!$X$41/8760","v":5342.4657534246571},{"$f":"-Inputs!$X$45*Inputs!$X$33","v":-30000},1812.7242941450775,1.1330041931761578E-2,4.0788150954341688E-3,{"$f":"-L3060/(1.202*2465560*MAX(0,(Inputs!$X$49-O3060)))","v":1.4629458730565756},{"$f":"params!$C$15*P3060*(E3060-Inputs!$X$26)","v":-9026.5391471180228},115541.07591727938]
["2005-05-08","14:00:00",887,0,18,2,34,{"$f":"Inputs!$X$37*Inputs!$X$32*(E3063-Inputs!$X$26)","v":-10663.319794694524},{"$f":"Inputs!$X$33*C3063*Inputs!$X$38","v":173050.66007673796},{"$f":"params!$C$15*Inputs!$X$29*(E3063-Inputs!$X$26)","v":-1107.8129999999996},{"$f":"Inputs!$X$40*Inputs!$X$41/8760","v":5342.4657534246571},{"$f":"-Inputs!$X$45*Inputs!$X$33","v":-30000},2057.7011249857014,1.2892956292988709E-2,4.3836051396161611E-3,{"$f":"-L3063/(1.202*2465560*MAX(0,(Inputs!$X$49-O3063)))","v":1.5303552123867619},{"$f":"params!$C$15*P3063*(E3063-Inputs!$X$26)","v":-5747.5857396410211},130874.40729582708]
["2005-05-08","17:00:00",436,0,17,0,32,{"$f":"Inputs!$X$37*Inputs!$X$32*(E3066-Inputs!$X$26)","v":-14090.815442989191},{"$f":"Inputs!$X$33*C3066*Inputs!$X$38","v":85062.10574234245},{"$f":"params!$C$15*Inputs!$X$29*(E3066-Inputs!$X$26)","v":-1463.8957499999995},{"$f":"Inputs!$X$40*Inputs!$X$41/8760","v":5342.4657534246571},{"$f":"-Inputs!$X$45*Inputs!$X$33","v":-30000},1931.8104441244629,1.2088830888770941E-2,3.8684258844067011E-3,{"$f":"-L3066/(1.202*2465560*MAX(0,(Inputs!$X$49-O3066)))","v":1.4197770060939634},{"$f":"params!$C$15*P3066*(E3066-Inputs!$X$26)","v":-7046.2336895687286},37803.626613209191]
["2005-05-08","21:00:00",0,0,11,1,50,{"$f":"Inputs!$X$37*Inputs!$X$32*(E3070-Inputs!$X$26)","v":-34655.789332757202},{"$f":"Inputs!$X$33*C3070*Inputs!$X$38","v":0},{"$f":"params!$C$15*Inputs!$X$29*(E3070-Inputs!$X$26)","v":-3600.392249999999},{"$f":"Inputs!$X$40*Inputs!$X$41/8760","v":5342.4657534246571},{"$f":"-Inputs!$X$45*Inputs!$X$33","v":-30000},1308.7561751391206,8.138879592783612E-3,4.069439796391806E-3,{"$f":"-L3070/(1.202*2465560*MAX(0,(Inputs!$X$49-O3070)))","v":1.4609663872134364},{"$f":"params!$C$15*P3070*(E3070-Inputs!$X$26)","v":-17832.687399729082},-80746.403229061631]
["2005-05-08",1,0,0,6,2,75,{"$f":"Inputs!$X$37*Inputs!$X$32*(E3073-Inputs!$X$26)","v":-51793.267574230544},{"$f":"Inputs!$X$33*C3073*Inputs!$X$38","v":0},{"$f":"params!$C$15*Inputs!$X$29*(E3073-Inputs!$X$26)","v":-5380.8059999999987},{"$f":"Inputs!$X$40*Inputs!$X$41/8760","v":5342.4657534246571},{"$f":"-Inputs!$X$45*Inputs!$X$33","v":-30000},932.4781503104233,5.7771510192606073E-3,4.3328632644454553E-3,{"$f":"-L3073/(1.202*2465560*MAX(0,(Inputs!$X$49-O3073)))","v":1.5187050764491115},{"$f":"params!$C$15*P3073*(E3073-Inputs!$X$26)","v":-27704.322440203017},-109535.93026100891]
["2005-05-09","01:00:00",0,0,4,1,81,{"$f":"Inputs!$X$37*Inputs!$X$32*(E3074-Inputs!$X$26)","v":-58648.258870819882},{"$f":"Inputs!$X$33*C3074*Inputs!$X$38","v":0},{"$f":"params!$C$15*Inputs!$X$29*(E3074-Inputs!$X$26)","v":-6092.9714999999987},{"$f":"Inputs!$X$40*Inputs!$X$41/8760","v":5342.4657534246571},{"$f":"-Inputs!$X$45*Inputs!$X$33","v":-30000},811.08667612094962,5.0190035800134264E-3,4.0653928998108753E-3,{"$f":"-L3074/(1.202*2465560*MAX(0,(Inputs!$X$49-O3074)))","v":1.4601135860958392},{"$f":"params!$C$15*P3074*(E3074-Inputs!$X$26)","v":-30160.778208718271},-119559.54282611349]
["2005-05-09","05:00:00",0,0,1,0,93,{"$f":"Inputs!$X$37*Inputs!$X$32*(E3078-Inputs!$X$26)","v":-68930.745815703893},{"$f":"Inputs!$X$33*C3078*Inputs!$X$38","v":0},{"$f":"params!$C$15*Inputs!$X$29*(E3078-Inputs!$X$26)","v":-7161.2197499999984},{"$f":"Inputs!$X$40*Inputs!$X$41/8760","v":5342.4657534246571},{"$f":"-Inputs!$X$45*Inputs!$X$33","v":-30000},655.14373774848059,4.0477489204243187E-3,3.7644064959946166E-3,{"$f":"-L3078/(1.202*2465560*MAX(0,(Inputs!$X$49-O3078)))","v":1.3993613612950986},{"$f":"params!$C$15*P3078*(E3078-Inputs!$X$26)","v":-33973.76146220525},-134723.26127448451]
["2005-05-09","08:00:00",411,0,12,4,58,{"$f":"Inputs!$X$37*Inputs!$X$32*(E3081-Inputs!$X$26)","v":-31228.293684462536},{"$f":"Inputs!$X$33*C3081*Inputs!$X$38","v":80184.691422254007},{"$f":"params!$C$15*Inputs!$X$29*(E3081-Inputs!$X$26)","v":-3244.3094999999989},{"$f":"Inputs!$X$40*Inputs!$X$41/8760","v":5342.4657534246571},{"$f":"-Inputs!$X$45*Inputs!$X$33","v":-30000},1398.3079270856979,8.70357605607666E-3,5.0480741125244633E-3,{"$f":"-L3081/(1.202*2465560*MAX(0,(Inputs!$X$49-O3081)))","v":1.7012522151133331},{"$f":"params!$C$15*P3081*(E3081-Inputs!$X$26)","v":-18711.893467184476},2342.6605240316567]
["2005-05-09","12:00:00",928,0,22,3,29,{"$f":"Inputs!$X$37*Inputs!$X$32*(E3085-Inputs!$X$26)","v":3046.6627984841512},{"$f":"Inputs!$X$33*C3085*Inputs!$X$38","v":181049.61956168301},{"$f":"params!$C$15*Inputs!$X$29*(E3085-Inputs!$X$26)","v":316.51800000000009},{"$f":"Inputs!$X$40*Inputs!$X$41/8760","v":5342.4657534246571},{"$f":"-Inputs!$X$45*Inputs!$X$33","v":-30000},2636.0296246790026,1.6613383438113645E-2,4.8178811970529568E-3,{"$f":"-L3085/(1.202*2465560*MAX(0,(Inputs!$X$49-O3085)))","v":1.6378880579964219},{"$f":"params!$C$15*P3085*(E3085-Inputs!$X$26)","v":1757.5568579619446},161512.82297155377]
["2005-05-09","15:00:00",772,0,23,6,33,{"$f":"Inputs!$X$37*Inputs!$X$32*(E3088-Inputs!$X$26)","v":6474.1584467788198},{"$f":"Inputs!$X$33*C3088*Inputs!$X$38","v":150614.55420433113},{"$f":"params!$C$15*Inputs!$X$29*(E3088-Inputs!$X$26)","v":672.60074999999995},{"$f":"Inputs!$X$40*Inputs!$X$41/8760","v":5342.4657534246571},{"$f":"-Inputs!$X$45*Inputs!$X$33","v":-30000},2801.0950714195728,1.768327304712981E-2,5.835480105552837E-3,{"$f":"-L3088/(1.202*2465560*MAX(0,(Inputs!$X$49-O3088)))","v":1.960718858920681},{"$f":"params!$C$15*P3088*(E3088-Inputs!$X$26)","v":4470.9460319586979},137574.72518649334]
["2005-05-09","18:00:00",242,1,21,5,35,{"$f":"Inputs!$X$37*Inputs!$X$32*(E3091-Inputs!$X$26)","v":-380.83284981051736},{"$f":"Inputs!$X$33*C3091*Inputs!$X$38","v":47213.370618456131},{"$f":"params!$C$15*Inputs!$X$29*(E3091-Inputs!$X$26)","v":-39.564749999999847},{"$f":"Inputs!$X$40*Inputs!$X$41/8760","v":5342.4657534246571},{"$f":"-Inputs!$X$45*Inputs!$X$33","v":-30000},2479.5289798458998,1.5602307510579843E-2,5.4608076287029454E-3,{"$f":"-L3091/(1.202*2465560*MAX(0,(Inputs!$X$49-O3091)))","v":1.8280542771266151},{"$f":"params!$C$15*P3091*(E3091-Inputs!$X$26)","v":-245.20214582161279},21890.236626248661]
["2005-05-09","22:00:00",0,0,10,5,71,{"$f":"Inputs!$X$37*Inputs!$X$32*(E3095-Inputs!$X$26)","v":-38083.284981051875},{"$f":"Inputs!$X$33*C3095*Inputs!$X$38","v":0},{"$f":"params!$C$15*Inputs!$X$29*(E3095-Inputs!$X$26)","v":-3956.474999999999},{"$f":"Inputs!$X$40*Inputs!$X$41/8760","v":5342.4657534246571},{"$f":"-Inputs!$X$45*Inputs!$X$33","v":-30000},1224.2915728566036,7.6071876458255446E-3,5.401103228536137E-3,{"$f":"-L3095/(1.202*2465560*MAX(0,(Inputs!$X$49-O3095)))","v":1.808554670249336},{"$f":"params!$C$15*P3095*(E3095-Inputs!$X$26)","v":-24258.660781007158},-90955.955008634381]
["2005-05-10","01:00:00",0,0,7,4,81,{"$f":"Inputs!$X$37*Inputs!$X$32*(E3098-Inputs!$X$26)","v":-48365.771925935878},{"$f":"Inputs!$X$33*C3098*Inputs!$X$38","v":0},{"$f":"params!$C$15*Inputs!$X$29*(E3098-Inputs!$X$26)","v":-5024.7232499999991},{"$f":"Inputs!$X$40*Inputs!$X$41/8760","v":5342.4657534246571},{"$f":"-Inputs!$X$45*Inputs!$X$33","v":-30000},998.98316002102877,6.193284308903993E-3,5.0165602902122342E-3,{"$f":"-L3098/(1.202*2465560*MAX(0,(Inputs!$X$49-O3098)))","v":1.6922894252381995},{"$f":"params!$C$15*P3098*(E3098-Inputs!$X$26)","v":-28827.935504260291},-106875.96492677153]
["2005-05-10","02:00:00",0,0,7,5,87,{"$f":"Inputs!$X$37*Inputs!$X$32*(E3099-Inputs!$X$26)","v":-48365.771925935878},{"$f":"Inputs!$X$33*C3099*Inputs!$X$38","v":0},{"$f":"params!$C$15*Inputs!$X$29*(E3099-Inputs!$X$26)","v":-5024.7232499999991},{"$f":"Inputs!$X$40*Inputs!$X$41/8760","v":5342.4657534246571},{"$f":"-Inputs!$X$45*Inputs!$X$33","v":-30000},998.98316002102877,6.193284308903993E-3,5.3881573487464737E-3,{"$f":"-L3099/(1.202*2465560*MAX(0,(Inputs!$X$49-O3099)))","v":1.8043812673849435},{"$f":"params!$C$15*P3099*(E3099-Inputs!$X$26)","v":-30737.405803943355},-108785.43522645459]
["2005-05-10","06:00:00",62,0,7,6,93,{"$f":"Inputs!$X$37*Inputs!$X$32*(E3103-Inputs!$X$26)","v":-48365.771925935878},{"$f":"Inputs!$X$33*C3103*Inputs!$X$38","v":12095.98751381934},{"$f":"params!$C$15*Inputs!$X$29*(E3103-Inputs!$X$26)","v":-5024.7232499999991},{"$f":"Inputs!$X$40*Inputs!$X$41/8760","v":5342.4657534246571},{"$f":"-Inputs!$X$45*Inputs!$X$33","v":-30000},998.98316002102877,6.193284308903993E-3,5.7597544072807141E-3,{"$f":"-L3103/(1.202*2465560*MAX(0,(Inputs!$X$49-O3103)))","v":1.9323756538847421},{"$f":"params!$C$15*P3103*(E3103-Inputs!$X$26)","v":-32917.773927678572},-98869.815836370442]
["2005-05-10","09:00:00",571,0,18,9,56,{"$f":"Inputs!$X$37*Inputs!$X$32*(E3106-Inputs!$X$26)","v":-10663.319794694524},{"$f":"Inputs!$X$33*C3106*Inputs!$X$38","v":111400.14307082005},{"$f":"params!$C$15*Inputs!$X$29*(E3106-Inputs!$X$26)","v":-1107.8129999999996},{"$f":"Inputs!$X$40*Inputs!$X$41/8760","v":5342.4657534246571},{"$f":"-Inputs!$X$45*Inputs!$X$33","v":-30000},2057.7011249857014,1.2892956292988709E-2,7.2200555240736763E-3,{"$f":"-L3106/(1.202*2465560*MAX(0,(Inputs!$X$49-O3106)))","v":2.6792463281646177},{"$f":"params!$C$15*P3106*(E3106-Inputs!$X$26)","v":-10062.499127067196},64908.97690248298]
["2005-05-10","13:00:00",949,0,27,8,30,{"$f":"Inputs!$X$37*Inputs!$X$32*(E3110-Inputs!$X$26)","v":20184.141039957496},{"$f":"Inputs!$X$33*C3110*Inputs!$X$38","v":185146.64759055729},{"$f":"params!$C$15*Inputs!$X$29*(E3110-Inputs!$X$26)","v":2096.9317499999997},{"$f":"Inputs!$X$40*Inputs!$X$41/8760","v":5342.4657534246571},{"$f":"-Inputs!$X$45*Inputs!$X$33","v":-30000},3555.0534347297348,2.2616071840205452E-2,6.784821552061635E-3,{"$f":"-L3110/(1.202*2465560*MAX(0,(Inputs!$X$49-O3110)))","v":2.4024910010618377},{"$f":"params!$C$15*P3110*(E3110-Inputs!$X$26)","v":17079.408240701756},199849.59437464119]
["2005-05-10","16:00:00",612,0,28,8,28,{"$f":"Inputs!$X$37*Inputs!$X$32*(E3113-Inputs!$X$26)","v":23611.636688252162},{"$f":"Inputs!$X$33*C3113*Inputs!$X$38","v":119399.1025557651},{"$f":"params!$C$15*Inputs!$X$29*(E3113-Inputs!$X$26)","v":2453.0144999999998},{"$f":"Inputs!$X$40*Inputs!$X$41/8760","v":5342.4657534246571},{"$f":"-Inputs!$X$45*Inputs!$X$33","v":-30000},3769.1055437563177,2.4030411275220657E-2,6.7285151570617837E-3,{"$f":"-L3113/(1.202*2465560*MAX(0,(Inputs!$X$49-O3113)))","v":2.3708088384632533},{"$f":"params!$C$15*P3113*(E3113-Inputs!$X$26)","v":19716.208731582392},140522.42822902428]
["2005-05-10","19:00:00",70,5,23,9,41,{"$f":"Inputs!$X$37*Inputs!$X$32*(E3116-Inputs!$X$26)","v":6474.1584467788198},{"$f":"Inputs!$X$33*C3116*Inputs!$X$38","v":13656.760096247641},{"$f":"params!$C$15*Inputs!$X$29*(E3116-Inputs!$X$26)","v":672.60074999999995},{"$f":"Inputs!$X$40*Inputs!$X$41/8760","v":5342.4657534246571},{"$f":"-Inputs!$X$45*Inputs!$X$33","v":-30000},2801.0950714195728,1.768327304712981E-2,7.2501419493232223E-3,{"$f":"-L3116/(1.202*2465560*MAX(0,(Inputs!$X$49-O3116)))","v":2.7007526845802898},{"$f":"params!$C$15*P3116*(E3116-Inputs!$X$26)","v":6158.4145240857952},2304.3995705369171]
["2005-05-10","23:00:00",0,6,14,11,82,{"$f":"Inputs!$X$37*Inputs!$X$32*(E3120-Inputs!$X$26)","v":-24373.302387873198},{"$f":"Inputs!$X$33*C3120*Inputs!$X$38","v":0},{"$f":"params!$C$15*Inputs!$X$29*(E3120-Inputs!$X$26)","v":-2532.1439999999993},{"$f":"Inputs!$X$40*Inputs!$X$41/8760","v":5342.4657534246571},{"$f":"-Inputs!$X$45*Inputs!$X$33","v":-30000},1593.7190459500907,9.939322574797271E-3,8.150244511333761E-3,{"$f":"-L3120/(1.202*2465560*MAX(0,(Inputs!$X$49-O3120)))","v":3.554305389619338},{"$f":"params!$C$15*P3120*(E3120-Inputs!$X$26)","v":-30511.94509816842},-82074.925732616961]
["2005-05-11","02:00:00",0,6,13,11,88,{"$f":"Inputs!$X$37*Inputs!$X$32*(E3123-Inputs!$X$26)","v":-27800.798036167867},{"$f":"Inputs!$X$33*C3123*Inputs!$X$38","v":0},{"$f":"params!$C$15*Inputs!$X$29*(E3123-Inputs!$X$26)","v":-2888.2267499999994},{"$f":"Inputs!$X$40*Inputs!$X$41/8760","v":5342.4657534246571},{"$f":"-Inputs!$X$45*Inputs!$X$33","v":-30000},1493.2057396927576,9.303089390063848E-3,8.1867186632561869E-3,{"$f":"-L3123/(1.202*2465560*MAX(0,(Inputs!$X$49-O3123)))","v":3.6004149829301779},{"$f":"params!$C$15*P3123*(E3123-Inputs!$X$26)","v":-35254.178621370527},-90600.737654113735]
["2005-05-11","03:00:00",0,0,11,10,94,{"$f":"Inputs!$X$37*Inputs!$X$32*(E3124-Inputs!$X$26)","v":-34655.789332757202},{"$f":"Inputs!$X$33*C3124*Inputs!$X$38","v":0},{"$f":"params!$C$15*Inputs!$X$29*(E3124-Inputs!$X$26)","v":-3600.392249999999},{"$f":"Inputs!$X$40*Inputs!$X$41/8760","v":5342.4657534246571},{"$f":"-Inputs!$X$45*Inputs!$X$33","v":-30000},1308.7561751391206,8.138879592783612E-3,7.6505468172165959E-3,{"$f":"-L3124/(1.202*2465560*MAX(0,(Inputs!$X$49-O3124)))","v":3.023774916748672},{"$f":"params!$C$15*P3124*(E3124-Inputs!$X$26)","v":-36908.469167705291},-99822.184997037839]
["2005-05-11","07:00:00",232,0,16,12,77,{"$f":"Inputs!$X$37*Inputs!$X$32*(E3128-Inputs!$X$26)","v":-17518.31109128386},{"$f":"Inputs!$X$33*C3128*Inputs!$X$38","v":45262.404890420752},{"$f":"params!$C$15*Inputs!$X$29*(E3128-Inputs!$X$26)","v":-1819.9784999999995},{"$f":"Inputs!$X$40*Inputs!$X$41/8760","v":5342.4657534246571},{"$f":"-Inputs!$X$45*Inputs!$X$33","v":-30000},1812.7242941450775,1.1330041931761578E-2,8.7241322874564153E-3,{"$f":"-L3128/(1.202*2465560*MAX(0,(Inputs!$X$49-O3128)))","v":4.451241891749449},{"$f":"params!$C$15*P3128*(E3128-Inputs!$X$26)","v":-27464.658760901577},-26198.077708340028]
["2005-05-11","10:00:00",744,0,26,13,45,{"$f":"Inputs!$X$37*Inputs!$X$32*(E3131-Inputs!$X$26)","v":16756.645391662827},{"$f":"Inputs!$X$33*C3131*Inputs!$X$38","v":145151.85016583206},{"$f":"params!$C$15*Inputs!$X$29*(E3131-Inputs!$X$26)","v":1740.8489999999997},{"$f":"Inputs!$X$40*Inputs!$X$41/8760","v":5342.4657534246571},{"$f":"-Inputs!$X$45*Inputs!$X$33","v":-30000},3351.668772324198,2.1277942853302922E-2,9.5750742839863165E-3,{"$f":"-L3131/(1.202*2465560*MAX(0,(Inputs!$X$49-O3131)))","v":7.112649068318869},{"$f":"params!$C$15*P3131*(E3131-Inputs!$X$26)","v":41977.757869337074},180969.56818025661]
["2005-05-11","14:00:00",805,8,28,10,32,{"$f":"Inputs!$X$37*Inputs!$X$32*(E3135-Inputs!$X$26)","v":23611.636688252162},{"$f":"Inputs!$X$33*C3135*Inputs!$X$38","v":157052.74110684785},{"$f":"params!$C$15*Inputs!$X$29*(E3135-Inputs!$X$26)","v":2453.0144999999998},{"$f":"Inputs!$X$40*Inputs!$X$41/8760","v":5342.4657534246571},{"$f":"-Inputs!$X$45*Inputs!$X$33","v":-30000},3769.1055437563177,2.4030411275220657E-2,7.6897316080706104E-3,{"$f":"-L3135/(1.202*2465560*MAX(0,(Inputs!$X$49-O3135)))","v":3.0595869168418326},{"$f":"params!$C$15*P3135*(E3135-Inputs!$X$26)","v":25444.250631347215},183904.10867987186]
["2005-05-11","17:00:00",130,10,25,10,39,{"$f":"Inputs!$X$37*Inputs!$X$32*(E3138-Inputs!$X$26)","v":13329.149743368158},{"$f":"Inputs!$X$33*C3138*Inputs!$X$38","v":25362.554464459907},{"$f":"params!$C$15*Inputs!$X$29*(E3138-Inputs!$X$26)","v":1384.7662499999999},{"$f":"Inputs!$X$40*Inputs!$X$41/8760","v":5342.4657534246571},{"$f":"-Inputs!$X$45*Inputs!$X$33","v":-30000},3158.5016332003511,2.0012171957865876E-2,7.8047470635676918E-3,{"$f":"-L3138/(1.202*2465560*MAX(0,(Inputs!$X$49-O3138)))","v":3.169778047891445},{"$f":"params!$C$15*P3138*(E3138-Inputs!$X$26)","v":14880.998671440882},30299.934882693604]
["2005-05-11","21:00:00",0,7,19,12,64,{"$f":"Inputs!$X$37*Inputs!$X$32*(E3142-Inputs!$X$26)","v":-7235.8241463998547},{"$f":"Inputs!$X$33*C3142*Inputs!$X$38","v":0},{"$f":"params!$C$15*Inputs!$X$29*(E3142-Inputs!$X$26)","v":-751.73024999999973},{"$f":"Inputs!$X$40*Inputs!$X$41/8760","v":5342.4657534246571},{"$f":"-Inputs!$X$45*Inputs!$X$33","v":-30000},2190.7229749852513,1.3744851093608144E-2,8.7967046999092129E-3,{"$f":"-L3142/(1.202*2465560*MAX(0,(Inputs!$X$49-O3142)))","v":4.5979715213995114},{"$f":"params!$C$15*P3142*(E3142-Inputs!$X$26)","v":-11718.042212440874},-44363.130855416071]
["2005-05-11",1,0,10,13,9,77,{"$f":"Inputs!$X$37*Inputs!$X$32*(E3145-Inputs!$X$26)","v":-27800.798036167867},{"$f":"Inputs!$X$33*C3145*Inputs!$X$38","v":0},{"$f":"params!$C$15*Inputs!$X$29*(E3145-Inputs!$X$26)","v":-2888.2267499999994},{"$f":"Inputs!$X$40*Inputs!$X$41/8760","v":5342.4657534246571},{"$f":"-Inputs!$X$45*Inputs!$X$33","v":-30000},1493.2057396927576,9.303089390063848E-3,7.1633788303491633E-3,{"$f":"-L3145/(1.202*2465560*MAX(0,(Inputs!$X$49-O3145)))","v":2.6396493378435113},{"$f":"params!$C$15*P3145*(E3145-Inputs!$X$26)","v":-25846.650926439124},-81193.209959182335]
["2005-05-12","03:00:00",0,10,8,3,71,{"$f":"Inputs!$X$37*Inputs!$X$32*(E3148-Inputs!$X$26)","v":-44938.276277641213},{"$f":"Inputs!$X$33*C3148*Inputs!$X$38","v":0},{"$f":"params!$C$15*Inputs!$X$29*(E3148-Inputs!$X$26)","v":-4668.6404999999986},{"$f":"Inputs!$X$40*Inputs!$X$41/8760","v":5342.4657534246571},{"$f":"-Inputs!$X$45*Inputs!$X$33","v":-30000},1069.6390010481693,6.6359949158119932E-3,4.7115563902265147E-3,{"$f":"-L3148/(1.202*2465560*MAX(0,(Inputs!$X$49-O3148)))","v":1.6101871525710585},{"$f":"params!$C$15*P3148*(E3148-Inputs!$X$26)","v":-25485.522662619289},-99749.973686835845]
["2005-05-12","04:00:00",0,10,7,1,66,{"$f":"Inputs!$X$37*Inputs!$X$32*(E3149-Inputs!$X$26)","v":-48365.771925935878},{"$f":"Inputs!$X$33*C3149*Inputs!$X$38","v":0},{"$f":"params!$C$15*Inputs!$X$29*(E3149-Inputs!$X$26)","v":-5024.7232499999991},{"$f":"Inputs!$X$40*Inputs!$X$41/8760","v":5342.4657534246571},{"$f":"-Inputs!$X$45*Inputs!$X$33","v":-30000},998.98316002102877,6.193284308903993E-3,4.0875676438766355E-3,{"$f":"-L3149/(1.202*2465560*MAX(0,(Inputs!$X$49-O3149)))","v":1.4647987198985497},{"$f":"params!$C$15*P3149*(E3149-Inputs!$X$26)","v":-24952.660221235335},-103000.68964374656]
["2005-05-12","08:00:00",116,10,3,-1,74,{"$f":"Inputs!$X$37*Inputs!$X$32*(E3153-Inputs!$X$26)","v":-62075.754519114555},{"$f":"Inputs!$X$33*C3153*Inputs!$X$38","v":22631.202445210376},{"$f":"params!$C$15*Inputs!$X$29*(E3153-Inputs!$X$26)","v":-6449.0542499999983},{"$f":"Inputs!$X$40*Inputs!$X$41/8760","v":5342.4657534246571},{"$f":"-Inputs!$X$45*Inputs!$X$33","v":-30000},755.80495631325812,4.6743495015895585E-3,3.4590186311762735E-3,{"$f":"-L3153/(1.202*2465560*MAX(0,(Inputs!$X$49-O3153)))","v":1.3426784108228573},{"$f":"params!$C$15*P3153*(E3153-Inputs!$X$26)","v":-29355.858822712878},-99906.999393192411]
["2005-05-12","11:00:00",864,0,8,-2,48,{"$f":"Inputs!$X$37*Inputs!$X$32*(E3156-Inputs!$X$26)","v":-44938.276277641213},{"$f":"Inputs!$X$33*C3156*Inputs!$X$38","v":168563.4389022566},{"$f":"params!$C$15*Inputs!$X$29*(E3156-Inputs!$X$26)","v":-4668.6404999999986},{"$f":"Inputs!$X$40*Inputs!$X$41/8760","v":5342.4657534246571},{"$f":"-Inputs!$X$45*Inputs!$X$33","v":-30000},1069.6390010481693,6.6359949158119932E-3,3.1852775595897563E-3,{"$f":"-L3156/(1.202*2465560*MAX(0,(Inputs!$X$49-O3156)))","v":1.2956355616432982},{"$f":"params!$C$15*P3156*(E3156-Inputs!$X$26)","v":-20506.901583478233},73792.086294561814]
["2005-05-12","15:00:00",772,0,11,-8,24,{"$f":"Inputs!$X$37*Inputs!$X$32*(E3160-Inputs!$X$26)","v":-34655.789332757202},{"$f":"Inputs!$X$33*C3160*Inputs!$X$38","v":150614.55420433113},{"$f":"params!$C$15*Inputs!$X$29*(E3160-Inputs!$X$26)","v":-3600.392249999999},{"$f":"Inputs!$X$40*Inputs!$X$41/8760","v":5342.4657534246571},{"$f":"-Inputs!$X$45*Inputs!$X$33","v":-30000},1308.7561751391206,8.138879592783612E-3,1.9533311022680668E-3,{"$f":"-L3160/(1.202*2465560*MAX(0,(Inputs!$X$49-O3160)))","v":1.1191666379885641},{"$f":"params!$C$15*P3160*(E3160-Inputs!$X$26)","v":-13660.648854161589},74040.189520836982]
["2005-05-12","18:00:00",254,0,8,-6,34,{"$f":"Inputs!$X$37*Inputs!$X$32*(E3163-Inputs!$X$26)","v":-44938.276277641213},{"$f":"Inputs!$X$33*C3163*Inputs!$X$38","v":49554.529492098583},{"$f":"params!$C$15*Inputs!$X$29*(E3163-Inputs!$X$26)","v":-4668.6404999999986},{"$f":"Inputs!$X$40*Inputs!$X$41/8760","v":5342.4657534246571},{"$f":"-Inputs!$X$45*Inputs!$X$33","v":-30000},1069.6390010481693,6.6359949158119932E-3,2.2562382713760777E-3,{"$f":"-L3163/(1.202*2465560*MAX(0,(Inputs!$X$49-O3163)))","v":1.1579451448074698},{"$f":"params!$C$15*P3163*(E3163-Inputs!$X$26)","v":-18327.582096863374},-43037.503628981343]
["2005-05-12","22:00:00",0,0,1,-7,51,{"$f":"Inputs!$X$37*Inputs!$X$32*(E3167-Inputs!$X$26)","v":-68930.745815703893},{"$f":"Inputs!$X$33*C3167*Inputs!$X$38","v":0},{"$f":"params!$C$15*Inputs!$X$29*(E3167-Inputs!$X$26)","v":-7161.2197499999984},{"$f":"Inputs!$X$40*Inputs!$X$41/8760","v":5342.4657534246571},{"$f":"-Inputs!$X$45*Inputs!$X$33","v":-30000},655.14373774848059,4.0477489204243187E-3,2.0643519494164026E-3,{"$f":"-L3167/(1.202*2465560*MAX(0,(Inputs!$X$49-O3167)))","v":1.1330743759435142},{"$f":"params!$C$15*P3167*(E3167-Inputs!$X$26)","v":-27508.833409274197},-128258.33322155345]
["2005-05-13","01:00:00",0,0,-3,-7,71,{"$f":"Inputs!$X$37*Inputs!$X$32*(E3170-Inputs!$X$26)","v":-82640.728408882569},{"$f":"Inputs!$X$33*C3170*Inputs!$X$38","v":0},{"$f":"params!$C$15*Inputs!$X$29*(E3170-Inputs!$X$26)","v":-8585.5507499999985},{"$f":"Inputs!$X$40*Inputs!$X$41/8760","v":5342.4657534246571},{"$f":"-Inputs!$X$45*Inputs!$X$33","v":-30000},488.73621912146871,3.0146312662847319E-3,2.1403881990621596E-3,{"$f":"-L3170/(1.202*2465560*MAX(0,(Inputs!$X$49-O3170)))","v":1.1428006922620131},{"$f":"params!$C$15*P3170*(E3170-Inputs!$X$26)","v":-33263.305828756209},-149147.11923421413]
["2005-05-13","04:00:00",0,6,-1,-4,78,{"$f":"Inputs!$X$37*Inputs!$X$32*(E3173-Inputs!$X$26)","v":-75785.737112293224},{"$f":"Inputs!$X$33*C3173*Inputs!$X$38","v":0},{"$f":"params!$C$15*Inputs!$X$29*(E3173-Inputs!$X$26)","v":-7873.3852499999985},{"$f":"Inputs!$X$40*Inputs!$X$41/8760","v":5342.4657534246571},{"$f":"-Inputs!$X$45*Inputs!$X$33","v":-30000},566.54310372490409,3.4972595900071069E-3,2.7278624802055435E-3,{"$f":"-L3173/(1.202*2465560*MAX(0,(Inputs!$X$49-O3173)))","v":1.2239774214274959},{"$f":"params!$C$15*P3173*(E3173-Inputs!$X$26)","v":-32670.942483146875},-140987.59909201544]
["2005-05-13","05:00:00",0,0,-2,-4,85,{"$f":"Inputs!$X$37*Inputs!$X$32*(E3174-Inputs!$X$26)","v":-79213.232760587896},{"$f":"Inputs!$X$33*C3174*Inputs!$X$38","v":0},{"$f":"params!$C$15*Inputs!$X$29*(E3174-Inputs!$X$26)","v":-8229.4679999999971},{"$f":"Inputs!$X$40*Inputs!$X$41/8760","v":5342.4657534246571},{"$f":"-Inputs!$X$45*Inputs!$X$33","v":-30000},526.36516305985776,3.2479468065175691E-3,2.7607547855399341E-3,{"$f":"-L3174/(1.202*2465560*MAX(0,(Inputs!$X$49-O3174)))","v":1.2288647393508831},{"$f":"params!$C$15*P3174*(E3174-Inputs!$X$26)","v":-34284.877180611613},-146385.11218777485]
["2005-05-13","09:00:00",610,1,8,-7,32,{"$f":"Inputs!$X$37*Inputs!$X$32*(E3178-Inputs!$X$26)","v":-44938.276277641213},{"$f":"Inputs!$X$33*C3178*Inputs!$X$38","v":119008.90941015801},{"$f":"params!$C$15*Inputs!$X$29*(E3178-Inputs!$X$26)","v":-4668.6404999999986},{"$f":"Inputs!$X$40*Inputs!$X$41/8760","v":5342.4657534246571},{"$f":"-Inputs!$X$45*Inputs!$X$33","v":-30000},1069.6390010481693,6.6359949158119932E-3,2.1235183730598378E-3,{"$f":"-L3178/(1.202*2465560*MAX(0,(Inputs!$X$49-O3178)))","v":1.1406283709834339},{"$f":"params!$C$15*P3178*(E3178-Inputs!$X$26)","v":-18053.497788693836},26690.96059724762]
["2005-05-13","13:00:00",955,1,16,-3,26,{"$f":"Inputs!$X$37*Inputs!$X$32*(E3182-Inputs!$X$26)","v":-17518.31109128386},{"$f":"Inputs!$X$33*C3182*Inputs!$X$38","v":186317.22702737854},{"$f":"params!$C$15*Inputs!$X$29*(E3182-Inputs!$X$26)","v":-1819.9784999999995},{"$f":"Inputs!$X$40*Inputs!$X$41/8760","v":5342.4657534246571},{"$f":"-Inputs!$X$45*Inputs!$X$33","v":-30000},1812.7242941450775,1.1330041931761578E-2,2.9458109022580102E-3,{"$f":"-L3182/(1.202*2465560*MAX(0,(Inputs!$X$49-O3182)))","v":1.2571056099273841},{"$f":"params!$C$15*P3182*(E3182-Inputs!$X$26)","v":-7756.4817735620936},134564.92141595724]
["2005-05-13","16:00:00",630,1,20,-1,24,{"$f":"Inputs!$X$37*Inputs!$X$32*(E3185-Inputs!$X$26)","v":-3808.3284981051861},{"$f":"Inputs!$X$33*C3185*Inputs!$X$38","v":122910.84086622877},{"$f":"params!$C$15*Inputs!$X$29*(E3185-Inputs!$X$26)","v":-395.64749999999975},{"$f":"Inputs!$X$40*Inputs!$X$41/8760","v":5342.4657534246571},{"$f":"-Inputs!$X$45*Inputs!$X$33","v":-30000},2331.2150168593957,1.4647072201887702E-2,3.5152973284530487E-3,{"$f":"-L3185/(1.202*2465560*MAX(0,(Inputs!$X$49-O3185)))","v":1.3527765393330666},{"$f":"params!$C$15*P3185*(E3185-Inputs!$X$26)","v":-1814.517842342106},92234.812779206128]
["2005-05-13","19:00:00",76,1,17,2,36,{"$f":"Inputs!$X$37*Inputs!$X$32*(E3188-Inputs!$X$26)","v":-14090.815442989191},{"$f":"Inputs!$X$33*C3188*Inputs!$X$38","v":14827.339533068867},{"$f":"params!$C$15*Inputs!$X$29*(E3188-Inputs!$X$26)","v":-1463.8957499999995},{"$f":"Inputs!$X$40*Inputs!$X$41/8760","v":5342.4657534246571},{"$f":"-Inputs!$X$45*Inputs!$X$33","v":-30000},1931.8104441244629,1.2088830888770941E-2,4.3519791199575384E-3,{"$f":"-L3188/(1.202*2465560*MAX(0,(Inputs!$X$49-O3188)))","v":1.5230731176418593},{"$f":"params!$C$15*P3188*(E3188-Inputs!$X$26)","v":-7558.8835902687424},-32943.78949676441]
["2005-05-13","23:00:00",0,9,13,2,47,{"$f":"Inputs!$X$37*Inputs!$X$32*(E3192-Inputs!$X$26)","v":-27800.798036167867},{"$f":"Inputs!$X$33*C3192*Inputs!$X$38","v":0},{"$f":"params!$C$15*Inputs!$X$29*(E3192-Inputs!$X$26)","v":-2888.2267499999994},{"$f":"Inputs!$X$40*Inputs!$X$41/8760","v":5342.4657534246571},{"$f":"-Inputs!$X$45*Inputs!$X$33","v":-30000},1493.2057396927576,9.303089390063848E-3,4.3724520133300087E-3,{"$f":"-L3192/(1.202*2465560*MAX(0,(Inputs!$X$49-O3192)))","v":1.5277791982151758},{"$f":"params!$C$15*P3192*(E3192-Inputs!$X$26)","v":-14959.553552367986},-70306.112585111201]
["2005-05-14","02:00:00",0,9,12,7,71,{"$f":"Inputs!$X$37*Inputs!$X$32*(E3195-Inputs!$X$26)","v":-31228.293684462536},{"$f":"Inputs!$X$33*C3195*Inputs!$X$38","v":0},{"$f":"params!$C$15*Inputs!$X$29*(E3195-Inputs!$X$26)","v":-3244.3094999999989},{"$f":"Inputs!$X$40*Inputs!$X$41/8760","v":5342.4657534246571},{"$f":"-Inputs!$X$45*Inputs!$X$33","v":-30000},1398.3079270856979,8.70357605607666E-3,6.1795389998144292E-3,{"$f":"-L3195/(1.202*2465560*MAX(0,(Inputs!$X$49-O3195)))","v":2.1007143008679954},{"$f":"params!$C$15*P3195*(E3195-Inputs!$X$26)","v":-23105.534766468605},-82235.672197506472]
["2005-05-14","05:00:00",0,10,11,9,87,{"$f":"Inputs!$X$37*Inputs!$X$32*(E3198-Inputs!$X$26)","v":-34655.789332757202},{"$f":"Inputs!$X$33*C3198*Inputs!$X$38","v":0},{"$f":"params!$C$15*Inputs!$X$29*(E3198-Inputs!$X$26)","v":-3600.392249999999},{"$f":"Inputs!$X$40*Inputs!$X$41/8760","v":5342.4657534246571},{"$f":"-Inputs!$X$45*Inputs!$X$33","v":-30000},1308.7561751391206,8.138879592783612E-3,7.0808252457217422E-3,{"$f":"-L3198/(1.202*2465560*MAX(0,(Inputs!$X$49-O3198)))","v":2.5840233927727527},{"$f":"params!$C$15*P3198*(E3198-Inputs!$X$26)","v":-31540.822431099434},-94454.538260431975]
["2005-05-14","06:00:00",54,10,11,10,94,{"$f":"Inputs!$X$37*Inputs!$X$32*(E3199-Inputs!$X$26)","v":-34655.789332757202},{"$f":"Inputs!$X$33*C3199*Inputs!$X$38","v":10535.214931391038},{"$f":"params!$C$15*Inputs!$X$29*(E3199-Inputs!$X$26)","v":-3600.392249999999},{"$f":"Inputs!$X$40*Inputs!$X$41/8760","v":5342.4657534246571},{"$f":"-Inputs!$X$45*Inputs!$X$33","v":-30000},1308.7561751391206,8.138879592783612E-3,7.6505468172165959E-3,{"$f":"-L3199/(1.202*2465560*MAX(0,(Inputs!$X$49-O3199)))","v":3.023774916748672},{"$f":"params!$C$15*P3199*(E3199-Inputs!$X$26)","v":-36908.469167705291},-89286.970065646805]
["2005-05-14","10:00:00",642,10,20,13,64,{"$f":"Inputs!$X$37*Inputs!$X$32*(E3203-Inputs!$X$26)","v":-3808.3284981051861},{"$f":"Inputs!$X$33*C3203*Inputs!$X$38","v":125251.99973987123},{"$f":"params!$C$15*Inputs!$X$29*(E3203-Inputs!$X$26)","v":-395.64749999999975},{"$f":"Inputs!$X$40*Inputs!$X$41/8760","v":5342.4657534246571},{"$f":"-Inputs!$X$45*Inputs!$X$33","v":-30000},{"$f":"EXP(77.345+0.0057*(E3203+273.15)-7235/(E3203+273.15))/(E3203+273.15)^8.2","v":2331.2150168593957},{"$f":"0.62198*M3203/(101325-M3203)","v":1.4647072201887702E-2},{"$f":"N3203*G3203/100","v":9.3741262092081282E-3},{"$f":"-L3203/(1.202*2465560*MAX(0,(Inputs!$X$49-O3203)))","v":6.2326419266492739},{"$f":"params!$C$15*P3203*(E3203-Inputs!$X$26)","v":-8360.0207809710864},{"$f":"H3203+I3203+J3203+K3203+L3203+Q3203","v":88030.468714219605}]
["2005-05-14","14:00:00",388,10,24,14,54,{"$f":"Inputs!$X$37*Inputs!$X$32*(E3207-Inputs!$X$26)","v":9901.6540950734889},{"$f":"Inputs!$X$33*C3207*Inputs!$X$38","v":75697.470247772639},{"$f":"params!$C$15*Inputs!$X$29*(E3207-Inputs!$X$26)","v":1028.6834999999999},{"$f":"Inputs!$X$40*Inputs!$X$41/8760","v":5342.4657534246571},{"$f":"-Inputs!$X$45*Inputs!$X$33","v":-30000},2975.1171299801654,1.8815104792251288E-2,1.0160156587815695E-2,{"$f":"-L3207/(1.202*2465560*MAX(0,(Inputs!$X$49-O3207)))","v":12.077848764268612},{"$f":"params!$C$15*P3207*(E3207-Inputs!$X$26)","v":42120.945884947687},104091.21948121846]
["2005-05-14","17:00:00",162,10,22,15,64,{"$f":"Inputs!$X$37*Inputs!$X$32*(E3210-Inputs!$X$26)","v":3046.6627984841512},{"$f":"Inputs!$X$33*C3210*Inputs!$X$38","v":31605.644794173109},{"$f":"params!$C$15*Inputs!$X$29*(E3210-Inputs!$X$26)","v":316.51800000000009},{"$f":"Inputs!$X$40*Inputs!$X$41/8760","v":5342.4657534246571},{"$f":"-Inputs!$X$45*Inputs!$X$33","v":-30000},2636.0296246790026,1.6613383438113645E-2,1.0632565400392733E-2,{"$f":"-L3210/(1.202*2465560*MAX(0,(Inputs!$X$49-O3210)))","v":27.679009481721618},{"$f":"params!$C$15*P3210*(E3210-Inputs!$X$26)","v":29701.31731450709},40012.608660589016]
["2005-05-14","20:00:00",0,10,19,14,73,{"$f":"Inputs!$X$37*Inputs!$X$32*(E3213-Inputs!$X$26)","v":-7235.8241463998547},{"$f":"Inputs!$X$33*C3213*Inputs!$X$38","v":0},{"$f":"params!$C$15*Inputs!$X$29*(E3213-Inputs!$X$26)","v":-751.73024999999973},{"$f":"Inputs!$X$40*Inputs!$X$41/8760","v":5342.4657534246571},{"$f":"-Inputs!$X$45*Inputs!$X$33","v":-30000},2190.7229749852513,1.3744851093608144E-2,1.0033741298333945E-2,{"$f":"-L3213/(1.202*2465560*MAX(0,(Inputs!$X$49-O3213)))","v":10.494901818217066},{"$f":"params!$C$15*P3213*(E3213-Inputs!$X$26)","v":-26746.512445526852},-59391.601088502051]
["2005-05-14",1,0,10,16,15,94,{"$f":"Inputs!$X$37*Inputs!$X$32*(E3217-Inputs!$X$26)","v":-17518.31109128386},{"$f":"Inputs!$X$33*C3217*Inputs!$X$38","v":0},{"$f":"params!$C$15*Inputs!$X$29*(E3217-Inputs!$X$26)","v":-1819.9784999999995},{"$f":"Inputs!$X$40*Inputs!$X$41/8760","v":5342.4657534246571},{"$f":"-Inputs!$X$45*Inputs!$X$33","v":-30000},1812.7242941450775,1.1330041931761578E-2,1.0650239415855885E-2,{"$f":"-L3217/(1.202*2465560*MAX(0,(Inputs!$X$49-O3217)))","v":29.08456204755349},{"$f":"params!$C$15*P3217*(E3217-Inputs!$X$26)","v":-179454.9906009215},-223450.81443878071]
["2005-05-15","03:00:00",0,10,15,14,94,{"$f":"Inputs!$X$37*Inputs!$X$32*(E3220-Inputs!$X$26)","v":-20945.806739578529},{"$f":"Inputs!$X$33*C3220*Inputs!$X$38","v":0},{"$f":"params!$C$15*Inputs!$X$29*(E3220-Inputs!$X$26)","v":-2176.0612499999993},{"$f":"Inputs!$X$40*Inputs!$X$41/8760","v":5342.4657534246571},{"$f":"-Inputs!$X$45*Inputs!$X$33","v":-30000},1700.1281023555496,1.0614273895273205E-2,9.9774174615568124E-3,{"$f":"-L3220/(1.202*2465560*MAX(0,(Inputs!$X$49-O3220)))","v":9.9158727775015763},{"$f":"params!$C$15*P3220*(E3220-Inputs!$X$26)","v":-73152.439850286173},-120931.84208644004]
["2005-05-15","07:00:00",145,10,14,13,94,{"$f":"Inputs!$X$37*Inputs!$X$32*(E3224-Inputs!$X$26)","v":-24373.302387873198},{"$f":"Inputs!$X$33*C3224*Inputs!$X$38","v":28289.003056512971},{"$f":"params!$C$15*Inputs!$X$29*(E3224-Inputs!$X$26)","v":-2532.1439999999993},{"$f":"Inputs!$X$40*Inputs!$X$41/8760","v":5342.4657534246571},{"$f":"-Inputs!$X$45*Inputs!$X$33","v":-30000},1593.7190459500907,9.939322574797271E-3,9.3429632203094349E-3,{"$f":"-L3224/(1.202*2465560*MAX(0,(Inputs!$X$49-O3224)))","v":6.1153067273438522},{"$f":"params!$C$15*P3224*(E3224-Inputs!$X$26)","v":-52496.868633778031},-75770.846211713593]
["2005-05-15","08:00:00",354,4,16,12,77,{"$f":"Inputs!$X$37*Inputs!$X$32*(E3225-Inputs!$X$26)","v":-17518.31109128386},{"$f":"Inputs!$X$33*C3225*Inputs!$X$38","v":69064.186772452362},{"$f":"params!$C$15*Inputs!$X$29*(E3225-Inputs!$X$26)","v":-1819.9784999999995},{"$f":"Inputs!$X$40*Inputs!$X$41/8760","v":5342.4657534246571},{"$f":"-Inputs!$X$45*Inputs!$X$33","v":-30000},1812.7242941450775,1.1330041931761578E-2,8.7241322874564153E-3,{"$f":"-L3225/(1.202*2465560*MAX(0,(Inputs!$X$49-O3225)))","v":4.451241891749449},{"$f":"params!$C$15*P3225*(E3225-Inputs!$X$26)","v":-27464.658760901577},-2396.2958263084147]
["2005-05-15","11:00:00",876,8,18,6,45,{"$f":"Inputs!$X$37*Inputs!$X$32*(E3228-Inputs!$X$26)","v":-10663.319794694524},{"$f":"Inputs!$X$33*C3228*Inputs!$X$38","v":170904.59777589905},{"$f":"params!$C$15*Inputs!$X$29*(E3228-Inputs!$X$26)","v":-1107.8129999999996},{"$f":"Inputs!$X$40*Inputs!$X$41/8760","v":5342.4657534246571},{"$f":"-Inputs!$X$45*Inputs!$X$33","v":-30000},2057.7011249857014,1.2892956292988709E-2,5.8018303318449196E-3,{"$f":"-L3228/(1.202*2465560*MAX(0,(Inputs!$X$49-O3228)))","v":1.9480221793332801},{"$f":"params!$C$15*P3228*(E3228-Inputs!$X$26)","v":-7316.2259374921832},127159.704797137]
["2005-05-15","15:00:00",248,3,22,6,35,{"$f":"Inputs!$X$37*Inputs!$X$32*(E3232-Inputs!$X$26)","v":3046.6627984841512},{"$f":"Inputs!$X$33*C3232*Inputs!$X$38","v":48383.950055277361},{"$f":"params!$C$15*Inputs!$X$29*(E3232-Inputs!$X$26)","v":316.51800000000009},{"$f":"Inputs!$X$40*Inputs!$X$41/8760","v":5342.4657534246571},{"$f":"-Inputs!$X$45*Inputs!$X$33","v":-30000},2636.0296246790026,1.6613383438113645E-2,5.8146842033397761E-3,{"$f":"-L3232/(1.202*2465560*MAX(0,(Inputs!$X$49-O3232)))","v":1.9528527243259099},{"$f":"params!$C$15*P3232*(E3232-Inputs!$X$26)","v":2095.533746321611},29185.13035350779]
["2005-05-15","18:00:00",220,8,17,7,52,{"$f":"Inputs!$X$37*Inputs!$X$32*(E3235-Inputs!$X$26)","v":-14090.815442989191},{"$f":"Inputs!$X$33*C3235*Inputs!$X$38","v":42921.246016778299},{"$f":"params!$C$15*Inputs!$X$29*(E3235-Inputs!$X$26)","v":-1463.8957499999995},{"$f":"Inputs!$X$40*Inputs!$X$41/8760","v":5342.4657534246571},{"$f":"-Inputs!$X$45*Inputs!$X$33","v":-30000},1931.8104441244629,1.2088830888770941E-2,6.2861920621608888E-3,{"$f":"-L3235/(1.202*2465560*MAX(0,(Inputs!$X$49-O3235)))","v":2.1482616474310827},{"$f":"params!$C$15*P3235*(E3235-Inputs!$X$26)","v":-10661.641602283782},-7952.6410250700155]
["2005-05-15","21:00:00",0,8,13,5,58,{"$f":"Inputs!$X$37*Inputs!$X$32*(E3238-Inputs!$X$26)","v":-27800.798036167867},{"$f":"Inputs!$X$33*C3238*Inputs!$X$38","v":0},{"$f":"params!$C$15*Inputs!$X$29*(E3238-Inputs!$X$26)","v":-2888.2267499999994},{"$f":"Inputs!$X$40*Inputs!$X$41/8760","v":5342.4657534246571},{"$f":"-Inputs!$X$45*Inputs!$X$33","v":-30000},1493.2057396927576,9.303089390063848E-3,5.3957918462370314E-3,{"$f":"-L3238/(1.202*2465560*MAX(0,(Inputs!$X$49-O3238)))","v":1.8068400904206037},{"$f":"params!$C$15*P3238*(E3238-Inputs!$X$26)","v":-17692.033721096348},-73038.592753839563]
["2005-05-16","01:00:00",0,0,7,3,76,{"$f":"Inputs!$X$37*Inputs!$X$32*(E3242-Inputs!$X$26)","v":-48365.771925935878},{"$f":"Inputs!$X$33*C3242*Inputs!$X$38","v":0},{"$f":"params!$C$15*Inputs!$X$29*(E3242-Inputs!$X$26)","v":-5024.7232499999991},{"$f":"Inputs!$X$40*Inputs!$X$41/8760","v":5342.4657534246571},{"$f":"-Inputs!$X$45*Inputs!$X$33","v":-30000},998.98316002102877,6.193284308903993E-3,4.7068960747670349E-3,{"$f":"-L3242/(1.202*2465560*MAX(0,(Inputs!$X$49-O3242)))","v":1.6089944147309858},{"$f":"params!$C$15*P3242*(E3242-Inputs!$X$26)","v":-27409.01557548354},-105457.04499799477]
["2005-05-16","04:00:00",0,8,3,3,100,{"$f":"Inputs!$X$37*Inputs!$X$32*(E3245-Inputs!$X$26)","v":-62075.754519114555},{"$f":"Inputs!$X$33*C3245*Inputs!$X$38","v":0},{"$f":"params!$C$15*Inputs!$X$29*(E3245-Inputs!$X$26)","v":-6449.0542499999983},{"$f":"Inputs!$X$40*Inputs!$X$41/8760","v":5342.4657534246571},{"$f":"-Inputs!$X$45*Inputs!$X$33","v":-30000},755.80495631325812,4.6743495015895585E-3,4.6743495015895585E-3,{"$f":"-L3245/(1.202*2465560*MAX(0,(Inputs!$X$49-O3245)))","v":1.6007136159277666},{"$f":"params!$C$15*P3245*(E3245-Inputs!$X$26)","v":-34997.451769535677},-128179.79478522557]
["2005-05-16","08:00:00",333,8,11,4,62,{"$f":"Inputs!$X$37*Inputs!$X$32*(E3249-Inputs!$X$26)","v":-34655.789332757202},{"$f":"Inputs!$X$33*C3249*Inputs!$X$38","v":64967.158743578068},{"$f":"params!$C$15*Inputs!$X$29*(E3249-Inputs!$X$26)","v":-3600.392249999999},{"$f":"Inputs!$X$40*Inputs!$X$41/8760","v":5342.4657534246571},{"$f":"-Inputs!$X$45*Inputs!$X$33","v":-30000},1308.7561751391206,8.138879592783612E-3,5.0461053475258401E-3,{"$f":"-L3249/(1.202*2465560*MAX(0,(Inputs!$X$49-O3249)))","v":1.7006895028199565},{"$f":"params!$C$15*P3249*(E3249-Inputs!$X$26)","v":-20758.769355148946},-18705.32644090342]
["2005-05-16","09:00:00",376,8,12,3,54,{"$f":"Inputs!$X$37*Inputs!$X$32*(E3250-Inputs!$X$26)","v":-31228.293684462536},{"$f":"Inputs!$X$33*C3250*Inputs!$X$38","v":73356.311374130193},{"$f":"params!$C$15*Inputs!$X$29*(E3250-Inputs!$X$26)","v":-3244.3094999999989},{"$f":"Inputs!$X$40*Inputs!$X$41/8760","v":5342.4657534246571},{"$f":"-Inputs!$X$45*Inputs!$X$33","v":-30000},1398.3079270856979,8.70357605607666E-3,4.6999310702813962E-3,{"$f":"-L3250/(1.202*2465560*MAX(0,(Inputs!$X$49-O3250)))","v":1.6072151165527571},{"$f":"params!$C$15*P3250*(E3250-Inputs!$X$26)","v":-17677.58935013655},-3451.415407044231]
["2005-05-16","12:00:00",255,10,12,2,50,{"$f":"Inputs!$X$37*Inputs!$X$32*(E3253-Inputs!$X$26)","v":-31228.293684462536},{"$f":"Inputs!$X$33*C3253*Inputs!$X$38","v":49749.626064902121},{"$f":"params!$C$15*Inputs!$X$29*(E3253-Inputs!$X$26)","v":-3244.3094999999989},{"$f":"Inputs!$X$40*Inputs!$X$41/8760","v":5342.4657534246571},{"$f":"-Inputs!$X$45*Inputs!$X$33","v":-30000},1398.3079270856979,8.70357605607666E-3,4.35178802803833E-3,{"$f":"-L3253/(1.202*2465560*MAX(0,(Inputs!$X$49-O3253)))","v":1.523029328127365},{"$f":"params!$C$15*P3253*(E3253-Inputs!$X$26)","v":-16751.638752998351},-26132.150119134109]
["2005-05-16","16:00:00",141,10,11,3,58,{"$f":"Inputs!$X$37*Inputs!$X$32*(E3257-Inputs!$X$26)","v":-34655.789332757202},{"$f":"Inputs!$X$33*C3257*Inputs!$X$38","v":27508.616765298822},{"$f":"params!$C$15*Inputs!$X$29*(E3257-Inputs!$X$26)","v":-3600.392249999999},{"$f":"Inputs!$X$40*Inputs!$X$41/8760","v":5342.4657534246571},{"$f":"-Inputs!$X$45*Inputs!$X$33","v":-30000},1308.7561751391206,8.138879592783612E-3,4.7205501638144945E-3,{"$f":"-L3257/(1.202*2465560*MAX(0,(Inputs!$X$49-O3257)))","v":1.612493980485797},{"$f":"params!$C$15*P3257*(E3257-Inputs!$X$26)","v":-19682.246860445499},-55087.345924479218]
["2005-05-16","19:00:00",59,10,11,2,54,{"$f":"Inputs!$X$37*Inputs!$X$32*(E3260-Inputs!$X$26)","v":-34655.789332757202},{"$f":"Inputs!$X$33*C3260*Inputs!$X$38","v":11510.697795408727},{"$f":"params!$C$15*Inputs!$X$29*(E3260-Inputs!$X$26)","v":-3600.392249999999},{"$f":"Inputs!$X$40*Inputs!$X$41/8760","v":5342.4657534246571},{"$f":"-Inputs!$X$45*Inputs!$X$33","v":-30000},1308.7561751391206,8.138879592783612E-3,4.3949949801031507E-3,{"$f":"-L3260/(1.202*2465560*MAX(0,(Inputs!$X$49-O3260)))","v":1.5329948808399829},{"$f":"params!$C$15*P3260*(E3260-Inputs!$X$26)","v":-18711.87368488756},-70114.89171881137]
["2005-05-16","22:00:00",0,10,8,3,71,{"$f":"Inputs!$X$37*Inputs!$X$32*(E3263-Inputs!$X$26)","v":-44938.276277641213},{"$f":"Inputs!$X$33*C3263*Inputs!$X$38","v":0},{"$f":"params!$C$15*Inputs!$X$29*(E3263-Inputs!$X$26)","v":-4668.6404999999986},{"$f":"Inputs!$X$40*Inputs!$X$41/8760","v":5342.4657534246571},{"$f":"-Inputs!$X$45*Inputs!$X$33","v":-30000},1069.6390010481693,6.6359949158119932E-3,4.7115563902265147E-3,{"$f":"-L3263/(1.202*2465560*MAX(0,(Inputs!$X$49-O3263)))","v":1.6101871525710585},{"$f":"params!$C$15*P3263*(E3263-Inputs!$X$26)","v":-25485.522662619289},-99749.973686835845]
["2005-05-17","02:00:00",0,0,-1,-1,100,{"$f":"Inputs!$X$37*Inputs!$X$32*(E3267-Inputs!$X$26)","v":-75785.737112293224},{"$f":"Inputs!$X$33*C3267*Inputs!$X$38","v":0},{"$f":"params!$C$15*Inputs!$X$29*(E3267-Inputs!$X$26)","v":-7873.3852499999985},{"$f":"Inputs!$X$40*Inputs!$X$41/8760","v":5342.4657534246571},{"$f":"-Inputs!$X$45*Inputs!$X$33","v":-30000},{"$f":"EXP(77.345+0.0057*(E3267+273.15)-7235/(E3267+273.15))/(E3267+273.15)^8.2","v":566.54310372490409},{"$f":"0.62198*M3267/(101325-M3267)","v":3.4972595900071069E-3},{"$f":"N3267*G3267/100","v":3.4972595900071069E-3},{"$f":"-L3267/(1.202*2465560*MAX(0,(Inputs!$X$49-O3267)))","v":1.3495235143933748},{"$f":"params!$C$15*P3267*(E3267-Inputs!$X$26)","v":-36022.073893306646},{"$f":"H3267+I3267+J3267+K3267+L3267+Q3267","v":-144338.73050217523}]
["2005-05-17","05:00:00",0,0,0,-1,92,{"$f":"Inputs!$X$37*Inputs!$X$32*(E3270-Inputs!$X$26)","v":-72358.241463998565},{"$f":"Inputs!$X$33*C3270*Inputs!$X$38","v":0},{"$f":"params!$C$15*Inputs!$X$29*(E3270-Inputs!$X$26)","v":-7517.302499999998},{"$f":"Inputs!$X$40*Inputs!$X$41/8760","v":5342.4657534246571},{"$f":"-Inputs!$X$45*Inputs!$X$33","v":-30000},609.41773586642103,3.7635253138895938E-3,3.462443288778426E-3,{"$f":"-L3270/(1.202*2465560*MAX(0,(Inputs!$X$49-O3270)))","v":1.3432885898517939},{"$f":"params!$C$15*P3270*(E3270-Inputs!$X$26)","v":-34234.036305171387},-138767.11451574528]
["2005-05-17","09:00:00",596,4,10,1,54,{"$f":"Inputs!$X$37*Inputs!$X$32*(E3274-Inputs!$X$26)","v":-38083.284981051875},{"$f":"Inputs!$X$33*C3274*Inputs!$X$38","v":116277.55739090849},{"$f":"params!$C$15*Inputs!$X$29*(E3274-Inputs!$X$26)","v":-3956.474999999999},{"$f":"Inputs!$X$40*Inputs!$X$41/8760","v":5342.4657534246571},{"$f":"-Inputs!$X$45*Inputs!$X$33","v":-30000},1224.2915728566036,7.6071876458255446E-3,4.1078813287457935E-3,{"$f":"-L3274/(1.202*2465560*MAX(0,(Inputs!$X$49-O3274)))","v":1.4691171099625917},{"$f":"params!$C$15*P3274*(E3274-Inputs!$X$26)","v":-19705.68775410188},29874.575409179375]
["2005-05-17","10:00:00",711,8,11,0,47,{"$f":"Inputs!$X$37*Inputs!$X$32*(E3275-Inputs!$X$26)","v":-34655.789332757202},{"$f":"Inputs!$X$33*C3275*Inputs!$X$38","v":138713.66326331533},{"$f":"params!$C$15*Inputs!$X$29*(E3275-Inputs!$X$26)","v":-3600.392249999999},{"$f":"Inputs!$X$40*Inputs!$X$41/8760","v":5342.4657534246571},{"$f":"-Inputs!$X$45*Inputs!$X$33","v":-30000},1308.7561751391206,8.138879592783612E-3,3.8252734086082979E-3,{"$f":"-L3275/(1.202*2465560*MAX(0,(Inputs!$X$49-O3275)))","v":1.4112357017023132},{"$f":"params!$C$15*P3275*(E3275-Inputs!$X$26)","v":-17225.67017013656},58574.277263846212]
["2005-05-17","13:00:00",860,10,13,1,44,{"$f":"Inputs!$X$37*Inputs!$X$32*(E3278-Inputs!$X$26)","v":-27800.798036167867},{"$f":"Inputs!$X$33*C3278*Inputs!$X$38","v":167783.05261104245},{"$f":"params!$C$15*Inputs!$X$29*(E3278-Inputs!$X$26)","v":-2888.2267499999994},{"$f":"Inputs!$X$40*Inputs!$X$41/8760","v":5342.4657534246571},{"$f":"-Inputs!$X$45*Inputs!$X$33","v":-30000},1493.2057396927576,9.303089390063848E-3,4.0933593316280934E-3,{"$f":"-L3278/(1.202*2465560*MAX(0,(Inputs!$X$49-O3278)))","v":1.4660273579312082},{"$f":"params!$C$15*P3278*(E3278-Inputs!$X$26)","v":-14354.89813961954},98081.595438679695]
["2005-05-17","17:00:00",439,8,13,1,44,{"$f":"Inputs!$X$37*Inputs!$X$32*(E3282-Inputs!$X$26)","v":-27800.798036167867},{"$f":"Inputs!$X$33*C3282*Inputs!$X$38","v":85647.395460753061},{"$f":"params!$C$15*Inputs!$X$29*(E3282-Inputs!$X$26)","v":-2888.2267499999994},{"$f":"Inputs!$X$40*Inputs!$X$41/8760","v":5342.4657534246571},{"$f":"-Inputs!$X$45*Inputs!$X$33","v":-30000},1493.2057396927576,9.303089390063848E-3,4.0933593316280934E-3,{"$f":"-L3282/(1.202*2465560*MAX(0,(Inputs!$X$49-O3282)))","v":1.4660273579312082},{"$f":"params!$C$15*P3282*(E3282-Inputs!$X$26)","v":-14354.89813961954},15945.938288390314]
["2005-05-17","20:00:00",0,3,9,-1,49,{"$f":"Inputs!$X$37*Inputs!$X$32*(E3285-Inputs!$X$26)","v":-41510.78062934654},{"$f":"Inputs!$X$33*C3285*Inputs!$X$38","v":0},{"$f":"params!$C$15*Inputs!$X$29*(E3285-Inputs!$X$26)","v":-4312.557749999999},{"$f":"Inputs!$X$40*Inputs!$X$41/8760","v":5342.4657534246571},{"$f":"-Inputs!$X$45*Inputs!$X$33","v":-30000},1144.6654335441779,7.1067740933079149E-3,3.4823193057208785E-3,{"$f":"-L3285/(1.202*2465560*MAX(0,(Inputs!$X$49-O3285)))","v":1.3468409237212366},{"$f":"params!$C$15*P3285*(E3285-Inputs!$X$26)","v":-19691.462922782361},-90172.335548704243]
["2005-05-17","23:00:00",0,4,2,0,87,{"$f":"Inputs!$X$37*Inputs!$X$32*(E3288-Inputs!$X$26)","v":-65503.25016740922},{"$f":"Inputs!$X$33*C3288*Inputs!$X$38","v":0},{"$f":"params!$C$15*Inputs!$X$29*(E3288-Inputs!$X$26)","v":-6805.1369999999979},{"$f":"Inputs!$X$40*Inputs!$X$41/8760","v":5342.4657534246571},{"$f":"-Inputs!$X$45*Inputs!$X$33","v":-30000},703.88301618186097,4.3509868656616182E-3,3.7853585731256077E-3,{"$f":"-L3288/(1.202*2465560*MAX(0,(Inputs!$X$49-O3288)))","v":1.4034262189018876},{"$f":"params!$C$15*P3288*(E3288-Inputs!$X$26)","v":-32378.238132999457},-129344.15954698402]
["2005-05-18","03:00:00",0,8,2,1,93,{"$f":"Inputs!$X$37*Inputs!$X$32*(E3292-Inputs!$X$26)","v":-65503.25016740922},{"$f":"Inputs!$X$33*C3292*Inputs!$X$38","v":0},{"$f":"params!$C$15*Inputs!$X$29*(E3292-Inputs!$X$26)","v":-6805.1369999999979},{"$f":"Inputs!$X$40*Inputs!$X$41/8760","v":5342.4657534246571},{"$f":"-Inputs!$X$45*Inputs!$X$33","v":-30000},703.88301618186097,4.3509868656616182E-3,4.0464177850653045E-3,{"$f":"-L3292/(1.202*2465560*MAX(0,(Inputs!$X$49-O3292)))","v":1.4561282086682539},{"$f":"params!$C$15*P3292*(E3292-Inputs!$X$26)","v":-33594.1179218732},-130560.03933585777]
["2005-05-18","06:00:00",87,0,2,1,93,{"$f":"Inputs!$X$37*Inputs!$X$32*(E3295-Inputs!$X$26)","v":-65503.25016740922},{"$f":"Inputs!$X$33*C3295*Inputs!$X$38","v":16973.401833907781},{"$f":"params!$C$15*Inputs!$X$29*(E3295-Inputs!$X$26)","v":-6805.1369999999979},{"$f":"Inputs!$X$40*Inputs!$X$41/8760","v":5342.4657534246571},{"$f":"-Inputs!$X$45*Inputs!$X$33","v":-30000},703.88301618186097,4.3509868656616182E-3,4.0464177850653045E-3,{"$f":"-L3295/(1.202*2465560*MAX(0,(Inputs!$X$49-O3295)))","v":1.4561282086682539},{"$f":"params!$C$15*P3295*(E3295-Inputs!$X$26)","v":-33594.1179218732},-113586.63750194997]
["2005-05-18","08:00:00",421,0,8,2,66,{"$f":"Inputs!$X$37*Inputs!$X$32*(E3297-Inputs!$X$26)","v":-44938.276277641213},{"$f":"Inputs!$X$33*C3297*Inputs!$X$38","v":82135.657150289378},{"$f":"params!$C$15*Inputs!$X$29*(E3297-Inputs!$X$26)","v":-4668.6404999999986},{"$f":"Inputs!$X$40*Inputs!$X$41/8760","v":5342.4657534246571},{"$f":"-Inputs!$X$45*Inputs!$X$33","v":-30000},1069.6390010481693,6.6359949158119932E-3,4.3797566444359155E-3,{"$f":"-L3297/(1.202*2465560*MAX(0,(Inputs!$X$49-O3297)))","v":1.5294653525084609},{"$f":"params!$C$15*P3297*(E3297-Inputs!$X$26)","v":-24207.884059194919},-16336.677933122097]
["2005-05-18","11:00:00",869,4,16,1,36,{"$f":"Inputs!$X$37*Inputs!$X$32*(E3300-Inputs!$X$26)","v":-17518.31109128386},{"$f":"Inputs!$X$33*C3300*Inputs!$X$38","v":169538.92176627429},{"$f":"params!$C$15*Inputs!$X$29*(E3300-Inputs!$X$26)","v":-1819.9784999999995},{"$f":"Inputs!$X$40*Inputs!$X$41/8760","v":5342.4657534246571},{"$f":"-Inputs!$X$45*Inputs!$X$33","v":-30000},1812.7242941450775,1.1330041931761578E-2,4.0788150954341688E-3,{"$f":"-L3300/(1.202*2465560*MAX(0,(Inputs!$X$49-O3300)))","v":1.4629458730565756},{"$f":"params!$C$15*P3300*(E3300-Inputs!$X$26)","v":-9026.5391471180228},116516.55878129706]
["2005-05-18","14:00:00",535,3,19,1,30,{"$f":"Inputs!$X$37*Inputs!$X$32*(E3303-Inputs!$X$26)","v":-7235.8241463998547},{"$f":"Inputs!$X$33*C3303*Inputs!$X$38","v":104376.6664498927},{"$f":"params!$C$15*Inputs!$X$29*(E3303-Inputs!$X$26)","v":-751.73024999999973},{"$f":"Inputs!$X$40*Inputs!$X$41/8760","v":5342.4657534246571},{"$f":"-Inputs!$X$45*Inputs!$X$33","v":-30000},2190.7229749852513,1.3744851093608144E-2,4.123455328082443E-3,{"$f":"-L3303/(1.202*2465560*MAX(0,(Inputs!$X$49-O3303)))","v":1.4724451956278219},{"$f":"params!$C$15*P3303*(E3303-Inputs!$X$26)","v":-3752.5623805127057},67979.015426404789]
["2005-05-18","18:00:00",146,3,15,1,39,{"$f":"Inputs!$X$37*Inputs!$X$32*(E3307-Inputs!$X$26)","v":-20945.806739578529},{"$f":"Inputs!$X$33*C3307*Inputs!$X$38","v":28484.099629316508},{"$f":"params!$C$15*Inputs!$X$29*(E3307-Inputs!$X$26)","v":-2176.0612499999993},{"$f":"Inputs!$X$40*Inputs!$X$41/8760","v":5342.4657534246571},{"$f":"-Inputs!$X$45*Inputs!$X$33","v":-30000},1700.1281023555496,1.0614273895273205E-2,4.1395668191565498E-3,{"$f":"-L3307/(1.202*2465560*MAX(0,(Inputs!$X$49-O3307)))","v":1.4759040460892667},{"$f":"params!$C$15*P3307*(E3307-Inputs!$X$26)","v":-10888.197577656136},-30183.500184493496]
["2005-05-18","21:00:00",0,0,7,1,66,{"$f":"Inputs!$X$37*Inputs!$X$32*(E3310-Inputs!$X$26)","v":-48365.771925935878},{"$f":"Inputs!$X$33*C3310*Inputs!$X$38","v":0},{"$f":"params!$C$15*Inputs!$X$29*(E3310-Inputs!$X$26)","v":-5024.7232499999991},{"$f":"Inputs!$X$40*Inputs!$X$41/8760","v":5342.4657534246571},{"$f":"-Inputs!$X$45*Inputs!$X$33","v":-30000},998.98316002102877,6.193284308903993E-3,4.0875676438766355E-3,{"$f":"-L3310/(1.202*2465560*MAX(0,(Inputs!$X$49-O3310)))","v":1.4647987198985497},{"$f":"params!$C$15*P3310*(E3310-Inputs!$X$26)","v":-24952.660221235335},-103000.68964374656]
["2005-05-19","01:00:00",0,0,2,0,87,{"$f":"Inputs!$X$37*Inputs!$X$32*(E3314-Inputs!$X$26)","v":-65503.25016740922},{"$f":"Inputs!$X$33*C3314*Inputs!$X$38","v":0},{"$f":"params!$C$15*Inputs!$X$29*(E3314-Inputs!$X$26)","v":-6805.1369999999979},{"$f":"Inputs!$X$40*Inputs!$X$41/8760","v":5342.4657534246571},{"$f":"-Inputs!$X$45*Inputs!$X$33","v":-30000},703.88301618186097,4.3509868656616182E-3,3.7853585731256077E-3,{"$f":"-L3314/(1.202*2465560*MAX(0,(Inputs!$X$49-O3314)))","v":1.4034262189018876},{"$f":"params!$C$15*P3314*(E3314-Inputs!$X$26)","v":-32378.238132999457},-129344.15954698402]
["2005-05-19","04:00:00",0,0,-1,-1,100,{"$f":"Inputs!$X$37*Inputs!$X$32*(E3317-Inputs!$X$26)","v":-75785.737112293224},{"$f":"Inputs!$X$33*C3317*Inputs!$X$38","v":0},{"$f":"params!$C$15*Inputs!$X$29*(E3317-Inputs!$X$26)","v":-7873.3852499999985},{"$f":"Inputs!$X$40*Inputs!$X$41/8760","v":5342.4657534246571},{"$f":"-Inputs!$X$45*Inputs!$X$33","v":-30000},566.54310372490409,3.4972595900071069E-3,3.4972595900071069E-3,{"$f":"-L3317/(1.202*2465560*MAX(0,(Inputs!$X$49-O3317)))","v":1.3495235143933748},{"$f":"params!$C$15*P3317*(E3317-Inputs!$X$26)","v":-36022.073893306646},-144338.73050217523]
["2005-05-19","07:00:00",249,0,6,2,75,{"$f":"Inputs!$X$37*Inputs!$X$32*(E3320-Inputs!$X$26)","v":-51793.267574230544},{"$f":"Inputs!$X$33*C3320*Inputs!$X$38","v":48579.046628080898},{"$f":"params!$C$15*Inputs!$X$29*(E3320-Inputs!$X$26)","v":-5380.8059999999987},{"$f":"Inputs!$X$40*Inputs!$X$41/8760","v":5342.4657534246571},{"$f":"-Inputs!$X$45*Inputs!$X$33","v":-30000},932.4781503104233,5.7771510192606073E-3,4.3328632644454553E-3,{"$f":"-L3320/(1.202*2465560*MAX(0,(Inputs!$X$49-O3320)))","v":1.5187050764491115},{"$f":"params!$C$15*P3320*(E3320-Inputs!$X$26)","v":-27704.322440203017},-60956.883632928002]
["2005-05-19","09:00:00",608,0,13,2,47,{"$f":"Inputs!$X$37*Inputs!$X$32*(E3322-Inputs!$X$26)","v":-27800.798036167867},{"$f":"Inputs!$X$33*C3322*Inputs!$X$38","v":118618.71626455094},{"$f":"params!$C$15*Inputs!$X$29*(E3322-Inputs!$X$26)","v":-2888.2267499999994},{"$f":"Inputs!$X$40*Inputs!$X$41/8760","v":5342.4657534246571},{"$f":"-Inputs!$X$45*Inputs!$X$33","v":-30000},1493.2057396927576,9.303089390063848E-3,4.3724520133300087E-3,{"$f":"-L3322/(1.202*2465560*MAX(0,(Inputs!$X$49-O3322)))","v":1.5277791982151758},{"$f":"params!$C$15*P3322*(E3322-Inputs!$X$26)","v":-14959.553552367986},48312.603679439737]
["2005-05-19","12:00:00",825,5,18,1,32,{"$f":"Inputs!$X$37*Inputs!$X$32*(E3325-Inputs!$X$26)","v":-10663.319794694524},{"$f":"Inputs!$X$33*C3325*Inputs!$X$38","v":160954.67256291863},{"$f":"params!$C$15*Inputs!$X$29*(E3325-Inputs!$X$26)","v":-1107.8129999999996},{"$f":"Inputs!$X$40*Inputs!$X$41/8760","v":5342.4657534246571},{"$f":"-Inputs!$X$45*Inputs!$X$33","v":-30000},2057.7011249857014,1.2892956292988709E-2,4.1257460137563871E-3,{"$f":"-L3325/(1.202*2465560*MAX(0,(Inputs!$X$49-O3325)))","v":1.4729359761264424},{"$f":"params!$C$15*P3325*(E3325-Inputs!$X$26)","v":-5531.9351633305814},118994.07035831819]
["2005-05-19","15:00:00",583,8,19,1,30,{"$f":"Inputs!$X$37*Inputs!$X$32*(E3328-Inputs!$X$26)","v":-7235.8241463998547},{"$f":"Inputs!$X$33*C3328*Inputs!$X$38","v":113741.30194446251},{"$f":"params!$C$15*Inputs!$X$29*(E3328-Inputs!$X$26)","v":-751.73024999999973},{"$f":"Inputs!$X$40*Inputs!$X$41/8760","v":5342.4657534246571},{"$f":"-Inputs!$X$45*Inputs!$X$33","v":-30000},2190.7229749852513,1.3744851093608144E-2,4.123455328082443E-3,{"$f":"-L3328/(1.202*2465560*MAX(0,(Inputs!$X$49-O3328)))","v":1.4724451956278219},{"$f":"params!$C$15*P3328*(E3328-Inputs!$X$26)","v":-3752.5623805127057},77343.6509209746]
["2005-05-19","19:00:00",48,0,17,3,39,{"$f":"Inputs!$X$37*Inputs!$X$32*(E3332-Inputs!$X$26)","v":-14090.815442989191},{"$f":"Inputs!$X$33*C3332*Inputs!$X$38","v":9364.6354945698113},{"$f":"params!$C$15*Inputs!$X$29*(E3332-Inputs!$X$26)","v":-1463.8957499999995},{"$f":"Inputs!$X$40*Inputs!$X$41/8760","v":5342.4657534246571},{"$f":"-Inputs!$X$45*Inputs!$X$33","v":-30000},1931.8104441244629,1.2088830888770941E-2,4.714644046620667E-3,{"$f":"-L3332/(1.202*2465560*MAX(0,(Inputs!$X$49-O3332)))","v":1.6109783663075457},{"$f":"params!$C$15*P3332*(E3332-Inputs!$X$26)","v":-7995.1499348985581},-38842.759879893281]
["2005-05-19","22:00:00",0,10,11,4,62,{"$f":"Inputs!$X$37*Inputs!$X$32*(E3335-Inputs!$X$26)","v":-34655.789332757202},{"$f":"Inputs!$X$33*C3335*Inputs!$X$38","v":0},{"$f":"params!$C$15*Inputs!$X$29*(E3335-Inputs!$X$26)","v":-3600.392249999999},{"$f":"Inputs!$X$40*Inputs!$X$41/8760","v":5342.4657534246571},{"$f":"-Inputs!$X$45*Inputs!$X$33","v":-30000},1308.7561751391206,8.138879592783612E-3,5.0461053475258401E-3,{"$f":"-L3335/(1.202*2465560*MAX(0,(Inputs!$X$49-O3335)))","v":1.7006895028199565},{"$f":"params!$C$15*P3335*(E3335-Inputs!$X$26)","v":-20758.769355148946},-83672.485184481484]
["2005-05-20","02:00:00",0,10,8,5,81,{"$f":"Inputs!$X$37*Inputs!$X$32*(E3339-Inputs!$X$26)","v":-44938.276277641213},{"$f":"Inputs!$X$33*C3339*Inputs!$X$38","v":0},{"$f":"params!$C$15*Inputs!$X$29*(E3339-Inputs!$X$26)","v":-4668.6404999999986},{"$f":"Inputs!$X$40*Inputs!$X$41/8760","v":5342.4657534246571},{"$f":"-Inputs!$X$45*Inputs!$X$33","v":-30000},1069.6390010481693,6.6359949158119932E-3,5.3751558818077149E-3,{"$f":"-L3339/(1.202*2465560*MAX(0,(Inputs!$X$49-O3339)))","v":1.8002092851384217},{"$f":"params!$C$15*P3339*(E3339-Inputs!$X$26)","v":-28493.131659009581},-102757.58268322614]
["2005-05-20","05:00:00",0,8,7,5,87,{"$f":"Inputs!$X$37*Inputs!$X$32*(E3342-Inputs!$X$26)","v":-48365.771925935878},{"$f":"Inputs!$X$33*C3342*Inputs!$X$38","v":0},{"$f":"params!$C$15*Inputs!$X$29*(E3342-Inputs!$X$26)","v":-5024.7232499999991},{"$f":"Inputs!$X$40*Inputs!$X$41/8760","v":5342.4657534246571},{"$f":"-Inputs!$X$45*Inputs!$X$33","v":-30000},998.98316002102877,6.193284308903993E-3,5.3881573487464737E-3,{"$f":"-L3342/(1.202*2465560*MAX(0,(Inputs!$X$49-O3342)))","v":1.8043812673849435},{"$f":"params!$C$15*P3342*(E3342-Inputs!$X$26)","v":-30737.405803943355},-108785.43522645459]
["2005-05-20","08:00:00",312,3,13,7,67,{"$f":"Inputs!$X$37*Inputs!$X$32*(E3345-Inputs!$X$26)","v":-27800.798036167867},{"$f":"Inputs!$X$33*C3345*Inputs!$X$38","v":60870.130714703766},{"$f":"params!$C$15*Inputs!$X$29*(E3345-Inputs!$X$26)","v":-2888.2267499999994},{"$f":"Inputs!$X$40*Inputs!$X$41/8760","v":5342.4657534246571},{"$f":"-Inputs!$X$45*Inputs!$X$33","v":-30000},1493.2057396927576,9.303089390063848E-3,6.2330698913427782E-3,{"$f":"-L3345/(1.202*2465560*MAX(0,(Inputs!$X$49-O3345)))","v":2.1243130384886442},{"$f":"params!$C$15*P3345*(E3345-Inputs!$X$26)","v":-20800.633166356693},-15277.061484396141]
["2005-05-20","10:00:00",723,4,17,7,52,{"$f":"Inputs!$X$37*Inputs!$X$32*(E3347-Inputs!$X$26)","v":-14090.815442989191},{"$f":"Inputs!$X$33*C3347*Inputs!$X$38","v":141054.82213695778},{"$f":"params!$C$15*Inputs!$X$29*(E3347-Inputs!$X$26)","v":-1463.8957499999995},{"$f":"Inputs!$X$40*Inputs!$X$41/8760","v":5342.4657534246571},{"$f":"-Inputs!$X$45*Inputs!$X$33","v":-30000},1931.8104441244629,1.2088830888770941E-2,6.2861920621608888E-3,{"$f":"-L3347/(1.202*2465560*MAX(0,(Inputs!$X$49-O3347)))","v":2.1482616474310827},{"$f":"params!$C$15*P3347*(E3347-Inputs!$X$26)","v":-10661.641602283782},90180.935095109468]
["2005-05-20","13:00:00",669,8,18,7,49,{"$f":"Inputs!$X$37*Inputs!$X$32*(E3350-Inputs!$X$26)","v":-10663.319794694524},{"$f":"Inputs!$X$33*C3350*Inputs!$X$38","v":130519.60720556675},{"$f":"params!$C$15*Inputs!$X$29*(E3350-Inputs!$X$26)","v":-1107.8129999999996},{"$f":"Inputs!$X$40*Inputs!$X$41/8760","v":5342.4657534246571},{"$f":"-Inputs!$X$45*Inputs!$X$33","v":-30000},2057.7011249857014,1.2892956292988709E-2,6.3175485835644677E-3,{"$f":"-L3350/(1.202*2465560*MAX(0,(Inputs!$X$49-O3350)))","v":2.1626529689817837},{"$f":"params!$C$15*P3350*(E3350-Inputs!$X$26)","v":-8122.3190953987569},85968.621068898123]
["2005-05-20","17:00:00",130,10,18,6,45,{"$f":"Inputs!$X$37*Inputs!$X$32*(E3354-Inputs!$X$26)","v":-10663.319794694524},{"$f":"Inputs!$X$33*C3354*Inputs!$X$38","v":25362.554464459907},{"$f":"params!$C$15*Inputs!$X$29*(E3354-Inputs!$X$26)","v":-1107.8129999999996},{"$f":"Inputs!$X$40*Inputs!$X$41/8760","v":5342.4657534246571},{"$f":"-Inputs!$X$45*Inputs!$X$33","v":-30000},2057.7011249857014,1.2892956292988709E-2,5.8018303318449196E-3,{"$f":"-L3354/(1.202*2465560*MAX(0,(Inputs!$X$49-O3354)))","v":1.9480221793332801},{"$f":"params!$C$15*P3354*(E3354-Inputs!$X$26)","v":-7316.2259374921832},-18382.338514302144]
["2005-05-20","20:00:00",0,10,13,8,72,{"$f":"Inputs!$X$37*Inputs!$X$32*(E3357-Inputs!$X$26)","v":-27800.798036167867},{"$f":"Inputs!$X$33*C3357*Inputs!$X$38","v":0},{"$f":"params!$C$15*Inputs!$X$29*(E3357-Inputs!$X$26)","v":-2888.2267499999994},{"$f":"Inputs!$X$40*Inputs!$X$41/8760","v":5342.4657534246571},{"$f":"-Inputs!$X$45*Inputs!$X$33","v":-30000},1493.2057396927576,9.303089390063848E-3,6.6982243608459703E-3,{"$f":"-L3357/(1.202*2465560*MAX(0,(Inputs!$X$49-O3357)))","v":2.3541082243962381},{"$f":"params!$C$15*P3357*(E3357-Inputs!$X$26)","v":-23050.718383956864},-78397.277416700075]
["2005-05-20","23:00:00",0,4,7,6,93,{"$f":"Inputs!$X$37*Inputs!$X$32*(E3360-Inputs!$X$26)","v":-48365.771925935878},{"$f":"Inputs!$X$33*C3360*Inputs!$X$38","v":0},{"$f":"params!$C$15*Inputs!$X$29*(E3360-Inputs!$X$26)","v":-5024.7232499999991},{"$f":"Inputs!$X$40*Inputs!$X$41/8760","v":5342.4657534246571},{"$f":"-Inputs!$X$45*Inputs!$X$33","v":-30000},998.98316002102877,6.193284308903993E-3,5.7597544072807141E-3,{"$f":"-L3360/(1.202*2465560*MAX(0,(Inputs!$X$49-O3360)))","v":1.9323756538847421},{"$f":"params!$C$15*P3360*(E3360-Inputs!$X$26)","v":-32917.773927678572},-110965.8033501898]
["2005-05-21","03:00:00",0,10,5,5,100,{"$f":"Inputs!$X$37*Inputs!$X$32*(E3364-Inputs!$X$26)","v":-55220.763222525216},{"$f":"Inputs!$X$33*C3364*Inputs!$X$38","v":0},{"$f":"params!$C$15*Inputs!$X$29*(E3364-Inputs!$X$26)","v":-5736.8887499999983},{"$f":"Inputs!$X$40*Inputs!$X$41/8760","v":5342.4657534246571},{"$f":"-Inputs!$X$45*Inputs!$X$33","v":-30000},869.91328556198641,5.3861748872103517E-3,5.3861748872103517E-3,{"$f":"-L3364/(1.202*2465560*MAX(0,(Inputs!$X$49-O3364)))","v":1.8037438751951638},{"$f":"params!$C$15*P3364*(E3364-Inputs!$X$26)","v":-35081.491707028224},-120696.67792612877]
["2005-05-21","05:00:00",0,0,4,4,100,{"$f":"Inputs!$X$37*Inputs!$X$32*(E3366-Inputs!$X$26)","v":-58648.258870819882},{"$f":"Inputs!$X$33*C3366*Inputs!$X$38","v":0},{"$f":"params!$C$15*Inputs!$X$29*(E3366-Inputs!$X$26)","v":-6092.9714999999987},{"$f":"Inputs!$X$40*Inputs!$X$41/8760","v":5342.4657534246571},{"$f":"-Inputs!$X$45*Inputs!$X$33","v":-30000},811.08667612094962,5.0190035800134264E-3,5.0190035800134255E-3,{"$f":"-L3366/(1.202*2465560*MAX(0,(Inputs!$X$49-O3366)))","v":1.6929809384464098},{"$f":"params!$C$15*P3366*(E3366-Inputs!$X$26)","v":-34970.993409219802},-124369.75802661502]
["2005-05-21","10:00:00",761,3,19,3,34,{"$f":"Inputs!$X$37*Inputs!$X$32*(E3371-Inputs!$X$26)","v":-7235.8241463998547},{"$f":"Inputs!$X$33*C3371*Inputs!$X$38","v":148468.49190349222},{"$f":"params!$C$15*Inputs!$X$29*(E3371-Inputs!$X$26)","v":-751.73024999999973},{"$f":"Inputs!$X$40*Inputs!$X$41/8760","v":5342.4657534246571},{"$f":"-Inputs!$X$45*Inputs!$X$33","v":-30000},2190.7229749852513,1.3744851093608144E-2,4.673249371826769E-3,{"$f":"-L3371/(1.202*2465560*MAX(0,(Inputs!$X$49-O3371)))","v":1.6004351997694919},{"$f":"params!$C$15*P3371*(E3371-Inputs!$X$26)","v":-4078.7480178796091},111744.65524263741]
["2005-05-21","11:00:00",265,8,20,2,30,{"$f":"Inputs!$X$37*Inputs!$X$32*(E3372-Inputs!$X$26)","v":-3808.3284981051861},{"$f":"Inputs!$X$33*C3372*Inputs!$X$38","v":51700.591792937499},{"$f":"params!$C$15*Inputs!$X$29*(E3372-Inputs!$X$26)","v":-395.64749999999975},{"$f":"Inputs!$X$40*Inputs!$X$41/8760","v":5342.4657534246571},{"$f":"-Inputs!$X$45*Inputs!$X$33","v":-30000},2331.2150168593957,1.4647072201887702E-2,4.3941216605663099E-3,{"$f":"-L3372/(1.202*2465560*MAX(0,(Inputs!$X$49-O3372)))","v":1.5327921611470483},{"$f":"params!$C$15*P3372*(E3372-Inputs!$X$26)","v":-2055.9779417631207},20783.103606493853]
["2005-05-21","14:00:00",506,8,19,3,34,{"$f":"Inputs!$X$37*Inputs!$X$32*(E3375-Inputs!$X$26)","v":-7235.8241463998547},{"$f":"Inputs!$X$33*C3375*Inputs!$X$38","v":98718.865838590093},{"$f":"params!$C$15*Inputs!$X$29*(E3375-Inputs!$X$26)","v":-751.73024999999973},{"$f":"Inputs!$X$40*Inputs!$X$41/8760","v":5342.4657534246571},{"$f":"-Inputs!$X$45*Inputs!$X$33","v":-30000},2190.7229749852513,1.3744851093608144E-2,4.673249371826769E-3,{"$f":"-L3375/(1.202*2465560*MAX(0,(Inputs!$X$49-O3375)))","v":1.6004351997694919},{"$f":"params!$C$15*P3375*(E3375-Inputs!$X$26)","v":-4078.7480178796091},61995.029177735283]
["2005-05-21","18:00:00",76,8,17,2,36,{"$f":"Inputs!$X$37*Inputs!$X$32*(E3379-Inputs!$X$26)","v":-14090.815442989191},{"$f":"Inputs!$X$33*C3379*Inputs!$X$38","v":14827.339533068867},{"$f":"params!$C$15*Inputs!$X$29*(E3379-Inputs!$X$26)","v":-1463.8957499999995},{"$f":"Inputs!$X$40*Inputs!$X$41/8760","v":5342.4657534246571},{"$f":"-Inputs!$X$45*Inputs!$X$33","v":-30000},1931.8104441244629,1.2088830888770941E-2,4.3519791199575384E-3,{"$f":"-L3379/(1.202*2465560*MAX(0,(Inputs!$X$49-O3379)))","v":1.5230731176418593},{"$f":"params!$C$15*P3379*(E3379-Inputs!$X$26)","v":-7558.8835902687424},-32943.78949676441]
["2005-05-21","21:00:00",0,10,12,6,67,{"$f":"Inputs!$X$37*Inputs!$X$32*(E3382-Inputs!$X$26)","v":-31228.293684462536},{"$f":"Inputs!$X$33*C3382*Inputs!$X$38","v":0},{"$f":"params!$C$15*Inputs!$X$29*(E3382-Inputs!$X$26)","v":-3244.3094999999989},{"$f":"Inputs!$X$40*Inputs!$X$41/8760","v":5342.4657534246571},{"$f":"-Inputs!$X$45*Inputs!$X$33","v":-30000},1398.3079270856979,8.70357605607666E-3,5.8313959575713621E-3,{"$f":"-L3382/(1.202*2465560*MAX(0,(Inputs!$X$49-O3382)))","v":1.9591690166982225},{"$f":"params!$C$15*P3382*(E3382-Inputs!$X$26)","v":-21548.693132619093},-80678.830563656971]
["2005-05-21",1,0,10,9,8,93,{"$f":"Inputs!$X$37*Inputs!$X$32*(E3385-Inputs!$X$26)","v":-41510.78062934654},{"$f":"Inputs!$X$33*C3385*Inputs!$X$38","v":0},{"$f":"params!$C$15*Inputs!$X$29*(E3385-Inputs!$X$26)","v":-4312.557749999999},{"$f":"Inputs!$X$40*Inputs!$X$41/8760","v":5342.4657534246571},{"$f":"-Inputs!$X$45*Inputs!$X$33","v":-30000},1144.6654335441779,7.1067740933079149E-3,6.6092999067763614E-3,{"$f":"-L3385/(1.202*2465560*MAX(0,(Inputs!$X$49-O3385)))","v":2.3064120744721714},{"$f":"params!$C$15*P3385*(E3385-Inputs!$X$26)","v":-33720.855261542711},-104201.7278874646]
["2005-05-22","04:00:00",0,10,9,6,81,{"$f":"Inputs!$X$37*Inputs!$X$32*(E3389-Inputs!$X$26)","v":-41510.78062934654},{"$f":"Inputs!$X$33*C3389*Inputs!$X$38","v":0},{"$f":"params!$C$15*Inputs!$X$29*(E3389-Inputs!$X$26)","v":-4312.557749999999},{"$f":"Inputs!$X$40*Inputs!$X$41/8760","v":5342.4657534246571},{"$f":"-Inputs!$X$45*Inputs!$X$33","v":-30000},1144.6654335441779,7.1067740933079149E-3,5.7564870155794113E-3,{"$f":"-L3389/(1.202*2465560*MAX(0,(Inputs!$X$49-O3389)))","v":1.9311711386157613},{"$f":"params!$C$15*P3389*(E3389-Inputs!$X$26)","v":-28234.652069029678},-98715.524694951557]
["2005-05-22","06:00:00",58,10,8,6,87,{"$f":"Inputs!$X$37*Inputs!$X$32*(E3391-Inputs!$X$26)","v":-44938.276277641213},{"$f":"Inputs!$X$33*C3391*Inputs!$X$38","v":11315.601222605188},{"$f":"params!$C$15*Inputs!$X$29*(E3391-Inputs!$X$26)","v":-4668.6404999999986},{"$f":"Inputs!$X$40*Inputs!$X$41/8760","v":5342.4657534246571},{"$f":"-Inputs!$X$45*Inputs!$X$33","v":-30000},1069.6390010481693,6.6359949158119932E-3,5.7733155767564336E-3,{"$f":"-L3391/(1.202*2465560*MAX(0,(Inputs!$X$49-O3391)))","v":1.937391044663465},{"$f":"params!$C$15*P3391*(E3391-Inputs!$X$26)","v":-30664.400281847007},-93613.250083458377]
["2005-05-22","11:00:00",228,10,10,6,76,{"$f":"Inputs!$X$37*Inputs!$X$32*(E3396-Inputs!$X$26)","v":-38083.284981051875},{"$f":"Inputs!$X$33*C3396*Inputs!$X$38","v":44482.018599206604},{"$f":"params!$C$15*Inputs!$X$29*(E3396-Inputs!$X$26)","v":-3956.474999999999},{"$f":"Inputs!$X$40*Inputs!$X$41/8760","v":5342.4657534246571},{"$f":"-Inputs!$X$45*Inputs!$X$33","v":-30000},1224.2915728566036,7.6071876458255446E-3,5.7814626108274141E-3,{"$f":"-L3396/(1.202*2465560*MAX(0,(Inputs!$X$49-O3396)))","v":1.940416638306018},{"$f":"params!$C$15*P3396*(E3396-Inputs!$X$26)","v":-26027.363052286604},-48242.638680707212]
["2005-05-22","12:00:00",158,10,10,5,71,{"$f":"Inputs!$X$37*Inputs!$X$32*(E3397-Inputs!$X$26)","v":-38083.284981051875},{"$f":"Inputs!$X$33*C3397*Inputs!$X$38","v":30825.258502958961},{"$f":"params!$C$15*Inputs!$X$29*(E3397-Inputs!$X$26)","v":-3956.474999999999},{"$f":"Inputs!$X$40*Inputs!$X$41/8760","v":5342.4657534246571},{"$f":"-Inputs!$X$45*Inputs!$X$33","v":-30000},1224.2915728566036,7.6071876458255446E-3,5.401103228536137E-3,{"$f":"-L3397/(1.202*2465560*MAX(0,(Inputs!$X$49-O3397)))","v":1.808554670249336},{"$f":"params!$C$15*P3397*(E3397-Inputs!$X$26)","v":-24258.660781007158},-60130.696505675412]
["2005-05-22","15:00:00",150,10,11,6,71,{"$f":"Inputs!$X$37*Inputs!$X$32*(E3400-Inputs!$X$26)","v":-34655.789332757202},{"$f":"Inputs!$X$33*C3400*Inputs!$X$38","v":29264.485920530657},{"$f":"params!$C$15*Inputs!$X$29*(E3400-Inputs!$X$26)","v":-3600.392249999999},{"$f":"Inputs!$X$40*Inputs!$X$41/8760","v":5342.4657534246571},{"$f":"-Inputs!$X$45*Inputs!$X$33","v":-30000},1308.7561751391206,8.138879592783612E-3,5.7786045108763652E-3,{"$f":"-L3400/(1.202*2465560*MAX(0,(Inputs!$X$49-O3400)))","v":1.9393541398379359},{"$f":"params!$C$15*P3400*(E3400-Inputs!$X$26)","v":-23671.93142551605},-57321.161334317934]
["2005-05-22","19:00:00",53,9,10,5,71,{"$f":"Inputs!$X$37*Inputs!$X$32*(E3404-Inputs!$X$26)","v":-38083.284981051875},{"$f":"Inputs!$X$33*C3404*Inputs!$X$38","v":10340.118358587501},{"$f":"params!$C$15*Inputs!$X$29*(E3404-Inputs!$X$26)","v":-3956.474999999999},{"$f":"Inputs!$X$40*Inputs!$X$41/8760","v":5342.4657534246571},{"$f":"-Inputs!$X$45*Inputs!$X$33","v":-30000},1224.2915728566036,7.6071876458255446E-3,5.401103228536137E-3,{"$f":"-L3404/(1.202*2465560*MAX(0,(Inputs!$X$49-O3404)))","v":1.808554670249336},{"$f":"params!$C$15*P3404*(E3404-Inputs!$X$26)","v":-24258.660781007158},-80615.836650046869]
["2005-05-22","22:00:00",0,10,7,6,93,{"$f":"Inputs!$X$37*Inputs!$X$32*(E3407-Inputs!$X$26)","v":-48365.771925935878},{"$f":"Inputs!$X$33*C3407*Inputs!$X$38","v":0},{"$f":"params!$C$15*Inputs!$X$29*(E3407-Inputs!$X$26)","v":-5024.7232499999991},{"$f":"Inputs!$X$40*Inputs!$X$41/8760","v":5342.4657534246571},{"$f":"-Inputs!$X$45*Inputs!$X$33","v":-30000},998.98316002102877,6.193284308903993E-3,5.7597544072807141E-3,{"$f":"-L3407/(1.202*2465560*MAX(0,(Inputs!$X$49-O3407)))","v":1.9323756538847421},{"$f":"params!$C$15*P3407*(E3407-Inputs!$X$26)","v":-32917.773927678572},-110965.8033501898]
["2005-05-23","01:00:00",0,10,8,6,87,{"$f":"Inputs!$X$37*Inputs!$X$32*(E3410-Inputs!$X$26)","v":-44938.276277641213},{"$f":"Inputs!$X$33*C3410*Inputs!$X$38","v":0},{"$f":"params!$C$15*Inputs!$X$29*(E3410-Inputs!$X$26)","v":-4668.6404999999986},{"$f":"Inputs!$X$40*Inputs!$X$41/8760","v":5342.4657534246571},{"$f":"-Inputs!$X$45*Inputs!$X$33","v":-30000},1069.6390010481693,6.6359949158119932E-3,5.7733155767564336E-3,{"$f":"-L3410/(1.202*2465560*MAX(0,(Inputs!$X$49-O3410)))","v":1.937391044663465},{"$f":"params!$C$15*P3410*(E3410-Inputs!$X$26)","v":-30664.400281847007},-104928.85130606356]
["2005-05-23","05:00:00",0,10,7,6,93,{"$f":"Inputs!$X$37*Inputs!$X$32*(E3414-Inputs!$X$26)","v":-48365.771925935878},{"$f":"Inputs!$X$33*C3414*Inputs!$X$38","v":0},{"$f":"params!$C$15*Inputs!$X$29*(E3414-Inputs!$X$26)","v":-5024.7232499999991},{"$f":"Inputs!$X$40*Inputs!$X$41/8760","v":5342.4657534246571},{"$f":"-Inputs!$X$45*Inputs!$X$33","v":-30000},998.98316002102877,6.193284308903993E-3,5.7597544072807141E-3,{"$f":"-L3414/(1.202*2465560*MAX(0,(Inputs!$X$49-O3414)))","v":1.9323756538847421},{"$f":"params!$C$15*P3414*(E3414-Inputs!$X$26)","v":-32917.773927678572},-110965.8033501898]
["2005-05-23","07:00:00",60,10,8,6,87,{"$f":"Inputs!$X$37*Inputs!$X$32*(E3416-Inputs!$X$26)","v":-44938.276277641213},{"$f":"Inputs!$X$33*C3416*Inputs!$X$38","v":11705.794368212264},{"$f":"params!$C$15*Inputs!$X$29*(E3416-Inputs!$X$26)","v":-4668.6404999999986},{"$f":"Inputs!$X$40*Inputs!$X$41/8760","v":5342.4657534246571},{"$f":"-Inputs!$X$45*Inputs!$X$33","v":-30000},1069.6390010481693,6.6359949158119932E-3,5.7733155767564336E-3,{"$f":"-L3416/(1.202*2465560*MAX(0,(Inputs!$X$49-O3416)))","v":1.937391044663465},{"$f":"params!$C$15*P3416*(E3416-Inputs!$X$26)","v":-30664.400281847007},-93223.056937851303]
["2005-05-23","10:00:00",214,10,11,6,71,{"$f":"Inputs!$X$37*Inputs!$X$32*(E3419-Inputs!$X$26)","v":-34655.789332757202},{"$f":"Inputs!$X$33*C3419*Inputs!$X$38","v":41750.666579957076},{"$f":"params!$C$15*Inputs!$X$29*(E3419-Inputs!$X$26)","v":-3600.392249999999},{"$f":"Inputs!$X$40*Inputs!$X$41/8760","v":5342.4657534246571},{"$f":"-Inputs!$X$45*Inputs!$X$33","v":-30000},1308.7561751391206,8.138879592783612E-3,5.7786045108763652E-3,{"$f":"-L3419/(1.202*2465560*MAX(0,(Inputs!$X$49-O3419)))","v":1.9393541398379359},{"$f":"params!$C$15*P3419*(E3419-Inputs!$X$26)","v":-23671.93142551605},-44834.980674891514]
["2005-05-23","13:00:00",406,10,13,6,62,{"$f":"Inputs!$X$37*Inputs!$X$32*(E3422-Inputs!$X$26)","v":-27800.798036167867},{"$f":"Inputs!$X$33*C3422*Inputs!$X$38","v":79209.208558236322},{"$f":"params!$C$15*Inputs!$X$29*(E3422-Inputs!$X$26)","v":-2888.2267499999994},{"$f":"Inputs!$X$40*Inputs!$X$41/8760","v":5342.4657534246571},{"$f":"-Inputs!$X$45*Inputs!$X$33","v":-30000},1493.2057396927576,9.303089390063848E-3,5.767915421839586E-3,{"$f":"-L3422/(1.202*2465560*MAX(0,(Inputs!$X$49-O3422)))","v":1.9353907638947876},{"$f":"params!$C$15*P3422*(E3422-Inputs!$X$26)","v":-18950.763180351085},4911.8863451420293]
["2005-05-23","16:00:00",152,10,13,6,62,{"$f":"Inputs!$X$37*Inputs!$X$32*(E3425-Inputs!$X$26)","v":-27800.798036167867},{"$f":"Inputs!$X$33*C3425*Inputs!$X$38","v":29654.679066137734},{"$f":"params!$C$15*Inputs!$X$29*(E3425-Inputs!$X$26)","v":-2888.2267499999994},{"$f":"Inputs!$X$40*Inputs!$X$41/8760","v":5342.4657534246571},{"$f":"-Inputs!$X$45*Inputs!$X$33","v":-30000},1493.2057396927576,9.303089390063848E-3,5.767915421839586E-3,{"$f":"-L3425/(1.202*2465560*MAX(0,(Inputs!$X$49-O3425)))","v":1.9353907638947876},{"$f":"params!$C$15*P3425*(E3425-Inputs!$X$26)","v":-18950.763180351085},-44642.643146956558]
["2005-05-23","20:00:00",0,3,11,7,76,{"$f":"Inputs!$X$37*Inputs!$X$32*(E3429-Inputs!$X$26)","v":-34655.789332757202},{"$f":"Inputs!$X$33*C3429*Inputs!$X$38","v":0},{"$f":"params!$C$15*Inputs!$X$29*(E3429-Inputs!$X$26)","v":-3600.392249999999},{"$f":"Inputs!$X$40*Inputs!$X$41/8760","v":5342.4657534246571},{"$f":"-Inputs!$X$45*Inputs!$X$33","v":-30000},1308.7561751391206,8.138879592783612E-3,6.1855484905155456E-3,{"$f":"-L3429/(1.202*2465560*MAX(0,(Inputs!$X$49-O3429)))","v":2.1033373860215914},{"$f":"params!$C$15*P3429*(E3429-Inputs!$X$26)","v":-25673.525708300003},-88587.241537632537]
["2005-05-23","23:00:00",0,10,9,8,93,{"$f":"Inputs!$X$37*Inputs!$X$32*(E3432-Inputs!$X$26)","v":-41510.78062934654},{"$f":"Inputs!$X$33*C3432*Inputs!$X$38","v":0},{"$f":"params!$C$15*Inputs!$X$29*(E3432-Inputs!$X$26)","v":-4312.557749999999},{"$f":"Inputs!$X$40*Inputs!$X$41/8760","v":5342.4657534246571},{"$f":"-Inputs!$X$45*Inputs!$X$33","v":-30000},1144.6654335441779,7.1067740933079149E-3,6.6092999067763614E-3,{"$f":"-L3432/(1.202*2465560*MAX(0,(Inputs!$X$49-O3432)))","v":2.3064120744721714},{"$f":"params!$C$15*P3432*(E3432-Inputs!$X$26)","v":-33720.855261542711},-104201.7278874646]
["2005-05-24","02:00:00",0,10,10,8,87,{"$f":"Inputs!$X$37*Inputs!$X$32*(E3435-Inputs!$X$26)","v":-38083.284981051875},{"$f":"Inputs!$X$33*C3435*Inputs!$X$38","v":0},{"$f":"params!$C$15*Inputs!$X$29*(E3435-Inputs!$X$26)","v":-3956.474999999999},{"$f":"Inputs!$X$40*Inputs!$X$41/8760","v":5342.4657534246571},{"$f":"-Inputs!$X$45*Inputs!$X$33","v":-30000},1224.2915728566036,7.6071876458255446E-3,6.6182532518682235E-3,{"$f":"-L3435/(1.202*2465560*MAX(0,(Inputs!$X$49-O3435)))","v":2.3111266735347931},{"$f":"params!$C$15*P3435*(E3435-Inputs!$X$26)","v":-30999.802725061472},-97697.096952688691]
["2005-05-24","04:00:00",0,10,9,8,93,{"$f":"Inputs!$X$37*Inputs!$X$32*(E3437-Inputs!$X$26)","v":-41510.78062934654},{"$f":"Inputs!$X$33*C3437*Inputs!$X$38","v":0},{"$f":"params!$C$15*Inputs!$X$29*(E3437-Inputs!$X$26)","v":-4312.557749999999},{"$f":"Inputs!$X$40*Inputs!$X$41/8760","v":5342.4657534246571},{"$f":"-Inputs!$X$45*Inputs!$X$33","v":-30000},1144.6654335441779,7.1067740933079149E-3,6.6092999067763614E-3,{"$f":"-L3437/(1.202*2465560*MAX(0,(Inputs!$X$49-O3437)))","v":2.3064120744721714},{"$f":"params!$C$15*P3437*(E3437-Inputs!$X$26)","v":-33720.855261542711},-104201.7278874646]
["2005-05-24","10:00:00",226,10,9,8,93,{"$f":"Inputs!$X$37*Inputs!$X$32*(E3443-Inputs!$X$26)","v":-41510.78062934654},{"$f":"Inputs!$X$33*C3443*Inputs!$X$38","v":44091.825453599529},{"$f":"params!$C$15*Inputs!$X$29*(E3443-Inputs!$X$26)","v":-4312.557749999999},{"$f":"Inputs!$X$40*Inputs!$X$41/8760","v":5342.4657534246571},{"$f":"-Inputs!$X$45*Inputs!$X$33","v":-30000},1144.6654335441779,7.1067740933079149E-3,6.6092999067763614E-3,{"$f":"-L3443/(1.202*2465560*MAX(0,(Inputs!$X$49-O3443)))","v":2.3064120744721714},{"$f":"params!$C$15*P3443*(E3443-Inputs!$X$26)","v":-33720.855261542711},-60109.902433865063]
["2005-05-24","11:00:00",284,10,11,8,82,{"$f":"Inputs!$X$37*Inputs!$X$32*(E3444-Inputs!$X$26)","v":-34655.789332757202},{"$f":"Inputs!$X$33*C3444*Inputs!$X$38","v":55407.426676204719},{"$f":"params!$C$15*Inputs!$X$29*(E3444-Inputs!$X$26)","v":-3600.392249999999},{"$f":"Inputs!$X$40*Inputs!$X$41/8760","v":5342.4657534246571},{"$f":"-Inputs!$X$45*Inputs!$X$33","v":-30000},1308.7561751391206,8.138879592783612E-3,6.6738812660825618E-3,{"$f":"-L3444/(1.202*2465560*MAX(0,(Inputs!$X$49-O3444)))","v":2.3408563968649196},{"$f":"params!$C$15*P3444*(E3444-Inputs!$X$26)","v":-28572.704162323633},-36078.993315451458]
["2005-05-24","14:00:00",218,10,12,7,71,{"$f":"Inputs!$X$37*Inputs!$X$32*(E3447-Inputs!$X$26)","v":-31228.293684462536},{"$f":"Inputs!$X$33*C3447*Inputs!$X$38","v":42531.052871171225},{"$f":"params!$C$15*Inputs!$X$29*(E3447-Inputs!$X$26)","v":-3244.3094999999989},{"$f":"Inputs!$X$40*Inputs!$X$41/8760","v":5342.4657534246571},{"$f":"-Inputs!$X$45*Inputs!$X$33","v":-30000},1398.3079270856979,8.70357605607666E-3,6.1795389998144292E-3,{"$f":"-L3447/(1.202*2465560*MAX(0,(Inputs!$X$49-O3447)))","v":2.1007143008679954},{"$f":"params!$C$15*P3447*(E3447-Inputs!$X$26)","v":-23105.534766468605},-39704.619326335262]
["2005-05-24","17:00:00",131,10,13,6,62,{"$f":"Inputs!$X$37*Inputs!$X$32*(E3450-Inputs!$X$26)","v":-27800.798036167867},{"$f":"Inputs!$X$33*C3450*Inputs!$X$38","v":25557.651037263448},{"$f":"params!$C$15*Inputs!$X$29*(E3450-Inputs!$X$26)","v":-2888.2267499999994},{"$f":"Inputs!$X$40*Inputs!$X$41/8760","v":5342.4657534246571},{"$f":"-Inputs!$X$45*Inputs!$X$33","v":-30000},1493.2057396927576,9.303089390063848E-3,5.767915421839586E-3,{"$f":"-L3450/(1.202*2465560*MAX(0,(Inputs!$X$49-O3450)))","v":1.9353907638947876},{"$f":"params!$C$15*P3450*(E3450-Inputs!$X$26)","v":-18950.763180351085},-48739.671175830852]
["2005-05-24","21:00:00",0,10,10,6,76,{"$f":"Inputs!$X$37*Inputs!$X$32*(E3454-Inputs!$X$26)","v":-38083.284981051875},{"$f":"Inputs!$X$33*C3454*Inputs!$X$38","v":0},{"$f":"params!$C$15*Inputs!$X$29*(E3454-Inputs!$X$26)","v":-3956.474999999999},{"$f":"Inputs!$X$40*Inputs!$X$41/8760","v":5342.4657534246571},{"$f":"-Inputs!$X$45*Inputs!$X$33","v":-30000},1224.2915728566036,7.6071876458255446E-3,5.7814626108274141E-3,{"$f":"-L3454/(1.202*2465560*MAX(0,(Inputs!$X$49-O3454)))","v":1.940416638306018},{"$f":"params!$C$15*P3454*(E3454-Inputs!$X$26)","v":-26027.363052286604},-92724.657279913823]
["2005-05-24",1,0,10,9,7,87,{"$f":"Inputs!$X$37*Inputs!$X$32*(E3457-Inputs!$X$26)","v":-41510.78062934654},{"$f":"Inputs!$X$33*C3457*Inputs!$X$38","v":0},{"$f":"params!$C$15*Inputs!$X$29*(E3457-Inputs!$X$26)","v":-4312.557749999999},{"$f":"Inputs!$X$40*Inputs!$X$41/8760","v":5342.4657534246571},{"$f":"-Inputs!$X$45*Inputs!$X$33","v":-30000},1144.6654335441779,7.1067740933079149E-3,6.1828934611778859E-3,{"$f":"-L3457/(1.202*2465560*MAX(0,(Inputs!$X$49-O3457)))","v":2.1021776838359103},{"$f":"params!$C$15*P3457*(E3457-Inputs!$X$26)","v":-30734.85011428349},-101215.72274020537]
["2005-05-25","03:00:00",0,10,8,8,100,{"$f":"Inputs!$X$37*Inputs!$X$32*(E3460-Inputs!$X$26)","v":-44938.276277641213},{"$f":"Inputs!$X$33*C3460*Inputs!$X$38","v":0},{"$f":"params!$C$15*Inputs!$X$29*(E3460-Inputs!$X$26)","v":-4668.6404999999986},{"$f":"Inputs!$X$40*Inputs!$X$41/8760","v":5342.4657534246571},{"$f":"-Inputs!$X$45*Inputs!$X$33","v":-30000},1069.6390010481693,6.6359949158119932E-3,6.6359949158119932E-3,{"$f":"-L3460/(1.202*2465560*MAX(0,(Inputs!$X$49-O3460)))","v":2.3205261432484754},{"$f":"params!$C$15*P3460*(E3460-Inputs!$X$26)","v":-36728.538989103428},-110992.99001331998]
["2005-05-25","05:00:00",0,10,8,8,100,{"$f":"Inputs!$X$37*Inputs!$X$32*(E3462-Inputs!$X$26)","v":-44938.276277641213},{"$f":"Inputs!$X$33*C3462*Inputs!$X$38","v":0},{"$f":"params!$C$15*Inputs!$X$29*(E3462-Inputs!$X$26)","v":-4668.6404999999986},{"$f":"Inputs!$X$40*Inputs!$X$41/8760","v":5342.4657534246571},{"$f":"-Inputs!$X$45*Inputs!$X$33","v":-30000},1069.6390010481693,6.6359949158119932E-3,6.6359949158119932E-3,{"$f":"-L3462/(1.202*2465560*MAX(0,(Inputs!$X$49-O3462)))","v":2.3205261432484754},{"$f":"params!$C$15*P3462*(E3462-Inputs!$X$26)","v":-36728.538989103428},-110992.99001331998]
["2005-05-25","11:00:00",234,9,15,9,67,{"$f":"Inputs!$X$37*Inputs!$X$32*(E3468-Inputs!$X$26)","v":-20945.806739578529},{"$f":"Inputs!$X$33*C3468*Inputs!$X$38","v":45652.598036027834},{"$f":"params!$C$15*Inputs!$X$29*(E3468-Inputs!$X$26)","v":-2176.0612499999993},{"$f":"Inputs!$X$40*Inputs!$X$41/8760","v":5342.4657534246571},{"$f":"-Inputs!$X$45*Inputs!$X$33","v":-30000},1700.1281023555496,1.0614273895273205E-2,7.1115635098330477E-3,{"$f":"-L3468/(1.202*2465560*MAX(0,(Inputs!$X$49-O3468)))","v":2.6044592155804733},{"$f":"params!$C$15*P3468*(E3468-Inputs!$X$26)","v":-19213.89577955825},-21340.699979684287]
["2005-05-25","12:00:00",449,9,16,9,63,{"$f":"Inputs!$X$37*Inputs!$X$32*(E3469-Inputs!$X$26)","v":-17518.31109128386},{"$f":"Inputs!$X$33*C3469*Inputs!$X$38","v":87598.361188788447},{"$f":"params!$C$15*Inputs!$X$29*(E3469-Inputs!$X$26)","v":-1819.9784999999995},{"$f":"Inputs!$X$40*Inputs!$X$41/8760","v":5342.4657534246571},{"$f":"-Inputs!$X$45*Inputs!$X$33","v":-30000},1812.7242941450775,1.1330041931761578E-2,7.1379264170097941E-3,{"$f":"-L3469/(1.202*2465560*MAX(0,(Inputs!$X$49-O3469)))","v":2.6222454078872195},{"$f":"params!$C$15*P3469*(E3469-Inputs!$X$26)","v":-16179.546532497779},27422.990818431463]
["2005-05-25","15:00:00",133,10,16,8,59,{"$f":"Inputs!$X$37*Inputs!$X$32*(E3472-Inputs!$X$26)","v":-17518.31109128386},{"$f":"Inputs!$X$33*C3472*Inputs!$X$38","v":25947.844182870518},{"$f":"params!$C$15*Inputs!$X$29*(E3472-Inputs!$X$26)","v":-1819.9784999999995},{"$f":"Inputs!$X$40*Inputs!$X$41/8760","v":5342.4657534246571},{"$f":"-Inputs!$X$45*Inputs!$X$33","v":-30000},1812.7242941450775,1.1330041931761578E-2,6.6847247397393318E-3,{"$f":"-L3472/(1.202*2465560*MAX(0,(Inputs!$X$49-O3472)))","v":2.3467408637772107},{"$f":"params!$C$15*P3472*(E3472-Inputs!$X$26)","v":-14479.652778108873},-32527.632433097559]
["2005-05-25","18:00:00",61,10,16,6,51,{"$f":"Inputs!$X$37*Inputs!$X$32*(E3475-Inputs!$X$26)","v":-17518.31109128386},{"$f":"Inputs!$X$33*C3475*Inputs!$X$38","v":11900.890941015801},{"$f":"params!$C$15*Inputs!$X$29*(E3475-Inputs!$X$26)","v":-1819.9784999999995},{"$f":"Inputs!$X$40*Inputs!$X$41/8760","v":5342.4657534246571},{"$f":"-Inputs!$X$45*Inputs!$X$33","v":-30000},1812.7242941450775,1.1330041931761578E-2,5.7783213851984047E-3,{"$f":"-L3475/(1.202*2465560*MAX(0,(Inputs!$X$49-O3475)))","v":1.9392489512234552},{"$f":"params!$C$15*P3475*(E3475-Inputs!$X$26)","v":-11965.382244561784},-44060.315141405183]
["2005-05-25","22:00:00",0,6,7,6,93,{"$f":"Inputs!$X$37*Inputs!$X$32*(E3479-Inputs!$X$26)","v":-48365.771925935878},{"$f":"Inputs!$X$33*C3479*Inputs!$X$38","v":0},{"$f":"params!$C$15*Inputs!$X$29*(E3479-Inputs!$X$26)","v":-5024.7232499999991},{"$f":"Inputs!$X$40*Inputs!$X$41/8760","v":5342.4657534246571},{"$f":"-Inputs!$X$45*Inputs!$X$33","v":-30000},998.98316002102877,6.193284308903993E-3,5.7597544072807141E-3,{"$f":"-L3479/(1.202*2465560*MAX(0,(Inputs!$X$49-O3479)))","v":1.9323756538847421},{"$f":"params!$C$15*P3479*(E3479-Inputs!$X$26)","v":-32917.773927678572},-110965.8033501898]
["2005-05-26","01:00:00",0,8,7,7,100,{"$f":"Inputs!$X$37*Inputs!$X$32*(E3482-Inputs!$X$26)","v":-48365.771925935878},{"$f":"Inputs!$X$33*C3482*Inputs!$X$38","v":0},{"$f":"params!$C$15*Inputs!$X$29*(E3482-Inputs!$X$26)","v":-5024.7232499999991},{"$f":"Inputs!$X$40*Inputs!$X$41/8760","v":5342.4657534246571},{"$f":"-Inputs!$X$45*Inputs!$X$33","v":-30000},998.98316002102877,6.193284308903993E-3,6.1932843089039921E-3,{"$f":"-L3482/(1.202*2465560*MAX(0,(Inputs!$X$49-O3482)))","v":2.1067236558976616},{"$f":"params!$C$15*P3482*(E3482-Inputs!$X$26)","v":-35887.770006580758},-113935.79942909199]
["2005-05-26","05:00:00",0,3,6,6,100,{"$f":"Inputs!$X$37*Inputs!$X$32*(E3486-Inputs!$X$26)","v":-51793.267574230544},{"$f":"Inputs!$X$33*C3486*Inputs!$X$38","v":0},{"$f":"params!$C$15*Inputs!$X$29*(E3486-Inputs!$X$26)","v":-5380.8059999999987},{"$f":"Inputs!$X$40*Inputs!$X$41/8760","v":5342.4657534246571},{"$f":"-Inputs!$X$45*Inputs!$X$33","v":-30000},932.4781503104233,5.7771510192606073E-3,5.7771510192606065E-3,{"$f":"-L3486/(1.202*2465560*MAX(0,(Inputs!$X$49-O3486)))","v":1.9388142506324},{"$f":"params!$C$15*P3486*(E3486-Inputs!$X$26)","v":-35367.982884977486},-117199.59070578337]
["2005-05-26","06:00:00",100,0,9,7,87,{"$f":"Inputs!$X$37*Inputs!$X$32*(E3487-Inputs!$X$26)","v":-41510.78062934654},{"$f":"Inputs!$X$33*C3487*Inputs!$X$38","v":19509.657280353775},{"$f":"params!$C$15*Inputs!$X$29*(E3487-Inputs!$X$26)","v":-4312.557749999999},{"$f":"Inputs!$X$40*Inputs!$X$41/8760","v":5342.4657534246571},{"$f":"-Inputs!$X$45*Inputs!$X$33","v":-30000},1144.6654335441779,7.1067740933079149E-3,6.1828934611778859E-3,{"$f":"-L3487/(1.202*2465560*MAX(0,(Inputs!$X$49-O3487)))","v":2.1021776838359103},{"$f":"params!$C$15*P3487*(E3487-Inputs!$X$26)","v":-30734.85011428349},-81706.065459851598]
["2005-05-26","12:00:00",964,3,21,2,28,{"$f":"Inputs!$X$37*Inputs!$X$32*(E3493-Inputs!$X$26)","v":-380.83284981051736},{"$f":"Inputs!$X$33*C3493*Inputs!$X$38","v":188073.09618261037},{"$f":"params!$C$15*Inputs!$X$29*(E3493-Inputs!$X$26)","v":-39.564749999999847},{"$f":"Inputs!$X$40*Inputs!$X$41/8760","v":5342.4657534246571},{"$f":"-Inputs!$X$45*Inputs!$X$33","v":-30000},2479.5289798458998,1.5602307510579843E-2,4.368646102962356E-3,{"$f":"-L3493/(1.202*2465560*MAX(0,(Inputs!$X$49-O3493)))","v":1.5269021385465331},{"$f":"params!$C$15*P3493*(E3493-Inputs!$X$26)","v":-204.8077486078318},162790.3565876167]
["2005-05-26","13:00:00",968,2,22,3,29,{"$f":"Inputs!$X$37*Inputs!$X$32*(E3494-Inputs!$X$26)","v":3046.6627984841512},{"$f":"Inputs!$X$33*C3494*Inputs!$X$38","v":188853.48247382452},{"$f":"params!$C$15*Inputs!$X$29*(E3494-Inputs!$X$26)","v":316.51800000000009},{"$f":"Inputs!$X$40*Inputs!$X$41/8760","v":5342.4657534246571},{"$f":"-Inputs!$X$45*Inputs!$X$33","v":-30000},2636.0296246790026,1.6613383438113645E-2,4.8178811970529568E-3,{"$f":"-L3494/(1.202*2465560*MAX(0,(Inputs!$X$49-O3494)))","v":1.6378880579964219},{"$f":"params!$C$15*P3494*(E3494-Inputs!$X$26)","v":1757.5568579619446},169316.68588369529]
["2005-05-26","16:00:00",638,5,22,6,35,{"$f":"Inputs!$X$37*Inputs!$X$32*(E3497-Inputs!$X$26)","v":3046.6627984841512},{"$f":"Inputs!$X$33*C3497*Inputs!$X$38","v":124471.61344865708},{"$f":"params!$C$15*Inputs!$X$29*(E3497-Inputs!$X$26)","v":316.51800000000009},{"$f":"Inputs!$X$40*Inputs!$X$41/8760","v":5342.4657534246571},{"$f":"-Inputs!$X$45*Inputs!$X$33","v":-30000},2636.0296246790026,1.6613383438113645E-2,5.8146842033397761E-3,{"$f":"-L3497/(1.202*2465560*MAX(0,(Inputs!$X$49-O3497)))","v":1.9528527243259099},{"$f":"params!$C$15*P3497*(E3497-Inputs!$X$26)","v":2095.533746321611},105272.79374688749]
["2005-05-26","19:00:00",104,9,20,6,40,{"$f":"Inputs!$X$37*Inputs!$X$32*(E3500-Inputs!$X$26)","v":-3808.3284981051861},{"$f":"Inputs!$X$33*C3500*Inputs!$X$38","v":20290.043571567923},{"$f":"params!$C$15*Inputs!$X$29*(E3500-Inputs!$X$26)","v":-395.64749999999975},{"$f":"Inputs!$X$40*Inputs!$X$41/8760","v":5342.4657534246571},{"$f":"-Inputs!$X$45*Inputs!$X$33","v":-30000},2331.2150168593957,1.4647072201887702E-2,5.8588288807550799E-3,{"$f":"-L3500/(1.202*2465560*MAX(0,(Inputs!$X$49-O3500)))","v":1.9696264873879428},{"$f":"params!$C$15*P3500*(E3500-Inputs!$X$26)","v":-2641.9163107877471},-11213.382983900352]
["2005-05-26","23:00:00",0,1,11,7,76,{"$f":"Inputs!$X$37*Inputs!$X$32*(E3504-Inputs!$X$26)","v":-34655.789332757202},{"$f":"Inputs!$X$33*C3504*Inputs!$X$38","v":0},{"$f":"params!$C$15*Inputs!$X$29*(E3504-Inputs!$X$26)","v":-3600.392249999999},{"$f":"Inputs!$X$40*Inputs!$X$41/8760","v":5342.4657534246571},{"$f":"-Inputs!$X$45*Inputs!$X$33","v":-30000},1308.7561751391206,8.138879592783612E-3,6.1855484905155456E-3,{"$f":"-L3504/(1.202*2465560*MAX(0,(Inputs!$X$49-O3504)))","v":2.1033373860215914},{"$f":"params!$C$15*P3504*(E3504-Inputs!$X$26)","v":-25673.525708300003},-88587.241537632537]
["2005-05-27","02:00:00",0,0,7,6,93,{"$f":"Inputs!$X$37*Inputs!$X$32*(E3507-Inputs!$X$26)","v":-48365.771925935878},{"$f":"Inputs!$X$33*C3507*Inputs!$X$38","v":0},{"$f":"params!$C$15*Inputs!$X$29*(E3507-Inputs!$X$26)","v":-5024.7232499999991},{"$f":"Inputs!$X$40*Inputs!$X$41/8760","v":5342.4657534246571},{"$f":"-Inputs!$X$45*Inputs!$X$33","v":-30000},998.98316002102877,6.193284308903993E-3,5.7597544072807141E-3,{"$f":"-L3507/(1.202*2465560*MAX(0,(Inputs!$X$49-O3507)))","v":1.9323756538847421},{"$f":"params!$C$15*P3507*(E3507-Inputs!$X$26)","v":-32917.773927678572},-110965.8033501898]
["2005-05-27","07:00:00",238,3,10,7,82,{"$f":"Inputs!$X$37*Inputs!$X$32*(E3512-Inputs!$X$26)","v":-38083.284981051875},{"$f":"Inputs!$X$33*C3512*Inputs!$X$38","v":46432.984327241975},{"$f":"params!$C$15*Inputs!$X$29*(E3512-Inputs!$X$26)","v":-3956.474999999999},{"$f":"Inputs!$X$40*Inputs!$X$41/8760","v":5342.4657534246571},{"$f":"-Inputs!$X$45*Inputs!$X$33","v":-30000},1224.2915728566036,7.6071876458255446E-3,6.2378938695769473E-3,{"$f":"-L3512/(1.202*2465560*MAX(0,(Inputs!$X$49-O3512)))","v":2.1264657261926594},{"$f":"params!$C$15*P3512*(E3512-Inputs!$X$26)","v":-28522.892651640985},-48787.202552026225]
["2005-05-27","10:00:00",748,8,19,9,52,{"$f":"Inputs!$X$37*Inputs!$X$32*(E3515-Inputs!$X$26)","v":-7235.8241463998547},{"$f":"Inputs!$X$33*C3515*Inputs!$X$38","v":145932.23645704621},{"$f":"params!$C$15*Inputs!$X$29*(E3515-Inputs!$X$26)","v":-751.73024999999973},{"$f":"Inputs!$X$40*Inputs!$X$41/8760","v":5342.4657534246571},{"$f":"-Inputs!$X$45*Inputs!$X$33","v":-30000},2190.7229749852513,1.3744851093608144E-2,7.1473225686762357E-3,{"$f":"-L3515/(1.202*2465560*MAX(0,(Inputs!$X$49-O3515)))","v":2.6286435493645306},{"$f":"params!$C$15*P3515*(E3515-Inputs!$X$26)","v":-6699.1619955789592},106587.98581849204]
["2005-05-27","13:00:00",185,9,19,11,60,{"$f":"Inputs!$X$37*Inputs!$X$32*(E3518-Inputs!$X$26)","v":-7235.8241463998547},{"$f":"Inputs!$X$33*C3518*Inputs!$X$38","v":36092.865968654485},{"$f":"params!$C$15*Inputs!$X$29*(E3518-Inputs!$X$26)","v":-751.73024999999973},{"$f":"Inputs!$X$40*Inputs!$X$41/8760","v":5342.4657534246571},{"$f":"-Inputs!$X$45*Inputs!$X$33","v":-30000},2190.7229749852513,1.3744851093608144E-2,8.246910656164886E-3,{"$f":"-L3518/(1.202*2465560*MAX(0,(Inputs!$X$49-O3518)))","v":3.6791814337179582},{"$f":"params!$C$15*P3518*(E3518-Inputs!$X$26)","v":-9376.4833355064529},-5928.7060098271668]
["2005-05-27","14:00:00",141,9,16,13,82,{"$f":"Inputs!$X$37*Inputs!$X$32*(E3519-Inputs!$X$26)","v":-17518.31109128386},{"$f":"Inputs!$X$33*C3519*Inputs!$X$38","v":27508.616765298822},{"$f":"params!$C$15*Inputs!$X$29*(E3519-Inputs!$X$26)","v":-1819.9784999999995},{"$f":"Inputs!$X$40*Inputs!$X$41/8760","v":5342.4657534246571},{"$f":"-Inputs!$X$45*Inputs!$X$33","v":-30000},1812.7242941450775,1.1330041931761578E-2,9.2906343840444931E-3,{"$f":"-L3519/(1.202*2465560*MAX(0,(Inputs!$X$49-O3519)))","v":5.9279109581061871},{"$f":"params!$C$15*P3519*(E3519-Inputs!$X$26)","v":-36575.871540741617},-53063.078613302001]
["2005-05-27","17:00:00",305,9,17,13,77,{"$f":"Inputs!$X$37*Inputs!$X$32*(E3522-Inputs!$X$26)","v":-14090.815442989191},{"$f":"Inputs!$X$33*C3522*Inputs!$X$38","v":59504.454705079006},{"$f":"params!$C$15*Inputs!$X$29*(E3522-Inputs!$X$26)","v":-1463.8957499999995},{"$f":"Inputs!$X$40*Inputs!$X$41/8760","v":5342.4657534246571},{"$f":"-Inputs!$X$45*Inputs!$X$33","v":-30000},1931.8104441244629,1.2088830888770941E-2,9.3083997843536256E-3,{"$f":"-L3522/(1.202*2465560*MAX(0,(Inputs!$X$49-O3522)))","v":5.9902297372750404},{"$f":"params!$C$15*P3522*(E3522-Inputs!$X$26)","v":-29729.005612766196},-10436.796347251722]
["2005-05-27","21:00:00",0,0,10,10,100,{"$f":"Inputs!$X$37*Inputs!$X$32*(E3526-Inputs!$X$26)","v":-38083.284981051875},{"$f":"Inputs!$X$33*C3526*Inputs!$X$38","v":0},{"$f":"params!$C$15*Inputs!$X$29*(E3526-Inputs!$X$26)","v":-3956.474999999999},{"$f":"Inputs!$X$40*Inputs!$X$41/8760","v":5342.4657534246571},{"$f":"-Inputs!$X$45*Inputs!$X$33","v":-30000},1224.2915728566036,7.6071876458255446E-3,7.6071876458255446E-3,{"$f":"-L3526/(1.202*2465560*MAX(0,(Inputs!$X$49-O3526)))","v":2.9851124184446114},{"$f":"params!$C$15*P3526*(E3526-Inputs!$X$26)","v":-40040.166185430418},-106737.46041305765]
["2005-05-27",1,0,10,9,9,100,{"$f":"Inputs!$X$37*Inputs!$X$32*(E3529-Inputs!$X$26)","v":-41510.78062934654},{"$f":"Inputs!$X$33*C3529*Inputs!$X$38","v":0},{"$f":"params!$C$15*Inputs!$X$29*(E3529-Inputs!$X$26)","v":-4312.557749999999},{"$f":"Inputs!$X$40*Inputs!$X$41/8760","v":5342.4657534246571},{"$f":"-Inputs!$X$45*Inputs!$X$33","v":-30000},1144.6654335441779,7.1067740933079149E-3,7.1067740933079149E-3,{"$f":"-L3529/(1.202*2465560*MAX(0,(Inputs!$X$49-O3529)))","v":2.6012538195935639},{"$f":"params!$C$15*P3529*(E3529-Inputs!$X$26)","v":-38031.583566489899},-108512.45619241177]
["2005-05-28","03:00:00",0,10,8,8,100,{"$f":"Inputs!$X$37*Inputs!$X$32*(E3532-Inputs!$X$26)","v":-44938.276277641213},{"$f":"Inputs!$X$33*C3532*Inputs!$X$38","v":0},{"$f":"params!$C$15*Inputs!$X$29*(E3532-Inputs!$X$26)","v":-4668.6404999999986},{"$f":"Inputs!$X$40*Inputs!$X$41/8760","v":5342.4657534246571},{"$f":"-Inputs!$X$45*Inputs!$X$33","v":-30000},1069.6390010481693,6.6359949158119932E-3,6.6359949158119932E-3,{"$f":"-L3532/(1.202*2465560*MAX(0,(Inputs!$X$49-O3532)))","v":2.3205261432484754},{"$f":"params!$C$15*P3532*(E3532-Inputs!$X$26)","v":-36728.538989103428},-110992.99001331998]
["2005-05-28","08:00:00",270,10,13,11,88,{"$f":"Inputs!$X$37*Inputs!$X$32*(E3537-Inputs!$X$26)","v":-27800.798036167867},{"$f":"Inputs!$X$33*C3537*Inputs!$X$38","v":52676.074656955192},{"$f":"params!$C$15*Inputs!$X$29*(E3537-Inputs!$X$26)","v":-2888.2267499999994},{"$f":"Inputs!$X$40*Inputs!$X$41/8760","v":5342.4657534246571},{"$f":"-Inputs!$X$45*Inputs!$X$33","v":-30000},1493.2057396927576,9.303089390063848E-3,8.1867186632561869E-3,{"$f":"-L3537/(1.202*2465560*MAX(0,(Inputs!$X$49-O3537)))","v":3.6004149829301779},{"$f":"params!$C$15*P3537*(E3537-Inputs!$X$26)","v":-35254.178621370527},-37924.662997158543]
["2005-05-28","11:00:00",475,9,19,9,52,{"$f":"Inputs!$X$37*Inputs!$X$32*(E3540-Inputs!$X$26)","v":-7235.8241463998547},{"$f":"Inputs!$X$33*C3540*Inputs!$X$38","v":92670.872081680427},{"$f":"params!$C$15*Inputs!$X$29*(E3540-Inputs!$X$26)","v":-751.73024999999973},{"$f":"Inputs!$X$40*Inputs!$X$41/8760","v":5342.4657534246571},{"$f":"-Inputs!$X$45*Inputs!$X$33","v":-30000},2190.7229749852513,1.3744851093608144E-2,7.1473225686762357E-3,{"$f":"-L3540/(1.202*2465560*MAX(0,(Inputs!$X$49-O3540)))","v":2.6286435493645306},{"$f":"params!$C$15*P3540*(E3540-Inputs!$X$26)","v":-6699.1619955789592},53326.621443126271]
["2005-05-28","14:00:00",212,5,16,12,77,{"$f":"Inputs!$X$37*Inputs!$X$32*(E3543-Inputs!$X$26)","v":-17518.31109128386},{"$f":"Inputs!$X$33*C3543*Inputs!$X$38","v":41360.473434350002},{"$f":"params!$C$15*Inputs!$X$29*(E3543-Inputs!$X$26)","v":-1819.9784999999995},{"$f":"Inputs!$X$40*Inputs!$X$41/8760","v":5342.4657534246571},{"$f":"-Inputs!$X$45*Inputs!$X$33","v":-30000},1812.7242941450775,1.1330041931761578E-2,8.7241322874564153E-3,{"$f":"-L3543/(1.202*2465560*MAX(0,(Inputs!$X$49-O3543)))","v":4.451241891749449},{"$f":"params!$C$15*P3543*(E3543-Inputs!$X$26)","v":-27464.658760901577},-30100.009164410778]
["2005-05-28","15:00:00",196,10,14,11,82,{"$f":"Inputs!$X$37*Inputs!$X$32*(E3544-Inputs!$X$26)","v":-24373.302387873198},{"$f":"Inputs!$X$33*C3544*Inputs!$X$38","v":38238.928269493394},{"$f":"params!$C$15*Inputs!$X$29*(E3544-Inputs!$X$26)","v":-2532.1439999999993},{"$f":"Inputs!$X$40*Inputs!$X$41/8760","v":5342.4657534246571},{"$f":"-Inputs!$X$45*Inputs!$X$33","v":-30000},1593.7190459500907,9.939322574797271E-3,8.150244511333761E-3,{"$f":"-L3544/(1.202*2465560*MAX(0,(Inputs!$X$49-O3544)))","v":3.554305389619338},{"$f":"params!$C$15*P3544*(E3544-Inputs!$X$26)","v":-30511.94509816842},-43835.997463123567]
["2005-05-28","18:00:00",77,9,14,11,82,{"$f":"Inputs!$X$37*Inputs!$X$32*(E3547-Inputs!$X$26)","v":-24373.302387873198},{"$f":"Inputs!$X$33*C3547*Inputs!$X$38","v":15022.436105872406},{"$f":"params!$C$15*Inputs!$X$29*(E3547-Inputs!$X$26)","v":-2532.1439999999993},{"$f":"Inputs!$X$40*Inputs!$X$41/8760","v":5342.4657534246571},{"$f":"-Inputs!$X$45*Inputs!$X$33","v":-30000},1593.7190459500907,9.939322574797271E-3,8.150244511333761E-3,{"$f":"-L3547/(1.202*2465560*MAX(0,(Inputs!$X$49-O3547)))","v":3.554305389619338},{"$f":"params!$C$15*P3547*(E3547-Inputs!$X$26)","v":-30511.94509816842},-67052.489626744558]
["2005-05-28","22:00:00",0,0,9,9,100,{"$f":"Inputs!$X$37*Inputs!$X$32*(E3551-Inputs!$X$26)","v":-41510.78062934654},{"$f":"Inputs!$X$33*C3551*Inputs!$X$38","v":0},{"$f":"params!$C$15*Inputs!$X$29*(E3551-Inputs!$X$26)","v":-4312.557749999999},{"$f":"Inputs!$X$40*Inputs!$X$41/8760","v":5342.4657534246571},{"$f":"-Inputs!$X$45*Inputs!$X$33","v":-30000},1144.6654335441779,7.1067740933079149E-3,7.1067740933079149E-3,{"$f":"-L3551/(1.202*2465560*MAX(0,(Inputs!$X$49-O3551)))","v":2.6012538195935639},{"$f":"params!$C$15*P3551*(E3551-Inputs!$X$26)","v":-38031.583566489899},-108512.45619241177]
["2005-05-29","01:00:00",0,10,7,7,100,{"$f":"Inputs!$X$37*Inputs!$X$32*(E3554-Inputs!$X$26)","v":-48365.771925935878},{"$f":"Inputs!$X$33*C3554*Inputs!$X$38","v":0},{"$f":"params!$C$15*Inputs!$X$29*(E3554-Inputs!$X$26)","v":-5024.7232499999991},{"$f":"Inputs!$X$40*Inputs!$X$41/8760","v":5342.4657534246571},{"$f":"-Inputs!$X$45*Inputs!$X$33","v":-30000},998.98316002102877,6.193284308903993E-3,6.1932843089039921E-3,{"$f":"-L3554/(1.202*2465560*MAX(0,(Inputs!$X$49-O3554)))","v":2.1067236558976616},{"$f":"params!$C$15*P3554*(E3554-Inputs!$X$26)","v":-35887.770006580758},-113935.79942909199]
["2005-05-29","04:00:00",0,10,8,8,100,{"$f":"Inputs!$X$37*Inputs!$X$32*(E3557-Inputs!$X$26)","v":-44938.276277641213},{"$f":"Inputs!$X$33*C3557*Inputs!$X$38","v":0},{"$f":"params!$C$15*Inputs!$X$29*(E3557-Inputs!$X$26)","v":-4668.6404999999986},{"$f":"Inputs!$X$40*Inputs!$X$41/8760","v":5342.4657534246571},{"$f":"-Inputs!$X$45*Inputs!$X$33","v":-30000},1069.6390010481693,6.6359949158119932E-3,6.6359949158119932E-3,{"$f":"-L3557/(1.202*2465560*MAX(0,(Inputs!$X$49-O3557)))","v":2.3205261432484754},{"$f":"params!$C$15*P3557*(E3557-Inputs!$X$26)","v":-36728.538989103428},-110992.99001331998]
["2005-05-29","09:00:00",620,0,14,11,82,{"$f":"Inputs!$X$37*Inputs!$X$32*(E3562-Inputs!$X$26)","v":-24373.302387873198},{"$f":"Inputs!$X$33*C3562*Inputs!$X$38","v":120959.8751381934},{"$f":"params!$C$15*Inputs!$X$29*(E3562-Inputs!$X$26)","v":-2532.1439999999993},{"$f":"Inputs!$X$40*Inputs!$X$41/8760","v":5342.4657534246571},{"$f":"-Inputs!$X$45*Inputs!$X$33","v":-30000},1593.7190459500907,9.939322574797271E-3,8.150244511333761E-3,{"$f":"-L3562/(1.202*2465560*MAX(0,(Inputs!$X$49-O3562)))","v":3.554305389619338},{"$f":"params!$C$15*P3562*(E3562-Inputs!$X$26)","v":-30511.94509816842},38884.949405576423]
["2005-05-29","12:00:00",509,8,18,6,45,{"$f":"Inputs!$X$37*Inputs!$X$32*(E3565-Inputs!$X$26)","v":-10663.319794694524},{"$f":"Inputs!$X$33*C3565*Inputs!$X$38","v":99304.155557000719},{"$f":"params!$C$15*Inputs!$X$29*(E3565-Inputs!$X$26)","v":-1107.8129999999996},{"$f":"Inputs!$X$40*Inputs!$X$41/8760","v":5342.4657534246571},{"$f":"-Inputs!$X$45*Inputs!$X$33","v":-30000},2057.7011249857014,1.2892956292988709E-2,5.8018303318449196E-3,{"$f":"-L3565/(1.202*2465560*MAX(0,(Inputs!$X$49-O3565)))","v":1.9480221793332801},{"$f":"params!$C$15*P3565*(E3565-Inputs!$X$26)","v":-7316.2259374921832},55559.26257823866]
["2005-05-29","15:00:00",653,8,19,7,46,{"$f":"Inputs!$X$37*Inputs!$X$32*(E3568-Inputs!$X$26)","v":-7235.8241463998547},{"$f":"Inputs!$X$33*C3568*Inputs!$X$38","v":127398.06204071015},{"$f":"params!$C$15*Inputs!$X$29*(E3568-Inputs!$X$26)","v":-751.73024999999973},{"$f":"Inputs!$X$40*Inputs!$X$41/8760","v":5342.4657534246571},{"$f":"-Inputs!$X$45*Inputs!$X$33","v":-30000},2190.7229749852513,1.3744851093608144E-2,6.3226315030597471E-3,{"$f":"-L3568/(1.202*2465560*MAX(0,(Inputs!$X$49-O3568)))","v":2.165003995663124},{"$f":"params!$C$15*P3568*(E3568-Inputs!$X$26)","v":-5517.5653205354665},89235.408077199492]
["2005-05-29","16:00:00",147,8,18,8,52,{"$f":"Inputs!$X$37*Inputs!$X$32*(E3569-Inputs!$X$26)","v":-10663.319794694524},{"$f":"Inputs!$X$33*C3569*Inputs!$X$38","v":28679.196202120049},{"$f":"params!$C$15*Inputs!$X$29*(E3569-Inputs!$X$26)","v":-1107.8129999999996},{"$f":"Inputs!$X$40*Inputs!$X$41/8760","v":5342.4657534246571},{"$f":"-Inputs!$X$45*Inputs!$X$33","v":-30000},2057.7011249857014,1.2892956292988709E-2,6.7043372723541283E-3,{"$f":"-L3569/(1.202*2465560*MAX(0,(Inputs!$X$49-O3569)))","v":2.3574595573205088},{"$f":"params!$C$15*P3569*(E3569-Inputs!$X$26)","v":-8853.9581031671078},-16603.428942316925]
["2005-05-29","19:00:00",97,4,18,6,45,{"$f":"Inputs!$X$37*Inputs!$X$32*(E3572-Inputs!$X$26)","v":-10663.319794694524},{"$f":"Inputs!$X$33*C3572*Inputs!$X$38","v":18924.36756194316},{"$f":"params!$C$15*Inputs!$X$29*(E3572-Inputs!$X$26)","v":-1107.8129999999996},{"$f":"Inputs!$X$40*Inputs!$X$41/8760","v":5342.4657534246571},{"$f":"-Inputs!$X$45*Inputs!$X$33","v":-30000},2057.7011249857014,1.2892956292988709E-2,5.8018303318449196E-3,{"$f":"-L3572/(1.202*2465560*MAX(0,(Inputs!$X$49-O3572)))","v":1.9480221793332801},{"$f":"params!$C$15*P3572*(E3572-Inputs!$X$26)","v":-7316.2259374921832},-24820.525416818891]
["2005-05-29","23:00:00",0,0,8,6,87,{"$f":"Inputs!$X$37*Inputs!$X$32*(E3576-Inputs!$X$26)","v":-44938.276277641213},{"$f":"Inputs!$X$33*C3576*Inputs!$X$38","v":0},{"$f":"params!$C$15*Inputs!$X$29*(E3576-Inputs!$X$26)","v":-4668.6404999999986},{"$f":"Inputs!$X$40*Inputs!$X$41/8760","v":5342.4657534246571},{"$f":"-Inputs!$X$45*Inputs!$X$33","v":-30000},1069.6390010481693,6.6359949158119932E-3,5.7733155767564336E-3,{"$f":"-L3576/(1.202*2465560*MAX(0,(Inputs!$X$49-O3576)))","v":1.937391044663465},{"$f":"params!$C$15*P3576*(E3576-Inputs!$X$26)","v":-30664.400281847007},-104928.85130606356]
["2005-05-30","02:00:00",0,0,4,4,100,{"$f":"Inputs!$X$37*Inputs!$X$32*(E3579-Inputs!$X$26)","v":-58648.258870819882},{"$f":"Inputs!$X$33*C3579*Inputs!$X$38","v":0},{"$f":"params!$C$15*Inputs!$X$29*(E3579-Inputs!$X$26)","v":-6092.9714999999987},{"$f":"Inputs!$X$40*Inputs!$X$41/8760","v":5342.4657534246571},{"$f":"-Inputs!$X$45*Inputs!$X$33","v":-30000},811.08667612094962,5.0190035800134264E-3,5.0190035800134255E-3,{"$f":"-L3579/(1.202*2465560*MAX(0,(Inputs!$X$49-O3579)))","v":1.6929809384464098},{"$f":"params!$C$15*P3579*(E3579-Inputs!$X$26)","v":-34970.993409219802},-124369.75802661502]
["2005-05-30","06:00:00",96,2,8,7,93,{"$f":"Inputs!$X$37*Inputs!$X$32*(E3583-Inputs!$X$26)","v":-44938.276277641213},{"$f":"Inputs!$X$33*C3583*Inputs!$X$38","v":18729.270989139623},{"$f":"params!$C$15*Inputs!$X$29*(E3583-Inputs!$X$26)","v":-4668.6404999999986},{"$f":"Inputs!$X$40*Inputs!$X$41/8760","v":5342.4657534246571},{"$f":"-Inputs!$X$45*Inputs!$X$33","v":-30000},1069.6390010481693,6.6359949158119932E-3,6.1714752717051532E-3,{"$f":"-L3583/(1.202*2465560*MAX(0,(Inputs!$X$49-O3583)))","v":2.0972048230295028},{"$f":"params!$C$15*P3583*(E3583-Inputs!$X$26)","v":-33193.881195815942},-88729.061230892868]
["2005-05-30","10:00:00",283,8,16,9,63,{"$f":"Inputs!$X$37*Inputs!$X$32*(E3587-Inputs!$X$26)","v":-17518.31109128386},{"$f":"Inputs!$X$33*C3587*Inputs!$X$38","v":55212.330103401182},{"$f":"params!$C$15*Inputs!$X$29*(E3587-Inputs!$X$26)","v":-1819.9784999999995},{"$f":"Inputs!$X$40*Inputs!$X$41/8760","v":5342.4657534246571},{"$f":"-Inputs!$X$45*Inputs!$X$33","v":-30000},{"$f":"EXP(77.345+0.0057*(E3587+273.15)-7235/(E3587+273.15))/(E3587+273.15)^8.2","v":1812.7242941450775},{"$f":"0.62198*M3587/(101325-M3587)","v":1.1330041931761578E-2},{"$f":"N3587*G3587/100","v":7.1379264170097941E-3},{"$f":"-L3587/(1.202*2465560*MAX(0,(Inputs!$X$49-O3587)))","v":2.6222454078872195},{"$f":"params!$C$15*P3587*(E3587-Inputs!$X$26)","v":-16179.546532497779},{"$f":"H3587+I3587+J3587+K3587+L3587+Q3587","v":-4963.0402669557971}]
["2005-05-30","13:00:00",938,9,18,8,52,{"$f":"Inputs!$X$37*Inputs!$X$32*(E3590-Inputs!$X$26)","v":-10663.319794694524},{"$f":"Inputs!$X$33*C3590*Inputs!$X$38","v":183000.58528971841},{"$f":"params!$C$15*Inputs!$X$29*(E3590-Inputs!$X$26)","v":-1107.8129999999996},{"$f":"Inputs!$X$40*Inputs!$X$41/8760","v":5342.4657534246571},{"$f":"-Inputs!$X$45*Inputs!$X$33","v":-30000},2057.7011249857014,1.2892956292988709E-2,6.7043372723541283E-3,{"$f":"-L3590/(1.202*2465560*MAX(0,(Inputs!$X$49-O3590)))","v":2.3574595573205088},{"$f":"params!$C$15*P3590*(E3590-Inputs!$X$26)","v":-8853.9581031671078},137717.96014528145]
["2005-05-30","14:00:00",241,10,19,12,64,{"$f":"Inputs!$X$37*Inputs!$X$32*(E3591-Inputs!$X$26)","v":-7235.8241463998547},{"$f":"Inputs!$X$33*C3591*Inputs!$X$38","v":47018.274045652593},{"$f":"params!$C$15*Inputs!$X$29*(E3591-Inputs!$X$26)","v":-751.73024999999973},{"$f":"Inputs!$X$40*Inputs!$X$41/8760","v":5342.4657534246571},{"$f":"-Inputs!$X$45*Inputs!$X$33","v":-30000},2190.7229749852513,1.3744851093608144E-2,8.7967046999092129E-3,{"$f":"-L3591/(1.202*2465560*MAX(0,(Inputs!$X$49-O3591)))","v":4.5979715213995114},{"$f":"params!$C$15*P3591*(E3591-Inputs!$X$26)","v":-11718.042212440874},2655.1431902365202]
["2005-05-30","17:00:00",207,8,15,10,72,{"$f":"Inputs!$X$37*Inputs!$X$32*(E3594-Inputs!$X$26)","v":-20945.806739578529},{"$f":"Inputs!$X$33*C3594*Inputs!$X$38","v":40384.990570332309},{"$f":"params!$C$15*Inputs!$X$29*(E3594-Inputs!$X$26)","v":-2176.0612499999993},{"$f":"Inputs!$X$40*Inputs!$X$41/8760","v":5342.4657534246571},{"$f":"-Inputs!$X$45*Inputs!$X$33","v":-30000},1700.1281023555496,1.0614273895273205E-2,7.6422772045967079E-3,{"$f":"-L3594/(1.202*2465560*MAX(0,(Inputs!$X$49-O3594)))","v":3.0163239710177843},{"$f":"params!$C$15*P3594*(E3594-Inputs!$X$26)","v":-22252.348614183269},-29646.76028000483]
["2005-05-30","20:00:00",0,5,12,9,82,{"$f":"Inputs!$X$37*Inputs!$X$32*(E3597-Inputs!$X$26)","v":-31228.293684462536},{"$f":"Inputs!$X$33*C3597*Inputs!$X$38","v":0},{"$f":"params!$C$15*Inputs!$X$29*(E3597-Inputs!$X$26)","v":-3244.3094999999989},{"$f":"Inputs!$X$40*Inputs!$X$41/8760","v":5342.4657534246571},{"$f":"-Inputs!$X$45*Inputs!$X$33","v":-30000},1398.3079270856979,8.70357605607666E-3,7.1369323659828607E-3,{"$f":"-L3597/(1.202*2465560*MAX(0,(Inputs!$X$49-O3597)))","v":2.6215703479780355},{"$f":"params!$C$15*P3597*(E3597-Inputs!$X$26)","v":-28834.375427882598},-87964.512858920469]
["2005-05-30",1,0,3,8,7,93,{"$f":"Inputs!$X$37*Inputs!$X$32*(E3601-Inputs!$X$26)","v":-44938.276277641213},{"$f":"Inputs!$X$33*C3601*Inputs!$X$38","v":0},{"$f":"params!$C$15*Inputs!$X$29*(E3601-Inputs!$X$26)","v":-4668.6404999999986},{"$f":"Inputs!$X$40*Inputs!$X$41/8760","v":5342.4657534246571},{"$f":"-Inputs!$X$45*Inputs!$X$33","v":-30000},1069.6390010481693,6.6359949158119932E-3,6.1714752717051532E-3,{"$f":"-L3601/(1.202*2465560*MAX(0,(Inputs!$X$49-O3601)))","v":2.0972048230295028},{"$f":"params!$C$15*P3601*(E3601-Inputs!$X$26)","v":-33193.881195815942},-107458.33222003249]
["2005-05-31","03:00:00",0,0,5,5,100,{"$f":"Inputs!$X$37*Inputs!$X$32*(E3604-Inputs!$X$26)","v":-55220.763222525216},{"$f":"Inputs!$X$33*C3604*Inputs!$X$38","v":0},{"$f":"params!$C$15*Inputs!$X$29*(E3604-Inputs!$X$26)","v":-5736.8887499999983},{"$f":"Inputs!$X$40*Inputs!$X$41/8760","v":5342.4657534246571},{"$f":"-Inputs!$X$45*Inputs!$X$33","v":-30000},869.91328556198641,5.3861748872103517E-3,5.3861748872103517E-3,{"$f":"-L3604/(1.202*2465560*MAX(0,(Inputs!$X$49-O3604)))","v":1.8037438751951638},{"$f":"params!$C$15*P3604*(E3604-Inputs!$X$26)","v":-35081.491707028224},-120696.67792612877]
["2005-05-31","07:00:00",267,10,9,9,100,{"$f":"Inputs!$X$37*Inputs!$X$32*(E3608-Inputs!$X$26)","v":-41510.78062934654},{"$f":"Inputs!$X$33*C3608*Inputs!$X$38","v":52090.784938544573},{"$f":"params!$C$15*Inputs!$X$29*(E3608-Inputs!$X$26)","v":-4312.557749999999},{"$f":"Inputs!$X$40*Inputs!$X$41/8760","v":5342.4657534246571},{"$f":"-Inputs!$X$45*Inputs!$X$33","v":-30000},1144.6654335441779,7.1067740933079149E-3,7.1067740933079149E-3,{"$f":"-L3608/(1.202*2465560*MAX(0,(Inputs!$X$49-O3608)))","v":2.6012538195935639},{"$f":"params!$C$15*P3608*(E3608-Inputs!$X$26)","v":-38031.583566489899},-56421.671253867207]
["2005-05-31","11:00:00",789,8,20,11,56,{"$f":"Inputs!$X$37*Inputs!$X$32*(E3612-Inputs!$X$26)","v":-3808.3284981051861},{"$f":"Inputs!$X$33*C3612*Inputs!$X$38","v":153931.19594199126},{"$f":"params!$C$15*Inputs!$X$29*(E3612-Inputs!$X$26)","v":-395.64749999999975},{"$f":"Inputs!$X$40*Inputs!$X$41/8760","v":5342.4657534246571},{"$f":"-Inputs!$X$45*Inputs!$X$33","v":-30000},2331.2150168593957,1.4647072201887702E-2,8.2023604330571133E-3,{"$f":"-L3612/(1.202*2465560*MAX(0,(Inputs!$X$49-O3612)))","v":3.6205574509267917},{"$f":"params!$C$15*P3612*(E3612-Inputs!$X$26)","v":-4856.357205285497},120213.32849202522]
["2005-05-31","14:00:00",800,8,22,11,50,{"$f":"Inputs!$X$37*Inputs!$X$32*(E3615-Inputs!$X$26)","v":3046.6627984841512},{"$f":"Inputs!$X$33*C3615*Inputs!$X$38","v":156077.2582428302},{"$f":"params!$C$15*Inputs!$X$29*(E3615-Inputs!$X$26)","v":316.51800000000009},{"$f":"Inputs!$X$40*Inputs!$X$41/8760","v":5342.4657534246571},{"$f":"-Inputs!$X$45*Inputs!$X$33","v":-30000},2636.0296246790026,1.6613383438113645E-2,8.3066917190568225E-3,{"$f":"-L3615/(1.202*2465560*MAX(0,(Inputs!$X$49-O3615)))","v":3.7608970520955642},{"$f":"params!$C$15*P3615*(E3615-Inputs!$X$26)","v":4035.6789792369682},138818.58377397599]
["2005-05-31","15:00:00",711,4,22,10,46,{"$f":"Inputs!$X$37*Inputs!$X$32*(E3616-Inputs!$X$26)","v":3046.6627984841512},{"$f":"Inputs!$X$33*C3616*Inputs!$X$38","v":138713.66326331533},{"$f":"params!$C$15*Inputs!$X$29*(E3616-Inputs!$X$26)","v":316.51800000000009},{"$f":"Inputs!$X$40*Inputs!$X$41/8760","v":5342.4657534246571},{"$f":"-Inputs!$X$45*Inputs!$X$33","v":-30000},2636.0296246790026,1.6613383438113645E-2,7.6421563815322769E-3,{"$f":"-L3616/(1.202*2465560*MAX(0,(Inputs!$X$49-O3616)))","v":3.0162153812333643},{"$f":"params!$C$15*P3616*(E3616-Inputs!$X$26)","v":3236.588729306543},120655.89854453069]
["2005-05-31","18:00:00",282,8,21,12,56,{"$f":"Inputs!$X$37*Inputs!$X$32*(E3619-Inputs!$X$26)","v":-380.83284981051736},{"$f":"Inputs!$X$33*C3619*Inputs!$X$38","v":55017.233530597645},{"$f":"params!$C$15*Inputs!$X$29*(E3619-Inputs!$X$26)","v":-39.564749999999847},{"$f":"Inputs!$X$40*Inputs!$X$41/8760","v":5342.4657534246571},{"$f":"-Inputs!$X$45*Inputs!$X$33","v":-30000},2479.5289798458998,1.5602307510579843E-2,8.737292205924712E-3,{"$f":"-L3619/(1.202*2465560*MAX(0,(Inputs!$X$49-O3619)))","v":4.4771499474879581},{"$f":"params!$C$15*P3619*(E3619-Inputs!$X$26)","v":-600.53292072636418},29338.768763485423]
["2005-05-31","21:00:00",0,8,14,11,82,{"$f":"Inputs!$X$37*Inputs!$X$32*(E3622-Inputs!$X$26)","v":-24373.302387873198},{"$f":"Inputs!$X$33*C3622*Inputs!$X$38","v":0},{"$f":"params!$C$15*Inputs!$X$29*(E3622-Inputs!$X$26)","v":-2532.1439999999993},{"$f":"Inputs!$X$40*Inputs!$X$41/8760","v":5342.4657534246571},{"$f":"-Inputs!$X$45*Inputs!$X$33","v":-30000},1593.7190459500907,9.939322574797271E-3,8.150244511333761E-3,{"$f":"-L3622/(1.202*2465560*MAX(0,(Inputs!$X$49-O3622)))","v":3.554305389619338},{"$f":"params!$C$15*P3622*(E3622-Inputs!$X$26)","v":-30511.94509816842},-82074.925732616961]
["2000-06-01","01:00:00",0,4,15.7,13.9,88,{"$f":"Inputs!$X$37*Inputs!$X$32*(E3626-Inputs!$X$26)","v":-18546.559785772264},{"$f":"Inputs!$X$33*C3626*Inputs!$X$38","v":0},{"$f":"params!$C$15*Inputs!$X$29*(E3626-Inputs!$X$26)","v":-1926.8033249999996},{"$f":"Inputs!$X$40*Inputs!$X$41/8760","v":5342.4657534246571},{"$f":"-Inputs!$X$45*Inputs!$X$33","v":-30000},1778.2779938575329,1.1110896715928627E-2,9.7775891100171913E-3,{"$f":"-L3626/(1.202*2465560*MAX(0,(Inputs!$X$49-O3626)))","v":8.292643598126288},{"$f":"params!$C$15*P3626*(E3626-Inputs!$X$26)","v":-54169.788759849922},-99300.686117197532]
["2000-06-01","04:00:00",0,10,17,16,94,{"$f":"Inputs!$X$37*Inputs!$X$32*(E3629-Inputs!$X$26)","v":-14090.815442989191},{"$f":"Inputs!$X$33*C3629*Inputs!$X$38","v":0},{"$f":"params!$C$15*Inputs!$X$29*(E3629-Inputs!$X$26)","v":-1463.8957499999995},{"$f":"Inputs!$X$40*Inputs!$X$41/8760","v":5342.4657534246571},{"$f":"-Inputs!$X$45*Inputs!$X$33","v":-30000},1931.8104441244629,1.2088830888770941E-2,1.1363501035444683E-2,{"$f":"-L3629/(1.202*2465560*MAX(0,(Inputs!$X$49-O3629)))","v":{"$error":"#DIV/0!"}},{"$f":"params!$C$15*P3629*(E3629-Inputs!$X$26)","v":{"$error":"#DIV/0!"}},{"$error":"#DIV/0!"}]
["2000-06-01","08:00:00",121,10,18,17,94,{"$f":"Inputs!$X$37*Inputs!$X$32*(E3633-Inputs!$X$26)","v":-10663.319794694524},{"$f":"Inputs!$X$33*C3633*Inputs!$X$38","v":23606.685309228065},{"$f":"params!$C$15*Inputs!$X$29*(E3633-Inputs!$X$26)","v":-1107.8129999999996},{"$f":"Inputs!$X$40*Inputs!$X$41/8760","v":5342.4657534246571},{"$f":"-Inputs!$X$45*Inputs!$X$33","v":-30000},2057.7011249857014,1.2892956292988709E-2,1.2119378915409387E-2,{"$f":"-L3633/(1.202*2465560*MAX(0,(Inputs!$X$49-O3633)))","v":{"$error":"#DIV/0!"}},{"$f":"params!$C$15*P3633*(E3633-Inputs!$X$26)","v":{"$error":"#DIV/0!"}},{"$error":"#DIV/0!"}]
["2000-06-01","12:00:00",237,8,22,19,83,{"$f":"Inputs!$X$37*Inputs!$X$32*(E3637-Inputs!$X$26)","v":3046.6627984841512},{"$f":"Inputs!$X$33*C3637*Inputs!$X$38","v":46237.887754438445},{"$f":"params!$C$15*Inputs!$X$29*(E3637-Inputs!$X$26)","v":316.51800000000009},{"$f":"Inputs!$X$40*Inputs!$X$41/8760","v":5342.4657534246571},{"$f":"-Inputs!$X$45*Inputs!$X$33","v":-30000},2636.0296246790026,1.6613383438113645E-2,1.3789108253634325E-2,{"$f":"-L3637/(1.202*2465560*MAX(0,(Inputs!$X$49-O3637)))","v":{"$error":"#DIV/0!"}},{"$f":"params!$C$15*P3637*(E3637-Inputs!$X$26)","v":{"$error":"#DIV/0!"}},{"$error":"#DIV/0!"}]
["2000-06-01","15:00:00",711,1,27,16,51,{"$f":"Inputs!$X$37*Inputs!$X$32*(E3640-Inputs!$X$26)","v":20184.141039957496},{"$f":"Inputs!$X$33*C3640*Inputs!$X$38","v":138713.66326331533},{"$f":"params!$C$15*Inputs!$X$29*(E3640-Inputs!$X$26)","v":2096.9317499999997},{"$f":"Inputs!$X$40*Inputs!$X$41/8760","v":5342.4657534246571},{"$f":"-Inputs!$X$45*Inputs!$X$33","v":-30000},3555.0534347297348,2.2616071840205452E-2,1.153419663850478E-2,{"$f":"-L3640/(1.202*2465560*MAX(0,(Inputs!$X$49-O3640)))","v":{"$error":"#DIV/0!"}},{"$f":"params!$C$15*P3640*(E3640-Inputs!$X$26)","v":{"$error":"#DIV/0!"}},{"$error":"#DIV/0!"}]
["2000-06-01","16:00:00",254,9,26,12,42,{"$f":"Inputs!$X$37*Inputs!$X$32*(E3641-Inputs!$X$26)","v":16756.645391662827},{"$f":"Inputs!$X$33*C3641*Inputs!$X$38","v":49554.529492098583},{"$f":"params!$C$15*Inputs!$X$29*(E3641-Inputs!$X$26)","v":1740.8489999999997},{"$f":"Inputs!$X$40*Inputs!$X$41/8760","v":5342.4657534246571},{"$f":"-Inputs!$X$45*Inputs!$X$33","v":-30000},3351.668772324198,2.1277942853302922E-2,8.9367359983872283E-3,{"$f":"-L3641/(1.202*2465560*MAX(0,(Inputs!$X$49-O3641)))","v":4.9102897260866127},{"$f":"params!$C$15*P3641*(E3641-Inputs!$X$26)","v":28979.772685267057},72374.262322453127]
["2000-06-01","19:00:00",99,3,22,13,57,{"$f":"Inputs!$X$37*Inputs!$X$32*(E3644-Inputs!$X$26)","v":3046.6627984841512},{"$f":"Inputs!$X$33*C3644*Inputs!$X$38","v":19314.560707550238},{"$f":"params!$C$15*Inputs!$X$29*(E3644-Inputs!$X$26)","v":316.51800000000009},{"$f":"Inputs!$X$40*Inputs!$X$41/8760","v":5342.4657534246571},{"$f":"-Inputs!$X$45*Inputs!$X$33","v":-30000},2636.0296246790026,1.6613383438113645E-2,9.4696285597247777E-3,{"$f":"-L3644/(1.202*2465560*MAX(0,(Inputs!$X$49-O3644)))","v":6.622023831576147},{"$f":"params!$C$15*P3644*(E3644-Inputs!$X$26)","v":7105.8478886592593},5126.0551481183056]
["2000-06-01","22:00:00",0,0,14,12,88,{"$f":"Inputs!$X$37*Inputs!$X$32*(E3647-Inputs!$X$26)","v":-24373.302387873198},{"$f":"Inputs!$X$33*C3647*Inputs!$X$38","v":0},{"$f":"params!$C$15*Inputs!$X$29*(E3647-Inputs!$X$26)","v":-2532.1439999999993},{"$f":"Inputs!$X$40*Inputs!$X$41/8760","v":5342.4657534246571},{"$f":"-Inputs!$X$45*Inputs!$X$33","v":-30000},1593.7190459500907,9.939322574797271E-3,8.7466038658215988E-3,{"$f":"-L3647/(1.202*2465560*MAX(0,(Inputs!$X$49-O3647)))","v":4.4956648513425375},{"$f":"params!$C$15*P3647*(E3647-Inputs!$X$26)","v":-38593.048173224059},-90156.028807672599]
["2000-06-02","02:00:00",0,0,11,10,94,{"$f":"Inputs!$X$37*Inputs!$X$32*(E3651-Inputs!$X$26)","v":-34655.789332757202},{"$f":"Inputs!$X$33*C3651*Inputs!$X$38","v":0},{"$f":"params!$C$15*Inputs!$X$29*(E3651-Inputs!$X$26)","v":-3600.392249999999},{"$f":"Inputs!$X$40*Inputs!$X$41/8760","v":5342.4657534246571},{"$f":"-Inputs!$X$45*Inputs!$X$33","v":-30000},{"$f":"EXP(77.345+0.0057*(E3651+273.15)-7235/(E3651+273.15))/(E3651+273.15)^8.2","v":1308.7561751391206},{"$f":"0.62198*M3651/(101325-M3651)","v":8.138879592783612E-3},{"$f":"N3651*G3651/100","v":7.6505468172165959E-3},{"$f":"-L3651/(1.202*2465560*MAX(0,(Inputs!$X$49-O3651)))","v":3.023774916748672},{"$f":"params!$C$15*P3651*(E3651-Inputs!$X$26)","v":-36908.469167705291},{"$f":"H3651+I3651+J3651+K3651+L3651+Q3651","v":-99822.184997037839}]
["2000-06-02","05:00:00",0,7,12,11,94,{"$f":"Inputs!$X$37*Inputs!$X$32*(E3654-Inputs!$X$26)","v":-31228.293684462536},{"$f":"Inputs!$X$33*C3654*Inputs!$X$38","v":0},{"$f":"params!$C$15*Inputs!$X$29*(E3654-Inputs!$X$26)","v":-3244.3094999999989},{"$f":"Inputs!$X$40*Inputs!$X$41/8760","v":5342.4657534246571},{"$f":"-Inputs!$X$45*Inputs!$X$33","v":-30000},1398.3079270856979,8.70357605607666E-3,8.1813614927120602E-3,{"$f":"-L3654/(1.202*2465560*MAX(0,(Inputs!$X$49-O3654)))","v":3.5935677884557236},{"$f":"params!$C$15*P3654*(E3654-Inputs!$X$26)","v":-39525.272635844703},-98655.410066882585]
["2000-06-02","10:00:00",653,4,27,21,70,{"$f":"Inputs!$X$37*Inputs!$X$32*(E3659-Inputs!$X$26)","v":20184.141039957496},{"$f":"Inputs!$X$33*C3659*Inputs!$X$38","v":127398.06204071015},{"$f":"params!$C$15*Inputs!$X$29*(E3659-Inputs!$X$26)","v":2096.9317499999997},{"$f":"Inputs!$X$40*Inputs!$X$41/8760","v":5342.4657534246571},{"$f":"-Inputs!$X$45*Inputs!$X$33","v":-30000},3555.0534347297348,2.2616071840205452E-2,1.5831250288143816E-2,{"$f":"-L3659/(1.202*2465560*MAX(0,(Inputs!$X$49-O3659)))","v":{"$error":"#DIV/0!"}},{"$f":"params!$C$15*P3659*(E3659-Inputs!$X$26)","v":{"$error":"#DIV/0!"}},{"$error":"#DIV/0!"}]
["2000-06-02","13:00:00",621,7,22,19,83,{"$f":"Inputs!$X$37*Inputs!$X$32*(E3662-Inputs!$X$26)","v":3046.6627984841512},{"$f":"Inputs!$X$33*C3662*Inputs!$X$38","v":121154.97171099694},{"$f":"params!$C$15*Inputs!$X$29*(E3662-Inputs!$X$26)","v":316.51800000000009},{"$f":"Inputs!$X$40*Inputs!$X$41/8760","v":5342.4657534246571},{"$f":"-Inputs!$X$45*Inputs!$X$33","v":-30000},2636.0296246790026,1.6613383438113645E-2,1.3789108253634325E-2,{"$f":"-L3662/(1.202*2465560*MAX(0,(Inputs!$X$49-O3662)))","v":{"$error":"#DIV/0!"}},{"$f":"params!$C$15*P3662*(E3662-Inputs!$X$26)","v":{"$error":"#DIV/0!"}},{"$error":"#DIV/0!"}]
["2000-06-02","16:00:00",119,7,22,20,88,{"$f":"Inputs!$X$37*Inputs!$X$32*(E3665-Inputs!$X$26)","v":3046.6627984841512},{"$f":"Inputs!$X$33*C3665*Inputs!$X$38","v":23216.492163620987},{"$f":"params!$C$15*Inputs!$X$29*(E3665-Inputs!$X$26)","v":316.51800000000009},{"$f":"Inputs!$X$40*Inputs!$X$41/8760","v":5342.4657534246571},{"$f":"-Inputs!$X$45*Inputs!$X$33","v":-30000},2636.0296246790026,1.6613383438113645E-2,1.4619777425540008E-2,{"$f":"-L3665/(1.202*2465560*MAX(0,(Inputs!$X$49-O3665)))","v":{"$error":"#DIV/0!"}},{"$f":"params!$C$15*P3665*(E3665-Inputs!$X$26)","v":{"$error":"#DIV/0!"}},{"$error":"#DIV/0!"}]
["2000-06-02","17:00:00",87,6,23,21,89,{"$f":"Inputs!$X$37*Inputs!$X$32*(E3666-Inputs!$X$26)","v":6474.1584467788198},{"$f":"Inputs!$X$33*C3666*Inputs!$X$38","v":16973.401833907781},{"$f":"params!$C$15*Inputs!$X$29*(E3666-Inputs!$X$26)","v":672.60074999999995},{"$f":"Inputs!$X$40*Inputs!$X$41/8760","v":5342.4657534246571},{"$f":"-Inputs!$X$45*Inputs!$X$33","v":-30000},2801.0950714195728,1.768327304712981E-2,1.5738113011945533E-2,{"$f":"-L3666/(1.202*2465560*MAX(0,(Inputs!$X$49-O3666)))","v":{"$error":"#DIV/0!"}},{"$f":"params!$C$15*P3666*(E3666-Inputs!$X$26)","v":{"$error":"#DIV/0!"}},{"$error":"#DIV/0!"}]
["2000-06-02","20:00:00",1,3,22,16,69,{"$f":"Inputs!$X$37*Inputs!$X$32*(E3669-Inputs!$X$26)","v":3046.6627984841512},{"$f":"Inputs!$X$33*C3669*Inputs!$X$38","v":195.09657280353773},{"$f":"params!$C$15*Inputs!$X$29*(E3669-Inputs!$X$26)","v":316.51800000000009},{"$f":"Inputs!$X$40*Inputs!$X$41/8760","v":5342.4657534246571},{"$f":"-Inputs!$X$45*Inputs!$X$33","v":-30000},2636.0296246790026,1.6613383438113645E-2,1.1463234572298414E-2,{"$f":"-L3669/(1.202*2465560*MAX(0,(Inputs!$X$49-O3669)))","v":{"$error":"#DIV/0!"}},{"$f":"params!$C$15*P3669*(E3669-Inputs!$X$26)","v":{"$error":"#DIV/0!"}},{"$error":"#DIV/0!"}]
["2000-06-02","23:00:00",0,4,16,11,72,{"$f":"Inputs!$X$37*Inputs!$X$32*(E3672-Inputs!$X$26)","v":-17518.31109128386},{"$f":"Inputs!$X$33*C3672*Inputs!$X$38","v":0},{"$f":"params!$C$15*Inputs!$X$29*(E3672-Inputs!$X$26)","v":-1819.9784999999995},{"$f":"Inputs!$X$40*Inputs!$X$41/8760","v":5342.4657534246571},{"$f":"-Inputs!$X$45*Inputs!$X$33","v":-30000},1812.7242941450775,1.1330041931761578E-2,8.1576301908683375E-3,{"$f":"-L3672/(1.202*2465560*MAX(0,(Inputs!$X$49-O3672)))","v":3.5635465482320541},{"$f":"params!$C$15*P3672*(E3672-Inputs!$X$26)","v":-21987.479518286993},-65983.303356146207]
["2000-06-03","03:00:00",0,10,11,8,82,{"$f":"Inputs!$X$37*Inputs!$X$32*(E3676-Inputs!$X$26)","v":-34655.789332757202},{"$f":"Inputs!$X$33*C3676*Inputs!$X$38","v":0},{"$f":"params!$C$15*Inputs!$X$29*(E3676-Inputs!$X$26)","v":-3600.392249999999},{"$f":"Inputs!$X$40*Inputs!$X$41/8760","v":5342.4657534246571},{"$f":"-Inputs!$X$45*Inputs!$X$33","v":-30000},1308.7561751391206,8.138879592783612E-3,6.6738812660825618E-3,{"$f":"-L3676/(1.202*2465560*MAX(0,(Inputs!$X$49-O3676)))","v":2.3408563968649196},{"$f":"params!$C$15*P3676*(E3676-Inputs!$X$26)","v":-28572.704162323633},-91486.419991656177]
["2000-06-03","06:00:00",21,10,11,8,82,{"$f":"Inputs!$X$37*Inputs!$X$32*(E3679-Inputs!$X$26)","v":-34655.789332757202},{"$f":"Inputs!$X$33*C3679*Inputs!$X$38","v":4097.0280288742924},{"$f":"params!$C$15*Inputs!$X$29*(E3679-Inputs!$X$26)","v":-3600.392249999999},{"$f":"Inputs!$X$40*Inputs!$X$41/8760","v":5342.4657534246571},{"$f":"-Inputs!$X$45*Inputs!$X$33","v":-30000},1308.7561751391206,8.138879592783612E-3,6.6738812660825618E-3,{"$f":"-L3679/(1.202*2465560*MAX(0,(Inputs!$X$49-O3679)))","v":2.3408563968649196},{"$f":"params!$C$15*P3679*(E3679-Inputs!$X$26)","v":-28572.704162323633},-87389.391962781883]
["2000-06-03","11:00:00",154,8,16,7,55,{"$f":"Inputs!$X$37*Inputs!$X$32*(E3684-Inputs!$X$26)","v":-17518.31109128386},{"$f":"Inputs!$X$33*C3684*Inputs!$X$38","v":30044.872211744812},{"$f":"params!$C$15*Inputs!$X$29*(E3684-Inputs!$X$26)","v":-1819.9784999999995},{"$f":"Inputs!$X$40*Inputs!$X$41/8760","v":5342.4657534246571},{"$f":"-Inputs!$X$45*Inputs!$X$33","v":-30000},1812.7242941450775,1.1330041931761578E-2,6.2315230624688678E-3,{"$f":"-L3684/(1.202*2465560*MAX(0,(Inputs!$X$49-O3684)))","v":2.1236236926860141},{"$f":"params!$C$15*P3684*(E3684-Inputs!$X$26)","v":-13102.994956147862},-27053.946582262251]
["2000-06-03","14:00:00",159,3,18,7,49,{"$f":"Inputs!$X$37*Inputs!$X$32*(E3687-Inputs!$X$26)","v":-10663.319794694524},{"$f":"Inputs!$X$33*C3687*Inputs!$X$38","v":31020.355075762502},{"$f":"params!$C$15*Inputs!$X$29*(E3687-Inputs!$X$26)","v":-1107.8129999999996},{"$f":"Inputs!$X$40*Inputs!$X$41/8760","v":5342.4657534246571},{"$f":"-Inputs!$X$45*Inputs!$X$33","v":-30000},2057.7011249857014,1.2892956292988709E-2,6.3175485835644677E-3,{"$f":"-L3687/(1.202*2465560*MAX(0,(Inputs!$X$49-O3687)))","v":2.1626529689817837},{"$f":"params!$C$15*P3687*(E3687-Inputs!$X$26)","v":-8122.3190953987569},-13530.631060906122]
["2000-06-03","17:00:00",87,0,18,6,45,{"$f":"Inputs!$X$37*Inputs!$X$32*(E3690-Inputs!$X$26)","v":-10663.319794694524},{"$f":"Inputs!$X$33*C3690*Inputs!$X$38","v":16973.401833907781},{"$f":"params!$C$15*Inputs!$X$29*(E3690-Inputs!$X$26)","v":-1107.8129999999996},{"$f":"Inputs!$X$40*Inputs!$X$41/8760","v":5342.4657534246571},{"$f":"-Inputs!$X$45*Inputs!$X$33","v":-30000},2057.7011249857014,1.2892956292988709E-2,5.8018303318449196E-3,{"$f":"-L3690/(1.202*2465560*MAX(0,(Inputs!$X$49-O3690)))","v":1.9480221793332801},{"$f":"params!$C$15*P3690*(E3690-Inputs!$X$26)","v":-7316.2259374921832},-26771.49114485427]
["2000-06-03","18:00:00",56,0,17,5,45,{"$f":"Inputs!$X$37*Inputs!$X$32*(E3691-Inputs!$X$26)","v":-14090.815442989191},{"$f":"Inputs!$X$33*C3691*Inputs!$X$38","v":10925.408076998114},{"$f":"params!$C$15*Inputs!$X$29*(E3691-Inputs!$X$26)","v":-1463.8957499999995},{"$f":"Inputs!$X$40*Inputs!$X$41/8760","v":5342.4657534246571},{"$f":"-Inputs!$X$45*Inputs!$X$33","v":-30000},1931.8104441244629,1.2088830888770941E-2,5.4399738999469241E-3,{"$f":"-L3691/(1.202*2465560*MAX(0,(Inputs!$X$49-O3691)))","v":1.8212023445437562},{"$f":"params!$C$15*P3691*(E3691-Inputs!$X$26)","v":-9038.4738311478777},-38325.311193714297]
["2000-06-03","21:00:00",0,0,9,6,81,{"$f":"Inputs!$X$37*Inputs!$X$32*(E3694-Inputs!$X$26)","v":-41510.78062934654},{"$f":"Inputs!$X$33*C3694*Inputs!$X$38","v":0},{"$f":"params!$C$15*Inputs!$X$29*(E3694-Inputs!$X$26)","v":-4312.557749999999},{"$f":"Inputs!$X$40*Inputs!$X$41/8760","v":5342.4657534246571},{"$f":"-Inputs!$X$45*Inputs!$X$33","v":-30000},1144.6654335441779,7.1067740933079149E-3,5.7564870155794113E-3,{"$f":"-L3694/(1.202*2465560*MAX(0,(Inputs!$X$49-O3694)))","v":1.9311711386157613},{"$f":"params!$C$15*P3694*(E3694-Inputs!$X$26)","v":-28234.652069029678},-98715.524694951557]
["2000-06-04","01:00:00",0,0,4,4,100,{"$f":"Inputs!$X$37*Inputs!$X$32*(E3698-Inputs!$X$26)","v":-58648.258870819882},{"$f":"Inputs!$X$33*C3698*Inputs!$X$38","v":0},{"$f":"params!$C$15*Inputs!$X$29*(E3698-Inputs!$X$26)","v":-6092.9714999999987},{"$f":"Inputs!$X$40*Inputs!$X$41/8760","v":5342.4657534246571},{"$f":"-Inputs!$X$45*Inputs!$X$33","v":-30000},811.08667612094962,5.0190035800134264E-3,5.0190035800134255E-3,{"$f":"-L3698/(1.202*2465560*MAX(0,(Inputs!$X$49-O3698)))","v":1.6929809384464098},{"$f":"params!$C$15*P3698*(E3698-Inputs!$X$26)","v":-34970.993409219802},-124369.75802661502]
["2000-06-04","04:00:00",0,0,3,3,100,{"$f":"Inputs!$X$37*Inputs!$X$32*(E3701-Inputs!$X$26)","v":-62075.754519114555},{"$f":"Inputs!$X$33*C3701*Inputs!$X$38","v":0},{"$f":"params!$C$15*Inputs!$X$29*(E3701-Inputs!$X$26)","v":-6449.0542499999983},{"$f":"Inputs!$X$40*Inputs!$X$41/8760","v":5342.4657534246571},{"$f":"-Inputs!$X$45*Inputs!$X$33","v":-30000},755.80495631325812,4.6743495015895585E-3,4.6743495015895585E-3,{"$f":"-L3701/(1.202*2465560*MAX(0,(Inputs!$X$49-O3701)))","v":1.6007136159277666},{"$f":"params!$C$15*P3701*(E3701-Inputs!$X$26)","v":-34997.451769535677},-128179.79478522557]
["2000-06-04","07:00:00",52,4,7,6,93,{"$f":"Inputs!$X$37*Inputs!$X$32*(E3704-Inputs!$X$26)","v":-48365.771925935878},{"$f":"Inputs!$X$33*C3704*Inputs!$X$38","v":10145.021785783962},{"$f":"params!$C$15*Inputs!$X$29*(E3704-Inputs!$X$26)","v":-5024.7232499999991},{"$f":"Inputs!$X$40*Inputs!$X$41/8760","v":5342.4657534246571},{"$f":"-Inputs!$X$45*Inputs!$X$33","v":-30000},998.98316002102877,6.193284308903993E-3,5.7597544072807141E-3,{"$f":"-L3704/(1.202*2465560*MAX(0,(Inputs!$X$49-O3704)))","v":1.9323756538847421},{"$f":"params!$C$15*P3704*(E3704-Inputs!$X$26)","v":-32917.773927678572},-100820.78156440584]
["2000-06-04","12:00:00",164,8,19,8,49,{"$f":"Inputs!$X$37*Inputs!$X$32*(E3709-Inputs!$X$26)","v":-7235.8241463998547},{"$f":"Inputs!$X$33*C3709*Inputs!$X$38","v":31995.837939780187},{"$f":"params!$C$15*Inputs!$X$29*(E3709-Inputs!$X$26)","v":-751.73024999999973},{"$f":"Inputs!$X$40*Inputs!$X$41/8760","v":5342.4657534246571},{"$f":"-Inputs!$X$45*Inputs!$X$33","v":-30000},2190.7229749852513,1.3744851093608144E-2,6.7349770358679905E-3,{"$f":"-L3709/(1.202*2465560*MAX(0,(Inputs!$X$49-O3709)))","v":2.3744022621986374},{"$f":"params!$C$15*P3709*(E3709-Inputs!$X$26)","v":-6051.221893886368},-6700.4725970813761]
["2000-06-04","15:00:00",145,9,20,9,49,{"$f":"Inputs!$X$37*Inputs!$X$32*(E3712-Inputs!$X$26)","v":-3808.3284981051861},{"$f":"Inputs!$X$33*C3712*Inputs!$X$38","v":28289.003056512971},{"$f":"params!$C$15*Inputs!$X$29*(E3712-Inputs!$X$26)","v":-395.64749999999975},{"$f":"Inputs!$X$40*Inputs!$X$41/8760","v":5342.4657534246571},{"$f":"-Inputs!$X$45*Inputs!$X$33","v":-30000},2331.2150168593957,1.4647072201887702E-2,7.1770653789249737E-3,{"$f":"-L3712/(1.202*2465560*MAX(0,(Inputs!$X$49-O3712)))","v":2.6491038243977223},{"$f":"params!$C$15*P3712*(E3712-Inputs!$X$26)","v":-3553.3186862896091},-4125.8258744571667]
["2000-06-04","18:00:00",57,9,17,6,48,{"$f":"Inputs!$X$37*Inputs!$X$32*(E3715-Inputs!$X$26)","v":-14090.815442989191},{"$f":"Inputs!$X$33*C3715*Inputs!$X$38","v":11120.504649801651},{"$f":"params!$C$15*Inputs!$X$29*(E3715-Inputs!$X$26)","v":-1463.8957499999995},{"$f":"Inputs!$X$40*Inputs!$X$41/8760","v":5342.4657534246571},{"$f":"-Inputs!$X$45*Inputs!$X$33","v":-30000},{"$f":"EXP(77.345+0.0057*(E3715+273.15)-7235/(E3715+273.15))/(E3715+273.15)^8.2","v":1931.8104441244629},{"$f":"0.62198*M3715/(101325-M3715)","v":1.2088830888770941E-2},{"$f":"N3715*G3715/100","v":5.8026388266100518E-3},{"$f":"-L3715/(1.202*2465560*MAX(0,(Inputs!$X$49-O3715)))","v":1.948325311044169},{"$f":"params!$C$15*P3715*(E3715-Inputs!$X$26)","v":-9669.3744059764886},{"$f":"H3715+I3715+J3715+K3715+L3715+Q3715","v":-38761.115195739374}]
["2000-06-04","19:00:00",22,0,17,7,52,{"$f":"Inputs!$X$37*Inputs!$X$32*(E3716-Inputs!$X$26)","v":-14090.815442989191},{"$f":"Inputs!$X$33*C3716*Inputs!$X$38","v":4292.1246016778305},{"$f":"params!$C$15*Inputs!$X$29*(E3716-Inputs!$X$26)","v":-1463.8957499999995},{"$f":"Inputs!$X$40*Inputs!$X$41/8760","v":5342.4657534246571},{"$f":"-Inputs!$X$45*Inputs!$X$33","v":-30000},1931.8104441244629,1.2088830888770941E-2,6.2861920621608888E-3,{"$f":"-L3716/(1.202*2465560*MAX(0,(Inputs!$X$49-O3716)))","v":2.1482616474310827},{"$f":"params!$C$15*P3716*(E3716-Inputs!$X$26)","v":-10661.641602283782},-46581.762440170482]
["2000-06-04","22:00:00",0,10,14,6,59,{"$f":"Inputs!$X$37*Inputs!$X$32*(E3719-Inputs!$X$26)","v":-24373.302387873198},{"$f":"Inputs!$X$33*C3719*Inputs!$X$38","v":0},{"$f":"params!$C$15*Inputs!$X$29*(E3719-Inputs!$X$26)","v":-2532.1439999999993},{"$f":"Inputs!$X$40*Inputs!$X$41/8760","v":5342.4657534246571},{"$f":"-Inputs!$X$45*Inputs!$X$33","v":-30000},1593.7190459500907,9.939322574797271E-3,5.8642003191303905E-3,{"$f":"-L3719/(1.202*2465560*MAX(0,(Inputs!$X$49-O3719)))","v":1.971687170788766},{"$f":"params!$C$15*P3719*(E3719-Inputs!$X$26)","v":-16925.954331772526},-68488.934966221073]
["2000-06-05","02:00:00",0,10,12,9,82,{"$f":"Inputs!$X$37*Inputs!$X$32*(E3723-Inputs!$X$26)","v":-31228.293684462536},{"$f":"Inputs!$X$33*C3723*Inputs!$X$38","v":0},{"$f":"params!$C$15*Inputs!$X$29*(E3723-Inputs!$X$26)","v":-3244.3094999999989},{"$f":"Inputs!$X$40*Inputs!$X$41/8760","v":5342.4657534246571},{"$f":"-Inputs!$X$45*Inputs!$X$33","v":-30000},1398.3079270856979,8.70357605607666E-3,7.1369323659828607E-3,{"$f":"-L3723/(1.202*2465560*MAX(0,(Inputs!$X$49-O3723)))","v":2.6215703479780355},{"$f":"params!$C$15*P3723*(E3723-Inputs!$X$26)","v":-28834.375427882598},-87964.512858920469]
["2000-06-05","04:00:00",0,10,11,10,94,{"$f":"Inputs!$X$37*Inputs!$X$32*(E3725-Inputs!$X$26)","v":-34655.789332757202},{"$f":"Inputs!$X$33*C3725*Inputs!$X$38","v":0},{"$f":"params!$C$15*Inputs!$X$29*(E3725-Inputs!$X$26)","v":-3600.392249999999},{"$f":"Inputs!$X$40*Inputs!$X$41/8760","v":5342.4657534246571},{"$f":"-Inputs!$X$45*Inputs!$X$33","v":-30000},1308.7561751391206,8.138879592783612E-3,7.6505468172165959E-3,{"$f":"-L3725/(1.202*2465560*MAX(0,(Inputs!$X$49-O3725)))","v":3.023774916748672},{"$f":"params!$C$15*P3725*(E3725-Inputs!$X$26)","v":-36908.469167705291},-99822.184997037839]
["2000-06-05","09:00:00",103,10,11,10,94,{"$f":"Inputs!$X$37*Inputs!$X$32*(E3730-Inputs!$X$26)","v":-34655.789332757202},{"$f":"Inputs!$X$33*C3730*Inputs!$X$38","v":20094.946998764386},{"$f":"params!$C$15*Inputs!$X$29*(E3730-Inputs!$X$26)","v":-3600.392249999999},{"$f":"Inputs!$X$40*Inputs!$X$41/8760","v":5342.4657534246571},{"$f":"-Inputs!$X$45*Inputs!$X$33","v":-30000},1308.7561751391206,8.138879592783612E-3,7.6505468172165959E-3,{"$f":"-L3730/(1.202*2465560*MAX(0,(Inputs!$X$49-O3730)))","v":3.023774916748672},{"$f":"params!$C$15*P3730*(E3730-Inputs!$X$26)","v":-36908.469167705291},-79727.237998273456]
["2000-06-05","13:00:00",173,10,11,9,87,{"$f":"Inputs!$X$37*Inputs!$X$32*(E3734-Inputs!$X$26)","v":-34655.789332757202},{"$f":"Inputs!$X$33*C3734*Inputs!$X$38","v":33751.707095012032},{"$f":"params!$C$15*Inputs!$X$29*(E3734-Inputs!$X$26)","v":-3600.392249999999},{"$f":"Inputs!$X$40*Inputs!$X$41/8760","v":5342.4657534246571},{"$f":"-Inputs!$X$45*Inputs!$X$33","v":-30000},1308.7561751391206,8.138879592783612E-3,7.0808252457217422E-3,{"$f":"-L3734/(1.202*2465560*MAX(0,(Inputs!$X$49-O3734)))","v":2.5840233927727527},{"$f":"params!$C$15*P3734*(E3734-Inputs!$X$26)","v":-31540.822431099434},-60702.83116541995]
["2000-06-05","16:00:00",107,10,12,10,88,{"$f":"Inputs!$X$37*Inputs!$X$32*(E3737-Inputs!$X$26)","v":-31228.293684462536},{"$f":"Inputs!$X$33*C3737*Inputs!$X$38","v":20875.333289978538},{"$f":"params!$C$15*Inputs!$X$29*(E3737-Inputs!$X$26)","v":-3244.3094999999989},{"$f":"Inputs!$X$40*Inputs!$X$41/8760","v":5342.4657534246571},{"$f":"-Inputs!$X$45*Inputs!$X$33","v":-30000},1398.3079270856979,8.70357605607666E-3,7.6591469293474613E-3,{"$f":"-L3737/(1.202*2465560*MAX(0,(Inputs!$X$49-O3737)))","v":3.0315627909986165},{"$f":"params!$C$15*P3737*(E3737-Inputs!$X$26)","v":-33343.839014762183},-71598.643155821526]
["2000-06-05","19:00:00",26,10,11,11,100,{"$f":"Inputs!$X$37*Inputs!$X$32*(E3740-Inputs!$X$26)","v":-34655.789332757202},{"$f":"Inputs!$X$33*C3740*Inputs!$X$38","v":5072.5108928919808},{"$f":"params!$C$15*Inputs!$X$29*(E3740-Inputs!$X$26)","v":-3600.392249999999},{"$f":"Inputs!$X$40*Inputs!$X$41/8760","v":5342.4657534246571},{"$f":"-Inputs!$X$45*Inputs!$X$33","v":-30000},1308.7561751391206,8.138879592783612E-3,8.138879592783612E-3,{"$f":"-L3740/(1.202*2465560*MAX(0,(Inputs!$X$49-O3740)))","v":3.5401785497421461},{"$f":"params!$C$15*P3740*(E3740-Inputs!$X$26)","v":-43211.738455660292},-101052.94339210086]
["2000-06-05","20:00:00",2,10,12,11,94,{"$f":"Inputs!$X$37*Inputs!$X$32*(E3741-Inputs!$X$26)","v":-31228.293684462536},{"$f":"Inputs!$X$33*C3741*Inputs!$X$38","v":390.19314560707545},{"$f":"params!$C$15*Inputs!$X$29*(E3741-Inputs!$X$26)","v":-3244.3094999999989},{"$f":"Inputs!$X$40*Inputs!$X$41/8760","v":5342.4657534246571},{"$f":"-Inputs!$X$45*Inputs!$X$33","v":-30000},1398.3079270856979,8.70357605607666E-3,8.1813614927120602E-3,{"$f":"-L3741/(1.202*2465560*MAX(0,(Inputs!$X$49-O3741)))","v":3.5935677884557236},{"$f":"params!$C$15*P3741*(E3741-Inputs!$X$26)","v":-39525.272635844703},-98265.216921275511]
["2000-06-05","23:00:00",0,10,12,11,94,{"$f":"Inputs!$X$37*Inputs!$X$32*(E3744-Inputs!$X$26)","v":-31228.293684462536},{"$f":"Inputs!$X$33*C3744*Inputs!$X$38","v":0},{"$f":"params!$C$15*Inputs!$X$29*(E3744-Inputs!$X$26)","v":-3244.3094999999989},{"$f":"Inputs!$X$40*Inputs!$X$41/8760","v":5342.4657534246571},{"$f":"-Inputs!$X$45*Inputs!$X$33","v":-30000},1398.3079270856979,8.70357605607666E-3,8.1813614927120602E-3,{"$f":"-L3744/(1.202*2465560*MAX(0,(Inputs!$X$49-O3744)))","v":3.5935677884557236},{"$f":"params!$C$15*P3744*(E3744-Inputs!$X$26)","v":-39525.272635844703},-98655.410066882585]
["2000-06-06","03:00:00",0,10,11,9,87,{"$f":"Inputs!$X$37*Inputs!$X$32*(E3748-Inputs!$X$26)","v":-34655.789332757202},{"$f":"Inputs!$X$33*C3748*Inputs!$X$38","v":0},{"$f":"params!$C$15*Inputs!$X$29*(E3748-Inputs!$X$26)","v":-3600.392249999999},{"$f":"Inputs!$X$40*Inputs!$X$41/8760","v":5342.4657534246571},{"$f":"-Inputs!$X$45*Inputs!$X$33","v":-30000},1308.7561751391206,8.138879592783612E-3,7.0808252457217422E-3,{"$f":"-L3748/(1.202*2465560*MAX(0,(Inputs!$X$49-O3748)))","v":2.5840233927727527},{"$f":"params!$C$15*P3748*(E3748-Inputs!$X$26)","v":-31540.822431099434},-94454.538260431975]
["2000-06-06","05:00:00",0,10,11,9,87,{"$f":"Inputs!$X$37*Inputs!$X$32*(E3750-Inputs!$X$26)","v":-34655.789332757202},{"$f":"Inputs!$X$33*C3750*Inputs!$X$38","v":0},{"$f":"params!$C$15*Inputs!$X$29*(E3750-Inputs!$X$26)","v":-3600.392249999999},{"$f":"Inputs!$X$40*Inputs!$X$41/8760","v":5342.4657534246571},{"$f":"-Inputs!$X$45*Inputs!$X$33","v":-30000},1308.7561751391206,8.138879592783612E-3,7.0808252457217422E-3,{"$f":"-L3750/(1.202*2465560*MAX(0,(Inputs!$X$49-O3750)))","v":2.5840233927727527},{"$f":"params!$C$15*P3750*(E3750-Inputs!$X$26)","v":-31540.822431099434},-94454.538260431975]
["2000-06-06","10:00:00",207,10,11,10,94,{"$f":"Inputs!$X$37*Inputs!$X$32*(E3755-Inputs!$X$26)","v":-34655.789332757202},{"$f":"Inputs!$X$33*C3755*Inputs!$X$38","v":40384.990570332309},{"$f":"params!$C$15*Inputs!$X$29*(E3755-Inputs!$X$26)","v":-3600.392249999999},{"$f":"Inputs!$X$40*Inputs!$X$41/8760","v":5342.4657534246571},{"$f":"-Inputs!$X$45*Inputs!$X$33","v":-30000},1308.7561751391206,8.138879592783612E-3,7.6505468172165959E-3,{"$f":"-L3755/(1.202*2465560*MAX(0,(Inputs!$X$49-O3755)))","v":3.023774916748672},{"$f":"params!$C$15*P3755*(E3755-Inputs!$X$26)","v":-36908.469167705291},-59437.194426705522]
["2000-06-06","14:00:00",194,10,12,10,88,{"$f":"Inputs!$X$37*Inputs!$X$32*(E3759-Inputs!$X$26)","v":-31228.293684462536},{"$f":"Inputs!$X$33*C3759*Inputs!$X$38","v":37848.735123886319},{"$f":"params!$C$15*Inputs!$X$29*(E3759-Inputs!$X$26)","v":-3244.3094999999989},{"$f":"Inputs!$X$40*Inputs!$X$41/8760","v":5342.4657534246571},{"$f":"-Inputs!$X$45*Inputs!$X$33","v":-30000},1398.3079270856979,8.70357605607666E-3,7.6591469293474613E-3,{"$f":"-L3759/(1.202*2465560*MAX(0,(Inputs!$X$49-O3759)))","v":3.0315627909986165},{"$f":"params!$C$15*P3759*(E3759-Inputs!$X$26)","v":-33343.839014762183},-54625.241321913738]
["2000-06-06","17:00:00",88,10,11,9,87,{"$f":"Inputs!$X$37*Inputs!$X$32*(E3762-Inputs!$X$26)","v":-34655.789332757202},{"$f":"Inputs!$X$33*C3762*Inputs!$X$38","v":17168.498406711322},{"$f":"params!$C$15*Inputs!$X$29*(E3762-Inputs!$X$26)","v":-3600.392249999999},{"$f":"Inputs!$X$40*Inputs!$X$41/8760","v":5342.4657534246571},{"$f":"-Inputs!$X$45*Inputs!$X$33","v":-30000},1308.7561751391206,8.138879592783612E-3,7.0808252457217422E-3,{"$f":"-L3762/(1.202*2465560*MAX(0,(Inputs!$X$49-O3762)))","v":2.5840233927727527},{"$f":"params!$C$15*P3762*(E3762-Inputs!$X$26)","v":-31540.822431099434},-77286.039853720664]
["2000-06-06","18:00:00",129,10,11,9,87,{"$f":"Inputs!$X$37*Inputs!$X$32*(E3763-Inputs!$X$26)","v":-34655.789332757202},{"$f":"Inputs!$X$33*C3763*Inputs!$X$38","v":25167.45789165637},{"$f":"params!$C$15*Inputs!$X$29*(E3763-Inputs!$X$26)","v":-3600.392249999999},{"$f":"Inputs!$X$40*Inputs!$X$41/8760","v":5342.4657534246571},{"$f":"-Inputs!$X$45*Inputs!$X$33","v":-30000},1308.7561751391206,8.138879592783612E-3,7.0808252457217422E-3,{"$f":"-L3763/(1.202*2465560*MAX(0,(Inputs!$X$49-O3763)))","v":2.5840233927727527},{"$f":"params!$C$15*P3763*(E3763-Inputs!$X$26)","v":-31540.822431099434},-69287.080368775612]
["2000-06-06","21:00:00",0,10,11,9,87,{"$f":"Inputs!$X$37*Inputs!$X$32*(E3766-Inputs!$X$26)","v":-34655.789332757202},{"$f":"Inputs!$X$33*C3766*Inputs!$X$38","v":0},{"$f":"params!$C$15*Inputs!$X$29*(E3766-Inputs!$X$26)","v":-3600.392249999999},{"$f":"Inputs!$X$40*Inputs!$X$41/8760","v":5342.4657534246571},{"$f":"-Inputs!$X$45*Inputs!$X$33","v":-30000},1308.7561751391206,8.138879592783612E-3,7.0808252457217422E-3,{"$f":"-L3766/(1.202*2465560*MAX(0,(Inputs!$X$49-O3766)))","v":2.5840233927727527},{"$f":"params!$C$15*P3766*(E3766-Inputs!$X$26)","v":-31540.822431099434},-94454.538260431975]
["2000-06-06",1,0,10,11,8,82,{"$f":"Inputs!$X$37*Inputs!$X$32*(E3769-Inputs!$X$26)","v":-34655.789332757202},{"$f":"Inputs!$X$33*C3769*Inputs!$X$38","v":0},{"$f":"params!$C$15*Inputs!$X$29*(E3769-Inputs!$X$26)","v":-3600.392249999999},{"$f":"Inputs!$X$40*Inputs!$X$41/8760","v":5342.4657534246571},{"$f":"-Inputs!$X$45*Inputs!$X$33","v":-30000},1308.7561751391206,8.138879592783612E-3,6.6738812660825618E-3,{"$f":"-L3769/(1.202*2465560*MAX(0,(Inputs!$X$49-O3769)))","v":2.3408563968649196},{"$f":"params!$C$15*P3769*(E3769-Inputs!$X$26)","v":-28572.704162323633},-91486.419991656177]
["2000-06-07","04:00:00",0,0,7,7,100,{"$f":"Inputs!$X$37*Inputs!$X$32*(E3773-Inputs!$X$26)","v":-48365.771925935878},{"$f":"Inputs!$X$33*C3773*Inputs!$X$38","v":0},{"$f":"params!$C$15*Inputs!$X$29*(E3773-Inputs!$X$26)","v":-5024.7232499999991},{"$f":"Inputs!$X$40*Inputs!$X$41/8760","v":5342.4657534246571},{"$f":"-Inputs!$X$45*Inputs!$X$33","v":-30000},998.98316002102877,6.193284308903993E-3,6.1932843089039921E-3,{"$f":"-L3773/(1.202*2465560*MAX(0,(Inputs!$X$49-O3773)))","v":2.1067236558976616},{"$f":"params!$C$15*P3773*(E3773-Inputs!$X$26)","v":-35887.770006580758},-113935.79942909199]
["2000-06-07","06:00:00",103,0,9,8,93,{"$f":"Inputs!$X$37*Inputs!$X$32*(E3775-Inputs!$X$26)","v":-41510.78062934654},{"$f":"Inputs!$X$33*C3775*Inputs!$X$38","v":20094.946998764386},{"$f":"params!$C$15*Inputs!$X$29*(E3775-Inputs!$X$26)","v":-4312.557749999999},{"$f":"Inputs!$X$40*Inputs!$X$41/8760","v":5342.4657534246571},{"$f":"-Inputs!$X$45*Inputs!$X$33","v":-30000},1144.6654335441779,7.1067740933079149E-3,6.6092999067763614E-3,{"$f":"-L3775/(1.202*2465560*MAX(0,(Inputs!$X$49-O3775)))","v":2.3064120744721714},{"$f":"params!$C$15*P3775*(E3775-Inputs!$X$26)","v":-33720.855261542711},-84106.780888700217]
["2000-06-07","11:00:00",875,3,21,9,46,{"$f":"Inputs!$X$37*Inputs!$X$32*(E3780-Inputs!$X$26)","v":-380.83284981051736},{"$f":"Inputs!$X$33*C3780*Inputs!$X$38","v":170709.50120309554},{"$f":"params!$C$15*Inputs!$X$29*(E3780-Inputs!$X$26)","v":-39.564749999999847},{"$f":"Inputs!$X$40*Inputs!$X$41/8760","v":5342.4657534246571},{"$f":"-Inputs!$X$45*Inputs!$X$33","v":-30000},2479.5289798458998,1.5602307510579843E-2,7.1770614548667278E-3,{"$f":"-L3780/(1.202*2465560*MAX(0,(Inputs!$X$49-O3780)))","v":2.6491011040041066},{"$f":"params!$C$15*P3780*(E3780-Inputs!$X$26)","v":-355.3315037347877},145276.23785297491]
["2000-06-07","15:00:00",561,4,22,9,43,{"$f":"Inputs!$X$37*Inputs!$X$32*(E3784-Inputs!$X$26)","v":3046.6627984841512},{"$f":"Inputs!$X$33*C3784*Inputs!$X$38","v":109449.17734278466},{"$f":"params!$C$15*Inputs!$X$29*(E3784-Inputs!$X$26)","v":316.51800000000009},{"$f":"Inputs!$X$40*Inputs!$X$41/8760","v":5342.4657534246571},{"$f":"-Inputs!$X$45*Inputs!$X$33","v":-30000},2636.0296246790026,1.6613383438113645E-2,7.1437548783888673E-3,{"$f":"-L3784/(1.202*2465560*MAX(0,(Inputs!$X$49-O3784)))","v":2.6262105210101803},{"$f":"params!$C$15*P3784*(E3784-Inputs!$X$26)","v":2818.0889952268867},90972.91288992035]
["2000-06-07","18:00:00",273,2,21,11,53,{"$f":"Inputs!$X$37*Inputs!$X$32*(E3787-Inputs!$X$26)","v":-380.83284981051736},{"$f":"Inputs!$X$33*C3787*Inputs!$X$38","v":53261.364375365803},{"$f":"params!$C$15*Inputs!$X$29*(E3787-Inputs!$X$26)","v":-39.564749999999847},{"$f":"Inputs!$X$40*Inputs!$X$41/8760","v":5342.4657534246571},{"$f":"-Inputs!$X$45*Inputs!$X$33","v":-30000},2479.5289798458998,1.5602307510579843E-2,8.2692229806073173E-3,{"$f":"-L3787/(1.202*2465560*MAX(0,(Inputs!$X$49-O3787)))","v":3.7092617425057943},{"$f":"params!$C$15*P3787*(E3787-Inputs!$X$26)","v":-497.53388072592776},27685.898648254017]
["2000-06-07","19:00:00",70,3,19,11,60,{"$f":"Inputs!$X$37*Inputs!$X$32*(E3788-Inputs!$X$26)","v":-7235.8241463998547},{"$f":"Inputs!$X$33*C3788*Inputs!$X$38","v":13656.760096247641},{"$f":"params!$C$15*Inputs!$X$29*(E3788-Inputs!$X$26)","v":-751.73024999999973},{"$f":"Inputs!$X$40*Inputs!$X$41/8760","v":5342.4657534246571},{"$f":"-Inputs!$X$45*Inputs!$X$33","v":-30000},2190.7229749852513,1.3744851093608144E-2,8.246910656164886E-3,{"$f":"-L3788/(1.202*2465560*MAX(0,(Inputs!$X$49-O3788)))","v":3.6791814337179582},{"$f":"params!$C$15*P3788*(E3788-Inputs!$X$26)","v":-9376.4833355064529},-28364.811882234011]
["2000-06-07","22:00:00",0,9,13,11,88,{"$f":"Inputs!$X$37*Inputs!$X$32*(E3791-Inputs!$X$26)","v":-27800.798036167867},{"$f":"Inputs!$X$33*C3791*Inputs!$X$38","v":0},{"$f":"params!$C$15*Inputs!$X$29*(E3791-Inputs!$X$26)","v":-2888.2267499999994},{"$f":"Inputs!$X$40*Inputs!$X$41/8760","v":5342.4657534246571},{"$f":"-Inputs!$X$45*Inputs!$X$33","v":-30000},1493.2057396927576,9.303089390063848E-3,8.1867186632561869E-3,{"$f":"-L3791/(1.202*2465560*MAX(0,(Inputs!$X$49-O3791)))","v":3.6004149829301779},{"$f":"params!$C$15*P3791*(E3791-Inputs!$X$26)","v":-35254.178621370527},-90600.737654113735]
["2000-06-08","01:00:00",0,8,12,12,100,{"$f":"Inputs!$X$37*Inputs!$X$32*(E3794-Inputs!$X$26)","v":-31228.293684462536},{"$f":"Inputs!$X$33*C3794*Inputs!$X$38","v":0},{"$f":"params!$C$15*Inputs!$X$29*(E3794-Inputs!$X$26)","v":-3244.3094999999989},{"$f":"Inputs!$X$40*Inputs!$X$41/8760","v":5342.4657534246571},{"$f":"-Inputs!$X$45*Inputs!$X$33","v":-30000},1398.3079270856979,8.70357605607666E-3,8.70357605607666E-3,{"$f":"-L3794/(1.202*2465560*MAX(0,(Inputs!$X$49-O3794)))","v":4.4113672589094035},{"$f":"params!$C$15*P3794*(E3794-Inputs!$X$26)","v":-48520.162654330132},-107650.30008536801]
["2000-06-08","07:00:00",125,8,13,12,94,{"$f":"Inputs!$X$37*Inputs!$X$32*(E3800-Inputs!$X$26)","v":-27800.798036167867},{"$f":"Inputs!$X$33*C3800*Inputs!$X$38","v":24387.071600442214},{"$f":"params!$C$15*Inputs!$X$29*(E3800-Inputs!$X$26)","v":-2888.2267499999994},{"$f":"Inputs!$X$40*Inputs!$X$41/8760","v":5342.4657534246571},{"$f":"-Inputs!$X$45*Inputs!$X$33","v":-30000},1493.2057396927576,9.303089390063848E-3,8.7449040266600175E-3,{"$f":"-L3800/(1.202*2465560*MAX(0,(Inputs!$X$49-O3800)))","v":4.4922735472006163},{"$f":"params!$C$15*P3800*(E3800-Inputs!$X$26)","v":-43986.98894430737},-74946.476376608363]
["2000-06-08","09:00:00",226,9,18,13,73,{"$f":"Inputs!$X$37*Inputs!$X$32*(E3802-Inputs!$X$26)","v":-10663.319794694524},{"$f":"Inputs!$X$33*C3802*Inputs!$X$38","v":44091.825453599529},{"$f":"params!$C$15*Inputs!$X$29*(E3802-Inputs!$X$26)","v":-1107.8129999999996},{"$f":"Inputs!$X$40*Inputs!$X$41/8760","v":5342.4657534246571},{"$f":"-Inputs!$X$45*Inputs!$X$33","v":-30000},2057.7011249857014,1.2892956292988709E-2,9.4118580938817569E-3,{"$f":"-L3802/(1.202*2465560*MAX(0,(Inputs!$X$49-O3802)))","v":6.3808800975821756},{"$f":"params!$C$15*P3802*(E3802-Inputs!$X$26)","v":-23964.799256000344},-16301.640843670681]
["2000-06-08","13:00:00",789,5,23,12,50,{"$f":"Inputs!$X$37*Inputs!$X$32*(E3806-Inputs!$X$26)","v":6474.1584467788198},{"$f":"Inputs!$X$33*C3806*Inputs!$X$38","v":153931.19594199126},{"$f":"params!$C$15*Inputs!$X$29*(E3806-Inputs!$X$26)","v":672.60074999999995},{"$f":"Inputs!$X$40*Inputs!$X$41/8760","v":5342.4657534246571},{"$f":"-Inputs!$X$45*Inputs!$X$33","v":-30000},2801.0950714195728,1.768327304712981E-2,8.8416365235649049E-3,{"$f":"-L3806/(1.202*2465560*MAX(0,(Inputs!$X$49-O3806)))","v":4.6937660153556173},{"$f":"params!$C$15*P3806*(E3806-Inputs!$X$26)","v":10703.000303087176},147123.4211952819]
["2000-06-08","16:00:00",487,7,24,12,47,{"$f":"Inputs!$X$37*Inputs!$X$32*(E3809-Inputs!$X$26)","v":9901.6540950734889},{"$f":"Inputs!$X$33*C3809*Inputs!$X$38","v":95012.030955322887},{"$f":"params!$C$15*Inputs!$X$29*(E3809-Inputs!$X$26)","v":1028.6834999999999},{"$f":"Inputs!$X$40*Inputs!$X$41/8760","v":5342.4657534246571},{"$f":"-Inputs!$X$45*Inputs!$X$33","v":-30000},2975.1171299801654,1.8815104792251288E-2,8.843099252358105E-3,{"$f":"-L3809/(1.202*2465560*MAX(0,(Inputs!$X$49-O3809)))","v":4.6969516805282385},{"$f":"params!$C$15*P3809*(E3809-Inputs!$X$26)","v":16380.404442969895},97665.238746790928]
["2000-06-08","19:00:00",40,9,21,13,60,{"$f":"Inputs!$X$37*Inputs!$X$32*(E3812-Inputs!$X$26)","v":-380.83284981051736},{"$f":"Inputs!$X$33*C3812*Inputs!$X$38","v":7803.8629121415097},{"$f":"params!$C$15*Inputs!$X$29*(E3812-Inputs!$X$26)","v":-39.564749999999847},{"$f":"Inputs!$X$40*Inputs!$X$41/8760","v":5342.4657534246571},{"$f":"-Inputs!$X$45*Inputs!$X$33","v":-30000},2479.5289798458998,1.5602307510579843E-2,9.3613845063479067E-3,{"$f":"-L3812/(1.202*2465560*MAX(0,(Inputs!$X$49-O3812)))","v":6.1841268382609123},{"$f":"params!$C$15*P3812*(E3812-Inputs!$X$26)","v":-829.49461060754652},-18103.563544851899]
["2000-06-08","20:00:00",3,5,18.600000000000001,12.9,69,{"$f":"Inputs!$X$37*Inputs!$X$32*(E3813-Inputs!$X$26)","v":-8606.8224057177176},{"$f":"Inputs!$X$33*C3813*Inputs!$X$38","v":585.2897184106132},{"$f":"params!$C$15*Inputs!$X$29*(E3813-Inputs!$X$26)","v":-894.16334999999913},{"$f":"Inputs!$X$40*Inputs!$X$41/8760","v":5342.4657534246571},{"$f":"-Inputs!$X$45*Inputs!$X$33","v":-30000},2136.6370783828165,1.3398200059645433E-2,9.2447580411553487E-3,{"$f":"-L3813/(1.202*2465560*MAX(0,(Inputs!$X$49-O3813)))","v":5.7728232037788043},{"$f":"params!$C$15*P3813*(E3813-Inputs!$X$26)","v":-17499.751291209337},-51072.981575091784]
["2000-06-08","23:00:00",0,2,16,13,82,{"$f":"Inputs!$X$37*Inputs!$X$32*(E3816-Inputs!$X$26)","v":-17518.31109128386},{"$f":"Inputs!$X$33*C3816*Inputs!$X$38","v":0},{"$f":"params!$C$15*Inputs!$X$29*(E3816-Inputs!$X$26)","v":-1819.9784999999995},{"$f":"Inputs!$X$40*Inputs!$X$41/8760","v":5342.4657534246571},{"$f":"-Inputs!$X$45*Inputs!$X$33","v":-30000},1812.7242941450775,1.1330041931761578E-2,9.2906343840444931E-3,{"$f":"-L3816/(1.202*2465560*MAX(0,(Inputs!$X$49-O3816)))","v":5.9279109581061871},{"$f":"params!$C$15*P3816*(E3816-Inputs!$X$26)","v":-36575.871540741617},-80571.695378600823]
["2000-06-09","02:00:00",0,2,13,12,94,{"$f":"Inputs!$X$37*Inputs!$X$32*(E3819-Inputs!$X$26)","v":-27800.798036167867},{"$f":"Inputs!$X$33*C3819*Inputs!$X$38","v":0},{"$f":"params!$C$15*Inputs!$X$29*(E3819-Inputs!$X$26)","v":-2888.2267499999994},{"$f":"Inputs!$X$40*Inputs!$X$41/8760","v":5342.4657534246571},{"$f":"-Inputs!$X$45*Inputs!$X$33","v":-30000},1493.2057396927576,9.303089390063848E-3,8.7449040266600175E-3,{"$f":"-L3819/(1.202*2465560*MAX(0,(Inputs!$X$49-O3819)))","v":4.4922735472006163},{"$f":"params!$C$15*P3819*(E3819-Inputs!$X$26)","v":-43986.98894430737},-99333.547977050577]
["2000-06-09","08:00:00",410,7,22,16,69,{"$f":"Inputs!$X$37*Inputs!$X$32*(E3825-Inputs!$X$26)","v":3046.6627984841512},{"$f":"Inputs!$X$33*C3825*Inputs!$X$38","v":79989.59484945047},{"$f":"params!$C$15*Inputs!$X$29*(E3825-Inputs!$X$26)","v":316.51800000000009},{"$f":"Inputs!$X$40*Inputs!$X$41/8760","v":5342.4657534246571},{"$f":"-Inputs!$X$45*Inputs!$X$33","v":-30000},2636.0296246790026,1.6613383438113645E-2,1.1463234572298414E-2,{"$f":"-L3825/(1.202*2465560*MAX(0,(Inputs!$X$49-O3825)))","v":{"$error":"#DIV/0!"}},{"$f":"params!$C$15*P3825*(E3825-Inputs!$X$26)","v":{"$error":"#DIV/0!"}},{"$error":"#DIV/0!"}]
["2000-06-09","10:00:00",490,8,23,17,69,{"$f":"Inputs!$X$37*Inputs!$X$32*(E3827-Inputs!$X$26)","v":6474.1584467788198},{"$f":"Inputs!$X$33*C3827*Inputs!$X$38","v":95597.320673733499},{"$f":"params!$C$15*Inputs!$X$29*(E3827-Inputs!$X$26)","v":672.60074999999995},{"$f":"Inputs!$X$40*Inputs!$X$41/8760","v":5342.4657534246571},{"$f":"-Inputs!$X$45*Inputs!$X$33","v":-30000},2801.0950714195728,1.768327304712981E-2,1.220145840251957E-2,{"$f":"-L3827/(1.202*2465560*MAX(0,(Inputs!$X$49-O3827)))","v":{"$error":"#DIV/0!"}},{"$f":"params!$C$15*P3827*(E3827-Inputs!$X$26)","v":{"$error":"#DIV/0!"}},{"$error":"#DIV/0!"}]
["2000-06-09","14:00:00",147,8,19,18,94,{"$f":"Inputs!$X$37*Inputs!$X$32*(E3831-Inputs!$X$26)","v":-7235.8241463998547},{"$f":"Inputs!$X$33*C3831*Inputs!$X$38","v":28679.196202120049},{"$f":"params!$C$15*Inputs!$X$29*(E3831-Inputs!$X$26)","v":-751.73024999999973},{"$f":"Inputs!$X$40*Inputs!$X$41/8760","v":5342.4657534246571},{"$f":"-Inputs!$X$45*Inputs!$X$33","v":-30000},2190.7229749852513,1.3744851093608144E-2,1.2920160027991656E-2,{"$f":"-L3831/(1.202*2465560*MAX(0,(Inputs!$X$49-O3831)))","v":{"$error":"#DIV/0!"}},{"$f":"params!$C$15*P3831*(E3831-Inputs!$X$26)","v":{"$error":"#DIV/0!"}},{"$error":"#DIV/0!"}]
["2000-06-09","17:00:00",471,1,27,20,66,{"$f":"Inputs!$X$37*Inputs!$X$32*(E3834-Inputs!$X$26)","v":20184.141039957496},{"$f":"Inputs!$X$33*C3834*Inputs!$X$38","v":91890.485790466264},{"$f":"params!$C$15*Inputs!$X$29*(E3834-Inputs!$X$26)","v":2096.9317499999997},{"$f":"Inputs!$X$40*Inputs!$X$41/8760","v":5342.4657534246571},{"$f":"-Inputs!$X$45*Inputs!$X$33","v":-30000},3555.0534347297348,2.2616071840205452E-2,1.4926607414535598E-2,{"$f":"-L3834/(1.202*2465560*MAX(0,(Inputs!$X$49-O3834)))","v":{"$error":"#DIV/0!"}},{"$f":"params!$C$15*P3834*(E3834-Inputs!$X$26)","v":{"$error":"#DIV/0!"}},{"$error":"#DIV/0!"}]
["2000-06-09","20:00:00",6,0,19,19,100,{"$f":"Inputs!$X$37*Inputs!$X$32*(E3837-Inputs!$X$26)","v":-7235.8241463998547},{"$f":"Inputs!$X$33*C3837*Inputs!$X$38","v":1170.5794368212264},{"$f":"params!$C$15*Inputs!$X$29*(E3837-Inputs!$X$26)","v":-751.73024999999973},{"$f":"Inputs!$X$40*Inputs!$X$41/8760","v":5342.4657534246571},{"$f":"-Inputs!$X$45*Inputs!$X$33","v":-30000},2190.7229749852513,1.3744851093608144E-2,1.3744851093608144E-2,{"$f":"-L3837/(1.202*2465560*MAX(0,(Inputs!$X$49-O3837)))","v":{"$error":"#DIV/0!"}},{"$f":"params!$C$15*P3837*(E3837-Inputs!$X$26)","v":{"$error":"#DIV/0!"}},{"$error":"#DIV/0!"}]
["2000-06-09","21:00:00",0,0,19,18,94,{"$f":"Inputs!$X$37*Inputs!$X$32*(E3838-Inputs!$X$26)","v":-7235.8241463998547},{"$f":"Inputs!$X$33*C3838*Inputs!$X$38","v":0},{"$f":"params!$C$15*Inputs!$X$29*(E3838-Inputs!$X$26)","v":-751.73024999999973},{"$f":"Inputs!$X$40*Inputs!$X$41/8760","v":5342.4657534246571},{"$f":"-Inputs!$X$45*Inputs!$X$33","v":-30000},2190.7229749852513,1.3744851093608144E-2,1.2920160027991656E-2,{"$f":"-L3838/(1.202*2465560*MAX(0,(Inputs!$X$49-O3838)))","v":{"$error":"#DIV/0!"}},{"$f":"params!$C$15*P3838*(E3838-Inputs!$X$26)","v":{"$error":"#DIV/0!"}},{"$error":"#DIV/0!"}]
["2000-06-09",1,0,3,15,15,100,{"$f":"Inputs!$X$37*Inputs!$X$32*(E3841-Inputs!$X$26)","v":-20945.806739578529},{"$f":"Inputs!$X$33*C3841*Inputs!$X$38","v":0},{"$f":"params!$C$15*Inputs!$X$29*(E3841-Inputs!$X$26)","v":-2176.0612499999993},{"$f":"Inputs!$X$40*Inputs!$X$41/8760","v":5342.4657534246571},{"$f":"-Inputs!$X$45*Inputs!$X$33","v":-30000},1700.1281023555496,1.0614273895273205E-2,1.0614273895273205E-2,{"$f":"-L3841/(1.202*2465560*MAX(0,(Inputs!$X$49-O3841)))","v":26.360589159916337},{"$f":"params!$C$15*P3841*(E3841-Inputs!$X$26)","v":-194470.16477603037},-242249.56701218424]
["2000-06-10","03:00:00",0,10,12,12,100,{"$f":"Inputs!$X$37*Inputs!$X$32*(E3844-Inputs!$X$26)","v":-31228.293684462536},{"$f":"Inputs!$X$33*C3844*Inputs!$X$38","v":0},{"$f":"params!$C$15*Inputs!$X$29*(E3844-Inputs!$X$26)","v":-3244.3094999999989},{"$f":"Inputs!$X$40*Inputs!$X$41/8760","v":5342.4657534246571},{"$f":"-Inputs!$X$45*Inputs!$X$33","v":-30000},1398.3079270856979,8.70357605607666E-3,8.70357605607666E-3,{"$f":"-L3844/(1.202*2465560*MAX(0,(Inputs!$X$49-O3844)))","v":4.4113672589094035},{"$f":"params!$C$15*P3844*(E3844-Inputs!$X$26)","v":-48520.162654330132},-107650.30008536801]
["2000-06-10","09:00:00",619,0,26,19,65,{"$f":"Inputs!$X$37*Inputs!$X$32*(E3850-Inputs!$X$26)","v":16756.645391662827},{"$f":"Inputs!$X$33*C3850*Inputs!$X$38","v":120764.77856538986},{"$f":"params!$C$15*Inputs!$X$29*(E3850-Inputs!$X$26)","v":1740.8489999999997},{"$f":"Inputs!$X$40*Inputs!$X$41/8760","v":5342.4657534246571},{"$f":"-Inputs!$X$45*Inputs!$X$33","v":-30000},3351.668772324198,2.1277942853302922E-2,1.3830662854646901E-2,{"$f":"-L3850/(1.202*2465560*MAX(0,(Inputs!$X$49-O3850)))","v":{"$error":"#DIV/0!"}},{"$f":"params!$C$15*P3850*(E3850-Inputs!$X$26)","v":{"$error":"#DIV/0!"}},{"$error":"#DIV/0!"}]
["2000-06-10","11:00:00",863,0,29,17,48,{"$f":"Inputs!$X$37*Inputs!$X$32*(E3852-Inputs!$X$26)","v":27039.132336546831},{"$f":"Inputs!$X$33*C3852*Inputs!$X$38","v":168368.34232945307},{"$f":"params!$C$15*Inputs!$X$29*(E3852-Inputs!$X$26)","v":2809.0972499999993},{"$f":"Inputs!$X$40*Inputs!$X$41/8760","v":5342.4657534246571},{"$f":"-Inputs!$X$45*Inputs!$X$33","v":-30000},3994.2904004730208,2.5525024460504739E-2,1.2252011741042275E-2,{"$f":"-L3852/(1.202*2465560*MAX(0,(Inputs!$X$49-O3852)))","v":{"$error":"#DIV/0!"}},{"$f":"params!$C$15*P3852*(E3852-Inputs!$X$26)","v":{"$error":"#DIV/0!"}},{"$error":"#DIV/0!"}]
["2000-06-10","15:00:00",793,0,32,16,38,{"$f":"Inputs!$X$37*Inputs!$X$32*(E3856-Inputs!$X$26)","v":37321.619281430838},{"$f":"Inputs!$X$33*C3856*Inputs!$X$38","v":154711.58223320544},{"$f":"params!$C$15*Inputs!$X$29*(E3856-Inputs!$X$26)","v":3877.3454999999994},{"$f":"Inputs!$X$40*Inputs!$X$41/8760","v":5342.4657534246571},{"$f":"-Inputs!$X$45*Inputs!$X$33","v":-30000},4741.5323591331353,3.0534607720853601E-2,1.1603150933924368E-2,{"$f":"-L3856/(1.202*2465560*MAX(0,(Inputs!$X$49-O3856)))","v":{"$error":"#DIV/0!"}},{"$f":"params!$C$15*P3856*(E3856-Inputs!$X$26)","v":{"$error":"#DIV/0!"}},{"$error":"#DIV/0!"}]
["2000-06-10","18:00:00",294,0,30,17,46,{"$f":"Inputs!$X$37*Inputs!$X$32*(E3859-Inputs!$X$26)","v":30466.6279848415},{"$f":"Inputs!$X$33*C3859*Inputs!$X$38","v":57358.392404240098},{"$f":"params!$C$15*Inputs!$X$29*(E3859-Inputs!$X$26)","v":3165.1799999999994},{"$f":"Inputs!$X$40*Inputs!$X$41/8760","v":5342.4657534246571},{"$f":"-Inputs!$X$45*Inputs!$X$33","v":-30000},4231.0890272287934,2.710419970510591E-2,1.2467931864348717E-2,{"$f":"-L3859/(1.202*2465560*MAX(0,(Inputs!$X$49-O3859)))","v":{"$error":"#DIV/0!"}},{"$f":"params!$C$15*P3859*(E3859-Inputs!$X$26)","v":{"$error":"#DIV/0!"}},{"$error":"#DIV/0!"}]
["2000-06-10","21:00:00",0,0,19,17,88,{"$f":"Inputs!$X$37*Inputs!$X$32*(E3862-Inputs!$X$26)","v":-7235.8241463998547},{"$f":"Inputs!$X$33*C3862*Inputs!$X$38","v":0},{"$f":"params!$C$15*Inputs!$X$29*(E3862-Inputs!$X$26)","v":-751.73024999999973},{"$f":"Inputs!$X$40*Inputs!$X$41/8760","v":5342.4657534246571},{"$f":"-Inputs!$X$45*Inputs!$X$33","v":-30000},2190.7229749852513,1.3744851093608144E-2,1.2095468962375167E-2,{"$f":"-L3862/(1.202*2465560*MAX(0,(Inputs!$X$49-O3862)))","v":{"$error":"#DIV/0!"}},{"$f":"params!$C$15*P3862*(E3862-Inputs!$X$26)","v":{"$error":"#DIV/0!"}},{"$error":"#DIV/0!"}]
["2000-06-10","22:00:00",0,0,18,17,94,{"$f":"Inputs!$X$37*Inputs!$X$32*(E3863-Inputs!$X$26)","v":-10663.319794694524},{"$f":"Inputs!$X$33*C3863*Inputs!$X$38","v":0},{"$f":"params!$C$15*Inputs!$X$29*(E3863-Inputs!$X$26)","v":-1107.8129999999996},{"$f":"Inputs!$X$40*Inputs!$X$41/8760","v":5342.4657534246571},{"$f":"-Inputs!$X$45*Inputs!$X$33","v":-30000},2057.7011249857014,1.2892956292988709E-2,1.2119378915409387E-2,{"$f":"-L3863/(1.202*2465560*MAX(0,(Inputs!$X$49-O3863)))","v":{"$error":"#DIV/0!"}},{"$f":"params!$C$15*P3863*(E3863-Inputs!$X$26)","v":{"$error":"#DIV/0!"}},{"$error":"#DIV/0!"}]
["2000-06-11","01:00:00",0,0,17,16,94,{"$f":"Inputs!$X$37*Inputs!$X$32*(E3866-Inputs!$X$26)","v":-14090.815442989191},{"$f":"Inputs!$X$33*C3866*Inputs!$X$38","v":0},{"$f":"params!$C$15*Inputs!$X$29*(E3866-Inputs!$X$26)","v":-1463.8957499999995},{"$f":"Inputs!$X$40*Inputs!$X$41/8760","v":5342.4657534246571},{"$f":"-Inputs!$X$45*Inputs!$X$33","v":-30000},1931.8104441244629,1.2088830888770941E-2,1.1363501035444683E-2,{"$f":"-L3866/(1.202*2465560*MAX(0,(Inputs!$X$49-O3866)))","v":{"$error":"#DIV/0!"}},{"$f":"params!$C$15*P3866*(E3866-Inputs!$X$26)","v":{"$error":"#DIV/0!"}},{"$error":"#DIV/0!"}]
["2000-06-11","06:00:00",41,5,21,18,83,{"$f":"Inputs!$X$37*Inputs!$X$32*(E3871-Inputs!$X$26)","v":-380.83284981051736},{"$f":"Inputs!$X$33*C3871*Inputs!$X$38","v":7998.9594849450468},{"$f":"params!$C$15*Inputs!$X$29*(E3871-Inputs!$X$26)","v":-39.564749999999847},{"$f":"Inputs!$X$40*Inputs!$X$41/8760","v":5342.4657534246571},{"$f":"-Inputs!$X$45*Inputs!$X$33","v":-30000},2479.5289798458998,1.5602307510579843E-2,1.2949915233781271E-2,{"$f":"-L3871/(1.202*2465560*MAX(0,(Inputs!$X$49-O3871)))","v":{"$error":"#DIV/0!"}},{"$f":"params!$C$15*P3871*(E3871-Inputs!$X$26)","v":{"$error":"#DIV/0!"}},{"$error":"#DIV/0!"}]
["2000-06-11","09:00:00",445,2,27,20,66,{"$f":"Inputs!$X$37*Inputs!$X$32*(E3874-Inputs!$X$26)","v":20184.141039957496},{"$f":"Inputs!$X$33*C3874*Inputs!$X$38","v":86817.974897574284},{"$f":"params!$C$15*Inputs!$X$29*(E3874-Inputs!$X$26)","v":2096.9317499999997},{"$f":"Inputs!$X$40*Inputs!$X$41/8760","v":5342.4657534246571},{"$f":"-Inputs!$X$45*Inputs!$X$33","v":-30000},3555.0534347297348,2.2616071840205452E-2,1.4926607414535598E-2,{"$f":"-L3874/(1.202*2465560*MAX(0,(Inputs!$X$49-O3874)))","v":{"$error":"#DIV/0!"}},{"$f":"params!$C$15*P3874*(E3874-Inputs!$X$26)","v":{"$error":"#DIV/0!"}},{"$error":"#DIV/0!"}]
["2000-06-11","12:00:00",352,9,27,21,70,{"$f":"Inputs!$X$37*Inputs!$X$32*(E3877-Inputs!$X$26)","v":20184.141039957496},{"$f":"Inputs!$X$33*C3877*Inputs!$X$38","v":68673.993626845288},{"$f":"params!$C$15*Inputs!$X$29*(E3877-Inputs!$X$26)","v":2096.9317499999997},{"$f":"Inputs!$X$40*Inputs!$X$41/8760","v":5342.4657534246571},{"$f":"-Inputs!$X$45*Inputs!$X$33","v":-30000},3555.0534347297348,2.2616071840205452E-2,1.5831250288143816E-2,{"$f":"-L3877/(1.202*2465560*MAX(0,(Inputs!$X$49-O3877)))","v":{"$error":"#DIV/0!"}},{"$f":"params!$C$15*P3877*(E3877-Inputs!$X$26)","v":{"$error":"#DIV/0!"}},{"$error":"#DIV/0!"}]
["2000-06-11","16:00:00",215,8,22,21,94,{"$f":"Inputs!$X$37*Inputs!$X$32*(E3881-Inputs!$X$26)","v":3046.6627984841512},{"$f":"Inputs!$X$33*C3881*Inputs!$X$38","v":41945.763152760614},{"$f":"params!$C$15*Inputs!$X$29*(E3881-Inputs!$X$26)","v":316.51800000000009},{"$f":"Inputs!$X$40*Inputs!$X$41/8760","v":5342.4657534246571},{"$f":"-Inputs!$X$45*Inputs!$X$33","v":-30000},2636.0296246790026,1.6613383438113645E-2,1.5616580431826826E-2,{"$f":"-L3881/(1.202*2465560*MAX(0,(Inputs!$X$49-O3881)))","v":{"$error":"#DIV/0!"}},{"$f":"params!$C$15*P3881*(E3881-Inputs!$X$26)","v":{"$error":"#DIV/0!"}},{"$error":"#DIV/0!"}]
["2000-06-11","19:00:00",44,10,23,22,94,{"$f":"Inputs!$X$37*Inputs!$X$32*(E3884-Inputs!$X$26)","v":6474.1584467788198},{"$f":"Inputs!$X$33*C3884*Inputs!$X$38","v":8584.2492033556609},{"$f":"params!$C$15*Inputs!$X$29*(E3884-Inputs!$X$26)","v":672.60074999999995},{"$f":"Inputs!$X$40*Inputs!$X$41/8760","v":5342.4657534246571},{"$f":"-Inputs!$X$45*Inputs!$X$33","v":-30000},2801.0950714195728,1.768327304712981E-2,1.6622276664302021E-2,{"$f":"-L3884/(1.202*2465560*MAX(0,(Inputs!$X$49-O3884)))","v":{"$error":"#DIV/0!"}},{"$f":"params!$C$15*P3884*(E3884-Inputs!$X$26)","v":{"$error":"#DIV/0!"}},{"$error":"#DIV/0!"}]
["2000-06-11","22:00:00",0,8,21,21,100,{"$f":"Inputs!$X$37*Inputs!$X$32*(E3887-Inputs!$X$26)","v":-380.83284981051736},{"$f":"Inputs!$X$33*C3887*Inputs!$X$38","v":0},{"$f":"params!$C$15*Inputs!$X$29*(E3887-Inputs!$X$26)","v":-39.564749999999847},{"$f":"Inputs!$X$40*Inputs!$X$41/8760","v":5342.4657534246571},{"$f":"-Inputs!$X$45*Inputs!$X$33","v":-30000},2479.5289798458998,1.5602307510579843E-2,1.5602307510579843E-2,{"$f":"-L3887/(1.202*2465560*MAX(0,(Inputs!$X$49-O3887)))","v":{"$error":"#DIV/0!"}},{"$f":"params!$C$15*P3887*(E3887-Inputs!$X$26)","v":{"$error":"#DIV/0!"}},{"$error":"#DIV/0!"}]
["2000-06-11","23:00:00",0,10,21,21,100,{"$f":"Inputs!$X$37*Inputs!$X$32*(E3888-Inputs!$X$26)","v":-380.83284981051736},{"$f":"Inputs!$X$33*C3888*Inputs!$X$38","v":0},{"$f":"params!$C$15*Inputs!$X$29*(E3888-Inputs!$X$26)","v":-39.564749999999847},{"$f":"Inputs!$X$40*Inputs!$X$41/8760","v":5342.4657534246571},{"$f":"-Inputs!$X$45*Inputs!$X$33","v":-30000},2479.5289798458998,1.5602307510579843E-2,1.5602307510579843E-2,{"$f":"-L3888/(1.202*2465560*MAX(0,(Inputs!$X$49-O3888)))","v":{"$error":"#DIV/0!"}},{"$f":"params!$C$15*P3888*(E3888-Inputs!$X$26)","v":{"$error":"#DIV/0!"}},{"$error":"#DIV/0!"}]
["2000-06-12","02:00:00",0,10,15,15,100,{"$f":"Inputs!$X$37*Inputs!$X$32*(E3891-Inputs!$X$26)","v":-20945.806739578529},{"$f":"Inputs!$X$33*C3891*Inputs!$X$38","v":0},{"$f":"params!$C$15*Inputs!$X$29*(E3891-Inputs!$X$26)","v":-2176.0612499999993},{"$f":"Inputs!$X$40*Inputs!$X$41/8760","v":5342.4657534246571},{"$f":"-Inputs!$X$45*Inputs!$X$33","v":-30000},1700.1281023555496,1.0614273895273205E-2,1.0614273895273205E-2,{"$f":"-L3891/(1.202*2465560*MAX(0,(Inputs!$X$49-O3891)))","v":26.360589159916337},{"$f":"params!$C$15*P3891*(E3891-Inputs!$X$26)","v":-194470.16477603037},-242249.56701218424]
["2000-06-12","07:00:00",88,10,14,14,100,{"$f":"Inputs!$X$37*Inputs!$X$32*(E3896-Inputs!$X$26)","v":-24373.302387873198},{"$f":"Inputs!$X$33*C3896*Inputs!$X$38","v":17168.498406711322},{"$f":"params!$C$15*Inputs!$X$29*(E3896-Inputs!$X$26)","v":-2532.1439999999993},{"$f":"Inputs!$X$40*Inputs!$X$41/8760","v":5342.4657534246571},{"$f":"-Inputs!$X$45*Inputs!$X$33","v":-30000},1593.7190459500907,9.939322574797271E-3,9.939322574797271E-3,{"$f":"-L3896/(1.202*2465560*MAX(0,(Inputs!$X$49-O3896)))","v":9.5591619903650198},{"$f":"params!$C$15*P3896*(E3896-Inputs!$X$26)","v":-82060.65429446772},-116455.13652220494]
["2000-06-12","10:00:00",232,10,16,15,94,{"$f":"Inputs!$X$37*Inputs!$X$32*(E3899-Inputs!$X$26)","v":-17518.31109128386},{"$f":"Inputs!$X$33*C3899*Inputs!$X$38","v":45262.404890420752},{"$f":"params!$C$15*Inputs!$X$29*(E3899-Inputs!$X$26)","v":-1819.9784999999995},{"$f":"Inputs!$X$40*Inputs!$X$41/8760","v":5342.4657534246571},{"$f":"-Inputs!$X$45*Inputs!$X$33","v":-30000},1812.7242941450775,1.1330041931761578E-2,1.0650239415855885E-2,{"$f":"-L3899/(1.202*2465560*MAX(0,(Inputs!$X$49-O3899)))","v":29.08456204755349},{"$f":"params!$C$15*P3899*(E3899-Inputs!$X$26)","v":-179454.9906009215},-178188.40954835995]
["2000-06-12","13:00:00",275,10,17,15,88,{"$f":"Inputs!$X$37*Inputs!$X$32*(E3902-Inputs!$X$26)","v":-14090.815442989191},{"$f":"Inputs!$X$33*C3902*Inputs!$X$38","v":53651.55752097287},{"$f":"params!$C$15*Inputs!$X$29*(E3902-Inputs!$X$26)","v":-1463.8957499999995},{"$f":"Inputs!$X$40*Inputs!$X$41/8760","v":5342.4657534246571},{"$f":"-Inputs!$X$45*Inputs!$X$33","v":-30000},1931.8104441244629,1.2088830888770941E-2,1.0638171182118428E-2,{"$f":"-L3902/(1.202*2465560*MAX(0,(Inputs!$X$49-O3902)))","v":28.10987771188298},{"$f":"params!$C$15*P3902*(E3902-Inputs!$X$26)","v":-139506.95531268412},-126067.64323127578]
["2000-06-12","17:00:00",82,10,17,15,88,{"$f":"Inputs!$X$37*Inputs!$X$32*(E3906-Inputs!$X$26)","v":-14090.815442989191},{"$f":"Inputs!$X$33*C3906*Inputs!$X$38","v":15997.918969890094},{"$f":"params!$C$15*Inputs!$X$29*(E3906-Inputs!$X$26)","v":-1463.8957499999995},{"$f":"Inputs!$X$40*Inputs!$X$41/8760","v":5342.4657534246571},{"$f":"-Inputs!$X$45*Inputs!$X$33","v":-30000},1931.8104441244629,1.2088830888770941E-2,1.0638171182118428E-2,{"$f":"-L3906/(1.202*2465560*MAX(0,(Inputs!$X$49-O3906)))","v":28.10987771188298},{"$f":"params!$C$15*P3906*(E3906-Inputs!$X$26)","v":-139506.95531268412},-163721.28178235856]
["2000-06-12","20:00:00",2,10,16,14,88,{"$f":"Inputs!$X$37*Inputs!$X$32*(E3909-Inputs!$X$26)","v":-17518.31109128386},{"$f":"Inputs!$X$33*C3909*Inputs!$X$38","v":390.19314560707545},{"$f":"params!$C$15*Inputs!$X$29*(E3909-Inputs!$X$26)","v":-1819.9784999999995},{"$f":"Inputs!$X$40*Inputs!$X$41/8760","v":5342.4657534246571},{"$f":"-Inputs!$X$45*Inputs!$X$33","v":-30000},1812.7242941450775,1.1330041931761578E-2,9.9704368999501899E-3,{"$f":"-L3909/(1.202*2465560*MAX(0,(Inputs!$X$49-O3909)))","v":9.8485299250665346},{"$f":"params!$C$15*P3909*(E3909-Inputs!$X$26)","v":-60766.52769417841},-104372.15838643054]
["2000-06-12","23:00:00",0,10,15,14,94,{"$f":"Inputs!$X$37*Inputs!$X$32*(E3912-Inputs!$X$26)","v":-20945.806739578529},{"$f":"Inputs!$X$33*C3912*Inputs!$X$38","v":0},{"$f":"params!$C$15*Inputs!$X$29*(E3912-Inputs!$X$26)","v":-2176.0612499999993},{"$f":"Inputs!$X$40*Inputs!$X$41/8760","v":5342.4657534246571},{"$f":"-Inputs!$X$45*Inputs!$X$33","v":-30000},1700.1281023555496,1.0614273895273205E-2,9.9774174615568124E-3,{"$f":"-L3912/(1.202*2465560*MAX(0,(Inputs!$X$49-O3912)))","v":9.9158727775015763},{"$f":"params!$C$15*P3912*(E3912-Inputs!$X$26)","v":-73152.439850286173},-120931.84208644004]
["2000-06-12",1,0,10,15,14,94,{"$f":"Inputs!$X$37*Inputs!$X$32*(E3913-Inputs!$X$26)","v":-20945.806739578529},{"$f":"Inputs!$X$33*C3913*Inputs!$X$38","v":0},{"$f":"params!$C$15*Inputs!$X$29*(E3913-Inputs!$X$26)","v":-2176.0612499999993},{"$f":"Inputs!$X$40*Inputs!$X$41/8760","v":5342.4657534246571},{"$f":"-Inputs!$X$45*Inputs!$X$33","v":-30000},1700.1281023555496,1.0614273895273205E-2,9.9774174615568124E-3,{"$f":"-L3913/(1.202*2465560*MAX(0,(Inputs!$X$49-O3913)))","v":9.9158727775015763},{"$f":"params!$C$15*P3913*(E3913-Inputs!$X$26)","v":-73152.439850286173},-120931.84208644004]
["2000-06-13","03:00:00",0,10,15,14,94,{"$f":"Inputs!$X$37*Inputs!$X$32*(E3916-Inputs!$X$26)","v":-20945.806739578529},{"$f":"Inputs!$X$33*C3916*Inputs!$X$38","v":0},{"$f":"params!$C$15*Inputs!$X$29*(E3916-Inputs!$X$26)","v":-2176.0612499999993},{"$f":"Inputs!$X$40*Inputs!$X$41/8760","v":5342.4657534246571},{"$f":"-Inputs!$X$45*Inputs!$X$33","v":-30000},1700.1281023555496,1.0614273895273205E-2,9.9774174615568124E-3,{"$f":"-L3916/(1.202*2465560*MAX(0,(Inputs!$X$49-O3916)))","v":9.9158727775015763},{"$f":"params!$C$15*P3916*(E3916-Inputs!$X$26)","v":-73152.439850286173},-120931.84208644004]
["2000-06-13","08:00:00",101,10,17,16,94,{"$f":"Inputs!$X$37*Inputs!$X$32*(E3921-Inputs!$X$26)","v":-14090.815442989191},{"$f":"Inputs!$X$33*C3921*Inputs!$X$38","v":19704.753853157312},{"$f":"params!$C$15*Inputs!$X$29*(E3921-Inputs!$X$26)","v":-1463.8957499999995},{"$f":"Inputs!$X$40*Inputs!$X$41/8760","v":5342.4657534246571},{"$f":"-Inputs!$X$45*Inputs!$X$33","v":-30000},1931.8104441244629,1.2088830888770941E-2,1.1363501035444683E-2,{"$f":"-L3921/(1.202*2465560*MAX(0,(Inputs!$X$49-O3921)))","v":{"$error":"#DIV/0!"}},{"$f":"params!$C$15*P3921*(E3921-Inputs!$X$26)","v":{"$error":"#DIV/0!"}},{"$error":"#DIV/0!"}]
["2000-06-13","11:00:00",142,10,18,17,94,{"$f":"Inputs!$X$37*Inputs!$X$32*(E3924-Inputs!$X$26)","v":-10663.319794694524},{"$f":"Inputs!$X$33*C3924*Inputs!$X$38","v":27703.71333810236},{"$f":"params!$C$15*Inputs!$X$29*(E3924-Inputs!$X$26)","v":-1107.8129999999996},{"$f":"Inputs!$X$40*Inputs!$X$41/8760","v":5342.4657534246571},{"$f":"-Inputs!$X$45*Inputs!$X$33","v":-30000},2057.7011249857014,1.2892956292988709E-2,1.2119378915409387E-2,{"$f":"-L3924/(1.202*2465560*MAX(0,(Inputs!$X$49-O3924)))","v":{"$error":"#DIV/0!"}},{"$f":"params!$C$15*P3924*(E3924-Inputs!$X$26)","v":{"$error":"#DIV/0!"}},{"$error":"#DIV/0!"}]
["2000-06-13","14:00:00",294,10,20,18,88,{"$f":"Inputs!$X$37*Inputs!$X$32*(E3927-Inputs!$X$26)","v":-3808.3284981051861},{"$f":"Inputs!$X$33*C3927*Inputs!$X$38","v":57358.392404240098},{"$f":"params!$C$15*Inputs!$X$29*(E3927-Inputs!$X$26)","v":-395.64749999999975},{"$f":"Inputs!$X$40*Inputs!$X$41/8760","v":5342.4657534246571},{"$f":"-Inputs!$X$45*Inputs!$X$33","v":-30000},2331.2150168593957,1.4647072201887702E-2,1.2889423537661178E-2,{"$f":"-L3927/(1.202*2465560*MAX(0,(Inputs!$X$49-O3927)))","v":{"$error":"#DIV/0!"}},{"$f":"params!$C$15*P3927*(E3927-Inputs!$X$26)","v":{"$error":"#DIV/0!"}},{"$error":"#DIV/0!"}]
["2000-06-13","18:00:00",135,10,18,18,100,{"$f":"Inputs!$X$37*Inputs!$X$32*(E3931-Inputs!$X$26)","v":-10663.319794694524},{"$f":"Inputs!$X$33*C3931*Inputs!$X$38","v":26338.037328477596},{"$f":"params!$C$15*Inputs!$X$29*(E3931-Inputs!$X$26)","v":-1107.8129999999996},{"$f":"Inputs!$X$40*Inputs!$X$41/8760","v":5342.4657534246571},{"$f":"-Inputs!$X$45*Inputs!$X$33","v":-30000},2057.7011249857014,1.2892956292988709E-2,1.2892956292988709E-2,{"$f":"-L3931/(1.202*2465560*MAX(0,(Inputs!$X$49-O3931)))","v":{"$error":"#DIV/0!"}},{"$f":"params!$C$15*P3931*(E3931-Inputs!$X$26)","v":{"$error":"#DIV/0!"}},{"$error":"#DIV/0!"}]
["2000-06-13","21:00:00",0,10,17,17,100,{"$f":"Inputs!$X$37*Inputs!$X$32*(E3934-Inputs!$X$26)","v":-14090.815442989191},{"$f":"Inputs!$X$33*C3934*Inputs!$X$38","v":0},{"$f":"params!$C$15*Inputs!$X$29*(E3934-Inputs!$X$26)","v":-1463.8957499999995},{"$f":"Inputs!$X$40*Inputs!$X$41/8760","v":5342.4657534246571},{"$f":"-Inputs!$X$45*Inputs!$X$33","v":-30000},1931.8104441244629,1.2088830888770941E-2,1.2088830888770941E-2,{"$f":"-L3934/(1.202*2465560*MAX(0,(Inputs!$X$49-O3934)))","v":{"$error":"#DIV/0!"}},{"$f":"params!$C$15*P3934*(E3934-Inputs!$X$26)","v":{"$error":"#DIV/0!"}},{"$error":"#DIV/0!"}]
["2000-06-13","22:00:00",0,10,17,17,100,{"$f":"Inputs!$X$37*Inputs!$X$32*(E3935-Inputs!$X$26)","v":-14090.815442989191},{"$f":"Inputs!$X$33*C3935*Inputs!$X$38","v":0},{"$f":"params!$C$15*Inputs!$X$29*(E3935-Inputs!$X$26)","v":-1463.8957499999995},{"$f":"Inputs!$X$40*Inputs!$X$41/8760","v":5342.4657534246571},{"$f":"-Inputs!$X$45*Inputs!$X$33","v":-30000},1931.8104441244629,1.2088830888770941E-2,1.2088830888770941E-2,{"$f":"-L3935/(1.202*2465560*MAX(0,(Inputs!$X$49-O3935)))","v":{"$error":"#DIV/0!"}},{"$f":"params!$C$15*P3935*(E3935-Inputs!$X$26)","v":{"$error":"#DIV/0!"}},{"$error":"#DIV/0!"}]
["2000-06-14","01:00:00",0,10,17,16,94,{"$f":"Inputs!$X$37*Inputs!$X$32*(E3938-Inputs!$X$26)","v":-14090.815442989191},{"$f":"Inputs!$X$33*C3938*Inputs!$X$38","v":0},{"$f":"params!$C$15*Inputs!$X$29*(E3938-Inputs!$X$26)","v":-1463.8957499999995},{"$f":"Inputs!$X$40*Inputs!$X$41/8760","v":5342.4657534246571},{"$f":"-Inputs!$X$45*Inputs!$X$33","v":-30000},1931.8104441244629,1.2088830888770941E-2,1.1363501035444683E-2,{"$f":"-L3938/(1.202*2465560*MAX(0,(Inputs!$X$49-O3938)))","v":{"$error":"#DIV/0!"}},{"$f":"params!$C$15*P3938*(E3938-Inputs!$X$26)","v":{"$error":"#DIV/0!"}},{"$error":"#DIV/0!"}]
["2000-06-14","05:00:00",0,9,17,16,94,{"$f":"Inputs!$X$37*Inputs!$X$32*(E3942-Inputs!$X$26)","v":-14090.815442989191},{"$f":"Inputs!$X$33*C3942*Inputs!$X$38","v":0},{"$f":"params!$C$15*Inputs!$X$29*(E3942-Inputs!$X$26)","v":-1463.8957499999995},{"$f":"Inputs!$X$40*Inputs!$X$41/8760","v":5342.4657534246571},{"$f":"-Inputs!$X$45*Inputs!$X$33","v":-30000},1931.8104441244629,1.2088830888770941E-2,1.1363501035444683E-2,{"$f":"-L3942/(1.202*2465560*MAX(0,(Inputs!$X$49-O3942)))","v":{"$error":"#DIV/0!"}},{"$f":"params!$C$15*P3942*(E3942-Inputs!$X$26)","v":{"$error":"#DIV/0!"}},{"$error":"#DIV/0!"}]
["2000-06-14","09:00:00",219,10,18,17,94,{"$f":"Inputs!$X$37*Inputs!$X$32*(E3946-Inputs!$X$26)","v":-10663.319794694524},{"$f":"Inputs!$X$33*C3946*Inputs!$X$38","v":42726.149443974762},{"$f":"params!$C$15*Inputs!$X$29*(E3946-Inputs!$X$26)","v":-1107.8129999999996},{"$f":"Inputs!$X$40*Inputs!$X$41/8760","v":5342.4657534246571},{"$f":"-Inputs!$X$45*Inputs!$X$33","v":-30000},2057.7011249857014,1.2892956292988709E-2,1.2119378915409387E-2,{"$f":"-L3946/(1.202*2465560*MAX(0,(Inputs!$X$49-O3946)))","v":{"$error":"#DIV/0!"}},{"$f":"params!$C$15*P3946*(E3946-Inputs!$X$26)","v":{"$error":"#DIV/0!"}},{"$error":"#DIV/0!"}]
["2000-06-14","12:00:00",886,8,23,20,83,{"$f":"Inputs!$X$37*Inputs!$X$32*(E3949-Inputs!$X$26)","v":6474.1584467788198},{"$f":"Inputs!$X$33*C3949*Inputs!$X$38","v":172855.56350393445},{"$f":"params!$C$15*Inputs!$X$29*(E3949-Inputs!$X$26)","v":672.60074999999995},{"$f":"Inputs!$X$40*Inputs!$X$41/8760","v":5342.4657534246571},{"$f":"-Inputs!$X$45*Inputs!$X$33","v":-30000},2801.0950714195728,1.768327304712981E-2,1.4677116629117741E-2,{"$f":"-L3949/(1.202*2465560*MAX(0,(Inputs!$X$49-O3949)))","v":{"$error":"#DIV/0!"}},{"$f":"params!$C$15*P3949*(E3949-Inputs!$X$26)","v":{"$error":"#DIV/0!"}},{"$error":"#DIV/0!"}]
["2000-06-14","15:00:00",770,4,26,21,74,{"$f":"Inputs!$X$37*Inputs!$X$32*(E3952-Inputs!$X$26)","v":16756.645391662827},{"$f":"Inputs!$X$33*C3952*Inputs!$X$38","v":150224.36105872405},{"$f":"params!$C$15*Inputs!$X$29*(E3952-Inputs!$X$26)","v":1740.8489999999997},{"$f":"Inputs!$X$40*Inputs!$X$41/8760","v":5342.4657534246571},{"$f":"-Inputs!$X$45*Inputs!$X$33","v":-30000},3351.668772324198,2.1277942853302922E-2,1.5745677711444164E-2,{"$f":"-L3952/(1.202*2465560*MAX(0,(Inputs!$X$49-O3952)))","v":{"$error":"#DIV/0!"}},{"$f":"params!$C$15*P3952*(E3952-Inputs!$X$26)","v":{"$error":"#DIV/0!"}},{"$error":"#DIV/0!"}]
["2000-06-14","19:00:00",27,10,19,17,88,{"$f":"Inputs!$X$37*Inputs!$X$32*(E3956-Inputs!$X$26)","v":-7235.8241463998547},{"$f":"Inputs!$X$33*C3956*Inputs!$X$38","v":5267.6074656955188},{"$f":"params!$C$15*Inputs!$X$29*(E3956-Inputs!$X$26)","v":-751.73024999999973},{"$f":"Inputs!$X$40*Inputs!$X$41/8760","v":5342.4657534246571},{"$f":"-Inputs!$X$45*Inputs!$X$33","v":-30000},2190.7229749852513,1.3744851093608144E-2,1.2095468962375167E-2,{"$f":"-L3956/(1.202*2465560*MAX(0,(Inputs!$X$49-O3956)))","v":{"$error":"#DIV/0!"}},{"$f":"params!$C$15*P3956*(E3956-Inputs!$X$26)","v":{"$error":"#DIV/0!"}},{"$error":"#DIV/0!"}]
["2000-06-14","22:00:00",0,10,18,16,88,{"$f":"Inputs!$X$37*Inputs!$X$32*(E3959-Inputs!$X$26)","v":-10663.319794694524},{"$f":"Inputs!$X$33*C3959*Inputs!$X$38","v":0},{"$f":"params!$C$15*Inputs!$X$29*(E3959-Inputs!$X$26)","v":-1107.8129999999996},{"$f":"Inputs!$X$40*Inputs!$X$41/8760","v":5342.4657534246571},{"$f":"-Inputs!$X$45*Inputs!$X$33","v":-30000},2057.7011249857014,1.2892956292988709E-2,1.1345801537830063E-2,{"$f":"-L3959/(1.202*2465560*MAX(0,(Inputs!$X$49-O3959)))","v":{"$error":"#DIV/0!"}},{"$f":"params!$C$15*P3959*(E3959-Inputs!$X$26)","v":{"$error":"#DIV/0!"}},{"$error":"#DIV/0!"}]
["2000-06-14","23:00:00",0,10,18,16,88,{"$f":"Inputs!$X$37*Inputs!$X$32*(E3960-Inputs!$X$26)","v":-10663.319794694524},{"$f":"Inputs!$X$33*C3960*Inputs!$X$38","v":0},{"$f":"params!$C$15*Inputs!$X$29*(E3960-Inputs!$X$26)","v":-1107.8129999999996},{"$f":"Inputs!$X$40*Inputs!$X$41/8760","v":5342.4657534246571},{"$f":"-Inputs!$X$45*Inputs!$X$33","v":-30000},2057.7011249857014,1.2892956292988709E-2,1.1345801537830063E-2,{"$f":"-L3960/(1.202*2465560*MAX(0,(Inputs!$X$49-O3960)))","v":{"$error":"#DIV/0!"}},{"$f":"params!$C$15*P3960*(E3960-Inputs!$X$26)","v":{"$error":"#DIV/0!"}},{"$error":"#DIV/0!"}]
["2000-06-15","02:00:00",0,10,17,16,94,{"$f":"Inputs!$X$37*Inputs!$X$32*(E3963-Inputs!$X$26)","v":-14090.815442989191},{"$f":"Inputs!$X$33*C3963*Inputs!$X$38","v":0},{"$f":"params!$C$15*Inputs!$X$29*(E3963-Inputs!$X$26)","v":-1463.8957499999995},{"$f":"Inputs!$X$40*Inputs!$X$41/8760","v":5342.4657534246571},{"$f":"-Inputs!$X$45*Inputs!$X$33","v":-30000},1931.8104441244629,1.2088830888770941E-2,1.1363501035444683E-2,{"$f":"-L3963/(1.202*2465560*MAX(0,(Inputs!$X$49-O3963)))","v":{"$error":"#DIV/0!"}},{"$f":"params!$C$15*P3963*(E3963-Inputs!$X$26)","v":{"$error":"#DIV/0!"}},{"$error":"#DIV/0!"}]
["2000-06-15","06:00:00",20,10,18,16,88,{"$f":"Inputs!$X$37*Inputs!$X$32*(E3967-Inputs!$X$26)","v":-10663.319794694524},{"$f":"Inputs!$X$33*C3967*Inputs!$X$38","v":3901.9314560707548},{"$f":"params!$C$15*Inputs!$X$29*(E3967-Inputs!$X$26)","v":-1107.8129999999996},{"$f":"Inputs!$X$40*Inputs!$X$41/8760","v":5342.4657534246571},{"$f":"-Inputs!$X$45*Inputs!$X$33","v":-30000},2057.7011249857014,1.2892956292988709E-2,1.1345801537830063E-2,{"$f":"-L3967/(1.202*2465560*MAX(0,(Inputs!$X$49-O3967)))","v":{"$error":"#DIV/0!"}},{"$f":"params!$C$15*P3967*(E3967-Inputs!$X$26)","v":{"$error":"#DIV/0!"}},{"$error":"#DIV/0!"}]
["2000-06-15","10:00:00",597,10,22,18,78,{"$f":"Inputs!$X$37*Inputs!$X$32*(E3971-Inputs!$X$26)","v":3046.6627984841512},{"$f":"Inputs!$X$33*C3971*Inputs!$X$38","v":116472.65396371203},{"$f":"params!$C$15*Inputs!$X$29*(E3971-Inputs!$X$26)","v":316.51800000000009},{"$f":"Inputs!$X$40*Inputs!$X$41/8760","v":5342.4657534246571},{"$f":"-Inputs!$X$45*Inputs!$X$33","v":-30000},{"$f":"EXP(77.345+0.0057*(E3971+273.15)-7235/(E3971+273.15))/(E3971+273.15)^8.2","v":2636.0296246790026},{"$f":"0.62198*M3971/(101325-M3971)","v":1.6613383438113645E-2},{"$f":"N3971*G3971/100","v":1.2958439081728643E-2},{"$f":"-L3971/(1.202*2465560*MAX(0,(Inputs!$X$49-O3971)))","v":{"$error":"#DIV/0!"}},{"$f":"params!$C$15*P3971*(E3971-Inputs!$X$26)","v":{"$error":"#DIV/0!"}},{"$f":"H3971+I3971+J3971+K3971+L3971+Q3971","v":{"$error":"#DIV/0!"}}]
["2000-06-15","13:00:00",843,7,23,19,78,{"$f":"Inputs!$X$37*Inputs!$X$32*(E3974-Inputs!$X$26)","v":6474.1584467788198},{"$f":"Inputs!$X$33*C3974*Inputs!$X$38","v":164466.41087338232},{"$f":"params!$C$15*Inputs!$X$29*(E3974-Inputs!$X$26)","v":672.60074999999995},{"$f":"Inputs!$X$40*Inputs!$X$41/8760","v":5342.4657534246571},{"$f":"-Inputs!$X$45*Inputs!$X$33","v":-30000},2801.0950714195728,1.768327304712981E-2,1.3792952976761252E-2,{"$f":"-L3974/(1.202*2465560*MAX(0,(Inputs!$X$49-O3974)))","v":{"$error":"#DIV/0!"}},{"$f":"params!$C$15*P3974*(E3974-Inputs!$X$26)","v":{"$error":"#DIV/0!"}},{"$error":"#DIV/0!"}]
["2000-06-15","17:00:00",126,6,23,20,83,{"$f":"Inputs!$X$37*Inputs!$X$32*(E3978-Inputs!$X$26)","v":6474.1584467788198},{"$f":"Inputs!$X$33*C3978*Inputs!$X$38","v":24582.168173245755},{"$f":"params!$C$15*Inputs!$X$29*(E3978-Inputs!$X$26)","v":672.60074999999995},{"$f":"Inputs!$X$40*Inputs!$X$41/8760","v":5342.4657534246571},{"$f":"-Inputs!$X$45*Inputs!$X$33","v":-30000},2801.0950714195728,1.768327304712981E-2,1.4677116629117741E-2,{"$f":"-L3978/(1.202*2465560*MAX(0,(Inputs!$X$49-O3978)))","v":{"$error":"#DIV/0!"}},{"$f":"params!$C$15*P3978*(E3978-Inputs!$X$26)","v":{"$error":"#DIV/0!"}},{"$error":"#DIV/0!"}]
["2000-06-15","20:00:00",2,9,21,19,88,{"$f":"Inputs!$X$37*Inputs!$X$32*(E3981-Inputs!$X$26)","v":-380.83284981051736},{"$f":"Inputs!$X$33*C3981*Inputs!$X$38","v":390.19314560707545},{"$f":"params!$C$15*Inputs!$X$29*(E3981-Inputs!$X$26)","v":-39.564749999999847},{"$f":"Inputs!$X$40*Inputs!$X$41/8760","v":5342.4657534246571},{"$f":"-Inputs!$X$45*Inputs!$X$33","v":-30000},2479.5289798458998,1.5602307510579843E-2,1.3730030609310263E-2,{"$f":"-L3981/(1.202*2465560*MAX(0,(Inputs!$X$49-O3981)))","v":{"$error":"#DIV/0!"}},{"$f":"params!$C$15*P3981*(E3981-Inputs!$X$26)","v":{"$error":"#DIV/0!"}},{"$error":"#DIV/0!"}]
["2000-06-15","23:00:00",0,10,19,19,100,{"$f":"Inputs!$X$37*Inputs!$X$32*(E3984-Inputs!$X$26)","v":-7235.8241463998547},{"$f":"Inputs!$X$33*C3984*Inputs!$X$38","v":0},{"$f":"params!$C$15*Inputs!$X$29*(E3984-Inputs!$X$26)","v":-751.73024999999973},{"$f":"Inputs!$X$40*Inputs!$X$41/8760","v":5342.4657534246571},{"$f":"-Inputs!$X$45*Inputs!$X$33","v":-30000},2190.7229749852513,1.3744851093608144E-2,1.3744851093608144E-2,{"$f":"-L3984/(1.202*2465560*MAX(0,(Inputs!$X$49-O3984)))","v":{"$error":"#DIV/0!"}},{"$f":"params!$C$15*P3984*(E3984-Inputs!$X$26)","v":{"$error":"#DIV/0!"}},{"$error":"#DIV/0!"}]
["2000-06-15",1,0,10,19,19,100,{"$f":"Inputs!$X$37*Inputs!$X$32*(E3985-Inputs!$X$26)","v":-7235.8241463998547},{"$f":"Inputs!$X$33*C3985*Inputs!$X$38","v":0},{"$f":"params!$C$15*Inputs!$X$29*(E3985-Inputs!$X$26)","v":-751.73024999999973},{"$f":"Inputs!$X$40*Inputs!$X$41/8760","v":5342.4657534246571},{"$f":"-Inputs!$X$45*Inputs!$X$33","v":-30000},2190.7229749852513,1.3744851093608144E-2,1.3744851093608144E-2,{"$f":"-L3985/(1.202*2465560*MAX(0,(Inputs!$X$49-O3985)))","v":{"$error":"#DIV/0!"}},{"$f":"params!$C$15*P3985*(E3985-Inputs!$X$26)","v":{"$error":"#DIV/0!"}},{"$error":"#DIV/0!"}]
["2000-06-16","03:00:00",0,10,17,17,100,{"$f":"Inputs!$X$37*Inputs!$X$32*(E3988-Inputs!$X$26)","v":-14090.815442989191},{"$f":"Inputs!$X$33*C3988*Inputs!$X$38","v":0},{"$f":"params!$C$15*Inputs!$X$29*(E3988-Inputs!$X$26)","v":-1463.8957499999995},{"$f":"Inputs!$X$40*Inputs!$X$41/8760","v":5342.4657534246571},{"$f":"-Inputs!$X$45*Inputs!$X$33","v":-30000},1931.8104441244629,1.2088830888770941E-2,1.2088830888770941E-2,{"$f":"-L3988/(1.202*2465560*MAX(0,(Inputs!$X$49-O3988)))","v":{"$error":"#DIV/0!"}},{"$f":"params!$C$15*P3988*(E3988-Inputs!$X$26)","v":{"$error":"#DIV/0!"}},{"$error":"#DIV/0!"}]
["2000-06-16","07:00:00",177,10,20,19,94,{"$f":"Inputs!$X$37*Inputs!$X$32*(E3992-Inputs!$X$26)","v":-3808.3284981051861},{"$f":"Inputs!$X$33*C3992*Inputs!$X$38","v":34532.093386226181},{"$f":"params!$C$15*Inputs!$X$29*(E3992-Inputs!$X$26)","v":-395.64749999999975},{"$f":"Inputs!$X$40*Inputs!$X$41/8760","v":5342.4657534246571},{"$f":"-Inputs!$X$45*Inputs!$X$33","v":-30000},2331.2150168593957,1.4647072201887702E-2,1.3768247869774439E-2,{"$f":"-L3992/(1.202*2465560*MAX(0,(Inputs!$X$49-O3992)))","v":{"$error":"#DIV/0!"}},{"$f":"params!$C$15*P3992*(E3992-Inputs!$X$26)","v":{"$error":"#DIV/0!"}},{"$error":"#DIV/0!"}]
["2000-06-16","11:00:00",777,9,27,21,70,{"$f":"Inputs!$X$37*Inputs!$X$32*(E3996-Inputs!$X$26)","v":20184.141039957496},{"$f":"Inputs!$X$33*C3996*Inputs!$X$38","v":151590.03706834881},{"$f":"params!$C$15*Inputs!$X$29*(E3996-Inputs!$X$26)","v":2096.9317499999997},{"$f":"Inputs!$X$40*Inputs!$X$41/8760","v":5342.4657534246571},{"$f":"-Inputs!$X$45*Inputs!$X$33","v":-30000},3555.0534347297348,2.2616071840205452E-2,1.5831250288143816E-2,{"$f":"-L3996/(1.202*2465560*MAX(0,(Inputs!$X$49-O3996)))","v":{"$error":"#DIV/0!"}},{"$f":"params!$C$15*P3996*(E3996-Inputs!$X$26)","v":{"$error":"#DIV/0!"}},{"$error":"#DIV/0!"}]
["2000-06-16","14:00:00",878,1,29,22,66,{"$f":"Inputs!$X$37*Inputs!$X$32*(E3999-Inputs!$X$26)","v":27039.132336546831},{"$f":"Inputs!$X$33*C3999*Inputs!$X$38","v":171294.79092150612},{"$f":"params!$C$15*Inputs!$X$29*(E3999-Inputs!$X$26)","v":2809.0972499999993},{"$f":"Inputs!$X$40*Inputs!$X$41/8760","v":5342.4657534246571},{"$f":"-Inputs!$X$45*Inputs!$X$33","v":-30000},3994.2904004730208,2.5525024460504739E-2,1.6846516143933128E-2,{"$f":"-L3999/(1.202*2465560*MAX(0,(Inputs!$X$49-O3999)))","v":{"$error":"#DIV/0!"}},{"$f":"params!$C$15*P3999*(E3999-Inputs!$X$26)","v":{"$error":"#DIV/0!"}},{"$error":"#DIV/0!"}]
["2000-06-16","18:00:00",176,7,25,22,83,{"$f":"Inputs!$X$37*Inputs!$X$32*(E4003-Inputs!$X$26)","v":13329.149743368158},{"$f":"Inputs!$X$33*C4003*Inputs!$X$38","v":34336.996813422644},{"$f":"params!$C$15*Inputs!$X$29*(E4003-Inputs!$X$26)","v":1384.7662499999999},{"$f":"Inputs!$X$40*Inputs!$X$41/8760","v":5342.4657534246571},{"$f":"-Inputs!$X$45*Inputs!$X$33","v":-30000},3158.5016332003511,2.0012171957865876E-2,1.6610102725028678E-2,{"$f":"-L4003/(1.202*2465560*MAX(0,(Inputs!$X$49-O4003)))","v":{"$error":"#DIV/0!"}},{"$f":"params!$C$15*P4003*(E4003-Inputs!$X$26)","v":{"$error":"#DIV/0!"}},{"$error":"#DIV/0!"}]
["2000-06-16","21:00:00",0,6,22,21,94,{"$f":"Inputs!$X$37*Inputs!$X$32*(E4006-Inputs!$X$26)","v":3046.6627984841512},{"$f":"Inputs!$X$33*C4006*Inputs!$X$38","v":0},{"$f":"params!$C$15*Inputs!$X$29*(E4006-Inputs!$X$26)","v":316.51800000000009},{"$f":"Inputs!$X$40*Inputs!$X$41/8760","v":5342.4657534246571},{"$f":"-Inputs!$X$45*Inputs!$X$33","v":-30000},2636.0296246790026,1.6613383438113645E-2,1.5616580431826826E-2,{"$f":"-L4006/(1.202*2465560*MAX(0,(Inputs!$X$49-O4006)))","v":{"$error":"#DIV/0!"}},{"$f":"params!$C$15*P4006*(E4006-Inputs!$X$26)","v":{"$error":"#DIV/0!"}},{"$error":"#DIV/0!"}]
["2000-06-16",1,0,8,20.399999999999999,20,98,{"$f":"Inputs!$X$37*Inputs!$X$32*(E4009-Inputs!$X$26)","v":-2437.3302387873237},{"$f":"Inputs!$X$33*C4009*Inputs!$X$38","v":0},{"$f":"params!$C$15*Inputs!$X$29*(E4009-Inputs!$X$26)","v":-253.2144000000003},{"$f":"Inputs!$X$40*Inputs!$X$41/8760","v":5342.4657534246571},{"$f":"-Inputs!$X$45*Inputs!$X$33","v":-30000},2389.5818403368344,1.5022649529353992E-2,1.4722196538766911E-2,{"$f":"-L4009/(1.202*2465560*MAX(0,(Inputs!$X$49-O4009)))","v":{"$error":"#DIV/0!"}},{"$f":"params!$C$15*P4009*(E4009-Inputs!$X$26)","v":{"$error":"#DIV/0!"}},{"$error":"#DIV/0!"}]
["2000-06-17","01:00:00",0,7,19,19,100,{"$f":"Inputs!$X$37*Inputs!$X$32*(E4010-Inputs!$X$26)","v":-7235.8241463998547},{"$f":"Inputs!$X$33*C4010*Inputs!$X$38","v":0},{"$f":"params!$C$15*Inputs!$X$29*(E4010-Inputs!$X$26)","v":-751.73024999999973},{"$f":"Inputs!$X$40*Inputs!$X$41/8760","v":5342.4657534246571},{"$f":"-Inputs!$X$45*Inputs!$X$33","v":-30000},2190.7229749852513,1.3744851093608144E-2,1.3744851093608144E-2,{"$f":"-L4010/(1.202*2465560*MAX(0,(Inputs!$X$49-O4010)))","v":{"$error":"#DIV/0!"}},{"$f":"params!$C$15*P4010*(E4010-Inputs!$X$26)","v":{"$error":"#DIV/0!"}},{"$error":"#DIV/0!"}]
["2000-06-17","04:00:00",0,10,19,19,100,{"$f":"Inputs!$X$37*Inputs!$X$32*(E4013-Inputs!$X$26)","v":-7235.8241463998547},{"$f":"Inputs!$X$33*C4013*Inputs!$X$38","v":0},{"$f":"params!$C$15*Inputs!$X$29*(E4013-Inputs!$X$26)","v":-751.73024999999973},{"$f":"Inputs!$X$40*Inputs!$X$41/8760","v":5342.4657534246571},{"$f":"-Inputs!$X$45*Inputs!$X$33","v":-30000},2190.7229749852513,1.3744851093608144E-2,1.3744851093608144E-2,{"$f":"-L4013/(1.202*2465560*MAX(0,(Inputs!$X$49-O4013)))","v":{"$error":"#DIV/0!"}},{"$f":"params!$C$15*P4013*(E4013-Inputs!$X$26)","v":{"$error":"#DIV/0!"}},{"$error":"#DIV/0!"}]
["2000-06-17","08:00:00",74,10,23,20,83,{"$f":"Inputs!$X$37*Inputs!$X$32*(E4017-Inputs!$X$26)","v":6474.1584467788198},{"$f":"Inputs!$X$33*C4017*Inputs!$X$38","v":14437.146387461793},{"$f":"params!$C$15*Inputs!$X$29*(E4017-Inputs!$X$26)","v":672.60074999999995},{"$f":"Inputs!$X$40*Inputs!$X$41/8760","v":5342.4657534246571},{"$f":"-Inputs!$X$45*Inputs!$X$33","v":-30000},2801.0950714195728,1.768327304712981E-2,1.4677116629117741E-2,{"$f":"-L4017/(1.202*2465560*MAX(0,(Inputs!$X$49-O4017)))","v":{"$error":"#DIV/0!"}},{"$f":"params!$C$15*P4017*(E4017-Inputs!$X$26)","v":{"$error":"#DIV/0!"}},{"$error":"#DIV/0!"}]
["2000-06-17","12:00:00",200,10,21,17,78,{"$f":"Inputs!$X$37*Inputs!$X$32*(E4021-Inputs!$X$26)","v":-380.83284981051736},{"$f":"Inputs!$X$33*C4021*Inputs!$X$38","v":39019.314560707549},{"$f":"params!$C$15*Inputs!$X$29*(E4021-Inputs!$X$26)","v":-39.564749999999847},{"$f":"Inputs!$X$40*Inputs!$X$41/8760","v":5342.4657534246571},{"$f":"-Inputs!$X$45*Inputs!$X$33","v":-30000},2479.5289798458998,1.5602307510579843E-2,1.2169799858252277E-2,{"$f":"-L4021/(1.202*2465560*MAX(0,(Inputs!$X$49-O4021)))","v":{"$error":"#DIV/0!"}},{"$f":"params!$C$15*P4021*(E4021-Inputs!$X$26)","v":{"$error":"#DIV/0!"}},{"$error":"#DIV/0!"}]
["2000-06-17","15:00:00",237,8,21,16,73,{"$f":"Inputs!$X$37*Inputs!$X$32*(E4024-Inputs!$X$26)","v":-380.83284981051736},{"$f":"Inputs!$X$33*C4024*Inputs!$X$38","v":46237.887754438445},{"$f":"params!$C$15*Inputs!$X$29*(E4024-Inputs!$X$26)","v":-39.564749999999847},{"$f":"Inputs!$X$40*Inputs!$X$41/8760","v":5342.4657534246571},{"$f":"-Inputs!$X$45*Inputs!$X$33","v":-30000},2479.5289798458998,1.5602307510579843E-2,1.1389684482723286E-2,{"$f":"-L4024/(1.202*2465560*MAX(0,(Inputs!$X$49-O4024)))","v":{"$error":"#DIV/0!"}},{"$f":"params!$C$15*P4024*(E4024-Inputs!$X$26)","v":{"$error":"#DIV/0!"}},{"$error":"#DIV/0!"}]
["2000-06-17","19:00:00",134,0,21,18,83,{"$f":"Inputs!$X$37*Inputs!$X$32*(E4028-Inputs!$X$26)","v":-380.83284981051736},{"$f":"Inputs!$X$33*C4028*Inputs!$X$38","v":26142.940755674055},{"$f":"params!$C$15*Inputs!$X$29*(E4028-Inputs!$X$26)","v":-39.564749999999847},{"$f":"Inputs!$X$40*Inputs!$X$41/8760","v":5342.4657534246571},{"$f":"-Inputs!$X$45*Inputs!$X$33","v":-30000},2479.5289798458998,1.5602307510579843E-2,1.2949915233781271E-2,{"$f":"-L4028/(1.202*2465560*MAX(0,(Inputs!$X$49-O4028)))","v":{"$error":"#DIV/0!"}},{"$f":"params!$C$15*P4028*(E4028-Inputs!$X$26)","v":{"$error":"#DIV/0!"}},{"$error":"#DIV/0!"}]
["2000-06-17","22:00:00",0,2,17,14,82,{"$f":"Inputs!$X$37*Inputs!$X$32*(E4031-Inputs!$X$26)","v":-14090.815442989191},{"$f":"Inputs!$X$33*C4031*Inputs!$X$38","v":0},{"$f":"params!$C$15*Inputs!$X$29*(E4031-Inputs!$X$26)","v":-1463.8957499999995},{"$f":"Inputs!$X$40*Inputs!$X$41/8760","v":5342.4657534246571},{"$f":"-Inputs!$X$45*Inputs!$X$33","v":-30000},1931.8104441244629,1.2088830888770941E-2,9.9128413287921709E-3,{"$f":"-L4031/(1.202*2465560*MAX(0,(Inputs!$X$49-O4031)))","v":9.3259504018683312},{"$f":"params!$C$15*P4031*(E4031-Inputs!$X$26)","v":-46283.906294325956},-86496.151733890496]
["2000-06-18","01:00:00",0,7,15,15,100,{"$f":"Inputs!$X$37*Inputs!$X$32*(E4034-Inputs!$X$26)","v":-20945.806739578529},{"$f":"Inputs!$X$33*C4034*Inputs!$X$38","v":0},{"$f":"params!$C$15*Inputs!$X$29*(E4034-Inputs!$X$26)","v":-2176.0612499999993},{"$f":"Inputs!$X$40*Inputs!$X$41/8760","v":5342.4657534246571},{"$f":"-Inputs!$X$45*Inputs!$X$33","v":-30000},1700.1281023555496,1.0614273895273205E-2,1.0614273895273205E-2,{"$f":"-L4034/(1.202*2465560*MAX(0,(Inputs!$X$49-O4034)))","v":26.360589159916337},{"$f":"params!$C$15*P4034*(E4034-Inputs!$X$26)","v":-194470.16477603037},-242249.56701218424]
["2000-06-18","02:00:00",0,7,16,14,88,{"$f":"Inputs!$X$37*Inputs!$X$32*(E4035-Inputs!$X$26)","v":-17518.31109128386},{"$f":"Inputs!$X$33*C4035*Inputs!$X$38","v":0},{"$f":"params!$C$15*Inputs!$X$29*(E4035-Inputs!$X$26)","v":-1819.9784999999995},{"$f":"Inputs!$X$40*Inputs!$X$41/8760","v":5342.4657534246571},{"$f":"-Inputs!$X$45*Inputs!$X$33","v":-30000},{"$f":"EXP(77.345+0.0057*(E4035+273.15)-7235/(E4035+273.15))/(E4035+273.15)^8.2","v":1812.7242941450775},{"$f":"0.62198*M4035/(101325-M4035)","v":1.1330041931761578E-2},{"$f":"N4035*G4035/100","v":9.9704368999501899E-3},{"$f":"-L4035/(1.202*2465560*MAX(0,(Inputs!$X$49-O4035)))","v":9.8485299250665346},{"$f":"params!$C$15*P4035*(E4035-Inputs!$X$26)","v":-60766.52769417841},{"$f":"H4035+I4035+J4035+K4035+L4035+Q4035","v":-104762.35153203762}]
["2000-06-18","05:00:00",0,10,14,11,82,{"$f":"Inputs!$X$37*Inputs!$X$32*(E4038-Inputs!$X$26)","v":-24373.302387873198},{"$f":"Inputs!$X$33*C4038*Inputs!$X$38","v":0},{"$f":"params!$C$15*Inputs!$X$29*(E4038-Inputs!$X$26)","v":-2532.1439999999993},{"$f":"Inputs!$X$40*Inputs!$X$41/8760","v":5342.4657534246571},{"$f":"-Inputs!$X$45*Inputs!$X$33","v":-30000},1593.7190459500907,9.939322574797271E-3,8.150244511333761E-3,{"$f":"-L4038/(1.202*2465560*MAX(0,(Inputs!$X$49-O4038)))","v":3.554305389619338},{"$f":"params!$C$15*P4038*(E4038-Inputs!$X$26)","v":-30511.94509816842},-82074.925732616961]
["2000-06-18","10:00:00",157,10,13,13,100,{"$f":"Inputs!$X$37*Inputs!$X$32*(E4043-Inputs!$X$26)","v":-27800.798036167867},{"$f":"Inputs!$X$33*C4043*Inputs!$X$38","v":30630.161930155424},{"$f":"params!$C$15*Inputs!$X$29*(E4043-Inputs!$X$26)","v":-2888.2267499999994},{"$f":"Inputs!$X$40*Inputs!$X$41/8760","v":5342.4657534246571},{"$f":"-Inputs!$X$45*Inputs!$X$33","v":-30000},1493.2057396927576,9.303089390063848E-3,9.303089390063848E-3,{"$f":"-L4043/(1.202*2465560*MAX(0,(Inputs!$X$49-O4043)))","v":5.9714646796116257},{"$f":"params!$C$15*P4043*(E4043-Inputs!$X$26)","v":-58470.782797071799},-83187.17989965959]
["2000-06-18","13:00:00",150,10,13,12,94,{"$f":"Inputs!$X$37*Inputs!$X$32*(E4046-Inputs!$X$26)","v":-27800.798036167867},{"$f":"Inputs!$X$33*C4046*Inputs!$X$38","v":29264.485920530657},{"$f":"params!$C$15*Inputs!$X$29*(E4046-Inputs!$X$26)","v":-2888.2267499999994},{"$f":"Inputs!$X$40*Inputs!$X$41/8760","v":5342.4657534246571},{"$f":"-Inputs!$X$45*Inputs!$X$33","v":-30000},1493.2057396927576,9.303089390063848E-3,8.7449040266600175E-3,{"$f":"-L4046/(1.202*2465560*MAX(0,(Inputs!$X$49-O4046)))","v":4.4922735472006163},{"$f":"params!$C$15*P4046*(E4046-Inputs!$X$26)","v":-43986.98894430737},-70069.062056519921]
["2000-06-18","16:00:00",113,10,12,11,94,{"$f":"Inputs!$X$37*Inputs!$X$32*(E4049-Inputs!$X$26)","v":-31228.293684462536},{"$f":"Inputs!$X$33*C4049*Inputs!$X$38","v":22045.912726799765},{"$f":"params!$C$15*Inputs!$X$29*(E4049-Inputs!$X$26)","v":-3244.3094999999989},{"$f":"Inputs!$X$40*Inputs!$X$41/8760","v":5342.4657534246571},{"$f":"-Inputs!$X$45*Inputs!$X$33","v":-30000},1398.3079270856979,8.70357605607666E-3,8.1813614927120602E-3,{"$f":"-L4049/(1.202*2465560*MAX(0,(Inputs!$X$49-O4049)))","v":3.5935677884557236},{"$f":"params!$C$15*P4049*(E4049-Inputs!$X$26)","v":-39525.272635844703},-76609.497340082817]
["2000-06-18","20:00:00",2,10,11,9,87,{"$f":"Inputs!$X$37*Inputs!$X$32*(E4053-Inputs!$X$26)","v":-34655.789332757202},{"$f":"Inputs!$X$33*C4053*Inputs!$X$38","v":390.19314560707545},{"$f":"params!$C$15*Inputs!$X$29*(E4053-Inputs!$X$26)","v":-3600.392249999999},{"$f":"Inputs!$X$40*Inputs!$X$41/8760","v":5342.4657534246571},{"$f":"-Inputs!$X$45*Inputs!$X$33","v":-30000},1308.7561751391206,8.138879592783612E-3,7.0808252457217422E-3,{"$f":"-L4053/(1.202*2465560*MAX(0,(Inputs!$X$49-O4053)))","v":2.5840233927727527},{"$f":"params!$C$15*P4053*(E4053-Inputs!$X$26)","v":-31540.822431099434},-94064.345114824901]
["2000-06-18","23:00:00",0,10,11,10,94,{"$f":"Inputs!$X$37*Inputs!$X$32*(E4056-Inputs!$X$26)","v":-34655.789332757202},{"$f":"Inputs!$X$33*C4056*Inputs!$X$38","v":0},{"$f":"params!$C$15*Inputs!$X$29*(E4056-Inputs!$X$26)","v":-3600.392249999999},{"$f":"Inputs!$X$40*Inputs!$X$41/8760","v":5342.4657534246571},{"$f":"-Inputs!$X$45*Inputs!$X$33","v":-30000},1308.7561751391206,8.138879592783612E-3,7.6505468172165959E-3,{"$f":"-L4056/(1.202*2465560*MAX(0,(Inputs!$X$49-O4056)))","v":3.023774916748672},{"$f":"params!$C$15*P4056*(E4056-Inputs!$X$26)","v":-36908.469167705291},-99822.184997037839]
["2000-06-19","02:00:00",0,10,11,11,100,{"$f":"Inputs!$X$37*Inputs!$X$32*(E4059-Inputs!$X$26)","v":-34655.789332757202},{"$f":"Inputs!$X$33*C4059*Inputs!$X$38","v":0},{"$f":"params!$C$15*Inputs!$X$29*(E4059-Inputs!$X$26)","v":-3600.392249999999},{"$f":"Inputs!$X$40*Inputs!$X$41/8760","v":5342.4657534246571},{"$f":"-Inputs!$X$45*Inputs!$X$33","v":-30000},1308.7561751391206,8.138879592783612E-3,8.138879592783612E-3,{"$f":"-L4059/(1.202*2465560*MAX(0,(Inputs!$X$49-O4059)))","v":3.5401785497421461},{"$f":"params!$C$15*P4059*(E4059-Inputs!$X$26)","v":-43211.738455660292},-106125.45428499283]
["2000-06-19","03:00:00",0,10,11,11,100,{"$f":"Inputs!$X$37*Inputs!$X$32*(E4060-Inputs!$X$26)","v":-34655.789332757202},{"$f":"Inputs!$X$33*C4060*Inputs!$X$38","v":0},{"$f":"params!$C$15*Inputs!$X$29*(E4060-Inputs!$X$26)","v":-3600.392249999999},{"$f":"Inputs!$X$40*Inputs!$X$41/8760","v":5342.4657534246571},{"$f":"-Inputs!$X$45*Inputs!$X$33","v":-30000},1308.7561751391206,8.138879592783612E-3,8.138879592783612E-3,{"$f":"-L4060/(1.202*2465560*MAX(0,(Inputs!$X$49-O4060)))","v":3.5401785497421461},{"$f":"params!$C$15*P4060*(E4060-Inputs!$X$26)","v":-43211.738455660292},-106125.45428499283]
["2000-06-19","06:00:00",20,10,11,10,94,{"$f":"Inputs!$X$37*Inputs!$X$32*(E4063-Inputs!$X$26)","v":-34655.789332757202},{"$f":"Inputs!$X$33*C4063*Inputs!$X$38","v":3901.9314560707548},{"$f":"params!$C$15*Inputs!$X$29*(E4063-Inputs!$X$26)","v":-3600.392249999999},{"$f":"Inputs!$X$40*Inputs!$X$41/8760","v":5342.4657534246571},{"$f":"-Inputs!$X$45*Inputs!$X$33","v":-30000},1308.7561751391206,8.138879592783612E-3,7.6505468172165959E-3,{"$f":"-L4063/(1.202*2465560*MAX(0,(Inputs!$X$49-O4063)))","v":3.023774916748672},{"$f":"params!$C$15*P4063*(E4063-Inputs!$X$26)","v":-36908.469167705291},-95920.253540967082]
["2000-06-19","11:00:00",580,8,16,12,77,{"$f":"Inputs!$X$37*Inputs!$X$32*(E4068-Inputs!$X$26)","v":-17518.31109128386},{"$f":"Inputs!$X$33*C4068*Inputs!$X$38","v":113156.01222605188},{"$f":"params!$C$15*Inputs!$X$29*(E4068-Inputs!$X$26)","v":-1819.9784999999995},{"$f":"Inputs!$X$40*Inputs!$X$41/8760","v":5342.4657534246571},{"$f":"-Inputs!$X$45*Inputs!$X$33","v":-30000},1812.7242941450775,1.1330041931761578E-2,8.7241322874564153E-3,{"$f":"-L4068/(1.202*2465560*MAX(0,(Inputs!$X$49-O4068)))","v":4.451241891749449},{"$f":"params!$C$15*P4068*(E4068-Inputs!$X$26)","v":-27464.658760901577},41695.5296272911]
["2000-06-19","14:00:00",901,4,21,13,60,{"$f":"Inputs!$X$37*Inputs!$X$32*(E4071-Inputs!$X$26)","v":-380.83284981051736},{"$f":"Inputs!$X$33*C4071*Inputs!$X$38","v":175782.01209598751},{"$f":"params!$C$15*Inputs!$X$29*(E4071-Inputs!$X$26)","v":-39.564749999999847},{"$f":"Inputs!$X$40*Inputs!$X$41/8760","v":5342.4657534246571},{"$f":"-Inputs!$X$45*Inputs!$X$33","v":-30000},2479.5289798458998,1.5602307510579843E-2,9.3613845063479067E-3,{"$f":"-L4071/(1.202*2465560*MAX(0,(Inputs!$X$49-O4071)))","v":6.1841268382609123},{"$f":"params!$C$15*P4071*(E4071-Inputs!$X$26)","v":-829.49461060754652},149874.58563899412]
["2000-06-19","17:00:00",494,0,23,12,50,{"$f":"Inputs!$X$37*Inputs!$X$32*(E4074-Inputs!$X$26)","v":6474.1584467788198},{"$f":"Inputs!$X$33*C4074*Inputs!$X$38","v":96377.706964947647},{"$f":"params!$C$15*Inputs!$X$29*(E4074-Inputs!$X$26)","v":672.60074999999995},{"$f":"Inputs!$X$40*Inputs!$X$41/8760","v":5342.4657534246571},{"$f":"-Inputs!$X$45*Inputs!$X$33","v":-30000},2801.0950714195728,1.768327304712981E-2,8.8416365235649049E-3,{"$f":"-L4074/(1.202*2465560*MAX(0,(Inputs!$X$49-O4074)))","v":4.6937660153556173},{"$f":"params!$C$15*P4074*(E4074-Inputs!$X$26)","v":10703.000303087176},89569.932218238289]
["2000-06-19","21:00:00",0,0,13,12,94,{"$f":"Inputs!$X$37*Inputs!$X$32*(E4078-Inputs!$X$26)","v":-27800.798036167867},{"$f":"Inputs!$X$33*C4078*Inputs!$X$38","v":0},{"$f":"params!$C$15*Inputs!$X$29*(E4078-Inputs!$X$26)","v":-2888.2267499999994},{"$f":"Inputs!$X$40*Inputs!$X$41/8760","v":5342.4657534246571},{"$f":"-Inputs!$X$45*Inputs!$X$33","v":-30000},1493.2057396927576,9.303089390063848E-3,8.7449040266600175E-3,{"$f":"-L4078/(1.202*2465560*MAX(0,(Inputs!$X$49-O4078)))","v":4.4922735472006163},{"$f":"params!$C$15*P4078*(E4078-Inputs!$X$26)","v":-43986.98894430737},-99333.547977050577]
["2000-06-19",1,0,0,11,11,100,{"$f":"Inputs!$X$37*Inputs!$X$32*(E4081-Inputs!$X$26)","v":-34655.789332757202},{"$f":"Inputs!$X$33*C4081*Inputs!$X$38","v":0},{"$f":"params!$C$15*Inputs!$X$29*(E4081-Inputs!$X$26)","v":-3600.392249999999},{"$f":"Inputs!$X$40*Inputs!$X$41/8760","v":5342.4657534246571},{"$f":"-Inputs!$X$45*Inputs!$X$33","v":-30000},1308.7561751391206,8.138879592783612E-3,8.138879592783612E-3,{"$f":"-L4081/(1.202*2465560*MAX(0,(Inputs!$X$49-O4081)))","v":3.5401785497421461},{"$f":"params!$C$15*P4081*(E4081-Inputs!$X$26)","v":-43211.738455660292},-106125.45428499283]
["2000-06-20","01:00:00",0,1,12,11,94,{"$f":"Inputs!$X$37*Inputs!$X$32*(E4082-Inputs!$X$26)","v":-31228.293684462536},{"$f":"Inputs!$X$33*C4082*Inputs!$X$38","v":0},{"$f":"params!$C$15*Inputs!$X$29*(E4082-Inputs!$X$26)","v":-3244.3094999999989},{"$f":"Inputs!$X$40*Inputs!$X$41/8760","v":5342.4657534246571},{"$f":"-Inputs!$X$45*Inputs!$X$33","v":-30000},1398.3079270856979,8.70357605607666E-3,8.1813614927120602E-3,{"$f":"-L4082/(1.202*2465560*MAX(0,(Inputs!$X$49-O4082)))","v":3.5935677884557236},{"$f":"params!$C$15*P4082*(E4082-Inputs!$X$26)","v":-39525.272635844703},-98655.410066882585]
["2000-06-20","07:00:00",236,8,13,13,100,{"$f":"Inputs!$X$37*Inputs!$X$32*(E4088-Inputs!$X$26)","v":-27800.798036167867},{"$f":"Inputs!$X$33*C4088*Inputs!$X$38","v":46042.791181634908},{"$f":"params!$C$15*Inputs!$X$29*(E4088-Inputs!$X$26)","v":-2888.2267499999994},{"$f":"Inputs!$X$40*Inputs!$X$41/8760","v":5342.4657534246571},{"$f":"-Inputs!$X$45*Inputs!$X$33","v":-30000},1493.2057396927576,9.303089390063848E-3,9.303089390063848E-3,{"$f":"-L4088/(1.202*2465560*MAX(0,(Inputs!$X$49-O4088)))","v":5.9714646796116257},{"$f":"params!$C$15*P4088*(E4088-Inputs!$X$26)","v":-58470.782797071799},-67774.550648180099]
["2000-06-20","08:00:00",431,0,16,14,88,{"$f":"Inputs!$X$37*Inputs!$X$32*(E4089-Inputs!$X$26)","v":-17518.31109128386},{"$f":"Inputs!$X$33*C4089*Inputs!$X$38","v":84086.622878324764},{"$f":"params!$C$15*Inputs!$X$29*(E4089-Inputs!$X$26)","v":-1819.9784999999995},{"$f":"Inputs!$X$40*Inputs!$X$41/8760","v":5342.4657534246571},{"$f":"-Inputs!$X$45*Inputs!$X$33","v":-30000},1812.7242941450775,1.1330041931761578E-2,9.9704368999501899E-3,{"$f":"-L4089/(1.202*2465560*MAX(0,(Inputs!$X$49-O4089)))","v":9.8485299250665346},{"$f":"params!$C$15*P4089*(E4089-Inputs!$X$26)","v":-60766.52769417841},-20675.728653712853]
["2000-06-20","12:00:00",947,0,24,15,57,{"$f":"Inputs!$X$37*Inputs!$X$32*(E4093-Inputs!$X$26)","v":9901.6540950734889},{"$f":"Inputs!$X$33*C4093*Inputs!$X$38","v":184756.45444495024},{"$f":"params!$C$15*Inputs!$X$29*(E4093-Inputs!$X$26)","v":1028.6834999999999},{"$f":"Inputs!$X$40*Inputs!$X$41/8760","v":5342.4657534246571},{"$f":"-Inputs!$X$45*Inputs!$X$33","v":-30000},2975.1171299801654,1.8815104792251288E-2,1.0724609731583234E-2,{"$f":"-L4093/(1.202*2465560*MAX(0,(Inputs!$X$49-O4093)))","v":36.988132921192161},{"$f":"params!$C$15*P4093*(E4093-Inputs!$X$26)","v":128994.42405405315},300023.68184750155]
["2000-06-20","15:00:00",770,4,26,15,51,{"$f":"Inputs!$X$37*Inputs!$X$32*(E4096-Inputs!$X$26)","v":16756.645391662827},{"$f":"Inputs!$X$33*C4096*Inputs!$X$38","v":150224.36105872405},{"$f":"params!$C$15*Inputs!$X$29*(E4096-Inputs!$X$26)","v":1740.8489999999997},{"$f":"Inputs!$X$40*Inputs!$X$41/8760","v":5342.4657534246571},{"$f":"-Inputs!$X$45*Inputs!$X$33","v":-30000},3351.668772324198,2.1277942853302922E-2,1.0851750855184489E-2,{"$f":"-L4096/(1.202*2465560*MAX(0,(Inputs!$X$49-O4096)))","v":69.080633125997593},{"$f":"params!$C$15*P4096*(E4096-Inputs!$X$26)","v":407703.24290848721},551767.56411229877]
["2000-06-20","18:00:00",306,0,26,16,54,{"$f":"Inputs!$X$37*Inputs!$X$32*(E4099-Inputs!$X$26)","v":16756.645391662827},{"$f":"Inputs!$X$33*C4099*Inputs!$X$38","v":59699.55127788255},{"$f":"params!$C$15*Inputs!$X$29*(E4099-Inputs!$X$26)","v":1740.8489999999997},{"$f":"Inputs!$X$40*Inputs!$X$41/8760","v":5342.4657534246571},{"$f":"-Inputs!$X$45*Inputs!$X$33","v":-30000},{"$f":"EXP(77.345+0.0057*(E4099+273.15)-7235/(E4099+273.15))/(E4099+273.15)^8.2","v":3351.668772324198},{"$f":"0.62198*M4099/(101325-M4099)","v":2.1277942853302922E-2},{"$f":"N4099*G4099/100","v":1.1490089140783578E-2},{"$f":"-L4099/(1.202*2465560*MAX(0,(Inputs!$X$49-O4099)))","v":{"$error":"#DIV/0!"}},{"$f":"params!$C$15*P4099*(E4099-Inputs!$X$26)","v":{"$error":"#DIV/0!"}},{"$f":"H4099+I4099+J4099+K4099+L4099+Q4099","v":{"$error":"#DIV/0!"}}]
["2000-06-20","22:00:00",0,5,19,16,83,{"$f":"Inputs!$X$37*Inputs!$X$32*(E4103-Inputs!$X$26)","v":-7235.8241463998547},{"$f":"Inputs!$X$33*C4103*Inputs!$X$38","v":0},{"$f":"params!$C$15*Inputs!$X$29*(E4103-Inputs!$X$26)","v":-751.73024999999973},{"$f":"Inputs!$X$40*Inputs!$X$41/8760","v":5342.4657534246571},{"$f":"-Inputs!$X$45*Inputs!$X$33","v":-30000},2190.7229749852513,1.3744851093608144E-2,1.1408226407694759E-2,{"$f":"-L4103/(1.202*2465560*MAX(0,(Inputs!$X$49-O4103)))","v":{"$error":"#DIV/0!"}},{"$f":"params!$C$15*P4103*(E4103-Inputs!$X$26)","v":{"$error":"#DIV/0!"}},{"$error":"#DIV/0!"}]
["2000-06-21","01:00:00",0,10,20,15,73,{"$f":"Inputs!$X$37*Inputs!$X$32*(E4106-Inputs!$X$26)","v":-3808.3284981051861},{"$f":"Inputs!$X$33*C4106*Inputs!$X$38","v":0},{"$f":"params!$C$15*Inputs!$X$29*(E4106-Inputs!$X$26)","v":-395.64749999999975},{"$f":"Inputs!$X$40*Inputs!$X$41/8760","v":5342.4657534246571},{"$f":"-Inputs!$X$45*Inputs!$X$33","v":-30000},2331.2150168593957,1.4647072201887702E-2,1.0692362707378023E-2,{"$f":"-L4106/(1.202*2465560*MAX(0,(Inputs!$X$49-O4106)))","v":33.089269504736563},{"$f":"params!$C$15*P4106*(E4106-Inputs!$X$26)","v":-44383.583068355052},-73245.093313035584]
["2000-06-21","02:00:00",0,10,21,15,69,{"$f":"Inputs!$X$37*Inputs!$X$32*(E4107-Inputs!$X$26)","v":-380.83284981051736},{"$f":"Inputs!$X$33*C4107*Inputs!$X$38","v":0},{"$f":"params!$C$15*Inputs!$X$29*(E4107-Inputs!$X$26)","v":-39.564749999999847},{"$f":"Inputs!$X$40*Inputs!$X$41/8760","v":5342.4657534246571},{"$f":"-Inputs!$X$45*Inputs!$X$33","v":-30000},2479.5289798458998,1.5602307510579843E-2,1.0765592182300093E-2,{"$f":"-L4107/(1.202*2465560*MAX(0,(Inputs!$X$49-O4107)))","v":43.50251962127254},{"$f":"params!$C$15*P4107*(E4107-Inputs!$X$26)","v":-5835.1173120249905},-30913.049158410849]
["2000-06-21","08:00:00",108,8,21,17,78,{"$f":"Inputs!$X$37*Inputs!$X$32*(E4113-Inputs!$X$26)","v":-380.83284981051736},{"$f":"Inputs!$X$33*C4113*Inputs!$X$38","v":21070.429862782075},{"$f":"params!$C$15*Inputs!$X$29*(E4113-Inputs!$X$26)","v":-39.564749999999847},{"$f":"Inputs!$X$40*Inputs!$X$41/8760","v":5342.4657534246571},{"$f":"-Inputs!$X$45*Inputs!$X$33","v":-30000},2479.5289798458998,1.5602307510579843E-2,1.2169799858252277E-2,{"$f":"-L4113/(1.202*2465560*MAX(0,(Inputs!$X$49-O4113)))","v":{"$error":"#DIV/0!"}},{"$f":"params!$C$15*P4113*(E4113-Inputs!$X$26)","v":{"$error":"#DIV/0!"}},{"$error":"#DIV/0!"}]
["2000-06-21","09:00:00",232,6,23,18,73,{"$f":"Inputs!$X$37*Inputs!$X$32*(E4114-Inputs!$X$26)","v":6474.1584467788198},{"$f":"Inputs!$X$33*C4114*Inputs!$X$38","v":45262.404890420752},{"$f":"params!$C$15*Inputs!$X$29*(E4114-Inputs!$X$26)","v":672.60074999999995},{"$f":"Inputs!$X$40*Inputs!$X$41/8760","v":5342.4657534246571},{"$f":"-Inputs!$X$45*Inputs!$X$33","v":-30000},2801.0950714195728,1.768327304712981E-2,1.2908789324404762E-2,{"$f":"-L4114/(1.202*2465560*MAX(0,(Inputs!$X$49-O4114)))","v":{"$error":"#DIV/0!"}},{"$f":"params!$C$15*P4114*(E4114-Inputs!$X$26)","v":{"$error":"#DIV/0!"}},{"$error":"#DIV/0!"}]
["2000-06-21","13:00:00",496,10,25,20,74,{"$f":"Inputs!$X$37*Inputs!$X$32*(E4118-Inputs!$X$26)","v":13329.149743368158},{"$f":"Inputs!$X$33*C4118*Inputs!$X$38","v":96767.900110554721},{"$f":"params!$C$15*Inputs!$X$29*(E4118-Inputs!$X$26)","v":1384.7662499999999},{"$f":"Inputs!$X$40*Inputs!$X$41/8760","v":5342.4657534246571},{"$f":"-Inputs!$X$45*Inputs!$X$33","v":-30000},3158.5016332003511,2.0012171957865876E-2,1.4809007248820748E-2,{"$f":"-L4118/(1.202*2465560*MAX(0,(Inputs!$X$49-O4118)))","v":{"$error":"#DIV/0!"}},{"$f":"params!$C$15*P4118*(E4118-Inputs!$X$26)","v":{"$error":"#DIV/0!"}},{"$error":"#DIV/0!"}]
["2000-06-21","16:00:00",170,10,24,21,83,{"$f":"Inputs!$X$37*Inputs!$X$32*(E4121-Inputs!$X$26)","v":9901.6540950734889},{"$f":"Inputs!$X$33*C4121*Inputs!$X$38","v":33166.417376601414},{"$f":"params!$C$15*Inputs!$X$29*(E4121-Inputs!$X$26)","v":1028.6834999999999},{"$f":"Inputs!$X$40*Inputs!$X$41/8760","v":5342.4657534246571},{"$f":"-Inputs!$X$45*Inputs!$X$33","v":-30000},2975.1171299801654,1.8815104792251288E-2,1.561653697756857E-2,{"$f":"-L4121/(1.202*2465560*MAX(0,(Inputs!$X$49-O4121)))","v":{"$error":"#DIV/0!"}},{"$f":"params!$C$15*P4121*(E4121-Inputs!$X$26)","v":{"$error":"#DIV/0!"}},{"$error":"#DIV/0!"}]
["2000-06-21","19:00:00",36,0,22,21,94,{"$f":"Inputs!$X$37*Inputs!$X$32*(E4124-Inputs!$X$26)","v":3046.6627984841512},{"$f":"Inputs!$X$33*C4124*Inputs!$X$38","v":7023.4766209273585},{"$f":"params!$C$15*Inputs!$X$29*(E4124-Inputs!$X$26)","v":316.51800000000009},{"$f":"Inputs!$X$40*Inputs!$X$41/8760","v":5342.4657534246571},{"$f":"-Inputs!$X$45*Inputs!$X$33","v":-30000},2636.0296246790026,1.6613383438113645E-2,1.5616580431826826E-2,{"$f":"-L4124/(1.202*2465560*MAX(0,(Inputs!$X$49-O4124)))","v":{"$error":"#DIV/0!"}},{"$f":"params!$C$15*P4124*(E4124-Inputs!$X$26)","v":{"$error":"#DIV/0!"}},{"$error":"#DIV/0!"}]
["2000-06-21","23:00:00",0,8,21,18,83,{"$f":"Inputs!$X$37*Inputs!$X$32*(E4128-Inputs!$X$26)","v":-380.83284981051736},{"$f":"Inputs!$X$33*C4128*Inputs!$X$38","v":0},{"$f":"params!$C$15*Inputs!$X$29*(E4128-Inputs!$X$26)","v":-39.564749999999847},{"$f":"Inputs!$X$40*Inputs!$X$41/8760","v":5342.4657534246571},{"$f":"-Inputs!$X$45*Inputs!$X$33","v":-30000},2479.5289798458998,1.5602307510579843E-2,1.2949915233781271E-2,{"$f":"-L4128/(1.202*2465560*MAX(0,(Inputs!$X$49-O4128)))","v":{"$error":"#DIV/0!"}},{"$f":"params!$C$15*P4128*(E4128-Inputs!$X$26)","v":{"$error":"#DIV/0!"}},{"$error":"#DIV/0!"}]
["2000-06-22","02:00:00",0,0,18,18,100,{"$f":"Inputs!$X$37*Inputs!$X$32*(E4131-Inputs!$X$26)","v":-10663.319794694524},{"$f":"Inputs!$X$33*C4131*Inputs!$X$38","v":0},{"$f":"params!$C$15*Inputs!$X$29*(E4131-Inputs!$X$26)","v":-1107.8129999999996},{"$f":"Inputs!$X$40*Inputs!$X$41/8760","v":5342.4657534246571},{"$f":"-Inputs!$X$45*Inputs!$X$33","v":-30000},2057.7011249857014,1.2892956292988709E-2,1.2892956292988709E-2,{"$f":"-L4131/(1.202*2465560*MAX(0,(Inputs!$X$49-O4131)))","v":{"$error":"#DIV/0!"}},{"$f":"params!$C$15*P4131*(E4131-Inputs!$X$26)","v":{"$error":"#DIV/0!"}},{"$error":"#DIV/0!"}]
["2000-06-22","05:00:00",0,2,14,14,100,{"$f":"Inputs!$X$37*Inputs!$X$32*(E4134-Inputs!$X$26)","v":-24373.302387873198},{"$f":"Inputs!$X$33*C4134*Inputs!$X$38","v":0},{"$f":"params!$C$15*Inputs!$X$29*(E4134-Inputs!$X$26)","v":-2532.1439999999993},{"$f":"Inputs!$X$40*Inputs!$X$41/8760","v":5342.4657534246571},{"$f":"-Inputs!$X$45*Inputs!$X$33","v":-30000},1593.7190459500907,9.939322574797271E-3,9.939322574797271E-3,{"$f":"-L4134/(1.202*2465560*MAX(0,(Inputs!$X$49-O4134)))","v":9.5591619903650198},{"$f":"params!$C$15*P4134*(E4134-Inputs!$X$26)","v":-82060.65429446772},-133623.63492891626]
["2000-06-22","07:00:00",243,5,21,18,83,{"$f":"Inputs!$X$37*Inputs!$X$32*(E4136-Inputs!$X$26)","v":-380.83284981051736},{"$f":"Inputs!$X$33*C4136*Inputs!$X$38","v":47408.467191259668},{"$f":"params!$C$15*Inputs!$X$29*(E4136-Inputs!$X$26)","v":-39.564749999999847},{"$f":"Inputs!$X$40*Inputs!$X$41/8760","v":5342.4657534246571},{"$f":"-Inputs!$X$45*Inputs!$X$33","v":-30000},2479.5289798458998,1.5602307510579843E-2,1.2949915233781271E-2,{"$f":"-L4136/(1.202*2465560*MAX(0,(Inputs!$X$49-O4136)))","v":{"$error":"#DIV/0!"}},{"$f":"params!$C$15*P4136*(E4136-Inputs!$X$26)","v":{"$error":"#DIV/0!"}},{"$error":"#DIV/0!"}]
["2000-06-22","10:00:00",377,5,24,18,69,{"$f":"Inputs!$X$37*Inputs!$X$32*(E4139-Inputs!$X$26)","v":9901.6540950734889},{"$f":"Inputs!$X$33*C4139*Inputs!$X$38","v":73551.40794693373},{"$f":"params!$C$15*Inputs!$X$29*(E4139-Inputs!$X$26)","v":1028.6834999999999},{"$f":"Inputs!$X$40*Inputs!$X$41/8760","v":5342.4657534246571},{"$f":"-Inputs!$X$45*Inputs!$X$33","v":-30000},2975.1171299801654,1.8815104792251288E-2,1.2982422306653389E-2,{"$f":"-L4139/(1.202*2465560*MAX(0,(Inputs!$X$49-O4139)))","v":{"$error":"#DIV/0!"}},{"$f":"params!$C$15*P4139*(E4139-Inputs!$X$26)","v":{"$error":"#DIV/0!"}},{"$error":"#DIV/0!"}]
["2000-06-22","14:00:00",778,5,27,15,48,{"$f":"Inputs!$X$37*Inputs!$X$32*(E4143-Inputs!$X$26)","v":20184.141039957496},{"$f":"Inputs!$X$33*C4143*Inputs!$X$38","v":151785.13364115235},{"$f":"params!$C$15*Inputs!$X$29*(E4143-Inputs!$X$26)","v":2096.9317499999997},{"$f":"Inputs!$X$40*Inputs!$X$41/8760","v":5342.4657534246571},{"$f":"-Inputs!$X$45*Inputs!$X$33","v":-30000},3555.0534347297348,2.2616071840205452E-2,1.0855714483298617E-2,{"$f":"-L4143/(1.202*2465560*MAX(0,(Inputs!$X$49-O4143)))","v":71.001128427995866},{"$f":"params!$C$15*P4143*(E4143-Inputs!$X$26)","v":504749.96885993489},654158.64104446932]
["2000-06-22","17:00:00",121,7,24,13,50,{"$f":"Inputs!$X$37*Inputs!$X$32*(E4146-Inputs!$X$26)","v":9901.6540950734889},{"$f":"Inputs!$X$33*C4146*Inputs!$X$38","v":23606.685309228065},{"$f":"params!$C$15*Inputs!$X$29*(E4146-Inputs!$X$26)","v":1028.6834999999999},{"$f":"Inputs!$X$40*Inputs!$X$41/8760","v":5342.4657534246571},{"$f":"-Inputs!$X$45*Inputs!$X$33","v":-30000},2975.1171299801654,1.8815104792251288E-2,9.407552396125644E-3,{"$f":"-L4146/(1.202*2465560*MAX(0,(Inputs!$X$49-O4146)))","v":6.3636087436855773},{"$f":"params!$C$15*P4146*(E4146-Inputs!$X$26)","v":22192.794822761774},32072.283480487989]
["2000-06-22","21:00:00",0,8,18,14,77,{"$f":"Inputs!$X$37*Inputs!$X$32*(E4150-Inputs!$X$26)","v":-10663.319794694524},{"$f":"Inputs!$X$33*C4150*Inputs!$X$38","v":0},{"$f":"params!$C$15*Inputs!$X$29*(E4150-Inputs!$X$26)","v":-1107.8129999999996},{"$f":"Inputs!$X$40*Inputs!$X$41/8760","v":5342.4657534246571},{"$f":"-Inputs!$X$45*Inputs!$X$33","v":-30000},2057.7011249857014,1.2892956292988709E-2,9.927576345601305E-3,{"$f":"-L4150/(1.202*2465560*MAX(0,(Inputs!$X$49-O4150)))","v":9.4542932265907602},{"$f":"params!$C$15*P4150*(E4150-Inputs!$X$26)","v":-35507.678536141539},-71936.345577411412]
["2000-06-22",1,0,0,19,14,73,{"$f":"Inputs!$X$37*Inputs!$X$32*(E4153-Inputs!$X$26)","v":-7235.8241463998547},{"$f":"Inputs!$X$33*C4153*Inputs!$X$38","v":0},{"$f":"params!$C$15*Inputs!$X$29*(E4153-Inputs!$X$26)","v":-751.73024999999973},{"$f":"Inputs!$X$40*Inputs!$X$41/8760","v":5342.4657534246571},{"$f":"-Inputs!$X$45*Inputs!$X$33","v":-30000},2190.7229749852513,1.3744851093608144E-2,1.0033741298333945E-2,{"$f":"-L4153/(1.202*2465560*MAX(0,(Inputs!$X$49-O4153)))","v":10.494901818217066},{"$f":"params!$C$15*P4153*(E4153-Inputs!$X$26)","v":-26746.512445526852},-59391.601088502051]
["2000-06-23","03:00:00",0,0,14,12,88,{"$f":"Inputs!$X$37*Inputs!$X$32*(E4156-Inputs!$X$26)","v":-24373.302387873198},{"$f":"Inputs!$X$33*C4156*Inputs!$X$38","v":0},{"$f":"params!$C$15*Inputs!$X$29*(E4156-Inputs!$X$26)","v":-2532.1439999999993},{"$f":"Inputs!$X$40*Inputs!$X$41/8760","v":5342.4657534246571},{"$f":"-Inputs!$X$45*Inputs!$X$33","v":-30000},1593.7190459500907,9.939322574797271E-3,8.7466038658215988E-3,{"$f":"-L4156/(1.202*2465560*MAX(0,(Inputs!$X$49-O4156)))","v":4.4956648513425375},{"$f":"params!$C$15*P4156*(E4156-Inputs!$X$26)","v":-38593.048173224059},-90156.028807672599]
["2000-06-23","06:00:00",72,8,16,14,88,{"$f":"Inputs!$X$37*Inputs!$X$32*(E4159-Inputs!$X$26)","v":-17518.31109128386},{"$f":"Inputs!$X$33*C4159*Inputs!$X$38","v":14046.953241854717},{"$f":"params!$C$15*Inputs!$X$29*(E4159-Inputs!$X$26)","v":-1819.9784999999995},{"$f":"Inputs!$X$40*Inputs!$X$41/8760","v":5342.4657534246571},{"$f":"-Inputs!$X$45*Inputs!$X$33","v":-30000},1812.7242941450775,1.1330041931761578E-2,9.9704368999501899E-3,{"$f":"-L4159/(1.202*2465560*MAX(0,(Inputs!$X$49-O4159)))","v":9.8485299250665346},{"$f":"params!$C$15*P4159*(E4159-Inputs!$X$26)","v":-60766.52769417841},-90715.3982901829]
["2000-06-23","08:00:00",330,10,17,13,77,{"$f":"Inputs!$X$37*Inputs!$X$32*(E4161-Inputs!$X$26)","v":-14090.815442989191},{"$f":"Inputs!$X$33*C4161*Inputs!$X$38","v":64381.869025167456},{"$f":"params!$C$15*Inputs!$X$29*(E4161-Inputs!$X$26)","v":-1463.8957499999995},{"$f":"Inputs!$X$40*Inputs!$X$41/8760","v":5342.4657534246571},{"$f":"-Inputs!$X$45*Inputs!$X$33","v":-30000},1931.8104441244629,1.2088830888770941E-2,9.3083997843536256E-3,{"$f":"-L4161/(1.202*2465560*MAX(0,(Inputs!$X$49-O4161)))","v":5.9902297372750404},{"$f":"params!$C$15*P4161*(E4161-Inputs!$X$26)","v":-29729.005612766196},-5559.3820271632649]
["2000-06-23","11:00:00",284,8,21,14,64,{"$f":"Inputs!$X$37*Inputs!$X$32*(E4164-Inputs!$X$26)","v":-380.83284981051736},{"$f":"Inputs!$X$33*C4164*Inputs!$X$38","v":55407.426676204719},{"$f":"params!$C$15*Inputs!$X$29*(E4164-Inputs!$X$26)","v":-39.564749999999847},{"$f":"Inputs!$X$40*Inputs!$X$41/8760","v":5342.4657534246571},{"$f":"-Inputs!$X$45*Inputs!$X$33","v":-30000},2479.5289798458998,1.5602307510579843E-2,9.9854768067710997E-3,{"$f":"-L4164/(1.202*2465560*MAX(0,(Inputs!$X$49-O4164)))","v":9.99477743170727},{"$f":"params!$C$15*P4164*(E4164-Inputs!$X$26)","v":-1340.6280677377868},28988.866762081074]
["2000-06-23","15:00:00",771,4,24,16,61,{"$f":"Inputs!$X$37*Inputs!$X$32*(E4168-Inputs!$X$26)","v":9901.6540950734889},{"$f":"Inputs!$X$33*C4168*Inputs!$X$38","v":150419.45763152759},{"$f":"params!$C$15*Inputs!$X$29*(E4168-Inputs!$X$26)","v":1028.6834999999999},{"$f":"Inputs!$X$40*Inputs!$X$41/8760","v":5342.4657534246571},{"$f":"-Inputs!$X$45*Inputs!$X$33","v":-30000},2975.1171299801654,1.8815104792251288E-2,1.1477213923273286E-2,{"$f":"-L4168/(1.202*2465560*MAX(0,(Inputs!$X$49-O4168)))","v":{"$error":"#DIV/0!"}},{"$f":"params!$C$15*P4168*(E4168-Inputs!$X$26)","v":{"$error":"#DIV/0!"}},{"$error":"#DIV/0!"}]
["2000-06-23","18:00:00",301,3,23,17,69,{"$f":"Inputs!$X$37*Inputs!$X$32*(E4171-Inputs!$X$26)","v":6474.1584467788198},{"$f":"Inputs!$X$33*C4171*Inputs!$X$38","v":58724.068413864858},{"$f":"params!$C$15*Inputs!$X$29*(E4171-Inputs!$X$26)","v":672.60074999999995},{"$f":"Inputs!$X$40*Inputs!$X$41/8760","v":5342.4657534246571},{"$f":"-Inputs!$X$45*Inputs!$X$33","v":-30000},2801.0950714195728,1.768327304712981E-2,1.220145840251957E-2,{"$f":"-L4171/(1.202*2465560*MAX(0,(Inputs!$X$49-O4171)))","v":{"$error":"#DIV/0!"}},{"$f":"params!$C$15*P4171*(E4171-Inputs!$X$26)","v":{"$error":"#DIV/0!"}},{"$error":"#DIV/0!"}]
["2000-06-23","22:00:00",0,0,18,14,77,{"$f":"Inputs!$X$37*Inputs!$X$32*(E4175-Inputs!$X$26)","v":-10663.319794694524},{"$f":"Inputs!$X$33*C4175*Inputs!$X$38","v":0},{"$f":"params!$C$15*Inputs!$X$29*(E4175-Inputs!$X$26)","v":-1107.8129999999996},{"$f":"Inputs!$X$40*Inputs!$X$41/8760","v":5342.4657534246571},{"$f":"-Inputs!$X$45*Inputs!$X$33","v":-30000},2057.7011249857014,1.2892956292988709E-2,9.927576345601305E-3,{"$f":"-L4175/(1.202*2465560*MAX(0,(Inputs!$X$49-O4175)))","v":9.4542932265907602},{"$f":"params!$C$15*P4175*(E4175-Inputs!$X$26)","v":-35507.678536141539},-71936.345577411412]
["2000-06-24","01:00:00",0,0,13,13,100,{"$f":"Inputs!$X$37*Inputs!$X$32*(E4178-Inputs!$X$26)","v":-27800.798036167867},{"$f":"Inputs!$X$33*C4178*Inputs!$X$38","v":0},{"$f":"params!$C$15*Inputs!$X$29*(E4178-Inputs!$X$26)","v":-2888.2267499999994},{"$f":"Inputs!$X$40*Inputs!$X$41/8760","v":5342.4657534246571},{"$f":"-Inputs!$X$45*Inputs!$X$33","v":-30000},1493.2057396927576,9.303089390063848E-3,9.303089390063848E-3,{"$f":"-L4178/(1.202*2465560*MAX(0,(Inputs!$X$49-O4178)))","v":5.9714646796116257},{"$f":"params!$C$15*P4178*(E4178-Inputs!$X$26)","v":-58470.782797071799},-113817.34182981501]
["2000-06-24","04:00:00",0,6,12,12,100,{"$f":"Inputs!$X$37*Inputs!$X$32*(E4181-Inputs!$X$26)","v":-31228.293684462536},{"$f":"Inputs!$X$33*C4181*Inputs!$X$38","v":0},{"$f":"params!$C$15*Inputs!$X$29*(E4181-Inputs!$X$26)","v":-3244.3094999999989},{"$f":"Inputs!$X$40*Inputs!$X$41/8760","v":5342.4657534246571},{"$f":"-Inputs!$X$45*Inputs!$X$33","v":-30000},1398.3079270856979,8.70357605607666E-3,8.70357605607666E-3,{"$f":"-L4181/(1.202*2465560*MAX(0,(Inputs!$X$49-O4181)))","v":4.4113672589094035},{"$f":"params!$C$15*P4181*(E4181-Inputs!$X$26)","v":-48520.162654330132},-107650.30008536801]
["2000-06-24","07:00:00",177,10,13,13,100,{"$f":"Inputs!$X$37*Inputs!$X$32*(E4184-Inputs!$X$26)","v":-27800.798036167867},{"$f":"Inputs!$X$33*C4184*Inputs!$X$38","v":34532.093386226181},{"$f":"params!$C$15*Inputs!$X$29*(E4184-Inputs!$X$26)","v":-2888.2267499999994},{"$f":"Inputs!$X$40*Inputs!$X$41/8760","v":5342.4657534246571},{"$f":"-Inputs!$X$45*Inputs!$X$33","v":-30000},1493.2057396927576,9.303089390063848E-3,9.303089390063848E-3,{"$f":"-L4184/(1.202*2465560*MAX(0,(Inputs!$X$49-O4184)))","v":5.9714646796116257},{"$f":"params!$C$15*P4184*(E4184-Inputs!$X$26)","v":-58470.782797071799},-79285.248443588818]
["2000-06-24","09:00:00",407,9,17,16,94,{"$f":"Inputs!$X$37*Inputs!$X$32*(E4186-Inputs!$X$26)","v":-14090.815442989191},{"$f":"Inputs!$X$33*C4186*Inputs!$X$38","v":79404.305131039859},{"$f":"params!$C$15*Inputs!$X$29*(E4186-Inputs!$X$26)","v":-1463.8957499999995},{"$f":"Inputs!$X$40*Inputs!$X$41/8760","v":5342.4657534246571},{"$f":"-Inputs!$X$45*Inputs!$X$33","v":-30000},1931.8104441244629,1.2088830888770941E-2,1.1363501035444683E-2,{"$f":"-L4186/(1.202*2465560*MAX(0,(Inputs!$X$49-O4186)))","v":{"$error":"#DIV/0!"}},{"$f":"params!$C$15*P4186*(E4186-Inputs!$X$26)","v":{"$error":"#DIV/0!"}},{"$error":"#DIV/0!"}]
["2000-06-24","12:00:00",838,5,26,16,54,{"$f":"Inputs!$X$37*Inputs!$X$32*(E4189-Inputs!$X$26)","v":16756.645391662827},{"$f":"Inputs!$X$33*C4189*Inputs!$X$38","v":163490.92800936464},{"$f":"params!$C$15*Inputs!$X$29*(E4189-Inputs!$X$26)","v":1740.8489999999997},{"$f":"Inputs!$X$40*Inputs!$X$41/8760","v":5342.4657534246571},{"$f":"-Inputs!$X$45*Inputs!$X$33","v":-30000},3351.668772324198,2.1277942853302922E-2,1.1490089140783578E-2,{"$f":"-L4189/(1.202*2465560*MAX(0,(Inputs!$X$49-O4189)))","v":{"$error":"#DIV/0!"}},{"$f":"params!$C$15*P4189*(E4189-Inputs!$X$26)","v":{"$error":"#DIV/0!"}},{"$error":"#DIV/0!"}]
["2000-06-24","16:00:00",607,3,28,17,51,{"$f":"Inputs!$X$37*Inputs!$X$32*(E4193-Inputs!$X$26)","v":23611.636688252162},{"$f":"Inputs!$X$33*C4193*Inputs!$X$38","v":118423.61969174742},{"$f":"params!$C$15*Inputs!$X$29*(E4193-Inputs!$X$26)","v":2453.0144999999998},{"$f":"Inputs!$X$40*Inputs!$X$41/8760","v":5342.4657534246571},{"$f":"-Inputs!$X$45*Inputs!$X$33","v":-30000},3769.1055437563177,2.4030411275220657E-2,1.2255509750362534E-2,{"$f":"-L4193/(1.202*2465560*MAX(0,(Inputs!$X$49-O4193)))","v":{"$error":"#DIV/0!"}},{"$f":"params!$C$15*P4193*(E4193-Inputs!$X$26)","v":{"$error":"#DIV/0!"}},{"$error":"#DIV/0!"}]
["2000-06-24","19:00:00",112,0,25,17,61,{"$f":"Inputs!$X$37*Inputs!$X$32*(E4196-Inputs!$X$26)","v":13329.149743368158},{"$f":"Inputs!$X$33*C4196*Inputs!$X$38","v":21850.816153996228},{"$f":"params!$C$15*Inputs!$X$29*(E4196-Inputs!$X$26)","v":1384.7662499999999},{"$f":"Inputs!$X$40*Inputs!$X$41/8760","v":5342.4657534246571},{"$f":"-Inputs!$X$45*Inputs!$X$33","v":-30000},3158.5016332003511,2.0012171957865876E-2,1.2207424894298184E-2,{"$f":"-L4196/(1.202*2465560*MAX(0,(Inputs!$X$49-O4196)))","v":{"$error":"#DIV/0!"}},{"$f":"params!$C$15*P4196*(E4196-Inputs!$X$26)","v":{"$error":"#DIV/0!"}},{"$error":"#DIV/0!"}]
["2000-06-24","23:00:00",0,9,21,18,83,{"$f":"Inputs!$X$37*Inputs!$X$32*(E4200-Inputs!$X$26)","v":-380.83284981051736},{"$f":"Inputs!$X$33*C4200*Inputs!$X$38","v":0},{"$f":"params!$C$15*Inputs!$X$29*(E4200-Inputs!$X$26)","v":-39.564749999999847},{"$f":"Inputs!$X$40*Inputs!$X$41/8760","v":5342.4657534246571},{"$f":"-Inputs!$X$45*Inputs!$X$33","v":-30000},2479.5289798458998,1.5602307510579843E-2,1.2949915233781271E-2,{"$f":"-L4200/(1.202*2465560*MAX(0,(Inputs!$X$49-O4200)))","v":{"$error":"#DIV/0!"}},{"$f":"params!$C$15*P4200*(E4200-Inputs!$X$26)","v":{"$error":"#DIV/0!"}},{"$error":"#DIV/0!"}]
["2000-06-25","02:00:00",0,8,24,19,74,{"$f":"Inputs!$X$37*Inputs!$X$32*(E4203-Inputs!$X$26)","v":9901.6540950734889},{"$f":"Inputs!$X$33*C4203*Inputs!$X$38","v":0},{"$f":"params!$C$15*Inputs!$X$29*(E4203-Inputs!$X$26)","v":1028.6834999999999},{"$f":"Inputs!$X$40*Inputs!$X$41/8760","v":5342.4657534246571},{"$f":"-Inputs!$X$45*Inputs!$X$33","v":-30000},2975.1171299801654,1.8815104792251288E-2,1.3923177546265953E-2,{"$f":"-L4203/(1.202*2465560*MAX(0,(Inputs!$X$49-O4203)))","v":{"$error":"#DIV/0!"}},{"$f":"params!$C$15*P4203*(E4203-Inputs!$X$26)","v":{"$error":"#DIV/0!"}},{"$error":"#DIV/0!"}]
["2000-06-25","04:00:00",0,7,23,19,78,{"$f":"Inputs!$X$37*Inputs!$X$32*(E4205-Inputs!$X$26)","v":6474.1584467788198},{"$f":"Inputs!$X$33*C4205*Inputs!$X$38","v":0},{"$f":"params!$C$15*Inputs!$X$29*(E4205-Inputs!$X$26)","v":672.60074999999995},{"$f":"Inputs!$X$40*Inputs!$X$41/8760","v":5342.4657534246571},{"$f":"-Inputs!$X$45*Inputs!$X$33","v":-30000},2801.0950714195728,1.768327304712981E-2,1.3792952976761252E-2,{"$f":"-L4205/(1.202*2465560*MAX(0,(Inputs!$X$49-O4205)))","v":{"$error":"#DIV/0!"}},{"$f":"params!$C$15*P4205*(E4205-Inputs!$X$26)","v":{"$error":"#DIV/0!"}},{"$error":"#DIV/0!"}]
["2000-06-25","07:00:00",163,8,24,20,78,{"$f":"Inputs!$X$37*Inputs!$X$32*(E4208-Inputs!$X$26)","v":9901.6540950734889},{"$f":"Inputs!$X$33*C4208*Inputs!$X$38","v":31800.74136697665},{"$f":"params!$C$15*Inputs!$X$29*(E4208-Inputs!$X$26)","v":1028.6834999999999},{"$f":"Inputs!$X$40*Inputs!$X$41/8760","v":5342.4657534246571},{"$f":"-Inputs!$X$45*Inputs!$X$33","v":-30000},2975.1171299801654,1.8815104792251288E-2,1.4675781737956004E-2,{"$f":"-L4208/(1.202*2465560*MAX(0,(Inputs!$X$49-O4208)))","v":{"$error":"#DIV/0!"}},{"$f":"params!$C$15*P4208*(E4208-Inputs!$X$26)","v":{"$error":"#DIV/0!"}},{"$error":"#DIV/0!"}]
["2000-06-25","10:00:00",717,9,28,19,58,{"$f":"Inputs!$X$37*Inputs!$X$32*(E4211-Inputs!$X$26)","v":23611.636688252162},{"$f":"Inputs!$X$33*C4211*Inputs!$X$38","v":139884.24270013656},{"$f":"params!$C$15*Inputs!$X$29*(E4211-Inputs!$X$26)","v":2453.0144999999998},{"$f":"Inputs!$X$40*Inputs!$X$41/8760","v":5342.4657534246571},{"$f":"-Inputs!$X$45*Inputs!$X$33","v":-30000},3769.1055437563177,2.4030411275220657E-2,1.3937638539627982E-2,{"$f":"-L4211/(1.202*2465560*MAX(0,(Inputs!$X$49-O4211)))","v":{"$error":"#DIV/0!"}},{"$f":"params!$C$15*P4211*(E4211-Inputs!$X$26)","v":{"$error":"#DIV/0!"}},{"$error":"#DIV/0!"}]
["2000-06-25","14:00:00",418,9,28,20,62,{"$f":"Inputs!$X$37*Inputs!$X$32*(E4215-Inputs!$X$26)","v":23611.636688252162},{"$f":"Inputs!$X$33*C4215*Inputs!$X$38","v":81550.367431878782},{"$f":"params!$C$15*Inputs!$X$29*(E4215-Inputs!$X$26)","v":2453.0144999999998},{"$f":"Inputs!$X$40*Inputs!$X$41/8760","v":5342.4657534246571},{"$f":"-Inputs!$X$45*Inputs!$X$33","v":-30000},3769.1055437563177,2.4030411275220657E-2,1.4898854990636807E-2,{"$f":"-L4215/(1.202*2465560*MAX(0,(Inputs!$X$49-O4215)))","v":{"$error":"#DIV/0!"}},{"$f":"params!$C$15*P4215*(E4215-Inputs!$X$26)","v":{"$error":"#DIV/0!"}},{"$error":"#DIV/0!"}]
["2000-06-25","17:00:00",209,9,26,20,70,{"$f":"Inputs!$X$37*Inputs!$X$32*(E4218-Inputs!$X$26)","v":16756.645391662827},{"$f":"Inputs!$X$33*C4218*Inputs!$X$38","v":40775.183715939391},{"$f":"params!$C$15*Inputs!$X$29*(E4218-Inputs!$X$26)","v":1740.8489999999997},{"$f":"Inputs!$X$40*Inputs!$X$41/8760","v":5342.4657534246571},{"$f":"-Inputs!$X$45*Inputs!$X$33","v":-30000},3351.668772324198,2.1277942853302922E-2,1.4894559997312045E-2,{"$f":"-L4218/(1.202*2465560*MAX(0,(Inputs!$X$49-O4218)))","v":{"$error":"#DIV/0!"}},{"$f":"params!$C$15*P4218*(E4218-Inputs!$X$26)","v":{"$error":"#DIV/0!"}},{"$error":"#DIV/0!"}]
["2000-06-25","20:00:00",7,6,24,19,74,{"$f":"Inputs!$X$37*Inputs!$X$32*(E4221-Inputs!$X$26)","v":9901.6540950734889},{"$f":"Inputs!$X$33*C4221*Inputs!$X$38","v":1365.6760096247642},{"$f":"params!$C$15*Inputs!$X$29*(E4221-Inputs!$X$26)","v":1028.6834999999999},{"$f":"Inputs!$X$40*Inputs!$X$41/8760","v":5342.4657534246571},{"$f":"-Inputs!$X$45*Inputs!$X$33","v":-30000},2975.1171299801654,1.8815104792251288E-2,1.3923177546265953E-2,{"$f":"-L4221/(1.202*2465560*MAX(0,(Inputs!$X$49-O4221)))","v":{"$error":"#DIV/0!"}},{"$f":"params!$C$15*P4221*(E4221-Inputs!$X$26)","v":{"$error":"#DIV/0!"}},{"$error":"#DIV/0!"}]
["2000-06-25",1,0,10,20,19,94,{"$f":"Inputs!$X$37*Inputs!$X$32*(E4225-Inputs!$X$26)","v":-3808.3284981051861},{"$f":"Inputs!$X$33*C4225*Inputs!$X$38","v":0},{"$f":"params!$C$15*Inputs!$X$29*(E4225-Inputs!$X$26)","v":-395.64749999999975},{"$f":"Inputs!$X$40*Inputs!$X$41/8760","v":5342.4657534246571},{"$f":"-Inputs!$X$45*Inputs!$X$33","v":-30000},2331.2150168593957,1.4647072201887702E-2,1.3768247869774439E-2,{"$f":"-L4225/(1.202*2465560*MAX(0,(Inputs!$X$49-O4225)))","v":{"$error":"#DIV/0!"}},{"$f":"params!$C$15*P4225*(E4225-Inputs!$X$26)","v":{"$error":"#DIV/0!"}},{"$error":"#DIV/0!"}]
["2000-06-26","03:00:00",0,10,20,19,94,{"$f":"Inputs!$X$37*Inputs!$X$32*(E4228-Inputs!$X$26)","v":-3808.3284981051861},{"$f":"Inputs!$X$33*C4228*Inputs!$X$38","v":0},{"$f":"params!$C$15*Inputs!$X$29*(E4228-Inputs!$X$26)","v":-395.64749999999975},{"$f":"Inputs!$X$40*Inputs!$X$41/8760","v":5342.4657534246571},{"$f":"-Inputs!$X$45*Inputs!$X$33","v":-30000},2331.2150168593957,1.4647072201887702E-2,1.3768247869774439E-2,{"$f":"-L4228/(1.202*2465560*MAX(0,(Inputs!$X$49-O4228)))","v":{"$error":"#DIV/0!"}},{"$f":"params!$C$15*P4228*(E4228-Inputs!$X$26)","v":{"$error":"#DIV/0!"}},{"$error":"#DIV/0!"}]
["2000-06-26","05:00:00",0,10,20,20,100,{"$f":"Inputs!$X$37*Inputs!$X$32*(E4230-Inputs!$X$26)","v":-3808.3284981051861},{"$f":"Inputs!$X$33*C4230*Inputs!$X$38","v":0},{"$f":"params!$C$15*Inputs!$X$29*(E4230-Inputs!$X$26)","v":-395.64749999999975},{"$f":"Inputs!$X$40*Inputs!$X$41/8760","v":5342.4657534246571},{"$f":"-Inputs!$X$45*Inputs!$X$33","v":-30000},2331.2150168593957,1.4647072201887702E-2,1.4647072201887702E-2,{"$f":"-L4230/(1.202*2465560*MAX(0,(Inputs!$X$49-O4230)))","v":{"$error":"#DIV/0!"}},{"$f":"params!$C$15*P4230*(E4230-Inputs!$X$26)","v":{"$error":"#DIV/0!"}},{"$error":"#DIV/0!"}]
["2000-06-26","08:00:00",148,3,22,20,88,{"$f":"Inputs!$X$37*Inputs!$X$32*(E4233-Inputs!$X$26)","v":3046.6627984841512},{"$f":"Inputs!$X$33*C4233*Inputs!$X$38","v":28874.292774923586},{"$f":"params!$C$15*Inputs!$X$29*(E4233-Inputs!$X$26)","v":316.51800000000009},{"$f":"Inputs!$X$40*Inputs!$X$41/8760","v":5342.4657534246571},{"$f":"-Inputs!$X$45*Inputs!$X$33","v":-30000},2636.0296246790026,1.6613383438113645E-2,1.4619777425540008E-2,{"$f":"-L4233/(1.202*2465560*MAX(0,(Inputs!$X$49-O4233)))","v":{"$error":"#DIV/0!"}},{"$f":"params!$C$15*P4233*(E4233-Inputs!$X$26)","v":{"$error":"#DIV/0!"}},{"$error":"#DIV/0!"}]
["2000-06-26","11:00:00",167,9,24,21,83,{"$f":"Inputs!$X$37*Inputs!$X$32*(E4236-Inputs!$X$26)","v":9901.6540950734889},{"$f":"Inputs!$X$33*C4236*Inputs!$X$38","v":32581.127658190802},{"$f":"params!$C$15*Inputs!$X$29*(E4236-Inputs!$X$26)","v":1028.6834999999999},{"$f":"Inputs!$X$40*Inputs!$X$41/8760","v":5342.4657534246571},{"$f":"-Inputs!$X$45*Inputs!$X$33","v":-30000},2975.1171299801654,1.8815104792251288E-2,1.561653697756857E-2,{"$f":"-L4236/(1.202*2465560*MAX(0,(Inputs!$X$49-O4236)))","v":{"$error":"#DIV/0!"}},{"$f":"params!$C$15*P4236*(E4236-Inputs!$X$26)","v":{"$error":"#DIV/0!"}},{"$error":"#DIV/0!"}]
["2000-06-26","15:00:00",597,5,27,22,74,{"$f":"Inputs!$X$37*Inputs!$X$32*(E4240-Inputs!$X$26)","v":20184.141039957496},{"$f":"Inputs!$X$33*C4240*Inputs!$X$38","v":116472.65396371203},{"$f":"params!$C$15*Inputs!$X$29*(E4240-Inputs!$X$26)","v":2096.9317499999997},{"$f":"Inputs!$X$40*Inputs!$X$41/8760","v":5342.4657534246571},{"$f":"-Inputs!$X$45*Inputs!$X$33","v":-30000},3555.0534347297348,2.2616071840205452E-2,1.6735893161752034E-2,{"$f":"-L4240/(1.202*2465560*MAX(0,(Inputs!$X$49-O4240)))","v":{"$error":"#DIV/0!"}},{"$f":"params!$C$15*P4240*(E4240-Inputs!$X$26)","v":{"$error":"#DIV/0!"}},{"$error":"#DIV/0!"}]
["2000-06-26","18:00:00",52,3,27,22,74,{"$f":"Inputs!$X$37*Inputs!$X$32*(E4243-Inputs!$X$26)","v":20184.141039957496},{"$f":"Inputs!$X$33*C4243*Inputs!$X$38","v":10145.021785783962},{"$f":"params!$C$15*Inputs!$X$29*(E4243-Inputs!$X$26)","v":2096.9317499999997},{"$f":"Inputs!$X$40*Inputs!$X$41/8760","v":5342.4657534246571},{"$f":"-Inputs!$X$45*Inputs!$X$33","v":-30000},3555.0534347297348,2.2616071840205452E-2,1.6735893161752034E-2,{"$f":"-L4243/(1.202*2465560*MAX(0,(Inputs!$X$49-O4243)))","v":{"$error":"#DIV/0!"}},{"$f":"params!$C$15*P4243*(E4243-Inputs!$X$26)","v":{"$error":"#DIV/0!"}},{"$error":"#DIV/0!"}]
["2000-06-26","21:00:00",0,0,23,21,89,{"$f":"Inputs!$X$37*Inputs!$X$32*(E4246-Inputs!$X$26)","v":6474.1584467788198},{"$f":"Inputs!$X$33*C4246*Inputs!$X$38","v":0},{"$f":"params!$C$15*Inputs!$X$29*(E4246-Inputs!$X$26)","v":672.60074999999995},{"$f":"Inputs!$X$40*Inputs!$X$41/8760","v":5342.4657534246571},{"$f":"-Inputs!$X$45*Inputs!$X$33","v":-30000},2801.0950714195728,1.768327304712981E-2,1.5738113011945533E-2,{"$f":"-L4246/(1.202*2465560*MAX(0,(Inputs!$X$49-O4246)))","v":{"$error":"#DIV/0!"}},{"$f":"params!$C$15*P4246*(E4246-Inputs!$X$26)","v":{"$error":"#DIV/0!"}},{"$error":"#DIV/0!"}]
["2000-06-27","01:00:00",0,9,22,20,88,{"$f":"Inputs!$X$37*Inputs!$X$32*(E4250-Inputs!$X$26)","v":3046.6627984841512},{"$f":"Inputs!$X$33*C4250*Inputs!$X$38","v":0},{"$f":"params!$C$15*Inputs!$X$29*(E4250-Inputs!$X$26)","v":316.51800000000009},{"$f":"Inputs!$X$40*Inputs!$X$41/8760","v":5342.4657534246571},{"$f":"-Inputs!$X$45*Inputs!$X$33","v":-30000},2636.0296246790026,1.6613383438113645E-2,1.4619777425540008E-2,{"$f":"-L4250/(1.202*2465560*MAX(0,(Inputs!$X$49-O4250)))","v":{"$error":"#DIV/0!"}},{"$f":"params!$C$15*P4250*(E4250-Inputs!$X$26)","v":{"$error":"#DIV/0!"}},{"$error":"#DIV/0!"}]
["2000-06-27","04:00:00",0,9,21,21,100,{"$f":"Inputs!$X$37*Inputs!$X$32*(E4253-Inputs!$X$26)","v":-380.83284981051736},{"$f":"Inputs!$X$33*C4253*Inputs!$X$38","v":0},{"$f":"params!$C$15*Inputs!$X$29*(E4253-Inputs!$X$26)","v":-39.564749999999847},{"$f":"Inputs!$X$40*Inputs!$X$41/8760","v":5342.4657534246571},{"$f":"-Inputs!$X$45*Inputs!$X$33","v":-30000},2479.5289798458998,1.5602307510579843E-2,1.5602307510579843E-2,{"$f":"-L4253/(1.202*2465560*MAX(0,(Inputs!$X$49-O4253)))","v":{"$error":"#DIV/0!"}},{"$f":"params!$C$15*P4253*(E4253-Inputs!$X$26)","v":{"$error":"#DIV/0!"}},{"$error":"#DIV/0!"}]
["2000-06-27","06:00:00",42,10,21,21,100,{"$f":"Inputs!$X$37*Inputs!$X$32*(E4255-Inputs!$X$26)","v":-380.83284981051736},{"$f":"Inputs!$X$33*C4255*Inputs!$X$38","v":8194.0560577485849},{"$f":"params!$C$15*Inputs!$X$29*(E4255-Inputs!$X$26)","v":-39.564749999999847},{"$f":"Inputs!$X$40*Inputs!$X$41/8760","v":5342.4657534246571},{"$f":"-Inputs!$X$45*Inputs!$X$33","v":-30000},2479.5289798458998,1.5602307510579843E-2,1.5602307510579843E-2,{"$f":"-L4255/(1.202*2465560*MAX(0,(Inputs!$X$49-O4255)))","v":{"$error":"#DIV/0!"}},{"$f":"params!$C$15*P4255*(E4255-Inputs!$X$26)","v":{"$error":"#DIV/0!"}},{"$error":"#DIV/0!"}]
["2000-06-27","09:00:00",97,9,19,16,83,{"$f":"Inputs!$X$37*Inputs!$X$32*(E4258-Inputs!$X$26)","v":-7235.8241463998547},{"$f":"Inputs!$X$33*C4258*Inputs!$X$38","v":18924.36756194316},{"$f":"params!$C$15*Inputs!$X$29*(E4258-Inputs!$X$26)","v":-751.73024999999973},{"$f":"Inputs!$X$40*Inputs!$X$41/8760","v":5342.4657534246571},{"$f":"-Inputs!$X$45*Inputs!$X$33","v":-30000},2190.7229749852513,1.3744851093608144E-2,1.1408226407694759E-2,{"$f":"-L4258/(1.202*2465560*MAX(0,(Inputs!$X$49-O4258)))","v":{"$error":"#DIV/0!"}},{"$f":"params!$C$15*P4258*(E4258-Inputs!$X$26)","v":{"$error":"#DIV/0!"}},{"$error":"#DIV/0!"}]
["2000-06-27","12:00:00",947,0,24,11,44,{"$f":"Inputs!$X$37*Inputs!$X$32*(E4261-Inputs!$X$26)","v":9901.6540950734889},{"$f":"Inputs!$X$33*C4261*Inputs!$X$38","v":184756.45444495024},{"$f":"params!$C$15*Inputs!$X$29*(E4261-Inputs!$X$26)","v":1028.6834999999999},{"$f":"Inputs!$X$40*Inputs!$X$41/8760","v":5342.4657534246571},{"$f":"-Inputs!$X$45*Inputs!$X$33","v":-30000},2975.1171299801654,1.8815104792251288E-2,8.2786461085905677E-3,{"$f":"-L4261/(1.202*2465560*MAX(0,(Inputs!$X$49-O4261)))","v":3.7221137508808328},{"$f":"params!$C$15*P4261*(E4261-Inputs!$X$26)","v":12980.701691040353},184009.95948448876]
["2000-06-27","16:00:00",476,4,25,13,47,{"$f":"Inputs!$X$37*Inputs!$X$32*(E4265-Inputs!$X$26)","v":13329.149743368158},{"$f":"Inputs!$X$33*C4265*Inputs!$X$38","v":92865.96865448395},{"$f":"params!$C$15*Inputs!$X$29*(E4265-Inputs!$X$26)","v":1384.7662499999999},{"$f":"Inputs!$X$40*Inputs!$X$41/8760","v":5342.4657534246571},{"$f":"-Inputs!$X$45*Inputs!$X$33","v":-30000},3158.5016332003511,2.0012171957865876E-2,9.4057208201969618E-3,{"$f":"-L4265/(1.202*2465560*MAX(0,(Inputs!$X$49-O4265)))","v":6.35629009508233},{"$f":"params!$C$15*P4265*(E4265-Inputs!$X$26)","v":29840.55761353179},112762.90801480855]
["2000-06-27","19:00:00",140,3,21,18,83,{"$f":"Inputs!$X$37*Inputs!$X$32*(E4268-Inputs!$X$26)","v":-380.83284981051736},{"$f":"Inputs!$X$33*C4268*Inputs!$X$38","v":27313.520192495282},{"$f":"params!$C$15*Inputs!$X$29*(E4268-Inputs!$X$26)","v":-39.564749999999847},{"$f":"Inputs!$X$40*Inputs!$X$41/8760","v":5342.4657534246571},{"$f":"-Inputs!$X$45*Inputs!$X$33","v":-30000},2479.5289798458998,1.5602307510579843E-2,1.2949915233781271E-2,{"$f":"-L4268/(1.202*2465560*MAX(0,(Inputs!$X$49-O4268)))","v":{"$error":"#DIV/0!"}},{"$f":"params!$C$15*P4268*(E4268-Inputs!$X$26)","v":{"$error":"#DIV/0!"}},{"$error":"#DIV/0!"}]
["2000-06-27","22:00:00",0,2,16,14,88,{"$f":"Inputs!$X$37*Inputs!$X$32*(E4271-Inputs!$X$26)","v":-17518.31109128386},{"$f":"Inputs!$X$33*C4271*Inputs!$X$38","v":0},{"$f":"params!$C$15*Inputs!$X$29*(E4271-Inputs!$X$26)","v":-1819.9784999999995},{"$f":"Inputs!$X$40*Inputs!$X$41/8760","v":5342.4657534246571},{"$f":"-Inputs!$X$45*Inputs!$X$33","v":-30000},1812.7242941450775,1.1330041931761578E-2,9.9704368999501899E-3,{"$f":"-L4271/(1.202*2465560*MAX(0,(Inputs!$X$49-O4271)))","v":9.8485299250665346},{"$f":"params!$C$15*P4271*(E4271-Inputs!$X$26)","v":-60766.52769417841},-104762.35153203762]
["2000-06-28","02:00:00",0,0,12,12,100,{"$f":"Inputs!$X$37*Inputs!$X$32*(E4275-Inputs!$X$26)","v":-31228.293684462536},{"$f":"Inputs!$X$33*C4275*Inputs!$X$38","v":0},{"$f":"params!$C$15*Inputs!$X$29*(E4275-Inputs!$X$26)","v":-3244.3094999999989},{"$f":"Inputs!$X$40*Inputs!$X$41/8760","v":5342.4657534246571},{"$f":"-Inputs!$X$45*Inputs!$X$33","v":-30000},1398.3079270856979,8.70357605607666E-3,8.70357605607666E-3,{"$f":"-L4275/(1.202*2465560*MAX(0,(Inputs!$X$49-O4275)))","v":4.4113672589094035},{"$f":"params!$C$15*P4275*(E4275-Inputs!$X$26)","v":-48520.162654330132},-107650.30008536801]
["2000-06-28","03:00:00",0,0,12,12,100,{"$f":"Inputs!$X$37*Inputs!$X$32*(E4276-Inputs!$X$26)","v":-31228.293684462536},{"$f":"Inputs!$X$33*C4276*Inputs!$X$38","v":0},{"$f":"params!$C$15*Inputs!$X$29*(E4276-Inputs!$X$26)","v":-3244.3094999999989},{"$f":"Inputs!$X$40*Inputs!$X$41/8760","v":5342.4657534246571},{"$f":"-Inputs!$X$45*Inputs!$X$33","v":-30000},1398.3079270856979,8.70357605607666E-3,8.70357605607666E-3,{"$f":"-L4276/(1.202*2465560*MAX(0,(Inputs!$X$49-O4276)))","v":4.4113672589094035},{"$f":"params!$C$15*P4276*(E4276-Inputs!$X$26)","v":-48520.162654330132},-107650.30008536801]
["2000-06-28","07:00:00",245,8,13,13,100,{"$f":"Inputs!$X$37*Inputs!$X$32*(E4280-Inputs!$X$26)","v":-27800.798036167867},{"$f":"Inputs!$X$33*C4280*Inputs!$X$38","v":47798.660336866749},{"$f":"params!$C$15*Inputs!$X$29*(E4280-Inputs!$X$26)","v":-2888.2267499999994},{"$f":"Inputs!$X$40*Inputs!$X$41/8760","v":5342.4657534246571},{"$f":"-Inputs!$X$45*Inputs!$X$33","v":-30000},1493.2057396927576,9.303089390063848E-3,9.303089390063848E-3,{"$f":"-L4280/(1.202*2465560*MAX(0,(Inputs!$X$49-O4280)))","v":5.9714646796116257},{"$f":"params!$C$15*P4280*(E4280-Inputs!$X$26)","v":-58470.782797071799},-66018.681492948264]
["2000-06-28","10:00:00",711,4,21,12,56,{"$f":"Inputs!$X$37*Inputs!$X$32*(E4283-Inputs!$X$26)","v":-380.83284981051736},{"$f":"Inputs!$X$33*C4283*Inputs!$X$38","v":138713.66326331533},{"$f":"params!$C$15*Inputs!$X$29*(E4283-Inputs!$X$26)","v":-39.564749999999847},{"$f":"Inputs!$X$40*Inputs!$X$41/8760","v":5342.4657534246571},{"$f":"-Inputs!$X$45*Inputs!$X$33","v":-30000},2479.5289798458998,1.5602307510579843E-2,8.737292205924712E-3,{"$f":"-L4283/(1.202*2465560*MAX(0,(Inputs!$X$49-O4283)))","v":4.4771499474879581},{"$f":"params!$C$15*P4283*(E4283-Inputs!$X$26)","v":-600.53292072636418},113035.19849620311]
["2000-06-28","13:00:00",724,8,23,10,44,{"$f":"Inputs!$X$37*Inputs!$X$32*(E4286-Inputs!$X$26)","v":6474.1584467788198},{"$f":"Inputs!$X$33*C4286*Inputs!$X$38","v":141249.91870976132},{"$f":"params!$C$15*Inputs!$X$29*(E4286-Inputs!$X$26)","v":672.60074999999995},{"$f":"Inputs!$X$40*Inputs!$X$41/8760","v":5342.4657534246571},{"$f":"-Inputs!$X$45*Inputs!$X$33","v":-30000},2801.0950714195728,1.768327304712981E-2,7.7806401407371165E-3,{"$f":"-L4286/(1.202*2465560*MAX(0,(Inputs!$X$49-O4286)))","v":3.1460297631956538},{"$f":"params!$C$15*P4286*(E4286-Inputs!$X$26)","v":7173.7614101015724},130912.90507006636]
["2000-06-28","17:00:00",192,9,22,14,60,{"$f":"Inputs!$X$37*Inputs!$X$32*(E4290-Inputs!$X$26)","v":3046.6627984841512},{"$f":"Inputs!$X$33*C4290*Inputs!$X$38","v":37458.541978279245},{"$f":"params!$C$15*Inputs!$X$29*(E4290-Inputs!$X$26)","v":316.51800000000009},{"$f":"Inputs!$X$40*Inputs!$X$41/8760","v":5342.4657534246571},{"$f":"-Inputs!$X$45*Inputs!$X$33","v":-30000},2636.0296246790026,1.6613383438113645E-2,9.9680300628681873E-3,{"$f":"-L4290/(1.202*2465560*MAX(0,(Inputs!$X$49-O4290)))","v":9.8255222605884907},{"$f":"params!$C$15*P4290*(E4290-Inputs!$X$26)","v":10543.403102455964},26707.591632644027]
["2000-06-28","20:00:00",4,0,17,14,82,{"$f":"Inputs!$X$37*Inputs!$X$32*(E4293-Inputs!$X$26)","v":-14090.815442989191},{"$f":"Inputs!$X$33*C4293*Inputs!$X$38","v":780.3862912141509},{"$f":"params!$C$15*Inputs!$X$29*(E4293-Inputs!$X$26)","v":-1463.8957499999995},{"$f":"Inputs!$X$40*Inputs!$X$41/8760","v":5342.4657534246571},{"$f":"-Inputs!$X$45*Inputs!$X$33","v":-30000},1931.8104441244629,1.2088830888770941E-2,9.9128413287921709E-3,{"$f":"-L4293/(1.202*2465560*MAX(0,(Inputs!$X$49-O4293)))","v":9.3259504018683312},{"$f":"params!$C$15*P4293*(E4293-Inputs!$X$26)","v":-46283.906294325956},-85715.765442676347]
["2000-06-28","23:00:00",0,10,15,12,82,{"$f":"Inputs!$X$37*Inputs!$X$32*(E4296-Inputs!$X$26)","v":-20945.806739578529},{"$f":"Inputs!$X$33*C4296*Inputs!$X$38","v":0},{"$f":"params!$C$15*Inputs!$X$29*(E4296-Inputs!$X$26)","v":-2176.0612499999993},{"$f":"Inputs!$X$40*Inputs!$X$41/8760","v":5342.4657534246571},{"$f":"-Inputs!$X$45*Inputs!$X$33","v":-30000},1700.1281023555496,1.0614273895273205E-2,8.7037045941240274E-3,{"$f":"-L4296/(1.202*2465560*MAX(0,(Inputs!$X$49-O4296)))","v":4.4116143751256303},{"$f":"params!$C$15*P4296*(E4296-Inputs!$X$26)","v":-32545.834588687492},-80325.236824841355]
["2000-06-29","03:00:00",0,4,12,12,100,{"$f":"Inputs!$X$37*Inputs!$X$32*(E4300-Inputs!$X$26)","v":-31228.293684462536},{"$f":"Inputs!$X$33*C4300*Inputs!$X$38","v":0},{"$f":"params!$C$15*Inputs!$X$29*(E4300-Inputs!$X$26)","v":-3244.3094999999989},{"$f":"Inputs!$X$40*Inputs!$X$41/8760","v":5342.4657534246571},{"$f":"-Inputs!$X$45*Inputs!$X$33","v":-30000},1398.3079270856979,8.70357605607666E-3,8.70357605607666E-3,{"$f":"-L4300/(1.202*2465560*MAX(0,(Inputs!$X$49-O4300)))","v":4.4113672589094035},{"$f":"params!$C$15*P4300*(E4300-Inputs!$X$26)","v":-48520.162654330132},-107650.30008536801]
["2000-06-29","04:00:00",0,2,12,12,100,{"$f":"Inputs!$X$37*Inputs!$X$32*(E4301-Inputs!$X$26)","v":-31228.293684462536},{"$f":"Inputs!$X$33*C4301*Inputs!$X$38","v":0},{"$f":"params!$C$15*Inputs!$X$29*(E4301-Inputs!$X$26)","v":-3244.3094999999989},{"$f":"Inputs!$X$40*Inputs!$X$41/8760","v":5342.4657534246571},{"$f":"-Inputs!$X$45*Inputs!$X$33","v":-30000},1398.3079270856979,8.70357605607666E-3,8.70357605607666E-3,{"$f":"-L4301/(1.202*2465560*MAX(0,(Inputs!$X$49-O4301)))","v":4.4113672589094035},{"$f":"params!$C$15*P4301*(E4301-Inputs!$X$26)","v":-48520.162654330132},-107650.30008536801]
["2000-06-29","08:00:00",297,5,16,15,94,{"$f":"Inputs!$X$37*Inputs!$X$32*(E4305-Inputs!$X$26)","v":-17518.31109128386},{"$f":"Inputs!$X$33*C4305*Inputs!$X$38","v":57943.682122650709},{"$f":"params!$C$15*Inputs!$X$29*(E4305-Inputs!$X$26)","v":-1819.9784999999995},{"$f":"Inputs!$X$40*Inputs!$X$41/8760","v":5342.4657534246571},{"$f":"-Inputs!$X$45*Inputs!$X$33","v":-30000},1812.7242941450775,1.1330041931761578E-2,1.0650239415855885E-2,{"$f":"-L4305/(1.202*2465560*MAX(0,(Inputs!$X$49-O4305)))","v":29.08456204755349},{"$f":"params!$C$15*P4305*(E4305-Inputs!$X$26)","v":-179454.9906009215},-165507.13231612998]
["2000-06-29","11:00:00",154,10,17,13,77,{"$f":"Inputs!$X$37*Inputs!$X$32*(E4308-Inputs!$X$26)","v":-14090.815442989191},{"$f":"Inputs!$X$33*C4308*Inputs!$X$38","v":30044.872211744812},{"$f":"params!$C$15*Inputs!$X$29*(E4308-Inputs!$X$26)","v":-1463.8957499999995},{"$f":"Inputs!$X$40*Inputs!$X$41/8760","v":5342.4657534246571},{"$f":"-Inputs!$X$45*Inputs!$X$33","v":-30000},1931.8104441244629,1.2088830888770941E-2,9.3083997843536256E-3,{"$f":"-L4308/(1.202*2465560*MAX(0,(Inputs!$X$49-O4308)))","v":5.9902297372750404},{"$f":"params!$C$15*P4308*(E4308-Inputs!$X$26)","v":-29729.005612766196},-39896.378840585916]
["2000-06-29","14:00:00",477,3,21,16,73,{"$f":"Inputs!$X$37*Inputs!$X$32*(E4311-Inputs!$X$26)","v":-380.83284981051736},{"$f":"Inputs!$X$33*C4311*Inputs!$X$38","v":93061.065227287501},{"$f":"params!$C$15*Inputs!$X$29*(E4311-Inputs!$X$26)","v":-39.564749999999847},{"$f":"Inputs!$X$40*Inputs!$X$41/8760","v":5342.4657534246571},{"$f":"-Inputs!$X$45*Inputs!$X$33","v":-30000},2479.5289798458998,1.5602307510579843E-2,1.1389684482723286E-2,{"$f":"-L4311/(1.202*2465560*MAX(0,(Inputs!$X$49-O4311)))","v":{"$error":"#DIV/0!"}},{"$f":"params!$C$15*P4311*(E4311-Inputs!$X$26)","v":{"$error":"#DIV/0!"}},{"$error":"#DIV/0!"}]
["2000-06-29","18:00:00",301,6,22,14,60,{"$f":"Inputs!$X$37*Inputs!$X$32*(E4315-Inputs!$X$26)","v":3046.6627984841512},{"$f":"Inputs!$X$33*C4315*Inputs!$X$38","v":58724.068413864858},{"$f":"params!$C$15*Inputs!$X$29*(E4315-Inputs!$X$26)","v":316.51800000000009},{"$f":"Inputs!$X$40*Inputs!$X$41/8760","v":5342.4657534246571},{"$f":"-Inputs!$X$45*Inputs!$X$33","v":-30000},2636.0296246790026,1.6613383438113645E-2,9.9680300628681873E-3,{"$f":"-L4315/(1.202*2465560*MAX(0,(Inputs!$X$49-O4315)))","v":9.8255222605884907},{"$f":"params!$C$15*P4315*(E4315-Inputs!$X$26)","v":10543.403102455964},47973.11806822964]
["2000-06-29","21:00:00",0,10,16,14,88,{"$f":"Inputs!$X$37*Inputs!$X$32*(E4318-Inputs!$X$26)","v":-17518.31109128386},{"$f":"Inputs!$X$33*C4318*Inputs!$X$38","v":0},{"$f":"params!$C$15*Inputs!$X$29*(E4318-Inputs!$X$26)","v":-1819.9784999999995},{"$f":"Inputs!$X$40*Inputs!$X$41/8760","v":5342.4657534246571},{"$f":"-Inputs!$X$45*Inputs!$X$33","v":-30000},1812.7242941450775,1.1330041931761578E-2,9.9704368999501899E-3,{"$f":"-L4318/(1.202*2465560*MAX(0,(Inputs!$X$49-O4318)))","v":9.8485299250665346},{"$f":"params!$C$15*P4318*(E4318-Inputs!$X$26)","v":-60766.52769417841},-104762.35153203762]
["2000-06-30","01:00:00",0,5,12,12,100,{"$f":"Inputs!$X$37*Inputs!$X$32*(E4322-Inputs!$X$26)","v":-31228.293684462536},{"$f":"Inputs!$X$33*C4322*Inputs!$X$38","v":0},{"$f":"params!$C$15*Inputs!$X$29*(E4322-Inputs!$X$26)","v":-3244.3094999999989},{"$f":"Inputs!$X$40*Inputs!$X$41/8760","v":5342.4657534246571},{"$f":"-Inputs!$X$45*Inputs!$X$33","v":-30000},1398.3079270856979,8.70357605607666E-3,8.70357605607666E-3,{"$f":"-L4322/(1.202*2465560*MAX(0,(Inputs!$X$49-O4322)))","v":4.4113672589094035},{"$f":"params!$C$15*P4322*(E4322-Inputs!$X$26)","v":-48520.162654330132},-107650.30008536801]
["2000-06-30","04:00:00",0,1,11,11,100,{"$f":"Inputs!$X$37*Inputs!$X$32*(E4325-Inputs!$X$26)","v":-34655.789332757202},{"$f":"Inputs!$X$33*C4325*Inputs!$X$38","v":0},{"$f":"params!$C$15*Inputs!$X$29*(E4325-Inputs!$X$26)","v":-3600.392249999999},{"$f":"Inputs!$X$40*Inputs!$X$41/8760","v":5342.4657534246571},{"$f":"-Inputs!$X$45*Inputs!$X$33","v":-30000},1308.7561751391206,8.138879592783612E-3,8.138879592783612E-3,{"$f":"-L4325/(1.202*2465560*MAX(0,(Inputs!$X$49-O4325)))","v":3.5401785497421461},{"$f":"params!$C$15*P4325*(E4325-Inputs!$X$26)","v":-43211.738455660292},-106125.45428499283]
["2000-06-30","05:00:00",0,5,11,11,100,{"$f":"Inputs!$X$37*Inputs!$X$32*(E4326-Inputs!$X$26)","v":-34655.789332757202},{"$f":"Inputs!$X$33*C4326*Inputs!$X$38","v":0},{"$f":"params!$C$15*Inputs!$X$29*(E4326-Inputs!$X$26)","v":-3600.392249999999},{"$f":"Inputs!$X$40*Inputs!$X$41/8760","v":5342.4657534246571},{"$f":"-Inputs!$X$45*Inputs!$X$33","v":-30000},1308.7561751391206,8.138879592783612E-3,8.138879592783612E-3,{"$f":"-L4326/(1.202*2465560*MAX(0,(Inputs!$X$49-O4326)))","v":3.5401785497421461},{"$f":"params!$C$15*P4326*(E4326-Inputs!$X$26)","v":-43211.738455660292},-106125.45428499283]
["2000-06-30","09:00:00",510,8,20.399999999999999,19.8,96,{"$f":"Inputs!$X$37*Inputs!$X$32*(E4330-Inputs!$X$26)","v":-2437.3302387873237},{"$f":"Inputs!$X$33*C4330*Inputs!$X$38","v":99499.252129804241},{"$f":"params!$C$15*Inputs!$X$29*(E4330-Inputs!$X$26)","v":-253.2144000000003},{"$f":"Inputs!$X$40*Inputs!$X$41/8760","v":5342.4657534246571},{"$f":"-Inputs!$X$45*Inputs!$X$33","v":-30000},2389.5818403368344,1.5022649529353992E-2,1.4421743548179832E-2,{"$f":"-L4330/(1.202*2465560*MAX(0,(Inputs!$X$49-O4330)))","v":{"$error":"#DIV/0!"}},{"$f":"params!$C$15*P4330*(E4330-Inputs!$X$26)","v":{"$error":"#DIV/0!"}},{"$error":"#DIV/0!"}]
["2000-06-30","12:00:00",832,3,21,11,53,{"$f":"Inputs!$X$37*Inputs!$X$32*(E4333-Inputs!$X$26)","v":-380.83284981051736},{"$f":"Inputs!$X$33*C4333*Inputs!$X$38","v":162320.34857254339},{"$f":"params!$C$15*Inputs!$X$29*(E4333-Inputs!$X$26)","v":-39.564749999999847},{"$f":"Inputs!$X$40*Inputs!$X$41/8760","v":5342.4657534246571},{"$f":"-Inputs!$X$45*Inputs!$X$33","v":-30000},2479.5289798458998,1.5602307510579843E-2,8.2692229806073173E-3,{"$f":"-L4333/(1.202*2465560*MAX(0,(Inputs!$X$49-O4333)))","v":3.7092617425057943},{"$f":"params!$C$15*P4333*(E4333-Inputs!$X$26)","v":-497.53388072592776},136744.8828454316]
["2000-06-30","15:00:00",800,4,23,11,47,{"$f":"Inputs!$X$37*Inputs!$X$32*(E4336-Inputs!$X$26)","v":6474.1584467788198},{"$f":"Inputs!$X$33*C4336*Inputs!$X$38","v":156077.2582428302},{"$f":"params!$C$15*Inputs!$X$29*(E4336-Inputs!$X$26)","v":672.60074999999995},{"$f":"Inputs!$X$40*Inputs!$X$41/8760","v":5342.4657534246571},{"$f":"-Inputs!$X$45*Inputs!$X$33","v":-30000},2801.0950714195728,1.768327304712981E-2,8.3111383321510107E-3,{"$f":"-L4336/(1.202*2465560*MAX(0,(Inputs!$X$49-O4336)))","v":3.7671204717309124},{"$f":"params!$C$15*P4336*(E4336-Inputs!$X$26)","v":8590.0088369971945},147156.49203003087]
["2000-06-30","19:00:00",139,0,20,9,49,{"$f":"Inputs!$X$37*Inputs!$X$32*(E4340-Inputs!$X$26)","v":-3808.3284981051861},{"$f":"Inputs!$X$33*C4340*Inputs!$X$38","v":27118.423619691745},{"$f":"params!$C$15*Inputs!$X$29*(E4340-Inputs!$X$26)","v":-395.64749999999975},{"$f":"Inputs!$X$40*Inputs!$X$41/8760","v":5342.4657534246571},{"$f":"-Inputs!$X$45*Inputs!$X$33","v":-30000},2331.2150168593957,1.4647072201887702E-2,7.1770653789249737E-3,{"$f":"-L4340/(1.202*2465560*MAX(0,(Inputs!$X$49-O4340)))","v":2.6491038243977223},{"$f":"params!$C$15*P4340*(E4340-Inputs!$X$26)","v":-3553.3186862896091},-5296.4053112783931]
["2000-06-30","22:00:00",0,0,14.6,10.3,94,{"$f":"Inputs!$X$37*Inputs!$X$32*(E4343-Inputs!$X$26)","v":-22316.804998896398},{"$f":"Inputs!$X$33*C4343*Inputs!$X$38","v":0},{"$f":"params!$C$15*Inputs!$X$29*(E4343-Inputs!$X$26)","v":-2318.4943499999995},{"$f":"Inputs!$X$40*Inputs!$X$41/8760","v":5342.4657534246571},{"$f":"-Inputs!$X$45*Inputs!$X$33","v":-30000},1656.8385939850064,1.0339515188694973E-2,9.7191442773732744E-3,{"$f":"-L4343/(1.202*2465560*MAX(0,(Inputs!$X$49-O4343)))","v":7.9137475291219896},{"$f":"params!$C$15*P4343*(E4343-Inputs!$X$26)","v":-62203.523678040496},-111496.35727351223]
["2004-07-01","02:00:00",0,10,12.9,11.4,100,{"$f":"Inputs!$X$37*Inputs!$X$32*(E4347-Inputs!$X$26)","v":-28143.547600997332},{"$f":"Inputs!$X$33*C4347*Inputs!$X$38","v":0},{"$f":"params!$C$15*Inputs!$X$29*(E4347-Inputs!$X$26)","v":-2923.835024999999},{"$f":"Inputs!$X$40*Inputs!$X$41/8760","v":5342.4657534246571},{"$f":"-Inputs!$X$45*Inputs!$X$33","v":-30000},1483.4677906928541,9.2415177936254582E-3,9.2415177936254582E-3,{"$f":"-L4347/(1.202*2465560*MAX(0,(Inputs!$X$49-O4347)))","v":5.7621756038813938},{"$f":"params!$C$15*P4347*(E4347-Inputs!$X$26)","v":-57117.094608169798},-112842.01148074248]
["2004-07-01","06:00:00",87,10,13,13,100,{"$f":"Inputs!$X$37*Inputs!$X$32*(E4351-Inputs!$X$26)","v":-27800.798036167867},{"$f":"Inputs!$X$33*C4351*Inputs!$X$38","v":16973.401833907781},{"$f":"params!$C$15*Inputs!$X$29*(E4351-Inputs!$X$26)","v":-2888.2267499999994},{"$f":"Inputs!$X$40*Inputs!$X$41/8760","v":5342.4657534246571},{"$f":"-Inputs!$X$45*Inputs!$X$33","v":-30000},1493.2057396927576,9.303089390063848E-3,9.303089390063848E-3,{"$f":"-L4351/(1.202*2465560*MAX(0,(Inputs!$X$49-O4351)))","v":5.9714646796116257},{"$f":"params!$C$15*P4351*(E4351-Inputs!$X$26)","v":-58470.782797071799},-96843.939995907218]
["2004-07-01","09:00:00",394,10,17,17,100,{"$f":"Inputs!$X$37*Inputs!$X$32*(E4354-Inputs!$X$26)","v":-14090.815442989191},{"$f":"Inputs!$X$33*C4354*Inputs!$X$38","v":76868.049684593876},{"$f":"params!$C$15*Inputs!$X$29*(E4354-Inputs!$X$26)","v":-1463.8957499999995},{"$f":"Inputs!$X$40*Inputs!$X$41/8760","v":5342.4657534246571},{"$f":"-Inputs!$X$45*Inputs!$X$33","v":-30000},1931.8104441244629,1.2088830888770941E-2,1.2088830888770941E-2,{"$f":"-L4354/(1.202*2465560*MAX(0,(Inputs!$X$49-O4354)))","v":{"$error":"#DIV/0!"}},{"$f":"params!$C$15*P4354*(E4354-Inputs!$X$26)","v":{"$error":"#DIV/0!"}},{"$error":"#DIV/0!"}]
["2004-07-01","10:00:00",554,5,23,17,69,{"$f":"Inputs!$X$37*Inputs!$X$32*(E4355-Inputs!$X$26)","v":6474.1584467788198},{"$f":"Inputs!$X$33*C4355*Inputs!$X$38","v":108083.5013331599},{"$f":"params!$C$15*Inputs!$X$29*(E4355-Inputs!$X$26)","v":672.60074999999995},{"$f":"Inputs!$X$40*Inputs!$X$41/8760","v":5342.4657534246571},{"$f":"-Inputs!$X$45*Inputs!$X$33","v":-30000},{"$f":"EXP(77.345+0.0057*(E4355+273.15)-7235/(E4355+273.15))/(E4355+273.15)^8.2","v":2801.0950714195728},{"$f":"0.62198*M4355/(101325-M4355)","v":1.768327304712981E-2},{"$f":"N4355*G4355/100","v":1.220145840251957E-2},{"$f":"-L4355/(1.202*2465560*MAX(0,(Inputs!$X$49-O4355)))","v":{"$error":"#DIV/0!"}},{"$f":"params!$C$15*P4355*(E4355-Inputs!$X$26)","v":{"$error":"#DIV/0!"}},{"$f":"H4355+I4355+J4355+K4355+L4355+Q4355","v":{"$error":"#DIV/0!"}}]
["2004-07-01","13:00:00",904,3,27,16,51,{"$f":"Inputs!$X$37*Inputs!$X$32*(E4358-Inputs!$X$26)","v":20184.141039957496},{"$f":"Inputs!$X$33*C4358*Inputs!$X$38","v":176367.30181439812},{"$f":"params!$C$15*Inputs!$X$29*(E4358-Inputs!$X$26)","v":2096.9317499999997},{"$f":"Inputs!$X$40*Inputs!$X$41/8760","v":5342.4657534246571},{"$f":"-Inputs!$X$45*Inputs!$X$33","v":-30000},3555.0534347297348,2.2616071840205452E-2,1.153419663850478E-2,{"$f":"-L4358/(1.202*2465560*MAX(0,(Inputs!$X$49-O4358)))","v":{"$error":"#DIV/0!"}},{"$f":"params!$C$15*P4358*(E4358-Inputs!$X$26)","v":{"$error":"#DIV/0!"}},{"$error":"#DIV/0!"}]
["2004-07-01","17:00:00",418,4,26,17,58,{"$f":"Inputs!$X$37*Inputs!$X$32*(E4362-Inputs!$X$26)","v":16756.645391662827},{"$f":"Inputs!$X$33*C4362*Inputs!$X$38","v":81550.367431878782},{"$f":"params!$C$15*Inputs!$X$29*(E4362-Inputs!$X$26)","v":1740.8489999999997},{"$f":"Inputs!$X$40*Inputs!$X$41/8760","v":5342.4657534246571},{"$f":"-Inputs!$X$45*Inputs!$X$33","v":-30000},3351.668772324198,2.1277942853302922E-2,1.2341206854915696E-2,{"$f":"-L4362/(1.202*2465560*MAX(0,(Inputs!$X$49-O4362)))","v":{"$error":"#DIV/0!"}},{"$f":"params!$C$15*P4362*(E4362-Inputs!$X$26)","v":{"$error":"#DIV/0!"}},{"$error":"#DIV/0!"}]
["2004-07-01","20:00:00",7,2,20,18,88,{"$f":"Inputs!$X$37*Inputs!$X$32*(E4365-Inputs!$X$26)","v":-3808.3284981051861},{"$f":"Inputs!$X$33*C4365*Inputs!$X$38","v":1365.6760096247642},{"$f":"params!$C$15*Inputs!$X$29*(E4365-Inputs!$X$26)","v":-395.64749999999975},{"$f":"Inputs!$X$40*Inputs!$X$41/8760","v":5342.4657534246571},{"$f":"-Inputs!$X$45*Inputs!$X$33","v":-30000},2331.2150168593957,1.4647072201887702E-2,1.2889423537661178E-2,{"$f":"-L4365/(1.202*2465560*MAX(0,(Inputs!$X$49-O4365)))","v":{"$error":"#DIV/0!"}},{"$f":"params!$C$15*P4365*(E4365-Inputs!$X$26)","v":{"$error":"#DIV/0!"}},{"$error":"#DIV/0!"}]
["2004-07-01","23:00:00",0,2,14,14,100,{"$f":"Inputs!$X$37*Inputs!$X$32*(E4368-Inputs!$X$26)","v":-24373.302387873198},{"$f":"Inputs!$X$33*C4368*Inputs!$X$38","v":0},{"$f":"params!$C$15*Inputs!$X$29*(E4368-Inputs!$X$26)","v":-2532.1439999999993},{"$f":"Inputs!$X$40*Inputs!$X$41/8760","v":5342.4657534246571},{"$f":"-Inputs!$X$45*Inputs!$X$33","v":-30000},1593.7190459500907,9.939322574797271E-3,9.939322574797271E-3,{"$f":"-L4368/(1.202*2465560*MAX(0,(Inputs!$X$49-O4368)))","v":9.5591619903650198},{"$f":"params!$C$15*P4368*(E4368-Inputs!$X$26)","v":-82060.65429446772},-133623.63492891626]
["2004-07-02","03:00:00",0,4,10.199999999999999,10.199999999999999,100,{"$f":"Inputs!$X$37*Inputs!$X$32*(E4372-Inputs!$X$26)","v":-37397.785851392939},{"$f":"Inputs!$X$33*C4372*Inputs!$X$38","v":0},{"$f":"params!$C$15*Inputs!$X$29*(E4372-Inputs!$X$26)","v":-3885.2584499999994},{"$f":"Inputs!$X$40*Inputs!$X$41/8760","v":5342.4657534246571},{"$f":"-Inputs!$X$45*Inputs!$X$33","v":-30000},1240.7896031505732,7.7109697354607641E-3,7.7109697354607641E-3,{"$f":"-L4372/(1.202*2465560*MAX(0,(Inputs!$X$49-O4372)))","v":3.0793537633414467},{"$f":"params!$C$15*P4372*(E4372-Inputs!$X$26)","v":-40560.775743014485},-106501.35429098277]
["2004-07-02","07:00:00",209,7,11.8,11.5,98,{"$f":"Inputs!$X$37*Inputs!$X$32*(E4376-Inputs!$X$26)","v":-31913.792814121465},{"$f":"Inputs!$X$33*C4376*Inputs!$X$38","v":40775.183715939391},{"$f":"params!$C$15*Inputs!$X$29*(E4376-Inputs!$X$26)","v":-3315.526049999999},{"$f":"Inputs!$X$40*Inputs!$X$41/8760","v":5342.4657534246571},{"$f":"-Inputs!$X$45*Inputs!$X$33","v":-30000},1379.9783266145243,8.587910685463036E-3,8.4161524717537746E-3,{"$f":"-L4376/(1.202*2465560*MAX(0,(Inputs!$X$49-O4376)))","v":3.9203274032541597},{"$f":"params!$C$15*P4376*(E4376-Inputs!$X$26)","v":-44065.78763230054},-63177.457027057957]
["2004-07-02","10:00:00",447,3,21.2,13.9,63,{"$f":"Inputs!$X$37*Inputs!$X$32*(E4379-Inputs!$X$26)","v":304.66627984841392},{"$f":"Inputs!$X$33*C4379*Inputs!$X$38","v":87208.168043181358},{"$f":"params!$C$15*Inputs!$X$29*(E4379-Inputs!$X$26)","v":31.651799999999881},{"$f":"Inputs!$X$40*Inputs!$X$41/8760","v":5342.4657534246571},{"$f":"-Inputs!$X$45*Inputs!$X$33","v":-30000},2510.162268883586,1.5799962473738646E-2,9.9539763584553468E-3,{"$f":"-L4379/(1.202*2465560*MAX(0,(Inputs!$X$49-O4379)))","v":9.6932962985156124},{"$f":"params!$C$15*P4379*(E4379-Inputs!$X$26)","v":1040.1516332290394},63927.103509683475]
["2004-07-02","11:00:00",858,3,23,12,50,{"$f":"Inputs!$X$37*Inputs!$X$32*(E4380-Inputs!$X$26)","v":6474.1584467788198},{"$f":"Inputs!$X$33*C4380*Inputs!$X$38","v":167392.85946543538},{"$f":"params!$C$15*Inputs!$X$29*(E4380-Inputs!$X$26)","v":672.60074999999995},{"$f":"Inputs!$X$40*Inputs!$X$41/8760","v":5342.4657534246571},{"$f":"-Inputs!$X$45*Inputs!$X$33","v":-30000},2801.0950714195728,1.768327304712981E-2,8.8416365235649049E-3,{"$f":"-L4380/(1.202*2465560*MAX(0,(Inputs!$X$49-O4380)))","v":4.6937660153556173},{"$f":"params!$C$15*P4380*(E4380-Inputs!$X$26)","v":10703.000303087176},160585.08471872605]
["2004-07-02","14:00:00",902,4,26,14,48,{"$f":"Inputs!$X$37*Inputs!$X$32*(E4383-Inputs!$X$26)","v":16756.645391662827},{"$f":"Inputs!$X$33*C4383*Inputs!$X$38","v":175977.10866879104},{"$f":"params!$C$15*Inputs!$X$29*(E4383-Inputs!$X$26)","v":1740.8489999999997},{"$f":"Inputs!$X$40*Inputs!$X$41/8760","v":5342.4657534246571},{"$f":"-Inputs!$X$45*Inputs!$X$33","v":-30000},3351.668772324198,2.1277942853302922E-2,1.0213412569585403E-2,{"$f":"-L4383/(1.202*2465560*MAX(0,(Inputs!$X$49-O4383)))","v":12.897365402619593},{"$f":"params!$C$15*P4383*(E4383-Inputs!$X$26)","v":76118.261539859042},245935.33035373758]
["2004-07-02","18:00:00",301,0,23,12,50,{"$f":"Inputs!$X$37*Inputs!$X$32*(E4387-Inputs!$X$26)","v":6474.1584467788198},{"$f":"Inputs!$X$33*C4387*Inputs!$X$38","v":58724.068413864858},{"$f":"params!$C$15*Inputs!$X$29*(E4387-Inputs!$X$26)","v":672.60074999999995},{"$f":"Inputs!$X$40*Inputs!$X$41/8760","v":5342.4657534246571},{"$f":"-Inputs!$X$45*Inputs!$X$33","v":-30000},2801.0950714195728,1.768327304712981E-2,8.8416365235649049E-3,{"$f":"-L4387/(1.202*2465560*MAX(0,(Inputs!$X$49-O4387)))","v":4.6937660153556173},{"$f":"params!$C$15*P4387*(E4387-Inputs!$X$26)","v":10703.000303087176},51916.293667155507]
["2004-07-02","21:00:00",0,0,16,10,68,{"$f":"Inputs!$X$37*Inputs!$X$32*(E4390-Inputs!$X$26)","v":-17518.31109128386},{"$f":"Inputs!$X$33*C4390*Inputs!$X$38","v":0},{"$f":"params!$C$15*Inputs!$X$29*(E4390-Inputs!$X$26)","v":-1819.9784999999995},{"$f":"Inputs!$X$40*Inputs!$X$41/8760","v":5342.4657534246571},{"$f":"-Inputs!$X$45*Inputs!$X$33","v":-30000},1812.7242941450775,1.1330041931761578E-2,7.7044285135978727E-3,{"$f":"-L4390/(1.202*2465560*MAX(0,(Inputs!$X$49-O4390)))","v":3.0732385231289481},{"$f":"params!$C$15*P4390*(E4390-Inputs!$X$26)","v":-18962.224336772731},-62958.048174631942]
["2004-07-02",1,0,0,11,10,94,{"$f":"Inputs!$X$37*Inputs!$X$32*(E4393-Inputs!$X$26)","v":-34655.789332757202},{"$f":"Inputs!$X$33*C4393*Inputs!$X$38","v":0},{"$f":"params!$C$15*Inputs!$X$29*(E4393-Inputs!$X$26)","v":-3600.392249999999},{"$f":"Inputs!$X$40*Inputs!$X$41/8760","v":5342.4657534246571},{"$f":"-Inputs!$X$45*Inputs!$X$33","v":-30000},1308.7561751391206,8.138879592783612E-3,7.6505468172165959E-3,{"$f":"-L4393/(1.202*2465560*MAX(0,(Inputs!$X$49-O4393)))","v":3.023774916748672},{"$f":"params!$C$15*P4393*(E4393-Inputs!$X$26)","v":-36908.469167705291},-99822.184997037839]
["2004-07-03","04:00:00",0,0,9,9,100,{"$f":"Inputs!$X$37*Inputs!$X$32*(E4397-Inputs!$X$26)","v":-41510.78062934654},{"$f":"Inputs!$X$33*C4397*Inputs!$X$38","v":0},{"$f":"params!$C$15*Inputs!$X$29*(E4397-Inputs!$X$26)","v":-4312.557749999999},{"$f":"Inputs!$X$40*Inputs!$X$41/8760","v":5342.4657534246571},{"$f":"-Inputs!$X$45*Inputs!$X$33","v":-30000},1144.6654335441779,7.1067740933079149E-3,7.1067740933079149E-3,{"$f":"-L4397/(1.202*2465560*MAX(0,(Inputs!$X$49-O4397)))","v":2.6012538195935639},{"$f":"params!$C$15*P4397*(E4397-Inputs!$X$26)","v":-38031.583566489899},-108512.45619241177]
["2004-07-03","08:00:00",419,0,16,13,82,{"$f":"Inputs!$X$37*Inputs!$X$32*(E4401-Inputs!$X$26)","v":-17518.31109128386},{"$f":"Inputs!$X$33*C4401*Inputs!$X$38","v":81745.464004682319},{"$f":"params!$C$15*Inputs!$X$29*(E4401-Inputs!$X$26)","v":-1819.9784999999995},{"$f":"Inputs!$X$40*Inputs!$X$41/8760","v":5342.4657534246571},{"$f":"-Inputs!$X$45*Inputs!$X$33","v":-30000},1812.7242941450775,1.1330041931761578E-2,9.2906343840444931E-3,{"$f":"-L4401/(1.202*2465560*MAX(0,(Inputs!$X$49-O4401)))","v":5.9279109581061871},{"$f":"params!$C$15*P4401*(E4401-Inputs!$X$26)","v":-36575.871540741617},1173.7686260814953]
["2004-07-03","11:00:00",858,3,23,12,50,{"$f":"Inputs!$X$37*Inputs!$X$32*(E4404-Inputs!$X$26)","v":6474.1584467788198},{"$f":"Inputs!$X$33*C4404*Inputs!$X$38","v":167392.85946543538},{"$f":"params!$C$15*Inputs!$X$29*(E4404-Inputs!$X$26)","v":672.60074999999995},{"$f":"Inputs!$X$40*Inputs!$X$41/8760","v":5342.4657534246571},{"$f":"-Inputs!$X$45*Inputs!$X$33","v":-30000},2801.0950714195728,1.768327304712981E-2,8.8416365235649049E-3,{"$f":"-L4404/(1.202*2465560*MAX(0,(Inputs!$X$49-O4404)))","v":4.6937660153556173},{"$f":"params!$C$15*P4404*(E4404-Inputs!$X$26)","v":10703.000303087176},160585.08471872605]
["2004-07-03","12:00:00",923,3,24,13,50,{"$f":"Inputs!$X$37*Inputs!$X$32*(E4405-Inputs!$X$26)","v":9901.6540950734889},{"$f":"Inputs!$X$33*C4405*Inputs!$X$38","v":180074.13669766535},{"$f":"params!$C$15*Inputs!$X$29*(E4405-Inputs!$X$26)","v":1028.6834999999999},{"$f":"Inputs!$X$40*Inputs!$X$41/8760","v":5342.4657534246571},{"$f":"-Inputs!$X$45*Inputs!$X$33","v":-30000},2975.1171299801654,1.8815104792251288E-2,9.407552396125644E-3,{"$f":"-L4405/(1.202*2465560*MAX(0,(Inputs!$X$49-O4405)))","v":6.3636087436855773},{"$f":"params!$C$15*P4405*(E4405-Inputs!$X$26)","v":22192.794822761774},188539.7348689253]
["2004-07-03","15:00:00",800,3,27,11,37,{"$f":"Inputs!$X$37*Inputs!$X$32*(E4408-Inputs!$X$26)","v":20184.141039957496},{"$f":"Inputs!$X$33*C4408*Inputs!$X$38","v":156077.2582428302},{"$f":"params!$C$15*Inputs!$X$29*(E4408-Inputs!$X$26)","v":2096.9317499999997},{"$f":"Inputs!$X$40*Inputs!$X$41/8760","v":5342.4657534246571},{"$f":"-Inputs!$X$45*Inputs!$X$33","v":-30000},3555.0534347297348,2.2616071840205452E-2,8.3679465808760168E-3,{"$f":"-L4408/(1.202*2465560*MAX(0,(Inputs!$X$49-O4408)))","v":3.8484800977780562},{"$f":"params!$C$15*P4408*(E4408-Inputs!$X$26)","v":27359.004744290996},181059.80153050332]
["2004-07-03","19:00:00",135,0,24,13,50,{"$f":"Inputs!$X$37*Inputs!$X$32*(E4412-Inputs!$X$26)","v":9901.6540950734889},{"$f":"Inputs!$X$33*C4412*Inputs!$X$38","v":26338.037328477596},{"$f":"params!$C$15*Inputs!$X$29*(E4412-Inputs!$X$26)","v":1028.6834999999999},{"$f":"Inputs!$X$40*Inputs!$X$41/8760","v":5342.4657534246571},{"$f":"-Inputs!$X$45*Inputs!$X$33","v":-30000},2975.1171299801654,1.8815104792251288E-2,9.407552396125644E-3,{"$f":"-L4412/(1.202*2465560*MAX(0,(Inputs!$X$49-O4412)))","v":6.3636087436855773},{"$f":"params!$C$15*P4412*(E4412-Inputs!$X$26)","v":22192.794822761774},34803.635499737517]
["2004-07-03","22:00:00",0,0,15,12,82,{"$f":"Inputs!$X$37*Inputs!$X$32*(E4415-Inputs!$X$26)","v":-20945.806739578529},{"$f":"Inputs!$X$33*C4415*Inputs!$X$38","v":0},{"$f":"params!$C$15*Inputs!$X$29*(E4415-Inputs!$X$26)","v":-2176.0612499999993},{"$f":"Inputs!$X$40*Inputs!$X$41/8760","v":5342.4657534246571},{"$f":"-Inputs!$X$45*Inputs!$X$33","v":-30000},1700.1281023555496,1.0614273895273205E-2,8.7037045941240274E-3,{"$f":"-L4415/(1.202*2465560*MAX(0,(Inputs!$X$49-O4415)))","v":4.4116143751256303},{"$f":"params!$C$15*P4415*(E4415-Inputs!$X$26)","v":-32545.834588687492},-80325.236824841355]
["2004-07-04","01:00:00",0,6,13,12,94,{"$f":"Inputs!$X$37*Inputs!$X$32*(E4418-Inputs!$X$26)","v":-27800.798036167867},{"$f":"Inputs!$X$33*C4418*Inputs!$X$38","v":0},{"$f":"params!$C$15*Inputs!$X$29*(E4418-Inputs!$X$26)","v":-2888.2267499999994},{"$f":"Inputs!$X$40*Inputs!$X$41/8760","v":5342.4657534246571},{"$f":"-Inputs!$X$45*Inputs!$X$33","v":-30000},1493.2057396927576,9.303089390063848E-3,8.7449040266600175E-3,{"$f":"-L4418/(1.202*2465560*MAX(0,(Inputs!$X$49-O4418)))","v":4.4922735472006163},{"$f":"params!$C$15*P4418*(E4418-Inputs!$X$26)","v":-43986.98894430737},-99333.547977050577]
["2004-07-04","05:00:00",0,4,13,13,100,{"$f":"Inputs!$X$37*Inputs!$X$32*(E4422-Inputs!$X$26)","v":-27800.798036167867},{"$f":"Inputs!$X$33*C4422*Inputs!$X$38","v":0},{"$f":"params!$C$15*Inputs!$X$29*(E4422-Inputs!$X$26)","v":-2888.2267499999994},{"$f":"Inputs!$X$40*Inputs!$X$41/8760","v":5342.4657534246571},{"$f":"-Inputs!$X$45*Inputs!$X$33","v":-30000},1493.2057396927576,9.303089390063848E-3,9.303089390063848E-3,{"$f":"-L4422/(1.202*2465560*MAX(0,(Inputs!$X$49-O4422)))","v":5.9714646796116257},{"$f":"params!$C$15*P4422*(E4422-Inputs!$X$26)","v":-58470.782797071799},-113817.34182981501]
["2004-07-04","09:00:00",149,9,23,18,73,{"$f":"Inputs!$X$37*Inputs!$X$32*(E4426-Inputs!$X$26)","v":6474.1584467788198},{"$f":"Inputs!$X$33*C4426*Inputs!$X$38","v":29069.389347727123},{"$f":"params!$C$15*Inputs!$X$29*(E4426-Inputs!$X$26)","v":672.60074999999995},{"$f":"Inputs!$X$40*Inputs!$X$41/8760","v":5342.4657534246571},{"$f":"-Inputs!$X$45*Inputs!$X$33","v":-30000},2801.0950714195728,1.768327304712981E-2,1.2908789324404762E-2,{"$f":"-L4426/(1.202*2465560*MAX(0,(Inputs!$X$49-O4426)))","v":{"$error":"#DIV/0!"}},{"$f":"params!$C$15*P4426*(E4426-Inputs!$X$26)","v":{"$error":"#DIV/0!"}},{"$error":"#DIV/0!"}]
["2004-07-04","10:00:00",340,9,25,19,69,{"$f":"Inputs!$X$37*Inputs!$X$32*(E4427-Inputs!$X$26)","v":13329.149743368158},{"$f":"Inputs!$X$33*C4427*Inputs!$X$38","v":66332.834753202827},{"$f":"params!$C$15*Inputs!$X$29*(E4427-Inputs!$X$26)","v":1384.7662499999999},{"$f":"Inputs!$X$40*Inputs!$X$41/8760","v":5342.4657534246571},{"$f":"-Inputs!$X$45*Inputs!$X$33","v":-30000},3158.5016332003511,2.0012171957865876E-2,1.3808398650927454E-2,{"$f":"-L4427/(1.202*2465560*MAX(0,(Inputs!$X$49-O4427)))","v":{"$error":"#DIV/0!"}},{"$f":"params!$C$15*P4427*(E4427-Inputs!$X$26)","v":{"$error":"#DIV/0!"}},{"$error":"#DIV/0!"}]
["2004-07-04","13:00:00",527,10,27,20,66,{"$f":"Inputs!$X$37*Inputs!$X$32*(E4430-Inputs!$X$26)","v":20184.141039957496},{"$f":"Inputs!$X$33*C4430*Inputs!$X$38","v":102815.89386746439},{"$f":"params!$C$15*Inputs!$X$29*(E4430-Inputs!$X$26)","v":2096.9317499999997},{"$f":"Inputs!$X$40*Inputs!$X$41/8760","v":5342.4657534246571},{"$f":"-Inputs!$X$45*Inputs!$X$33","v":-30000},3555.0534347297348,2.2616071840205452E-2,1.4926607414535598E-2,{"$f":"-L4430/(1.202*2465560*MAX(0,(Inputs!$X$49-O4430)))","v":{"$error":"#DIV/0!"}},{"$f":"params!$C$15*P4430*(E4430-Inputs!$X$26)","v":{"$error":"#DIV/0!"}},{"$error":"#DIV/0!"}]
["2004-07-04","16:00:00",284,10,25,19,69,{"$f":"Inputs!$X$37*Inputs!$X$32*(E4433-Inputs!$X$26)","v":13329.149743368158},{"$f":"Inputs!$X$33*C4433*Inputs!$X$38","v":55407.426676204719},{"$f":"params!$C$15*Inputs!$X$29*(E4433-Inputs!$X$26)","v":1384.7662499999999},{"$f":"Inputs!$X$40*Inputs!$X$41/8760","v":5342.4657534246571},{"$f":"-Inputs!$X$45*Inputs!$X$33","v":-30000},3158.5016332003511,2.0012171957865876E-2,1.3808398650927454E-2,{"$f":"-L4433/(1.202*2465560*MAX(0,(Inputs!$X$49-O4433)))","v":{"$error":"#DIV/0!"}},{"$f":"params!$C$15*P4433*(E4433-Inputs!$X$26)","v":{"$error":"#DIV/0!"}},{"$error":"#DIV/0!"}]
["2004-07-04","20:00:00",2,10,24,18,69,{"$f":"Inputs!$X$37*Inputs!$X$32*(E4437-Inputs!$X$26)","v":9901.6540950734889},{"$f":"Inputs!$X$33*C4437*Inputs!$X$38","v":390.19314560707545},{"$f":"params!$C$15*Inputs!$X$29*(E4437-Inputs!$X$26)","v":1028.6834999999999},{"$f":"Inputs!$X$40*Inputs!$X$41/8760","v":5342.4657534246571},{"$f":"-Inputs!$X$45*Inputs!$X$33","v":-30000},2975.1171299801654,1.8815104792251288E-2,1.2982422306653389E-2,{"$f":"-L4437/(1.202*2465560*MAX(0,(Inputs!$X$49-O4437)))","v":{"$error":"#DIV/0!"}},{"$f":"params!$C$15*P4437*(E4437-Inputs!$X$26)","v":{"$error":"#DIV/0!"}},{"$error":"#DIV/0!"}]
["2004-07-04","23:00:00",0,9,22,19,83,{"$f":"Inputs!$X$37*Inputs!$X$32*(E4440-Inputs!$X$26)","v":3046.6627984841512},{"$f":"Inputs!$X$33*C4440*Inputs!$X$38","v":0},{"$f":"params!$C$15*Inputs!$X$29*(E4440-Inputs!$X$26)","v":316.51800000000009},{"$f":"Inputs!$X$40*Inputs!$X$41/8760","v":5342.4657534246571},{"$f":"-Inputs!$X$45*Inputs!$X$33","v":-30000},2636.0296246790026,1.6613383438113645E-2,1.3789108253634325E-2,{"$f":"-L4440/(1.202*2465560*MAX(0,(Inputs!$X$49-O4440)))","v":{"$error":"#DIV/0!"}},{"$f":"params!$C$15*P4440*(E4440-Inputs!$X$26)","v":{"$error":"#DIV/0!"}},{"$error":"#DIV/0!"}]
["2004-07-05","02:00:00",0,10,21,19,88,{"$f":"Inputs!$X$37*Inputs!$X$32*(E4443-Inputs!$X$26)","v":-380.83284981051736},{"$f":"Inputs!$X$33*C4443*Inputs!$X$38","v":0},{"$f":"params!$C$15*Inputs!$X$29*(E4443-Inputs!$X$26)","v":-39.564749999999847},{"$f":"Inputs!$X$40*Inputs!$X$41/8760","v":5342.4657534246571},{"$f":"-Inputs!$X$45*Inputs!$X$33","v":-30000},2479.5289798458998,1.5602307510579843E-2,1.3730030609310263E-2,{"$f":"-L4443/(1.202*2465560*MAX(0,(Inputs!$X$49-O4443)))","v":{"$error":"#DIV/0!"}},{"$f":"params!$C$15*P4443*(E4443-Inputs!$X$26)","v":{"$error":"#DIV/0!"}},{"$error":"#DIV/0!"}]
["2004-07-05","06:00:00",78,6,21,20,94,{"$f":"Inputs!$X$37*Inputs!$X$32*(E4447-Inputs!$X$26)","v":-380.83284981051736},{"$f":"Inputs!$X$33*C4447*Inputs!$X$38","v":15217.532678675941},{"$f":"params!$C$15*Inputs!$X$29*(E4447-Inputs!$X$26)","v":-39.564749999999847},{"$f":"Inputs!$X$40*Inputs!$X$41/8760","v":5342.4657534246571},{"$f":"-Inputs!$X$45*Inputs!$X$33","v":-30000},2479.5289798458998,1.5602307510579843E-2,1.4666169059945054E-2,{"$f":"-L4447/(1.202*2465560*MAX(0,(Inputs!$X$49-O4447)))","v":{"$error":"#DIV/0!"}},{"$f":"params!$C$15*P4447*(E4447-Inputs!$X$26)","v":{"$error":"#DIV/0!"}},{"$error":"#DIV/0!"}]
["2004-07-05","10:00:00",705,8,27,19,62,{"$f":"Inputs!$X$37*Inputs!$X$32*(E4451-Inputs!$X$26)","v":20184.141039957496},{"$f":"Inputs!$X$33*C4451*Inputs!$X$38","v":137543.08382649411},{"$f":"params!$C$15*Inputs!$X$29*(E4451-Inputs!$X$26)","v":2096.9317499999997},{"$f":"Inputs!$X$40*Inputs!$X$41/8760","v":5342.4657534246571},{"$f":"-Inputs!$X$45*Inputs!$X$33","v":-30000},3555.0534347297348,2.2616071840205452E-2,1.4021964540927381E-2,{"$f":"-L4451/(1.202*2465560*MAX(0,(Inputs!$X$49-O4451)))","v":{"$error":"#DIV/0!"}},{"$f":"params!$C$15*P4451*(E4451-Inputs!$X$26)","v":{"$error":"#DIV/0!"}},{"$error":"#DIV/0!"}]
["2004-07-05","11:00:00",630,8,27,18,58,{"$f":"Inputs!$X$37*Inputs!$X$32*(E4452-Inputs!$X$26)","v":20184.141039957496},{"$f":"Inputs!$X$33*C4452*Inputs!$X$38","v":122910.84086622877},{"$f":"params!$C$15*Inputs!$X$29*(E4452-Inputs!$X$26)","v":2096.9317499999997},{"$f":"Inputs!$X$40*Inputs!$X$41/8760","v":5342.4657534246571},{"$f":"-Inputs!$X$45*Inputs!$X$33","v":-30000},3555.0534347297348,2.2616071840205452E-2,1.3117321667319161E-2,{"$f":"-L4452/(1.202*2465560*MAX(0,(Inputs!$X$49-O4452)))","v":{"$error":"#DIV/0!"}},{"$f":"params!$C$15*P4452*(E4452-Inputs!$X$26)","v":{"$error":"#DIV/0!"}},{"$error":"#DIV/0!"}]
["2004-07-05","14:00:00",878,5,29,18,52,{"$f":"Inputs!$X$37*Inputs!$X$32*(E4455-Inputs!$X$26)","v":27039.132336546831},{"$f":"Inputs!$X$33*C4455*Inputs!$X$38","v":171294.79092150612},{"$f":"params!$C$15*Inputs!$X$29*(E4455-Inputs!$X$26)","v":2809.0972499999993},{"$f":"Inputs!$X$40*Inputs!$X$41/8760","v":5342.4657534246571},{"$f":"-Inputs!$X$45*Inputs!$X$33","v":-30000},3994.2904004730208,2.5525024460504739E-2,1.3273012719462464E-2,{"$f":"-L4455/(1.202*2465560*MAX(0,(Inputs!$X$49-O4455)))","v":{"$error":"#DIV/0!"}},{"$f":"params!$C$15*P4455*(E4455-Inputs!$X$26)","v":{"$error":"#DIV/0!"}},{"$error":"#DIV/0!"}]
["2004-07-05","17:00:00",176,8,27,19,62,{"$f":"Inputs!$X$37*Inputs!$X$32*(E4458-Inputs!$X$26)","v":20184.141039957496},{"$f":"Inputs!$X$33*C4458*Inputs!$X$38","v":34336.996813422644},{"$f":"params!$C$15*Inputs!$X$29*(E4458-Inputs!$X$26)","v":2096.9317499999997},{"$f":"Inputs!$X$40*Inputs!$X$41/8760","v":5342.4657534246571},{"$f":"-Inputs!$X$45*Inputs!$X$33","v":-30000},3555.0534347297348,2.2616071840205452E-2,1.4021964540927381E-2,{"$f":"-L4458/(1.202*2465560*MAX(0,(Inputs!$X$49-O4458)))","v":{"$error":"#DIV/0!"}},{"$f":"params!$C$15*P4458*(E4458-Inputs!$X$26)","v":{"$error":"#DIV/0!"}},{"$error":"#DIV/0!"}]
["2004-07-05","21:00:00",0,10,20,14,68,{"$f":"Inputs!$X$37*Inputs!$X$32*(E4462-Inputs!$X$26)","v":-3808.3284981051861},{"$f":"Inputs!$X$33*C4462*Inputs!$X$38","v":0},{"$f":"params!$C$15*Inputs!$X$29*(E4462-Inputs!$X$26)","v":-395.64749999999975},{"$f":"Inputs!$X$40*Inputs!$X$41/8760","v":5342.4657534246571},{"$f":"-Inputs!$X$45*Inputs!$X$33","v":-30000},2331.2150168593957,1.4647072201887702E-2,9.9600090972836383E-3,{"$f":"-L4462/(1.202*2465560*MAX(0,(Inputs!$X$49-O4462)))","v":9.7496175609927622},{"$f":"params!$C$15*P4462*(E4462-Inputs!$X$26)","v":-13077.440734709277},-41938.950979389803]
["2004-07-05",1,0,10,17,12,72,{"$f":"Inputs!$X$37*Inputs!$X$32*(E4465-Inputs!$X$26)","v":-14090.815442989191},{"$f":"Inputs!$X$33*C4465*Inputs!$X$38","v":0},{"$f":"params!$C$15*Inputs!$X$29*(E4465-Inputs!$X$26)","v":-1463.8957499999995},{"$f":"Inputs!$X$40*Inputs!$X$41/8760","v":5342.4657534246571},{"$f":"-Inputs!$X$45*Inputs!$X$33","v":-30000},1931.8104441244629,1.2088830888770941E-2,8.7039582399150769E-3,{"$f":"-L4465/(1.202*2465560*MAX(0,(Inputs!$X$49-O4465)))","v":4.4121020939801907},{"$f":"params!$C$15*P4465*(E4465-Inputs!$X$26)","v":-21896.891049073973},-62109.136488638505]
["2004-07-06","03:00:00",0,10,15,12,82,{"$f":"Inputs!$X$37*Inputs!$X$32*(E4468-Inputs!$X$26)","v":-20945.806739578529},{"$f":"Inputs!$X$33*C4468*Inputs!$X$38","v":0},{"$f":"params!$C$15*Inputs!$X$29*(E4468-Inputs!$X$26)","v":-2176.0612499999993},{"$f":"Inputs!$X$40*Inputs!$X$41/8760","v":5342.4657534246571},{"$f":"-Inputs!$X$45*Inputs!$X$33","v":-30000},1700.1281023555496,1.0614273895273205E-2,8.7037045941240274E-3,{"$f":"-L4468/(1.202*2465560*MAX(0,(Inputs!$X$49-O4468)))","v":4.4116143751256303},{"$f":"params!$C$15*P4468*(E4468-Inputs!$X$26)","v":-32545.834588687492},-80325.236824841355]
["2004-07-06","07:00:00",165,10,16,13,82,{"$f":"Inputs!$X$37*Inputs!$X$32*(E4472-Inputs!$X$26)","v":-17518.31109128386},{"$f":"Inputs!$X$33*C4472*Inputs!$X$38","v":32190.934512583728},{"$f":"params!$C$15*Inputs!$X$29*(E4472-Inputs!$X$26)","v":-1819.9784999999995},{"$f":"Inputs!$X$40*Inputs!$X$41/8760","v":5342.4657534246571},{"$f":"-Inputs!$X$45*Inputs!$X$33","v":-30000},1812.7242941450775,1.1330041931761578E-2,9.2906343840444931E-3,{"$f":"-L4472/(1.202*2465560*MAX(0,(Inputs!$X$49-O4472)))","v":5.9279109581061871},{"$f":"params!$C$15*P4472*(E4472-Inputs!$X$26)","v":-36575.871540741617},-48380.760866017095]
["2004-07-06","11:00:00",728,9,19,13,68,{"$f":"Inputs!$X$37*Inputs!$X$32*(E4476-Inputs!$X$26)","v":-7235.8241463998547},{"$f":"Inputs!$X$33*C4476*Inputs!$X$38","v":142030.30500097547},{"$f":"params!$C$15*Inputs!$X$29*(E4476-Inputs!$X$26)","v":-751.73024999999973},{"$f":"Inputs!$X$40*Inputs!$X$41/8760","v":5342.4657534246571},{"$f":"-Inputs!$X$45*Inputs!$X$33","v":-30000},2190.7229749852513,1.3744851093608144E-2,9.346498743653538E-3,{"$f":"-L4476/(1.202*2465560*MAX(0,(Inputs!$X$49-O4476)))","v":6.1283960618799433},{"$f":"params!$C$15*P4476*(E4476-Inputs!$X$26)","v":-15618.366362958139},93766.849995042125]
["2004-07-06","12:00:00",765,4,22,14,60,{"$f":"Inputs!$X$37*Inputs!$X$32*(E4477-Inputs!$X$26)","v":3046.6627984841512},{"$f":"Inputs!$X$33*C4477*Inputs!$X$38","v":149248.87819470637},{"$f":"params!$C$15*Inputs!$X$29*(E4477-Inputs!$X$26)","v":316.51800000000009},{"$f":"Inputs!$X$40*Inputs!$X$41/8760","v":5342.4657534246571},{"$f":"-Inputs!$X$45*Inputs!$X$33","v":-30000},2636.0296246790026,1.6613383438113645E-2,9.9680300628681873E-3,{"$f":"-L4477/(1.202*2465560*MAX(0,(Inputs!$X$49-O4477)))","v":9.8255222605884907},{"$f":"params!$C$15*P4477*(E4477-Inputs!$X$26)","v":10543.403102455964},138497.92784907113]
["2004-07-06","15:00:00",794,3,24,13,50,{"$f":"Inputs!$X$37*Inputs!$X$32*(E4480-Inputs!$X$26)","v":9901.6540950734889},{"$f":"Inputs!$X$33*C4480*Inputs!$X$38","v":154906.67880600895},{"$f":"params!$C$15*Inputs!$X$29*(E4480-Inputs!$X$26)","v":1028.6834999999999},{"$f":"Inputs!$X$40*Inputs!$X$41/8760","v":5342.4657534246571},{"$f":"-Inputs!$X$45*Inputs!$X$33","v":-30000},2975.1171299801654,1.8815104792251288E-2,9.407552396125644E-3,{"$f":"-L4480/(1.202*2465560*MAX(0,(Inputs!$X$49-O4480)))","v":6.3636087436855773},{"$f":"params!$C$15*P4480*(E4480-Inputs!$X$26)","v":22192.794822761774},163372.27697726886]
["2004-07-06","18:00:00",306,0,23,15,61,{"$f":"Inputs!$X$37*Inputs!$X$32*(E4483-Inputs!$X$26)","v":6474.1584467788198},{"$f":"Inputs!$X$33*C4483*Inputs!$X$38","v":59699.55127788255},{"$f":"params!$C$15*Inputs!$X$29*(E4483-Inputs!$X$26)","v":672.60074999999995},{"$f":"Inputs!$X$40*Inputs!$X$41/8760","v":5342.4657534246571},{"$f":"-Inputs!$X$45*Inputs!$X$33","v":-30000},{"$f":"EXP(77.345+0.0057*(E4483+273.15)-7235/(E4483+273.15))/(E4483+273.15)^8.2","v":2801.0950714195728},{"$f":"0.62198*M4483/(101325-M4483)","v":1.768327304712981E-2},{"$f":"N4483*G4483/100","v":1.0786796558749184E-2},{"$f":"-L4483/(1.202*2465560*MAX(0,(Inputs!$X$49-O4483)))","v":47.864152185960982},{"$f":"params!$C$15*P4483*(E4483-Inputs!$X$26)","v":109142.64445168302},{"$f":"H4483+I4483+J4483+K4483+L4483+Q4483","v":151331.42067976904}]
["2004-07-06","22:00:00",0,0,15,14,94,{"$f":"Inputs!$X$37*Inputs!$X$32*(E4487-Inputs!$X$26)","v":-20945.806739578529},{"$f":"Inputs!$X$33*C4487*Inputs!$X$38","v":0},{"$f":"params!$C$15*Inputs!$X$29*(E4487-Inputs!$X$26)","v":-2176.0612499999993},{"$f":"Inputs!$X$40*Inputs!$X$41/8760","v":5342.4657534246571},{"$f":"-Inputs!$X$45*Inputs!$X$33","v":-30000},1700.1281023555496,1.0614273895273205E-2,9.9774174615568124E-3,{"$f":"-L4487/(1.202*2465560*MAX(0,(Inputs!$X$49-O4487)))","v":9.9158727775015763},{"$f":"params!$C$15*P4487*(E4487-Inputs!$X$26)","v":-73152.439850286173},-120931.84208644004]
["2004-07-07","01:00:00",0,0,13,13,100,{"$f":"Inputs!$X$37*Inputs!$X$32*(E4490-Inputs!$X$26)","v":-27800.798036167867},{"$f":"Inputs!$X$33*C4490*Inputs!$X$38","v":0},{"$f":"params!$C$15*Inputs!$X$29*(E4490-Inputs!$X$26)","v":-2888.2267499999994},{"$f":"Inputs!$X$40*Inputs!$X$41/8760","v":5342.4657534246571},{"$f":"-Inputs!$X$45*Inputs!$X$33","v":-30000},1493.2057396927576,9.303089390063848E-3,9.303089390063848E-3,{"$f":"-L4490/(1.202*2465560*MAX(0,(Inputs!$X$49-O4490)))","v":5.9714646796116257},{"$f":"params!$C$15*P4490*(E4490-Inputs!$X$26)","v":-58470.782797071799},-113817.34182981501]
["2004-07-07","04:00:00",0,3,13.5,13,97,{"$f":"Inputs!$X$37*Inputs!$X$32*(E4493-Inputs!$X$26)","v":-26087.050212020531},{"$f":"Inputs!$X$33*C4493*Inputs!$X$38","v":0},{"$f":"params!$C$15*Inputs!$X$29*(E4493-Inputs!$X$26)","v":-2710.1853749999991},{"$f":"Inputs!$X$40*Inputs!$X$41/8760","v":5342.4657534246571},{"$f":"-Inputs!$X$45*Inputs!$X$33","v":-30000},1542.7431973190428,9.6164933988816814E-3,9.3279985969152313E-3,{"$f":"-L4493/(1.202*2465560*MAX(0,(Inputs!$X$49-O4493)))","v":6.0605178302005047},{"$f":"params!$C$15*P4493*(E4493-Inputs!$X$26)","v":-55684.648799237199},-109139.41863283307]
["2004-07-07","09:00:00",485,8,23,18,73,{"$f":"Inputs!$X$37*Inputs!$X$32*(E4498-Inputs!$X$26)","v":6474.1584467788198},{"$f":"Inputs!$X$33*C4498*Inputs!$X$38","v":94621.837809715813},{"$f":"params!$C$15*Inputs!$X$29*(E4498-Inputs!$X$26)","v":672.60074999999995},{"$f":"Inputs!$X$40*Inputs!$X$41/8760","v":5342.4657534246571},{"$f":"-Inputs!$X$45*Inputs!$X$33","v":-30000},2801.0950714195728,1.768327304712981E-2,1.2908789324404762E-2,{"$f":"-L4498/(1.202*2465560*MAX(0,(Inputs!$X$49-O4498)))","v":{"$error":"#DIV/0!"}},{"$f":"params!$C$15*P4498*(E4498-Inputs!$X$26)","v":{"$error":"#DIV/0!"}},{"$error":"#DIV/0!"}]
["2004-07-07","12:00:00",182,10,26,20,70,{"$f":"Inputs!$X$37*Inputs!$X$32*(E4501-Inputs!$X$26)","v":16756.645391662827},{"$f":"Inputs!$X$33*C4501*Inputs!$X$38","v":35507.576250243867},{"$f":"params!$C$15*Inputs!$X$29*(E4501-Inputs!$X$26)","v":1740.8489999999997},{"$f":"Inputs!$X$40*Inputs!$X$41/8760","v":5342.4657534246571},{"$f":"-Inputs!$X$45*Inputs!$X$33","v":-30000},3351.668772324198,2.1277942853302922E-2,1.4894559997312045E-2,{"$f":"-L4501/(1.202*2465560*MAX(0,(Inputs!$X$49-O4501)))","v":{"$error":"#DIV/0!"}},{"$f":"params!$C$15*P4501*(E4501-Inputs!$X$26)","v":{"$error":"#DIV/0!"}},{"$error":"#DIV/0!"}]
["2004-07-07","13:00:00",150,10,26,21,74,{"$f":"Inputs!$X$37*Inputs!$X$32*(E4502-Inputs!$X$26)","v":16756.645391662827},{"$f":"Inputs!$X$33*C4502*Inputs!$X$38","v":29264.485920530657},{"$f":"params!$C$15*Inputs!$X$29*(E4502-Inputs!$X$26)","v":1740.8489999999997},{"$f":"Inputs!$X$40*Inputs!$X$41/8760","v":5342.4657534246571},{"$f":"-Inputs!$X$45*Inputs!$X$33","v":-30000},3351.668772324198,2.1277942853302922E-2,1.5745677711444164E-2,{"$f":"-L4502/(1.202*2465560*MAX(0,(Inputs!$X$49-O4502)))","v":{"$error":"#DIV/0!"}},{"$f":"params!$C$15*P4502*(E4502-Inputs!$X$26)","v":{"$error":"#DIV/0!"}},{"$error":"#DIV/0!"}]
["2004-07-07","16:00:00",630,8,27,20,66,{"$f":"Inputs!$X$37*Inputs!$X$32*(E4505-Inputs!$X$26)","v":20184.141039957496},{"$f":"Inputs!$X$33*C4505*Inputs!$X$38","v":122910.84086622877},{"$f":"params!$C$15*Inputs!$X$29*(E4505-Inputs!$X$26)","v":2096.9317499999997},{"$f":"Inputs!$X$40*Inputs!$X$41/8760","v":5342.4657534246571},{"$f":"-Inputs!$X$45*Inputs!$X$33","v":-30000},3555.0534347297348,2.2616071840205452E-2,1.4926607414535598E-2,{"$f":"-L4505/(1.202*2465560*MAX(0,(Inputs!$X$49-O4505)))","v":{"$error":"#DIV/0!"}},{"$f":"params!$C$15*P4505*(E4505-Inputs!$X$26)","v":{"$error":"#DIV/0!"}},{"$error":"#DIV/0!"}]
["2004-07-07","19:00:00",22,10,22,21,94,{"$f":"Inputs!$X$37*Inputs!$X$32*(E4508-Inputs!$X$26)","v":3046.6627984841512},{"$f":"Inputs!$X$33*C4508*Inputs!$X$38","v":4292.1246016778305},{"$f":"params!$C$15*Inputs!$X$29*(E4508-Inputs!$X$26)","v":316.51800000000009},{"$f":"Inputs!$X$40*Inputs!$X$41/8760","v":5342.4657534246571},{"$f":"-Inputs!$X$45*Inputs!$X$33","v":-30000},2636.0296246790026,1.6613383438113645E-2,1.5616580431826826E-2,{"$f":"-L4508/(1.202*2465560*MAX(0,(Inputs!$X$49-O4508)))","v":{"$error":"#DIV/0!"}},{"$f":"params!$C$15*P4508*(E4508-Inputs!$X$26)","v":{"$error":"#DIV/0!"}},{"$error":"#DIV/0!"}]
["2004-07-07","23:00:00",0,10,19,19,100,{"$f":"Inputs!$X$37*Inputs!$X$32*(E4512-Inputs!$X$26)","v":-7235.8241463998547},{"$f":"Inputs!$X$33*C4512*Inputs!$X$38","v":0},{"$f":"params!$C$15*Inputs!$X$29*(E4512-Inputs!$X$26)","v":-751.73024999999973},{"$f":"Inputs!$X$40*Inputs!$X$41/8760","v":5342.4657534246571},{"$f":"-Inputs!$X$45*Inputs!$X$33","v":-30000},2190.7229749852513,1.3744851093608144E-2,1.3744851093608144E-2,{"$f":"-L4512/(1.202*2465560*MAX(0,(Inputs!$X$49-O4512)))","v":{"$error":"#DIV/0!"}},{"$f":"params!$C$15*P4512*(E4512-Inputs!$X$26)","v":{"$error":"#DIV/0!"}},{"$error":"#DIV/0!"}]
["2004-07-08","02:00:00",0,10,18,18,100,{"$f":"Inputs!$X$37*Inputs!$X$32*(E4515-Inputs!$X$26)","v":-10663.319794694524},{"$f":"Inputs!$X$33*C4515*Inputs!$X$38","v":0},{"$f":"params!$C$15*Inputs!$X$29*(E4515-Inputs!$X$26)","v":-1107.8129999999996},{"$f":"Inputs!$X$40*Inputs!$X$41/8760","v":5342.4657534246571},{"$f":"-Inputs!$X$45*Inputs!$X$33","v":-30000},2057.7011249857014,1.2892956292988709E-2,1.2892956292988709E-2,{"$f":"-L4515/(1.202*2465560*MAX(0,(Inputs!$X$49-O4515)))","v":{"$error":"#DIV/0!"}},{"$f":"params!$C$15*P4515*(E4515-Inputs!$X$26)","v":{"$error":"#DIV/0!"}},{"$error":"#DIV/0!"}]
["2004-07-08","05:00:00",0,10,17,17,100,{"$f":"Inputs!$X$37*Inputs!$X$32*(E4518-Inputs!$X$26)","v":-14090.815442989191},{"$f":"Inputs!$X$33*C4518*Inputs!$X$38","v":0},{"$f":"params!$C$15*Inputs!$X$29*(E4518-Inputs!$X$26)","v":-1463.8957499999995},{"$f":"Inputs!$X$40*Inputs!$X$41/8760","v":5342.4657534246571},{"$f":"-Inputs!$X$45*Inputs!$X$33","v":-30000},1931.8104441244629,1.2088830888770941E-2,1.2088830888770941E-2,{"$f":"-L4518/(1.202*2465560*MAX(0,(Inputs!$X$49-O4518)))","v":{"$error":"#DIV/0!"}},{"$f":"params!$C$15*P4518*(E4518-Inputs!$X$26)","v":{"$error":"#DIV/0!"}},{"$error":"#DIV/0!"}]
["2004-07-08","10:00:00",693,9,24,16,61,{"$f":"Inputs!$X$37*Inputs!$X$32*(E4523-Inputs!$X$26)","v":9901.6540950734889},{"$f":"Inputs!$X$33*C4523*Inputs!$X$38","v":135201.92495285164},{"$f":"params!$C$15*Inputs!$X$29*(E4523-Inputs!$X$26)","v":1028.6834999999999},{"$f":"Inputs!$X$40*Inputs!$X$41/8760","v":5342.4657534246571},{"$f":"-Inputs!$X$45*Inputs!$X$33","v":-30000},2975.1171299801654,1.8815104792251288E-2,1.1477213923273286E-2,{"$f":"-L4523/(1.202*2465560*MAX(0,(Inputs!$X$49-O4523)))","v":{"$error":"#DIV/0!"}},{"$f":"params!$C$15*P4523*(E4523-Inputs!$X$26)","v":{"$error":"#DIV/0!"}},{"$error":"#DIV/0!"}]
["2004-07-08","13:00:00",898,5,26,15,51,{"$f":"Inputs!$X$37*Inputs!$X$32*(E4526-Inputs!$X$26)","v":16756.645391662827},{"$f":"Inputs!$X$33*C4526*Inputs!$X$38","v":175196.72237757689},{"$f":"params!$C$15*Inputs!$X$29*(E4526-Inputs!$X$26)","v":1740.8489999999997},{"$f":"Inputs!$X$40*Inputs!$X$41/8760","v":5342.4657534246571},{"$f":"-Inputs!$X$45*Inputs!$X$33","v":-30000},3351.668772324198,2.1277942853302922E-2,1.0851750855184489E-2,{"$f":"-L4526/(1.202*2465560*MAX(0,(Inputs!$X$49-O4526)))","v":69.080633125997593},{"$f":"params!$C$15*P4526*(E4526-Inputs!$X$26)","v":407703.24290848721},576739.92543115164]
["2004-07-08","14:00:00",436,4,26.5,13.9,46,{"$f":"Inputs!$X$37*Inputs!$X$32*(E4527-Inputs!$X$26)","v":18470.39321581016},{"$f":"Inputs!$X$33*C4527*Inputs!$X$38","v":85062.10574234245},{"$f":"params!$C$15*Inputs!$X$29*(E4527-Inputs!$X$26)","v":1918.8903749999997},{"$f":"Inputs!$X$40*Inputs!$X$41/8760","v":5342.4657534246571},{"$f":"-Inputs!$X$45*Inputs!$X$33","v":-30000},3452.0561493093624,2.1937726600141351E-2,1.0091354236065022E-2,{"$f":"-L4527/(1.202*2465560*MAX(0,(Inputs!$X$49-O4527)))","v":11.161590813667068},{"$f":"params!$C$15*P4527*(E4527-Inputs!$X$26)","v":72611.099981067018},153404.95506764427]
["2004-07-08","17:00:00",461,9,24,14,54,{"$f":"Inputs!$X$37*Inputs!$X$32*(E4530-Inputs!$X$26)","v":9901.6540950734889},{"$f":"Inputs!$X$33*C4530*Inputs!$X$38","v":89939.520062430893},{"$f":"params!$C$15*Inputs!$X$29*(E4530-Inputs!$X$26)","v":1028.6834999999999},{"$f":"Inputs!$X$40*Inputs!$X$41/8760","v":5342.4657534246571},{"$f":"-Inputs!$X$45*Inputs!$X$33","v":-30000},2975.1171299801654,1.8815104792251288E-2,1.0160156587815695E-2,{"$f":"-L4530/(1.202*2465560*MAX(0,(Inputs!$X$49-O4530)))","v":12.077848764268612},{"$f":"params!$C$15*P4530*(E4530-Inputs!$X$26)","v":42120.945884947687},118333.26929587673]
["2004-07-08","21:00:00",0,10,17,16,94,{"$f":"Inputs!$X$37*Inputs!$X$32*(E4534-Inputs!$X$26)","v":-14090.815442989191},{"$f":"Inputs!$X$33*C4534*Inputs!$X$38","v":0},{"$f":"params!$C$15*Inputs!$X$29*(E4534-Inputs!$X$26)","v":-1463.8957499999995},{"$f":"Inputs!$X$40*Inputs!$X$41/8760","v":5342.4657534246571},{"$f":"-Inputs!$X$45*Inputs!$X$33","v":-30000},1931.8104441244629,1.2088830888770941E-2,1.1363501035444683E-2,{"$f":"-L4534/(1.202*2465560*MAX(0,(Inputs!$X$49-O4534)))","v":{"$error":"#DIV/0!"}},{"$f":"params!$C$15*P4534*(E4534-Inputs!$X$26)","v":{"$error":"#DIV/0!"}},{"$error":"#DIV/0!"}]
["2004-07-08",1,0,10,16,14,88,{"$f":"Inputs!$X$37*Inputs!$X$32*(E4537-Inputs!$X$26)","v":-17518.31109128386},{"$f":"Inputs!$X$33*C4537*Inputs!$X$38","v":0},{"$f":"params!$C$15*Inputs!$X$29*(E4537-Inputs!$X$26)","v":-1819.9784999999995},{"$f":"Inputs!$X$40*Inputs!$X$41/8760","v":5342.4657534246571},{"$f":"-Inputs!$X$45*Inputs!$X$33","v":-30000},1812.7242941450775,1.1330041931761578E-2,9.9704368999501899E-3,{"$f":"-L4537/(1.202*2465560*MAX(0,(Inputs!$X$49-O4537)))","v":9.8485299250665346},{"$f":"params!$C$15*P4537*(E4537-Inputs!$X$26)","v":-60766.52769417841},-104762.35153203762]
["2004-07-09","03:00:00",0,0,14,12,88,{"$f":"Inputs!$X$37*Inputs!$X$32*(E4540-Inputs!$X$26)","v":-24373.302387873198},{"$f":"Inputs!$X$33*C4540*Inputs!$X$38","v":0},{"$f":"params!$C$15*Inputs!$X$29*(E4540-Inputs!$X$26)","v":-2532.1439999999993},{"$f":"Inputs!$X$40*Inputs!$X$41/8760","v":5342.4657534246571},{"$f":"-Inputs!$X$45*Inputs!$X$33","v":-30000},1593.7190459500907,9.939322574797271E-3,8.7466038658215988E-3,{"$f":"-L4540/(1.202*2465560*MAX(0,(Inputs!$X$49-O4540)))","v":4.4956648513425375},{"$f":"params!$C$15*P4540*(E4540-Inputs!$X$26)","v":-38593.048173224059},-90156.028807672599]
["2004-07-09","06:00:00",70,4,15,12,82,{"$f":"Inputs!$X$37*Inputs!$X$32*(E4543-Inputs!$X$26)","v":-20945.806739578529},{"$f":"Inputs!$X$33*C4543*Inputs!$X$38","v":13656.760096247641},{"$f":"params!$C$15*Inputs!$X$29*(E4543-Inputs!$X$26)","v":-2176.0612499999993},{"$f":"Inputs!$X$40*Inputs!$X$41/8760","v":5342.4657534246571},{"$f":"-Inputs!$X$45*Inputs!$X$33","v":-30000},1700.1281023555496,1.0614273895273205E-2,8.7037045941240274E-3,{"$f":"-L4543/(1.202*2465560*MAX(0,(Inputs!$X$49-O4543)))","v":4.4116143751256303},{"$f":"params!$C$15*P4543*(E4543-Inputs!$X$26)","v":-32545.834588687492},-66668.476728593727]
["2004-07-09","11:00:00",247,8,20,12,60,{"$f":"Inputs!$X$37*Inputs!$X$32*(E4548-Inputs!$X$26)","v":-3808.3284981051861},{"$f":"Inputs!$X$33*C4548*Inputs!$X$38","v":48188.853482473824},{"$f":"params!$C$15*Inputs!$X$29*(E4548-Inputs!$X$26)","v":-395.64749999999975},{"$f":"Inputs!$X$40*Inputs!$X$41/8760","v":5342.4657534246571},{"$f":"-Inputs!$X$45*Inputs!$X$33","v":-30000},2331.2150168593957,1.4647072201887702E-2,8.7882433211326199E-3,{"$f":"-L4548/(1.202*2465560*MAX(0,(Inputs!$X$49-O4548)))","v":4.5803677164685555},{"$f":"params!$C$15*P4548*(E4548-Inputs!$X$26)","v":-6143.7781513548816},13183.565086438417]
["2004-07-09","14:00:00",436,10,21,12,56,{"$f":"Inputs!$X$37*Inputs!$X$32*(E4551-Inputs!$X$26)","v":-380.83284981051736},{"$f":"Inputs!$X$33*C4551*Inputs!$X$38","v":85062.10574234245},{"$f":"params!$C$15*Inputs!$X$29*(E4551-Inputs!$X$26)","v":-39.564749999999847},{"$f":"Inputs!$X$40*Inputs!$X$41/8760","v":5342.4657534246571},{"$f":"-Inputs!$X$45*Inputs!$X$33","v":-30000},2479.5289798458998,1.5602307510579843E-2,8.737292205924712E-3,{"$f":"-L4551/(1.202*2465560*MAX(0,(Inputs!$X$49-O4551)))","v":4.4771499474879581},{"$f":"params!$C$15*P4551*(E4551-Inputs!$X$26)","v":-600.53292072636418},59383.640975230221]
["2004-07-09","15:00:00",684,10,21,13,60,{"$f":"Inputs!$X$37*Inputs!$X$32*(E4552-Inputs!$X$26)","v":-380.83284981051736},{"$f":"Inputs!$X$33*C4552*Inputs!$X$38","v":133446.0557976198},{"$f":"params!$C$15*Inputs!$X$29*(E4552-Inputs!$X$26)","v":-39.564749999999847},{"$f":"Inputs!$X$40*Inputs!$X$41/8760","v":5342.4657534246571},{"$f":"-Inputs!$X$45*Inputs!$X$33","v":-30000},2479.5289798458998,1.5602307510579843E-2,9.3613845063479067E-3,{"$f":"-L4552/(1.202*2465560*MAX(0,(Inputs!$X$49-O4552)))","v":6.1841268382609123},{"$f":"params!$C$15*P4552*(E4552-Inputs!$X$26)","v":-829.49461060754652},107538.6293406264]
["2004-07-09","18:00:00",124,10,21,13,60,{"$f":"Inputs!$X$37*Inputs!$X$32*(E4555-Inputs!$X$26)","v":-380.83284981051736},{"$f":"Inputs!$X$33*C4555*Inputs!$X$38","v":24191.97502763868},{"$f":"params!$C$15*Inputs!$X$29*(E4555-Inputs!$X$26)","v":-39.564749999999847},{"$f":"Inputs!$X$40*Inputs!$X$41/8760","v":5342.4657534246571},{"$f":"-Inputs!$X$45*Inputs!$X$33","v":-30000},2479.5289798458998,1.5602307510579843E-2,9.3613845063479067E-3,{"$f":"-L4555/(1.202*2465560*MAX(0,(Inputs!$X$49-O4555)))","v":6.1841268382609123},{"$f":"params!$C$15*P4555*(E4555-Inputs!$X$26)","v":-829.49461060754652},-1715.4514293547279]
["2004-07-09","22:00:00",0,10,18,14,77,{"$f":"Inputs!$X$37*Inputs!$X$32*(E4559-Inputs!$X$26)","v":-10663.319794694524},{"$f":"Inputs!$X$33*C4559*Inputs!$X$38","v":0},{"$f":"params!$C$15*Inputs!$X$29*(E4559-Inputs!$X$26)","v":-1107.8129999999996},{"$f":"Inputs!$X$40*Inputs!$X$41/8760","v":5342.4657534246571},{"$f":"-Inputs!$X$45*Inputs!$X$33","v":-30000},2057.7011249857014,1.2892956292988709E-2,9.927576345601305E-3,{"$f":"-L4559/(1.202*2465560*MAX(0,(Inputs!$X$49-O4559)))","v":9.4542932265907602},{"$f":"params!$C$15*P4559*(E4559-Inputs!$X$26)","v":-35507.678536141539},-71936.345577411412]
["2004-07-10","01:00:00",0,1,13,12,94,{"$f":"Inputs!$X$37*Inputs!$X$32*(E4562-Inputs!$X$26)","v":-27800.798036167867},{"$f":"Inputs!$X$33*C4562*Inputs!$X$38","v":0},{"$f":"params!$C$15*Inputs!$X$29*(E4562-Inputs!$X$26)","v":-2888.2267499999994},{"$f":"Inputs!$X$40*Inputs!$X$41/8760","v":5342.4657534246571},{"$f":"-Inputs!$X$45*Inputs!$X$33","v":-30000},1493.2057396927576,9.303089390063848E-3,8.7449040266600175E-3,{"$f":"-L4562/(1.202*2465560*MAX(0,(Inputs!$X$49-O4562)))","v":4.4922735472006163},{"$f":"params!$C$15*P4562*(E4562-Inputs!$X$26)","v":-43986.98894430737},-99333.547977050577]
["2004-07-10","03:00:00",0,2,12,12,100,{"$f":"Inputs!$X$37*Inputs!$X$32*(E4564-Inputs!$X$26)","v":-31228.293684462536},{"$f":"Inputs!$X$33*C4564*Inputs!$X$38","v":0},{"$f":"params!$C$15*Inputs!$X$29*(E4564-Inputs!$X$26)","v":-3244.3094999999989},{"$f":"Inputs!$X$40*Inputs!$X$41/8760","v":5342.4657534246571},{"$f":"-Inputs!$X$45*Inputs!$X$33","v":-30000},1398.3079270856979,8.70357605607666E-3,8.70357605607666E-3,{"$f":"-L4564/(1.202*2465560*MAX(0,(Inputs!$X$49-O4564)))","v":4.4113672589094035},{"$f":"params!$C$15*P4564*(E4564-Inputs!$X$26)","v":-48520.162654330132},-107650.30008536801]
["2004-07-10","09:00:00",214,4,18,14,77,{"$f":"Inputs!$X$37*Inputs!$X$32*(E4570-Inputs!$X$26)","v":-10663.319794694524},{"$f":"Inputs!$X$33*C4570*Inputs!$X$38","v":41750.666579957076},{"$f":"params!$C$15*Inputs!$X$29*(E4570-Inputs!$X$26)","v":-1107.8129999999996},{"$f":"Inputs!$X$40*Inputs!$X$41/8760","v":5342.4657534246571},{"$f":"-Inputs!$X$45*Inputs!$X$33","v":-30000},2057.7011249857014,1.2892956292988709E-2,9.927576345601305E-3,{"$f":"-L4570/(1.202*2465560*MAX(0,(Inputs!$X$49-O4570)))","v":9.4542932265907602},{"$f":"params!$C$15*P4570*(E4570-Inputs!$X$26)","v":-35507.678536141539},-30185.678997454328]
["2004-07-10","12:00:00",887,9,23,15,61,{"$f":"Inputs!$X$37*Inputs!$X$32*(E4573-Inputs!$X$26)","v":6474.1584467788198},{"$f":"Inputs!$X$33*C4573*Inputs!$X$38","v":173050.66007673796},{"$f":"params!$C$15*Inputs!$X$29*(E4573-Inputs!$X$26)","v":672.60074999999995},{"$f":"Inputs!$X$40*Inputs!$X$41/8760","v":5342.4657534246571},{"$f":"-Inputs!$X$45*Inputs!$X$33","v":-30000},2801.0950714195728,1.768327304712981E-2,1.0786796558749184E-2,{"$f":"-L4573/(1.202*2465560*MAX(0,(Inputs!$X$49-O4573)))","v":47.864152185960982},{"$f":"params!$C$15*P4573*(E4573-Inputs!$X$26)","v":109142.64445168302},264682.52947862446]
["2004-07-10","15:00:00",562,8,26,16,54,{"$f":"Inputs!$X$37*Inputs!$X$32*(E4576-Inputs!$X$26)","v":16756.645391662827},{"$f":"Inputs!$X$33*C4576*Inputs!$X$38","v":109644.27391558822},{"$f":"params!$C$15*Inputs!$X$29*(E4576-Inputs!$X$26)","v":1740.8489999999997},{"$f":"Inputs!$X$40*Inputs!$X$41/8760","v":5342.4657534246571},{"$f":"-Inputs!$X$45*Inputs!$X$33","v":-30000},3351.668772324198,2.1277942853302922E-2,1.1490089140783578E-2,{"$f":"-L4576/(1.202*2465560*MAX(0,(Inputs!$X$49-O4576)))","v":{"$error":"#DIV/0!"}},{"$f":"params!$C$15*P4576*(E4576-Inputs!$X$26)","v":{"$error":"#DIV/0!"}},{"$error":"#DIV/0!"}]
["2004-07-10","16:00:00",539,6,26,14,48,{"$f":"Inputs!$X$37*Inputs!$X$32*(E4577-Inputs!$X$26)","v":16756.645391662827},{"$f":"Inputs!$X$33*C4577*Inputs!$X$38","v":105157.05274110683},{"$f":"params!$C$15*Inputs!$X$29*(E4577-Inputs!$X$26)","v":1740.8489999999997},{"$f":"Inputs!$X$40*Inputs!$X$41/8760","v":5342.4657534246571},{"$f":"-Inputs!$X$45*Inputs!$X$33","v":-30000},3351.668772324198,2.1277942853302922E-2,1.0213412569585403E-2,{"$f":"-L4577/(1.202*2465560*MAX(0,(Inputs!$X$49-O4577)))","v":12.897365402619593},{"$f":"params!$C$15*P4577*(E4577-Inputs!$X$26)","v":76118.261539859042},175115.27442605334]
["2004-07-10","19:00:00",98,9,23,17,69,{"$f":"Inputs!$X$37*Inputs!$X$32*(E4580-Inputs!$X$26)","v":6474.1584467788198},{"$f":"Inputs!$X$33*C4580*Inputs!$X$38","v":19119.464134746697},{"$f":"params!$C$15*Inputs!$X$29*(E4580-Inputs!$X$26)","v":672.60074999999995},{"$f":"Inputs!$X$40*Inputs!$X$41/8760","v":5342.4657534246571},{"$f":"-Inputs!$X$45*Inputs!$X$33","v":-30000},2801.0950714195728,1.768327304712981E-2,1.220145840251957E-2,{"$f":"-L4580/(1.202*2465560*MAX(0,(Inputs!$X$49-O4580)))","v":{"$error":"#DIV/0!"}},{"$f":"params!$C$15*P4580*(E4580-Inputs!$X$26)","v":{"$error":"#DIV/0!"}},{"$error":"#DIV/0!"}]
["2004-07-10","23:00:00",0,8,18,16,88,{"$f":"Inputs!$X$37*Inputs!$X$32*(E4584-Inputs!$X$26)","v":-10663.319794694524},{"$f":"Inputs!$X$33*C4584*Inputs!$X$38","v":0},{"$f":"params!$C$15*Inputs!$X$29*(E4584-Inputs!$X$26)","v":-1107.8129999999996},{"$f":"Inputs!$X$40*Inputs!$X$41/8760","v":5342.4657534246571},{"$f":"-Inputs!$X$45*Inputs!$X$33","v":-30000},2057.7011249857014,1.2892956292988709E-2,1.1345801537830063E-2,{"$f":"-L4584/(1.202*2465560*MAX(0,(Inputs!$X$49-O4584)))","v":{"$error":"#DIV/0!"}},{"$f":"params!$C$15*P4584*(E4584-Inputs!$X$26)","v":{"$error":"#DIV/0!"}},{"$error":"#DIV/0!"}]
["2004-07-11","02:00:00",0,0,14,14,100,{"$f":"Inputs!$X$37*Inputs!$X$32*(E4587-Inputs!$X$26)","v":-24373.302387873198},{"$f":"Inputs!$X$33*C4587*Inputs!$X$38","v":0},{"$f":"params!$C$15*Inputs!$X$29*(E4587-Inputs!$X$26)","v":-2532.1439999999993},{"$f":"Inputs!$X$40*Inputs!$X$41/8760","v":5342.4657534246571},{"$f":"-Inputs!$X$45*Inputs!$X$33","v":-30000},1593.7190459500907,9.939322574797271E-3,9.939322574797271E-3,{"$f":"-L4587/(1.202*2465560*MAX(0,(Inputs!$X$49-O4587)))","v":9.5591619903650198},{"$f":"params!$C$15*P4587*(E4587-Inputs!$X$26)","v":-82060.65429446772},-133623.63492891626]
["2004-07-11","04:00:00",0,10,12,12,100,{"$f":"Inputs!$X$37*Inputs!$X$32*(E4589-Inputs!$X$26)","v":-31228.293684462536},{"$f":"Inputs!$X$33*C4589*Inputs!$X$38","v":0},{"$f":"params!$C$15*Inputs!$X$29*(E4589-Inputs!$X$26)","v":-3244.3094999999989},{"$f":"Inputs!$X$40*Inputs!$X$41/8760","v":5342.4657534246571},{"$f":"-Inputs!$X$45*Inputs!$X$33","v":-30000},1398.3079270856979,8.70357605607666E-3,8.70357605607666E-3,{"$f":"-L4589/(1.202*2465560*MAX(0,(Inputs!$X$49-O4589)))","v":4.4113672589094035},{"$f":"params!$C$15*P4589*(E4589-Inputs!$X$26)","v":-48520.162654330132},-107650.30008536801]
["2004-07-11","10:00:00",731,3,23,16,65,{"$f":"Inputs!$X$37*Inputs!$X$32*(E4595-Inputs!$X$26)","v":6474.1584467788198},{"$f":"Inputs!$X$33*C4595*Inputs!$X$38","v":142615.59471938611},{"$f":"params!$C$15*Inputs!$X$29*(E4595-Inputs!$X$26)","v":672.60074999999995},{"$f":"Inputs!$X$40*Inputs!$X$41/8760","v":5342.4657534246571},{"$f":"-Inputs!$X$45*Inputs!$X$33","v":-30000},2801.0950714195728,1.768327304712981E-2,1.1494127480634378E-2,{"$f":"-L4595/(1.202*2465560*MAX(0,(Inputs!$X$49-O4595)))","v":{"$error":"#DIV/0!"}},{"$f":"params!$C$15*P4595*(E4595-Inputs!$X$26)","v":{"$error":"#DIV/0!"}},{"$error":"#DIV/0!"}]
["2004-07-11","13:00:00",874,5,27,16,51,{"$f":"Inputs!$X$37*Inputs!$X$32*(E4598-Inputs!$X$26)","v":20184.141039957496},{"$f":"Inputs!$X$33*C4598*Inputs!$X$38","v":170514.40463029197},{"$f":"params!$C$15*Inputs!$X$29*(E4598-Inputs!$X$26)","v":2096.9317499999997},{"$f":"Inputs!$X$40*Inputs!$X$41/8760","v":5342.4657534246571},{"$f":"-Inputs!$X$45*Inputs!$X$33","v":-30000},3555.0534347297348,2.2616071840205452E-2,1.153419663850478E-2,{"$f":"-L4598/(1.202*2465560*MAX(0,(Inputs!$X$49-O4598)))","v":{"$error":"#DIV/0!"}},{"$f":"params!$C$15*P4598*(E4598-Inputs!$X$26)","v":{"$error":"#DIV/0!"}},{"$error":"#DIV/0!"}]
["2004-07-11","14:00:00",855,8,28,16,48,{"$f":"Inputs!$X$37*Inputs!$X$32*(E4599-Inputs!$X$26)","v":23611.636688252162},{"$f":"Inputs!$X$33*C4599*Inputs!$X$38","v":166807.56974702477},{"$f":"params!$C$15*Inputs!$X$29*(E4599-Inputs!$X$26)","v":2453.0144999999998},{"$f":"Inputs!$X$40*Inputs!$X$41/8760","v":5342.4657534246571},{"$f":"-Inputs!$X$45*Inputs!$X$33","v":-30000},3769.1055437563177,2.4030411275220657E-2,1.1534597412105916E-2,{"$f":"-L4599/(1.202*2465560*MAX(0,(Inputs!$X$49-O4599)))","v":{"$error":"#DIV/0!"}},{"$f":"params!$C$15*P4599*(E4599-Inputs!$X$26)","v":{"$error":"#DIV/0!"}},{"$error":"#DIV/0!"}]
["2004-07-11","17:00:00",472,3,28,16,48,{"$f":"Inputs!$X$37*Inputs!$X$32*(E4602-Inputs!$X$26)","v":23611.636688252162},{"$f":"Inputs!$X$33*C4602*Inputs!$X$38","v":92085.582363269816},{"$f":"params!$C$15*Inputs!$X$29*(E4602-Inputs!$X$26)","v":2453.0144999999998},{"$f":"Inputs!$X$40*Inputs!$X$41/8760","v":5342.4657534246571},{"$f":"-Inputs!$X$45*Inputs!$X$33","v":-30000},3769.1055437563177,2.4030411275220657E-2,1.1534597412105916E-2,{"$f":"-L4602/(1.202*2465560*MAX(0,(Inputs!$X$49-O4602)))","v":{"$error":"#DIV/0!"}},{"$f":"params!$C$15*P4602*(E4602-Inputs!$X$26)","v":{"$error":"#DIV/0!"}},{"$error":"#DIV/0!"}]
["2004-07-11","20:00:00",8,5,21,17,78,{"$f":"Inputs!$X$37*Inputs!$X$32*(E4605-Inputs!$X$26)","v":-380.83284981051736},{"$f":"Inputs!$X$33*C4605*Inputs!$X$38","v":1560.7725824283018},{"$f":"params!$C$15*Inputs!$X$29*(E4605-Inputs!$X$26)","v":-39.564749999999847},{"$f":"Inputs!$X$40*Inputs!$X$41/8760","v":5342.4657534246571},{"$f":"-Inputs!$X$45*Inputs!$X$33","v":-30000},2479.5289798458998,1.5602307510579843E-2,1.2169799858252277E-2,{"$f":"-L4605/(1.202*2465560*MAX(0,(Inputs!$X$49-O4605)))","v":{"$error":"#DIV/0!"}},{"$f":"params!$C$15*P4605*(E4605-Inputs!$X$26)","v":{"$error":"#DIV/0!"}},{"$error":"#DIV/0!"}]
["2004-07-11",1,0,8,18,17,94,{"$f":"Inputs!$X$37*Inputs!$X$32*(E4609-Inputs!$X$26)","v":-10663.319794694524},{"$f":"Inputs!$X$33*C4609*Inputs!$X$38","v":0},{"$f":"params!$C$15*Inputs!$X$29*(E4609-Inputs!$X$26)","v":-1107.8129999999996},{"$f":"Inputs!$X$40*Inputs!$X$41/8760","v":5342.4657534246571},{"$f":"-Inputs!$X$45*Inputs!$X$33","v":-30000},2057.7011249857014,1.2892956292988709E-2,1.2119378915409387E-2,{"$f":"-L4609/(1.202*2465560*MAX(0,(Inputs!$X$49-O4609)))","v":{"$error":"#DIV/0!"}},{"$f":"params!$C$15*P4609*(E4609-Inputs!$X$26)","v":{"$error":"#DIV/0!"}},{"$error":"#DIV/0!"}]
["2004-07-12","03:00:00",0,10,17,16,94,{"$f":"Inputs!$X$37*Inputs!$X$32*(E4612-Inputs!$X$26)","v":-14090.815442989191},{"$f":"Inputs!$X$33*C4612*Inputs!$X$38","v":0},{"$f":"params!$C$15*Inputs!$X$29*(E4612-Inputs!$X$26)","v":-1463.8957499999995},{"$f":"Inputs!$X$40*Inputs!$X$41/8760","v":5342.4657534246571},{"$f":"-Inputs!$X$45*Inputs!$X$33","v":-30000},1931.8104441244629,1.2088830888770941E-2,1.1363501035444683E-2,{"$f":"-L4612/(1.202*2465560*MAX(0,(Inputs!$X$49-O4612)))","v":{"$error":"#DIV/0!"}},{"$f":"params!$C$15*P4612*(E4612-Inputs!$X$26)","v":{"$error":"#DIV/0!"}},{"$error":"#DIV/0!"}]
["2004-07-12","05:00:00",0,10,17,16,94,{"$f":"Inputs!$X$37*Inputs!$X$32*(E4614-Inputs!$X$26)","v":-14090.815442989191},{"$f":"Inputs!$X$33*C4614*Inputs!$X$38","v":0},{"$f":"params!$C$15*Inputs!$X$29*(E4614-Inputs!$X$26)","v":-1463.8957499999995},{"$f":"Inputs!$X$40*Inputs!$X$41/8760","v":5342.4657534246571},{"$f":"-Inputs!$X$45*Inputs!$X$33","v":-30000},1931.8104441244629,1.2088830888770941E-2,1.1363501035444683E-2,{"$f":"-L4614/(1.202*2465560*MAX(0,(Inputs!$X$49-O4614)))","v":{"$error":"#DIV/0!"}},{"$f":"params!$C$15*P4614*(E4614-Inputs!$X$26)","v":{"$error":"#DIV/0!"}},{"$error":"#DIV/0!"}]
["2004-07-12","11:00:00",173,10,21,19,88,{"$f":"Inputs!$X$37*Inputs!$X$32*(E4620-Inputs!$X$26)","v":-380.83284981051736},{"$f":"Inputs!$X$33*C4620*Inputs!$X$38","v":33751.707095012032},{"$f":"params!$C$15*Inputs!$X$29*(E4620-Inputs!$X$26)","v":-39.564749999999847},{"$f":"Inputs!$X$40*Inputs!$X$41/8760","v":5342.4657534246571},{"$f":"-Inputs!$X$45*Inputs!$X$33","v":-30000},2479.5289798458998,1.5602307510579843E-2,1.3730030609310263E-2,{"$f":"-L4620/(1.202*2465560*MAX(0,(Inputs!$X$49-O4620)))","v":{"$error":"#DIV/0!"}},{"$f":"params!$C$15*P4620*(E4620-Inputs!$X$26)","v":{"$error":"#DIV/0!"}},{"$error":"#DIV/0!"}]
["2004-07-12","14:00:00",212,10,21,19,88,{"$f":"Inputs!$X$37*Inputs!$X$32*(E4623-Inputs!$X$26)","v":-380.83284981051736},{"$f":"Inputs!$X$33*C4623*Inputs!$X$38","v":41360.473434350002},{"$f":"params!$C$15*Inputs!$X$29*(E4623-Inputs!$X$26)","v":-39.564749999999847},{"$f":"Inputs!$X$40*Inputs!$X$41/8760","v":5342.4657534246571},{"$f":"-Inputs!$X$45*Inputs!$X$33","v":-30000},2479.5289798458998,1.5602307510579843E-2,1.3730030609310263E-2,{"$f":"-L4623/(1.202*2465560*MAX(0,(Inputs!$X$49-O4623)))","v":{"$error":"#DIV/0!"}},{"$f":"params!$C$15*P4623*(E4623-Inputs!$X$26)","v":{"$error":"#DIV/0!"}},{"$error":"#DIV/0!"}]
["2004-07-12","15:00:00",214,10,21,19,88,{"$f":"Inputs!$X$37*Inputs!$X$32*(E4624-Inputs!$X$26)","v":-380.83284981051736},{"$f":"Inputs!$X$33*C4624*Inputs!$X$38","v":41750.666579957076},{"$f":"params!$C$15*Inputs!$X$29*(E4624-Inputs!$X$26)","v":-39.564749999999847},{"$f":"Inputs!$X$40*Inputs!$X$41/8760","v":5342.4657534246571},{"$f":"-Inputs!$X$45*Inputs!$X$33","v":-30000},2479.5289798458998,1.5602307510579843E-2,1.3730030609310263E-2,{"$f":"-L4624/(1.202*2465560*MAX(0,(Inputs!$X$49-O4624)))","v":{"$error":"#DIV/0!"}},{"$f":"params!$C$15*P4624*(E4624-Inputs!$X$26)","v":{"$error":"#DIV/0!"}},{"$error":"#DIV/0!"}]
["2004-07-12","18:00:00",88,10,21,18,83,{"$f":"Inputs!$X$37*Inputs!$X$32*(E4627-Inputs!$X$26)","v":-380.83284981051736},{"$f":"Inputs!$X$33*C4627*Inputs!$X$38","v":17168.498406711322},{"$f":"params!$C$15*Inputs!$X$29*(E4627-Inputs!$X$26)","v":-39.564749999999847},{"$f":"Inputs!$X$40*Inputs!$X$41/8760","v":5342.4657534246571},{"$f":"-Inputs!$X$45*Inputs!$X$33","v":-30000},2479.5289798458998,1.5602307510579843E-2,1.2949915233781271E-2,{"$f":"-L4627/(1.202*2465560*MAX(0,(Inputs!$X$49-O4627)))","v":{"$error":"#DIV/0!"}},{"$f":"params!$C$15*P4627*(E4627-Inputs!$X$26)","v":{"$error":"#DIV/0!"}},{"$error":"#DIV/0!"}]
["2004-07-12","21:00:00",0,10,20,18,88,{"$f":"Inputs!$X$37*Inputs!$X$32*(E4630-Inputs!$X$26)","v":-3808.3284981051861},{"$f":"Inputs!$X$33*C4630*Inputs!$X$38","v":0},{"$f":"params!$C$15*Inputs!$X$29*(E4630-Inputs!$X$26)","v":-395.64749999999975},{"$f":"Inputs!$X$40*Inputs!$X$41/8760","v":5342.4657534246571},{"$f":"-Inputs!$X$45*Inputs!$X$33","v":-30000},2331.2150168593957,1.4647072201887702E-2,1.2889423537661178E-2,{"$f":"-L4630/(1.202*2465560*MAX(0,(Inputs!$X$49-O4630)))","v":{"$error":"#DIV/0!"}},{"$f":"params!$C$15*P4630*(E4630-Inputs!$X$26)","v":{"$error":"#DIV/0!"}},{"$error":"#DIV/0!"}]
["2004-07-13","01:00:00",0,10,19,17,88,{"$f":"Inputs!$X$37*Inputs!$X$32*(E4634-Inputs!$X$26)","v":-7235.8241463998547},{"$f":"Inputs!$X$33*C4634*Inputs!$X$38","v":0},{"$f":"params!$C$15*Inputs!$X$29*(E4634-Inputs!$X$26)","v":-751.73024999999973},{"$f":"Inputs!$X$40*Inputs!$X$41/8760","v":5342.4657534246571},{"$f":"-Inputs!$X$45*Inputs!$X$33","v":-30000},2190.7229749852513,1.3744851093608144E-2,1.2095468962375167E-2,{"$f":"-L4634/(1.202*2465560*MAX(0,(Inputs!$X$49-O4634)))","v":{"$error":"#DIV/0!"}},{"$f":"params!$C$15*P4634*(E4634-Inputs!$X$26)","v":{"$error":"#DIV/0!"}},{"$error":"#DIV/0!"}]
["2004-07-13","06:00:00",25,10,18,17,94,{"$f":"Inputs!$X$37*Inputs!$X$32*(E4639-Inputs!$X$26)","v":-10663.319794694524},{"$f":"Inputs!$X$33*C4639*Inputs!$X$38","v":4877.4143200884437},{"$f":"params!$C$15*Inputs!$X$29*(E4639-Inputs!$X$26)","v":-1107.8129999999996},{"$f":"Inputs!$X$40*Inputs!$X$41/8760","v":5342.4657534246571},{"$f":"-Inputs!$X$45*Inputs!$X$33","v":-30000},2057.7011249857014,1.2892956292988709E-2,1.2119378915409387E-2,{"$f":"-L4639/(1.202*2465560*MAX(0,(Inputs!$X$49-O4639)))","v":{"$error":"#DIV/0!"}},{"$f":"params!$C$15*P4639*(E4639-Inputs!$X$26)","v":{"$error":"#DIV/0!"}},{"$error":"#DIV/0!"}]
["2004-07-13","08:00:00",122,10,18,17,94,{"$f":"Inputs!$X$37*Inputs!$X$32*(E4641-Inputs!$X$26)","v":-10663.319794694524},{"$f":"Inputs!$X$33*C4641*Inputs!$X$38","v":23801.781882031602},{"$f":"params!$C$15*Inputs!$X$29*(E4641-Inputs!$X$26)","v":-1107.8129999999996},{"$f":"Inputs!$X$40*Inputs!$X$41/8760","v":5342.4657534246571},{"$f":"-Inputs!$X$45*Inputs!$X$33","v":-30000},2057.7011249857014,1.2892956292988709E-2,1.2119378915409387E-2,{"$f":"-L4641/(1.202*2465560*MAX(0,(Inputs!$X$49-O4641)))","v":{"$error":"#DIV/0!"}},{"$f":"params!$C$15*P4641*(E4641-Inputs!$X$26)","v":{"$error":"#DIV/0!"}},{"$error":"#DIV/0!"}]
["2004-07-13","12:00:00",535,10,22,18,78,{"$f":"Inputs!$X$37*Inputs!$X$32*(E4645-Inputs!$X$26)","v":3046.6627984841512},{"$f":"Inputs!$X$33*C4645*Inputs!$X$38","v":104376.6664498927},{"$f":"params!$C$15*Inputs!$X$29*(E4645-Inputs!$X$26)","v":316.51800000000009},{"$f":"Inputs!$X$40*Inputs!$X$41/8760","v":5342.4657534246571},{"$f":"-Inputs!$X$45*Inputs!$X$33","v":-30000},2636.0296246790026,1.6613383438113645E-2,1.2958439081728643E-2,{"$f":"-L4645/(1.202*2465560*MAX(0,(Inputs!$X$49-O4645)))","v":{"$error":"#DIV/0!"}},{"$f":"params!$C$15*P4645*(E4645-Inputs!$X$26)","v":{"$error":"#DIV/0!"}},{"$error":"#DIV/0!"}]
["2004-07-13","15:00:00",719,8,26,19,65,{"$f":"Inputs!$X$37*Inputs!$X$32*(E4648-Inputs!$X$26)","v":16756.645391662827},{"$f":"Inputs!$X$33*C4648*Inputs!$X$38","v":140274.43584574363},{"$f":"params!$C$15*Inputs!$X$29*(E4648-Inputs!$X$26)","v":1740.8489999999997},{"$f":"Inputs!$X$40*Inputs!$X$41/8760","v":5342.4657534246571},{"$f":"-Inputs!$X$45*Inputs!$X$33","v":-30000},3351.668772324198,2.1277942853302922E-2,1.3830662854646901E-2,{"$f":"-L4648/(1.202*2465560*MAX(0,(Inputs!$X$49-O4648)))","v":{"$error":"#DIV/0!"}},{"$f":"params!$C$15*P4648*(E4648-Inputs!$X$26)","v":{"$error":"#DIV/0!"}},{"$error":"#DIV/0!"}]
["2004-07-13","16:00:00",612,4,25,19,69,{"$f":"Inputs!$X$37*Inputs!$X$32*(E4649-Inputs!$X$26)","v":13329.149743368158},{"$f":"Inputs!$X$33*C4649*Inputs!$X$38","v":119399.1025557651},{"$f":"params!$C$15*Inputs!$X$29*(E4649-Inputs!$X$26)","v":1384.7662499999999},{"$f":"Inputs!$X$40*Inputs!$X$41/8760","v":5342.4657534246571},{"$f":"-Inputs!$X$45*Inputs!$X$33","v":-30000},3158.5016332003511,2.0012171957865876E-2,1.3808398650927454E-2,{"$f":"-L4649/(1.202*2465560*MAX(0,(Inputs!$X$49-O4649)))","v":{"$error":"#DIV/0!"}},{"$f":"params!$C$15*P4649*(E4649-Inputs!$X$26)","v":{"$error":"#DIV/0!"}},{"$error":"#DIV/0!"}]
["2004-07-13","19:00:00",128,0,23,18,73,{"$f":"Inputs!$X$37*Inputs!$X$32*(E4652-Inputs!$X$26)","v":6474.1584467788198},{"$f":"Inputs!$X$33*C4652*Inputs!$X$38","v":24972.361318852829},{"$f":"params!$C$15*Inputs!$X$29*(E4652-Inputs!$X$26)","v":672.60074999999995},{"$f":"Inputs!$X$40*Inputs!$X$41/8760","v":5342.4657534246571},{"$f":"-Inputs!$X$45*Inputs!$X$33","v":-30000},2801.0950714195728,1.768327304712981E-2,1.2908789324404762E-2,{"$f":"-L4652/(1.202*2465560*MAX(0,(Inputs!$X$49-O4652)))","v":{"$error":"#DIV/0!"}},{"$f":"params!$C$15*P4652*(E4652-Inputs!$X$26)","v":{"$error":"#DIV/0!"}},{"$error":"#DIV/0!"}]
["2004-07-13","22:00:00",0,10,20,19,94,{"$f":"Inputs!$X$37*Inputs!$X$32*(E4655-Inputs!$X$26)","v":-3808.3284981051861},{"$f":"Inputs!$X$33*C4655*Inputs!$X$38","v":0},{"$f":"params!$C$15*Inputs!$X$29*(E4655-Inputs!$X$26)","v":-395.64749999999975},{"$f":"Inputs!$X$40*Inputs!$X$41/8760","v":5342.4657534246571},{"$f":"-Inputs!$X$45*Inputs!$X$33","v":-30000},2331.2150168593957,1.4647072201887702E-2,1.3768247869774439E-2,{"$f":"-L4655/(1.202*2465560*MAX(0,(Inputs!$X$49-O4655)))","v":{"$error":"#DIV/0!"}},{"$f":"params!$C$15*P4655*(E4655-Inputs!$X$26)","v":{"$error":"#DIV/0!"}},{"$error":"#DIV/0!"}]
["2004-07-14","02:00:00",0,10,19,19,100,{"$f":"Inputs!$X$37*Inputs!$X$32*(E4659-Inputs!$X$26)","v":-7235.8241463998547},{"$f":"Inputs!$X$33*C4659*Inputs!$X$38","v":0},{"$f":"params!$C$15*Inputs!$X$29*(E4659-Inputs!$X$26)","v":-751.73024999999973},{"$f":"Inputs!$X$40*Inputs!$X$41/8760","v":5342.4657534246571},{"$f":"-Inputs!$X$45*Inputs!$X$33","v":-30000},2190.7229749852513,1.3744851093608144E-2,1.3744851093608144E-2,{"$f":"-L4659/(1.202*2465560*MAX(0,(Inputs!$X$49-O4659)))","v":{"$error":"#DIV/0!"}},{"$f":"params!$C$15*P4659*(E4659-Inputs!$X$26)","v":{"$error":"#DIV/0!"}},{"$error":"#DIV/0!"}]
["2004-07-14","07:00:00",76,10,20,19,94,{"$f":"Inputs!$X$37*Inputs!$X$32*(E4664-Inputs!$X$26)","v":-3808.3284981051861},{"$f":"Inputs!$X$33*C4664*Inputs!$X$38","v":14827.339533068867},{"$f":"params!$C$15*Inputs!$X$29*(E4664-Inputs!$X$26)","v":-395.64749999999975},{"$f":"Inputs!$X$40*Inputs!$X$41/8760","v":5342.4657534246571},{"$f":"-Inputs!$X$45*Inputs!$X$33","v":-30000},2331.2150168593957,1.4647072201887702E-2,1.3768247869774439E-2,{"$f":"-L4664/(1.202*2465560*MAX(0,(Inputs!$X$49-O4664)))","v":{"$error":"#DIV/0!"}},{"$f":"params!$C$15*P4664*(E4664-Inputs!$X$26)","v":{"$error":"#DIV/0!"}},{"$error":"#DIV/0!"}]
["2004-07-14","10:00:00",113,10,18,17,94,{"$f":"Inputs!$X$37*Inputs!$X$32*(E4667-Inputs!$X$26)","v":-10663.319794694524},{"$f":"Inputs!$X$33*C4667*Inputs!$X$38","v":22045.912726799765},{"$f":"params!$C$15*Inputs!$X$29*(E4667-Inputs!$X$26)","v":-1107.8129999999996},{"$f":"Inputs!$X$40*Inputs!$X$41/8760","v":5342.4657534246571},{"$f":"-Inputs!$X$45*Inputs!$X$33","v":-30000},2057.7011249857014,1.2892956292988709E-2,1.2119378915409387E-2,{"$f":"-L4667/(1.202*2465560*MAX(0,(Inputs!$X$49-O4667)))","v":{"$error":"#DIV/0!"}},{"$f":"params!$C$15*P4667*(E4667-Inputs!$X$26)","v":{"$error":"#DIV/0!"}},{"$error":"#DIV/0!"}]
["2004-07-14","13:00:00",144,10,20,17,83,{"$f":"Inputs!$X$37*Inputs!$X$32*(E4670-Inputs!$X$26)","v":-3808.3284981051861},{"$f":"Inputs!$X$33*C4670*Inputs!$X$38","v":28093.906483709434},{"$f":"params!$C$15*Inputs!$X$29*(E4670-Inputs!$X$26)","v":-395.64749999999975},{"$f":"Inputs!$X$40*Inputs!$X$41/8760","v":5342.4657534246571},{"$f":"-Inputs!$X$45*Inputs!$X$33","v":-30000},2331.2150168593957,1.4647072201887702E-2,1.2157069927566792E-2,{"$f":"-L4670/(1.202*2465560*MAX(0,(Inputs!$X$49-O4670)))","v":{"$error":"#DIV/0!"}},{"$f":"params!$C$15*P4670*(E4670-Inputs!$X$26)","v":{"$error":"#DIV/0!"}},{"$error":"#DIV/0!"}]
["2004-07-14","16:00:00",340,10,18,16,88,{"$f":"Inputs!$X$37*Inputs!$X$32*(E4673-Inputs!$X$26)","v":-10663.319794694524},{"$f":"Inputs!$X$33*C4673*Inputs!$X$38","v":66332.834753202827},{"$f":"params!$C$15*Inputs!$X$29*(E4673-Inputs!$X$26)","v":-1107.8129999999996},{"$f":"Inputs!$X$40*Inputs!$X$41/8760","v":5342.4657534246571},{"$f":"-Inputs!$X$45*Inputs!$X$33","v":-30000},2057.7011249857014,1.2892956292988709E-2,1.1345801537830063E-2,{"$f":"-L4673/(1.202*2465560*MAX(0,(Inputs!$X$49-O4673)))","v":{"$error":"#DIV/0!"}},{"$f":"params!$C$15*P4673*(E4673-Inputs!$X$26)","v":{"$error":"#DIV/0!"}},{"$error":"#DIV/0!"}]
["2004-07-14","17:00:00",110,10,18,17,94,{"$f":"Inputs!$X$37*Inputs!$X$32*(E4674-Inputs!$X$26)","v":-10663.319794694524},{"$f":"Inputs!$X$33*C4674*Inputs!$X$38","v":21460.62300838915},{"$f":"params!$C$15*Inputs!$X$29*(E4674-Inputs!$X$26)","v":-1107.8129999999996},{"$f":"Inputs!$X$40*Inputs!$X$41/8760","v":5342.4657534246571},{"$f":"-Inputs!$X$45*Inputs!$X$33","v":-30000},2057.7011249857014,1.2892956292988709E-2,1.2119378915409387E-2,{"$f":"-L4674/(1.202*2465560*MAX(0,(Inputs!$X$49-O4674)))","v":{"$error":"#DIV/0!"}},{"$f":"params!$C$15*P4674*(E4674-Inputs!$X$26)","v":{"$error":"#DIV/0!"}},{"$error":"#DIV/0!"}]
["2004-07-14","20:00:00",3,8,17,17,100,{"$f":"Inputs!$X$37*Inputs!$X$32*(E4677-Inputs!$X$26)","v":-14090.815442989191},{"$f":"Inputs!$X$33*C4677*Inputs!$X$38","v":585.2897184106132},{"$f":"params!$C$15*Inputs!$X$29*(E4677-Inputs!$X$26)","v":-1463.8957499999995},{"$f":"Inputs!$X$40*Inputs!$X$41/8760","v":5342.4657534246571},{"$f":"-Inputs!$X$45*Inputs!$X$33","v":-30000},1931.8104441244629,1.2088830888770941E-2,1.2088830888770941E-2,{"$f":"-L4677/(1.202*2465560*MAX(0,(Inputs!$X$49-O4677)))","v":{"$error":"#DIV/0!"}},{"$f":"params!$C$15*P4677*(E4677-Inputs!$X$26)","v":{"$error":"#DIV/0!"}},{"$error":"#DIV/0!"}]
["2004-07-14","23:00:00",0,10,15,14,94,{"$f":"Inputs!$X$37*Inputs!$X$32*(E4680-Inputs!$X$26)","v":-20945.806739578529},{"$f":"Inputs!$X$33*C4680*Inputs!$X$38","v":0},{"$f":"params!$C$15*Inputs!$X$29*(E4680-Inputs!$X$26)","v":-2176.0612499999993},{"$f":"Inputs!$X$40*Inputs!$X$41/8760","v":5342.4657534246571},{"$f":"-Inputs!$X$45*Inputs!$X$33","v":-30000},1700.1281023555496,1.0614273895273205E-2,9.9774174615568124E-3,{"$f":"-L4680/(1.202*2465560*MAX(0,(Inputs!$X$49-O4680)))","v":9.9158727775015763},{"$f":"params!$C$15*P4680*(E4680-Inputs!$X$26)","v":-73152.439850286173},-120931.84208644004]
["2004-07-15","03:00:00",0,10,14,13,94,{"$f":"Inputs!$X$37*Inputs!$X$32*(E4684-Inputs!$X$26)","v":-24373.302387873198},{"$f":"Inputs!$X$33*C4684*Inputs!$X$38","v":0},{"$f":"params!$C$15*Inputs!$X$29*(E4684-Inputs!$X$26)","v":-2532.1439999999993},{"$f":"Inputs!$X$40*Inputs!$X$41/8760","v":5342.4657534246571},{"$f":"-Inputs!$X$45*Inputs!$X$33","v":-30000},1593.7190459500907,9.939322574797271E-3,9.3429632203094349E-3,{"$f":"-L4684/(1.202*2465560*MAX(0,(Inputs!$X$49-O4684)))","v":6.1153067273438522},{"$f":"params!$C$15*P4684*(E4684-Inputs!$X$26)","v":-52496.868633778031},-104059.84926822656]
["2004-07-15","08:00:00",136,10,18,16,88,{"$f":"Inputs!$X$37*Inputs!$X$32*(E4689-Inputs!$X$26)","v":-10663.319794694524},{"$f":"Inputs!$X$33*C4689*Inputs!$X$38","v":26533.133901281133},{"$f":"params!$C$15*Inputs!$X$29*(E4689-Inputs!$X$26)","v":-1107.8129999999996},{"$f":"Inputs!$X$40*Inputs!$X$41/8760","v":5342.4657534246571},{"$f":"-Inputs!$X$45*Inputs!$X$33","v":-30000},2057.7011249857014,1.2892956292988709E-2,1.1345801537830063E-2,{"$f":"-L4689/(1.202*2465560*MAX(0,(Inputs!$X$49-O4689)))","v":{"$error":"#DIV/0!"}},{"$f":"params!$C$15*P4689*(E4689-Inputs!$X$26)","v":{"$error":"#DIV/0!"}},{"$error":"#DIV/0!"}]
["2004-07-15","11:00:00",408,10,21,17,78,{"$f":"Inputs!$X$37*Inputs!$X$32*(E4692-Inputs!$X$26)","v":-380.83284981051736},{"$f":"Inputs!$X$33*C4692*Inputs!$X$38","v":79599.401703843396},{"$f":"params!$C$15*Inputs!$X$29*(E4692-Inputs!$X$26)","v":-39.564749999999847},{"$f":"Inputs!$X$40*Inputs!$X$41/8760","v":5342.4657534246571},{"$f":"-Inputs!$X$45*Inputs!$X$33","v":-30000},2479.5289798458998,1.5602307510579843E-2,1.2169799858252277E-2,{"$f":"-L4692/(1.202*2465560*MAX(0,(Inputs!$X$49-O4692)))","v":{"$error":"#DIV/0!"}},{"$f":"params!$C$15*P4692*(E4692-Inputs!$X$26)","v":{"$error":"#DIV/0!"}},{"$error":"#DIV/0!"}]
["2004-07-15","14:00:00",377,10,22,17,73,{"$f":"Inputs!$X$37*Inputs!$X$32*(E4695-Inputs!$X$26)","v":3046.6627984841512},{"$f":"Inputs!$X$33*C4695*Inputs!$X$38","v":73551.40794693373},{"$f":"params!$C$15*Inputs!$X$29*(E4695-Inputs!$X$26)","v":316.51800000000009},{"$f":"Inputs!$X$40*Inputs!$X$41/8760","v":5342.4657534246571},{"$f":"-Inputs!$X$45*Inputs!$X$33","v":-30000},2636.0296246790026,1.6613383438113645E-2,1.212776990982296E-2,{"$f":"-L4695/(1.202*2465560*MAX(0,(Inputs!$X$49-O4695)))","v":{"$error":"#DIV/0!"}},{"$f":"params!$C$15*P4695*(E4695-Inputs!$X$26)","v":{"$error":"#DIV/0!"}},{"$error":"#DIV/0!"}]
["2004-07-15","17:00:00",247,9,19,15,78,{"$f":"Inputs!$X$37*Inputs!$X$32*(E4698-Inputs!$X$26)","v":-7235.8241463998547},{"$f":"Inputs!$X$33*C4698*Inputs!$X$38","v":48188.853482473824},{"$f":"params!$C$15*Inputs!$X$29*(E4698-Inputs!$X$26)","v":-751.73024999999973},{"$f":"Inputs!$X$40*Inputs!$X$41/8760","v":5342.4657534246571},{"$f":"-Inputs!$X$45*Inputs!$X$33","v":-30000},2190.7229749852513,1.3744851093608144E-2,1.0720983853014352E-2,{"$f":"-L4698/(1.202*2465560*MAX(0,(Inputs!$X$49-O4698)))","v":36.50449450243314},{"$f":"params!$C$15*P4698*(E4698-Inputs!$X$26)","v":-93032.591770626517},-77488.8269311279]
["2004-07-15","18:00:00",134,10,19,15,78,{"$f":"Inputs!$X$37*Inputs!$X$32*(E4699-Inputs!$X$26)","v":-7235.8241463998547},{"$f":"Inputs!$X$33*C4699*Inputs!$X$38","v":26142.940755674055},{"$f":"params!$C$15*Inputs!$X$29*(E4699-Inputs!$X$26)","v":-751.73024999999973},{"$f":"Inputs!$X$40*Inputs!$X$41/8760","v":5342.4657534246571},{"$f":"-Inputs!$X$45*Inputs!$X$33","v":-30000},2190.7229749852513,1.3744851093608144E-2,1.0720983853014352E-2,{"$f":"-L4699/(1.202*2465560*MAX(0,(Inputs!$X$49-O4699)))","v":36.50449450243314},{"$f":"params!$C$15*P4699*(E4699-Inputs!$X$26)","v":-93032.591770626517},-99534.739657927654]
["2004-07-15","21:00:00",0,10,17,14,82,{"$f":"Inputs!$X$37*Inputs!$X$32*(E4702-Inputs!$X$26)","v":-14090.815442989191},{"$f":"Inputs!$X$33*C4702*Inputs!$X$38","v":0},{"$f":"params!$C$15*Inputs!$X$29*(E4702-Inputs!$X$26)","v":-1463.8957499999995},{"$f":"Inputs!$X$40*Inputs!$X$41/8760","v":5342.4657534246571},{"$f":"-Inputs!$X$45*Inputs!$X$33","v":-30000},1931.8104441244629,1.2088830888770941E-2,9.9128413287921709E-3,{"$f":"-L4702/(1.202*2465560*MAX(0,(Inputs!$X$49-O4702)))","v":9.3259504018683312},{"$f":"params!$C$15*P4702*(E4702-Inputs!$X$26)","v":-46283.906294325956},-86496.151733890496]
["2004-07-16","01:00:00",0,9,16,14,88,{"$f":"Inputs!$X$37*Inputs!$X$32*(E4706-Inputs!$X$26)","v":-17518.31109128386},{"$f":"Inputs!$X$33*C4706*Inputs!$X$38","v":0},{"$f":"params!$C$15*Inputs!$X$29*(E4706-Inputs!$X$26)","v":-1819.9784999999995},{"$f":"Inputs!$X$40*Inputs!$X$41/8760","v":5342.4657534246571},{"$f":"-Inputs!$X$45*Inputs!$X$33","v":-30000},1812.7242941450775,1.1330041931761578E-2,9.9704368999501899E-3,{"$f":"-L4706/(1.202*2465560*MAX(0,(Inputs!$X$49-O4706)))","v":9.8485299250665346},{"$f":"params!$C$15*P4706*(E4706-Inputs!$X$26)","v":-60766.52769417841},-104762.35153203762]
["2004-07-16","05:00:00",0,10,17,15,88,{"$f":"Inputs!$X$37*Inputs!$X$32*(E4710-Inputs!$X$26)","v":-14090.815442989191},{"$f":"Inputs!$X$33*C4710*Inputs!$X$38","v":0},{"$f":"params!$C$15*Inputs!$X$29*(E4710-Inputs!$X$26)","v":-1463.8957499999995},{"$f":"Inputs!$X$40*Inputs!$X$41/8760","v":5342.4657534246571},{"$f":"-Inputs!$X$45*Inputs!$X$33","v":-30000},1931.8104441244629,1.2088830888770941E-2,1.0638171182118428E-2,{"$f":"-L4710/(1.202*2465560*MAX(0,(Inputs!$X$49-O4710)))","v":28.10987771188298},{"$f":"params!$C$15*P4710*(E4710-Inputs!$X$26)","v":-139506.95531268412},-179719.20075224864]
["2004-07-16","08:00:00",130,10,17,17,100,{"$f":"Inputs!$X$37*Inputs!$X$32*(E4713-Inputs!$X$26)","v":-14090.815442989191},{"$f":"Inputs!$X$33*C4713*Inputs!$X$38","v":25362.554464459907},{"$f":"params!$C$15*Inputs!$X$29*(E4713-Inputs!$X$26)","v":-1463.8957499999995},{"$f":"Inputs!$X$40*Inputs!$X$41/8760","v":5342.4657534246571},{"$f":"-Inputs!$X$45*Inputs!$X$33","v":-30000},1931.8104441244629,1.2088830888770941E-2,1.2088830888770941E-2,{"$f":"-L4713/(1.202*2465560*MAX(0,(Inputs!$X$49-O4713)))","v":{"$error":"#DIV/0!"}},{"$f":"params!$C$15*P4713*(E4713-Inputs!$X$26)","v":{"$error":"#DIV/0!"}},{"$error":"#DIV/0!"}]
["2004-07-16","12:00:00",194,10,21,17,78,{"$f":"Inputs!$X$37*Inputs!$X$32*(E4717-Inputs!$X$26)","v":-380.83284981051736},{"$f":"Inputs!$X$33*C4717*Inputs!$X$38","v":37848.735123886319},{"$f":"params!$C$15*Inputs!$X$29*(E4717-Inputs!$X$26)","v":-39.564749999999847},{"$f":"Inputs!$X$40*Inputs!$X$41/8760","v":5342.4657534246571},{"$f":"-Inputs!$X$45*Inputs!$X$33","v":-30000},2479.5289798458998,1.5602307510579843E-2,1.2169799858252277E-2,{"$f":"-L4717/(1.202*2465560*MAX(0,(Inputs!$X$49-O4717)))","v":{"$error":"#DIV/0!"}},{"$f":"params!$C$15*P4717*(E4717-Inputs!$X$26)","v":{"$error":"#DIV/0!"}},{"$error":"#DIV/0!"}]
["2004-07-16","15:00:00",127,8,22,18,78,{"$f":"Inputs!$X$37*Inputs!$X$32*(E4720-Inputs!$X$26)","v":3046.6627984841512},{"$f":"Inputs!$X$33*C4720*Inputs!$X$38","v":24777.264746049292},{"$f":"params!$C$15*Inputs!$X$29*(E4720-Inputs!$X$26)","v":316.51800000000009},{"$f":"Inputs!$X$40*Inputs!$X$41/8760","v":5342.4657534246571},{"$f":"-Inputs!$X$45*Inputs!$X$33","v":-30000},2636.0296246790026,1.6613383438113645E-2,1.2958439081728643E-2,{"$f":"-L4720/(1.202*2465560*MAX(0,(Inputs!$X$49-O4720)))","v":{"$error":"#DIV/0!"}},{"$f":"params!$C$15*P4720*(E4720-Inputs!$X$26)","v":{"$error":"#DIV/0!"}},{"$error":"#DIV/0!"}]
["2004-07-16","18:00:00",268,10,22,17,73,{"$f":"Inputs!$X$37*Inputs!$X$32*(E4723-Inputs!$X$26)","v":3046.6627984841512},{"$f":"Inputs!$X$33*C4723*Inputs!$X$38","v":52285.881511348111},{"$f":"params!$C$15*Inputs!$X$29*(E4723-Inputs!$X$26)","v":316.51800000000009},{"$f":"Inputs!$X$40*Inputs!$X$41/8760","v":5342.4657534246571},{"$f":"-Inputs!$X$45*Inputs!$X$33","v":-30000},2636.0296246790026,1.6613383438113645E-2,1.212776990982296E-2,{"$f":"-L4723/(1.202*2465560*MAX(0,(Inputs!$X$49-O4723)))","v":{"$error":"#DIV/0!"}},{"$f":"params!$C$15*P4723*(E4723-Inputs!$X$26)","v":{"$error":"#DIV/0!"}},{"$error":"#DIV/0!"}]
["2004-07-16","19:00:00",101,10,22,18,78,{"$f":"Inputs!$X$37*Inputs!$X$32*(E4724-Inputs!$X$26)","v":3046.6627984841512},{"$f":"Inputs!$X$33*C4724*Inputs!$X$38","v":19704.753853157312},{"$f":"params!$C$15*Inputs!$X$29*(E4724-Inputs!$X$26)","v":316.51800000000009},{"$f":"Inputs!$X$40*Inputs!$X$41/8760","v":5342.4657534246571},{"$f":"-Inputs!$X$45*Inputs!$X$33","v":-30000},2636.0296246790026,1.6613383438113645E-2,1.2958439081728643E-2,{"$f":"-L4724/(1.202*2465560*MAX(0,(Inputs!$X$49-O4724)))","v":{"$error":"#DIV/0!"}},{"$f":"params!$C$15*P4724*(E4724-Inputs!$X$26)","v":{"$error":"#DIV/0!"}},{"$error":"#DIV/0!"}]
["2004-07-16","22:00:00",0,8,18,17,94,{"$f":"Inputs!$X$37*Inputs!$X$32*(E4727-Inputs!$X$26)","v":-10663.319794694524},{"$f":"Inputs!$X$33*C4727*Inputs!$X$38","v":0},{"$f":"params!$C$15*Inputs!$X$29*(E4727-Inputs!$X$26)","v":-1107.8129999999996},{"$f":"Inputs!$X$40*Inputs!$X$41/8760","v":5342.4657534246571},{"$f":"-Inputs!$X$45*Inputs!$X$33","v":-30000},2057.7011249857014,1.2892956292988709E-2,1.2119378915409387E-2,{"$f":"-L4727/(1.202*2465560*MAX(0,(Inputs!$X$49-O4727)))","v":{"$error":"#DIV/0!"}},{"$f":"params!$C$15*P4727*(E4727-Inputs!$X$26)","v":{"$error":"#DIV/0!"}},{"$error":"#DIV/0!"}]
["2004-07-17","02:00:00",0,0,16,15,94,{"$f":"Inputs!$X$37*Inputs!$X$32*(E4731-Inputs!$X$26)","v":-17518.31109128386},{"$f":"Inputs!$X$33*C4731*Inputs!$X$38","v":0},{"$f":"params!$C$15*Inputs!$X$29*(E4731-Inputs!$X$26)","v":-1819.9784999999995},{"$f":"Inputs!$X$40*Inputs!$X$41/8760","v":5342.4657534246571},{"$f":"-Inputs!$X$45*Inputs!$X$33","v":-30000},1812.7242941450775,1.1330041931761578E-2,1.0650239415855885E-2,{"$f":"-L4731/(1.202*2465560*MAX(0,(Inputs!$X$49-O4731)))","v":29.08456204755349},{"$f":"params!$C$15*P4731*(E4731-Inputs!$X$26)","v":-179454.9906009215},-223450.81443878071]
["2004-07-17","06:00:00",67,10,16,16,100,{"$f":"Inputs!$X$37*Inputs!$X$32*(E4735-Inputs!$X$26)","v":-17518.31109128386},{"$f":"Inputs!$X$33*C4735*Inputs!$X$38","v":13071.470377837028},{"$f":"params!$C$15*Inputs!$X$29*(E4735-Inputs!$X$26)","v":-1819.9784999999995},{"$f":"Inputs!$X$40*Inputs!$X$41/8760","v":5342.4657534246571},{"$f":"-Inputs!$X$45*Inputs!$X$33","v":-30000},1812.7242941450775,1.1330041931761578E-2,1.1330041931761578E-2,{"$f":"-L4735/(1.202*2465560*MAX(0,(Inputs!$X$49-O4735)))","v":{"$error":"#DIV/0!"}},{"$f":"params!$C$15*P4735*(E4735-Inputs!$X$26)","v":{"$error":"#DIV/0!"}},{"$error":"#DIV/0!"}]
["2004-07-17","09:00:00",571,0,22,16,69,{"$f":"Inputs!$X$37*Inputs!$X$32*(E4738-Inputs!$X$26)","v":3046.6627984841512},{"$f":"Inputs!$X$33*C4738*Inputs!$X$38","v":111400.14307082005},{"$f":"params!$C$15*Inputs!$X$29*(E4738-Inputs!$X$26)","v":316.51800000000009},{"$f":"Inputs!$X$40*Inputs!$X$41/8760","v":5342.4657534246571},{"$f":"-Inputs!$X$45*Inputs!$X$33","v":-30000},2636.0296246790026,1.6613383438113645E-2,1.1463234572298414E-2,{"$f":"-L4738/(1.202*2465560*MAX(0,(Inputs!$X$49-O4738)))","v":{"$error":"#DIV/0!"}},{"$f":"params!$C$15*P4738*(E4738-Inputs!$X$26)","v":{"$error":"#DIV/0!"}},{"$error":"#DIV/0!"}]
["2004-07-17","13:00:00",635,9,27,15,48,{"$f":"Inputs!$X$37*Inputs!$X$32*(E4742-Inputs!$X$26)","v":20184.141039957496},{"$f":"Inputs!$X$33*C4742*Inputs!$X$38","v":123886.32373024645},{"$f":"params!$C$15*Inputs!$X$29*(E4742-Inputs!$X$26)","v":2096.9317499999997},{"$f":"Inputs!$X$40*Inputs!$X$41/8760","v":5342.4657534246571},{"$f":"-Inputs!$X$45*Inputs!$X$33","v":-30000},3555.0534347297348,2.2616071840205452E-2,1.0855714483298617E-2,{"$f":"-L4742/(1.202*2465560*MAX(0,(Inputs!$X$49-O4742)))","v":71.001128427995866},{"$f":"params!$C$15*P4742*(E4742-Inputs!$X$26)","v":504749.96885993489},626259.83113356354]
["2004-07-17","16:00:00",431,9,26,17,58,{"$f":"Inputs!$X$37*Inputs!$X$32*(E4745-Inputs!$X$26)","v":16756.645391662827},{"$f":"Inputs!$X$33*C4745*Inputs!$X$38","v":84086.622878324764},{"$f":"params!$C$15*Inputs!$X$29*(E4745-Inputs!$X$26)","v":1740.8489999999997},{"$f":"Inputs!$X$40*Inputs!$X$41/8760","v":5342.4657534246571},{"$f":"-Inputs!$X$45*Inputs!$X$33","v":-30000},3351.668772324198,2.1277942853302922E-2,1.2341206854915696E-2,{"$f":"-L4745/(1.202*2465560*MAX(0,(Inputs!$X$49-O4745)))","v":{"$error":"#DIV/0!"}},{"$f":"params!$C$15*P4745*(E4745-Inputs!$X$26)","v":{"$error":"#DIV/0!"}},{"$error":"#DIV/0!"}]
["2004-07-17","19:00:00",39,9,22,15,64,{"$f":"Inputs!$X$37*Inputs!$X$32*(E4748-Inputs!$X$26)","v":3046.6627984841512},{"$f":"Inputs!$X$33*C4748*Inputs!$X$38","v":7608.7663393379707},{"$f":"params!$C$15*Inputs!$X$29*(E4748-Inputs!$X$26)","v":316.51800000000009},{"$f":"Inputs!$X$40*Inputs!$X$41/8760","v":5342.4657534246571},{"$f":"-Inputs!$X$45*Inputs!$X$33","v":-30000},2636.0296246790026,1.6613383438113645E-2,1.0632565400392733E-2,{"$f":"-L4748/(1.202*2465560*MAX(0,(Inputs!$X$49-O4748)))","v":27.679009481721618},{"$f":"params!$C$15*P4748*(E4748-Inputs!$X$26)","v":29701.31731450709},16015.730205753869]
["2004-07-17","20:00:00",2,10,21,16,73,{"$f":"Inputs!$X$37*Inputs!$X$32*(E4749-Inputs!$X$26)","v":-380.83284981051736},{"$f":"Inputs!$X$33*C4749*Inputs!$X$38","v":390.19314560707545},{"$f":"params!$C$15*Inputs!$X$29*(E4749-Inputs!$X$26)","v":-39.564749999999847},{"$f":"Inputs!$X$40*Inputs!$X$41/8760","v":5342.4657534246571},{"$f":"-Inputs!$X$45*Inputs!$X$33","v":-30000},2479.5289798458998,1.5602307510579843E-2,1.1389684482723286E-2,{"$f":"-L4749/(1.202*2465560*MAX(0,(Inputs!$X$49-O4749)))","v":{"$error":"#DIV/0!"}},{"$f":"params!$C$15*P4749*(E4749-Inputs!$X$26)","v":{"$error":"#DIV/0!"}},{"$error":"#DIV/0!"}]
["2004-07-17","23:00:00",0,10,17,16,94,{"$f":"Inputs!$X$37*Inputs!$X$32*(E4752-Inputs!$X$26)","v":-14090.815442989191},{"$f":"Inputs!$X$33*C4752*Inputs!$X$38","v":0},{"$f":"params!$C$15*Inputs!$X$29*(E4752-Inputs!$X$26)","v":-1463.8957499999995},{"$f":"Inputs!$X$40*Inputs!$X$41/8760","v":5342.4657534246571},{"$f":"-Inputs!$X$45*Inputs!$X$33","v":-30000},1931.8104441244629,1.2088830888770941E-2,1.1363501035444683E-2,{"$f":"-L4752/(1.202*2465560*MAX(0,(Inputs!$X$49-O4752)))","v":{"$error":"#DIV/0!"}},{"$f":"params!$C$15*P4752*(E4752-Inputs!$X$26)","v":{"$error":"#DIV/0!"}},{"$error":"#DIV/0!"}]
["2004-07-18","03:00:00",0,10,17,16,94,{"$f":"Inputs!$X$37*Inputs!$X$32*(E4756-Inputs!$X$26)","v":-14090.815442989191},{"$f":"Inputs!$X$33*C4756*Inputs!$X$38","v":0},{"$f":"params!$C$15*Inputs!$X$29*(E4756-Inputs!$X$26)","v":-1463.8957499999995},{"$f":"Inputs!$X$40*Inputs!$X$41/8760","v":5342.4657534246571},{"$f":"-Inputs!$X$45*Inputs!$X$33","v":-30000},1931.8104441244629,1.2088830888770941E-2,1.1363501035444683E-2,{"$f":"-L4756/(1.202*2465560*MAX(0,(Inputs!$X$49-O4756)))","v":{"$error":"#DIV/0!"}},{"$f":"params!$C$15*P4756*(E4756-Inputs!$X$26)","v":{"$error":"#DIV/0!"}},{"$error":"#DIV/0!"}]
["2004-07-18","07:00:00",92,10,17,16,94,{"$f":"Inputs!$X$37*Inputs!$X$32*(E4760-Inputs!$X$26)","v":-14090.815442989191},{"$f":"Inputs!$X$33*C4760*Inputs!$X$38","v":17948.88469792547},{"$f":"params!$C$15*Inputs!$X$29*(E4760-Inputs!$X$26)","v":-1463.8957499999995},{"$f":"Inputs!$X$40*Inputs!$X$41/8760","v":5342.4657534246571},{"$f":"-Inputs!$X$45*Inputs!$X$33","v":-30000},1931.8104441244629,1.2088830888770941E-2,1.1363501035444683E-2,{"$f":"-L4760/(1.202*2465560*MAX(0,(Inputs!$X$49-O4760)))","v":{"$error":"#DIV/0!"}},{"$f":"params!$C$15*P4760*(E4760-Inputs!$X$26)","v":{"$error":"#DIV/0!"}},{"$error":"#DIV/0!"}]
["2004-07-18","10:00:00",170,10,18,17,94,{"$f":"Inputs!$X$37*Inputs!$X$32*(E4763-Inputs!$X$26)","v":-10663.319794694524},{"$f":"Inputs!$X$33*C4763*Inputs!$X$38","v":33166.417376601414},{"$f":"params!$C$15*Inputs!$X$29*(E4763-Inputs!$X$26)","v":-1107.8129999999996},{"$f":"Inputs!$X$40*Inputs!$X$41/8760","v":5342.4657534246571},{"$f":"-Inputs!$X$45*Inputs!$X$33","v":-30000},2057.7011249857014,1.2892956292988709E-2,1.2119378915409387E-2,{"$f":"-L4763/(1.202*2465560*MAX(0,(Inputs!$X$49-O4763)))","v":{"$error":"#DIV/0!"}},{"$f":"params!$C$15*P4763*(E4763-Inputs!$X$26)","v":{"$error":"#DIV/0!"}},{"$error":"#DIV/0!"}]
["2004-07-18","14:00:00",212,10,20,17,83,{"$f":"Inputs!$X$37*Inputs!$X$32*(E4767-Inputs!$X$26)","v":-3808.3284981051861},{"$f":"Inputs!$X$33*C4767*Inputs!$X$38","v":41360.473434350002},{"$f":"params!$C$15*Inputs!$X$29*(E4767-Inputs!$X$26)","v":-395.64749999999975},{"$f":"Inputs!$X$40*Inputs!$X$41/8760","v":5342.4657534246571},{"$f":"-Inputs!$X$45*Inputs!$X$33","v":-30000},2331.2150168593957,1.4647072201887702E-2,1.2157069927566792E-2,{"$f":"-L4767/(1.202*2465560*MAX(0,(Inputs!$X$49-O4767)))","v":{"$error":"#DIV/0!"}},{"$f":"params!$C$15*P4767*(E4767-Inputs!$X$26)","v":{"$error":"#DIV/0!"}},{"$error":"#DIV/0!"}]
["2004-07-18","17:00:00",241,9,22,16,69,{"$f":"Inputs!$X$37*Inputs!$X$32*(E4770-Inputs!$X$26)","v":3046.6627984841512},{"$f":"Inputs!$X$33*C4770*Inputs!$X$38","v":47018.274045652593},{"$f":"params!$C$15*Inputs!$X$29*(E4770-Inputs!$X$26)","v":316.51800000000009},{"$f":"Inputs!$X$40*Inputs!$X$41/8760","v":5342.4657534246571},{"$f":"-Inputs!$X$45*Inputs!$X$33","v":-30000},2636.0296246790026,1.6613383438113645E-2,1.1463234572298414E-2,{"$f":"-L4770/(1.202*2465560*MAX(0,(Inputs!$X$49-O4770)))","v":{"$error":"#DIV/0!"}},{"$f":"params!$C$15*P4770*(E4770-Inputs!$X$26)","v":{"$error":"#DIV/0!"}},{"$error":"#DIV/0!"}]
["2004-07-18","18:00:00",201,9,22,17,73,{"$f":"Inputs!$X$37*Inputs!$X$32*(E4771-Inputs!$X$26)","v":3046.6627984841512},{"$f":"Inputs!$X$33*C4771*Inputs!$X$38","v":39214.411133511087},{"$f":"params!$C$15*Inputs!$X$29*(E4771-Inputs!$X$26)","v":316.51800000000009},{"$f":"Inputs!$X$40*Inputs!$X$41/8760","v":5342.4657534246571},{"$f":"-Inputs!$X$45*Inputs!$X$33","v":-30000},2636.0296246790026,1.6613383438113645E-2,1.212776990982296E-2,{"$f":"-L4771/(1.202*2465560*MAX(0,(Inputs!$X$49-O4771)))","v":{"$error":"#DIV/0!"}},{"$f":"params!$C$15*P4771*(E4771-Inputs!$X$26)","v":{"$error":"#DIV/0!"}},{"$error":"#DIV/0!"}]
["2004-07-18","21:00:00",0,10,19,16,83,{"$f":"Inputs!$X$37*Inputs!$X$32*(E4774-Inputs!$X$26)","v":-7235.8241463998547},{"$f":"Inputs!$X$33*C4774*Inputs!$X$38","v":0},{"$f":"params!$C$15*Inputs!$X$29*(E4774-Inputs!$X$26)","v":-751.73024999999973},{"$f":"Inputs!$X$40*Inputs!$X$41/8760","v":5342.4657534246571},{"$f":"-Inputs!$X$45*Inputs!$X$33","v":-30000},2190.7229749852513,1.3744851093608144E-2,1.1408226407694759E-2,{"$f":"-L4774/(1.202*2465560*MAX(0,(Inputs!$X$49-O4774)))","v":{"$error":"#DIV/0!"}},{"$f":"params!$C$15*P4774*(E4774-Inputs!$X$26)","v":{"$error":"#DIV/0!"}},{"$error":"#DIV/0!"}]
["2004-07-18",1,0,8,16,16,100,{"$f":"Inputs!$X$37*Inputs!$X$32*(E4777-Inputs!$X$26)","v":-17518.31109128386},{"$f":"Inputs!$X$33*C4777*Inputs!$X$38","v":0},{"$f":"params!$C$15*Inputs!$X$29*(E4777-Inputs!$X$26)","v":-1819.9784999999995},{"$f":"Inputs!$X$40*Inputs!$X$41/8760","v":5342.4657534246571},{"$f":"-Inputs!$X$45*Inputs!$X$33","v":-30000},1812.7242941450775,1.1330041931761578E-2,1.1330041931761578E-2,{"$f":"-L4777/(1.202*2465560*MAX(0,(Inputs!$X$49-O4777)))","v":{"$error":"#DIV/0!"}},{"$f":"params!$C$15*P4777*(E4777-Inputs!$X$26)","v":{"$error":"#DIV/0!"}},{"$error":"#DIV/0!"}]
["2004-07-19","04:00:00",0,10,15,14,94,{"$f":"Inputs!$X$37*Inputs!$X$32*(E4781-Inputs!$X$26)","v":-20945.806739578529},{"$f":"Inputs!$X$33*C4781*Inputs!$X$38","v":0},{"$f":"params!$C$15*Inputs!$X$29*(E4781-Inputs!$X$26)","v":-2176.0612499999993},{"$f":"Inputs!$X$40*Inputs!$X$41/8760","v":5342.4657534246571},{"$f":"-Inputs!$X$45*Inputs!$X$33","v":-30000},1700.1281023555496,1.0614273895273205E-2,9.9774174615568124E-3,{"$f":"-L4781/(1.202*2465560*MAX(0,(Inputs!$X$49-O4781)))","v":9.9158727775015763},{"$f":"params!$C$15*P4781*(E4781-Inputs!$X$26)","v":-73152.439850286173},-120931.84208644004]
["2004-07-19","08:00:00",219,10,16,16,100,{"$f":"Inputs!$X$37*Inputs!$X$32*(E4785-Inputs!$X$26)","v":-17518.31109128386},{"$f":"Inputs!$X$33*C4785*Inputs!$X$38","v":42726.149443974762},{"$f":"params!$C$15*Inputs!$X$29*(E4785-Inputs!$X$26)","v":-1819.9784999999995},{"$f":"Inputs!$X$40*Inputs!$X$41/8760","v":5342.4657534246571},{"$f":"-Inputs!$X$45*Inputs!$X$33","v":-30000},1812.7242941450775,1.1330041931761578E-2,1.1330041931761578E-2,{"$f":"-L4785/(1.202*2465560*MAX(0,(Inputs!$X$49-O4785)))","v":{"$error":"#DIV/0!"}},{"$f":"params!$C$15*P4785*(E4785-Inputs!$X$26)","v":{"$error":"#DIV/0!"}},{"$error":"#DIV/0!"}]
["2004-07-19","11:00:00",767,8,22,16,69,{"$f":"Inputs!$X$37*Inputs!$X$32*(E4788-Inputs!$X$26)","v":3046.6627984841512},{"$f":"Inputs!$X$33*C4788*Inputs!$X$38","v":149639.07134031344},{"$f":"params!$C$15*Inputs!$X$29*(E4788-Inputs!$X$26)","v":316.51800000000009},{"$f":"Inputs!$X$40*Inputs!$X$41/8760","v":5342.4657534246571},{"$f":"-Inputs!$X$45*Inputs!$X$33","v":-30000},2636.0296246790026,1.6613383438113645E-2,1.1463234572298414E-2,{"$f":"-L4788/(1.202*2465560*MAX(0,(Inputs!$X$49-O4788)))","v":{"$error":"#DIV/0!"}},{"$f":"params!$C$15*P4788*(E4788-Inputs!$X$26)","v":{"$error":"#DIV/0!"}},{"$error":"#DIV/0!"}]
["2004-07-19","15:00:00",191,9,24,18,69,{"$f":"Inputs!$X$37*Inputs!$X$32*(E4792-Inputs!$X$26)","v":9901.6540950734889},{"$f":"Inputs!$X$33*C4792*Inputs!$X$38","v":37263.445405475708},{"$f":"params!$C$15*Inputs!$X$29*(E4792-Inputs!$X$26)","v":1028.6834999999999},{"$f":"Inputs!$X$40*Inputs!$X$41/8760","v":5342.4657534246571},{"$f":"-Inputs!$X$45*Inputs!$X$33","v":-30000},2975.1171299801654,1.8815104792251288E-2,1.2982422306653389E-2,{"$f":"-L4792/(1.202*2465560*MAX(0,(Inputs!$X$49-O4792)))","v":{"$error":"#DIV/0!"}},{"$f":"params!$C$15*P4792*(E4792-Inputs!$X$26)","v":{"$error":"#DIV/0!"}},{"$error":"#DIV/0!"}]
["2004-07-19","18:00:00",201,8,21,17,78,{"$f":"Inputs!$X$37*Inputs!$X$32*(E4795-Inputs!$X$26)","v":-380.83284981051736},{"$f":"Inputs!$X$33*C4795*Inputs!$X$38","v":39214.411133511087},{"$f":"params!$C$15*Inputs!$X$29*(E4795-Inputs!$X$26)","v":-39.564749999999847},{"$f":"Inputs!$X$40*Inputs!$X$41/8760","v":5342.4657534246571},{"$f":"-Inputs!$X$45*Inputs!$X$33","v":-30000},2479.5289798458998,1.5602307510579843E-2,1.2169799858252277E-2,{"$f":"-L4795/(1.202*2465560*MAX(0,(Inputs!$X$49-O4795)))","v":{"$error":"#DIV/0!"}},{"$f":"params!$C$15*P4795*(E4795-Inputs!$X$26)","v":{"$error":"#DIV/0!"}},{"$error":"#DIV/0!"}]
["2004-07-19","19:00:00",108,5,21,16,73,{"$f":"Inputs!$X$37*Inputs!$X$32*(E4796-Inputs!$X$26)","v":-380.83284981051736},{"$f":"Inputs!$X$33*C4796*Inputs!$X$38","v":21070.429862782075},{"$f":"params!$C$15*Inputs!$X$29*(E4796-Inputs!$X$26)","v":-39.564749999999847},{"$f":"Inputs!$X$40*Inputs!$X$41/8760","v":5342.4657534246571},{"$f":"-Inputs!$X$45*Inputs!$X$33","v":-30000},2479.5289798458998,1.5602307510579843E-2,1.1389684482723286E-2,{"$f":"-L4796/(1.202*2465560*MAX(0,(Inputs!$X$49-O4796)))","v":{"$error":"#DIV/0!"}},{"$f":"params!$C$15*P4796*(E4796-Inputs!$X$26)","v":{"$error":"#DIV/0!"}},{"$error":"#DIV/0!"}]
["2004-07-19","22:00:00",0,5,16,16,100,{"$f":"Inputs!$X$37*Inputs!$X$32*(E4799-Inputs!$X$26)","v":-17518.31109128386},{"$f":"Inputs!$X$33*C4799*Inputs!$X$38","v":0},{"$f":"params!$C$15*Inputs!$X$29*(E4799-Inputs!$X$26)","v":-1819.9784999999995},{"$f":"Inputs!$X$40*Inputs!$X$41/8760","v":5342.4657534246571},{"$f":"-Inputs!$X$45*Inputs!$X$33","v":-30000},1812.7242941450775,1.1330041931761578E-2,1.1330041931761578E-2,{"$f":"-L4799/(1.202*2465560*MAX(0,(Inputs!$X$49-O4799)))","v":{"$error":"#DIV/0!"}},{"$f":"params!$C$15*P4799*(E4799-Inputs!$X$26)","v":{"$error":"#DIV/0!"}},{"$error":"#DIV/0!"}]
["2004-07-20","01:00:00",0,4,15,15,100,{"$f":"Inputs!$X$37*Inputs!$X$32*(E4802-Inputs!$X$26)","v":-20945.806739578529},{"$f":"Inputs!$X$33*C4802*Inputs!$X$38","v":0},{"$f":"params!$C$15*Inputs!$X$29*(E4802-Inputs!$X$26)","v":-2176.0612499999993},{"$f":"Inputs!$X$40*Inputs!$X$41/8760","v":5342.4657534246571},{"$f":"-Inputs!$X$45*Inputs!$X$33","v":-30000},1700.1281023555496,1.0614273895273205E-2,1.0614273895273205E-2,{"$f":"-L4802/(1.202*2465560*MAX(0,(Inputs!$X$49-O4802)))","v":26.360589159916337},{"$f":"params!$C$15*P4802*(E4802-Inputs!$X$26)","v":-194470.16477603037},-242249.56701218424]
["2004-07-20","05:00:00",0,10,15,15,100,{"$f":"Inputs!$X$37*Inputs!$X$32*(E4806-Inputs!$X$26)","v":-20945.806739578529},{"$f":"Inputs!$X$33*C4806*Inputs!$X$38","v":0},{"$f":"params!$C$15*Inputs!$X$29*(E4806-Inputs!$X$26)","v":-2176.0612499999993},{"$f":"Inputs!$X$40*Inputs!$X$41/8760","v":5342.4657534246571},{"$f":"-Inputs!$X$45*Inputs!$X$33","v":-30000},1700.1281023555496,1.0614273895273205E-2,1.0614273895273205E-2,{"$f":"-L4806/(1.202*2465560*MAX(0,(Inputs!$X$49-O4806)))","v":26.360589159916337},{"$f":"params!$C$15*P4806*(E4806-Inputs!$X$26)","v":-194470.16477603037},-242249.56701218424]
["2004-07-20","09:00:00",514,0,21,17,78,{"$f":"Inputs!$X$37*Inputs!$X$32*(E4810-Inputs!$X$26)","v":-380.83284981051736},{"$f":"Inputs!$X$33*C4810*Inputs!$X$38","v":100279.6384210184},{"$f":"params!$C$15*Inputs!$X$29*(E4810-Inputs!$X$26)","v":-39.564749999999847},{"$f":"Inputs!$X$40*Inputs!$X$41/8760","v":5342.4657534246571},{"$f":"-Inputs!$X$45*Inputs!$X$33","v":-30000},2479.5289798458998,1.5602307510579843E-2,1.2169799858252277E-2,{"$f":"-L4810/(1.202*2465560*MAX(0,(Inputs!$X$49-O4810)))","v":{"$error":"#DIV/0!"}},{"$f":"params!$C$15*P4810*(E4810-Inputs!$X$26)","v":{"$error":"#DIV/0!"}},{"$error":"#DIV/0!"}]
["2004-07-20","13:00:00",850,3,26,15,51,{"$f":"Inputs!$X$37*Inputs!$X$32*(E4814-Inputs!$X$26)","v":16756.645391662827},{"$f":"Inputs!$X$33*C4814*Inputs!$X$38","v":165832.08688300708},{"$f":"params!$C$15*Inputs!$X$29*(E4814-Inputs!$X$26)","v":1740.8489999999997},{"$f":"Inputs!$X$40*Inputs!$X$41/8760","v":5342.4657534246571},{"$f":"-Inputs!$X$45*Inputs!$X$33","v":-30000},3351.668772324198,2.1277942853302922E-2,1.0851750855184489E-2,{"$f":"-L4814/(1.202*2465560*MAX(0,(Inputs!$X$49-O4814)))","v":69.080633125997593},{"$f":"params!$C$15*P4814*(E4814-Inputs!$X$26)","v":407703.24290848721},567375.28993658174]
["2004-07-20","16:00:00",578,10,25,17,61,{"$f":"Inputs!$X$37*Inputs!$X$32*(E4817-Inputs!$X$26)","v":13329.149743368158},{"$f":"Inputs!$X$33*C4817*Inputs!$X$38","v":112765.81908044481},{"$f":"params!$C$15*Inputs!$X$29*(E4817-Inputs!$X$26)","v":1384.7662499999999},{"$f":"Inputs!$X$40*Inputs!$X$41/8760","v":5342.4657534246571},{"$f":"-Inputs!$X$45*Inputs!$X$33","v":-30000},3158.5016332003511,2.0012171957865876E-2,1.2207424894298184E-2,{"$f":"-L4817/(1.202*2465560*MAX(0,(Inputs!$X$49-O4817)))","v":{"$error":"#DIV/0!"}},{"$f":"params!$C$15*P4817*(E4817-Inputs!$X$26)","v":{"$error":"#DIV/0!"}},{"$error":"#DIV/0!"}]
["2004-07-20","19:00:00",99,5,22,18,78,{"$f":"Inputs!$X$37*Inputs!$X$32*(E4820-Inputs!$X$26)","v":3046.6627984841512},{"$f":"Inputs!$X$33*C4820*Inputs!$X$38","v":19314.560707550238},{"$f":"params!$C$15*Inputs!$X$29*(E4820-Inputs!$X$26)","v":316.51800000000009},{"$f":"Inputs!$X$40*Inputs!$X$41/8760","v":5342.4657534246571},{"$f":"-Inputs!$X$45*Inputs!$X$33","v":-30000},2636.0296246790026,1.6613383438113645E-2,1.2958439081728643E-2,{"$f":"-L4820/(1.202*2465560*MAX(0,(Inputs!$X$49-O4820)))","v":{"$error":"#DIV/0!"}},{"$f":"params!$C$15*P4820*(E4820-Inputs!$X$26)","v":{"$error":"#DIV/0!"}},{"$error":"#DIV/0!"}]
["2004-07-20","20:00:00",2,6,18,17,94,{"$f":"Inputs!$X$37*Inputs!$X$32*(E4821-Inputs!$X$26)","v":-10663.319794694524},{"$f":"Inputs!$X$33*C4821*Inputs!$X$38","v":390.19314560707545},{"$f":"params!$C$15*Inputs!$X$29*(E4821-Inputs!$X$26)","v":-1107.8129999999996},{"$f":"Inputs!$X$40*Inputs!$X$41/8760","v":5342.4657534246571},{"$f":"-Inputs!$X$45*Inputs!$X$33","v":-30000},2057.7011249857014,1.2892956292988709E-2,1.2119378915409387E-2,{"$f":"-L4821/(1.202*2465560*MAX(0,(Inputs!$X$49-O4821)))","v":{"$error":"#DIV/0!"}},{"$f":"params!$C$15*P4821*(E4821-Inputs!$X$26)","v":{"$error":"#DIV/0!"}},{"$error":"#DIV/0!"}]
["2004-07-20","23:00:00",0,0,16,16,100,{"$f":"Inputs!$X$37*Inputs!$X$32*(E4824-Inputs!$X$26)","v":-17518.31109128386},{"$f":"Inputs!$X$33*C4824*Inputs!$X$38","v":0},{"$f":"params!$C$15*Inputs!$X$29*(E4824-Inputs!$X$26)","v":-1819.9784999999995},{"$f":"Inputs!$X$40*Inputs!$X$41/8760","v":5342.4657534246571},{"$f":"-Inputs!$X$45*Inputs!$X$33","v":-30000},1812.7242941450775,1.1330041931761578E-2,1.1330041931761578E-2,{"$f":"-L4824/(1.202*2465560*MAX(0,(Inputs!$X$49-O4824)))","v":{"$error":"#DIV/0!"}},{"$f":"params!$C$15*P4824*(E4824-Inputs!$X$26)","v":{"$error":"#DIV/0!"}},{"$error":"#DIV/0!"}]
["2004-07-21","02:00:00",0,10,14,14,100,{"$f":"Inputs!$X$37*Inputs!$X$32*(E4827-Inputs!$X$26)","v":-24373.302387873198},{"$f":"Inputs!$X$33*C4827*Inputs!$X$38","v":0},{"$f":"params!$C$15*Inputs!$X$29*(E4827-Inputs!$X$26)","v":-2532.1439999999993},{"$f":"Inputs!$X$40*Inputs!$X$41/8760","v":5342.4657534246571},{"$f":"-Inputs!$X$45*Inputs!$X$33","v":-30000},1593.7190459500907,9.939322574797271E-3,9.939322574797271E-3,{"$f":"-L4827/(1.202*2465560*MAX(0,(Inputs!$X$49-O4827)))","v":9.5591619903650198},{"$f":"params!$C$15*P4827*(E4827-Inputs!$X$26)","v":-82060.65429446772},-133623.63492891626]
["2004-07-21","06:00:00",59,10,16,16,100,{"$f":"Inputs!$X$37*Inputs!$X$32*(E4831-Inputs!$X$26)","v":-17518.31109128386},{"$f":"Inputs!$X$33*C4831*Inputs!$X$38","v":11510.697795408727},{"$f":"params!$C$15*Inputs!$X$29*(E4831-Inputs!$X$26)","v":-1819.9784999999995},{"$f":"Inputs!$X$40*Inputs!$X$41/8760","v":5342.4657534246571},{"$f":"-Inputs!$X$45*Inputs!$X$33","v":-30000},1812.7242941450775,1.1330041931761578E-2,1.1330041931761578E-2,{"$f":"-L4831/(1.202*2465560*MAX(0,(Inputs!$X$49-O4831)))","v":{"$error":"#DIV/0!"}},{"$f":"params!$C$15*P4831*(E4831-Inputs!$X$26)","v":{"$error":"#DIV/0!"}},{"$error":"#DIV/0!"}]
["2004-07-21","10:00:00",688,3,24,19,74,{"$f":"Inputs!$X$37*Inputs!$X$32*(E4835-Inputs!$X$26)","v":9901.6540950734889},{"$f":"Inputs!$X$33*C4835*Inputs!$X$38","v":134226.44208883398},{"$f":"params!$C$15*Inputs!$X$29*(E4835-Inputs!$X$26)","v":1028.6834999999999},{"$f":"Inputs!$X$40*Inputs!$X$41/8760","v":5342.4657534246571},{"$f":"-Inputs!$X$45*Inputs!$X$33","v":-30000},2975.1171299801654,1.8815104792251288E-2,1.3923177546265953E-2,{"$f":"-L4835/(1.202*2465560*MAX(0,(Inputs!$X$49-O4835)))","v":{"$error":"#DIV/0!"}},{"$f":"params!$C$15*P4835*(E4835-Inputs!$X$26)","v":{"$error":"#DIV/0!"}},{"$error":"#DIV/0!"}]
["2004-07-21","14:00:00",819,4,29,18,52,{"$f":"Inputs!$X$37*Inputs!$X$32*(E4839-Inputs!$X$26)","v":27039.132336546831},{"$f":"Inputs!$X$33*C4839*Inputs!$X$38","v":159784.0931260974},{"$f":"params!$C$15*Inputs!$X$29*(E4839-Inputs!$X$26)","v":2809.0972499999993},{"$f":"Inputs!$X$40*Inputs!$X$41/8760","v":5342.4657534246571},{"$f":"-Inputs!$X$45*Inputs!$X$33","v":-30000},3994.2904004730208,2.5525024460504739E-2,1.3273012719462464E-2,{"$f":"-L4839/(1.202*2465560*MAX(0,(Inputs!$X$49-O4839)))","v":{"$error":"#DIV/0!"}},{"$f":"params!$C$15*P4839*(E4839-Inputs!$X$26)","v":{"$error":"#DIV/0!"}},{"$error":"#DIV/0!"}]
["2004-07-21","17:00:00",421,3,29,17,48,{"$f":"Inputs!$X$37*Inputs!$X$32*(E4842-Inputs!$X$26)","v":27039.132336546831},{"$f":"Inputs!$X$33*C4842*Inputs!$X$38","v":82135.657150289378},{"$f":"params!$C$15*Inputs!$X$29*(E4842-Inputs!$X$26)","v":2809.0972499999993},{"$f":"Inputs!$X$40*Inputs!$X$41/8760","v":5342.4657534246571},{"$f":"-Inputs!$X$45*Inputs!$X$33","v":-30000},3994.2904004730208,2.5525024460504739E-2,1.2252011741042275E-2,{"$f":"-L4842/(1.202*2465560*MAX(0,(Inputs!$X$49-O4842)))","v":{"$error":"#DIV/0!"}},{"$f":"params!$C$15*P4842*(E4842-Inputs!$X$26)","v":{"$error":"#DIV/0!"}},{"$error":"#DIV/0!"}]
["2004-07-21","20:00:00",2,0,22,20,88,{"$f":"Inputs!$X$37*Inputs!$X$32*(E4845-Inputs!$X$26)","v":3046.6627984841512},{"$f":"Inputs!$X$33*C4845*Inputs!$X$38","v":390.19314560707545},{"$f":"params!$C$15*Inputs!$X$29*(E4845-Inputs!$X$26)","v":316.51800000000009},{"$f":"Inputs!$X$40*Inputs!$X$41/8760","v":5342.4657534246571},{"$f":"-Inputs!$X$45*Inputs!$X$33","v":-30000},2636.0296246790026,1.6613383438113645E-2,1.4619777425540008E-2,{"$f":"-L4845/(1.202*2465560*MAX(0,(Inputs!$X$49-O4845)))","v":{"$error":"#DIV/0!"}},{"$f":"params!$C$15*P4845*(E4845-Inputs!$X$26)","v":{"$error":"#DIV/0!"}},{"$error":"#DIV/0!"}]
["2004-07-21","21:00:00",0,4,22,19,83,{"$f":"Inputs!$X$37*Inputs!$X$32*(E4846-Inputs!$X$26)","v":3046.6627984841512},{"$f":"Inputs!$X$33*C4846*Inputs!$X$38","v":0},{"$f":"params!$C$15*Inputs!$X$29*(E4846-Inputs!$X$26)","v":316.51800000000009},{"$f":"Inputs!$X$40*Inputs!$X$41/8760","v":5342.4657534246571},{"$f":"-Inputs!$X$45*Inputs!$X$33","v":-30000},2636.0296246790026,1.6613383438113645E-2,1.3789108253634325E-2,{"$f":"-L4846/(1.202*2465560*MAX(0,(Inputs!$X$49-O4846)))","v":{"$error":"#DIV/0!"}},{"$f":"params!$C$15*P4846*(E4846-Inputs!$X$26)","v":{"$error":"#DIV/0!"}},{"$error":"#DIV/0!"}]
["2004-07-21",1,0,8,20,18,88,{"$f":"Inputs!$X$37*Inputs!$X$32*(E4849-Inputs!$X$26)","v":-3808.3284981051861},{"$f":"Inputs!$X$33*C4849*Inputs!$X$38","v":0},{"$f":"params!$C$15*Inputs!$X$29*(E4849-Inputs!$X$26)","v":-395.64749999999975},{"$f":"Inputs!$X$40*Inputs!$X$41/8760","v":5342.4657534246571},{"$f":"-Inputs!$X$45*Inputs!$X$33","v":-30000},2331.2150168593957,1.4647072201887702E-2,1.2889423537661178E-2,{"$f":"-L4849/(1.202*2465560*MAX(0,(Inputs!$X$49-O4849)))","v":{"$error":"#DIV/0!"}},{"$f":"params!$C$15*P4849*(E4849-Inputs!$X$26)","v":{"$error":"#DIV/0!"}},{"$error":"#DIV/0!"}]
["2004-07-22","03:00:00",0,3,19,18,94,{"$f":"Inputs!$X$37*Inputs!$X$32*(E4852-Inputs!$X$26)","v":-7235.8241463998547},{"$f":"Inputs!$X$33*C4852*Inputs!$X$38","v":0},{"$f":"params!$C$15*Inputs!$X$29*(E4852-Inputs!$X$26)","v":-751.73024999999973},{"$f":"Inputs!$X$40*Inputs!$X$41/8760","v":5342.4657534246571},{"$f":"-Inputs!$X$45*Inputs!$X$33","v":-30000},2190.7229749852513,1.3744851093608144E-2,1.2920160027991656E-2,{"$f":"-L4852/(1.202*2465560*MAX(0,(Inputs!$X$49-O4852)))","v":{"$error":"#DIV/0!"}},{"$f":"params!$C$15*P4852*(E4852-Inputs!$X$26)","v":{"$error":"#DIV/0!"}},{"$error":"#DIV/0!"}]
["2004-07-22","08:00:00",212,8,24,20,78,{"$f":"Inputs!$X$37*Inputs!$X$32*(E4857-Inputs!$X$26)","v":9901.6540950734889},{"$f":"Inputs!$X$33*C4857*Inputs!$X$38","v":41360.473434350002},{"$f":"params!$C$15*Inputs!$X$29*(E4857-Inputs!$X$26)","v":1028.6834999999999},{"$f":"Inputs!$X$40*Inputs!$X$41/8760","v":5342.4657534246571},{"$f":"-Inputs!$X$45*Inputs!$X$33","v":-30000},2975.1171299801654,1.8815104792251288E-2,1.4675781737956004E-2,{"$f":"-L4857/(1.202*2465560*MAX(0,(Inputs!$X$49-O4857)))","v":{"$error":"#DIV/0!"}},{"$f":"params!$C$15*P4857*(E4857-Inputs!$X$26)","v":{"$error":"#DIV/0!"}},{"$error":"#DIV/0!"}]
["2004-07-22","11:00:00",587,7,28,19,58,{"$f":"Inputs!$X$37*Inputs!$X$32*(E4860-Inputs!$X$26)","v":23611.636688252162},{"$f":"Inputs!$X$33*C4860*Inputs!$X$38","v":114521.68823567664},{"$f":"params!$C$15*Inputs!$X$29*(E4860-Inputs!$X$26)","v":2453.0144999999998},{"$f":"Inputs!$X$40*Inputs!$X$41/8760","v":5342.4657534246571},{"$f":"-Inputs!$X$45*Inputs!$X$33","v":-30000},3769.1055437563177,2.4030411275220657E-2,1.3937638539627982E-2,{"$f":"-L4860/(1.202*2465560*MAX(0,(Inputs!$X$49-O4860)))","v":{"$error":"#DIV/0!"}},{"$f":"params!$C$15*P4860*(E4860-Inputs!$X$26)","v":{"$error":"#DIV/0!"}},{"$error":"#DIV/0!"}]
["2004-07-22","15:00:00",481,9,27,20,66,{"$f":"Inputs!$X$37*Inputs!$X$32*(E4864-Inputs!$X$26)","v":20184.141039957496},{"$f":"Inputs!$X$33*C4864*Inputs!$X$38","v":93841.45151850165},{"$f":"params!$C$15*Inputs!$X$29*(E4864-Inputs!$X$26)","v":2096.9317499999997},{"$f":"Inputs!$X$40*Inputs!$X$41/8760","v":5342.4657534246571},{"$f":"-Inputs!$X$45*Inputs!$X$33","v":-30000},3555.0534347297348,2.2616071840205452E-2,1.4926607414535598E-2,{"$f":"-L4864/(1.202*2465560*MAX(0,(Inputs!$X$49-O4864)))","v":{"$error":"#DIV/0!"}},{"$f":"params!$C$15*P4864*(E4864-Inputs!$X$26)","v":{"$error":"#DIV/0!"}},{"$error":"#DIV/0!"}]
["2004-07-22","18:00:00",128,9,24,20,78,{"$f":"Inputs!$X$37*Inputs!$X$32*(E4867-Inputs!$X$26)","v":9901.6540950734889},{"$f":"Inputs!$X$33*C4867*Inputs!$X$38","v":24972.361318852829},{"$f":"params!$C$15*Inputs!$X$29*(E4867-Inputs!$X$26)","v":1028.6834999999999},{"$f":"Inputs!$X$40*Inputs!$X$41/8760","v":5342.4657534246571},{"$f":"-Inputs!$X$45*Inputs!$X$33","v":-30000},{"$f":"EXP(77.345+0.0057*(E4867+273.15)-7235/(E4867+273.15))/(E4867+273.15)^8.2","v":2975.1171299801654},{"$f":"0.62198*M4867/(101325-M4867)","v":1.8815104792251288E-2},{"$f":"N4867*G4867/100","v":1.4675781737956004E-2},{"$f":"-L4867/(1.202*2465560*MAX(0,(Inputs!$X$49-O4867)))","v":{"$error":"#DIV/0!"}},{"$f":"params!$C$15*P4867*(E4867-Inputs!$X$26)","v":{"$error":"#DIV/0!"}},{"$f":"H4867+I4867+J4867+K4867+L4867+Q4867","v":{"$error":"#DIV/0!"}}]
["2004-07-22","21:00:00",0,10,22,21,94,{"$f":"Inputs!$X$37*Inputs!$X$32*(E4870-Inputs!$X$26)","v":3046.6627984841512},{"$f":"Inputs!$X$33*C4870*Inputs!$X$38","v":0},{"$f":"params!$C$15*Inputs!$X$29*(E4870-Inputs!$X$26)","v":316.51800000000009},{"$f":"Inputs!$X$40*Inputs!$X$41/8760","v":5342.4657534246571},{"$f":"-Inputs!$X$45*Inputs!$X$33","v":-30000},2636.0296246790026,1.6613383438113645E-2,1.5616580431826826E-2,{"$f":"-L4870/(1.202*2465560*MAX(0,(Inputs!$X$49-O4870)))","v":{"$error":"#DIV/0!"}},{"$f":"params!$C$15*P4870*(E4870-Inputs!$X$26)","v":{"$error":"#DIV/0!"}},{"$error":"#DIV/0!"}]
["2004-07-22","22:00:00",0,10,22,20,88,{"$f":"Inputs!$X$37*Inputs!$X$32*(E4871-Inputs!$X$26)","v":3046.6627984841512},{"$f":"Inputs!$X$33*C4871*Inputs!$X$38","v":0},{"$f":"params!$C$15*Inputs!$X$29*(E4871-Inputs!$X$26)","v":316.51800000000009},{"$f":"Inputs!$X$40*Inputs!$X$41/8760","v":5342.4657534246571},{"$f":"-Inputs!$X$45*Inputs!$X$33","v":-30000},2636.0296246790026,1.6613383438113645E-2,1.4619777425540008E-2,{"$f":"-L4871/(1.202*2465560*MAX(0,(Inputs!$X$49-O4871)))","v":{"$error":"#DIV/0!"}},{"$f":"params!$C$15*P4871*(E4871-Inputs!$X$26)","v":{"$error":"#DIV/0!"}},{"$error":"#DIV/0!"}]
["2004-07-23","01:00:00",0,10,21.5,20,91,{"$f":"Inputs!$X$37*Inputs!$X$32*(E4874-Inputs!$X$26)","v":1332.9149743368168},{"$f":"Inputs!$X$33*C4874*Inputs!$X$38","v":0},{"$f":"params!$C$15*Inputs!$X$29*(E4874-Inputs!$X$26)","v":138.4766250000001},{"$f":"Inputs!$X$40*Inputs!$X$41/8760","v":5342.4657534246571},{"$f":"-Inputs!$X$45*Inputs!$X$33","v":-30000},2556.7326514975798,1.6100683116849035E-2,1.4651621636332622E-2,{"$f":"-L4874/(1.202*2465560*MAX(0,(Inputs!$X$49-O4874)))","v":{"$error":"#DIV/0!"}},{"$f":"params!$C$15*P4874*(E4874-Inputs!$X$26)","v":{"$error":"#DIV/0!"}},{"$error":"#DIV/0!"}]
["2004-07-23","04:00:00",0,9,20.5,20,97,{"$f":"Inputs!$X$37*Inputs!$X$32*(E4877-Inputs!$X$26)","v":-2094.5806739578516},{"$f":"Inputs!$X$33*C4877*Inputs!$X$38","v":0},{"$f":"params!$C$15*Inputs!$X$29*(E4877-Inputs!$X$26)","v":-217.60612499999982},{"$f":"Inputs!$X$40*Inputs!$X$41/8760","v":5342.4657534246571},{"$f":"-Inputs!$X$45*Inputs!$X$33","v":-30000},2404.3717699216595,1.511788976893247E-2,1.4664353075864495E-2,{"$f":"-L4877/(1.202*2465560*MAX(0,(Inputs!$X$49-O4877)))","v":{"$error":"#DIV/0!"}},{"$f":"params!$C$15*P4877*(E4877-Inputs!$X$26)","v":{"$error":"#DIV/0!"}},{"$error":"#DIV/0!"}]
["2004-07-23","09:00:00",345,10,24,21,83,{"$f":"Inputs!$X$37*Inputs!$X$32*(E4882-Inputs!$X$26)","v":9901.6540950734889},{"$f":"Inputs!$X$33*C4882*Inputs!$X$38","v":67308.317617220528},{"$f":"params!$C$15*Inputs!$X$29*(E4882-Inputs!$X$26)","v":1028.6834999999999},{"$f":"Inputs!$X$40*Inputs!$X$41/8760","v":5342.4657534246571},{"$f":"-Inputs!$X$45*Inputs!$X$33","v":-30000},2975.1171299801654,1.8815104792251288E-2,1.561653697756857E-2,{"$f":"-L4882/(1.202*2465560*MAX(0,(Inputs!$X$49-O4882)))","v":{"$error":"#DIV/0!"}},{"$f":"params!$C$15*P4882*(E4882-Inputs!$X$26)","v":{"$error":"#DIV/0!"}},{"$error":"#DIV/0!"}]
["2004-07-23","12:00:00",140,10,24,21,83,{"$f":"Inputs!$X$37*Inputs!$X$32*(E4885-Inputs!$X$26)","v":9901.6540950734889},{"$f":"Inputs!$X$33*C4885*Inputs!$X$38","v":27313.520192495282},{"$f":"params!$C$15*Inputs!$X$29*(E4885-Inputs!$X$26)","v":1028.6834999999999},{"$f":"Inputs!$X$40*Inputs!$X$41/8760","v":5342.4657534246571},{"$f":"-Inputs!$X$45*Inputs!$X$33","v":-30000},2975.1171299801654,1.8815104792251288E-2,1.561653697756857E-2,{"$f":"-L4885/(1.202*2465560*MAX(0,(Inputs!$X$49-O4885)))","v":{"$error":"#DIV/0!"}},{"$f":"params!$C$15*P4885*(E4885-Inputs!$X$26)","v":{"$error":"#DIV/0!"}},{"$error":"#DIV/0!"}]
["2004-07-23","16:00:00",255,9,23,18,73,{"$f":"Inputs!$X$37*Inputs!$X$32*(E4889-Inputs!$X$26)","v":6474.1584467788198},{"$f":"Inputs!$X$33*C4889*Inputs!$X$38","v":49749.626064902121},{"$f":"params!$C$15*Inputs!$X$29*(E4889-Inputs!$X$26)","v":672.60074999999995},{"$f":"Inputs!$X$40*Inputs!$X$41/8760","v":5342.4657534246571},{"$f":"-Inputs!$X$45*Inputs!$X$33","v":-30000},2801.0950714195728,1.768327304712981E-2,1.2908789324404762E-2,{"$f":"-L4889/(1.202*2465560*MAX(0,(Inputs!$X$49-O4889)))","v":{"$error":"#DIV/0!"}},{"$f":"params!$C$15*P4889*(E4889-Inputs!$X$26)","v":{"$error":"#DIV/0!"}},{"$error":"#DIV/0!"}]
["2004-07-23","19:00:00",34,10,20,17,83,{"$f":"Inputs!$X$37*Inputs!$X$32*(E4892-Inputs!$X$26)","v":-3808.3284981051861},{"$f":"Inputs!$X$33*C4892*Inputs!$X$38","v":6633.2834753202833},{"$f":"params!$C$15*Inputs!$X$29*(E4892-Inputs!$X$26)","v":-395.64749999999975},{"$f":"Inputs!$X$40*Inputs!$X$41/8760","v":5342.4657534246571},{"$f":"-Inputs!$X$45*Inputs!$X$33","v":-30000},2331.2150168593957,1.4647072201887702E-2,1.2157069927566792E-2,{"$f":"-L4892/(1.202*2465560*MAX(0,(Inputs!$X$49-O4892)))","v":{"$error":"#DIV/0!"}},{"$f":"params!$C$15*P4892*(E4892-Inputs!$X$26)","v":{"$error":"#DIV/0!"}},{"$error":"#DIV/0!"}]
["2004-07-23","22:00:00",0,6,16,14,88,{"$f":"Inputs!$X$37*Inputs!$X$32*(E4895-Inputs!$X$26)","v":-17518.31109128386},{"$f":"Inputs!$X$33*C4895*Inputs!$X$38","v":0},{"$f":"params!$C$15*Inputs!$X$29*(E4895-Inputs!$X$26)","v":-1819.9784999999995},{"$f":"Inputs!$X$40*Inputs!$X$41/8760","v":5342.4657534246571},{"$f":"-Inputs!$X$45*Inputs!$X$33","v":-30000},1812.7242941450775,1.1330041931761578E-2,9.9704368999501899E-3,{"$f":"-L4895/(1.202*2465560*MAX(0,(Inputs!$X$49-O4895)))","v":9.8485299250665346},{"$f":"params!$C$15*P4895*(E4895-Inputs!$X$26)","v":-60766.52769417841},-104762.35153203762]
["2004-07-23","23:00:00",0,4,15,14,94,{"$f":"Inputs!$X$37*Inputs!$X$32*(E4896-Inputs!$X$26)","v":-20945.806739578529},{"$f":"Inputs!$X$33*C4896*Inputs!$X$38","v":0},{"$f":"params!$C$15*Inputs!$X$29*(E4896-Inputs!$X$26)","v":-2176.0612499999993},{"$f":"Inputs!$X$40*Inputs!$X$41/8760","v":5342.4657534246571},{"$f":"-Inputs!$X$45*Inputs!$X$33","v":-30000},1700.1281023555496,1.0614273895273205E-2,9.9774174615568124E-3,{"$f":"-L4896/(1.202*2465560*MAX(0,(Inputs!$X$49-O4896)))","v":9.9158727775015763},{"$f":"params!$C$15*P4896*(E4896-Inputs!$X$26)","v":-73152.439850286173},-120931.84208644004]
["2004-07-24","02:00:00",0,0,13,12,94,{"$f":"Inputs!$X$37*Inputs!$X$32*(E4899-Inputs!$X$26)","v":-27800.798036167867},{"$f":"Inputs!$X$33*C4899*Inputs!$X$38","v":0},{"$f":"params!$C$15*Inputs!$X$29*(E4899-Inputs!$X$26)","v":-2888.2267499999994},{"$f":"Inputs!$X$40*Inputs!$X$41/8760","v":5342.4657534246571},{"$f":"-Inputs!$X$45*Inputs!$X$33","v":-30000},1493.2057396927576,9.303089390063848E-3,8.7449040266600175E-3,{"$f":"-L4899/(1.202*2465560*MAX(0,(Inputs!$X$49-O4899)))","v":4.4922735472006163},{"$f":"params!$C$15*P4899*(E4899-Inputs!$X$26)","v":-43986.98894430737},-99333.547977050577]
["2004-07-24","05:00:00",0,10,14,13,94,{"$f":"Inputs!$X$37*Inputs!$X$32*(E4902-Inputs!$X$26)","v":-24373.302387873198},{"$f":"Inputs!$X$33*C4902*Inputs!$X$38","v":0},{"$f":"params!$C$15*Inputs!$X$29*(E4902-Inputs!$X$26)","v":-2532.1439999999993},{"$f":"Inputs!$X$40*Inputs!$X$41/8760","v":5342.4657534246571},{"$f":"-Inputs!$X$45*Inputs!$X$33","v":-30000},1593.7190459500907,9.939322574797271E-3,9.3429632203094349E-3,{"$f":"-L4902/(1.202*2465560*MAX(0,(Inputs!$X$49-O4902)))","v":6.1153067273438522},{"$f":"params!$C$15*P4902*(E4902-Inputs!$X$26)","v":-52496.868633778031},-104059.84926822656]
["2004-07-24","10:00:00",385,3,17,7,52,{"$f":"Inputs!$X$37*Inputs!$X$32*(E4907-Inputs!$X$26)","v":-14090.815442989191},{"$f":"Inputs!$X$33*C4907*Inputs!$X$38","v":75112.180529362027},{"$f":"params!$C$15*Inputs!$X$29*(E4907-Inputs!$X$26)","v":-1463.8957499999995},{"$f":"Inputs!$X$40*Inputs!$X$41/8760","v":5342.4657534246571},{"$f":"-Inputs!$X$45*Inputs!$X$33","v":-30000},1931.8104441244629,1.2088830888770941E-2,6.2861920621608888E-3,{"$f":"-L4907/(1.202*2465560*MAX(0,(Inputs!$X$49-O4907)))","v":2.1482616474310827},{"$f":"params!$C$15*P4907*(E4907-Inputs!$X$26)","v":-10661.641602283782},24238.293487513722]
["2004-07-24","13:00:00",922,0,21,8,43,{"$f":"Inputs!$X$37*Inputs!$X$32*(E4910-Inputs!$X$26)","v":-380.83284981051736},{"$f":"Inputs!$X$33*C4910*Inputs!$X$38","v":179879.04012486179},{"$f":"params!$C$15*Inputs!$X$29*(E4910-Inputs!$X$26)","v":-39.564749999999847},{"$f":"Inputs!$X$40*Inputs!$X$41/8760","v":5342.4657534246571},{"$f":"-Inputs!$X$45*Inputs!$X$33","v":-30000},2479.5289798458998,1.5602307510579843E-2,6.7089922295493331E-3,{"$f":"-L4910/(1.202*2465560*MAX(0,(Inputs!$X$49-O4910)))","v":2.3600179903018503},{"$f":"params!$C$15*P4910*(E4910-Inputs!$X$26)","v":-316.55595932808461},154484.55231914786]
["2004-07-24","17:00:00",470,0,21,10,49,{"$f":"Inputs!$X$37*Inputs!$X$32*(E4914-Inputs!$X$26)","v":-380.83284981051736},{"$f":"Inputs!$X$33*C4914*Inputs!$X$38","v":91695.389217662727},{"$f":"params!$C$15*Inputs!$X$29*(E4914-Inputs!$X$26)","v":-39.564749999999847},{"$f":"Inputs!$X$40*Inputs!$X$41/8760","v":5342.4657534246571},{"$f":"-Inputs!$X$45*Inputs!$X$33","v":-30000},2479.5289798458998,1.5602307510579843E-2,7.6451306801841234E-3,{"$f":"-L4914/(1.202*2465560*MAX(0,(Inputs!$X$49-O4914)))","v":3.0188908083114816},{"$f":"params!$C$15*P4914*(E4914-Inputs!$X$26)","v":-404.93245384521362},66212.524917431641]
["2004-07-24","20:00:00",0,1,16,11,72,{"$f":"Inputs!$X$37*Inputs!$X$32*(E4917-Inputs!$X$26)","v":-17518.31109128386},{"$f":"Inputs!$X$33*C4917*Inputs!$X$38","v":0},{"$f":"params!$C$15*Inputs!$X$29*(E4917-Inputs!$X$26)","v":-1819.9784999999995},{"$f":"Inputs!$X$40*Inputs!$X$41/8760","v":5342.4657534246571},{"$f":"-Inputs!$X$45*Inputs!$X$33","v":-30000},1812.7242941450775,1.1330041931761578E-2,8.1576301908683375E-3,{"$f":"-L4917/(1.202*2465560*MAX(0,(Inputs!$X$49-O4917)))","v":3.5635465482320541},{"$f":"params!$C$15*P4917*(E4917-Inputs!$X$26)","v":-21987.479518286993},-65983.303356146207]
["2004-07-24","23:00:00",0,9,11,10,94,{"$f":"Inputs!$X$37*Inputs!$X$32*(E4920-Inputs!$X$26)","v":-34655.789332757202},{"$f":"Inputs!$X$33*C4920*Inputs!$X$38","v":0},{"$f":"params!$C$15*Inputs!$X$29*(E4920-Inputs!$X$26)","v":-3600.392249999999},{"$f":"Inputs!$X$40*Inputs!$X$41/8760","v":5342.4657534246571},{"$f":"-Inputs!$X$45*Inputs!$X$33","v":-30000},1308.7561751391206,8.138879592783612E-3,7.6505468172165959E-3,{"$f":"-L4920/(1.202*2465560*MAX(0,(Inputs!$X$49-O4920)))","v":3.023774916748672},{"$f":"params!$C$15*P4920*(E4920-Inputs!$X$26)","v":-36908.469167705291},-99822.184997037839]
["2004-07-24",1,0,9,11,9,87,{"$f":"Inputs!$X$37*Inputs!$X$32*(E4921-Inputs!$X$26)","v":-34655.789332757202},{"$f":"Inputs!$X$33*C4921*Inputs!$X$38","v":0},{"$f":"params!$C$15*Inputs!$X$29*(E4921-Inputs!$X$26)","v":-3600.392249999999},{"$f":"Inputs!$X$40*Inputs!$X$41/8760","v":5342.4657534246571},{"$f":"-Inputs!$X$45*Inputs!$X$33","v":-30000},1308.7561751391206,8.138879592783612E-3,7.0808252457217422E-3,{"$f":"-L4921/(1.202*2465560*MAX(0,(Inputs!$X$49-O4921)))","v":2.5840233927727527},{"$f":"params!$C$15*P4921*(E4921-Inputs!$X$26)","v":-31540.822431099434},-94454.538260431975]
["2004-07-25","06:00:00",0,10,12,11,94,{"$f":"Inputs!$X$37*Inputs!$X$32*(E4927-Inputs!$X$26)","v":-31228.293684462536},{"$f":"Inputs!$X$33*C4927*Inputs!$X$38","v":0},{"$f":"params!$C$15*Inputs!$X$29*(E4927-Inputs!$X$26)","v":-3244.3094999999989},{"$f":"Inputs!$X$40*Inputs!$X$41/8760","v":5342.4657534246571},{"$f":"-Inputs!$X$45*Inputs!$X$33","v":-30000},1398.3079270856979,8.70357605607666E-3,8.1813614927120602E-3,{"$f":"-L4927/(1.202*2465560*MAX(0,(Inputs!$X$49-O4927)))","v":3.5935677884557236},{"$f":"params!$C$15*P4927*(E4927-Inputs!$X$26)","v":-39525.272635844703},-98655.410066882585]
["2004-07-25","08:00:00",261,9,15,12,82,{"$f":"Inputs!$X$37*Inputs!$X$32*(E4929-Inputs!$X$26)","v":-20945.806739578529},{"$f":"Inputs!$X$33*C4929*Inputs!$X$38","v":50920.205501723351},{"$f":"params!$C$15*Inputs!$X$29*(E4929-Inputs!$X$26)","v":-2176.0612499999993},{"$f":"Inputs!$X$40*Inputs!$X$41/8760","v":5342.4657534246571},{"$f":"-Inputs!$X$45*Inputs!$X$33","v":-30000},1700.1281023555496,1.0614273895273205E-2,8.7037045941240274E-3,{"$f":"-L4929/(1.202*2465560*MAX(0,(Inputs!$X$49-O4929)))","v":4.4116143751256303},{"$f":"params!$C$15*P4929*(E4929-Inputs!$X$26)","v":-32545.834588687492},-29405.031323118015]
["2004-07-25","11:00:00",742,8,21,14,64,{"$f":"Inputs!$X$37*Inputs!$X$32*(E4932-Inputs!$X$26)","v":-380.83284981051736},{"$f":"Inputs!$X$33*C4932*Inputs!$X$38","v":144761.65702022502},{"$f":"params!$C$15*Inputs!$X$29*(E4932-Inputs!$X$26)","v":-39.564749999999847},{"$f":"Inputs!$X$40*Inputs!$X$41/8760","v":5342.4657534246571},{"$f":"-Inputs!$X$45*Inputs!$X$33","v":-30000},2479.5289798458998,1.5602307510579843E-2,9.9854768067710997E-3,{"$f":"-L4932/(1.202*2465560*MAX(0,(Inputs!$X$49-O4932)))","v":9.99477743170727},{"$f":"params!$C$15*P4932*(E4932-Inputs!$X$26)","v":-1340.6280677377868},118343.09710610138]
["2004-07-25","14:00:00",454,10,23,14,57,{"$f":"Inputs!$X$37*Inputs!$X$32*(E4935-Inputs!$X$26)","v":6474.1584467788198},{"$f":"Inputs!$X$33*C4935*Inputs!$X$38","v":88573.844052806133},{"$f":"params!$C$15*Inputs!$X$29*(E4935-Inputs!$X$26)","v":672.60074999999995},{"$f":"Inputs!$X$40*Inputs!$X$41/8760","v":5342.4657534246571},{"$f":"-Inputs!$X$45*Inputs!$X$33","v":-30000},2801.0950714195728,1.768327304712981E-2,1.0079465636863991E-2,{"$f":"-L4935/(1.202*2465560*MAX(0,(Inputs!$X$49-O4935)))","v":11.017171367075735},{"$f":"params!$C$15*P4935*(E4935-Inputs!$X$26)","v":25121.999710938107},96185.068713947709]
["2004-07-25","18:00:00",215,10,21,16,73,{"$f":"Inputs!$X$37*Inputs!$X$32*(E4939-Inputs!$X$26)","v":-380.83284981051736},{"$f":"Inputs!$X$33*C4939*Inputs!$X$38","v":41945.763152760614},{"$f":"params!$C$15*Inputs!$X$29*(E4939-Inputs!$X$26)","v":-39.564749999999847},{"$f":"Inputs!$X$40*Inputs!$X$41/8760","v":5342.4657534246571},{"$f":"-Inputs!$X$45*Inputs!$X$33","v":-30000},2479.5289798458998,1.5602307510579843E-2,1.1389684482723286E-2,{"$f":"-L4939/(1.202*2465560*MAX(0,(Inputs!$X$49-O4939)))","v":{"$error":"#DIV/0!"}},{"$f":"params!$C$15*P4939*(E4939-Inputs!$X$26)","v":{"$error":"#DIV/0!"}},{"$error":"#DIV/0!"}]
["2004-07-25","21:00:00",0,10,19,16,83,{"$f":"Inputs!$X$37*Inputs!$X$32*(E4942-Inputs!$X$26)","v":-7235.8241463998547},{"$f":"Inputs!$X$33*C4942*Inputs!$X$38","v":0},{"$f":"params!$C$15*Inputs!$X$29*(E4942-Inputs!$X$26)","v":-751.73024999999973},{"$f":"Inputs!$X$40*Inputs!$X$41/8760","v":5342.4657534246571},{"$f":"-Inputs!$X$45*Inputs!$X$33","v":-30000},2190.7229749852513,1.3744851093608144E-2,1.1408226407694759E-2,{"$f":"-L4942/(1.202*2465560*MAX(0,(Inputs!$X$49-O4942)))","v":{"$error":"#DIV/0!"}},{"$f":"params!$C$15*P4942*(E4942-Inputs!$X$26)","v":{"$error":"#DIV/0!"}},{"$error":"#DIV/0!"}]
["2004-07-25","22:00:00",0,10,18,16,88,{"$f":"Inputs!$X$37*Inputs!$X$32*(E4943-Inputs!$X$26)","v":-10663.319794694524},{"$f":"Inputs!$X$33*C4943*Inputs!$X$38","v":0},{"$f":"params!$C$15*Inputs!$X$29*(E4943-Inputs!$X$26)","v":-1107.8129999999996},{"$f":"Inputs!$X$40*Inputs!$X$41/8760","v":5342.4657534246571},{"$f":"-Inputs!$X$45*Inputs!$X$33","v":-30000},2057.7011249857014,1.2892956292988709E-2,1.1345801537830063E-2,{"$f":"-L4943/(1.202*2465560*MAX(0,(Inputs!$X$49-O4943)))","v":{"$error":"#DIV/0!"}},{"$f":"params!$C$15*P4943*(E4943-Inputs!$X$26)","v":{"$error":"#DIV/0!"}},{"$error":"#DIV/0!"}]
["2004-07-26","01:00:00",0,10,18,16,88,{"$f":"Inputs!$X$37*Inputs!$X$32*(E4946-Inputs!$X$26)","v":-10663.319794694524},{"$f":"Inputs!$X$33*C4946*Inputs!$X$38","v":0},{"$f":"params!$C$15*Inputs!$X$29*(E4946-Inputs!$X$26)","v":-1107.8129999999996},{"$f":"Inputs!$X$40*Inputs!$X$41/8760","v":5342.4657534246571},{"$f":"-Inputs!$X$45*Inputs!$X$33","v":-30000},2057.7011249857014,1.2892956292988709E-2,1.1345801537830063E-2,{"$f":"-L4946/(1.202*2465560*MAX(0,(Inputs!$X$49-O4946)))","v":{"$error":"#DIV/0!"}},{"$f":"params!$C$15*P4946*(E4946-Inputs!$X$26)","v":{"$error":"#DIV/0!"}},{"$error":"#DIV/0!"}]
["2004-07-26","07:00:00",79,10,18,16,88,{"$f":"Inputs!$X$37*Inputs!$X$32*(E4952-Inputs!$X$26)","v":-10663.319794694524},{"$f":"Inputs!$X$33*C4952*Inputs!$X$38","v":15412.62925147948},{"$f":"params!$C$15*Inputs!$X$29*(E4952-Inputs!$X$26)","v":-1107.8129999999996},{"$f":"Inputs!$X$40*Inputs!$X$41/8760","v":5342.4657534246571},{"$f":"-Inputs!$X$45*Inputs!$X$33","v":-30000},2057.7011249857014,1.2892956292988709E-2,1.1345801537830063E-2,{"$f":"-L4952/(1.202*2465560*MAX(0,(Inputs!$X$49-O4952)))","v":{"$error":"#DIV/0!"}},{"$f":"params!$C$15*P4952*(E4952-Inputs!$X$26)","v":{"$error":"#DIV/0!"}},{"$error":"#DIV/0!"}]
["2004-07-26","09:00:00",91,10,19,17,88,{"$f":"Inputs!$X$37*Inputs!$X$32*(E4954-Inputs!$X$26)","v":-7235.8241463998547},{"$f":"Inputs!$X$33*C4954*Inputs!$X$38","v":17753.788125121933},{"$f":"params!$C$15*Inputs!$X$29*(E4954-Inputs!$X$26)","v":-751.73024999999973},{"$f":"Inputs!$X$40*Inputs!$X$41/8760","v":5342.4657534246571},{"$f":"-Inputs!$X$45*Inputs!$X$33","v":-30000},2190.7229749852513,1.3744851093608144E-2,1.2095468962375167E-2,{"$f":"-L4954/(1.202*2465560*MAX(0,(Inputs!$X$49-O4954)))","v":{"$error":"#DIV/0!"}},{"$f":"params!$C$15*P4954*(E4954-Inputs!$X$26)","v":{"$error":"#DIV/0!"}},{"$error":"#DIV/0!"}]
["2004-07-26","12:00:00",280,10,21,17,78,{"$f":"Inputs!$X$37*Inputs!$X$32*(E4957-Inputs!$X$26)","v":-380.83284981051736},{"$f":"Inputs!$X$33*C4957*Inputs!$X$38","v":54627.040384990563},{"$f":"params!$C$15*Inputs!$X$29*(E4957-Inputs!$X$26)","v":-39.564749999999847},{"$f":"Inputs!$X$40*Inputs!$X$41/8760","v":5342.4657534246571},{"$f":"-Inputs!$X$45*Inputs!$X$33","v":-30000},2479.5289798458998,1.5602307510579843E-2,1.2169799858252277E-2,{"$f":"-L4957/(1.202*2465560*MAX(0,(Inputs!$X$49-O4957)))","v":{"$error":"#DIV/0!"}},{"$f":"params!$C$15*P4957*(E4957-Inputs!$X$26)","v":{"$error":"#DIV/0!"}},{"$error":"#DIV/0!"}]
["2004-07-26","15:00:00",179,10,19,17,88,{"$f":"Inputs!$X$37*Inputs!$X$32*(E4960-Inputs!$X$26)","v":-7235.8241463998547},{"$f":"Inputs!$X$33*C4960*Inputs!$X$38","v":34922.286531833255},{"$f":"params!$C$15*Inputs!$X$29*(E4960-Inputs!$X$26)","v":-751.73024999999973},{"$f":"Inputs!$X$40*Inputs!$X$41/8760","v":5342.4657534246571},{"$f":"-Inputs!$X$45*Inputs!$X$33","v":-30000},2190.7229749852513,1.3744851093608144E-2,1.2095468962375167E-2,{"$f":"-L4960/(1.202*2465560*MAX(0,(Inputs!$X$49-O4960)))","v":{"$error":"#DIV/0!"}},{"$f":"params!$C$15*P4960*(E4960-Inputs!$X$26)","v":{"$error":"#DIV/0!"}},{"$error":"#DIV/0!"}]
["2004-07-26","19:00:00",38,10,18,17,94,{"$f":"Inputs!$X$37*Inputs!$X$32*(E4964-Inputs!$X$26)","v":-10663.319794694524},{"$f":"Inputs!$X$33*C4964*Inputs!$X$38","v":7413.6697665344336},{"$f":"params!$C$15*Inputs!$X$29*(E4964-Inputs!$X$26)","v":-1107.8129999999996},{"$f":"Inputs!$X$40*Inputs!$X$41/8760","v":5342.4657534246571},{"$f":"-Inputs!$X$45*Inputs!$X$33","v":-30000},2057.7011249857014,1.2892956292988709E-2,1.2119378915409387E-2,{"$f":"-L4964/(1.202*2465560*MAX(0,(Inputs!$X$49-O4964)))","v":{"$error":"#DIV/0!"}},{"$f":"params!$C$15*P4964*(E4964-Inputs!$X$26)","v":{"$error":"#DIV/0!"}},{"$error":"#DIV/0!"}]
["2004-07-26","22:00:00",0,10,18,17,94,{"$f":"Inputs!$X$37*Inputs!$X$32*(E4967-Inputs!$X$26)","v":-10663.319794694524},{"$f":"Inputs!$X$33*C4967*Inputs!$X$38","v":0},{"$f":"params!$C$15*Inputs!$X$29*(E4967-Inputs!$X$26)","v":-1107.8129999999996},{"$f":"Inputs!$X$40*Inputs!$X$41/8760","v":5342.4657534246571},{"$f":"-Inputs!$X$45*Inputs!$X$33","v":-30000},2057.7011249857014,1.2892956292988709E-2,1.2119378915409387E-2,{"$f":"-L4967/(1.202*2465560*MAX(0,(Inputs!$X$49-O4967)))","v":{"$error":"#DIV/0!"}},{"$f":"params!$C$15*P4967*(E4967-Inputs!$X$26)","v":{"$error":"#DIV/0!"}},{"$error":"#DIV/0!"}]
["2004-07-26","23:00:00",0,10,18,17,94,{"$f":"Inputs!$X$37*Inputs!$X$32*(E4968-Inputs!$X$26)","v":-10663.319794694524},{"$f":"Inputs!$X$33*C4968*Inputs!$X$38","v":0},{"$f":"params!$C$15*Inputs!$X$29*(E4968-Inputs!$X$26)","v":-1107.8129999999996},{"$f":"Inputs!$X$40*Inputs!$X$41/8760","v":5342.4657534246571},{"$f":"-Inputs!$X$45*Inputs!$X$33","v":-30000},2057.7011249857014,1.2892956292988709E-2,1.2119378915409387E-2,{"$f":"-L4968/(1.202*2465560*MAX(0,(Inputs!$X$49-O4968)))","v":{"$error":"#DIV/0!"}},{"$f":"params!$C$15*P4968*(E4968-Inputs!$X$26)","v":{"$error":"#DIV/0!"}},{"$error":"#DIV/0!"}]
["2004-07-27","02:00:00",0,10,18,16,88,{"$f":"Inputs!$X$37*Inputs!$X$32*(E4971-Inputs!$X$26)","v":-10663.319794694524},{"$f":"Inputs!$X$33*C4971*Inputs!$X$38","v":0},{"$f":"params!$C$15*Inputs!$X$29*(E4971-Inputs!$X$26)","v":-1107.8129999999996},{"$f":"Inputs!$X$40*Inputs!$X$41/8760","v":5342.4657534246571},{"$f":"-Inputs!$X$45*Inputs!$X$33","v":-30000},2057.7011249857014,1.2892956292988709E-2,1.1345801537830063E-2,{"$f":"-L4971/(1.202*2465560*MAX(0,(Inputs!$X$49-O4971)))","v":{"$error":"#DIV/0!"}},{"$f":"params!$C$15*P4971*(E4971-Inputs!$X$26)","v":{"$error":"#DIV/0!"}},{"$error":"#DIV/0!"}]
["2004-07-27","08:00:00",103,10,17,16,94,{"$f":"Inputs!$X$37*Inputs!$X$32*(E4977-Inputs!$X$26)","v":-14090.815442989191},{"$f":"Inputs!$X$33*C4977*Inputs!$X$38","v":20094.946998764386},{"$f":"params!$C$15*Inputs!$X$29*(E4977-Inputs!$X$26)","v":-1463.8957499999995},{"$f":"Inputs!$X$40*Inputs!$X$41/8760","v":5342.4657534246571},{"$f":"-Inputs!$X$45*Inputs!$X$33","v":-30000},1931.8104441244629,1.2088830888770941E-2,1.1363501035444683E-2,{"$f":"-L4977/(1.202*2465560*MAX(0,(Inputs!$X$49-O4977)))","v":{"$error":"#DIV/0!"}},{"$f":"params!$C$15*P4977*(E4977-Inputs!$X$26)","v":{"$error":"#DIV/0!"}},{"$error":"#DIV/0!"}]
["2004-07-27","10:00:00",158,10,18,16,88,{"$f":"Inputs!$X$37*Inputs!$X$32*(E4979-Inputs!$X$26)","v":-10663.319794694524},{"$f":"Inputs!$X$33*C4979*Inputs!$X$38","v":30825.258502958961},{"$f":"params!$C$15*Inputs!$X$29*(E4979-Inputs!$X$26)","v":-1107.8129999999996},{"$f":"Inputs!$X$40*Inputs!$X$41/8760","v":5342.4657534246571},{"$f":"-Inputs!$X$45*Inputs!$X$33","v":-30000},2057.7011249857014,1.2892956292988709E-2,1.1345801537830063E-2,{"$f":"-L4979/(1.202*2465560*MAX(0,(Inputs!$X$49-O4979)))","v":{"$error":"#DIV/0!"}},{"$f":"params!$C$15*P4979*(E4979-Inputs!$X$26)","v":{"$error":"#DIV/0!"}},{"$error":"#DIV/0!"}]
["2004-07-27","13:00:00",210,10,18,17,94,{"$f":"Inputs!$X$37*Inputs!$X$32*(E4982-Inputs!$X$26)","v":-10663.319794694524},{"$f":"Inputs!$X$33*C4982*Inputs!$X$38","v":40970.280288742928},{"$f":"params!$C$15*Inputs!$X$29*(E4982-Inputs!$X$26)","v":-1107.8129999999996},{"$f":"Inputs!$X$40*Inputs!$X$41/8760","v":5342.4657534246571},{"$f":"-Inputs!$X$45*Inputs!$X$33","v":-30000},2057.7011249857014,1.2892956292988709E-2,1.2119378915409387E-2,{"$f":"-L4982/(1.202*2465560*MAX(0,(Inputs!$X$49-O4982)))","v":{"$error":"#DIV/0!"}},{"$f":"params!$C$15*P4982*(E4982-Inputs!$X$26)","v":{"$error":"#DIV/0!"}},{"$error":"#DIV/0!"}]
["2004-07-27","17:00:00",98,10,19,17,88,{"$f":"Inputs!$X$37*Inputs!$X$32*(E4986-Inputs!$X$26)","v":-7235.8241463998547},{"$f":"Inputs!$X$33*C4986*Inputs!$X$38","v":19119.464134746697},{"$f":"params!$C$15*Inputs!$X$29*(E4986-Inputs!$X$26)","v":-751.73024999999973},{"$f":"Inputs!$X$40*Inputs!$X$41/8760","v":5342.4657534246571},{"$f":"-Inputs!$X$45*Inputs!$X$33","v":-30000},2190.7229749852513,1.3744851093608144E-2,1.2095468962375167E-2,{"$f":"-L4986/(1.202*2465560*MAX(0,(Inputs!$X$49-O4986)))","v":{"$error":"#DIV/0!"}},{"$f":"params!$C$15*P4986*(E4986-Inputs!$X$26)","v":{"$error":"#DIV/0!"}},{"$error":"#DIV/0!"}]
["2004-07-27","20:00:00",0,10,18,17,94,{"$f":"Inputs!$X$37*Inputs!$X$32*(E4989-Inputs!$X$26)","v":-10663.319794694524},{"$f":"Inputs!$X$33*C4989*Inputs!$X$38","v":0},{"$f":"params!$C$15*Inputs!$X$29*(E4989-Inputs!$X$26)","v":-1107.8129999999996},{"$f":"Inputs!$X$40*Inputs!$X$41/8760","v":5342.4657534246571},{"$f":"-Inputs!$X$45*Inputs!$X$33","v":-30000},2057.7011249857014,1.2892956292988709E-2,1.2119378915409387E-2,{"$f":"-L4989/(1.202*2465560*MAX(0,(Inputs!$X$49-O4989)))","v":{"$error":"#DIV/0!"}},{"$f":"params!$C$15*P4989*(E4989-Inputs!$X$26)","v":{"$error":"#DIV/0!"}},{"$error":"#DIV/0!"}]
["2004-07-27","23:00:00",0,10,18,17,94,{"$f":"Inputs!$X$37*Inputs!$X$32*(E4992-Inputs!$X$26)","v":-10663.319794694524},{"$f":"Inputs!$X$33*C4992*Inputs!$X$38","v":0},{"$f":"params!$C$15*Inputs!$X$29*(E4992-Inputs!$X$26)","v":-1107.8129999999996},{"$f":"Inputs!$X$40*Inputs!$X$41/8760","v":5342.4657534246571},{"$f":"-Inputs!$X$45*Inputs!$X$33","v":-30000},2057.7011249857014,1.2892956292988709E-2,1.2119378915409387E-2,{"$f":"-L4992/(1.202*2465560*MAX(0,(Inputs!$X$49-O4992)))","v":{"$error":"#DIV/0!"}},{"$f":"params!$C$15*P4992*(E4992-Inputs!$X$26)","v":{"$error":"#DIV/0!"}},{"$error":"#DIV/0!"}]
["2004-07-27",1,0,10,18,18,100,{"$f":"Inputs!$X$37*Inputs!$X$32*(E4993-Inputs!$X$26)","v":-10663.319794694524},{"$f":"Inputs!$X$33*C4993*Inputs!$X$38","v":0},{"$f":"params!$C$15*Inputs!$X$29*(E4993-Inputs!$X$26)","v":-1107.8129999999996},{"$f":"Inputs!$X$40*Inputs!$X$41/8760","v":5342.4657534246571},{"$f":"-Inputs!$X$45*Inputs!$X$33","v":-30000},2057.7011249857014,1.2892956292988709E-2,1.2892956292988709E-2,{"$f":"-L4993/(1.202*2465560*MAX(0,(Inputs!$X$49-O4993)))","v":{"$error":"#DIV/0!"}},{"$f":"params!$C$15*P4993*(E4993-Inputs!$X$26)","v":{"$error":"#DIV/0!"}},{"$error":"#DIV/0!"}]
["2004-07-28","05:00:00",0,10,17,17,100,{"$f":"Inputs!$X$37*Inputs!$X$32*(E4998-Inputs!$X$26)","v":-14090.815442989191},{"$f":"Inputs!$X$33*C4998*Inputs!$X$38","v":0},{"$f":"params!$C$15*Inputs!$X$29*(E4998-Inputs!$X$26)","v":-1463.8957499999995},{"$f":"Inputs!$X$40*Inputs!$X$41/8760","v":5342.4657534246571},{"$f":"-Inputs!$X$45*Inputs!$X$33","v":-30000},1931.8104441244629,1.2088830888770941E-2,1.2088830888770941E-2,{"$f":"-L4998/(1.202*2465560*MAX(0,(Inputs!$X$49-O4998)))","v":{"$error":"#DIV/0!"}},{"$f":"params!$C$15*P4998*(E4998-Inputs!$X$26)","v":{"$error":"#DIV/0!"}},{"$error":"#DIV/0!"}]
["2004-07-28","07:00:00",151,4,19,18,94,{"$f":"Inputs!$X$37*Inputs!$X$32*(E5000-Inputs!$X$26)","v":-7235.8241463998547},{"$f":"Inputs!$X$33*C5000*Inputs!$X$38","v":29459.582493334197},{"$f":"params!$C$15*Inputs!$X$29*(E5000-Inputs!$X$26)","v":-751.73024999999973},{"$f":"Inputs!$X$40*Inputs!$X$41/8760","v":5342.4657534246571},{"$f":"-Inputs!$X$45*Inputs!$X$33","v":-30000},2190.7229749852513,1.3744851093608144E-2,1.2920160027991656E-2,{"$f":"-L5000/(1.202*2465560*MAX(0,(Inputs!$X$49-O5000)))","v":{"$error":"#DIV/0!"}},{"$f":"params!$C$15*P5000*(E5000-Inputs!$X$26)","v":{"$error":"#DIV/0!"}},{"$error":"#DIV/0!"}]
["2004-07-28","11:00:00",130,10,22,17,73,{"$f":"Inputs!$X$37*Inputs!$X$32*(E5004-Inputs!$X$26)","v":3046.6627984841512},{"$f":"Inputs!$X$33*C5004*Inputs!$X$38","v":25362.554464459907},{"$f":"params!$C$15*Inputs!$X$29*(E5004-Inputs!$X$26)","v":316.51800000000009},{"$f":"Inputs!$X$40*Inputs!$X$41/8760","v":5342.4657534246571},{"$f":"-Inputs!$X$45*Inputs!$X$33","v":-30000},2636.0296246790026,1.6613383438113645E-2,1.212776990982296E-2,{"$f":"-L5004/(1.202*2465560*MAX(0,(Inputs!$X$49-O5004)))","v":{"$error":"#DIV/0!"}},{"$f":"params!$C$15*P5004*(E5004-Inputs!$X$26)","v":{"$error":"#DIV/0!"}},{"$error":"#DIV/0!"}]
["2004-07-28","14:00:00",212,10,19,18,94,{"$f":"Inputs!$X$37*Inputs!$X$32*(E5007-Inputs!$X$26)","v":-7235.8241463998547},{"$f":"Inputs!$X$33*C5007*Inputs!$X$38","v":41360.473434350002},{"$f":"params!$C$15*Inputs!$X$29*(E5007-Inputs!$X$26)","v":-751.73024999999973},{"$f":"Inputs!$X$40*Inputs!$X$41/8760","v":5342.4657534246571},{"$f":"-Inputs!$X$45*Inputs!$X$33","v":-30000},2190.7229749852513,1.3744851093608144E-2,1.2920160027991656E-2,{"$f":"-L5007/(1.202*2465560*MAX(0,(Inputs!$X$49-O5007)))","v":{"$error":"#DIV/0!"}},{"$f":"params!$C$15*P5007*(E5007-Inputs!$X$26)","v":{"$error":"#DIV/0!"}},{"$error":"#DIV/0!"}]
["2004-07-28","18:00:00",259,4,20,17,83,{"$f":"Inputs!$X$37*Inputs!$X$32*(E5011-Inputs!$X$26)","v":-3808.3284981051861},{"$f":"Inputs!$X$33*C5011*Inputs!$X$38","v":50530.012356116276},{"$f":"params!$C$15*Inputs!$X$29*(E5011-Inputs!$X$26)","v":-395.64749999999975},{"$f":"Inputs!$X$40*Inputs!$X$41/8760","v":5342.4657534246571},{"$f":"-Inputs!$X$45*Inputs!$X$33","v":-30000},2331.2150168593957,1.4647072201887702E-2,1.2157069927566792E-2,{"$f":"-L5011/(1.202*2465560*MAX(0,(Inputs!$X$49-O5011)))","v":{"$error":"#DIV/0!"}},{"$f":"params!$C$15*P5011*(E5011-Inputs!$X$26)","v":{"$error":"#DIV/0!"}},{"$error":"#DIV/0!"}]
["2004-07-28","21:00:00",0,10,18,17,94,{"$f":"Inputs!$X$37*Inputs!$X$32*(E5014-Inputs!$X$26)","v":-10663.319794694524},{"$f":"Inputs!$X$33*C5014*Inputs!$X$38","v":0},{"$f":"params!$C$15*Inputs!$X$29*(E5014-Inputs!$X$26)","v":-1107.8129999999996},{"$f":"Inputs!$X$40*Inputs!$X$41/8760","v":5342.4657534246571},{"$f":"-Inputs!$X$45*Inputs!$X$33","v":-30000},2057.7011249857014,1.2892956292988709E-2,1.2119378915409387E-2,{"$f":"-L5014/(1.202*2465560*MAX(0,(Inputs!$X$49-O5014)))","v":{"$error":"#DIV/0!"}},{"$f":"params!$C$15*P5014*(E5014-Inputs!$X$26)","v":{"$error":"#DIV/0!"}},{"$error":"#DIV/0!"}]
["2004-07-28",1,0,10,17,17,100,{"$f":"Inputs!$X$37*Inputs!$X$32*(E5017-Inputs!$X$26)","v":-14090.815442989191},{"$f":"Inputs!$X$33*C5017*Inputs!$X$38","v":0},{"$f":"params!$C$15*Inputs!$X$29*(E5017-Inputs!$X$26)","v":-1463.8957499999995},{"$f":"Inputs!$X$40*Inputs!$X$41/8760","v":5342.4657534246571},{"$f":"-Inputs!$X$45*Inputs!$X$33","v":-30000},1931.8104441244629,1.2088830888770941E-2,1.2088830888770941E-2,{"$f":"-L5017/(1.202*2465560*MAX(0,(Inputs!$X$49-O5017)))","v":{"$error":"#DIV/0!"}},{"$f":"params!$C$15*P5017*(E5017-Inputs!$X$26)","v":{"$error":"#DIV/0!"}},{"$error":"#DIV/0!"}]
["2004-07-29","01:00:00",0,10,17,17,100,{"$f":"Inputs!$X$37*Inputs!$X$32*(E5018-Inputs!$X$26)","v":-14090.815442989191},{"$f":"Inputs!$X$33*C5018*Inputs!$X$38","v":0},{"$f":"params!$C$15*Inputs!$X$29*(E5018-Inputs!$X$26)","v":-1463.8957499999995},{"$f":"Inputs!$X$40*Inputs!$X$41/8760","v":5342.4657534246571},{"$f":"-Inputs!$X$45*Inputs!$X$33","v":-30000},1931.8104441244629,1.2088830888770941E-2,1.2088830888770941E-2,{"$f":"-L5018/(1.202*2465560*MAX(0,(Inputs!$X$49-O5018)))","v":{"$error":"#DIV/0!"}},{"$f":"params!$C$15*P5018*(E5018-Inputs!$X$26)","v":{"$error":"#DIV/0!"}},{"$error":"#DIV/0!"}]
["2004-07-29","06:00:00",0,10,16,16,100,{"$f":"Inputs!$X$37*Inputs!$X$32*(E5023-Inputs!$X$26)","v":-17518.31109128386},{"$f":"Inputs!$X$33*C5023*Inputs!$X$38","v":0},{"$f":"params!$C$15*Inputs!$X$29*(E5023-Inputs!$X$26)","v":-1819.9784999999995},{"$f":"Inputs!$X$40*Inputs!$X$41/8760","v":5342.4657534246571},{"$f":"-Inputs!$X$45*Inputs!$X$33","v":-30000},1812.7242941450775,1.1330041931761578E-2,1.1330041931761578E-2,{"$f":"-L5023/(1.202*2465560*MAX(0,(Inputs!$X$49-O5023)))","v":{"$error":"#DIV/0!"}},{"$f":"params!$C$15*P5023*(E5023-Inputs!$X$26)","v":{"$error":"#DIV/0!"}},{"$error":"#DIV/0!"}]
["2004-07-29","08:00:00",221,10,18,16,88,{"$f":"Inputs!$X$37*Inputs!$X$32*(E5025-Inputs!$X$26)","v":-10663.319794694524},{"$f":"Inputs!$X$33*C5025*Inputs!$X$38","v":43116.342589581844},{"$f":"params!$C$15*Inputs!$X$29*(E5025-Inputs!$X$26)","v":-1107.8129999999996},{"$f":"Inputs!$X$40*Inputs!$X$41/8760","v":5342.4657534246571},{"$f":"-Inputs!$X$45*Inputs!$X$33","v":-30000},2057.7011249857014,1.2892956292988709E-2,1.1345801537830063E-2,{"$f":"-L5025/(1.202*2465560*MAX(0,(Inputs!$X$49-O5025)))","v":{"$error":"#DIV/0!"}},{"$f":"params!$C$15*P5025*(E5025-Inputs!$X$26)","v":{"$error":"#DIV/0!"}},{"$error":"#DIV/0!"}]
["2004-07-29","12:00:00",772,3,23,18,73,{"$f":"Inputs!$X$37*Inputs!$X$32*(E5029-Inputs!$X$26)","v":6474.1584467788198},{"$f":"Inputs!$X$33*C5029*Inputs!$X$38","v":150614.55420433113},{"$f":"params!$C$15*Inputs!$X$29*(E5029-Inputs!$X$26)","v":672.60074999999995},{"$f":"Inputs!$X$40*Inputs!$X$41/8760","v":5342.4657534246571},{"$f":"-Inputs!$X$45*Inputs!$X$33","v":-30000},2801.0950714195728,1.768327304712981E-2,1.2908789324404762E-2,{"$f":"-L5029/(1.202*2465560*MAX(0,(Inputs!$X$49-O5029)))","v":{"$error":"#DIV/0!"}},{"$f":"params!$C$15*P5029*(E5029-Inputs!$X$26)","v":{"$error":"#DIV/0!"}},{"$error":"#DIV/0!"}]
["2004-07-29","15:00:00",694,4,26,17,58,{"$f":"Inputs!$X$37*Inputs!$X$32*(E5032-Inputs!$X$26)","v":16756.645391662827},{"$f":"Inputs!$X$33*C5032*Inputs!$X$38","v":135397.0215256552},{"$f":"params!$C$15*Inputs!$X$29*(E5032-Inputs!$X$26)","v":1740.8489999999997},{"$f":"Inputs!$X$40*Inputs!$X$41/8760","v":5342.4657534246571},{"$f":"-Inputs!$X$45*Inputs!$X$33","v":-30000},3351.668772324198,2.1277942853302922E-2,1.2341206854915696E-2,{"$f":"-L5032/(1.202*2465560*MAX(0,(Inputs!$X$49-O5032)))","v":{"$error":"#DIV/0!"}},{"$f":"params!$C$15*P5032*(E5032-Inputs!$X$26)","v":{"$error":"#DIV/0!"}},{"$error":"#DIV/0!"}]
["2004-07-29","19:00:00",95,0,22,19,83,{"$f":"Inputs!$X$37*Inputs!$X$32*(E5036-Inputs!$X$26)","v":3046.6627984841512},{"$f":"Inputs!$X$33*C5036*Inputs!$X$38","v":18534.174416336085},{"$f":"params!$C$15*Inputs!$X$29*(E5036-Inputs!$X$26)","v":316.51800000000009},{"$f":"Inputs!$X$40*Inputs!$X$41/8760","v":5342.4657534246571},{"$f":"-Inputs!$X$45*Inputs!$X$33","v":-30000},2636.0296246790026,1.6613383438113645E-2,1.3789108253634325E-2,{"$f":"-L5036/(1.202*2465560*MAX(0,(Inputs!$X$49-O5036)))","v":{"$error":"#DIV/0!"}},{"$f":"params!$C$15*P5036*(E5036-Inputs!$X$26)","v":{"$error":"#DIV/0!"}},{"$error":"#DIV/0!"}]
["2004-07-29","22:00:00",0,2,18,17,94,{"$f":"Inputs!$X$37*Inputs!$X$32*(E5039-Inputs!$X$26)","v":-10663.319794694524},{"$f":"Inputs!$X$33*C5039*Inputs!$X$38","v":0},{"$f":"params!$C$15*Inputs!$X$29*(E5039-Inputs!$X$26)","v":-1107.8129999999996},{"$f":"Inputs!$X$40*Inputs!$X$41/8760","v":5342.4657534246571},{"$f":"-Inputs!$X$45*Inputs!$X$33","v":-30000},2057.7011249857014,1.2892956292988709E-2,1.2119378915409387E-2,{"$f":"-L5039/(1.202*2465560*MAX(0,(Inputs!$X$49-O5039)))","v":{"$error":"#DIV/0!"}},{"$f":"params!$C$15*P5039*(E5039-Inputs!$X$26)","v":{"$error":"#DIV/0!"}},{"$error":"#DIV/0!"}]
["2004-07-30","01:00:00",0,5,16,16,100,{"$f":"Inputs!$X$37*Inputs!$X$32*(E5042-Inputs!$X$26)","v":-17518.31109128386},{"$f":"Inputs!$X$33*C5042*Inputs!$X$38","v":0},{"$f":"params!$C$15*Inputs!$X$29*(E5042-Inputs!$X$26)","v":-1819.9784999999995},{"$f":"Inputs!$X$40*Inputs!$X$41/8760","v":5342.4657534246571},{"$f":"-Inputs!$X$45*Inputs!$X$33","v":-30000},1812.7242941450775,1.1330041931761578E-2,1.1330041931761578E-2,{"$f":"-L5042/(1.202*2465560*MAX(0,(Inputs!$X$49-O5042)))","v":{"$error":"#DIV/0!"}},{"$f":"params!$C$15*P5042*(E5042-Inputs!$X$26)","v":{"$error":"#DIV/0!"}},{"$error":"#DIV/0!"}]
["2004-07-30","02:00:00",0,9,16,16,100,{"$f":"Inputs!$X$37*Inputs!$X$32*(E5043-Inputs!$X$26)","v":-17518.31109128386},{"$f":"Inputs!$X$33*C5043*Inputs!$X$38","v":0},{"$f":"params!$C$15*Inputs!$X$29*(E5043-Inputs!$X$26)","v":-1819.9784999999995},{"$f":"Inputs!$X$40*Inputs!$X$41/8760","v":5342.4657534246571},{"$f":"-Inputs!$X$45*Inputs!$X$33","v":-30000},1812.7242941450775,1.1330041931761578E-2,1.1330041931761578E-2,{"$f":"-L5043/(1.202*2465560*MAX(0,(Inputs!$X$49-O5043)))","v":{"$error":"#DIV/0!"}},{"$f":"params!$C$15*P5043*(E5043-Inputs!$X$26)","v":{"$error":"#DIV/0!"}},{"$error":"#DIV/0!"}]
["2004-07-30","07:00:00",88,5,19,17,88,{"$f":"Inputs!$X$37*Inputs!$X$32*(E5048-Inputs!$X$26)","v":-7235.8241463998547},{"$f":"Inputs!$X$33*C5048*Inputs!$X$38","v":17168.498406711322},{"$f":"params!$C$15*Inputs!$X$29*(E5048-Inputs!$X$26)","v":-751.73024999999973},{"$f":"Inputs!$X$40*Inputs!$X$41/8760","v":5342.4657534246571},{"$f":"-Inputs!$X$45*Inputs!$X$33","v":-30000},2190.7229749852513,1.3744851093608144E-2,1.2095468962375167E-2,{"$f":"-L5048/(1.202*2465560*MAX(0,(Inputs!$X$49-O5048)))","v":{"$error":"#DIV/0!"}},{"$f":"params!$C$15*P5048*(E5048-Inputs!$X$26)","v":{"$error":"#DIV/0!"}},{"$error":"#DIV/0!"}]
["2004-07-30","10:00:00",310,10,26,21,74,{"$f":"Inputs!$X$37*Inputs!$X$32*(E5051-Inputs!$X$26)","v":16756.645391662827},{"$f":"Inputs!$X$33*C5051*Inputs!$X$38","v":60479.937569096699},{"$f":"params!$C$15*Inputs!$X$29*(E5051-Inputs!$X$26)","v":1740.8489999999997},{"$f":"Inputs!$X$40*Inputs!$X$41/8760","v":5342.4657534246571},{"$f":"-Inputs!$X$45*Inputs!$X$33","v":-30000},3351.668772324198,2.1277942853302922E-2,1.5745677711444164E-2,{"$f":"-L5051/(1.202*2465560*MAX(0,(Inputs!$X$49-O5051)))","v":{"$error":"#DIV/0!"}},{"$f":"params!$C$15*P5051*(E5051-Inputs!$X$26)","v":{"$error":"#DIV/0!"}},{"$error":"#DIV/0!"}]
["2004-07-30","13:00:00",293,10,25,21,78,{"$f":"Inputs!$X$37*Inputs!$X$32*(E5054-Inputs!$X$26)","v":13329.149743368158},{"$f":"Inputs!$X$33*C5054*Inputs!$X$38","v":57163.295831436561},{"$f":"params!$C$15*Inputs!$X$29*(E5054-Inputs!$X$26)","v":1384.7662499999999},{"$f":"Inputs!$X$40*Inputs!$X$41/8760","v":5342.4657534246571},{"$f":"-Inputs!$X$45*Inputs!$X$33","v":-30000},3158.5016332003511,2.0012171957865876E-2,1.5609494127135384E-2,{"$f":"-L5054/(1.202*2465560*MAX(0,(Inputs!$X$49-O5054)))","v":{"$error":"#DIV/0!"}},{"$f":"params!$C$15*P5054*(E5054-Inputs!$X$26)","v":{"$error":"#DIV/0!"}},{"$error":"#DIV/0!"}]
["2004-07-30","16:00:00",209,10,26,21,74,{"$f":"Inputs!$X$37*Inputs!$X$32*(E5057-Inputs!$X$26)","v":16756.645391662827},{"$f":"Inputs!$X$33*C5057*Inputs!$X$38","v":40775.183715939391},{"$f":"params!$C$15*Inputs!$X$29*(E5057-Inputs!$X$26)","v":1740.8489999999997},{"$f":"Inputs!$X$40*Inputs!$X$41/8760","v":5342.4657534246571},{"$f":"-Inputs!$X$45*Inputs!$X$33","v":-30000},3351.668772324198,2.1277942853302922E-2,1.5745677711444164E-2,{"$f":"-L5057/(1.202*2465560*MAX(0,(Inputs!$X$49-O5057)))","v":{"$error":"#DIV/0!"}},{"$f":"params!$C$15*P5057*(E5057-Inputs!$X$26)","v":{"$error":"#DIV/0!"}},{"$error":"#DIV/0!"}]
["2004-07-30","20:00:00",0,10,23,21,89,{"$f":"Inputs!$X$37*Inputs!$X$32*(E5061-Inputs!$X$26)","v":6474.1584467788198},{"$f":"Inputs!$X$33*C5061*Inputs!$X$38","v":0},{"$f":"params!$C$15*Inputs!$X$29*(E5061-Inputs!$X$26)","v":672.60074999999995},{"$f":"Inputs!$X$40*Inputs!$X$41/8760","v":5342.4657534246571},{"$f":"-Inputs!$X$45*Inputs!$X$33","v":-30000},2801.0950714195728,1.768327304712981E-2,1.5738113011945533E-2,{"$f":"-L5061/(1.202*2465560*MAX(0,(Inputs!$X$49-O5061)))","v":{"$error":"#DIV/0!"}},{"$f":"params!$C$15*P5061*(E5061-Inputs!$X$26)","v":{"$error":"#DIV/0!"}},{"$error":"#DIV/0!"}]
["2004-07-30","23:00:00",0,10,23,21,89,{"$f":"Inputs!$X$37*Inputs!$X$32*(E5064-Inputs!$X$26)","v":6474.1584467788198},{"$f":"Inputs!$X$33*C5064*Inputs!$X$38","v":0},{"$f":"params!$C$15*Inputs!$X$29*(E5064-Inputs!$X$26)","v":672.60074999999995},{"$f":"Inputs!$X$40*Inputs!$X$41/8760","v":5342.4657534246571},{"$f":"-Inputs!$X$45*Inputs!$X$33","v":-30000},2801.0950714195728,1.768327304712981E-2,1.5738113011945533E-2,{"$f":"-L5064/(1.202*2465560*MAX(0,(Inputs!$X$49-O5064)))","v":{"$error":"#DIV/0!"}},{"$f":"params!$C$15*P5064*(E5064-Inputs!$X$26)","v":{"$error":"#DIV/0!"}},{"$error":"#DIV/0!"}]
["2004-07-31","02:00:00",0,10,23,21,89,{"$f":"Inputs!$X$37*Inputs!$X$32*(E5067-Inputs!$X$26)","v":6474.1584467788198},{"$f":"Inputs!$X$33*C5067*Inputs!$X$38","v":0},{"$f":"params!$C$15*Inputs!$X$29*(E5067-Inputs!$X$26)","v":672.60074999999995},{"$f":"Inputs!$X$40*Inputs!$X$41/8760","v":5342.4657534246571},{"$f":"-Inputs!$X$45*Inputs!$X$33","v":-30000},2801.0950714195728,1.768327304712981E-2,1.5738113011945533E-2,{"$f":"-L5067/(1.202*2465560*MAX(0,(Inputs!$X$49-O5067)))","v":{"$error":"#DIV/0!"}},{"$f":"params!$C$15*P5067*(E5067-Inputs!$X$26)","v":{"$error":"#DIV/0!"}},{"$error":"#DIV/0!"}]
["2004-07-31","04:00:00",0,10,23,20,83,{"$f":"Inputs!$X$37*Inputs!$X$32*(E5069-Inputs!$X$26)","v":6474.1584467788198},{"$f":"Inputs!$X$33*C5069*Inputs!$X$38","v":0},{"$f":"params!$C$15*Inputs!$X$29*(E5069-Inputs!$X$26)","v":672.60074999999995},{"$f":"Inputs!$X$40*Inputs!$X$41/8760","v":5342.4657534246571},{"$f":"-Inputs!$X$45*Inputs!$X$33","v":-30000},2801.0950714195728,1.768327304712981E-2,1.4677116629117741E-2,{"$f":"-L5069/(1.202*2465560*MAX(0,(Inputs!$X$49-O5069)))","v":{"$error":"#DIV/0!"}},{"$f":"params!$C$15*P5069*(E5069-Inputs!$X$26)","v":{"$error":"#DIV/0!"}},{"$error":"#DIV/0!"}]
["2004-07-31","07:00:00",144,10,24,21,83,{"$f":"Inputs!$X$37*Inputs!$X$32*(E5072-Inputs!$X$26)","v":9901.6540950734889},{"$f":"Inputs!$X$33*C5072*Inputs!$X$38","v":28093.906483709434},{"$f":"params!$C$15*Inputs!$X$29*(E5072-Inputs!$X$26)","v":1028.6834999999999},{"$f":"Inputs!$X$40*Inputs!$X$41/8760","v":5342.4657534246571},{"$f":"-Inputs!$X$45*Inputs!$X$33","v":-30000},2975.1171299801654,1.8815104792251288E-2,1.561653697756857E-2,{"$f":"-L5072/(1.202*2465560*MAX(0,(Inputs!$X$49-O5072)))","v":{"$error":"#DIV/0!"}},{"$f":"params!$C$15*P5072*(E5072-Inputs!$X$26)","v":{"$error":"#DIV/0!"}},{"$error":"#DIV/0!"}]
["2004-07-31","11:00:00",241,10,24,22,89,{"$f":"Inputs!$X$37*Inputs!$X$32*(E5076-Inputs!$X$26)","v":9901.6540950734889},{"$f":"Inputs!$X$33*C5076*Inputs!$X$38","v":47018.274045652593},{"$f":"params!$C$15*Inputs!$X$29*(E5076-Inputs!$X$26)","v":1028.6834999999999},{"$f":"Inputs!$X$40*Inputs!$X$41/8760","v":5342.4657534246571},{"$f":"-Inputs!$X$45*Inputs!$X$33","v":-30000},2975.1171299801654,1.8815104792251288E-2,1.6745443265103646E-2,{"$f":"-L5076/(1.202*2465560*MAX(0,(Inputs!$X$49-O5076)))","v":{"$error":"#DIV/0!"}},{"$f":"params!$C$15*P5076*(E5076-Inputs!$X$26)","v":{"$error":"#DIV/0!"}},{"$error":"#DIV/0!"}]
["2004-07-31","14:00:00",271,10,25,21,78,{"$f":"Inputs!$X$37*Inputs!$X$32*(E5079-Inputs!$X$26)","v":13329.149743368158},{"$f":"Inputs!$X$33*C5079*Inputs!$X$38","v":52871.171229758729},{"$f":"params!$C$15*Inputs!$X$29*(E5079-Inputs!$X$26)","v":1384.7662499999999},{"$f":"Inputs!$X$40*Inputs!$X$41/8760","v":5342.4657534246571},{"$f":"-Inputs!$X$45*Inputs!$X$33","v":-30000},3158.5016332003511,2.0012171957865876E-2,1.5609494127135384E-2,{"$f":"-L5079/(1.202*2465560*MAX(0,(Inputs!$X$49-O5079)))","v":{"$error":"#DIV/0!"}},{"$f":"params!$C$15*P5079*(E5079-Inputs!$X$26)","v":{"$error":"#DIV/0!"}},{"$error":"#DIV/0!"}]
["2004-07-31","17:00:00",125,10,24,20,78,{"$f":"Inputs!$X$37*Inputs!$X$32*(E5082-Inputs!$X$26)","v":9901.6540950734889},{"$f":"Inputs!$X$33*C5082*Inputs!$X$38","v":24387.071600442214},{"$f":"params!$C$15*Inputs!$X$29*(E5082-Inputs!$X$26)","v":1028.6834999999999},{"$f":"Inputs!$X$40*Inputs!$X$41/8760","v":5342.4657534246571},{"$f":"-Inputs!$X$45*Inputs!$X$33","v":-30000},2975.1171299801654,1.8815104792251288E-2,1.4675781737956004E-2,{"$f":"-L5082/(1.202*2465560*MAX(0,(Inputs!$X$49-O5082)))","v":{"$error":"#DIV/0!"}},{"$f":"params!$C$15*P5082*(E5082-Inputs!$X$26)","v":{"$error":"#DIV/0!"}},{"$error":"#DIV/0!"}]
["2004-07-31","21:00:00",0,10,23,19,78,{"$f":"Inputs!$X$37*Inputs!$X$32*(E5086-Inputs!$X$26)","v":6474.1584467788198},{"$f":"Inputs!$X$33*C5086*Inputs!$X$38","v":0},{"$f":"params!$C$15*Inputs!$X$29*(E5086-Inputs!$X$26)","v":672.60074999999995},{"$f":"Inputs!$X$40*Inputs!$X$41/8760","v":5342.4657534246571},{"$f":"-Inputs!$X$45*Inputs!$X$33","v":-30000},2801.0950714195728,1.768327304712981E-2,1.3792952976761252E-2,{"$f":"-L5086/(1.202*2465560*MAX(0,(Inputs!$X$49-O5086)))","v":{"$error":"#DIV/0!"}},{"$f":"params!$C$15*P5086*(E5086-Inputs!$X$26)","v":{"$error":"#DIV/0!"}},{"$error":"#DIV/0!"}]
["2004-07-31",1,0,3,21.7,19,94,{"$f":"Inputs!$X$37*Inputs!$X$32*(E5089-Inputs!$X$26)","v":2018.4141039957483},{"$f":"Inputs!$X$33*C5089*Inputs!$X$38","v":0},{"$f":"params!$C$15*Inputs!$X$29*(E5089-Inputs!$X$26)","v":209.69317499999983},{"$f":"Inputs!$X$40*Inputs!$X$41/8760","v":5342.4657534246571},{"$f":"-Inputs!$X$45*Inputs!$X$33","v":-30000},2588.1975932684663,1.630402342208491E-2,1.5325782016759815E-2,{"$f":"-L5089/(1.202*2465560*MAX(0,(Inputs!$X$49-O5089)))","v":{"$error":"#DIV/0!"}},{"$f":"params!$C$15*P5089*(E5089-Inputs!$X$26)","v":{"$error":"#DIV/0!"}},{"$error":"#DIV/0!"}]
["2004-08-01","01:00:00",0,10,21.3,19,88,{"$f":"Inputs!$X$37*Inputs!$X$32*(E5090-Inputs!$X$26)","v":647.41584467788562},{"$f":"Inputs!$X$33*C5090*Inputs!$X$38","v":0},{"$f":"params!$C$15*Inputs!$X$29*(E5090-Inputs!$X$26)","v":67.260075000000384},{"$f":"Inputs!$X$40*Inputs!$X$41/8760","v":5342.4657534246571},{"$f":"-Inputs!$X$45*Inputs!$X$33","v":-30000},2525.6026285047415,1.5899634660429558E-2,1.3991678501178011E-2,{"$f":"-L5090/(1.202*2465560*MAX(0,(Inputs!$X$49-O5090)))","v":{"$error":"#DIV/0!"}},{"$f":"params!$C$15*P5090*(E5090-Inputs!$X$26)","v":{"$error":"#DIV/0!"}},{"$error":"#DIV/0!"}]
["2004-08-01","05:00:00",0,5,19,19,100,{"$f":"Inputs!$X$37*Inputs!$X$32*(E5094-Inputs!$X$26)","v":-7235.8241463998547},{"$f":"Inputs!$X$33*C5094*Inputs!$X$38","v":0},{"$f":"params!$C$15*Inputs!$X$29*(E5094-Inputs!$X$26)","v":-751.73024999999973},{"$f":"Inputs!$X$40*Inputs!$X$41/8760","v":5342.4657534246571},{"$f":"-Inputs!$X$45*Inputs!$X$33","v":-30000},2190.7229749852513,1.3744851093608144E-2,1.3744851093608144E-2,{"$f":"-L5094/(1.202*2465560*MAX(0,(Inputs!$X$49-O5094)))","v":{"$error":"#DIV/0!"}},{"$f":"params!$C$15*P5094*(E5094-Inputs!$X$26)","v":{"$error":"#DIV/0!"}},{"$error":"#DIV/0!"}]
["2004-08-01","08:00:00",312,8,23,21,89,{"$f":"Inputs!$X$37*Inputs!$X$32*(E5097-Inputs!$X$26)","v":6474.1584467788198},{"$f":"Inputs!$X$33*C5097*Inputs!$X$38","v":60870.130714703766},{"$f":"params!$C$15*Inputs!$X$29*(E5097-Inputs!$X$26)","v":672.60074999999995},{"$f":"Inputs!$X$40*Inputs!$X$41/8760","v":5342.4657534246571},{"$f":"-Inputs!$X$45*Inputs!$X$33","v":-30000},2801.0950714195728,1.768327304712981E-2,1.5738113011945533E-2,{"$f":"-L5097/(1.202*2465560*MAX(0,(Inputs!$X$49-O5097)))","v":{"$error":"#DIV/0!"}},{"$f":"params!$C$15*P5097*(E5097-Inputs!$X$26)","v":{"$error":"#DIV/0!"}},{"$error":"#DIV/0!"}]
["2004-08-01","12:00:00",870,8,28,19,58,{"$f":"Inputs!$X$37*Inputs!$X$32*(E5101-Inputs!$X$26)","v":23611.636688252162},{"$f":"Inputs!$X$33*C5101*Inputs!$X$38","v":169734.01833907783},{"$f":"params!$C$15*Inputs!$X$29*(E5101-Inputs!$X$26)","v":2453.0144999999998},{"$f":"Inputs!$X$40*Inputs!$X$41/8760","v":5342.4657534246571},{"$f":"-Inputs!$X$45*Inputs!$X$33","v":-30000},3769.1055437563177,2.4030411275220657E-2,1.3937638539627982E-2,{"$f":"-L5101/(1.202*2465560*MAX(0,(Inputs!$X$49-O5101)))","v":{"$error":"#DIV/0!"}},{"$f":"params!$C$15*P5101*(E5101-Inputs!$X$26)","v":{"$error":"#DIV/0!"}},{"$error":"#DIV/0!"}]
["2004-08-01","15:00:00",757,4,29,17,48,{"$f":"Inputs!$X$37*Inputs!$X$32*(E5104-Inputs!$X$26)","v":27039.132336546831},{"$f":"Inputs!$X$33*C5104*Inputs!$X$38","v":147688.10561227804},{"$f":"params!$C$15*Inputs!$X$29*(E5104-Inputs!$X$26)","v":2809.0972499999993},{"$f":"Inputs!$X$40*Inputs!$X$41/8760","v":5342.4657534246571},{"$f":"-Inputs!$X$45*Inputs!$X$33","v":-30000},3994.2904004730208,2.5525024460504739E-2,1.2252011741042275E-2,{"$f":"-L5104/(1.202*2465560*MAX(0,(Inputs!$X$49-O5104)))","v":{"$error":"#DIV/0!"}},{"$f":"params!$C$15*P5104*(E5104-Inputs!$X$26)","v":{"$error":"#DIV/0!"}},{"$error":"#DIV/0!"}]
["2004-08-01","18:00:00",248,0,25,19,69,{"$f":"Inputs!$X$37*Inputs!$X$32*(E5107-Inputs!$X$26)","v":13329.149743368158},{"$f":"Inputs!$X$33*C5107*Inputs!$X$38","v":48383.950055277361},{"$f":"params!$C$15*Inputs!$X$29*(E5107-Inputs!$X$26)","v":1384.7662499999999},{"$f":"Inputs!$X$40*Inputs!$X$41/8760","v":5342.4657534246571},{"$f":"-Inputs!$X$45*Inputs!$X$33","v":-30000},3158.5016332003511,2.0012171957865876E-2,1.3808398650927454E-2,{"$f":"-L5107/(1.202*2465560*MAX(0,(Inputs!$X$49-O5107)))","v":{"$error":"#DIV/0!"}},{"$f":"params!$C$15*P5107*(E5107-Inputs!$X$26)","v":{"$error":"#DIV/0!"}},{"$error":"#DIV/0!"}]
["2004-08-01","22:00:00",0,0,18,18,100,{"$f":"Inputs!$X$37*Inputs!$X$32*(E5111-Inputs!$X$26)","v":-10663.319794694524},{"$f":"Inputs!$X$33*C5111*Inputs!$X$38","v":0},{"$f":"params!$C$15*Inputs!$X$29*(E5111-Inputs!$X$26)","v":-1107.8129999999996},{"$f":"Inputs!$X$40*Inputs!$X$41/8760","v":5342.4657534246571},{"$f":"-Inputs!$X$45*Inputs!$X$33","v":-30000},2057.7011249857014,1.2892956292988709E-2,1.2892956292988709E-2,{"$f":"-L5111/(1.202*2465560*MAX(0,(Inputs!$X$49-O5111)))","v":{"$error":"#DIV/0!"}},{"$f":"params!$C$15*P5111*(E5111-Inputs!$X$26)","v":{"$error":"#DIV/0!"}},{"$error":"#DIV/0!"}]
["2004-08-02","01:00:00",0,2,16.8,16.8,100,{"$f":"Inputs!$X$37*Inputs!$X$32*(E5114-Inputs!$X$26)","v":-14776.314572648123},{"$f":"Inputs!$X$33*C5114*Inputs!$X$38","v":0},{"$f":"params!$C$15*Inputs!$X$29*(E5114-Inputs!$X$26)","v":-1535.1122999999993},{"$f":"Inputs!$X$40*Inputs!$X$41/8760","v":5342.4657534246571},{"$f":"-Inputs!$X$45*Inputs!$X$33","v":-30000},1907.4590897184537,1.1933521929432362E-2,1.1933521929432362E-2,{"$f":"-L5114/(1.202*2465560*MAX(0,(Inputs!$X$49-O5114)))","v":{"$error":"#DIV/0!"}},{"$f":"params!$C$15*P5114*(E5114-Inputs!$X$26)","v":{"$error":"#DIV/0!"}},{"$error":"#DIV/0!"}]
["2004-08-02","02:00:00",0,3,16.3,16.3,100,{"$f":"Inputs!$X$37*Inputs!$X$32*(E5115-Inputs!$X$26)","v":-16490.062396795456},{"$f":"Inputs!$X$33*C5115*Inputs!$X$38","v":0},{"$f":"params!$C$15*Inputs!$X$29*(E5115-Inputs!$X$26)","v":-1713.1536749999991},{"$f":"Inputs!$X$40*Inputs!$X$41/8760","v":5342.4657534246571},{"$f":"-Inputs!$X$45*Inputs!$X$33","v":-30000},1847.7546104797279,1.1553058271025004E-2,1.1553058271025006E-2,{"$f":"-L5115/(1.202*2465560*MAX(0,(Inputs!$X$49-O5115)))","v":{"$error":"#DIV/0!"}},{"$f":"params!$C$15*P5115*(E5115-Inputs!$X$26)","v":{"$error":"#DIV/0!"}},{"$error":"#DIV/0!"}]
["2004-08-02","06:00:00",0,10,16,16,100,{"$f":"Inputs!$X$37*Inputs!$X$32*(E5119-Inputs!$X$26)","v":-17518.31109128386},{"$f":"Inputs!$X$33*C5119*Inputs!$X$38","v":0},{"$f":"params!$C$15*Inputs!$X$29*(E5119-Inputs!$X$26)","v":-1819.9784999999995},{"$f":"Inputs!$X$40*Inputs!$X$41/8760","v":5342.4657534246571},{"$f":"-Inputs!$X$45*Inputs!$X$33","v":-30000},1812.7242941450775,1.1330041931761578E-2,1.1330041931761578E-2,{"$f":"-L5119/(1.202*2465560*MAX(0,(Inputs!$X$49-O5119)))","v":{"$error":"#DIV/0!"}},{"$f":"params!$C$15*P5119*(E5119-Inputs!$X$26)","v":{"$error":"#DIV/0!"}},{"$error":"#DIV/0!"}]
["2004-08-02","09:00:00",346,3,20,17,83,{"$f":"Inputs!$X$37*Inputs!$X$32*(E5122-Inputs!$X$26)","v":-3808.3284981051861},{"$f":"Inputs!$X$33*C5122*Inputs!$X$38","v":67503.414190024065},{"$f":"params!$C$15*Inputs!$X$29*(E5122-Inputs!$X$26)","v":-395.64749999999975},{"$f":"Inputs!$X$40*Inputs!$X$41/8760","v":5342.4657534246571},{"$f":"-Inputs!$X$45*Inputs!$X$33","v":-30000},2331.2150168593957,1.4647072201887702E-2,1.2157069927566792E-2,{"$f":"-L5122/(1.202*2465560*MAX(0,(Inputs!$X$49-O5122)))","v":{"$error":"#DIV/0!"}},{"$f":"params!$C$15*P5122*(E5122-Inputs!$X$26)","v":{"$error":"#DIV/0!"}},{"$error":"#DIV/0!"}]
["2004-08-02","13:00:00",904,3,27,13,42,{"$f":"Inputs!$X$37*Inputs!$X$32*(E5126-Inputs!$X$26)","v":20184.141039957496},{"$f":"Inputs!$X$33*C5126*Inputs!$X$38","v":176367.30181439812},{"$f":"params!$C$15*Inputs!$X$29*(E5126-Inputs!$X$26)","v":2096.9317499999997},{"$f":"Inputs!$X$40*Inputs!$X$41/8760","v":5342.4657534246571},{"$f":"-Inputs!$X$45*Inputs!$X$33","v":-30000},3555.0534347297348,2.2616071840205452E-2,9.4987501728862906E-3,{"$f":"-L5126/(1.202*2465560*MAX(0,(Inputs!$X$49-O5126)))","v":6.7506262151812271},{"$f":"params!$C$15*P5126*(E5126-Inputs!$X$26)","v":47990.481944991872},221981.32230277214]
["2004-08-02","16:00:00",621,3,28,17,51,{"$f":"Inputs!$X$37*Inputs!$X$32*(E5129-Inputs!$X$26)","v":23611.636688252162},{"$f":"Inputs!$X$33*C5129*Inputs!$X$38","v":121154.97171099694},{"$f":"params!$C$15*Inputs!$X$29*(E5129-Inputs!$X$26)","v":2453.0144999999998},{"$f":"Inputs!$X$40*Inputs!$X$41/8760","v":5342.4657534246571},{"$f":"-Inputs!$X$45*Inputs!$X$33","v":-30000},3769.1055437563177,2.4030411275220657E-2,1.2255509750362534E-2,{"$f":"-L5129/(1.202*2465560*MAX(0,(Inputs!$X$49-O5129)))","v":{"$error":"#DIV/0!"}},{"$f":"params!$C$15*P5129*(E5129-Inputs!$X$26)","v":{"$error":"#DIV/0!"}},{"$error":"#DIV/0!"}]
["2004-08-02","19:00:00",88,0,23,19,78,{"$f":"Inputs!$X$37*Inputs!$X$32*(E5132-Inputs!$X$26)","v":6474.1584467788198},{"$f":"Inputs!$X$33*C5132*Inputs!$X$38","v":17168.498406711322},{"$f":"params!$C$15*Inputs!$X$29*(E5132-Inputs!$X$26)","v":672.60074999999995},{"$f":"Inputs!$X$40*Inputs!$X$41/8760","v":5342.4657534246571},{"$f":"-Inputs!$X$45*Inputs!$X$33","v":-30000},2801.0950714195728,1.768327304712981E-2,1.3792952976761252E-2,{"$f":"-L5132/(1.202*2465560*MAX(0,(Inputs!$X$49-O5132)))","v":{"$error":"#DIV/0!"}},{"$f":"params!$C$15*P5132*(E5132-Inputs!$X$26)","v":{"$error":"#DIV/0!"}},{"$error":"#DIV/0!"}]
["2004-08-02","23:00:00",0,0,18,17,94,{"$f":"Inputs!$X$37*Inputs!$X$32*(E5136-Inputs!$X$26)","v":-10663.319794694524},{"$f":"Inputs!$X$33*C5136*Inputs!$X$38","v":0},{"$f":"params!$C$15*Inputs!$X$29*(E5136-Inputs!$X$26)","v":-1107.8129999999996},{"$f":"Inputs!$X$40*Inputs!$X$41/8760","v":5342.4657534246571},{"$f":"-Inputs!$X$45*Inputs!$X$33","v":-30000},2057.7011249857014,1.2892956292988709E-2,1.2119378915409387E-2,{"$f":"-L5136/(1.202*2465560*MAX(0,(Inputs!$X$49-O5136)))","v":{"$error":"#DIV/0!"}},{"$f":"params!$C$15*P5136*(E5136-Inputs!$X$26)","v":{"$error":"#DIV/0!"}},{"$error":"#DIV/0!"}]
["2004-08-03","02:00:00",0,0,16,16,100,{"$f":"Inputs!$X$37*Inputs!$X$32*(E5139-Inputs!$X$26)","v":-17518.31109128386},{"$f":"Inputs!$X$33*C5139*Inputs!$X$38","v":0},{"$f":"params!$C$15*Inputs!$X$29*(E5139-Inputs!$X$26)","v":-1819.9784999999995},{"$f":"Inputs!$X$40*Inputs!$X$41/8760","v":5342.4657534246571},{"$f":"-Inputs!$X$45*Inputs!$X$33","v":-30000},1812.7242941450775,1.1330041931761578E-2,1.1330041931761578E-2,{"$f":"-L5139/(1.202*2465560*MAX(0,(Inputs!$X$49-O5139)))","v":{"$error":"#DIV/0!"}},{"$f":"params!$C$15*P5139*(E5139-Inputs!$X$26)","v":{"$error":"#DIV/0!"}},{"$error":"#DIV/0!"}]
["2004-08-03","03:00:00",0,8,16,16,100,{"$f":"Inputs!$X$37*Inputs!$X$32*(E5140-Inputs!$X$26)","v":-17518.31109128386},{"$f":"Inputs!$X$33*C5140*Inputs!$X$38","v":0},{"$f":"params!$C$15*Inputs!$X$29*(E5140-Inputs!$X$26)","v":-1819.9784999999995},{"$f":"Inputs!$X$40*Inputs!$X$41/8760","v":5342.4657534246571},{"$f":"-Inputs!$X$45*Inputs!$X$33","v":-30000},1812.7242941450775,1.1330041931761578E-2,1.1330041931761578E-2,{"$f":"-L5140/(1.202*2465560*MAX(0,(Inputs!$X$49-O5140)))","v":{"$error":"#DIV/0!"}},{"$f":"params!$C$15*P5140*(E5140-Inputs!$X$26)","v":{"$error":"#DIV/0!"}},{"$error":"#DIV/0!"}]
["2004-08-03","07:00:00",146,10,18,18,100,{"$f":"Inputs!$X$37*Inputs!$X$32*(E5144-Inputs!$X$26)","v":-10663.319794694524},{"$f":"Inputs!$X$33*C5144*Inputs!$X$38","v":28484.099629316508},{"$f":"params!$C$15*Inputs!$X$29*(E5144-Inputs!$X$26)","v":-1107.8129999999996},{"$f":"Inputs!$X$40*Inputs!$X$41/8760","v":5342.4657534246571},{"$f":"-Inputs!$X$45*Inputs!$X$33","v":-30000},2057.7011249857014,1.2892956292988709E-2,1.2892956292988709E-2,{"$f":"-L5144/(1.202*2465560*MAX(0,(Inputs!$X$49-O5144)))","v":{"$error":"#DIV/0!"}},{"$f":"params!$C$15*P5144*(E5144-Inputs!$X$26)","v":{"$error":"#DIV/0!"}},{"$error":"#DIV/0!"}]
["2004-08-03","10:00:00",646,4,26,19,65,{"$f":"Inputs!$X$37*Inputs!$X$32*(E5147-Inputs!$X$26)","v":16756.645391662827},{"$f":"Inputs!$X$33*C5147*Inputs!$X$38","v":126032.38603108539},{"$f":"params!$C$15*Inputs!$X$29*(E5147-Inputs!$X$26)","v":1740.8489999999997},{"$f":"Inputs!$X$40*Inputs!$X$41/8760","v":5342.4657534246571},{"$f":"-Inputs!$X$45*Inputs!$X$33","v":-30000},3351.668772324198,2.1277942853302922E-2,1.3830662854646901E-2,{"$f":"-L5147/(1.202*2465560*MAX(0,(Inputs!$X$49-O5147)))","v":{"$error":"#DIV/0!"}},{"$f":"params!$C$15*P5147*(E5147-Inputs!$X$26)","v":{"$error":"#DIV/0!"}},{"$error":"#DIV/0!"}]
["2004-08-03","14:00:00",760,9,28,19,58,{"$f":"Inputs!$X$37*Inputs!$X$32*(E5151-Inputs!$X$26)","v":23611.636688252162},{"$f":"Inputs!$X$33*C5151*Inputs!$X$38","v":148273.39533068868},{"$f":"params!$C$15*Inputs!$X$29*(E5151-Inputs!$X$26)","v":2453.0144999999998},{"$f":"Inputs!$X$40*Inputs!$X$41/8760","v":5342.4657534246571},{"$f":"-Inputs!$X$45*Inputs!$X$33","v":-30000},3769.1055437563177,2.4030411275220657E-2,1.3937638539627982E-2,{"$f":"-L5151/(1.202*2465560*MAX(0,(Inputs!$X$49-O5151)))","v":{"$error":"#DIV/0!"}},{"$f":"params!$C$15*P5151*(E5151-Inputs!$X$26)","v":{"$error":"#DIV/0!"}},{"$error":"#DIV/0!"}]
["2004-08-03","17:00:00",255,8,24,19,74,{"$f":"Inputs!$X$37*Inputs!$X$32*(E5154-Inputs!$X$26)","v":9901.6540950734889},{"$f":"Inputs!$X$33*C5154*Inputs!$X$38","v":49749.626064902121},{"$f":"params!$C$15*Inputs!$X$29*(E5154-Inputs!$X$26)","v":1028.6834999999999},{"$f":"Inputs!$X$40*Inputs!$X$41/8760","v":5342.4657534246571},{"$f":"-Inputs!$X$45*Inputs!$X$33","v":-30000},2975.1171299801654,1.8815104792251288E-2,1.3923177546265953E-2,{"$f":"-L5154/(1.202*2465560*MAX(0,(Inputs!$X$49-O5154)))","v":{"$error":"#DIV/0!"}},{"$f":"params!$C$15*P5154*(E5154-Inputs!$X$26)","v":{"$error":"#DIV/0!"}},{"$error":"#DIV/0!"}]
["2004-08-03","21:00:00",0,0,19,19,100,{"$f":"Inputs!$X$37*Inputs!$X$32*(E5158-Inputs!$X$26)","v":-7235.8241463998547},{"$f":"Inputs!$X$33*C5158*Inputs!$X$38","v":0},{"$f":"params!$C$15*Inputs!$X$29*(E5158-Inputs!$X$26)","v":-751.73024999999973},{"$f":"Inputs!$X$40*Inputs!$X$41/8760","v":5342.4657534246571},{"$f":"-Inputs!$X$45*Inputs!$X$33","v":-30000},2190.7229749852513,1.3744851093608144E-2,1.3744851093608144E-2,{"$f":"-L5158/(1.202*2465560*MAX(0,(Inputs!$X$49-O5158)))","v":{"$error":"#DIV/0!"}},{"$f":"params!$C$15*P5158*(E5158-Inputs!$X$26)","v":{"$error":"#DIV/0!"}},{"$error":"#DIV/0!"}]
["2004-08-03",1,0,10,18,18,100,{"$f":"Inputs!$X$37*Inputs!$X$32*(E5161-Inputs!$X$26)","v":-10663.319794694524},{"$f":"Inputs!$X$33*C5161*Inputs!$X$38","v":0},{"$f":"params!$C$15*Inputs!$X$29*(E5161-Inputs!$X$26)","v":-1107.8129999999996},{"$f":"Inputs!$X$40*Inputs!$X$41/8760","v":5342.4657534246571},{"$f":"-Inputs!$X$45*Inputs!$X$33","v":-30000},2057.7011249857014,1.2892956292988709E-2,1.2892956292988709E-2,{"$f":"-L5161/(1.202*2465560*MAX(0,(Inputs!$X$49-O5161)))","v":{"$error":"#DIV/0!"}},{"$f":"params!$C$15*P5161*(E5161-Inputs!$X$26)","v":{"$error":"#DIV/0!"}},{"$error":"#DIV/0!"}]
["2004-08-04","03:00:00",0,10,19,19,100,{"$f":"Inputs!$X$37*Inputs!$X$32*(E5164-Inputs!$X$26)","v":-7235.8241463998547},{"$f":"Inputs!$X$33*C5164*Inputs!$X$38","v":0},{"$f":"params!$C$15*Inputs!$X$29*(E5164-Inputs!$X$26)","v":-751.73024999999973},{"$f":"Inputs!$X$40*Inputs!$X$41/8760","v":5342.4657534246571},{"$f":"-Inputs!$X$45*Inputs!$X$33","v":-30000},2190.7229749852513,1.3744851093608144E-2,1.3744851093608144E-2,{"$f":"-L5164/(1.202*2465560*MAX(0,(Inputs!$X$49-O5164)))","v":{"$error":"#DIV/0!"}},{"$f":"params!$C$15*P5164*(E5164-Inputs!$X$26)","v":{"$error":"#DIV/0!"}},{"$error":"#DIV/0!"}]
["2004-08-04","04:00:00",0,10,18,18,100,{"$f":"Inputs!$X$37*Inputs!$X$32*(E5165-Inputs!$X$26)","v":-10663.319794694524},{"$f":"Inputs!$X$33*C5165*Inputs!$X$38","v":0},{"$f":"params!$C$15*Inputs!$X$29*(E5165-Inputs!$X$26)","v":-1107.8129999999996},{"$f":"Inputs!$X$40*Inputs!$X$41/8760","v":5342.4657534246571},{"$f":"-Inputs!$X$45*Inputs!$X$33","v":-30000},2057.7011249857014,1.2892956292988709E-2,1.2892956292988709E-2,{"$f":"-L5165/(1.202*2465560*MAX(0,(Inputs!$X$49-O5165)))","v":{"$error":"#DIV/0!"}},{"$f":"params!$C$15*P5165*(E5165-Inputs!$X$26)","v":{"$error":"#DIV/0!"}},{"$error":"#DIV/0!"}]
["2004-08-04","08:00:00",188,10,19,19,100,{"$f":"Inputs!$X$37*Inputs!$X$32*(E5169-Inputs!$X$26)","v":-7235.8241463998547},{"$f":"Inputs!$X$33*C5169*Inputs!$X$38","v":36678.155687065097},{"$f":"params!$C$15*Inputs!$X$29*(E5169-Inputs!$X$26)","v":-751.73024999999973},{"$f":"Inputs!$X$40*Inputs!$X$41/8760","v":5342.4657534246571},{"$f":"-Inputs!$X$45*Inputs!$X$33","v":-30000},2190.7229749852513,1.3744851093608144E-2,1.3744851093608144E-2,{"$f":"-L5169/(1.202*2465560*MAX(0,(Inputs!$X$49-O5169)))","v":{"$error":"#DIV/0!"}},{"$f":"params!$C$15*P5169*(E5169-Inputs!$X$26)","v":{"$error":"#DIV/0!"}},{"$error":"#DIV/0!"}]
["2004-08-04","11:00:00",347,9,23,18,73,{"$f":"Inputs!$X$37*Inputs!$X$32*(E5172-Inputs!$X$26)","v":6474.1584467788198},{"$f":"Inputs!$X$33*C5172*Inputs!$X$38","v":67698.510762827602},{"$f":"params!$C$15*Inputs!$X$29*(E5172-Inputs!$X$26)","v":672.60074999999995},{"$f":"Inputs!$X$40*Inputs!$X$41/8760","v":5342.4657534246571},{"$f":"-Inputs!$X$45*Inputs!$X$33","v":-30000},2801.0950714195728,1.768327304712981E-2,1.2908789324404762E-2,{"$f":"-L5172/(1.202*2465560*MAX(0,(Inputs!$X$49-O5172)))","v":{"$error":"#DIV/0!"}},{"$f":"params!$C$15*P5172*(E5172-Inputs!$X$26)","v":{"$error":"#DIV/0!"}},{"$error":"#DIV/0!"}]
["2004-08-04","15:00:00",121,10,21,18,83,{"$f":"Inputs!$X$37*Inputs!$X$32*(E5176-Inputs!$X$26)","v":-380.83284981051736},{"$f":"Inputs!$X$33*C5176*Inputs!$X$38","v":23606.685309228065},{"$f":"params!$C$15*Inputs!$X$29*(E5176-Inputs!$X$26)","v":-39.564749999999847},{"$f":"Inputs!$X$40*Inputs!$X$41/8760","v":5342.4657534246571},{"$f":"-Inputs!$X$45*Inputs!$X$33","v":-30000},2479.5289798458998,1.5602307510579843E-2,1.2949915233781271E-2,{"$f":"-L5176/(1.202*2465560*MAX(0,(Inputs!$X$49-O5176)))","v":{"$error":"#DIV/0!"}},{"$f":"params!$C$15*P5176*(E5176-Inputs!$X$26)","v":{"$error":"#DIV/0!"}},{"$error":"#DIV/0!"}]
["2004-08-04","18:00:00",40,10,18,17,94,{"$f":"Inputs!$X$37*Inputs!$X$32*(E5179-Inputs!$X$26)","v":-10663.319794694524},{"$f":"Inputs!$X$33*C5179*Inputs!$X$38","v":7803.8629121415097},{"$f":"params!$C$15*Inputs!$X$29*(E5179-Inputs!$X$26)","v":-1107.8129999999996},{"$f":"Inputs!$X$40*Inputs!$X$41/8760","v":5342.4657534246571},{"$f":"-Inputs!$X$45*Inputs!$X$33","v":-30000},2057.7011249857014,1.2892956292988709E-2,1.2119378915409387E-2,{"$f":"-L5179/(1.202*2465560*MAX(0,(Inputs!$X$49-O5179)))","v":{"$error":"#DIV/0!"}},{"$f":"params!$C$15*P5179*(E5179-Inputs!$X$26)","v":{"$error":"#DIV/0!"}},{"$error":"#DIV/0!"}]
["2004-08-04","22:00:00",0,10,17,16,94,{"$f":"Inputs!$X$37*Inputs!$X$32*(E5183-Inputs!$X$26)","v":-14090.815442989191},{"$f":"Inputs!$X$33*C5183*Inputs!$X$38","v":0},{"$f":"params!$C$15*Inputs!$X$29*(E5183-Inputs!$X$26)","v":-1463.8957499999995},{"$f":"Inputs!$X$40*Inputs!$X$41/8760","v":5342.4657534246571},{"$f":"-Inputs!$X$45*Inputs!$X$33","v":-30000},1931.8104441244629,1.2088830888770941E-2,1.1363501035444683E-2,{"$f":"-L5183/(1.202*2465560*MAX(0,(Inputs!$X$49-O5183)))","v":{"$error":"#DIV/0!"}},{"$f":"params!$C$15*P5183*(E5183-Inputs!$X$26)","v":{"$error":"#DIV/0!"}},{"$error":"#DIV/0!"}]
["2004-08-05","01:00:00",0,10,16,16,100,{"$f":"Inputs!$X$37*Inputs!$X$32*(E5186-Inputs!$X$26)","v":-17518.31109128386},{"$f":"Inputs!$X$33*C5186*Inputs!$X$38","v":0},{"$f":"params!$C$15*Inputs!$X$29*(E5186-Inputs!$X$26)","v":-1819.9784999999995},{"$f":"Inputs!$X$40*Inputs!$X$41/8760","v":5342.4657534246571},{"$f":"-Inputs!$X$45*Inputs!$X$33","v":-30000},1812.7242941450775,1.1330041931761578E-2,1.1330041931761578E-2,{"$f":"-L5186/(1.202*2465560*MAX(0,(Inputs!$X$49-O5186)))","v":{"$error":"#DIV/0!"}},{"$f":"params!$C$15*P5186*(E5186-Inputs!$X$26)","v":{"$error":"#DIV/0!"}},{"$error":"#DIV/0!"}]
["2004-08-05","04:00:00",0,10,16,16,100,{"$f":"Inputs!$X$37*Inputs!$X$32*(E5189-Inputs!$X$26)","v":-17518.31109128386},{"$f":"Inputs!$X$33*C5189*Inputs!$X$38","v":0},{"$f":"params!$C$15*Inputs!$X$29*(E5189-Inputs!$X$26)","v":-1819.9784999999995},{"$f":"Inputs!$X$40*Inputs!$X$41/8760","v":5342.4657534246571},{"$f":"-Inputs!$X$45*Inputs!$X$33","v":-30000},1812.7242941450775,1.1330041931761578E-2,1.1330041931761578E-2,{"$f":"-L5189/(1.202*2465560*MAX(0,(Inputs!$X$49-O5189)))","v":{"$error":"#DIV/0!"}},{"$f":"params!$C$15*P5189*(E5189-Inputs!$X$26)","v":{"$error":"#DIV/0!"}},{"$error":"#DIV/0!"}]
["2004-08-05","05:00:00",0,10,16,16,100,{"$f":"Inputs!$X$37*Inputs!$X$32*(E5190-Inputs!$X$26)","v":-17518.31109128386},{"$f":"Inputs!$X$33*C5190*Inputs!$X$38","v":0},{"$f":"params!$C$15*Inputs!$X$29*(E5190-Inputs!$X$26)","v":-1819.9784999999995},{"$f":"Inputs!$X$40*Inputs!$X$41/8760","v":5342.4657534246571},{"$f":"-Inputs!$X$45*Inputs!$X$33","v":-30000},1812.7242941450775,1.1330041931761578E-2,1.1330041931761578E-2,{"$f":"-L5190/(1.202*2465560*MAX(0,(Inputs!$X$49-O5190)))","v":{"$error":"#DIV/0!"}},{"$f":"params!$C$15*P5190*(E5190-Inputs!$X$26)","v":{"$error":"#DIV/0!"}},{"$error":"#DIV/0!"}]
["2004-08-05","09:00:00",170,10,17,13,77,{"$f":"Inputs!$X$37*Inputs!$X$32*(E5194-Inputs!$X$26)","v":-14090.815442989191},{"$f":"Inputs!$X$33*C5194*Inputs!$X$38","v":33166.417376601414},{"$f":"params!$C$15*Inputs!$X$29*(E5194-Inputs!$X$26)","v":-1463.8957499999995},{"$f":"Inputs!$X$40*Inputs!$X$41/8760","v":5342.4657534246571},{"$f":"-Inputs!$X$45*Inputs!$X$33","v":-30000},1931.8104441244629,1.2088830888770941E-2,9.3083997843536256E-3,{"$f":"-L5194/(1.202*2465560*MAX(0,(Inputs!$X$49-O5194)))","v":5.9902297372750404},{"$f":"params!$C$15*P5194*(E5194-Inputs!$X$26)","v":-29729.005612766196},-36774.833675729315]
["2004-08-05","12:00:00",730,8,19.3,12.9,66,{"$f":"Inputs!$X$37*Inputs!$X$32*(E5197-Inputs!$X$26)","v":-6207.5754519114516},{"$f":"Inputs!$X$33*C5197*Inputs!$X$38","v":142420.49814658254},{"$f":"params!$C$15*Inputs!$X$29*(E5197-Inputs!$X$26)","v":-644.90542499999947},{"$f":"Inputs!$X$40*Inputs!$X$41/8760","v":5342.4657534246571},{"$f":"-Inputs!$X$45*Inputs!$X$33","v":-30000},2232.0704623115844,1.4010113462439723E-2,9.2466748852102175E-3,{"$f":"-L5197/(1.202*2465560*MAX(0,(Inputs!$X$49-O5197)))","v":5.7791405850328692},{"$f":"params!$C$15*P5197*(E5197-Inputs!$X$26)","v":-12635.314142488112},98275.168880607613]
["2004-08-05","16:00:00",338,8,18,11,64,{"$f":"Inputs!$X$37*Inputs!$X$32*(E5201-Inputs!$X$26)","v":-10663.319794694524},{"$f":"Inputs!$X$33*C5201*Inputs!$X$38","v":65942.641607595753},{"$f":"params!$C$15*Inputs!$X$29*(E5201-Inputs!$X$26)","v":-1107.8129999999996},{"$f":"Inputs!$X$40*Inputs!$X$41/8760","v":5342.4657534246571},{"$f":"-Inputs!$X$45*Inputs!$X$33","v":-30000},2057.7011249857014,1.2892956292988709E-2,8.2514920275127742E-3,{"$f":"-L5201/(1.202*2465560*MAX(0,(Inputs!$X$49-O5201)))","v":3.6853179296275269},{"$f":"params!$C$15*P5201*(E5201-Inputs!$X$26)","v":-13841.022402462577},15672.95216386331]
["2004-08-05","19:00:00",77,0,16,7,55,{"$f":"Inputs!$X$37*Inputs!$X$32*(E5204-Inputs!$X$26)","v":-17518.31109128386},{"$f":"Inputs!$X$33*C5204*Inputs!$X$38","v":15022.436105872406},{"$f":"params!$C$15*Inputs!$X$29*(E5204-Inputs!$X$26)","v":-1819.9784999999995},{"$f":"Inputs!$X$40*Inputs!$X$41/8760","v":5342.4657534246571},{"$f":"-Inputs!$X$45*Inputs!$X$33","v":-30000},1812.7242941450775,1.1330041931761578E-2,6.2315230624688678E-3,{"$f":"-L5204/(1.202*2465560*MAX(0,(Inputs!$X$49-O5204)))","v":2.1236236926860141},{"$f":"params!$C$15*P5204*(E5204-Inputs!$X$26)","v":-13102.994956147862},-42076.382688134661]
["2004-08-05","23:00:00",0,4,10,9,93,{"$f":"Inputs!$X$37*Inputs!$X$32*(E5208-Inputs!$X$26)","v":-38083.284981051875},{"$f":"Inputs!$X$33*C5208*Inputs!$X$38","v":0},{"$f":"params!$C$15*Inputs!$X$29*(E5208-Inputs!$X$26)","v":-3956.474999999999},{"$f":"Inputs!$X$40*Inputs!$X$41/8760","v":5342.4657534246571},{"$f":"-Inputs!$X$45*Inputs!$X$33","v":-30000},1224.2915728566036,7.6071876458255446E-3,7.0746845106177568E-3,{"$f":"-L5208/(1.202*2465560*MAX(0,(Inputs!$X$49-O5208)))","v":2.5799792004753268},{"$f":"params!$C$15*P5208*(E5208-Inputs!$X$26)","v":-34605.998522431444},-101303.29275005867]
["2004-08-06","02:00:00",0,0,9,9,100,{"$f":"Inputs!$X$37*Inputs!$X$32*(E5211-Inputs!$X$26)","v":-41510.78062934654},{"$f":"Inputs!$X$33*C5211*Inputs!$X$38","v":0},{"$f":"params!$C$15*Inputs!$X$29*(E5211-Inputs!$X$26)","v":-4312.557749999999},{"$f":"Inputs!$X$40*Inputs!$X$41/8760","v":5342.4657534246571},{"$f":"-Inputs!$X$45*Inputs!$X$33","v":-30000},1144.6654335441779,7.1067740933079149E-3,7.1067740933079149E-3,{"$f":"-L5211/(1.202*2465560*MAX(0,(Inputs!$X$49-O5211)))","v":2.6012538195935639},{"$f":"params!$C$15*P5211*(E5211-Inputs!$X$26)","v":-38031.583566489899},-108512.45619241177]
["2004-08-06","06:00:00",0,8,11,9,87,{"$f":"Inputs!$X$37*Inputs!$X$32*(E5215-Inputs!$X$26)","v":-34655.789332757202},{"$f":"Inputs!$X$33*C5215*Inputs!$X$38","v":0},{"$f":"params!$C$15*Inputs!$X$29*(E5215-Inputs!$X$26)","v":-3600.392249999999},{"$f":"Inputs!$X$40*Inputs!$X$41/8760","v":5342.4657534246571},{"$f":"-Inputs!$X$45*Inputs!$X$33","v":-30000},1308.7561751391206,8.138879592783612E-3,7.0808252457217422E-3,{"$f":"-L5215/(1.202*2465560*MAX(0,(Inputs!$X$49-O5215)))","v":2.5840233927727527},{"$f":"params!$C$15*P5215*(E5215-Inputs!$X$26)","v":-31540.822431099434},-94454.538260431975]
["2004-08-06","07:00:00",107,8,12,11,94,{"$f":"Inputs!$X$37*Inputs!$X$32*(E5216-Inputs!$X$26)","v":-31228.293684462536},{"$f":"Inputs!$X$33*C5216*Inputs!$X$38","v":20875.333289978538},{"$f":"params!$C$15*Inputs!$X$29*(E5216-Inputs!$X$26)","v":-3244.3094999999989},{"$f":"Inputs!$X$40*Inputs!$X$41/8760","v":5342.4657534246571},{"$f":"-Inputs!$X$45*Inputs!$X$33","v":-30000},1398.3079270856979,8.70357605607666E-3,8.1813614927120602E-3,{"$f":"-L5216/(1.202*2465560*MAX(0,(Inputs!$X$49-O5216)))","v":3.5935677884557236},{"$f":"params!$C$15*P5216*(E5216-Inputs!$X$26)","v":-39525.272635844703},-77780.076776904054]
["2004-08-06","10:00:00",526,8,15,12,82,{"$f":"Inputs!$X$37*Inputs!$X$32*(E5219-Inputs!$X$26)","v":-20945.806739578529},{"$f":"Inputs!$X$33*C5219*Inputs!$X$38","v":102620.79729466084},{"$f":"params!$C$15*Inputs!$X$29*(E5219-Inputs!$X$26)","v":-2176.0612499999993},{"$f":"Inputs!$X$40*Inputs!$X$41/8760","v":5342.4657534246571},{"$f":"-Inputs!$X$45*Inputs!$X$33","v":-30000},1700.1281023555496,1.0614273895273205E-2,8.7037045941240274E-3,{"$f":"-L5219/(1.202*2465560*MAX(0,(Inputs!$X$49-O5219)))","v":4.4116143751256303},{"$f":"params!$C$15*P5219*(E5219-Inputs!$X$26)","v":-32545.834588687492},22295.560469819462]
["2004-08-06","14:00:00",418,10,17,9,59,{"$f":"Inputs!$X$37*Inputs!$X$32*(E5223-Inputs!$X$26)","v":-14090.815442989191},{"$f":"Inputs!$X$33*C5223*Inputs!$X$38","v":81550.367431878782},{"$f":"params!$C$15*Inputs!$X$29*(E5223-Inputs!$X$26)","v":-1463.8957499999995},{"$f":"Inputs!$X$40*Inputs!$X$41/8760","v":5342.4657534246571},{"$f":"-Inputs!$X$45*Inputs!$X$33","v":-30000},1931.8104441244629,1.2088830888770941E-2,7.1324102243748543E-3,{"$f":"-L5223/(1.202*2465560*MAX(0,(Inputs!$X$49-O5223)))","v":2.6185037442315786},{"$f":"params!$C$15*P5223*(E5223-Inputs!$X$26)","v":-12995.413518934898},28342.708473379353]
["2004-08-06","17:00:00",87,10,17,9,59,{"$f":"Inputs!$X$37*Inputs!$X$32*(E5226-Inputs!$X$26)","v":-14090.815442989191},{"$f":"Inputs!$X$33*C5226*Inputs!$X$38","v":16973.401833907781},{"$f":"params!$C$15*Inputs!$X$29*(E5226-Inputs!$X$26)","v":-1463.8957499999995},{"$f":"Inputs!$X$40*Inputs!$X$41/8760","v":5342.4657534246571},{"$f":"-Inputs!$X$45*Inputs!$X$33","v":-30000},1931.8104441244629,1.2088830888770941E-2,7.1324102243748543E-3,{"$f":"-L5226/(1.202*2465560*MAX(0,(Inputs!$X$49-O5226)))","v":2.6185037442315786},{"$f":"params!$C$15*P5226*(E5226-Inputs!$X$26)","v":-12995.413518934898},-36234.257124591648]
["2004-08-06","20:00:00",0,10,13,9,77,{"$f":"Inputs!$X$37*Inputs!$X$32*(E5229-Inputs!$X$26)","v":-27800.798036167867},{"$f":"Inputs!$X$33*C5229*Inputs!$X$38","v":0},{"$f":"params!$C$15*Inputs!$X$29*(E5229-Inputs!$X$26)","v":-2888.2267499999994},{"$f":"Inputs!$X$40*Inputs!$X$41/8760","v":5342.4657534246571},{"$f":"-Inputs!$X$45*Inputs!$X$33","v":-30000},1493.2057396927576,9.303089390063848E-3,7.1633788303491633E-3,{"$f":"-L5229/(1.202*2465560*MAX(0,(Inputs!$X$49-O5229)))","v":2.6396493378435113},{"$f":"params!$C$15*P5229*(E5229-Inputs!$X$26)","v":-25846.650926439124},-81193.209959182335]
["2004-08-06",1,0,10,12,11,94,{"$f":"Inputs!$X$37*Inputs!$X$32*(E5233-Inputs!$X$26)","v":-31228.293684462536},{"$f":"Inputs!$X$33*C5233*Inputs!$X$38","v":0},{"$f":"params!$C$15*Inputs!$X$29*(E5233-Inputs!$X$26)","v":-3244.3094999999989},{"$f":"Inputs!$X$40*Inputs!$X$41/8760","v":5342.4657534246571},{"$f":"-Inputs!$X$45*Inputs!$X$33","v":-30000},1398.3079270856979,8.70357605607666E-3,8.1813614927120602E-3,{"$f":"-L5233/(1.202*2465560*MAX(0,(Inputs!$X$49-O5233)))","v":3.5935677884557236},{"$f":"params!$C$15*P5233*(E5233-Inputs!$X$26)","v":-39525.272635844703},-98655.410066882585]
["2004-08-07","03:00:00",0,10,12,11,94,{"$f":"Inputs!$X$37*Inputs!$X$32*(E5236-Inputs!$X$26)","v":-31228.293684462536},{"$f":"Inputs!$X$33*C5236*Inputs!$X$38","v":0},{"$f":"params!$C$15*Inputs!$X$29*(E5236-Inputs!$X$26)","v":-3244.3094999999989},{"$f":"Inputs!$X$40*Inputs!$X$41/8760","v":5342.4657534246571},{"$f":"-Inputs!$X$45*Inputs!$X$33","v":-30000},1398.3079270856979,8.70357605607666E-3,8.1813614927120602E-3,{"$f":"-L5236/(1.202*2465560*MAX(0,(Inputs!$X$49-O5236)))","v":3.5935677884557236},{"$f":"params!$C$15*P5236*(E5236-Inputs!$X$26)","v":-39525.272635844703},-98655.410066882585]
["2004-08-07","07:00:00",141,10,12,10,88,{"$f":"Inputs!$X$37*Inputs!$X$32*(E5240-Inputs!$X$26)","v":-31228.293684462536},{"$f":"Inputs!$X$33*C5240*Inputs!$X$38","v":27508.616765298822},{"$f":"params!$C$15*Inputs!$X$29*(E5240-Inputs!$X$26)","v":-3244.3094999999989},{"$f":"Inputs!$X$40*Inputs!$X$41/8760","v":5342.4657534246571},{"$f":"-Inputs!$X$45*Inputs!$X$33","v":-30000},1398.3079270856979,8.70357605607666E-3,7.6591469293474613E-3,{"$f":"-L5240/(1.202*2465560*MAX(0,(Inputs!$X$49-O5240)))","v":3.0315627909986165},{"$f":"params!$C$15*P5240*(E5240-Inputs!$X$26)","v":-33343.839014762183},-64965.359680501235]
["2004-08-07","08:00:00",237,10,14,11,82,{"$f":"Inputs!$X$37*Inputs!$X$32*(E5241-Inputs!$X$26)","v":-24373.302387873198},{"$f":"Inputs!$X$33*C5241*Inputs!$X$38","v":46237.887754438445},{"$f":"params!$C$15*Inputs!$X$29*(E5241-Inputs!$X$26)","v":-2532.1439999999993},{"$f":"Inputs!$X$40*Inputs!$X$41/8760","v":5342.4657534246571},{"$f":"-Inputs!$X$45*Inputs!$X$33","v":-30000},1593.7190459500907,9.939322574797271E-3,8.150244511333761E-3,{"$f":"-L5241/(1.202*2465560*MAX(0,(Inputs!$X$49-O5241)))","v":3.554305389619338},{"$f":"params!$C$15*P5241*(E5241-Inputs!$X$26)","v":-30511.94509816842},-35837.037978178516]
["2004-08-07","11:00:00",136,10,14,8,67,{"$f":"Inputs!$X$37*Inputs!$X$32*(E5244-Inputs!$X$26)","v":-24373.302387873198},{"$f":"Inputs!$X$33*C5244*Inputs!$X$38","v":26533.133901281133},{"$f":"params!$C$15*Inputs!$X$29*(E5244-Inputs!$X$26)","v":-2532.1439999999993},{"$f":"Inputs!$X$40*Inputs!$X$41/8760","v":5342.4657534246571},{"$f":"-Inputs!$X$45*Inputs!$X$33","v":-30000},1593.7190459500907,9.939322574797271E-3,6.6593461251141716E-3,{"$f":"-L5244/(1.202*2465560*MAX(0,(Inputs!$X$49-O5244)))","v":2.3330146957852325},{"$f":"params!$C$15*P5244*(E5244-Inputs!$X$26)","v":-20027.771535591921},-45057.618268759325]
["2004-08-07","15:00:00",219,10,17,10,63,{"$f":"Inputs!$X$37*Inputs!$X$32*(E5248-Inputs!$X$26)","v":-14090.815442989191},{"$f":"Inputs!$X$33*C5248*Inputs!$X$38","v":42726.149443974762},{"$f":"params!$C$15*Inputs!$X$29*(E5248-Inputs!$X$26)","v":-1463.8957499999995},{"$f":"Inputs!$X$40*Inputs!$X$41/8760","v":5342.4657534246571},{"$f":"-Inputs!$X$45*Inputs!$X$33","v":-30000},1931.8104441244629,1.2088830888770941E-2,7.615963459925692E-3,{"$f":"-L5248/(1.202*2465560*MAX(0,(Inputs!$X$49-O5248)))","v":2.9928576240627636},{"$f":"params!$C$15*P5248*(E5248-Inputs!$X$26)","v":-14853.300291692425},-12339.396287282196]
["2004-08-07","18:00:00",105,10,17,11,68,{"$f":"Inputs!$X$37*Inputs!$X$32*(E5251-Inputs!$X$26)","v":-14090.815442989191},{"$f":"Inputs!$X$33*C5251*Inputs!$X$38","v":20485.140144371464},{"$f":"params!$C$15*Inputs!$X$29*(E5251-Inputs!$X$26)","v":-1463.8957499999995},{"$f":"Inputs!$X$40*Inputs!$X$41/8760","v":5342.4657534246571},{"$f":"-Inputs!$X$45*Inputs!$X$33","v":-30000},{"$f":"EXP(77.345+0.0057*(E5251+273.15)-7235/(E5251+273.15))/(E5251+273.15)^8.2","v":1931.8104441244629},{"$f":"0.62198*M5251/(101325-M5251)","v":1.2088830888770941E-2},{"$f":"N5251*G5251/100","v":8.2204050043642399E-3},{"$f":"-L5251/(1.202*2465560*MAX(0,(Inputs!$X$49-O5251)))","v":3.6440758747050728},{"$f":"params!$C$15*P5251*(E5251-Inputs!$X$26)","v":-18085.241615747203},{"$f":"H5251+I5251+J5251+K5251+L5251+Q5251","v":-37812.346910940272}]
["2004-08-07","21:00:00",0,10,13,12,94,{"$f":"Inputs!$X$37*Inputs!$X$32*(E5254-Inputs!$X$26)","v":-27800.798036167867},{"$f":"Inputs!$X$33*C5254*Inputs!$X$38","v":0},{"$f":"params!$C$15*Inputs!$X$29*(E5254-Inputs!$X$26)","v":-2888.2267499999994},{"$f":"Inputs!$X$40*Inputs!$X$41/8760","v":5342.4657534246571},{"$f":"-Inputs!$X$45*Inputs!$X$33","v":-30000},1493.2057396927576,9.303089390063848E-3,8.7449040266600175E-3,{"$f":"-L5254/(1.202*2465560*MAX(0,(Inputs!$X$49-O5254)))","v":4.4922735472006163},{"$f":"params!$C$15*P5254*(E5254-Inputs!$X$26)","v":-43986.98894430737},-99333.547977050577]
["2004-08-08","01:00:00",0,10,13,12,94,{"$f":"Inputs!$X$37*Inputs!$X$32*(E5258-Inputs!$X$26)","v":-27800.798036167867},{"$f":"Inputs!$X$33*C5258*Inputs!$X$38","v":0},{"$f":"params!$C$15*Inputs!$X$29*(E5258-Inputs!$X$26)","v":-2888.2267499999994},{"$f":"Inputs!$X$40*Inputs!$X$41/8760","v":5342.4657534246571},{"$f":"-Inputs!$X$45*Inputs!$X$33","v":-30000},1493.2057396927576,9.303089390063848E-3,8.7449040266600175E-3,{"$f":"-L5258/(1.202*2465560*MAX(0,(Inputs!$X$49-O5258)))","v":4.4922735472006163},{"$f":"params!$C$15*P5258*(E5258-Inputs!$X$26)","v":-43986.98894430737},-99333.547977050577]
["2004-08-08","04:00:00",0,10,13,12,94,{"$f":"Inputs!$X$37*Inputs!$X$32*(E5261-Inputs!$X$26)","v":-27800.798036167867},{"$f":"Inputs!$X$33*C5261*Inputs!$X$38","v":0},{"$f":"params!$C$15*Inputs!$X$29*(E5261-Inputs!$X$26)","v":-2888.2267499999994},{"$f":"Inputs!$X$40*Inputs!$X$41/8760","v":5342.4657534246571},{"$f":"-Inputs!$X$45*Inputs!$X$33","v":-30000},1493.2057396927576,9.303089390063848E-3,8.7449040266600175E-3,{"$f":"-L5261/(1.202*2465560*MAX(0,(Inputs!$X$49-O5261)))","v":4.4922735472006163},{"$f":"params!$C$15*P5261*(E5261-Inputs!$X$26)","v":-43986.98894430737},-99333.547977050577]
["2004-08-08","08:00:00",356,3,17,13,77,{"$f":"Inputs!$X$37*Inputs!$X$32*(E5265-Inputs!$X$26)","v":-14090.815442989191},{"$f":"Inputs!$X$33*C5265*Inputs!$X$38","v":69454.379918059436},{"$f":"params!$C$15*Inputs!$X$29*(E5265-Inputs!$X$26)","v":-1463.8957499999995},{"$f":"Inputs!$X$40*Inputs!$X$41/8760","v":5342.4657534246571},{"$f":"-Inputs!$X$45*Inputs!$X$33","v":-30000},1931.8104441244629,1.2088830888770941E-2,9.3083997843536256E-3,{"$f":"-L5265/(1.202*2465560*MAX(0,(Inputs!$X$49-O5265)))","v":5.9902297372750404},{"$f":"params!$C$15*P5265*(E5265-Inputs!$X$26)","v":-29729.005612766196},-486.87113427128497]
["2004-08-08","09:00:00",511,8,19,13,68,{"$f":"Inputs!$X$37*Inputs!$X$32*(E5266-Inputs!$X$26)","v":-7235.8241463998547},{"$f":"Inputs!$X$33*C5266*Inputs!$X$38","v":99694.348702607793},{"$f":"params!$C$15*Inputs!$X$29*(E5266-Inputs!$X$26)","v":-751.73024999999973},{"$f":"Inputs!$X$40*Inputs!$X$41/8760","v":5342.4657534246571},{"$f":"-Inputs!$X$45*Inputs!$X$33","v":-30000},2190.7229749852513,1.3744851093608144E-2,9.346498743653538E-3,{"$f":"-L5266/(1.202*2465560*MAX(0,(Inputs!$X$49-O5266)))","v":6.1283960618799433},{"$f":"params!$C$15*P5266*(E5266-Inputs!$X$26)","v":-15618.366362958139},51430.893696674451]
["2004-08-08","12:00:00",852,8,23,11,47,{"$f":"Inputs!$X$37*Inputs!$X$32*(E5269-Inputs!$X$26)","v":6474.1584467788198},{"$f":"Inputs!$X$33*C5269*Inputs!$X$38","v":166222.28002861416},{"$f":"params!$C$15*Inputs!$X$29*(E5269-Inputs!$X$26)","v":672.60074999999995},{"$f":"Inputs!$X$40*Inputs!$X$41/8760","v":5342.4657534246571},{"$f":"-Inputs!$X$45*Inputs!$X$33","v":-30000},2801.0950714195728,1.768327304712981E-2,8.3111383321510107E-3,{"$f":"-L5269/(1.202*2465560*MAX(0,(Inputs!$X$49-O5269)))","v":3.7671204717309124},{"$f":"params!$C$15*P5269*(E5269-Inputs!$X$26)","v":8590.0088369971945},157301.51381581486]
["2004-08-08","16:00:00",191,8,21,16,73,{"$f":"Inputs!$X$37*Inputs!$X$32*(E5273-Inputs!$X$26)","v":-380.83284981051736},{"$f":"Inputs!$X$33*C5273*Inputs!$X$38","v":37263.445405475708},{"$f":"params!$C$15*Inputs!$X$29*(E5273-Inputs!$X$26)","v":-39.564749999999847},{"$f":"Inputs!$X$40*Inputs!$X$41/8760","v":5342.4657534246571},{"$f":"-Inputs!$X$45*Inputs!$X$33","v":-30000},2479.5289798458998,1.5602307510579843E-2,1.1389684482723286E-2,{"$f":"-L5273/(1.202*2465560*MAX(0,(Inputs!$X$49-O5273)))","v":{"$error":"#DIV/0!"}},{"$f":"params!$C$15*P5273*(E5273-Inputs!$X$26)","v":{"$error":"#DIV/0!"}},{"$error":"#DIV/0!"}]
["2004-08-08","19:00:00",67,0,18,14,77,{"$f":"Inputs!$X$37*Inputs!$X$32*(E5276-Inputs!$X$26)","v":-10663.319794694524},{"$f":"Inputs!$X$33*C5276*Inputs!$X$38","v":13071.470377837028},{"$f":"params!$C$15*Inputs!$X$29*(E5276-Inputs!$X$26)","v":-1107.8129999999996},{"$f":"Inputs!$X$40*Inputs!$X$41/8760","v":5342.4657534246571},{"$f":"-Inputs!$X$45*Inputs!$X$33","v":-30000},2057.7011249857014,1.2892956292988709E-2,9.927576345601305E-3,{"$f":"-L5276/(1.202*2465560*MAX(0,(Inputs!$X$49-O5276)))","v":9.4542932265907602},{"$f":"params!$C$15*P5276*(E5276-Inputs!$X$26)","v":-35507.678536141539},-58864.875199574381]
["2004-08-08","22:00:00",0,10,16,14,88,{"$f":"Inputs!$X$37*Inputs!$X$32*(E5279-Inputs!$X$26)","v":-17518.31109128386},{"$f":"Inputs!$X$33*C5279*Inputs!$X$38","v":0},{"$f":"params!$C$15*Inputs!$X$29*(E5279-Inputs!$X$26)","v":-1819.9784999999995},{"$f":"Inputs!$X$40*Inputs!$X$41/8760","v":5342.4657534246571},{"$f":"-Inputs!$X$45*Inputs!$X$33","v":-30000},1812.7242941450775,1.1330041931761578E-2,9.9704368999501899E-3,{"$f":"-L5279/(1.202*2465560*MAX(0,(Inputs!$X$49-O5279)))","v":9.8485299250665346},{"$f":"params!$C$15*P5279*(E5279-Inputs!$X$26)","v":-60766.52769417841},-104762.35153203762]
["2004-08-09","02:00:00",0,0,12,12,100,{"$f":"Inputs!$X$37*Inputs!$X$32*(E5283-Inputs!$X$26)","v":-31228.293684462536},{"$f":"Inputs!$X$33*C5283*Inputs!$X$38","v":0},{"$f":"params!$C$15*Inputs!$X$29*(E5283-Inputs!$X$26)","v":-3244.3094999999989},{"$f":"Inputs!$X$40*Inputs!$X$41/8760","v":5342.4657534246571},{"$f":"-Inputs!$X$45*Inputs!$X$33","v":-30000},1398.3079270856979,8.70357605607666E-3,8.70357605607666E-3,{"$f":"-L5283/(1.202*2465560*MAX(0,(Inputs!$X$49-O5283)))","v":4.4113672589094035},{"$f":"params!$C$15*P5283*(E5283-Inputs!$X$26)","v":-48520.162654330132},-107650.30008536801]
["2004-08-09","05:00:00",0,0,12,12,100,{"$f":"Inputs!$X$37*Inputs!$X$32*(E5286-Inputs!$X$26)","v":-31228.293684462536},{"$f":"Inputs!$X$33*C5286*Inputs!$X$38","v":0},{"$f":"params!$C$15*Inputs!$X$29*(E5286-Inputs!$X$26)","v":-3244.3094999999989},{"$f":"Inputs!$X$40*Inputs!$X$41/8760","v":5342.4657534246571},{"$f":"-Inputs!$X$45*Inputs!$X$33","v":-30000},1398.3079270856979,8.70357605607666E-3,8.70357605607666E-3,{"$f":"-L5286/(1.202*2465560*MAX(0,(Inputs!$X$49-O5286)))","v":4.4113672589094035},{"$f":"params!$C$15*P5286*(E5286-Inputs!$X$26)","v":-48520.162654330132},-107650.30008536801]
["2004-08-09","07:00:00",176,0,14,13,94,{"$f":"Inputs!$X$37*Inputs!$X$32*(E5288-Inputs!$X$26)","v":-24373.302387873198},{"$f":"Inputs!$X$33*C5288*Inputs!$X$38","v":34336.996813422644},{"$f":"params!$C$15*Inputs!$X$29*(E5288-Inputs!$X$26)","v":-2532.1439999999993},{"$f":"Inputs!$X$40*Inputs!$X$41/8760","v":5342.4657534246571},{"$f":"-Inputs!$X$45*Inputs!$X$33","v":-30000},1593.7190459500907,9.939322574797271E-3,9.3429632203094349E-3,{"$f":"-L5288/(1.202*2465560*MAX(0,(Inputs!$X$49-O5288)))","v":6.1153067273438522},{"$f":"params!$C$15*P5288*(E5288-Inputs!$X$26)","v":-52496.868633778031},-69722.852454803928]
["2004-08-09","10:00:00",691,0,23,14,57,{"$f":"Inputs!$X$37*Inputs!$X$32*(E5291-Inputs!$X$26)","v":6474.1584467788198},{"$f":"Inputs!$X$33*C5291*Inputs!$X$38","v":134811.73180724456},{"$f":"params!$C$15*Inputs!$X$29*(E5291-Inputs!$X$26)","v":672.60074999999995},{"$f":"Inputs!$X$40*Inputs!$X$41/8760","v":5342.4657534246571},{"$f":"-Inputs!$X$45*Inputs!$X$33","v":-30000},2801.0950714195728,1.768327304712981E-2,1.0079465636863991E-2,{"$f":"-L5291/(1.202*2465560*MAX(0,(Inputs!$X$49-O5291)))","v":11.017171367075735},{"$f":"params!$C$15*P5291*(E5291-Inputs!$X$26)","v":25121.999710938107},142422.95646838614]
["2004-08-09","13:00:00",892,5,26,12,42,{"$f":"Inputs!$X$37*Inputs!$X$32*(E5294-Inputs!$X$26)","v":16756.645391662827},{"$f":"Inputs!$X$33*C5294*Inputs!$X$38","v":174026.14294075564},{"$f":"params!$C$15*Inputs!$X$29*(E5294-Inputs!$X$26)","v":1740.8489999999997},{"$f":"Inputs!$X$40*Inputs!$X$41/8760","v":5342.4657534246571},{"$f":"-Inputs!$X$45*Inputs!$X$33","v":-30000},3351.668772324198,2.1277942853302922E-2,8.9367359983872283E-3,{"$f":"-L5294/(1.202*2465560*MAX(0,(Inputs!$X$49-O5294)))","v":4.9102897260866127},{"$f":"params!$C$15*P5294*(E5294-Inputs!$X$26)","v":28979.772685267057},196845.87577111018]
["2004-08-09","17:00:00",400,6,26,11,39,{"$f":"Inputs!$X$37*Inputs!$X$32*(E5298-Inputs!$X$26)","v":16756.645391662827},{"$f":"Inputs!$X$33*C5298*Inputs!$X$38","v":78038.629121415099},{"$f":"params!$C$15*Inputs!$X$29*(E5298-Inputs!$X$26)","v":1740.8489999999997},{"$f":"Inputs!$X$40*Inputs!$X$41/8760","v":5342.4657534246571},{"$f":"-Inputs!$X$45*Inputs!$X$33","v":-30000},3351.668772324198,2.1277942853302922E-2,8.29839771278814E-3,{"$f":"-L5298/(1.202*2465560*MAX(0,(Inputs!$X$49-O5298)))","v":3.7493436512484375},{"$f":"params!$C$15*P5298*(E5298-Inputs!$X$26)","v":22128.047995800145},94006.637262302713]
["2004-08-09","20:00:00",0,3,17,14,82,{"$f":"Inputs!$X$37*Inputs!$X$32*(E5301-Inputs!$X$26)","v":-14090.815442989191},{"$f":"Inputs!$X$33*C5301*Inputs!$X$38","v":0},{"$f":"params!$C$15*Inputs!$X$29*(E5301-Inputs!$X$26)","v":-1463.8957499999995},{"$f":"Inputs!$X$40*Inputs!$X$41/8760","v":5342.4657534246571},{"$f":"-Inputs!$X$45*Inputs!$X$33","v":-30000},1931.8104441244629,1.2088830888770941E-2,9.9128413287921709E-3,{"$f":"-L5301/(1.202*2465560*MAX(0,(Inputs!$X$49-O5301)))","v":9.3259504018683312},{"$f":"params!$C$15*P5301*(E5301-Inputs!$X$26)","v":-46283.906294325956},-86496.151733890496]
["2004-08-09","23:00:00",0,2,14,14,100,{"$f":"Inputs!$X$37*Inputs!$X$32*(E5304-Inputs!$X$26)","v":-24373.302387873198},{"$f":"Inputs!$X$33*C5304*Inputs!$X$38","v":0},{"$f":"params!$C$15*Inputs!$X$29*(E5304-Inputs!$X$26)","v":-2532.1439999999993},{"$f":"Inputs!$X$40*Inputs!$X$41/8760","v":5342.4657534246571},{"$f":"-Inputs!$X$45*Inputs!$X$33","v":-30000},1593.7190459500907,9.939322574797271E-3,9.939322574797271E-3,{"$f":"-L5304/(1.202*2465560*MAX(0,(Inputs!$X$49-O5304)))","v":9.5591619903650198},{"$f":"params!$C$15*P5304*(E5304-Inputs!$X$26)","v":-82060.65429446772},-133623.63492891626]
["2004-08-10","03:00:00",0,8,13,13,100,{"$f":"Inputs!$X$37*Inputs!$X$32*(E5308-Inputs!$X$26)","v":-27800.798036167867},{"$f":"Inputs!$X$33*C5308*Inputs!$X$38","v":0},{"$f":"params!$C$15*Inputs!$X$29*(E5308-Inputs!$X$26)","v":-2888.2267499999994},{"$f":"Inputs!$X$40*Inputs!$X$41/8760","v":5342.4657534246571},{"$f":"-Inputs!$X$45*Inputs!$X$33","v":-30000},1493.2057396927576,9.303089390063848E-3,9.303089390063848E-3,{"$f":"-L5308/(1.202*2465560*MAX(0,(Inputs!$X$49-O5308)))","v":5.9714646796116257},{"$f":"params!$C$15*P5308*(E5308-Inputs!$X$26)","v":-58470.782797071799},-113817.34182981501]
["2004-08-10","06:00:00",0,9,13,13,100,{"$f":"Inputs!$X$37*Inputs!$X$32*(E5311-Inputs!$X$26)","v":-27800.798036167867},{"$f":"Inputs!$X$33*C5311*Inputs!$X$38","v":0},{"$f":"params!$C$15*Inputs!$X$29*(E5311-Inputs!$X$26)","v":-2888.2267499999994},{"$f":"Inputs!$X$40*Inputs!$X$41/8760","v":5342.4657534246571},{"$f":"-Inputs!$X$45*Inputs!$X$33","v":-30000},1493.2057396927576,9.303089390063848E-3,9.303089390063848E-3,{"$f":"-L5311/(1.202*2465560*MAX(0,(Inputs!$X$49-O5311)))","v":5.9714646796116257},{"$f":"params!$C$15*P5311*(E5311-Inputs!$X$26)","v":-58470.782797071799},-113817.34182981501]
["2004-08-10","08:00:00",56,10,16,14,88,{"$f":"Inputs!$X$37*Inputs!$X$32*(E5313-Inputs!$X$26)","v":-17518.31109128386},{"$f":"Inputs!$X$33*C5313*Inputs!$X$38","v":10925.408076998114},{"$f":"params!$C$15*Inputs!$X$29*(E5313-Inputs!$X$26)","v":-1819.9784999999995},{"$f":"Inputs!$X$40*Inputs!$X$41/8760","v":5342.4657534246571},{"$f":"-Inputs!$X$45*Inputs!$X$33","v":-30000},1812.7242941450775,1.1330041931761578E-2,9.9704368999501899E-3,{"$f":"-L5313/(1.202*2465560*MAX(0,(Inputs!$X$49-O5313)))","v":9.8485299250665346},{"$f":"params!$C$15*P5313*(E5313-Inputs!$X$26)","v":-60766.52769417841},-93836.943455039494]
["2004-08-10","11:00:00",390,3,26,18,61,{"$f":"Inputs!$X$37*Inputs!$X$32*(E5316-Inputs!$X$26)","v":16756.645391662827},{"$f":"Inputs!$X$33*C5316*Inputs!$X$38","v":76087.663393379713},{"$f":"params!$C$15*Inputs!$X$29*(E5316-Inputs!$X$26)","v":1740.8489999999997},{"$f":"Inputs!$X$40*Inputs!$X$41/8760","v":5342.4657534246571},{"$f":"-Inputs!$X$45*Inputs!$X$33","v":-30000},3351.668772324198,2.1277942853302922E-2,1.2979545140514782E-2,{"$f":"-L5316/(1.202*2465560*MAX(0,(Inputs!$X$49-O5316)))","v":{"$error":"#DIV/0!"}},{"$f":"params!$C$15*P5316*(E5316-Inputs!$X$26)","v":{"$error":"#DIV/0!"}},{"$error":"#DIV/0!"}]
["2004-08-10","14:00:00",159,9,24,18,69,{"$f":"Inputs!$X$37*Inputs!$X$32*(E5319-Inputs!$X$26)","v":9901.6540950734889},{"$f":"Inputs!$X$33*C5319*Inputs!$X$38","v":31020.355075762502},{"$f":"params!$C$15*Inputs!$X$29*(E5319-Inputs!$X$26)","v":1028.6834999999999},{"$f":"Inputs!$X$40*Inputs!$X$41/8760","v":5342.4657534246571},{"$f":"-Inputs!$X$45*Inputs!$X$33","v":-30000},2975.1171299801654,1.8815104792251288E-2,1.2982422306653389E-2,{"$f":"-L5319/(1.202*2465560*MAX(0,(Inputs!$X$49-O5319)))","v":{"$error":"#DIV/0!"}},{"$f":"params!$C$15*P5319*(E5319-Inputs!$X$26)","v":{"$error":"#DIV/0!"}},{"$error":"#DIV/0!"}]
["2004-08-10","18:00:00",45,10,21,18,83,{"$f":"Inputs!$X$37*Inputs!$X$32*(E5323-Inputs!$X$26)","v":-380.83284981051736},{"$f":"Inputs!$X$33*C5323*Inputs!$X$38","v":8779.3457761591981},{"$f":"params!$C$15*Inputs!$X$29*(E5323-Inputs!$X$26)","v":-39.564749999999847},{"$f":"Inputs!$X$40*Inputs!$X$41/8760","v":5342.4657534246571},{"$f":"-Inputs!$X$45*Inputs!$X$33","v":-30000},2479.5289798458998,1.5602307510579843E-2,1.2949915233781271E-2,{"$f":"-L5323/(1.202*2465560*MAX(0,(Inputs!$X$49-O5323)))","v":{"$error":"#DIV/0!"}},{"$f":"params!$C$15*P5323*(E5323-Inputs!$X$26)","v":{"$error":"#DIV/0!"}},{"$error":"#DIV/0!"}]
["2004-08-10","21:00:00",0,8,18,17,94,{"$f":"Inputs!$X$37*Inputs!$X$32*(E5326-Inputs!$X$26)","v":-10663.319794694524},{"$f":"Inputs!$X$33*C5326*Inputs!$X$38","v":0},{"$f":"params!$C$15*Inputs!$X$29*(E5326-Inputs!$X$26)","v":-1107.8129999999996},{"$f":"Inputs!$X$40*Inputs!$X$41/8760","v":5342.4657534246571},{"$f":"-Inputs!$X$45*Inputs!$X$33","v":-30000},2057.7011249857014,1.2892956292988709E-2,1.2119378915409387E-2,{"$f":"-L5326/(1.202*2465560*MAX(0,(Inputs!$X$49-O5326)))","v":{"$error":"#DIV/0!"}},{"$f":"params!$C$15*P5326*(E5326-Inputs!$X$26)","v":{"$error":"#DIV/0!"}},{"$error":"#DIV/0!"}]
["2004-08-11","01:00:00",0,8,17,17,100,{"$f":"Inputs!$X$37*Inputs!$X$32*(E5330-Inputs!$X$26)","v":-14090.815442989191},{"$f":"Inputs!$X$33*C5330*Inputs!$X$38","v":0},{"$f":"params!$C$15*Inputs!$X$29*(E5330-Inputs!$X$26)","v":-1463.8957499999995},{"$f":"Inputs!$X$40*Inputs!$X$41/8760","v":5342.4657534246571},{"$f":"-Inputs!$X$45*Inputs!$X$33","v":-30000},1931.8104441244629,1.2088830888770941E-2,1.2088830888770941E-2,{"$f":"-L5330/(1.202*2465560*MAX(0,(Inputs!$X$49-O5330)))","v":{"$error":"#DIV/0!"}},{"$f":"params!$C$15*P5330*(E5330-Inputs!$X$26)","v":{"$error":"#DIV/0!"}},{"$error":"#DIV/0!"}]
["2004-08-11","04:00:00",0,10,16,16,100,{"$f":"Inputs!$X$37*Inputs!$X$32*(E5333-Inputs!$X$26)","v":-17518.31109128386},{"$f":"Inputs!$X$33*C5333*Inputs!$X$38","v":0},{"$f":"params!$C$15*Inputs!$X$29*(E5333-Inputs!$X$26)","v":-1819.9784999999995},{"$f":"Inputs!$X$40*Inputs!$X$41/8760","v":5342.4657534246571},{"$f":"-Inputs!$X$45*Inputs!$X$33","v":-30000},1812.7242941450775,1.1330041931761578E-2,1.1330041931761578E-2,{"$f":"-L5333/(1.202*2465560*MAX(0,(Inputs!$X$49-O5333)))","v":{"$error":"#DIV/0!"}},{"$f":"params!$C$15*P5333*(E5333-Inputs!$X$26)","v":{"$error":"#DIV/0!"}},{"$error":"#DIV/0!"}]
["2004-08-11","07:00:00",76,10,16,16,100,{"$f":"Inputs!$X$37*Inputs!$X$32*(E5336-Inputs!$X$26)","v":-17518.31109128386},{"$f":"Inputs!$X$33*C5336*Inputs!$X$38","v":14827.339533068867},{"$f":"params!$C$15*Inputs!$X$29*(E5336-Inputs!$X$26)","v":-1819.9784999999995},{"$f":"Inputs!$X$40*Inputs!$X$41/8760","v":5342.4657534246571},{"$f":"-Inputs!$X$45*Inputs!$X$33","v":-30000},1812.7242941450775,1.1330041931761578E-2,1.1330041931761578E-2,{"$f":"-L5336/(1.202*2465560*MAX(0,(Inputs!$X$49-O5336)))","v":{"$error":"#DIV/0!"}},{"$f":"params!$C$15*P5336*(E5336-Inputs!$X$26)","v":{"$error":"#DIV/0!"}},{"$error":"#DIV/0!"}]
["2004-08-11","09:00:00",493,5,20.5,17.100000000000001,81,{"$f":"Inputs!$X$37*Inputs!$X$32*(E5338-Inputs!$X$26)","v":-2094.5806739578516},{"$f":"Inputs!$X$33*C5338*Inputs!$X$38","v":96182.610392144095},{"$f":"params!$C$15*Inputs!$X$29*(E5338-Inputs!$X$26)","v":-217.60612499999982},{"$f":"Inputs!$X$40*Inputs!$X$41/8760","v":5342.4657534246571},{"$f":"-Inputs!$X$45*Inputs!$X$33","v":-30000},2404.3717699216595,1.511788976893247E-2,1.2245490712835301E-2,{"$f":"-L5338/(1.202*2465560*MAX(0,(Inputs!$X$49-O5338)))","v":{"$error":"#DIV/0!"}},{"$f":"params!$C$15*P5338*(E5338-Inputs!$X$26)","v":{"$error":"#DIV/0!"}},{"$error":"#DIV/0!"}]
["2004-08-11","12:00:00",846,4,26,16,54,{"$f":"Inputs!$X$37*Inputs!$X$32*(E5341-Inputs!$X$26)","v":16756.645391662827},{"$f":"Inputs!$X$33*C5341*Inputs!$X$38","v":165051.70059179291},{"$f":"params!$C$15*Inputs!$X$29*(E5341-Inputs!$X$26)","v":1740.8489999999997},{"$f":"Inputs!$X$40*Inputs!$X$41/8760","v":5342.4657534246571},{"$f":"-Inputs!$X$45*Inputs!$X$33","v":-30000},3351.668772324198,2.1277942853302922E-2,1.1490089140783578E-2,{"$f":"-L5341/(1.202*2465560*MAX(0,(Inputs!$X$49-O5341)))","v":{"$error":"#DIV/0!"}},{"$f":"params!$C$15*P5341*(E5341-Inputs!$X$26)","v":{"$error":"#DIV/0!"}},{"$error":"#DIV/0!"}]
["2004-08-11","15:00:00",646,10,26,14,48,{"$f":"Inputs!$X$37*Inputs!$X$32*(E5344-Inputs!$X$26)","v":16756.645391662827},{"$f":"Inputs!$X$33*C5344*Inputs!$X$38","v":126032.38603108539},{"$f":"params!$C$15*Inputs!$X$29*(E5344-Inputs!$X$26)","v":1740.8489999999997},{"$f":"Inputs!$X$40*Inputs!$X$41/8760","v":5342.4657534246571},{"$f":"-Inputs!$X$45*Inputs!$X$33","v":-30000},3351.668772324198,2.1277942853302922E-2,1.0213412569585403E-2,{"$f":"-L5344/(1.202*2465560*MAX(0,(Inputs!$X$49-O5344)))","v":12.897365402619593},{"$f":"params!$C$15*P5344*(E5344-Inputs!$X$26)","v":76118.261539859042},195990.6077160319]
["2004-08-11","19:00:00",18,5,21,17,78,{"$f":"Inputs!$X$37*Inputs!$X$32*(E5348-Inputs!$X$26)","v":-380.83284981051736},{"$f":"Inputs!$X$33*C5348*Inputs!$X$38","v":3511.7383104636792},{"$f":"params!$C$15*Inputs!$X$29*(E5348-Inputs!$X$26)","v":-39.564749999999847},{"$f":"Inputs!$X$40*Inputs!$X$41/8760","v":5342.4657534246571},{"$f":"-Inputs!$X$45*Inputs!$X$33","v":-30000},2479.5289798458998,1.5602307510579843E-2,1.2169799858252277E-2,{"$f":"-L5348/(1.202*2465560*MAX(0,(Inputs!$X$49-O5348)))","v":{"$error":"#DIV/0!"}},{"$f":"params!$C$15*P5348*(E5348-Inputs!$X$26)","v":{"$error":"#DIV/0!"}},{"$error":"#DIV/0!"}]
["2004-08-11","22:00:00",0,10,19,16,83,{"$f":"Inputs!$X$37*Inputs!$X$32*(E5351-Inputs!$X$26)","v":-7235.8241463998547},{"$f":"Inputs!$X$33*C5351*Inputs!$X$38","v":0},{"$f":"params!$C$15*Inputs!$X$29*(E5351-Inputs!$X$26)","v":-751.73024999999973},{"$f":"Inputs!$X$40*Inputs!$X$41/8760","v":5342.4657534246571},{"$f":"-Inputs!$X$45*Inputs!$X$33","v":-30000},2190.7229749852513,1.3744851093608144E-2,1.1408226407694759E-2,{"$f":"-L5351/(1.202*2465560*MAX(0,(Inputs!$X$49-O5351)))","v":{"$error":"#DIV/0!"}},{"$f":"params!$C$15*P5351*(E5351-Inputs!$X$26)","v":{"$error":"#DIV/0!"}},{"$error":"#DIV/0!"}]
["2004-08-12","02:00:00",0,10,16,16,100,{"$f":"Inputs!$X$37*Inputs!$X$32*(E5355-Inputs!$X$26)","v":-17518.31109128386},{"$f":"Inputs!$X$33*C5355*Inputs!$X$38","v":0},{"$f":"params!$C$15*Inputs!$X$29*(E5355-Inputs!$X$26)","v":-1819.9784999999995},{"$f":"Inputs!$X$40*Inputs!$X$41/8760","v":5342.4657534246571},{"$f":"-Inputs!$X$45*Inputs!$X$33","v":-30000},1812.7242941450775,1.1330041931761578E-2,1.1330041931761578E-2,{"$f":"-L5355/(1.202*2465560*MAX(0,(Inputs!$X$49-O5355)))","v":{"$error":"#DIV/0!"}},{"$f":"params!$C$15*P5355*(E5355-Inputs!$X$26)","v":{"$error":"#DIV/0!"}},{"$error":"#DIV/0!"}]
["2004-08-12","04:00:00",0,10,16,16,100,{"$f":"Inputs!$X$37*Inputs!$X$32*(E5357-Inputs!$X$26)","v":-17518.31109128386},{"$f":"Inputs!$X$33*C5357*Inputs!$X$38","v":0},{"$f":"params!$C$15*Inputs!$X$29*(E5357-Inputs!$X$26)","v":-1819.9784999999995},{"$f":"Inputs!$X$40*Inputs!$X$41/8760","v":5342.4657534246571},{"$f":"-Inputs!$X$45*Inputs!$X$33","v":-30000},1812.7242941450775,1.1330041931761578E-2,1.1330041931761578E-2,{"$f":"-L5357/(1.202*2465560*MAX(0,(Inputs!$X$49-O5357)))","v":{"$error":"#DIV/0!"}},{"$f":"params!$C$15*P5357*(E5357-Inputs!$X$26)","v":{"$error":"#DIV/0!"}},{"$error":"#DIV/0!"}]
["2004-08-12","09:00:00",92,10,18,17,94,{"$f":"Inputs!$X$37*Inputs!$X$32*(E5362-Inputs!$X$26)","v":-10663.319794694524},{"$f":"Inputs!$X$33*C5362*Inputs!$X$38","v":17948.88469792547},{"$f":"params!$C$15*Inputs!$X$29*(E5362-Inputs!$X$26)","v":-1107.8129999999996},{"$f":"Inputs!$X$40*Inputs!$X$41/8760","v":5342.4657534246571},{"$f":"-Inputs!$X$45*Inputs!$X$33","v":-30000},2057.7011249857014,1.2892956292988709E-2,1.2119378915409387E-2,{"$f":"-L5362/(1.202*2465560*MAX(0,(Inputs!$X$49-O5362)))","v":{"$error":"#DIV/0!"}},{"$f":"params!$C$15*P5362*(E5362-Inputs!$X$26)","v":{"$error":"#DIV/0!"}},{"$error":"#DIV/0!"}]
["2004-08-12","10:00:00",146,10,17,16,94,{"$f":"Inputs!$X$37*Inputs!$X$32*(E5363-Inputs!$X$26)","v":-14090.815442989191},{"$f":"Inputs!$X$33*C5363*Inputs!$X$38","v":28484.099629316508},{"$f":"params!$C$15*Inputs!$X$29*(E5363-Inputs!$X$26)","v":-1463.8957499999995},{"$f":"Inputs!$X$40*Inputs!$X$41/8760","v":5342.4657534246571},{"$f":"-Inputs!$X$45*Inputs!$X$33","v":-30000},1931.8104441244629,1.2088830888770941E-2,1.1363501035444683E-2,{"$f":"-L5363/(1.202*2465560*MAX(0,(Inputs!$X$49-O5363)))","v":{"$error":"#DIV/0!"}},{"$f":"params!$C$15*P5363*(E5363-Inputs!$X$26)","v":{"$error":"#DIV/0!"}},{"$error":"#DIV/0!"}]
["2004-08-12","13:00:00",138,10,17,16,94,{"$f":"Inputs!$X$37*Inputs!$X$32*(E5366-Inputs!$X$26)","v":-14090.815442989191},{"$f":"Inputs!$X$33*C5366*Inputs!$X$38","v":26923.327046888207},{"$f":"params!$C$15*Inputs!$X$29*(E5366-Inputs!$X$26)","v":-1463.8957499999995},{"$f":"Inputs!$X$40*Inputs!$X$41/8760","v":5342.4657534246571},{"$f":"-Inputs!$X$45*Inputs!$X$33","v":-30000},1931.8104441244629,1.2088830888770941E-2,1.1363501035444683E-2,{"$f":"-L5366/(1.202*2465560*MAX(0,(Inputs!$X$49-O5366)))","v":{"$error":"#DIV/0!"}},{"$f":"params!$C$15*P5366*(E5366-Inputs!$X$26)","v":{"$error":"#DIV/0!"}},{"$error":"#DIV/0!"}]
["2004-08-12","16:00:00",112,10,17,16,94,{"$f":"Inputs!$X$37*Inputs!$X$32*(E5369-Inputs!$X$26)","v":-14090.815442989191},{"$f":"Inputs!$X$33*C5369*Inputs!$X$38","v":21850.816153996228},{"$f":"params!$C$15*Inputs!$X$29*(E5369-Inputs!$X$26)","v":-1463.8957499999995},{"$f":"Inputs!$X$40*Inputs!$X$41/8760","v":5342.4657534246571},{"$f":"-Inputs!$X$45*Inputs!$X$33","v":-30000},1931.8104441244629,1.2088830888770941E-2,1.1363501035444683E-2,{"$f":"-L5369/(1.202*2465560*MAX(0,(Inputs!$X$49-O5369)))","v":{"$error":"#DIV/0!"}},{"$f":"params!$C$15*P5369*(E5369-Inputs!$X$26)","v":{"$error":"#DIV/0!"}},{"$error":"#DIV/0!"}]
["2004-08-12","20:00:00",0,10,16,16,100,{"$f":"Inputs!$X$37*Inputs!$X$32*(E5373-Inputs!$X$26)","v":-17518.31109128386},{"$f":"Inputs!$X$33*C5373*Inputs!$X$38","v":0},{"$f":"params!$C$15*Inputs!$X$29*(E5373-Inputs!$X$26)","v":-1819.9784999999995},{"$f":"Inputs!$X$40*Inputs!$X$41/8760","v":5342.4657534246571},{"$f":"-Inputs!$X$45*Inputs!$X$33","v":-30000},1812.7242941450775,1.1330041931761578E-2,1.1330041931761578E-2,{"$f":"-L5373/(1.202*2465560*MAX(0,(Inputs!$X$49-O5373)))","v":{"$error":"#DIV/0!"}},{"$f":"params!$C$15*P5373*(E5373-Inputs!$X$26)","v":{"$error":"#DIV/0!"}},{"$error":"#DIV/0!"}]
["2004-08-12","23:00:00",0,10,16,16,100,{"$f":"Inputs!$X$37*Inputs!$X$32*(E5376-Inputs!$X$26)","v":-17518.31109128386},{"$f":"Inputs!$X$33*C5376*Inputs!$X$38","v":0},{"$f":"params!$C$15*Inputs!$X$29*(E5376-Inputs!$X$26)","v":-1819.9784999999995},{"$f":"Inputs!$X$40*Inputs!$X$41/8760","v":5342.4657534246571},{"$f":"-Inputs!$X$45*Inputs!$X$33","v":-30000},1812.7242941450775,1.1330041931761578E-2,1.1330041931761578E-2,{"$f":"-L5376/(1.202*2465560*MAX(0,(Inputs!$X$49-O5376)))","v":{"$error":"#DIV/0!"}},{"$f":"params!$C$15*P5376*(E5376-Inputs!$X$26)","v":{"$error":"#DIV/0!"}},{"$error":"#DIV/0!"}]
["2004-08-13","03:00:00",0,10,16,16,100,{"$f":"Inputs!$X$37*Inputs!$X$32*(E5380-Inputs!$X$26)","v":-17518.31109128386},{"$f":"Inputs!$X$33*C5380*Inputs!$X$38","v":0},{"$f":"params!$C$15*Inputs!$X$29*(E5380-Inputs!$X$26)","v":-1819.9784999999995},{"$f":"Inputs!$X$40*Inputs!$X$41/8760","v":5342.4657534246571},{"$f":"-Inputs!$X$45*Inputs!$X$33","v":-30000},1812.7242941450775,1.1330041931761578E-2,1.1330041931761578E-2,{"$f":"-L5380/(1.202*2465560*MAX(0,(Inputs!$X$49-O5380)))","v":{"$error":"#DIV/0!"}},{"$f":"params!$C$15*P5380*(E5380-Inputs!$X$26)","v":{"$error":"#DIV/0!"}},{"$error":"#DIV/0!"}]
["2004-08-13","05:00:00",0,10,16,16,100,{"$f":"Inputs!$X$37*Inputs!$X$32*(E5382-Inputs!$X$26)","v":-17518.31109128386},{"$f":"Inputs!$X$33*C5382*Inputs!$X$38","v":0},{"$f":"params!$C$15*Inputs!$X$29*(E5382-Inputs!$X$26)","v":-1819.9784999999995},{"$f":"Inputs!$X$40*Inputs!$X$41/8760","v":5342.4657534246571},{"$f":"-Inputs!$X$45*Inputs!$X$33","v":-30000},1812.7242941450775,1.1330041931761578E-2,1.1330041931761578E-2,{"$f":"-L5382/(1.202*2465560*MAX(0,(Inputs!$X$49-O5382)))","v":{"$error":"#DIV/0!"}},{"$f":"params!$C$15*P5382*(E5382-Inputs!$X$26)","v":{"$error":"#DIV/0!"}},{"$error":"#DIV/0!"}]
["2004-08-13","10:00:00",140,10,18,17,94,{"$f":"Inputs!$X$37*Inputs!$X$32*(E5387-Inputs!$X$26)","v":-10663.319794694524},{"$f":"Inputs!$X$33*C5387*Inputs!$X$38","v":27313.520192495282},{"$f":"params!$C$15*Inputs!$X$29*(E5387-Inputs!$X$26)","v":-1107.8129999999996},{"$f":"Inputs!$X$40*Inputs!$X$41/8760","v":5342.4657534246571},{"$f":"-Inputs!$X$45*Inputs!$X$33","v":-30000},2057.7011249857014,1.2892956292988709E-2,1.2119378915409387E-2,{"$f":"-L5387/(1.202*2465560*MAX(0,(Inputs!$X$49-O5387)))","v":{"$error":"#DIV/0!"}},{"$f":"params!$C$15*P5387*(E5387-Inputs!$X$26)","v":{"$error":"#DIV/0!"}},{"$error":"#DIV/0!"}]
["2004-08-13","11:00:00",260,10,18,16,88,{"$f":"Inputs!$X$37*Inputs!$X$32*(E5388-Inputs!$X$26)","v":-10663.319794694524},{"$f":"Inputs!$X$33*C5388*Inputs!$X$38","v":50725.108928919813},{"$f":"params!$C$15*Inputs!$X$29*(E5388-Inputs!$X$26)","v":-1107.8129999999996},{"$f":"Inputs!$X$40*Inputs!$X$41/8760","v":5342.4657534246571},{"$f":"-Inputs!$X$45*Inputs!$X$33","v":-30000},2057.7011249857014,1.2892956292988709E-2,1.1345801537830063E-2,{"$f":"-L5388/(1.202*2465560*MAX(0,(Inputs!$X$49-O5388)))","v":{"$error":"#DIV/0!"}},{"$f":"params!$C$15*P5388*(E5388-Inputs!$X$26)","v":{"$error":"#DIV/0!"}},{"$error":"#DIV/0!"}]
["2004-08-13","14:00:00",300,10,21,17,78,{"$f":"Inputs!$X$37*Inputs!$X$32*(E5391-Inputs!$X$26)","v":-380.83284981051736},{"$f":"Inputs!$X$33*C5391*Inputs!$X$38","v":58528.971841061313},{"$f":"params!$C$15*Inputs!$X$29*(E5391-Inputs!$X$26)","v":-39.564749999999847},{"$f":"Inputs!$X$40*Inputs!$X$41/8760","v":5342.4657534246571},{"$f":"-Inputs!$X$45*Inputs!$X$33","v":-30000},2479.5289798458998,1.5602307510579843E-2,1.2169799858252277E-2,{"$f":"-L5391/(1.202*2465560*MAX(0,(Inputs!$X$49-O5391)))","v":{"$error":"#DIV/0!"}},{"$f":"params!$C$15*P5391*(E5391-Inputs!$X$26)","v":{"$error":"#DIV/0!"}},{"$error":"#DIV/0!"}]
["2004-08-13","18:00:00",93,10,21,18,83,{"$f":"Inputs!$X$37*Inputs!$X$32*(E5395-Inputs!$X$26)","v":-380.83284981051736},{"$f":"Inputs!$X$33*C5395*Inputs!$X$38","v":18143.981270729008},{"$f":"params!$C$15*Inputs!$X$29*(E5395-Inputs!$X$26)","v":-39.564749999999847},{"$f":"Inputs!$X$40*Inputs!$X$41/8760","v":5342.4657534246571},{"$f":"-Inputs!$X$45*Inputs!$X$33","v":-30000},2479.5289798458998,1.5602307510579843E-2,1.2949915233781271E-2,{"$f":"-L5395/(1.202*2465560*MAX(0,(Inputs!$X$49-O5395)))","v":{"$error":"#DIV/0!"}},{"$f":"params!$C$15*P5395*(E5395-Inputs!$X$26)","v":{"$error":"#DIV/0!"}},{"$error":"#DIV/0!"}]
["2004-08-13","21:00:00",0,10,17,15,88,{"$f":"Inputs!$X$37*Inputs!$X$32*(E5398-Inputs!$X$26)","v":-14090.815442989191},{"$f":"Inputs!$X$33*C5398*Inputs!$X$38","v":0},{"$f":"params!$C$15*Inputs!$X$29*(E5398-Inputs!$X$26)","v":-1463.8957499999995},{"$f":"Inputs!$X$40*Inputs!$X$41/8760","v":5342.4657534246571},{"$f":"-Inputs!$X$45*Inputs!$X$33","v":-30000},1931.8104441244629,1.2088830888770941E-2,1.0638171182118428E-2,{"$f":"-L5398/(1.202*2465560*MAX(0,(Inputs!$X$49-O5398)))","v":28.10987771188298},{"$f":"params!$C$15*P5398*(E5398-Inputs!$X$26)","v":-139506.95531268412},-179719.20075224864]
["2004-08-13",1,0,10,16,15,94,{"$f":"Inputs!$X$37*Inputs!$X$32*(E5401-Inputs!$X$26)","v":-17518.31109128386},{"$f":"Inputs!$X$33*C5401*Inputs!$X$38","v":0},{"$f":"params!$C$15*Inputs!$X$29*(E5401-Inputs!$X$26)","v":-1819.9784999999995},{"$f":"Inputs!$X$40*Inputs!$X$41/8760","v":5342.4657534246571},{"$f":"-Inputs!$X$45*Inputs!$X$33","v":-30000},1812.7242941450775,1.1330041931761578E-2,1.0650239415855885E-2,{"$f":"-L5401/(1.202*2465560*MAX(0,(Inputs!$X$49-O5401)))","v":29.08456204755349},{"$f":"params!$C$15*P5401*(E5401-Inputs!$X$26)","v":-179454.9906009215},-223450.81443878071]
["2004-08-14","04:00:00",0,10,16,14,88,{"$f":"Inputs!$X$37*Inputs!$X$32*(E5405-Inputs!$X$26)","v":-17518.31109128386},{"$f":"Inputs!$X$33*C5405*Inputs!$X$38","v":0},{"$f":"params!$C$15*Inputs!$X$29*(E5405-Inputs!$X$26)","v":-1819.9784999999995},{"$f":"Inputs!$X$40*Inputs!$X$41/8760","v":5342.4657534246571},{"$f":"-Inputs!$X$45*Inputs!$X$33","v":-30000},1812.7242941450775,1.1330041931761578E-2,9.9704368999501899E-3,{"$f":"-L5405/(1.202*2465560*MAX(0,(Inputs!$X$49-O5405)))","v":9.8485299250665346},{"$f":"params!$C$15*P5405*(E5405-Inputs!$X$26)","v":-60766.52769417841},-104762.35153203762]
["2004-08-14","06:00:00",6,10,16,14,88,{"$f":"Inputs!$X$37*Inputs!$X$32*(E5407-Inputs!$X$26)","v":-17518.31109128386},{"$f":"Inputs!$X$33*C5407*Inputs!$X$38","v":1170.5794368212264},{"$f":"params!$C$15*Inputs!$X$29*(E5407-Inputs!$X$26)","v":-1819.9784999999995},{"$f":"Inputs!$X$40*Inputs!$X$41/8760","v":5342.4657534246571},{"$f":"-Inputs!$X$45*Inputs!$X$33","v":-30000},1812.7242941450775,1.1330041931761578E-2,9.9704368999501899E-3,{"$f":"-L5407/(1.202*2465560*MAX(0,(Inputs!$X$49-O5407)))","v":9.8485299250665346},{"$f":"params!$C$15*P5407*(E5407-Inputs!$X$26)","v":-60766.52769417841},-103591.77209521638]
["2004-08-14","11:00:00",700,8,20,12,60,{"$f":"Inputs!$X$37*Inputs!$X$32*(E5412-Inputs!$X$26)","v":-3808.3284981051861},{"$f":"Inputs!$X$33*C5412*Inputs!$X$38","v":136567.6009624764},{"$f":"params!$C$15*Inputs!$X$29*(E5412-Inputs!$X$26)","v":-395.64749999999975},{"$f":"Inputs!$X$40*Inputs!$X$41/8760","v":5342.4657534246571},{"$f":"-Inputs!$X$45*Inputs!$X$33","v":-30000},2331.2150168593957,1.4647072201887702E-2,8.7882433211326199E-3,{"$f":"-L5412/(1.202*2465560*MAX(0,(Inputs!$X$49-O5412)))","v":4.5803677164685555},{"$f":"params!$C$15*P5412*(E5412-Inputs!$X$26)","v":-6143.7781513548816},101562.31256644097]
["2004-08-14","12:00:00",310,8,22,12,53,{"$f":"Inputs!$X$37*Inputs!$X$32*(E5413-Inputs!$X$26)","v":3046.6627984841512},{"$f":"Inputs!$X$33*C5413*Inputs!$X$38","v":60479.937569096699},{"$f":"params!$C$15*Inputs!$X$29*(E5413-Inputs!$X$26)","v":316.51800000000009},{"$f":"Inputs!$X$40*Inputs!$X$41/8760","v":5342.4657534246571},{"$f":"-Inputs!$X$45*Inputs!$X$33","v":-30000},2636.0296246790026,1.6613383438113645E-2,8.8050932222002321E-3,{"$f":"-L5413/(1.202*2465560*MAX(0,(Inputs!$X$49-O5413)))","v":4.6155578314452121},{"$f":"params!$C$15*P5413*(E5413-Inputs!$X$26)","v":4952.7837268071808},44138.367847812689]
["2004-08-14","15:00:00",501,10,22,13,57,{"$f":"Inputs!$X$37*Inputs!$X$32*(E5416-Inputs!$X$26)","v":3046.6627984841512},{"$f":"Inputs!$X$33*C5416*Inputs!$X$38","v":97743.382974572407},{"$f":"params!$C$15*Inputs!$X$29*(E5416-Inputs!$X$26)","v":316.51800000000009},{"$f":"Inputs!$X$40*Inputs!$X$41/8760","v":5342.4657534246571},{"$f":"-Inputs!$X$45*Inputs!$X$33","v":-30000},2636.0296246790026,1.6613383438113645E-2,9.4696285597247777E-3,{"$f":"-L5416/(1.202*2465560*MAX(0,(Inputs!$X$49-O5416)))","v":6.622023831576147},{"$f":"params!$C$15*P5416*(E5416-Inputs!$X$26)","v":7105.8478886592593},83554.877415140465]
["2004-08-14","19:00:00",24,10,19,17,88,{"$f":"Inputs!$X$37*Inputs!$X$32*(E5420-Inputs!$X$26)","v":-7235.8241463998547},{"$f":"Inputs!$X$33*C5420*Inputs!$X$38","v":4682.3177472849056},{"$f":"params!$C$15*Inputs!$X$29*(E5420-Inputs!$X$26)","v":-751.73024999999973},{"$f":"Inputs!$X$40*Inputs!$X$41/8760","v":5342.4657534246571},{"$f":"-Inputs!$X$45*Inputs!$X$33","v":-30000},2190.7229749852513,1.3744851093608144E-2,1.2095468962375167E-2,{"$f":"-L5420/(1.202*2465560*MAX(0,(Inputs!$X$49-O5420)))","v":{"$error":"#DIV/0!"}},{"$f":"params!$C$15*P5420*(E5420-Inputs!$X$26)","v":{"$error":"#DIV/0!"}},{"$error":"#DIV/0!"}]
["2004-08-14","22:00:00",0,0,14,14,100,{"$f":"Inputs!$X$37*Inputs!$X$32*(E5423-Inputs!$X$26)","v":-24373.302387873198},{"$f":"Inputs!$X$33*C5423*Inputs!$X$38","v":0},{"$f":"params!$C$15*Inputs!$X$29*(E5423-Inputs!$X$26)","v":-2532.1439999999993},{"$f":"Inputs!$X$40*Inputs!$X$41/8760","v":5342.4657534246571},{"$f":"-Inputs!$X$45*Inputs!$X$33","v":-30000},1593.7190459500907,9.939322574797271E-3,9.939322574797271E-3,{"$f":"-L5423/(1.202*2465560*MAX(0,(Inputs!$X$49-O5423)))","v":9.5591619903650198},{"$f":"params!$C$15*P5423*(E5423-Inputs!$X$26)","v":-82060.65429446772},-133623.63492891626]
["2004-08-15","01:00:00",0,5,12,12,100,{"$f":"Inputs!$X$37*Inputs!$X$32*(E5426-Inputs!$X$26)","v":-31228.293684462536},{"$f":"Inputs!$X$33*C5426*Inputs!$X$38","v":0},{"$f":"params!$C$15*Inputs!$X$29*(E5426-Inputs!$X$26)","v":-3244.3094999999989},{"$f":"Inputs!$X$40*Inputs!$X$41/8760","v":5342.4657534246571},{"$f":"-Inputs!$X$45*Inputs!$X$33","v":-30000},1398.3079270856979,8.70357605607666E-3,8.70357605607666E-3,{"$f":"-L5426/(1.202*2465560*MAX(0,(Inputs!$X$49-O5426)))","v":4.4113672589094035},{"$f":"params!$C$15*P5426*(E5426-Inputs!$X$26)","v":-48520.162654330132},-107650.30008536801]
["2004-08-15","03:00:00",0,10,14,14,100,{"$f":"Inputs!$X$37*Inputs!$X$32*(E5428-Inputs!$X$26)","v":-24373.302387873198},{"$f":"Inputs!$X$33*C5428*Inputs!$X$38","v":0},{"$f":"params!$C$15*Inputs!$X$29*(E5428-Inputs!$X$26)","v":-2532.1439999999993},{"$f":"Inputs!$X$40*Inputs!$X$41/8760","v":5342.4657534246571},{"$f":"-Inputs!$X$45*Inputs!$X$33","v":-30000},1593.7190459500907,9.939322574797271E-3,9.939322574797271E-3,{"$f":"-L5428/(1.202*2465560*MAX(0,(Inputs!$X$49-O5428)))","v":9.5591619903650198},{"$f":"params!$C$15*P5428*(E5428-Inputs!$X$26)","v":-82060.65429446772},-133623.63492891626]
["2004-08-15","09:00:00",263,8,18,16,88,{"$f":"Inputs!$X$37*Inputs!$X$32*(E5434-Inputs!$X$26)","v":-10663.319794694524},{"$f":"Inputs!$X$33*C5434*Inputs!$X$38","v":51310.398647330418},{"$f":"params!$C$15*Inputs!$X$29*(E5434-Inputs!$X$26)","v":-1107.8129999999996},{"$f":"Inputs!$X$40*Inputs!$X$41/8760","v":5342.4657534246571},{"$f":"-Inputs!$X$45*Inputs!$X$33","v":-30000},2057.7011249857014,1.2892956292988709E-2,1.1345801537830063E-2,{"$f":"-L5434/(1.202*2465560*MAX(0,(Inputs!$X$49-O5434)))","v":{"$error":"#DIV/0!"}},{"$f":"params!$C$15*P5434*(E5434-Inputs!$X$26)","v":{"$error":"#DIV/0!"}},{"$error":"#DIV/0!"}]
["2004-08-15","10:00:00",641,4,20,16,78,{"$f":"Inputs!$X$37*Inputs!$X$32*(E5435-Inputs!$X$26)","v":-3808.3284981051861},{"$f":"Inputs!$X$33*C5435*Inputs!$X$38","v":125056.90316706768},{"$f":"params!$C$15*Inputs!$X$29*(E5435-Inputs!$X$26)","v":-395.64749999999975},{"$f":"Inputs!$X$40*Inputs!$X$41/8760","v":5342.4657534246571},{"$f":"-Inputs!$X$45*Inputs!$X$33","v":-30000},2331.2150168593957,1.4647072201887702E-2,1.1424716317472407E-2,{"$f":"-L5435/(1.202*2465560*MAX(0,(Inputs!$X$49-O5435)))","v":{"$error":"#DIV/0!"}},{"$f":"params!$C$15*P5435*(E5435-Inputs!$X$26)","v":{"$error":"#DIV/0!"}},{"$error":"#DIV/0!"}]
["2004-08-15","13:00:00",538,9,22,14,60,{"$f":"Inputs!$X$37*Inputs!$X$32*(E5438-Inputs!$X$26)","v":3046.6627984841512},{"$f":"Inputs!$X$33*C5438*Inputs!$X$38","v":104961.95616830331},{"$f":"params!$C$15*Inputs!$X$29*(E5438-Inputs!$X$26)","v":316.51800000000009},{"$f":"Inputs!$X$40*Inputs!$X$41/8760","v":5342.4657534246571},{"$f":"-Inputs!$X$45*Inputs!$X$33","v":-30000},2636.0296246790026,1.6613383438113645E-2,9.9680300628681873E-3,{"$f":"-L5438/(1.202*2465560*MAX(0,(Inputs!$X$49-O5438)))","v":9.8255222605884907},{"$f":"params!$C$15*P5438*(E5438-Inputs!$X$26)","v":10543.403102455964},94211.00582266807]
["2004-08-15","16:00:00",550,3,24,14,54,{"$f":"Inputs!$X$37*Inputs!$X$32*(E5441-Inputs!$X$26)","v":9901.6540950734889},{"$f":"Inputs!$X$33*C5441*Inputs!$X$38","v":107303.11504194574},{"$f":"params!$C$15*Inputs!$X$29*(E5441-Inputs!$X$26)","v":1028.6834999999999},{"$f":"Inputs!$X$40*Inputs!$X$4